{"text_format":"1","workbook":"xlsx","n_sheets":20,"sheets":["Parámetros de Producción","OBS","Dibujo Edificios","Trenes","Resumen Frentes Semanal","Act. Proyecto","Hoja1","Control de Avance","Prog. Semanal TER","OBS TERM","Gráfico Pos. Cuadrillas","Proyeccion Termino de Obra","Prog. General","Prog. Semanal OG","Gráfico1","Macro1","OBS.POG","Otras Tablas","Variables","Cuadrillas"],"not_rendered":{"charts":2,"images":12,"macros":1,"external_links":1,"defined_names":20,"comments":6,"pivot_tables":0},"unopened":[{"sheet":"Gráfico1","index":14,"reason":"not_a_worksheet"}],"bounds":{"document_bytes":16777216,"sheet_cells":100000,"rows_first":2000,"rows_last":500,"rows_between":2000,"halvings":0,"cell_chars":16384,"cell_head_chars":4096},"cells_cut":0,"cells_raw":0,"read":"whole","date_system":"1900"}

{"sheet":"Parámetros de Producción","index":0,"n_rows":11,"n_cols":2,"rows_kept":11,"cut":false,"hidden":false,"merged":[]}
["Parámetros de Producción"]
[]
["Numero dpto:",240]
["Ritmo de obra",2]
["Numero de frentes:",120]
["Número de frentes en planta por edificio",2]
["Numero mayor de frentes en OG",6]
["Número de pisos real",5]
["Secuencia de etapas OG","6-5-5-4-4"]
["Edificios en Altura"]
["Número de pisos modelo",5]

{"sheet":"OBS","index":1,"n_rows":18,"n_cols":3,"rows_kept":18,"cut":false,"hidden":false,"merged":[]}
[]
["JULIO TRES"]
[1,"Se debe acelerar segundo tren, tienes trazos de excavación solo hasta el día martes 1F6, debe continuar la secuencia"]
[]
["JULIO CUATRO"]
[1,"Entrega de niveletas debe ser el martes para excavar día miércoles"]
[]
[]
["JULIO CINCO"]
[1,"RELLENO"]
[null,"Se necesitan 6 personas"]
[null,"1era cuadrilla","Jorge Pincheira"]
[null,null,"Luis Delgado"]
[null,null,"Alberto Roa"]
[null,"2da cuadrilla","Leonardo Roa"]
[null,null,"Isaac Monsalve"]
[null,null,"Emilio Jara"]
[null,"3ra cuadrilla","José Álvarez"]

{"sheet":"Dibujo Edificios","index":2,"n_rows":200,"n_cols":54,"rows_kept":200,"cut":false,"hidden":false,"merged":[[175,2,175,3],[175,4,175,5],[175,6,175,7],[175,8,175,9],[190,7,190,8],[187,3,187,4],[188,3,188,4],[189,3,189,4],[190,3,190,4],[187,7,187,8],[188,7,188,8],[177,3,180,4],[177,7,180,8],[185,2,185,3],[185,4,185,5],[185,6,185,7],[185,8,185,9],[189,7,189,8],[185,10,185,11],[185,12,185,13],[185,14,185,15],[189,11,189,12],[177,11,180,12],[177,15,180,16],[177,19,180,20],[190,11,190,12],[187,15,187,16],[188,15,188,16],[189,15,189,16],[190,15,190,16],[185,16,185,17],[185,18,185,19],[185,20,185,21],[187,11,187,12],[188,11,188,12],[187,19,187,20],[188,19,188,20],[175,10,175,11],[175,12,175,13],[175,14,175,15],[175,16,175,17],[175,18,175,19],[175,20,175,21],[190,23,190,24],[177,23,180,24],[175,22,175,23],[175,24,175,25],[185,22,185,23],[185,24,185,25],[187,23,187,24],[188,23,188,24],[189,23,189,24],[189,19,189,20],[190,19,190,20]]}
[]
[]
[]
[]
[]
[]
[]
[]
[null,"nDibujos",{"$f":"COUNTA(A14:A217)","v":18}]
[]
[]
[null,"Dibujo según tren y unidad de producción"]
[null,"Tren","Unidad"]
[{"$f":"B14&C14","v":"OG1Depto"},"OG1","Depto"]
[]
[null,null,"F1.1","F1.2","F2.1","F2.2","F3.1","F3.2","F4.1","F4.2","F5.1","F5.2","F6.1","F6.2","F7.1","F7.2","F8.1","F8.2","F9.1","F9.2","F10.1","F10.2","F11.1","F11.2","F12.1","F12.2","F13.1","F13.2","F14.1","F14.2","F15.1","F15.2","F16.1","F16.2","F17.1","F17.2","F18.1","F18.2","F19.1","F19.2","F20.1","F20.2","F21.1","F21.2","F22.1","F22.2","F23.1","F23.2","F24.1","F24.2","N° Unid Prod","N° Frentes","Pos","%"]
[null,5,"X","X","X","X","X","X","X","X","X","X","X","X","X","X","X","X","X","X","X","X","X","X","X","X","X","X","X","X","X","X","X","X","X","X","X","X","X","X","X","X","X","X","X","X","X","X","X","X",{"$f":"COUNTIF(C17:AX21,\"A\")+COUNTIF(C17:AX21,\"B\")","v":0},{"$f":"+AY17/BI15*BJ15","v":{"$error":"#DIV/0!"}},{"$f":"+AZ17+BN15","v":{"$error":"#DIV/0!"}},{"$f":"IF(AY17=BA18,\"OK\",BA17/'Control de Avance'!$BT$3)","v":{"$error":"#DIV/0!"}}]
[null,4,"X","X","X","X","X","X","X","X","X","X","X","X","X","X","X","X","X","X","X","X","X","X","X","X","X","X","X","X","X","X","X","X","X","X","X","X","X","X","X","X","X","X","X","X","X","X","X","X","N° Total Und Prod:",null,{"$f":"VLOOKUP('Dibujo Edificios'!$A$14,'Otras Tablas'!$G$2:$H$31,2,FALSE)","v":48}]
[null,3,"X","X","X","X","X","X","X","X","X","X","X","X","X","X","X","X","X","X","X","X","X","X","X","X","X","X","X","X","X","X","X","X","X","X","X","X","X","X","X","X","X","X","X","X","X","X","X","X","Proyección avance actual",null,null,{"$f":"IF(AY17=BA18,\"OK\",IF(BB21=0,\"NA\",(BA18/BI15*BJ15+BP15)/('Control de Avance'!$BT$3+BB22*5)))","v":{"$error":"#DIV/0!"}}]
[null,2,"X","X","X","X","X","X","X","X","X","X","X","X","X","X","X","X","X","X","X","X","X","X","X","X","X","X","X","X","X","X","X","X","X","X","X","X","X","X","X","X","X","X","X","X","X","X","X","X","Frentes anteriores",null,null,{"$f":"COUNTIF(C17:AB21,\"A\")/BI15*BJ15","v":{"$error":"#DIV/0!"}}]
[null,1,null,null,null,null,null,null,null,null,null,null,null,null,null,null,null,null,null,null,null,null,null,null,null,null,null,null,null,null,null,null,null,null,null,null,null,null,null,null,null,null,null,null,null,null,null,null,null,null,"Frentes semana actual",null,null,{"$f":"COUNTIF(C17:AB21,\"B\")/BI15*BJ15","v":{"$error":"#DIV/0!"}}]
[null,null,null,null,null,null,null,null,null,null,null,null,null,null,null,null,null,null,null,null,null,null,null,null,null,null,null,null,null,null,null,null,null,null,null,null,null,null,null,null,null,null,null,null,null,null,null,null,null,null,"Saldo",{"$f":"+BA18/BI15*BJ15-BB20-BB21","v":{"$error":"#DIV/0!"}},"Sem",{"$f":"IF(AY17=BA18,\"OK\",IF(BB21=0,\"NA\",AZ22/BB21))","v":{"$error":"#DIV/0!"}}]
[]
[{"$f":"B24&C24","v":"OG1Frente"},"OG1","Frente"]
[]
[null,null,"F1","F2","F3","F4","F5","F6","F7","F8","F9","F10","F11","F12","F13","F14","F15","F16","F17","F18","F19","F20","F21","F22","F23","F24",null,null,null,null,null,null,null,null,null,null,null,null,null,null,null,null,null,null,null,null,null,null,null,null,"N° Unid Prod","N° Frentes","Pos","%"]
[null,5,"X","X","X","X","X","X","X","X","X","X","X","X","X","X","X","X","X","X","X","X","X","X","X","X",null,null,null,null,null,null,null,null,null,null,null,null,null,null,null,null,null,null,null,null,null,null,null,null,{"$f":"COUNTIF(C27:Z31,\"A\")+COUNTIF(C27:Z31,\"B\")","v":0},{"$f":"+AY27/BI25*BJ25","v":{"$error":"#DIV/0!"}},{"$f":"+AZ27+BN25","v":{"$error":"#DIV/0!"}},{"$f":"IF(AY27=BA28,\"OK\",BA27/'Control de Avance'!$BT$3)","v":{"$error":"#DIV/0!"}}]
[null,4,"X","X","X","X","X","X","X","X","X","X","X","X","X","X","X","X","X","X","X","X","X","X","X","X",null,null,null,null,null,null,null,null,null,null,null,null,null,null,null,null,null,null,null,null,null,null,null,null,"N° Total Und Prod:",null,{"$f":"VLOOKUP('Dibujo Edificios'!$A$24,'Otras Tablas'!$G$2:$H$31,2,FALSE)","v":24}]
[null,3,"X","X","X","X","X","X","X","X","X","X","X","X","X","X","X","X","X","X","X","X","X","X","X","X",null,null,null,null,null,null,null,null,null,null,null,null,null,null,null,null,null,null,null,null,null,null,null,null,"Proyección avance actual",null,null,{"$f":"IF(AY27=BA28,\"OK\",IF(BB31=0,\"NA\",(BA28/BI25*BJ25+BP25)/('Control de Avance'!$BT$3+BB32*5)))","v":{"$error":"#DIV/0!"}}]
[null,2,"X","X","X","X","X","X","X","X","X","X","X","X","X","X","X","X","X","X","X","X","X","X","X","X",null,null,null,null,null,null,null,null,null,null,null,null,null,null,null,null,null,null,null,null,null,null,null,null,"Frentes anteriores",null,null,{"$f":"COUNTIF(C27:AB31,\"A\")/BI25*BJ25","v":{"$error":"#DIV/0!"}}]
[null,1,null,null,null,null,null,null,null,null,null,null,null,null,null,null,null,null,null,null,null,null,null,null,null,null,null,null,null,null,null,null,null,null,null,null,null,null,null,null,null,null,null,null,null,null,null,null,null,null,"Frentes semana actual",null,null,{"$f":"COUNTIF(C27:AB31,\"B\")/BI25*BJ25","v":{"$error":"#DIV/0!"}}]
[null,null,null,null,null,null,null,null,null,null,null,null,null,null,null,null,null,null,null,null,null,null,null,null,null,null,null,null,null,null,null,null,null,null,null,null,null,null,null,null,null,null,null,null,null,null,null,null,null,null,"Saldo",{"$f":"+BA28/BI25*BJ25-BB30-BB31","v":{"$error":"#DIV/0!"}},"Sem",{"$f":"IF(AY27=BA28,\"OK\",IF(BB31=0,\"NA\",AZ32/BB31))","v":{"$error":"#DIV/0!"}}]
[]
[{"$f":"B34&C34","v":"OG1Edif"},"OG1","Edif"]
[]
[null,null,"F1-2","F3-4","F5-6","F7-8","F9-10","F11","F12-13","F14-15","F16","F17-18","F19-20","F21-22","F23-24",null,null,null,null,null,null,null,null,null,null,null,null,null,null,null,null,null,null,null,null,null,null,null,null,null,null,null,null,null,null,null,null,null,null,null,"N° Unid Prod","N° Frentes","Pos","%"]
[null,5,"X","X","X","X","X","X","X","X","X","X","X","X","X",null,null,null,null,null,null,null,null,null,null,null,null,null,null,null,null,null,null,null,null,null,null,null,null,null,null,null,null,null,null,null,null,null,null,null,{"$f":"COUNTIF(C37:O41,\"A\")+COUNTIF(C37:O41,\"B\")","v":0},{"$f":"+AY37/BI35*BJ35","v":{"$error":"#DIV/0!"}},{"$f":"+AZ37+BN35","v":{"$error":"#DIV/0!"}},{"$f":"IF(AY37=BA38,\"OK\",BA37/'Control de Avance'!$BT$3)","v":{"$error":"#DIV/0!"}}]
[null,4,"X","X","X","X","X","X","X","X","X","X","X","X","X",null,null,null,null,null,null,null,null,null,null,null,null,null,null,null,null,null,null,null,null,null,null,null,null,null,null,null,null,null,null,null,null,null,null,null,"N° Total Und Prod:",null,{"$f":"VLOOKUP('Dibujo Edificios'!$A$34,'Otras Tablas'!$G$2:$H$31,2,FALSE)","v":12}]
[null,3,"X","X","X","X","X","X","X","X","X","X","X","X","X",null,null,null,null,null,null,null,null,null,null,null,null,null,null,null,null,null,null,null,null,null,null,null,null,null,null,null,null,null,null,null,null,null,null,null,"Proyección avance actual",null,null,{"$f":"IF(AY37=BA38,\"OK\",IF(BB41=0,\"NA\",(BA38/BI35*BJ35+BP35)/('Control de Avance'!$BT$3+BB42*5)))","v":{"$error":"#DIV/0!"}}]
[null,2,"X","X","X","X","X","X","X","X","X","X","X","X","X",null,null,null,null,null,null,null,null,null,null,null,null,null,null,null,null,null,null,null,null,null,null,null,null,null,null,null,null,null,null,null,null,null,null,null,"Frentes anteriores",null,null,{"$f":"COUNTIF(C37:AB41,\"A\")/BI35*BJ35","v":{"$error":"#DIV/0!"}}]
[null,1,null,null,null,null,null,null,null,null,null,null,null,null,null,null,null,null,null,null,null,null,null,null,null,null,null,null,null,null,null,null,null,null,null,null,null,null,null,null,null,null,null,null,null,null,null,null,null,null,"Frentes semana actual",null,null,{"$f":"COUNTIF(C37:AB41,\"B\")/BI35*BJ35","v":{"$error":"#DIV/0!"}}]
[null,null,null,null,null,null,null,null,null,null,null,null,null,null,null,null,null,null,null,null,null,null,null,null,null,null,null,null,null,null,null,null,null,null,null,null,null,null,null,null,null,null,null,null,null,null,null,null,null,null,"Saldo",{"$f":"+BA38/BI35*BJ35-BB40-BB41","v":{"$error":"#DIV/0!"}},"Sem",{"$f":"IF(AY37=BA38,\"OK\",IF(BB41=0,\"NA\",AZ42/BB41))","v":{"$error":"#DIV/0!"}}]
[]
[{"$f":"B44&C44","v":"OGTFrente"},"OGT","Frente"]
[]
[null,null,"F1","F2","F3","F4","F5","F6","F7","F8","F9","F10","F11","F12","F13","F14","F15","F16","F17","F18","F19","F20","F21","F22","F23","F24",null,null,null,null,null,null,null,null,null,null,null,null,null,null,null,null,null,null,null,null,null,null,null,null,"N° Unid Prod","N° Frentes","Pos","%"]
[null,5,null,null,null,null,null,null,null,null,null,null,null,null,null,null,null,null,null,null,null,null,null,null,null,null,null,null,null,null,null,null,null,null,null,null,null,null,null,null,null,null,null,null,null,null,null,null,null,null,{"$f":"COUNTIF(C47:Z51,\"A\")+COUNTIF(C47:Z51,\"B\")","v":0},{"$f":"+AY47/BI45*BJ45","v":{"$error":"#DIV/0!"}},{"$f":"+AZ47+BN45","v":{"$error":"#DIV/0!"}},{"$f":"IF(AY47=BA48,\"OK\",BA47/'Control de Avance'!$BT$3)","v":{"$error":"#DIV/0!"}}]
[null,4,null,null,null,null,null,null,null,null,null,null,null,null,null,null,null,null,null,null,null,null,null,null,null,null,null,null,null,null,null,null,null,null,null,null,null,null,null,null,null,null,null,null,null,null,null,null,null,null,"N° Total Und Prod:",null,{"$f":"VLOOKUP('Dibujo Edificios'!$A$44,'Otras Tablas'!$G$2:$H$31,2,FALSE)","v":120}]
[null,3,null,null,null,null,null,null,null,null,null,null,null,null,null,null,null,null,null,null,null,null,null,null,null,null,null,null,null,null,null,null,null,null,null,null,null,null,null,null,null,null,null,null,null,null,null,null,null,null,"Proyección avance actual",null,null,{"$f":"IF(AY47=BA48,\"OK\",IF(BB51=0,\"NA\",(BA48/BI45*BJ45+BP45)/('Control de Avance'!$BT$3+BB52*5)))","v":{"$error":"#DIV/0!"}}]
[null,2,null,null,null,null,null,null,null,null,null,null,null,null,null,null,null,null,null,null,null,null,null,null,null,null,null,null,null,null,null,null,null,null,null,null,null,null,null,null,null,null,null,null,null,null,null,null,null,null,"Frentes anteriores",null,null,{"$f":"COUNTIF(C47:AB51,\"A\")/BI45*BJ45","v":{"$error":"#DIV/0!"}}]
[null,1,null,null,null,null,null,null,null,null,null,null,null,null,null,null,null,null,null,null,null,null,null,null,null,null,null,null,null,null,null,null,null,null,null,null,null,null,null,null,null,null,null,null,null,null,null,null,null,null,"Frentes semana actual",null,null,{"$f":"COUNTIF(C47:AB51,\"B\")/BI45*BJ45","v":{"$error":"#DIV/0!"}}]
[null,null,null,null,null,null,null,null,null,null,null,null,null,null,null,null,null,null,null,null,null,null,null,null,null,null,null,null,null,null,null,null,null,null,null,null,null,null,null,null,null,null,null,null,null,null,null,null,null,null,"Saldo",{"$f":"+BA48/BI45*BJ45-BB50-BB51","v":{"$error":"#DIV/0!"}},"Sem",{"$f":"IF(AY47=BA48,\"OK\",IF(BB51=0,\"NA\",AZ52/BB51))","v":{"$error":"#DIV/0!"}}]
[]
[{"$f":"B54&C54","v":"OGT-1Frente"},"OGT-1","Frente"]
[]
[null,null,"F1","F2","F3","F4","F5","F6","F7","F8","F9","F10","F11","F12","F13","F14","F15","F16","F17","F18","F19","F20","F21","F22","F23","F24",null,null,null,null,null,null,null,null,null,null,null,null,null,null,null,null,null,null,null,null,null,null,null,null,"N° Unid Prod","N° Frentes","Pos","%"]
[null,5,null,null,null,null,null,null,null,null,null,null,null,null,null,null,null,null,null,null,null,null,null,null,null,null,null,null,null,null,null,null,null,null,null,null,null,null,null,null,null,null,null,null,null,null,null,null,null,null,{"$f":"COUNTIF(C57:Z61,\"A\")+COUNTIF(C57:Z61,\"B\")","v":0},{"$f":"+AY57/BI55*BJ55","v":{"$error":"#DIV/0!"}},{"$f":"+AZ57+BN55","v":{"$error":"#DIV/0!"}},{"$f":"IF(AY57=BA58,\"OK\",BA57/'Control de Avance'!$BT$3)","v":{"$error":"#DIV/0!"}}]
[null,4,null,null,null,null,null,null,null,null,null,null,null,null,null,null,null,null,null,null,null,null,null,null,null,null,null,null,null,null,null,null,null,null,null,null,null,null,null,null,null,null,null,null,null,null,null,null,null,null,"N° Total Und Prod:",null,{"$f":"VLOOKUP('Dibujo Edificios'!$A$54,'Otras Tablas'!$G$2:$H$31,2,FALSE)","v":96}]
[null,3,null,null,null,null,null,null,null,null,null,null,null,null,null,null,null,null,null,null,null,null,null,null,null,null,null,null,null,null,null,null,null,null,null,null,null,null,null,null,null,null,null,null,null,null,null,null,null,null,"Proyección avance actual",null,null,{"$f":"IF(AY57=BA58,\"OK\",IF(BB61=0,\"NA\",(BA58/BI55*BJ55+BP55)/('Control de Avance'!$BT$3+BB62*5)))","v":{"$error":"#DIV/0!"}}]
[null,2,null,null,null,null,null,null,null,null,null,null,null,null,null,null,null,null,null,null,null,null,null,null,null,null,null,null,null,null,null,null,null,null,null,null,null,null,null,null,null,null,null,null,null,null,null,null,null,null,"Frentes anteriores",null,null,{"$f":"COUNTIF(C57:AB61,\"A\")/BI55*BJ55","v":{"$error":"#DIV/0!"}}]
[null,1,"X","X","X","X","X","X","X","X","X","X","X","X","X","X","X","X","X","X","X","X","X","X","X","X",null,null,null,null,null,null,null,null,null,null,null,null,null,null,null,null,null,null,null,null,null,null,null,null,"Frentes semana actual",null,null,{"$f":"COUNTIF(C57:AB61,\"B\")/BI55*BJ55","v":{"$error":"#DIV/0!"}}]
[null,null,null,null,null,null,null,null,null,null,null,null,null,null,null,null,null,null,null,null,null,null,null,null,null,null,null,null,null,null,null,null,null,null,null,null,null,null,null,null,null,null,null,null,null,null,null,null,null,null,"Saldo",{"$f":"+BA58/BI55*BJ55-BB60-BB61","v":{"$error":"#DIV/0!"}},"Sem",{"$f":"IF(AY57=BA58,\"OK\",IF(BB61=0,\"NA\",AZ62/BB61))","v":{"$error":"#DIV/0!"}}]
[]
[{"$f":"B64&C64","v":"OGTPiso"},"OGT","Piso"]
[]
[null,null,"F1-2","F3-4","F5-6","F7-8","F9-10","F11","F12-13","F14-15","F16","F17-18","F19-20","F21-22","F23-24",null,null,null,null,null,null,null,null,null,null,null,null,null,null,null,null,null,null,null,null,null,null,null,null,null,null,null,null,null,null,null,null,null,null,null,"N° Unid Prod","N° Frentes","Pos","%"]
[null,5,"X","X","X","X","X","X","X","X","X","X","X","X","X",null,null,null,null,null,null,null,null,null,null,null,null,null,null,null,null,null,null,null,null,null,null,null,null,null,null,null,null,null,null,null,null,null,null,null,{"$f":"COUNTIF(C67:O71,\"A\")+COUNTIF(C67:O71,\"B\")","v":0},{"$f":"+AY67/BI65*BJ65","v":{"$error":"#DIV/0!"}},{"$f":"+AZ67+BN65","v":{"$error":"#DIV/0!"}},{"$f":"IF(AY67=BA68,\"OK\",BA67/'Control de Avance'!$BT$3)","v":{"$error":"#DIV/0!"}}]
[null,4,null,null,null,null,null,null,null,null,null,null,null,null,null,null,null,null,null,null,null,null,null,null,null,null,null,null,null,null,null,null,null,null,null,null,null,null,null,null,null,null,null,null,null,null,null,null,null,null,"N° Total Und Prod:",null,{"$f":"VLOOKUP('Dibujo Edificios'!$A$64,'Otras Tablas'!$G$2:$H$31,2,FALSE)","v":48}]
[null,3,null,null,null,null,null,null,null,null,null,null,null,null,null,null,null,null,null,null,null,null,null,null,null,null,null,null,null,null,null,null,null,null,null,null,null,null,null,null,null,null,null,null,null,null,null,null,null,null,"Proyección avance actual",null,null,{"$f":"IF(AY67=BA68,\"OK\",IF(BB71=0,\"NA\",(BA68/BI65*BJ65+BP65)/('Control de Avance'!$BT$3+BB72*5)))","v":{"$error":"#DIV/0!"}}]
[null,2,null,null,null,null,null,null,null,null,null,null,null,null,null,null,null,null,null,null,null,null,null,null,null,null,null,null,null,null,null,null,null,null,null,null,null,null,null,null,null,null,null,null,null,null,null,null,null,null,"Frentes anteriores",null,null,{"$f":"COUNTIF(C67:AB71,\"A\")/BI65*BJ65","v":{"$error":"#DIV/0!"}}]
[null,1,null,null,null,null,null,null,null,null,null,null,null,null,null,null,null,null,null,null,null,null,null,null,null,null,null,null,null,null,null,null,null,null,null,null,null,null,null,null,null,null,null,null,null,null,null,null,null,null,"Frentes semana actual",null,null,{"$f":"COUNTIF(C67:AB71,\"B\")/BI65*BJ65","v":{"$error":"#DIV/0!"}}]
[null,null,null,null,null,null,null,null,null,null,null,null,null,null,null,null,null,null,null,null,null,null,null,null,null,null,null,null,null,null,null,null,null,null,null,null,null,null,null,null,null,null,null,null,null,null,null,null,null,null,"Saldo",{"$f":"+BA68/BI65*BJ65-BB70-BB71","v":{"$error":"#DIV/0!"}},"Sem",{"$f":"IF(AY67=BA68,\"OK\",IF(BB71=0,\"NA\",AZ72/BB71))","v":{"$error":"#DIV/0!"}}]
[]
[{"$f":"B74&C74","v":"OGT-1Piso"},"OGT-1","Piso"]
[]
[null,null,"F1-2","F3-4","F5-6","F7-8","F9-10","F11","F12-13","F14-15","F16","F17-18","F19-20","F21-22","F23-24",null,null,null,null,null,null,null,null,null,null,null,null,null,null,null,null,null,null,null,null,null,null,null,null,null,null,null,null,null,null,null,null,null,null,null,"N° Unid Prod","N° Frentes","Pos","%"]
[null,5,"X","X","X","X","X","X","X","X","X","X","X","X","X",null,null,null,null,null,null,null,null,null,null,null,null,null,null,null,null,null,null,null,null,null,null,null,null,null,null,null,null,null,null,null,null,null,null,null,{"$f":"COUNTIF(C77:O81,\"A\")+COUNTIF(C77:O81,\"B\")","v":0},{"$f":"+AY77/BI75*BJ75","v":{"$error":"#DIV/0!"}},{"$f":"+AZ77+BN75","v":{"$error":"#DIV/0!"}},{"$f":"IF(AY77=BA78,\"OK\",BA77/'Control de Avance'!$BT$3)","v":{"$error":"#DIV/0!"}}]
[null,4,null,null,null,null,null,null,null,null,null,null,null,null,null,null,null,null,null,null,null,null,null,null,null,null,null,null,null,null,null,null,null,null,null,null,null,null,null,null,null,null,null,null,null,null,null,null,null,null,"N° Total Und Prod:",null,{"$f":"VLOOKUP('Dibujo Edificios'!$A$74,'Otras Tablas'!$G$2:$H$31,2,FALSE)","v":36}]
[null,3,null,null,null,null,null,null,null,null,null,null,null,null,null,null,null,null,null,null,null,null,null,null,null,null,null,null,null,null,null,null,null,null,null,null,null,null,null,null,null,null,null,null,null,null,null,null,null,null,"Proyección avance actual",null,null,{"$f":"IF(AY77=BA78,\"OK\",IF(BB81=0,\"NA\",(BA78/BI75*BJ75+BP75)/('Control de Avance'!$BT$3+BB82*5)))","v":{"$error":"#DIV/0!"}}]
[null,2,null,null,null,null,null,null,null,null,null,null,null,null,null,null,null,null,null,null,null,null,null,null,null,null,null,null,null,null,null,null,null,null,null,null,null,null,null,null,null,null,null,null,null,null,null,null,null,null,"Frentes anteriores",null,null,{"$f":"COUNTIF(C77:AB81,\"A\")/BI75*BJ75","v":{"$error":"#DIV/0!"}}]
[null,1,"X","X","X","X","X","X","X","X","X","X","X","X","X",null,null,null,null,null,null,null,null,null,null,null,null,null,null,null,null,null,null,null,null,null,null,null,null,null,null,null,null,null,null,null,null,null,null,null,"Frentes semana actual",null,null,{"$f":"COUNTIF(C77:AB81,\"B\")/BI75*BJ75","v":{"$error":"#DIV/0!"}}]
[null,null,null,null,null,null,null,null,null,null,null,null,null,null,null,null,null,null,null,null,null,null,null,null,null,null,null,null,null,null,null,null,null,null,null,null,null,null,null,null,null,null,null,null,null,null,null,null,null,null,"Saldo",{"$f":"+BA78/BI75*BJ75-BB80-BB81","v":{"$error":"#DIV/0!"}},"Sem",{"$f":"IF(AY77=BA78,\"OK\",IF(BB81=0,\"NA\",AZ82/BB81))","v":{"$error":"#DIV/0!"}}]
[]
[{"$f":"B84&C84","v":"TECHEdif"},"TECH","Edif"]
[]
[null,null,"F1-2","F3-4","F5-6","F7-8","F9-10","F11","F12-13","F14-15","F16","F17-18","F19-20","F21-22","F23-24",null,null,null,null,null,null,null,null,null,null,null,null,null,null,null,null,null,null,null,null,null,null,null,null,null,null,null,null,null,null,null,null,null,null,null,"N° Unid Prod","N° Frentes","Pos","%"]
[null,5,null,null,null,null,null,null,null,null,null,null,null,null,null,null,null,null,null,null,null,null,null,null,null,null,null,null,null,null,null,null,null,null,null,null,null,null,null,null,null,null,null,null,null,null,null,null,null,null,{"$f":"COUNTIF(C87:O91,\"A\")+COUNTIF(C87:O91,\"B\")","v":0},{"$f":"+AY87/BI85*BJ85","v":{"$error":"#DIV/0!"}},{"$f":"+AZ87+BN85","v":{"$error":"#DIV/0!"}},{"$f":"IF(AY87=BA88,\"OK\",BA87/'Control de Avance'!$BT$3)","v":{"$error":"#DIV/0!"}}]
[null,4,"X","X","X","X","X","X","X","X","X","X","X","X","X",null,null,null,null,null,null,null,null,null,null,null,null,null,null,null,null,null,null,null,null,null,null,null,null,null,null,null,null,null,null,null,null,null,null,null,"N° Total Und Prod:",null,{"$f":"VLOOKUP('Dibujo Edificios'!$A$84,'Otras Tablas'!$G$2:$H$31,2,FALSE)","v":12}]
[null,3,"X","X","X","X","X","X","X","X","X","X","X","X","X",null,null,null,null,null,null,null,null,null,null,null,null,null,null,null,null,null,null,null,null,null,null,null,null,null,null,null,null,null,null,null,null,null,null,null,"Proyección avance actual",null,null,{"$f":"IF(AY87=BA88,\"OK\",IF(BB91=0,\"NA\",(BA88/BI85*BJ85+BP85)/('Control de Avance'!$BT$3+BB92*5)))","v":{"$error":"#DIV/0!"}}]
[null,2,"X","X","X","X","X","X","X","X","X","X","X","X","X",null,null,null,null,null,null,null,null,null,null,null,null,null,null,null,null,null,null,null,null,null,null,null,null,null,null,null,null,null,null,null,null,null,null,null,"Frentes anteriores",null,null,{"$f":"COUNTIF(C87:AB91,\"A\")/BI85*BJ85","v":{"$error":"#DIV/0!"}}]
[null,1,"X","X","X","X","X","X","X","X","X","X","X","X","X",null,null,null,null,null,null,null,null,null,null,null,null,null,null,null,null,null,null,null,null,null,null,null,null,null,null,null,null,null,null,null,null,null,null,null,"Frentes semana actual",null,null,{"$f":"COUNTIF(C87:AB91,\"B\")/BI85*BJ85","v":{"$error":"#DIV/0!"}}]
[null,null,null,null,null,null,null,null,null,null,null,null,null,null,null,null,null,null,null,null,null,null,null,null,null,null,null,null,null,null,null,null,null,null,null,null,null,null,null,null,null,null,null,null,null,null,null,null,null,null,"Saldo",{"$f":"+BA88/BI85*BJ85-BB90-BB91","v":{"$error":"#DIV/0!"}},"Sem",{"$f":"IF(AY87=BA88,\"OK\",IF(BB91=0,\"NA\",AZ92/BB91))","v":{"$error":"#DIV/0!"}}]
[]
[{"$f":"B94&C94","v":"TECHFrente"},"TECH","Frente"]
[]
[null,null,"F1","F2","F3","F4","F5","F6","F7","F8","F9","F10","F11","F12","F13","F14","F15","F16","F17","F18","F19","F20","F21","F22","F23","F24",null,null,null,null,null,null,null,null,null,null,null,null,null,null,null,null,null,null,null,null,null,null,null,null,"N° Unid Prod","N° Frentes","Pos","%"]
[null,5,null,null,null,null,null,null,null,null,null,null,null,null,null,null,null,null,null,null,null,null,null,null,null,null,null,null,null,null,null,null,null,null,null,null,null,null,null,null,null,null,null,null,null,null,null,null,null,null,{"$f":"COUNTIF(C97:Z101,\"A\")+COUNTIF(C97:Z101,\"B\")","v":0},{"$f":"+AY97/BI95*BJ95","v":{"$error":"#DIV/0!"}},{"$f":"+AZ97+BN95","v":{"$error":"#DIV/0!"}},{"$f":"IF(AY97=BA98,\"OK\",BA97/'Control de Avance'!$BT$3)","v":{"$error":"#DIV/0!"}}]
[null,4,"X","X","X","X","X","X","X","X","X","X","X","X","X","X","X","X","X","X","X","X","X","X","X","X",null,null,null,null,null,null,null,null,null,null,null,null,null,null,null,null,null,null,null,null,null,null,null,null,"N° Total Und Prod:",null,{"$f":"VLOOKUP('Dibujo Edificios'!$A$94,'Otras Tablas'!$G$2:$H$31,2,FALSE)","v":24}]
[null,3,"X","X","X","X","X","X","X","X","X","X","X","X","X","X","X","X","X","X","X","X","X","X","X","X",null,null,null,null,null,null,null,null,null,null,null,null,null,null,null,null,null,null,null,null,null,null,null,null,"Proyección avance actual",null,null,{"$f":"IF(AY97=BA98,\"OK\",IF(BB101=0,\"NA\",(BA98/BI95*BJ95+BP95)/('Control de Avance'!$BT$3+BB102*5)))","v":{"$error":"#DIV/0!"}}]
[null,2,"X","X","X","X","X","X","X","X","X","X","X","X","X","X","X","X","X","X","X","X","X","X","X","X",null,null,null,null,null,null,null,null,null,null,null,null,null,null,null,null,null,null,null,null,null,null,null,null,"Frentes anteriores",null,null,{"$f":"COUNTIF(C97:AB101,\"A\")/BI95*BJ95","v":{"$error":"#DIV/0!"}}]
[null,1,"X","X","X","X","X","X","X","X","X","X","X","X","X","X","X","X","X","X","X","X","X","X","X","X",null,null,null,null,null,null,null,null,null,null,null,null,null,null,null,null,null,null,null,null,null,null,null,null,"Frentes semana actual",null,null,{"$f":"COUNTIF(C97:AB101,\"B\")/BI95*BJ95","v":{"$error":"#DIV/0!"}}]
[null,null,null,null,null,null,null,null,null,null,null,null,null,null,null,null,null,null,null,null,null,null,null,null,null,null,null,null,null,null,null,null,null,null,null,null,null,null,null,null,null,null,null,null,null,null,null,null,null,null,"Saldo",{"$f":"+BA98/BI95*BJ95-BB100-BB101","v":{"$error":"#DIV/0!"}},"Sem",{"$f":"IF(AY97=BA98,\"OK\",IF(BB101=0,\"NA\",AZ102/BB101))","v":{"$error":"#DIV/0!"}}]
[]
[{"$f":"B104&C104","v":"RYTDepto"},"RYT","Depto"]
[]
[null,null,"F1.1","F1.2","F2.1","F2.2","F3.1","F3.2","F4.1","F4.2","F5.1","F5.2","F6.1","F6.2","F7.1","F7.2","F8.1","F8.2","F9.1","F9.2","F10.1","F10.2","F11.1","F11.2","F12.1","F12.2","F13.1","F13.2","F14.1","F14.2","F15.1","F15.2","F16.1","F16.2","F17.1","F17.2","F18.1","F18.2","F19.1","F19.2","F20.1","F20.2","F21.1","F21.2","F22.1","F22.2","F23.1","F23.2","F24.1","F24.2","N° Unid Prod","N° Frentes","Pos","%"]
[null,5,null,null,null,null,null,null,null,null,null,null,null,null,null,null,null,null,null,null,null,null,null,null,null,null,null,null,null,null,null,null,null,null,null,null,null,null,null,null,null,null,null,null,null,null,null,null,null,null,{"$f":"COUNTIF(C107:AX111,\"A\")+COUNTIF(C107:AX111,\"B\")","v":0},{"$f":"+AY107/BI105*BJ105","v":{"$error":"#DIV/0!"}},{"$f":"+AZ107+BN105","v":{"$error":"#DIV/0!"}},{"$f":"IF(AY107=BA108,\"OK\",BA107/'Control de Avance'!$BT$3)","v":{"$error":"#DIV/0!"}}]
[null,4,null,null,null,null,null,null,null,null,null,null,null,null,null,null,null,null,null,null,null,null,null,null,null,null,null,null,null,null,null,null,null,null,null,null,null,null,null,null,null,null,null,null,null,null,null,null,null,null,"N° Total Und Prod:",null,{"$f":"VLOOKUP('Dibujo Edificios'!$A$104,'Otras Tablas'!$G$2:$H$31,2,FALSE)","v":240}]
[null,3,null,null,null,null,null,null,null,null,null,null,null,null,null,null,null,null,null,null,null,null,null,null,null,null,null,null,null,null,null,null,null,null,null,null,null,null,null,null,null,null,null,null,null,null,null,null,null,null,"Proyección avance actual",null,null,{"$f":"IF(AY107=BA108,\"OK\",IF(BB111=0,\"NA\",(BA108/BI105*BJ105+BP105)/('Control de Avance'!$BT$3+BB112*5)))","v":{"$error":"#DIV/0!"}}]
[null,2,null,null,null,null,null,null,null,null,null,null,null,null,null,null,null,null,null,null,null,null,null,null,null,null,null,null,null,null,null,null,null,null,null,null,null,null,null,null,null,null,null,null,null,null,null,null,null,null,"Frentes anteriores",null,null,{"$f":"COUNTIF(C107:AB111,\"A\")/BI105*BJ105","v":{"$error":"#DIV/0!"}}]
[null,1,null,null,null,null,null,null,null,null,null,null,null,null,null,null,null,null,null,null,null,null,null,null,null,null,null,null,null,null,null,null,null,null,null,null,null,null,null,null,null,null,null,null,null,null,null,null,null,null,"Frentes semana actual",null,null,{"$f":"COUNTIF(C107:AB111,\"B\")/BI105*BJ105","v":{"$error":"#DIV/0!"}}]
[null,null,null,null,null,null,null,null,null,null,null,null,null,null,null,null,null,null,null,null,null,null,null,null,null,null,null,null,null,null,null,null,null,null,null,null,null,null,null,null,null,null,null,null,null,null,null,null,null,null,"Saldo",{"$f":"+BA108/BI105*BJ105-BB110-BB111","v":{"$error":"#DIV/0!"}},"Sem",{"$f":"IF(AY107=BA108,\"OK\",IF(BB111=0,\"NA\",AZ112/BB111))","v":{"$error":"#DIV/0!"}}]
[]
[{"$f":"B114&C114","v":"TERMPiso"},"TERM","Piso"]
[]
[null,null,"F1-2","F3-4","F5-6","F7-8","F9-10","F11","F12-13","F14-15","F16","F17-18","F19-20","F21-22","F23-24",null,null,null,null,null,null,null,null,null,null,null,null,null,null,null,null,null,null,null,null,null,null,null,null,null,null,null,null,null,null,null,null,null,null,null,"N° Unid Prod","N° Frentes","Pos","%"]
[null,5,null,null,null,null,null,null,null,null,null,null,null,null,null,null,null,null,null,null,null,null,null,null,null,null,null,null,null,null,null,null,null,null,null,null,null,null,null,null,null,null,null,null,null,null,null,null,null,null,{"$f":"COUNTIF(C117:O121,\"A\")+COUNTIF(C117:O121,\"B\")","v":0},{"$f":"+AY117/BI115*BJ115","v":{"$error":"#DIV/0!"}},{"$f":"+AZ117+BN115","v":{"$error":"#DIV/0!"}},{"$f":"IF(AY117=BA118,\"OK\",BA117/'Control de Avance'!$BT$3)","v":{"$error":"#DIV/0!"}}]
[null,4,null,null,null,null,null,null,null,null,null,null,null,null,null,null,null,null,null,null,null,null,null,null,null,null,null,null,null,null,null,null,null,null,null,null,null,null,null,null,null,null,null,null,null,null,null,null,null,null,"N° Total Und Prod:",null,{"$f":"VLOOKUP('Dibujo Edificios'!$A$114,'Otras Tablas'!$G$2:$H$31,2,FALSE)","v":48}]
[null,3,null,null,null,null,null,null,null,null,null,null,null,null,null,null,null,null,null,null,null,null,null,null,null,null,null,null,null,null,null,null,null,null,null,null,null,null,null,null,null,null,null,null,null,null,null,null,null,null,"Proyección avance actual",null,null,{"$f":"IF(AY117=BA118,\"OK\",IF(BB121=0,\"NA\",(BA118/BI115*BJ115+BP115)/('Control de Avance'!$BT$3+BB122*5)))","v":{"$error":"#DIV/0!"}}]
[null,2,null,null,null,null,null,null,null,null,null,null,null,null,null,null,null,null,null,null,null,null,null,null,null,null,null,null,null,null,null,null,null,null,null,null,null,null,null,null,null,null,null,null,null,null,null,null,null,null,"Frentes anteriores",null,null,{"$f":"COUNTIF(C117:AB121,\"A\")/BI115*BJ115","v":{"$error":"#DIV/0!"}}]
[null,1,null,null,null,null,null,null,null,null,null,null,null,null,null,null,null,null,null,null,null,null,null,null,null,null,null,null,null,null,null,null,null,null,null,null,null,null,null,null,null,null,null,null,null,null,null,null,null,null,"Frentes semana actual",null,null,{"$f":"COUNTIF(C117:AB121,\"B\")/BI115*BJ115","v":{"$error":"#DIV/0!"}}]
[null,null,null,null,null,null,null,null,null,null,null,null,null,null,null,null,null,null,null,null,null,null,null,null,null,null,null,null,null,null,null,null,null,null,null,null,null,null,null,null,null,null,null,null,null,null,null,null,null,null,"Saldo",{"$f":"+BA118/BI115*BJ115-BB120-BB121","v":{"$error":"#DIV/0!"}},"Sem",{"$f":"IF(AY117=BA118,\"OK\",IF(BB121=0,\"NA\",AZ122/BB121))","v":{"$error":"#DIV/0!"}}]
[]
[{"$f":"B124&C124","v":"TERMDepto"},"TERM","Depto"]
[]
[null,null,"F1.1","F1.2","F2.1","F2.2","F3.1","F3.2","F4.1","F4.2","F5.1","F5.2","F6.1","F6.2","F7.1","F7.2","F8.1","F8.2","F9.1","F9.2","F10.1","F10.2","F11.1","F11.2","F12.1","F12.2","F13.1","F13.2","F14.1","F14.2","F15.1","F15.2","F16.1","F16.2","F17.1","F17.2","F18.1","F18.2","F19.1","F19.2","F20.1","F20.2","F21.1","F21.2","F22.1","F22.2","F23.1","F23.2","F24.1","F24.2","N° Unid Prod","N° Frentes","Pos","%"]
[null,5,null,null,null,null,null,null,null,null,null,null,null,null,null,null,null,null,null,null,null,null,null,null,null,null,null,null,null,null,null,null,null,null,null,null,null,null,null,null,null,null,null,null,null,null,null,null,null,null,{"$f":"COUNTIF(C127:AX131,\"A\")+COUNTIF(C127:AX131,\"B\")","v":0},{"$f":"+AY127/BI125*BJ125","v":{"$error":"#DIV/0!"}},{"$f":"+AZ127+BN125","v":{"$error":"#DIV/0!"}},{"$f":"IF(AY127=BA128,\"OK\",BA127/'Control de Avance'!$BT$3)","v":{"$error":"#DIV/0!"}}]
[null,4,null,null,null,null,null,null,null,null,null,null,null,null,null,null,null,null,null,null,null,null,null,null,null,null,null,null,null,null,null,null,null,null,null,null,null,null,null,null,null,null,null,null,null,null,null,null,null,null,"N° Total Und Prod:",null,{"$f":"VLOOKUP('Dibujo Edificios'!$A$124,'Otras Tablas'!$G$2:$H$31,2,FALSE)","v":240}]
[null,3,null,null,null,null,null,null,null,null,null,null,null,null,null,null,null,null,null,null,null,null,null,null,null,null,null,null,null,null,null,null,null,null,null,null,null,null,null,null,null,null,null,null,null,null,null,null,null,null,"Proyección avance actual",null,null,{"$f":"IF(AY127=BA128,\"OK\",IF(BB131=0,\"NA\",(BA128/BI125*BJ125+BP125)/('Control de Avance'!$BT$3+BB132*5)))","v":{"$error":"#DIV/0!"}}]
[null,2,null,null,null,null,null,null,null,null,null,null,null,null,null,null,null,null,null,null,null,null,null,null,null,null,null,null,null,null,null,null,null,null,null,null,null,null,null,null,null,null,null,null,null,null,null,null,null,null,"Frentes anteriores",null,null,{"$f":"COUNTIF(C127:AB131,\"A\")/BI125*BJ125","v":{"$error":"#DIV/0!"}}]
[null,1,null,null,null,null,null,null,null,null,null,null,null,null,null,null,null,null,null,null,null,null,null,null,null,null,null,null,null,null,null,null,null,null,null,null,null,null,null,null,null,null,null,null,null,null,null,null,null,null,"Frentes semana actual",null,null,{"$f":"COUNTIF(C127:AB131,\"B\")/BI125*BJ125","v":{"$error":"#DIV/0!"}}]
[null,null,null,null,null,null,null,null,null,null,null,null,null,null,null,null,null,null,null,null,null,null,null,null,null,null,null,null,null,null,null,null,null,null,null,null,null,null,null,null,null,null,null,null,null,null,null,null,null,null,"Saldo",{"$f":"+BA128/BI125*BJ125-BB130-BB131","v":{"$error":"#DIV/0!"}},"Sem",{"$f":"IF(AY127=BA128,\"OK\",IF(BB131=0,\"NA\",AZ132/BB131))","v":{"$error":"#DIV/0!"}}]
[]
[{"$f":"B134&C134","v":"TERM-UDepto"},"TERM-U","Depto"]
[]
[null,null,"F1.1","F1.2","F2.1","F2.2","F3.1","F3.2","F4.1","F4.2","F5.1","F5.2","F6.1","F6.2","F7.1","F7.2","F8.1","F8.2","F9.1","F9.2","F10.1","F10.2","F11.1","F11.2","F12.1","F12.2","F13.1","F13.2","F14.1","F14.2","F15.1","F15.2","F16.1","F16.2","F17.1","F17.2","F18.1","F18.2","F19.1","F19.2","F20.1","F20.2","F21.1","F21.2","F22.1","F22.2","F23.1","F23.2","F24.1","F24.2","N° Unid Prod","N° Frentes","Pos","%"]
[null,5,"X","X","X","X","X","X","X","X","X","X","X","X","X","X","X","X","X","X","X","X","X","X","X","X","X","X","X","X","X","X","X","X","X","X","X","X","X","X","X","X","X","X","X","X","X","X","X","X",{"$f":"COUNTIF(C137:AX141,\"A\")+COUNTIF(C137:AX141,\"B\")","v":0},{"$f":"+AY137/BI135*BJ135","v":{"$error":"#DIV/0!"}},{"$f":"+AZ137+BN135","v":{"$error":"#DIV/0!"}},{"$f":"IF(AY137=BA138,\"OK\",BA137/'Control de Avance'!$BT$3)","v":{"$error":"#DIV/0!"}}]
[null,4,null,null,null,null,null,null,null,null,null,null,null,null,null,null,null,null,null,null,null,null,null,null,null,null,null,null,null,null,null,null,null,null,null,null,null,null,null,null,null,null,null,null,null,null,null,null,null,null,"N° Total Und Prod:",null,{"$f":"VLOOKUP('Dibujo Edificios'!$A$134,'Otras Tablas'!$G$2:$H$31,2,FALSE)","v":192}]
[null,3,null,null,null,null,null,null,null,null,null,null,null,null,null,null,null,null,null,null,null,null,null,null,null,null,null,null,null,null,null,null,null,null,null,null,null,null,null,null,null,null,null,null,null,null,null,null,null,null,"Proyección avance actual",null,null,{"$f":"IF(AY137=BA138,\"OK\",IF(BB141=0,\"NA\",(BA138/BI135*BJ135+BP135)/('Control de Avance'!$BT$3+BB142*5)))","v":{"$error":"#DIV/0!"}}]
[null,2,null,null,null,null,null,null,null,null,null,null,null,null,null,null,null,null,null,null,null,null,null,null,null,null,null,null,null,null,null,null,null,null,null,null,null,null,null,null,null,null,null,null,null,null,null,null,null,null,"Frentes anteriores",null,null,{"$f":"COUNTIF(C137:AB141,\"A\")/BI135*BJ135","v":{"$error":"#DIV/0!"}}]
[null,1,null,null,null,null,null,null,null,null,null,null,null,null,null,null,null,null,null,null,null,null,null,null,null,null,null,null,null,null,null,null,null,null,null,null,null,null,null,null,null,null,null,null,null,null,null,null,null,null,"Frentes semana actual",null,null,{"$f":"COUNTIF(C137:AB141,\"B\")/BI135*BJ135","v":{"$error":"#DIV/0!"}}]
[null,null,null,null,null,null,null,null,null,null,null,null,null,null,null,null,null,null,null,null,null,null,null,null,null,null,null,null,null,null,null,null,null,null,null,null,null,null,null,null,null,null,null,null,null,null,null,null,null,null,"Saldo",{"$f":"+BA138/BI135*BJ135-BB140-BB141","v":{"$error":"#DIV/0!"}},"Sem",{"$f":"IF(AY137=BA138,\"OK\",IF(BB141=0,\"NA\",AZ142/BB141))","v":{"$error":"#DIV/0!"}}]
[]
[{"$f":"B144&C144","v":"ZC1Edif"},"ZC1","Edif"]
[]
[null,null,"F1-2","F3-4","F5-6","F7-8","F9-10","F11","F12-13","F14-15","F16","F17-18","F19-20","F21-22","F23-24",null,null,null,null,null,null,null,null,null,null,null,null,null,null,null,null,null,null,null,null,null,null,null,null,null,null,null,null,null,null,null,null,null,null,null,"N° Unid Prod","N° Frentes","Pos","%"]
[null,5,"X","X","X","X","X","X","X","X","X","X","X","X","X",null,null,null,null,null,null,null,null,null,null,null,null,null,null,null,null,null,null,null,null,null,null,null,null,null,null,null,null,null,null,null,null,null,null,null,{"$f":"COUNTIF(C147:O151,\"A\")+COUNTIF(C147:O151,\"B\")","v":0},{"$f":"+AY147/BI145*BJ145","v":{"$error":"#DIV/0!"}},{"$f":"+AZ147+BN145","v":{"$error":"#DIV/0!"}},{"$f":"IF(AY147=BA148,\"OK\",BA147/'Control de Avance'!$BT$3)","v":{"$error":"#DIV/0!"}}]
[null,4,"X","X","X","X","X","X","X","X","X","X","X","X","X",null,null,null,null,null,null,null,null,null,null,null,null,null,null,null,null,null,null,null,null,null,null,null,null,null,null,null,null,null,null,null,null,null,null,null,"N° Total Und Prod:",null,{"$f":"VLOOKUP('Dibujo Edificios'!$A$144,'Otras Tablas'!$G$2:$H$31,2,FALSE)","v":12}]
[null,3,"X","X","X","X","X","X","X","X","X","X","X","X","X",null,null,null,null,null,null,null,null,null,null,null,null,null,null,null,null,null,null,null,null,null,null,null,null,null,null,null,null,null,null,null,null,null,null,null,"Proyección avance actual",null,null,{"$f":"IF(AY147=BA148,\"OK\",IF(BB151=0,\"NA\",(BA148/BI145*BJ145+BP145)/('Control de Avance'!$BT$3+BB152*5)))","v":{"$error":"#DIV/0!"}}]
[null,2,"X","X","X","X","X","X","X","X","X","X","X","X","X",null,null,null,null,null,null,null,null,null,null,null,null,null,null,null,null,null,null,null,null,null,null,null,null,null,null,null,null,null,null,null,null,null,null,null,"Frentes anteriores",null,null,{"$f":"COUNTIF(C147:AB151,\"A\")/BI145*BJ145","v":{"$error":"#DIV/0!"}}]
[null,1,null,null,null,null,null,null,null,null,null,null,null,null,null,null,null,null,null,null,null,null,null,null,null,null,null,null,null,null,null,null,null,null,null,null,null,null,null,null,null,null,null,null,null,null,null,null,null,null,"Frentes semana actual",null,null,{"$f":"COUNTIF(C147:AB151,\"B\")/BI145*BJ145","v":{"$error":"#DIV/0!"}}]
[null,null,null,null,null,null,null,null,null,null,null,null,null,null,null,null,null,null,null,null,null,null,null,null,null,null,null,null,null,null,null,null,null,null,null,null,null,null,null,null,null,null,null,null,null,null,null,null,null,null,"Saldo",{"$f":"+BA148/BI145*BJ145-BB150-BB151","v":{"$error":"#DIV/0!"}},"Sem",{"$f":"IF(AY147=BA148,\"OK\",IF(BB151=0,\"NA\",AZ152/BB151))","v":{"$error":"#DIV/0!"}}]
[]
[{"$f":"B154&C154","v":"ZCTEdif"},"ZCT","Edif"]
[]
[null,null,"F1-2","F3-4","F5-6","F7-8","F9-10","F11","F12-13","F14-15","F16","F17-18","F19-20","F21-22","F23-24",null,null,null,null,null,null,null,null,null,null,null,null,null,null,null,null,null,null,null,null,null,null,null,null,null,null,null,null,null,null,null,null,null,null,null,"N° Unid Prod","N° Frentes","Pos","%"]
[null,5,"X","X","X","X","X","X","X","X","X","X","X","X","X",null,null,null,null,null,null,null,null,null,null,null,null,null,null,null,null,null,null,null,null,null,null,null,null,null,null,null,null,null,null,null,null,null,null,null,{"$f":"COUNTIF(C157:O161,\"A\")+COUNTIF(C157:O161,\"B\")","v":0},{"$f":"+AY157/BI155*BJ155","v":{"$error":"#DIV/0!"}},{"$f":"+AZ157+BN155","v":{"$error":"#DIV/0!"}},{"$f":"IF(AY157=BA158,\"OK\",BA157/'Control de Avance'!$BT$3)","v":{"$error":"#DIV/0!"}}]
[null,4,"X","X","X","X","X","X","X","X","X","X","X","X","X",null,null,null,null,null,null,null,null,null,null,null,null,null,null,null,null,null,null,null,null,null,null,null,null,null,null,null,null,null,null,null,null,null,null,null,"N° Total Und Prod:",null,{"$f":"VLOOKUP('Dibujo Edificios'!$A$154,'Otras Tablas'!$G$2:$H$31,2,FALSE)","v":12}]
[null,3,"X","X","X","X","X","X","X","X","X","X","X","X","X",null,null,null,null,null,null,null,null,null,null,null,null,null,null,null,null,null,null,null,null,null,null,null,null,null,null,null,null,null,null,null,null,null,null,null,"Proyección avance actual",null,null,{"$f":"IF(AY157=BA158,\"OK\",IF(BB161=0,\"NA\",(BA158/BI155*BJ155+BP155)/('Control de Avance'!$BT$3+BB162*5)))","v":{"$error":"#DIV/0!"}}]
[null,2,"X","X","X","X","X","X","X","X","X","X","X","X","X",null,null,null,null,null,null,null,null,null,null,null,null,null,null,null,null,null,null,null,null,null,null,null,null,null,null,null,null,null,null,null,null,null,null,null,"Frentes anteriores",null,null,{"$f":"COUNTIF(C157:AB161,\"A\")/BI155*BJ155","v":{"$error":"#DIV/0!"}}]
[null,1,null,null,null,null,null,null,null,null,null,null,null,null,null,null,null,null,null,null,null,null,null,null,null,null,null,null,null,null,null,null,null,null,null,null,null,null,null,null,null,null,null,null,null,null,null,null,null,null,"Frentes semana actual",null,null,{"$f":"COUNTIF(C157:AB161,\"B\")/BI155*BJ155","v":{"$error":"#DIV/0!"}}]
[null,null,null,null,null,null,null,null,null,null,null,null,null,null,null,null,null,null,null,null,null,null,null,null,null,null,null,null,null,null,null,null,null,null,null,null,null,null,null,null,null,null,null,null,null,null,null,null,null,null,"Saldo",{"$f":"+BA158/BI155*BJ155-BB160-BB161","v":{"$error":"#DIV/0!"}},"Sem",{"$f":"IF(AY157=BA158,\"OK\",IF(BB161=0,\"NA\",AZ162/BB161))","v":{"$error":"#DIV/0!"}}]
[]
[{"$f":"B164&C164","v":"ZCTPiso"},"ZCT","Piso"]
[]
[null,null,"F1-2","F3-4","F5-6","F7-8","F9-10","F11","F12-13","F14-15","F16","F17-18","F19-20","F21-22","F23-24",null,null,null,null,null,null,null,null,null,null,null,null,null,null,null,null,null,null,null,null,null,null,null,null,null,null,null,null,null,null,null,null,null,null,null,"N° Unid Prod","N° Frentes","Pos","%"]
[null,5,null,null,null,null,null,null,null,null,null,null,null,null,null,null,null,null,null,null,null,null,null,null,null,null,null,null,null,null,null,null,null,null,null,null,null,null,null,null,null,null,null,null,null,null,null,null,null,null,{"$f":"COUNTIF(C167:O171,\"A\")+COUNTIF(C167:O171,\"B\")","v":0},{"$f":"+AY167/BI165*BJ165","v":{"$error":"#DIV/0!"}},{"$f":"+AZ167+BN165","v":{"$error":"#DIV/0!"}},{"$f":"IF(AY167=BA168,\"OK\",BA167/'Control de Avance'!$BT$3)","v":{"$error":"#DIV/0!"}}]
[null,4,null,null,null,null,null,null,null,null,null,null,null,null,null,null,null,null,null,null,null,null,null,null,null,null,null,null,null,null,null,null,null,null,null,null,null,null,null,null,null,null,null,null,null,null,null,null,null,null,"N° Total Und Prod:",null,{"$f":"VLOOKUP('Dibujo Edificios'!$A$164,'Otras Tablas'!$G$2:$H$31,2,FALSE)","v":48}]
[null,3,null,null,null,null,null,null,null,null,null,null,null,null,null,null,null,null,null,null,null,null,null,null,null,null,null,null,null,null,null,null,null,null,null,null,null,null,null,null,null,null,null,null,null,null,null,null,null,null,"Proyección avance actual",null,null,{"$f":"IF(AY167=BA168,\"OK\",IF(BB171=0,\"NA\",(BA168/BI165*BJ165+BP165)/('Control de Avance'!$BT$3+BB172*5)))","v":{"$error":"#DIV/0!"}}]
[null,2,null,null,null,null,null,null,null,null,null,null,null,null,null,null,null,null,null,null,null,null,null,null,null,null,null,null,null,null,null,null,null,null,null,null,null,null,null,null,null,null,null,null,null,null,null,null,null,null,"Frentes anteriores",null,null,{"$f":"COUNTIF(C167:AB171,\"A\")/BI165*BJ165","v":{"$error":"#DIV/0!"}}]
[null,1,null,null,null,null,null,null,null,null,null,null,null,null,null,null,null,null,null,null,null,null,null,null,null,null,null,null,null,null,null,null,null,null,null,null,null,null,null,null,null,null,null,null,null,null,null,null,null,null,"Frentes semana actual",null,null,{"$f":"COUNTIF(C167:AB171,\"B\")/BI165*BJ165","v":{"$error":"#DIV/0!"}}]
[null,null,null,null,null,null,null,null,null,null,null,null,null,null,null,null,null,null,null,null,null,null,null,null,null,null,null,null,null,null,null,null,null,null,null,null,null,null,null,null,null,null,null,null,null,null,null,null,null,null,"Saldo",{"$f":"+BA168/BI165*BJ165-BB170-BB171","v":{"$error":"#DIV/0!"}},"Sem",{"$f":"IF(AY167=BA168,\"OK\",IF(BB171=0,\"NA\",AZ172/BB171))","v":{"$error":"#DIV/0!"}}]
[]
[{"$f":"B174&C174","v":"TASCEdif"},"TASC","Edif"]
[]
[null,null,"F1",null,"F2",null,"F3",null,"F4",null,"F5",null,"F6",null,"F7",null,"F8",null,"F9",null,"F10",null,"F11",null,"F12",null,null,null,null,null,null,null,null,null,null,null,null,null,null,null,null,null,null,null,null,null,null,null,null,null,"N° Unid Prod","N° Frentes","Pos","%"]
[null,null,null,null,null,null,null,null,null,null,null,null,null,null,null,null,null,null,null,null,null,null,null,null,null,null,null,null,null,null,null,null,null,null,null,null,null,null,null,null,null,null,null,null,null,null,null,null,null,null,{"$f":"COUNTIF(C177:AB181,\"A\")+COUNTIF(C177:AB181,\"B\")","v":0},{"$f":"+AY177/BI175*BJ175","v":{"$error":"#DIV/0!"}},{"$f":"+AZ177+BN175","v":{"$error":"#DIV/0!"}},{"$f":"IF(AY177=BA178,\"OK\",BA177/'Control de Avance'!$BT$3)","v":{"$error":"#DIV/0!"}}]
[null,4,"X",null,null,"X","X",null,null,"X","X",null,null,"X","X",null,null,"X","X",null,null,"X","X",null,null,"X",null,null,null,null,null,null,null,null,null,null,null,null,null,null,null,null,null,null,null,null,null,null,null,null,"N° Total Und Prod:",null,{"$f":"VLOOKUP('Dibujo Edificios'!A174,'Otras Tablas'!$G$2:$H$31,2,FALSE)","v":12}]
[null,3,"X",null,null,"X","X",null,null,"X","X",null,null,"X","X",null,null,"X","X",null,null,"X","X",null,null,"X",null,null,null,null,null,null,null,null,null,null,null,null,null,null,null,null,null,null,null,null,null,null,null,null,"Proyección avance actual",null,null,{"$f":"IF(AY177=BA178,\"OK\",IF(BB181=0,\"NA\",(BA178/BI175*BJ175+BP175)/('Control de Avance'!$BT$3+BB182*5)))","v":{"$error":"#DIV/0!"}}]
[null,2,"X",null,null,"X","X",null,null,"X","X",null,null,"X","X",null,null,"X","X",null,null,"X","X",null,null,"X",null,null,null,null,null,null,null,null,null,null,null,null,null,null,null,null,null,null,null,null,null,null,null,null,"Frentes anteriores",null,null,{"$f":"COUNTIF(C177:AB181,\"A\")/BI175*BJ175","v":{"$error":"#DIV/0!"}}]
[null,1,"X",null,null,"X","X",null,null,"X","X",null,null,"X","X",null,null,"X","X",null,null,"X","X",null,null,"X",null,null,null,null,null,null,null,null,null,null,null,null,null,null,null,null,null,null,null,null,null,null,null,null,"Frentes semana actual",null,null,{"$f":"COUNTIF(C177:AB181,\"B\")/BI175*BJ175","v":{"$error":"#DIV/0!"}}]
[null,null,null,null,null,null,null,null,null,null,null,null,null,null,null,null,null,null,null,null,null,null,null,null,null,null,null,null,null,null,null,null,null,null,null,null,null,null,null,null,null,null,null,null,null,null,null,null,null,null,"Saldo",{"$f":"+BA178/BI175*BJ175-BB180-BB181","v":{"$error":"#DIV/0!"}},"Sem",{"$f":"IF(AY177=BA178,\"OK\",IF(BB181=0,\"NA\",AZ182/BB181))","v":{"$error":"#DIV/0!"}}]
[]
[{"$f":"B184&C184","v":"TASCPiso"},"TASC","Piso"]
[]
[null,null,"F1",null,"F2",null,"F3",null,"F4",null,"F5",null,"F6",null,"F7",null,"F8",null,"F9",null,"F10",null,"F11",null,"F12",null,null,null,null,null,null,null,null,null,null,null,null,null,null,null,null,null,null,null,null,null,null,null,null,null,"N° Unid Prod","N° Frentes","Pos","%"]
[null,null,null,null,null,null,null,null,null,null,null,null,null,null,null,null,null,null,null,null,null,null,null,null,null,null,null,null,null,null,null,null,null,null,null,null,null,null,null,null,null,null,null,null,null,null,null,null,null,null,{"$f":"COUNTIF(C187:AB191,\"A\")+COUNTIF(C187:AB191,\"B\")","v":0},{"$f":"+AY187/BI185*BJ185","v":{"$error":"#DIV/0!"}},{"$f":"+AZ187+BN185","v":{"$error":"#DIV/0!"}},{"$f":"IF(AY187=BA188,\"OK\",BA187/'Control de Avance'!$BT$3)","v":{"$error":"#DIV/0!"}}]
[null,4,"X",null,null,"X","X",null,null,"X","X",null,null,"X","X",null,null,"X","X",null,null,"X","X",null,null,"X",null,null,null,null,null,null,null,null,null,null,null,null,null,null,null,null,null,null,null,null,null,null,null,null,"N° Total Und Prod:",null,{"$f":"VLOOKUP('Dibujo Edificios'!A184,'Otras Tablas'!$G$2:$H$31,2,FALSE)","v":48}]
[null,3,"X",null,null,"X","X",null,null,"X","X",null,null,"X","X",null,null,"X","X",null,null,"X","X",null,null,"X",null,null,null,null,null,null,null,null,null,null,null,null,null,null,null,null,null,null,null,null,null,null,null,null,"Proyección avance actual",null,null,{"$f":"IF(AY187=BA188,\"OK\",IF(BB191=0,\"NA\",(BA188/BI185*BJ185+BP185)/('Control de Avance'!$BT$3+BB192*5)))","v":{"$error":"#DIV/0!"}}]
[null,2,"X",null,null,"X","X",null,null,"X","X",null,null,"X","X",null,null,"X","X",null,null,"X","X",null,null,"X",null,null,null,null,null,null,null,null,null,null,null,null,null,null,null,null,null,null,null,null,null,null,null,null,"Frentes anteriores",null,null,{"$f":"COUNTIF(C187:AB191,\"A\")/BI185*BJ185","v":{"$error":"#DIV/0!"}}]
[null,1,"X",null,null,"X","X",null,null,"X","X",null,null,"X","X",null,null,"X","X",null,null,"X","X",null,null,"X",null,null,null,null,null,null,null,null,null,null,null,null,null,null,null,null,null,null,null,null,null,null,null,null,"Frentes semana actual",null,null,{"$f":"COUNTIF(C187:AB191,\"B\")/BI185*BJ185","v":{"$error":"#DIV/0!"}}]
[null,null,null,null,null,null,null,null,null,null,null,null,null,null,null,null,null,null,null,null,null,null,null,null,null,null,null,null,null,null,null,null,null,null,null,null,null,null,null,null,null,null,null,null,null,null,null,null,null,null,"Saldo",{"$f":"+BA188/BI185*BJ185-BB190-BB191","v":{"$error":"#DIV/0!"}},"Sem",{"$f":"IF(AY187=BA188,\"OK\",IF(BB191=0,\"NA\",AZ192/BB191))","v":{"$error":"#DIV/0!"}}]
[]
[null,"FACH","Edif","(Estos son dibujos especiales por proyecto)"]
[null,"FACH","Pos"]
[null,"FACH","Frente"]
[null,"TEST","Proy"]
[null,"TPORT","Proy"]
[null,"TEXT","Proy"]
[null,"TEXT","Frente"]

{"sheet":"Trenes","index":3,"n_rows":81,"n_cols":312,"rows_kept":81,"cut":false,"hidden":false,"merged":[]}
["Condominios en extensión"]
[null,"Parámetros:",null,null,"E(y)","Etapas"]
[null,"n","número de pisos",null,"E(1)","x1 frentes"]
[null,"y","número de etapas",null,"E(2)","x2-x1 frentes"]
[null,null,null,null,"…"]
[null,null,null,null,"E(y)","xy-x(y-1) frentes"]
["Lógica para generar edificios en extensión (n° pisos < 7)"]
[null,"Tren","Un. Producción",null,"1era etapa (F1 al Fx1), x1 = 4, 5 o 6",null,null,null,null,null,null,null,null,null,null,"2da etapa (F(x1+1) al Fx2), x2 = x1 + 4, 5 o 6",null,null,null,null,null,null,"…","Y-ava etapa (Fx(y-1) al Fxy)"]
[null,"OG1","Frente",{"$f":"B9&C9","v":"OG1Frente"},"1F1, 1F2, …, 1Fx1",null,null,null,null,null,null,null,null,null,null,"1F(x1+1), 1F(x1+2), …,1Fx2",null,null,null,null,null,null,null,"1Fx(y-1), 1F(x(y-1)+1),…,1Fxy"]
[null,"OG1","Edif",{"$f":"B10&C10","v":"OG1Edif"},"F1-2",null,null,null,null,"F(x1-1)-x1",null,null,null,null,null,"Fx1-(x1+1)",null,"…","F(x2-1)-x2",null,null,null,"…","Fx(y-1)-(x(y-1)+1)",null,null,null,"F(xy-1)-xy"]
[null,"OGT","Frente","OGTFrente","1F1,1F2, …, 1Fx1, 2F1,2F2, …, nF1, nF2, …, nFx1",null,null,null,null,null,null,null,null,null,null,"1F(x1+1), 1F(x1+2), …,nFx2",null,null,null,null,null,null,"…","1Fx(y-1), 1F(x(y-1)+1),…,nFxy"]
[null,"OGT-1","Frente","OGT-1Frente","2F1,2F2,…,2Fx1,…, nFx1",null,null,null,null,null,null,null,null,null,null,"2F(x1+1), 2F(x1+2), …,nFx2"]
[null,"OGT","Piso","OGTPiso","1F1-2","…","1F(x1-1)-x1",null,"2F1-2",null,null,"(n-1)F(x1-1)-x1",null,null,null,"1F(x1+1)-(x1+2)",null,null,"…","(n-1)F(x2-1)-x2",null,null,"…","1Fx(y-1)-(x(y-1)+1)",null,null,"…","(n-1)F(xy-1)-xy"]
[null,"OGT-1","Piso","OGT-1Piso","2F1,2F2,…,2Fx1,…, (n-1)Fx1",null,null,null,null,null,null,null,null,null,null,"2F(x1+1)-(x1+2)",null,null,"…","(n-1)F(x2-1)-x2",null,null,null,"2Fx(y-1)-(x(y-1)+1)",null,null,"…","(n-1)F(xy-1)-xy"]
[null,"TECH","Edif","TECHEdif","F1-2",null,null,null,null,"F(x1-1)-x1",null,null,null,null,null,"Fx1-(x1+1)",null,"…","F(x2-1)-x2",null,null,null,"…","Fx(y-1)-(x(y-1)+1)",null,null,null,"F(xy-1)-xy"]
[null,"TECH","Frente","TECHFrente","nF1-2",null,null,null,null,"nF(x1-1)-x1",null,null,null,null,null,"nFx1-(x1+1)",null,"…","nF(x2-1)-x2",null,null,null,"…","nFx(y-1)-(x(y-1)+1)",null,null,null,"nF(xy-1)-xy"]
[null,"RYT","Frente","RYTFrente","1F1","1F2","2F1","2F2","….","nF1","nF2","…","nF(x1-1)","nFx1",null,"1F(x1+1)","1F(x1+2)",null,"…","nF(x2-1)","nF(x2)",null,"…","1Fx(y-1)","1F(x(y-1)+1)","2Fx(y-1)","2F(x(y-1)+1)","…","nF(xy-1)","nFxy"]
[null,"RYT","Depto","RYTDepto","1F1","1F2","2F1","2F2","….","nF1","nF2","…","nF(x1-1)","nFx1",null,"1F(x1+1)","1F(x1+2)",null,"…","nF(x2-1)","nF(x2)",null,"…","1Fx(y-1)","1F(x(y-1)+1)","2Fx(y-1)","2F(x(y-1)+1)","…","nF(xy-1)","nFxy"]
[null,"TERM","Piso","TERMPiso","nF1-2",null,"(n-1)F1-2","…",null,"1F1-2","…",null,"1F(x1-1)-x1",null,null,"nF(x1+1)-(x1+2)",null,"(n-1)F(x1+1)-(x1+2)","…","1F(x2-1)-x2",null,null,"…","nFx(y-1)-(x(y-1)+1)",null,"(n-1)Fx(y-1)-(x(y-1)+1)",null,null,"…","1F(xy-1)-xy"]
[null,"TERM","Frente","TERMFrente","nF1","nF2","(n-1)F1","(n-1)F2","…","1F1","1F2","…","1F(x1-1)","1Fx1",null,"nF(x1+1)","nF(x1+2)","(n-1)F(x1+1)","(n-1)F(x1+2)…","1F(x2-1)","1Fx2",null,"…","nFx(y-1)","nF(x(y-1)+1)",null,"…",null,null,"1F(xy-1)","1Fxy"]
[null,"TERM","Depto","TERMDepto","nF1","nF2","(n-1)F1","(n-1)F2","…","1F1","1F2","…","1F(x1-1)","1Fx1",null,"nF(x1+1)","nF(x1+2)","(n-1)F(x1+1)","(n-1)F(x1+2)…","1F(x2-1)","1Fx2",null,"…","nFx(y-1)","nF(x(y-1)+1)",null,"…",null,null,"1F(xy-1)","1Fxy"]
[null,"TERM-U","Depto","TERM-UDepto","(n-1)F1","(n-1)F2","(n-2)F1","(n-2)F2","…","1F1","1F2","…","1F(x1-1)","1Fx1",null,"(n-1)F(x1+1)","(n-1)F(x1+2)","(n-2)F(x1+1)","(n-2)F(x1+2)…","1F(x2-1)","1Fx2",null,"…","(n-1)Fx(y-1)","(n-1)F(x(y-1)+1)",null,"…",null,null,"1F(xy-1)"]
[null,"ZC1","Edif","ZC1Edif","F1-2",null,"+npisos*2-1",null,null,"F(x1-1)-x1",null,null,null,null,null,"Fx1-(x1+1)",null,"…","F(x2-1)-x2",null,null,null,"…","Fx(y-1)-(x(y-1)+1)",null,null,null,"F(xy-1)-xy"]
[null,"ZC1","Piso","ZC1Piso","1F1-2",null,"+npisos*2-1",null,"1F3-4",null,"…",null,"1F(x1-1)-x1",null,null,"1Fx1-(x1+1)",null,"…",null,"1F(x2-1)-x2",null,null,null,"1Fx(y-1)-(x(y-1)+1)",null,"…",null,null,null,"1F(xy-1)-xy"]
[null,"ZCT","Edif","ZCTEdif","F1-2",null,null,null,null,"F(x1-1)-x1",null,null,null,null,null,"Fx1-(x1+1)",null,"…","F(x2-1)-x2",null,null,null,"…","Fx(y-1)-(x(y-1)+1)",null,null,null,"F(xy-1)-xy"]
[null,"ZCT","Piso","ZCTPiso","nF1-2",null,"(n-1)F1-2","…",null,"1F1-2","…",null,"1F(x1-1)-x1",null,null,"nF(x1+1)-(x1+2)",null,"(n-1)F(x1+1)-(x1+2)","…","1F(x2-1)-x2",null,null,"…","nFx(y-1)-(x(y-1)+1)",null,"(n-1)Fx(y-1)-(x(y-1)+1)",null,null,"…","1F(xy-1)-xy"]
[]
["Lógica para generar Edificios en altura (n° pisos >= 7)"]
[null,"Parámetros"]
[null,"n","número de pisos real"]
[null,"N","número de pisos modelo"]
[null,"fp","Frentes por planta"]
[null,"Pn","Piso n"]
[null,"e","número de edificios (etapas)"]
[null,"Ex","Edificio x"]
[]
[null,"Tren","Un. Producción"]
[null,"OG1","Frente",{"$f":"B38&C38","v":"OG1Frente"},"1F1","1F2","…","1Ffp",null,null,null,null,null,null,null,null,null,"1F(fp+1)","1F(fp+2)","…","1F(2fp)",null,"1F((e-1)fp+1)","1F((e-1)fp+2)","…"]
[null,"OG1","Edif","OG1Edif","1F1-2-3-…-fp",null,null,null,null,null,null,null,null,null,null,null,null,"1F(fp+1)-(fp+2)-…-2fp"]
[null,"OGT","Frente","OGTFrente","1F1","1F2","…","1Ffp","2F1","2F2","…","2Ffp","…","nF1","nF2","…","nFfp","1F(fp+1)","1F(fp+2)","…","nF(2fp)","…","1F((e-1)fp+1)","1F((e-1)fp+2)","…","1F(e*fp)","…","nF(e*fp)"]
[null,"OGT","Piso","OGTPiso","P1a",null,null,null,"P2a",null,null,null,null,"Pna",null,null,null,"P1b","…"]
[null,"TECH","Edif","TECHEdif","nF1-2-…-fp",null,null,null,null,null,null,null,null,null,null,null,null,"nF(fp+1)-(fp+2)-…-(2fp)",null,"…"]
[null,"TECH","Frente","TECHFrente","nF1","nF2","…","nFfp",null,null,null,null,null,null,null,null,null,"nF(fp+1)","nF(fp+2)","…","nF(2fp)","…","nF((e-1)fp+1)","…","nF(e*fp)"]
[null,"RYT","Frente","RYTFrente","1F1","1F2","…","1Ffp","2F1","2F2","…","2Ffp","…","nF1","nF2","…","nFfp","1F(fp+1)","1F(fp+2)","…","nF(2fp)","…","1F((e-1)fp+1)","1F((e-1)fp+2)","…","1F(e*fp)","…","nF(e*fp)"]
[null,"RYT","Depto","RYTDepto","1F1","1F2","…","1Ffp","2F1","2F2","…","2Ffp","…","nF1","nF2","…","nFfp","1F(fp+1)","1F(fp+2)","…","nF(2fp)","…","1F((e-1)fp+1)","1F((e-1)fp+2)","…","1F(e*fp)","…","nF(e*fp)"]
[null,"TERM","Piso","TERMPiso","P1a",null,null,null,"P2a",null,null,null,null,"Pna",null,null,null,"P1b","…"]
[null,"TERM","Frente","TERMFrente","1F1","1F2","…","1Ffp","2F1","2F2","…","2Ffp","…","nF1","nF2","…","nFfp","1F(fp+1)","1F(fp+2)","…","nF(2fp)","…","1F((e-1)fp+1)","1F((e-1)fp+2)","…","1F(e*fp)","…","nF(e*fp)"]
[null,"TERM","Depto","TERMDepto","1F1","1F2","…","1Ffp","2F1","2F2","…","2Ffp","…","nF1","nF2","…","nFfp","1F(fp+1)","1F(fp+2)","…","nF(2fp)","…","1F((e-1)fp+1)","1F((e-1)fp+2)","…","1F(e*fp)","…","nF(e*fp)"]
[null,"ZC1","Edif","ZC1Edif","Ea",null,null,null,null,null,null,null,null,null,null,null,null,"Eb","…"]
[null,"ZC1","Piso","ZC1Piso","P1a",null,null,null,null,null,null,null,null,null,null,null,null,"P1b","…"]
[null,"ZCT","Edif","ZCTEdif","Ea",null,null,null,null,null,null,null,null,null,null,null,null,"Eb","…"]
[null,"ZCT","Piso","ZCTPiso","P1a",null,null,null,"P2a",null,null,null,null,"Pna",null,null,null,"P1b","…"]
[null,"TASC","Edif","TASCEdif","Ea",null,null,null,null,null,null,null,null,null,null,null,null,"Eb","…"]
[null,"TASC","Piso","TASCPiso","P1a",null,null,null,"P2a",null,null,null,null,"Pna",null,null,null,"P1b","…"]
[]
[]
[]
[]
[]
["GENERACIÓN DE SECUENCIAS"]
[]
[]
[{"$f":"VLOOKUP(D63,'Otras Tablas'!$G$3:$H$24,2,FALSE)","v":24},"OG1","Frente",{"$f":"B63&C63","v":"OG1Frente"},"1F1","1F2","1F3","1F4","1F5","1F6",null,null,null,null,null,null,null,null,null,null,null,null,null,null,null,null,null,null,null,null,null,null,null,null,"1F7","1F8","1F9","1F10","1F11",null,null,null,null,null,null,null,null,null,null,null,null,null,null,null,null,null,null,null,null,"1F12","1F13","1F14","1F15","1F16",null,null,null,null,null,null,null,null,null,null,null,null,null,null,null,null,null,null,null,null,"1F17","1F18","1F19","1F20",null,null,null,null,null,null,null,null,null,null,null,null,null,null,null,null,"1F21","1F22","1F23","1F24"]
[{"$f":"VLOOKUP(D64,'Otras Tablas'!$G$3:$H$24,2,FALSE)","v":12},"OG1","Edif","OG1Edif","F1-2",null,"F3-4",null,"F5-6",null,null,null,null,null,null,null,null,null,null,null,null,null,null,null,null,null,null,null,null,null,null,null,null,null,"F7-8",null,"F9-10",null,"F11",null,null,null,null,null,null,null,null,null,null,null,null,null,null,null,null,null,null,null,null,"F12-13",null,"F14-15",null,"F16",null,null,null,null,null,null,null,null,null,null,null,null,null,null,null,null,null,null,null,null,"F17-18",null,"F19-20",null,null,null,null,null,null,null,null,null,null,null,null,null,null,null,null,null,"F21-22",null,"F23-24"]
[{"$f":"VLOOKUP(D65,'Otras Tablas'!$G$3:$H$24,2,FALSE)","v":48},"OG1","Depto","OG1Depto","1F1","1F2","1F3","1F4","1F5","1F6",null,null,null,null,null,null,null,null,null,null,null,null,null,null,null,null,null,null,null,null,null,null,null,null,"1F7","1F8","1F9","1F10","1F11",null,null,null,null,null,null,null,null,null,null,null,null,null,null,null,null,null,null,null,null,"1F12","1F13","1F14","1F15","1F16",null,null,null,null,null,null,null,null,null,null,null,null,null,null,null,null,null,null,null,null,"1F17","1F18","1F19","1F20",null,null,null,null,null,null,null,null,null,null,null,null,null,null,null,null,"1F21","1F22","1F23","1F24"]
[{"$f":"VLOOKUP(D66,'Otras Tablas'!$G$3:$H$24,2,FALSE)","v":120},"OGT","Frente","OGTFrente","1F1","1F2","1F3","1F4","1F5","1F6","2F1","2F2","2F3","2F4","2F5","2F6","3F1","3F2","3F3","3F4","3F5","3F6","4F1","4F2","4F3","4F4","4F5","4F6","5F1","5F2","5F3","5F4","5F5","5F6","1F7","1F8","1F9","1F10","1F11","2F7","2F8","2F9","2F10","2F11","3F7","3F8","3F9","3F10","3F11","4F7","4F8","4F9","4F10","4F11","5F7","5F8","5F9","5F10","5F11","1F12","1F13","1F14","1F15","1F16","2F12","2F13","2F14","2F15","2F16","3F12","3F13","3F14","3F15","3F16","4F12","4F13","4F14","4F15","4F16","5F12","5F13","5F14","5F15","5F16","1F17","1F18","1F19","1F20","2F17","2F18","2F19","2F20","3F17","3F18","3F19","3F20","4F17","4F18","4F19","4F20","5F17","5F18","5F19","5F20","1F21","1F22","1F23","1F24","2F21","2F22","2F23","2F24","3F21","3F22","3F23","3F24","4F21","4F22","4F23","4F24","5F21","5F22","5F23","5F24"]
[{"$f":"VLOOKUP(D67,'Otras Tablas'!$G$3:$H$24,2,FALSE)","v":96},"OGT-1","Frente","OGT-1Frente","2F1","2F2","2F3","2F4","2F5","2F6","3F1","3F2","3F3","3F4","3F5","3F6","4F1","4F2","4F3","4F4","4F5","4F6","5F1","5F2","5F3","5F4","5F5","5F6",null,null,null,null,null,null,"2F7","2F8","2F9","2F10","2F11","3F7","3F8","3F9","3F10","3F11","4F7","4F8","4F9","4F10","4F11","5F7","5F8","5F9","5F10","5F11",null,null,null,null,null,"2F12","2F13","2F14","2F15","2F16","3F12","3F13","3F14","3F15","3F16","4F12","4F13","4F14","4F15","4F16","5F12","5F13","5F14","5F15","5F16",null,null,null,null,null,"2F17","2F18","2F19","2F20","3F17","3F18","3F19","3F20","4F17","4F18","4F19","4F20","5F17","5F18","5F19","5F20",null,null,null,null,"2F21","2F22","2F23","2F24","3F21","3F22","3F23","3F24","4F21","4F22","4F23","4F24","5F21","5F22","5F23","5F24"]
[{"$f":"VLOOKUP(D68,'Otras Tablas'!$G$3:$H$24,2,FALSE)","v":48},"OGT","Piso","OGTPiso","1F1-2",null,"1F3-4",null,"1F5-6",null,"2F1-2",null,"2F3-4",null,"2F5-6",null,"3F1-2",null,"3F3-4",null,"3F5-6",null,"4F1-2",null,"4F3-4",null,"4F5-6",null,null,null,null,null,null,null,"1F7-8",null,"1F9-10",null,"1F11","2F7-8",null,"2F9-10",null,"2F11","3F7-8",null,"3F9-10",null,"3F11","4F7-8",null,"4F9-10",null,"4F11",null,null,null,null,null,"1F12-13",null,"1F14-15",null,"1F16","2F12-13",null,"2F14-15",null,"2F16","3F12-13",null,"3F14-15",null,"3F16","4F12-13",null,"4F14-15",null,"4F16",null,null,null,null,null,"1F17-18",null,"1F19-20",null,"2F17-18",null,"2F19-20",null,"3F17-18",null,"3F19-20",null,"4F17-18",null,"4F19-20",null,null,null,null,null,"1F21-22",null,"1F23-24",null,"2F21-22",null,"2F23-24",null,"3F21-22",null,"3F23-24",null,"4F21-22",null,"4F23-24"]
[{"$f":"VLOOKUP(D69,'Otras Tablas'!$G$3:$H$24,2,FALSE)","v":36},"OGT-1","Piso","OGT-1Piso",null,null,null,null,null,null,"2F1-2",null,"2F3-4",null,"2F5-6",null,"3F1-2",null,"3F3-4",null,"3F5-6",null,"4F1-2",null,"4F3-4",null,"4F5-6",null,null,null,null,null,null,null,null,null,null,null,null,"2F7-8",null,"2F9-10",null,"2F11","3F7-8",null,"3F9-10",null,"3F11","4F7-8",null,"4F9-10",null,"4F11",null,null,null,null,null,null,null,null,null,null,"2F12-13",null,"2F14-15",null,"2F16","3F12-13",null,"3F14-15",null,"3F16","4F12-13",null,"4F14-15",null,"4F16",null,null,null,null,null,null,null,null,null,"2F17-18",null,"2F19-20",null,"3F17-18",null,"3F19-20",null,"4F17-18",null,"4F19-20",null,null,null,null,null,null,null,null,null,"2F21-22",null,"2F23-24",null,"3F21-22",null,"3F23-24",null,"4F21-22",null,"4F23-24"]
[{"$f":"VLOOKUP(D70,'Otras Tablas'!$G$3:$H$24,2,FALSE)","v":12},"TECH","Edif","TECHEdif","F1-2",null,"F3-4",null,"F5-6",null,null,null,null,null,null,null,null,null,null,null,null,null,null,null,null,null,null,null,null,null,null,null,null,null,"F7-8",null,"F9-10",null,"F11",null,null,null,null,null,null,null,null,null,null,null,null,null,null,null,null,null,null,null,null,"F12-13",null,"F14-15",null,"F16",null,null,null,null,null,null,null,null,null,null,null,null,null,null,null,null,null,null,null,null,"F17-18",null,"F19-20",null,null,null,null,null,null,null,null,null,null,null,null,null,null,null,null,null,"F21-22",null,"F23-24"]
[{"$f":"VLOOKUP(D71,'Otras Tablas'!$G$3:$H$24,2,FALSE)","v":24},"TECH","Frente","TECHFrente","5F1","5F2","5F3","5F4","5F5","5F6",null,null,null,null,null,null,null,null,null,null,null,null,null,null,null,null,null,null,null,null,null,null,null,null,"5F7","5F8","5F9","5F10","5F11",null,null,null,null,null,null,null,null,null,null,null,null,null,null,null,null,null,null,null,null,"5F12","5F13","5F14","5F15","5F16",null,null,null,null,null,null,null,null,null,null,null,null,null,null,null,null,null,null,null,null,"5F17","5F18","5F19","5F20",null,null,null,null,null,null,null,null,null,null,null,null,null,null,null,null,"5F21","5F22","5F23","5F24"]
[{"$f":"VLOOKUP(D72,'Otras Tablas'!$G$3:$H$24,2,FALSE)","v":240},"RYT","Depto","RYTDepto","1F1","1F2","2F1","2F2","3F1","3F2","4F1","4F2","5F1","5F2","1F3","1F4","2F3","2F4","3F3","3F4","4F3","4F4","5F3","5F4","1F5","1F6","2F5","2F6","3F5","3F6","4F5","4F6","5F5","5F6","1F7","1F8","2F7","2F8","3F7","3F8","4F7","4F8","5F7","5F8","1F9","1F10","2F9","2F10","3F9","3F10","4F9","4F10","5F9","5F10","1F11","2F11","3F11","4F11","5F11","1F12","1F13","2F12","2F13","3F12","3F13","4F12","4F13","5F12","5F13","1F14","1F15","2F14","2F15","3F14","3F15","4F14","4F15","5F14","5F15","1F16","2F16","3F16","4F16","5F16","1F17","1F18","2F17","2F18","3F17","3F18","4F17","4F18","5F17","5F18","1F19","1F20","2F19","2F20","3F19","3F20","4F19","4F20","5F19","5F20","1F21","1F22","2F21","2F22","3F21","3F22","4F21","4F22","5F21","5F22","1F23","1F24","2F23","2F24","3F23","3F24","4F23","4F24","5F23","5F24",null,null,null,null,null,null,null,null,null,null,null,null,null,null,null,null,null,null,null,null,null,null,null,null,null,null,null,null,null,null,null,null,null,null,null,null,null,null,null,null,null,null,null,null,null,null,null,null,null,null,null,null,null,null,null,null,null,null,null,null,null,null,null,null,null,null,null,null,null,null,null,null,null,null,null,null,null,null,null,null,null,null,null,null,null,null,null,null,null,null,null,null,null,null,null,null,null,null,null,null,null,null,null,null,null,null,null,null,null,null,null,null,null,null,null,null,null,null,null,null,null,null,null,null,null,null,null,null,null,null,null,null,null,null,null,null,null,null,null,null,null,null,null,null,null,null,null,null,null,null,null,null,null,null,null,null,null,null,null,null,null,null,null,null,null,"12F46","12F47","12F48","12F49","12F50","13F45","13F46","13F47","13F48","13F49","13F50","13F51","14F46","14F47","14F48","14F49","14F50","14F51","14F52","11F49","12F49","13F49","14F49"]
[{"$f":"VLOOKUP(D73,'Otras Tablas'!$G$3:$H$24,2,FALSE)","v":240},"TERM","Depto","TERMDepto","5F1","5F2","4F1","4F2","3F1","3F2","2F1","2F2","1F1","1F2","5F3","5F4","4F3","4F4","3F3","3F4","2F3","2F4","1F3","1F4","5F5","5F6","4F5","4F6","3F5","3F6","2F5","2F6","1F5","1F6","5F7","5F8","4F7","4F8","3F7","3F8","2F7","2F8","1F7","1F8","5F9","5F10","4F9","4F10","3F9","3F10","2F9","2F10","1F9","1F10","5F11","4F11","3F11","2F11","1F11","5F12","5F13","4F12","4F13","3F12","3F13","2F12","2F13","1F12","1F13","5F14","5F15","4F14","4F15","3F14","3F15","2F14","2F15","1F14","1F15","5F16","4F16","3F16","2F16","1F16","5F17","5F18","4F17","4F18","3F17","3F18","2F17","2F18","1F17","1F18","5F19","5F20","4F19","4F20","3F19","3F20","2F19","2F20","1F19","1F20","5F21","5F22","4F21","4F22","3F21","3F22","2F21","2F22","1F21","1F22","5F23","5F24","4F23","4F24","3F23","3F24","2F23","2F24","1F23","1F24"]
[{"$f":"VLOOKUP(D74,'Otras Tablas'!$G$3:$H$24,2,FALSE)","v":192},"TERM-U","Depto","TERM-UDepto",null,null,"4F1","4F2","3F1","3F2","2F1","2F2","1F1","1F2",null,null,"4F3","4F4","3F3","3F4","2F3","2F4","1F3","1F4",null,null,"4F5","4F6","3F5","3F6","2F5","2F6","1F5","1F6",null,null,"4F7","4F8","3F7","3F8","2F7","2F8","1F7","1F8",null,null,"4F9","4F10","3F9","3F10","2F9","2F10","1F9","1F10",null,"4F11","3F11","2F11","1F11",null,null,"4F12","4F13","3F12","3F13","2F12","2F13","1F12","1F13",null,null,"4F14","4F15","3F14","3F15","2F14","2F15","1F14","1F15",null,"4F16","3F16","2F16","1F16",null,null,"4F17","4F18","3F17","3F18","2F17","2F18","1F17","1F18",null,null,"4F19","4F20","3F19","3F20","2F19","2F20","1F19","1F20",null,null,"4F21","4F22","3F21","3F22","2F21","2F22","1F21","1F22",null,null,"4F23","4F24","3F23","3F24","2F23","2F24","1F23","1F24"]
[{"$f":"VLOOKUP(D75,'Otras Tablas'!$G$3:$H$24,2,FALSE)","v":48},"TERM","Piso",{"$f":"B75&C75","v":"TERMPiso"},"5F1-2",null,"4F1-2",null,"3F1-2",null,"2F1-2",null,"1F1-2",null,"5F3-4",null,"4F3-4",null,"3F3-4",null,"2F3-4",null,"1F3-4",null,"5F5-6",null,"4F5-6",null,"3F5-6",null,"2F5-6",null,"1F5-6",null,"5F7-8",null,"4F7-8",null,"3F7-8",null,"2F7-8",null,"1F7-8",null,"5F9-10",null,"4F9-10",null,"3F9-10",null,"2F9-10",null,"1F9-10",null,"5F11","4F11","3F11","2F11","1F11","5F12-13",null,"4F12-13",null,"3F12-13",null,"2F12-13",null,"1F12-13",null,"5F14-15",null,"4F14-15",null,"3F14-15",null,"2F14-15",null,"1F14-15",null,"5F16","4F16","3F16","2F16","1F16","5F17-18",null,"4F17-18",null,"3F17-18",null,"2F17-18",null,"1F17-18",null,"5F19-20",null,"4F19-20",null,"3F19-20",null,"2F19-20",null,"1F19-20",null,"5F21-22",null,"4F21-22",null,"3F21-22",null,"2F21-22",null,"1F21-22",null,"5F23-24",null,"4F23-24",null,"3F23-24",null,"2F23-24",null,"1F23-24"]
[{"$f":"VLOOKUP(D76,'Otras Tablas'!$G$3:$H$24,2,FALSE)","v":12},"ZC1","Edif","ZC1Edif","F1-2",null,null,null,null,null,null,null,null,null,"F3-4",null,null,null,null,null,null,null,null,null,"F5-6",null,null,null,null,null,null,null,null,null,"F7-8",null,null,null,null,null,null,null,null,null,"F7-8",null,null,null,null,null,null,null,null,null,"F7",null,null,null,null,"F8-9",null,null,null,null,null,null,null,null,null,"F8-9",null,null,null,null,null,null,null,null,null,"F8",null,null,null,null,"F9-10",null,null,null,null,null,null,null,null,null,"F11-12",null,null,null,null,null,null,null,null,null,"F13-14",null,null,null,null,null,null,null,null,null,"F15-16"]
[{"$f":"VLOOKUP(D77,'Otras Tablas'!$G$3:$H$24,2,FALSE)","v":12},"ZCT","Edif","ZCTEdif","F1-2",null,null,null,null,null,null,null,null,null,"F3-4",null,null,null,null,null,null,null,null,null,"F5-6",null,null,null,null,null,null,null,null,null,"F7-8",null,null,null,null,null,null,null,null,null,"F7-8",null,null,null,null,null,null,null,null,null,"F7-8",null,null,null,null,"F8-9",null,null,null,null,null,null,null,null,null,"F8-9",null,null,null,null,null,null,null,null,null,"F8-9",null,null,null,null,"F9-10",null,null,null,null,null,null,null,null,null,"F11-12",null,null,null,null,null,null,null,null,null,"F13-14",null,null,null,null,null,null,null,null,null,"F15-16"]
[{"$f":"VLOOKUP(D78,'Otras Tablas'!$G$3:$H$24,2,FALSE)","v":48},"ZCT","Piso","ZCTPiso","5F1-2",null,"4F1-2",null,"3F1-2",null,"2F1-2",null,"1F1-2",null,"5F3-4",null,"4F3-4",null,"3F3-4",null,"2F3-4",null,"1F3-4",null,"5F5-6",null,"4F5-6",null,"3F5-6",null,"2F5-6",null,"1F5-6",null,"5F7-8",null,"4F7-8",null,"3F7-8",null,"2F7-8",null,"1F7-8",null,"5F9-10",null,"4F9-10",null,"3F9-10",null,"2F9-10",null,"1F9-10",null,"5F11","4F11","3F11","2F11","1F11","5F12-13",null,"4F12-13",null,"3F12-13",null,"2F12-13",null,"1F12-13",null,"5F14-15",null,"4F14-15",null,"3F14-15",null,"2F14-15",null,"1F14-15",null,"5F16","4F16","3F16","2F16","1F16","5F17-18",null,"4F17-18",null,"3F17-18",null,"2F17-18",null,"1F17-18",null,"5F19-20",null,"4F19-20",null,"3F19-20",null,"2F19-20",null,"1F19-20",null,"5F21-22",null,"4F21-22",null,"3F21-22",null,"2F21-22",null,"1F21-22",null,"5F23-24",null,"4F23-24",null,"3F23-24",null,"2F23-24",null,"1F23-24"]
[{"$f":"VLOOKUP(D79,'Otras Tablas'!$G$3:$H$24,2,FALSE)","v":48},"TPAS","Piso","TPASPiso"]
[{"$f":"VLOOKUP(D80,'Otras Tablas'!$G$3:$H$24,2,FALSE)","v":48},"TASC","Piso","TASCPiso"]
[{"$f":"VLOOKUP(D81,'Otras Tablas'!$G$3:$H$24,2,FALSE)","v":12},"TASC","Edif","TASCEdif"]

{"sheet":"Resumen Frentes Semanal","index":4,"n_rows":142,"n_cols":32,"rows_kept":142,"cut":false,"hidden":false,"merged":[]}
[null,null,null,null,null,null,null,null,null,null,null,null,null,null,null,null,"OG",null,"N° Días Semana Actual",5,null,null,null,null,null,null,null,null,null,"N° Días semana siguiente",5]
[null,null,null,null,null,null,{"$f":"+C9-1319770","v":-1319770},null,null,null,null,null,null,null,null,null,"TERM",null,"N° Días Semana Actual",5,"Correc Frente Optimo",null,null,null,null,null,null,null,null,"N° Días semana siguiente",5]
[null,null,null,{"$f":"TODAY()","v":"2021-06-06"},null,null,null,null,null,null,"Resumen planificacion Obra gruesa Rucalhue",null,null,"T","R",null,null,null,"N° Frentes","N° Frentes","I.Avance","I.Product",null,"(próx. semana)",null,null,null,null,null,null,"N° Frentes"]
[null,"Programado","Logrado","Programado próx. semana","Tipo","Índice Orden: 1ero OG, luego T/EXT, luego SC","Indice OG","Indice SCOG","Indice T","Indice SCT","Cuadrilla","Valor frente manual","Valor frente actividades en curso","N°","N°","R/T","Estatus","% Cump","Programados","Logrados","% Cump","% Prod","Observaciones semana anterior","T","R","R/T","Valor frente próx. Semana (manual)","Valor frente prox. semana ","% Prog","Estatus prox. Semana (Manual)","Programados proxima semana","Observaciones semana programada"]
[null,{"$f":"IF(OR(F5=1,F5=2),SUMIF('Prog. Semanal OG'!$N$9:$N$834,$K5,'Prog. Semanal OG'!D$9:D$834),SUMIF('Prog. Semanal TER'!$N$9:$N$708,$K5,'Prog. Semanal TER'!D$9:D$708))","v":0},{"$f":"IF(OR(F5=1,F5=2),SUMIF('Prog. Semanal OG'!$N$9:$N$834,$K5,'Prog. Semanal OG'!E$9:E$834),SUMIF('Prog. Semanal TER'!$N$9:$N$708,$K5,'Prog. Semanal TER'!E$9:E$708))","v":0},{"$f":"IF(OR(F5=1,F5=2),SUMIF('Prog. Semanal OG'!$N$9:$N$834,$K5,'Prog. Semanal OG'!F$9:F$834),SUMIF('Prog. Semanal TER'!$N$9:$N$708,$K5,'Prog. Semanal TER'!F$9:F$708))","v":0},{"$f":"+VLOOKUP(K5,Cuadrillas!C:D,2,FALSE)","v":"OG"},{"$f":"IF(E5=\"OG\",1,IF(E5=\"SCOG\",2,IF(E5=\"T\",3,4)))","v":1},{"$f":"IF(E5=\"OG\",1,0)","v":1},{"$f":"IF(E5=\"SCOG\",1,0)","v":0},{"$f":"IF(E5=\"T\",1,0)","v":0},{"$f":"IF(E5=\"SCT\",1,0)","v":0},"TRAZO",67200,{"$f":"IF(L5<>0,L5,SUMIFS('Control de Avance'!$BM$15:$BM$4965,'Control de Avance'!$BD$15:$BD$4965,K5,'Control de Avance'!$B$15:$B$4965,1))","v":67200},2,2,{"$f":"IF(N5=0,\"\",O5/N5)","v":1},0,{"$f":"IF(B5>0,C5/B5,0)","v":0},{"$f":"IFERROR(B5/M5,0)","v":0},{"$f":"IFERROR(C5/M5,0)","v":0},{"$f":"+S5*R5/$T$1","v":0},{"$f":"IFERROR(IF(P5>1,U5/P5,U5),\"\")","v":0},"Término de frentes",2,2,{"$f":"IF(X5=0,\"\",Y5/X5)","v":1},67200,{"$f":"IF(AA5=\"\",M5,AA5)","v":67200},{"$f":"AE5/$AE$1/IF(Z5>100%,Z5,1)","v":0},0,{"$f":"IFERROR(D5/AB5,0)","v":0},"Término de frentes"]
[null,{"$f":"IF(OR(F6=1,F6=2),SUMIF('Prog. Semanal OG'!$N$9:$N$834,$K6,'Prog. Semanal OG'!D$9:D$834),SUMIF('Prog. Semanal TER'!$N$9:$N$708,$K6,'Prog. Semanal TER'!D$9:D$708))","v":0},{"$f":"IF(OR(F6=1,F6=2),SUMIF('Prog. Semanal OG'!$N$9:$N$834,$K6,'Prog. Semanal OG'!E$9:E$834),SUMIF('Prog. Semanal TER'!$N$9:$N$708,$K6,'Prog. Semanal TER'!E$9:E$708))","v":0},null,{"$f":"+VLOOKUP(K6,Cuadrillas!C:D,2,FALSE)","v":"OG"},1,1,0,0,0,"GRÚA",36879,{"$f":"IF(L6<>0,L6,SUMIFS('Control de Avance'!$BM$15:$BM$4965,'Control de Avance'!$BD$15:$BD$4965,K6,'Control de Avance'!$B$15:$B$4965,1))","v":36879},1,1,1,0,{"$f":"IF(B6>0,C6/B6,0)","v":0},0,0,0,0,"Término de frentes",1,1,1,36879,36879,0.4,0,2,"Término de frentes"]
[null,{"$f":"IF(OR(F7=1,F7=2),SUMIF('Prog. Semanal OG'!$N$9:$N$834,$K7,'Prog. Semanal OG'!D$9:D$834),SUMIF('Prog. Semanal TER'!$N$9:$N$708,$K7,'Prog. Semanal TER'!D$9:D$708))","v":0},{"$f":"IF(OR(F7=1,F7=2),SUMIF('Prog. Semanal OG'!$N$9:$N$834,$K7,'Prog. Semanal OG'!E$9:E$834),SUMIF('Prog. Semanal TER'!$N$9:$N$708,$K7,'Prog. Semanal TER'!E$9:E$708))","v":0},{"$f":"IF(OR(F7=1,F7=2),SUMIF('Prog. Semanal OG'!$N$9:$N$834,$K7,'Prog. Semanal OG'!F$9:F$834),SUMIF('Prog. Semanal TER'!$N$9:$N$708,$K7,'Prog. Semanal TER'!F$9:F$708))","v":0},{"$f":"+VLOOKUP(K7,Cuadrillas!C:D,2,FALSE)","v":"OG"},1,1,0,0,0,"ENFIERRADOR",210632,{"$f":"IF(L7<>0,L7,SUMIFS('Control de Avance'!$BM$15:$BM$4965,'Control de Avance'!$BD$15:$BD$4965,K7,'Control de Avance'!$B$15:$B$4965,1))","v":210632},6,6,1,0,0,0,0,0,0,"Término de frentes",6,6,1,210632,210632,0,0,{"$f":"IFERROR(D7/AB7,0)","v":0},"Término de frentes"]
[null,{"$f":"IF(OR(F8=1,F8=2),SUMIF('Prog. Semanal OG'!$N$9:$N$834,$K8,'Prog. Semanal OG'!D$9:D$834),SUMIF('Prog. Semanal TER'!$N$9:$N$708,$K8,'Prog. Semanal TER'!D$9:D$708))","v":0},{"$f":"IF(OR(F8=1,F8=2),SUMIF('Prog. Semanal OG'!$N$9:$N$834,$K8,'Prog. Semanal OG'!E$9:E$834),SUMIF('Prog. Semanal TER'!$N$9:$N$708,$K8,'Prog. Semanal TER'!E$9:E$708))","v":0},{"$f":"IF(OR(F8=1,F8=2),SUMIF('Prog. Semanal OG'!$N$9:$N$834,$K8,'Prog. Semanal OG'!F$9:F$834),SUMIF('Prog. Semanal TER'!$N$9:$N$708,$K8,'Prog. Semanal TER'!F$9:F$708))","v":0},{"$f":"+VLOOKUP(K8,Cuadrillas!C:D,2,FALSE)","v":"OG"},1,1,0,0,0,"FABRICANTE DE HORMIGON",null,{"$f":"IF(L8<>0,L8,SUMIFS('Control de Avance'!$BM$15:$BM$4965,'Control de Avance'!$BD$15:$BD$4965,K8,'Control de Avance'!$B$15:$B$4965,1))","v":0},2,2,1,{"$f":"IF(SUMIF('Control de Avance'!$BX$15:$BX$10960,'Resumen Frentes Semanal'!K8,'Control de Avance'!$B$15:$B$10960)=0,0,SUMIF('Control de Avance'!$BX$15:$BX$10960,'Resumen Frentes Semanal'!K8,'Control de Avance'!$B$15:$B$10960)/SUMIF('Control de Avance'!$BX$15:$BX$10960,'Resumen Frentes Semanal'!K8,'Control de Avance'!$B$15:$B$10960))","v":0},0,0,0,0,0,"Término de frentes",2,2,1,null,0,0,0,0,"Término de frentes"]
[null,{"$f":"IF(OR(F9=1,F9=2),SUMIF('Prog. Semanal OG'!$N$9:$N$834,$K9,'Prog. Semanal OG'!D$9:D$834),SUMIF('Prog. Semanal TER'!$N$9:$N$708,$K9,'Prog. Semanal TER'!D$9:D$708))","v":0},{"$f":"IF(OR(F9=1,F9=2),SUMIF('Prog. Semanal OG'!$N$9:$N$834,$K9,'Prog. Semanal OG'!E$9:E$834),SUMIF('Prog. Semanal TER'!$N$9:$N$708,$K9,'Prog. Semanal TER'!E$9:E$708))","v":0},{"$f":"IF(OR(F9=1,F9=2),SUMIF('Prog. Semanal OG'!$N$9:$N$834,$K9,'Prog. Semanal OG'!F$9:F$834),SUMIF('Prog. Semanal TER'!$N$9:$N$708,$K9,'Prog. Semanal TER'!F$9:F$708))","v":0},{"$f":"+VLOOKUP(K9,Cuadrillas!C:D,2,FALSE)","v":"OG"},1,1,0,0,0,"HORMIGÓN",204000,{"$f":"IF(L9<>0,L9,SUMIFS('Control de Avance'!$BM$15:$BM$4965,'Control de Avance'!$BD$15:$BD$4965,K9,'Control de Avance'!$B$15:$B$4965,1))","v":204000},7,7,1,0,0,0,0,0,0,"Término de frentes",7,7,1,216616,216616,0,0,0,"Término de frentes"]
[null,{"$f":"IF(OR(F10=1,F10=2),SUMIF('Prog. Semanal OG'!$N$9:$N$834,$K10,'Prog. Semanal OG'!D$9:D$834),SUMIF('Prog. Semanal TER'!$N$9:$N$708,$K10,'Prog. Semanal TER'!D$9:D$708))","v":0},{"$f":"IF(OR(F10=1,F10=2),SUMIF('Prog. Semanal OG'!$N$9:$N$834,$K10,'Prog. Semanal OG'!E$9:E$834),SUMIF('Prog. Semanal TER'!$N$9:$N$708,$K10,'Prog. Semanal TER'!E$9:E$708))","v":0},{"$f":"IF(OR(F10=1,F10=2),SUMIF('Prog. Semanal OG'!$N$9:$N$834,$K10,'Prog. Semanal OG'!F$9:F$834),SUMIF('Prog. Semanal TER'!$N$9:$N$708,$K10,'Prog. Semanal TER'!F$9:F$708))","v":0},{"$f":"+VLOOKUP(K10,Cuadrillas!C:D,2,FALSE)","v":"OG"},1,1,0,0,0,"RELLENO",null,{"$f":"IF(L10<>0,L10,SUMIFS('Control de Avance'!$BM$15:$BM$4965,'Control de Avance'!$BD$15:$BD$4965,K10,'Control de Avance'!$B$15:$B$4965,1))","v":0},4,4,1,0,0,0,0,0,0,"Término de frentes",4,4,1,null,0,0,0,0,"Término de frentes"]
[null,{"$f":"IF(OR(F11=1,F11=2),SUMIF('Prog. Semanal OG'!$N$9:$N$834,$K11,'Prog. Semanal OG'!D$9:D$834),SUMIF('Prog. Semanal TER'!$N$9:$N$708,$K11,'Prog. Semanal TER'!D$9:D$708))","v":27031.82},{"$f":"IF(OR(F11=1,F11=2),SUMIF('Prog. Semanal OG'!$N$9:$N$834,$K11,'Prog. Semanal OG'!E$9:E$834),SUMIF('Prog. Semanal TER'!$N$9:$N$708,$K11,'Prog. Semanal TER'!E$9:E$708))","v":27031.82},{"$f":"IF(OR(F11=1,F11=2),SUMIF('Prog. Semanal OG'!$N$9:$N$834,$K11,'Prog. Semanal OG'!F$9:F$834),SUMIF('Prog. Semanal TER'!$N$9:$N$708,$K11,'Prog. Semanal TER'!F$9:F$708))","v":0},{"$f":"+VLOOKUP(K11,Cuadrillas!C:D,2,FALSE)","v":"OG"},1,1,0,0,0,"ELÉCTRICO OG",123000,{"$f":"IF(L11<>0,L11,SUMIFS('Control de Avance'!$BM$15:$BM$4965,'Control de Avance'!$BD$15:$BD$4965,K11,'Control de Avance'!$B$15:$B$4965,1))","v":123000},4,3,0.75,0,1,0.21977089430894309,0.21977089430894309,4.3954178861788616E-2,4.3954178861788616E-2,"reparaciones electricas",3,3,1,130000,130000,0,0,0,"Término de frentes"]
[null,{"$f":"IF(OR(F12=1,F12=2),SUMIF('Prog. Semanal OG'!$N$9:$N$834,$K12,'Prog. Semanal OG'!D$9:D$834),SUMIF('Prog. Semanal TER'!$N$9:$N$708,$K12,'Prog. Semanal TER'!D$9:D$708))","v":0},{"$f":"IF(OR(F12=1,F12=2),SUMIF('Prog. Semanal OG'!$N$9:$N$834,$K12,'Prog. Semanal OG'!E$9:E$834),SUMIF('Prog. Semanal TER'!$N$9:$N$708,$K12,'Prog. Semanal TER'!E$9:E$708))","v":0},{"$f":"IF(OR(F12=1,F12=2),SUMIF('Prog. Semanal OG'!$N$9:$N$834,$K12,'Prog. Semanal OG'!F$9:F$834),SUMIF('Prog. Semanal TER'!$N$9:$N$708,$K12,'Prog. Semanal TER'!F$9:F$708))","v":0},{"$f":"+VLOOKUP(K12,Cuadrillas!C:D,2,FALSE)","v":"OG"},1,1,0,0,0,"MOLDAJE MURO",321000,{"$f":"IF(L12<>0,L12,SUMIFS('Control de Avance'!$BM$15:$BM$4965,'Control de Avance'!$BD$15:$BD$4965,K12,'Control de Avance'!$B$15:$B$4965,1))","v":321000},9,9,1,0,0,0,0,0,0,"Término de frentes",9,8,0.88888888888888884,321000,321000,0,0,0,"Término de frentes"]
[null,{"$f":"IF(OR(F13=1,F13=2),SUMIF('Prog. Semanal OG'!$N$9:$N$834,$K13,'Prog. Semanal OG'!D$9:D$834),SUMIF('Prog. Semanal TER'!$N$9:$N$708,$K13,'Prog. Semanal TER'!D$9:D$708))","v":139355.08660714288},{"$f":"IF(OR(F13=1,F13=2),SUMIF('Prog. Semanal OG'!$N$9:$N$834,$K13,'Prog. Semanal OG'!E$9:E$834),SUMIF('Prog. Semanal TER'!$N$9:$N$708,$K13,'Prog. Semanal TER'!E$9:E$708))","v":0},{"$f":"IF(OR(F13=1,F13=2),SUMIF('Prog. Semanal OG'!$N$9:$N$834,$K13,'Prog. Semanal OG'!F$9:F$834),SUMIF('Prog. Semanal TER'!$N$9:$N$708,$K13,'Prog. Semanal TER'!F$9:F$708))","v":139355.08660714288},{"$f":"+VLOOKUP(K13,Cuadrillas!C:D,2,FALSE)","v":"OG"},1,1,0,0,0,"MOLDAJE LOSA",188000,{"$f":"IF(L13<>0,L13,SUMIFS('Control de Avance'!$BM$15:$BM$4965,'Control de Avance'!$BD$15:$BD$4965,K13,'Control de Avance'!$B$15:$B$4965,1))","v":188000},7,5,0.7142857142857143,0,0,0.74125046067629186,0,0,0,"Sin copero por contacto estecho",7,6,0.8571428571428571,null,188000,0.14825009213525836,0,0.74125046067629186,"copa"]
[null,{"$f":"IF(OR(F14=1,F14=2),SUMIF('Prog. Semanal OG'!$N$9:$N$834,$K14,'Prog. Semanal OG'!D$9:D$834),SUMIF('Prog. Semanal TER'!$N$9:$N$708,$K14,'Prog. Semanal TER'!D$9:D$708))","v":0},{"$f":"IF(OR(F14=1,F14=2),SUMIF('Prog. Semanal OG'!$N$9:$N$834,$K14,'Prog. Semanal OG'!E$9:E$834),SUMIF('Prog. Semanal TER'!$N$9:$N$708,$K14,'Prog. Semanal TER'!E$9:E$708))","v":0},{"$f":"IF(OR(F14=1,F14=2),SUMIF('Prog. Semanal OG'!$N$9:$N$834,$K14,'Prog. Semanal OG'!F$9:F$834),SUMIF('Prog. Semanal TER'!$N$9:$N$708,$K14,'Prog. Semanal TER'!F$9:F$708))","v":0},{"$f":"+VLOOKUP(K14,Cuadrillas!C:D,2,FALSE)","v":"OG"},1,1,0,0,0,"SOBRECIMIENTO Y CORONACIÓN",95000,{"$f":"IF(L14<>0,L14,SUMIFS('Control de Avance'!$BM$15:$BM$4965,'Control de Avance'!$BD$15:$BD$4965,K14,'Control de Avance'!$B$15:$B$4965,1))","v":95000},3,2,0.66666666666666663,0,0,0,{"$f":"IFERROR(C14/M14,0)","v":0},0,0,"Término de frentes",3,0,0,95000,95000,0,0,0,"Últimas coronas"]
[null,{"$f":"IF(OR(F15=1,F15=2),SUMIF('Prog. Semanal OG'!$N$9:$N$834,$K15,'Prog. Semanal OG'!D$9:D$834),SUMIF('Prog. Semanal TER'!$N$9:$N$708,$K15,'Prog. Semanal TER'!D$9:D$708))","v":0},{"$f":"IF(OR(F15=1,F15=2),SUMIF('Prog. Semanal OG'!$N$9:$N$834,$K15,'Prog. Semanal OG'!E$9:E$834),SUMIF('Prog. Semanal TER'!$N$9:$N$708,$K15,'Prog. Semanal TER'!E$9:E$708))","v":0},{"$f":"IF(OR(F15=1,F15=2),SUMIF('Prog. Semanal OG'!$N$9:$N$834,$K15,'Prog. Semanal OG'!F$9:F$834),SUMIF('Prog. Semanal TER'!$N$9:$N$708,$K15,'Prog. Semanal TER'!F$9:F$708))","v":0},{"$f":"+VLOOKUP(K15,Cuadrillas!C:D,2,FALSE)","v":"OG"},1,1,0,0,0,"REMATE EXTERIOR",null,{"$f":"IF(L15<>0,L15,SUMIFS('Control de Avance'!$BM$15:$BM$4965,'Control de Avance'!$BD$15:$BD$4965,K15,'Control de Avance'!$B$15:$B$4965,1))","v":0},1,1,1,{"$f":"IF(SUMIF('Control de Avance'!$BX$15:$BX$10960,'Resumen Frentes Semanal'!K15,'Control de Avance'!$B$15:$B$10960)=0,0,SUMIF('Control de Avance'!$BX$15:$BX$10960,'Resumen Frentes Semanal'!K15,'Control de Avance'!$B$15:$B$10960)/SUMIF('Control de Avance'!$BX$15:$BX$10960,'Resumen Frentes Semanal'!K15,'Control de Avance'!$B$15:$B$10960))","v":0},0,0,0,0,0,"Término de frentes",1,1,1,null,0,0,0,0,"Término de frentes"]
[null,{"$f":"IF(OR(F16=1,F16=2),SUMIF('Prog. Semanal OG'!$N$9:$N$834,$K16,'Prog. Semanal OG'!D$9:D$834),SUMIF('Prog. Semanal TER'!$N$9:$N$708,$K16,'Prog. Semanal TER'!D$9:D$708))","v":0},{"$f":"IF(OR(F16=1,F16=2),SUMIF('Prog. Semanal OG'!$N$9:$N$834,$K16,'Prog. Semanal OG'!E$9:E$834),SUMIF('Prog. Semanal TER'!$N$9:$N$708,$K16,'Prog. Semanal TER'!E$9:E$708))","v":0},{"$f":"IF(OR(F16=1,F16=2),SUMIF('Prog. Semanal OG'!$N$9:$N$834,$K16,'Prog. Semanal OG'!F$9:F$834),SUMIF('Prog. Semanal TER'!$N$9:$N$708,$K16,'Prog. Semanal TER'!F$9:F$708))","v":0},{"$f":"+VLOOKUP(K16,Cuadrillas!C:D,2,FALSE)","v":"OG"},1,1,0,0,0,"COPA",null,{"$f":"IF(L16<>0,L16,SUMIFS('Control de Avance'!$BM$15:$BM$4965,'Control de Avance'!$BD$15:$BD$4965,K16,'Control de Avance'!$B$15:$B$4965,1))","v":1862.7749999999999},6,6,1,{"$f":"IF(SUMIF('Control de Avance'!$BX$15:$BX$10960,'Resumen Frentes Semanal'!K16,'Control de Avance'!$B$15:$B$10960)=0,0,SUMIF('Control de Avance'!$BX$15:$BX$10960,'Resumen Frentes Semanal'!K16,'Control de Avance'!$B$15:$B$10960)/SUMIF('Control de Avance'!$BX$15:$BX$10960,'Resumen Frentes Semanal'!K16,'Control de Avance'!$B$15:$B$10960))","v":0},0,0,0,0,0,"Término de frentes",6,6,1,null,1862.7749999999999,0,0,0,"Término de frentes"]
[null,{"$f":"IF(OR(F17=1,F17=2),SUMIF('Prog. Semanal OG'!$N$9:$N$834,$K17,'Prog. Semanal OG'!D$9:D$834),SUMIF('Prog. Semanal TER'!$N$9:$N$708,$K17,'Prog. Semanal TER'!D$9:D$708))","v":0},{"$f":"IF(OR(F17=1,F17=2),SUMIF('Prog. Semanal OG'!$N$9:$N$834,$K17,'Prog. Semanal OG'!E$9:E$834),SUMIF('Prog. Semanal TER'!$N$9:$N$708,$K17,'Prog. Semanal TER'!E$9:E$708))","v":0},{"$f":"IF(OR(F17=1,F17=2),SUMIF('Prog. Semanal OG'!$N$9:$N$834,$K17,'Prog. Semanal OG'!F$9:F$834),SUMIF('Prog. Semanal TER'!$N$9:$N$708,$K17,'Prog. Semanal TER'!F$9:F$708))","v":0},{"$f":"+VLOOKUP(K17,Cuadrillas!C:D,2,FALSE)","v":"OG"},1,1,0,0,0,"DESCIMBRE",null,{"$f":"IF(L17<>0,L17,SUMIFS('Control de Avance'!$BM$15:$BM$4965,'Control de Avance'!$BD$15:$BD$4965,K17,'Control de Avance'!$B$15:$B$4965,1))","v":0},4,4,1,{"$f":"IF(SUMIF('Control de Avance'!$BX$15:$BX$10960,'Resumen Frentes Semanal'!K17,'Control de Avance'!$B$15:$B$10960)=0,0,SUMIF('Control de Avance'!$BX$15:$BX$10960,'Resumen Frentes Semanal'!K17,'Control de Avance'!$B$15:$B$10960)/SUMIF('Control de Avance'!$BX$15:$BX$10960,'Resumen Frentes Semanal'!K17,'Control de Avance'!$B$15:$B$10960))","v":0},0,0,0,0,0,"Término de frentes",4,4,1,null,0,0,0,0,"Término de frentes"]
[null,{"$f":"IF(OR(F18=1,F18=2),SUMIF('Prog. Semanal OG'!$N$9:$N$834,$K18,'Prog. Semanal OG'!D$9:D$834),SUMIF('Prog. Semanal TER'!$N$9:$N$708,$K18,'Prog. Semanal TER'!D$9:D$708))","v":0},{"$f":"IF(OR(F18=1,F18=2),SUMIF('Prog. Semanal OG'!$N$9:$N$834,$K18,'Prog. Semanal OG'!E$9:E$834),SUMIF('Prog. Semanal TER'!$N$9:$N$708,$K18,'Prog. Semanal TER'!E$9:E$708))","v":0},{"$f":"IF(OR(F18=1,F18=2),SUMIF('Prog. Semanal OG'!$N$9:$N$834,$K18,'Prog. Semanal OG'!F$9:F$834),SUMIF('Prog. Semanal TER'!$N$9:$N$708,$K18,'Prog. Semanal TER'!F$9:F$708))","v":0},{"$f":"+VLOOKUP(K18,Cuadrillas!C:D,2,FALSE)","v":"SCOG"},2,0,1,0,0,"GASFITER OG",0,{"$f":"IF(L18<>0,L18,SUMIFS('Control de Avance'!$BM$15:$BM$4965,'Control de Avance'!$BD$15:$BD$4965,K18,'Control de Avance'!$B$15:$B$4965,1))","v":0},1,1,1,0,0,0,0,0,0,"Término de frentes",1,1,1,1,1,0,0,{"$f":"IFERROR(D18/AB18,0)","v":0},"Término de frentes"]
[null,{"$f":"IF(OR(F19=1,F19=2),SUMIF('Prog. Semanal OG'!$N$9:$N$834,$K19,'Prog. Semanal OG'!D$9:D$834),SUMIF('Prog. Semanal TER'!$N$9:$N$708,$K19,'Prog. Semanal TER'!D$9:D$708))","v":0},{"$f":"IF(OR(F19=1,F19=2),SUMIF('Prog. Semanal OG'!$N$9:$N$834,$K19,'Prog. Semanal OG'!E$9:E$834),SUMIF('Prog. Semanal TER'!$N$9:$N$708,$K19,'Prog. Semanal TER'!E$9:E$708))","v":0},{"$f":"IF(OR(F19=1,F19=2),SUMIF('Prog. Semanal OG'!$N$9:$N$834,$K19,'Prog. Semanal OG'!F$9:F$834),SUMIF('Prog. Semanal TER'!$N$9:$N$708,$K19,'Prog. Semanal TER'!F$9:F$708))","v":0},{"$f":"+VLOOKUP(K19,Cuadrillas!C:D,2,FALSE)","v":"SCOG"},2,0,1,0,0,"GAS OG",0.44,{"$f":"IF(L19<>0,L19,SUMIFS('Control de Avance'!$BM$15:$BM$4965,'Control de Avance'!$BD$15:$BD$4965,K19,'Control de Avance'!$B$15:$B$4965,1))","v":0.44},1,1,1,0,0,0,0,0,0,"Término de frentes",1,1,1,0.44,0.44,0,0,0,"Término de frentes"]
[null,{"$f":"IF(OR(F20=1,F20=2),SUMIF('Prog. Semanal OG'!$N$9:$N$834,$K20,'Prog. Semanal OG'!D$9:D$834),SUMIF('Prog. Semanal TER'!$N$9:$N$708,$K20,'Prog. Semanal TER'!D$9:D$708))","v":338440.82000000007},{"$f":"IF(OR(F20=1,F20=2),SUMIF('Prog. Semanal OG'!$N$9:$N$834,$K20,'Prog. Semanal OG'!E$9:E$834),SUMIF('Prog. Semanal TER'!$N$9:$N$708,$K20,'Prog. Semanal TER'!E$9:E$708))","v":187694.53},{"$f":"IF(OR(F20=1,F20=2),SUMIF('Prog. Semanal OG'!$N$9:$N$834,$K20,'Prog. Semanal OG'!F$9:F$834),SUMIF('Prog. Semanal TER'!$N$9:$N$708,$K20,'Prog. Semanal TER'!F$9:F$708))","v":344659.89000000007},{"$f":"+VLOOKUP(K20,Cuadrillas!C:D,2,FALSE)","v":"T"},3,0,0,1,0,"SOLDADOR",63049,{"$f":"IF(L20<>0,L20,SUMIFS('Control de Avance'!$BM$15:$BM$4965,'Control de Avance'!$BD$15:$BD$4965,K20,'Control de Avance'!$B$15:$B$4965,1))","v":63049},2,2,1,1,0.5545859686783644,5.3679014734571533,{"$f":"IFERROR(C20/M20,0)","v":2.9769628384272551},{"$f":"+S20*R20/$T$2","v":0.59539256768545101},0.59539256768545101,"1 DIA AL DIA Y RENDIMIENTO NO DESEADO POR NO TENER TRONZADORA",2,2,1,68500,68500,{"$f":"AE20/$AE$2/IF(Z20>100%,Z20,1)","v":1.0063062481751825},1,{"$f":"IFERROR(D20/AB20,0)","v":5.0315312408759132}]
[null,{"$f":"IF(OR(F21=1,F21=2),SUMIF('Prog. Semanal OG'!$N$9:$N$834,$K21,'Prog. Semanal OG'!D$9:D$834),SUMIF('Prog. Semanal TER'!$N$9:$N$708,$K21,'Prog. Semanal TER'!D$9:D$708))","v":175980},{"$f":"IF(OR(F21=1,F21=2),SUMIF('Prog. Semanal OG'!$N$9:$N$834,$K21,'Prog. Semanal OG'!E$9:E$834),SUMIF('Prog. Semanal TER'!$N$9:$N$708,$K21,'Prog. Semanal TER'!E$9:E$708))","v":89367.312000000005},{"$f":"IF(OR(F21=1,F21=2),SUMIF('Prog. Semanal OG'!$N$9:$N$834,$K21,'Prog. Semanal OG'!F$9:F$834),SUMIF('Prog. Semanal TER'!$N$9:$N$708,$K21,'Prog. Semanal TER'!F$9:F$708))","v":176065},{"$f":"+VLOOKUP(K21,Cuadrillas!C:D,2,FALSE)","v":"T"},3,0,0,1,0,"LIMPIEZA Y TRASLADO",43500,{"$f":"IF(L21<>0,L21,SUMIFS('Control de Avance'!$BM$15:$BM$4965,'Control de Avance'!$BD$15:$BD$4965,K21,'Control de Avance'!$B$15:$B$4965,1))","v":43500},3,0.6,0.19999999999999998,1,0.50782652574156162,4.0455172413793106,{"$f":"IFERROR((C21)/(M21),0)","v":2.0544209655172416},{"$f":"+S21*R21/$T$2","v":0.41088419310344831},0.41088419310344831,"1 TRASLADO CON COVID Y EL OTRO CONTACTO ESTRECHO - SE DEBE BUSCAR URGENTE UNO",3,2,0.66666666666666663,{"$f":"44582","v":44582},44582,0.78984792068547849,1,3.9492396034273924,"ACTIVIDADES SE ESTAN DESACTIVANDO"]
[null,{"$f":"IF(OR(F22=1,F22=2),SUMIF('Prog. Semanal OG'!$N$9:$N$834,$K22,'Prog. Semanal OG'!D$9:D$834),SUMIF('Prog. Semanal TER'!$N$9:$N$708,$K22,'Prog. Semanal TER'!D$9:D$708))","v":300714.10416666669},{"$f":"IF(OR(F22=1,F22=2),SUMIF('Prog. Semanal OG'!$N$9:$N$834,$K22,'Prog. Semanal OG'!E$9:E$834),SUMIF('Prog. Semanal TER'!$N$9:$N$708,$K22,'Prog. Semanal TER'!E$9:E$708))","v":240571.28333333335},{"$f":"IF(OR(F22=1,F22=2),SUMIF('Prog. Semanal OG'!$N$9:$N$834,$K22,'Prog. Semanal OG'!F$9:F$834),SUMIF('Prog. Semanal TER'!$N$9:$N$708,$K22,'Prog. Semanal TER'!F$9:F$708))","v":91305.820833333331},{"$f":"+VLOOKUP(K22,Cuadrillas!C:D,2,FALSE)","v":"T"},3,0,0,1,0,"RASGOS",63249,{"$f":"IF(L22<>0,L22,SUMIFS('Control de Avance'!$BM$15:$BM$4965,'Control de Avance'!$BD$15:$BD$4965,K22,'Control de Avance'!$B$15:$B$4965,1))","v":63249},1,1,1,1,0.8,4.7544483575497907,3.8035586860398323,{"$f":"+S22*R22/$T$2","v":0.76071173720796659},0.76071173720796659,"SE DEDICA A SACAR PEGAS PENDIENTES EN CAJAS ESCALA Y VENTANAS DE BAÑO",1,1,1,63249,63249,0.28871862269232185,1,1.4435931134616093,"SE PROGRAMAN 1,4 FRENTES PORQUE TRATO SE ESTA TERMINANDO Y FALTA DESOCUPAR BODEGAS"]
[null,{"$f":"IF(OR(F23=1,F23=2),SUMIF('Prog. Semanal OG'!$N$9:$N$834,$K23,'Prog. Semanal OG'!D$9:D$834),SUMIF('Prog. Semanal TER'!$N$9:$N$708,$K23,'Prog. Semanal TER'!D$9:D$708))","v":318772.83},{"$f":"IF(OR(F23=1,F23=2),SUMIF('Prog. Semanal OG'!$N$9:$N$834,$K23,'Prog. Semanal OG'!E$9:E$834),SUMIF('Prog. Semanal TER'!$N$9:$N$708,$K23,'Prog. Semanal TER'!E$9:E$708))","v":161093.5},{"$f":"IF(OR(F23=1,F23=2),SUMIF('Prog. Semanal OG'!$N$9:$N$834,$K23,'Prog. Semanal OG'!F$9:F$834),SUMIF('Prog. Semanal TER'!$N$9:$N$708,$K23,'Prog. Semanal TER'!F$9:F$708))","v":286744},{"$f":"+VLOOKUP(K23,Cuadrillas!C:D,2,FALSE)","v":"T"},3,0,0,1,0,"ALBAÑIL TERMINACIONES",52341,{"$f":"IF(L23<>0,L23,SUMIFS('Control de Avance'!$BM$15:$BM$4965,'Control de Avance'!$BD$15:$BD$4965,K23,'Control de Avance'!$B$15:$B$4965,1))","v":52341},2,2,1,1,0.50535517722762002,6.0903083624691927,3.0777688618864754,{"$f":"+S23*R23/$T$2","v":0.61555377237729503},0.61555377237729503,"1 ALBAÑIL TODA LA SEMANA SACANDO DETALLES DE PICADOS DE GASFITER",2,2,1,59000,59000,0.97201355932203393,1,4.8600677966101697]
[null,{"$f":"IF(OR(F24=1,F24=2),SUMIF('Prog. Semanal OG'!$N$9:$N$834,$K24,'Prog. Semanal OG'!D$9:D$834),SUMIF('Prog. Semanal TER'!$N$9:$N$708,$K24,'Prog. Semanal TER'!D$9:D$708))","v":307582.4923076923},{"$f":"IF(OR(F24=1,F24=2),SUMIF('Prog. Semanal OG'!$N$9:$N$834,$K24,'Prog. Semanal OG'!E$9:E$834),SUMIF('Prog. Semanal TER'!$N$9:$N$708,$K24,'Prog. Semanal TER'!E$9:E$708))","v":307582.4923076923},{"$f":"IF(OR(F24=1,F24=2),SUMIF('Prog. Semanal OG'!$N$9:$N$834,$K24,'Prog. Semanal OG'!F$9:F$834),SUMIF('Prog. Semanal TER'!$N$9:$N$708,$K24,'Prog. Semanal TER'!F$9:F$708))","v":340481.59230769228},{"$f":"+VLOOKUP(K24,Cuadrillas!C:D,2,FALSE)","v":"T"},3,0,0,1,0,"TECHUMBRE Y MEMBRANA",69656,{"$f":"IF(L24<>0,L24,SUMIFS('Control de Avance'!$BM$15:$BM$4965,'Control de Avance'!$BD$15:$BD$4965,K24,'Control de Avance'!$B$15:$B$4965,1))","v":69656},2,2,1,1,1,4.4157357917148889,4.4157357917148889,0.88314715834297774,0.88314715834297774,null,2,2,1,68603,68603,0.99261429473256935,1,{"$f":"IFERROR(D24/AB24,0)","v":4.963071473662847}]
[null,{"$f":"IF(OR(F25=1,F25=2),SUMIF('Prog. Semanal OG'!$N$9:$N$834,$K25,'Prog. Semanal OG'!D$9:D$834),SUMIF('Prog. Semanal TER'!$N$9:$N$708,$K25,'Prog. Semanal TER'!D$9:D$708))","v":473193.45104166673},{"$f":"IF(OR(F25=1,F25=2),SUMIF('Prog. Semanal OG'!$N$9:$N$834,$K25,'Prog. Semanal OG'!E$9:E$834),SUMIF('Prog. Semanal TER'!$N$9:$N$708,$K25,'Prog. Semanal TER'!E$9:E$708))","v":333734.82746541669},{"$f":"IF(OR(F25=1,F25=2),SUMIF('Prog. Semanal OG'!$N$9:$N$834,$K25,'Prog. Semanal OG'!F$9:F$834),SUMIF('Prog. Semanal TER'!$N$9:$N$708,$K25,'Prog. Semanal TER'!F$9:F$708))","v":298571.3796794872},{"$f":"+VLOOKUP(K25,Cuadrillas!C:D,2,FALSE)","v":"T"},3,0,0,1,0,"YESERO",118000,{"$f":"IF(L25<>0,L25,SUMIFS('Control de Avance'!$BM$15:$BM$4965,'Control de Avance'!$BD$15:$BD$4965,K25,'Control de Avance'!$B$15:$B$4965,1))","v":118000},3,3,1,1,{"$f":"IF(B25>0,C25/B25,0)","v":0.7052820083007233},4.0101139918785318,2.8282612497069213,0.5656522499413843,0.5656522499413843,"NO SE LOGRA POR SECUENCIA CON VOLCAPOL Y POR FAJAS",3,3,1,121000,{"$f":"IF(AA25=\"\",M25,AA25)","v":121000},{"$f":"AE25/$AE$2/IF(Z25>100%,Z25,1)","v":0.49350641269336731},1,{"$f":"IFERROR(D25/AB25,0)","v":2.4675320634668365},"1 YESERO PRESTARA APOYO A BAÑOY COCINA"]
[null,{"$f":"IF(OR(F26=1,F26=2),SUMIF('Prog. Semanal OG'!$N$9:$N$834,$K26,'Prog. Semanal OG'!D$9:D$834),SUMIF('Prog. Semanal TER'!$N$9:$N$708,$K26,'Prog. Semanal TER'!D$9:D$708))","v":0},{"$f":"IF(OR(F26=1,F26=2),SUMIF('Prog. Semanal OG'!$N$9:$N$834,$K26,'Prog. Semanal OG'!E$9:E$834),SUMIF('Prog. Semanal TER'!$N$9:$N$708,$K26,'Prog. Semanal TER'!E$9:E$708))","v":0},{"$f":"IF(OR(F26=1,F26=2),SUMIF('Prog. Semanal OG'!$N$9:$N$834,$K26,'Prog. Semanal OG'!F$9:F$834),SUMIF('Prog. Semanal TER'!$N$9:$N$708,$K26,'Prog. Semanal TER'!F$9:F$708))","v":0},{"$f":"+VLOOKUP(K26,Cuadrillas!C:D,2,FALSE)","v":"T"},3,0,0,1,0,"AYUDANTE ALBAÑIL",null,{"$f":"IF(L26<>0,L26,SUMIFS('Control de Avance'!$BM$15:$BM$4965,'Control de Avance'!$BD$15:$BD$4965,K26,'Control de Avance'!$B$15:$B$4965,1))","v":0},1,1,1,0,0,0,0,0,0,null,1,1,1,null,0,0,0,{"$f":"IFERROR(D26/M26,0)","v":0}]
[null,{"$f":"IF(OR(F27=1,F27=2),SUMIF('Prog. Semanal OG'!$N$9:$N$834,$K27,'Prog. Semanal OG'!D$9:D$834),SUMIF('Prog. Semanal TER'!$N$9:$N$708,$K27,'Prog. Semanal TER'!D$9:D$708))","v":0},{"$f":"IF(OR(F27=1,F27=2),SUMIF('Prog. Semanal OG'!$N$9:$N$834,$K27,'Prog. Semanal OG'!E$9:E$834),SUMIF('Prog. Semanal TER'!$N$9:$N$708,$K27,'Prog. Semanal TER'!E$9:E$708))","v":0},{"$f":"IF(OR(F27=1,F27=2),SUMIF('Prog. Semanal OG'!$N$9:$N$834,$K27,'Prog. Semanal OG'!F$9:F$834),SUMIF('Prog. Semanal TER'!$N$9:$N$708,$K27,'Prog. Semanal TER'!F$9:F$708))","v":0},{"$f":"+VLOOKUP(K27,Cuadrillas!C:D,2,FALSE)","v":"T"},3,0,0,1,0,"MEMBRANA",null,{"$f":"IF(L27<>0,L27,SUMIFS('Control de Avance'!$BM$15:$BM$4965,'Control de Avance'!$BD$15:$BD$4965,K27,'Control de Avance'!$B$15:$B$4965,1))","v":0},3,3,1,{"$f":"IF(SUMIF('Control de Avance'!$BX$15:$BX$10960,'Resumen Frentes Semanal'!K27,'Control de Avance'!$B$15:$B$10960)=0,0,SUMIF('Control de Avance'!$BX$15:$BX$10960,'Resumen Frentes Semanal'!K27,'Control de Avance'!$B$15:$B$10960)/SUMIF('Control de Avance'!$BX$15:$BX$10960,'Resumen Frentes Semanal'!K27,'Control de Avance'!$B$15:$B$10960))","v":0},0,0,0,0,0,null,3,3,1,null,0,0,0,{"$f":"IFERROR(D27/AB27,0)","v":0}]
[null,{"$f":"IF(OR(F28=1,F28=2),SUMIF('Prog. Semanal OG'!$N$9:$N$834,$K28,'Prog. Semanal OG'!D$9:D$834),SUMIF('Prog. Semanal TER'!$N$9:$N$708,$K28,'Prog. Semanal TER'!D$9:D$708))","v":0},{"$f":"IF(OR(F28=1,F28=2),SUMIF('Prog. Semanal OG'!$N$9:$N$834,$K28,'Prog. Semanal OG'!E$9:E$834),SUMIF('Prog. Semanal TER'!$N$9:$N$708,$K28,'Prog. Semanal TER'!E$9:E$708))","v":0},{"$f":"IF(OR(F28=1,F28=2),SUMIF('Prog. Semanal OG'!$N$9:$N$834,$K28,'Prog. Semanal OG'!F$9:F$834),SUMIF('Prog. Semanal TER'!$N$9:$N$708,$K28,'Prog. Semanal TER'!F$9:F$708))","v":0},{"$f":"+VLOOKUP(K28,Cuadrillas!C:D,2,FALSE)","v":"T"},3,0,0,1,0,"VENTILACION CONVECTIVA",null,{"$f":"IF(L28<>0,L28,SUMIFS('Control de Avance'!$BM$15:$BM$4965,'Control de Avance'!$BD$15:$BD$4965,K28,'Control de Avance'!$B$15:$B$4965,1))","v":0},3,3,1,{"$f":"IF(SUMIF('Control de Avance'!$BX$15:$BX$10960,'Resumen Frentes Semanal'!K28,'Control de Avance'!$B$15:$B$10960)=0,0,SUMIF('Control de Avance'!$BX$15:$BX$10960,'Resumen Frentes Semanal'!K28,'Control de Avance'!$B$15:$B$10960)/SUMIF('Control de Avance'!$BX$15:$BX$10960,'Resumen Frentes Semanal'!K28,'Control de Avance'!$B$15:$B$10960))","v":0},0,0,0,0,0,null,3,3,1,null,0,0,0,0]
[null,{"$f":"IF(OR(F29=1,F29=2),SUMIF('Prog. Semanal OG'!$N$9:$N$834,$K29,'Prog. Semanal OG'!D$9:D$834),SUMIF('Prog. Semanal TER'!$N$9:$N$708,$K29,'Prog. Semanal TER'!D$9:D$708))","v":693306.07631770836},{"$f":"IF(OR(F29=1,F29=2),SUMIF('Prog. Semanal OG'!$N$9:$N$834,$K29,'Prog. Semanal OG'!E$9:E$834),SUMIF('Prog. Semanal TER'!$N$9:$N$708,$K29,'Prog. Semanal TER'!E$9:E$708))","v":164295.72859687498},{"$f":"IF(OR(F29=1,F29=2),SUMIF('Prog. Semanal OG'!$N$9:$N$834,$K29,'Prog. Semanal OG'!F$9:F$834),SUMIF('Prog. Semanal TER'!$N$9:$N$708,$K29,'Prog. Semanal TER'!F$9:F$708))","v":715387.54491458333},{"$f":"+VLOOKUP(K29,Cuadrillas!C:D,2,FALSE)","v":"T"},3,0,0,1,0,"CARP. TABIQUE y VOLCAPOL",167800,{"$f":"IF(L29<>0,L29,SUMIFS('Control de Avance'!$BM$15:$BM$4965,'Control de Avance'!$BD$15:$BD$4965,K29,'Control de Avance'!$B$15:$B$4965,1))","v":167800},5,4,0.8,1,0.23697430934037603,4.1317406216788344,0.97911638019591762,0.19582327603918354,0.19582327603918354,"SE DEDICAN A REMATAR ACTIVIDADES PENDIENTES DE TABIQUEROS NO PRESENTES HOY EN OBRA",5,5,1,176300,{"$f":"IF(AA29=\"\",AA29,AA29)","v":176300},0.81155705605738326,1,4.0577852802869163,"1 TABIQUERO ESTA COVID Y SE PROGRAMAN TRABAJOS PENDIENTES EN ZONAS COMUNES"]
[null,{"$f":"IF(OR(F30=1,F30=2),SUMIF('Prog. Semanal OG'!$N$9:$N$834,$K30,'Prog. Semanal OG'!D$9:D$834),SUMIF('Prog. Semanal TER'!$N$9:$N$708,$K30,'Prog. Semanal TER'!D$9:D$708))","v":414904.15045943687},{"$f":"IF(OR(F30=1,F30=2),SUMIF('Prog. Semanal OG'!$N$9:$N$834,$K30,'Prog. Semanal OG'!E$9:E$834),SUMIF('Prog. Semanal TER'!$N$9:$N$708,$K30,'Prog. Semanal TER'!E$9:E$708))","v":358041.22969277028},{"$f":"IF(OR(F30=1,F30=2),SUMIF('Prog. Semanal OG'!$N$9:$N$834,$K30,'Prog. Semanal OG'!F$9:F$834),SUMIF('Prog. Semanal TER'!$N$9:$N$708,$K30,'Prog. Semanal TER'!F$9:F$708))","v":437855.83096549026},"T",3,0,0,1,0,"ELÉCTRICO T",82000,{"$f":"IF(L30<>0,L30,SUMIFS('Control de Avance'!$BM$15:$BM$4965,'Control de Avance'!$BD$15:$BD$4965,K30,'Control de Avance'!$B$15:$B$4965,1))","v":82000},3,2,0.66666666666666663,1,0.86294926019973428,{"$f":"IFERROR(B30/M30,0)","v":5.0598067129199622},{"$f":"IFERROR(C30/M30,0)","v":4.3663564596679301},0.87327129193358621,0.87327129193358621,null,3,3,1,88381,{"$f":"IF(AA30=\"\",M30,AA30)","v":88381},0.99083701466489471,1,4.9541850733244734]
[null,{"$f":"IF(OR(F31=1,F31=2),SUMIF('Prog. Semanal OG'!$N$9:$N$834,$K31,'Prog. Semanal OG'!D$9:D$834),SUMIF('Prog. Semanal TER'!$N$9:$N$708,$K31,'Prog. Semanal TER'!D$9:D$708))","v":147201.29166666666},{"$f":"IF(OR(F31=1,F31=2),SUMIF('Prog. Semanal OG'!$N$9:$N$834,$K31,'Prog. Semanal OG'!E$9:E$834),SUMIF('Prog. Semanal TER'!$N$9:$N$708,$K31,'Prog. Semanal TER'!E$9:E$708))","v":21611.875},{"$f":"IF(OR(F31=1,F31=2),SUMIF('Prog. Semanal OG'!$N$9:$N$834,$K31,'Prog. Semanal OG'!F$9:F$834),SUMIF('Prog. Semanal TER'!$N$9:$N$708,$K31,'Prog. Semanal TER'!F$9:F$708))","v":157413.2583333333},{"$f":"+VLOOKUP(K31,Cuadrillas!C:D,2,FALSE)","v":"T"},3,0,0,1,0,"ALUMINIO",29624,{"$f":"IF(L31<>0,L31,SUMIFS('Control de Avance'!$BM$15:$BM$4965,'Control de Avance'!$BD$15:$BD$4965,K31,'Control de Avance'!$B$15:$B$4965,1))","v":29624},1,1,1,1,0.14681851466996299,4.9689877014132682,0.72953939373480958,0.14590787874696193,0.14590787874696193,"NO SE PUEDE INSTALAR VENTANAS EN CONDICIÓN DE LLUVIA",1,0.8,0.8,33500,{"$f":"IF(AA31=\"\",AA31,AA31)","v":33500},0.93978064676616901,1,4.698903233830845]
[null,{"$f":"IF(OR(F32=1,F32=2),SUMIF('Prog. Semanal OG'!$N$9:$N$834,$K32,'Prog. Semanal OG'!D$9:D$834),SUMIF('Prog. Semanal TER'!$N$9:$N$708,$K32,'Prog. Semanal TER'!D$9:D$708))","v":492592.09666666668},{"$f":"IF(OR(F32=1,F32=2),SUMIF('Prog. Semanal OG'!$N$9:$N$834,$K32,'Prog. Semanal OG'!E$9:E$834),SUMIF('Prog. Semanal TER'!$N$9:$N$708,$K32,'Prog. Semanal TER'!E$9:E$708))","v":110562.93333333333},{"$f":"IF(OR(F32=1,F32=2),SUMIF('Prog. Semanal OG'!$N$9:$N$834,$K32,'Prog. Semanal OG'!F$9:F$834),SUMIF('Prog. Semanal TER'!$N$9:$N$708,$K32,'Prog. Semanal TER'!F$9:F$708))","v":431436.16333333333},{"$f":"+VLOOKUP(K32,Cuadrillas!C:D,2,FALSE)","v":"T"},3,0,0,1,0,"CARP. TERMINACIONES",108390,{"$f":"IF(L32<>0,L32,SUMIFS('Control de Avance'!$BM$15:$BM$4965,'Control de Avance'!$BD$15:$BD$4965,K32,'Control de Avance'!$B$15:$B$4965,1))","v":108390},3,1,0.33333333333333331,1,0.22445129363930991,{"$f":"IFERROR(B32/M32,0)","v":4.5446267798382385},1.0200473598425439,0.20400947196850877,0.20400947196850877,"1 CARPINTERO CON COVID Y EL OTRO POSIBLE CONTACTO ESTRECHO, CORNISAS CON LICENCIA ",3,3,1,107800,{"$f":"IF(AA32=\"\",M32,AA32)","v":107800},{"$f":"AE32/$AE$2/IF(Z32>100%,Z32,1)","v":0.80043815089672221},1,{"$f":"IFERROR(D32/AB32,0)","v":4.0021907544836113},"1 CARPINTERO FUERA POR COVID Y PRESTARAN APOYO A CARPINTERO DE ACCESORIOS"]
[null,{"$f":"IF(OR(F33=1,F33=2),SUMIF('Prog. Semanal OG'!$N$9:$N$834,$K33,'Prog. Semanal OG'!D$9:D$834),SUMIF('Prog. Semanal TER'!$N$9:$N$708,$K33,'Prog. Semanal TER'!D$9:D$708))","v":646684.77083333326},{"$f":"IF(OR(F33=1,F33=2),SUMIF('Prog. Semanal OG'!$N$9:$N$834,$K33,'Prog. Semanal OG'!E$9:E$834),SUMIF('Prog. Semanal TER'!$N$9:$N$708,$K33,'Prog. Semanal TER'!E$9:E$708))","v":338468.43524583336},{"$f":"IF(OR(F33=1,F33=2),SUMIF('Prog. Semanal OG'!$N$9:$N$834,$K33,'Prog. Semanal OG'!F$9:F$834),SUMIF('Prog. Semanal TER'!$N$9:$N$708,$K33,'Prog. Semanal TER'!F$9:F$708))","v":695037.6433333332},{"$f":"+VLOOKUP(K33,Cuadrillas!C:D,2,FALSE)","v":"T"},3,0,0,1,0,"CERÁMICA",121500,{"$f":"IF(L33<>0,L33,SUMIFS('Control de Avance'!$BM$15:$BM$4965,'Control de Avance'!$BD$15:$BD$4965,K33,'Control de Avance'!$B$15:$B$4965,1))","v":121500},3,2,0.66666666666666663,1,0.52339014387129446,{"$f":"IFERROR(B33/M33,0)","v":5.3225084019204383},2.7857484382373117,0.55714968764746231,0.55714968764746231,"SE DEDICAN A SACAR PEGAS PENDIENTES EN CAJA ESCALA DURANTE LA SEMANA + FRAGUADOR FUERA POR CONTACTO ESTRECHO",3,3,1,124778,124778,{"$f":"AE33/$AE$2/IF(Z33>100%,Z33,1)","v":1.1140387621749559},1,5.5701938108747795]
[null,{"$f":"IF(OR(F34=1,F34=2),SUMIF('Prog. Semanal OG'!$N$9:$N$834,$K34,'Prog. Semanal OG'!D$9:D$834),SUMIF('Prog. Semanal TER'!$N$9:$N$708,$K34,'Prog. Semanal TER'!D$9:D$708))","v":0},{"$f":"IF(OR(F34=1,F34=2),SUMIF('Prog. Semanal OG'!$N$9:$N$834,$K34,'Prog. Semanal OG'!E$9:E$834),SUMIF('Prog. Semanal TER'!$N$9:$N$708,$K34,'Prog. Semanal TER'!E$9:E$708))","v":0},{"$f":"IF(OR(F34=1,F34=2),SUMIF('Prog. Semanal OG'!$N$9:$N$834,$K34,'Prog. Semanal OG'!F$9:F$834),SUMIF('Prog. Semanal TER'!$N$9:$N$708,$K34,'Prog. Semanal TER'!F$9:F$708))","v":0},{"$f":"+VLOOKUP(K34,Cuadrillas!C:D,2,FALSE)","v":"T"},3,0,0,1,0,"FRAGÜE LIJADO Y ENCOLADO",null,{"$f":"IF(L34<>0,L34,SUMIFS('Control de Avance'!$BM$15:$BM$4965,'Control de Avance'!$BD$15:$BD$4965,K34,'Control de Avance'!$B$15:$B$4965,1))","v":0},4,4,1,{"$f":"IF(SUMIF('Control de Avance'!$BX$15:$BX$10960,'Resumen Frentes Semanal'!K34,'Control de Avance'!$B$15:$B$10960)=0,0,SUMIF('Control de Avance'!$BX$15:$BX$10960,'Resumen Frentes Semanal'!K34,'Control de Avance'!$B$15:$B$10960)/SUMIF('Control de Avance'!$BX$15:$BX$10960,'Resumen Frentes Semanal'!K34,'Control de Avance'!$B$15:$B$10960))","v":0},0,0,0,0,0,null,4,4,1,null,0,{"$f":"AE34/$AE$1/IF(Z34>100%,Z34,1)","v":0},0,{"$f":"IFERROR(D34/M34,0)","v":0}]
[null,{"$f":"IF(OR(F35=1,F35=2),SUMIF('Prog. Semanal OG'!$N$9:$N$834,$K35,'Prog. Semanal OG'!D$9:D$834),SUMIF('Prog. Semanal TER'!$N$9:$N$708,$K35,'Prog. Semanal TER'!D$9:D$708))","v":0},{"$f":"IF(OR(F35=1,F35=2),SUMIF('Prog. Semanal OG'!$N$9:$N$834,$K35,'Prog. Semanal OG'!E$9:E$834),SUMIF('Prog. Semanal TER'!$N$9:$N$708,$K35,'Prog. Semanal TER'!E$9:E$708))","v":0},{"$f":"IF(OR(F35=1,F35=2),SUMIF('Prog. Semanal OG'!$N$9:$N$834,$K35,'Prog. Semanal OG'!F$9:F$834),SUMIF('Prog. Semanal TER'!$N$9:$N$708,$K35,'Prog. Semanal TER'!F$9:F$708))","v":0},{"$f":"+VLOOKUP(K35,Cuadrillas!C:D,2,FALSE)","v":"T"},3,0,0,1,0,"PASTA Y FRAGÜE",null,{"$f":"IF(L35<>0,L35,SUMIFS('Control de Avance'!$BM$15:$BM$4965,'Control de Avance'!$BD$15:$BD$4965,K35,'Control de Avance'!$B$15:$B$4965,1))","v":0},3,3,1,{"$f":"IF(SUMIF('Control de Avance'!$BX$15:$BX$10960,'Resumen Frentes Semanal'!K35,'Control de Avance'!$B$15:$B$10960)=0,0,SUMIF('Control de Avance'!$BX$15:$BX$10960,'Resumen Frentes Semanal'!K35,'Control de Avance'!$B$15:$B$10960)/SUMIF('Control de Avance'!$BX$15:$BX$10960,'Resumen Frentes Semanal'!K35,'Control de Avance'!$B$15:$B$10960))","v":0},0,0,0,0,0,null,3,3,1,null,0,0,0,0]
[null,{"$f":"IF(OR(F36=1,F36=2),SUMIF('Prog. Semanal OG'!$N$9:$N$834,$K36,'Prog. Semanal OG'!D$9:D$834),SUMIF('Prog. Semanal TER'!$N$9:$N$708,$K36,'Prog. Semanal TER'!D$9:D$708))","v":299764.46999999997},{"$f":"IF(OR(F36=1,F36=2),SUMIF('Prog. Semanal OG'!$N$9:$N$834,$K36,'Prog. Semanal OG'!E$9:E$834),SUMIF('Prog. Semanal TER'!$N$9:$N$708,$K36,'Prog. Semanal TER'!E$9:E$708))","v":299764.46999999997},{"$f":"IF(OR(F36=1,F36=2),SUMIF('Prog. Semanal OG'!$N$9:$N$834,$K36,'Prog. Semanal OG'!F$9:F$834),SUMIF('Prog. Semanal TER'!$N$9:$N$708,$K36,'Prog. Semanal TER'!F$9:F$708))","v":300717.24},{"$f":"+VLOOKUP(K36,Cuadrillas!C:D,2,FALSE)","v":"T"},3,0,0,1,0,"PASTA Y LOSALÍN",66564,{"$f":"IF(L36<>0,L36,SUMIFS('Control de Avance'!$BM$15:$BM$4965,'Control de Avance'!$BD$15:$BD$4965,K36,'Control de Avance'!$B$15:$B$4965,1))","v":66564},2,2,1,1,{"$f":"IF(B36>0,C36/B36,0)","v":1},4.5034022895258694,4.5034022895258694,0.90068045790517393,0.90068045790517393,null,2,2,1,66664,66664,{"$f":"AE36/$AE$2/IF(Z36>100%,Z36,1)","v":0.90218780751230043},1,{"$f":"IFERROR(D36/AB36,0)","v":4.5109390375615019}]
[null,{"$f":"IF(OR(F37=1,F37=2),SUMIF('Prog. Semanal OG'!$N$9:$N$834,$K37,'Prog. Semanal OG'!D$9:D$834),SUMIF('Prog. Semanal TER'!$N$9:$N$708,$K37,'Prog. Semanal TER'!D$9:D$708))","v":0},{"$f":"IF(OR(F37=1,F37=2),SUMIF('Prog. Semanal OG'!$N$9:$N$834,$K37,'Prog. Semanal OG'!E$9:E$834),SUMIF('Prog. Semanal TER'!$N$9:$N$708,$K37,'Prog. Semanal TER'!E$9:E$708))","v":0},{"$f":"IF(OR(F37=1,F37=2),SUMIF('Prog. Semanal OG'!$N$9:$N$834,$K37,'Prog. Semanal OG'!F$9:F$834),SUMIF('Prog. Semanal TER'!$N$9:$N$708,$K37,'Prog. Semanal TER'!F$9:F$708))","v":0},{"$f":"+VLOOKUP(K37,Cuadrillas!C:D,2,FALSE)","v":"T"},3,0,0,1,0,"LOSALÍN",null,{"$f":"IF(L37<>0,L37,SUMIFS('Control de Avance'!$BM$15:$BM$4965,'Control de Avance'!$BD$15:$BD$4965,K37,'Control de Avance'!$B$15:$B$4965,1))","v":0},2,2,1,{"$f":"IF(SUMIF('Control de Avance'!$BX$15:$BX$10960,'Resumen Frentes Semanal'!K37,'Control de Avance'!$B$15:$B$10960)=0,0,SUMIF('Control de Avance'!$BX$15:$BX$10960,'Resumen Frentes Semanal'!K37,'Control de Avance'!$B$15:$B$10960)/SUMIF('Control de Avance'!$BX$15:$BX$10960,'Resumen Frentes Semanal'!K37,'Control de Avance'!$B$15:$B$10960))","v":0},0,0,0,0,0,null,2,2,1,null,0,0,0,0]
[null,{"$f":"IF(OR(F38=1,F38=2),SUMIF('Prog. Semanal OG'!$N$9:$N$834,$K38,'Prog. Semanal OG'!D$9:D$834),SUMIF('Prog. Semanal TER'!$N$9:$N$708,$K38,'Prog. Semanal TER'!D$9:D$708))","v":471664.91125},{"$f":"IF(OR(F38=1,F38=2),SUMIF('Prog. Semanal OG'!$N$9:$N$834,$K38,'Prog. Semanal OG'!E$9:E$834),SUMIF('Prog. Semanal TER'!$N$9:$N$708,$K38,'Prog. Semanal TER'!E$9:E$708))","v":246146.4645},{"$f":"IF(OR(F38=1,F38=2),SUMIF('Prog. Semanal OG'!$N$9:$N$834,$K38,'Prog. Semanal OG'!F$9:F$834),SUMIF('Prog. Semanal TER'!$N$9:$N$708,$K38,'Prog. Semanal TER'!F$9:F$708))","v":500405.16125},{"$f":"+VLOOKUP(K38,Cuadrillas!C:D,2,FALSE)","v":"T"},3,0,0,1,0,"PINTURA BAÑO Y COCINA",95192,{"$f":"IF(L38<>0,L38,SUMIFS('Control de Avance'!$BM$15:$BM$4965,'Control de Avance'!$BD$15:$BD$4965,K38,'Control de Avance'!$B$15:$B$4965,1))","v":95192},3,2,0.66666666666666663,1,0.52186723800942914,{"$f":"IFERROR(B38/M38,0)","v":4.9548797299142784},2.5857893993192707,0.51715787986385409,0.51715787986385409,"FALTA 1 PINTOR DE PRIMERA MANO, ESTA CON LICENCIA ",3,3,1,95192,95192,{"$f":"AE38/$AE$2/IF(Z38>100%,Z38,1)","v":1.0513596967182115},1,{"$f":"IFERROR(D38/AB38,0)","v":5.2567984835910577}]
[null,{"$f":"IF(OR(F39=1,F39=2),SUMIF('Prog. Semanal OG'!$N$9:$N$834,$K39,'Prog. Semanal OG'!D$9:D$834),SUMIF('Prog. Semanal TER'!$N$9:$N$708,$K39,'Prog. Semanal TER'!D$9:D$708))","v":356724.51770833338},{"$f":"IF(OR(F39=1,F39=2),SUMIF('Prog. Semanal OG'!$N$9:$N$834,$K39,'Prog. Semanal OG'!E$9:E$834),SUMIF('Prog. Semanal TER'!$N$9:$N$708,$K39,'Prog. Semanal TER'!E$9:E$708))","v":299221.30179166672},{"$f":"IF(OR(F39=1,F39=2),SUMIF('Prog. Semanal OG'!$N$9:$N$834,$K39,'Prog. Semanal OG'!F$9:F$834),SUMIF('Prog. Semanal TER'!$N$9:$N$708,$K39,'Prog. Semanal TER'!F$9:F$708))","v":343719.42691666668},{"$f":"+VLOOKUP(K39,Cuadrillas!C:D,2,FALSE)","v":"T"},3,0,0,1,0,"PINTOR MADERA",82000,{"$f":"IF(L39<>0,L39,SUMIFS('Control de Avance'!$BM$15:$BM$4965,'Control de Avance'!$BD$15:$BD$4965,K39,'Control de Avance'!$B$15:$B$4965,1))","v":82000},2,2,1,1,0.83880217629537113,4.3502989964430903,3.6490402657520331,0.72980805315040664,0.72980805315040664,"SECUENCIA CON BAÑO Y COCINA",2,2,1,82000,82000,{"$f":"AE39/$AE$2/IF(Z39>100%,Z39,1)","v":0.83834006565040653},1,{"$f":"IFERROR(D39/AB39,0)","v":4.1917003282520326}]
[null,{"$f":"IF(OR(F40=1,F40=2),SUMIF('Prog. Semanal OG'!$N$9:$N$834,$K40,'Prog. Semanal OG'!D$9:D$834),SUMIF('Prog. Semanal TER'!$N$9:$N$708,$K40,'Prog. Semanal TER'!D$9:D$708))","v":0},{"$f":"IF(OR(F40=1,F40=2),SUMIF('Prog. Semanal OG'!$N$9:$N$834,$K40,'Prog. Semanal OG'!E$9:E$834),SUMIF('Prog. Semanal TER'!$N$9:$N$708,$K40,'Prog. Semanal TER'!E$9:E$708))","v":0},{"$f":"IF(OR(F40=1,F40=2),SUMIF('Prog. Semanal OG'!$N$9:$N$834,$K40,'Prog. Semanal OG'!F$9:F$834),SUMIF('Prog. Semanal TER'!$N$9:$N$708,$K40,'Prog. Semanal TER'!F$9:F$708))","v":0},{"$f":"+VLOOKUP(K40,Cuadrillas!C:D,2,FALSE)","v":"T"},3,0,0,1,0,"LIJADO Y ENCOLADO Y PINTURA MADERA",null,{"$f":"IF(L40<>0,L40,SUMIFS('Control de Avance'!$BM$15:$BM$4965,'Control de Avance'!$BD$15:$BD$4965,K40,'Control de Avance'!$B$15:$B$4965,1))","v":0},2,2,1,{"$f":"IF(SUMIF('Control de Avance'!$BX$15:$BX$10960,'Resumen Frentes Semanal'!K40,'Control de Avance'!$B$15:$B$10960)=0,0,SUMIF('Control de Avance'!$BX$15:$BX$10960,'Resumen Frentes Semanal'!K40,'Control de Avance'!$B$15:$B$10960)/SUMIF('Control de Avance'!$BX$15:$BX$10960,'Resumen Frentes Semanal'!K40,'Control de Avance'!$B$15:$B$10960))","v":0},0,0,0,0,0,null,2,2,1,null,0,0,0,0]
[null,{"$f":"IF(OR(F41=1,F41=2),SUMIF('Prog. Semanal OG'!$N$9:$N$834,$K41,'Prog. Semanal OG'!D$9:D$834),SUMIF('Prog. Semanal TER'!$N$9:$N$708,$K41,'Prog. Semanal TER'!D$9:D$708))","v":144362.5},{"$f":"IF(OR(F41=1,F41=2),SUMIF('Prog. Semanal OG'!$N$9:$N$834,$K41,'Prog. Semanal OG'!E$9:E$834),SUMIF('Prog. Semanal TER'!$N$9:$N$708,$K41,'Prog. Semanal TER'!E$9:E$708))","v":95176.778749999998},{"$f":"IF(OR(F41=1,F41=2),SUMIF('Prog. Semanal OG'!$N$9:$N$834,$K41,'Prog. Semanal OG'!F$9:F$834),SUMIF('Prog. Semanal TER'!$N$9:$N$708,$K41,'Prog. Semanal TER'!F$9:F$708))","v":135937.5},{"$f":"+VLOOKUP(K41,Cuadrillas!C:D,2,FALSE)","v":"T"},3,0,0,1,0,"ASEO",27000,{"$f":"IF(L41<>0,L41,SUMIFS('Control de Avance'!$BM$15:$BM$4965,'Control de Avance'!$BD$15:$BD$4965,K41,'Control de Avance'!$B$15:$B$4965,1))","v":27000},2,2,1,1,0.65929018096804914,5.346759259259259,{"$f":"IFERROR(C41/M41,0)","v":3.5250658796296297},0.70501317592592583,0.70501317592592583,"SECUENCIA CON FACHADA",1,1,1,27000,27000,{"$f":"AE41/$AE$2/IF(Z41>100%,Z41,1)","v":1.0069444444444444},1,{"$f":"IFERROR(D41/AB41,0)","v":5.0347222222222223}]
[null,{"$f":"IF(OR(F42=1,F42=2),SUMIF('Prog. Semanal OG'!$N$9:$N$834,$K42,'Prog. Semanal OG'!D$9:D$834),SUMIF('Prog. Semanal TER'!$N$9:$N$708,$K42,'Prog. Semanal TER'!D$9:D$708))","v":272020.19333333336},{"$f":"IF(OR(F42=1,F42=2),SUMIF('Prog. Semanal OG'!$N$9:$N$834,$K42,'Prog. Semanal OG'!E$9:E$834),SUMIF('Prog. Semanal TER'!$N$9:$N$708,$K42,'Prog. Semanal TER'!E$9:E$708))","v":272020.19333333336},{"$f":"IF(OR(F42=1,F42=2),SUMIF('Prog. Semanal OG'!$N$9:$N$834,$K42,'Prog. Semanal OG'!F$9:F$834),SUMIF('Prog. Semanal TER'!$N$9:$N$708,$K42,'Prog. Semanal TER'!F$9:F$708))","v":340025.2416666667},{"$f":"+VLOOKUP(K42,Cuadrillas!C:D,2,FALSE)","v":"T"},3,0,0,1,0,"EMPAPELADOR",68005,{"$f":"IF(L42<>0,L42,SUMIFS('Control de Avance'!$BM$15:$BM$4965,'Control de Avance'!$BD$15:$BD$4965,K42,'Control de Avance'!$B$15:$B$4965,1))","v":68005},2,2,1,1,1,4.0000028429282164,4.0000028429282164,0.80000056858564328,0.80000056858564328,null,2,2,1,68005,68005,{"$f":"AE42/$AE$2/IF(Z42>100%,Z42,1)","v":1.0000007107320541},1,{"$f":"IFERROR(D42/AB42,0)","v":5.0000035536602709}]
[null,{"$f":"IF(OR(F43=1,F43=2),SUMIF('Prog. Semanal OG'!$N$9:$N$834,$K43,'Prog. Semanal OG'!D$9:D$834),SUMIF('Prog. Semanal TER'!$N$9:$N$708,$K43,'Prog. Semanal TER'!D$9:D$708))","v":318870.16916666669},{"$f":"IF(OR(F43=1,F43=2),SUMIF('Prog. Semanal OG'!$N$9:$N$834,$K43,'Prog. Semanal OG'!E$9:E$834),SUMIF('Prog. Semanal TER'!$N$9:$N$708,$K43,'Prog. Semanal TER'!E$9:E$708))","v":42298.202499999999},{"$f":"IF(OR(F43=1,F43=2),SUMIF('Prog. Semanal OG'!$N$9:$N$834,$K43,'Prog. Semanal OG'!F$9:F$834),SUMIF('Prog. Semanal TER'!$N$9:$N$708,$K43,'Prog. Semanal TER'!F$9:F$708))","v":433736.16416666668},{"$f":"+VLOOKUP(K43,Cuadrillas!C:D,2,FALSE)","v":"T"},{"$f":"IF(E43=\"OG\",1,IF(E43=\"SCOG\",2,IF(E43=\"T\",3,4)))","v":3},{"$f":"IF(E43=\"OG\",1,0)","v":0},{"$f":"IF(E43=\"SCOG\",1,0)","v":0},{"$f":"IF(E43=\"T\",1,0)","v":1},{"$f":"IF(E43=\"SCT\",1,0)","v":0},"CARP. ACCESORIOS",78800,{"$f":"IF(L43<>0,L43,SUMIFS('Control de Avance'!$BM$15:$BM$4965,'Control de Avance'!$BD$15:$BD$4965,K43,'Control de Avance'!$B$15:$B$4965,1))","v":78800},2,0,{"$f":"IF(N43=0,\"\",O43/N43)","v":0},1,{"$f":"IF(B43>0,C43/B43,0)","v":0.1326502338257036},{"$f":"IFERROR(B43/M43,0)","v":4.0465757508460243},{"$f":"IFERROR(C43/M43,0)","v":0.53677921954314722},{"$f":"+S43*R43/$T$2","v":0.10735584390862944},{"$f":"IFERROR(IF(P43>1,U43/P43,U43),\"\")","v":0.10735584390862944},"1 MAESTRO CON LICENCIA Y EL OTRO PARADO POR SECUENCIA DE PAPEL/PREFIERE ESTAR AUSENTE DURANTE LA SEMANA POR DOLENCIAS EN MUÑECAS",2,2,{"$f":"IF(X43=0,\"\",Y43/X43)","v":1},81531,{"$f":"IF(AA43=\"\",M43,AA43)","v":81531},{"$f":"AE43/$AE$2/IF(Z43>100%,Z43,1)","v":1.0639785214621842},1,{"$f":"IFERROR(D43/AB43,0)","v":5.319892607310921},"SE REALIZARAN ACTIVIDADES CON CARPINTEROS TERMINACIONES"]
[null,{"$f":"172464*5","v":862320},119167,{"$f":"172464*5","v":862320},{"$f":"+VLOOKUP(K44,Cuadrillas!C:D,2,FALSE)","v":"T"},{"$f":"IF(E44=\"OG\",1,IF(E44=\"SCOG\",2,IF(E44=\"T\",3,4)))","v":3},{"$f":"IF(E44=\"OG\",1,0)","v":0},{"$f":"IF(E44=\"SCOG\",1,0)","v":0},{"$f":"IF(E44=\"T\",1,0)","v":1},{"$f":"IF(E44=\"SCT\",1,0)","v":0},"FACHADA",172000,{"$f":"IF(L44<>0,L44,SUMIFS('Control de Avance'!$BM$15:$BM$4965,'Control de Avance'!$BD$15:$BD$4965,K44,'Control de Avance'!$B$15:$B$4965,1))","v":172000},5,4,{"$f":"IF(N44=0,\"\",O44/N44)","v":0.8},1,{"$f":"IF(B44>0,C44/B44,0)","v":0.13819347805918916},{"$f":"IFERROR(B44/M44,0)","v":5.0134883720930237},{"$f":"IFERROR(C44/M44,0)","v":0.6928313953488372},{"$f":"+S44*R44/$T$2","v":0.13856627906976746},{"$f":"IFERROR(IF(P44>1,U44/P44,U44),\"\")","v":0.13856627906976746},"NO CUMPLE POR CONDICIONES CLIMATICAS",5,5,{"$f":"IF(X44=0,\"\",Y44/X44)","v":1},null,{"$f":"IF(AA44=\"\",M44,AA44)","v":172000},{"$f":"AE44/$AE$2/IF(Z44>100%,Z44,1)","v":1.0026976744186047},1,{"$f":"IFERROR(D44/AB44,0)","v":5.0134883720930237}]
[null,{"$f":"IF(OR(F45=1,F45=2),SUMIF('Prog. Semanal OG'!$N$9:$N$834,$K45,'Prog. Semanal OG'!D$9:D$834),SUMIF('Prog. Semanal TER'!$N$9:$N$708,$K45,'Prog. Semanal TER'!D$9:D$708))","v":185868.57499999998},{"$f":"IF(OR(F45=1,F45=2),SUMIF('Prog. Semanal OG'!$N$9:$N$834,$K45,'Prog. Semanal OG'!E$9:E$834),SUMIF('Prog. Semanal TER'!$N$9:$N$708,$K45,'Prog. Semanal TER'!E$9:E$708))","v":133664.2222125},{"$f":"IF(OR(F45=1,F45=2),SUMIF('Prog. Semanal OG'!$N$9:$N$834,$K45,'Prog. Semanal OG'!F$9:F$834),SUMIF('Prog. Semanal TER'!$N$9:$N$708,$K45,'Prog. Semanal TER'!F$9:F$708))","v":179278.75000000003},{"$f":"+VLOOKUP(K45,Cuadrillas!C:D,2,FALSE)","v":"T"},3,0,0,1,0,"PINTOR TERMINACIONES",31602,{"$f":"IF(L45<>0,L45,SUMIFS('Control de Avance'!$BM$15:$BM$4965,'Control de Avance'!$BD$15:$BD$4965,K45,'Control de Avance'!$B$15:$B$4965,1))","v":31602},1,1,1,1,0.71913297991605096,5.8815446807164102,4.2296127527529901,0.84592255055059817,0.84592255055059817,null,2,2,1,31602,31602,{"$f":"AE45/$AE$2/IF(Z45>100%,Z45,1)","v":1.1346038225428772},1,5.6730191127143863]
[null,{"$f":"IF(OR(F46=1,F46=2),SUMIF('Prog. Semanal OG'!$N$9:$N$834,$K46,'Prog. Semanal OG'!D$9:D$834),SUMIF('Prog. Semanal TER'!$N$9:$N$708,$K46,'Prog. Semanal TER'!D$9:D$708))","v":0},{"$f":"IF(OR(F46=1,F46=2),SUMIF('Prog. Semanal OG'!$N$9:$N$834,$K46,'Prog. Semanal OG'!E$9:E$834),SUMIF('Prog. Semanal TER'!$N$9:$N$708,$K46,'Prog. Semanal TER'!E$9:E$708))","v":0},{"$f":"IF(OR(F46=1,F46=2),SUMIF('Prog. Semanal OG'!$N$9:$N$834,$K46,'Prog. Semanal OG'!F$9:F$834),SUMIF('Prog. Semanal TER'!$N$9:$N$708,$K46,'Prog. Semanal TER'!F$9:F$708))","v":0},{"$f":"+VLOOKUP(K46,Cuadrillas!C:D,2,FALSE)","v":"SCT"},4,0,0,0,1,"PISO FLOTANTE",null,{"$f":"IF(L46<>0,L46,SUMIFS('Control de Avance'!$BM$15:$BM$4965,'Control de Avance'!$BD$15:$BD$4965,K46,'Control de Avance'!$B$15:$B$4965,1))","v":0},1,1,1,{"$f":"IF(SUMIF('Control de Avance'!$BX$15:$BX$10960,'Resumen Frentes Semanal'!K46,'Control de Avance'!$B$15:$B$10960)=0,0,SUMIF('Control de Avance'!$BX$15:$BX$10960,'Resumen Frentes Semanal'!K46,'Control de Avance'!$B$15:$B$10960)/SUMIF('Control de Avance'!$BX$15:$BX$10960,'Resumen Frentes Semanal'!K46,'Control de Avance'!$B$15:$B$10960))","v":0},0,0,0,0,0,null,1,1,1,null,0,0,0,0]
[null,{"$f":"IF(OR(F47=1,F47=2),SUMIF('Prog. Semanal OG'!$N$9:$N$834,$K47,'Prog. Semanal OG'!D$9:D$834),SUMIF('Prog. Semanal TER'!$N$9:$N$708,$K47,'Prog. Semanal TER'!D$9:D$708))","v":39.372291666666662},{"$f":"IF(OR(F47=1,F47=2),SUMIF('Prog. Semanal OG'!$N$9:$N$834,$K47,'Prog. Semanal OG'!E$9:E$834),SUMIF('Prog. Semanal TER'!$N$9:$N$708,$K47,'Prog. Semanal TER'!E$9:E$708))","v":14.958681618055554},{"$f":"IF(OR(F47=1,F47=2),SUMIF('Prog. Semanal OG'!$N$9:$N$834,$K47,'Prog. Semanal OG'!F$9:F$834),SUMIF('Prog. Semanal TER'!$N$9:$N$708,$K47,'Prog. Semanal TER'!F$9:F$708))","v":37.570972222222217},{"$f":"+VLOOKUP(K47,Cuadrillas!C:D,2,FALSE)","v":"SCT"},4,0,0,0,1,"GASFITER T",7,{"$f":"IF(L47<>0,L47,SUMIFS('Control de Avance'!$BM$15:$BM$4965,'Control de Avance'!$BD$15:$BD$4965,K47,'Control de Avance'!$B$15:$B$4965,1))","v":7},6,3,0.5,1,0.37992915791386006,5.6246130952380948,2.136954516865079,0.42739090337301588,0.42739090337301588,"NO CUMPLE POR FALTA DE PERSONAL",3,3,1,7.5,7.5,{"$f":"AE47/$AE$2/IF(Z47>100%,Z47,1)","v":1.0018925925925923},1,{"$f":"IFERROR(D47/AB47,0)","v":5.0094629629629619}]
[null,{"$f":"IF(OR(F48=1,F48=2),SUMIF('Prog. Semanal OG'!$N$9:$N$834,$K48,'Prog. Semanal OG'!D$9:D$834),SUMIF('Prog. Semanal TER'!$N$9:$N$708,$K48,'Prog. Semanal TER'!D$9:D$708))","v":1.92506},{"$f":"IF(OR(F48=1,F48=2),SUMIF('Prog. Semanal OG'!$N$9:$N$834,$K48,'Prog. Semanal OG'!E$9:E$834),SUMIF('Prog. Semanal TER'!$N$9:$N$708,$K48,'Prog. Semanal TER'!E$9:E$708))","v":0.11253250199999998},{"$f":"IF(OR(F48=1,F48=2),SUMIF('Prog. Semanal OG'!$N$9:$N$834,$K48,'Prog. Semanal OG'!F$9:F$834),SUMIF('Prog. Semanal TER'!$N$9:$N$708,$K48,'Prog. Semanal TER'!F$9:F$708))","v":2.5751177777777778},{"$f":"+VLOOKUP(K48,Cuadrillas!C:D,2,FALSE)","v":"SCT"},4,0,0,0,1,"GAS T",0.38500000000000001,{"$f":"IF(L48<>0,L48,SUMIFS('Control de Avance'!$BM$15:$BM$4965,'Control de Avance'!$BD$15:$BD$4965,K48,'Control de Avance'!$B$15:$B$4965,1))","v":0.38500000000000001},1,1,1,1,5.8456620572865249E-2,5.0001558441558442,0.29229221298701291,5.8458442597402585E-2,5.8458442597402585E-2,"NO SE PRESENTAN DURANTE LA SEMANA",1,1,1,0.47499999999999998,0.47499999999999998,{"$f":"AE48/$AE$2/IF(Z48>100%,Z48,1)","v":1.0842601169590644},1,{"$f":"IFERROR(D48/AB48,0)","v":5.421300584795322}]
[null,{"$f":"IF(OR(F49=1,F49=2),SUMIF('Prog. Semanal OG'!$N$9:$N$834,$K49,'Prog. Semanal OG'!D$9:D$834),SUMIF('Prog. Semanal TER'!$N$9:$N$708,$K49,'Prog. Semanal TER'!D$9:D$708))","v":3.0822222222222218},{"$f":"IF(OR(F49=1,F49=2),SUMIF('Prog. Semanal OG'!$N$9:$N$834,$K49,'Prog. Semanal OG'!E$9:E$834),SUMIF('Prog. Semanal TER'!$N$9:$N$708,$K49,'Prog. Semanal TER'!E$9:E$708))","v":0.69333333333333347},{"$f":"IF(OR(F49=1,F49=2),SUMIF('Prog. Semanal OG'!$N$9:$N$834,$K49,'Prog. Semanal OG'!F$9:F$834),SUMIF('Prog. Semanal TER'!$N$9:$N$708,$K49,'Prog. Semanal TER'!F$9:F$708))","v":3.9105555555555553},{"$f":"+VLOOKUP(K49,Cuadrillas!C:D,2,FALSE)","v":"SCT"},{"$f":"IF(E49=\"OG\",1,IF(E49=\"SCOG\",2,IF(E49=\"T\",3,4)))","v":4},{"$f":"IF(E49=\"OG\",1,0)","v":0},{"$f":"IF(E49=\"SCOG\",1,0)","v":0},{"$f":"IF(E49=\"T\",1,0)","v":0},{"$f":"IF(E49=\"SCT\",1,0)","v":1},"MUEBLISTA",0.71,{"$f":"IF(L49<>0,L49,SUMIFS('Control de Avance'!$BM$15:$BM$4965,'Control de Avance'!$BD$15:$BD$4965,K49,'Control de Avance'!$B$15:$B$4965,1))","v":0.71},3,3,{"$f":"IF(N49=0,\"\",O49/N49)","v":1},1,{"$f":"IF(B49>0,C49/B49,0)","v":0.22494592645998565},{"$f":"IFERROR(B49/M49,0)","v":4.3411580594679178},{"$f":"IFERROR(C49/M49,0)","v":0.97652582159624435},{"$f":"+S49*R49/$T$2","v":0.19530516431924885},{"$f":"IFERROR(IF(P49>1,U49/P49,U49),\"\")","v":0.19530516431924885},"SECUENCIA BAÑO Y COCINA",3,3,{"$f":"IF(X49=0,\"\",Y49/X49)","v":1},0.78,{"$f":"IF(AA49=\"\",M49,AA49)","v":0.78},{"$f":"AE49/$AE$2/IF(Z49>100%,Z49,1)","v":1.0027065527065526},1,{"$f":"IFERROR(D49/AB49,0)","v":5.0135327635327629}]
[null,null,null,null,{"$f":"+VLOOKUP(K50,Cuadrillas!C:D,2,FALSE)","v":{"$error":"#N/A"}},null,null,null,null,null,"ANDAMIOS"]
[null,null,null,null,{"$f":"+VLOOKUP(K51,Cuadrillas!C:D,2,FALSE)","v":"T"},null,null,null,null,null,"ALBAÑIL FACHADA"]
[null,null,null,null,{"$f":"+VLOOKUP(K52,Cuadrillas!C:D,2,FALSE)","v":"T"},null,null,null,null,null,"GRANO"]
[null,null,null,null,{"$f":"+VLOOKUP(K53,Cuadrillas!C:D,2,FALSE)","v":"EXT"},null,null,null,null,null,"EXTERIORES"]
[]
[null,null,null,null,null,null,null,null,null,null,null,null,"OG",null,null,"OG",null,{"$f":"IF(SUMPRODUCT($M$6:$M$48,$Q$6:$Q$48,$G$6:$G$48)=0,\"\",SUMPRODUCT($M$6:$M$48,$Q$6:$Q$48,R6:R48,$G$6:$G$48)/SUMPRODUCT($M$6:$M$48,$Q$6:$Q$48,$G$6:$G$48))","v":""},{"$f":"IF(SUMPRODUCT(M6:M48,Q6:Q48,G6:G48)=0,\"\",SUMPRODUCT(M6:M48,Q6:Q48,S6:S48,G6:G48)/SUMPRODUCT(M6:M48,Q6:Q48,G6:G48))","v":""},{"$f":"IF(SUMPRODUCT(M6:M48,Q6:Q48,G6:G48)=0,\"\",SUMPRODUCT(M6:M48,Q6:Q48,T6:T48,G6:G48)/SUMPRODUCT(M6:M48,Q6:Q48,G6:G48))","v":""},{"$f":"IF(SUMPRODUCT($M$6:$M$48,$Q$6:$Q$48,G6:G48)=0,\"\",SUMPRODUCT($M$6:$M$48,$Q$6:$Q$48,U6:U48,G6:G48)/SUMPRODUCT($M$6:$M$48,$Q$6:$Q$48,G6:G48))","v":""},{"$f":"IF(SUMPRODUCT($M$5:$M$48,$Q$5:$Q$48,$G$5:$G$48)=0,\"\",SUMPRODUCT($M$5:$M$48,$Q$5:$Q$48,V5:V48,$G$5:$G$48)/SUMPRODUCT($M$5:$M$48,$Q$5:$Q$48,$G$5:$G$48))","v":""},null,null,null,null,null,null,null,null,{"$f":"IF(SUMPRODUCT($M$6:$M$48,$AD$6:$AD$48,G6:G48)=0,\"\",SUMPRODUCT($M$6:$M$48,$AD$6:$AD$48,$AE$6:$AE$48,G6:G48)/SUMPRODUCT($M$6:$M$48,$AD$6:$AD$48,G6:G48))","v":""}]
[null,null,null,null,null,null,null,null,null,null,null,null,"SC OG",null,null,"SC OG",null,{"$f":"IF(SUMPRODUCT($M$6:$M$48,$Q$6:$Q$48,$H$6:$H$48)=0,\"\",SUMPRODUCT($M$6:$M$48,$Q$6:$Q$48,R6:R48,$H$6:$H$48)/SUMPRODUCT($M$6:$M$48,$Q$6:$Q$48,$H$6:$H$48))","v":""},{"$f":"IF(SUMPRODUCT(M6:M48,Q6:Q48,H6:H48)=0,\"\",SUMPRODUCT(M6:M48,Q6:Q48,S6:S48,H6:H48)/SUMPRODUCT(M6:M48,Q6:Q48,H6:H48))","v":""},{"$f":"IF(SUMPRODUCT(M6:M48,Q6:Q48,H6:H48)=0,\"\",SUMPRODUCT(M6:M48,Q6:Q48,T6:T48,H6:H48)/SUMPRODUCT(M6:M48,Q6:Q48,H6:H48))","v":""},{"$f":"IF(SUMPRODUCT($M$6:$M$48,$Q$6:$Q$48,H6:H48)=0,\"\",SUMPRODUCT($M$6:$M$48,$Q$6:$Q$48,U6:U48,H6:H48)/SUMPRODUCT($M$6:$M$48,$Q$6:$Q$48,H6:H48))","v":""},{"$f":"IF(SUMPRODUCT($M$5:$M$48,$Q$5:$Q$48,$H$5:$H$48)=0,\"\",SUMPRODUCT($M$5:$M$48,$Q$5:$Q$48,V5:V48,$H$5:$H$48)/SUMPRODUCT($M$5:$M$48,$Q$5:$Q$48,$H$5:$H$48))","v":""},null,null,null,null,null,null,null,null,{"$f":"IF(SUMPRODUCT($M$6:$M$48,$AD$6:$AD$48,H6:H48)=0,\"\",SUMPRODUCT($M$6:$M$48,$AD$6:$AD$48,$AE$6:$AE$48,H6:H48)/SUMPRODUCT($M$6:$M$48,$AD$6:$AD$48,H6:H48))","v":""}]
[null,null,null,null,null,null,null,null,null,null,null,null,"T",null,null,"T",null,{"$f":"IF(SUMPRODUCT($M$6:$M$48,$Q$6:$Q$48,$I$6:$I$48)=0,\"\",SUMPRODUCT($M$6:$M$48,$Q$6:$Q$48,R6:R48,$I$6:$I$48)/SUMPRODUCT($M$6:$M$48,$Q$6:$Q$48,$I$6:$I$48))","v":0.5307886086261544},{"$f":"IF(SUMPRODUCT(M6:M48,Q6:Q48,I6:I48)=0,\"\",SUMPRODUCT(M6:M48,Q6:Q48,S6:S48,I6:I48)/SUMPRODUCT(M6:M48,Q6:Q48,I6:I48))","v":4.6881118529182961},{"$f":"IF(SUMPRODUCT(M6:M48,Q6:Q48,I6:I48)=0,\"\",SUMPRODUCT(M6:M48,Q6:Q48,T6:T48,I6:I48)/SUMPRODUCT(M6:M48,Q6:Q48,I6:I48))","v":2.4803948783479504},{"$f":"IF(SUMPRODUCT($M$6:$M$52,$Q$6:$Q$52,I6:I52)=0,\"\",SUMPRODUCT($M$6:$M$52,$Q$6:$Q$52,U6:U52,I6:I52)/SUMPRODUCT($M$6:$M$52,$Q$6:$Q$52,I6:I52))","v":0.49607897566959014},{"$f":"IF(SUMPRODUCT($M$6:$M$52,$Q$6:$Q$52,$I$6:$I$52)=0,\"\",SUMPRODUCT($M$6:$M$52,$Q$6:$Q$52,V6:V52,$I$6:$I$52)/SUMPRODUCT($M$6:$M$52,$Q$6:$Q$52,$I$6:$I$52))","v":0.49607897566959014},null,null,null,null,null,null,null,null,{"$f":"IF(SUMPRODUCT($M$6:$M$52,$AD$6:$AD$52,I6:I52)=0,\"\",SUMPRODUCT($M$6:$M$52,$AD$6:$AD$52,$AE$6:$AE$52,I6:I52)/SUMPRODUCT($M$6:$M$52,$AD$6:$AD$52,I6:I52))","v":4.4730175437315802}]
[null,null,null,null,null,null,null,null,null,null,null,null,"SC T",null,null,"SC T",null,{"$f":"IF(SUMPRODUCT($M$6:$M$48,$Q$6:$Q$48,$J$6:$J$48)=0,\"\",SUMPRODUCT($M$6:$M$48,$Q$6:$Q$48,R6:R48,$J$6:$J$48)/SUMPRODUCT($M$6:$M$48,$Q$6:$Q$48,$J$6:$J$48))","v":0.36316992610935322},{"$f":"IF(SUMPRODUCT(M6:M48,Q6:Q48,J6:J48)=0,\"\",SUMPRODUCT(M6:M48,Q6:Q48,S6:S48,J6:J48)/SUMPRODUCT(M6:M48,Q6:Q48,J6:J48))","v":5.5920584518167455},{"$f":"IF(SUMPRODUCT(M6:M48,Q6:Q48,J6:J48)=0,\"\",SUMPRODUCT(M6:M48,Q6:Q48,T6:T48,J6:J48)/SUMPRODUCT(M6:M48,Q6:Q48,J6:J48))","v":2.0407872877529525},{"$f":"IF(SUMPRODUCT($M$6:$M$52,$Q$6:$Q$52,J6:J52)=0,\"\",SUMPRODUCT($M$6:$M$52,$Q$6:$Q$52,U6:U52,J6:J52)/SUMPRODUCT($M$6:$M$52,$Q$6:$Q$52,J6:J52))","v":0.3894885102752042},{"$f":"IF(SUMPRODUCT($M$6:$M$52,$Q$6:$Q$52,$J$6:$J$52)=0,\"\",SUMPRODUCT($M$6:$M$52,$Q$6:$Q$52,V6:V52,$J$6:$J$52)/SUMPRODUCT($M$6:$M$52,$Q$6:$Q$52,$J$6:$J$52))","v":0.3894885102752042},null,null,null,null,null,null,null,null,{"$f":"IF(SUMPRODUCT($M$6:$M$52,$AD$6:$AD$52,J6:J52)=0,\"\",SUMPRODUCT($M$6:$M$52,$AD$6:$AD$52,$AE$6:$AE$52,J6:J52)/SUMPRODUCT($M$6:$M$52,$AD$6:$AD$52,J6:J52))","v":5.0294070077819883}]
[]
[]
[]
[]
[]
[null,null,null,null,null,"Cámaras Telecom",53.1,103,{"$f":"H64*G64","v":5469.3},null,null,null,null,null,"  "]
[null,null,null,null,null,"Cámaras Eléc",55.8,103,{"$f":"H65*G65","v":5747.4}]
[]
[]
[]
[]
[]
[]
[]
[]
[]
[]
[]
[]
[]
[]
[]
[]
[]
[]
[]
[]
[]
[]
[]
[]
[]
[]
[]
[]
[]
[]
[]
[]
[]
[]
[]
[]
[null,null,null,null,null,null,null,null,null,null,null,null,null,null,null,null,null,null,null,null,null,null,null,null,null,null,null,"b","b"]
[]
[]
[]
[]
[]
[]
[]
[]
[]
[null,null,null,null,null,null,null,null,null,null,null,null,null,null,null,null,null,null,null,null,null,null,null,null,null,"a","a","b","b"]
[]
[]
[]
[]
[]
[]
[]
[]
[]
[]
[]
[]
[]
[]
[]
[]
[]
[]
[]
[]
[]
[]
[]
[]
[]
[]
[]
[]
[]
[null,null,null,"a"]

{"sheet":"Act. Proyecto","index":5,"n_rows":751,"n_cols":16384,"rows_kept":139,"cut":true,"hidden":false,"merged":[],"bounds":{"rows_first":62,"rows_last":15,"rows_between":62,"halvings":5}}
["Actividades",{"$f":"SUBTOTAL(3,B3:B643)","v":36}]
["--> Se traspasa la información al Prog. Gral, al Control de Avance y Programa Semanal"]
[null,"Nivel de actividad","Orden","Indice Cuadrilla","Condición tarea","Tren","Dia de inicio (formula externa)","Día de término","Listado de actividades","Cuadrilla de Proyecto","Unidad base","Cubicación ponderada unidad de producción","Trato Unidad base","Trato Unidad de producción","Unidad de producción","CANT X EDIFICIO","DIAS X EDIFICIO","CANT X FRENTE","VALOR FRENTE","Mostrar en Impr programa general","Suma Frente"]
[null,"ACTIVIDAD",1,null,"T","IO",-20,100,"TREN \"INICIO DE OBRA\"",".",".",0,0,".",".",".",".",".",".","No","No"]
[null,"ACTIVIDAD",2,1,1,"IO",-20,100,"Instalación de fierro silo","ENFIERRADOR","kg",1,0,0,"Proy",1,10,0.1,0,"No","No"]
[null,"ACTIVIDAD","i",6,1,"IO",-20,100,"Hormigón fundación de silo","HORMIGÓN","kg",1,0,0,"Proy",1,10,0.1,0,"No","No"]
[null,"ACTIVIDAD",2,6,1,"IO",-20,100,"Hormigón fundación planta de hormigón","HORMIGÓN","kg",1,0,0,"Proy",1,10,0.1,0,"No","No"]
[null,"ACTIVIDAD",2,54,1,"IO",-20,100,"Instalación de faena","ADMINISTRACIÓN","kg",1,0,0,"Proy",1,10,0.1,0,"No","No"]
[null,"ACTIVIDAD",2,54,1,"IO",-20,100,"Traslado de equipos","ADMINISTRACIÓN","kg",1,0,0,"Proy",1,10,0.1,0,"No","No"]
[null,"ACTIVIDAD",2,54,1,"IO",-20,100,"Instalación de control biométrico","ADMINISTRACIÓN","kg",1,0,0,"Proy",1,10,0.1,0,"No","No"]
[null,"ACTIVIDAD",1,null,"T","OG1",1,121,"TREN OBRA GRUESA 1ER PISO",".",".",0,".",".",".",".",".",".",".","No","No"]
[null,"ACTIVIDAD",2,1,1,"OG1",1,121,"Descarga y conteo fierro 1eros pisos (incluye viga 0)","ENFIERRADOR","kg",2229.9403931105198,3,6689.8211793315595,"Frente",2,10,0.2,1337.964235866312,"No","Si"]
[null,"ACTIVIDAD",4,1,1,"OG1",1,121,"Separar Fierro muro 1ER PISO","ENFIERRADOR","kg",2229.9403931105198,10,22299.403931105197,"Frente",2,10,0.2,4459.8807862210397,"No","Si"]
[null,"ACTIVIDAD",5,1,1,"OG1",1,121,"Fabricación fierro primer piso(nivel cero y primer piso)","ENFIERRADOR","kg",1941.677217445327,70,135917.4052211729,"Frente",2,10,0.2,27183.481044234581,"Si","Si"]
[null,"ACTIVIDAD",6,2,1,"OG1",1,121,"Trazo excavación","TRAZO","un",2,0,0,"Frente",2,10,0.2,0,"No","No"]
[null,"ACTIVIDAD",7,3,1,"OG1",2,122,"Excavación fundaciones","OP. RETRO","m3",1,1,1,"Depto",4,10,0.4,0.4,"Si","No"]
[null,"ACTIVIDAD",8,4,1,"OG1",3,123,"Perfilado de excavación","HORMIGÓN","depto",2,12400,24800,"Frente",2,10,0.2,4960,"No","Si"]
[null,"ACTIVIDAD",8,10,1,"OG1",3,123,"Instalación de malla tierra","ELÉCTRICO OG","puntos",4,4025,{"$f":"M18*L18","v":16100},"Edif",1,10,{"$f":"P18/Q18","v":0.1},{"$f":"R18*N18","v":1610},"No","Si"]
[null,"ACTIVIDAD",9,6,1,"OG1",4,124,"Fabricar calugas de hormigón","HORMIGÓN","depto",2,2580,5160,"Frente",2,10,0.2,1032,"No","No"]
[null,"ACTIVIDAD",10,6,1,"OG1",4,124,"Emplantillado","HORMIGÓN","m3",1.288359375,2800,3607.40625,"Depto",4,10,0.4,1442.9625000000001,"Si","Si"]
[null,"ACTIVIDAD",10,5,1,"OG1",4,124,"Grua emplantillado 1eros Frentes","SOBRECIMIENTO Y CORONACIÓN","m3",1.288359375,764,{"$f":"M21*L21","v":984.30656249999993},"Depto",4,10,0.4,393.72262499999999,"Si","Si"]
[null,"ACTIVIDAD",12,4,1,"OG1",5,125,"Encintado","TRAZO","depto",2,null,24800,"Frente",2,10,0.2,4960,"No","Si"]
[null,"ACTIVIDAD",13,1,1,"OG1",5,125,"Instalar fierro primer piso","ENFIERRADOR","kg",1941.677217445327,23,44658.576001242523,"Frente",2,10,0.2,8931.7152002485054,"Si","Si"]
[null,"ACTIVIDAD",13,5,1,"OG1",5,125,"Grua Fierro 1er piso 1eros Frentes","SOBRECIMIENTO Y CORONACIÓN","kg",1941.677217445327,5,{"$f":"M24*L24","v":9708.3860872266341},"Frente",2,10,0.2,1941.677217445327,"Si","Si"]
[null,"ACTIVIDAD",13,10,1,"OG1",5,125,"Instalación de tuberías generales en fundación","ELÉCTRICO OG","ml",124,153,{"$f":"M25*L25","v":18972},"Edif",1,10,{"$f":"P25/Q25","v":0.1},{"$f":"R25*N25","v":1897.2},"Si","Si"]
[null,"ACTIVIDAD",13,10,1,"OG1",5,125,"Prefabricación elementos eléctricos","ELÉCTRICO OG","uni",128.65,112.8,{"$f":"M26*L26","v":14511.720000000001},"Frente",2,10,{"$f":"P26/Q26","v":0.2},{"$f":"R26*N26","v":2902.3440000000005},"Si","Si"]
[null,"ACTIVIDAD",14,6,1,"OG1",6,126,"Hormigón fundación","HORMIGÓN","m3",15.460312499999999,2850,44061.890625,"Depto",4,10,0.4,17624.756250000002,"Si","Si"]
[null,"ACTIVIDAD",14,5,1,"OG1",6,126,"Grua Fundación 1eros Frentes","SOBRECIMIENTO Y CORONACIÓN","m3",15.460312499999999,780,{"$f":"M28*L28","v":12059.043749999999},"Depto",4,10,0.4,4823.6174999999994,"Si","Si"]
[null,"ACTIVIDAD",15,6,1,"OG1",6,126,"Emplantillado para viga escala","HORMIGÓN","edif",0,540,0,"Edif",1,10,0.1,0,"No","No"]
[null,"ACTIVIDAD",16,1,1,"OG1",7,127,"Vigas primer piso ","ENFIERRADOR","kg",288.2631756651927,93,26808.475336862921,"Frente",2,10,0.2,5361.6950673725842,"No","Si"]
[null,"ACTIVIDAD",14,10,1,"OG1",7,127,"Instalación canalización iluminación exterior","ELÉCTRICO OG","centro",2.5,522,{"$f":"M31*L31","v":1305},"Frente",2,10,{"$f":"P31/Q31","v":0.2},{"$f":"R31*N31","v":261},"Si","Si"]
[null,"ACTIVIDAD",17,2,1,"OG1",7,127,"Trazo Sobrecimiento","TRAZO","un",2,0,0,"Frente",2,10,0.2,0,"No","No"]
[null,"ACTIVIDAD",18,7,1,"OG1",8,128,"Moldaje sobrecimiento muro","SOBRECIMIENTO Y CORONACIÓN","m2",35.099375000000009,1070,{"$f":"M33*L33","v":37556.33125000001},"Depto",4,10,0.4,15022.532500000005,"Si","Si"]
[null,"ACTIVIDAD",21,6,1,"OG1",8,128,"Hormigón sobrecimiento muro","HORMIGÓN","m3",2.4308333333333336,5380,13077.883333333335,"Depto",4,10,0.4,5231.1533333333346,"Si","Si"]
[null,"ACTIVIDAD",21,5,1,"OG1",8,128,"Grua Sobrecimiento 1eros Frentes","SOBRECIMIENTO Y CORONACIÓN","m3",2.4308333333333336,1155,{"$f":"M35*L35","v":2807.6125000000002},"Depto",4,10,0.4,1123.0450000000001,"Si","Si"]
[null,"ACTIVIDAD",24,7,1,"OG1",9,129,"Descimbre sobrecimiento muro","SOBRECIMIENTO Y CORONACIÓN","m2",35.099375000000009,375,{"$f":"M36*L36","v":13162.265625000004},"Depto",4,10,0.4,5264.9062500000018,"No","Si"]
[null,"ACTIVIDAD",25,7,1,"OG1",9,129,"Impermeabilización sobrecimiento","SOBRECIMIENTO Y CORONACIÓN","depto",2,3740,{"$f":"M37*L37","v":7480},"Frente",2,10,0.2,1496,"No","Si"]
[null,"ACTIVIDAD",26,9,1,"OG1",9,129,"Alcantarillado primer piso","GASFITER OG","dh",0.90023437499999992,1,0.90023437499999992,"Depto",4,10,0.4,0.36009374999999999,"Si","SC"]
[null,"ACTIVIDAD",27,4,1,"OG1",10,130,"1era capa de relleno (incluye moldaje y relleno terraza)","SOBRECIMIENTO Y CORONACIÓN","depto",1,20500,{"$f":"M39*L39","v":20500},"Depto",4,10,0.4,8200,"No","Si"]
[null,"ACTIVIDAD",28,4,1,"OG1",10,130,"2da capa de relleno (incluye moldaje y relleno terraza)","SOBRECIMIENTO Y CORONACIÓN","depto",1,20500,{"$f":"M40*L40","v":20500},"Depto",4,10,0.4,8200,"No","Si"]
[null,"ACTIVIDAD",29,4,1,"OG1",10,130,"Capa final relleno (incluye moldaje y relleno terraza)","SOBRECIMIENTO Y CORONACIÓN","depto",1,20500,{"$f":"M41*L41","v":20500},"Depto",4,10,0.4,8200,"Si","Si"]
[null,"ACTIVIDAD",30,9,1,"OG1",9,129,"Alcantarillado sala de basura","GASFITER OG","cu",0,1,0,"Edif",1,10,0.1,0,"No","Si"]
[null,"ACTIVIDAD",31,4,1,"OG1",10,130,"Relleno pasillo Nivel 0","SOBRECIMIENTO Y CORONACIÓN","zc",1,38300,{"$f":"M43*L43","v":38300},"Edif",1,10,0.1,3830,"No","Si"]
[null,"ACTIVIDAD",32,4,1,"OG1",10,130,"Relleno costado edificios","SOBRECIMIENTO Y CORONACIÓN","depto",2,840,{"$f":"M44*L44","v":1680},"Frente",2,10,0.2,336,"No","Si"]
[null,"ACTIVIDAD",33,9,1,"OG1",11,131,"Instalaciones agua radier","GASFITER OG","dh",0.85819444444444426,1,0.85819444444444426,"Frente",2,10,0.2,0.17163888888888887,"No","SC"]
[null,"ACTIVIDAD",34,10,1,"OG1",11,131,"Canalizaciones eléctricas en radier","ELÉCTRICO OG","centro",7.916666666666667,668,{"$f":"M46*L46","v":5288.3333333333339},"Frente",2,10,{"$f":"P46/Q46","v":0.2},{"$f":"R46*N46","v":1057.6666666666667},"No","SC"]
[null,"ACTIVIDAD",35,11,1,"OG1",11,131,"Instalaciones gas radier","GAS OG","dh",0.44,1,0.44,"Frente",2,10,0.2,8.8000000000000009E-2,"No","SC"]
[null,"ACTIVIDAD",36,9,1,"OG1",11,131,"Red Seca horizontal","GASFITER OG","dh",0,1,0,"Edif",1,10,0.1,0,"No","SC"]
[null,"ACTIVIDAD",37,9,1,"OG1",11,131,"Tuberías de agua radier zona comun","GASFITER OG","dh",0.41749999999999993,1,0.41749999999999993,"Edif",1,10,0.1,4.1749999999999995E-2,"No","SC"]
[null,"ACTIVIDAD",38,10,1,"OG1",11,131,"Tuberías eléctricas radier zona comun","ELÉCTRICO OG","centro",9,702.6,{"$f":"M50*L50","v":6323.4000000000005},"Edif",1,10,{"$f":"P50/Q50","v":0.1},{"$f":"R50*N50","v":632.34000000000015},"No","SC"]
[null,"ACTIVIDAD",39,11,1,"OG1",11,131,"Tuberías Gas radier zona comun","GAS OG","dh",0.11,1117,122.87,"Edif",1,10,0.1,12.287000000000001,"No","SC"]
[null,"ACTIVIDAD",40,6,1,"OG1",12,132,"Hormigón radier Depto","HORMIGÓN","m3",7.6158333333333328,4860,37012.949999999997,"Frente",2,10,0.2,7402.59,"Si","Si"]
[null,"ACTIVIDAD",40,5,1,"OG1",12,132,"Grua Radier","SOBRECIMIENTO Y CORONACIÓN","m3",7.6158333333333328,1043,{"$f":"M53*L53","v":7943.3141666666661},"Frente",2,10,0.2,1588.6628333333333,"Si","Si"]
[null,"ACTIVIDAD",40,6,1,"OG1",12,132,"Hormigón radier F25","HORMIGÓN","m3",9,4860,{"$f":"M54*L54","v":43740},"Frente",2,10,0.2,7402.59,"Si","Si"]
[null,"ACTIVIDAD",43,6,1,"OG1",12,132,"Alisado radier","HORMIGÓN","un",2,10050,20100,"Frente",2,10,0.2,4020,"No","Si"]
[null,"ACTIVIDAD",43,6,1,"OG1",12,132,"Alisado radier F25","HORMIGÓN","un",2.2999999999999998,10050,{"$f":"M56*L56","v":23115},"Frente",2,10,0.2,4020,"No","Si"]
[null,"ACTIVIDAD",44,6,1,"OG1",12,132,"Alisado radier pasillo 1er piso","HORMIGÓN","Edif",1,2150,2150,"Edif",1,10,0.1,215,"No","Si"]
[null,"ACTIVIDAD",45,6,1,"OG1",13,133,"Hormigón radier Sala Basura (ZC1= -30)","HORMIGÓN","m3",0.42280000000000001,4860,2054.808,"Edif",1,10,0.1,205.48080000000002,"No","Si"]
[null,"ACTIVIDAD",47,6,1,"OG1",13,133,"Hormigón radier ZC + Pasillo + cuarto Técnico","HORMIGÓN","m3",1.1718000000000002,4860,5694.9480000000012,"Edif",1,10,0.1,569.49480000000017,"No","Si"]
[null,"ACTIVIDAD",48,6,1,"OG1",13,133,"Hormigón radier Nicho eléctrico (ZC1= -60)","HORMIGÓN","m3",8.2600000000000007E-2,4860,401.43600000000004,"Edif",1,10,0.1,40.143600000000006,"No","Si"]
[null,"ACTIVIDAD",49,6,1,"OG1",13,133,"Grada Nicho eléctrico","HORMIGÓN","m3",3.6400000000000002E-2,4860,176.904,"Edif",1,10,0.1,17.6904,"No","Si"]
[null,"ACTIVIDAD",52,null,"T","OGT",15,135,"TREN OBRA GRUESA TIPO",".",".",0,".",".",".",".",".",".",".","Si","No"]
[null,"ACTIVIDAD",56,10,1,"OGT",14,134,"Instalaciones eléctricas en ZC","ELÉCTRICO OG","centro",10.722899999999999,1299.9000000000001,{"$f":"M68*L68","v":13938.69771},"Piso",4,10,{"$f":"P68/Q68","v":0.4},{"$f":"R68*N68","v":5575.4790840000005},"No","Si"]
[null,"ACTIVIDAD",60,5,1,"OGT",14,134,"Op. Grúa  muro hormigonado (estanque)","GRÚA","Frente",1.5,36879.69,{"$f":"+L75*M75","v":55319.535000000003},"Frente",10,10,1,36879.69,"No","Si"]
[null,"ACTIVIDAD",80,9,1,"OGT",18,138,"Instalaciones de gasfiter en losa","GASFITER OG","dh",0.85819444444444426,1,0.85819444444444426,"Frente",10,10,1,0.85819444444444426,"No","SC"]
[null,"ACTIVIDAD",92,57,1,"OGT",21,141,"Copa interior","MOLDAJE LOSA","m2",163.94716071428573,85,{"$f":"+L102*M102","v":13935.508660714288},"Frente",10,10,1,10328.671125000001,"No","Si"]
[null,"ACTIVIDAD",98,6,1,"OGT",19,139,"Hormigón escala","HORMIGÓN","m3",0,4300,0,"Piso",4,10,0.4,0,"No","Si"]
[null,"ACTIVIDAD",110,1,1,"TECH",42,162,"Prearmado Fierro Muro Estanque","ENFIERRADOR","kg",1511,71,{"$f":"M125*L125","v":107281},"Frente",2,2,1,107281,"No","Si"]
[null,"ACTIVIDAD",112,23,1,"TECH",45,165,"Armar ducto de hojalatería VC incluye perforaciones","TECHUMBRE Y MEMBRANA","ml",12.75,1281.5,16339.125,"Frente",2,10,0.2,3267.8250000000003,"No","Si"]
[null,"ACTIVIDAD",103,6,1,"OG1",26,146,"Colocacion de calugas en losa (incluye corte losa)","HORMIGÓN","cu",1,2222.3870967741937,2222.3870967741937,"Frente",1,10,0.1,121.04999999999998,"No","Si"]
[null,"ACTIVIDAD",119,6,1,"TECH",44,164,"Hormigón Coronación","HORMIGÓN","m3",3.4804166666666672,5380,18724.64166666667,"Frente",2,10,0.2,3744.9283333333342,"Si","Si"]
[null,"ACTIVIDAD",130,23,1,"TECH",52,172,"Instalación mantas sobre shaft ducto convectivo","TECHUMBRE Y MEMBRANA","uni",1.0833333333333333,1230,1332.5,"Frente",2,10,0.2,266.5,"No","SI"]
[null,"ACTIVIDAD",135,23,1,"TECH",91,202,"Instalación forro hojalatería corona","TECHUMBRE Y MEMBRANA","ml",36.171296296296298,750,27128.472222222223,"Frente",2,10,0.2,5425.6944444444453,"No","Si"]
[null,"ACTIVIDAD",166,22,1,"RYT",37,157,"Traslado material tabiques","LIMPIEZA Y TRASLADO","depto",1,3895,3895,"Depto",20,10,2,7790,"No","Si"]
[null,"ACTIVIDAD",116,22,1,"TERM",46,166,"Instalar tubo PVC con alfombra VC","CARP. TABIQUE Y VOLCAPOL","ml",4.7455729166666663,800,3150,"Depto",20,10,2,6300,"No","Si"]
[null,"ACTIVIDAD",162,22,1,"RYT",50,170,"Limpieza para trazo","LIMPIEZA Y TRASLADO","depto",1,2150,2150,"Depto",20,10,2,4300,"No","Si"]
[null,"ACTIVIDAD",193,30,1,"TERM",51,171,"Shaft cocina","CARP. TABIQUE Y VOLCAPOL","ml",2.2999999999999998,1180,2714,"Depto",20,10,2,{"$f":"N216*R216","v":5428},"No","Si"]
[null,"ACTIVIDAD",244,22,1,"TERM",61,181,"Traslado marcos y puertas y guardapolvos","LIMPIEZA Y TRASLADO","un",1,2000,2000,"Depto",20,10,2,4000,"No","Si"]
[null,"ACTIVIDAD",261,34,1,"TERM",63,183,"Trazo de cornisa en cocina","CARP. TERMINACIONES","cu",1,300,{"$f":"M242*L242","v":300},"Depto",20,10,2,600,"Si","Si"]
[null,"ACTIVIDAD",279,35,1,"TERM",65,185,"Cerámica 36x36 beige    nicho de tina","CERÁMICA","m2",5.5912500000000005,1800,10064.25,"Depto",20,10,2,20128.5,"Si","Si"]
[null,"ACTIVIDAD",334,44,1,"TERM",73,193,"Primera mano pintura pilastra","PINTOR MADERA","ml",16.181562499999998,50,{"$f":"L265*M265","v":809.07812499999989},"Depto",20,10,2,{"$f":"N265*R265","v":1618.1562499999998},"Si","Si"]
[null,"ACTIVIDAD",344,28,1,"TERM",77,197,"Instalación de artefactos sanitarios","GASFITER T","dh",0.27416666666666667,1,0.27416666666666667,"Depto",20,10,2,0.54833333333333334,"Si","SC"]
[null,"ACTIVIDAD",357,28,1,"TERM",78,198,"Conexión de calefont","GASFITER T","dh",8.3333333333333329E-2,1,8.3333333333333329E-2,"Depto",20,10,2,0.16666666666666666,"No","SC"]
[null,"ACTIVIDAD",369,31,1,"TERM",86,206,"Instalar tapas de artefactos, tablero y tapas ciegas con papel","ELÉCTRICO T","centro",33.208333333333336,59,{"$f":"L291*M291","v":1959.2916666666667},"Depto",20,10,2,{"$f":"N291*R291","v":3918.5833333333335},"No","Si"]
[null,"ACTIVIDAD",233,33,1,"TERM",56,176,"Instalar muebles de cocina","MUEBLISTA","dh",5.7777777777777789E-2,1,5.7777777777777789E-2,"Depto",20,10,2,0.11555555555555558,"No","SC"]
[null,"ACTIVIDAD",411,44,1,"TERM",92,212,"Segunda mano pintura pilastra","PINTOR MADERA","ml",{"$f":"L265","v":16.181562499999998},45,728.17031249999991,"Depto",20,10,2,1456.3406249999998,"Si","Si"]
[null,"ACTIVIDAD",417,31,1,"TERM",94,214,"Revisión eléctrico","ELÉCTRICO T","centro",31.208333333333332,41.903722721437738,{"$f":"L323*M323","v":1307.7453465982028},"Depto",20,10,2,{"$f":"N323*R323","v":2615.4906931964056},"No","Si"]
[null,"ACTIVIDAD",437,59,1,"ZC1",87,198,"Instalar B.A.LL. en acceso a edificio","FACHADA","ml",3.8300000000000005,685,2623.55,"Edif",1,10,0.1,262.35500000000002,"No","Si"]
[null,"ACTIVIDAD",441,21,1,"ZC1",62,182,"Bepolita sala de basura 1er piso","SOLDADOR","m2",5.25,2320,12180,"Edif",1,10,0.1,1218,"No","Si"]
[null,"ACTIVIDAD",451,28,1,"ZC1",68,188,"Pileta de radier sala de basura","GASFITER T","dh",0,1,0,"Edif",1,10,0.1,0,"No","SC"]
[null,"ACTIVIDAD",465,48,1,"ZC1",180,291,"Rejilla pileta, Soporte, manguera, pitón","CARP. ACCESORIOS","cu",4,540,2160,"Edif",1,10,{"$f":"P373/Q373","v":0.1},216,"No","Si"]
[null,"ACTIVIDAD",480,21,1,"ZCT",50,170,"Abertura para challa","SOLDADOR","cu",1,540,540,"Edif",1,10,0.1,54,"No","Si"]
[null,"ACTIVIDAD",429,31,1,"ZC1",60,180,"Instalaciones tabique nicho eléctrico","ADMINISTRACIÓN","centro",0,803,{"$f":"L389*M389","v":0},"Edif",1,10,0.1,{"$f":"N389*R389","v":0},"No","Si"]
[null,"ACTIVIDAD",535,27,1,"ZCT",39,159,"Huincha nicho eléctrico","YESERO","ml",9.1999999999999993,140,1288,"Edif",1,10,0.1,128.80000000000001,"No","Si"]
[null,"ACTIVIDAD",446,31,1,"ZC1",85,137,"Preparación e instalación de artefactos eléctricos nicho eléctrico","ADMINISTRACIÓN","centro",0,566,0,"Edif",1,10,0.1,{"$f":"N415*R415","v":0},"No","Si"]
[null,"ACTIVIDAD",505,44,1,"ZCT",92,212,"Cuadre y pintura pierna canto muro acceso de depto. 2da mano","PINTOR MADERA","ml",4.62,420,{"$f":"L421*M421","v":1940.4},"Piso",5,10,0.5,{"$f":"N421*R421","v":970.2},"Si","Si"]
[null,"ACTIVIDAD",521,18,1,"ZCT",51,171,"Limones caja escala","ALBAÑIL TERMINACIONES","ml",19.659999999999997,1000,19659.999999999996,"Edif",1,10,0.1,1965.9999999999998,"No","Si"]
[null,"ACTIVIDAD",543,39,1,"ZCT",79,199,"Pasta caja de escala","PASTA Y LOSALÍN","m2",15.11,349,{"$f":"L448*M448","v":5273.3899999999994},"Piso",5,10,0.5,{"$f":"N448*R448","v":2636.6949999999997},"No","Si"]
[null,"ACTIVIDAD",544,31,1,"ZCT",71,149,"Alambrado de iluminación exterior","ADMINISTRACIÓN","centro",0,202,0,"Edif",1,10,0.5,0,"No","Si"]
[null,"ACTIVIDAD",614,59,1,"FACH",73,193,"Remate coronación acceso y acceso edificio","FACHADA","cu",0,5280,0,"Edif",1,10,1,0,"No","No"]
[null,"ACTIVIDAD",643,59,1,"FACH",75,195,"Pintura permanit baranda terraza","FACHADA","m2",4.5599999999999996,215,980.39999999999986,"Depto",20,10,2,1960.7999999999997,"No","No"]
[null,"ACTIVIDAD",null,null,1,"TSUB",121,122,"TREN SUBTERRÁNEO",".",".",0,".",".",".",".",".",".",".","Si","No"]
[null,"ACTIVIDAD",741,35,1,"TPORT",183,184,"Céramica  portería FALSO FALSO 36x36 cm","CERÁMICA","m2",0,1800,0,"Proy",1,10,0.1,0,"Si","No"]
[null,"ACTIVIDAD",754,34,1,"TPORT",185,186,"Instalación de cerraduras y topes Portería","CARP. TERMINACIONES","cu",4,1320,{"$f":"M513*L513","v":5280},"Proy",1,10,0.1,528,"No","No"]
[null,"ACTIVIDAD",773,21,1,"TPORT",171,172,"Primera mano anticorrosivo portón peatonal","SOLDADOR","m2",4.4000000000000004,215,946.00000000000011,"Proy",1,".",10,9460.0000000000018,"No","No"]
[null,"ACTIVIDAD",785,60,1,"TEXT",143,148,"Receptáculo bajada de aguas lluvias","EXTERIORES","cu",2,3570,7140,"Frente","VAR",30,0,".","No","No"]
[null,"ACTIVIDAD",791,64,1,"TEXT",145,165,"Rellenos de excavaciones agua potable","GASFITER EXT","dh",0,1,0,"Proy",1,30,3.3333333333333333E-2,0,"No","No"]
[null,"ACTIVIDAD",801,65,1,"TEXT",145,165,"Excavación para tuberías de gas","GAS EXT","dh",0,1,0,"Proy",1,30,3.3333333333333333E-2,0,"No","No"]
[null,"ACTIVIDAD",811,66,1,"TEXT",145,165,"Tuberías eléctricas","ELÉCTRICO EXT","dh",0,1,0,"Proy",1,30,3.3333333333333333E-2,0,"Si","No"]
[null,"ACTIVIDAD",823,60,1,"TEXT",175,190,"Ripio perimetral de edificio (igol por deptos)","EXTERIORES","depto",0,2700,0,"Proy",1,30,3.3333333333333333E-2,0,"No","No"]
[null,"ACTIVIDAD",831,60,1,"TEXT",171,190,"Preparación cancha para asfalto","EXTERIORES","m2",0,226,0,"Proy",1,30,3.3333333333333333E-2,0,"No","No"]
[null,"ACTIVIDAD",843,21,1,"TEXT",175,185,"Instalar portón vehicular","SOLDADOR","cu",1,0,0,"Proy",1,30,3.3333333333333333E-2,0,"No","No"]
[null,"ACTIVIDAD",851,60,1,"TEXT",181,201,"Instalar pasto","EXTERIORES","m2",0,226,0,"Proy",1,30,3.3333333333333333E-2,0,"No","No"]
[null,"ACTIVIDAD",853,60,1,"TEXT",175,215,"Hormigón de radier y membrana de curado","EXTERIORES","cu",29.83,2800,83524,"Proy",".",30,".",".","No","No"]
[null,"ACTIVIDAD",870,null,1,"TCERT",146,146,"Gas (TC6)",".",".",0,".",".",".",".",".",".",".","No","No"]
[null,"ACTIVIDAD",880,null,1,"TCERT",175,175,"Certificado TC2","GLP",".",0,".",".",".",".",".",".",".","No","No"]
[null,"ACTIVIDAD",883,null,1,"TCERT",0,20,"Aprobación permiso de edificación","GLP",".",0,".",".",".",".",".",".",".","No","No"]
[null,"ACTIVIDAD",895,null,1,"TCERT",91,101,"Certificado de agua y alcantarillado","GLP",".",0,".",".",".",".",".",".",".","No","No"]
[null,"ACTIVIDAD",912,null,1,"TCERT",40,40,"Asignación ITO SERVIU","GLP",".",0,".",".",".",".",".",".",".","No","No"]
[null,"ACTIVIDAD",918,null,1,"TCERT",61,172,"Término de nichos de medidores","GLP",".",0,".",".",".",".",".",".",".","No","No"]
[null,"ACTIVIDAD",928,null,1,"TCERT",null,291,"Posición final de Recepción municipal","GLP",".",0,".",".",".",".",".",".",".","No","No"]
[null,"ACTIVIDAD",60,13,1,"OGT",15,135,"Impermeabilización igol tapa estanque","MOLDAJE MURO","m2",91.64,223,20435.72,"Frente",10,10,1,202853.92249999999,"Si","Si"]
[]
["Retape troncocónicos + agujas","Retape troncocónicos + agujas","Retape troncocónicos + agujas","Retape troncocónicos + agujas","Retape troncocónicos + agujas","Retape troncocónicos + agujas","Retape troncocónicos + agujas","Retape troncocónicos + agujas","Retape troncocónicos + agujas","Retape troncocónicos + agujas","Retape troncocónicos + agujas","Retape troncocónicos + agujas","Retape troncocónicos + agujas","Retape troncocónicos + agujas","Retape troncocónicos + agujas","Retape troncocónicos + agujas","Retape troncocónicos + agujas","Retape troncocónicos + agujas","Retape troncocónicos + agujas","Retape troncocónicos + agujas","Retape troncocónicos + agujas","Retape troncocónicos + agujas","Retape troncocónicos + agujas","Retape troncocónicos + agujas","Retape troncocónicos + agujas","Retape troncocónicos + agujas","Retape troncocónicos + agujas","Retape troncocónicos + agujas","Retape troncocónicos + agujas","Retape troncocónicos + agujas","Retape troncocónicos + agujas","Retape troncocónicos + agujas","Retape troncocónicos + agujas","Retape troncocónicos + agujas","Retape troncocónicos + agujas","Retape troncocónicos + agujas","Retape troncocónicos + agujas","Retape troncocónicos + agujas","Retape troncocónicos + agujas","Retape troncocónicos + agujas","Retape troncocónicos + agujas","Retape troncocónicos + agujas","Retape troncocónicos + agujas","Retape troncocónicos + agujas","Retape troncocónicos + agujas","Retape troncocónicos + agujas","Retape troncocónicos + agujas","Retape troncocónicos + agujas","Retape troncocónicos + agujas","Retape troncocónicos + agujas","Retape troncocónicos + agujas","Retape troncocónicos + agujas","Retape troncocónicos + agujas","Retape troncocónicos + agujas","Retape troncocónicos + agujas","Retape troncocónicos + agujas","Retape troncocónicos + agujas","Retape troncocónicos + agujas","Retape troncocónicos + agujas","Retape troncocónicos + agujas","Retape troncocónicos + agujas","Retape troncocónicos + agujas","Retape troncocónicos + agujas","Retape troncocónicos + agujas","Retape troncocónicos + agujas","Retape troncocónicos + agujas","Retape troncocónicos + agujas","Retape troncocónicos + agujas","Retape troncocónicos + agujas","Retape troncocónicos + agujas","Retape troncocónicos + agujas","Retape troncocónicos + agujas","Retape troncocónicos + agujas","Retape troncocónicos + agujas","Retape troncocónicos + agujas","Retape troncocónicos + agujas","Retape troncocónicos + agujas","Retape troncocónicos + agujas","Retape troncocónicos + agujas","Retape troncocónicos + agujas","Retape troncocónicos + agujas","Retape troncocónicos + agujas","Retape troncocónicos + agujas","Retape troncocónicos + agujas","Retape troncocónicos + agujas","Retape troncocónicos + agujas","Retape troncocónicos + agujas","Retape troncocónicos + agujas","Retape troncocónicos + agujas","Retape troncocónicos + agujas","Retape troncocónicos + agujas","Retape troncocónicos + agujas","Retape troncocónicos + agujas","Retape troncocónicos + agujas","Retape troncocónicos + agujas","Retape troncocónicos + agujas","Retape troncocónicos + agujas","Retape troncocónicos + agujas","Retape troncocónicos + agujas","Retape troncocónicos + agujas","Retape troncocónicos + agujas","Retape troncocónicos + agujas","Retape troncocónicos + agujas","Retape troncocónicos + agujas","Retape troncocónicos + agujas","Retape troncocónicos + agujas","Retape troncocónicos + agujas","Retape troncocónicos + agujas","Retape troncocónicos + agujas","Retape troncocónicos + agujas","Retape troncocónicos + agujas","Retape troncocónicos + agujas","Retape troncocónicos + agujas","Retape troncocónicos + agujas","Retape troncocónicos + agujas","Retape troncocónicos + agujas","Retape troncocónicos + agujas","Retape troncocónicos + agujas","Retape troncocónicos + agujas","Retape troncocónicos + agujas","Retape troncocónicos + agujas","Retape troncocónicos + agujas","Retape troncocónicos + agujas","Retape troncocónicos + agujas","Retape troncocónicos + agujas","Retape troncocónicos + agujas","Retape troncocónicos + agujas","Retape troncocónicos + agujas","Retape troncocónicos + agujas","Retape troncocónicos + agujas","Retape troncocónicos + agujas","Retape troncocónicos + agujas","Retape troncocónicos + agujas","Retape troncocónicos + agujas","Retape troncocónicos + agujas","Retape troncocónicos + agujas","Retape troncocónicos + agujas","Retape troncocónicos + agujas","Retape troncocónicos + agujas","Retape troncocónicos + agujas","Retape troncocónicos + agujas","Retape troncocónicos + agujas","Retape troncocónicos + agujas","Retape troncocónicos + agujas","Retape troncocónicos + agujas","Retape troncocónicos + agujas","Retape troncocónicos + agujas","Retape troncocónicos + agujas","Retape troncocónicos + agujas","Retape troncocónicos + agujas","Retape troncocónicos + agujas","Retape troncocónicos + agujas","Retape troncocónicos + agujas","Retape troncocónicos + agujas","Retape troncocónicos + agujas","Retape troncocónicos + agujas","Retape troncocónicos + agujas","Retape troncocónicos + agujas","Retape troncocónicos + agujas","Retape troncocónicos + agujas","Retape troncocónicos + agujas","Retape troncocónicos + agujas","Retape troncocónicos + agujas","Retape troncocónicos + agujas","Retape troncocónicos + agujas","Retape troncocónicos + agujas","Retape troncocónicos + agujas","Retape troncocónicos + agujas","Retape troncocónicos + agujas","Retape troncocónicos + agujas","Retape troncocónicos + agujas","Retape troncocónicos + agujas","Retape troncocónicos + agujas","Retape troncocónicos + agujas","Retape troncocónicos + agujas","Retape troncocónicos + agujas","Retape troncocónicos + agujas","Retape troncocónicos + agujas","Retape troncocónicos + agujas","Retape troncocónicos + agujas","Retape troncocónicos + agujas","Retape troncocónicos + agujas","Retape troncocónicos + agujas","Retape troncocónicos + agujas","Retape troncocónicos + agujas","Retape troncocónicos + agujas","Retape troncocónicos + agujas","Retape troncocónicos + agujas","Retape troncocónicos + agujas","Retape troncocónicos + agujas","Retape troncocónicos + agujas","Retape troncocónicos + agujas","Retape troncocónicos + agujas","Retape troncocónicos + agujas","Retape troncocónicos + agujas","Retape troncocónicos + agujas","Retape troncocónicos + agujas","Retape troncocónicos + agujas","Retape troncocónicos + agujas","Retape troncocónicos + agujas","Retape troncocónicos + agujas","Retape troncocónicos + agujas","Retape troncocónicos + agujas","Retape troncocónicos + agujas","Retape troncocónicos + agujas","Retape troncocónicos + agujas","Retape troncocónicos + agujas","Retape troncocónicos + agujas","Retape troncocónicos + agujas","Retape troncocónicos + agujas","Retape troncocónicos + agujas","Retape troncocónicos + agujas","Retape troncocónicos + agujas","Retape troncocónicos + agujas","Retape troncocónicos + agujas","Retape troncocónicos + agujas","Retape troncocónicos + agujas","Retape troncocónicos + agujas","Retape troncocónicos + agujas","Retape troncocónicos + agujas","Retape troncocónicos + agujas","Retape troncocónicos + agujas","Retape troncocónicos + agujas","Retape troncocónicos + agujas","Retape troncocónicos + agujas","Retape troncocónicos + agujas","Retape troncocónicos + agujas","Retape troncocónicos + agujas","Retape troncocónicos + agujas","Retape troncocónicos + agujas","Retape troncocónicos + agujas","Retape troncocónicos + agujas","Retape troncocónicos + agujas","Retape troncocónicos + agujas","Retape troncocónicos + agujas","Retape troncocónicos + agujas","Retape troncocónicos + agujas","Retape troncocónicos + agujas","Retape troncocónicos + agujas","Retape troncocónicos + agujas","Retape troncocónicos + agujas","Retape troncocónicos + agujas","Retape troncocónicos + agujas","Retape troncocónicos + agujas","Retape troncocónicos + agujas","Retape troncocónicos + agujas","Retape troncocónicos + agujas","Retape troncocónicos + agujas","Retape troncocónicos + agujas","Retape troncocónicos + agujas","Retape troncocónicos + agujas","Retape troncocónicos + agujas","Retape troncocónicos + agujas","Retape troncocónicos + agujas","Retape troncocónicos + agujas","Retape troncocónicos + agujas","Retape troncocónicos + agujas","Retape troncocónicos + agujas","Retape troncocónicos + agujas","Retape troncocónicos + agujas","Retape troncocónicos + agujas","Retape troncocónicos + agujas","Retape troncocónicos + agujas","Retape troncocónicos + agujas","Retape troncocónicos + agujas","Retape troncocónicos + agujas","Retape troncocónicos + agujas","Retape troncocónicos + agujas","Retape troncocónicos + agujas","Retape troncocónicos + agujas","Retape troncocónicos + agujas","Retape troncocónicos + agujas","Retape troncocónicos + agujas","Retape troncocónicos + agujas","Retape troncocónicos + agujas","Retape troncocónicos + agujas","Retape troncocónicos + agujas","Retape troncocónicos + agujas","Retape troncocónicos + agujas","Retape troncocónicos + agujas","Retape troncocónicos + agujas","Retape troncocónicos + agujas","Retape troncocónicos + agujas","Retape troncocónicos + agujas","Retape troncocónicos + agujas","Retape troncocónicos + agujas","Retape troncocónicos + agujas","Retape troncocónicos + agujas","Retape troncocónicos + agujas","Retape troncocónicos + agujas","Retape troncocónicos + agujas","Retape troncocónicos + agujas","Retape troncocónicos + agujas","Retape troncocónicos + agujas","Retape troncocónicos + agujas","Retape troncocónicos + agujas","Retape troncocónicos + agujas","Retape troncocónicos + agujas","Retape troncocónicos + agujas","Retape troncocónicos + agujas","Retape troncocónicos + agujas","Retape troncocónicos + agujas","Retape troncocónicos + agujas","Retape troncocónicos + agujas","Retape troncocónicos + agujas","Retape troncocónicos + agujas","Retape troncocónicos + agujas","Retape troncocónicos + agujas","Retape troncocónicos + agujas","Retape troncocónicos + agujas","Retape troncocónicos + agujas","Retape troncocónicos + agujas","Retape troncocónicos + agujas","Retape troncocónicos + agujas","Retape troncocónicos + agujas","Retape troncocónicos + agujas","Retape troncocónicos + agujas","Retape troncocónicos + agujas","Retape troncocónicos + agujas","Retape troncocónicos + agujas","Retape troncocónicos + agujas","Retape troncocónicos + agujas","Retape troncocónicos + agujas","Retape troncocónicos + agujas","Retape troncocónicos + agujas","Retape troncocónicos + agujas","Retape troncocónicos + agujas","Retape troncocónicos + agujas","Retape troncocónicos + agujas","Retape troncocónicos + agujas","Retape troncocónicos + agujas","Retape troncocónicos + agujas","Retape troncocónicos + agujas","Retape troncocónicos + agujas","Retape troncocónicos + agujas","Retape troncocónicos + agujas","Retape troncocónicos + agujas","Retape troncocónicos + agujas","Retape troncocónicos + agujas","Retape troncocónicos + agujas","Retape troncocónicos + agujas","Retape troncocónicos + agujas","Retape troncocónicos + agujas","Retape troncocónicos + agujas","Retape troncocónicos + agujas","Retape troncocónicos + agujas","Retape troncocónicos + agujas","Retape troncocónicos + agujas","Retape troncocónicos + agujas","Retape troncocónicos + agujas","Retape troncocónicos + agujas","Retape troncocónicos + agujas","Retape troncocónicos + agujas","Retape troncocónicos + agujas","Retape troncocónicos + agujas","Retape troncocónicos + agujas","Retape troncocónicos + agujas","Retape troncocónicos + agujas","Retape troncocónicos + agujas","Retape troncocónicos + agujas","Retape troncocónicos + agujas","Retape troncocónicos + agujas","Retape troncocónicos + agujas","Retape troncocónicos + agujas","Retape troncocónicos + agujas","Retape troncocónicos + agujas","Retape troncocónicos + agujas","Retape troncocónicos + agujas","Retape troncocónicos + agujas","Retape troncocónicos + agujas","Retape troncocónicos + agujas","Retape troncocónicos + agujas","Retape troncocónicos + agujas","Retape troncocónicos + agujas","Retape troncocónicos + agujas","Retape troncocónicos + agujas","Retape troncocónicos + agujas","Retape troncocónicos + agujas","Retape troncocónicos + agujas","Retape troncocónicos + agujas","Retape troncocónicos + agujas","Retape troncocónicos + agujas","Retape troncocónicos + agujas","Retape troncocónicos + agujas","Retape troncocónicos + agujas","Retape troncocónicos + agujas","Retape troncocónicos + agujas","Retape troncocónicos + agujas","Retape troncocónicos + agujas","Retape troncocónicos + agujas","Retape troncocónicos + agujas","Retape troncocónicos + agujas","Retape troncocónicos + agujas","Retape troncocónicos + agujas","Retape troncocónicos + agujas","Retape troncocónicos + agujas","Retape troncocónicos + agujas","Retape troncocónicos + agujas","Retape troncocónicos + agujas","Retape troncocónicos + agujas","Retape troncocónicos + agujas","Retape troncocónicos + agujas","Retape troncocónicos + agujas","Retape troncocónicos + agujas","Retape troncocónicos + agujas","Retape troncocónicos + agujas","Retape troncocónicos + agujas","Retape troncocónicos + agujas","Retape troncocónicos + agujas","Retape troncocónicos + agujas","Retape troncocónicos + agujas","Retape troncocónicos + agujas","Retape troncocónicos + agujas","Retape troncocónicos + agujas","Retape troncocónicos + agujas","Retape troncocónicos + agujas","Retape troncocónicos + agujas","Retape troncocónicos + agujas","Retape troncocónicos + agujas","Retape troncocónicos + agujas","Retape troncocónicos + agujas","Retape troncocónicos + agujas","Retape troncocónicos + agujas","Retape troncocónicos + agujas","Retape troncocónicos + agujas","Retape troncocónicos + agujas","Retape troncocónicos + agujas","Retape troncocónicos + agujas","Retape troncocónicos + agujas","Retape troncocónicos + agujas","Retape troncocónicos + agujas","Retape troncocónicos + agujas","Retape troncocónicos + agujas","Retape troncocónicos + agujas","Retape troncocónicos + agujas","Retape troncocónicos + agujas","Retape troncocónicos + agujas","Retape troncocónicos + agujas","Retape troncocónicos + agujas","Retape troncocónicos + agujas","Retape troncocónicos + agujas","Retape troncocónicos + agujas","Retape troncocónicos + agujas","Retape troncocónicos + agujas","Retape troncocónicos + agujas","Retape troncocónicos + agujas","Retape troncocónicos + agujas","Retape troncocónicos + agujas","Retape troncocónicos + agujas","Retape troncocónicos + agujas","Retape troncocónicos + agujas","Retape troncocónicos + agujas","Retape troncocónicos + agujas","Retape troncocónicos + agujas","Retape troncocónicos + agujas","Retape troncocónicos + agujas","Retape troncocónicos + agujas","Retape troncocónicos + agujas","Retape troncocónicos + agujas","Retape troncocónicos + agujas","Retape troncocónicos + agujas","Retape troncocónicos + agujas","Retape troncocónicos + agujas","Retape troncocónicos + agujas","Retape troncocónicos + agujas","Retape troncocónicos + agujas","Retape troncocónicos + agujas","Retape troncocónicos + agujas","Retape troncocónicos + agujas","Retape troncocónicos + agujas","Retape troncocónicos + agujas","Retape troncocónicos + agujas","Retape troncocónicos + agujas","Retape troncocónicos + agujas","Retape troncocónicos + agujas","Retape troncocónicos + agujas","Retape troncocónicos + agujas","Retape troncocónicos + agujas","Retape troncocónicos + agujas","Retape troncocónicos + agujas","Retape troncocónicos + agujas","Retape troncocónicos + agujas","Retape troncocónicos + agujas","Retape troncocónicos + agujas","Retape troncocónicos + agujas","Retape troncocónicos + agujas","Retape troncocónicos + agujas","Retape troncocónicos + agujas","Retape troncocónicos + agujas","Retape troncocónicos + agujas","Retape troncocónicos + agujas","Retape troncocónicos + agujas","Retape troncocónicos + agujas","Retape troncocónicos + agujas","Retape troncocónicos + agujas","Retape troncocónicos + agujas","Retape troncocónicos + agujas","Retape troncocónicos + agujas","Retape troncocónicos + agujas","Retape troncocónicos + agujas","Retape troncocónicos + agujas","Retape troncocónicos + agujas","Retape troncocónicos + agujas","Retape troncocónicos + agujas","Retape troncocónicos + agujas","Retape troncocónicos + agujas","Retape troncocónicos + agujas","Retape troncocónicos + agujas","Retape troncocónicos + agujas","Retape troncocónicos + agujas","Retape troncocónicos + agujas","Retape troncocónicos + agujas","Retape troncocónicos + agujas","Retape troncocónicos + agujas","Retape troncocónicos + agujas","Retape troncocónicos + agujas","Retape troncocónicos + agujas","Retape troncocónicos + agujas","Retape troncocónicos + agujas","Retape troncocónicos + agujas","Retape troncocónicos + agujas","Retape troncocónicos + agujas","Retape troncocónicos + agujas","Retape troncocónicos + agujas","Retape troncocónicos + agujas","Retape troncocónicos + agujas","Retape troncocónicos + agujas","Retape troncocónicos + agujas","Retape troncocónicos + agujas","Retape troncocónicos + agujas","Retape troncocónicos + agujas","Retape troncocónicos + agujas","Retape troncocónicos + agujas","Retape troncocónicos + agujas","Retape troncocónicos + agujas","Retape troncocónicos + agujas","Retape troncocónicos + agujas","Retape troncocónicos + agujas","Retape troncocónicos + agujas","Retape troncocónicos + agujas","Retape troncocónicos + agujas","Retape troncocónicos + agujas","Retape troncocónicos + agujas","Retape troncocónicos + agujas","Retape troncocónicos + agujas","Retape troncocónicos + agujas","Retape troncocónicos + agujas","Retape troncocónicos + agujas","Retape troncocónicos + agujas","Retape troncocónicos + agujas","Retape troncocónicos + agujas","Retape troncocónicos + agujas","Retape troncocónicos + agujas","Retape troncocónicos + agujas","Retape troncocónicos + agujas","Retape troncocónicos + agujas","Retape troncocónicos + agujas","Retape troncocónicos + agujas","Retape troncocónicos + agujas","Retape troncocónicos + agujas","Retape troncocónicos + agujas","Retape troncocónicos + agujas","Retape troncocónicos + agujas","Retape troncocónicos + agujas","Retape troncocónicos + agujas","Retape troncocónicos + agujas","Retape troncocónicos + agujas","Retape troncocónicos + agujas","Retape troncocónicos + agujas","Retape troncocónicos + agujas","Retape troncocónicos + agujas","Retape troncocónicos + agujas","Retape troncocónicos + agujas","Retape troncocónicos + agujas","Retape troncocónicos + agujas","Retape troncocónicos + agujas","Retape troncocónicos + agujas","Retape troncocónicos + agujas","Retape troncocónicos + agujas","Retape troncocónicos + agujas","Retape troncocónicos + agujas","Retape troncocónicos + agujas","Retape troncocónicos + agujas","Retape troncocónicos + agujas","Retape troncocónicos + agujas","Retape troncocónicos + agujas","Retape troncocónicos + agujas","Retape troncocónicos + agujas","Retape troncocónicos + agujas","Retape troncocónicos + agujas","Retape troncocónicos + agujas","Retape troncocónicos + agujas","Retape troncocónicos + agujas","Retape troncocónicos + agujas","Retape troncocónicos + agujas","Retape troncocónicos + agujas","Retape troncocónicos + agujas","Retape troncocónicos + agujas","Retape troncocónicos + agujas","Retape troncocónicos + agujas","Retape troncocónicos + agujas","Retape troncocónicos + agujas","Retape troncocónicos + agujas","Retape troncocónicos + agujas","Retape troncocónicos + agujas","Retape troncocónicos + agujas","Retape troncocónicos + agujas","Retape troncocónicos + agujas","Retape troncocónicos + agujas","Retape troncocónicos + agujas","Retape troncocónicos + agujas","Retape troncocónicos + agujas","Retape troncocónicos + agujas","Retape troncocónicos + agujas","Retape troncocónicos + agujas","Retape troncocónicos + agujas","Retape troncocónicos + agujas","Retape troncocónicos + agujas","Retape troncocónicos + agujas","Retape troncocónicos + agujas","Retape troncocónicos + agujas","Retape troncocónicos + agujas","Retape troncocónicos + agujas","Retape troncocónicos + agujas","Retape troncocónicos + agujas","Retape troncocónicos + agujas","Retape troncocónicos + agujas","Retape troncocónicos + agujas","Retape troncocónicos + agujas","Retape troncocónicos + agujas","Retape troncocónicos + agujas","Retape troncocónicos + agujas","Retape troncocónicos + agujas","Retape troncocónicos + agujas","Retape troncocónicos + agujas","Retape troncocónicos + agujas","Retape troncocónicos + agujas","Retape troncocónicos + agujas","Retape troncocónicos + agujas","Retape troncocónicos + agujas","Retape troncocónicos + agujas","Retape troncocónicos + agujas","Retape troncocónicos + agujas","Retape troncocónicos + agujas","Retape troncocónicos + agujas","Retape troncocónicos + agujas","Retape troncocónicos + agujas","Retape troncocónicos + agujas","Retape troncocónicos + agujas","Retape troncocónicos + agujas","Retape troncocónicos + agujas","Retape troncocónicos + agujas","Retape troncocónicos + agujas","Retape troncocónicos + agujas","Retape troncocónicos + agujas","Retape troncocónicos + agujas","Retape troncocónicos + agujas","Retape troncocónicos + agujas","Retape troncocónicos + agujas","Retape troncocónicos + agujas","Retape troncocónicos + agujas","Retape troncocónicos + agujas","Retape troncocónicos + agujas","Retape troncocónicos + agujas","Retape troncocónicos + agujas","Retape troncocónicos + agujas","Retape troncocónicos + agujas","Retape troncocónicos + agujas","Retape troncocónicos + agujas","Retape troncocónicos + agujas","Retape troncocónicos + agujas","Retape troncocónicos + agujas","Retape troncocónicos + agujas","Retape troncocónicos + agujas","Retape troncocónicos + agujas","Retape troncocónicos + agujas","Retape troncocónicos + agujas","Retape troncocónicos + agujas","Retape troncocónicos + agujas","Retape troncocónicos + agujas","Retape troncocónicos + agujas","Retape troncocónicos + agujas","Retape troncocónicos + agujas","Retape troncocónicos + agujas","Retape troncocónicos + agujas","Retape troncocónicos + agujas","Retape troncocónicos + agujas","Retape troncocónicos + agujas","Retape troncocónicos + agujas","Retape troncocónicos + agujas","Retape troncocónicos + agujas","Retape troncocónicos + agujas","Retape troncocónicos + agujas","Retape troncocónicos + agujas","Retape troncocónicos + agujas","Retape troncocónicos + agujas","Retape troncocónicos + agujas","Retape troncocónicos + agujas","Retape troncocónicos + agujas","Retape troncocónicos + agujas","Retape troncocónicos + agujas","Retape troncocónicos + agujas","Retape troncocónicos + agujas","Retape troncocónicos + agujas","Retape troncocónicos + agujas","Retape troncocónicos + agujas","Retape troncocónicos + agujas","Retape troncocónicos + agujas","Retape troncocónicos + agujas","Retape troncocónicos + agujas","Retape troncocónicos + agujas","Retape troncocónicos + agujas","Retape troncocónicos + agujas","Retape troncocónicos + agujas","Retape troncocónicos + agujas","Retape troncocónicos + agujas","Retape troncocónicos + agujas","Retape troncocónicos + agujas","Retape troncocónicos + agujas","Retape troncocónicos + agujas","Retape troncocónicos + agujas","Retape troncocónicos + agujas","Retape troncocónicos + agujas","Retape troncocónicos + agujas","Retape troncocónicos + agujas","Retape troncocónicos + agujas","Retape troncocónicos + agujas","Retape troncocónicos + agujas","Retape troncocónicos + agujas","Retape troncocónicos + agujas","Retape troncocónicos + agujas","Retape troncocónicos + agujas","Retape troncocónicos + agujas","Retape troncocónicos + agujas","Retape troncocónicos + agujas","Retape troncocónicos + agujas","Retape troncocónicos + agujas","Retape troncocónicos + agujas","Retape troncocónicos + agujas","Retape troncocónicos + agujas","Retape troncocónicos + agujas","Retape troncocónicos + agujas","Retape troncocónicos + agujas","Retape troncocónicos + agujas","Retape troncocónicos + agujas","Retape troncocónicos + agujas","Retape troncocónicos + agujas","Retape troncocónicos + agujas","Retape troncocónicos + agujas","Retape troncocónicos + agujas","Retape troncocónicos + agujas","Retape troncocónicos + agujas","Retape troncocónicos + agujas","Retape troncocónicos + agujas","Retape troncocónicos + agujas","Retape troncocónicos + agujas","Retape troncocónicos + agujas","Retape troncocónicos + agujas","Retape troncocónicos + agujas","Retape troncocónicos + agujas","Retape troncocónicos + agujas","Retape troncocónicos + agujas","Retape troncocónicos + agujas","Retape troncocónicos + agujas","Retape troncocónicos + agujas","Retape troncocónicos + agujas","Retape troncocónicos + agujas","Retape troncocónicos + agujas","Retape troncocónicos + agujas","Retape troncocónicos + agujas","Retape troncocónicos + agujas","Retape troncocónicos + agujas","Retape troncocónicos + agujas","Retape troncocónicos + agujas","Retape troncocónicos + agujas","Retape troncocónicos + agujas","Retape troncocónicos + agujas","Retape troncocónicos + agujas","Retape troncocónicos + agujas","Retape troncocónicos + agujas","Retape troncocónicos + agujas","Retape troncocónicos + agujas","Retape troncocónicos + agujas","Retape troncocónicos + agujas","Retape troncocónicos + agujas","Retape troncocónicos + agujas","Retape troncocónicos + agujas","Retape troncocónicos + agujas","Retape troncocónicos + agujas","Retape troncocónicos + agujas","Retape troncocónicos + agujas","Retape troncocónicos + agujas","Retape troncocónicos + agujas","Retape troncocónicos + agujas","Retape troncocónicos + agujas","Retape troncocónicos + agujas","Retape troncocónicos + agujas","Retape troncocónicos + agujas","Retape troncocónicos + agujas","Retape troncocónicos + agujas","Retape troncocónicos + agujas","Retape troncocónicos + agujas","Retape troncocónicos + agujas","Retape troncocónicos + agujas","Retape troncocónicos + agujas","Retape troncocónicos + agujas","Retape troncocónicos + agujas","Retape troncocónicos + agujas","Retape troncocónicos + agujas","Retape troncocónicos + agujas","Retape troncocónicos + agujas","Retape troncocónicos + agujas","Retape troncocónicos + agujas","Retape troncocónicos + agujas","Retape troncocónicos + agujas","Retape troncocónicos + agujas","Retape troncocónicos + agujas","Retape troncocónicos + agujas","Retape troncocónicos + agujas","Retape troncocónicos + agujas","Retape troncocónicos + agujas","Retape troncocónicos + agujas","Retape troncocónicos + agujas","Retape troncocónicos + agujas","Retape troncocónicos + agujas","Retape troncocónicos + agujas","Retape troncocónicos + agujas","Retape troncocónicos + agujas","Retape troncocónicos + agujas","Retape troncocónicos + agujas","Retape troncocónicos + agujas","Retape troncocónicos + agujas","Retape troncocónicos + agujas","Retape troncocónicos + agujas","Retape troncocónicos + agujas","Retape troncocónicos + agujas","Retape troncocónicos + agujas","Retape troncocónicos + agujas","Retape troncocónicos + agujas","Retape troncocónicos + agujas","Retape troncocónicos + agujas","Retape troncocónicos + agujas","Retape troncocónicos + agujas","Retape troncocónicos + agujas","Retape troncocónicos + agujas","Retape troncocónicos + agujas","Retape troncocónicos + agujas","Retape troncocónicos + agujas","Retape troncocónicos + agujas","Retape troncocónicos + agujas","Retape troncocónicos + agujas","Retape troncocónicos + agujas","Retape troncocónicos + agujas","Retape troncocónicos + agujas","Retape troncocónicos + agujas","Retape troncocónicos + agujas","Retape troncocónicos + agujas","Retape troncocónicos + agujas","Retape troncocónicos + agujas","Retape troncocónicos + agujas","Retape troncocónicos + agujas","Retape troncocónicos + agujas","Retape troncocónicos + agujas","Retape troncocónicos + agujas","Retape troncocónicos + agujas","Retape troncocónicos + agujas","Retape troncocónicos + agujas","Retape troncocónicos + agujas","Retape troncocónicos + agujas","Retape troncocónicos + agujas","Retape troncocónicos + agujas","Retape troncocónicos + agujas","Retape troncocónicos + agujas","Retape troncocónicos + agujas","Retape troncocónicos + agujas","Retape troncocónicos + agujas","Retape troncocónicos + agujas","Retape troncocónicos + agujas","Retape troncocónicos + agujas","Retape troncocónicos + agujas","Retape troncocónicos + agujas","Retape troncocónicos + agujas","Retape troncocónicos + agujas","Retape troncocónicos + agujas","Retape troncocónicos + agujas","Retape troncocónicos + agujas","Retape troncocónicos + agujas","Retape troncocónicos + agujas","Retape troncocónicos + agujas","Retape troncocónicos + agujas","Retape troncocónicos + agujas","Retape troncocónicos + agujas","Retape troncocónicos + agujas","Retape troncocónicos + agujas","Retape troncocónicos + agujas","Retape troncocónicos + agujas","Retape troncocónicos + agujas","Retape troncocónicos + agujas","Retape troncocónicos + agujas","Retape troncocónicos + agujas","Retape troncocónicos + agujas","Retape troncocónicos + agujas","Retape troncocónicos + agujas","Retape troncocónicos + agujas","Retape troncocónicos + agujas","Retape troncocónicos + agujas","Retape troncocónicos + agujas","Retape troncocónicos + agujas","Retape troncocónicos + agujas","Retape troncocónicos + agujas","Retape troncocónicos + agujas","Retape troncocónicos + agujas","Retape troncocónicos + agujas","Retape troncocónicos + agujas","Retape troncocónicos + agujas","Retape troncocónicos + agujas","Retape troncocónicos + agujas","Retape troncocónicos + agujas","Retape troncocónicos + agujas","Retape troncocónicos + agujas","Retape troncocónicos + agujas","Retape troncocónicos + agujas","Retape troncocónicos + agujas","Retape troncocónicos + agujas","Retape troncocónicos + agujas","Retape troncocónicos + agujas","Retape troncocónicos + agujas","Retape troncocónicos + agujas","Retape troncocónicos + agujas","Retape troncocónicos + agujas","Retape troncocónicos + agujas","Retape troncocónicos + agujas","Retape troncocónicos + agujas","Retape troncocónicos + agujas","Retape troncocónicos + agujas","Retape troncocónicos + agujas","Retape troncocónicos + agujas","Retape troncocónicos + agujas","Retape troncocónicos + agujas","Retape troncocónicos + agujas","Retape troncocónicos + agujas","Retape troncocónicos + agujas","Retape troncocónicos + agujas","Retape troncocónicos + agujas","Retape troncocónicos + agujas","Retape troncocónicos + agujas","Retape troncocónicos + agujas","Retape troncocónicos + agujas","Retape troncocónicos + agujas","Retape troncocónicos + agujas","Retape troncocónicos + agujas","Retape troncocónicos + agujas","Retape troncocónicos + agujas","Retape troncocónicos + agujas","Retape troncocónicos + agujas","Retape troncocónicos + agujas","Retape troncocónicos + agujas","Retape troncocónicos + agujas","Retape troncocónicos + agujas","Retape troncocónicos + agujas","Retape troncocónicos + agujas","Retape troncocónicos + agujas","Retape troncocónicos + agujas","Retape troncocónicos + agujas","Retape troncocónicos + agujas","Retape troncocónicos + agujas","Retape troncocónicos + agujas","Retape troncocónicos + agujas","Retape troncocónicos + agujas","Retape troncocónicos + agujas","Retape troncocónicos + agujas","Retape troncocónicos + agujas","Retape troncocónicos + agujas","Retape troncocónicos + agujas","Retape troncocónicos + agujas","Retape troncocónicos + agujas","Retape troncocónicos + agujas","Retape troncocónicos + agujas","Retape troncocónicos + agujas","Retape troncocónicos + agujas","Retape troncocónicos + agujas","Retape troncocónicos + agujas","Retape troncocónicos + agujas","Retape troncocónicos + agujas","Retape troncocónicos + agujas","Retape troncocónicos + agujas","Retape troncocónicos + agujas","Retape troncocónicos + agujas","Retape troncocónicos + agujas","Retape troncocónicos + agujas","Retape troncocónicos + agujas","Retape troncocónicos + agujas","Retape troncocónicos + agujas","Retape troncocónicos + agujas","Retape troncocónicos + agujas","Retape troncocónicos + agujas","Retape troncocónicos + agujas","Retape troncocónicos + agujas","Retape troncocónicos + agujas","Retape troncocónicos + agujas","Retape troncocónicos + agujas","Retape troncocónicos + agujas","Retape troncocónicos + agujas","Retape troncocónicos + agujas","Retape troncocónicos + agujas","Retape troncocónicos + agujas","Retape troncocónicos + agujas","Retape troncocónicos + agujas","Retape troncocónicos + agujas","Retape troncocónicos + agujas","Retape troncocónicos + agujas","Retape troncocónicos + agujas","Retape troncocónicos + agujas","Retape troncocónicos + agujas","Retape troncocónicos + agujas","Retape troncocónicos + agujas","Retape troncocónicos + agujas","Retape troncocónicos + agujas","Retape troncocónicos + agujas","Retape troncocónicos + agujas","Retape troncocónicos + agujas","Retape troncocónicos + agujas","Retape troncocónicos + agujas","Retape troncocónicos + agujas","Retape troncocónicos + agujas","Retape troncocónicos + agujas","Retape troncocónicos + agujas","Retape troncocónicos + agujas","Retape troncocónicos + agujas","Retape troncocónicos + agujas","Retape troncocónicos + agujas","Retape troncocónicos + agujas","Retape troncocónicos + agujas","Retape troncocónicos + agujas","Retape troncocónicos + agujas","Retape troncocónicos + agujas","Retape troncocónicos + agujas","Retape troncocónicos + agujas","Retape troncocónicos + agujas","Retape troncocónicos + agujas","Retape troncocónicos + agujas","Retape troncocónicos + agujas","Retape troncocónicos + agujas","Retape troncocónicos + agujas","Retape troncocónicos + agujas","Retape troncocónicos + agujas","Retape troncocónicos + agujas","Retape troncocónicos + agujas","Retape troncocónicos + agujas","Retape troncocónicos + agujas","Retape troncocónicos + agujas","Retape troncocónicos + agujas","Retape troncocónicos + agujas","Retape troncocónicos + agujas","Retape troncocónicos + agujas","Retape troncocónicos + agujas","Retape troncocónicos + agujas","Retape troncocónicos + agujas","Retape troncocónicos + agujas","Retape troncocónicos + agujas","Retape troncocónicos + agujas","Retape troncocónicos + agujas","Retape troncocónicos + agujas","Retape troncocónicos + agujas","Retape troncocónicos + agujas","Retape troncocónicos + agujas","Retape troncocónicos + agujas","Retape troncocónicos + agujas","Retape troncocónicos + agujas","Retape troncocónicos + agujas","Retape troncocónicos + agujas","Retape troncocónicos + agujas","Retape troncocónicos + agujas","Retape troncocónicos + agujas","Retape troncocónicos + agujas","Retape troncocónicos + agujas","Retape troncocónicos + agujas","Retape troncocónicos + agujas","Retape troncocónicos + agujas","Retape troncocónicos + agujas","Retape troncocónicos + agujas","Retape troncocónicos + agujas","Retape troncocónicos + agujas","Retape troncocónicos + agujas","Retape troncocónicos + agujas","Retape troncocónicos + agujas","Retape troncocónicos + agujas","Retape troncocónicos + agujas","Retape troncocónicos + agujas","Retape troncocónicos + agujas","Retape troncocónicos + agujas","Retape troncocónicos + agujas","Retape troncocónicos + agujas","Retape troncocónicos + agujas","Retape troncocónicos + agujas","Retape troncocónicos + agujas","Retape troncocónicos + agujas","Retape troncocónicos + agujas","Retape troncocónicos + agujas","Retape troncocónicos + agujas","Retape troncocónicos + agujas","Retape troncocónicos + agujas","Retape troncocónicos + agujas","Retape troncocónicos + agujas","Retape troncocónicos + agujas","Retape troncocónicos + agujas","Retape troncocónicos + agujas","Retape troncocónicos + agujas","Retape troncocónicos + agujas","Retape troncocónicos + agujas","Retape troncocónicos + agujas","Retape troncocónicos + agujas","Retape troncocónicos + agujas","Retape troncocónicos + agujas","Retape troncocónicos + agujas","Retape troncocónicos + agujas","Retape troncocónicos + agujas","Retape troncocónicos + agujas","Retape troncocónicos + agujas","Retape troncocónicos + agujas","Retape troncocónicos + agujas","Retape troncocónicos + agujas","Retape troncocónicos + agujas","Retape troncocónicos + agujas","Retape troncocónicos + agujas","Retape troncocónicos + agujas","Retape troncocónicos + agujas","Retape troncocónicos + agujas","Retape troncocónicos + agujas","Retape troncocónicos + agujas","Retape troncocónicos + agujas","Retape troncocónicos + agujas","Retape troncocónicos + agujas","Retape troncocónicos + agujas","Retape troncocónicos + agujas","Retape troncocónicos + agujas","Retape troncocónicos + agujas","Retape troncocónicos + agujas","Retape troncocónicos + agujas","Retape troncocónicos + agujas","Retape troncocónicos + agujas","Retape troncocónicos + agujas","Retape troncocónicos + agujas","Retape troncocónicos + agujas","Retape troncocónicos + agujas","Retape troncocónicos + agujas","Retape troncocónicos + agujas","Retape troncocónicos + agujas","Retape troncocónicos + agujas","Retape troncocónicos + agujas","Retape troncocónicos + agujas","Retape troncocónicos + agujas","Retape troncocónicos + agujas","Retape troncocónicos + agujas","Retape troncocónicos + agujas","Retape troncocónicos + agujas","Retape troncocónicos + agujas","Retape troncocónicos + agujas","Retape troncocónicos + agujas","Retape troncocónicos + agujas","Retape troncocónicos + agujas","Retape troncocónicos + agujas","Retape troncocónicos + agujas","Retape troncocónicos + agujas","Retape troncocónicos + agujas","Retape troncocónicos + agujas","Retape troncocónicos + agujas","Retape troncocónicos + agujas","Retape troncocónicos + agujas","Retape troncocónicos + agujas","Retape troncocónicos + agujas","Retape troncocónicos + agujas","Retape troncocónicos + agujas","Retape troncocónicos + agujas","Retape troncocónicos + agujas","Retape troncocónicos + agujas","Retape troncocónicos + agujas","Retape troncocónicos + agujas","Retape troncocónicos + agujas","Retape troncocónicos + agujas","Retape troncocónicos + agujas","Retape troncocónicos + agujas","Retape troncocónicos + agujas","Retape troncocónicos + agujas","Retape troncocónicos + agujas","Retape troncocónicos + agujas","Retape troncocónicos + agujas","Retape troncocónicos + agujas","Retape troncocónicos + agujas","Retape troncocónicos + agujas","Retape troncocónicos + agujas","Retape troncocónicos + agujas","Retape troncocónicos + agujas","Retape troncocónicos + agujas","Retape troncocónicos + agujas","Retape troncocónicos + agujas","Retape troncocónicos + agujas","Retape troncocónicos + agujas","Retape troncocónicos + agujas","Retape troncocónicos + agujas","Retape troncocónicos + agujas","Retape troncocónicos + agujas","Retape troncocónicos + agujas","Retape troncocónicos + agujas","Retape troncocónicos + agujas","Retape troncocónicos + agujas","Retape troncocónicos + agujas","Retape troncocónicos + agujas","Retape troncocónicos + agujas","Retape troncocónicos + agujas","Retape troncocónicos + agujas","Retape troncocónicos + agujas","Retape troncocónicos + agujas","Retape troncocónicos + agujas","Retape troncocónicos + agujas","Retape troncocónicos + agujas","Retape troncocónicos + agujas","Retape troncocónicos + agujas","Retape troncocónicos + agujas","Retape troncocónicos + agujas","Retape troncocónicos + agujas","Retape troncocónicos + agujas","Retape troncocónicos + agujas","Retape troncocónicos + agujas","Retape troncocónicos + agujas","Retape troncocónicos + agujas","Retape troncocónicos + agujas","Retape troncocónicos + agujas","Retape troncocónicos + agujas","Retape troncocónicos + agujas","Retape troncocónicos + agujas","Retape troncocónicos + agujas","Retape troncocónicos + agujas","Retape troncocónicos + agujas","Retape troncocónicos + agujas","Retape troncocónicos + agujas","Retape troncocónicos + agujas","Retape troncocónicos + agujas","Retape troncocónicos + agujas","Retape troncocónicos + agujas","Retape troncocónicos + agujas","Retape troncocónicos + agujas","Retape troncocónicos + agujas","Retape troncocónicos + agujas","Retape troncocónicos + agujas","Retape troncocónicos + agujas","Retape troncocónicos + agujas","Retape troncocónicos + agujas","Retape troncocónicos + agujas","Retape troncocónicos + agujas","Retape troncocónicos + agujas","Retape troncocónicos + agujas","Retape troncocónicos + agujas","Retape troncocónicos + agujas","Retape troncocónicos + agujas","Retape troncocónicos + agujas","Retape troncocónicos + agujas","Retape troncocónicos + agujas","Retape troncocónicos + agujas","Retape troncocónicos + agujas","Retape troncocónicos + agujas","Retape troncocónicos + agujas","Retape troncocónicos + agujas","Retape troncocónicos + agujas","Retape troncocónicos + agujas","Retape troncocónicos + agujas","Retape troncocónicos + agujas","Retape troncocónicos + agujas","Retape troncocónicos + agujas","Retape troncocónicos + agujas","Retape troncocónicos + agujas","Retape troncocónicos + agujas","Retape troncocónicos + agujas","Retape troncocónicos + agujas","Retape troncocónicos + agujas","Retape troncocónicos + agujas","Retape troncocónicos + agujas","Retape troncocónicos + agujas","Retape troncocónicos + agujas","Retape troncocónicos + agujas","Retape troncocónicos + agujas","Retape troncocónicos + agujas","Retape troncocónicos + agujas","Retape troncocónicos + agujas","Retape troncocónicos + agujas","Retape troncocónicos + agujas","Retape troncocónicos + agujas","Retape troncocónicos + agujas","Retape troncocónicos + agujas","Retape troncocónicos + agujas","Retape troncocónicos + agujas","Retape troncocónicos + agujas","Retape troncocónicos + agujas","Retape troncocónicos + agujas","Retape troncocónicos + agujas","Retape troncocónicos + agujas","Retape troncocónicos + agujas","Retape troncocónicos + agujas","Retape troncocónicos + agujas","Retape troncocónicos + agujas","Retape troncocónicos + agujas","Retape troncocónicos + agujas","Retape troncocónicos + agujas","Retape troncocónicos + agujas","Retape troncocónicos + agujas","Retape troncocónicos + agujas","Retape troncocónicos + agujas","Retape troncocónicos + agujas","Retape troncocónicos + agujas","Retape troncocónicos + agujas","Retape troncocónicos + agujas","Retape troncocónicos + agujas","Retape troncocónicos + agujas","Retape troncocónicos + agujas","Retape troncocónicos + agujas","Retape troncocónicos + agujas","Retape troncocónicos + agujas","Retape troncocónicos + agujas","Retape troncocónicos + agujas","Retape troncocónicos + agujas","Retape troncocónicos + agujas","Retape troncocónicos + agujas","Retape troncocónicos + agujas","Retape troncocónicos + agujas","Retape troncocónicos + agujas","Retape troncocónicos + agujas","Retape troncocónicos + agujas","Retape troncocónicos + agujas","Retape troncocónicos + agujas","Retape troncocónicos + agujas","Retape troncocónicos + agujas","Retape troncocónicos + agujas","Retape troncocónicos + agujas","Retape troncocónicos + agujas","Retape troncocónicos + agujas","Retape troncocónicos + agujas","Retape troncocónicos + agujas","Retape troncocónicos + agujas","Retape troncocónicos + agujas","Retape troncocónicos + agujas","Retape troncocónicos + agujas","Retape troncocónicos + agujas","Retape troncocónicos + agujas","Retape troncocónicos + agujas","Retape troncocónicos + agujas","Retape troncocónicos + agujas","Retape troncocónicos + agujas","Retape troncocónicos + agujas","Retape troncocónicos + agujas","Retape troncocónicos + agujas","Retape troncocónicos + agujas","Retape troncocónicos + agujas","Retape troncocónicos + agujas","Retape troncocónicos + agujas","Retape troncocónicos + agujas","Retape troncocónicos + agujas","Retape troncocónicos + agujas","Retape troncocónicos + agujas","Retape troncocónicos + agujas","Retape troncocónicos + agujas","Retape troncocónicos + agujas","Retape troncocónicos + agujas","Retape troncocónicos + agujas","Retape troncocónicos + agujas","Retape troncocónicos + agujas","Retape troncocónicos + agujas","Retape troncocónicos + agujas","Retape troncocónicos + agujas","Retape troncocónicos + agujas","Retape troncocónicos + agujas","Retape troncocónicos + agujas","Retape troncocónicos + agujas","Retape troncocónicos + agujas","Retape troncocónicos + agujas","Retape troncocónicos + agujas","Retape troncocónicos + agujas","Retape troncocónicos + agujas","Retape troncocónicos + agujas","Retape troncocónicos + agujas","Retape troncocónicos + agujas","Retape troncocónicos + agujas","Retape troncocónicos + agujas","Retape troncocónicos + agujas","Retape troncocónicos + agujas","Retape troncocónicos + agujas","Retape troncocónicos + agujas","Retape troncocónicos + agujas","Retape troncocónicos + agujas","Retape troncocónicos + agujas","Retape troncocónicos + agujas","Retape troncocónicos + agujas","Retape troncocónicos + agujas","Retape troncocónicos + agujas","Retape troncocónicos + agujas","Retape troncocónicos + agujas","Retape troncocónicos + agujas","Retape troncocónicos + agujas","Retape troncocónicos + agujas","Retape troncocónicos + agujas","Retape troncocónicos + agujas","Retape troncocónicos + agujas","Retape troncocónicos + agujas","Retape troncocónicos + agujas","Retape troncocónicos + agujas","Retape troncocónicos + agujas","Retape troncocónicos + agujas","Retape troncocónicos + agujas","Retape troncocónicos + agujas","Retape troncocónicos + agujas","Retape troncocónicos + agujas","Retape troncocónicos + agujas","Retape troncocónicos + agujas","Retape troncocónicos + agujas","Retape troncocónicos + agujas","Retape troncocónicos + agujas","Retape troncocónicos + agujas","Retape troncocónicos + agujas","Retape troncocónicos + agujas","Retape troncocónicos + agujas","Retape troncocónicos + agujas","Retape troncocónicos + agujas","Retape troncocónicos + agujas","Retape troncocónicos + agujas","Retape troncocónicos + agujas","Retape troncocónicos + agujas","Retape troncocónicos + agujas","Retape troncocónicos + agujas","Retape troncocónicos + agujas","Retape troncocónicos + agujas","Retape troncocónicos + agujas","Retape troncocónicos + agujas","Retape troncocónicos + agujas","Retape troncocónicos + agujas","Retape troncocónicos + agujas","Retape troncocónicos + agujas","Retape troncocónicos + agujas","Retape troncocónicos + agujas","Retape troncocónicos + agujas","Retape troncocónicos + agujas","Retape troncocónicos + agujas","Retape troncocónicos + agujas","Retape troncocónicos + agujas","Retape troncocónicos + agujas","Retape troncocónicos + agujas","Retape troncocónicos + agujas","Retape troncocónicos + agujas","Retape troncocónicos + agujas","Retape troncocónicos + agujas","Retape troncocónicos + agujas","Retape troncocónicos + agujas","Retape troncocónicos + agujas","Retape troncocónicos + agujas","Retape troncocónicos + agujas","Retape troncocónicos + agujas","Retape troncocónicos + agujas","Retape troncocónicos + agujas","Retape troncocónicos + agujas","Retape troncocónicos + agujas","Retape troncocónicos + agujas","Retape troncocónicos + agujas","Retape troncocónicos + agujas","Retape troncocónicos + agujas","Retape troncocónicos + agujas","Retape troncocónicos + agujas","Retape troncocónicos + agujas","Retape troncocónicos + agujas","Retape troncocónicos + agujas","Retape troncocónicos + agujas","Retape troncocónicos + agujas","Retape troncocónicos + agujas","Retape troncocónicos + agujas","Retape troncocónicos + agujas","Retape troncocónicos + agujas","Retape troncocónicos + agujas","Retape troncocónicos + agujas","Retape troncocónicos + agujas","Retape troncocónicos + agujas","Retape troncocónicos + agujas","Retape troncocónicos + agujas","Retape troncocónicos + agujas","Retape troncocónicos + agujas","Retape troncocónicos + agujas","Retape troncocónicos + agujas","Retape troncocónicos + agujas","Retape troncocónicos + agujas","Retape troncocónicos + agujas","Retape troncocónicos + agujas","Retape troncocónicos + agujas","Retape troncocónicos + agujas","Retape troncocónicos + agujas","Retape troncocónicos + agujas","Retape troncocónicos + agujas","Retape troncocónicos + agujas","Retape troncocónicos + agujas","Retape troncocónicos + agujas","Retape troncocónicos + agujas","Retape troncocónicos + agujas","Retape troncocónicos + agujas","Retape troncocónicos + agujas","Retape troncocónicos + agujas","Retape troncocónicos + agujas","Retape troncocónicos + agujas","Retape troncocónicos + agujas","Retape troncocónicos + agujas","Retape troncocónicos + agujas","Retape troncocónicos + agujas","Retape troncocónicos + agujas","Retape troncocónicos + agujas","Retape troncocónicos + agujas","Retape troncocónicos + agujas","Retape troncocónicos + agujas","Retape troncocónicos + agujas","Retape troncocónicos + agujas","Retape troncocónicos + agujas","Retape troncocónicos + agujas","Retape troncocónicos + agujas","Retape troncocónicos + agujas","Retape troncocónicos + agujas","Retape troncocónicos + agujas","Retape troncocónicos + agujas","Retape troncocónicos + agujas","Retape troncocónicos + agujas","Retape troncocónicos + agujas","Retape troncocónicos + agujas","Retape troncocónicos + agujas","Retape troncocónicos + agujas","Retape troncocónicos + agujas","Retape troncocónicos + agujas","Retape troncocónicos + agujas","Retape troncocónicos + agujas","Retape troncocónicos + agujas","Retape troncocónicos + agujas","Retape troncocónicos + agujas","Retape troncocónicos + agujas","Retape troncocónicos + agujas","Retape troncocónicos + agujas","Retape troncocónicos + agujas","Retape troncocónicos + agujas","Retape troncocónicos + agujas","Retape troncocónicos + agujas","Retape troncocónicos + agujas","Retape troncocónicos + agujas","Retape troncocónicos + agujas","Retape troncocónicos + agujas","Retape troncocónicos + agujas","Retape troncocónicos + agujas","Retape troncocónicos + agujas","Retape troncocónicos + agujas","Retape troncocónicos + agujas","Retape troncocónicos + agujas","Retape troncocónicos + agujas","Retape troncocónicos + agujas","Retape troncocónicos + agujas","Retape troncocónicos + agujas","Retape troncocónicos + agujas","Retape troncocónicos + agujas","Retape troncocónicos + agujas","Retape troncocónicos + agujas","Retape troncocónicos + agujas","Retape troncocónicos + agujas","Retape troncocónicos + agujas","Retape troncocónicos + agujas","Retape troncocónicos + agujas","Retape troncocónicos + agujas","Retape troncocónicos + agujas","Retape troncocónicos + agujas","Retape troncocónicos + agujas","Retape troncocónicos + agujas","Retape troncocónicos + agujas","Retape troncocónicos + agujas","Retape troncocónicos + agujas","Retape troncocónicos + agujas","Retape troncocónicos + agujas","Retape troncocónicos + agujas","Retape troncocónicos + agujas","Retape troncocónicos + agujas","Retape troncocónicos + agujas","Retape troncocónicos + agujas","Retape troncocónicos + agujas","Retape troncocónicos + agujas","Retape troncocónicos + agujas","Retape troncocónicos + agujas","Retape troncocónicos + agujas","Retape troncocónicos + agujas","Retape troncocónicos + agujas","Retape troncocónicos + agujas","Retape troncocónicos + agujas","Retape troncocónicos + agujas","Retape troncocónicos + agujas","Retape troncocónicos + agujas","Retape troncocónicos + agujas","Retape troncocónicos + agujas","Retape troncocónicos + agujas","Retape troncocónicos + agujas","Retape troncocónicos + agujas","Retape troncocónicos + agujas","Retape troncocónicos + agujas","Retape troncocónicos + agujas","Retape troncocónicos + agujas","Retape troncocónicos + agujas","Retape troncocónicos + agujas","Retape troncocónicos + agujas","Retape troncocónicos + agujas","Retape troncocónicos + agujas","Retape troncocónicos + agujas","Retape troncocónicos + agujas","Retape troncocónicos + agujas","Retape troncocónicos + agujas","Retape troncocónicos + agujas","Retape troncocónicos + agujas","Retape troncocónicos + agujas","Retape troncocónicos + agujas","Retape troncocónicos + agujas","Retape troncocónicos + agujas","Retape troncocónicos + agujas","Retape troncocónicos + agujas","Retape troncocónicos + agujas","Retape troncocónicos + agujas","Retape troncocónicos + agujas","Retape troncocónicos + agujas","Retape troncocónicos + agujas","Retape troncocónicos + agujas","Retape troncocónicos + agujas","Retape troncocónicos + agujas","Retape troncocónicos + agujas","Retape troncocónicos + agujas","Retape troncocónicos + agujas","Retape troncocónicos + agujas","Retape troncocónicos + agujas","Retape troncocónicos + agujas","Retape troncocónicos + agujas","Retape troncocónicos + agujas","Retape troncocónicos + agujas","Retape troncocónicos + agujas","Retape troncocónicos + agujas","Retape troncocónicos + agujas","Retape troncocónicos + agujas","Retape troncocónicos + agujas","Retape troncocónicos + agujas","Retape troncocónicos + agujas","Retape troncocónicos + agujas","Retape troncocónicos + agujas","Retape troncocónicos + agujas","Retape troncocónicos + agujas","Retape troncocónicos + agujas","Retape troncocónicos + agujas","Retape troncocónicos + agujas","Retape troncocónicos + agujas","Retape troncocónicos + agujas","Retape troncocónicos + agujas","Retape troncocónicos + agujas","Retape troncocónicos + agujas","Retape troncocónicos + agujas","Retape troncocónicos + agujas","Retape troncocónicos + agujas","Retape troncocónicos + agujas","Retape troncocónicos + agujas","Retape troncocónicos + agujas","Retape troncocónicos + agujas","Retape troncocónicos + agujas","Retape troncocónicos + agujas","Retape troncocónicos + agujas","Retape troncocónicos + agujas","Retape troncocónicos + agujas","Retape troncocónicos + agujas","Retape troncocónicos + agujas","Retape troncocónicos + agujas","Retape troncocónicos + agujas","Retape troncocónicos + agujas","Retape troncocónicos + agujas","Retape troncocónicos + agujas","Retape troncocónicos + agujas","Retape troncocónicos + agujas","Retape troncocónicos + agujas","Retape troncocónicos + agujas","Retape troncocónicos + agujas","Retape troncocónicos + agujas","Retape troncocónicos + agujas","Retape troncocónicos + agujas","Retape troncocónicos + agujas","Retape troncocónicos + agujas","Retape troncocónicos + agujas","Retape troncocónicos + agujas","Retape troncocónicos + agujas","Retape troncocónicos + agujas","Retape troncocónicos + agujas","Retape troncocónicos + agujas","Retape troncocónicos + agujas","Retape troncocónicos + agujas","Retape troncocónicos + agujas","Retape troncocónicos + agujas","Retape troncocónicos + agujas","Retape troncocónicos + agujas","Retape troncocónicos + agujas","Retape troncocónicos + agujas","Retape troncocónicos + agujas","Retape troncocónicos + agujas","Retape troncocónicos + agujas","Retape troncocónicos + agujas","Retape troncocónicos + agujas","Retape troncocónicos + agujas","Retape troncocónicos + agujas","Retape troncocónicos + agujas","Retape troncocónicos + agujas","Retape troncocónicos + agujas","Retape troncocónicos + agujas","Retape troncocónicos + agujas","Retape troncocónicos + agujas","Retape troncocónicos + agujas","Retape troncocónicos + agujas","Retape troncocónicos + agujas","Retape troncocónicos + agujas","Retape troncocónicos + agujas","Retape troncocónicos + agujas","Retape troncocónicos + agujas","Retape troncocónicos + agujas","Retape troncocónicos + agujas","Retape troncocónicos + agujas","Retape troncocónicos + agujas","Retape troncocónicos + agujas","Retape troncocónicos + agujas","Retape troncocónicos + agujas","Retape troncocónicos + agujas","Retape troncocónicos + agujas","Retape troncocónicos + agujas","Retape troncocónicos + agujas","Retape troncocónicos + agujas","Retape troncocónicos + agujas","Retape troncocónicos + agujas","Retape troncocónicos + agujas","Retape troncocónicos + agujas","Retape troncocónicos + agujas","Retape troncocónicos + agujas","Retape troncocónicos + agujas","Retape troncocónicos + agujas","Retape troncocónicos + agujas","Retape troncocónicos + agujas","Retape troncocónicos + agujas","Retape troncocónicos + agujas","Retape troncocónicos + agujas","Retape troncocónicos + agujas","Retape troncocónicos + agujas","Retape troncocónicos + agujas","Retape troncocónicos + agujas","Retape troncocónicos + agujas","Retape troncocónicos + agujas","Retape troncocónicos + agujas","Retape troncocónicos + agujas","Retape troncocónicos + agujas","Retape troncocónicos + agujas","Retape troncocónicos + agujas","Retape troncocónicos + agujas","Retape troncocónicos + agujas","Retape troncocónicos + agujas","Retape troncocónicos + agujas","Retape troncocónicos + agujas","Retape troncocónicos + agujas","Retape troncocónicos + agujas","Retape troncocónicos + agujas","Retape troncocónicos + agujas","Retape troncocónicos + agujas","Retape troncocónicos + agujas","Retape troncocónicos + agujas","Retape troncocónicos + agujas","Retape troncocónicos + agujas","Retape troncocónicos + agujas","Retape troncocónicos + agujas","Retape troncocónicos + agujas","Retape troncocónicos + agujas","Retape troncocónicos + agujas","Retape troncocónicos + agujas","Retape troncocónicos + agujas","Retape troncocónicos + agujas","Retape troncocónicos + agujas","Retape troncocónicos + agujas","Retape troncocónicos + agujas","Retape troncocónicos + agujas","Retape troncocónicos + agujas","Retape troncocónicos + agujas","Retape troncocónicos + agujas","Retape troncocónicos + agujas","Retape troncocónicos + agujas","Retape troncocónicos + agujas","Retape troncocónicos + agujas","Retape troncocónicos + agujas","Retape troncocónicos + agujas","Retape troncocónicos + agujas","Retape troncocónicos + agujas","Retape troncocónicos + agujas","Retape troncocónicos + agujas","Retape troncocónicos + agujas","Retape troncocónicos + agujas","Retape troncocónicos + agujas","Retape troncocónicos + agujas","Retape troncocónicos + agujas","Retape troncocónicos + agujas","Retape troncocónicos + agujas","Retape troncocónicos + agujas","Retape troncocónicos + agujas","Retape troncocónicos + agujas","Retape troncocónicos + agujas","Retape troncocónicos + agujas","Retape troncocónicos + agujas","Retape troncocónicos + agujas","Retape troncocónicos + agujas","Retape troncocónicos + agujas","Retape troncocónicos + agujas","Retape troncocónicos + agujas","Retape troncocónicos + agujas","Retape troncocónicos + agujas","Retape troncocónicos + agujas","Retape troncocónicos + agujas","Retape troncocónicos + agujas","Retape troncocónicos + agujas","Retape troncocónicos + agujas","Retape troncocónicos + agujas","Retape troncocónicos + agujas","Retape troncocónicos + agujas","Retape troncocónicos + agujas","Retape troncocónicos + agujas","Retape troncocónicos + agujas","Retape troncocónicos + agujas","Retape troncocónicos + agujas","Retape troncocónicos + agujas","Retape troncocónicos + agujas","Retape troncocónicos + agujas","Retape troncocónicos + agujas","Retape troncocónicos + agujas","Retape troncocónicos + agujas","Retape troncocónicos + agujas","Retape troncocónicos + agujas","Retape troncocónicos + agujas","Retape troncocónicos + agujas","Retape troncocónicos + agujas","Retape troncocónicos + agujas","Retape troncocónicos + agujas","Retape troncocónicos + agujas","Retape troncocónicos + agujas","Retape troncocónicos + agujas","Retape troncocónicos + agujas","Retape troncocónicos + agujas","Retape troncocónicos + agujas","Retape troncocónicos + agujas","Retape troncocónicos + agujas","Retape troncocónicos + agujas","Retape troncocónicos + agujas","Retape troncocónicos + agujas","Retape troncocónicos + agujas","Retape troncocónicos + agujas","Retape troncocónicos + agujas","Retape troncocónicos + agujas","Retape troncocónicos + agujas","Retape troncocónicos + agujas","Retape troncocónicos + agujas","Retape troncocónicos + agujas","Retape troncocónicos + agujas","Retape troncocónicos + agujas","Retape troncocónicos + agujas","Retape troncocónicos + agujas","Retape troncocónicos + agujas","Retape troncocónicos + agujas","Retape troncocónicos + agujas","Retape troncocónicos + agujas","Retape troncocónicos + agujas","Retape troncocónicos + agujas","Retape troncocónicos + agujas","Retape troncocónicos + agujas","Retape troncocónicos + agujas","Retape troncocónicos + agujas","Retape troncocónicos + agujas","Retape troncocónicos + agujas","Retape troncocónicos + agujas","Retape troncocónicos + agujas","Retape troncocónicos + agujas","Retape troncocónicos + agujas","Retape troncocónicos + agujas","Retape troncocónicos + agujas","Retape troncocónicos + agujas","Retape troncocónicos + agujas","Retape troncocónicos + agujas","Retape troncocónicos + agujas","Retape troncocónicos + agujas","Retape troncocónicos + agujas","Retape troncocónicos + agujas","Retape troncocónicos + agujas","Retape troncocónicos + agujas","Retape troncocónicos + agujas","Retape troncocónicos + agujas","Retape troncocónicos + agujas","Retape troncocónicos + agujas","Retape troncocónicos + agujas","Retape troncocónicos + agujas","Retape troncocónicos + agujas","Retape troncocónicos + agujas","Retape troncocónicos + agujas","Retape troncocónicos + agujas","Retape troncocónicos + agujas","Retape troncocónicos + agujas","Retape troncocónicos + agujas","Retape troncocónicos + agujas","Retape troncocónicos + agujas","Retape troncocónicos + agujas","Retape troncocónicos + agujas","Retape troncocónicos + agujas","Retape troncocónicos + agujas","Retape troncocónicos + agujas","Retape troncocónicos + agujas","Retape troncocónicos + agujas","Retape troncocónicos + agujas","Retape troncocónicos + agujas","Retape troncocónicos + agujas","Retape troncocónicos + agujas","Retape troncocónicos + agujas","Retape troncocónicos + agujas","Retape troncocónicos + agujas","Retape troncocónicos + agujas","Retape troncocónicos + agujas","Retape troncocónicos + agujas","Retape troncocónicos + agujas","Retape troncocónicos + agujas","Retape troncocónicos + agujas","Retape troncocónicos + agujas","Retape troncocónicos + agujas","Retape troncocónicos + agujas","Retape troncocónicos + agujas","Retape troncocónicos + agujas","Retape troncocónicos + agujas","Retape troncocónicos + agujas","Retape troncocónicos + agujas","Retape troncocónicos + agujas","Retape troncocónicos + agujas","Retape troncocónicos + agujas","Retape troncocónicos + agujas","Retape troncocónicos + agujas","Retape troncocónicos + agujas","Retape troncocónicos + agujas","Retape troncocónicos + agujas","Retape troncocónicos + agujas","Retape troncocónicos + agujas","Retape troncocónicos + agujas","Retape troncocónicos + agujas","Retape troncocónicos + agujas","Retape troncocónicos + agujas","Retape troncocónicos + agujas","Retape troncocónicos + agujas","Retape troncocónicos + agujas","Retape troncocónicos + agujas","Retape troncocónicos + agujas","Retape troncocónicos + agujas","Retape troncocónicos + agujas","Retape troncocónicos + agujas","Retape troncocónicos + agujas","Retape troncocónicos + agujas","Retape troncocónicos + agujas","Retape troncocónicos + agujas","Retape troncocónicos + agujas","Retape troncocónicos + agujas","Retape troncocónicos + agujas","Retape troncocónicos + agujas","Retape troncocónicos + agujas","Retape troncocónicos + agujas","Retape troncocónicos + agujas","Retape troncocónicos + agujas","Retape troncocónicos + agujas","Retape troncocónicos + agujas","Retape troncocónicos + agujas","Retape troncocónicos + agujas","Retape troncocónicos + agujas","Retape troncocónicos + agujas","Retape troncocónicos + agujas","Retape troncocónicos + agujas","Retape troncocónicos + agujas","Retape troncocónicos + agujas","Retape troncocónicos + agujas","Retape troncocónicos + agujas","Retape troncocónicos + agujas","Retape troncocónicos + agujas","Retape troncocónicos + agujas","Retape troncocónicos + agujas","Retape troncocónicos + agujas","Retape troncocónicos + agujas","Retape troncocónicos + agujas","Retape troncocónicos + agujas","Retape troncocónicos + agujas","Retape troncocónicos + agujas","Retape troncocónicos + agujas","Retape troncocónicos + agujas","Retape troncocónicos + agujas","Retape troncocónicos + agujas","Retape troncocónicos + agujas","Retape troncocónicos + agujas","Retape troncocónicos + agujas","Retape troncocónicos + agujas","Retape troncocónicos + agujas","Retape troncocónicos + agujas","Retape troncocónicos + agujas","Retape troncocónicos + agujas","Retape troncocónicos + agujas","Retape troncocónicos + agujas","Retape troncocónicos + agujas","Retape troncocónicos + agujas","Retape troncocónicos + agujas","Retape troncocónicos + agujas","Retape troncocónicos + agujas","Retape troncocónicos + agujas","Retape troncocónicos + agujas","Retape troncocónicos + agujas","Retape troncocónicos + agujas","Retape troncocónicos + agujas","Retape troncocónicos + agujas","Retape troncocónicos + agujas","Retape troncocónicos + agujas","Retape troncocónicos + agujas","Retape troncocónicos + agujas","Retape troncocónicos + agujas","Retape troncocónicos + agujas","Retape troncocónicos + agujas","Retape troncocónicos + agujas","Retape troncocónicos + agujas","Retape troncocónicos + agujas","Retape troncocónicos + agujas","Retape troncocónicos + agujas","Retape troncocónicos + agujas","Retape troncocónicos + agujas","Retape troncocónicos + agujas","Retape troncocónicos + agujas","Retape troncocónicos + agujas","Retape troncocónicos + agujas","Retape troncocónicos + agujas","Retape troncocónicos + agujas","Retape troncocónicos + agujas","Retape troncocónicos + agujas","Retape troncocónicos + agujas","Retape troncocónicos + agujas","Retape troncocónicos + agujas","Retape troncocónicos + agujas","Retape troncocónicos + agujas","Retape troncocónicos + agujas","Retape troncocónicos + agujas","Retape troncocónicos + agujas","Retape troncocónicos + agujas","Retape troncocónicos + agujas","Retape troncocónicos + agujas","Retape troncocónicos + agujas","Retape troncocónicos + agujas","Retape troncocónicos + agujas","Retape troncocónicos + agujas","Retape troncocónicos + agujas","Retape troncocónicos + agujas","Retape troncocónicos + agujas","Retape troncocónicos + agujas","Retape troncocónicos + agujas","Retape troncocónicos + agujas","Retape troncocónicos + agujas","Retape troncocónicos + agujas","Retape troncocónicos + agujas","Retape troncocónicos + agujas","Retape troncocónicos + agujas","Retape troncocónicos + agujas","Retape troncocónicos + agujas","Retape troncocónicos + agujas","Retape troncocónicos + agujas","Retape troncocónicos + agujas","Retape troncocónicos + agujas","Retape troncocónicos + agujas","Retape troncocónicos + agujas","Retape troncocónicos + agujas","Retape troncocónicos + agujas","Retape troncocónicos + agujas","Retape troncocónicos + agujas","Retape troncocónicos + agujas","Retape troncocónicos + agujas","Retape troncocónicos + agujas","Retape troncocónicos + agujas","Retape troncocónicos + agujas","Retape troncocónicos + agujas","Retape troncocónicos + agujas","Retape troncocónicos + agujas","Retape troncocónicos + agujas","Retape troncocónicos + agujas","Retape troncocónicos + agujas","Retape troncocónicos + agujas","Retape troncocónicos + agujas","Retape troncocónicos + agujas","Retape troncocónicos + agujas","Retape troncocónicos + agujas","Retape troncocónicos + agujas","Retape troncocónicos + agujas","Retape troncocónicos + agujas","Retape troncocónicos + agujas","Retape troncocónicos + agujas","Retape troncocónicos + agujas","Retape troncocónicos + agujas","Retape troncocónicos + agujas","Retape troncocónicos + agujas","Retape troncocónicos + agujas","Retape troncocónicos + agujas","Retape troncocónicos + agujas","Retape troncocónicos + agujas","Retape troncocónicos + agujas","Retape troncocónicos + agujas","Retape troncocónicos + agujas","Retape troncocónicos + agujas","Retape troncocónicos + agujas","Retape troncocónicos + agujas","Retape troncocónicos + agujas","Retape troncocónicos + agujas","Retape troncocónicos + agujas","Retape troncocónicos + agujas","Retape troncocónicos + agujas","Retape troncocónicos + agujas","Retape troncocónicos + agujas","Retape troncocónicos + agujas","Retape troncocónicos + agujas","Retape troncocónicos + agujas","Retape troncocónicos + agujas","Retape troncocónicos + agujas","Retape troncocónicos + agujas","Retape troncocónicos + agujas","Retape troncocónicos + agujas","Retape troncocónicos + agujas","Retape troncocónicos + agujas","Retape troncocónicos + agujas","Retape troncocónicos + agujas","Retape troncocónicos + agujas","Retape troncocónicos + agujas","Retape troncocónicos + agujas","Retape troncocónicos + agujas","Retape troncocónicos + agujas","Retape troncocónicos + agujas","Retape troncocónicos + agujas","Retape troncocónicos + agujas","Retape troncocónicos + agujas","Retape troncocónicos + agujas","Retape troncocónicos + agujas","Retape troncocónicos + agujas","Retape troncocónicos + agujas","Retape troncocónicos + agujas","Retape troncocónicos + agujas","Retape troncocónicos + agujas","Retape troncocónicos + agujas","Retape troncocónicos + agujas","Retape troncocónicos + agujas","Retape troncocónicos + agujas","Retape troncocónicos + agujas","Retape troncocónicos + agujas","Retape troncocónicos + agujas","Retape troncocónicos + agujas","Retape troncocónicos + agujas","Retape troncocónicos + agujas","Retape troncocónicos + agujas","Retape troncocónicos + agujas","Retape troncocónicos + agujas","Retape troncocónicos + agujas","Retape troncocónicos + agujas","Retape troncocónicos + agujas","Retape troncocónicos + agujas","Retape troncocónicos + agujas","Retape troncocónicos + agujas","Retape troncocónicos + agujas","Retape troncocónicos + agujas","Retape troncocónicos + agujas","Retape troncocónicos + agujas","Retape troncocónicos + agujas","Retape troncocónicos + agujas","Retape troncocónicos + agujas","Retape troncocónicos + agujas","Retape troncocónicos + agujas","Retape troncocónicos + agujas","Retape troncocónicos + agujas","Retape troncocónicos + agujas","Retape troncocónicos + agujas","Retape troncocónicos + agujas","Retape troncocónicos + agujas","Retape troncocónicos + agujas","Retape troncocónicos + agujas","Retape troncocónicos + agujas","Retape troncocónicos + agujas","Retape troncocónicos + agujas","Retape troncocónicos + agujas","Retape troncocónicos + agujas","Retape troncocónicos + agujas","Retape troncocónicos + agujas","Retape troncocónicos + agujas","Retape troncocónicos + agujas","Retape troncocónicos + agujas","Retape troncocónicos + agujas","Retape troncocónicos + agujas","Retape troncocónicos + agujas","Retape troncocónicos + agujas","Retape troncocónicos + agujas","Retape troncocónicos + agujas","Retape troncocónicos + agujas","Retape troncocónicos + agujas","Retape troncocónicos + agujas","Retape troncocónicos + agujas","Retape troncocónicos + agujas","Retape troncocónicos + agujas","Retape troncocónicos + agujas","Retape troncocónicos + agujas","Retape troncocónicos + agujas","Retape troncocónicos + agujas","Retape troncocónicos + agujas","Retape troncocónicos + agujas","Retape troncocónicos + agujas","Retape troncocónicos + agujas","Retape troncocónicos + agujas","Retape troncocónicos + agujas","Retape troncocónicos + agujas","Retape troncocónicos + agujas","Retape troncocónicos + agujas","Retape troncocónicos + agujas","Retape troncocónicos + agujas","Retape troncocónicos + agujas","Retape troncocónicos + agujas","Retape troncocónicos + agujas","Retape troncocónicos + agujas","Retape troncocónicos + agujas","Retape troncocónicos + agujas","Retape troncocónicos + agujas","Retape troncocónicos + agujas","Retape troncocónicos + agujas","Retape troncocónicos + agujas","Retape troncocónicos + agujas","Retape troncocónicos + agujas","Retape troncocónicos + agujas","Retape troncocónicos + agujas","Retape troncocónicos + agujas","Retape troncocónicos + agujas","Retape troncocónicos + agujas","Retape troncocónicos + agujas","Retape troncocónicos + agujas","Retape troncocónicos + agujas","Retape troncocónicos + agujas","Retape troncocónicos + agujas","Retape troncocónicos + agujas","Retape troncocónicos + agujas","Retape troncocónicos + agujas","Retape troncocónicos + agujas","Retape troncocónicos + agujas","Retape troncocónicos + agujas","Retape troncocónicos + agujas","Retape troncocónicos + agujas","Retape troncocónicos + agujas","Retape troncocónicos + agujas","Retape troncocónicos + agujas","Retape troncocónicos + agujas","Retape troncocónicos + agujas","Retape troncocónicos + agujas","Retape troncocónicos + agujas","Retape troncocónicos + agujas","Retape troncocónicos + agujas","Retape troncocónicos + agujas","Retape troncocónicos + agujas","Retape troncocónicos + agujas","Retape troncocónicos + agujas","Retape troncocónicos + agujas","Retape troncocónicos + agujas","Retape troncocónicos + agujas","Retape troncocónicos + agujas","Retape troncocónicos + agujas","Retape troncocónicos + agujas","Retape troncocónicos + agujas","Retape troncocónicos + agujas","Retape troncocónicos + agujas","Retape troncocónicos + agujas","Retape troncocónicos + agujas","Retape troncocónicos + agujas","Retape troncocónicos + agujas","Retape troncocónicos + agujas","Retape troncocónicos + agujas","Retape troncocónicos + agujas","Retape troncocónicos + agujas","Retape troncocónicos + agujas","Retape troncocónicos + agujas","Retape troncocónicos + agujas","Retape troncocónicos + agujas","Retape troncocónicos + agujas","Retape troncocónicos + agujas","Retape troncocónicos + agujas","Retape troncocónicos + agujas","Retape troncocónicos + agujas","Retape troncocónicos + agujas","Retape troncocónicos + agujas","Retape troncocónicos + agujas","Retape troncocónicos + agujas","Retape troncocónicos + agujas","Retape troncocónicos + agujas","Retape troncocónicos + agujas","Retape troncocónicos + agujas","Retape troncocónicos + agujas","Retape troncocónicos + agujas","Retape troncocónicos + agujas","Retape troncocónicos + agujas","Retape troncocónicos + agujas","Retape troncocónicos + agujas","Retape troncocónicos + agujas","Retape troncocónicos + agujas","Retape troncocónicos + agujas","Retape troncocónicos + agujas","Retape troncocónicos + agujas","Retape troncocónicos + agujas","Retape troncocónicos + agujas","Retape troncocónicos + agujas","Retape troncocónicos + agujas","Retape troncocónicos + agujas","Retape troncocónicos + agujas","Retape troncocónicos + agujas","Retape troncocónicos + agujas","Retape troncocónicos + agujas","Retape troncocónicos + agujas","Retape troncocónicos + agujas","Retape troncocónicos + agujas","Retape troncocónicos + agujas","Retape troncocónicos + agujas","Retape troncocónicos + agujas","Retape troncocónicos + agujas","Retape troncocónicos + agujas","Retape troncocónicos + agujas","Retape troncocónicos + agujas","Retape troncocónicos + agujas","Retape troncocónicos + agujas","Retape troncocónicos + agujas","Retape troncocónicos + agujas","Retape troncocónicos + agujas","Retape troncocónicos + agujas","Retape troncocónicos + agujas","Retape troncocónicos + agujas","Retape troncocónicos + agujas","Retape troncocónicos + agujas","Retape troncocónicos + agujas","Retape troncocónicos + agujas","Retape troncocónicos + agujas","Retape troncocónicos + agujas","Retape troncocónicos + agujas","Retape troncocónicos + agujas","Retape troncocónicos + agujas","Retape troncocónicos + agujas","Retape troncocónicos + agujas","Retape troncocónicos + agujas","Retape troncocónicos + agujas","Retape troncocónicos + agujas","Retape troncocónicos + agujas","Retape troncocónicos + agujas","Retape troncocónicos + agujas","Retape troncocónicos + agujas","Retape troncocónicos + agujas","Retape troncocónicos + agujas","Retape troncocónicos + agujas","Retape troncocónicos + agujas","Retape troncocónicos + agujas","Retape troncocónicos + agujas","Retape troncocónicos + agujas","Retape troncocónicos + agujas","Retape troncocónicos + agujas","Retape troncocónicos + agujas","Retape troncocónicos + agujas","Retape troncocónicos + agujas","Retape troncocónicos + agujas","Retape troncocónicos + agujas","Retape troncocónicos + agujas","Retape troncocónicos + agujas","Retape troncocónicos + agujas","Retape troncocónicos + agujas","Retape troncocónicos + agujas","Retape troncocónicos + agujas","Retape troncocónicos + agujas","Retape troncocónicos + agujas","Retape troncocónicos + agujas","Retape troncocónicos + agujas","Retape troncocónicos + agujas","Retape troncocónicos + agujas","Retape troncocónicos + agujas","Retape troncocónicos + agujas","Retape troncocónicos + agujas","Retape troncocónicos + agujas","Retape troncocónicos + agujas","Retape troncocónicos + agujas","Retape troncocónicos + agujas","Retape troncocónicos + agujas","Retape troncocónicos + agujas","Retape troncocónicos + agujas","Retape troncocónicos + agujas","Retape troncocónicos + agujas","Retape troncocónicos + agujas","Retape troncocónicos + agujas","Retape troncocónicos + agujas","Retape troncocónicos + agujas","Retape troncocónicos + agujas","Retape troncocónicos + agujas","Retape troncocónicos + agujas","Retape troncocónicos + agujas","Retape troncocónicos + agujas","Retape troncocónicos + agujas","Retape troncocónicos + agujas","Retape troncocónicos + agujas","Retape troncocónicos + agujas","Retape troncocónicos + agujas","Retape troncocónicos + agujas","Retape troncocónicos + agujas","Retape troncocónicos + agujas","Retape troncocónicos + agujas","Retape troncocónicos + agujas","Retape troncocónicos + agujas","Retape troncocónicos + agujas","Retape troncocónicos + agujas","Retape troncocónicos + agujas","Retape troncocónicos + agujas","Retape troncocónicos + agujas","Retape troncocónicos + agujas","Retape troncocónicos + agujas","Retape troncocónicos + agujas","Retape troncocónicos + agujas","Retape troncocónicos + agujas","Retape troncocónicos + agujas","Retape troncocónicos + agujas","Retape troncocónicos + agujas","Retape troncocónicos + agujas","Retape troncocónicos + agujas","Retape troncocónicos + agujas","Retape troncocónicos + agujas","Retape troncocónicos + agujas","Retape troncocónicos + agujas","Retape troncocónicos + agujas","Retape troncocónicos + agujas","Retape troncocónicos + agujas","Retape troncocónicos + agujas","Retape troncocónicos + agujas","Retape troncocónicos + agujas","Retape troncocónicos + agujas","Retape troncocónicos + agujas","Retape troncocónicos + agujas","Retape troncocónicos + agujas","Retape troncocónicos + agujas","Retape troncocónicos + agujas","Retape troncocónicos + agujas","Retape troncocónicos + agujas","Retape troncocónicos + agujas","Retape troncocónicos + agujas","Retape troncocónicos + agujas","Retape troncocónicos + agujas","Retape troncocónicos + agujas","Retape troncocónicos + agujas","Retape troncocónicos + agujas","Retape troncocónicos + agujas","Retape troncocónicos + agujas","Retape troncocónicos + agujas","Retape troncocónicos + agujas","Retape troncocónicos + agujas","Retape troncocónicos + agujas","Retape troncocónicos + agujas","Retape troncocónicos + agujas","Retape troncocónicos + agujas","Retape troncocónicos + agujas","Retape troncocónicos + agujas","Retape troncocónicos + agujas","Retape troncocónicos + agujas","Retape troncocónicos + agujas","Retape troncocónicos + agujas","Retape troncocónicos + agujas","Retape troncocónicos + agujas","Retape troncocónicos + agujas","Retape troncocónicos + agujas","Retape troncocónicos + agujas","Retape troncocónicos + agujas","Retape troncocónicos + agujas","Retape troncocónicos + agujas","Retape troncocónicos + agujas","Retape troncocónicos + agujas","Retape troncocónicos + agujas","Retape troncocónicos + agujas","Retape troncocónicos + agujas","Retape troncocónicos + agujas","Retape troncocónicos + agujas","Retape troncocónicos + agujas","Retape troncocónicos + agujas","Retape troncocónicos + agujas","Retape troncocónicos + agujas","Retape troncocónicos + agujas","Retape troncocónicos + agujas","Retape troncocónicos + agujas","Retape troncocónicos + agujas","Retape troncocónicos + agujas","Retape troncocónicos + agujas","Retape troncocónicos + agujas","Retape troncocónicos + agujas","Retape troncocónicos + agujas","Retape troncocónicos + agujas","Retape troncocónicos + agujas","Retape troncocónicos + agujas","Retape troncocónicos + agujas","Retape troncocónicos + agujas","Retape troncocónicos + agujas","Retape troncocónicos + agujas","Retape troncocónicos + agujas","Retape troncocónicos + agujas","Retape troncocónicos + agujas","Retape troncocónicos + agujas","Retape troncocónicos + agujas","Retape troncocónicos + agujas","Retape troncocónicos + agujas","Retape troncocónicos + agujas","Retape troncocónicos + agujas","Retape troncocónicos + agujas","Retape troncocónicos + agujas","Retape troncocónicos + agujas","Retape troncocónicos + agujas","Retape troncocónicos + agujas","Retape troncocónicos + agujas","Retape troncocónicos + agujas","Retape troncocónicos + agujas","Retape troncocónicos + agujas","Retape troncocónicos + agujas","Retape troncocónicos + agujas","Retape troncocónicos + agujas","Retape troncocónicos + agujas","Retape troncocónicos + agujas","Retape troncocónicos + agujas","Retape troncocónicos + agujas","Retape troncocónicos + agujas","Retape troncocónicos + agujas","Retape troncocónicos + agujas","Retape troncocónicos + agujas","Retape troncocónicos + agujas","Retape troncocónicos + agujas","Retape troncocónicos + agujas","Retape troncocónicos + agujas","Retape troncocónicos + agujas","Retape troncocónicos + agujas","Retape troncocónicos + agujas","Retape troncocónicos + agujas","Retape troncocónicos + agujas","Retape troncocónicos + agujas","Retape troncocónicos + agujas","Retape troncocónicos + agujas","Retape troncocónicos + agujas","Retape troncocónicos + agujas","Retape troncocónicos + agujas","Retape troncocónicos + agujas","Retape troncocónicos + agujas","Retape troncocónicos + agujas","Retape troncocónicos + agujas","Retape troncocónicos + agujas","Retape troncocónicos + agujas","Retape troncocónicos + agujas","Retape troncocónicos + agujas","Retape troncocónicos + agujas","Retape troncocónicos + agujas","Retape troncocónicos + agujas","Retape troncocónicos + agujas","Retape troncocónicos + agujas","Retape troncocónicos + agujas","Retape troncocónicos + agujas","Retape troncocónicos + agujas","Retape troncocónicos + agujas","Retape troncocónicos + agujas","Retape troncocónicos + agujas","Retape troncocónicos + agujas","Retape troncocónicos + agujas","Retape troncocónicos + agujas","Retape troncocónicos + agujas","Retape troncocónicos + agujas","Retape troncocónicos + agujas","Retape troncocónicos + agujas","Retape troncocónicos + agujas","Retape troncocónicos + agujas","Retape troncocónicos + agujas","Retape troncocónicos + agujas","Retape troncocónicos + agujas","Retape troncocónicos + agujas","Retape troncocónicos + agujas","Retape troncocónicos + agujas","Retape troncocónicos + agujas","Retape troncocónicos + agujas","Retape troncocónicos + agujas","Retape troncocónicos + agujas","Retape troncocónicos + agujas","Retape troncocónicos + agujas","Retape troncocónicos + agujas","Retape troncocónicos + agujas","Retape troncocónicos + agujas","Retape troncocónicos + agujas","Retape troncocónicos + agujas","Retape troncocónicos + agujas","Retape troncocónicos + agujas","Retape troncocónicos + agujas","Retape troncocónicos + agujas","Retape troncocónicos + agujas","Retape troncocónicos + agujas","Retape troncocónicos + agujas","Retape troncocónicos + agujas","Retape troncocónicos + agujas","Retape troncocónicos + agujas","Retape troncocónicos + agujas","Retape troncocónicos + agujas","Retape troncocónicos + agujas","Retape troncocónicos + agujas","Retape troncocónicos + agujas","Retape troncocónicos + agujas","Retape troncocónicos + agujas","Retape troncocónicos + agujas","Retape troncocónicos + agujas","Retape troncocónicos + agujas","Retape troncocónicos + agujas","Retape troncocónicos + agujas","Retape troncocónicos + agujas","Retape troncocónicos + agujas","Retape troncocónicos + agujas","Retape troncocónicos + agujas","Retape troncocónicos + agujas","Retape troncocónicos + agujas","Retape troncocónicos + agujas","Retape troncocónicos + agujas","Retape troncocónicos + agujas","Retape troncocónicos + agujas","Retape troncocónicos + agujas","Retape troncocónicos + agujas","Retape troncocónicos + agujas","Retape troncocónicos + agujas","Retape troncocónicos + agujas","Retape troncocónicos + agujas","Retape troncocónicos + agujas","Retape troncocónicos + agujas","Retape troncocónicos + agujas","Retape troncocónicos + agujas","Retape troncocónicos + agujas","Retape troncocónicos + agujas","Retape troncocónicos + agujas","Retape troncocónicos + agujas","Retape troncocónicos + agujas","Retape troncocónicos + agujas","Retape troncocónicos + agujas","Retape troncocónicos + agujas","Retape troncocónicos + agujas","Retape troncocónicos + agujas","Retape troncocónicos + agujas","Retape troncocónicos + agujas","Retape troncocónicos + agujas","Retape troncocónicos + agujas","Retape troncocónicos + agujas","Retape troncocónicos + agujas","Retape troncocónicos + agujas","Retape troncocónicos + agujas","Retape troncocónicos + agujas","Retape troncocónicos + agujas","Retape troncocónicos + agujas","Retape troncocónicos + agujas","Retape troncocónicos + agujas","Retape troncocónicos + agujas","Retape troncocónicos + agujas","Retape troncocónicos + agujas","Retape troncocónicos + agujas","Retape troncocónicos + agujas","Retape troncocónicos + agujas","Retape troncocónicos + agujas","Retape troncocónicos + agujas","Retape troncocónicos + agujas","Retape troncocónicos + agujas","Retape troncocónicos + agujas","Retape troncocónicos + agujas","Retape troncocónicos + agujas","Retape troncocónicos + agujas","Retape troncocónicos + agujas","Retape troncocónicos + agujas","Retape troncocónicos + agujas","Retape troncocónicos + agujas","Retape troncocónicos + agujas","Retape troncocónicos + agujas","Retape troncocónicos + agujas","Retape troncocónicos + agujas","Retape troncocónicos + agujas","Retape troncocónicos + agujas","Retape troncocónicos + agujas","Retape troncocónicos + agujas","Retape troncocónicos + agujas","Retape troncocónicos + agujas","Retape troncocónicos + agujas","Retape troncocónicos + agujas","Retape troncocónicos + agujas","Retape troncocónicos + agujas","Retape troncocónicos + agujas","Retape troncocónicos + agujas","Retape troncocónicos + agujas","Retape troncocónicos + agujas","Retape troncocónicos + agujas","Retape troncocónicos + agujas","Retape troncocónicos + agujas","Retape troncocónicos + agujas","Retape troncocónicos + agujas","Retape troncocónicos + agujas","Retape troncocónicos + agujas","Retape troncocónicos + agujas","Retape troncocónicos + agujas","Retape troncocónicos + agujas","Retape troncocónicos + agujas","Retape troncocónicos + agujas","Retape troncocónicos + agujas","Retape troncocónicos + agujas","Retape troncocónicos + agujas","Retape troncocónicos + agujas","Retape troncocónicos + agujas","Retape troncocónicos + agujas","Retape troncocónicos + agujas","Retape troncocónicos + agujas","Retape troncocónicos + agujas","Retape troncocónicos + agujas","Retape troncocónicos + agujas","Retape troncocónicos + agujas","Retape troncocónicos + agujas","Retape troncocónicos + agujas","Retape troncocónicos + agujas","Retape troncocónicos + agujas","Retape troncocónicos + agujas","Retape troncocónicos + agujas","Retape troncocónicos + agujas","Retape troncocónicos + agujas","Retape troncocónicos + agujas","Retape troncocónicos + agujas","Retape troncocónicos + agujas","Retape troncocónicos + agujas","Retape troncocónicos + agujas","Retape troncocónicos + agujas","Retape troncocónicos + agujas","Retape troncocónicos + agujas","Retape troncocónicos + agujas","Retape troncocónicos + agujas","Retape troncocónicos + agujas","Retape troncocónicos + agujas","Retape troncocónicos + agujas","Retape troncocónicos + agujas","Retape troncocónicos + agujas","Retape troncocónicos + agujas","Retape troncocónicos + agujas","Retape troncocónicos + agujas","Retape troncocónicos + agujas","Retape troncocónicos + agujas","Retape troncocónicos + agujas","Retape troncocónicos + agujas","Retape troncocónicos + agujas","Retape troncocónicos + agujas","Retape troncocónicos + agujas","Retape troncocónicos + agujas","Retape troncocónicos + agujas","Retape troncocónicos + agujas","Retape troncocónicos + agujas","Retape troncocónicos + agujas","Retape troncocónicos + agujas","Retape troncocónicos + agujas","Retape troncocónicos + agujas","Retape troncocónicos + agujas","Retape troncocónicos + agujas","Retape troncocónicos + agujas","Retape troncocónicos + agujas","Retape troncocónicos + agujas","Retape troncocónicos + agujas","Retape troncocónicos + agujas","Retape troncocónicos + agujas","Retape troncocónicos + agujas","Retape troncocónicos + agujas","Retape troncocónicos + agujas","Retape troncocónicos + agujas","Retape troncocónicos + agujas","Retape troncocónicos + agujas","Retape troncocónicos + agujas","Retape troncocónicos + agujas","Retape troncocónicos + agujas","Retape troncocónicos + agujas","Retape troncocónicos + agujas","Retape troncocónicos + agujas","Retape troncocónicos + agujas","Retape troncocónicos + agujas","Retape troncocónicos + agujas","Retape troncocónicos + agujas","Retape troncocónicos + agujas","Retape troncocónicos + agujas","Retape troncocónicos + agujas","Retape troncocónicos + agujas","Retape troncocónicos + agujas","Retape troncocónicos + agujas","Retape troncocónicos + agujas","Retape troncocónicos + agujas","Retape troncocónicos + agujas","Retape troncocónicos + agujas","Retape troncocónicos + agujas","Retape troncocónicos + agujas","Retape troncocónicos + agujas","Retape troncocónicos + agujas","Retape troncocónicos + agujas","Retape troncocónicos + agujas","Retape troncocónicos + agujas","Retape troncocónicos + agujas","Retape troncocónicos + agujas","Retape troncocónicos + agujas","Retape troncocónicos + agujas","Retape troncocónicos + agujas","Retape troncocónicos + agujas","Retape troncocónicos + agujas","Retape troncocónicos + agujas","Retape troncocónicos + agujas","Retape troncocónicos + agujas","Retape troncocónicos + agujas","Retape troncocónicos + agujas","Retape troncocónicos + agujas","Retape troncocónicos + agujas","Retape troncocónicos + agujas","Retape troncocónicos + agujas","Retape troncocónicos + agujas","Retape troncocónicos + agujas","Retape troncocónicos + agujas","Retape troncocónicos + agujas","Retape troncocónicos + agujas","Retape troncocónicos + agujas","Retape troncocónicos + agujas","Retape troncocónicos + agujas","Retape troncocónicos + agujas","Retape troncocónicos + agujas","Retape troncocónicos + agujas","Retape troncocónicos + agujas","Retape troncocónicos + agujas","Retape troncocónicos + agujas","Retape troncocónicos + agujas","Retape troncocónicos + agujas","Retape troncocónicos + agujas","Retape troncocónicos + agujas","Retape troncocónicos + agujas","Retape troncocónicos + agujas","Retape troncocónicos + agujas","Retape troncocónicos + agujas","Retape troncocónicos + agujas","Retape troncocónicos + agujas","Retape troncocónicos + agujas","Retape troncocónicos + agujas","Retape troncocónicos + agujas","Retape troncocónicos + agujas","Retape troncocónicos + agujas","Retape troncocónicos + agujas","Retape troncocónicos + agujas","Retape troncocónicos + agujas","Retape troncocónicos + agujas","Retape troncocónicos + agujas","Retape troncocónicos + agujas","Retape troncocónicos + agujas","Retape troncocónicos + agujas","Retape troncocónicos + agujas","Retape troncocónicos + agujas","Retape troncocónicos + agujas","Retape troncocónicos + agujas","Retape troncocónicos + agujas","Retape troncocónicos + agujas","Retape troncocónicos + agujas","Retape troncocónicos + agujas","Retape troncocónicos + agujas","Retape troncocónicos + agujas","Retape troncocónicos + agujas","Retape troncocónicos + agujas","Retape troncocónicos + agujas","Retape troncocónicos + agujas","Retape troncocónicos + agujas","Retape troncocónicos + agujas","Retape troncocónicos + agujas","Retape troncocónicos + agujas","Retape troncocónicos + agujas","Retape troncocónicos + agujas","Retape troncocónicos + agujas","Retape troncocónicos + agujas","Retape troncocónicos + agujas","Retape troncocónicos + agujas","Retape troncocónicos + agujas","Retape troncocónicos + agujas","Retape troncocónicos + agujas","Retape troncocónicos + agujas","Retape troncocónicos + agujas","Retape troncocónicos + agujas","Retape troncocónicos + agujas","Retape troncocónicos + agujas","Retape troncocónicos + agujas","Retape troncocónicos + agujas","Retape troncocónicos + agujas","Retape troncocónicos + agujas","Retape troncocónicos + agujas","Retape troncocónicos + agujas","Retape troncocónicos + agujas","Retape troncocónicos + agujas","Retape troncocónicos + agujas","Retape troncocónicos + agujas","Retape troncocónicos + agujas","Retape troncocónicos + agujas","Retape troncocónicos + agujas","Retape troncocónicos + agujas","Retape troncocónicos + agujas","Retape troncocónicos + agujas","Retape troncocónicos + agujas","Retape troncocónicos + agujas","Retape troncocónicos + agujas","Retape troncocónicos + agujas","Retape troncocónicos + agujas","Retape troncocónicos + agujas","Retape troncocónicos + agujas","Retape troncocónicos + agujas","Retape troncocónicos + agujas","Retape troncocónicos + agujas","Retape troncocónicos + agujas","Retape troncocónicos + agujas","Retape troncocónicos + agujas","Retape troncocónicos + agujas","Retape troncocónicos + agujas","Retape troncocónicos + agujas","Retape troncocónicos + agujas","Retape troncocónicos + agujas","Retape troncocónicos + agujas","Retape troncocónicos + agujas","Retape troncocónicos + agujas","Retape troncocónicos + agujas","Retape troncocónicos + agujas","Retape troncocónicos + agujas","Retape troncocónicos + agujas","Retape troncocónicos + agujas","Retape troncocónicos + agujas","Retape troncocónicos + agujas","Retape troncocónicos + agujas","Retape troncocónicos + agujas","Retape troncocónicos + agujas","Retape troncocónicos + agujas","Retape troncocónicos + agujas","Retape troncocónicos + agujas","Retape troncocónicos + agujas","Retape troncocónicos + agujas","Retape troncocónicos + agujas","Retape troncocónicos + agujas","Retape troncocónicos + agujas","Retape troncocónicos + agujas","Retape troncocónicos + agujas","Retape troncocónicos + agujas","Retape troncocónicos + agujas","Retape troncocónicos + agujas","Retape troncocónicos + agujas","Retape troncocónicos + agujas","Retape troncocónicos + agujas","Retape troncocónicos + agujas","Retape troncocónicos + agujas","Retape troncocónicos + agujas","Retape troncocónicos + agujas","Retape troncocónicos + agujas","Retape troncocónicos + agujas","Retape troncocónicos + agujas","Retape troncocónicos + agujas","Retape troncocónicos + agujas","Retape troncocónicos + agujas","Retape troncocónicos + agujas","Retape troncocónicos + agujas","Retape troncocónicos + agujas","Retape troncocónicos + agujas","Retape troncocónicos + agujas","Retape troncocónicos + agujas","Retape troncocónicos + agujas","Retape troncocónicos + agujas","Retape troncocónicos + agujas","Retape troncocónicos + agujas","Retape troncocónicos + agujas","Retape troncocónicos + agujas","Retape troncocónicos + agujas","Retape troncocónicos + agujas","Retape troncocónicos + agujas","Retape troncocónicos + agujas","Retape troncocónicos + agujas","Retape troncocónicos + agujas","Retape troncocónicos + agujas","Retape troncocónicos + agujas","Retape troncocónicos + agujas","Retape troncocónicos + agujas","Retape troncocónicos + agujas","Retape troncocónicos + agujas","Retape troncocónicos + agujas","Retape troncocónicos + agujas","Retape troncocónicos + agujas","Retape troncocónicos + agujas","Retape troncocónicos + agujas","Retape troncocónicos + agujas","Retape troncocónicos + agujas","Retape troncocónicos + agujas","Retape troncocónicos + agujas","Retape troncocónicos + agujas","Retape troncocónicos + agujas","Retape troncocónicos + agujas","Retape troncocónicos + agujas","Retape troncocónicos + agujas","Retape troncocónicos + agujas","Retape troncocónicos + agujas","Retape troncocónicos + agujas","Retape troncocónicos + agujas","Retape troncocónicos + agujas","Retape troncocónicos + agujas","Retape troncocónicos + agujas","Retape troncocónicos + agujas","Retape troncocónicos + agujas","Retape troncocónicos + agujas","Retape troncocónicos + agujas","Retape troncocónicos + agujas","Retape troncocónicos + agujas","Retape troncocónicos + agujas","Retape troncocónicos + agujas","Retape troncocónicos + agujas","Retape troncocónicos + agujas","Retape troncocónicos + agujas","Retape troncocónicos + agujas","Retape troncocónicos + agujas","Retape troncocónicos + agujas","Retape troncocónicos + agujas","Retape troncocónicos + agujas","Retape troncocónicos + agujas","Retape troncocónicos + agujas","Retape troncocónicos + agujas","Retape troncocónicos + agujas","Retape troncocónicos + agujas","Retape troncocónicos + agujas","Retape troncocónicos + agujas","Retape troncocónicos + agujas","Retape troncocónicos + agujas","Retape troncocónicos + agujas","Retape troncocónicos + agujas","Retape troncocónicos + agujas","Retape troncocónicos + agujas","Retape troncocónicos + agujas","Retape troncocónicos + agujas","Retape troncocónicos + agujas","Retape troncocónicos + agujas","Retape troncocónicos + agujas","Retape troncocónicos + agujas","Retape troncocónicos + agujas","Retape troncocónicos + agujas","Retape troncocónicos + agujas","Retape troncocónicos + agujas","Retape troncocónicos + agujas","Retape troncocónicos + agujas","Retape troncocónicos + agujas","Retape troncocónicos + agujas","Retape troncocónicos + agujas","Retape troncocónicos + agujas","Retape troncocónicos + agujas","Retape troncocónicos + agujas","Retape troncocónicos + agujas","Retape troncocónicos + agujas","Retape troncocónicos + agujas","Retape troncocónicos + agujas","Retape troncocónicos + agujas","Retape troncocónicos + agujas","Retape troncocónicos + agujas","Retape troncocónicos + agujas","Retape troncocónicos + agujas","Retape troncocónicos + agujas","Retape troncocónicos + agujas","Retape troncocónicos + agujas","Retape troncocónicos + agujas","Retape troncocónicos + agujas","Retape troncocónicos + agujas","Retape troncocónicos + agujas","Retape troncocónicos + agujas","Retape troncocónicos + agujas","Retape troncocónicos + agujas","Retape troncocónicos + agujas","Retape troncocónicos + agujas","Retape troncocónicos + agujas","Retape troncocónicos + agujas","Retape troncocónicos + agujas","Retape troncocónicos + agujas","Retape troncocónicos + agujas","Retape troncocónicos + agujas","Retape troncocónicos + agujas","Retape troncocónicos + agujas","Retape troncocónicos + agujas","Retape troncocónicos + agujas","Retape troncocónicos + agujas","Retape troncocónicos + agujas","Retape troncocónicos + agujas","Retape troncocónicos + agujas","Retape troncocónicos + agujas","Retape troncocónicos + agujas","Retape troncocónicos + agujas","Retape troncocónicos + agujas","Retape troncocónicos + agujas","Retape troncocónicos + agujas","Retape troncocónicos + agujas","Retape troncocónicos + agujas","Retape troncocónicos + agujas","Retape troncocónicos + agujas","Retape troncocónicos + agujas","Retape troncocónicos + agujas","Retape troncocónicos + agujas","Retape troncocónicos + agujas","Retape troncocónicos + agujas","Retape troncocónicos + agujas","Retape troncocónicos + agujas","Retape troncocónicos + agujas","Retape troncocónicos + agujas","Retape troncocónicos + agujas","Retape troncocónicos + agujas","Retape troncocónicos + agujas","Retape troncocónicos + agujas","Retape troncocónicos + agujas","Retape troncocónicos + agujas","Retape troncocónicos + agujas","Retape troncocónicos + agujas","Retape troncocónicos + agujas","Retape troncocónicos + agujas","Retape troncocónicos + agujas","Retape troncocónicos + agujas","Retape troncocónicos + agujas","Retape troncocónicos + agujas","Retape troncocónicos + agujas","Retape troncocónicos + agujas","Retape troncocónicos + agujas","Retape troncocónicos + agujas","Retape troncocónicos + agujas","Retape troncocónicos + agujas","Retape troncocónicos + agujas","Retape troncocónicos + agujas","Retape troncocónicos + agujas","Retape troncocónicos + agujas","Retape troncocónicos + agujas","Retape troncocónicos + agujas","Retape troncocónicos + agujas","Retape troncocónicos + agujas","Retape troncocónicos + agujas","Retape troncocónicos + agujas","Retape troncocónicos + agujas","Retape troncocónicos + agujas","Retape troncocónicos + agujas","Retape troncocónicos + agujas","Retape troncocónicos + agujas","Retape troncocónicos + agujas","Retape troncocónicos + agujas","Retape troncocónicos + agujas","Retape troncocónicos + agujas","Retape troncocónicos + agujas","Retape troncocónicos + agujas","Retape troncocónicos + agujas","Retape troncocónicos + agujas","Retape troncocónicos + agujas","Retape troncocónicos + agujas","Retape troncocónicos + agujas","Retape troncocónicos + agujas","Retape troncocónicos + agujas","Retape troncocónicos + agujas","Retape troncocónicos + agujas","Retape troncocónicos + agujas","Retape troncocónicos + agujas","Retape troncocónicos + agujas","Retape troncocónicos + agujas","Retape troncocónicos + agujas","Retape troncocónicos + agujas","Retape troncocónicos + agujas","Retape troncocónicos + agujas","Retape troncocónicos + agujas","Retape troncocónicos + agujas","Retape troncocónicos + agujas","Retape troncocónicos + agujas","Retape troncocónicos + agujas","Retape troncocónicos + agujas","Retape troncocónicos + agujas","Retape troncocónicos + agujas","Retape troncocónicos + agujas","Retape troncocónicos + agujas","Retape troncocónicos + agujas","Retape troncocónicos + agujas","Retape troncocónicos + agujas","Retape troncocónicos + agujas","Retape troncocónicos + agujas","Retape troncocónicos + agujas","Retape troncocónicos + agujas","Retape troncocónicos + agujas","Retape troncocónicos + agujas","Retape troncocónicos + agujas","Retape troncocónicos + agujas","Retape troncocónicos + agujas","Retape troncocónicos + agujas","Retape troncocónicos + agujas","Retape troncocónicos + agujas","Retape troncocónicos + agujas","Retape troncocónicos + agujas","Retape troncocónicos + agujas","Retape troncocónicos + agujas","Retape troncocónicos + agujas","Retape troncocónicos + agujas","Retape troncocónicos + agujas","Retape troncocónicos + agujas","Retape troncocónicos + agujas","Retape troncocónicos + agujas","Retape troncocónicos + agujas","Retape troncocónicos + agujas","Retape troncocónicos + agujas","Retape troncocónicos + agujas","Retape troncocónicos + agujas","Retape troncocónicos + agujas","Retape troncocónicos + agujas","Retape troncocónicos + agujas","Retape troncocónicos + agujas","Retape troncocónicos + agujas","Retape troncocónicos + agujas","Retape troncocónicos + agujas","Retape troncocónicos + agujas","Retape troncocónicos + agujas","Retape troncocónicos + agujas","Retape troncocónicos + agujas","Retape troncocónicos + agujas","Retape troncocónicos + agujas","Retape troncocónicos + agujas","Retape troncocónicos + agujas","Retape troncocónicos + agujas","Retape troncocónicos + agujas","Retape troncocónicos + agujas","Retape troncocónicos + agujas","Retape troncocónicos + agujas","Retape troncocónicos + agujas","Retape troncocónicos + agujas","Retape troncocónicos + agujas","Retape troncocónicos + agujas","Retape troncocónicos + agujas","Retape troncocónicos + agujas","Retape troncocónicos + agujas","Retape troncocónicos + agujas","Retape troncocónicos + agujas","Retape troncocónicos + agujas","Retape troncocónicos + agujas","Retape troncocónicos + agujas","Retape troncocónicos + agujas","Retape troncocónicos + agujas","Retape troncocónicos + agujas","Retape troncocónicos + agujas","Retape troncocónicos + agujas","Retape troncocónicos + agujas","Retape troncocónicos + agujas","Retape troncocónicos + agujas","Retape troncocónicos + agujas","Retape troncocónicos + agujas","Retape troncocónicos + agujas","Retape troncocónicos + agujas","Retape troncocónicos + agujas","Retape troncocónicos + agujas","Retape troncocónicos + agujas","Retape troncocónicos + agujas","Retape troncocónicos + agujas","Retape troncocónicos + agujas","Retape troncocónicos + agujas","Retape troncocónicos + agujas","Retape troncocónicos + agujas","Retape troncocónicos + agujas","Retape troncocónicos + agujas","Retape troncocónicos + agujas","Retape troncocónicos + agujas","Retape troncocónicos + agujas","Retape troncocónicos + agujas","Retape troncocónicos + agujas","Retape troncocónicos + agujas","Retape troncocónicos + agujas","Retape troncocónicos + agujas","Retape troncocónicos + agujas","Retape troncocónicos + agujas","Retape troncocónicos + agujas","Retape troncocónicos + agujas","Retape troncocónicos + agujas","Retape troncocónicos + agujas","Retape troncocónicos + agujas","Retape troncocónicos + agujas","Retape troncocónicos + agujas","Retape troncocónicos + agujas","Retape troncocónicos + agujas","Retape troncocónicos + agujas","Retape troncocónicos + agujas","Retape troncocónicos + agujas","Retape troncocónicos + agujas","Retape troncocónicos + agujas","Retape troncocónicos + agujas","Retape troncocónicos + agujas","Retape troncocónicos + agujas","Retape troncocónicos + agujas","Retape troncocónicos + agujas","Retape troncocónicos + agujas","Retape troncocónicos + agujas","Retape troncocónicos + agujas","Retape troncocónicos + agujas","Retape troncocónicos + agujas","Retape troncocónicos + agujas","Retape troncocónicos + agujas","Retape troncocónicos + agujas","Retape troncocónicos + agujas","Retape troncocónicos + agujas","Retape troncocónicos + agujas","Retape troncocónicos + agujas","Retape troncocónicos + agujas","Retape troncocónicos + agujas","Retape troncocónicos + agujas","Retape troncocónicos + agujas","Retape troncocónicos + agujas","Retape troncocónicos + agujas","Retape troncocónicos + agujas","Retape troncocónicos + agujas","Retape troncocónicos + agujas","Retape troncocónicos + agujas","Retape troncocónicos + agujas","Retape troncocónicos + agujas","Retape troncocónicos + agujas","Retape troncocónicos + agujas","Retape troncocónicos + agujas","Retape troncocónicos + agujas","Retape troncocónicos + agujas","Retape troncocónicos + agujas","Retape troncocónicos + agujas","Retape troncocónicos + agujas","Retape troncocónicos + agujas","Retape troncocónicos + agujas","Retape troncocónicos + agujas","Retape troncocónicos + agujas","Retape troncocónicos + agujas","Retape troncocónicos + agujas","Retape troncocónicos + agujas","Retape troncocónicos + agujas","Retape troncocónicos + agujas","Retape troncocónicos + agujas","Retape troncocónicos + agujas","Retape troncocónicos + agujas","Retape troncocónicos + agujas","Retape troncocónicos + agujas","Retape troncocónicos + agujas","Retape troncocónicos + agujas","Retape troncocónicos + agujas","Retape troncocónicos + agujas","Retape troncocónicos + agujas","Retape troncocónicos + agujas","Retape troncocónicos + agujas","Retape troncocónicos + agujas","Retape troncocónicos + agujas","Retape troncocónicos + agujas","Retape troncocónicos + agujas","Retape troncocónicos + agujas","Retape troncocónicos + agujas","Retape troncocónicos + agujas","Retape troncocónicos + agujas","Retape troncocónicos + agujas","Retape troncocónicos + agujas","Retape troncocónicos + agujas","Retape troncocónicos + agujas","Retape troncocónicos + agujas","Retape troncocónicos + agujas","Retape troncocónicos + agujas","Retape troncocónicos + agujas","Retape troncocónicos + agujas","Retape troncocónicos + agujas","Retape troncocónicos + agujas","Retape troncocónicos + agujas","Retape troncocónicos + agujas","Retape troncocónicos + agujas","Retape troncocónicos + agujas","Retape troncocónicos + agujas","Retape troncocónicos + agujas","Retape troncocónicos + agujas","Retape troncocónicos + agujas","Retape troncocónicos + agujas","Retape troncocónicos + agujas","Retape troncocónicos + agujas","Retape troncocónicos + agujas","Retape troncocónicos + agujas","Retape troncocónicos + agujas","Retape troncocónicos + agujas","Retape troncocónicos + agujas","Retape troncocónicos + agujas","Retape troncocónicos + agujas","Retape troncocónicos + agujas","Retape troncocónicos + agujas","Retape troncocónicos + agujas","Retape troncocónicos + agujas","Retape troncocónicos + agujas","Retape troncocónicos + agujas","Retape troncocónicos + agujas","Retape troncocónicos + agujas","Retape troncocónicos + agujas","Retape troncocónicos + agujas","Retape troncocónicos + agujas","Retape troncocónicos + agujas","Retape troncocónicos + agujas","Retape troncocónicos + agujas","Retape troncocónicos + agujas","Retape troncocónicos + agujas","Retape troncocónicos + agujas","Retape troncocónicos + agujas","Retape troncocónicos + agujas","Retape troncocónicos + agujas","Retape troncocónicos + agujas","Retape troncocónicos + agujas","Retape troncocónicos + agujas","Retape troncocónicos + agujas","Retape troncocónicos + agujas","Retape troncocónicos + agujas","Retape troncocónicos + agujas","Retape troncocónicos + agujas","Retape troncocónicos + agujas","Retape troncocónicos + agujas","Retape troncocónicos + agujas","Retape troncocónicos + agujas","Retape troncocónicos + agujas","Retape troncocónicos + agujas","Retape troncocónicos + agujas","Retape troncocónicos + agujas","Retape troncocónicos + agujas","Retape troncocónicos + agujas","Retape troncocónicos + agujas","Retape troncocónicos + agujas","Retape troncocónicos + agujas","Retape troncocónicos + agujas","Retape troncocónicos + agujas","Retape troncocónicos + agujas","Retape troncocónicos + agujas","Retape troncocónicos + agujas","Retape troncocónicos + agujas","Retape troncocónicos + agujas","Retape troncocónicos + agujas","Retape troncocónicos + agujas","Retape troncocónicos + agujas","Retape troncocónicos + agujas","Retape troncocónicos + agujas","Retape troncocónicos + agujas","Retape troncocónicos + agujas","Retape troncocónicos + agujas","Retape troncocónicos + agujas","Retape troncocónicos + agujas","Retape troncocónicos + agujas","Retape troncocónicos + agujas","Retape troncocónicos + agujas","Retape troncocónicos + agujas","Retape troncocónicos + agujas","Retape troncocónicos + agujas","Retape troncocónicos + agujas","Retape troncocónicos + agujas","Retape troncocónicos + agujas","Retape troncocónicos + agujas","Retape troncocónicos + agujas","Retape troncocónicos + agujas","Retape troncocónicos + agujas","Retape troncocónicos + agujas","Retape troncocónicos + agujas","Retape troncocónicos + agujas","Retape troncocónicos + agujas","Retape troncocónicos + agujas","Retape troncocónicos + agujas","Retape troncocónicos + agujas","Retape troncocónicos + agujas","Retape troncocónicos + agujas","Retape troncocónicos + agujas","Retape troncocónicos + agujas","Retape troncocónicos + agujas","Retape troncocónicos + agujas","Retape troncocónicos + agujas","Retape troncocónicos + agujas","Retape troncocónicos + agujas","Retape troncocónicos + agujas","Retape troncocónicos + agujas","Retape troncocónicos + agujas","Retape troncocónicos + agujas","Retape troncocónicos + agujas","Retape troncocónicos + agujas","Retape troncocónicos + agujas","Retape troncocónicos + agujas","Retape troncocónicos + agujas","Retape troncocónicos + agujas","Retape troncocónicos + agujas","Retape troncocónicos + agujas","Retape troncocónicos + agujas","Retape troncocónicos + agujas","Retape troncocónicos + agujas","Retape troncocónicos + agujas","Retape troncocónicos + agujas","Retape troncocónicos + agujas","Retape troncocónicos + agujas","Retape troncocónicos + agujas","Retape troncocónicos + agujas","Retape troncocónicos + agujas","Retape troncocónicos + agujas","Retape troncocónicos + agujas","Retape troncocónicos + agujas","Retape troncocónicos + agujas","Retape troncocónicos + agujas","Retape troncocónicos + agujas","Retape troncocónicos + agujas","Retape troncocónicos + agujas","Retape troncocónicos + agujas","Retape troncocónicos + agujas","Retape troncocónicos + agujas","Retape troncocónicos + agujas","Retape troncocónicos + agujas","Retape troncocónicos + agujas","Retape troncocónicos + agujas","Retape troncocónicos + agujas","Retape troncocónicos + agujas","Retape troncocónicos + agujas","Retape troncocónicos + agujas","Retape troncocónicos + agujas","Retape troncocónicos + agujas","Retape troncocónicos + agujas","Retape troncocónicos + agujas","Retape troncocónicos + agujas","Retape troncocónicos + agujas","Retape troncocónicos + agujas","Retape troncocónicos + agujas","Retape troncocónicos + agujas","Retape troncocónicos + agujas","Retape troncocónicos + agujas","Retape troncocónicos + agujas","Retape troncocónicos + agujas","Retape troncocónicos + agujas","Retape troncocónicos + agujas","Retape troncocónicos + agujas","Retape troncocónicos + agujas","Retape troncocónicos + agujas","Retape troncocónicos + agujas","Retape troncocónicos + agujas","Retape troncocónicos + agujas","Retape troncocónicos + agujas","Retape troncocónicos + agujas","Retape troncocónicos + agujas","Retape troncocónicos + agujas","Retape troncocónicos + agujas","Retape troncocónicos + agujas","Retape troncocónicos + agujas","Retape troncocónicos + agujas","Retape troncocónicos + agujas","Retape troncocónicos + agujas","Retape troncocónicos + agujas","Retape troncocónicos + agujas","Retape troncocónicos + agujas","Retape troncocónicos + agujas","Retape troncocónicos + agujas","Retape troncocónicos + agujas","Retape troncocónicos + agujas","Retape troncocónicos + agujas","Retape troncocónicos + agujas","Retape troncocónicos + agujas","Retape troncocónicos + agujas","Retape troncocónicos + agujas","Retape troncocónicos + agujas","Retape troncocónicos + agujas","Retape troncocónicos + agujas","Retape troncocónicos + agujas","Retape troncocónicos + agujas","Retape troncocónicos + agujas","Retape troncocónicos + agujas","Retape troncocónicos + agujas","Retape troncocónicos + agujas","Retape troncocónicos + agujas","Retape troncocónicos + agujas","Retape troncocónicos + agujas","Retape troncocónicos + agujas","Retape troncocónicos + agujas","Retape troncocónicos + agujas","Retape troncocónicos + agujas","Retape troncocónicos + agujas","Retape troncocónicos + agujas","Retape troncocónicos + agujas","Retape troncocónicos + agujas","Retape troncocónicos + agujas","Retape troncocónicos + agujas","Retape troncocónicos + agujas","Retape troncocónicos + agujas","Retape troncocónicos + agujas","Retape troncocónicos + agujas","Retape troncocónicos + agujas","Retape troncocónicos + agujas","Retape troncocónicos + agujas","Retape troncocónicos + agujas","Retape troncocónicos + agujas","Retape troncocónicos + agujas","Retape troncocónicos + agujas","Retape troncocónicos + agujas","Retape troncocónicos + agujas","Retape troncocónicos + agujas","Retape troncocónicos + agujas","Retape troncocónicos + agujas","Retape troncocónicos + agujas","Retape troncocónicos + agujas","Retape troncocónicos + agujas","Retape troncocónicos + agujas","Retape troncocónicos + agujas","Retape troncocónicos + agujas","Retape troncocónicos + agujas","Retape troncocónicos + agujas","Retape troncocónicos + agujas","Retape troncocónicos + agujas","Retape troncocónicos + agujas","Retape troncocónicos + agujas","Retape troncocónicos + agujas","Retape troncocónicos + agujas","Retape troncocónicos + agujas","Retape troncocónicos + agujas","Retape troncocónicos + agujas","Retape troncocónicos + agujas","Retape troncocónicos + agujas","Retape troncocónicos + agujas","Retape troncocónicos + agujas","Retape troncocónicos + agujas","Retape troncocónicos + agujas","Retape troncocónicos + agujas","Retape troncocónicos + agujas","Retape troncocónicos + agujas","Retape troncocónicos + agujas","Retape troncocónicos + agujas","Retape troncocónicos + agujas","Retape troncocónicos + agujas","Retape troncocónicos + agujas","Retape troncocónicos + agujas","Retape troncocónicos + agujas","Retape troncocónicos + agujas","Retape troncocónicos + agujas","Retape troncocónicos + agujas","Retape troncocónicos + agujas","Retape troncocónicos + agujas","Retape troncocónicos + agujas","Retape troncocónicos + agujas","Retape troncocónicos + agujas","Retape troncocónicos + agujas","Retape troncocónicos + agujas","Retape troncocónicos + agujas","Retape troncocónicos + agujas","Retape troncocónicos + agujas","Retape troncocónicos + agujas","Retape troncocónicos + agujas","Retape troncocónicos + agujas","Retape troncocónicos + agujas","Retape troncocónicos + agujas","Retape troncocónicos + agujas","Retape troncocónicos + agujas","Retape troncocónicos + agujas","Retape troncocónicos + agujas","Retape troncocónicos + agujas","Retape troncocónicos + agujas","Retape troncocónicos + agujas","Retape troncocónicos + agujas","Retape troncocónicos + agujas","Retape troncocónicos + agujas","Retape troncocónicos + agujas","Retape troncocónicos + agujas","Retape troncocónicos + agujas","Retape troncocónicos + agujas","Retape troncocónicos + agujas","Retape troncocónicos + agujas","Retape troncocónicos + agujas","Retape troncocónicos + agujas","Retape troncocónicos + agujas","Retape troncocónicos + agujas","Retape troncocónicos + agujas","Retape troncocónicos + agujas","Retape troncocónicos + agujas","Retape troncocónicos + agujas","Retape troncocónicos + agujas","Retape troncocónicos + agujas","Retape troncocónicos + agujas","Retape troncocónicos + agujas","Retape troncocónicos + agujas","Retape troncocónicos + agujas","Retape troncocónicos + agujas","Retape troncocónicos + agujas","Retape troncocónicos + agujas","Retape troncocónicos + agujas","Retape troncocónicos + agujas","Retape troncocónicos + agujas","Retape troncocónicos + agujas","Retape troncocónicos + agujas","Retape troncocónicos + agujas","Retape troncocónicos + agujas","Retape troncocónicos + agujas","Retape troncocónicos + agujas","Retape troncocónicos + agujas","Retape troncocónicos + agujas","Retape troncocónicos + agujas","Retape troncocónicos + agujas","Retape troncocónicos + agujas","Retape troncocónicos + agujas","Retape troncocónicos + agujas","Retape troncocónicos + agujas","Retape troncocónicos + agujas","Retape troncocónicos + agujas","Retape troncocónicos + agujas","Retape troncocónicos + agujas","Retape troncocónicos + agujas","Retape troncocónicos + agujas","Retape troncocónicos + agujas","Retape troncocónicos + agujas","Retape troncocónicos + agujas","Retape troncocónicos + agujas","Retape troncocónicos + agujas","Retape troncocónicos + agujas","Retape troncocónicos + agujas","Retape troncocónicos + agujas","Retape troncocónicos + agujas","Retape troncocónicos + agujas","Retape troncocónicos + agujas","Retape troncocónicos + agujas","Retape troncocónicos + agujas","Retape troncocónicos + agujas","Retape troncocónicos + agujas","Retape troncocónicos + agujas","Retape troncocónicos + agujas","Retape troncocónicos + agujas","Retape troncocónicos + agujas","Retape troncocónicos + agujas","Retape troncocónicos + agujas","Retape troncocónicos + agujas","Retape troncocónicos + agujas","Retape troncocónicos + agujas","Retape troncocónicos + agujas","Retape troncocónicos + agujas","Retape troncocónicos + agujas","Retape troncocónicos + agujas","Retape troncocónicos + agujas","Retape troncocónicos + agujas","Retape troncocónicos + agujas","Retape troncocónicos + agujas","Retape troncocónicos + agujas","Retape troncocónicos + agujas","Retape troncocónicos + agujas","Retape troncocónicos + agujas","Retape troncocónicos + agujas","Retape troncocónicos + agujas","Retape troncocónicos + agujas","Retape troncocónicos + agujas","Retape troncocónicos + agujas","Retape troncocónicos + agujas","Retape troncocónicos + agujas","Retape troncocónicos + agujas","Retape troncocónicos + agujas","Retape troncocónicos + agujas","Retape troncocónicos + agujas","Retape troncocónicos + agujas","Retape troncocónicos + agujas","Retape troncocónicos + agujas","Retape troncocónicos + agujas","Retape troncocónicos + agujas","Retape troncocónicos + agujas","Retape troncocónicos + agujas","Retape troncocónicos + agujas","Retape troncocónicos + agujas","Retape troncocónicos + agujas","Retape troncocónicos + agujas","Retape troncocónicos + agujas","Retape troncocónicos + agujas","Retape troncocónicos + agujas","Retape troncocónicos + agujas","Retape troncocónicos + agujas","Retape troncocónicos + agujas","Retape troncocónicos + agujas","Retape troncocónicos + agujas","Retape troncocónicos + agujas","Retape troncocónicos + agujas","Retape troncocónicos + agujas","Retape troncocónicos + agujas","Retape troncocónicos + agujas","Retape troncocónicos + agujas","Retape troncocónicos + agujas","Retape troncocónicos + agujas","Retape troncocónicos + agujas","Retape troncocónicos + agujas","Retape troncocónicos + agujas","Retape troncocónicos + agujas","Retape troncocónicos + agujas","Retape troncocónicos + agujas","Retape troncocónicos + agujas","Retape troncocónicos + agujas","Retape troncocónicos + agujas","Retape troncocónicos + agujas","Retape troncocónicos + agujas","Retape troncocónicos + agujas","Retape troncocónicos + agujas","Retape troncocónicos + agujas","Retape troncocónicos + agujas","Retape troncocónicos + agujas","Retape troncocónicos + agujas","Retape troncocónicos + agujas","Retape troncocónicos + agujas","Retape troncocónicos + agujas","Retape troncocónicos + agujas","Retape troncocónicos + agujas","Retape troncocónicos + agujas","Retape troncocónicos + agujas","Retape troncocónicos + agujas","Retape troncocónicos + agujas","Retape troncocónicos + agujas","Retape troncocónicos + agujas","Retape troncocónicos + agujas","Retape troncocónicos + agujas","Retape troncocónicos + agujas","Retape troncocónicos + agujas","Retape troncocónicos + agujas","Retape troncocónicos + agujas","Retape troncocónicos + agujas","Retape troncocónicos + agujas","Retape troncocónicos + agujas","Retape troncocónicos + agujas","Retape troncocónicos + agujas","Retape troncocónicos + agujas","Retape troncocónicos + agujas","Retape troncocónicos + agujas","Retape troncocónicos + agujas","Retape troncocónicos + agujas","Retape troncocónicos + agujas","Retape troncocónicos + agujas","Retape troncocónicos + agujas","Retape troncocónicos + agujas","Retape troncocónicos + agujas","Retape troncocónicos + agujas","Retape troncocónicos + agujas","Retape troncocónicos + agujas","Retape troncocónicos + agujas","Retape troncocónicos + agujas","Retape troncocónicos + agujas","Retape troncocónicos + agujas","Retape troncocónicos + agujas","Retape troncocónicos + agujas","Retape troncocónicos + agujas","Retape troncocónicos + agujas","Retape troncocónicos + agujas","Retape troncocónicos + agujas","Retape troncocónicos + agujas","Retape troncocónicos + agujas","Retape troncocónicos + agujas","Retape troncocónicos + agujas","Retape troncocónicos + agujas","Retape troncocónicos + agujas","Retape troncocónicos + agujas","Retape troncocónicos + agujas","Retape troncocónicos + agujas","Retape troncocónicos + agujas","Retape troncocónicos + agujas","Retape troncocónicos + agujas","Retape troncocónicos + agujas","Retape troncocónicos + agujas","Retape troncocónicos + agujas","Retape troncocónicos + agujas","Retape troncocónicos + agujas","Retape troncocónicos + agujas","Retape troncocónicos + agujas","Retape troncocónicos + agujas","Retape troncocónicos + agujas","Retape troncocónicos + agujas","Retape troncocónicos + agujas","Retape troncocónicos + agujas","Retape troncocónicos + agujas","Retape troncocónicos + agujas","Retape troncocónicos + agujas","Retape troncocónicos + agujas","Retape troncocónicos + agujas","Retape troncocónicos + agujas","Retape troncocónicos + agujas","Retape troncocónicos + agujas","Retape troncocónicos + agujas","Retape troncocónicos + agujas","Retape troncocónicos + agujas","Retape troncocónicos + agujas","Retape troncocónicos + agujas","Retape troncocónicos + agujas","Retape troncocónicos + agujas","Retape troncocónicos + agujas","Retape troncocónicos + agujas","Retape troncocónicos + agujas","Retape troncocónicos + agujas","Retape troncocónicos + agujas","Retape troncocónicos + agujas","Retape troncocónicos + agujas","Retape troncocónicos + agujas","Retape troncocónicos + agujas","Retape troncocónicos + agujas","Retape troncocónicos + agujas","Retape troncocónicos + agujas","Retape troncocónicos + agujas","Retape troncocónicos + agujas","Retape troncocónicos + agujas","Retape troncocónicos + agujas","Retape troncocónicos + agujas","Retape troncocónicos + agujas","Retape troncocónicos + agujas","Retape troncocónicos + agujas","Retape troncocónicos + agujas","Retape troncocónicos + agujas","Retape troncocónicos + agujas","Retape troncocónicos + agujas","Retape troncocónicos + agujas","Retape troncocónicos + agujas","Retape troncocónicos + agujas","Retape troncocónicos + agujas","Retape troncocónicos + agujas","Retape troncocónicos + agujas","Retape troncocónicos + agujas","Retape troncocónicos + agujas","Retape troncocónicos + agujas","Retape troncocónicos + agujas","Retape troncocónicos + agujas","Retape troncocónicos + agujas","Retape troncocónicos + agujas","Retape troncocónicos + agujas","Retape troncocónicos + agujas","Retape troncocónicos + agujas","Retape troncocónicos + agujas","Retape troncocónicos + agujas","Retape troncocónicos + agujas","Retape troncocónicos + agujas","Retape troncocónicos + agujas","Retape troncocónicos + agujas","Retape troncocónicos + agujas","Retape troncocónicos + agujas","Retape troncocónicos + agujas","Retape troncocónicos + agujas","Retape troncocónicos + agujas","Retape troncocónicos + agujas","Retape troncocónicos + agujas","Retape troncocónicos + agujas","Retape troncocónicos + agujas","Retape troncocónicos + agujas","Retape troncocónicos + agujas","Retape troncocónicos + agujas","Retape troncocónicos + agujas","Retape troncocónicos + agujas","Retape troncocónicos + agujas","Retape troncocónicos + agujas","Retape troncocónicos + agujas","Retape troncocónicos + agujas","Retape troncocónicos + agujas","Retape troncocónicos + agujas","Retape troncocónicos + agujas","Retape troncocónicos + agujas","Retape troncocónicos + agujas","Retape troncocónicos + agujas","Retape troncocónicos + agujas","Retape troncocónicos + agujas","Retape troncocónicos + agujas","Retape troncocónicos + agujas","Retape troncocónicos + agujas","Retape troncocónicos + agujas","Retape troncocónicos + agujas","Retape troncocónicos + agujas","Retape troncocónicos + agujas","Retape troncocónicos + agujas","Retape troncocónicos + agujas","Retape troncocónicos + agujas","Retape troncocónicos + agujas","Retape troncocónicos + agujas","Retape troncocónicos + agujas","Retape troncocónicos + agujas","Retape troncocónicos + agujas","Retape troncocónicos + agujas","Retape troncocónicos + agujas","Retape troncocónicos + agujas","Retape troncocónicos + agujas","Retape troncocónicos + agujas","Retape troncocónicos + agujas","Retape troncocónicos + agujas","Retape troncocónicos + agujas","Retape troncocónicos + agujas","Retape troncocónicos + agujas","Retape troncocónicos + agujas","Retape troncocónicos + agujas","Retape troncocónicos + agujas","Retape troncocónicos + agujas","Retape troncocónicos + agujas","Retape troncocónicos + agujas","Retape troncocónicos + agujas","Retape troncocónicos + agujas","Retape troncocónicos + agujas","Retape troncocónicos + agujas","Retape troncocónicos + agujas","Retape troncocónicos + agujas","Retape troncocónicos + agujas","Retape troncocónicos + agujas","Retape troncocónicos + agujas","Retape troncocónicos + agujas","Retape troncocónicos + agujas","Retape troncocónicos + agujas","Retape troncocónicos + agujas","Retape troncocónicos + agujas","Retape troncocónicos + agujas","Retape troncocónicos + agujas","Retape troncocónicos + agujas","Retape troncocónicos + agujas","Retape troncocónicos + agujas","Retape troncocónicos + agujas","Retape troncocónicos + agujas","Retape troncocónicos + agujas","Retape troncocónicos + agujas","Retape troncocónicos + agujas","Retape troncocónicos + agujas","Retape troncocónicos + agujas","Retape troncocónicos + agujas","Retape troncocónicos + agujas","Retape troncocónicos + agujas","Retape troncocónicos + agujas","Retape troncocónicos + agujas","Retape troncocónicos + agujas","Retape troncocónicos + agujas","Retape troncocónicos + agujas","Retape troncocónicos + agujas","Retape troncocónicos + agujas","Retape troncocónicos + agujas","Retape troncocónicos + agujas","Retape troncocónicos + agujas","Retape troncocónicos + agujas","Retape troncocónicos + agujas","Retape troncocónicos + agujas","Retape troncocónicos + agujas","Retape troncocónicos + agujas","Retape troncocónicos + agujas","Retape troncocónicos + agujas","Retape troncocónicos + agujas","Retape troncocónicos + agujas","Retape troncocónicos + agujas","Retape troncocónicos + agujas","Retape troncocónicos + agujas","Retape troncocónicos + agujas","Retape troncocónicos + agujas","Retape troncocónicos + agujas","Retape troncocónicos + agujas","Retape troncocónicos + agujas","Retape troncocónicos + agujas","Retape troncocónicos + agujas","Retape troncocónicos + agujas","Retape troncocónicos + agujas","Retape troncocónicos + agujas","Retape troncocónicos + agujas","Retape troncocónicos + agujas","Retape troncocónicos + agujas","Retape troncocónicos + agujas","Retape troncocónicos + agujas","Retape troncocónicos + agujas","Retape troncocónicos + agujas","Retape troncocónicos + agujas","Retape troncocónicos + agujas","Retape troncocónicos + agujas","Retape troncocónicos + agujas","Retape troncocónicos + agujas","Retape troncocónicos + agujas","Retape troncocónicos + agujas","Retape troncocónicos + agujas","Retape troncocónicos + agujas","Retape troncocónicos + agujas","Retape troncocónicos + agujas","Retape troncocónicos + agujas","Retape troncocónicos + agujas","Retape troncocónicos + agujas","Retape troncocónicos + agujas","Retape troncocónicos + agujas","Retape troncocónicos + agujas","Retape troncocónicos + agujas","Retape troncocónicos + agujas","Retape troncocónicos + agujas","Retape troncocónicos + agujas","Retape troncocónicos + agujas","Retape troncocónicos + agujas","Retape troncocónicos + agujas","Retape troncocónicos + agujas","Retape troncocónicos + agujas","Retape troncocónicos + agujas","Retape troncocónicos + agujas","Retape troncocónicos + agujas","Retape troncocónicos + agujas","Retape troncocónicos + agujas","Retape troncocónicos + agujas","Retape troncocónicos + agujas","Retape troncocónicos + agujas","Retape troncocónicos + agujas","Retape troncocónicos + agujas","Retape troncocónicos + agujas","Retape troncocónicos + agujas","Retape troncocónicos + agujas","Retape troncocónicos + agujas","Retape troncocónicos + agujas","Retape troncocónicos + agujas","Retape troncocónicos + agujas","Retape troncocónicos + agujas","Retape troncocónicos + agujas","Retape troncocónicos + agujas","Retape troncocónicos + agujas","Retape troncocónicos + agujas","Retape troncocónicos + agujas","Retape troncocónicos + agujas","Retape troncocónicos + agujas","Retape troncocónicos + agujas","Retape troncocónicos + agujas","Retape troncocónicos + agujas","Retape troncocónicos + agujas","Retape troncocónicos + agujas","Retape troncocónicos + agujas","Retape troncocónicos + agujas","Retape troncocónicos + agujas","Retape troncocónicos + agujas","Retape troncocónicos + agujas","Retape troncocónicos + agujas","Retape troncocónicos + agujas","Retape troncocónicos + agujas","Retape troncocónicos + agujas","Retape troncocónicos + agujas","Retape troncocónicos + agujas","Retape troncocónicos + agujas","Retape troncocónicos + agujas","Retape troncocónicos + agujas","Retape troncocónicos + agujas","Retape troncocónicos + agujas","Retape troncocónicos + agujas","Retape troncocónicos + agujas","Retape troncocónicos + agujas","Retape troncocónicos + agujas","Retape troncocónicos + agujas","Retape troncocónicos + agujas","Retape troncocónicos + agujas","Retape troncocónicos + agujas","Retape troncocónicos + agujas","Retape troncocónicos + agujas","Retape troncocónicos + agujas","Retape troncocónicos + agujas","Retape troncocónicos + agujas","Retape troncocónicos + agujas","Retape troncocónicos + agujas","Retape troncocónicos + agujas","Retape troncocónicos + agujas","Retape troncocónicos + agujas","Retape troncocónicos + agujas","Retape troncocónicos + agujas","Retape troncocónicos + agujas","Retape troncocónicos + agujas","Retape troncocónicos + agujas","Retape troncocónicos + agujas","Retape troncocónicos + agujas","Retape troncocónicos + agujas","Retape troncocónicos + agujas","Retape troncocónicos + agujas","Retape troncocónicos + agujas","Retape troncocónicos + agujas","Retape troncocónicos + agujas","Retape troncocónicos + agujas","Retape troncocónicos + agujas","Retape troncocónicos + agujas","Retape troncocónicos + agujas","Retape troncocónicos + agujas","Retape troncocónicos + agujas","Retape troncocónicos + agujas","Retape troncocónicos + agujas","Retape troncocónicos + agujas","Retape troncocónicos + agujas","Retape troncocónicos + agujas","Retape troncocónicos + agujas","Retape troncocónicos + agujas","Retape troncocónicos + agujas","Retape troncocónicos + agujas","Retape troncocónicos + agujas","Retape troncocónicos + agujas","Retape troncocónicos + agujas","Retape troncocónicos + agujas","Retape troncocónicos + agujas","Retape troncocónicos + agujas","Retape troncocónicos + agujas","Retape troncocónicos + agujas","Retape troncocónicos + agujas","Retape troncocónicos + agujas","Retape troncocónicos + agujas","Retape troncocónicos + agujas","Retape troncocónicos + agujas","Retape troncocónicos + agujas","Retape troncocónicos + agujas","Retape troncocónicos + agujas","Retape troncocónicos + agujas","Retape troncocónicos + agujas","Retape troncocónicos + agujas","Retape troncocónicos + agujas","Retape troncocónicos + agujas","Retape troncocónicos + agujas","Retape troncocónicos + agujas","Retape troncocónicos + agujas","Retape troncocónicos + agujas","Retape troncocónicos + agujas","Retape troncocónicos + agujas","Retape troncocónicos + agujas","Retape troncocónicos + agujas","Retape troncocónicos + agujas","Retape troncocónicos + agujas","Retape troncocónicos + agujas","Retape troncocónicos + agujas","Retape troncocónicos + agujas","Retape troncocónicos + agujas","Retape troncocónicos + agujas","Retape troncocónicos + agujas","Retape troncocónicos + agujas","Retape troncocónicos + agujas","Retape troncocónicos + agujas","Retape troncocónicos + agujas","Retape troncocónicos + agujas","Retape troncocónicos + agujas","Retape troncocónicos + agujas","Retape troncocónicos + agujas","Retape troncocónicos + agujas","Retape troncocónicos + agujas","Retape troncocónicos + agujas","Retape troncocónicos + agujas","Retape troncocónicos + agujas","Retape troncocónicos + agujas","Retape troncocónicos + agujas","Retape troncocónicos + agujas","Retape troncocónicos + agujas","Retape troncocónicos + agujas","Retape troncocónicos + agujas","Retape troncocónicos + agujas","Retape troncocónicos + agujas","Retape troncocónicos + agujas","Retape troncocónicos + agujas","Retape troncocónicos + agujas","Retape troncocónicos + agujas","Retape troncocónicos + agujas","Retape troncocónicos + agujas","Retape troncocónicos + agujas","Retape troncocónicos + agujas","Retape troncocónicos + agujas","Retape troncocónicos + agujas","Retape troncocónicos + agujas","Retape troncocónicos + agujas","Retape troncocónicos + agujas","Retape troncocónicos + agujas","Retape troncocónicos + agujas","Retape troncocónicos + agujas","Retape troncocónicos + agujas","Retape troncocónicos + agujas","Retape troncocónicos + agujas","Retape troncocónicos + agujas","Retape troncocónicos + agujas","Retape troncocónicos + agujas","Retape troncocónicos + agujas","Retape troncocónicos + agujas","Retape troncocónicos + agujas","Retape troncocónicos + agujas","Retape troncocónicos + agujas","Retape troncocónicos + agujas","Retape troncocónicos + agujas","Retape troncocónicos + agujas","Retape troncocónicos + agujas","Retape troncocónicos + agujas","Retape troncocónicos + agujas","Retape troncocónicos + agujas","Retape troncocónicos + agujas","Retape troncocónicos + agujas","Retape troncocónicos + agujas","Retape troncocónicos + agujas","Retape troncocónicos + agujas","Retape troncocónicos + agujas","Retape troncocónicos + agujas","Retape troncocónicos + agujas","Retape troncocónicos + agujas","Retape troncocónicos + agujas","Retape troncocónicos + agujas","Retape troncocónicos + agujas","Retape troncocónicos + agujas","Retape troncocónicos + agujas","Retape troncocónicos + agujas","Retape troncocónicos + agujas","Retape troncocónicos + agujas","Retape troncocónicos + agujas","Retape troncocónicos + agujas","Retape troncocónicos + agujas","Retape troncocónicos + agujas","Retape troncocónicos + agujas","Retape troncocónicos + agujas","Retape troncocónicos + agujas","Retape troncocónicos + agujas","Retape troncocónicos + agujas","Retape troncocónicos + agujas","Retape troncocónicos + agujas","Retape troncocónicos + agujas","Retape troncocónicos + agujas","Retape troncocónicos + agujas","Retape troncocónicos + agujas","Retape troncocónicos + agujas","Retape troncocónicos + agujas","Retape troncocónicos + agujas","Retape troncocónicos + agujas","Retape troncocónicos + agujas","Retape troncocónicos + agujas","Retape troncocónicos + agujas","Retape troncocónicos + agujas","Retape troncocónicos + agujas","Retape troncocónicos + agujas","Retape troncocónicos + agujas","Retape troncocónicos + agujas","Retape troncocónicos + agujas","Retape troncocónicos + agujas","Retape troncocónicos + agujas","Retape troncocónicos + agujas","Retape troncocónicos + agujas","Retape troncocónicos + agujas","Retape troncocónicos + agujas","Retape troncocónicos + agujas","Retape troncocónicos + agujas","Retape troncocónicos + agujas","Retape troncocónicos + agujas","Retape troncocónicos + agujas","Retape troncocónicos + agujas","Retape troncocónicos + agujas","Retape troncocónicos + agujas","Retape troncocónicos + agujas","Retape troncocónicos + agujas","Retape troncocónicos + agujas","Retape troncocónicos + agujas","Retape troncocónicos + agujas","Retape troncocónicos + agujas","Retape troncocónicos + agujas","Retape troncocónicos + agujas","Retape troncocónicos + agujas","Retape troncocónicos + agujas","Retape troncocónicos + agujas","Retape troncocónicos + agujas","Retape troncocónicos + agujas","Retape troncocónicos + agujas","Retape troncocónicos + agujas","Retape troncocónicos + agujas","Retape troncocónicos + agujas","Retape troncocónicos + agujas","Retape troncocónicos + agujas","Retape troncocónicos + agujas","Retape troncocónicos + agujas","Retape troncocónicos + agujas","Retape troncocónicos + agujas","Retape troncocónicos + agujas","Retape troncocónicos + agujas","Retape troncocónicos + agujas","Retape troncocónicos + agujas","Retape troncocónicos + agujas","Retape troncocónicos + agujas","Retape troncocónicos + agujas","Retape troncocónicos + agujas","Retape troncocónicos + agujas","Retape troncocónicos + agujas","Retape troncocónicos + agujas","Retape troncocónicos + agujas","Retape troncocónicos + agujas","Retape troncocónicos + agujas","Retape troncocónicos + agujas","Retape troncocónicos + agujas","Retape troncocónicos + agujas","Retape troncocónicos + agujas","Retape troncocónicos + agujas","Retape troncocónicos + agujas","Retape troncocónicos + agujas","Retape troncocónicos + agujas","Retape troncocónicos + agujas","Retape troncocónicos + agujas","Retape troncocónicos + agujas","Retape troncocónicos + agujas","Retape troncocónicos + agujas","Retape troncocónicos + agujas","Retape troncocónicos + agujas","Retape troncocónicos + agujas","Retape troncocónicos + agujas","Retape troncocónicos + agujas","Retape troncocónicos + agujas","Retape troncocónicos + agujas","Retape troncocónicos + agujas","Retape troncocónicos + agujas","Retape troncocónicos + agujas","Retape troncocónicos + agujas","Retape troncocónicos + agujas","Retape troncocónicos + agujas","Retape troncocónicos + agujas","Retape troncocónicos + agujas","Retape troncocónicos + agujas","Retape troncocónicos + agujas","Retape troncocónicos + agujas","Retape troncocónicos + agujas","Retape troncocónicos + agujas","Retape troncocónicos + agujas","Retape troncocónicos + agujas","Retape troncocónicos + agujas","Retape troncocónicos + agujas","Retape troncocónicos + agujas","Retape troncocónicos + agujas","Retape troncocónicos + agujas","Retape troncocónicos + agujas","Retape troncocónicos + agujas","Retape troncocónicos + agujas","Retape troncocónicos + agujas","Retape troncocónicos + agujas","Retape troncocónicos + agujas","Retape troncocónicos + agujas","Retape troncocónicos + agujas","Retape troncocónicos + agujas","Retape troncocónicos + agujas","Retape troncocónicos + agujas","Retape troncocónicos + agujas","Retape troncocónicos + agujas","Retape troncocónicos + agujas","Retape troncocónicos + agujas","Retape troncocónicos + agujas","Retape troncocónicos + agujas","Retape troncocónicos + agujas","Retape troncocónicos + agujas","Retape troncocónicos + agujas","Retape troncocónicos + agujas","Retape troncocónicos + agujas","Retape troncocónicos + agujas","Retape troncocónicos + agujas","Retape troncocónicos + agujas","Retape troncocónicos + agujas","Retape troncocónicos + agujas","Retape troncocónicos + agujas","Retape troncocónicos + agujas","Retape troncocónicos + agujas","Retape troncocónicos + agujas","Retape troncocónicos + agujas","Retape troncocónicos + agujas","Retape troncocónicos + agujas","Retape troncocónicos + agujas","Retape troncocónicos + agujas","Retape troncocónicos + agujas","Retape troncocónicos + agujas","Retape troncocónicos + agujas","Retape troncocónicos + agujas","Retape troncocónicos + agujas","Retape troncocónicos + agujas","Retape troncocónicos + agujas","Retape troncocónicos + agujas","Retape troncocónicos + agujas","Retape troncocónicos + agujas","Retape troncocónicos + agujas","Retape troncocónicos + agujas","Retape troncocónicos + agujas","Retape troncocónicos + agujas","Retape troncocónicos + agujas","Retape troncocónicos + agujas","Retape troncocónicos + agujas","Retape troncocónicos + agujas","Retape troncocónicos + agujas","Retape troncocónicos + agujas","Retape troncocónicos + agujas","Retape troncocónicos + agujas","Retape troncocónicos + agujas","Retape troncocónicos + agujas","Retape troncocónicos + agujas","Retape troncocónicos + agujas","Retape troncocónicos + agujas","Retape troncocónicos + agujas","Retape troncocónicos + agujas","Retape troncocónicos + agujas","Retape troncocónicos + agujas","Retape troncocónicos + agujas","Retape troncocónicos + agujas","Retape troncocónicos + agujas","Retape troncocónicos + agujas","Retape troncocónicos + agujas","Retape troncocónicos + agujas","Retape troncocónicos + agujas","Retape troncocónicos + agujas","Retape troncocónicos + agujas","Retape troncocónicos + agujas","Retape troncocónicos + agujas","Retape troncocónicos + agujas","Retape troncocónicos + agujas","Retape troncocónicos + agujas","Retape troncocónicos + agujas","Retape troncocónicos + agujas","Retape troncocónicos + agujas","Retape troncocónicos + agujas","Retape troncocónicos + agujas","Retape troncocónicos + agujas","Retape troncocónicos + agujas","Retape troncocónicos + agujas","Retape troncocónicos + agujas","Retape troncocónicos + agujas","Retape troncocónicos + agujas","Retape troncocónicos + agujas","Retape troncocónicos + agujas","Retape troncocónicos + agujas","Retape troncocónicos + agujas","Retape troncocónicos + agujas","Retape troncocónicos + agujas","Retape troncocónicos + agujas","Retape troncocónicos + agujas","Retape troncocónicos + agujas","Retape troncocónicos + agujas","Retape troncocónicos + agujas","Retape troncocónicos + agujas","Retape troncocónicos + agujas","Retape troncocónicos + agujas","Retape troncocónicos + agujas","Retape troncocónicos + agujas","Retape troncocónicos + agujas","Retape troncocónicos + agujas","Retape troncocónicos + agujas","Retape troncocónicos + agujas","Retape troncocónicos + agujas","Retape troncocónicos + agujas","Retape troncocónicos + agujas","Retape troncocónicos + agujas","Retape troncocónicos + agujas","Retape troncocónicos + agujas","Retape troncocónicos + agujas","Retape troncocónicos + agujas","Retape troncocónicos + agujas","Retape troncocónicos + agujas","Retape troncocónicos + agujas","Retape troncocónicos + agujas","Retape troncocónicos + agujas","Retape troncocónicos + agujas","Retape troncocónicos + agujas","Retape troncocónicos + agujas","Retape troncocónicos + agujas","Retape troncocónicos + agujas","Retape troncocónicos + agujas","Retape troncocónicos + agujas","Retape troncocónicos + agujas","Retape troncocónicos + agujas","Retape troncocónicos + agujas","Retape troncocónicos + agujas","Retape troncocónicos + agujas","Retape troncocónicos + agujas","Retape troncocónicos + agujas","Retape troncocónicos + agujas","Retape troncocónicos + agujas","Retape troncocónicos + agujas","Retape troncocónicos + agujas","Retape troncocónicos + agujas","Retape troncocónicos + agujas","Retape troncocónicos + agujas","Retape troncocónicos + agujas","Retape troncocónicos + agujas","Retape troncocónicos + agujas","Retape troncocónicos + agujas","Retape troncocónicos + agujas","Retape troncocónicos + agujas","Retape troncocónicos + agujas","Retape troncocónicos + agujas","Retape troncocónicos + agujas","Retape troncocónicos + agujas","Retape troncocónicos + agujas","Retape troncocónicos + agujas","Retape troncocónicos + agujas","Retape troncocónicos + agujas","Retape troncocónicos + agujas","Retape troncocónicos + agujas","Retape troncocónicos + agujas","Retape troncocónicos + agujas","Retape troncocónicos + agujas","Retape troncocónicos + agujas","Retape troncocónicos + agujas","Retape troncocónicos + agujas","Retape troncocónicos + agujas","Retape troncocónicos + agujas","Retape troncocónicos + agujas","Retape troncocónicos + agujas","Retape troncocónicos + agujas","Retape troncocónicos + agujas","Retape troncocónicos + agujas","Retape troncocónicos + agujas","Retape troncocónicos + agujas","Retape troncocónicos + agujas","Retape troncocónicos + agujas","Retape troncocónicos + agujas","Retape troncocónicos + agujas","Retape troncocónicos + agujas","Retape troncocónicos + agujas","Retape troncocónicos + agujas","Retape troncocónicos + agujas","Retape troncocónicos + agujas","Retape troncocónicos + agujas","Retape troncocónicos + agujas","Retape troncocónicos + agujas","Retape troncocónicos + agujas","Retape troncocónicos + agujas","Retape troncocónicos + agujas","Retape troncocónicos + agujas","Retape troncocónicos + agujas","Retape troncocónicos + agujas","Retape troncocónicos + agujas","Retape troncocónicos + agujas","Retape troncocónicos + agujas","Retape troncocónicos + agujas","Retape troncocónicos + agujas","Retape troncocónicos + agujas","Retape troncocónicos + agujas","Retape troncocónicos + agujas","Retape troncocónicos + agujas","Retape troncocónicos + agujas","Retape troncocónicos + agujas","Retape troncocónicos + agujas","Retape troncocónicos + agujas","Retape troncocónicos + agujas","Retape troncocónicos + agujas","Retape troncocónicos + agujas","Retape troncocónicos + agujas","Retape troncocónicos + agujas","Retape troncocónicos + agujas","Retape troncocónicos + agujas","Retape troncocónicos + agujas","Retape troncocónicos + agujas","Retape troncocónicos + agujas","Retape troncocónicos + agujas","Retape troncocónicos + agujas","Retape troncocónicos + agujas","Retape troncocónicos + agujas","Retape troncocónicos + agujas","Retape troncocónicos + agujas","Retape troncocónicos + agujas","Retape troncocónicos + agujas","Retape troncocónicos + agujas","Retape troncocónicos + agujas","Retape troncocónicos + agujas","Retape troncocónicos + agujas","Retape troncocónicos + agujas","Retape troncocónicos + agujas","Retape troncocónicos + agujas","Retape troncocónicos + agujas","Retape troncocónicos + agujas","Retape troncocónicos + agujas","Retape troncocónicos + agujas","Retape troncocónicos + agujas","Retape troncocónicos + agujas","Retape troncocónicos + agujas","Retape troncocónicos + agujas","Retape troncocónicos + agujas","Retape troncocónicos + agujas","Retape troncocónicos + agujas","Retape troncocónicos + agujas","Retape troncocónicos + agujas","Retape troncocónicos + agujas","Retape troncocónicos + agujas","Retape troncocónicos + agujas","Retape troncocónicos + agujas","Retape troncocónicos + agujas","Retape troncocónicos + agujas","Retape troncocónicos + agujas","Retape troncocónicos + agujas","Retape troncocónicos + agujas","Retape troncocónicos + agujas","Retape troncocónicos + agujas","Retape troncocónicos + agujas","Retape troncocónicos + agujas","Retape troncocónicos + agujas","Retape troncocónicos + agujas","Retape troncocónicos + agujas","Retape troncocónicos + agujas","Retape troncocónicos + agujas","Retape troncocónicos + agujas","Retape troncocónicos + agujas","Retape troncocónicos + agujas","Retape troncocónicos + agujas","Retape troncocónicos + agujas","Retape troncocónicos + agujas","Retape troncocónicos + agujas","Retape troncocónicos + agujas","Retape troncocónicos + agujas","Retape troncocónicos + agujas","Retape troncocónicos + agujas","Retape troncocónicos + agujas","Retape troncocónicos + agujas","Retape troncocónicos + agujas","Retape troncocónicos + agujas","Retape troncocónicos + agujas","Retape troncocónicos + agujas","Retape troncocónicos + agujas","Retape troncocónicos + agujas","Retape troncocónicos + agujas","Retape troncocónicos + agujas","Retape troncocónicos + agujas","Retape troncocónicos + agujas","Retape troncocónicos + agujas","Retape troncocónicos + agujas","Retape troncocónicos + agujas","Retape troncocónicos + agujas","Retape troncocónicos + agujas","Retape troncocónicos + agujas","Retape troncocónicos + agujas","Retape troncocónicos + agujas","Retape troncocónicos + agujas","Retape troncocónicos + agujas","Retape troncocónicos + agujas","Retape troncocónicos + agujas","Retape troncocónicos + agujas","Retape troncocónicos + agujas","Retape troncocónicos + agujas","Retape troncocónicos + agujas","Retape troncocónicos + agujas","Retape troncocónicos + agujas","Retape troncocónicos + agujas","Retape troncocónicos + agujas","Retape troncocónicos + agujas","Retape troncocónicos + agujas","Retape troncocónicos + agujas","Retape troncocónicos + agujas","Retape troncocónicos + agujas","Retape troncocónicos + agujas","Retape troncocónicos + agujas","Retape troncocónicos + agujas","Retape troncocónicos + agujas","Retape troncocónicos + agujas","Retape troncocónicos + agujas","Retape troncocónicos + agujas","Retape troncocónicos + agujas","Retape troncocónicos + agujas","Retape troncocónicos + agujas","Retape troncocónicos + agujas","Retape troncocónicos + agujas","Retape troncocónicos + agujas","Retape troncocónicos + agujas","Retape troncocónicos + agujas","Retape troncocónicos + agujas","Retape troncocónicos + agujas","Retape troncocónicos + agujas","Retape troncocónicos + agujas","Retape troncocónicos + agujas","Retape troncocónicos + agujas","Retape troncocónicos + agujas","Retape troncocónicos + agujas","Retape troncocónicos + agujas","Retape troncocónicos + agujas","Retape troncocónicos + agujas","Retape troncocónicos + agujas","Retape troncocónicos + agujas","Retape troncocónicos + agujas","Retape troncocónicos + agujas","Retape troncocónicos + agujas","Retape troncocónicos + agujas","Retape troncocónicos + agujas","Retape troncocónicos + agujas","Retape troncocónicos + agujas","Retape troncocónicos + agujas","Retape troncocónicos + agujas","Retape troncocónicos + agujas","Retape troncocónicos + agujas","Retape troncocónicos + agujas","Retape troncocónicos + agujas","Retape troncocónicos + agujas","Retape troncocónicos + agujas","Retape troncocónicos + agujas","Retape troncocónicos + agujas","Retape troncocónicos + agujas","Retape troncocónicos + agujas","Retape troncocónicos + agujas","Retape troncocónicos + agujas","Retape troncocónicos + agujas","Retape troncocónicos + agujas","Retape troncocónicos + agujas","Retape troncocónicos + agujas","Retape troncocónicos + agujas","Retape troncocónicos + agujas","Retape troncocónicos + agujas","Retape troncocónicos + agujas","Retape troncocónicos + agujas","Retape troncocónicos + agujas","Retape troncocónicos + agujas","Retape troncocónicos + agujas","Retape troncocónicos + agujas","Retape troncocónicos + agujas","Retape troncocónicos + agujas","Retape troncocónicos + agujas","Retape troncocónicos + agujas","Retape troncocónicos + agujas","Retape troncocónicos + agujas","Retape troncocónicos + agujas","Retape troncocónicos + agujas","Retape troncocónicos + agujas","Retape troncocónicos + agujas","Retape troncocónicos + agujas","Retape troncocónicos + agujas","Retape troncocónicos + agujas","Retape troncocónicos + agujas","Retape troncocónicos + agujas","Retape troncocónicos + agujas","Retape troncocónicos + agujas","Retape troncocónicos + agujas","Retape troncocónicos + agujas","Retape troncocónicos + agujas","Retape troncocónicos + agujas","Retape troncocónicos + agujas","Retape troncocónicos + agujas","Retape troncocónicos + agujas","Retape troncocónicos + agujas","Retape troncocónicos + agujas","Retape troncocónicos + agujas","Retape troncocónicos + agujas","Retape troncocónicos + agujas","Retape troncocónicos + agujas","Retape troncocónicos + agujas","Retape troncocónicos + agujas","Retape troncocónicos + agujas","Retape troncocónicos + agujas","Retape troncocónicos + agujas","Retape troncocónicos + agujas","Retape troncocónicos + agujas","Retape troncocónicos + agujas","Retape troncocónicos + agujas","Retape troncocónicos + agujas","Retape troncocónicos + agujas","Retape troncocónicos + agujas","Retape troncocónicos + agujas","Retape troncocónicos + agujas","Retape troncocónicos + agujas","Retape troncocónicos + agujas","Retape troncocónicos + agujas","Retape troncocónicos + agujas","Retape troncocónicos + agujas","Retape troncocónicos + agujas","Retape troncocónicos + agujas","Retape troncocónicos + agujas","Retape troncocónicos + agujas","Retape troncocónicos + agujas","Retape troncocónicos + agujas","Retape troncocónicos + agujas","Retape troncocónicos + agujas","Retape troncocónicos + agujas","Retape troncocónicos + agujas","Retape troncocónicos + agujas","Retape troncocónicos + agujas","Retape troncocónicos + agujas","Retape troncocónicos + agujas","Retape troncocónicos + agujas","Retape troncocónicos + agujas","Retape troncocónicos + agujas","Retape troncocónicos + agujas","Retape troncocónicos + agujas","Retape troncocónicos + agujas","Retape troncocónicos + agujas","Retape troncocónicos + agujas","Retape troncocónicos + agujas","Retape troncocónicos + agujas","Retape troncocónicos + agujas","Retape troncocónicos + agujas","Retape troncocónicos + agujas","Retape troncocónicos + agujas","Retape troncocónicos + agujas","Retape troncocónicos + agujas","Retape troncocónicos + agujas","Retape troncocónicos + agujas","Retape troncocónicos + agujas","Retape troncocónicos + agujas","Retape troncocónicos + agujas","Retape troncocónicos + agujas","Retape troncocónicos + agujas","Retape troncocónicos + agujas","Retape troncocónicos + agujas","Retape troncocónicos + agujas","Retape troncocónicos + agujas","Retape troncocónicos + agujas","Retape troncocónicos + agujas","Retape troncocónicos + agujas","Retape troncocónicos + agujas","Retape troncocónicos + agujas","Retape troncocónicos + agujas","Retape troncocónicos + agujas","Retape troncocónicos + agujas","Retape troncocónicos + agujas","Retape troncocónicos + agujas","Retape troncocónicos + agujas","Retape troncocónicos + agujas","Retape troncocónicos + agujas","Retape troncocónicos + agujas","Retape troncocónicos + agujas","Retape troncocónicos + agujas","Retape troncocónicos + agujas","Retape troncocónicos + agujas","Retape troncocónicos + agujas","Retape troncocónicos + agujas","Retape troncocónicos + agujas","Retape troncocónicos + agujas","Retape troncocónicos + agujas","Retape troncocónicos + agujas","Retape troncocónicos + agujas","Retape troncocónicos + agujas","Retape troncocónicos + agujas","Retape troncocónicos + agujas","Retape troncocónicos + agujas","Retape troncocónicos + agujas","Retape troncocónicos + agujas","Retape troncocónicos + agujas","Retape troncocónicos + agujas","Retape troncocónicos + agujas","Retape troncocónicos + agujas","Retape troncocónicos + agujas","Retape troncocónicos + agujas","Retape troncocónicos + agujas","Retape troncocónicos + agujas","Retape troncocónicos + agujas","Retape troncocónicos + agujas","Retape troncocónicos + agujas","Retape troncocónicos + agujas","Retape troncocónicos + agujas","Retape troncocónicos + agujas","Retape troncocónicos + agujas","Retape troncocónicos + agujas","Retape troncocónicos + agujas","Retape troncocónicos + agujas","Retape troncocónicos + agujas","Retape troncocónicos + agujas","Retape troncocónicos + agujas","Retape troncocónicos + agujas","Retape troncocónicos + agujas","Retape troncocónicos + agujas","Retape troncocónicos + agujas","Retape troncocónicos + agujas","Retape troncocónicos + agujas","Retape troncocónicos + agujas","Retape troncocónicos + agujas","Retape troncocónicos + agujas","Retape troncocónicos + agujas","Retape troncocónicos + agujas","Retape troncocónicos + agujas","Retape troncocónicos + agujas","Retape troncocónicos + agujas","Retape troncocónicos + agujas","Retape troncocónicos + agujas","Retape troncocónicos + agujas","Retape troncocónicos + agujas","Retape troncocónicos + agujas","Retape troncocónicos + agujas","Retape troncocónicos + agujas","Retape troncocónicos + agujas","Retape troncocónicos + agujas","Retape troncocónicos + agujas","Retape troncocónicos + agujas","Retape troncocónicos + agujas","Retape troncocónicos + agujas","Retape troncocónicos + agujas","Retape troncocónicos + agujas","Retape troncocónicos + agujas","Retape troncocónicos + agujas","Retape troncocónicos + agujas","Retape troncocónicos + agujas","Retape troncocónicos + agujas","Retape troncocónicos + agujas","Retape troncocónicos + agujas","Retape troncocónicos + agujas","Retape troncocónicos + agujas","Retape troncocónicos + agujas","Retape troncocónicos + agujas","Retape troncocónicos + agujas","Retape troncocónicos + agujas","Retape troncocónicos + agujas","Retape troncocónicos + agujas","Retape troncocónicos + agujas","Retape troncocónicos + agujas","Retape troncocónicos + agujas","Retape troncocónicos + agujas","Retape troncocónicos + agujas","Retape troncocónicos + agujas","Retape troncocónicos + agujas","Retape troncocónicos + agujas","Retape troncocónicos + agujas","Retape troncocónicos + agujas","Retape troncocónicos + agujas","Retape troncocónicos + agujas","Retape troncocónicos + agujas","Retape troncocónicos + agujas","Retape troncocónicos + agujas","Retape troncocónicos + agujas","Retape troncocónicos + agujas","Retape troncocónicos + agujas","Retape troncocónicos + agujas","Retape troncocónicos + agujas","Retape troncocónicos + agujas","Retape troncocónicos + agujas","Retape troncocónicos + agujas","Retape troncocónicos + agujas","Retape troncocónicos + agujas","Retape troncocónicos + agujas","Retape troncocónicos + agujas","Retape troncocónicos + agujas","Retape troncocónicos + agujas","Retape troncocónicos + agujas","Retape troncocónicos + agujas","Retape troncocónicos + agujas","Retape troncocónicos + agujas","Retape troncocónicos + agujas","Retape troncocónicos + agujas","Retape troncocónicos + agujas","Retape troncocónicos + agujas","Retape troncocónicos + agujas","Retape troncocónicos + agujas","Retape troncocónicos + agujas","Retape troncocónicos + agujas","Retape troncocónicos + agujas","Retape troncocónicos + agujas","Retape troncocónicos + agujas","Retape troncocónicos + agujas","Retape troncocónicos + agujas","Retape troncocónicos + agujas","Retape troncocónicos + agujas","Retape troncocónicos + agujas","Retape troncocónicos + agujas","Retape troncocónicos + agujas","Retape troncocónicos + agujas","Retape troncocónicos + agujas","Retape troncocónicos + agujas","Retape troncocónicos + agujas","Retape troncocónicos + agujas","Retape troncocónicos + agujas","Retape troncocónicos + agujas","Retape troncocónicos + agujas","Retape troncocónicos + agujas","Retape troncocónicos + agujas","Retape troncocónicos + agujas","Retape troncocónicos + agujas","Retape troncocónicos + agujas","Retape troncocónicos + agujas","Retape troncocónicos + agujas","Retape troncocónicos + agujas","Retape troncocónicos + agujas","Retape troncocónicos + agujas","Retape troncocónicos + agujas","Retape troncocónicos + agujas","Retape troncocónicos + agujas","Retape troncocónicos + agujas","Retape troncocónicos + agujas","Retape troncocónicos + agujas","Retape troncocónicos + agujas","Retape troncocónicos + agujas","Retape troncocónicos + agujas","Retape troncocónicos + agujas","Retape troncocónicos + agujas","Retape troncocónicos + agujas","Retape troncocónicos + agujas","Retape troncocónicos + agujas","Retape troncocónicos + agujas","Retape troncocónicos + agujas","Retape troncocónicos + agujas","Retape troncocónicos + agujas","Retape troncocónicos + agujas","Retape troncocónicos + agujas","Retape troncocónicos + agujas","Retape troncocónicos + agujas","Retape troncocónicos + agujas","Retape troncocónicos + agujas","Retape troncocónicos + agujas","Retape troncocónicos + agujas","Retape troncocónicos + agujas","Retape troncocónicos + agujas","Retape troncocónicos + agujas","Retape troncocónicos + agujas","Retape troncocónicos + agujas","Retape troncocónicos + agujas","Retape troncocónicos + agujas","Retape troncocónicos + agujas","Retape troncocónicos + agujas","Retape troncocónicos + agujas","Retape troncocónicos + agujas","Retape troncocónicos + agujas","Retape troncocónicos + agujas","Retape troncocónicos + agujas","Retape troncocónicos + agujas","Retape troncocónicos + agujas","Retape troncocónicos + agujas","Retape troncocónicos + agujas","Retape troncocónicos + agujas","Retape troncocónicos + agujas","Retape troncocónicos + agujas","Retape troncocónicos + agujas","Retape troncocónicos + agujas","Retape troncocónicos + agujas","Retape troncocónicos + agujas","Retape troncocónicos + agujas","Retape troncocónicos + agujas","Retape troncocónicos + agujas","Retape troncocónicos + agujas","Retape troncocónicos + agujas","Retape troncocónicos + agujas","Retape troncocónicos + agujas","Retape troncocónicos + agujas","Retape troncocónicos + agujas","Retape troncocónicos + agujas","Retape troncocónicos + agujas","Retape troncocónicos + agujas","Retape troncocónicos + agujas","Retape troncocónicos + agujas","Retape troncocónicos + agujas","Retape troncocónicos + agujas","Retape troncocónicos + agujas","Retape troncocónicos + agujas","Retape troncocónicos + agujas","Retape troncocónicos + agujas","Retape troncocónicos + agujas","Retape troncocónicos + agujas","Retape troncocónicos + agujas","Retape troncocónicos + agujas","Retape troncocónicos + agujas","Retape troncocónicos + agujas","Retape troncocónicos + agujas","Retape troncocónicos + agujas","Retape troncocónicos + agujas","Retape troncocónicos + agujas","Retape troncocónicos + agujas","Retape troncocónicos + agujas","Retape troncocónicos + agujas","Retape troncocónicos + agujas","Retape troncocónicos + agujas","Retape troncocónicos + agujas","Retape troncocónicos + agujas","Retape troncocónicos + agujas","Retape troncocónicos + agujas","Retape troncocónicos + agujas","Retape troncocónicos + agujas","Retape troncocónicos + agujas","Retape troncocónicos + agujas","Retape troncocónicos + agujas","Retape troncocónicos + agujas","Retape troncocónicos + agujas","Retape troncocónicos + agujas","Retape troncocónicos + agujas","Retape troncocónicos + agujas","Retape troncocónicos + agujas","Retape troncocónicos + agujas","Retape troncocónicos + agujas","Retape troncocónicos + agujas","Retape troncocónicos + agujas","Retape troncocónicos + agujas","Retape troncocónicos + agujas","Retape troncocónicos + agujas","Retape troncocónicos + agujas","Retape troncocónicos + agujas","Retape troncocónicos + agujas","Retape troncocónicos + agujas","Retape troncocónicos + agujas","Retape troncocónicos + agujas","Retape troncocónicos + agujas","Retape troncocónicos + agujas","Retape troncocónicos + agujas","Retape troncocónicos + agujas","Retape troncocónicos + agujas","Retape troncocónicos + agujas","Retape troncocónicos + agujas","Retape troncocónicos + agujas","Retape troncocónicos + agujas","Retape troncocónicos + agujas","Retape troncocónicos + agujas","Retape troncocónicos + agujas","Retape troncocónicos + agujas","Retape troncocónicos + agujas","Retape troncocónicos + agujas","Retape troncocónicos + agujas","Retape troncocónicos + agujas","Retape troncocónicos + agujas","Retape troncocónicos + agujas","Retape troncocónicos + agujas","Retape troncocónicos + agujas","Retape troncocónicos + agujas","Retape troncocónicos + agujas","Retape troncocónicos + agujas","Retape troncocónicos + agujas","Retape troncocónicos + agujas","Retape troncocónicos + agujas","Retape troncocónicos + agujas","Retape troncocónicos + agujas","Retape troncocónicos + agujas","Retape troncocónicos + agujas","Retape troncocónicos + agujas","Retape troncocónicos + agujas","Retape troncocónicos + agujas","Retape troncocónicos + agujas","Retape troncocónicos + agujas","Retape troncocónicos + agujas","Retape troncocónicos + agujas","Retape troncocónicos + agujas","Retape troncocónicos + agujas","Retape troncocónicos + agujas","Retape troncocónicos + agujas","Retape troncocónicos + agujas","Retape troncocónicos + agujas","Retape troncocónicos + agujas","Retape troncocónicos + agujas","Retape troncocónicos + agujas","Retape troncocónicos + agujas","Retape troncocónicos + agujas","Retape troncocónicos + agujas","Retape troncocónicos + agujas","Retape troncocónicos + agujas","Retape troncocónicos + agujas","Retape troncocónicos + agujas","Retape troncocónicos + agujas","Retape troncocónicos + agujas","Retape troncocónicos + agujas","Retape troncocónicos + agujas","Retape troncocónicos + agujas","Retape troncocónicos + agujas","Retape troncocónicos + agujas","Retape troncocónicos + agujas","Retape troncocónicos + agujas","Retape troncocónicos + agujas","Retape troncocónicos + agujas","Retape troncocónicos + agujas","Retape troncocónicos + agujas","Retape troncocónicos + agujas","Retape troncocónicos + agujas","Retape troncocónicos + agujas","Retape troncocónicos + agujas","Retape troncocónicos + agujas","Retape troncocónicos + agujas","Retape troncocónicos + agujas","Retape troncocónicos + agujas","Retape troncocónicos + agujas","Retape troncocónicos + agujas","Retape troncocónicos + agujas","Retape troncocónicos + agujas","Retape troncocónicos + agujas","Retape troncocónicos + agujas","Retape troncocónicos + agujas","Retape troncocónicos + agujas","Retape troncocónicos + agujas","Retape troncocónicos + agujas","Retape troncocónicos + agujas","Retape troncocónicos + agujas","Retape troncocónicos + agujas","Retape troncocónicos + agujas","Retape troncocónicos + agujas","Retape troncocónicos + agujas","Retape troncocónicos + agujas","Retape troncocónicos + agujas","Retape troncocónicos + agujas","Retape troncocónicos + agujas","Retape troncocónicos + agujas","Retape troncocónicos + agujas","Retape troncocónicos + agujas","Retape troncocónicos + agujas","Retape troncocónicos + agujas","Retape troncocónicos + agujas","Retape troncocónicos + agujas","Retape troncocónicos + agujas","Retape troncocónicos + agujas","Retape troncocónicos + agujas","Retape troncocónicos + agujas","Retape troncocónicos + agujas","Retape troncocónicos + agujas","Retape troncocónicos + agujas","Retape troncocónicos + agujas","Retape troncocónicos + agujas","Retape troncocónicos + agujas","Retape troncocónicos + agujas","Retape troncocónicos + agujas","Retape troncocónicos + agujas","Retape troncocónicos + agujas","Retape troncocónicos + agujas","Retape troncocónicos + agujas","Retape troncocónicos + agujas","Retape troncocónicos + agujas","Retape troncocónicos + agujas","Retape troncocónicos + agujas","Retape troncocónicos + agujas","Retape troncocónicos + agujas","Retape troncocónicos + agujas","Retape troncocónicos + agujas","Retape troncocónicos + agujas","Retape troncocónicos + agujas","Retape troncocónicos + agujas","Retape troncocónicos + agujas","Retape troncocónicos + agujas","Retape troncocónicos + agujas","Retape troncocónicos + agujas","Retape troncocónicos + agujas","Retape troncocónicos + agujas","Retape troncocónicos + agujas","Retape troncocónicos + agujas","Retape troncocónicos + agujas","Retape troncocónicos + agujas","Retape troncocónicos + agujas","Retape troncocónicos + agujas","Retape troncocónicos + agujas","Retape troncocónicos + agujas","Retape troncocónicos + agujas","Retape troncocónicos + agujas","Retape troncocónicos + agujas","Retape troncocónicos + agujas","Retape troncocónicos + agujas","Retape troncocónicos + agujas","Retape troncocónicos + agujas","Retape troncocónicos + agujas","Retape troncocónicos + agujas","Retape troncocónicos + agujas","Retape troncocónicos + agujas","Retape troncocónicos + agujas","Retape troncocónicos + agujas","Retape troncocónicos + agujas","Retape troncocónicos + agujas","Retape troncocónicos + agujas","Retape troncocónicos + agujas","Retape troncocónicos + agujas","Retape troncocónicos + agujas","Retape troncocónicos + agujas","Retape troncocónicos + agujas","Retape troncocónicos + agujas","Retape troncocónicos + agujas","Retape troncocónicos + agujas","Retape troncocónicos + agujas","Retape troncocónicos + agujas","Retape troncocónicos + agujas","Retape troncocónicos + agujas","Retape troncocónicos + agujas","Retape troncocónicos + agujas","Retape troncocónicos + agujas","Retape troncocónicos + agujas","Retape troncocónicos + agujas","Retape troncocónicos + agujas","Retape troncocónicos + agujas","Retape troncocónicos + agujas","Retape troncocónicos + agujas","Retape troncocónicos + agujas","Retape troncocónicos + agujas","Retape troncocónicos + agujas","Retape troncocónicos + agujas","Retape troncocónicos + agujas","Retape troncocónicos + agujas","Retape troncocónicos + agujas","Retape troncocónicos + agujas","Retape troncocónicos + agujas","Retape troncocónicos + agujas","Retape troncocónicos + agujas","Retape troncocónicos + agujas","Retape troncocónicos + agujas","Retape troncocónicos + agujas","Retape troncocónicos + agujas","Retape troncocónicos + agujas","Retape troncocónicos + agujas","Retape troncocónicos + agujas","Retape troncocónicos + agujas","Retape troncocónicos + agujas","Retape troncocónicos + agujas","Retape troncocónicos + agujas","Retape troncocónicos + agujas","Retape troncocónicos + agujas","Retape troncocónicos + agujas","Retape troncocónicos + agujas","Retape troncocónicos + agujas","Retape troncocónicos + agujas","Retape troncocónicos + agujas","Retape troncocónicos + agujas","Retape troncocónicos + agujas","Retape troncocónicos + agujas","Retape troncocónicos + agujas","Retape troncocónicos + agujas","Retape troncocónicos + agujas","Retape troncocónicos + agujas","Retape troncocónicos + agujas","Retape troncocónicos + agujas","Retape troncocónicos + agujas","Retape troncocónicos + agujas","Retape troncocónicos + agujas","Retape troncocónicos + agujas","Retape troncocónicos + agujas","Retape troncocónicos + agujas","Retape troncocónicos + agujas","Retape troncocónicos + agujas","Retape troncocónicos + agujas","Retape troncocónicos + agujas","Retape troncocónicos + agujas","Retape troncocónicos + agujas","Retape troncocónicos + agujas","Retape troncocónicos + agujas","Retape troncocónicos + agujas","Retape troncocónicos + agujas","Retape troncocónicos + agujas","Retape troncocónicos + agujas","Retape troncocónicos + agujas","Retape troncocónicos + agujas","Retape troncocónicos + agujas","Retape troncocónicos + agujas","Retape troncocónicos + agujas","Retape troncocónicos + agujas","Retape troncocónicos + agujas","Retape troncocónicos + agujas","Retape troncocónicos + agujas","Retape troncocónicos + agujas","Retape troncocónicos + agujas","Retape troncocónicos + agujas","Retape troncocónicos + agujas","Retape troncocónicos + agujas","Retape troncocónicos + agujas","Retape troncocónicos + agujas","Retape troncocónicos + agujas","Retape troncocónicos + agujas","Retape troncocónicos + agujas","Retape troncocónicos + agujas","Retape troncocónicos + agujas","Retape troncocónicos + agujas","Retape troncocónicos + agujas","Retape troncocónicos + agujas","Retape troncocónicos + agujas","Retape troncocónicos + agujas","Retape troncocónicos + agujas","Retape troncocónicos + agujas","Retape troncocónicos + agujas","Retape troncocónicos + agujas","Retape troncocónicos + agujas","Retape troncocónicos + agujas","Retape troncocónicos + agujas","Retape troncocónicos + agujas","Retape troncocónicos + agujas","Retape troncocónicos + agujas","Retape troncocónicos + agujas","Retape troncocónicos + agujas","Retape troncocónicos + agujas","Retape troncocónicos + agujas","Retape troncocónicos + agujas","Retape troncocónicos + agujas","Retape troncocónicos + agujas","Retape troncocónicos + agujas","Retape troncocónicos + agujas","Retape troncocónicos + agujas","Retape troncocónicos + agujas","Retape troncocónicos + agujas","Retape troncocónicos + agujas","Retape troncocónicos + agujas","Retape troncocónicos + agujas","Retape troncocónicos + agujas","Retape troncocónicos + agujas","Retape troncocónicos + agujas","Retape troncocónicos + agujas","Retape troncocónicos + agujas","Retape troncocónicos + agujas","Retape troncocónicos + agujas","Retape troncocónicos + agujas","Retape troncocónicos + agujas","Retape troncocónicos + agujas","Retape troncocónicos + agujas","Retape troncocónicos + agujas","Retape troncocónicos + agujas","Retape troncocónicos + agujas","Retape troncocónicos + agujas","Retape troncocónicos + agujas","Retape troncocónicos + agujas","Retape troncocónicos + agujas","Retape troncocónicos + agujas","Retape troncocónicos + agujas","Retape troncocónicos + agujas","Retape troncocónicos + agujas","Retape troncocónicos + agujas","Retape troncocónicos + agujas","Retape troncocónicos + agujas","Retape troncocónicos + agujas","Retape troncocónicos + agujas","Retape troncocónicos + agujas","Retape troncocónicos + agujas","Retape troncocónicos + agujas","Retape troncocónicos + agujas","Retape troncocónicos + agujas","Retape troncocónicos + agujas","Retape troncocónicos + agujas","Retape troncocónicos + agujas","Retape troncocónicos + agujas","Retape troncocónicos + agujas","Retape troncocónicos + agujas","Retape troncocónicos + agujas","Retape troncocónicos + agujas","Retape troncocónicos + agujas","Retape troncocónicos + agujas","Retape troncocónicos + agujas","Retape troncocónicos + agujas","Retape troncocónicos + agujas","Retape troncocónicos + agujas","Retape troncocónicos + agujas","Retape troncocónicos + agujas","Retape troncocónicos + agujas","Retape troncocónicos + agujas","Retape troncocónicos + agujas","Retape troncocónicos + agujas","Retape troncocónicos + agujas","Retape troncocónicos + agujas","Retape troncocónicos + agujas","Retape troncocónicos + agujas","Retape troncocónicos + agujas","Retape troncocónicos + agujas","Retape troncocónicos + agujas","Retape troncocónicos + agujas","Retape troncocónicos + agujas","Retape troncocónicos + agujas","Retape troncocónicos + agujas","Retape troncocónicos + agujas","Retape troncocónicos + agujas","Retape troncocónicos + agujas","Retape troncocónicos + agujas","Retape troncocónicos + agujas","Retape troncocónicos + agujas","Retape troncocónicos + agujas","Retape troncocónicos + agujas","Retape troncocónicos + agujas","Retape troncocónicos + agujas","Retape troncocónicos + agujas","Retape troncocónicos + agujas","Retape troncocónicos + agujas","Retape troncocónicos + agujas","Retape troncocónicos + agujas","Retape troncocónicos + agujas","Retape troncocónicos + agujas","Retape troncocónicos + agujas","Retape troncocónicos + agujas","Retape troncocónicos + agujas","Retape troncocónicos + agujas","Retape troncocónicos + agujas","Retape troncocónicos + agujas","Retape troncocónicos + agujas","Retape troncocónicos + agujas","Retape troncocónicos + agujas","Retape troncocónicos + agujas","Retape troncocónicos + agujas","Retape troncocónicos + agujas","Retape troncocónicos + agujas","Retape troncocónicos + agujas","Retape troncocónicos + agujas","Retape troncocónicos + agujas","Retape troncocónicos + agujas","Retape troncocónicos + agujas","Retape troncocónicos + agujas","Retape troncocónicos + agujas","Retape troncocónicos + agujas","Retape troncocónicos + agujas","Retape troncocónicos + agujas","Retape troncocónicos + agujas","Retape troncocónicos + agujas","Retape troncocónicos + agujas","Retape troncocónicos + agujas","Retape troncocónicos + agujas","Retape troncocónicos + agujas","Retape troncocónicos + agujas","Retape troncocónicos + agujas","Retape troncocónicos + agujas","Retape troncocónicos + agujas","Retape troncocónicos + agujas","Retape troncocónicos + agujas","Retape troncocónicos + agujas","Retape troncocónicos + agujas","Retape troncocónicos + agujas","Retape troncocónicos + agujas","Retape troncocónicos + agujas","Retape troncocónicos + agujas","Retape troncocónicos + agujas","Retape troncocónicos + agujas","Retape troncocónicos + agujas","Retape troncocónicos + agujas","Retape troncocónicos + agujas","Retape troncocónicos + agujas","Retape troncocónicos + agujas","Retape troncocónicos + agujas","Retape troncocónicos + agujas","Retape troncocónicos + agujas","Retape troncocónicos + agujas","Retape troncocónicos + agujas","Retape troncocónicos + agujas","Retape troncocónicos + agujas","Retape troncocónicos + agujas","Retape troncocónicos + agujas","Retape troncocónicos + agujas","Retape troncocónicos + agujas","Retape troncocónicos + agujas","Retape troncocónicos + agujas","Retape troncocónicos + agujas","Retape troncocónicos + agujas","Retape troncocónicos + agujas","Retape troncocónicos + agujas","Retape troncocónicos + agujas","Retape troncocónicos + agujas","Retape troncocónicos + agujas","Retape troncocónicos + agujas","Retape troncocónicos + agujas","Retape troncocónicos + agujas","Retape troncocónicos + agujas","Retape troncocónicos + agujas","Retape troncocónicos + agujas","Retape troncocónicos + agujas","Retape troncocónicos + agujas","Retape troncocónicos + agujas","Retape troncocónicos + agujas","Retape troncocónicos + agujas","Retape troncocónicos + agujas","Retape troncocónicos + agujas","Retape troncocónicos + agujas","Retape troncocónicos + agujas","Retape troncocónicos + agujas","Retape troncocónicos + agujas","Retape troncocónicos + agujas","Retape troncocónicos + agujas","Retape troncocónicos + agujas","Retape troncocónicos + agujas","Retape troncocónicos + agujas","Retape troncocónicos + agujas","Retape troncocónicos + agujas","Retape troncocónicos + agujas","Retape troncocónicos + agujas","Retape troncocónicos + agujas","Retape troncocónicos + agujas","Retape troncocónicos + agujas","Retape troncocónicos + agujas","Retape troncocónicos + agujas","Retape troncocónicos + agujas","Retape troncocónicos + agujas","Retape troncocónicos + agujas","Retape troncocónicos + agujas","Retape troncocónicos + agujas","Retape troncocónicos + agujas","Retape troncocónicos + agujas","Retape troncocónicos + agujas","Retape troncocónicos + agujas","Retape troncocónicos + agujas","Retape troncocónicos + agujas","Retape troncocónicos + agujas","Retape troncocónicos + agujas","Retape troncocónicos + agujas","Retape troncocónicos + agujas","Retape troncocónicos + agujas","Retape troncocónicos + agujas","Retape troncocónicos + agujas","Retape troncocónicos + agujas","Retape troncocónicos + agujas","Retape troncocónicos + agujas","Retape troncocónicos + agujas","Retape troncocónicos + agujas","Retape troncocónicos + agujas","Retape troncocónicos + agujas","Retape troncocónicos + agujas","Retape troncocónicos + agujas","Retape troncocónicos + agujas","Retape troncocónicos + agujas","Retape troncocónicos + agujas","Retape troncocónicos + agujas","Retape troncocónicos + agujas","Retape troncocónicos + agujas","Retape troncocónicos + agujas","Retape troncocónicos + agujas","Retape troncocónicos + agujas","Retape troncocónicos + agujas","Retape troncocónicos + agujas","Retape troncocónicos + agujas","Retape troncocónicos + agujas","Retape troncocónicos + agujas","Retape troncocónicos + agujas","Retape troncocónicos + agujas","Retape troncocónicos + agujas","Retape troncocónicos + agujas","Retape troncocónicos + agujas","Retape troncocónicos + agujas","Retape troncocónicos + agujas","Retape troncocónicos + agujas","Retape troncocónicos + agujas","Retape troncocónicos + agujas","Retape troncocónicos + agujas","Retape troncocónicos + agujas","Retape troncocónicos + agujas","Retape troncocónicos + agujas","Retape troncocónicos + agujas","Retape troncocónicos + agujas","Retape troncocónicos + agujas","Retape troncocónicos + agujas","Retape troncocónicos + agujas","Retape troncocónicos + agujas","Retape troncocónicos + agujas","Retape troncocónicos + agujas","Retape troncocónicos + agujas","Retape troncocónicos + agujas","Retape troncocónicos + agujas","Retape troncocónicos + agujas","Retape troncocónicos + agujas","Retape troncocónicos + agujas","Retape troncocónicos + agujas","Retape troncocónicos + agujas","Retape troncocónicos + agujas","Retape troncocónicos + agujas","Retape troncocónicos + agujas","Retape troncocónicos + agujas","Retape troncocónicos + agujas","Retape troncocónicos + agujas","Retape troncocónicos + agujas","Retape troncocónicos + agujas","Retape troncocónicos + agujas","Retape troncocónicos + agujas","Retape troncocónicos + agujas","Retape troncocónicos + agujas","Retape troncocónicos + agujas","Retape troncocónicos + agujas","Retape troncocónicos + agujas","Retape troncocónicos + agujas","Retape troncocónicos + agujas","Retape troncocónicos + agujas","Retape troncocónicos + agujas","Retape troncocónicos + agujas","Retape troncocónicos + agujas","Retape troncocónicos + agujas","Retape troncocónicos + agujas","Retape troncocónicos + agujas","Retape troncocónicos + agujas","Retape troncocónicos + agujas","Retape troncocónicos + agujas","Retape troncocónicos + agujas","Retape troncocónicos + agujas","Retape troncocónicos + agujas","Retape troncocónicos + agujas","Retape troncocónicos + agujas","Retape troncocónicos + agujas","Retape troncocónicos + agujas","Retape troncocónicos + agujas","Retape troncocónicos + agujas","Retape troncocónicos + agujas","Retape troncocónicos + agujas","Retape troncocónicos + agujas","Retape troncocónicos + agujas","Retape troncocónicos + agujas","Retape troncocónicos + agujas","Retape troncocónicos + agujas","Retape troncocónicos + agujas","Retape troncocónicos + agujas","Retape troncocónicos + agujas","Retape troncocónicos + agujas","Retape troncocónicos + agujas","Retape troncocónicos + agujas","Retape troncocónicos + agujas","Retape troncocónicos + agujas","Retape troncocónicos + agujas","Retape troncocónicos + agujas","Retape troncocónicos + agujas","Retape troncocónicos + agujas","Retape troncocónicos + agujas","Retape troncocónicos + agujas","Retape troncocónicos + agujas","Retape troncocónicos + agujas","Retape troncocónicos + agujas","Retape troncocónicos + agujas","Retape troncocónicos + agujas","Retape troncocónicos + agujas","Retape troncocónicos + agujas","Retape troncocónicos + agujas","Retape troncocónicos + agujas","Retape troncocónicos + agujas","Retape troncocónicos + agujas","Retape troncocónicos + agujas","Retape troncocónicos + agujas","Retape troncocónicos + agujas","Retape troncocónicos + agujas","Retape troncocónicos + agujas","Retape troncocónicos + agujas","Retape troncocónicos + agujas","Retape troncocónicos + agujas","Retape troncocónicos + agujas","Retape troncocónicos + agujas","Retape troncocónicos + agujas","Retape troncocónicos + agujas","Retape troncocónicos + agujas","Retape troncocónicos + agujas","Retape troncocónicos + agujas","Retape troncocónicos + agujas","Retape troncocónicos + agujas","Retape troncocónicos + agujas","Retape troncocónicos + agujas","Retape troncocónicos + agujas","Retape troncocónicos + agujas","Retape troncocónicos + agujas","Retape troncocónicos + agujas","Retape troncocónicos + agujas","Retape troncocónicos + agujas","Retape troncocónicos + agujas","Retape troncocónicos + agujas","Retape troncocónicos + agujas","Retape troncocónicos + agujas","Retape troncocónicos + agujas","Retape troncocónicos + agujas","Retape troncocónicos + agujas","Retape troncocónicos + agujas","Retape troncocónicos + agujas","Retape troncocónicos + agujas","Retape troncocónicos + agujas","Retape troncocónicos + agujas","Retape troncocónicos + agujas","Retape troncocónicos + agujas","Retape troncocónicos + agujas","Retape troncocónicos + agujas","Retape troncocónicos + agujas","Retape troncocónicos + agujas","Retape troncocónicos + agujas","Retape troncocónicos + agujas","Retape troncocónicos + agujas","Retape troncocónicos + agujas","Retape troncocónicos + agujas","Retape troncocónicos + agujas","Retape troncocónicos + agujas","Retape troncocónicos + agujas","Retape troncocónicos + agujas","Retape troncocónicos + agujas","Retape troncocónicos + agujas","Retape troncocónicos + agujas","Retape troncocónicos + agujas","Retape troncocónicos + agujas","Retape troncocónicos + agujas","Retape troncocónicos + agujas","Retape troncocónicos + agujas","Retape troncocónicos + agujas","Retape troncocónicos + agujas","Retape troncocónicos + agujas","Retape troncocónicos + agujas","Retape troncocónicos + agujas","Retape troncocónicos + agujas","Retape troncocónicos + agujas","Retape troncocónicos + agujas","Retape troncocónicos + agujas","Retape troncocónicos + agujas","Retape troncocónicos + agujas","Retape troncocónicos + agujas","Retape troncocónicos + agujas","Retape troncocónicos + agujas","Retape troncocónicos + agujas","Retape troncocónicos + agujas","Retape troncocónicos + agujas","Retape troncocónicos + agujas","Retape troncocónicos + agujas","Retape troncocónicos + agujas","Retape troncocónicos + agujas","Retape troncocónicos + agujas","Retape troncocónicos + agujas","Retape troncocónicos + agujas","Retape troncocónicos + agujas","Retape troncocónicos + agujas","Retape troncocónicos + agujas","Retape troncocónicos + agujas","Retape troncocónicos + agujas","Retape troncocónicos + agujas","Retape troncocónicos + agujas","Retape troncocónicos + agujas","Retape troncocónicos + agujas","Retape troncocónicos + agujas","Retape troncocónicos + agujas","Retape troncocónicos + agujas","Retape troncocónicos + agujas","Retape troncocónicos + agujas","Retape troncocónicos + agujas","Retape troncocónicos + agujas","Retape troncocónicos + agujas","Retape troncocónicos + agujas","Retape troncocónicos + agujas","Retape troncocónicos + agujas","Retape troncocónicos + agujas","Retape troncocónicos + agujas","Retape troncocónicos + agujas","Retape troncocónicos + agujas","Retape troncocónicos + agujas","Retape troncocónicos + agujas","Retape troncocónicos + agujas","Retape troncocónicos + agujas","Retape troncocónicos + agujas","Retape troncocónicos + agujas","Retape troncocónicos + agujas","Retape troncocónicos + agujas","Retape troncocónicos + agujas","Retape troncocónicos + agujas","Retape troncocónicos + agujas","Retape troncocónicos + agujas","Retape troncocónicos + agujas","Retape troncocónicos + agujas","Retape troncocónicos + agujas","Retape troncocónicos + agujas","Retape troncocónicos + agujas","Retape troncocónicos + agujas","Retape troncocónicos + agujas","Retape troncocónicos + agujas","Retape troncocónicos + agujas","Retape troncocónicos + agujas","Retape troncocónicos + agujas","Retape troncocónicos + agujas","Retape troncocónicos + agujas","Retape troncocónicos + agujas","Retape troncocónicos + agujas","Retape troncocónicos + agujas","Retape troncocónicos + agujas","Retape troncocónicos + agujas","Retape troncocónicos + agujas","Retape troncocónicos + agujas","Retape troncocónicos + agujas","Retape troncocónicos + agujas","Retape troncocónicos + agujas","Retape troncocónicos + agujas","Retape troncocónicos + agujas","Retape troncocónicos + agujas","Retape troncocónicos + agujas","Retape troncocónicos + agujas","Retape troncocónicos + agujas","Retape troncocónicos + agujas","Retape troncocónicos + agujas","Retape troncocónicos + agujas","Retape troncocónicos + agujas","Retape troncocónicos + agujas","Retape troncocónicos + agujas","Retape troncocónicos + agujas","Retape troncocónicos + agujas","Retape troncocónicos + agujas","Retape troncocónicos + agujas","Retape troncocónicos + agujas","Retape troncocónicos + agujas","Retape troncocónicos + agujas","Retape troncocónicos + agujas","Retape troncocónicos + agujas","Retape troncocónicos + agujas","Retape troncocónicos + agujas","Retape troncocónicos + agujas","Retape troncocónicos + agujas","Retape troncocónicos + agujas","Retape troncocónicos + agujas","Retape troncocónicos + agujas","Retape troncocónicos + agujas","Retape troncocónicos + agujas","Retape troncocónicos + agujas","Retape troncocónicos + agujas","Retape troncocónicos + agujas","Retape troncocónicos + agujas","Retape troncocónicos + agujas","Retape troncocónicos + agujas","Retape troncocónicos + agujas","Retape troncocónicos + agujas","Retape troncocónicos + agujas","Retape troncocónicos + agujas","Retape troncocónicos + agujas","Retape troncocónicos + agujas","Retape troncocónicos + agujas","Retape troncocónicos + agujas","Retape troncocónicos + agujas","Retape troncocónicos + agujas","Retape troncocónicos + agujas","Retape troncocónicos + agujas","Retape troncocónicos + agujas","Retape troncocónicos + agujas","Retape troncocónicos + agujas","Retape troncocónicos + agujas","Retape troncocónicos + agujas","Retape troncocónicos + agujas","Retape troncocónicos + agujas","Retape troncocónicos + agujas","Retape troncocónicos + agujas","Retape troncocónicos + agujas","Retape troncocónicos + agujas","Retape troncocónicos + agujas","Retape troncocónicos + agujas","Retape troncocónicos + agujas","Retape troncocónicos + agujas","Retape troncocónicos + agujas","Retape troncocónicos + agujas","Retape troncocónicos + agujas","Retape troncocónicos + agujas","Retape troncocónicos + agujas","Retape troncocónicos + agujas","Retape troncocónicos + agujas","Retape troncocónicos + agujas","Retape troncocónicos + agujas","Retape troncocónicos + agujas","Retape troncocónicos + agujas","Retape troncocónicos + agujas","Retape troncocónicos + agujas","Retape troncocónicos + agujas","Retape troncocónicos + agujas","Retape troncocónicos + agujas","Retape troncocónicos + agujas","Retape troncocónicos + agujas","Retape troncocónicos + agujas","Retape troncocónicos + agujas","Retape troncocónicos + agujas","Retape troncocónicos + agujas","Retape troncocónicos + agujas","Retape troncocónicos + agujas","Retape troncocónicos + agujas","Retape troncocónicos + agujas","Retape troncocónicos + agujas","Retape troncocónicos + agujas","Retape troncocónicos + agujas","Retape troncocónicos + agujas","Retape troncocónicos + agujas","Retape troncocónicos + agujas","Retape troncocónicos + agujas","Retape troncocónicos + agujas","Retape troncocónicos + agujas","Retape troncocónicos + agujas","Retape troncocónicos + agujas","Retape troncocónicos + agujas","Retape troncocónicos + agujas","Retape troncocónicos + agujas","Retape troncocónicos + agujas","Retape troncocónicos + agujas","Retape troncocónicos + agujas","Retape troncocónicos + agujas","Retape troncocónicos + agujas","Retape troncocónicos + agujas","Retape troncocónicos + agujas","Retape troncocónicos + agujas","Retape troncocónicos + agujas","Retape troncocónicos + agujas","Retape troncocónicos + agujas","Retape troncocónicos + agujas","Retape troncocónicos + agujas","Retape troncocónicos + agujas","Retape troncocónicos + agujas","Retape troncocónicos + agujas","Retape troncocónicos + agujas","Retape troncocónicos + agujas","Retape troncocónicos + agujas","Retape troncocónicos + agujas","Retape troncocónicos + agujas","Retape troncocónicos + agujas","Retape troncocónicos + agujas","Retape troncocónicos + agujas","Retape troncocónicos + agujas","Retape troncocónicos + agujas","Retape troncocónicos + agujas","Retape troncocónicos + agujas","Retape troncocónicos + agujas","Retape troncocónicos + agujas","Retape troncocónicos + agujas","Retape troncocónicos + agujas","Retape troncocónicos + agujas","Retape troncocónicos + agujas","Retape troncocónicos + agujas","Retape troncocónicos + agujas","Retape troncocónicos + agujas","Retape troncocónicos + agujas","Retape troncocónicos + agujas","Retape troncocónicos + agujas","Retape troncocónicos + agujas","Retape troncocónicos + agujas","Retape troncocónicos + agujas","Retape troncocónicos + agujas","Retape troncocónicos + agujas","Retape troncocónicos + agujas","Retape troncocónicos + agujas","Retape troncocónicos + agujas","Retape troncocónicos + agujas","Retape troncocónicos + agujas","Retape troncocónicos + agujas","Retape troncocónicos + agujas","Retape troncocónicos + agujas","Retape troncocónicos + agujas","Retape troncocónicos + agujas","Retape troncocónicos + agujas","Retape troncocónicos + agujas","Retape troncocónicos + agujas","Retape troncocónicos + agujas","Retape troncocónicos + agujas","Retape troncocónicos + agujas","Retape troncocónicos + agujas","Retape troncocónicos + agujas","Retape troncocónicos + agujas","Retape troncocónicos + agujas","Retape troncocónicos + agujas","Retape troncocónicos + agujas","Retape troncocónicos + agujas","Retape troncocónicos + agujas","Retape troncocónicos + agujas","Retape troncocónicos + agujas","Retape troncocónicos + agujas","Retape troncocónicos + agujas","Retape troncocónicos + agujas","Retape troncocónicos + agujas","Retape troncocónicos + agujas","Retape troncocónicos + agujas","Retape troncocónicos + agujas","Retape troncocónicos + agujas","Retape troncocónicos + agujas","Retape troncocónicos + agujas","Retape troncocónicos + agujas","Retape troncocónicos + agujas","Retape troncocónicos + agujas","Retape troncocónicos + agujas","Retape troncocónicos + agujas","Retape troncocónicos + agujas","Retape troncocónicos + agujas","Retape troncocónicos + agujas","Retape troncocónicos + agujas","Retape troncocónicos + agujas","Retape troncocónicos + agujas","Retape troncocónicos + agujas","Retape troncocónicos + agujas","Retape troncocónicos + agujas","Retape troncocónicos + agujas","Retape troncocónicos + agujas","Retape troncocónicos + agujas","Retape troncocónicos + agujas","Retape troncocónicos + agujas","Retape troncocónicos + agujas","Retape troncocónicos + agujas","Retape troncocónicos + agujas","Retape troncocónicos + agujas","Retape troncocónicos + agujas","Retape troncocónicos + agujas","Retape troncocónicos + agujas","Retape troncocónicos + agujas","Retape troncocónicos + agujas","Retape troncocónicos + agujas","Retape troncocónicos + agujas","Retape troncocónicos + agujas","Retape troncocónicos + agujas","Retape troncocónicos + agujas","Retape troncocónicos + agujas","Retape troncocónicos + agujas","Retape troncocónicos + agujas","Retape troncocónicos + agujas","Retape troncocónicos + agujas","Retape troncocónicos + agujas","Retape troncocónicos + agujas","Retape troncocónicos + agujas","Retape troncocónicos + agujas","Retape troncocónicos + agujas","Retape troncocónicos + agujas","Retape troncocónicos + agujas","Retape troncocónicos + agujas","Retape troncocónicos + agujas","Retape troncocónicos + agujas","Retape troncocónicos + agujas","Retape troncocónicos + agujas","Retape troncocónicos + agujas","Retape troncocónicos + agujas","Retape troncocónicos + agujas","Retape troncocónicos + agujas","Retape troncocónicos + agujas","Retape troncocónicos + agujas","Retape troncocónicos + agujas","Retape troncocónicos + agujas","Retape troncocónicos + agujas","Retape troncocónicos + agujas","Retape troncocónicos + agujas","Retape troncocónicos + agujas","Retape troncocónicos + agujas","Retape troncocónicos + agujas","Retape troncocónicos + agujas","Retape troncocónicos + agujas","Retape troncocónicos + agujas","Retape troncocónicos + agujas","Retape troncocónicos + agujas","Retape troncocónicos + agujas","Retape troncocónicos + agujas","Retape troncocónicos + agujas","Retape troncocónicos + agujas","Retape troncocónicos + agujas","Retape troncocónicos + agujas","Retape troncocónicos + agujas","Retape troncocónicos + agujas","Retape troncocónicos + agujas","Retape troncocónicos + agujas","Retape troncocónicos + agujas","Retape troncocónicos + agujas","Retape troncocónicos + agujas","Retape troncocónicos + agujas","Retape troncocónicos + agujas","Retape troncocónicos + agujas","Retape troncocónicos + agujas","Retape troncocónicos + agujas","Retape troncocónicos + agujas","Retape troncocónicos + agujas","Retape troncocónicos + agujas","Retape troncocónicos + agujas","Retape troncocónicos + agujas","Retape troncocónicos + agujas","Retape troncocónicos + agujas","Retape troncocónicos + agujas","Retape troncocónicos + agujas","Retape troncocónicos + agujas","Retape troncocónicos + agujas","Retape troncocónicos + agujas","Retape troncocónicos + agujas","Retape troncocónicos + agujas","Retape troncocónicos + agujas","Retape troncocónicos + agujas","Retape troncocónicos + agujas","Retape troncocónicos + agujas","Retape troncocónicos + agujas","Retape troncocónicos + agujas","Retape troncocónicos + agujas","Retape troncocónicos + agujas","Retape troncocónicos + agujas","Retape troncocónicos + agujas","Retape troncocónicos + agujas","Retape troncocónicos + agujas","Retape troncocónicos + agujas","Retape troncocónicos + agujas","Retape troncocónicos + agujas","Retape troncocónicos + agujas","Retape troncocónicos + agujas","Retape troncocónicos + agujas","Retape troncocónicos + agujas","Retape troncocónicos + agujas","Retape troncocónicos + agujas","Retape troncocónicos + agujas","Retape troncocónicos + agujas","Retape troncocónicos + agujas","Retape troncocónicos + agujas","Retape troncocónicos + agujas","Retape troncocónicos + agujas","Retape troncocónicos + agujas","Retape troncocónicos + agujas","Retape troncocónicos + agujas","Retape troncocónicos + agujas","Retape troncocónicos + agujas","Retape troncocónicos + agujas","Retape troncocónicos + agujas","Retape troncocónicos + agujas","Retape troncocónicos + agujas","Retape troncocónicos + agujas","Retape troncocónicos + agujas","Retape troncocónicos + agujas","Retape troncocónicos + agujas","Retape troncocónicos + agujas","Retape troncocónicos + agujas","Retape troncocónicos + agujas","Retape troncocónicos + agujas","Retape troncocónicos + agujas","Retape troncocónicos + agujas","Retape troncocónicos + agujas","Retape troncocónicos + agujas","Retape troncocónicos + agujas","Retape troncocónicos + agujas","Retape troncocónicos + agujas","Retape troncocónicos + agujas","Retape troncocónicos + agujas","Retape troncocónicos + agujas","Retape troncocónicos + agujas","Retape troncocónicos + agujas","Retape troncocónicos + agujas","Retape troncocónicos + agujas","Retape troncocónicos + agujas","Retape troncocónicos + agujas","Retape troncocónicos + agujas","Retape troncocónicos + agujas","Retape troncocónicos + agujas","Retape troncocónicos + agujas","Retape troncocónicos + agujas","Retape troncocónicos + agujas","Retape troncocónicos + agujas","Retape troncocónicos + agujas","Retape troncocónicos + agujas","Retape troncocónicos + agujas","Retape troncocónicos + agujas","Retape troncocónicos + agujas","Retape troncocónicos + agujas","Retape troncocónicos + agujas","Retape troncocónicos + agujas","Retape troncocónicos + agujas","Retape troncocónicos + agujas","Retape troncocónicos + agujas","Retape troncocónicos + agujas","Retape troncocónicos + agujas","Retape troncocónicos + agujas","Retape troncocónicos + agujas","Retape troncocónicos + agujas","Retape troncocónicos + agujas","Retape troncocónicos + agujas","Retape troncocónicos + agujas","Retape troncocónicos + agujas","Retape troncocónicos + agujas","Retape troncocónicos + agujas","Retape troncocónicos + agujas","Retape troncocónicos + agujas","Retape troncocónicos + agujas","Retape troncocónicos + agujas","Retape troncocónicos + agujas","Retape troncocónicos + agujas","Retape troncocónicos + agujas","Retape troncocónicos + agujas","Retape troncocónicos + agujas","Retape troncocónicos + agujas","Retape troncocónicos + agujas","Retape troncocónicos + agujas","Retape troncocónicos + agujas","Retape troncocónicos + agujas","Retape troncocónicos + agujas","Retape troncocónicos + agujas","Retape troncocónicos + agujas","Retape troncocónicos + agujas","Retape troncocónicos + agujas","Retape troncocónicos + agujas","Retape troncocónicos + agujas","Retape troncocónicos + agujas","Retape troncocónicos + agujas","Retape troncocónicos + agujas","Retape troncocónicos + agujas","Retape troncocónicos + agujas","Retape troncocónicos + agujas","Retape troncocónicos + agujas","Retape troncocónicos + agujas","Retape troncocónicos + agujas","Retape troncocónicos + agujas","Retape troncocónicos + agujas","Retape troncocónicos + agujas","Retape troncocónicos + agujas","Retape troncocónicos + agujas","Retape troncocónicos + agujas","Retape troncocónicos + agujas","Retape troncocónicos + agujas","Retape troncocónicos + agujas","Retape troncocónicos + agujas","Retape troncocónicos + agujas","Retape troncocónicos + agujas","Retape troncocónicos + agujas","Retape troncocónicos + agujas","Retape troncocónicos + agujas","Retape troncocónicos + agujas","Retape troncocónicos + agujas","Retape troncocónicos + agujas","Retape troncocónicos + agujas","Retape troncocónicos + agujas","Retape troncocónicos + agujas","Retape troncocónicos + agujas","Retape troncocónicos + agujas","Retape troncocónicos + agujas","Retape troncocónicos + agujas","Retape troncocónicos + agujas","Retape troncocónicos + agujas","Retape troncocónicos + agujas","Retape troncocónicos + agujas","Retape troncocónicos + agujas","Retape troncocónicos + agujas","Retape troncocónicos + agujas","Retape troncocónicos + agujas","Retape troncocónicos + agujas","Retape troncocónicos + agujas","Retape troncocónicos + agujas","Retape troncocónicos + agujas","Retape troncocónicos + agujas","Retape troncocónicos + agujas","Retape troncocónicos + agujas","Retape troncocónicos + agujas","Retape troncocónicos + agujas","Retape troncocónicos + agujas","Retape troncocónicos + agujas","Retape troncocónicos + agujas","Retape troncocónicos + agujas","Retape troncocónicos + agujas","Retape troncocónicos + agujas","Retape troncocónicos + agujas","Retape troncocónicos + agujas","Retape troncocónicos + agujas","Retape troncocónicos + agujas","Retape troncocónicos + agujas","Retape troncocónicos + agujas","Retape troncocónicos + agujas","Retape troncocónicos + agujas","Retape troncocónicos + agujas","Retape troncocónicos + agujas","Retape troncocónicos + agujas","Retape troncocónicos + agujas","Retape troncocónicos + agujas","Retape troncocónicos + agujas","Retape troncocónicos + agujas","Retape troncocónicos + agujas","Retape troncocónicos + agujas","Retape troncocónicos + agujas","Retape troncocónicos + agujas","Retape troncocónicos + agujas","Retape troncocónicos + agujas","Retape troncocónicos + agujas","Retape troncocónicos + agujas","Retape troncocónicos + agujas","Retape troncocónicos + agujas","Retape troncocónicos + agujas","Retape troncocónicos + agujas","Retape troncocónicos + agujas","Retape troncocónicos + agujas","Retape troncocónicos + agujas","Retape troncocónicos + agujas","Retape troncocónicos + agujas","Retape troncocónicos + agujas","Retape troncocónicos + agujas","Retape troncocónicos + agujas","Retape troncocónicos + agujas","Retape troncocónicos + agujas","Retape troncocónicos + agujas","Retape troncocónicos + agujas","Retape troncocónicos + agujas","Retape troncocónicos + agujas","Retape troncocónicos + agujas","Retape troncocónicos + agujas","Retape troncocónicos + agujas","Retape troncocónicos + agujas","Retape troncocónicos + agujas","Retape troncocónicos + agujas","Retape troncocónicos + agujas","Retape troncocónicos + agujas","Retape troncocónicos + agujas","Retape troncocónicos + agujas","Retape troncocónicos + agujas","Retape troncocónicos + agujas","Retape troncocónicos + agujas","Retape troncocónicos + agujas","Retape troncocónicos + agujas","Retape troncocónicos + agujas","Retape troncocónicos + agujas","Retape troncocónicos + agujas","Retape troncocónicos + agujas","Retape troncocónicos + agujas","Retape troncocónicos + agujas","Retape troncocónicos + agujas","Retape troncocónicos + agujas","Retape troncocónicos + agujas","Retape troncocónicos + agujas","Retape troncocónicos + agujas","Retape troncocónicos + agujas","Retape troncocónicos + agujas","Retape troncocónicos + agujas","Retape troncocónicos + agujas","Retape troncocónicos + agujas","Retape troncocónicos + agujas","Retape troncocónicos + agujas","Retape troncocónicos + agujas","Retape troncocónicos + agujas","Retape troncocónicos + agujas","Retape troncocónicos + agujas","Retape troncocónicos + agujas","Retape troncocónicos + agujas","Retape troncocónicos + agujas","Retape troncocónicos + agujas","Retape troncocónicos + agujas","Retape troncocónicos + agujas","Retape troncocónicos + agujas","Retape troncocónicos + agujas","Retape troncocónicos + agujas","Retape troncocónicos + agujas","Retape troncocónicos + agujas","Retape troncocónicos + agujas","Retape troncocónicos + agujas","Retape troncocónicos + agujas","Retape troncocónicos + agujas","Retape troncocónicos + agujas","Retape troncocónicos + agujas","Retape troncocónicos + agujas","Retape troncocónicos + agujas","Retape troncocónicos + agujas","Retape troncocónicos + agujas","Retape troncocónicos + agujas","Retape troncocónicos + agujas","Retape troncocónicos + agujas","Retape troncocónicos + agujas","Retape troncocónicos + agujas","Retape troncocónicos + agujas","Retape troncocónicos + agujas","Retape troncocónicos + agujas","Retape troncocónicos + agujas","Retape troncocónicos + agujas","Retape troncocónicos + agujas","Retape troncocónicos + agujas","Retape troncocónicos + agujas","Retape troncocónicos + agujas","Retape troncocónicos + agujas","Retape troncocónicos + agujas","Retape troncocónicos + agujas","Retape troncocónicos + agujas","Retape troncocónicos + agujas","Retape troncocónicos + agujas","Retape troncocónicos + agujas","Retape troncocónicos + agujas","Retape troncocónicos + agujas","Retape troncocónicos + agujas","Retape troncocónicos + agujas","Retape troncocónicos + agujas","Retape troncocónicos + agujas","Retape troncocónicos + agujas","Retape troncocónicos + agujas","Retape troncocónicos + agujas","Retape troncocónicos + agujas","Retape troncocónicos + agujas","Retape troncocónicos + agujas","Retape troncocónicos + agujas","Retape troncocónicos + agujas","Retape troncocónicos + agujas","Retape troncocónicos + agujas","Retape troncocónicos + agujas","Retape troncocónicos + agujas","Retape troncocónicos + agujas","Retape troncocónicos + agujas","Retape troncocónicos + agujas","Retape troncocónicos + agujas","Retape troncocónicos + agujas","Retape troncocónicos + agujas","Retape troncocónicos + agujas","Retape troncocónicos + agujas","Retape troncocónicos + agujas","Retape troncocónicos + agujas","Retape troncocónicos + agujas","Retape troncocónicos + agujas","Retape troncocónicos + agujas","Retape troncocónicos + agujas","Retape troncocónicos + agujas","Retape troncocónicos + agujas","Retape troncocónicos + agujas","Retape troncocónicos + agujas","Retape troncocónicos + agujas","Retape troncocónicos + agujas","Retape troncocónicos + agujas","Retape troncocónicos + agujas","Retape troncocónicos + agujas","Retape troncocónicos + agujas","Retape troncocónicos + agujas","Retape troncocónicos + agujas","Retape troncocónicos + agujas","Retape troncocónicos + agujas","Retape troncocónicos + agujas","Retape troncocónicos + agujas","Retape troncocónicos + agujas","Retape troncocónicos + agujas","Retape troncocónicos + agujas","Retape troncocónicos + agujas","Retape troncocónicos + agujas","Retape troncocónicos + agujas","Retape troncocónicos + agujas","Retape troncocónicos + agujas","Retape troncocónicos + agujas","Retape troncocónicos + agujas","Retape troncocónicos + agujas","Retape troncocónicos + agujas","Retape troncocónicos + agujas","Retape troncocónicos + agujas","Retape troncocónicos + agujas","Retape troncocónicos + agujas","Retape troncocónicos + agujas","Retape troncocónicos + agujas","Retape troncocónicos + agujas","Retape troncocónicos + agujas","Retape troncocónicos + agujas","Retape troncocónicos + agujas","Retape troncocónicos + agujas","Retape troncocónicos + agujas","Retape troncocónicos + agujas","Retape troncocónicos + agujas","Retape troncocónicos + agujas","Retape troncocónicos + agujas","Retape troncocónicos + agujas","Retape troncocónicos + agujas","Retape troncocónicos + agujas","Retape troncocónicos + agujas","Retape troncocónicos + agujas","Retape troncocónicos + agujas","Retape troncocónicos + agujas","Retape troncocónicos + agujas","Retape troncocónicos + agujas","Retape troncocónicos + agujas","Retape troncocónicos + agujas","Retape troncocónicos + agujas","Retape troncocónicos + agujas","Retape troncocónicos + agujas","Retape troncocónicos + agujas","Retape troncocónicos + agujas","Retape troncocónicos + agujas","Retape troncocónicos + agujas","Retape troncocónicos + agujas","Retape troncocónicos + agujas","Retape troncocónicos + agujas","Retape troncocónicos + agujas","Retape troncocónicos + agujas","Retape troncocónicos + agujas","Retape troncocónicos + agujas","Retape troncocónicos + agujas","Retape troncocónicos + agujas","Retape troncocónicos + agujas","Retape troncocónicos + agujas","Retape troncocónicos + agujas","Retape troncocónicos + agujas","Retape troncocónicos + agujas","Retape troncocónicos + agujas","Retape troncocónicos + agujas","Retape troncocónicos + agujas","Retape troncocónicos + agujas","Retape troncocónicos + agujas","Retape troncocónicos + agujas","Retape troncocónicos + agujas","Retape troncocónicos + agujas","Retape troncocónicos + agujas","Retape troncocónicos + agujas","Retape troncocónicos + agujas","Retape troncocónicos + agujas","Retape troncocónicos + agujas","Retape troncocónicos + agujas","Retape troncocónicos + agujas","Retape troncocónicos + agujas","Retape troncocónicos + agujas","Retape troncocónicos + agujas","Retape troncocónicos + agujas","Retape troncocónicos + agujas","Retape troncocónicos + agujas","Retape troncocónicos + agujas","Retape troncocónicos + agujas","Retape troncocónicos + agujas","Retape troncocónicos + agujas","Retape troncocónicos + agujas","Retape troncocónicos + agujas","Retape troncocónicos + agujas","Retape troncocónicos + agujas","Retape troncocónicos + agujas","Retape troncocónicos + agujas","Retape troncocónicos + agujas","Retape troncocónicos + agujas","Retape troncocónicos + agujas","Retape troncocónicos + agujas","Retape troncocónicos + agujas","Retape troncocónicos + agujas","Retape troncocónicos + agujas","Retape troncocónicos + agujas","Retape troncocónicos + agujas","Retape troncocónicos + agujas","Retape troncocónicos + agujas","Retape troncocónicos + agujas","Retape troncocónicos + agujas","Retape troncocónicos + agujas","Retape troncocónicos + agujas","Retape troncocónicos + agujas","Retape troncocónicos + agujas","Retape troncocónicos + agujas","Retape troncocónicos + agujas","Retape troncocónicos + agujas","Retape troncocónicos + agujas","Retape troncocónicos + agujas","Retape troncocónicos + agujas","Retape troncocónicos + agujas","Retape troncocónicos + agujas","Retape troncocónicos + agujas","Retape troncocónicos + agujas","Retape troncocónicos + agujas","Retape troncocónicos + agujas","Retape troncocónicos + agujas","Retape troncocónicos + agujas","Retape troncocónicos + agujas","Retape troncocónicos + agujas","Retape troncocónicos + agujas","Retape troncocónicos + agujas","Retape troncocónicos + agujas","Retape troncocónicos + agujas","Retape troncocónicos + agujas","Retape troncocónicos + agujas","Retape troncocónicos + agujas","Retape troncocónicos + agujas","Retape troncocónicos + agujas","Retape troncocónicos + agujas","Retape troncocónicos + agujas","Retape troncocónicos + agujas","Retape troncocónicos + agujas","Retape troncocónicos + agujas","Retape troncocónicos + agujas","Retape troncocónicos + agujas","Retape troncocónicos + agujas","Retape troncocónicos + agujas","Retape troncocónicos + agujas","Retape troncocónicos + agujas","Retape troncocónicos + agujas","Retape troncocónicos + agujas","Retape troncocónicos + agujas","Retape troncocónicos + agujas","Retape troncocónicos + agujas","Retape troncocónicos + agujas","Retape troncocónicos + agujas","Retape troncocónicos + agujas","Retape troncocónicos + agujas","Retape troncocónicos + agujas","Retape troncocónicos + agujas","Retape troncocónicos + agujas","Retape troncocónicos + agujas","Retape troncocónicos + agujas","Retape troncocónicos + agujas","Retape troncocónicos + agujas","Retape troncocónicos + agujas","Retape troncocónicos + agujas","Retape troncocónicos + agujas","Retape troncocónicos + agujas","Retape troncocónicos + agujas","Retape troncocónicos + agujas","Retape troncocónicos + agujas","Retape troncocónicos + agujas","Retape troncocónicos + agujas","Retape troncocónicos + agujas","Retape troncocónicos + agujas","Retape troncocónicos + agujas","Retape troncocónicos + agujas","Retape troncocónicos + agujas","Retape troncocónicos + agujas","Retape troncocónicos + agujas","Retape troncocónicos + agujas","Retape troncocónicos + agujas","Retape troncocónicos + agujas","Retape troncocónicos + agujas","Retape troncocónicos + agujas","Retape troncocónicos + agujas","Retape troncocónicos + agujas","Retape troncocónicos + agujas","Retape troncocónicos + agujas","Retape troncocónicos + agujas","Retape troncocónicos + agujas","Retape troncocónicos + agujas","Retape troncocónicos + agujas","Retape troncocónicos + agujas","Retape troncocónicos + agujas","Retape troncocónicos + agujas","Retape troncocónicos + agujas","Retape troncocónicos + agujas","Retape troncocónicos + agujas","Retape troncocónicos + agujas","Retape troncocónicos + agujas","Retape troncocónicos + agujas","Retape troncocónicos + agujas","Retape troncocónicos + agujas","Retape troncocónicos + agujas","Retape troncocónicos + agujas","Retape troncocónicos + agujas","Retape troncocónicos + agujas","Retape troncocónicos + agujas","Retape troncocónicos + agujas","Retape troncocónicos + agujas","Retape troncocónicos + agujas","Retape troncocónicos + agujas","Retape troncocónicos + agujas","Retape troncocónicos + agujas","Retape troncocónicos + agujas","Retape troncocónicos + agujas","Retape troncocónicos + agujas","Retape troncocónicos + agujas","Retape troncocónicos + agujas","Retape troncocónicos + agujas","Retape troncocónicos + agujas","Retape troncocónicos + agujas","Retape troncocónicos + agujas","Retape troncocónicos + agujas","Retape troncocónicos + agujas","Retape troncocónicos + agujas","Retape troncocónicos + agujas","Retape troncocónicos + agujas","Retape troncocónicos + agujas","Retape troncocónicos + agujas","Retape troncocónicos + agujas","Retape troncocónicos + agujas","Retape troncocónicos + agujas","Retape troncocónicos + agujas","Retape troncocónicos + agujas","Retape troncocónicos + agujas","Retape troncocónicos + agujas","Retape troncocónicos + agujas","Retape troncocónicos + agujas","Retape troncocónicos + agujas","Retape troncocónicos + agujas","Retape troncocónicos + agujas","Retape troncocónicos + agujas","Retape troncocónicos + agujas","Retape troncocónicos + agujas","Retape troncocónicos + agujas","Retape troncocónicos + agujas","Retape troncocónicos + agujas","Retape troncocónicos + agujas","Retape troncocónicos + agujas","Retape troncocónicos + agujas","Retape troncocónicos + agujas","Retape troncocónicos + agujas","Retape troncocónicos + agujas","Retape troncocónicos + agujas","Retape troncocónicos + agujas","Retape troncocónicos + agujas","Retape troncocónicos + agujas","Retape troncocónicos + agujas","Retape troncocónicos + agujas","Retape troncocónicos + agujas","Retape troncocónicos + agujas","Retape troncocónicos + agujas","Retape troncocónicos + agujas","Retape troncocónicos + agujas","Retape troncocónicos + agujas","Retape troncocónicos + agujas","Retape troncocónicos + agujas","Retape troncocónicos + agujas","Retape troncocónicos + agujas","Retape troncocónicos + agujas","Retape troncocónicos + agujas","Retape troncocónicos + agujas","Retape troncocónicos + agujas","Retape troncocónicos + agujas","Retape troncocónicos + agujas","Retape troncocónicos + agujas","Retape troncocónicos + agujas","Retape troncocónicos + agujas","Retape troncocónicos + agujas","Retape troncocónicos + agujas","Retape troncocónicos + agujas","Retape troncocónicos + agujas","Retape troncocónicos + agujas","Retape troncocónicos + agujas","Retape troncocónicos + agujas","Retape troncocónicos + agujas","Retape troncocónicos + agujas","Retape troncocónicos + agujas","Retape troncocónicos + agujas","Retape troncocónicos + agujas","Retape troncocónicos + agujas","Retape troncocónicos + agujas","Retape troncocónicos + agujas","Retape troncocónicos + agujas","Retape troncocónicos + agujas","Retape troncocónicos + agujas","Retape troncocónicos + agujas","Retape troncocónicos + agujas","Retape troncocónicos + agujas","Retape troncocónicos + agujas","Retape troncocónicos + agujas","Retape troncocónicos + agujas","Retape troncocónicos + agujas","Retape troncocónicos + agujas","Retape troncocónicos + agujas","Retape troncocónicos + agujas","Retape troncocónicos + agujas","Retape troncocónicos + agujas","Retape troncocónicos + agujas","Retape troncocónicos + agujas","Retape troncocónicos + agujas","Retape troncocónicos + agujas","Retape troncocónicos + agujas","Retape troncocónicos + agujas","Retape troncocónicos + agujas","Retape troncocónicos + agujas","Retape troncocónicos + agujas","Retape troncocónicos + agujas","Retape troncocónicos + agujas","Retape troncocónicos + agujas","Retape troncocónicos + agujas","Retape troncocónicos + agujas","Retape troncocónicos + agujas","Retape troncocónicos + agujas","Retape troncocónicos + agujas","Retape troncocónicos + agujas","Retape troncocónicos + agujas","Retape troncocónicos + agujas","Retape troncocónicos + agujas","Retape troncocónicos + agujas","Retape troncocónicos + agujas","Retape troncocónicos + agujas","Retape troncocónicos + agujas","Retape troncocónicos + agujas","Retape troncocónicos + agujas","Retape troncocónicos + agujas","Retape troncocónicos + agujas","Retape troncocónicos + agujas","Retape troncocónicos + agujas","Retape troncocónicos + agujas","Retape troncocónicos + agujas","Retape troncocónicos + agujas","Retape troncocónicos + agujas","Retape troncocónicos + agujas","Retape troncocónicos + agujas","Retape troncocónicos + agujas","Retape troncocónicos + agujas","Retape troncocónicos + agujas","Retape troncocónicos + agujas","Retape troncocónicos + agujas","Retape troncocónicos + agujas","Retape troncocónicos + agujas","Retape troncocónicos + agujas","Retape troncocónicos + agujas","Retape troncocónicos + agujas","Retape troncocónicos + agujas","Retape troncocónicos + agujas","Retape troncocónicos + agujas","Retape troncocónicos + agujas","Retape troncocónicos + agujas","Retape troncocónicos + agujas","Retape troncocónicos + agujas","Retape troncocónicos + agujas","Retape troncocónicos + agujas","Retape troncocónicos + agujas","Retape troncocónicos + agujas","Retape troncocónicos + agujas","Retape troncocónicos + agujas","Retape troncocónicos + agujas","Retape troncocónicos + agujas","Retape troncocónicos + agujas","Retape troncocónicos + agujas","Retape troncocónicos + agujas","Retape troncocónicos + agujas","Retape troncocónicos + agujas","Retape troncocónicos + agujas","Retape troncocónicos + agujas","Retape troncocónicos + agujas","Retape troncocónicos + agujas","Retape troncocónicos + agujas","Retape troncocónicos + agujas","Retape troncocónicos + agujas","Retape troncocónicos + agujas","Retape troncocónicos + agujas","Retape troncocónicos + agujas","Retape troncocónicos + agujas","Retape troncocónicos + agujas","Retape troncocónicos + agujas","Retape troncocónicos + agujas","Retape troncocónicos + agujas","Retape troncocónicos + agujas","Retape troncocónicos + agujas","Retape troncocónicos + agujas","Retape troncocónicos + agujas","Retape troncocónicos + agujas","Retape troncocónicos + agujas","Retape troncocónicos + agujas","Retape troncocónicos + agujas","Retape troncocónicos + agujas","Retape troncocónicos + agujas","Retape troncocónicos + agujas","Retape troncocónicos + agujas","Retape troncocónicos + agujas","Retape troncocónicos + agujas","Retape troncocónicos + agujas","Retape troncocónicos + agujas","Retape troncocónicos + agujas","Retape troncocónicos + agujas","Retape troncocónicos + agujas","Retape troncocónicos + agujas","Retape troncocónicos + agujas","Retape troncocónicos + agujas","Retape troncocónicos + agujas","Retape troncocónicos + agujas","Retape troncocónicos + agujas","Retape troncocónicos + agujas","Retape troncocónicos + agujas","Retape troncocónicos + agujas","Retape troncocónicos + agujas","Retape troncocónicos + agujas","Retape troncocónicos + agujas","Retape troncocónicos + agujas","Retape troncocónicos + agujas","Retape troncocónicos + agujas","Retape troncocónicos + agujas","Retape troncocónicos + agujas","Retape troncocónicos + agujas","Retape troncocónicos + agujas","Retape troncocónicos + agujas","Retape troncocónicos + agujas","Retape troncocónicos + agujas","Retape troncocónicos + agujas","Retape troncocónicos + agujas","Retape troncocónicos + agujas","Retape troncocónicos + agujas","Retape troncocónicos + agujas","Retape troncocónicos + agujas","Retape troncocónicos + agujas","Retape troncocónicos + agujas","Retape troncocónicos + agujas","Retape troncocónicos + agujas","Retape troncocónicos + agujas","Retape troncocónicos + agujas","Retape troncocónicos + agujas","Retape troncocónicos + agujas","Retape troncocónicos + agujas","Retape troncocónicos + agujas","Retape troncocónicos + agujas","Retape troncocónicos + agujas","Retape troncocónicos + agujas","Retape troncocónicos + agujas","Retape troncocónicos + agujas","Retape troncocónicos + agujas","Retape troncocónicos + agujas","Retape troncocónicos + agujas","Retape troncocónicos + agujas","Retape troncocónicos + agujas","Retape troncocónicos + agujas","Retape troncocónicos + agujas","Retape troncocónicos + agujas","Retape troncocónicos + agujas","Retape troncocónicos + agujas","Retape troncocónicos + agujas","Retape troncocónicos + agujas","Retape troncocónicos + agujas","Retape troncocónicos + agujas","Retape troncocónicos + agujas","Retape troncocónicos + agujas","Retape troncocónicos + agujas","Retape troncocónicos + agujas","Retape troncocónicos + agujas","Retape troncocónicos + agujas","Retape troncocónicos + agujas","Retape troncocónicos + agujas","Retape troncocónicos + agujas","Retape troncocónicos + agujas","Retape troncocónicos + agujas","Retape troncocónicos + agujas","Retape troncocónicos + agujas","Retape troncocónicos + agujas","Retape troncocónicos + agujas","Retape troncocónicos + agujas","Retape troncocónicos + agujas","Retape troncocónicos + agujas","Retape troncocónicos + agujas","Retape troncocónicos + agujas","Retape troncocónicos + agujas","Retape troncocónicos + agujas","Retape troncocónicos + agujas","Retape troncocónicos + agujas","Retape troncocónicos + agujas","Retape troncocónicos + agujas","Retape troncocónicos + agujas","Retape troncocónicos + agujas","Retape troncocónicos + agujas","Retape troncocónicos + agujas","Retape troncocónicos + agujas","Retape troncocónicos + agujas","Retape troncocónicos + agujas","Retape troncocónicos + agujas","Retape troncocónicos + agujas","Retape troncocónicos + agujas","Retape troncocónicos + agujas","Retape troncocónicos + agujas","Retape troncocónicos + agujas","Retape troncocónicos + agujas","Retape troncocónicos + agujas","Retape troncocónicos + agujas","Retape troncocónicos + agujas","Retape troncocónicos + agujas","Retape troncocónicos + agujas","Retape troncocónicos + agujas","Retape troncocónicos + agujas","Retape troncocónicos + agujas","Retape troncocónicos + agujas","Retape troncocónicos + agujas","Retape troncocónicos + agujas","Retape troncocónicos + agujas","Retape troncocónicos + agujas","Retape troncocónicos + agujas","Retape troncocónicos + agujas","Retape troncocónicos + agujas","Retape troncocónicos + agujas","Retape troncocónicos + agujas","Retape troncocónicos + agujas","Retape troncocónicos + agujas","Retape troncocónicos + agujas","Retape troncocónicos + agujas","Retape troncocónicos + agujas","Retape troncocónicos + agujas","Retape troncocónicos + agujas","Retape troncocónicos + agujas","Retape troncocónicos + agujas","Retape troncocónicos + agujas","Retape troncocónicos + agujas","Retape troncocónicos + agujas","Retape troncocónicos + agujas","Retape troncocónicos + agujas","Retape troncocónicos + agujas","Retape troncocónicos + agujas","Retape troncocónicos + agujas","Retape troncocónicos + agujas","Retape troncocónicos + agujas","Retape troncocónicos + agujas","Retape troncocónicos + agujas","Retape troncocónicos + agujas","Retape troncocónicos + agujas","Retape troncocónicos + agujas","Retape troncocónicos + agujas","Retape troncocónicos + agujas","Retape troncocónicos + agujas","Retape troncocónicos + agujas","Retape troncocónicos + agujas","Retape troncocónicos + agujas","Retape troncocónicos + agujas","Retape troncocónicos + agujas","Retape troncocónicos + agujas","Retape troncocónicos + agujas","Retape troncocónicos + agujas","Retape troncocónicos + agujas","Retape troncocónicos + agujas","Retape troncocónicos + agujas","Retape troncocónicos + agujas","Retape troncocónicos + agujas","Retape troncocónicos + agujas","Retape troncocónicos + agujas","Retape troncocónicos + agujas","Retape troncocónicos + agujas","Retape troncocónicos + agujas","Retape troncocónicos + agujas","Retape troncocónicos + agujas","Retape troncocónicos + agujas","Retape troncocónicos + agujas","Retape troncocónicos + agujas","Retape troncocónicos + agujas","Retape troncocónicos + agujas","Retape troncocónicos + agujas","Retape troncocónicos + agujas","Retape troncocónicos + agujas","Retape troncocónicos + agujas","Retape troncocónicos + agujas","Retape troncocónicos + agujas","Retape troncocónicos + agujas","Retape troncocónicos + agujas","Retape troncocónicos + agujas","Retape troncocónicos + agujas","Retape troncocónicos + agujas","Retape troncocónicos + agujas","Retape troncocónicos + agujas","Retape troncocónicos + agujas","Retape troncocónicos + agujas","Retape troncocónicos + agujas","Retape troncocónicos + agujas","Retape troncocónicos + agujas","Retape troncocónicos + agujas","Retape troncocónicos + agujas","Retape troncocónicos + agujas","Retape troncocónicos + agujas","Retape troncocónicos + agujas","Retape troncocónicos + agujas","Retape troncocónicos + agujas","Retape troncocónicos + agujas","Retape troncocónicos + agujas","Retape troncocónicos + agujas","Retape troncocónicos + agujas","Retape troncocónicos + agujas","Retape troncocónicos + agujas","Retape troncocónicos + agujas","Retape troncocónicos + agujas","Retape troncocónicos + agujas","Retape troncocónicos + agujas","Retape troncocónicos + agujas","Retape troncocónicos + agujas","Retape troncocónicos + agujas","Retape troncocónicos + agujas","Retape troncocónicos + agujas","Retape troncocónicos + agujas","Retape troncocónicos + agujas","Retape troncocónicos + agujas","Retape troncocónicos + agujas","Retape troncocónicos + agujas","Retape troncocónicos + agujas","Retape troncocónicos + agujas","Retape troncocónicos + agujas","Retape troncocónicos + agujas","Retape troncocónicos + agujas","Retape troncocónicos + agujas","Retape troncocónicos + agujas","Retape troncocónicos + agujas","Retape troncocónicos + agujas","Retape troncocónicos + agujas","Retape troncocónicos + agujas","Retape troncocónicos + agujas","Retape troncocónicos + agujas","Retape troncocónicos + agujas","Retape troncocónicos + agujas","Retape troncocónicos + agujas","Retape troncocónicos + agujas","Retape troncocónicos + agujas","Retape troncocónicos + agujas","Retape troncocónicos + agujas","Retape troncocónicos + agujas","Retape troncocónicos + agujas","Retape troncocónicos + agujas","Retape troncocónicos + agujas","Retape troncocónicos + agujas","Retape troncocónicos + agujas","Retape troncocónicos + agujas","Retape troncocónicos + agujas","Retape troncocónicos + agujas","Retape troncocónicos + agujas","Retape troncocónicos + agujas","Retape troncocónicos + agujas","Retape troncocónicos + agujas","Retape troncocónicos + agujas","Retape troncocónicos + agujas","Retape troncocónicos + agujas","Retape troncocónicos + agujas","Retape troncocónicos + agujas","Retape troncocónicos + agujas","Retape troncocónicos + agujas","Retape troncocónicos + agujas","Retape troncocónicos + agujas","Retape troncocónicos + agujas","Retape troncocónicos + agujas","Retape troncocónicos + agujas","Retape troncocónicos + agujas","Retape troncocónicos + agujas","Retape troncocónicos + agujas","Retape troncocónicos + agujas","Retape troncocónicos + agujas","Retape troncocónicos + agujas","Retape troncocónicos + agujas","Retape troncocónicos + agujas","Retape troncocónicos + agujas","Retape troncocónicos + agujas","Retape troncocónicos + agujas","Retape troncocónicos + agujas","Retape troncocónicos + agujas","Retape troncocónicos + agujas","Retape troncocónicos + agujas","Retape troncocónicos + agujas","Retape troncocónicos + agujas","Retape troncocónicos + agujas","Retape troncocónicos + agujas","Retape troncocónicos + agujas","Retape troncocónicos + agujas","Retape troncocónicos + agujas","Retape troncocónicos + agujas","Retape troncocónicos + agujas","Retape troncocónicos + agujas","Retape troncocónicos + agujas","Retape troncocónicos + agujas","Retape troncocónicos + agujas","Retape troncocónicos + agujas","Retape troncocónicos + agujas","Retape troncocónicos + agujas","Retape troncocónicos + agujas","Retape troncocónicos + agujas","Retape troncocónicos + agujas","Retape troncocónicos + agujas","Retape troncocónicos + agujas","Retape troncocónicos + agujas","Retape troncocónicos + agujas","Retape troncocónicos + agujas","Retape troncocónicos + agujas","Retape troncocónicos + agujas","Retape troncocónicos + agujas","Retape troncocónicos + agujas","Retape troncocónicos + agujas","Retape troncocónicos + agujas","Retape troncocónicos + agujas","Retape troncocónicos + agujas","Retape troncocónicos + agujas","Retape troncocónicos + agujas","Retape troncocónicos + agujas","Retape troncocónicos + agujas","Retape troncocónicos + agujas","Retape troncocónicos + agujas","Retape troncocónicos + agujas","Retape troncocónicos + agujas","Retape troncocónicos + agujas","Retape troncocónicos + agujas","Retape troncocónicos + agujas","Retape troncocónicos + agujas","Retape troncocónicos + agujas","Retape troncocónicos + agujas","Retape troncocónicos + agujas","Retape troncocónicos + agujas","Retape troncocónicos + agujas","Retape troncocónicos + agujas","Retape troncocónicos + agujas","Retape troncocónicos + agujas","Retape troncocónicos + agujas","Retape troncocónicos + agujas","Retape troncocónicos + agujas","Retape troncocónicos + agujas","Retape troncocónicos + agujas","Retape troncocónicos + agujas","Retape troncocónicos + agujas","Retape troncocónicos + agujas","Retape troncocónicos + agujas","Retape troncocónicos + agujas","Retape troncocónicos + agujas","Retape troncocónicos + agujas","Retape troncocónicos + agujas","Retape troncocónicos + agujas","Retape troncocónicos + agujas","Retape troncocónicos + agujas","Retape troncocónicos + agujas","Retape troncocónicos + agujas","Retape troncocónicos + agujas","Retape troncocónicos + agujas","Retape troncocónicos + agujas","Retape troncocónicos + agujas","Retape troncocónicos + agujas","Retape troncocónicos + agujas","Retape troncocónicos + agujas","Retape troncocónicos + agujas","Retape troncocónicos + agujas","Retape troncocónicos + agujas","Retape troncocónicos + agujas","Retape troncocónicos + agujas","Retape troncocónicos + agujas","Retape troncocónicos + agujas","Retape troncocónicos + agujas","Retape troncocónicos + agujas","Retape troncocónicos + agujas","Retape troncocónicos + agujas","Retape troncocónicos + agujas","Retape troncocónicos + agujas","Retape troncocónicos + agujas","Retape troncocónicos + agujas","Retape troncocónicos + agujas","Retape troncocónicos + agujas","Retape troncocónicos + agujas","Retape troncocónicos + agujas","Retape troncocónicos + agujas","Retape troncocónicos + agujas","Retape troncocónicos + agujas","Retape troncocónicos + agujas","Retape troncocónicos + agujas","Retape troncocónicos + agujas","Retape troncocónicos + agujas","Retape troncocónicos + agujas","Retape troncocónicos + agujas","Retape troncocónicos + agujas","Retape troncocónicos + agujas","Retape troncocónicos + agujas","Retape troncocónicos + agujas","Retape troncocónicos + agujas","Retape troncocónicos + agujas","Retape troncocónicos + agujas","Retape troncocónicos + agujas","Retape troncocónicos + agujas","Retape troncocónicos + agujas","Retape troncocónicos + agujas","Retape troncocónicos + agujas","Retape troncocónicos + agujas","Retape troncocónicos + agujas","Retape troncocónicos + agujas","Retape troncocónicos + agujas","Retape troncocónicos + agujas","Retape troncocónicos + agujas","Retape troncocónicos + agujas","Retape troncocónicos + agujas","Retape troncocónicos + agujas","Retape troncocónicos + agujas","Retape troncocónicos + agujas","Retape troncocónicos + agujas","Retape troncocónicos + agujas","Retape troncocónicos + agujas","Retape troncocónicos + agujas","Retape troncocónicos + agujas","Retape troncocónicos + agujas","Retape troncocónicos + agujas","Retape troncocónicos + agujas","Retape troncocónicos + agujas","Retape troncocónicos + agujas","Retape troncocónicos + agujas","Retape troncocónicos + agujas","Retape troncocónicos + agujas","Retape troncocónicos + agujas","Retape troncocónicos + agujas","Retape troncocónicos + agujas","Retape troncocónicos + agujas","Retape troncocónicos + agujas","Retape troncocónicos + agujas","Retape troncocónicos + agujas","Retape troncocónicos + agujas","Retape troncocónicos + agujas","Retape troncocónicos + agujas","Retape troncocónicos + agujas","Retape troncocónicos + agujas","Retape troncocónicos + agujas","Retape troncocónicos + agujas","Retape troncocónicos + agujas","Retape troncocónicos + agujas","Retape troncocónicos + agujas","Retape troncocónicos + agujas","Retape troncocónicos + agujas","Retape troncocónicos + agujas","Retape troncocónicos + agujas","Retape troncocónicos + agujas","Retape troncocónicos + agujas","Retape troncocónicos + agujas","Retape troncocónicos + agujas","Retape troncocónicos + agujas","Retape troncocónicos + agujas","Retape troncocónicos + agujas","Retape troncocónicos + agujas","Retape troncocónicos + agujas","Retape troncocónicos + agujas","Retape troncocónicos + agujas","Retape troncocónicos + agujas","Retape troncocónicos + agujas","Retape troncocónicos + agujas","Retape troncocónicos + agujas","Retape troncocónicos + agujas","Retape troncocónicos + agujas","Retape troncocónicos + agujas","Retape troncocónicos + agujas","Retape troncocónicos + agujas","Retape troncocónicos + agujas","Retape troncocónicos + agujas","Retape troncocónicos + agujas","Retape troncocónicos + agujas","Retape troncocónicos + agujas","Retape troncocónicos + agujas","Retape troncocónicos + agujas","Retape troncocónicos + agujas","Retape troncocónicos + agujas","Retape troncocónicos + agujas","Retape troncocónicos + agujas","Retape troncocónicos + agujas","Retape troncocónicos + agujas","Retape troncocónicos + agujas","Retape troncocónicos + agujas","Retape troncocónicos + agujas","Retape troncocónicos + agujas","Retape troncocónicos + agujas","Retape troncocónicos + agujas","Retape troncocónicos + agujas","Retape troncocónicos + agujas","Retape troncocónicos + agujas","Retape troncocónicos + agujas","Retape troncocónicos + agujas","Retape troncocónicos + agujas","Retape troncocónicos + agujas","Retape troncocónicos + agujas","Retape troncocónicos + agujas","Retape troncocónicos + agujas","Retape troncocónicos + agujas","Retape troncocónicos + agujas","Retape troncocónicos + agujas","Retape troncocónicos + agujas","Retape troncocónicos + agujas","Retape troncocónicos + agujas","Retape troncocónicos + agujas","Retape troncocónicos + agujas","Retape troncocónicos + agujas","Retape troncocónicos + agujas","Retape troncocónicos + agujas","Retape troncocónicos + agujas","Retape troncocónicos + agujas","Retape troncocónicos + agujas","Retape troncocónicos + agujas","Retape troncocónicos + agujas","Retape troncocónicos + agujas","Retape troncocónicos + agujas","Retape troncocónicos + agujas","Retape troncocónicos + agujas","Retape troncocónicos + agujas","Retape troncocónicos + agujas","Retape troncocónicos + agujas","Retape troncocónicos + agujas","Retape troncocónicos + agujas","Retape troncocónicos + agujas","Retape troncocónicos + agujas","Retape troncocónicos + agujas","Retape troncocónicos + agujas","Retape troncocónicos + agujas","Retape troncocónicos + agujas","Retape troncocónicos + agujas","Retape troncocónicos + agujas","Retape troncocónicos + agujas","Retape troncocónicos + agujas","Retape troncocónicos + agujas","Retape troncocónicos + agujas","Retape troncocónicos + agujas","Retape troncocónicos + agujas","Retape troncocónicos + agujas","Retape troncocónicos + agujas","Retape troncocónicos + agujas","Retape troncocónicos + agujas","Retape troncocónicos + agujas","Retape troncocónicos + agujas","Retape troncocónicos + agujas","Retape troncocónicos + agujas","Retape troncocónicos + agujas","Retape troncocónicos + agujas","Retape troncocónicos + agujas","Retape troncocónicos + agujas","Retape troncocónicos + agujas","Retape troncocónicos + agujas","Retape troncocónicos + agujas","Retape troncocónicos + agujas","Retape troncocónicos + agujas","Retape troncocónicos + agujas","Retape troncocónicos + agujas","Retape troncocónicos + agujas","Retape troncocónicos + agujas","Retape troncocónicos + agujas","Retape troncocónicos + agujas","Retape troncocónicos + agujas","Retape troncocónicos + agujas","Retape troncocónicos + agujas","Retape troncocónicos + agujas","Retape troncocónicos + agujas","Retape troncocónicos + agujas","Retape troncocónicos + agujas","Retape troncocónicos + agujas","Retape troncocónicos + agujas","Retape troncocónicos + agujas","Retape troncocónicos + agujas","Retape troncocónicos + agujas","Retape troncocónicos + agujas","Retape troncocónicos + agujas","Retape troncocónicos + agujas","Retape troncocónicos + agujas","Retape troncocónicos + agujas","Retape troncocónicos + agujas","Retape troncocónicos + agujas","Retape troncocónicos + agujas","Retape troncocónicos + agujas","Retape troncocónicos + agujas","Retape troncocónicos + agujas","Retape troncocónicos + agujas","Retape troncocónicos + agujas","Retape troncocónicos + agujas","Retape troncocónicos + agujas","Retape troncocónicos + agujas","Retape troncocónicos + agujas","Retape troncocónicos + agujas","Retape troncocónicos + agujas","Retape troncocónicos + agujas","Retape troncocónicos + agujas","Retape troncocónicos + agujas","Retape troncocónicos + agujas","Retape troncocónicos + agujas","Retape troncocónicos + agujas","Retape troncocónicos + agujas","Retape troncocónicos + agujas","Retape troncocónicos + agujas","Retape troncocónicos + agujas","Retape troncocónicos + agujas","Retape troncocónicos + agujas","Retape troncocónicos + agujas","Retape troncocónicos + agujas","Retape troncocónicos + agujas","Retape troncocónicos + agujas","Retape troncocónicos + agujas","Retape troncocónicos + agujas","Retape troncocónicos + agujas","Retape troncocónicos + agujas","Retape troncocónicos + agujas","Retape troncocónicos + agujas","Retape troncocónicos + agujas","Retape troncocónicos + agujas","Retape troncocónicos + agujas","Retape troncocónicos + agujas","Retape troncocónicos + agujas","Retape troncocónicos + agujas","Retape troncocónicos + agujas","Retape troncocónicos + agujas","Retape troncocónicos + agujas","Retape troncocónicos + agujas","Retape troncocónicos + agujas","Retape troncocónicos + agujas","Retape troncocónicos + agujas","Retape troncocónicos + agujas","Retape troncocónicos + agujas","Retape troncocónicos + agujas","Retape troncocónicos + agujas","Retape troncocónicos + agujas","Retape troncocónicos + agujas","Retape troncocónicos + agujas","Retape troncocónicos + agujas","Retape troncocónicos + agujas","Retape troncocónicos + agujas","Retape troncocónicos + agujas","Retape troncocónicos + agujas","Retape troncocónicos + agujas","Retape troncocónicos + agujas","Retape troncocónicos + agujas","Retape troncocónicos + agujas","Retape troncocónicos + agujas","Retape troncocónicos + agujas","Retape troncocónicos + agujas","Retape troncocónicos + agujas","Retape troncocónicos + agujas","Retape troncocónicos + agujas","Retape troncocónicos + agujas","Retape troncocónicos + agujas","Retape troncocónicos + agujas","Retape troncocónicos + agujas","Retape troncocónicos + agujas","Retape troncocónicos + agujas","Retape troncocónicos + agujas","Retape troncocónicos + agujas","Retape troncocónicos + agujas","Retape troncocónicos + agujas","Retape troncocónicos + agujas","Retape troncocónicos + agujas","Retape troncocónicos + agujas","Retape troncocónicos + agujas","Retape troncocónicos + agujas","Retape troncocónicos + agujas","Retape troncocónicos + agujas","Retape troncocónicos + agujas","Retape troncocónicos + agujas","Retape troncocónicos + agujas","Retape troncocónicos + agujas","Retape troncocónicos + agujas","Retape troncocónicos + agujas","Retape troncocónicos + agujas","Retape troncocónicos + agujas","Retape troncocónicos + agujas","Retape troncocónicos + agujas","Retape troncocónicos + agujas","Retape troncocónicos + agujas","Retape troncocónicos + agujas","Retape troncocónicos + agujas","Retape troncocónicos + agujas","Retape troncocónicos + agujas","Retape troncocónicos + agujas","Retape troncocónicos + agujas","Retape troncocónicos + agujas","Retape troncocónicos + agujas","Retape troncocónicos + agujas","Retape troncocónicos + agujas","Retape troncocónicos + agujas","Retape troncocónicos + agujas","Retape troncocónicos + agujas","Retape troncocónicos + agujas","Retape troncocónicos + agujas","Retape troncocónicos + agujas","Retape troncocónicos + agujas","Retape troncocónicos + agujas","Retape troncocónicos + agujas","Retape troncocónicos + agujas","Retape troncocónicos + agujas","Retape troncocónicos + agujas","Retape troncocónicos + agujas","Retape troncocónicos + agujas","Retape troncocónicos + agujas","Retape troncocónicos + agujas","Retape troncocónicos + agujas","Retape troncocónicos + agujas","Retape troncocónicos + agujas","Retape troncocónicos + agujas","Retape troncocónicos + agujas","Retape troncocónicos + agujas","Retape troncocónicos + agujas","Retape troncocónicos + agujas","Retape troncocónicos + agujas","Retape troncocónicos + agujas","Retape troncocónicos + agujas","Retape troncocónicos + agujas","Retape troncocónicos + agujas","Retape troncocónicos + agujas","Retape troncocónicos + agujas","Retape troncocónicos + agujas","Retape troncocónicos + agujas","Retape troncocónicos + agujas","Retape troncocónicos + agujas","Retape troncocónicos + agujas","Retape troncocónicos + agujas","Retape troncocónicos + agujas","Retape troncocónicos + agujas","Retape troncocónicos + agujas","Retape troncocónicos + agujas","Retape troncocónicos + agujas","Retape troncocónicos + agujas","Retape troncocónicos + agujas","Retape troncocónicos + agujas","Retape troncocónicos + agujas","Retape troncocónicos + agujas","Retape troncocónicos + agujas","Retape troncocónicos + agujas","Retape troncocónicos + agujas","Retape troncocónicos + agujas","Retape troncocónicos + agujas","Retape troncocónicos + agujas","Retape troncocónicos + agujas","Retape troncocónicos + agujas","Retape troncocónicos + agujas","Retape troncocónicos + agujas","Retape troncocónicos + agujas","Retape troncocónicos + agujas","Retape troncocónicos + agujas","Retape troncocónicos + agujas","Retape troncocónicos + agujas","Retape troncocónicos + agujas","Retape troncocónicos + agujas","Retape troncocónicos + agujas","Retape troncocónicos + agujas","Retape troncocónicos + agujas","Retape troncocónicos + agujas","Retape troncocónicos + agujas","Retape troncocónicos + agujas","Retape troncocónicos + agujas","Retape troncocónicos + agujas","Retape troncocónicos + agujas","Retape troncocónicos + agujas","Retape troncocónicos + agujas","Retape troncocónicos + agujas","Retape troncocónicos + agujas","Retape troncocónicos + agujas","Retape troncocónicos + agujas","Retape troncocónicos + agujas","Retape troncocónicos + agujas","Retape troncocónicos + agujas","Retape troncocónicos + agujas","Retape troncocónicos + agujas","Retape troncocónicos + agujas","Retape troncocónicos + agujas","Retape troncocónicos + agujas","Retape troncocónicos + agujas","Retape troncocónicos + agujas","Retape troncocónicos + agujas","Retape troncocónicos + agujas","Retape troncocónicos + agujas","Retape troncocónicos + agujas","Retape troncocónicos + agujas","Retape troncocónicos + agujas","Retape troncocónicos + agujas","Retape troncocónicos + agujas","Retape troncocónicos + agujas","Retape troncocónicos + agujas","Retape troncocónicos + agujas","Retape troncocónicos + agujas","Retape troncocónicos + agujas","Retape troncocónicos + agujas","Retape troncocónicos + agujas","Retape troncocónicos + agujas","Retape troncocónicos + agujas","Retape troncocónicos + agujas","Retape troncocónicos + agujas","Retape troncocónicos + agujas","Retape troncocónicos + agujas","Retape troncocónicos + agujas","Retape troncocónicos + agujas","Retape troncocónicos + agujas","Retape troncocónicos + agujas","Retape troncocónicos + agujas","Retape troncocónicos + agujas","Retape troncocónicos + agujas","Retape troncocónicos + agujas","Retape troncocónicos + agujas","Retape troncocónicos + agujas","Retape troncocónicos + agujas","Retape troncocónicos + agujas","Retape troncocónicos + agujas","Retape troncocónicos + agujas","Retape troncocónicos + agujas","Retape troncocónicos + agujas","Retape troncocónicos + agujas","Retape troncocónicos + agujas","Retape troncocónicos + agujas","Retape troncocónicos + agujas","Retape troncocónicos + agujas","Retape troncocónicos + agujas","Retape troncocónicos + agujas","Retape troncocónicos + agujas","Retape troncocónicos + agujas","Retape troncocónicos + agujas","Retape troncocónicos + agujas","Retape troncocónicos + agujas","Retape troncocónicos + agujas","Retape troncocónicos + agujas","Retape troncocónicos + agujas","Retape troncocónicos + agujas","Retape troncocónicos + agujas","Retape troncocónicos + agujas","Retape troncocónicos + agujas","Retape troncocónicos + agujas","Retape troncocónicos + agujas","Retape troncocónicos + agujas","Retape troncocónicos + agujas","Retape troncocónicos + agujas","Retape troncocónicos + agujas","Retape troncocónicos + agujas","Retape troncocónicos + agujas","Retape troncocónicos + agujas","Retape troncocónicos + agujas","Retape troncocónicos + agujas","Retape troncocónicos + agujas","Retape troncocónicos + agujas","Retape troncocónicos + agujas","Retape troncocónicos + agujas","Retape troncocónicos + agujas","Retape troncocónicos + agujas","Retape troncocónicos + agujas","Retape troncocónicos + agujas","Retape troncocónicos + agujas","Retape troncocónicos + agujas","Retape troncocónicos + agujas","Retape troncocónicos + agujas","Retape troncocónicos + agujas","Retape troncocónicos + agujas","Retape troncocónicos + agujas","Retape troncocónicos + agujas","Retape troncocónicos + agujas","Retape troncocónicos + agujas","Retape troncocónicos + agujas","Retape troncocónicos + agujas","Retape troncocónicos + agujas","Retape troncocónicos + agujas","Retape troncocónicos + agujas","Retape troncocónicos + agujas","Retape troncocónicos + agujas","Retape troncocónicos + agujas","Retape troncocónicos + agujas","Retape troncocónicos + agujas","Retape troncocónicos + agujas","Retape troncocónicos + agujas","Retape troncocónicos + agujas","Retape troncocónicos + agujas","Retape troncocónicos + agujas","Retape troncocónicos + agujas","Retape troncocónicos + agujas","Retape troncocónicos + agujas","Retape troncocónicos + agujas","Retape troncocónicos + agujas","Retape troncocónicos + agujas","Retape troncocónicos + agujas","Retape troncocónicos + agujas","Retape troncocónicos + agujas","Retape troncocónicos + agujas","Retape troncocónicos + agujas","Retape troncocónicos + agujas","Retape troncocónicos + agujas","Retape troncocónicos + agujas","Retape troncocónicos + agujas","Retape troncocónicos + agujas","Retape troncocónicos + agujas","Retape troncocónicos + agujas","Retape troncocónicos + agujas","Retape troncocónicos + agujas","Retape troncocónicos + agujas","Retape troncocónicos + agujas","Retape troncocónicos + agujas","Retape troncocónicos + agujas","Retape troncocónicos + agujas","Retape troncocónicos + agujas","Retape troncocónicos + agujas","Retape troncocónicos + agujas","Retape troncocónicos + agujas","Retape troncocónicos + agujas","Retape troncocónicos + agujas","Retape troncocónicos + agujas","Retape troncocónicos + agujas","Retape troncocónicos + agujas","Retape troncocónicos + agujas","Retape troncocónicos + agujas","Retape troncocónicos + agujas","Retape troncocónicos + agujas","Retape troncocónicos + agujas","Retape troncocónicos + agujas","Retape troncocónicos + agujas","Retape troncocónicos + agujas","Retape troncocónicos + agujas","Retape troncocónicos + agujas","Retape troncocónicos + agujas","Retape troncocónicos + agujas","Retape troncocónicos + agujas","Retape troncocónicos + agujas","Retape troncocónicos + agujas","Retape troncocónicos + agujas","Retape troncocónicos + agujas","Retape troncocónicos + agujas","Retape troncocónicos + agujas","Retape troncocónicos + agujas","Retape troncocónicos + agujas","Retape troncocónicos + agujas","Retape troncocónicos + agujas","Retape troncocónicos + agujas","Retape troncocónicos + agujas","Retape troncocónicos + agujas","Retape troncocónicos + agujas","Retape troncocónicos + agujas","Retape troncocónicos + agujas","Retape troncocónicos + agujas","Retape troncocónicos + agujas","Retape troncocónicos + agujas","Retape troncocónicos + agujas","Retape troncocónicos + agujas","Retape troncocónicos + agujas","Retape troncocónicos + agujas","Retape troncocónicos + agujas","Retape troncocónicos + agujas","Retape troncocónicos + agujas","Retape troncocónicos + agujas","Retape troncocónicos + agujas","Retape troncocónicos + agujas","Retape troncocónicos + agujas","Retape troncocónicos + agujas","Retape troncocónicos + agujas","Retape troncocónicos + agujas","Retape troncocónicos + agujas","Retape troncocónicos + agujas","Retape troncocónicos + agujas","Retape troncocónicos + agujas","Retape troncocónicos + agujas","Retape troncocónicos + agujas","Retape troncocónicos + agujas","Retape troncocónicos + agujas","Retape troncocónicos + agujas","Retape troncocónicos + agujas","Retape troncocónicos + agujas","Retape troncocónicos + agujas","Retape troncocónicos + agujas","Retape troncocónicos + agujas","Retape troncocónicos + agujas","Retape troncocónicos + agujas","Retape troncocónicos + agujas","Retape troncocónicos + agujas","Retape troncocónicos + agujas","Retape troncocónicos + agujas","Retape troncocónicos + agujas","Retape troncocónicos + agujas","Retape troncocónicos + agujas","Retape troncocónicos + agujas","Retape troncocónicos + agujas","Retape troncocónicos + agujas","Retape troncocónicos + agujas","Retape troncocónicos + agujas","Retape troncocónicos + agujas","Retape troncocónicos + agujas","Retape troncocónicos + agujas","Retape troncocónicos + agujas","Retape troncocónicos + agujas","Retape troncocónicos + agujas","Retape troncocónicos + agujas","Retape troncocónicos + agujas","Retape troncocónicos + agujas","Retape troncocónicos + agujas","Retape troncocónicos + agujas","Retape troncocónicos + agujas","Retape troncocónicos + agujas","Retape troncocónicos + agujas","Retape troncocónicos + agujas","Retape troncocónicos + agujas","Retape troncocónicos + agujas","Retape troncocónicos + agujas","Retape troncocónicos + agujas","Retape troncocónicos + agujas","Retape troncocónicos + agujas","Retape troncocónicos + agujas","Retape troncocónicos + agujas","Retape troncocónicos + agujas","Retape troncocónicos + agujas","Retape troncocónicos + agujas","Retape troncocónicos + agujas","Retape troncocónicos + agujas","Retape troncocónicos + agujas","Retape troncocónicos + agujas","Retape troncocónicos + agujas","Retape troncocónicos + agujas","Retape troncocónicos + agujas","Retape troncocónicos + agujas","Retape troncocónicos + agujas","Retape troncocónicos + agujas","Retape troncocónicos + agujas","Retape troncocónicos + agujas","Retape troncocónicos + agujas","Retape troncocónicos + agujas","Retape troncocónicos + agujas","Retape troncocónicos + agujas","Retape troncocónicos + agujas","Retape troncocónicos + agujas","Retape troncocónicos + agujas","Retape troncocónicos + agujas","Retape troncocónicos + agujas","Retape troncocónicos + agujas","Retape troncocónicos + agujas","Retape troncocónicos + agujas","Retape troncocónicos + agujas","Retape troncocónicos + agujas","Retape troncocónicos + agujas","Retape troncocónicos + agujas","Retape troncocónicos + agujas","Retape troncocónicos + agujas","Retape troncocónicos + agujas","Retape troncocónicos + agujas","Retape troncocónicos + agujas","Retape troncocónicos + agujas","Retape troncocónicos + agujas","Retape troncocónicos + agujas","Retape troncocónicos + agujas","Retape troncocónicos + agujas","Retape troncocónicos + agujas","Retape troncocónicos + agujas","Retape troncocónicos + agujas","Retape troncocónicos + agujas","Retape troncocónicos + agujas","Retape troncocónicos + agujas","Retape troncocónicos + agujas","Retape troncocónicos + agujas","Retape troncocónicos + agujas","Retape troncocónicos + agujas","Retape troncocónicos + agujas","Retape troncocónicos + agujas","Retape troncocónicos + agujas","Retape troncocónicos + agujas","Retape troncocónicos + agujas","Retape troncocónicos + agujas","Retape troncocónicos + agujas","Retape troncocónicos + agujas","Retape troncocónicos + agujas","Retape troncocónicos + agujas","Retape troncocónicos + agujas","Retape troncocónicos + agujas","Retape troncocónicos + agujas","Retape troncocónicos + agujas","Retape troncocónicos + agujas","Retape troncocónicos + agujas","Retape troncocónicos + agujas","Retape troncocónicos + agujas","Retape troncocónicos + agujas","Retape troncocónicos + agujas","Retape troncocónicos + agujas","Retape troncocónicos + agujas","Retape troncocónicos + agujas","Retape troncocónicos + agujas","Retape troncocónicos + agujas","Retape troncocónicos + agujas","Retape troncocónicos + agujas","Retape troncocónicos + agujas","Retape troncocónicos + agujas","Retape troncocónicos + agujas","Retape troncocónicos + agujas","Retape troncocónicos + agujas","Retape troncocónicos + agujas","Retape troncocónicos + agujas","Retape troncocónicos + agujas","Retape troncocónicos + agujas","Retape troncocónicos + agujas","Retape troncocónicos + agujas","Retape troncocónicos + agujas","Retape troncocónicos + agujas","Retape troncocónicos + agujas","Retape troncocónicos + agujas","Retape troncocónicos + agujas","Retape troncocónicos + agujas","Retape troncocónicos + agujas","Retape troncocónicos + agujas","Retape troncocónicos + agujas","Retape troncocónicos + agujas","Retape troncocónicos + agujas","Retape troncocónicos + agujas","Retape troncocónicos + agujas","Retape troncocónicos + agujas","Retape troncocónicos + agujas","Retape troncocónicos + agujas","Retape troncocónicos + agujas","Retape troncocónicos + agujas","Retape troncocónicos + agujas","Retape troncocónicos + agujas","Retape troncocónicos + agujas","Retape troncocónicos + agujas","Retape troncocónicos + agujas","Retape troncocónicos + agujas","Retape troncocónicos + agujas","Retape troncocónicos + agujas","Retape troncocónicos + agujas","Retape troncocónicos + agujas","Retape troncocónicos + agujas","Retape troncocónicos + agujas","Retape troncocónicos + agujas","Retape troncocónicos + agujas","Retape troncocónicos + agujas","Retape troncocónicos + agujas","Retape troncocónicos + agujas","Retape troncocónicos + agujas","Retape troncocónicos + agujas","Retape troncocónicos + agujas","Retape troncocónicos + agujas","Retape troncocónicos + agujas","Retape troncocónicos + agujas","Retape troncocónicos + agujas","Retape troncocónicos + agujas","Retape troncocónicos + agujas","Retape troncocónicos + agujas","Retape troncocónicos + agujas","Retape troncocónicos + agujas","Retape troncocónicos + agujas","Retape troncocónicos + agujas","Retape troncocónicos + agujas","Retape troncocónicos + agujas","Retape troncocónicos + agujas","Retape troncocónicos + agujas","Retape troncocónicos + agujas","Retape troncocónicos + agujas","Retape troncocónicos + agujas","Retape troncocónicos + agujas","Retape troncocónicos + agujas","Retape troncocónicos + agujas","Retape troncocónicos + agujas","Retape troncocónicos + agujas","Retape troncocónicos + agujas","Retape troncocónicos + agujas","Retape troncocónicos + agujas","Retape troncocónicos + agujas","Retape troncocónicos + agujas","Retape troncocónicos + agujas","Retape troncocónicos + agujas","Retape troncocónicos + agujas","Retape troncocónicos + agujas","Retape troncocónicos + agujas","Retape troncocónicos + agujas","Retape troncocónicos + agujas","Retape troncocónicos + agujas","Retape troncocónicos + agujas","Retape troncocónicos + agujas","Retape troncocónicos + agujas","Retape troncocónicos + agujas","Retape troncocónicos + agujas","Retape troncocónicos + agujas","Retape troncocónicos + agujas","Retape troncocónicos + agujas","Retape troncocónicos + agujas","Retape troncocónicos + agujas","Retape troncocónicos + agujas","Retape troncocónicos + agujas","Retape troncocónicos + agujas","Retape troncocónicos + agujas","Retape troncocónicos + agujas","Retape troncocónicos + agujas","Retape troncocónicos + agujas","Retape troncocónicos + agujas","Retape troncocónicos + agujas","Retape troncocónicos + agujas","Retape troncocónicos + agujas","Retape troncocónicos + agujas","Retape troncocónicos + agujas","Retape troncocónicos + agujas","Retape troncocónicos + agujas","Retape troncocónicos + agujas","Retape troncocónicos + agujas","Retape troncocónicos + agujas","Retape troncocónicos + agujas","Retape troncocónicos + agujas","Retape troncocónicos + agujas","Retape troncocónicos + agujas","Retape troncocónicos + agujas","Retape troncocónicos + agujas","Retape troncocónicos + agujas","Retape troncocónicos + agujas","Retape troncocónicos + agujas","Retape troncocónicos + agujas","Retape troncocónicos + agujas","Retape troncocónicos + agujas","Retape troncocónicos + agujas","Retape troncocónicos + agujas","Retape troncocónicos + agujas","Retape troncocónicos + agujas","Retape troncocónicos + agujas","Retape troncocónicos + agujas","Retape troncocónicos + agujas","Retape troncocónicos + agujas","Retape troncocónicos + agujas","Retape troncocónicos + agujas","Retape troncocónicos + agujas","Retape troncocónicos + agujas","Retape troncocónicos + agujas","Retape troncocónicos + agujas","Retape troncocónicos + agujas","Retape troncocónicos + agujas","Retape troncocónicos + agujas","Retape troncocónicos + agujas","Retape troncocónicos + agujas","Retape troncocónicos + agujas","Retape troncocónicos + agujas","Retape troncocónicos + agujas","Retape troncocónicos + agujas","Retape troncocónicos + agujas","Retape troncocónicos + agujas","Retape troncocónicos + agujas","Retape troncocónicos + agujas","Retape troncocónicos + agujas","Retape troncocónicos + agujas","Retape troncocónicos + agujas","Retape troncocónicos + agujas","Retape troncocónicos + agujas","Retape troncocónicos + agujas","Retape troncocónicos + agujas","Retape troncocónicos + agujas","Retape troncocónicos + agujas","Retape troncocónicos + agujas","Retape troncocónicos + agujas","Retape troncocónicos + agujas","Retape troncocónicos + agujas","Retape troncocónicos + agujas","Retape troncocónicos + agujas","Retape troncocónicos + agujas","Retape troncocónicos + agujas","Retape troncocónicos + agujas","Retape troncocónicos + agujas","Retape troncocónicos + agujas","Retape troncocónicos + agujas","Retape troncocónicos + agujas","Retape troncocónicos + agujas","Retape troncocónicos + agujas","Retape troncocónicos + agujas","Retape troncocónicos + agujas","Retape troncocónicos + agujas","Retape troncocónicos + agujas","Retape troncocónicos + agujas","Retape troncocónicos + agujas","Retape troncocónicos + agujas","Retape troncocónicos + agujas","Retape troncocónicos + agujas","Retape troncocónicos + agujas","Retape troncocónicos + agujas","Retape troncocónicos + agujas","Retape troncocónicos + agujas","Retape troncocónicos + agujas","Retape troncocónicos + agujas","Retape troncocónicos + agujas","Retape troncocónicos + agujas","Retape troncocónicos + agujas","Retape troncocónicos + agujas","Retape troncocónicos + agujas","Retape troncocónicos + agujas","Retape troncocónicos + agujas","Retape troncocónicos + agujas","Retape troncocónicos + agujas","Retape troncocónicos + agujas","Retape troncocónicos + agujas","Retape troncocónicos + agujas","Retape troncocónicos + agujas","Retape troncocónicos + agujas","Retape troncocónicos + agujas","Retape troncocónicos + agujas","Retape troncocónicos + agujas","Retape troncocónicos + agujas","Retape troncocónicos + agujas","Retape troncocónicos + agujas","Retape troncocónicos + agujas","Retape troncocónicos + agujas","Retape troncocónicos + agujas","Retape troncocónicos + agujas","Retape troncocónicos + agujas","Retape troncocónicos + agujas","Retape troncocónicos + agujas","Retape troncocónicos + agujas","Retape troncocónicos + agujas","Retape troncocónicos + agujas","Retape troncocónicos + agujas","Retape troncocónicos + agujas","Retape troncocónicos + agujas","Retape troncocónicos + agujas","Retape troncocónicos + agujas","Retape troncocónicos + agujas","Retape troncocónicos + agujas","Retape troncocónicos + agujas","Retape troncocónicos + agujas","Retape troncocónicos + agujas","Retape troncocónicos + agujas","Retape troncocónicos + agujas","Retape troncocónicos + agujas","Retape troncocónicos + agujas","Retape troncocónicos + agujas","Retape troncocónicos + agujas","Retape troncocónicos + agujas","Retape troncocónicos + agujas","Retape troncocónicos + agujas","Retape troncocónicos + agujas","Retape troncocónicos + agujas","Retape troncocónicos + agujas","Retape troncocónicos + agujas","Retape troncocónicos + agujas","Retape troncocónicos + agujas","Retape troncocónicos + agujas","Retape troncocónicos + agujas","Retape troncocónicos + agujas","Retape troncocónicos + agujas","Retape troncocónicos + agujas","Retape troncocónicos + agujas","Retape troncocónicos + agujas","Retape troncocónicos + agujas","Retape troncocónicos + agujas","Retape troncocónicos + agujas","Retape troncocónicos + agujas","Retape troncocónicos + agujas","Retape troncocónicos + agujas","Retape troncocónicos + agujas","Retape troncocónicos + agujas","Retape troncocónicos + agujas","Retape troncocónicos + agujas","Retape troncocónicos + agujas","Retape troncocónicos + agujas","Retape troncocónicos + agujas","Retape troncocónicos + agujas","Retape troncocónicos + agujas","Retape troncocónicos + agujas","Retape troncocónicos + agujas","Retape troncocónicos + agujas","Retape troncocónicos + agujas","Retape troncocónicos + agujas","Retape troncocónicos + agujas","Retape troncocónicos + agujas","Retape troncocónicos + agujas","Retape troncocónicos + agujas","Retape troncocónicos + agujas","Retape troncocónicos + agujas","Retape troncocónicos + agujas","Retape troncocónicos + agujas","Retape troncocónicos + agujas","Retape troncocónicos + agujas","Retape troncocónicos + agujas","Retape troncocónicos + agujas","Retape troncocónicos + agujas","Retape troncocónicos + agujas","Retape troncocónicos + agujas","Retape troncocónicos + agujas","Retape troncocónicos + agujas","Retape troncocónicos + agujas","Retape troncocónicos + agujas","Retape troncocónicos + agujas","Retape troncocónicos + agujas","Retape troncocónicos + agujas","Retape troncocónicos + agujas","Retape troncocónicos + agujas","Retape troncocónicos + agujas","Retape troncocónicos + agujas","Retape troncocónicos + agujas","Retape troncocónicos + agujas","Retape troncocónicos + agujas","Retape troncocónicos + agujas","Retape troncocónicos + agujas","Retape troncocónicos + agujas","Retape troncocónicos + agujas","Retape troncocónicos + agujas","Retape troncocónicos + agujas","Retape troncocónicos + agujas","Retape troncocónicos + agujas","Retape troncocónicos + agujas","Retape troncocónicos + agujas","Retape troncocónicos + agujas","Retape troncocónicos + agujas","Retape troncocónicos + agujas","Retape troncocónicos + agujas","Retape troncocónicos + agujas","Retape troncocónicos + agujas","Retape troncocónicos + agujas","Retape troncocónicos + agujas","Retape troncocónicos + agujas","Retape troncocónicos + agujas","Retape troncocónicos + agujas","Retape troncocónicos + agujas","Retape troncocónicos + agujas","Retape troncocónicos + agujas","Retape troncocónicos + agujas","Retape troncocónicos + agujas","Retape troncocónicos + agujas","Retape troncocónicos + agujas","Retape troncocónicos + agujas","Retape troncocónicos + agujas","Retape troncocónicos + agujas","Retape troncocónicos + agujas","Retape troncocónicos + agujas","Retape troncocónicos + agujas","Retape troncocónicos + agujas","Retape troncocónicos + agujas","Retape troncocónicos + agujas","Retape troncocónicos + agujas","Retape troncocónicos + agujas","Retape troncocónicos + agujas","Retape troncocónicos + agujas","Retape troncocónicos + agujas","Retape troncocónicos + agujas","Retape troncocónicos + agujas","Retape troncocónicos + agujas","Retape troncocónicos + agujas","Retape troncocónicos + agujas","Retape troncocónicos + agujas","Retape troncocónicos + agujas","Retape troncocónicos + agujas","Retape troncocónicos + agujas","Retape troncocónicos + agujas","Retape troncocónicos + agujas","Retape troncocónicos + agujas","Retape troncocónicos + agujas","Retape troncocónicos + agujas","Retape troncocónicos + agujas","Retape troncocónicos + agujas","Retape troncocónicos + agujas","Retape troncocónicos + agujas","Retape troncocónicos + agujas","Retape troncocónicos + agujas","Retape troncocónicos + agujas","Retape troncocónicos + agujas","Retape troncocónicos + agujas","Retape troncocónicos + agujas","Retape troncocónicos + agujas","Retape troncocónicos + agujas","Retape troncocónicos + agujas","Retape troncocónicos + agujas","Retape troncocónicos + agujas","Retape troncocónicos + agujas","Retape troncocónicos + agujas","Retape troncocónicos + agujas","Retape troncocónicos + agujas","Retape troncocónicos + agujas","Retape troncocónicos + agujas","Retape troncocónicos + agujas","Retape troncocónicos + agujas","Retape troncocónicos + agujas","Retape troncocónicos + agujas","Retape troncocónicos + agujas","Retape troncocónicos + agujas","Retape troncocónicos + agujas","Retape troncocónicos + agujas","Retape troncocónicos + agujas","Retape troncocónicos + agujas","Retape troncocónicos + agujas","Retape troncocónicos + agujas","Retape troncocónicos + agujas","Retape troncocónicos + agujas","Retape troncocónicos + agujas","Retape troncocónicos + agujas","Retape troncocónicos + agujas","Retape troncocónicos + agujas","Retape troncocónicos + agujas","Retape troncocónicos + agujas","Retape troncocónicos + agujas","Retape troncocónicos + agujas","Retape troncocónicos + agujas","Retape troncocónicos + agujas","Retape troncocónicos + agujas","Retape troncocónicos + agujas","Retape troncocónicos + agujas","Retape troncocónicos + agujas","Retape troncocónicos + agujas","Retape troncocónicos + agujas","Retape troncocónicos + agujas","Retape troncocónicos + agujas","Retape troncocónicos + agujas","Retape troncocónicos + agujas","Retape troncocónicos + agujas","Retape troncocónicos + agujas","Retape troncocónicos + agujas","Retape troncocónicos + agujas","Retape troncocónicos + agujas","Retape troncocónicos + agujas","Retape troncocónicos + agujas","Retape troncocónicos + agujas","Retape troncocónicos + agujas","Retape troncocónicos + agujas","Retape troncocónicos + agujas","Retape troncocónicos + agujas","Retape troncocónicos + agujas","Retape troncocónicos + agujas","Retape troncocónicos + agujas","Retape troncocónicos + agujas","Retape troncocónicos + agujas","Retape troncocónicos + agujas","Retape troncocónicos + agujas","Retape troncocónicos + agujas","Retape troncocónicos + agujas","Retape troncocónicos + agujas","Retape troncocónicos + agujas","Retape troncocónicos + agujas","Retape troncocónicos + agujas","Retape troncocónicos + agujas","Retape troncocónicos + agujas","Retape troncocónicos + agujas","Retape troncocónicos + agujas","Retape troncocónicos + agujas","Retape troncocónicos + agujas","Retape troncocónicos + agujas","Retape troncocónicos + agujas","Retape troncocónicos + agujas","Retape troncocónicos + agujas","Retape troncocónicos + agujas","Retape troncocónicos + agujas","Retape troncocónicos + agujas","Retape troncocónicos + agujas","Retape troncocónicos + agujas","Retape troncocónicos + agujas","Retape troncocónicos + agujas","Retape troncocónicos + agujas","Retape troncocónicos + agujas","Retape troncocónicos + agujas","Retape troncocónicos + agujas","Retape troncocónicos + agujas","Retape troncocónicos + agujas","Retape troncocónicos + agujas","Retape troncocónicos + agujas","Retape troncocónicos + agujas","Retape troncocónicos + agujas","Retape troncocónicos + agujas","Retape troncocónicos + agujas","Retape troncocónicos + agujas","Retape troncocónicos + agujas","Retape troncocónicos + agujas","Retape troncocónicos + agujas","Retape troncocónicos + agujas","Retape troncocónicos + agujas","Retape troncocónicos + agujas","Retape troncocónicos + agujas","Retape troncocónicos + agujas","Retape troncocónicos + agujas","Retape troncocónicos + agujas","Retape troncocónicos + agujas","Retape troncocónicos + agujas","Retape troncocónicos + agujas","Retape troncocónicos + agujas","Retape troncocónicos + agujas","Retape troncocónicos + agujas","Retape troncocónicos + agujas","Retape troncocónicos + agujas","Retape troncocónicos + agujas","Retape troncocónicos + agujas","Retape troncocónicos + agujas","Retape troncocónicos + agujas","Retape troncocónicos + agujas","Retape troncocónicos + agujas","Retape troncocónicos + agujas","Retape troncocónicos + agujas","Retape troncocónicos + agujas","Retape troncocónicos + agujas","Retape troncocónicos + agujas","Retape troncocónicos + agujas","Retape troncocónicos + agujas","Retape troncocónicos + agujas","Retape troncocónicos + agujas","Retape troncocónicos + agujas","Retape troncocónicos + agujas","Retape troncocónicos + agujas","Retape troncocónicos + agujas","Retape troncocónicos + agujas","Retape troncocónicos + agujas","Retape troncocónicos + agujas","Retape troncocónicos + agujas","Retape troncocónicos + agujas","Retape troncocónicos + agujas","Retape troncocónicos + agujas","Retape troncocónicos + agujas","Retape troncocónicos + agujas","Retape troncocónicos + agujas","Retape troncocónicos + agujas","Retape troncocónicos + agujas","Retape troncocónicos + agujas","Retape troncocónicos + agujas","Retape troncocónicos + agujas","Retape troncocónicos + agujas","Retape troncocónicos + agujas","Retape troncocónicos + agujas","Retape troncocónicos + agujas","Retape troncocónicos + agujas","Retape troncocónicos + agujas","Retape troncocónicos + agujas","Retape troncocónicos + agujas","Retape troncocónicos + agujas","Retape troncocónicos + agujas","Retape troncocónicos + agujas","Retape troncocónicos + agujas","Retape troncocónicos + agujas","Retape troncocónicos + agujas","Retape troncocónicos + agujas","Retape troncocónicos + agujas","Retape troncocónicos + agujas","Retape troncocónicos + agujas","Retape troncocónicos + agujas","Retape troncocónicos + agujas","Retape troncocónicos + agujas","Retape troncocónicos + agujas","Retape troncocónicos + agujas","Retape troncocónicos + agujas","Retape troncocónicos + agujas","Retape troncocónicos + agujas","Retape troncocónicos + agujas","Retape troncocónicos + agujas","Retape troncocónicos + agujas","Retape troncocónicos + agujas","Retape troncocónicos + agujas","Retape troncocónicos + agujas","Retape troncocónicos + agujas","Retape troncocónicos + agujas","Retape troncocónicos + agujas","Retape troncocónicos + agujas","Retape troncocónicos + agujas","Retape troncocónicos + agujas","Retape troncocónicos + agujas","Retape troncocónicos + agujas","Retape troncocónicos + agujas","Retape troncocónicos + agujas","Retape troncocónicos + agujas","Retape troncocónicos + agujas","Retape troncocónicos + agujas","Retape troncocónicos + agujas","Retape troncocónicos + agujas","Retape troncocónicos + agujas","Retape troncocónicos + agujas","Retape troncocónicos + agujas","Retape troncocónicos + agujas","Retape troncocónicos + agujas","Retape troncocónicos + agujas","Retape troncocónicos + agujas","Retape troncocónicos + agujas","Retape troncocónicos + agujas","Retape troncocónicos + agujas","Retape troncocónicos + agujas","Retape troncocónicos + agujas","Retape troncocónicos + agujas","Retape troncocónicos + agujas","Retape troncocónicos + agujas","Retape troncocónicos + agujas","Retape troncocónicos + agujas","Retape troncocónicos + agujas","Retape troncocónicos + agujas","Retape troncocónicos + agujas","Retape troncocónicos + agujas","Retape troncocónicos + agujas","Retape troncocónicos + agujas","Retape troncocónicos + agujas","Retape troncocónicos + agujas","Retape troncocónicos + agujas","Retape troncocónicos + agujas","Retape troncocónicos + agujas","Retape troncocónicos + agujas","Retape troncocónicos + agujas","Retape troncocónicos + agujas","Retape troncocónicos + agujas","Retape troncocónicos + agujas","Retape troncocónicos + agujas","Retape troncocónicos + agujas","Retape troncocónicos + agujas","Retape troncocónicos + agujas","Retape troncocónicos + agujas","Retape troncocónicos + agujas","Retape troncocónicos + agujas","Retape troncocónicos + agujas","Retape troncocónicos + agujas","Retape troncocónicos + agujas","Retape troncocónicos + agujas","Retape troncocónicos + agujas","Retape troncocónicos + agujas","Retape troncocónicos + agujas","Retape troncocónicos + agujas","Retape troncocónicos + agujas","Retape troncocónicos + agujas","Retape troncocónicos + agujas","Retape troncocónicos + agujas","Retape troncocónicos + agujas","Retape troncocónicos + agujas","Retape troncocónicos + agujas","Retape troncocónicos + agujas","Retape troncocónicos + agujas","Retape troncocónicos + agujas","Retape troncocónicos + agujas","Retape troncocónicos + agujas","Retape troncocónicos + agujas","Retape troncocónicos + agujas","Retape troncocónicos + agujas","Retape troncocónicos + agujas","Retape troncocónicos + agujas","Retape troncocónicos + agujas","Retape troncocónicos + agujas","Retape troncocónicos + agujas","Retape troncocónicos + agujas","Retape troncocónicos + agujas","Retape troncocónicos + agujas","Retape troncocónicos + agujas","Retape troncocónicos + agujas","Retape troncocónicos + agujas","Retape troncocónicos + agujas","Retape troncocónicos + agujas","Retape troncocónicos + agujas","Retape troncocónicos + agujas","Retape troncocónicos + agujas","Retape troncocónicos + agujas","Retape troncocónicos + agujas","Retape troncocónicos + agujas","Retape troncocónicos + agujas","Retape troncocónicos + agujas","Retape troncocónicos + agujas","Retape troncocónicos + agujas","Retape troncocónicos + agujas","Retape troncocónicos + agujas","Retape troncocónicos + agujas","Retape troncocónicos + agujas","Retape troncocónicos + agujas","Retape troncocónicos + agujas","Retape troncocónicos + agujas","Retape troncocónicos + agujas","Retape troncocónicos + agujas","Retape troncocónicos + agujas","Retape troncocónicos + agujas","Retape troncocónicos + agujas","Retape troncocónicos + agujas","Retape troncocónicos + agujas","Retape troncocónicos + agujas","Retape troncocónicos + agujas","Retape troncocónicos + agujas","Retape troncocónicos + agujas","Retape troncocónicos + agujas","Retape troncocónicos + agujas","Retape troncocónicos + agujas","Retape troncocónicos + agujas","Retape troncocónicos + agujas","Retape troncocónicos + agujas","Retape troncocónicos + agujas","Retape troncocónicos + agujas","Retape troncocónicos + agujas","Retape troncocónicos + agujas","Retape troncocónicos + agujas","Retape troncocónicos + agujas","Retape troncocónicos + agujas","Retape troncocónicos + agujas","Retape troncocónicos + agujas","Retape troncocónicos + agujas","Retape troncocónicos + agujas","Retape troncocónicos + agujas","Retape troncocónicos + agujas","Retape troncocónicos + agujas","Retape troncocónicos + agujas","Retape troncocónicos + agujas","Retape troncocónicos + agujas","Retape troncocónicos + agujas","Retape troncocónicos + agujas","Retape troncocónicos + agujas","Retape troncocónicos + agujas","Retape troncocónicos + agujas","Retape troncocónicos + agujas","Retape troncocónicos + agujas","Retape troncocónicos + agujas","Retape troncocónicos + agujas","Retape troncocónicos + agujas","Retape troncocónicos + agujas","Retape troncocónicos + agujas","Retape troncocónicos + agujas","Retape troncocónicos + agujas","Retape troncocónicos + agujas","Retape troncocónicos + agujas","Retape troncocónicos + agujas","Retape troncocónicos + agujas","Retape troncocónicos + agujas","Retape troncocónicos + agujas","Retape troncocónicos + agujas","Retape troncocónicos + agujas","Retape troncocónicos + agujas","Retape troncocónicos + agujas","Retape troncocónicos + agujas","Retape troncocónicos + agujas","Retape troncocónicos + agujas","Retape troncocónicos + agujas","Retape troncocónicos + agujas","Retape troncocónicos + agujas","Retape troncocónicos + agujas","Retape troncocónicos + agujas","Retape troncocónicos + agujas","Retape troncocónicos + agujas","Retape troncocónicos + agujas","Retape troncocónicos + agujas","Retape troncocónicos + agujas","Retape troncocónicos + agujas","Retape troncocónicos + agujas","Retape troncocónicos + agujas","Retape troncocónicos + agujas","Retape troncocónicos + agujas","Retape troncocónicos + agujas","Retape troncocónicos + agujas","Retape troncocónicos + agujas","Retape troncocónicos + agujas","Retape troncocónicos + agujas","Retape troncocónicos + agujas","Retape troncocónicos + agujas","Retape troncocónicos + agujas","Retape troncocónicos + agujas","Retape troncocónicos + agujas","Retape troncocónicos + agujas","Retape troncocónicos + agujas","Retape troncocónicos + agujas","Retape troncocónicos + agujas","Retape troncocónicos + agujas","Retape troncocónicos + agujas","Retape troncocónicos + agujas","Retape troncocónicos + agujas","Retape troncocónicos + agujas","Retape troncocónicos + agujas","Retape troncocónicos + agujas","Retape troncocónicos + agujas","Retape troncocónicos + agujas","Retape troncocónicos + agujas","Retape troncocónicos + agujas","Retape troncocónicos + agujas","Retape troncocónicos + agujas","Retape troncocónicos + agujas","Retape troncocónicos + agujas","Retape troncocónicos + agujas","Retape troncocónicos + agujas","Retape troncocónicos + agujas","Retape troncocónicos + agujas","Retape troncocónicos + agujas","Retape troncocónicos + agujas","Retape troncocónicos + agujas","Retape troncocónicos + agujas","Retape troncocónicos + agujas","Retape troncocónicos + agujas","Retape troncocónicos + agujas","Retape troncocónicos + agujas","Retape troncocónicos + agujas","Retape troncocónicos + agujas","Retape troncocónicos + agujas","Retape troncocónicos + agujas","Retape troncocónicos + agujas","Retape troncocónicos + agujas","Retape troncocónicos + agujas","Retape troncocónicos + agujas","Retape troncocónicos + agujas","Retape troncocónicos + agujas","Retape troncocónicos + agujas","Retape troncocónicos + agujas","Retape troncocónicos + agujas","Retape troncocónicos + agujas","Retape troncocónicos + agujas","Retape troncocónicos + agujas","Retape troncocónicos + agujas","Retape troncocónicos + agujas","Retape troncocónicos + agujas","Retape troncocónicos + agujas","Retape troncocónicos + agujas","Retape troncocónicos + agujas","Retape troncocónicos + agujas","Retape troncocónicos + agujas","Retape troncocónicos + agujas","Retape troncocónicos + agujas","Retape troncocónicos + agujas","Retape troncocónicos + agujas","Retape troncocónicos + agujas","Retape troncocónicos + agujas","Retape troncocónicos + agujas","Retape troncocónicos + agujas","Retape troncocónicos + agujas","Retape troncocónicos + agujas","Retape troncocónicos + agujas","Retape troncocónicos + agujas","Retape troncocónicos + agujas","Retape troncocónicos + agujas","Retape troncocónicos + agujas","Retape troncocónicos + agujas","Retape troncocónicos + agujas","Retape troncocónicos + agujas","Retape troncocónicos + agujas","Retape troncocónicos + agujas","Retape troncocónicos + agujas","Retape troncocónicos + agujas","Retape troncocónicos + agujas","Retape troncocónicos + agujas","Retape troncocónicos + agujas","Retape troncocónicos + agujas","Retape troncocónicos + agujas","Retape troncocónicos + agujas","Retape troncocónicos + agujas","Retape troncocónicos + agujas","Retape troncocónicos + agujas","Retape troncocónicos + agujas","Retape troncocónicos + agujas","Retape troncocónicos + agujas","Retape troncocónicos + agujas","Retape troncocónicos + agujas","Retape troncocónicos + agujas","Retape troncocónicos + agujas","Retape troncocónicos + agujas","Retape troncocónicos + agujas","Retape troncocónicos + agujas","Retape troncocónicos + agujas","Retape troncocónicos + agujas","Retape troncocónicos + agujas","Retape troncocónicos + agujas","Retape troncocónicos + agujas","Retape troncocónicos + agujas","Retape troncocónicos + agujas","Retape troncocónicos + agujas","Retape troncocónicos + agujas","Retape troncocónicos + agujas","Retape troncocónicos + agujas","Retape troncocónicos + agujas","Retape troncocónicos + agujas","Retape troncocónicos + agujas","Retape troncocónicos + agujas","Retape troncocónicos + agujas","Retape troncocónicos + agujas","Retape troncocónicos + agujas","Retape troncocónicos + agujas","Retape troncocónicos + agujas","Retape troncocónicos + agujas","Retape troncocónicos + agujas","Retape troncocónicos + agujas","Retape troncocónicos + agujas","Retape troncocónicos + agujas","Retape troncocónicos + agujas","Retape troncocónicos + agujas","Retape troncocónicos + agujas","Retape troncocónicos + agujas","Retape troncocónicos + agujas","Retape troncocónicos + agujas","Retape troncocónicos + agujas","Retape troncocónicos + agujas","Retape troncocónicos + agujas","Retape troncocónicos + agujas","Retape troncocónicos + agujas","Retape troncocónicos + agujas","Retape troncocónicos + agujas","Retape troncocónicos + agujas","Retape troncocónicos + agujas","Retape troncocónicos + agujas","Retape troncocónicos + agujas","Retape troncocónicos + agujas","Retape troncocónicos + agujas","Retape troncocónicos + agujas","Retape troncocónicos + agujas","Retape troncocónicos + agujas","Retape troncocónicos + agujas","Retape troncocónicos + agujas","Retape troncocónicos + agujas","Retape troncocónicos + agujas","Retape troncocónicos + agujas","Retape troncocónicos + agujas","Retape troncocónicos + agujas","Retape troncocónicos + agujas","Retape troncocónicos + agujas","Retape troncocónicos + agujas","Retape troncocónicos + agujas","Retape troncocónicos + agujas","Retape troncocónicos + agujas","Retape troncocónicos + agujas","Retape troncocónicos + agujas","Retape troncocónicos + agujas","Retape troncocónicos + agujas","Retape troncocónicos + agujas","Retape troncocónicos + agujas","Retape troncocónicos + agujas","Retape troncocónicos + agujas","Retape troncocónicos + agujas","Retape troncocónicos + agujas","Retape troncocónicos + agujas","Retape troncocónicos + agujas","Retape troncocónicos + agujas","Retape troncocónicos + agujas","Retape troncocónicos + agujas","Retape troncocónicos + agujas","Retape troncocónicos + agujas","Retape troncocónicos + agujas","Retape troncocónicos + agujas","Retape troncocónicos + agujas","Retape troncocónicos + agujas","Retape troncocónicos + agujas","Retape troncocónicos + agujas","Retape troncocónicos + agujas","Retape troncocónicos + agujas","Retape troncocónicos + agujas","Retape troncocónicos + agujas","Retape troncocónicos + agujas","Retape troncocónicos + agujas","Retape troncocónicos + agujas","Retape troncocónicos + agujas","Retape troncocónicos + agujas","Retape troncocónicos + agujas","Retape troncocónicos + agujas","Retape troncocónicos + agujas","Retape troncocónicos + agujas","Retape troncocónicos + agujas","Retape troncocónicos + agujas","Retape troncocónicos + agujas","Retape troncocónicos + agujas","Retape troncocónicos + agujas","Retape troncocónicos + agujas","Retape troncocónicos + agujas","Retape troncocónicos + agujas","Retape troncocónicos + agujas","Retape troncocónicos + agujas","Retape troncocónicos + agujas","Retape troncocónicos + agujas","Retape troncocónicos + agujas","Retape troncocónicos + agujas","Retape troncocónicos + agujas","Retape troncocónicos + agujas","Retape troncocónicos + agujas","Retape troncocónicos + agujas","Retape troncocónicos + agujas","Retape troncocónicos + agujas","Retape troncocónicos + agujas","Retape troncocónicos + agujas","Retape troncocónicos + agujas","Retape troncocónicos + agujas","Retape troncocónicos + agujas","Retape troncocónicos + agujas","Retape troncocónicos + agujas","Retape troncocónicos + agujas","Retape troncocónicos + agujas","Retape troncocónicos + agujas","Retape troncocónicos + agujas","Retape troncocónicos + agujas","Retape troncocónicos + agujas","Retape troncocónicos + agujas","Retape troncocónicos + agujas","Retape troncocónicos + agujas","Retape troncocónicos + agujas","Retape troncocónicos + agujas","Retape troncocónicos + agujas","Retape troncocónicos + agujas","Retape troncocónicos + agujas","Retape troncocónicos + agujas","Retape troncocónicos + agujas","Retape troncocónicos + agujas","Retape troncocónicos + agujas","Retape troncocónicos + agujas","Retape troncocónicos + agujas","Retape troncocónicos + agujas","Retape troncocónicos + agujas","Retape troncocónicos + agujas","Retape troncocónicos + agujas","Retape troncocónicos + agujas","Retape troncocónicos + agujas","Retape troncocónicos + agujas","Retape troncocónicos + agujas","Retape troncocónicos + agujas","Retape troncocónicos + agujas","Retape troncocónicos + agujas","Retape troncocónicos + agujas","Retape troncocónicos + agujas","Retape troncocónicos + agujas","Retape troncocónicos + agujas","Retape troncocónicos + agujas","Retape troncocónicos + agujas","Retape troncocónicos + agujas","Retape troncocónicos + agujas","Retape troncocónicos + agujas","Retape troncocónicos + agujas","Retape troncocónicos + agujas","Retape troncocónicos + agujas","Retape troncocónicos + agujas","Retape troncocónicos + agujas","Retape troncocónicos + agujas","Retape troncocónicos + agujas","Retape troncocónicos + agujas","Retape troncocónicos + agujas","Retape troncocónicos + agujas","Retape troncocónicos + agujas","Retape troncocónicos + agujas","Retape troncocónicos + agujas","Retape troncocónicos + agujas","Retape troncocónicos + agujas","Retape troncocónicos + agujas","Retape troncocónicos + agujas","Retape troncocónicos + agujas","Retape troncocónicos + agujas","Retape troncocónicos + agujas","Retape troncocónicos + agujas","Retape troncocónicos + agujas","Retape troncocónicos + agujas","Retape troncocónicos + agujas","Retape troncocónicos + agujas","Retape troncocónicos + agujas","Retape troncocónicos + agujas","Retape troncocónicos + agujas","Retape troncocónicos + agujas","Retape troncocónicos + agujas","Retape troncocónicos + agujas","Retape troncocónicos + agujas","Retape troncocónicos + agujas","Retape troncocónicos + agujas","Retape troncocónicos + agujas","Retape troncocónicos + agujas","Retape troncocónicos + agujas","Retape troncocónicos + agujas","Retape troncocónicos + agujas","Retape troncocónicos + agujas","Retape troncocónicos + agujas","Retape troncocónicos + agujas","Retape troncocónicos + agujas","Retape troncocónicos + agujas","Retape troncocónicos + agujas","Retape troncocónicos + agujas","Retape troncocónicos + agujas","Retape troncocónicos + agujas","Retape troncocónicos + agujas","Retape troncocónicos + agujas","Retape troncocónicos + agujas","Retape troncocónicos + agujas","Retape troncocónicos + agujas","Retape troncocónicos + agujas","Retape troncocónicos + agujas","Retape troncocónicos + agujas","Retape troncocónicos + agujas","Retape troncocónicos + agujas","Retape troncocónicos + agujas","Retape troncocónicos + agujas","Retape troncocónicos + agujas","Retape troncocónicos + agujas","Retape troncocónicos + agujas","Retape troncocónicos + agujas","Retape troncocónicos + agujas","Retape troncocónicos + agujas","Retape troncocónicos + agujas","Retape troncocónicos + agujas","Retape troncocónicos + agujas","Retape troncocónicos + agujas","Retape troncocónicos + agujas","Retape troncocónicos + agujas","Retape troncocónicos + agujas","Retape troncocónicos + agujas","Retape troncocónicos + agujas","Retape troncocónicos + agujas","Retape troncocónicos + agujas","Retape troncocónicos + agujas","Retape troncocónicos + agujas","Retape troncocónicos + agujas","Retape troncocónicos + agujas","Retape troncocónicos + agujas","Retape troncocónicos + agujas","Retape troncocónicos + agujas","Retape troncocónicos + agujas","Retape troncocónicos + agujas","Retape troncocónicos + agujas","Retape troncocónicos + agujas","Retape troncocónicos + agujas","Retape troncocónicos + agujas","Retape troncocónicos + agujas","Retape troncocónicos + agujas","Retape troncocónicos + agujas","Retape troncocónicos + agujas","Retape troncocónicos + agujas","Retape troncocónicos + agujas","Retape troncocónicos + agujas","Retape troncocónicos + agujas","Retape troncocónicos + agujas","Retape troncocónicos + agujas","Retape troncocónicos + agujas","Retape troncocónicos + agujas","Retape troncocónicos + agujas","Retape troncocónicos + agujas","Retape troncocónicos + agujas","Retape troncocónicos + agujas","Retape troncocónicos + agujas","Retape troncocónicos + agujas","Retape troncocónicos + agujas","Retape troncocónicos + agujas","Retape troncocónicos + agujas","Retape troncocónicos + agujas","Retape troncocónicos + agujas","Retape troncocónicos + agujas","Retape troncocónicos + agujas","Retape troncocónicos + agujas","Retape troncocónicos + agujas","Retape troncocónicos + agujas","Retape troncocónicos + agujas","Retape troncocónicos + agujas","Retape troncocónicos + agujas","Retape troncocónicos + agujas","Retape troncocónicos + agujas","Retape troncocónicos + agujas","Retape troncocónicos + agujas","Retape troncocónicos + agujas","Retape troncocónicos + agujas","Retape troncocónicos + agujas","Retape troncocónicos + agujas","Retape troncocónicos + agujas","Retape troncocónicos + agujas","Retape troncocónicos + agujas","Retape troncocónicos + agujas","Retape troncocónicos + agujas","Retape troncocónicos + agujas","Retape troncocónicos + agujas","Retape troncocónicos + agujas","Retape troncocónicos + agujas","Retape troncocónicos + agujas","Retape troncocónicos + agujas","Retape troncocónicos + agujas","Retape troncocónicos + agujas","Retape troncocónicos + agujas","Retape troncocónicos + agujas","Retape troncocónicos + agujas","Retape troncocónicos + agujas","Retape troncocónicos + agujas","Retape troncocónicos + agujas","Retape troncocónicos + agujas","Retape troncocónicos + agujas","Retape troncocónicos + agujas","Retape troncocónicos + agujas","Retape troncocónicos + agujas","Retape troncocónicos + agujas","Retape troncocónicos + agujas","Retape troncocónicos + agujas","Retape troncocónicos + agujas","Retape troncocónicos + agujas","Retape troncocónicos + agujas","Retape troncocónicos + agujas","Retape troncocónicos + agujas","Retape troncocónicos + agujas","Retape troncocónicos + agujas","Retape troncocónicos + agujas","Retape troncocónicos + agujas","Retape troncocónicos + agujas","Retape troncocónicos + agujas","Retape troncocónicos + agujas","Retape troncocónicos + agujas","Retape troncocónicos + agujas","Retape troncocónicos + agujas","Retape troncocónicos + agujas","Retape troncocónicos + agujas","Retape troncocónicos + agujas","Retape troncocónicos + agujas","Retape troncocónicos + agujas","Retape troncocónicos + agujas","Retape troncocónicos + agujas","Retape troncocónicos + agujas","Retape troncocónicos + agujas","Retape troncocónicos + agujas","Retape troncocónicos + agujas","Retape troncocónicos + agujas","Retape troncocónicos + agujas","Retape troncocónicos + agujas","Retape troncocónicos + agujas","Retape troncocónicos + agujas","Retape troncocónicos + agujas","Retape troncocónicos + agujas","Retape troncocónicos + agujas","Retape troncocónicos + agujas","Retape troncocónicos + agujas","Retape troncocónicos + agujas","Retape troncocónicos + agujas","Retape troncocónicos + agujas","Retape troncocónicos + agujas","Retape troncocónicos + agujas","Retape troncocónicos + agujas","Retape troncocónicos + agujas","Retape troncocónicos + agujas","Retape troncocónicos + agujas","Retape troncocónicos + agujas","Retape troncocónicos + agujas","Retape troncocónicos + agujas","Retape troncocónicos + agujas","Retape troncocónicos + agujas","Retape troncocónicos + agujas","Retape troncocónicos + agujas","Retape troncocónicos + agujas","Retape troncocónicos + agujas","Retape troncocónicos + agujas","Retape troncocónicos + agujas","Retape troncocónicos + agujas","Retape troncocónicos + agujas","Retape troncocónicos + agujas","Retape troncocónicos + agujas","Retape troncocónicos + agujas","Retape troncocónicos + agujas","Retape troncocónicos + agujas","Retape troncocónicos + agujas","Retape troncocónicos + agujas","Retape troncocónicos + agujas","Retape troncocónicos + agujas","Retape troncocónicos + agujas","Retape troncocónicos + agujas","Retape troncocónicos + agujas","Retape troncocónicos + agujas","Retape troncocónicos + agujas","Retape troncocónicos + agujas","Retape troncocónicos + agujas","Retape troncocónicos + agujas","Retape troncocónicos + agujas","Retape troncocónicos + agujas","Retape troncocónicos + agujas","Retape troncocónicos + agujas","Retape troncocónicos + agujas","Retape troncocónicos + agujas","Retape troncocónicos + agujas","Retape troncocónicos + agujas","Retape troncocónicos + agujas","Retape troncocónicos + agujas","Retape troncocónicos + agujas","Retape troncocónicos + agujas","Retape troncocónicos + agujas","Retape troncocónicos + agujas","Retape troncocónicos + agujas","Retape troncocónicos + agujas","Retape troncocónicos + agujas","Retape troncocónicos + agujas","Retape troncocónicos + agujas","Retape troncocónicos + agujas","Retape troncocónicos + agujas","Retape troncocónicos + agujas","Retape troncocónicos + agujas","Retape troncocónicos + agujas","Retape troncocónicos + agujas","Retape troncocónicos + agujas","Retape troncocónicos + agujas","Retape troncocónicos + agujas","Retape troncocónicos + agujas","Retape troncocónicos + agujas","Retape troncocónicos + agujas","Retape troncocónicos + agujas","Retape troncocónicos + agujas","Retape troncocónicos + agujas","Retape troncocónicos + agujas","Retape troncocónicos + agujas","Retape troncocónicos + agujas","Retape troncocónicos + agujas","Retape troncocónicos + agujas","Retape troncocónicos + agujas","Retape troncocónicos + agujas","Retape troncocónicos + agujas","Retape troncocónicos + agujas","Retape troncocónicos + agujas","Retape troncocónicos + agujas","Retape troncocónicos + agujas","Retape troncocónicos + agujas","Retape troncocónicos + agujas","Retape troncocónicos + agujas","Retape troncocónicos + agujas","Retape troncocónicos + agujas","Retape troncocónicos + agujas","Retape troncocónicos + agujas","Retape troncocónicos + agujas","Retape troncocónicos + agujas","Retape troncocónicos + agujas","Retape troncocónicos + agujas","Retape troncocónicos + agujas","Retape troncocónicos + agujas","Retape troncocónicos + agujas","Retape troncocónicos + agujas","Retape troncocónicos + agujas","Retape troncocónicos + agujas","Retape troncocónicos + agujas","Retape troncocónicos + agujas","Retape troncocónicos + agujas","Retape troncocónicos + agujas","Retape troncocónicos + agujas","Retape troncocónicos + agujas","Retape troncocónicos + agujas","Retape troncocónicos + agujas","Retape troncocónicos + agujas","Retape troncocónicos + agujas","Retape troncocónicos + agujas","Retape troncocónicos + agujas","Retape troncocónicos + agujas","Retape troncocónicos + agujas","Retape troncocónicos + agujas","Retape troncocónicos + agujas","Retape troncocónicos + agujas","Retape troncocónicos + agujas","Retape troncocónicos + agujas","Retape troncocónicos + agujas","Retape troncocónicos + agujas","Retape troncocónicos + agujas","Retape troncocónicos + agujas","Retape troncocónicos + agujas","Retape troncocónicos + agujas","Retape troncocónicos + agujas","Retape troncocónicos + agujas","Retape troncocónicos + agujas","Retape troncocónicos + agujas","Retape troncocónicos + agujas","Retape troncocónicos + agujas","Retape troncocónicos + agujas","Retape troncocónicos + agujas","Retape troncocónicos + agujas","Retape troncocónicos + agujas","Retape troncocónicos + agujas","Retape troncocónicos + agujas","Retape troncocónicos + agujas","Retape troncocónicos + agujas","Retape troncocónicos + agujas","Retape troncocónicos + agujas","Retape troncocónicos + agujas","Retape troncocónicos + agujas","Retape troncocónicos + agujas","Retape troncocónicos + agujas","Retape troncocónicos + agujas","Retape troncocónicos + agujas","Retape troncocónicos + agujas","Retape troncocónicos + agujas","Retape troncocónicos + agujas","Retape troncocónicos + agujas","Retape troncocónicos + agujas","Retape troncocónicos + agujas","Retape troncocónicos + agujas","Retape troncocónicos + agujas","Retape troncocónicos + agujas","Retape troncocónicos + agujas","Retape troncocónicos + agujas","Retape troncocónicos + agujas","Retape troncocónicos + agujas","Retape troncocónicos + agujas","Retape troncocónicos + agujas","Retape troncocónicos + agujas","Retape troncocónicos + agujas","Retape troncocónicos + agujas","Retape troncocónicos + agujas","Retape troncocónicos + agujas","Retape troncocónicos + agujas","Retape troncocónicos + agujas","Retape troncocónicos + agujas","Retape troncocónicos + agujas","Retape troncocónicos + agujas","Retape troncocónicos + agujas","Retape troncocónicos + agujas","Retape troncocónicos + agujas","Retape troncocónicos + agujas","Retape troncocónicos + agujas","Retape troncocónicos + agujas","Retape troncocónicos + agujas","Retape troncocónicos + agujas","Retape troncocónicos + agujas","Retape troncocónicos + agujas","Retape troncocónicos + agujas","Retape troncocónicos + agujas","Retape troncocónicos + agujas","Retape troncocónicos + agujas","Retape troncocónicos + agujas","Retape troncocónicos + agujas","Retape troncocónicos + agujas","Retape troncocónicos + agujas","Retape troncocónicos + agujas","Retape troncocónicos + agujas","Retape troncocónicos + agujas","Retape troncocónicos + agujas","Retape troncocónicos + agujas","Retape troncocónicos + agujas","Retape troncocónicos + agujas","Retape troncocónicos + agujas","Retape troncocónicos + agujas","Retape troncocónicos + agujas","Retape troncocónicos + agujas","Retape troncocónicos + agujas","Retape troncocónicos + agujas","Retape troncocónicos + agujas","Retape troncocónicos + agujas","Retape troncocónicos + agujas","Retape troncocónicos + agujas","Retape troncocónicos + agujas","Retape troncocónicos + agujas","Retape troncocónicos + agujas","Retape troncocónicos + agujas","Retape troncocónicos + agujas","Retape troncocónicos + agujas","Retape troncocónicos + agujas","Retape troncocónicos + agujas","Retape troncocónicos + agujas","Retape troncocónicos + agujas","Retape troncocónicos + agujas","Retape troncocónicos + agujas","Retape troncocónicos + agujas","Retape troncocónicos + agujas","Retape troncocónicos + agujas","Retape troncocónicos + agujas","Retape troncocónicos + agujas","Retape troncocónicos + agujas","Retape troncocónicos + agujas","Retape troncocónicos + agujas","Retape troncocónicos + agujas","Retape troncocónicos + agujas","Retape troncocónicos + agujas","Retape troncocónicos + agujas","Retape troncocónicos + agujas","Retape troncocónicos + agujas","Retape troncocónicos + agujas","Retape troncocónicos + agujas","Retape troncocónicos + agujas","Retape troncocónicos + agujas","Retape troncocónicos + agujas","Retape troncocónicos + agujas","Retape troncocónicos + agujas","Retape troncocónicos + agujas","Retape troncocónicos + agujas","Retape troncocónicos + agujas","Retape troncocónicos + agujas","Retape troncocónicos + agujas","Retape troncocónicos + agujas","Retape troncocónicos + agujas","Retape troncocónicos + agujas","Retape troncocónicos + agujas","Retape troncocónicos + agujas","Retape troncocónicos + agujas","Retape troncocónicos + agujas","Retape troncocónicos + agujas","Retape troncocónicos + agujas","Retape troncocónicos + agujas","Retape troncocónicos + agujas","Retape troncocónicos + agujas","Retape troncocónicos + agujas","Retape troncocónicos + agujas","Retape troncocónicos + agujas","Retape troncocónicos + agujas","Retape troncocónicos + agujas","Retape troncocónicos + agujas","Retape troncocónicos + agujas","Retape troncocónicos + agujas","Retape troncocónicos + agujas","Retape troncocónicos + agujas","Retape troncocónicos + agujas","Retape troncocónicos + agujas","Retape troncocónicos + agujas","Retape troncocónicos + agujas","Retape troncocónicos + agujas","Retape troncocónicos + agujas","Retape troncocónicos + agujas","Retape troncocónicos + agujas","Retape troncocónicos + agujas","Retape troncocónicos + agujas","Retape troncocónicos + agujas","Retape troncocónicos + agujas","Retape troncocónicos + agujas","Retape troncocónicos + agujas","Retape troncocónicos + agujas","Retape troncocónicos + agujas","Retape troncocónicos + agujas","Retape troncocónicos + agujas","Retape troncocónicos + agujas","Retape troncocónicos + agujas","Retape troncocónicos + agujas","Retape troncocónicos + agujas","Retape troncocónicos + agujas","Retape troncocónicos + agujas","Retape troncocónicos + agujas","Retape troncocónicos + agujas","Retape troncocónicos + agujas","Retape troncocónicos + agujas","Retape troncocónicos + agujas","Retape troncocónicos + agujas","Retape troncocónicos + agujas","Retape troncocónicos + agujas","Retape troncocónicos + agujas","Retape troncocónicos + agujas","Retape troncocónicos + agujas","Retape troncocónicos + agujas","Retape troncocónicos + agujas","Retape troncocónicos + agujas","Retape troncocónicos + agujas","Retape troncocónicos + agujas","Retape troncocónicos + agujas","Retape troncocónicos + agujas","Retape troncocónicos + agujas","Retape troncocónicos + agujas","Retape troncocónicos + agujas","Retape troncocónicos + agujas","Retape troncocónicos + agujas","Retape troncocónicos + agujas","Retape troncocónicos + agujas","Retape troncocónicos + agujas","Retape troncocónicos + agujas","Retape troncocónicos + agujas","Retape troncocónicos + agujas","Retape troncocónicos + agujas","Retape troncocónicos + agujas","Retape troncocónicos + agujas","Retape troncocónicos + agujas","Retape troncocónicos + agujas","Retape troncocónicos + agujas","Retape troncocónicos + agujas","Retape troncocónicos + agujas","Retape troncocónicos + agujas","Retape troncocónicos + agujas","Retape troncocónicos + agujas","Retape troncocónicos + agujas","Retape troncocónicos + agujas","Retape troncocónicos + agujas","Retape troncocónicos + agujas","Retape troncocónicos + agujas","Retape troncocónicos + agujas","Retape troncocónicos + agujas","Retape troncocónicos + agujas","Retape troncocónicos + agujas","Retape troncocónicos + agujas","Retape troncocónicos + agujas","Retape troncocónicos + agujas","Retape troncocónicos + agujas","Retape troncocónicos + agujas","Retape troncocónicos + agujas","Retape troncocónicos + agujas","Retape troncocónicos + agujas","Retape troncocónicos + agujas","Retape troncocónicos + agujas","Retape troncocónicos + agujas","Retape troncocónicos + agujas","Retape troncocónicos + agujas","Retape troncocónicos + agujas","Retape troncocónicos + agujas","Retape troncocónicos + agujas","Retape troncocónicos + agujas","Retape troncocónicos + agujas","Retape troncocónicos + agujas","Retape troncocónicos + agujas","Retape troncocónicos + agujas","Retape troncocónicos + agujas","Retape troncocónicos + agujas","Retape troncocónicos + agujas","Retape troncocónicos + agujas","Retape troncocónicos + agujas","Retape troncocónicos + agujas","Retape troncocónicos + agujas","Retape troncocónicos + agujas","Retape troncocónicos + agujas","Retape troncocónicos + agujas","Retape troncocónicos + agujas","Retape troncocónicos + agujas","Retape troncocónicos + agujas","Retape troncocónicos + agujas","Retape troncocónicos + agujas","Retape troncocónicos + agujas","Retape troncocónicos + agujas","Retape troncocónicos + agujas","Retape troncocónicos + agujas","Retape troncocónicos + agujas","Retape troncocónicos + agujas","Retape troncocónicos + agujas","Retape troncocónicos + agujas","Retape troncocónicos + agujas","Retape troncocónicos + agujas","Retape troncocónicos + agujas","Retape troncocónicos + agujas","Retape troncocónicos + agujas","Retape troncocónicos + agujas","Retape troncocónicos + agujas","Retape troncocónicos + agujas","Retape troncocónicos + agujas","Retape troncocónicos + agujas","Retape troncocónicos + agujas","Retape troncocónicos + agujas","Retape troncocónicos + agujas","Retape troncocónicos + agujas","Retape troncocónicos + agujas","Retape troncocónicos + agujas","Retape troncocónicos + agujas","Retape troncocónicos + agujas","Retape troncocónicos + agujas","Retape troncocónicos + agujas","Retape troncocónicos + agujas","Retape troncocónicos + agujas","Retape troncocónicos + agujas","Retape troncocónicos + agujas","Retape troncocónicos + agujas","Retape troncocónicos + agujas","Retape troncocónicos + agujas","Retape troncocónicos + agujas","Retape troncocónicos + agujas","Retape troncocónicos + agujas","Retape troncocónicos + agujas","Retape troncocónicos + agujas","Retape troncocónicos + agujas","Retape troncocónicos + agujas","Retape troncocónicos + agujas","Retape troncocónicos + agujas","Retape troncocónicos + agujas","Retape troncocónicos + agujas","Retape troncocónicos + agujas","Retape troncocónicos + agujas","Retape troncocónicos + agujas","Retape troncocónicos + agujas","Retape troncocónicos + agujas","Retape troncocónicos + agujas","Retape troncocónicos + agujas","Retape troncocónicos + agujas","Retape troncocónicos + agujas","Retape troncocónicos + agujas","Retape troncocónicos + agujas","Retape troncocónicos + agujas","Retape troncocónicos + agujas","Retape troncocónicos + agujas","Retape troncocónicos + agujas","Retape troncocónicos + agujas","Retape troncocónicos + agujas","Retape troncocónicos + agujas","Retape troncocónicos + agujas","Retape troncocónicos + agujas","Retape troncocónicos + agujas","Retape troncocónicos + agujas","Retape troncocónicos + agujas","Retape troncocónicos + agujas","Retape troncocónicos + agujas","Retape troncocónicos + agujas","Retape troncocónicos + agujas","Retape troncocónicos + agujas","Retape troncocónicos + agujas","Retape troncocónicos + agujas","Retape troncocónicos + agujas","Retape troncocónicos + agujas","Retape troncocónicos + agujas","Retape troncocónicos + agujas","Retape troncocónicos + agujas","Retape troncocónicos + agujas","Retape troncocónicos + agujas","Retape troncocónicos + agujas","Retape troncocónicos + agujas","Retape troncocónicos + agujas","Retape troncocónicos + agujas","Retape troncocónicos + agujas","Retape troncocónicos + agujas","Retape troncocónicos + agujas","Retape troncocónicos + agujas","Retape troncocónicos + agujas","Retape troncocónicos + agujas","Retape troncocónicos + agujas","Retape troncocónicos + agujas","Retape troncocónicos + agujas","Retape troncocónicos + agujas","Retape troncocónicos + agujas","Retape troncocónicos + agujas","Retape troncocónicos + agujas","Retape troncocónicos + agujas","Retape troncocónicos + agujas","Retape troncocónicos + agujas","Retape troncocónicos + agujas","Retape troncocónicos + agujas","Retape troncocónicos + agujas","Retape troncocónicos + agujas","Retape troncocónicos + agujas","Retape troncocónicos + agujas","Retape troncocónicos + agujas","Retape troncocónicos + agujas","Retape troncocónicos + agujas","Retape troncocónicos + agujas","Retape troncocónicos + agujas","Retape troncocónicos + agujas","Retape troncocónicos + agujas","Retape troncocónicos + agujas","Retape troncocónicos + agujas","Retape troncocónicos + agujas","Retape troncocónicos + agujas","Retape troncocónicos + agujas","Retape troncocónicos + agujas","Retape troncocónicos + agujas","Retape troncocónicos + agujas","Retape troncocónicos + agujas","Retape troncocónicos + agujas","Retape troncocónicos + agujas","Retape troncocónicos + agujas","Retape troncocónicos + agujas","Retape troncocónicos + agujas","Retape troncocónicos + agujas","Retape troncocónicos + agujas","Retape troncocónicos + agujas","Retape troncocónicos + agujas","Retape troncocónicos + agujas","Retape troncocónicos + agujas","Retape troncocónicos + agujas","Retape troncocónicos + agujas","Retape troncocónicos + agujas","Retape troncocónicos + agujas","Retape troncocónicos + agujas","Retape troncocónicos + agujas","Retape troncocónicos + agujas","Retape troncocónicos + agujas","Retape troncocónicos + agujas","Retape troncocónicos + agujas","Retape troncocónicos + agujas","Retape troncocónicos + agujas","Retape troncocónicos + agujas","Retape troncocónicos + agujas","Retape troncocónicos + agujas","Retape troncocónicos + agujas","Retape troncocónicos + agujas","Retape troncocónicos + agujas","Retape troncocónicos + agujas","Retape troncocónicos + agujas","Retape troncocónicos + agujas","Retape troncocónicos + agujas","Retape troncocónicos + agujas","Retape troncocónicos + agujas","Retape troncocónicos + agujas","Retape troncocónicos + agujas","Retape troncocónicos + agujas","Retape troncocónicos + agujas","Retape troncocónicos + agujas","Retape troncocónicos + agujas","Retape troncocónicos + agujas","Retape troncocónicos + agujas","Retape troncocónicos + agujas","Retape troncocónicos + agujas","Retape troncocónicos + agujas","Retape troncocónicos + agujas","Retape troncocónicos + agujas","Retape troncocónicos + agujas","Retape troncocónicos + agujas","Retape troncocónicos + agujas","Retape troncocónicos + agujas","Retape troncocónicos + agujas","Retape troncocónicos + agujas","Retape troncocónicos + agujas","Retape troncocónicos + agujas","Retape troncocónicos + agujas","Retape troncocónicos + agujas","Retape troncocónicos + agujas","Retape troncocónicos + agujas","Retape troncocónicos + agujas","Retape troncocónicos + agujas","Retape troncocónicos + agujas","Retape troncocónicos + agujas","Retape troncocónicos + agujas","Retape troncocónicos + agujas","Retape troncocónicos + agujas","Retape troncocónicos + agujas","Retape troncocónicos + agujas","Retape troncocónicos + agujas","Retape troncocónicos + agujas","Retape troncocónicos + agujas","Retape troncocónicos + agujas","Retape troncocónicos + agujas","Retape troncocónicos + agujas","Retape troncocónicos + agujas","Retape troncocónicos + agujas","Retape troncocónicos + agujas","Retape troncocónicos + agujas","Retape troncocónicos + agujas","Retape troncocónicos + agujas","Retape troncocónicos + agujas","Retape troncocónicos + agujas","Retape troncocónicos + agujas","Retape troncocónicos + agujas","Retape troncocónicos + agujas","Retape troncocónicos + agujas","Retape troncocónicos + agujas","Retape troncocónicos + agujas","Retape troncocónicos + agujas","Retape troncocónicos + agujas","Retape troncocónicos + agujas","Retape troncocónicos + agujas","Retape troncocónicos + agujas","Retape troncocónicos + agujas","Retape troncocónicos + agujas","Retape troncocónicos + agujas","Retape troncocónicos + agujas","Retape troncocónicos + agujas","Retape troncocónicos + agujas","Retape troncocónicos + agujas","Retape troncocónicos + agujas","Retape troncocónicos + agujas","Retape troncocónicos + agujas","Retape troncocónicos + agujas","Retape troncocónicos + agujas","Retape troncocónicos + agujas","Retape troncocónicos + agujas","Retape troncocónicos + agujas","Retape troncocónicos + agujas","Retape troncocónicos + agujas","Retape troncocónicos + agujas","Retape troncocónicos + agujas","Retape troncocónicos + agujas","Retape troncocónicos + agujas","Retape troncocónicos + agujas","Retape troncocónicos + agujas","Retape troncocónicos + agujas","Retape troncocónicos + agujas","Retape troncocónicos + agujas","Retape troncocónicos + agujas","Retape troncocónicos + agujas","Retape troncocónicos + agujas","Retape troncocónicos + agujas","Retape troncocónicos + agujas","Retape troncocónicos + agujas","Retape troncocónicos + agujas","Retape troncocónicos + agujas","Retape troncocónicos + agujas","Retape troncocónicos + agujas","Retape troncocónicos + agujas","Retape troncocónicos + agujas","Retape troncocónicos + agujas","Retape troncocónicos + agujas","Retape troncocónicos + agujas","Retape troncocónicos + agujas","Retape troncocónicos + agujas","Retape troncocónicos + agujas","Retape troncocónicos + agujas","Retape troncocónicos + agujas","Retape troncocónicos + agujas","Retape troncocónicos + agujas","Retape troncocónicos + agujas","Retape troncocónicos + agujas","Retape troncocónicos + agujas","Retape troncocónicos + agujas","Retape troncocónicos + agujas","Retape troncocónicos + agujas","Retape troncocónicos + agujas","Retape troncocónicos + agujas","Retape troncocónicos + agujas","Retape troncocónicos + agujas","Retape troncocónicos + agujas","Retape troncocónicos + agujas","Retape troncocónicos + agujas","Retape troncocónicos + agujas","Retape troncocónicos + agujas","Retape troncocónicos + agujas","Retape troncocónicos + agujas","Retape troncocónicos + agujas","Retape troncocónicos + agujas","Retape troncocónicos + agujas","Retape troncocónicos + agujas","Retape troncocónicos + agujas","Retape troncocónicos + agujas","Retape troncocónicos + agujas","Retape troncocónicos + agujas","Retape troncocónicos + agujas","Retape troncocónicos + agujas","Retape troncocónicos + agujas","Retape troncocónicos + agujas","Retape troncocónicos + agujas","Retape troncocónicos + agujas","Retape troncocónicos + agujas","Retape troncocónicos + agujas","Retape troncocónicos + agujas","Retape troncocónicos + agujas","Retape troncocónicos + agujas","Retape troncocónicos + agujas","Retape troncocónicos + agujas","Retape troncocónicos + agujas","Retape troncocónicos + agujas","Retape troncocónicos + agujas","Retape troncocónicos + agujas","Retape troncocónicos + agujas","Retape troncocónicos + agujas","Retape troncocónicos + agujas","Retape troncocónicos + agujas","Retape troncocónicos + agujas","Retape troncocónicos + agujas","Retape troncocónicos + agujas","Retape troncocónicos + agujas","Retape troncocónicos + agujas","Retape troncocónicos + agujas","Retape troncocónicos + agujas","Retape troncocónicos + agujas","Retape troncocónicos + agujas","Retape troncocónicos + agujas","Retape troncocónicos + agujas","Retape troncocónicos + agujas","Retape troncocónicos + agujas","Retape troncocónicos + agujas","Retape troncocónicos + agujas","Retape troncocónicos + agujas","Retape troncocónicos + agujas","Retape troncocónicos + agujas","Retape troncocónicos + agujas","Retape troncocónicos + agujas","Retape troncocónicos + agujas","Retape troncocónicos + agujas","Retape troncocónicos + agujas","Retape troncocónicos + agujas","Retape troncocónicos + agujas","Retape troncocónicos + agujas","Retape troncocónicos + agujas","Retape troncocónicos + agujas","Retape troncocónicos + agujas","Retape troncocónicos + agujas","Retape troncocónicos + agujas","Retape troncocónicos + agujas","Retape troncocónicos + agujas","Retape troncocónicos + agujas","Retape troncocónicos + agujas","Retape troncocónicos + agujas","Retape troncocónicos + agujas","Retape troncocónicos + agujas","Retape troncocónicos + agujas","Retape troncocónicos + agujas","Retape troncocónicos + agujas","Retape troncocónicos + agujas","Retape troncocónicos + agujas","Retape troncocónicos + agujas","Retape troncocónicos + agujas","Retape troncocónicos + agujas","Retape troncocónicos + agujas","Retape troncocónicos + agujas","Retape troncocónicos + agujas","Retape troncocónicos + agujas","Retape troncocónicos + agujas","Retape troncocónicos + agujas","Retape troncocónicos + agujas","Retape troncocónicos + agujas","Retape troncocónicos + agujas","Retape troncocónicos + agujas","Retape troncocónicos + agujas","Retape troncocónicos + agujas","Retape troncocónicos + agujas","Retape troncocónicos + agujas","Retape troncocónicos + agujas","Retape troncocónicos + agujas","Retape troncocónicos + agujas","Retape troncocónicos + agujas","Retape troncocónicos + agujas","Retape troncocónicos + agujas","Retape troncocónicos + agujas","Retape troncocónicos + agujas","Retape troncocónicos + agujas","Retape troncocónicos + agujas","Retape troncocónicos + agujas","Retape troncocónicos + agujas","Retape troncocónicos + agujas","Retape troncocónicos + agujas","Retape troncocónicos + agujas","Retape troncocónicos + agujas","Retape troncocónicos + agujas","Retape troncocónicos + agujas","Retape troncocónicos + agujas","Retape troncocónicos + agujas","Retape troncocónicos + agujas","Retape troncocónicos + agujas","Retape troncocónicos + agujas","Retape troncocónicos + agujas","Retape troncocónicos + agujas","Retape troncocónicos + agujas","Retape troncocónicos + agujas","Retape troncocónicos + agujas","Retape troncocónicos + agujas","Retape troncocónicos + agujas","Retape troncocónicos + agujas","Retape troncocónicos + agujas","Retape troncocónicos + agujas","Retape troncocónicos + agujas","Retape troncocónicos + agujas","Retape troncocónicos + agujas","Retape troncocónicos + agujas","Retape troncocónicos + agujas","Retape troncocónicos + agujas","Retape troncocónicos + agujas","Retape troncocónicos + agujas","Retape troncocónicos + agujas","Retape troncocónicos + agujas","Retape troncocónicos + agujas","Retape troncocónicos + agujas","Retape troncocónicos + agujas","Retape troncocónicos + agujas","Retape troncocónicos + agujas","Retape troncocónicos + agujas","Retape troncocónicos + agujas","Retape troncocónicos + agujas","Retape troncocónicos + agujas","Retape troncocónicos + agujas","Retape troncocónicos + agujas","Retape troncocónicos + agujas","Retape troncocónicos + agujas","Retape troncocónicos + agujas","Retape troncocónicos + agujas","Retape troncocónicos + agujas","Retape troncocónicos + agujas","Retape troncocónicos + agujas","Retape troncocónicos + agujas","Retape troncocónicos + agujas","Retape troncocónicos + agujas","Retape troncocónicos + agujas","Retape troncocónicos + agujas","Retape troncocónicos + agujas","Retape troncocónicos + agujas","Retape troncocónicos + agujas","Retape troncocónicos + agujas","Retape troncocónicos + agujas","Retape troncocónicos + agujas","Retape troncocónicos + agujas","Retape troncocónicos + agujas","Retape troncocónicos + agujas","Retape troncocónicos + agujas","Retape troncocónicos + agujas","Retape troncocónicos + agujas","Retape troncocónicos + agujas","Retape troncocónicos + agujas","Retape troncocónicos + agujas","Retape troncocónicos + agujas","Retape troncocónicos + agujas","Retape troncocónicos + agujas","Retape troncocónicos + agujas","Retape troncocónicos + agujas","Retape troncocónicos + agujas","Retape troncocónicos + agujas","Retape troncocónicos + agujas","Retape troncocónicos + agujas","Retape troncocónicos + agujas","Retape troncocónicos + agujas","Retape troncocónicos + agujas","Retape troncocónicos + agujas","Retape troncocónicos + agujas","Retape troncocónicos + agujas","Retape troncocónicos + agujas","Retape troncocónicos + agujas","Retape troncocónicos + agujas","Retape troncocónicos + agujas","Retape troncocónicos + agujas","Retape troncocónicos + agujas","Retape troncocónicos + agujas","Retape troncocónicos + agujas","Retape troncocónicos + agujas","Retape troncocónicos + agujas","Retape troncocónicos + agujas","Retape troncocónicos + agujas","Retape troncocónicos + agujas","Retape troncocónicos + agujas","Retape troncocónicos + agujas","Retape troncocónicos + agujas","Retape troncocónicos + agujas","Retape troncocónicos + agujas","Retape troncocónicos + agujas","Retape troncocónicos + agujas","Retape troncocónicos + agujas","Retape troncocónicos + agujas","Retape troncocónicos + agujas","Retape troncocónicos + agujas","Retape troncocónicos + agujas","Retape troncocónicos + agujas","Retape troncocónicos + agujas","Retape troncocónicos + agujas","Retape troncocónicos + agujas","Retape troncocónicos + agujas","Retape troncocónicos + agujas","Retape troncocónicos + agujas","Retape troncocónicos + agujas","Retape troncocónicos + agujas","Retape troncocónicos + agujas","Retape troncocónicos + agujas","Retape troncocónicos + agujas","Retape troncocónicos + agujas","Retape troncocónicos + agujas","Retape troncocónicos + agujas","Retape troncocónicos + agujas","Retape troncocónicos + agujas","Retape troncocónicos + agujas","Retape troncocónicos + agujas","Retape troncocónicos + agujas","Retape troncocónicos + agujas","Retape troncocónicos + agujas","Retape troncocónicos + agujas","Retape troncocónicos + agujas","Retape troncocónicos + agujas","Retape troncocónicos + agujas","Retape troncocónicos + agujas","Retape troncocónicos + agujas","Retape troncocónicos + agujas","Retape troncocónicos + agujas","Retape troncocónicos + agujas","Retape troncocónicos + agujas","Retape troncocónicos + agujas","Retape troncocónicos + agujas","Retape troncocónicos + agujas","Retape troncocónicos + agujas","Retape troncocónicos + agujas","Retape troncocónicos + agujas","Retape troncocónicos + agujas","Retape troncocónicos + agujas","Retape troncocónicos + agujas","Retape troncocónicos + agujas","Retape troncocónicos + agujas","Retape troncocónicos + agujas","Retape troncocónicos + agujas","Retape troncocónicos + agujas","Retape troncocónicos + agujas","Retape troncocónicos + agujas","Retape troncocónicos + agujas","Retape troncocónicos + agujas","Retape troncocónicos + agujas","Retape troncocónicos + agujas","Retape troncocónicos + agujas","Retape troncocónicos + agujas","Retape troncocónicos + agujas","Retape troncocónicos + agujas","Retape troncocónicos + agujas","Retape troncocónicos + agujas","Retape troncocónicos + agujas","Retape troncocónicos + agujas","Retape troncocónicos + agujas","Retape troncocónicos + agujas","Retape troncocónicos + agujas","Retape troncocónicos + agujas","Retape troncocónicos + agujas","Retape troncocónicos + agujas","Retape troncocónicos + agujas","Retape troncocónicos + agujas","Retape troncocónicos + agujas","Retape troncocónicos + agujas","Retape troncocónicos + agujas","Retape troncocónicos + agujas","Retape troncocónicos + agujas","Retape troncocónicos + agujas","Retape troncocónicos + agujas","Retape troncocónicos + agujas","Retape troncocónicos + agujas","Retape troncocónicos + agujas","Retape troncocónicos + agujas","Retape troncocónicos + agujas","Retape troncocónicos + agujas","Retape troncocónicos + agujas","Retape troncocónicos + agujas","Retape troncocónicos + agujas","Retape troncocónicos + agujas","Retape troncocónicos + agujas","Retape troncocónicos + agujas","Retape troncocónicos + agujas","Retape troncocónicos + agujas","Retape troncocónicos + agujas","Retape troncocónicos + agujas","Retape troncocónicos + agujas","Retape troncocónicos + agujas","Retape troncocónicos + agujas","Retape troncocónicos + agujas","Retape troncocónicos + agujas","Retape troncocónicos + agujas","Retape troncocónicos + agujas","Retape troncocónicos + agujas","Retape troncocónicos + agujas","Retape troncocónicos + agujas","Retape troncocónicos + agujas","Retape troncocónicos + agujas","Retape troncocónicos + agujas","Retape troncocónicos + agujas","Retape troncocónicos + agujas","Retape troncocónicos + agujas","Retape troncocónicos + agujas","Retape troncocónicos + agujas","Retape troncocónicos + agujas","Retape troncocónicos + agujas","Retape troncocónicos + agujas","Retape troncocónicos + agujas","Retape troncocónicos + agujas","Retape troncocónicos + agujas","Retape troncocónicos + agujas","Retape troncocónicos + agujas","Retape troncocónicos + agujas","Retape troncocónicos + agujas","Retape troncocónicos + agujas","Retape troncocónicos + agujas","Retape troncocónicos + agujas","Retape troncocónicos + agujas","Retape troncocónicos + agujas","Retape troncocónicos + agujas","Retape troncocónicos + agujas","Retape troncocónicos + agujas","Retape troncocónicos + agujas","Retape troncocónicos + agujas","Retape troncocónicos + agujas","Retape troncocónicos + agujas","Retape troncocónicos + agujas","Retape troncocónicos + agujas","Retape troncocónicos + agujas","Retape troncocónicos + agujas","Retape troncocónicos + agujas","Retape troncocónicos + agujas","Retape troncocónicos + agujas","Retape troncocónicos + agujas","Retape troncocónicos + agujas","Retape troncocónicos + agujas","Retape troncocónicos + agujas","Retape troncocónicos + agujas","Retape troncocónicos + agujas","Retape troncocónicos + agujas","Retape troncocónicos + agujas","Retape troncocónicos + agujas","Retape troncocónicos + agujas","Retape troncocónicos + agujas","Retape troncocónicos + agujas","Retape troncocónicos + agujas","Retape troncocónicos + agujas","Retape troncocónicos + agujas","Retape troncocónicos + agujas","Retape troncocónicos + agujas","Retape troncocónicos + agujas","Retape troncocónicos + agujas","Retape troncocónicos + agujas","Retape troncocónicos + agujas","Retape troncocónicos + agujas","Retape troncocónicos + agujas","Retape troncocónicos + agujas","Retape troncocónicos + agujas","Retape troncocónicos + agujas","Retape troncocónicos + agujas","Retape troncocónicos + agujas","Retape troncocónicos + agujas","Retape troncocónicos + agujas","Retape troncocónicos + agujas","Retape troncocónicos + agujas","Retape troncocónicos + agujas","Retape troncocónicos + agujas","Retape troncocónicos + agujas","Retape troncocónicos + agujas","Retape troncocónicos + agujas","Retape troncocónicos + agujas","Retape troncocónicos + agujas","Retape troncocónicos + agujas","Retape troncocónicos + agujas","Retape troncocónicos + agujas","Retape troncocónicos + agujas","Retape troncocónicos + agujas","Retape troncocónicos + agujas","Retape troncocónicos + agujas","Retape troncocónicos + agujas","Retape troncocónicos + agujas","Retape troncocónicos + agujas","Retape troncocónicos + agujas","Retape troncocónicos + agujas","Retape troncocónicos + agujas","Retape troncocónicos + agujas","Retape troncocónicos + agujas","Retape troncocónicos + agujas","Retape troncocónicos + agujas","Retape troncocónicos + agujas","Retape troncocónicos + agujas","Retape troncocónicos + agujas","Retape troncocónicos + agujas","Retape troncocónicos + agujas","Retape troncocónicos + agujas","Retape troncocónicos + agujas","Retape troncocónicos + agujas","Retape troncocónicos + agujas","Retape troncocónicos + agujas","Retape troncocónicos + agujas","Retape troncocónicos + agujas","Retape troncocónicos + agujas","Retape troncocónicos + agujas","Retape troncocónicos + agujas","Retape troncocónicos + agujas","Retape troncocónicos + agujas","Retape troncocónicos + agujas","Retape troncocónicos + agujas","Retape troncocónicos + agujas","Retape troncocónicos + agujas","Retape troncocónicos + agujas","Retape troncocónicos + agujas","Retape troncocónicos + agujas","Retape troncocónicos + agujas","Retape troncocónicos + agujas","Retape troncocónicos + agujas","Retape troncocónicos + agujas","Retape troncocónicos + agujas","Retape troncocónicos + agujas","Retape troncocónicos + agujas","Retape troncocónicos + agujas","Retape troncocónicos + agujas","Retape troncocónicos + agujas","Retape troncocónicos + agujas","Retape troncocónicos + agujas","Retape troncocónicos + agujas","Retape troncocónicos + agujas","Retape troncocónicos + agujas","Retape troncocónicos + agujas","Retape troncocónicos + agujas","Retape troncocónicos + agujas","Retape troncocónicos + agujas","Retape troncocónicos + agujas","Retape troncocónicos + agujas","Retape troncocónicos + agujas","Retape troncocónicos + agujas","Retape troncocónicos + agujas","Retape troncocónicos + agujas","Retape troncocónicos + agujas","Retape troncocónicos + agujas","Retape troncocónicos + agujas","Retape troncocónicos + agujas","Retape troncocónicos + agujas","Retape troncocónicos + agujas","Retape troncocónicos + agujas","Retape troncocónicos + agujas","Retape troncocónicos + agujas","Retape troncocónicos + agujas","Retape troncocónicos + agujas","Retape troncocónicos + agujas","Retape troncocónicos + agujas","Retape troncocónicos + agujas","Retape troncocónicos + agujas","Retape troncocónicos + agujas","Retape troncocónicos + agujas","Retape troncocónicos + agujas","Retape troncocónicos + agujas","Retape troncocónicos + agujas","Retape troncocónicos + agujas","Retape troncocónicos + agujas","Retape troncocónicos + agujas","Retape troncocónicos + agujas","Retape troncocónicos + agujas","Retape troncocónicos + agujas","Retape troncocónicos + agujas","Retape troncocónicos + agujas","Retape troncocónicos + agujas","Retape troncocónicos + agujas","Retape troncocónicos + agujas","Retape troncocónicos + agujas","Retape troncocónicos + agujas","Retape troncocónicos + agujas","Retape troncocónicos + agujas","Retape troncocónicos + agujas","Retape troncocónicos + agujas","Retape troncocónicos + agujas","Retape troncocónicos + agujas","Retape troncocónicos + agujas","Retape troncocónicos + agujas","Retape troncocónicos + agujas","Retape troncocónicos + agujas","Retape troncocónicos + agujas","Retape troncocónicos + agujas","Retape troncocónicos + agujas","Retape troncocónicos + agujas","Retape troncocónicos + agujas","Retape troncocónicos + agujas","Retape troncocónicos + agujas","Retape troncocónicos + agujas","Retape troncocónicos + agujas","Retape troncocónicos + agujas","Retape troncocónicos + agujas","Retape troncocónicos + agujas","Retape troncocónicos + agujas","Retape troncocónicos + agujas","Retape troncocónicos + agujas","Retape troncocónicos + agujas","Retape troncocónicos + agujas","Retape troncocónicos + agujas","Retape troncocónicos + agujas","Retape troncocónicos + agujas","Retape troncocónicos + agujas","Retape troncocónicos + agujas","Retape troncocónicos + agujas","Retape troncocónicos + agujas","Retape troncocónicos + agujas","Retape troncocónicos + agujas","Retape troncocónicos + agujas","Retape troncocónicos + agujas","Retape troncocónicos + agujas","Retape troncocónicos + agujas","Retape troncocónicos + agujas","Retape troncocónicos + agujas","Retape troncocónicos + agujas","Retape troncocónicos + agujas","Retape troncocónicos + agujas","Retape troncocónicos + agujas","Retape troncocónicos + agujas","Retape troncocónicos + agujas","Retape troncocónicos + agujas","Retape troncocónicos + agujas","Retape troncocónicos + agujas","Retape troncocónicos + agujas","Retape troncocónicos + agujas","Retape troncocónicos + agujas","Retape troncocónicos + agujas","Retape troncocónicos + agujas","Retape troncocónicos + agujas","Retape troncocónicos + agujas","Retape troncocónicos + agujas","Retape troncocónicos + agujas","Retape troncocónicos + agujas","Retape troncocónicos + agujas","Retape troncocónicos + agujas","Retape troncocónicos + agujas","Retape troncocónicos + agujas","Retape troncocónicos + agujas","Retape troncocónicos + agujas","Retape troncocónicos + agujas","Retape troncocónicos + agujas","Retape troncocónicos + agujas","Retape troncocónicos + agujas","Retape troncocónicos + agujas","Retape troncocónicos + agujas","Retape troncocónicos + agujas","Retape troncocónicos + agujas","Retape troncocónicos + agujas","Retape troncocónicos + agujas","Retape troncocónicos + agujas","Retape troncocónicos + agujas","Retape troncocónicos + agujas","Retape troncocónicos + agujas","Retape troncocónicos + agujas","Retape troncocónicos + agujas","Retape troncocónicos + agujas","Retape troncocónicos + agujas","Retape troncocónicos + agujas","Retape troncocónicos + agujas","Retape troncocónicos + agujas","Retape troncocónicos + agujas","Retape troncocónicos + agujas","Retape troncocónicos + agujas","Retape troncocónicos + agujas","Retape troncocónicos + agujas","Retape troncocónicos + agujas","Retape troncocónicos + agujas","Retape troncocónicos + agujas","Retape troncocónicos + agujas","Retape troncocónicos + agujas","Retape troncocónicos + agujas","Retape troncocónicos + agujas","Retape troncocónicos + agujas","Retape troncocónicos + agujas","Retape troncocónicos + agujas","Retape troncocónicos + agujas","Retape troncocónicos + agujas","Retape troncocónicos + agujas","Retape troncocónicos + agujas","Retape troncocónicos + agujas","Retape troncocónicos + agujas","Retape troncocónicos + agujas","Retape troncocónicos + agujas","Retape troncocónicos + agujas","Retape troncocónicos + agujas","Retape troncocónicos + agujas","Retape troncocónicos + agujas","Retape troncocónicos + agujas","Retape troncocónicos + agujas","Retape troncocónicos + agujas","Retape troncocónicos + agujas","Retape troncocónicos + agujas","Retape troncocónicos + agujas","Retape troncocónicos + agujas","Retape troncocónicos + agujas","Retape troncocónicos + agujas","Retape troncocónicos + agujas","Retape troncocónicos + agujas","Retape troncocónicos + agujas","Retape troncocónicos + agujas","Retape troncocónicos + agujas","Retape troncocónicos + agujas","Retape troncocónicos + agujas","Retape troncocónicos + agujas","Retape troncocónicos + agujas","Retape troncocónicos + agujas","Retape troncocónicos + agujas","Retape troncocónicos + agujas","Retape troncocónicos + agujas","Retape troncocónicos + agujas","Retape troncocónicos + agujas","Retape troncocónicos + agujas","Retape troncocónicos + agujas","Retape troncocónicos + agujas","Retape troncocónicos + agujas","Retape troncocónicos + agujas","Retape troncocónicos + agujas","Retape troncocónicos + agujas","Retape troncocónicos + agujas","Retape troncocónicos + agujas","Retape troncocónicos + agujas","Retape troncocónicos + agujas","Retape troncocónicos + agujas","Retape troncocónicos + agujas","Retape troncocónicos + agujas","Retape troncocónicos + agujas","Retape troncocónicos + agujas","Retape troncocónicos + agujas","Retape troncocónicos + agujas","Retape troncocónicos + agujas","Retape troncocónicos + agujas","Retape troncocónicos + agujas","Retape troncocónicos + agujas","Retape troncocónicos + agujas","Retape troncocónicos + agujas","Retape troncocónicos + agujas","Retape troncocónicos + agujas","Retape troncocónicos + agujas","Retape troncocónicos + agujas","Retape troncocónicos + agujas","Retape troncocónicos + agujas","Retape troncocónicos + agujas","Retape troncocónicos + agujas","Retape troncocónicos + agujas","Retape troncocónicos + agujas","Retape troncocónicos + agujas","Retape troncocónicos + agujas","Retape troncocónicos + agujas","Retape troncocónicos + agujas","Retape troncocónicos + agujas","Retape troncocónicos + agujas","Retape troncocónicos + agujas","Retape troncocónicos + agujas","Retape troncocónicos + agujas","Retape troncocónicos + agujas","Retape troncocónicos + agujas","Retape troncocónicos + agujas","Retape troncocónicos + agujas","Retape troncocónicos + agujas","Retape troncocónicos + agujas","Retape troncocónicos + agujas","Retape troncocónicos + agujas","Retape troncocónicos + agujas","Retape troncocónicos + agujas","Retape troncocónicos + agujas","Retape troncocónicos + agujas","Retape troncocónicos + agujas","Retape troncocónicos + agujas","Retape troncocónicos + agujas","Retape troncocónicos + agujas","Retape troncocónicos + agujas","Retape troncocónicos + agujas","Retape troncocónicos + agujas","Retape troncocónicos + agujas","Retape troncocónicos + agujas","Retape troncocónicos + agujas","Retape troncocónicos + agujas","Retape troncocónicos + agujas","Retape troncocónicos + agujas","Retape troncocónicos + agujas","Retape troncocónicos + agujas","Retape troncocónicos + agujas","Retape troncocónicos + agujas","Retape troncocónicos + agujas","Retape troncocónicos + agujas","Retape troncocónicos + agujas","Retape troncocónicos + agujas","Retape troncocónicos + agujas","Retape troncocónicos + agujas","Retape troncocónicos + agujas","Retape troncocónicos + agujas","Retape troncocónicos + agujas","Retape troncocónicos + agujas","Retape troncocónicos + agujas","Retape troncocónicos + agujas","Retape troncocónicos + agujas","Retape troncocónicos + agujas","Retape troncocónicos + agujas","Retape troncocónicos + agujas","Retape troncocónicos + agujas","Retape troncocónicos + agujas","Retape troncocónicos + agujas","Retape troncocónicos + agujas","Retape troncocónicos + agujas","Retape troncocónicos + agujas","Retape troncocónicos + agujas","Retape troncocónicos + agujas","Retape troncocónicos + agujas","Retape troncocónicos + agujas","Retape troncocónicos + agujas","Retape troncocónicos + agujas","Retape troncocónicos + agujas","Retape troncocónicos + agujas","Retape troncocónicos + agujas","Retape troncocónicos + agujas","Retape troncocónicos + agujas","Retape troncocónicos + agujas","Retape troncocónicos + agujas","Retape troncocónicos + agujas","Retape troncocónicos + agujas","Retape troncocónicos + agujas","Retape troncocónicos + agujas","Retape troncocónicos + agujas","Retape troncocónicos + agujas","Retape troncocónicos + agujas","Retape troncocónicos + agujas","Retape troncocónicos + agujas","Retape troncocónicos + agujas","Retape troncocónicos + agujas","Retape troncocónicos + agujas","Retape troncocónicos + agujas","Retape troncocónicos + agujas","Retape troncocónicos + agujas","Retape troncocónicos + agujas","Retape troncocónicos + agujas","Retape troncocónicos + agujas","Retape troncocónicos + agujas","Retape troncocónicos + agujas","Retape troncocónicos + agujas","Retape troncocónicos + agujas","Retape troncocónicos + agujas","Retape troncocónicos + agujas","Retape troncocónicos + agujas","Retape troncocónicos + agujas","Retape troncocónicos + agujas","Retape troncocónicos + agujas","Retape troncocónicos + agujas","Retape troncocónicos + agujas","Retape troncocónicos + agujas","Retape troncocónicos + agujas","Retape troncocónicos + agujas","Retape troncocónicos + agujas","Retape troncocónicos + agujas","Retape troncocónicos + agujas","Retape troncocónicos + agujas","Retape troncocónicos + agujas","Retape troncocónicos + agujas","Retape troncocónicos + agujas","Retape troncocónicos + agujas","Retape troncocónicos + agujas","Retape troncocónicos + agujas","Retape troncocónicos + agujas","Retape troncocónicos + agujas","Retape troncocónicos + agujas","Retape troncocónicos + agujas","Retape troncocónicos + agujas","Retape troncocónicos + agujas","Retape troncocónicos + agujas","Retape troncocónicos + agujas","Retape troncocónicos + agujas","Retape troncocónicos + agujas","Retape troncocónicos + agujas","Retape troncocónicos + agujas","Retape troncocónicos + agujas","Retape troncocónicos + agujas","Retape troncocónicos + agujas","Retape troncocónicos + agujas","Retape troncocónicos + agujas","Retape troncocónicos + agujas","Retape troncocónicos + agujas","Retape troncocónicos + agujas","Retape troncocónicos + agujas","Retape troncocónicos + agujas","Retape troncocónicos + agujas","Retape troncocónicos + agujas","Retape troncocónicos + agujas","Retape troncocónicos + agujas","Retape troncocónicos + agujas","Retape troncocónicos + agujas","Retape troncocónicos + agujas","Retape troncocónicos + agujas","Retape troncocónicos + agujas","Retape troncocónicos + agujas","Retape troncocónicos + agujas","Retape troncocónicos + agujas","Retape troncocónicos + agujas","Retape troncocónicos + agujas","Retape troncocónicos + agujas","Retape troncocónicos + agujas","Retape troncocónicos + agujas","Retape troncocónicos + agujas","Retape troncocónicos + agujas","Retape troncocónicos + agujas","Retape troncocónicos + agujas","Retape troncocónicos + agujas","Retape troncocónicos + agujas","Retape troncocónicos + agujas","Retape troncocónicos + agujas","Retape troncocónicos + agujas","Retape troncocónicos + agujas","Retape troncocónicos + agujas","Retape troncocónicos + agujas","Retape troncocónicos + agujas","Retape troncocónicos + agujas","Retape troncocónicos + agujas","Retape troncocónicos + agujas","Retape troncocónicos + agujas","Retape troncocónicos + agujas","Retape troncocónicos + agujas","Retape troncocónicos + agujas","Retape troncocónicos + agujas","Retape troncocónicos + agujas","Retape troncocónicos + agujas","Retape troncocónicos + agujas","Retape troncocónicos + agujas","Retape troncocónicos + agujas","Retape troncocónicos + agujas","Retape troncocónicos + agujas","Retape troncocónicos + agujas","Retape troncocónicos + agujas","Retape troncocónicos + agujas","Retape troncocónicos + agujas","Retape troncocónicos + agujas","Retape troncocónicos + agujas","Retape troncocónicos + agujas","Retape troncocónicos + agujas","Retape troncocónicos + agujas","Retape troncocónicos + agujas","Retape troncocónicos + agujas","Retape troncocónicos + agujas","Retape troncocónicos + agujas","Retape troncocónicos + agujas","Retape troncocónicos + agujas","Retape troncocónicos + agujas","Retape troncocónicos + agujas","Retape troncocónicos + agujas","Retape troncocónicos + agujas","Retape troncocónicos + agujas","Retape troncocónicos + agujas","Retape troncocónicos + agujas","Retape troncocónicos + agujas","Retape troncocónicos + agujas","Retape troncocónicos + agujas","Retape troncocónicos + agujas","Retape troncocónicos + agujas","Retape troncocónicos + agujas","Retape troncocónicos + agujas","Retape troncocónicos + agujas","Retape troncocónicos + agujas","Retape troncocónicos + agujas","Retape troncocónicos + agujas","Retape troncocónicos + agujas","Retape troncocónicos + agujas","Retape troncocónicos + agujas","Retape troncocónicos + agujas","Retape troncocónicos + agujas","Retape troncocónicos + agujas","Retape troncocónicos + agujas","Retape troncocónicos + agujas","Retape troncocónicos + agujas","Retape troncocónicos + agujas","Retape troncocónicos + agujas","Retape troncocónicos + agujas","Retape troncocónicos + agujas","Retape troncocónicos + agujas","Retape troncocónicos + agujas","Retape troncocónicos + agujas","Retape troncocónicos + agujas","Retape troncocónicos + agujas","Retape troncocónicos + agujas","Retape troncocónicos + agujas","Retape troncocónicos + agujas","Retape troncocónicos + agujas","Retape troncocónicos + agujas","Retape troncocónicos + agujas","Retape troncocónicos + agujas","Retape troncocónicos + agujas","Retape troncocónicos + agujas","Retape troncocónicos + agujas","Retape troncocónicos + agujas","Retape troncocónicos + agujas","Retape troncocónicos + agujas","Retape troncocónicos + agujas","Retape troncocónicos + agujas","Retape troncocónicos + agujas","Retape troncocónicos + agujas","Retape troncocónicos + agujas","Retape troncocónicos + agujas","Retape troncocónicos + agujas","Retape troncocónicos + agujas","Retape troncocónicos + agujas","Retape troncocónicos + agujas","Retape troncocónicos + agujas","Retape troncocónicos + agujas","Retape troncocónicos + agujas","Retape troncocónicos + agujas","Retape troncocónicos + agujas","Retape troncocónicos + agujas","Retape troncocónicos + agujas","Retape troncocónicos + agujas","Retape troncocónicos + agujas","Retape troncocónicos + agujas","Retape troncocónicos + agujas","Retape troncocónicos + agujas","Retape troncocónicos + agujas","Retape troncocónicos + agujas","Retape troncocónicos + agujas","Retape troncocónicos + agujas","Retape troncocónicos + agujas","Retape troncocónicos + agujas","Retape troncocónicos + agujas","Retape troncocónicos + agujas","Retape troncocónicos + agujas","Retape troncocónicos + agujas","Retape troncocónicos + agujas","Retape troncocónicos + agujas","Retape troncocónicos + agujas","Retape troncocónicos + agujas","Retape troncocónicos + agujas","Retape troncocónicos + agujas","Retape troncocónicos + agujas","Retape troncocónicos + agujas","Retape troncocónicos + agujas","Retape troncocónicos + agujas","Retape troncocónicos + agujas","Retape troncocónicos + agujas","Retape troncocónicos + agujas","Retape troncocónicos + agujas","Retape troncocónicos + agujas","Retape troncocónicos + agujas","Retape troncocónicos + agujas","Retape troncocónicos + agujas","Retape troncocónicos + agujas","Retape troncocónicos + agujas","Retape troncocónicos + agujas","Retape troncocónicos + agujas","Retape troncocónicos + agujas","Retape troncocónicos + agujas","Retape troncocónicos + agujas","Retape troncocónicos + agujas","Retape troncocónicos + agujas","Retape troncocónicos + agujas","Retape troncocónicos + agujas","Retape troncocónicos + agujas","Retape troncocónicos + agujas","Retape troncocónicos + agujas","Retape troncocónicos + agujas","Retape troncocónicos + agujas","Retape troncocónicos + agujas","Retape troncocónicos + agujas","Retape troncocónicos + agujas","Retape troncocónicos + agujas","Retape troncocónicos + agujas","Retape troncocónicos + agujas","Retape troncocónicos + agujas","Retape troncocónicos + agujas","Retape troncocónicos + agujas","Retape troncocónicos + agujas","Retape troncocónicos + agujas","Retape troncocónicos + agujas","Retape troncocónicos + agujas","Retape troncocónicos + agujas","Retape troncocónicos + agujas","Retape troncocónicos + agujas","Retape troncocónicos + agujas","Retape troncocónicos + agujas","Retape troncocónicos + agujas","Retape troncocónicos + agujas","Retape troncocónicos + agujas","Retape troncocónicos + agujas","Retape troncocónicos + agujas","Retape troncocónicos + agujas","Retape troncocónicos + agujas","Retape troncocónicos + agujas","Retape troncocónicos + agujas","Retape troncocónicos + agujas","Retape troncocónicos + agujas","Retape troncocónicos + agujas","Retape troncocónicos + agujas","Retape troncocónicos + agujas","Retape troncocónicos + agujas","Retape troncocónicos + agujas","Retape troncocónicos + agujas","Retape troncocónicos + agujas","Retape troncocónicos + agujas","Retape troncocónicos + agujas","Retape troncocónicos + agujas","Retape troncocónicos + agujas","Retape troncocónicos + agujas","Retape troncocónicos + agujas","Retape troncocónicos + agujas","Retape troncocónicos + agujas","Retape troncocónicos + agujas","Retape troncocónicos + agujas","Retape troncocónicos + agujas","Retape troncocónicos + agujas","Retape troncocónicos + agujas","Retape troncocónicos + agujas","Retape troncocónicos + agujas","Retape troncocónicos + agujas","Retape troncocónicos + agujas","Retape troncocónicos + agujas","Retape troncocónicos + agujas","Retape troncocónicos + agujas","Retape troncocónicos + agujas","Retape troncocónicos + agujas","Retape troncocónicos + agujas","Retape troncocónicos + agujas","Retape troncocónicos + agujas","Retape troncocónicos + agujas","Retape troncocónicos + agujas","Retape troncocónicos + agujas","Retape troncocónicos + agujas","Retape troncocónicos + agujas","Retape troncocónicos + agujas","Retape troncocónicos + agujas","Retape troncocónicos + agujas","Retape troncocónicos + agujas","Retape troncocónicos + agujas","Retape troncocónicos + agujas","Retape troncocónicos + agujas","Retape troncocónicos + agujas","Retape troncocónicos + agujas","Retape troncocónicos + agujas","Retape troncocónicos + agujas","Retape troncocónicos + agujas","Retape troncocónicos + agujas","Retape troncocónicos + agujas","Retape troncocónicos + agujas","Retape troncocónicos + agujas","Retape troncocónicos + agujas","Retape troncocónicos + agujas","Retape troncocónicos + agujas","Retape troncocónicos + agujas","Retape troncocónicos + agujas","Retape troncocónicos + agujas","Retape troncocónicos + agujas","Retape troncocónicos + agujas","Retape troncocónicos + agujas","Retape troncocónicos + agujas","Retape troncocónicos + agujas","Retape troncocónicos + agujas","Retape troncocónicos + agujas","Retape troncocónicos + agujas","Retape troncocónicos + agujas","Retape troncocónicos + agujas","Retape troncocónicos + agujas","Retape troncocónicos + agujas","Retape troncocónicos + agujas","Retape troncocónicos + agujas","Retape troncocónicos + agujas","Retape troncocónicos + agujas","Retape troncocónicos + agujas","Retape troncocónicos + agujas","Retape troncocónicos + agujas","Retape troncocónicos + agujas","Retape troncocónicos + agujas","Retape troncocónicos + agujas","Retape troncocónicos + agujas","Retape troncocónicos + agujas","Retape troncocónicos + agujas","Retape troncocónicos + agujas","Retape troncocónicos + agujas","Retape troncocónicos + agujas","Retape troncocónicos + agujas","Retape troncocónicos + agujas","Retape troncocónicos + agujas","Retape troncocónicos + agujas","Retape troncocónicos + agujas","Retape troncocónicos + agujas","Retape troncocónicos + agujas","Retape troncocónicos + agujas","Retape troncocónicos + agujas","Retape troncocónicos + agujas","Retape troncocónicos + agujas","Retape troncocónicos + agujas","Retape troncocónicos + agujas","Retape troncocónicos + agujas","Retape troncocónicos + agujas","Retape troncocónicos + agujas","Retape troncocónicos + agujas","Retape troncocónicos + agujas","Retape troncocónicos + agujas","Retape troncocónicos + agujas","Retape troncocónicos + agujas","Retape troncocónicos + agujas","Retape troncocónicos + agujas","Retape troncocónicos + agujas","Retape troncocónicos + agujas","Retape troncocónicos + agujas","Retape troncocónicos + agujas","Retape troncocónicos + agujas","Retape troncocónicos + agujas","Retape troncocónicos + agujas","Retape troncocónicos + agujas","Retape troncocónicos + agujas","Retape troncocónicos + agujas","Retape troncocónicos + agujas","Retape troncocónicos + agujas","Retape troncocónicos + agujas","Retape troncocónicos + agujas","Retape troncocónicos + agujas","Retape troncocónicos + agujas","Retape troncocónicos + agujas","Retape troncocónicos + agujas","Retape troncocónicos + agujas","Retape troncocónicos + agujas","Retape troncocónicos + agujas","Retape troncocónicos + agujas","Retape troncocónicos + agujas","Retape troncocónicos + agujas","Retape troncocónicos + agujas","Retape troncocónicos + agujas","Retape troncocónicos + agujas","Retape troncocónicos + agujas","Retape troncocónicos + agujas","Retape troncocónicos + agujas","Retape troncocónicos + agujas","Retape troncocónicos + agujas","Retape troncocónicos + agujas","Retape troncocónicos + agujas","Retape troncocónicos + agujas","Retape troncocónicos + agujas","Retape troncocónicos + agujas","Retape troncocónicos + agujas","Retape troncocónicos + agujas","Retape troncocónicos + agujas","Retape troncocónicos + agujas","Retape troncocónicos + agujas","Retape troncocónicos + agujas","Retape troncocónicos + agujas","Retape troncocónicos + agujas","Retape troncocónicos + agujas","Retape troncocónicos + agujas","Retape troncocónicos + agujas","Retape troncocónicos + agujas","Retape troncocónicos + agujas","Retape troncocónicos + agujas","Retape troncocónicos + agujas","Retape troncocónicos + agujas","Retape troncocónicos + agujas","Retape troncocónicos + agujas","Retape troncocónicos + agujas","Retape troncocónicos + agujas","Retape troncocónicos + agujas","Retape troncocónicos + agujas","Retape troncocónicos + agujas","Retape troncocónicos + agujas","Retape troncocónicos + agujas","Retape troncocónicos + agujas","Retape troncocónicos + agujas","Retape troncocónicos + agujas","Retape troncocónicos + agujas","Retape troncocónicos + agujas","Retape troncocónicos + agujas","Retape troncocónicos + agujas","Retape troncocónicos + agujas","Retape troncocónicos + agujas","Retape troncocónicos + agujas","Retape troncocónicos + agujas","Retape troncocónicos + agujas","Retape troncocónicos + agujas","Retape troncocónicos + agujas","Retape troncocónicos + agujas","Retape troncocónicos + agujas","Retape troncocónicos + agujas","Retape troncocónicos + agujas","Retape troncocónicos + agujas","Retape troncocónicos + agujas","Retape troncocónicos + agujas","Retape troncocónicos + agujas","Retape troncocónicos + agujas","Retape troncocónicos + agujas","Retape troncocónicos + agujas","Retape troncocónicos + agujas","Retape troncocónicos + agujas","Retape troncocónicos + agujas","Retape troncocónicos + agujas","Retape troncocónicos + agujas","Retape troncocónicos + agujas","Retape troncocónicos + agujas","Retape troncocónicos + agujas","Retape troncocónicos + agujas","Retape troncocónicos + agujas","Retape troncocónicos + agujas","Retape troncocónicos + agujas","Retape troncocónicos + agujas","Retape troncocónicos + agujas","Retape troncocónicos + agujas","Retape troncocónicos + agujas","Retape troncocónicos + agujas","Retape troncocónicos + agujas","Retape troncocónicos + agujas","Retape troncocónicos + agujas","Retape troncocónicos + agujas","Retape troncocónicos + agujas","Retape troncocónicos + agujas","Retape troncocónicos + agujas","Retape troncocónicos + agujas","Retape troncocónicos + agujas","Retape troncocónicos + agujas","Retape troncocónicos + agujas","Retape troncocónicos + agujas","Retape troncocónicos + agujas","Retape troncocónicos + agujas","Retape troncocónicos + agujas","Retape troncocónicos + agujas","Retape troncocónicos + agujas","Retape troncocónicos + agujas","Retape troncocónicos + agujas","Retape troncocónicos + agujas","Retape troncocónicos + agujas","Retape troncocónicos + agujas","Retape troncocónicos + agujas","Retape troncocónicos + agujas","Retape troncocónicos + agujas","Retape troncocónicos + agujas","Retape troncocónicos + agujas","Retape troncocónicos + agujas","Retape troncocónicos + agujas","Retape troncocónicos + agujas","Retape troncocónicos + agujas","Retape troncocónicos + agujas","Retape troncocónicos + agujas","Retape troncocónicos + agujas","Retape troncocónicos + agujas","Retape troncocónicos + agujas","Retape troncocónicos + agujas","Retape troncocónicos + agujas","Retape troncocónicos + agujas","Retape troncocónicos + agujas","Retape troncocónicos + agujas","Retape troncocónicos + agujas","Retape troncocónicos + agujas","Retape troncocónicos + agujas","Retape troncocónicos + agujas","Retape troncocónicos + agujas","Retape troncocónicos + agujas","Retape troncocónicos + agujas","Retape troncocónicos + agujas","Retape troncocónicos + agujas","Retape troncocónicos + agujas","Retape troncocónicos + agujas","Retape troncocónicos + agujas","Retape troncocónicos + agujas","Retape troncocónicos + agujas","Retape troncocónicos + agujas","Retape troncocónicos + agujas","Retape troncocónicos + agujas","Retape troncocónicos + agujas","Retape troncocónicos + agujas","Retape troncocónicos + agujas","Retape troncocónicos + agujas","Retape troncocónicos + agujas","Retape troncocónicos + agujas","Retape troncocónicos + agujas","Retape troncocónicos + agujas","Retape troncocónicos + agujas","Retape troncocónicos + agujas","Retape troncocónicos + agujas","Retape troncocónicos + agujas","Retape troncocónicos + agujas","Retape troncocónicos + agujas","Retape troncocónicos + agujas","Retape troncocónicos + agujas","Retape troncocónicos + agujas","Retape troncocónicos + agujas","Retape troncocónicos + agujas","Retape troncocónicos + agujas","Retape troncocónicos + agujas","Retape troncocónicos + agujas","Retape troncocónicos + agujas","Retape troncocónicos + agujas","Retape troncocónicos + agujas","Retape troncocónicos + agujas","Retape troncocónicos + agujas","Retape troncocónicos + agujas","Retape troncocónicos + agujas","Retape troncocónicos + agujas","Retape troncocónicos + agujas","Retape troncocónicos + agujas","Retape troncocónicos + agujas","Retape troncocónicos + agujas","Retape troncocónicos + agujas","Retape troncocónicos + agujas","Retape troncocónicos + agujas","Retape troncocónicos + agujas","Retape troncocónicos + agujas","Retape troncocónicos + agujas","Retape troncocónicos + agujas","Retape troncocónicos + agujas","Retape troncocónicos + agujas","Retape troncocónicos + agujas","Retape troncocónicos + agujas","Retape troncocónicos + agujas","Retape troncocónicos + agujas","Retape troncocónicos + agujas","Retape troncocónicos + agujas","Retape troncocónicos + agujas","Retape troncocónicos + agujas","Retape troncocónicos + agujas","Retape troncocónicos + agujas","Retape troncocónicos + agujas","Retape troncocónicos + agujas","Retape troncocónicos + agujas","Retape troncocónicos + agujas","Retape troncocónicos + agujas","Retape troncocónicos + agujas","Retape troncocónicos + agujas","Retape troncocónicos + agujas","Retape troncocónicos + agujas","Retape troncocónicos + agujas","Retape troncocónicos + agujas","Retape troncocónicos + agujas","Retape troncocónicos + agujas","Retape troncocónicos + agujas","Retape troncocónicos + agujas","Retape troncocónicos + agujas","Retape troncocónicos + agujas","Retape troncocónicos + agujas","Retape troncocónicos + agujas","Retape troncocónicos + agujas","Retape troncocónicos + agujas","Retape troncocónicos + agujas","Retape troncocónicos + agujas","Retape troncocónicos + agujas","Retape troncocónicos + agujas","Retape troncocónicos + agujas","Retape troncocónicos + agujas","Retape troncocónicos + agujas","Retape troncocónicos + agujas","Retape troncocónicos + agujas","Retape troncocónicos + agujas","Retape troncocónicos + agujas","Retape troncocónicos + agujas","Retape troncocónicos + agujas","Retape troncocónicos + agujas","Retape troncocónicos + agujas","Retape troncocónicos + agujas","Retape troncocónicos + agujas","Retape troncocónicos + agujas","Retape troncocónicos + agujas","Retape troncocónicos + agujas","Retape troncocónicos + agujas","Retape troncocónicos + agujas","Retape troncocónicos + agujas","Retape troncocónicos + agujas","Retape troncocónicos + agujas","Retape troncocónicos + agujas","Retape troncocónicos + agujas","Retape troncocónicos + agujas","Retape troncocónicos + agujas","Retape troncocónicos + agujas","Retape troncocónicos + agujas","Retape troncocónicos + agujas","Retape troncocónicos + agujas","Retape troncocónicos + agujas","Retape troncocónicos + agujas","Retape troncocónicos + agujas","Retape troncocónicos + agujas","Retape troncocónicos + agujas","Retape troncocónicos + agujas","Retape troncocónicos + agujas","Retape troncocónicos + agujas","Retape troncocónicos + agujas","Retape troncocónicos + agujas","Retape troncocónicos + agujas","Retape troncocónicos + agujas","Retape troncocónicos + agujas","Retape troncocónicos + agujas","Retape troncocónicos + agujas","Retape troncocónicos + agujas","Retape troncocónicos + agujas","Retape troncocónicos + agujas","Retape troncocónicos + agujas","Retape troncocónicos + agujas","Retape troncocónicos + agujas","Retape troncocónicos + agujas","Retape troncocónicos + agujas","Retape troncocónicos + agujas","Retape troncocónicos + agujas","Retape troncocónicos + agujas","Retape troncocónicos + agujas","Retape troncocónicos + agujas","Retape troncocónicos + agujas","Retape troncocónicos + agujas","Retape troncocónicos + agujas","Retape troncocónicos + agujas","Retape troncocónicos + agujas","Retape troncocónicos + agujas","Retape troncocónicos + agujas","Retape troncocónicos + agujas","Retape troncocónicos + agujas","Retape troncocónicos + agujas","Retape troncocónicos + agujas","Retape troncocónicos + agujas","Retape troncocónicos + agujas","Retape troncocónicos + agujas","Retape troncocónicos + agujas","Retape troncocónicos + agujas","Retape troncocónicos + agujas","Retape troncocónicos + agujas","Retape troncocónicos + agujas","Retape troncocónicos + agujas","Retape troncocónicos + agujas","Retape troncocónicos + agujas","Retape troncocónicos + agujas","Retape troncocónicos + agujas","Retape troncocónicos + agujas","Retape troncocónicos + agujas","Retape troncocónicos + agujas","Retape troncocónicos + agujas","Retape troncocónicos + agujas","Retape troncocónicos + agujas","Retape troncocónicos + agujas","Retape troncocónicos + agujas","Retape troncocónicos + agujas","Retape troncocónicos + agujas","Retape troncocónicos + agujas","Retape troncocónicos + agujas","Retape troncocónicos + agujas","Retape troncocónicos + agujas","Retape troncocónicos + agujas","Retape troncocónicos + agujas","Retape troncocónicos + agujas","Retape troncocónicos + agujas","Retape troncocónicos + agujas","Retape troncocónicos + agujas","Retape troncocónicos + agujas","Retape troncocónicos + agujas","Retape troncocónicos + agujas","Retape troncocónicos + agujas","Retape troncocónicos + agujas","Retape troncocónicos + agujas","Retape troncocónicos + agujas","Retape troncocónicos + agujas","Retape troncocónicos + agujas","Retape troncocónicos + agujas","Retape troncocónicos + agujas","Retape troncocónicos + agujas","Retape troncocónicos + agujas","Retape troncocónicos + agujas","Retape troncocónicos + agujas","Retape troncocónicos + agujas","Retape troncocónicos + agujas","Retape troncocónicos + agujas","Retape troncocónicos + agujas","Retape troncocónicos + agujas","Retape troncocónicos + agujas","Retape troncocónicos + agujas","Retape troncocónicos + agujas","Retape troncocónicos + agujas","Retape troncocónicos + agujas","Retape troncocónicos + agujas","Retape troncocónicos + agujas","Retape troncocónicos + agujas","Retape troncocónicos + agujas","Retape troncocónicos + agujas","Retape troncocónicos + agujas","Retape troncocónicos + agujas","Retape troncocónicos + agujas","Retape troncocónicos + agujas","Retape troncocónicos + agujas","Retape troncocónicos + agujas","Retape troncocónicos + agujas","Retape troncocónicos + agujas","Retape troncocónicos + agujas","Retape troncocónicos + agujas","Retape troncocónicos + agujas","Retape troncocónicos + agujas","Retape troncocónicos + agujas","Retape troncocónicos + agujas","Retape troncocónicos + agujas","Retape troncocónicos + agujas","Retape troncocónicos + agujas","Retape troncocónicos + agujas","Retape troncocónicos + agujas","Retape troncocónicos + agujas","Retape troncocónicos + agujas","Retape troncocónicos + agujas","Retape troncocónicos + agujas","Retape troncocónicos + agujas","Retape troncocónicos + agujas","Retape troncocónicos + agujas","Retape troncocónicos + agujas","Retape troncocónicos + agujas","Retape troncocónicos + agujas","Retape troncocónicos + agujas","Retape troncocónicos + agujas","Retape troncocónicos + agujas","Retape troncocónicos + agujas","Retape troncocónicos + agujas","Retape troncocónicos + agujas","Retape troncocónicos + agujas","Retape troncocónicos + agujas","Retape troncocónicos + agujas","Retape troncocónicos + agujas","Retape troncocónicos + agujas","Retape troncocónicos + agujas","Retape troncocónicos + agujas","Retape troncocónicos + agujas","Retape troncocónicos + agujas","Retape troncocónicos + agujas","Retape troncocónicos + agujas","Retape troncocónicos + agujas","Retape troncocónicos + agujas","Retape troncocónicos + agujas","Retape troncocónicos + agujas","Retape troncocónicos + agujas","Retape troncocónicos + agujas","Retape troncocónicos + agujas","Retape troncocónicos + agujas","Retape troncocónicos + agujas","Retape troncocónicos + agujas","Retape troncocónicos + agujas","Retape troncocónicos + agujas","Retape troncocónicos + agujas","Retape troncocónicos + agujas","Retape troncocónicos + agujas","Retape troncocónicos + agujas","Retape troncocónicos + agujas","Retape troncocónicos + agujas","Retape troncocónicos + agujas","Retape troncocónicos + agujas","Retape troncocónicos + agujas","Retape troncocónicos + agujas","Retape troncocónicos + agujas","Retape troncocónicos + agujas","Retape troncocónicos + agujas","Retape troncocónicos + agujas","Retape troncocónicos + agujas","Retape troncocónicos + agujas","Retape troncocónicos + agujas","Retape troncocónicos + agujas","Retape troncocónicos + agujas","Retape troncocónicos + agujas","Retape troncocónicos + agujas","Retape troncocónicos + agujas","Retape troncocónicos + agujas","Retape troncocónicos + agujas","Retape troncocónicos + agujas","Retape troncocónicos + agujas","Retape troncocónicos + agujas","Retape troncocónicos + agujas","Retape troncocónicos + agujas","Retape troncocónicos + agujas","Retape troncocónicos + agujas","Retape troncocónicos + agujas","Retape troncocónicos + agujas","Retape troncocónicos + agujas","Retape troncocónicos + agujas","Retape troncocónicos + agujas","Retape troncocónicos + agujas","Retape troncocónicos + agujas","Retape troncocónicos + agujas","Retape troncocónicos + agujas","Retape troncocónicos + agujas","Retape troncocónicos + agujas","Retape troncocónicos + agujas","Retape troncocónicos + agujas","Retape troncocónicos + agujas","Retape troncocónicos + agujas","Retape troncocónicos + agujas","Retape troncocónicos + agujas","Retape troncocónicos + agujas","Retape troncocónicos + agujas","Retape troncocónicos + agujas","Retape troncocónicos + agujas","Retape troncocónicos + agujas","Retape troncocónicos + agujas","Retape troncocónicos + agujas","Retape troncocónicos + agujas","Retape troncocónicos + agujas","Retape troncocónicos + agujas","Retape troncocónicos + agujas","Retape troncocónicos + agujas","Retape troncocónicos + agujas","Retape troncocónicos + agujas","Retape troncocónicos + agujas","Retape troncocónicos + agujas","Retape troncocónicos + agujas","Retape troncocónicos + agujas","Retape troncocónicos + agujas","Retape troncocónicos + agujas","Retape troncocónicos + agujas","Retape troncocónicos + agujas","Retape troncocónicos + agujas","Retape troncocónicos + agujas","Retape troncocónicos + agujas","Retape troncocónicos + agujas","Retape troncocónicos + agujas","Retape troncocónicos + agujas","Retape troncocónicos + agujas","Retape troncocónicos + agujas","Retape troncocónicos + agujas","Retape troncocónicos + agujas","Retape troncocónicos + agujas","Retape troncocónicos + agujas","Retape troncocónicos + agujas","Retape troncocónicos + agujas","Retape troncocónicos + agujas","Retape troncocónicos + agujas","Retape troncocónicos + agujas","Retape troncocónicos + agujas","Retape troncocónicos + agujas","Retape troncocónicos + agujas","Retape troncocónicos + agujas","Retape troncocónicos + agujas","Retape troncocónicos + agujas","Retape troncocónicos + agujas","Retape troncocónicos + agujas","Retape troncocónicos + agujas","Retape troncocónicos + agujas","Retape troncocónicos + agujas","Retape troncocónicos + agujas","Retape troncocónicos + agujas","Retape troncocónicos + agujas","Retape troncocónicos + agujas","Retape troncocónicos + agujas","Retape troncocónicos + agujas","Retape troncocónicos + agujas","Retape troncocónicos + agujas","Retape troncocónicos + agujas","Retape troncocónicos + agujas","Retape troncocónicos + agujas","Retape troncocónicos + agujas","Retape troncocónicos + agujas","Retape troncocónicos + agujas","Retape troncocónicos + agujas","Retape troncocónicos + agujas","Retape troncocónicos + agujas","Retape troncocónicos + agujas","Retape troncocónicos + agujas","Retape troncocónicos + agujas","Retape troncocónicos + agujas","Retape troncocónicos + agujas","Retape troncocónicos + agujas","Retape troncocónicos + agujas","Retape troncocónicos + agujas","Retape troncocónicos + agujas","Retape troncocónicos + agujas","Retape troncocónicos + agujas","Retape troncocónicos + agujas","Retape troncocónicos + agujas","Retape troncocónicos + agujas","Retape troncocónicos + agujas","Retape troncocónicos + agujas","Retape troncocónicos + agujas","Retape troncocónicos + agujas","Retape troncocónicos + agujas","Retape troncocónicos + agujas","Retape troncocónicos + agujas","Retape troncocónicos + agujas","Retape troncocónicos + agujas","Retape troncocónicos + agujas","Retape troncocónicos + agujas","Retape troncocónicos + agujas","Retape troncocónicos + agujas","Retape troncocónicos + agujas","Retape troncocónicos + agujas","Retape troncocónicos + agujas","Retape troncocónicos + agujas","Retape troncocónicos + agujas","Retape troncocónicos + agujas","Retape troncocónicos + agujas","Retape troncocónicos + agujas","Retape troncocónicos + agujas","Retape troncocónicos + agujas","Retape troncocónicos + agujas","Retape troncocónicos + agujas","Retape troncocónicos + agujas","Retape troncocónicos + agujas","Retape troncocónicos + agujas","Retape troncocónicos + agujas","Retape troncocónicos + agujas","Retape troncocónicos + agujas","Retape troncocónicos + agujas","Retape troncocónicos + agujas","Retape troncocónicos + agujas","Retape troncocónicos + agujas","Retape troncocónicos + agujas","Retape troncocónicos + agujas","Retape troncocónicos + agujas","Retape troncocónicos + agujas","Retape troncocónicos + agujas","Retape troncocónicos + agujas","Retape troncocónicos + agujas","Retape troncocónicos + agujas","Retape troncocónicos + agujas","Retape troncocónicos + agujas","Retape troncocónicos + agujas","Retape troncocónicos + agujas","Retape troncocónicos + agujas","Retape troncocónicos + agujas","Retape troncocónicos + agujas","Retape troncocónicos + agujas","Retape troncocónicos + agujas","Retape troncocónicos + agujas","Retape troncocónicos + agujas","Retape troncocónicos + agujas","Retape troncocónicos + agujas","Retape troncocónicos + agujas","Retape troncocónicos + agujas","Retape troncocónicos + agujas","Retape troncocónicos + agujas","Retape troncocónicos + agujas","Retape troncocónicos + agujas","Retape troncocónicos + agujas","Retape troncocónicos + agujas","Retape troncocónicos + agujas","Retape troncocónicos + agujas","Retape troncocónicos + agujas","Retape troncocónicos + agujas","Retape troncocónicos + agujas","Retape troncocónicos + agujas","Retape troncocónicos + agujas","Retape troncocónicos + agujas","Retape troncocónicos + agujas","Retape troncocónicos + agujas","Retape troncocónicos + agujas","Retape troncocónicos + agujas","Retape troncocónicos + agujas","Retape troncocónicos + agujas","Retape troncocónicos + agujas","Retape troncocónicos + agujas","Retape troncocónicos + agujas","Retape troncocónicos + agujas","Retape troncocónicos + agujas","Retape troncocónicos + agujas","Retape troncocónicos + agujas","Retape troncocónicos + agujas","Retape troncocónicos + agujas","Retape troncocónicos + agujas","Retape troncocónicos + agujas","Retape troncocónicos + agujas","Retape troncocónicos + agujas","Retape troncocónicos + agujas","Retape troncocónicos + agujas","Retape troncocónicos + agujas","Retape troncocónicos + agujas","Retape troncocónicos + agujas","Retape troncocónicos + agujas","Retape troncocónicos + agujas","Retape troncocónicos + agujas","Retape troncocónicos + agujas","Retape troncocónicos + agujas","Retape troncocónicos + agujas","Retape troncocónicos + agujas","Retape troncocónicos + agujas","Retape troncocónicos + agujas","Retape troncocónicos + agujas","Retape troncocónicos + agujas","Retape troncocónicos + agujas","Retape troncocónicos + agujas","Retape troncocónicos + agujas","Retape troncocónicos + agujas","Retape troncocónicos + agujas","Retape troncocónicos + agujas","Retape troncocónicos + agujas","Retape troncocónicos + agujas","Retape troncocónicos + agujas","Retape troncocónicos + agujas","Retape troncocónicos + agujas","Retape troncocónicos + agujas","Retape troncocónicos + agujas","Retape troncocónicos + agujas","Retape troncocónicos + agujas","Retape troncocónicos + agujas","Retape troncocónicos + agujas","Retape troncocónicos + agujas","Retape troncocónicos + agujas","Retape troncocónicos + agujas","Retape troncocónicos + agujas","Retape troncocónicos + agujas","Retape troncocónicos + agujas","Retape troncocónicos + agujas","Retape troncocónicos + agujas","Retape troncocónicos + agujas","Retape troncocónicos + agujas","Retape troncocónicos + agujas","Retape troncocónicos + agujas","Retape troncocónicos + agujas","Retape troncocónicos + agujas","Retape troncocónicos + agujas","Retape troncocónicos + agujas","Retape troncocónicos + agujas","Retape troncocónicos + agujas","Retape troncocónicos + agujas","Retape troncocónicos + agujas","Retape troncocónicos + agujas","Retape troncocónicos + agujas","Retape troncocónicos + agujas","Retape troncocónicos + agujas","Retape troncocónicos + agujas","Retape troncocónicos + agujas","Retape troncocónicos + agujas","Retape troncocónicos + agujas","Retape troncocónicos + agujas","Retape troncocónicos + agujas","Retape troncocónicos + agujas","Retape troncocónicos + agujas","Retape troncocónicos + agujas","Retape troncocónicos + agujas","Retape troncocónicos + agujas","Retape troncocónicos + agujas","Retape troncocónicos + agujas","Retape troncocónicos + agujas","Retape troncocónicos + agujas","Retape troncocónicos + agujas","Retape troncocónicos + agujas","Retape troncocónicos + agujas","Retape troncocónicos + agujas","Retape troncocónicos + agujas","Retape troncocónicos + agujas","Retape troncocónicos + agujas","Retape troncocónicos + agujas","Retape troncocónicos + agujas","Retape troncocónicos + agujas","Retape troncocónicos + agujas","Retape troncocónicos + agujas","Retape troncocónicos + agujas","Retape troncocónicos + agujas","Retape troncocónicos + agujas","Retape troncocónicos + agujas","Retape troncocónicos + agujas","Retape troncocónicos + agujas","Retape troncocónicos + agujas","Retape troncocónicos + agujas","Retape troncocónicos + agujas","Retape troncocónicos + agujas","Retape troncocónicos + agujas","Retape troncocónicos + agujas","Retape troncocónicos + agujas","Retape troncocónicos + agujas","Retape troncocónicos + agujas","Retape troncocónicos + agujas","Retape troncocónicos + agujas","Retape troncocónicos + agujas","Retape troncocónicos + agujas","Retape troncocónicos + agujas","Retape troncocónicos + agujas","Retape troncocónicos + agujas","Retape troncocónicos + agujas","Retape troncocónicos + agujas","Retape troncocónicos + agujas","Retape troncocónicos + agujas","Retape troncocónicos + agujas","Retape troncocónicos + agujas","Retape troncocónicos + agujas","Retape troncocónicos + agujas","Retape troncocónicos + agujas","Retape troncocónicos + agujas","Retape troncocónicos + agujas","Retape troncocónicos + agujas","Retape troncocónicos + agujas","Retape troncocónicos + agujas","Retape troncocónicos + agujas","Retape troncocónicos + agujas","Retape troncocónicos + agujas","Retape troncocónicos + agujas","Retape troncocónicos + agujas","Retape troncocónicos + agujas","Retape troncocónicos + agujas","Retape troncocónicos + agujas","Retape troncocónicos + agujas","Retape troncocónicos + agujas","Retape troncocónicos + agujas","Retape troncocónicos + agujas","Retape troncocónicos + agujas","Retape troncocónicos + agujas","Retape troncocónicos + agujas","Retape troncocónicos + agujas","Retape troncocónicos + agujas","Retape troncocónicos + agujas","Retape troncocónicos + agujas","Retape troncocónicos + agujas","Retape troncocónicos + agujas","Retape troncocónicos + agujas","Retape troncocónicos + agujas","Retape troncocónicos + agujas","Retape troncocónicos + agujas","Retape troncocónicos + agujas","Retape troncocónicos + agujas","Retape troncocónicos + agujas","Retape troncocónicos + agujas","Retape troncocónicos + agujas","Retape troncocónicos + agujas","Retape troncocónicos + agujas","Retape troncocónicos + agujas","Retape troncocónicos + agujas","Retape troncocónicos + agujas","Retape troncocónicos + agujas","Retape troncocónicos + agujas","Retape troncocónicos + agujas","Retape troncocónicos + agujas","Retape troncocónicos + agujas","Retape troncocónicos + agujas","Retape troncocónicos + agujas","Retape troncocónicos + agujas","Retape troncocónicos + agujas","Retape troncocónicos + agujas","Retape troncocónicos + agujas","Retape troncocónicos + agujas","Retape troncocónicos + agujas","Retape troncocónicos + agujas","Retape troncocónicos + agujas","Retape troncocónicos + agujas","Retape troncocónicos + agujas","Retape troncocónicos + agujas","Retape troncocónicos + agujas","Retape troncocónicos + agujas","Retape troncocónicos + agujas","Retape troncocónicos + agujas","Retape troncocónicos + agujas","Retape troncocónicos + agujas","Retape troncocónicos + agujas","Retape troncocónicos + agujas","Retape troncocónicos + agujas","Retape troncocónicos + agujas","Retape troncocónicos + agujas","Retape troncocónicos + agujas","Retape troncocónicos + agujas","Retape troncocónicos + agujas","Retape troncocónicos + agujas","Retape troncocónicos + agujas","Retape troncocónicos + agujas","Retape troncocónicos + agujas","Retape troncocónicos + agujas","Retape troncocónicos + agujas","Retape troncocónicos + agujas","Retape troncocónicos + agujas","Retape troncocónicos + agujas","Retape troncocónicos + agujas","Retape troncocónicos + agujas","Retape troncocónicos + agujas","Retape troncocónicos + agujas","Retape troncocónicos + agujas","Retape troncocónicos + agujas","Retape troncocónicos + agujas","Retape troncocónicos + agujas","Retape troncocónicos + agujas","Retape troncocónicos + agujas","Retape troncocónicos + agujas","Retape troncocónicos + agujas","Retape troncocónicos + agujas","Retape troncocónicos + agujas","Retape troncocónicos + agujas","Retape troncocónicos + agujas","Retape troncocónicos + agujas","Retape troncocónicos + agujas","Retape troncocónicos + agujas","Retape troncocónicos + agujas","Retape troncocónicos + agujas","Retape troncocónicos + agujas","Retape troncocónicos + agujas","Retape troncocónicos + agujas","Retape troncocónicos + agujas","Retape troncocónicos + agujas","Retape troncocónicos + agujas","Retape troncocónicos + agujas","Retape troncocónicos + agujas","Retape troncocónicos + agujas","Retape troncocónicos + agujas","Retape troncocónicos + agujas","Retape troncocónicos + agujas","Retape troncocónicos + agujas","Retape troncocónicos + agujas","Retape troncocónicos + agujas","Retape troncocónicos + agujas","Retape troncocónicos + agujas","Retape troncocónicos + agujas","Retape troncocónicos + agujas","Retape troncocónicos + agujas","Retape troncocónicos + agujas","Retape troncocónicos + agujas","Retape troncocónicos + agujas","Retape troncocónicos + agujas","Retape troncocónicos + agujas","Retape troncocónicos + agujas","Retape troncocónicos + agujas","Retape troncocónicos + agujas","Retape troncocónicos + agujas","Retape troncocónicos + agujas","Retape troncocónicos + agujas","Retape troncocónicos + agujas","Retape troncocónicos + agujas","Retape troncocónicos + agujas","Retape troncocónicos + agujas","Retape troncocónicos + agujas","Retape troncocónicos + agujas","Retape troncocónicos + agujas","Retape troncocónicos + agujas","Retape troncocónicos + agujas","Retape troncocónicos + agujas","Retape troncocónicos + agujas","Retape troncocónicos + agujas","Retape troncocónicos + agujas","Retape troncocónicos + agujas","Retape troncocónicos + agujas","Retape troncocónicos + agujas","Retape troncocónicos + agujas","Retape troncocónicos + agujas","Retape troncocónicos + agujas","Retape troncocónicos + agujas","Retape troncocónicos + agujas","Retape troncocónicos + agujas","Retape troncocónicos + agujas","Retape troncocónicos + agujas","Retape troncocónicos + agujas","Retape troncocónicos + agujas","Retape troncocónicos + agujas","Retape troncocónicos + agujas","Retape troncocónicos + agujas","Retape troncocónicos + agujas","Retape troncocónicos + agujas","Retape troncocónicos + agujas","Retape troncocónicos + agujas","Retape troncocónicos + agujas","Retape troncocónicos + agujas","Retape troncocónicos + agujas","Retape troncocónicos + agujas","Retape troncocónicos + agujas","Retape troncocónicos + agujas","Retape troncocónicos + agujas","Retape troncocónicos + agujas","Retape troncocónicos + agujas","Retape troncocónicos + agujas","Retape troncocónicos + agujas","Retape troncocónicos + agujas","Retape troncocónicos + agujas","Retape troncocónicos + agujas","Retape troncocónicos + agujas","Retape troncocónicos + agujas","Retape troncocónicos + agujas","Retape troncocónicos + agujas","Retape troncocónicos + agujas","Retape troncocónicos + agujas","Retape troncocónicos + agujas","Retape troncocónicos + agujas","Retape troncocónicos + agujas","Retape troncocónicos + agujas","Retape troncocónicos + agujas","Retape troncocónicos + agujas","Retape troncocónicos + agujas","Retape troncocónicos + agujas","Retape troncocónicos + agujas","Retape troncocónicos + agujas","Retape troncocónicos + agujas","Retape troncocónicos + agujas","Retape troncocónicos + agujas","Retape troncocónicos + agujas","Retape troncocónicos + agujas","Retape troncocónicos + agujas","Retape troncocónicos + agujas","Retape troncocónicos + agujas","Retape troncocónicos + agujas","Retape troncocónicos + agujas","Retape troncocónicos + agujas","Retape troncocónicos + agujas","Retape troncocónicos + agujas","Retape troncocónicos + agujas","Retape troncocónicos + agujas","Retape troncocónicos + agujas","Retape troncocónicos + agujas","Retape troncocónicos + agujas","Retape troncocónicos + agujas","Retape troncocónicos + agujas","Retape troncocónicos + agujas","Retape troncocónicos + agujas","Retape troncocónicos + agujas","Retape troncocónicos + agujas","Retape troncocónicos + agujas","Retape troncocónicos + agujas","Retape troncocónicos + agujas","Retape troncocónicos + agujas","Retape troncocónicos + agujas","Retape troncocónicos + agujas","Retape troncocónicos + agujas","Retape troncocónicos + agujas","Retape troncocónicos + agujas","Retape troncocónicos + agujas","Retape troncocónicos + agujas","Retape troncocónicos + agujas","Retape troncocónicos + agujas","Retape troncocónicos + agujas","Retape troncocónicos + agujas","Retape troncocónicos + agujas","Retape troncocónicos + agujas","Retape troncocónicos + agujas","Retape troncocónicos + agujas","Retape troncocónicos + agujas","Retape troncocónicos + agujas","Retape troncocónicos + agujas","Retape troncocónicos + agujas","Retape troncocónicos + agujas","Retape troncocónicos + agujas","Retape troncocónicos + agujas","Retape troncocónicos + agujas","Retape troncocónicos + agujas","Retape troncocónicos + agujas","Retape troncocónicos + agujas","Retape troncocónicos + agujas","Retape troncocónicos + agujas","Retape troncocónicos + agujas","Retape troncocónicos + agujas","Retape troncocónicos + agujas","Retape troncocónicos + agujas","Retape troncocónicos + agujas","Retape troncocónicos + agujas","Retape troncocónicos + agujas","Retape troncocónicos + agujas","Retape troncocónicos + agujas","Retape troncocónicos + agujas","Retape troncocónicos + agujas","Retape troncocónicos + agujas","Retape troncocónicos + agujas","Retape troncocónicos + agujas","Retape troncocónicos + agujas","Retape troncocónicos + agujas","Retape troncocónicos + agujas","Retape troncocónicos + agujas","Retape troncocónicos + agujas","Retape troncocónicos + agujas","Retape troncocónicos + agujas","Retape troncocónicos + agujas","Retape troncocónicos + agujas","Retape troncocónicos + agujas","Retape troncocónicos + agujas","Retape troncocónicos + agujas","Retape troncocónicos + agujas","Retape troncocónicos + agujas","Retape troncocónicos + agujas","Retape troncocónicos + agujas","Retape troncocónicos + agujas","Retape troncocónicos + agujas","Retape troncocónicos + agujas","Retape troncocónicos + agujas","Retape troncocónicos + agujas","Retape troncocónicos + agujas","Retape troncocónicos + agujas","Retape troncocónicos + agujas","Retape troncocónicos + agujas","Retape troncocónicos + agujas","Retape troncocónicos + agujas","Retape troncocónicos + agujas","Retape troncocónicos + agujas","Retape troncocónicos + agujas","Retape troncocónicos + agujas","Retape troncocónicos + agujas","Retape troncocónicos + agujas","Retape troncocónicos + agujas","Retape troncocónicos + agujas","Retape troncocónicos + agujas","Retape troncocónicos + agujas","Retape troncocónicos + agujas","Retape troncocónicos + agujas","Retape troncocónicos + agujas","Retape troncocónicos + agujas","Retape troncocónicos + agujas","Retape troncocónicos + agujas","Retape troncocónicos + agujas","Retape troncocónicos + agujas","Retape troncocónicos + agujas","Retape troncocónicos + agujas","Retape troncocónicos + agujas","Retape troncocónicos + agujas","Retape troncocónicos + agujas","Retape troncocónicos + agujas","Retape troncocónicos + agujas","Retape troncocónicos + agujas","Retape troncocónicos + agujas","Retape troncocónicos + agujas","Retape troncocónicos + agujas","Retape troncocónicos + agujas","Retape troncocónicos + agujas","Retape troncocónicos + agujas","Retape troncocónicos + agujas","Retape troncocónicos + agujas","Retape troncocónicos + agujas","Retape troncocónicos + agujas","Retape troncocónicos + agujas","Retape troncocónicos + agujas","Retape troncocónicos + agujas","Retape troncocónicos + agujas","Retape troncocónicos + agujas","Retape troncocónicos + agujas","Retape troncocónicos + agujas","Retape troncocónicos + agujas","Retape troncocónicos + agujas","Retape troncocónicos + agujas","Retape troncocónicos + agujas","Retape troncocónicos + agujas","Retape troncocónicos + agujas","Retape troncocónicos + agujas","Retape troncocónicos + agujas","Retape troncocónicos + agujas","Retape troncocónicos + agujas","Retape troncocónicos + agujas","Retape troncocónicos + agujas","Retape troncocónicos + agujas","Retape troncocónicos + agujas","Retape troncocónicos + agujas","Retape troncocónicos + agujas","Retape troncocónicos + agujas","Retape troncocónicos + agujas","Retape troncocónicos + agujas","Retape troncocónicos + agujas","Retape troncocónicos + agujas","Retape troncocónicos + agujas","Retape troncocónicos + agujas","Retape troncocónicos + agujas","Retape troncocónicos + agujas","Retape troncocónicos + agujas","Retape troncocónicos + agujas","Retape troncocónicos + agujas","Retape troncocónicos + agujas","Retape troncocónicos + agujas","Retape troncocónicos + agujas","Retape troncocónicos + agujas","Retape troncocónicos + agujas","Retape troncocónicos + agujas","Retape troncocónicos + agujas","Retape troncocónicos + agujas","Retape troncocónicos + agujas","Retape troncocónicos + agujas","Retape troncocónicos + agujas","Retape troncocónicos + agujas","Retape troncocónicos + agujas","Retape troncocónicos + agujas","Retape troncocónicos + agujas","Retape troncocónicos + agujas","Retape troncocónicos + agujas","Retape troncocónicos + agujas","Retape troncocónicos + agujas","Retape troncocónicos + agujas","Retape troncocónicos + agujas","Retape troncocónicos + agujas","Retape troncocónicos + agujas","Retape troncocónicos + agujas","Retape troncocónicos + agujas","Retape troncocónicos + agujas","Retape troncocónicos + agujas","Retape troncocónicos + agujas","Retape troncocónicos + agujas","Retape troncocónicos + agujas","Retape troncocónicos + agujas","Retape troncocónicos + agujas","Retape troncocónicos + agujas","Retape troncocónicos + agujas","Retape troncocónicos + agujas","Retape troncocónicos + agujas","Retape troncocónicos + agujas","Retape troncocónicos + agujas","Retape troncocónicos + agujas","Retape troncocónicos + agujas","Retape troncocónicos + agujas","Retape troncocónicos + agujas","Retape troncocónicos + agujas","Retape troncocónicos + agujas","Retape troncocónicos + agujas","Retape troncocónicos + agujas","Retape troncocónicos + agujas","Retape troncocónicos + agujas","Retape troncocónicos + agujas","Retape troncocónicos + agujas","Retape troncocónicos + agujas","Retape troncocónicos + agujas","Retape troncocónicos + agujas","Retape troncocónicos + agujas","Retape troncocónicos + agujas","Retape troncocónicos + agujas","Retape troncocónicos + agujas","Retape troncocónicos + agujas","Retape troncocónicos + agujas","Retape troncocónicos + agujas","Retape troncocónicos + agujas","Retape troncocónicos + agujas","Retape troncocónicos + agujas","Retape troncocónicos + agujas","Retape troncocónicos + agujas","Retape troncocónicos + agujas","Retape troncocónicos + agujas","Retape troncocónicos + agujas","Retape troncocónicos + agujas","Retape troncocónicos + agujas","Retape troncocónicos + agujas","Retape troncocónicos + agujas","Retape troncocónicos + agujas","Retape troncocónicos + agujas","Retape troncocónicos + agujas","Retape troncocónicos + agujas","Retape troncocónicos + agujas","Retape troncocónicos + agujas","Retape troncocónicos + agujas","Retape troncocónicos + agujas","Retape troncocónicos + agujas","Retape troncocónicos + agujas","Retape troncocónicos + agujas","Retape troncocónicos + agujas","Retape troncocónicos + agujas","Retape troncocónicos + agujas","Retape troncocónicos + agujas","Retape troncocónicos + agujas","Retape troncocónicos + agujas","Retape troncocónicos + agujas","Retape troncocónicos + agujas","Retape troncocónicos + agujas","Retape troncocónicos + agujas","Retape troncocónicos + agujas","Retape troncocónicos + agujas","Retape troncocónicos + agujas","Retape troncocónicos + agujas","Retape troncocónicos + agujas","Retape troncocónicos + agujas","Retape troncocónicos + agujas","Retape troncocónicos + agujas","Retape troncocónicos + agujas","Retape troncocónicos + agujas","Retape troncocónicos + agujas","Retape troncocónicos + agujas","Retape troncocónicos + agujas","Retape troncocónicos + agujas","Retape troncocónicos + agujas","Retape troncocónicos + agujas","Retape troncocónicos + agujas","Retape troncocónicos + agujas","Retape troncocónicos + agujas","Retape troncocónicos + agujas","Retape troncocónicos + agujas","Retape troncocónicos + agujas","Retape troncocónicos + agujas","Retape troncocónicos + agujas","Retape troncocónicos + agujas","Retape troncocónicos + agujas","Retape troncocónicos + agujas","Retape troncocónicos + agujas","Retape troncocónicos + agujas","Retape troncocónicos + agujas","Retape troncocónicos + agujas","Retape troncocónicos + agujas","Retape troncocónicos + agujas","Retape troncocónicos + agujas","Retape troncocónicos + agujas","Retape troncocónicos + agujas","Retape troncocónicos + agujas","Retape troncocónicos + agujas","Retape troncocónicos + agujas","Retape troncocónicos + agujas","Retape troncocónicos + agujas","Retape troncocónicos + agujas","Retape troncocónicos + agujas","Retape troncocónicos + agujas","Retape troncocónicos + agujas","Retape troncocónicos + agujas","Retape troncocónicos + agujas","Retape troncocónicos + agujas","Retape troncocónicos + agujas","Retape troncocónicos + agujas","Retape troncocónicos + agujas","Retape troncocónicos + agujas","Retape troncocónicos + agujas","Retape troncocónicos + agujas","Retape troncocónicos + agujas","Retape troncocónicos + agujas","Retape troncocónicos + agujas","Retape troncocónicos + agujas","Retape troncocónicos + agujas","Retape troncocónicos + agujas","Retape troncocónicos + agujas","Retape troncocónicos + agujas","Retape troncocónicos + agujas","Retape troncocónicos + agujas","Retape troncocónicos + agujas","Retape troncocónicos + agujas","Retape troncocónicos + agujas","Retape troncocónicos + agujas","Retape troncocónicos + agujas","Retape troncocónicos + agujas","Retape troncocónicos + agujas","Retape troncocónicos + agujas","Retape troncocónicos + agujas","Retape troncocónicos + agujas","Retape troncocónicos + agujas","Retape troncocónicos + agujas","Retape troncocónicos + agujas","Retape troncocónicos + agujas","Retape troncocónicos + agujas","Retape troncocónicos + agujas","Retape troncocónicos + agujas","Retape troncocónicos + agujas","Retape troncocónicos + agujas","Retape troncocónicos + agujas","Retape troncocónicos + agujas","Retape troncocónicos + agujas","Retape troncocónicos + agujas","Retape troncocónicos + agujas","Retape troncocónicos + agujas","Retape troncocónicos + agujas","Retape troncocónicos + agujas","Retape troncocónicos + agujas","Retape troncocónicos + agujas","Retape troncocónicos + agujas","Retape troncocónicos + agujas","Retape troncocónicos + agujas","Retape troncocónicos + agujas","Retape troncocónicos + agujas","Retape troncocónicos + agujas","Retape troncocónicos + agujas","Retape troncocónicos + agujas","Retape troncocónicos + agujas","Retape troncocónicos + agujas","Retape troncocónicos + agujas","Retape troncocónicos + agujas","Retape troncocónicos + agujas","Retape troncocónicos + agujas","Retape troncocónicos + agujas","Retape troncocónicos + agujas","Retape troncocónicos + agujas","Retape troncocónicos + agujas","Retape troncocónicos + agujas","Retape troncocónicos + agujas","Retape troncocónicos + agujas","Retape troncocónicos + agujas","Retape troncocónicos + agujas","Retape troncocónicos + agujas","Retape troncocónicos + agujas","Retape troncocónicos + agujas","Retape troncocónicos + agujas","Retape troncocónicos + agujas","Retape troncocónicos + agujas","Retape troncocónicos + agujas","Retape troncocónicos + agujas","Retape troncocónicos + agujas","Retape troncocónicos + agujas","Retape troncocónicos + agujas","Retape troncocónicos + agujas","Retape troncocónicos + agujas","Retape troncocónicos + agujas","Retape troncocónicos + agujas","Retape troncocónicos + agujas","Retape troncocónicos + agujas","Retape troncocónicos + agujas","Retape troncocónicos + agujas","Retape troncocónicos + agujas","Retape troncocónicos + agujas","Retape troncocónicos + agujas","Retape troncocónicos + agujas","Retape troncocónicos + agujas","Retape troncocónicos + agujas","Retape troncocónicos + agujas","Retape troncocónicos + agujas","Retape troncocónicos + agujas","Retape troncocónicos + agujas","Retape troncocónicos + agujas","Retape troncocónicos + agujas","Retape troncocónicos + agujas","Retape troncocónicos + agujas","Retape troncocónicos + agujas","Retape troncocónicos + agujas","Retape troncocónicos + agujas","Retape troncocónicos + agujas","Retape troncocónicos + agujas","Retape troncocónicos + agujas","Retape troncocónicos + agujas","Retape troncocónicos + agujas","Retape troncocónicos + agujas","Retape troncocónicos + agujas","Retape troncocónicos + agujas","Retape troncocónicos + agujas","Retape troncocónicos + agujas","Retape troncocónicos + agujas","Retape troncocónicos + agujas","Retape troncocónicos + agujas","Retape troncocónicos + agujas","Retape troncocónicos + agujas","Retape troncocónicos + agujas","Retape troncocónicos + agujas","Retape troncocónicos + agujas","Retape troncocónicos + agujas","Retape troncocónicos + agujas","Retape troncocónicos + agujas","Retape troncocónicos + agujas","Retape troncocónicos + agujas","Retape troncocónicos + agujas","Retape troncocónicos + agujas","Retape troncocónicos + agujas","Retape troncocónicos + agujas","Retape troncocónicos + agujas","Retape troncocónicos + agujas","Retape troncocónicos + agujas","Retape troncocónicos + agujas","Retape troncocónicos + agujas","Retape troncocónicos + agujas","Retape troncocónicos + agujas","Retape troncocónicos + agujas","Retape troncocónicos + agujas","Retape troncocónicos + agujas","Retape troncocónicos + agujas","Retape troncocónicos + agujas","Retape troncocónicos + agujas","Retape troncocónicos + agujas","Retape troncocónicos + agujas","Retape troncocónicos + agujas","Retape troncocónicos + agujas","Retape troncocónicos + agujas","Retape troncocónicos + agujas","Retape troncocónicos + agujas","Retape troncocónicos + agujas","Retape troncocónicos + agujas","Retape troncocónicos + agujas","Retape troncocónicos + agujas","Retape troncocónicos + agujas","Retape troncocónicos + agujas","Retape troncocónicos + agujas","Retape troncocónicos + agujas","Retape troncocónicos + agujas","Retape troncocónicos + agujas","Retape troncocónicos + agujas","Retape troncocónicos + agujas","Retape troncocónicos + agujas","Retape troncocónicos + agujas","Retape troncocónicos + agujas","Retape troncocónicos + agujas","Retape troncocónicos + agujas","Retape troncocónicos + agujas","Retape troncocónicos + agujas","Retape troncocónicos + agujas","Retape troncocónicos + agujas","Retape troncocónicos + agujas","Retape troncocónicos + agujas","Retape troncocónicos + agujas","Retape troncocónicos + agujas","Retape troncocónicos + agujas","Retape troncocónicos + agujas","Retape troncocónicos + agujas","Retape troncocónicos + agujas","Retape troncocónicos + agujas","Retape troncocónicos + agujas","Retape troncocónicos + agujas","Retape troncocónicos + agujas","Retape troncocónicos + agujas","Retape troncocónicos + agujas","Retape troncocónicos + agujas","Retape troncocónicos + agujas","Retape troncocónicos + agujas","Retape troncocónicos + agujas","Retape troncocónicos + agujas","Retape troncocónicos + agujas","Retape troncocónicos + agujas","Retape troncocónicos + agujas","Retape troncocónicos + agujas","Retape troncocónicos + agujas","Retape troncocónicos + agujas","Retape troncocónicos + agujas","Retape troncocónicos + agujas","Retape troncocónicos + agujas","Retape troncocónicos + agujas","Retape troncocónicos + agujas","Retape troncocónicos + agujas","Retape troncocónicos + agujas","Retape troncocónicos + agujas","Retape troncocónicos + agujas","Retape troncocónicos + agujas","Retape troncocónicos + agujas","Retape troncocónicos + agujas","Retape troncocónicos + agujas","Retape troncocónicos + agujas","Retape troncocónicos + agujas","Retape troncocónicos + agujas","Retape troncocónicos + agujas","Retape troncocónicos + agujas","Retape troncocónicos + agujas","Retape troncocónicos + agujas","Retape troncocónicos + agujas","Retape troncocónicos + agujas","Retape troncocónicos + agujas","Retape troncocónicos + agujas","Retape troncocónicos + agujas","Retape troncocónicos + agujas","Retape troncocónicos + agujas","Retape troncocónicos + agujas","Retape troncocónicos + agujas","Retape troncocónicos + agujas","Retape troncocónicos + agujas","Retape troncocónicos + agujas","Retape troncocónicos + agujas","Retape troncocónicos + agujas","Retape troncocónicos + agujas","Retape troncocónicos + agujas","Retape troncocónicos + agujas","Retape troncocónicos + agujas","Retape troncocónicos + agujas","Retape troncocónicos + agujas","Retape troncocónicos + agujas","Retape troncocónicos + agujas","Retape troncocónicos + agujas","Retape troncocónicos + agujas","Retape troncocónicos + agujas","Retape troncocónicos + agujas","Retape troncocónicos + agujas","Retape troncocónicos + agujas","Retape troncocónicos + agujas","Retape troncocónicos + agujas","Retape troncocónicos + agujas","Retape troncocónicos + agujas","Retape troncocónicos + agujas","Retape troncocónicos + agujas","Retape troncocónicos + agujas","Retape troncocónicos + agujas","Retape troncocónicos + agujas","Retape troncocónicos + agujas","Retape troncocónicos + agujas","Retape troncocónicos + agujas","Retape troncocónicos + agujas","Retape troncocónicos + agujas","Retape troncocónicos + agujas","Retape troncocónicos + agujas","Retape troncocónicos + agujas","Retape troncocónicos + agujas","Retape troncocónicos + agujas","Retape troncocónicos + agujas","Retape troncocónicos + agujas","Retape troncocónicos + agujas","Retape troncocónicos + agujas","Retape troncocónicos + agujas","Retape troncocónicos + agujas","Retape troncocónicos + agujas","Retape troncocónicos + agujas","Retape troncocónicos + agujas","Retape troncocónicos + agujas","Retape troncocónicos + agujas","Retape troncocónicos + agujas","Retape troncocónicos + agujas","Retape troncocónicos + agujas","Retape troncocónicos + agujas","Retape troncocónicos + agujas","Retape troncocónicos + agujas","Retape troncocónicos + agujas","Retape troncocónicos + agujas","Retape troncocónicos + agujas","Retape troncocónicos + agujas","Retape troncocónicos + agujas","Retape troncocónicos + agujas","Retape troncocónicos + agujas","Retape troncocónicos + agujas","Retape troncocónicos + agujas","Retape troncocónicos + agujas","Retape troncocónicos + agujas","Retape troncocónicos + agujas","Retape troncocónicos + agujas","Retape troncocónicos + agujas","Retape troncocónicos + agujas","Retape troncocónicos + agujas","Retape troncocónicos + agujas","Retape troncocónicos + agujas","Retape troncocónicos + agujas","Retape troncocónicos + agujas","Retape troncocónicos + agujas","Retape troncocónicos + agujas","Retape troncocónicos + agujas","Retape troncocónicos + agujas","Retape troncocónicos + agujas","Retape troncocónicos + agujas","Retape troncocónicos + agujas","Retape troncocónicos + agujas","Retape troncocónicos + agujas","Retape troncocónicos + agujas","Retape troncocónicos + agujas","Retape troncocónicos + agujas","Retape troncocónicos + agujas","Retape troncocónicos + agujas","Retape troncocónicos + agujas","Retape troncocónicos + agujas","Retape troncocónicos + agujas","Retape troncocónicos + agujas","Retape troncocónicos + agujas","Retape troncocónicos + agujas","Retape troncocónicos + agujas","Retape troncocónicos + agujas","Retape troncocónicos + agujas","Retape troncocónicos + agujas","Retape troncocónicos + agujas","Retape troncocónicos + agujas","Retape troncocónicos + agujas","Retape troncocónicos + agujas","Retape troncocónicos + agujas","Retape troncocónicos + agujas","Retape troncocónicos + agujas","Retape troncocónicos + agujas","Retape troncocónicos + agujas","Retape troncocónicos + agujas","Retape troncocónicos + agujas","Retape troncocónicos + agujas","Retape troncocónicos + agujas","Retape troncocónicos + agujas","Retape troncocónicos + agujas","Retape troncocónicos + agujas","Retape troncocónicos + agujas","Retape troncocónicos + agujas","Retape troncocónicos + agujas","Retape troncocónicos + agujas","Retape troncocónicos + agujas","Retape troncocónicos + agujas","Retape troncocónicos + agujas","Retape troncocónicos + agujas","Retape troncocónicos + agujas","Retape troncocónicos + agujas","Retape troncocónicos + agujas","Retape troncocónicos + agujas","Retape troncocónicos + agujas","Retape troncocónicos + agujas","Retape troncocónicos + agujas","Retape troncocónicos + agujas","Retape troncocónicos + agujas","Retape troncocónicos + agujas","Retape troncocónicos + agujas","Retape troncocónicos + agujas","Retape troncocónicos + agujas","Retape troncocónicos + agujas","Retape troncocónicos + agujas","Retape troncocónicos + agujas","Retape troncocónicos + agujas","Retape troncocónicos + agujas","Retape troncocónicos + agujas","Retape troncocónicos + agujas","Retape troncocónicos + agujas","Retape troncocónicos + agujas","Retape troncocónicos + agujas","Retape troncocónicos + agujas","Retape troncocónicos + agujas","Retape troncocónicos + agujas","Retape troncocónicos + agujas","Retape troncocónicos + agujas","Retape troncocónicos + agujas","Retape troncocónicos + agujas","Retape troncocónicos + agujas","Retape troncocónicos + agujas","Retape troncocónicos + agujas","Retape troncocónicos + agujas","Retape troncocónicos + agujas","Retape troncocónicos + agujas","Retape troncocónicos + agujas","Retape troncocónicos + agujas","Retape troncocónicos + agujas","Retape troncocónicos + agujas","Retape troncocónicos + agujas","Retape troncocónicos + agujas","Retape troncocónicos + agujas","Retape troncocónicos + agujas","Retape troncocónicos + agujas","Retape troncocónicos + agujas","Retape troncocónicos + agujas","Retape troncocónicos + agujas","Retape troncocónicos + agujas","Retape troncocónicos + agujas","Retape troncocónicos + agujas","Retape troncocónicos + agujas","Retape troncocónicos + agujas","Retape troncocónicos + agujas","Retape troncocónicos + agujas","Retape troncocónicos + agujas","Retape troncocónicos + agujas","Retape troncocónicos + agujas","Retape troncocónicos + agujas","Retape troncocónicos + agujas","Retape troncocónicos + agujas","Retape troncocónicos + agujas","Retape troncocónicos + agujas","Retape troncocónicos + agujas","Retape troncocónicos + agujas","Retape troncocónicos + agujas","Retape troncocónicos + agujas","Retape troncocónicos + agujas","Retape troncocónicos + agujas","Retape troncocónicos + agujas","Retape troncocónicos + agujas","Retape troncocónicos + agujas","Retape troncocónicos + agujas","Retape troncocónicos + agujas","Retape troncocónicos + agujas","Retape troncocónicos + agujas","Retape troncocónicos + agujas","Retape troncocónicos + agujas","Retape troncocónicos + agujas","Retape troncocónicos + agujas","Retape troncocónicos + agujas","Retape troncocónicos + agujas","Retape troncocónicos + agujas","Retape troncocónicos + agujas","Retape troncocónicos + agujas","Retape troncocónicos + agujas","Retape troncocónicos + agujas","Retape troncocónicos + agujas","Retape troncocónicos + agujas","Retape troncocónicos + agujas","Retape troncocónicos + agujas","Retape troncocónicos + agujas","Retape troncocónicos + agujas","Retape troncocónicos + agujas","Retape troncocónicos + agujas","Retape troncocónicos + agujas","Retape troncocónicos + agujas","Retape troncocónicos + agujas","Retape troncocónicos + agujas","Retape troncocónicos + agujas","Retape troncocónicos + agujas","Retape troncocónicos + agujas","Retape troncocónicos + agujas","Retape troncocónicos + agujas","Retape troncocónicos + agujas","Retape troncocónicos + agujas","Retape troncocónicos + agujas","Retape troncocónicos + agujas","Retape troncocónicos + agujas","Retape troncocónicos + agujas","Retape troncocónicos + agujas","Retape troncocónicos + agujas","Retape troncocónicos + agujas","Retape troncocónicos + agujas","Retape troncocónicos + agujas","Retape troncocónicos + agujas","Retape troncocónicos + agujas","Retape troncocónicos + agujas","Retape troncocónicos + agujas","Retape troncocónicos + agujas","Retape troncocónicos + agujas","Retape troncocónicos + agujas","Retape troncocónicos + agujas","Retape troncocónicos + agujas","Retape troncocónicos + agujas","Retape troncocónicos + agujas","Retape troncocónicos + agujas","Retape troncocónicos + agujas","Retape troncocónicos + agujas","Retape troncocónicos + agujas","Retape troncocónicos + agujas","Retape troncocónicos + agujas","Retape troncocónicos + agujas","Retape troncocónicos + agujas","Retape troncocónicos + agujas","Retape troncocónicos + agujas","Retape troncocónicos + agujas","Retape troncocónicos + agujas","Retape troncocónicos + agujas","Retape troncocónicos + agujas","Retape troncocónicos + agujas","Retape troncocónicos + agujas","Retape troncocónicos + agujas","Retape troncocónicos + agujas","Retape troncocónicos + agujas","Retape troncocónicos + agujas","Retape troncocónicos + agujas","Retape troncocónicos + agujas","Retape troncocónicos + agujas","Retape troncocónicos + agujas","Retape troncocónicos + agujas","Retape troncocónicos + agujas","Retape troncocónicos + agujas","Retape troncocónicos + agujas","Retape troncocónicos + agujas","Retape troncocónicos + agujas","Retape troncocónicos + agujas","Retape troncocónicos + agujas","Retape troncocónicos + agujas","Retape troncocónicos + agujas","Retape troncocónicos + agujas","Retape troncocónicos + agujas","Retape troncocónicos + agujas","Retape troncocónicos + agujas","Retape troncocónicos + agujas","Retape troncocónicos + agujas","Retape troncocónicos + agujas","Retape troncocónicos + agujas","Retape troncocónicos + agujas","Retape troncocónicos + agujas","Retape troncocónicos + agujas","Retape troncocónicos + agujas","Retape troncocónicos + agujas","Retape troncocónicos + agujas","Retape troncocónicos + agujas","Retape troncocónicos + agujas","Retape troncocónicos + agujas","Retape troncocónicos + agujas","Retape troncocónicos + agujas","Retape troncocónicos + agujas","Retape troncocónicos + agujas","Retape troncocónicos + agujas","Retape troncocónicos + agujas","Retape troncocónicos + agujas","Retape troncocónicos + agujas","Retape troncocónicos + agujas","Retape troncocónicos + agujas","Retape troncocónicos + agujas","Retape troncocónicos + agujas","Retape troncocónicos + agujas","Retape troncocónicos + agujas","Retape troncocónicos + agujas","Retape troncocónicos + agujas","Retape troncocónicos + agujas","Retape troncocónicos + agujas","Retape troncocónicos + agujas","Retape troncocónicos + agujas","Retape troncocónicos + agujas","Retape troncocónicos + agujas","Retape troncocónicos + agujas","Retape troncocónicos + agujas","Retape troncocónicos + agujas","Retape troncocónicos + agujas","Retape troncocónicos + agujas","Retape troncocónicos + agujas","Retape troncocónicos + agujas","Retape troncocónicos + agujas","Retape troncocónicos + agujas","Retape troncocónicos + agujas","Retape troncocónicos + agujas","Retape troncocónicos + agujas","Retape troncocónicos + agujas","Retape troncocónicos + agujas","Retape troncocónicos + agujas","Retape troncocónicos + agujas","Retape troncocónicos + agujas","Retape troncocónicos + agujas","Retape troncocónicos + agujas","Retape troncocónicos + agujas","Retape troncocónicos + agujas","Retape troncocónicos + agujas","Retape troncocónicos + agujas","Retape troncocónicos + agujas","Retape troncocónicos + agujas","Retape troncocónicos + agujas","Retape troncocónicos + agujas","Retape troncocónicos + agujas","Retape troncocónicos + agujas","Retape troncocónicos + agujas","Retape troncocónicos + agujas","Retape troncocónicos + agujas","Retape troncocónicos + agujas","Retape troncocónicos + agujas","Retape troncocónicos + agujas","Retape troncocónicos + agujas","Retape troncocónicos + agujas","Retape troncocónicos + agujas","Retape troncocónicos + agujas","Retape troncocónicos + agujas","Retape troncocónicos + agujas","Retape troncocónicos + agujas","Retape troncocónicos + agujas","Retape troncocónicos + agujas","Retape troncocónicos + agujas","Retape troncocónicos + agujas","Retape troncocónicos + agujas","Retape troncocónicos + agujas","Retape troncocónicos + agujas","Retape troncocónicos + agujas","Retape troncocónicos + agujas","Retape troncocónicos + agujas","Retape troncocónicos + agujas","Retape troncocónicos + agujas","Retape troncocónicos + agujas","Retape troncocónicos + agujas","Retape troncocónicos + agujas","Retape troncocónicos + agujas","Retape troncocónicos + agujas","Retape troncocónicos + agujas","Retape troncocónicos + agujas","Retape troncocónicos + agujas","Retape troncocónicos + agujas","Retape troncocónicos + agujas","Retape troncocónicos + agujas","Retape troncocónicos + agujas","Retape troncocónicos + agujas","Retape troncocónicos + agujas","Retape troncocónicos + agujas","Retape troncocónicos + agujas","Retape troncocónicos + agujas","Retape troncocónicos + agujas","Retape troncocónicos + agujas","Retape troncocónicos + agujas","Retape troncocónicos + agujas","Retape troncocónicos + agujas","Retape troncocónicos + agujas","Retape troncocónicos + agujas","Retape troncocónicos + agujas","Retape troncocónicos + agujas","Retape troncocónicos + agujas","Retape troncocónicos + agujas","Retape troncocónicos + agujas","Retape troncocónicos + agujas","Retape troncocónicos + agujas","Retape troncocónicos + agujas","Retape troncocónicos + agujas","Retape troncocónicos + agujas","Retape troncocónicos + agujas","Retape troncocónicos + agujas","Retape troncocónicos + agujas","Retape troncocónicos + agujas","Retape troncocónicos + agujas","Retape troncocónicos + agujas","Retape troncocónicos + agujas","Retape troncocónicos + agujas","Retape troncocónicos + agujas","Retape troncocónicos + agujas","Retape troncocónicos + agujas","Retape troncocónicos + agujas","Retape troncocónicos + agujas","Retape troncocónicos + agujas","Retape troncocónicos + agujas","Retape troncocónicos + agujas","Retape troncocónicos + agujas","Retape troncocónicos + agujas","Retape troncocónicos + agujas","Retape troncocónicos + agujas","Retape troncocónicos + agujas","Retape troncocónicos + agujas","Retape troncocónicos + agujas","Retape troncocónicos + agujas","Retape troncocónicos + agujas","Retape troncocónicos + agujas","Retape troncocónicos + agujas","Retape troncocónicos + agujas","Retape troncocónicos + agujas","Retape troncocónicos + agujas","Retape troncocónicos + agujas","Retape troncocónicos + agujas","Retape troncocónicos + agujas","Retape troncocónicos + agujas","Retape troncocónicos + agujas","Retape troncocónicos + agujas","Retape troncocónicos + agujas","Retape troncocónicos + agujas","Retape troncocónicos + agujas","Retape troncocónicos + agujas","Retape troncocónicos + agujas","Retape troncocónicos + agujas","Retape troncocónicos + agujas","Retape troncocónicos + agujas","Retape troncocónicos + agujas","Retape troncocónicos + agujas","Retape troncocónicos + agujas","Retape troncocónicos + agujas","Retape troncocónicos + agujas","Retape troncocónicos + agujas","Retape troncocónicos + agujas","Retape troncocónicos + agujas","Retape troncocónicos + agujas","Retape troncocónicos + agujas","Retape troncocónicos + agujas","Retape troncocónicos + agujas","Retape troncocónicos + agujas","Retape troncocónicos + agujas","Retape troncocónicos + agujas","Retape troncocónicos + agujas","Retape troncocónicos + agujas","Retape troncocónicos + agujas","Retape troncocónicos + agujas","Retape troncocónicos + agujas","Retape troncocónicos + agujas","Retape troncocónicos + agujas","Retape troncocónicos + agujas","Retape troncocónicos + agujas","Retape troncocónicos + agujas","Retape troncocónicos + agujas","Retape troncocónicos + agujas","Retape troncocónicos + agujas","Retape troncocónicos + agujas","Retape troncocónicos + agujas","Retape troncocónicos + agujas","Retape troncocónicos + agujas","Retape troncocónicos + agujas","Retape troncocónicos + agujas","Retape troncocónicos + agujas","Retape troncocónicos + agujas","Retape troncocónicos + agujas","Retape troncocónicos + agujas","Retape troncocónicos + agujas","Retape troncocónicos + agujas","Retape troncocónicos + agujas","Retape troncocónicos + agujas","Retape troncocónicos + agujas","Retape troncocónicos + agujas","Retape troncocónicos + agujas","Retape troncocónicos + agujas","Retape troncocónicos + agujas","Retape troncocónicos + agujas","Retape troncocónicos + agujas","Retape troncocónicos + agujas","Retape troncocónicos + agujas","Retape troncocónicos + agujas","Retape troncocónicos + agujas","Retape troncocónicos + agujas","Retape troncocónicos + agujas","Retape troncocónicos + agujas","Retape troncocónicos + agujas","Retape troncocónicos + agujas","Retape troncocónicos + agujas","Retape troncocónicos + agujas","Retape troncocónicos + agujas","Retape troncocónicos + agujas","Retape troncocónicos + agujas","Retape troncocónicos + agujas","Retape troncocónicos + agujas","Retape troncocónicos + agujas","Retape troncocónicos + agujas","Retape troncocónicos + agujas","Retape troncocónicos + agujas","Retape troncocónicos + agujas","Retape troncocónicos + agujas","Retape troncocónicos + agujas","Retape troncocónicos + agujas","Retape troncocónicos + agujas","Retape troncocónicos + agujas","Retape troncocónicos + agujas","Retape troncocónicos + agujas","Retape troncocónicos + agujas","Retape troncocónicos + agujas","Retape troncocónicos + agujas","Retape troncocónicos + agujas","Retape troncocónicos + agujas","Retape troncocónicos + agujas","Retape troncocónicos + agujas","Retape troncocónicos + agujas","Retape troncocónicos + agujas","Retape troncocónicos + agujas","Retape troncocónicos + agujas","Retape troncocónicos + agujas","Retape troncocónicos + agujas","Retape troncocónicos + agujas","Retape troncocónicos + agujas","Retape troncocónicos + agujas","Retape troncocónicos + agujas","Retape troncocónicos + agujas","Retape troncocónicos + agujas","Retape troncocónicos + agujas","Retape troncocónicos + agujas","Retape troncocónicos + agujas","Retape troncocónicos + agujas","Retape troncocónicos + agujas","Retape troncocónicos + agujas","Retape troncocónicos + agujas","Retape troncocónicos + agujas","Retape troncocónicos + agujas","Retape troncocónicos + agujas","Retape troncocónicos + agujas","Retape troncocónicos + agujas","Retape troncocónicos + agujas","Retape troncocónicos + agujas","Retape troncocónicos + agujas","Retape troncocónicos + agujas","Retape troncocónicos + agujas","Retape troncocónicos + agujas","Retape troncocónicos + agujas","Retape troncocónicos + agujas","Retape troncocónicos + agujas","Retape troncocónicos + agujas","Retape troncocónicos + agujas","Retape troncocónicos + agujas","Retape troncocónicos + agujas","Retape troncocónicos + agujas","Retape troncocónicos + agujas","Retape troncocónicos + agujas","Retape troncocónicos + agujas","Retape troncocónicos + agujas","Retape troncocónicos + agujas","Retape troncocónicos + agujas","Retape troncocónicos + agujas","Retape troncocónicos + agujas","Retape troncocónicos + agujas","Retape troncocónicos + agujas","Retape troncocónicos + agujas","Retape troncocónicos + agujas","Retape troncocónicos + agujas","Retape troncocónicos + agujas","Retape troncocónicos + agujas","Retape troncocónicos + agujas","Retape troncocónicos + agujas","Retape troncocónicos + agujas","Retape troncocónicos + agujas","Retape troncocónicos + agujas","Retape troncocónicos + agujas","Retape troncocónicos + agujas","Retape troncocónicos + agujas","Retape troncocónicos + agujas","Retape troncocónicos + agujas","Retape troncocónicos + agujas","Retape troncocónicos + agujas","Retape troncocónicos + agujas","Retape troncocónicos + agujas","Retape troncocónicos + agujas","Retape troncocónicos + agujas","Retape troncocónicos + agujas","Retape troncocónicos + agujas","Retape troncocónicos + agujas","Retape troncocónicos + agujas","Retape troncocónicos + agujas","Retape troncocónicos + agujas","Retape troncocónicos + agujas","Retape troncocónicos + agujas","Retape troncocónicos + agujas","Retape troncocónicos + agujas","Retape troncocónicos + agujas","Retape troncocónicos + agujas","Retape troncocónicos + agujas","Retape troncocónicos + agujas","Retape troncocónicos + agujas","Retape troncocónicos + agujas","Retape troncocónicos + agujas","Retape troncocónicos + agujas","Retape troncocónicos + agujas","Retape troncocónicos + agujas","Retape troncocónicos + agujas","Retape troncocónicos + agujas","Retape troncocónicos + agujas","Retape troncocónicos + agujas","Retape troncocónicos + agujas","Retape troncocónicos + agujas","Retape troncocónicos + agujas","Retape troncocónicos + agujas","Retape troncocónicos + agujas","Retape troncocónicos + agujas","Retape troncocónicos + agujas","Retape troncocónicos + agujas","Retape troncocónicos + agujas","Retape troncocónicos + agujas","Retape troncocónicos + agujas","Retape troncocónicos + agujas","Retape troncocónicos + agujas","Retape troncocónicos + agujas","Retape troncocónicos + agujas","Retape troncocónicos + agujas","Retape troncocónicos + agujas","Retape troncocónicos + agujas","Retape troncocónicos + agujas","Retape troncocónicos + agujas","Retape troncocónicos + agujas","Retape troncocónicos + agujas","Retape troncocónicos + agujas","Retape troncocónicos + agujas","Retape troncocónicos + agujas","Retape troncocónicos + agujas","Retape troncocónicos + agujas","Retape troncocónicos + agujas","Retape troncocónicos + agujas","Retape troncocónicos + agujas","Retape troncocónicos + agujas","Retape troncocónicos + agujas","Retape troncocónicos + agujas","Retape troncocónicos + agujas","Retape troncocónicos + agujas","Retape troncocónicos + agujas","Retape troncocónicos + agujas","Retape troncocónicos + agujas","Retape troncocónicos + agujas","Retape troncocónicos + agujas","Retape troncocónicos + agujas","Retape troncocónicos + agujas","Retape troncocónicos + agujas","Retape troncocónicos + agujas","Retape troncocónicos + agujas","Retape troncocónicos + agujas","Retape troncocónicos + agujas","Retape troncocónicos + agujas","Retape troncocónicos + agujas","Retape troncocónicos + agujas","Retape troncocónicos + agujas","Retape troncocónicos + agujas","Retape troncocónicos + agujas","Retape troncocónicos + agujas","Retape troncocónicos + agujas","Retape troncocónicos + agujas","Retape troncocónicos + agujas","Retape troncocónicos + agujas","Retape troncocónicos + agujas","Retape troncocónicos + agujas","Retape troncocónicos + agujas","Retape troncocónicos + agujas","Retape troncocónicos + agujas","Retape troncocónicos + agujas","Retape troncocónicos + agujas","Retape troncocónicos + agujas","Retape troncocónicos + agujas","Retape troncocónicos + agujas","Retape troncocónicos + agujas","Retape troncocónicos + agujas","Retape troncocónicos + agujas","Retape troncocónicos + agujas","Retape troncocónicos + agujas","Retape troncocónicos + agujas","Retape troncocónicos + agujas","Retape troncocónicos + agujas","Retape troncocónicos + agujas","Retape troncocónicos + agujas","Retape troncocónicos + agujas","Retape troncocónicos + agujas","Retape troncocónicos + agujas","Retape troncocónicos + agujas","Retape troncocónicos + agujas","Retape troncocónicos + agujas","Retape troncocónicos + agujas","Retape troncocónicos + agujas","Retape troncocónicos + agujas","Retape troncocónicos + agujas","Retape troncocónicos + agujas","Retape troncocónicos + agujas","Retape troncocónicos + agujas","Retape troncocónicos + agujas","Retape troncocónicos + agujas","Retape troncocónicos + agujas","Retape troncocónicos + agujas","Retape troncocónicos + agujas","Retape troncocónicos + agujas","Retape troncocónicos + agujas","Retape troncocónicos + agujas","Retape troncocónicos + agujas","Retape troncocónicos + agujas","Retape troncocónicos + agujas","Retape troncocónicos + agujas","Retape troncocónicos + agujas","Retape troncocónicos + agujas","Retape troncocónicos + agujas","Retape troncocónicos + agujas","Retape troncocónicos + agujas","Retape troncocónicos + agujas","Retape troncocónicos + agujas","Retape troncocónicos + agujas","Retape troncocónicos + agujas","Retape troncocónicos + agujas","Retape troncocónicos + agujas","Retape troncocónicos + agujas","Retape troncocónicos + agujas","Retape troncocónicos + agujas","Retape troncocónicos + agujas","Retape troncocónicos + agujas","Retape troncocónicos + agujas","Retape troncocónicos + agujas","Retape troncocónicos + agujas","Retape troncocónicos + agujas","Retape troncocónicos + agujas","Retape troncocónicos + agujas","Retape troncocónicos + agujas","Retape troncocónicos + agujas","Retape troncocónicos + agujas","Retape troncocónicos + agujas","Retape troncocónicos + agujas","Retape troncocónicos + agujas","Retape troncocónicos + agujas","Retape troncocónicos + agujas","Retape troncocónicos + agujas","Retape troncocónicos + agujas","Retape troncocónicos + agujas","Retape troncocónicos + agujas","Retape troncocónicos + agujas","Retape troncocónicos + agujas","Retape troncocónicos + agujas","Retape troncocónicos + agujas","Retape troncocónicos + agujas","Retape troncocónicos + agujas","Retape troncocónicos + agujas","Retape troncocónicos + agujas","Retape troncocónicos + agujas","Retape troncocónicos + agujas","Retape troncocónicos + agujas","Retape troncocónicos + agujas","Retape troncocónicos + agujas","Retape troncocónicos + agujas","Retape troncocónicos + agujas","Retape troncocónicos + agujas","Retape troncocónicos + agujas","Retape troncocónicos + agujas","Retape troncocónicos + agujas","Retape troncocónicos + agujas","Retape troncocónicos + agujas","Retape troncocónicos + agujas","Retape troncocónicos + agujas","Retape troncocónicos + agujas","Retape troncocónicos + agujas","Retape troncocónicos + agujas","Retape troncocónicos + agujas","Retape troncocónicos + agujas","Retape troncocónicos + agujas","Retape troncocónicos + agujas","Retape troncocónicos + agujas","Retape troncocónicos + agujas","Retape troncocónicos + agujas","Retape troncocónicos + agujas","Retape troncocónicos + agujas","Retape troncocónicos + agujas","Retape troncocónicos + agujas","Retape troncocónicos + agujas","Retape troncocónicos + agujas","Retape troncocónicos + agujas","Retape troncocónicos + agujas","Retape troncocónicos + agujas","Retape troncocónicos + agujas","Retape troncocónicos + agujas","Retape troncocónicos + agujas","Retape troncocónicos + agujas","Retape troncocónicos + agujas","Retape troncocónicos + agujas","Retape troncocónicos + agujas","Retape troncocónicos + agujas","Retape troncocónicos + agujas","Retape troncocónicos + agujas","Retape troncocónicos + agujas","Retape troncocónicos + agujas","Retape troncocónicos + agujas","Retape troncocónicos + agujas","Retape troncocónicos + agujas","Retape troncocónicos + agujas","Retape troncocónicos + agujas","Retape troncocónicos + agujas","Retape troncocónicos + agujas","Retape troncocónicos + agujas","Retape troncocónicos + agujas","Retape troncocónicos + agujas","Retape troncocónicos + agujas","Retape troncocónicos + agujas","Retape troncocónicos + agujas","Retape troncocónicos + agujas","Retape troncocónicos + agujas","Retape troncocónicos + agujas","Retape troncocónicos + agujas","Retape troncocónicos + agujas","Retape troncocónicos + agujas","Retape troncocónicos + agujas","Retape troncocónicos + agujas","Retape troncocónicos + agujas","Retape troncocónicos + agujas","Retape troncocónicos + agujas","Retape troncocónicos + agujas","Retape troncocónicos + agujas","Retape troncocónicos + agujas","Retape troncocónicos + agujas","Retape troncocónicos + agujas","Retape troncocónicos + agujas","Retape troncocónicos + agujas","Retape troncocónicos + agujas","Retape troncocónicos + agujas","Retape troncocónicos + agujas","Retape troncocónicos + agujas","Retape troncocónicos + agujas","Retape troncocónicos + agujas","Retape troncocónicos + agujas","Retape troncocónicos + agujas","Retape troncocónicos + agujas","Retape troncocónicos + agujas","Retape troncocónicos + agujas","Retape troncocónicos + agujas","Retape troncocónicos + agujas","Retape troncocónicos + agujas","Retape troncocónicos + agujas","Retape troncocónicos + agujas","Retape troncocónicos + agujas","Retape troncocónicos + agujas","Retape troncocónicos + agujas","Retape troncocónicos + agujas","Retape troncocónicos + agujas","Retape troncocónicos + agujas","Retape troncocónicos + agujas","Retape troncocónicos + agujas","Retape troncocónicos + agujas","Retape troncocónicos + agujas","Retape troncocónicos + agujas","Retape troncocónicos + agujas","Retape troncocónicos + agujas","Retape troncocónicos + agujas","Retape troncocónicos + agujas","Retape troncocónicos + agujas","Retape troncocónicos + agujas","Retape troncocónicos + agujas","Retape troncocónicos + agujas","Retape troncocónicos + agujas","Retape troncocónicos + agujas","Retape troncocónicos + agujas","Retape troncocónicos + agujas","Retape troncocónicos + agujas","Retape troncocónicos + agujas","Retape troncocónicos + agujas","Retape troncocónicos + agujas","Retape troncocónicos + agujas","Retape troncocónicos + agujas","Retape troncocónicos + agujas","Retape troncocónicos + agujas","Retape troncocónicos + agujas","Retape troncocónicos + agujas","Retape troncocónicos + agujas","Retape troncocónicos + agujas","Retape troncocónicos + agujas","Retape troncocónicos + agujas","Retape troncocónicos + agujas","Retape troncocónicos + agujas","Retape troncocónicos + agujas","Retape troncocónicos + agujas","Retape troncocónicos + agujas","Retape troncocónicos + agujas","Retape troncocónicos + agujas","Retape troncocónicos + agujas","Retape troncocónicos + agujas","Retape troncocónicos + agujas","Retape troncocónicos + agujas","Retape troncocónicos + agujas","Retape troncocónicos + agujas","Retape troncocónicos + agujas","Retape troncocónicos + agujas","Retape troncocónicos + agujas","Retape troncocónicos + agujas","Retape troncocónicos + agujas","Retape troncocónicos + agujas","Retape troncocónicos + agujas","Retape troncocónicos + agujas","Retape troncocónicos + agujas","Retape troncocónicos + agujas","Retape troncocónicos + agujas","Retape troncocónicos + agujas","Retape troncocónicos + agujas","Retape troncocónicos + agujas","Retape troncocónicos + agujas","Retape troncocónicos + agujas","Retape troncocónicos + agujas","Retape troncocónicos + agujas","Retape troncocónicos + agujas","Retape troncocónicos + agujas","Retape troncocónicos + agujas","Retape troncocónicos + agujas","Retape troncocónicos + agujas","Retape troncocónicos + agujas","Retape troncocónicos + agujas","Retape troncocónicos + agujas","Retape troncocónicos + agujas","Retape troncocónicos + agujas","Retape troncocónicos + agujas","Retape troncocónicos + agujas","Retape troncocónicos + agujas","Retape troncocónicos + agujas","Retape troncocónicos + agujas","Retape troncocónicos + agujas","Retape troncocónicos + agujas","Retape troncocónicos + agujas","Retape troncocónicos + agujas","Retape troncocónicos + agujas","Retape troncocónicos + agujas","Retape troncocónicos + agujas","Retape troncocónicos + agujas","Retape troncocónicos + agujas","Retape troncocónicos + agujas","Retape troncocónicos + agujas","Retape troncocónicos + agujas","Retape troncocónicos + agujas","Retape troncocónicos + agujas","Retape troncocónicos + agujas","Retape troncocónicos + agujas","Retape troncocónicos + agujas","Retape troncocónicos + agujas","Retape troncocónicos + agujas","Retape troncocónicos + agujas","Retape troncocónicos + agujas","Retape troncocónicos + agujas","Retape troncocónicos + agujas","Retape troncocónicos + agujas","Retape troncocónicos + agujas","Retape troncocónicos + agujas","Retape troncocónicos + agujas","Retape troncocónicos + agujas","Retape troncocónicos + agujas","Retape troncocónicos + agujas","Retape troncocónicos + agujas","Retape troncocónicos + agujas","Retape troncocónicos + agujas","Retape troncocónicos + agujas","Retape troncocónicos + agujas","Retape troncocónicos + agujas","Retape troncocónicos + agujas","Retape troncocónicos + agujas","Retape troncocónicos + agujas","Retape troncocónicos + agujas","Retape troncocónicos + agujas","Retape troncocónicos + agujas","Retape troncocónicos + agujas","Retape troncocónicos + agujas","Retape troncocónicos + agujas","Retape troncocónicos + agujas","Retape troncocónicos + agujas","Retape troncocónicos + agujas","Retape troncocónicos + agujas","Retape troncocónicos + agujas","Retape troncocónicos + agujas","Retape troncocónicos + agujas","Retape troncocónicos + agujas","Retape troncocónicos + agujas","Retape troncocónicos + agujas","Retape troncocónicos + agujas","Retape troncocónicos + agujas","Retape troncocónicos + agujas","Retape troncocónicos + agujas","Retape troncocónicos + agujas","Retape troncocónicos + agujas","Retape troncocónicos + agujas","Retape troncocónicos + agujas","Retape troncocónicos + agujas","Retape troncocónicos + agujas","Retape troncocónicos + agujas","Retape troncocónicos + agujas","Retape troncocónicos + agujas","Retape troncocónicos + agujas","Retape troncocónicos + agujas","Retape troncocónicos + agujas","Retape troncocónicos + agujas","Retape troncocónicos + agujas","Retape troncocónicos + agujas","Retape troncocónicos + agujas","Retape troncocónicos + agujas","Retape troncocónicos + agujas","Retape troncocónicos + agujas","Retape troncocónicos + agujas","Retape troncocónicos + agujas","Retape troncocónicos + agujas","Retape troncocónicos + agujas","Retape troncocónicos + agujas","Retape troncocónicos + agujas","Retape troncocónicos + agujas","Retape troncocónicos + agujas","Retape troncocónicos + agujas","Retape troncocónicos + agujas","Retape troncocónicos + agujas","Retape troncocónicos + agujas","Retape troncocónicos + agujas","Retape troncocónicos + agujas","Retape troncocónicos + agujas","Retape troncocónicos + agujas","Retape troncocónicos + agujas","Retape troncocónicos + agujas","Retape troncocónicos + agujas","Retape troncocónicos + agujas","Retape troncocónicos + agujas","Retape troncocónicos + agujas","Retape troncocónicos + agujas","Retape troncocónicos + agujas","Retape troncocónicos + agujas","Retape troncocónicos + agujas","Retape troncocónicos + agujas","Retape troncocónicos + agujas","Retape troncocónicos + agujas","Retape troncocónicos + agujas","Retape troncocónicos + agujas","Retape troncocónicos + agujas","Retape troncocónicos + agujas","Retape troncocónicos + agujas","Retape troncocónicos + agujas","Retape troncocónicos + agujas","Retape troncocónicos + agujas","Retape troncocónicos + agujas","Retape troncocónicos + agujas","Retape troncocónicos + agujas","Retape troncocónicos + agujas","Retape troncocónicos + agujas","Retape troncocónicos + agujas","Retape troncocónicos + agujas","Retape troncocónicos + agujas","Retape troncocónicos + agujas","Retape troncocónicos + agujas","Retape troncocónicos + agujas","Retape troncocónicos + agujas","Retape troncocónicos + agujas","Retape troncocónicos + agujas","Retape troncocónicos + agujas","Retape troncocónicos + agujas","Retape troncocónicos + agujas","Retape troncocónicos + agujas","Retape troncocónicos + agujas","Retape troncocónicos + agujas","Retape troncocónicos + agujas","Retape troncocónicos + agujas","Retape troncocónicos + agujas","Retape troncocónicos + agujas","Retape troncocónicos + agujas","Retape troncocónicos + agujas","Retape troncocónicos + agujas","Retape troncocónicos + agujas","Retape troncocónicos + agujas","Retape troncocónicos + agujas","Retape troncocónicos + agujas","Retape troncocónicos + agujas","Retape troncocónicos + agujas","Retape troncocónicos + agujas","Retape troncocónicos + agujas","Retape troncocónicos + agujas","Retape troncocónicos + agujas","Retape troncocónicos + agujas","Retape troncocónicos + agujas","Retape troncocónicos + agujas","Retape troncocónicos + agujas","Retape troncocónicos + agujas","Retape troncocónicos + agujas","Retape troncocónicos + agujas","Retape troncocónicos + agujas","Retape troncocónicos + agujas","Retape troncocónicos + agujas","Retape troncocónicos + agujas","Retape troncocónicos + agujas","Retape troncocónicos + agujas","Retape troncocónicos + agujas","Retape troncocónicos + agujas","Retape troncocónicos + agujas","Retape troncocónicos + agujas","Retape troncocónicos + agujas","Retape troncocónicos + agujas","Retape troncocónicos + agujas","Retape troncocónicos + agujas","Retape troncocónicos + agujas","Retape troncocónicos + agujas","Retape troncocónicos + agujas","Retape troncocónicos + agujas","Retape troncocónicos + agujas","Retape troncocónicos + agujas","Retape troncocónicos + agujas","Retape troncocónicos + agujas","Retape troncocónicos + agujas","Retape troncocónicos + agujas","Retape troncocónicos + agujas","Retape troncocónicos + agujas","Retape troncocónicos + agujas","Retape troncocónicos + agujas","Retape troncocónicos + agujas","Retape troncocónicos + agujas","Retape troncocónicos + agujas","Retape troncocónicos + agujas","Retape troncocónicos + agujas","Retape troncocónicos + agujas","Retape troncocónicos + agujas","Retape troncocónicos + agujas","Retape troncocónicos + agujas","Retape troncocónicos + agujas","Retape troncocónicos + agujas","Retape troncocónicos + agujas","Retape troncocónicos + agujas","Retape troncocónicos + agujas","Retape troncocónicos + agujas","Retape troncocónicos + agujas","Retape troncocónicos + agujas","Retape troncocónicos + agujas","Retape troncocónicos + agujas","Retape troncocónicos + agujas","Retape troncocónicos + agujas","Retape troncocónicos + agujas","Retape troncocónicos + agujas","Retape troncocónicos + agujas","Retape troncocónicos + agujas","Retape troncocónicos + agujas","Retape troncocónicos + agujas","Retape troncocónicos + agujas","Retape troncocónicos + agujas","Retape troncocónicos + agujas","Retape troncocónicos + agujas","Retape troncocónicos + agujas","Retape troncocónicos + agujas","Retape troncocónicos + agujas","Retape troncocónicos + agujas","Retape troncocónicos + agujas","Retape troncocónicos + agujas","Retape troncocónicos + agujas","Retape troncocónicos + agujas","Retape troncocónicos + agujas","Retape troncocónicos + agujas","Retape troncocónicos + agujas","Retape troncocónicos + agujas","Retape troncocónicos + agujas","Retape troncocónicos + agujas","Retape troncocónicos + agujas","Retape troncocónicos + agujas","Retape troncocónicos + agujas","Retape troncocónicos + agujas","Retape troncocónicos + agujas","Retape troncocónicos + agujas","Retape troncocónicos + agujas","Retape troncocónicos + agujas","Retape troncocónicos + agujas","Retape troncocónicos + agujas","Retape troncocónicos + agujas","Retape troncocónicos + agujas","Retape troncocónicos + agujas","Retape troncocónicos + agujas","Retape troncocónicos + agujas","Retape troncocónicos + agujas","Retape troncocónicos + agujas","Retape troncocónicos + agujas","Retape troncocónicos + agujas","Retape troncocónicos + agujas","Retape troncocónicos + agujas","Retape troncocónicos + agujas","Retape troncocónicos + agujas","Retape troncocónicos + agujas","Retape troncocónicos + agujas","Retape troncocónicos + agujas","Retape troncocónicos + agujas","Retape troncocónicos + agujas","Retape troncocónicos + agujas","Retape troncocónicos + agujas","Retape troncocónicos + agujas","Retape troncocónicos + agujas","Retape troncocónicos + agujas","Retape troncocónicos + agujas","Retape troncocónicos + agujas","Retape troncocónicos + agujas","Retape troncocónicos + agujas","Retape troncocónicos + agujas","Retape troncocónicos + agujas","Retape troncocónicos + agujas","Retape troncocónicos + agujas","Retape troncocónicos + agujas","Retape troncocónicos + agujas","Retape troncocónicos + agujas","Retape troncocónicos + agujas","Retape troncocónicos + agujas","Retape troncocónicos + agujas","Retape troncocónicos + agujas","Retape troncocónicos + agujas","Retape troncocónicos + agujas","Retape troncocónicos + agujas","Retape troncocónicos + agujas","Retape troncocónicos + agujas","Retape troncocónicos + agujas","Retape troncocónicos + agujas","Retape troncocónicos + agujas","Retape troncocónicos + agujas","Retape troncocónicos + agujas","Retape troncocónicos + agujas","Retape troncocónicos + agujas","Retape troncocónicos + agujas","Retape troncocónicos + agujas","Retape troncocónicos + agujas","Retape troncocónicos + agujas","Retape troncocónicos + agujas","Retape troncocónicos + agujas","Retape troncocónicos + agujas","Retape troncocónicos + agujas","Retape troncocónicos + agujas","Retape troncocónicos + agujas","Retape troncocónicos + agujas","Retape troncocónicos + agujas","Retape troncocónicos + agujas","Retape troncocónicos + agujas","Retape troncocónicos + agujas","Retape troncocónicos + agujas","Retape troncocónicos + agujas","Retape troncocónicos + agujas","Retape troncocónicos + agujas","Retape troncocónicos + agujas","Retape troncocónicos + agujas","Retape troncocónicos + agujas","Retape troncocónicos + agujas","Retape troncocónicos + agujas","Retape troncocónicos + agujas","Retape troncocónicos + agujas","Retape troncocónicos + agujas","Retape troncocónicos + agujas","Retape troncocónicos + agujas","Retape troncocónicos + agujas","Retape troncocónicos + agujas","Retape troncocónicos + agujas","Retape troncocónicos + agujas","Retape troncocónicos + agujas","Retape troncocónicos + agujas","Retape troncocónicos + agujas","Retape troncocónicos + agujas","Retape troncocónicos + agujas","Retape troncocónicos + agujas","Retape troncocónicos + agujas","Retape troncocónicos + agujas","Retape troncocónicos + agujas","Retape troncocónicos + agujas","Retape troncocónicos + agujas","Retape troncocónicos + agujas","Retape troncocónicos + agujas","Retape troncocónicos + agujas","Retape troncocónicos + agujas","Retape troncocónicos + agujas","Retape troncocónicos + agujas","Retape troncocónicos + agujas","Retape troncocónicos + agujas","Retape troncocónicos + agujas","Retape troncocónicos + agujas","Retape troncocónicos + agujas","Retape troncocónicos + agujas","Retape troncocónicos + agujas","Retape troncocónicos + agujas","Retape troncocónicos + agujas","Retape troncocónicos + agujas","Retape troncocónicos + agujas","Retape troncocónicos + agujas","Retape troncocónicos + agujas","Retape troncocónicos + agujas","Retape troncocónicos + agujas","Retape troncocónicos + agujas","Retape troncocónicos + agujas","Retape troncocónicos + agujas","Retape troncocónicos + agujas","Retape troncocónicos + agujas","Retape troncocónicos + agujas","Retape troncocónicos + agujas","Retape troncocónicos + agujas","Retape troncocónicos + agujas","Retape troncocónicos + agujas","Retape troncocónicos + agujas","Retape troncocónicos + agujas","Retape troncocónicos + agujas","Retape troncocónicos + agujas","Retape troncocónicos + agujas","Retape troncocónicos + agujas","Retape troncocónicos + agujas","Retape troncocónicos + agujas","Retape troncocónicos + agujas","Retape troncocónicos + agujas","Retape troncocónicos + agujas","Retape troncocónicos + agujas","Retape troncocónicos + agujas","Retape troncocónicos + agujas","Retape troncocónicos + agujas","Retape troncocónicos + agujas","Retape troncocónicos + agujas","Retape troncocónicos + agujas","Retape troncocónicos + agujas","Retape troncocónicos + agujas","Retape troncocónicos + agujas","Retape troncocónicos + agujas","Retape troncocónicos + agujas","Retape troncocónicos + agujas","Retape troncocónicos + agujas","Retape troncocónicos + agujas","Retape troncocónicos + agujas","Retape troncocónicos + agujas","Retape troncocónicos + agujas","Retape troncocónicos + agujas","Retape troncocónicos + agujas","Retape troncocónicos + agujas","Retape troncocónicos + agujas","Retape troncocónicos + agujas","Retape troncocónicos + agujas","Retape troncocónicos + agujas","Retape troncocónicos + agujas","Retape troncocónicos + agujas","Retape troncocónicos + agujas","Retape troncocónicos + agujas","Retape troncocónicos + agujas","Retape troncocónicos + agujas","Retape troncocónicos + agujas","Retape troncocónicos + agujas","Retape troncocónicos + agujas","Retape troncocónicos + agujas","Retape troncocónicos + agujas","Retape troncocónicos + agujas","Retape troncocónicos + agujas","Retape troncocónicos + agujas","Retape troncocónicos + agujas","Retape troncocónicos + agujas","Retape troncocónicos + agujas","Retape troncocónicos + agujas","Retape troncocónicos + agujas","Retape troncocónicos + agujas","Retape troncocónicos + agujas","Retape troncocónicos + agujas","Retape troncocónicos + agujas","Retape troncocónicos + agujas","Retape troncocónicos + agujas","Retape troncocónicos + agujas","Retape troncocónicos + agujas","Retape troncocónicos + agujas","Retape troncocónicos + agujas","Retape troncocónicos + agujas","Retape troncocónicos + agujas","Retape troncocónicos + agujas","Retape troncocónicos + agujas","Retape troncocónicos + agujas","Retape troncocónicos + agujas","Retape troncocónicos + agujas","Retape troncocónicos + agujas","Retape troncocónicos + agujas","Retape troncocónicos + agujas","Retape troncocónicos + agujas","Retape troncocónicos + agujas","Retape troncocónicos + agujas","Retape troncocónicos + agujas","Retape troncocónicos + agujas","Retape troncocónicos + agujas","Retape troncocónicos + agujas","Retape troncocónicos + agujas","Retape troncocónicos + agujas","Retape troncocónicos + agujas","Retape troncocónicos + agujas","Retape troncocónicos + agujas","Retape troncocónicos + agujas","Retape troncocónicos + agujas","Retape troncocónicos + agujas","Retape troncocónicos + agujas","Retape troncocónicos + agujas","Retape troncocónicos + agujas","Retape troncocónicos + agujas","Retape troncocónicos + agujas","Retape troncocónicos + agujas","Retape troncocónicos + agujas","Retape troncocónicos + agujas","Retape troncocónicos + agujas","Retape troncocónicos + agujas","Retape troncocónicos + agujas","Retape troncocónicos + agujas","Retape troncocónicos + agujas","Retape troncocónicos + agujas","Retape troncocónicos + agujas","Retape troncocónicos + agujas","Retape troncocónicos + agujas","Retape troncocónicos + agujas","Retape troncocónicos + agujas","Retape troncocónicos + agujas","Retape troncocónicos + agujas","Retape troncocónicos + agujas","Retape troncocónicos + agujas","Retape troncocónicos + agujas","Retape troncocónicos + agujas","Retape troncocónicos + agujas","Retape troncocónicos + agujas","Retape troncocónicos + agujas","Retape troncocónicos + agujas","Retape troncocónicos + agujas","Retape troncocónicos + agujas","Retape troncocónicos + agujas","Retape troncocónicos + agujas","Retape troncocónicos + agujas","Retape troncocónicos + agujas","Retape troncocónicos + agujas","Retape troncocónicos + agujas","Retape troncocónicos + agujas","Retape troncocónicos + agujas","Retape troncocónicos + agujas","Retape troncocónicos + agujas","Retape troncocónicos + agujas","Retape troncocónicos + agujas","Retape troncocónicos + agujas","Retape troncocónicos + agujas","Retape troncocónicos + agujas","Retape troncocónicos + agujas","Retape troncocónicos + agujas","Retape troncocónicos + agujas","Retape troncocónicos + agujas","Retape troncocónicos + agujas","Retape troncocónicos + agujas","Retape troncocónicos + agujas","Retape troncocónicos + agujas","Retape troncocónicos + agujas","Retape troncocónicos + agujas","Retape troncocónicos + agujas","Retape troncocónicos + agujas","Retape troncocónicos + agujas","Retape troncocónicos + agujas","Retape troncocónicos + agujas","Retape troncocónicos + agujas","Retape troncocónicos + agujas","Retape troncocónicos + agujas","Retape troncocónicos + agujas","Retape troncocónicos + agujas","Retape troncocónicos + agujas","Retape troncocónicos + agujas","Retape troncocónicos + agujas","Retape troncocónicos + agujas","Retape troncocónicos + agujas","Retape troncocónicos + agujas","Retape troncocónicos + agujas","Retape troncocónicos + agujas","Retape troncocónicos + agujas","Retape troncocónicos + agujas","Retape troncocónicos + agujas","Retape troncocónicos + agujas","Retape troncocónicos + agujas","Retape troncocónicos + agujas","Retape troncocónicos + agujas","Retape troncocónicos + agujas","Retape troncocónicos + agujas","Retape troncocónicos + agujas","Retape troncocónicos + agujas","Retape troncocónicos + agujas","Retape troncocónicos + agujas","Retape troncocónicos + agujas","Retape troncocónicos + agujas","Retape troncocónicos + agujas","Retape troncocónicos + agujas","Retape troncocónicos + agujas","Retape troncocónicos + agujas","Retape troncocónicos + agujas","Retape troncocónicos + agujas","Retape troncocónicos + agujas","Retape troncocónicos + agujas","Retape troncocónicos + agujas","Retape troncocónicos + agujas","Retape troncocónicos + agujas","Retape troncocónicos + agujas","Retape troncocónicos + agujas","Retape troncocónicos + agujas","Retape troncocónicos + agujas","Retape troncocónicos + agujas","Retape troncocónicos + agujas","Retape troncocónicos + agujas","Retape troncocónicos + agujas","Retape troncocónicos + agujas","Retape troncocónicos + agujas","Retape troncocónicos + agujas","Retape troncocónicos + agujas","Retape troncocónicos + agujas","Retape troncocónicos + agujas","Retape troncocónicos + agujas","Retape troncocónicos + agujas","Retape troncocónicos + agujas","Retape troncocónicos + agujas","Retape troncocónicos + agujas","Retape troncocónicos + agujas","Retape troncocónicos + agujas","Retape troncocónicos + agujas","Retape troncocónicos + agujas","Retape troncocónicos + agujas","Retape troncocónicos + agujas","Retape troncocónicos + agujas","Retape troncocónicos + agujas","Retape troncocónicos + agujas","Retape troncocónicos + agujas","Retape troncocónicos + agujas","Retape troncocónicos + agujas","Retape troncocónicos + agujas","Retape troncocónicos + agujas","Retape troncocónicos + agujas","Retape troncocónicos + agujas","Retape troncocónicos + agujas","Retape troncocónicos + agujas","Retape troncocónicos + agujas","Retape troncocónicos + agujas","Retape troncocónicos + agujas","Retape troncocónicos + agujas","Retape troncocónicos + agujas","Retape troncocónicos + agujas","Retape troncocónicos + agujas","Retape troncocónicos + agujas","Retape troncocónicos + agujas","Retape troncocónicos + agujas","Retape troncocónicos + agujas","Retape troncocónicos + agujas","Retape troncocónicos + agujas","Retape troncocónicos + agujas","Retape troncocónicos + agujas","Retape troncocónicos + agujas","Retape troncocónicos + agujas","Retape troncocónicos + agujas","Retape troncocónicos + agujas","Retape troncocónicos + agujas","Retape troncocónicos + agujas","Retape troncocónicos + agujas","Retape troncocónicos + agujas","Retape troncocónicos + agujas","Retape troncocónicos + agujas","Retape troncocónicos + agujas","Retape troncocónicos + agujas","Retape troncocónicos + agujas","Retape troncocónicos + agujas","Retape troncocónicos + agujas","Retape troncocónicos + agujas","Retape troncocónicos + agujas","Retape troncocónicos + agujas","Retape troncocónicos + agujas","Retape troncocónicos + agujas","Retape troncocónicos + agujas","Retape troncocónicos + agujas","Retape troncocónicos + agujas","Retape troncocónicos + agujas","Retape troncocónicos + agujas","Retape troncocónicos + agujas","Retape troncocónicos + agujas","Retape troncocónicos + agujas","Retape troncocónicos + agujas","Retape troncocónicos + agujas","Retape troncocónicos + agujas","Retape troncocónicos + agujas","Retape troncocónicos + agujas","Retape troncocónicos + agujas","Retape troncocónicos + agujas","Retape troncocónicos + agujas","Retape troncocónicos + agujas","Retape troncocónicos + agujas","Retape troncocónicos + agujas","Retape troncocónicos + agujas","Retape troncocónicos + agujas","Retape troncocónicos + agujas","Retape troncocónicos + agujas","Retape troncocónicos + agujas","Retape troncocónicos + agujas","Retape troncocónicos + agujas","Retape troncocónicos + agujas","Retape troncocónicos + agujas","Retape troncocónicos + agujas","Retape troncocónicos + agujas","Retape troncocónicos + agujas","Retape troncocónicos + agujas","Retape troncocónicos + agujas","Retape troncocónicos + agujas","Retape troncocónicos + agujas","Retape troncocónicos + agujas","Retape troncocónicos + agujas","Retape troncocónicos + agujas","Retape troncocónicos + agujas","Retape troncocónicos + agujas","Retape troncocónicos + agujas","Retape troncocónicos + agujas","Retape troncocónicos + agujas","Retape troncocónicos + agujas","Retape troncocónicos + agujas","Retape troncocónicos + agujas","Retape troncocónicos + agujas","Retape troncocónicos + agujas","Retape troncocónicos + agujas","Retape troncocónicos + agujas","Retape troncocónicos + agujas","Retape troncocónicos + agujas","Retape troncocónicos + agujas","Retape troncocónicos + agujas","Retape troncocónicos + agujas","Retape troncocónicos + agujas","Retape troncocónicos + agujas","Retape troncocónicos + agujas","Retape troncocónicos + agujas","Retape troncocónicos + agujas","Retape troncocónicos + agujas","Retape troncocónicos + agujas","Retape troncocónicos + agujas","Retape troncocónicos + agujas","Retape troncocónicos + agujas","Retape troncocónicos + agujas","Retape troncocónicos + agujas","Retape troncocónicos + agujas","Retape troncocónicos + agujas","Retape troncocónicos + agujas","Retape troncocónicos + agujas","Retape troncocónicos + agujas","Retape troncocónicos + agujas","Retape troncocónicos + agujas","Retape troncocónicos + agujas","Retape troncocónicos + agujas","Retape troncocónicos + agujas","Retape troncocónicos + agujas","Retape troncocónicos + agujas","Retape troncocónicos + agujas","Retape troncocónicos + agujas","Retape troncocónicos + agujas","Retape troncocónicos + agujas","Retape troncocónicos + agujas","Retape troncocónicos + agujas","Retape troncocónicos + agujas","Retape troncocónicos + agujas","Retape troncocónicos + agujas","Retape troncocónicos + agujas","Retape troncocónicos + agujas","Retape troncocónicos + agujas","Retape troncocónicos + agujas","Retape troncocónicos + agujas","Retape troncocónicos + agujas","Retape troncocónicos + agujas","Retape troncocónicos + agujas","Retape troncocónicos + agujas","Retape troncocónicos + agujas","Retape troncocónicos + agujas","Retape troncocónicos + agujas","Retape troncocónicos + agujas","Retape troncocónicos + agujas","Retape troncocónicos + agujas","Retape troncocónicos + agujas","Retape troncocónicos + agujas","Retape troncocónicos + agujas","Retape troncocónicos + agujas","Retape troncocónicos + agujas","Retape troncocónicos + agujas","Retape troncocónicos + agujas","Retape troncocónicos + agujas","Retape troncocónicos + agujas","Retape troncocónicos + agujas","Retape troncocónicos + agujas","Retape troncocónicos + agujas","Retape troncocónicos + agujas","Retape troncocónicos + agujas","Retape troncocónicos + agujas","Retape troncocónicos + agujas","Retape troncocónicos + agujas","Retape troncocónicos + agujas","Retape troncocónicos + agujas","Retape troncocónicos + agujas","Retape troncocónicos + agujas","Retape troncocónicos + agujas","Retape troncocónicos + agujas","Retape troncocónicos + agujas","Retape troncocónicos + agujas","Retape troncocónicos + agujas","Retape troncocónicos + agujas","Retape troncocónicos + agujas","Retape troncocónicos + agujas","Retape troncocónicos + agujas","Retape troncocónicos + agujas","Retape troncocónicos + agujas","Retape troncocónicos + agujas","Retape troncocónicos + agujas","Retape troncocónicos + agujas","Retape troncocónicos + agujas","Retape troncocónicos + agujas","Retape troncocónicos + agujas","Retape troncocónicos + agujas","Retape troncocónicos + agujas","Retape troncocónicos + agujas","Retape troncocónicos + agujas","Retape troncocónicos + agujas","Retape troncocónicos + agujas","Retape troncocónicos + agujas","Retape troncocónicos + agujas","Retape troncocónicos + agujas","Retape troncocónicos + agujas","Retape troncocónicos + agujas","Retape troncocónicos + agujas","Retape troncocónicos + agujas","Retape troncocónicos + agujas","Retape troncocónicos + agujas","Retape troncocónicos + agujas","Retape troncocónicos + agujas","Retape troncocónicos + agujas","Retape troncocónicos + agujas","Retape troncocónicos + agujas","Retape troncocónicos + agujas","Retape troncocónicos + agujas","Retape troncocónicos + agujas","Retape troncocónicos + agujas","Retape troncocónicos + agujas","Retape troncocónicos + agujas","Retape troncocónicos + agujas","Retape troncocónicos + agujas","Retape troncocónicos + agujas","Retape troncocónicos + agujas","Retape troncocónicos + agujas","Retape troncocónicos + agujas","Retape troncocónicos + agujas","Retape troncocónicos + agujas","Retape troncocónicos + agujas","Retape troncocónicos + agujas","Retape troncocónicos + agujas","Retape troncocónicos + agujas","Retape troncocónicos + agujas","Retape troncocónicos + agujas","Retape troncocónicos + agujas","Retape troncocónicos + agujas","Retape troncocónicos + agujas","Retape troncocónicos + agujas","Retape troncocónicos + agujas","Retape troncocónicos + agujas","Retape troncocónicos + agujas","Retape troncocónicos + agujas","Retape troncocónicos + agujas","Retape troncocónicos + agujas","Retape troncocónicos + agujas","Retape troncocónicos + agujas","Retape troncocónicos + agujas","Retape troncocónicos + agujas","Retape troncocónicos + agujas","Retape troncocónicos + agujas","Retape troncocónicos + agujas","Retape troncocónicos + agujas","Retape troncocónicos + agujas","Retape troncocónicos + agujas","Retape troncocónicos + agujas","Retape troncocónicos + agujas","Retape troncocónicos + agujas","Retape troncocónicos + agujas","Retape troncocónicos + agujas","Retape troncocónicos + agujas","Retape troncocónicos + agujas","Retape troncocónicos + agujas","Retape troncocónicos + agujas","Retape troncocónicos + agujas","Retape troncocónicos + agujas","Retape troncocónicos + agujas","Retape troncocónicos + agujas","Retape troncocónicos + agujas","Retape troncocónicos + agujas","Retape troncocónicos + agujas","Retape troncocónicos + agujas","Retape troncocónicos + agujas","Retape troncocónicos + agujas","Retape troncocónicos + agujas","Retape troncocónicos + agujas","Retape troncocónicos + agujas","Retape troncocónicos + agujas","Retape troncocónicos + agujas","Retape troncocónicos + agujas","Retape troncocónicos + agujas","Retape troncocónicos + agujas","Retape troncocónicos + agujas","Retape troncocónicos + agujas","Retape troncocónicos + agujas","Retape troncocónicos + agujas","Retape troncocónicos + agujas","Retape troncocónicos + agujas","Retape troncocónicos + agujas","Retape troncocónicos + agujas","Retape troncocónicos + agujas","Retape troncocónicos + agujas","Retape troncocónicos + agujas","Retape troncocónicos + agujas","Retape troncocónicos + agujas","Retape troncocónicos + agujas","Retape troncocónicos + agujas","Retape troncocónicos + agujas","Retape troncocónicos + agujas","Retape troncocónicos + agujas","Retape troncocónicos + agujas","Retape troncocónicos + agujas","Retape troncocónicos + agujas","Retape troncocónicos + agujas","Retape troncocónicos + agujas","Retape troncocónicos + agujas","Retape troncocónicos + agujas","Retape troncocónicos + agujas","Retape troncocónicos + agujas","Retape troncocónicos + agujas","Retape troncocónicos + agujas","Retape troncocónicos + agujas","Retape troncocónicos + agujas","Retape troncocónicos + agujas","Retape troncocónicos + agujas","Retape troncocónicos + agujas","Retape troncocónicos + agujas","Retape troncocónicos + agujas","Retape troncocónicos + agujas","Retape troncocónicos + agujas","Retape troncocónicos + agujas","Retape troncocónicos + agujas","Retape troncocónicos + agujas","Retape troncocónicos + agujas","Retape troncocónicos + agujas","Retape troncocónicos + agujas","Retape troncocónicos + agujas","Retape troncocónicos + agujas","Retape troncocónicos + agujas","Retape troncocónicos + agujas","Retape troncocónicos + agujas","Retape troncocónicos + agujas","Retape troncocónicos + agujas","Retape troncocónicos + agujas","Retape troncocónicos + agujas","Retape troncocónicos + agujas","Retape troncocónicos + agujas","Retape troncocónicos + agujas","Retape troncocónicos + agujas","Retape troncocónicos + agujas","Retape troncocónicos + agujas","Retape troncocónicos + agujas","Retape troncocónicos + agujas","Retape troncocónicos + agujas","Retape troncocónicos + agujas","Retape troncocónicos + agujas","Retape troncocónicos + agujas","Retape troncocónicos + agujas","Retape troncocónicos + agujas","Retape troncocónicos + agujas","Retape troncocónicos + agujas","Retape troncocónicos + agujas","Retape troncocónicos + agujas","Retape troncocónicos + agujas","Retape troncocónicos + agujas","Retape troncocónicos + agujas","Retape troncocónicos + agujas","Retape troncocónicos + agujas","Retape troncocónicos + agujas","Retape troncocónicos + agujas","Retape troncocónicos + agujas","Retape troncocónicos + agujas","Retape troncocónicos + agujas","Retape troncocónicos + agujas","Retape troncocónicos + agujas","Retape troncocónicos + agujas","Retape troncocónicos + agujas","Retape troncocónicos + agujas","Retape troncocónicos + agujas","Retape troncocónicos + agujas","Retape troncocónicos + agujas","Retape troncocónicos + agujas","Retape troncocónicos + agujas","Retape troncocónicos + agujas","Retape troncocónicos + agujas","Retape troncocónicos + agujas","Retape troncocónicos + agujas","Retape troncocónicos + agujas","Retape troncocónicos + agujas","Retape troncocónicos + agujas","Retape troncocónicos + agujas","Retape troncocónicos + agujas","Retape troncocónicos + agujas","Retape troncocónicos + agujas","Retape troncocónicos + agujas","Retape troncocónicos + agujas","Retape troncocónicos + agujas","Retape troncocónicos + agujas","Retape troncocónicos + agujas","Retape troncocónicos + agujas","Retape troncocónicos + agujas","Retape troncocónicos + agujas","Retape troncocónicos + agujas","Retape troncocónicos + agujas","Retape troncocónicos + agujas","Retape troncocónicos + agujas","Retape troncocónicos + agujas","Retape troncocónicos + agujas","Retape troncocónicos + agujas","Retape troncocónicos + agujas","Retape troncocónicos + agujas","Retape troncocónicos + agujas","Retape troncocónicos + agujas","Retape troncocónicos + agujas","Retape troncocónicos + agujas","Retape troncocónicos + agujas","Retape troncocónicos + agujas","Retape troncocónicos + agujas","Retape troncocónicos + agujas","Retape troncocónicos + agujas","Retape troncocónicos + agujas","Retape troncocónicos + agujas","Retape troncocónicos + agujas","Retape troncocónicos + agujas","Retape troncocónicos + agujas","Retape troncocónicos + agujas","Retape troncocónicos + agujas","Retape troncocónicos + agujas","Retape troncocónicos + agujas","Retape troncocónicos + agujas","Retape troncocónicos + agujas","Retape troncocónicos + agujas","Retape troncocónicos + agujas","Retape troncocónicos + agujas","Retape troncocónicos + agujas","Retape troncocónicos + agujas","Retape troncocónicos + agujas","Retape troncocónicos + agujas","Retape troncocónicos + agujas","Retape troncocónicos + agujas","Retape troncocónicos + agujas","Retape troncocónicos + agujas","Retape troncocónicos + agujas","Retape troncocónicos + agujas","Retape troncocónicos + agujas","Retape troncocónicos + agujas","Retape troncocónicos + agujas","Retape troncocónicos + agujas","Retape troncocónicos + agujas","Retape troncocónicos + agujas","Retape troncocónicos + agujas","Retape troncocónicos + agujas","Retape troncocónicos + agujas","Retape troncocónicos + agujas","Retape troncocónicos + agujas","Retape troncocónicos + agujas","Retape troncocónicos + agujas","Retape troncocónicos + agujas","Retape troncocónicos + agujas","Retape troncocónicos + agujas","Retape troncocónicos + agujas","Retape troncocónicos + agujas","Retape troncocónicos + agujas","Retape troncocónicos + agujas","Retape troncocónicos + agujas","Retape troncocónicos + agujas","Retape troncocónicos + agujas","Retape troncocónicos + agujas","Retape troncocónicos + agujas","Retape troncocónicos + agujas","Retape troncocónicos + agujas","Retape troncocónicos + agujas","Retape troncocónicos + agujas","Retape troncocónicos + agujas","Retape troncocónicos + agujas","Retape troncocónicos + agujas","Retape troncocónicos + agujas","Retape troncocónicos + agujas","Retape troncocónicos + agujas","Retape troncocónicos + agujas","Retape troncocónicos + agujas","Retape troncocónicos + agujas","Retape troncocónicos + agujas","Retape troncocónicos + agujas","Retape troncocónicos + agujas","Retape troncocónicos + agujas","Retape troncocónicos + agujas","Retape troncocónicos + agujas","Retape troncocónicos + agujas","Retape troncocónicos + agujas","Retape troncocónicos + agujas","Retape troncocónicos + agujas","Retape troncocónicos + agujas","Retape troncocónicos + agujas","Retape troncocónicos + agujas","Retape troncocónicos + agujas","Retape troncocónicos + agujas","Retape troncocónicos + agujas","Retape troncocónicos + agujas","Retape troncocónicos + agujas","Retape troncocónicos + agujas","Retape troncocónicos + agujas","Retape troncocónicos + agujas","Retape troncocónicos + agujas","Retape troncocónicos + agujas","Retape troncocónicos + agujas","Retape troncocónicos + agujas","Retape troncocónicos + agujas","Retape troncocónicos + agujas","Retape troncocónicos + agujas","Retape troncocónicos + agujas","Retape troncocónicos + agujas","Retape troncocónicos + agujas","Retape troncocónicos + agujas","Retape troncocónicos + agujas","Retape troncocónicos + agujas","Retape troncocónicos + agujas","Retape troncocónicos + agujas","Retape troncocónicos + agujas","Retape troncocónicos + agujas","Retape troncocónicos + agujas","Retape troncocónicos + agujas","Retape troncocónicos + agujas","Retape troncocónicos + agujas","Retape troncocónicos + agujas","Retape troncocónicos + agujas","Retape troncocónicos + agujas","Retape troncocónicos + agujas","Retape troncocónicos + agujas","Retape troncocónicos + agujas","Retape troncocónicos + agujas","Retape troncocónicos + agujas","Retape troncocónicos + agujas","Retape troncocónicos + agujas","Retape troncocónicos + agujas","Retape troncocónicos + agujas","Retape troncocónicos + agujas","Retape troncocónicos + agujas","Retape troncocónicos + agujas","Retape troncocónicos + agujas","Retape troncocónicos + agujas","Retape troncocónicos + agujas","Retape troncocónicos + agujas","Retape troncocónicos + agujas","Retape troncocónicos + agujas","Retape troncocónicos + agujas","Retape troncocónicos + agujas","Retape troncocónicos + agujas","Retape troncocónicos + agujas","Retape troncocónicos + agujas","Retape troncocónicos + agujas","Retape troncocónicos + agujas","Retape troncocónicos + agujas","Retape troncocónicos + agujas","Retape troncocónicos + agujas","Retape troncocónicos + agujas","Retape troncocónicos + agujas","Retape troncocónicos + agujas","Retape troncocónicos + agujas","Retape troncocónicos + agujas","Retape troncocónicos + agujas","Retape troncocónicos + agujas","Retape troncocónicos + agujas","Retape troncocónicos + agujas","Retape troncocónicos + agujas","Retape troncocónicos + agujas","Retape troncocónicos + agujas","Retape troncocónicos + agujas","Retape troncocónicos + agujas","Retape troncocónicos + agujas","Retape troncocónicos + agujas","Retape troncocónicos + agujas","Retape troncocónicos + agujas","Retape troncocónicos + agujas","Retape troncocónicos + agujas","Retape troncocónicos + agujas","Retape troncocónicos + agujas","Retape troncocónicos + agujas","Retape troncocónicos + agujas","Retape troncocónicos + agujas","Retape troncocónicos + agujas","Retape troncocónicos + agujas","Retape troncocónicos + agujas","Retape troncocónicos + agujas","Retape troncocónicos + agujas","Retape troncocónicos + agujas","Retape troncocónicos + agujas","Retape troncocónicos + agujas","Retape troncocónicos + agujas","Retape troncocónicos + agujas","Retape troncocónicos + agujas","Retape troncocónicos + agujas","Retape troncocónicos + agujas","Retape troncocónicos + agujas","Retape troncocónicos + agujas","Retape troncocónicos + agujas","Retape troncocónicos + agujas","Retape troncocónicos + agujas","Retape troncocónicos + agujas","Retape troncocónicos + agujas","Retape troncocónicos + agujas","Retape troncocónicos + agujas","Retape troncocónicos + agujas","Retape troncocónicos + agujas","Retape troncocónicos + agujas","Retape troncocónicos + agujas","Retape troncocónicos + agujas","Retape troncocónicos + agujas","Retape troncocónicos + agujas","Retape troncocónicos + agujas","Retape troncocónicos + agujas","Retape troncocónicos + agujas","Retape troncocónicos + agujas","Retape troncocónicos + agujas","Retape troncocónicos + agujas","Retape troncocónicos + agujas","Retape troncocónicos + agujas","Retape troncocónicos + agujas","Retape troncocónicos + agujas","Retape troncocónicos + agujas","Retape troncocónicos + agujas","Retape troncocónicos + agujas","Retape troncocónicos + agujas","Retape troncocónicos + agujas","Retape troncocónicos + agujas","Retape troncocónicos + agujas","Retape troncocónicos + agujas","Retape troncocónicos + agujas","Retape troncocónicos + agujas","Retape troncocónicos + agujas","Retape troncocónicos + agujas","Retape troncocónicos + agujas","Retape troncocónicos + agujas","Retape troncocónicos + agujas","Retape troncocónicos + agujas","Retape troncocónicos + agujas","Retape troncocónicos + agujas","Retape troncocónicos + agujas","Retape troncocónicos + agujas","Retape troncocónicos + agujas","Retape troncocónicos + agujas","Retape troncocónicos + agujas","Retape troncocónicos + agujas","Retape troncocónicos + agujas","Retape troncocónicos + agujas","Retape troncocónicos + agujas","Retape troncocónicos + agujas","Retape troncocónicos + agujas","Retape troncocónicos + agujas","Retape troncocónicos + agujas","Retape troncocónicos + agujas","Retape troncocónicos + agujas","Retape troncocónicos + agujas","Retape troncocónicos + agujas","Retape troncocónicos + agujas","Retape troncocónicos + agujas","Retape troncocónicos + agujas","Retape troncocónicos + agujas","Retape troncocónicos + agujas","Retape troncocónicos + agujas","Retape troncocónicos + agujas","Retape troncocónicos + agujas","Retape troncocónicos + agujas","Retape troncocónicos + agujas","Retape troncocónicos + agujas","Retape troncocónicos + agujas","Retape troncocónicos + agujas","Retape troncocónicos + agujas","Retape troncocónicos + agujas","Retape troncocónicos + agujas","Retape troncocónicos + agujas","Retape troncocónicos + agujas","Retape troncocónicos + agujas","Retape troncocónicos + agujas","Retape troncocónicos + agujas","Retape troncocónicos + agujas","Retape troncocónicos + agujas","Retape troncocónicos + agujas","Retape troncocónicos + agujas","Retape troncocónicos + agujas","Retape troncocónicos + agujas","Retape troncocónicos + agujas","Retape troncocónicos + agujas","Retape troncocónicos + agujas","Retape troncocónicos + agujas","Retape troncocónicos + agujas","Retape troncocónicos + agujas","Retape troncocónicos + agujas","Retape troncocónicos + agujas","Retape troncocónicos + agujas","Retape troncocónicos + agujas","Retape troncocónicos + agujas","Retape troncocónicos + agujas","Retape troncocónicos + agujas","Retape troncocónicos + agujas","Retape troncocónicos + agujas","Retape troncocónicos + agujas","Retape troncocónicos + agujas","Retape troncocónicos + agujas","Retape troncocónicos + agujas","Retape troncocónicos + agujas","Retape troncocónicos + agujas","Retape troncocónicos + agujas","Retape troncocónicos + agujas","Retape troncocónicos + agujas","Retape troncocónicos + agujas","Retape troncocónicos + agujas","Retape troncocónicos + agujas","Retape troncocónicos + agujas","Retape troncocónicos + agujas","Retape troncocónicos + agujas","Retape troncocónicos + agujas","Retape troncocónicos + agujas","Retape troncocónicos + agujas","Retape troncocónicos + agujas","Retape troncocónicos + agujas","Retape troncocónicos + agujas","Retape troncocónicos + agujas","Retape troncocónicos + agujas","Retape troncocónicos + agujas","Retape troncocónicos + agujas","Retape troncocónicos + agujas","Retape troncocónicos + agujas","Retape troncocónicos + agujas","Retape troncocónicos + agujas","Retape troncocónicos + agujas","Retape troncocónicos + agujas","Retape troncocónicos + agujas","Retape troncocónicos + agujas","Retape troncocónicos + agujas","Retape troncocónicos + agujas","Retape troncocónicos + agujas","Retape troncocónicos + agujas","Retape troncocónicos + agujas","Retape troncocónicos + agujas","Retape troncocónicos + agujas","Retape troncocónicos + agujas","Retape troncocónicos + agujas","Retape troncocónicos + agujas","Retape troncocónicos + agujas","Retape troncocónicos + agujas","Retape troncocónicos + agujas","Retape troncocónicos + agujas","Retape troncocónicos + agujas","Retape troncocónicos + agujas","Retape troncocónicos + agujas","Retape troncocónicos + agujas","Retape troncocónicos + agujas","Retape troncocónicos + agujas","Retape troncocónicos + agujas","Retape troncocónicos + agujas","Retape troncocónicos + agujas","Retape troncocónicos + agujas","Retape troncocónicos + agujas","Retape troncocónicos + agujas","Retape troncocónicos + agujas","Retape troncocónicos + agujas","Retape troncocónicos + agujas","Retape troncocónicos + agujas","Retape troncocónicos + agujas","Retape troncocónicos + agujas","Retape troncocónicos + agujas","Retape troncocónicos + agujas","Retape troncocónicos + agujas","Retape troncocónicos + agujas","Retape troncocónicos + agujas","Retape troncocónicos + agujas","Retape troncocónicos + agujas","Retape troncocónicos + agujas","Retape troncocónicos + agujas","Retape troncocónicos + agujas","Retape troncocónicos + agujas","Retape troncocónicos + agujas","Retape troncocónicos + agujas","Retape troncocónicos + agujas","Retape troncocónicos + agujas","Retape troncocónicos + agujas","Retape troncocónicos + agujas","Retape troncocónicos + agujas","Retape troncocónicos + agujas","Retape troncocónicos + agujas","Retape troncocónicos + agujas","Retape troncocónicos + agujas","Retape troncocónicos + agujas","Retape troncocónicos + agujas","Retape troncocónicos + agujas","Retape troncocónicos + agujas","Retape troncocónicos + agujas","Retape troncocónicos + agujas","Retape troncocónicos + agujas","Retape troncocónicos + agujas","Retape troncocónicos + agujas","Retape troncocónicos + agujas","Retape troncocónicos + agujas","Retape troncocónicos + agujas","Retape troncocónicos + agujas","Retape troncocónicos + agujas","Retape troncocónicos + agujas","Retape troncocónicos + agujas","Retape troncocónicos + agujas","Retape troncocónicos + agujas","Retape troncocónicos + agujas","Retape troncocónicos + agujas","Retape troncocónicos + agujas","Retape troncocónicos + agujas","Retape troncocónicos + agujas","Retape troncocónicos + agujas","Retape troncocónicos + agujas","Retape troncocónicos + agujas","Retape troncocónicos + agujas","Retape troncocónicos + agujas","Retape troncocónicos + agujas","Retape troncocónicos + agujas","Retape troncocónicos + agujas","Retape troncocónicos + agujas","Retape troncocónicos + agujas","Retape troncocónicos + agujas","Retape troncocónicos + agujas","Retape troncocónicos + agujas","Retape troncocónicos + agujas","Retape troncocónicos + agujas","Retape troncocónicos + agujas","Retape troncocónicos + agujas","Retape troncocónicos + agujas","Retape troncocónicos + agujas","Retape troncocónicos + agujas","Retape troncocónicos + agujas","Retape troncocónicos + agujas","Retape troncocónicos + agujas","Retape troncocónicos + agujas","Retape troncocónicos + agujas","Retape troncocónicos + agujas","Retape troncocónicos + agujas","Retape troncocónicos + agujas","Retape troncocónicos + agujas","Retape troncocónicos + agujas","Retape troncocónicos + agujas","Retape troncocónicos + agujas","Retape troncocónicos + agujas","Retape troncocónicos + agujas","Retape troncocónicos + agujas","Retape troncocónicos + agujas","Retape troncocónicos + agujas","Retape troncocónicos + agujas","Retape troncocónicos + agujas","Retape troncocónicos + agujas","Retape troncocónicos + agujas","Retape troncocónicos + agujas","Retape troncocónicos + agujas","Retape troncocónicos + agujas","Retape troncocónicos + agujas","Retape troncocónicos + agujas","Retape troncocónicos + agujas","Retape troncocónicos + agujas","Retape troncocónicos + agujas","Retape troncocónicos + agujas","Retape troncocónicos + agujas","Retape troncocónicos + agujas","Retape troncocónicos + agujas","Retape troncocónicos + agujas","Retape troncocónicos + agujas","Retape troncocónicos + agujas","Retape troncocónicos + agujas","Retape troncocónicos + agujas","Retape troncocónicos + agujas","Retape troncocónicos + agujas","Retape troncocónicos + agujas","Retape troncocónicos + agujas","Retape troncocónicos + agujas","Retape troncocónicos + agujas","Retape troncocónicos + agujas","Retape troncocónicos + agujas","Retape troncocónicos + agujas","Retape troncocónicos + agujas","Retape troncocónicos + agujas","Retape troncocónicos + agujas","Retape troncocónicos + agujas","Retape troncocónicos + agujas","Retape troncocónicos + agujas","Retape troncocónicos + agujas","Retape troncocónicos + agujas","Retape troncocónicos + agujas","Retape troncocónicos + agujas","Retape troncocónicos + agujas","Retape troncocónicos + agujas","Retape troncocónicos + agujas","Retape troncocónicos + agujas","Retape troncocónicos + agujas","Retape troncocónicos + agujas","Retape troncocónicos + agujas","Retape troncocónicos + agujas","Retape troncocónicos + agujas","Retape troncocónicos + agujas","Retape troncocónicos + agujas","Retape troncocónicos + agujas","Retape troncocónicos + agujas","Retape troncocónicos + agujas","Retape troncocónicos + agujas","Retape troncocónicos + agujas","Retape troncocónicos + agujas","Retape troncocónicos + agujas","Retape troncocónicos + agujas","Retape troncocónicos + agujas","Retape troncocónicos + agujas","Retape troncocónicos + agujas","Retape troncocónicos + agujas","Retape troncocónicos + agujas","Retape troncocónicos + agujas","Retape troncocónicos + agujas","Retape troncocónicos + agujas","Retape troncocónicos + agujas","Retape troncocónicos + agujas","Retape troncocónicos + agujas","Retape troncocónicos + agujas","Retape troncocónicos + agujas","Retape troncocónicos + agujas","Retape troncocónicos + agujas","Retape troncocónicos + agujas","Retape troncocónicos + agujas","Retape troncocónicos + agujas","Retape troncocónicos + agujas","Retape troncocónicos + agujas","Retape troncocónicos + agujas","Retape troncocónicos + agujas","Retape troncocónicos + agujas","Retape troncocónicos + agujas","Retape troncocónicos + agujas","Retape troncocónicos + agujas","Retape troncocónicos + agujas","Retape troncocónicos + agujas","Retape troncocónicos + agujas","Retape troncocónicos + agujas","Retape troncocónicos + agujas","Retape troncocónicos + agujas","Retape troncocónicos + agujas","Retape troncocónicos + agujas","Retape troncocónicos + agujas","Retape troncocónicos + agujas","Retape troncocónicos + agujas","Retape troncocónicos + agujas","Retape troncocónicos + agujas","Retape troncocónicos + agujas","Retape troncocónicos + agujas","Retape troncocónicos + agujas","Retape troncocónicos + agujas","Retape troncocónicos + agujas","Retape troncocónicos + agujas","Retape troncocónicos + agujas","Retape troncocónicos + agujas","Retape troncocónicos + agujas","Retape troncocónicos + agujas","Retape troncocónicos + agujas","Retape troncocónicos + agujas","Retape troncocónicos + agujas","Retape troncocónicos + agujas","Retape troncocónicos + agujas","Retape troncocónicos + agujas","Retape troncocónicos + agujas","Retape troncocónicos + agujas","Retape troncocónicos + agujas","Retape troncocónicos + agujas","Retape troncocónicos + agujas","Retape troncocónicos + agujas","Retape troncocónicos + agujas","Retape troncocónicos + agujas","Retape troncocónicos + agujas","Retape troncocónicos + agujas","Retape troncocónicos + agujas","Retape troncocónicos + agujas","Retape troncocónicos + agujas","Retape troncocónicos + agujas","Retape troncocónicos + agujas","Retape troncocónicos + agujas","Retape troncocónicos + agujas","Retape troncocónicos + agujas","Retape troncocónicos + agujas","Retape troncocónicos + agujas","Retape troncocónicos + agujas","Retape troncocónicos + agujas","Retape troncocónicos + agujas","Retape troncocónicos + agujas","Retape troncocónicos + agujas","Retape troncocónicos + agujas","Retape troncocónicos + agujas","Retape troncocónicos + agujas","Retape troncocónicos + agujas","Retape troncocónicos + agujas","Retape troncocónicos + agujas","Retape troncocónicos + agujas","Retape troncocónicos + agujas","Retape troncocónicos + agujas","Retape troncocónicos + agujas","Retape troncocónicos + agujas","Retape troncocónicos + agujas","Retape troncocónicos + agujas","Retape troncocónicos + agujas","Retape troncocónicos + agujas","Retape troncocónicos + agujas","Retape troncocónicos + agujas","Retape troncocónicos + agujas","Retape troncocónicos + agujas","Retape troncocónicos + agujas","Retape troncocónicos + agujas","Retape troncocónicos + agujas","Retape troncocónicos + agujas","Retape troncocónicos + agujas","Retape troncocónicos + agujas","Retape troncocónicos + agujas","Retape troncocónicos + agujas","Retape troncocónicos + agujas","Retape troncocónicos + agujas","Retape troncocónicos + agujas","Retape troncocónicos + agujas","Retape troncocónicos + agujas","Retape troncocónicos + agujas","Retape troncocónicos + agujas","Retape troncocónicos + agujas","Retape troncocónicos + agujas","Retape troncocónicos + agujas","Retape troncocónicos + agujas","Retape troncocónicos + agujas","Retape troncocónicos + agujas","Retape troncocónicos + agujas","Retape troncocónicos + agujas","Retape troncocónicos + agujas","Retape troncocónicos + agujas","Retape troncocónicos + agujas","Retape troncocónicos + agujas","Retape troncocónicos + agujas","Retape troncocónicos + agujas","Retape troncocónicos + agujas","Retape troncocónicos + agujas","Retape troncocónicos + agujas","Retape troncocónicos + agujas","Retape troncocónicos + agujas","Retape troncocónicos + agujas","Retape troncocónicos + agujas","Retape troncocónicos + agujas","Retape troncocónicos + agujas","Retape troncocónicos + agujas","Retape troncocónicos + agujas","Retape troncocónicos + agujas","Retape troncocónicos + agujas","Retape troncocónicos + agujas","Retape troncocónicos + agujas","Retape troncocónicos + agujas","Retape troncocónicos + agujas","Retape troncocónicos + agujas","Retape troncocónicos + agujas","Retape troncocónicos + agujas","Retape troncocónicos + agujas","Retape troncocónicos + agujas","Retape troncocónicos + agujas","Retape troncocónicos + agujas","Retape troncocónicos + agujas","Retape troncocónicos + agujas","Retape troncocónicos + agujas","Retape troncocónicos + agujas","Retape troncocónicos + agujas","Retape troncocónicos + agujas","Retape troncocónicos + agujas","Retape troncocónicos + agujas","Retape troncocónicos + agujas","Retape troncocónicos + agujas","Retape troncocónicos + agujas","Retape troncocónicos + agujas","Retape troncocónicos + agujas","Retape troncocónicos + agujas","Retape troncocónicos + agujas","Retape troncocónicos + agujas","Retape troncocónicos + agujas","Retape troncocónicos + agujas","Retape troncocónicos + agujas","Retape troncocónicos + agujas","Retape troncocónicos + agujas","Retape troncocónicos + agujas","Retape troncocónicos + agujas","Retape troncocónicos + agujas","Retape troncocónicos + agujas","Retape troncocónicos + agujas","Retape troncocónicos + agujas","Retape troncocónicos + agujas","Retape troncocónicos + agujas","Retape troncocónicos + agujas","Retape troncocónicos + agujas","Retape troncocónicos + agujas","Retape troncocónicos + agujas","Retape troncocónicos + agujas","Retape troncocónicos + agujas","Retape troncocónicos + agujas","Retape troncocónicos + agujas","Retape troncocónicos + agujas","Retape troncocónicos + agujas","Retape troncocónicos + agujas","Retape troncocónicos + agujas","Retape troncocónicos + agujas","Retape troncocónicos + agujas","Retape troncocónicos + agujas","Retape troncocónicos + agujas","Retape troncocónicos + agujas","Retape troncocónicos + agujas","Retape troncocónicos + agujas","Retape troncocónicos + agujas","Retape troncocónicos + agujas","Retape troncocónicos + agujas","Retape troncocónicos + agujas","Retape troncocónicos + agujas","Retape troncocónicos + agujas","Retape troncocónicos + agujas","Retape troncocónicos + agujas","Retape troncocónicos + agujas","Retape troncocónicos + agujas","Retape troncocónicos + agujas","Retape troncocónicos + agujas","Retape troncocónicos + agujas","Retape troncocónicos + agujas","Retape troncocónicos + agujas","Retape troncocónicos + agujas","Retape troncocónicos + agujas","Retape troncocónicos + agujas","Retape troncocónicos + agujas","Retape troncocónicos + agujas","Retape troncocónicos + agujas","Retape troncocónicos + agujas","Retape troncocónicos + agujas","Retape troncocónicos + agujas","Retape troncocónicos + agujas","Retape troncocónicos + agujas","Retape troncocónicos + agujas","Retape troncocónicos + agujas","Retape troncocónicos + agujas","Retape troncocónicos + agujas","Retape troncocónicos + agujas","Retape troncocónicos + agujas","Retape troncocónicos + agujas","Retape troncocónicos + agujas","Retape troncocónicos + agujas","Retape troncocónicos + agujas","Retape troncocónicos + agujas","Retape troncocónicos + agujas","Retape troncocónicos + agujas","Retape troncocónicos + agujas","Retape troncocónicos + agujas","Retape troncocónicos + agujas","Retape troncocónicos + agujas","Retape troncocónicos + agujas","Retape troncocónicos + agujas","Retape troncocónicos + agujas","Retape troncocónicos + agujas","Retape troncocónicos + agujas","Retape troncocónicos + agujas","Retape troncocónicos + agujas","Retape troncocónicos + agujas","Retape troncocónicos + agujas","Retape troncocónicos + agujas","Retape troncocónicos + agujas","Retape troncocónicos + agujas","Retape troncocónicos + agujas","Retape troncocónicos + agujas","Retape troncocónicos + agujas","Retape troncocónicos + agujas","Retape troncocónicos + agujas","Retape troncocónicos + agujas","Retape troncocónicos + agujas","Retape troncocónicos + agujas","Retape troncocónicos + agujas","Retape troncocónicos + agujas","Retape troncocónicos + agujas","Retape troncocónicos + agujas","Retape troncocónicos + agujas","Retape troncocónicos + agujas","Retape troncocónicos + agujas","Retape troncocónicos + agujas","Retape troncocónicos + agujas","Retape troncocónicos + agujas","Retape troncocónicos + agujas","Retape troncocónicos + agujas","Retape troncocónicos + agujas","Retape troncocónicos + agujas","Retape troncocónicos + agujas","Retape troncocónicos + agujas","Retape troncocónicos + agujas","Retape troncocónicos + agujas","Retape troncocónicos + agujas","Retape troncocónicos + agujas","Retape troncocónicos + agujas","Retape troncocónicos + agujas","Retape troncocónicos + agujas","Retape troncocónicos + agujas","Retape troncocónicos + agujas","Retape troncocónicos + agujas","Retape troncocónicos + agujas","Retape troncocónicos + agujas","Retape troncocónicos + agujas","Retape troncocónicos + agujas","Retape troncocónicos + agujas","Retape troncocónicos + agujas","Retape troncocónicos + agujas","Retape troncocónicos + agujas","Retape troncocónicos + agujas","Retape troncocónicos + agujas","Retape troncocónicos + agujas","Retape troncocónicos + agujas","Retape troncocónicos + agujas","Retape troncocónicos + agujas","Retape troncocónicos + agujas","Retape troncocónicos + agujas","Retape troncocónicos + agujas","Retape troncocónicos + agujas","Retape troncocónicos + agujas","Retape troncocónicos + agujas","Retape troncocónicos + agujas","Retape troncocónicos + agujas","Retape troncocónicos + agujas","Retape troncocónicos + agujas","Retape troncocónicos + agujas","Retape troncocónicos + agujas","Retape troncocónicos + agujas","Retape troncocónicos + agujas","Retape troncocónicos + agujas","Retape troncocónicos + agujas","Retape troncocónicos + agujas","Retape troncocónicos + agujas","Retape troncocónicos + agujas","Retape troncocónicos + agujas","Retape troncocónicos + agujas","Retape troncocónicos + agujas","Retape troncocónicos + agujas","Retape troncocónicos + agujas","Retape troncocónicos + agujas","Retape troncocónicos + agujas","Retape troncocónicos + agujas","Retape troncocónicos + agujas","Retape troncocónicos + agujas","Retape troncocónicos + agujas","Retape troncocónicos + agujas","Retape troncocónicos + agujas","Retape troncocónicos + agujas","Retape troncocónicos + agujas","Retape troncocónicos + agujas","Retape troncocónicos + agujas","Retape troncocónicos + agujas","Retape troncocónicos + agujas","Retape troncocónicos + agujas","Retape troncocónicos + agujas","Retape troncocónicos + agujas","Retape troncocónicos + agujas","Retape troncocónicos + agujas","Retape troncocónicos + agujas","Retape troncocónicos + agujas","Retape troncocónicos + agujas","Retape troncocónicos + agujas","Retape troncocónicos + agujas","Retape troncocónicos + agujas","Retape troncocónicos + agujas","Retape troncocónicos + agujas","Retape troncocónicos + agujas","Retape troncocónicos + agujas","Retape troncocónicos + agujas","Retape troncocónicos + agujas","Retape troncocónicos + agujas","Retape troncocónicos + agujas","Retape troncocónicos + agujas","Retape troncocónicos + agujas","Retape troncocónicos + agujas","Retape troncocónicos + agujas","Retape troncocónicos + agujas","Retape troncocónicos + agujas","Retape troncocónicos + agujas","Retape troncocónicos + agujas","Retape troncocónicos + agujas","Retape troncocónicos + agujas","Retape troncocónicos + agujas","Retape troncocónicos + agujas","Retape troncocónicos + agujas","Retape troncocónicos + agujas","Retape troncocónicos + agujas","Retape troncocónicos + agujas","Retape troncocónicos + agujas","Retape troncocónicos + agujas","Retape troncocónicos + agujas","Retape troncocónicos + agujas","Retape troncocónicos + agujas","Retape troncocónicos + agujas","Retape troncocónicos + agujas","Retape troncocónicos + agujas","Retape troncocónicos + agujas","Retape troncocónicos + agujas","Retape troncocónicos + agujas","Retape troncocónicos + agujas","Retape troncocónicos + agujas","Retape troncocónicos + agujas","Retape troncocónicos + agujas","Retape troncocónicos + agujas","Retape troncocónicos + agujas","Retape troncocónicos + agujas","Retape troncocónicos + agujas","Retape troncocónicos + agujas","Retape troncocónicos + agujas","Retape troncocónicos + agujas","Retape troncocónicos + agujas","Retape troncocónicos + agujas","Retape troncocónicos + agujas","Retape troncocónicos + agujas","Retape troncocónicos + agujas","Retape troncocónicos + agujas","Retape troncocónicos + agujas","Retape troncocónicos + agujas","Retape troncocónicos + agujas","Retape troncocónicos + agujas","Retape troncocónicos + agujas","Retape troncocónicos + agujas","Retape troncocónicos + agujas","Retape troncocónicos + agujas","Retape troncocónicos + agujas","Retape troncocónicos + agujas","Retape troncocónicos + agujas","Retape troncocónicos + agujas","Retape troncocónicos + agujas","Retape troncocónicos + agujas","Retape troncocónicos + agujas","Retape troncocónicos + agujas","Retape troncocónicos + agujas","Retape troncocónicos + agujas","Retape troncocónicos + agujas","Retape troncocónicos + agujas","Retape troncocónicos + agujas","Retape troncocónicos + agujas","Retape troncocónicos + agujas","Retape troncocónicos + agujas","Retape troncocónicos + agujas","Retape troncocónicos + agujas","Retape troncocónicos + agujas","Retape troncocónicos + agujas","Retape troncocónicos + agujas","Retape troncocónicos + agujas","Retape troncocónicos + agujas","Retape troncocónicos + agujas","Retape troncocónicos + agujas","Retape troncocónicos + agujas","Retape troncocónicos + agujas","Retape troncocónicos + agujas","Retape troncocónicos + agujas","Retape troncocónicos + agujas","Retape troncocónicos + agujas","Retape troncocónicos + agujas","Retape troncocónicos + agujas","Retape troncocónicos + agujas","Retape troncocónicos + agujas","Retape troncocónicos + agujas","Retape troncocónicos + agujas","Retape troncocónicos + agujas","Retape troncocónicos + agujas","Retape troncocónicos + agujas","Retape troncocónicos + agujas","Retape troncocónicos + agujas","Retape troncocónicos + agujas","Retape troncocónicos + agujas","Retape troncocónicos + agujas","Retape troncocónicos + agujas","Retape troncocónicos + agujas","Retape troncocónicos + agujas","Retape troncocónicos + agujas","Retape troncocónicos + agujas","Retape troncocónicos + agujas","Retape troncocónicos + agujas","Retape troncocónicos + agujas","Retape troncocónicos + agujas","Retape troncocónicos + agujas","Retape troncocónicos + agujas","Retape troncocónicos + agujas","Retape troncocónicos + agujas","Retape troncocónicos + agujas","Retape troncocónicos + agujas","Retape troncocónicos + agujas","Retape troncocónicos + agujas","Retape troncocónicos + agujas","Retape troncocónicos + agujas","Retape troncocónicos + agujas","Retape troncocónicos + agujas","Retape troncocónicos + agujas","Retape troncocónicos + agujas","Retape troncocónicos + agujas","Retape troncocónicos + agujas","Retape troncocónicos + agujas","Retape troncocónicos + agujas","Retape troncocónicos + agujas","Retape troncocónicos + agujas","Retape troncocónicos + agujas","Retape troncocónicos + agujas","Retape troncocónicos + agujas","Retape troncocónicos + agujas","Retape troncocónicos + agujas","Retape troncocónicos + agujas","Retape troncocónicos + agujas","Retape troncocónicos + agujas","Retape troncocónicos + agujas","Retape troncocónicos + agujas","Retape troncocónicos + agujas","Retape troncocónicos + agujas","Retape troncocónicos + agujas","Retape troncocónicos + agujas","Retape troncocónicos + agujas","Retape troncocónicos + agujas","Retape troncocónicos + agujas","Retape troncocónicos + agujas","Retape troncocónicos + agujas","Retape troncocónicos + agujas","Retape troncocónicos + agujas","Retape troncocónicos + agujas","Retape troncocónicos + agujas","Retape troncocónicos + agujas","Retape troncocónicos + agujas","Retape troncocónicos + agujas","Retape troncocónicos + agujas","Retape troncocónicos + agujas","Retape troncocónicos + agujas","Retape troncocónicos + agujas","Retape troncocónicos + agujas","Retape troncocónicos + agujas","Retape troncocónicos + agujas","Retape troncocónicos + agujas","Retape troncocónicos + agujas","Retape troncocónicos + agujas","Retape troncocónicos + agujas","Retape troncocónicos + agujas","Retape troncocónicos + agujas","Retape troncocónicos + agujas","Retape troncocónicos + agujas","Retape troncocónicos + agujas","Retape troncocónicos + agujas","Retape troncocónicos + agujas","Retape troncocónicos + agujas","Retape troncocónicos + agujas","Retape troncocónicos + agujas","Retape troncocónicos + agujas","Retape troncocónicos + agujas","Retape troncocónicos + agujas","Retape troncocónicos + agujas","Retape troncocónicos + agujas","Retape troncocónicos + agujas","Retape troncocónicos + agujas","Retape troncocónicos + agujas","Retape troncocónicos + agujas","Retape troncocónicos + agujas","Retape troncocónicos + agujas","Retape troncocónicos + agujas","Retape troncocónicos + agujas","Retape troncocónicos + agujas","Retape troncocónicos + agujas","Retape troncocónicos + agujas","Retape troncocónicos + agujas","Retape troncocónicos + agujas","Retape troncocónicos + agujas","Retape troncocónicos + agujas","Retape troncocónicos + agujas","Retape troncocónicos + agujas","Retape troncocónicos + agujas","Retape troncocónicos + agujas","Retape troncocónicos + agujas","Retape troncocónicos + agujas","Retape troncocónicos + agujas","Retape troncocónicos + agujas","Retape troncocónicos + agujas","Retape troncocónicos + agujas","Retape troncocónicos + agujas","Retape troncocónicos + agujas","Retape troncocónicos + agujas","Retape troncocónicos + agujas","Retape troncocónicos + agujas","Retape troncocónicos + agujas","Retape troncocónicos + agujas","Retape troncocónicos + agujas","Retape troncocónicos + agujas","Retape troncocónicos + agujas","Retape troncocónicos + agujas","Retape troncocónicos + agujas","Retape troncocónicos + agujas","Retape troncocónicos + agujas","Retape troncocónicos + agujas","Retape troncocónicos + agujas","Retape troncocónicos + agujas","Retape troncocónicos + agujas","Retape troncocónicos + agujas","Retape troncocónicos + agujas","Retape troncocónicos + agujas","Retape troncocónicos + agujas","Retape troncocónicos + agujas","Retape troncocónicos + agujas","Retape troncocónicos + agujas","Retape troncocónicos + agujas","Retape troncocónicos + agujas","Retape troncocónicos + agujas","Retape troncocónicos + agujas","Retape troncocónicos + agujas","Retape troncocónicos + agujas","Retape troncocónicos + agujas","Retape troncocónicos + agujas","Retape troncocónicos + agujas","Retape troncocónicos + agujas","Retape troncocónicos + agujas","Retape troncocónicos + agujas","Retape troncocónicos + agujas","Retape troncocónicos + agujas","Retape troncocónicos + agujas","Retape troncocónicos + agujas","Retape troncocónicos + agujas","Retape troncocónicos + agujas","Retape troncocónicos + agujas","Retape troncocónicos + agujas","Retape troncocónicos + agujas","Retape troncocónicos + agujas","Retape troncocónicos + agujas","Retape troncocónicos + agujas","Retape troncocónicos + agujas","Retape troncocónicos + agujas","Retape troncocónicos + agujas","Retape troncocónicos + agujas","Retape troncocónicos + agujas","Retape troncocónicos + agujas","Retape troncocónicos + agujas","Retape troncocónicos + agujas","Retape troncocónicos + agujas","Retape troncocónicos + agujas","Retape troncocónicos + agujas","Retape troncocónicos + agujas","Retape troncocónicos + agujas","Retape troncocónicos + agujas","Retape troncocónicos + agujas","Retape troncocónicos + agujas","Retape troncocónicos + agujas","Retape troncocónicos + agujas","Retape troncocónicos + agujas","Retape troncocónicos + agujas","Retape troncocónicos + agujas","Retape troncocónicos + agujas","Retape troncocónicos + agujas","Retape troncocónicos + agujas","Retape troncocónicos + agujas","Retape troncocónicos + agujas","Retape troncocónicos + agujas","Retape troncocónicos + agujas","Retape troncocónicos + agujas","Retape troncocónicos + agujas","Retape troncocónicos + agujas","Retape troncocónicos + agujas","Retape troncocónicos + agujas","Retape troncocónicos + agujas","Retape troncocónicos + agujas","Retape troncocónicos + agujas","Retape troncocónicos + agujas","Retape troncocónicos + agujas","Retape troncocónicos + agujas","Retape troncocónicos + agujas","Retape troncocónicos + agujas","Retape troncocónicos + agujas","Retape troncocónicos + agujas","Retape troncocónicos + agujas","Retape troncocónicos + agujas","Retape troncocónicos + agujas","Retape troncocónicos + agujas","Retape troncocónicos + agujas","Retape troncocónicos + agujas","Retape troncocónicos + agujas","Retape troncocónicos + agujas","Retape troncocónicos + agujas","Retape troncocónicos + agujas","Retape troncocónicos + agujas","Retape troncocónicos + agujas","Retape troncocónicos + agujas","Retape troncocónicos + agujas","Retape troncocónicos + agujas","Retape troncocónicos + agujas","Retape troncocónicos + agujas","Retape troncocónicos + agujas","Retape troncocónicos + agujas","Retape troncocónicos + agujas","Retape troncocónicos + agujas","Retape troncocónicos + agujas","Retape troncocónicos + agujas","Retape troncocónicos + agujas","Retape troncocónicos + agujas","Retape troncocónicos + agujas","Retape troncocónicos + agujas","Retape troncocónicos + agujas","Retape troncocónicos + agujas","Retape troncocónicos + agujas","Retape troncocónicos + agujas","Retape troncocónicos + agujas","Retape troncocónicos + agujas","Retape troncocónicos + agujas","Retape troncocónicos + agujas","Retape troncocónicos + agujas","Retape troncocónicos + agujas","Retape troncocónicos + agujas","Retape troncocónicos + agujas","Retape troncocónicos + agujas","Retape troncocónicos + agujas","Retape troncocónicos + agujas","Retape troncocónicos + agujas","Retape troncocónicos + agujas","Retape troncocónicos + agujas","Retape troncocónicos + agujas","Retape troncocónicos + agujas","Retape troncocónicos + agujas","Retape troncocónicos + agujas","Retape troncocónicos + agujas","Retape troncocónicos + agujas","Retape troncocónicos + agujas","Retape troncocónicos + agujas","Retape troncocónicos + agujas","Retape troncocónicos + agujas","Retape troncocónicos + agujas","Retape troncocónicos + agujas","Retape troncocónicos + agujas","Retape troncocónicos + agujas","Retape troncocónicos + agujas","Retape troncocónicos + agujas","Retape troncocónicos + agujas","Retape troncocónicos + agujas","Retape troncocónicos + agujas","Retape troncocónicos + agujas","Retape troncocónicos + agujas","Retape troncocónicos + agujas","Retape troncocónicos + agujas","Retape troncocónicos + agujas","Retape troncocónicos + agujas","Retape troncocónicos + agujas","Retape troncocónicos + agujas","Retape troncocónicos + agujas","Retape troncocónicos + agujas","Retape troncocónicos + agujas","Retape troncocónicos + agujas","Retape troncocónicos + agujas","Retape troncocónicos + agujas","Retape troncocónicos + agujas","Retape troncocónicos + agujas","Retape troncocónicos + agujas","Retape troncocónicos + agujas","Retape troncocónicos + agujas","Retape troncocónicos + agujas","Retape troncocónicos + agujas","Retape troncocónicos + agujas","Retape troncocónicos + agujas","Retape troncocónicos + agujas","Retape troncocónicos + agujas","Retape troncocónicos + agujas","Retape troncocónicos + agujas","Retape troncocónicos + agujas","Retape troncocónicos + agujas","Retape troncocónicos + agujas","Retape troncocónicos + agujas","Retape troncocónicos + agujas","Retape troncocónicos + agujas","Retape troncocónicos + agujas","Retape troncocónicos + agujas","Retape troncocónicos + agujas","Retape troncocónicos + agujas","Retape troncocónicos + agujas","Retape troncocónicos + agujas","Retape troncocónicos + agujas","Retape troncocónicos + agujas","Retape troncocónicos + agujas","Retape troncocónicos + agujas","Retape troncocónicos + agujas","Retape troncocónicos + agujas","Retape troncocónicos + agujas","Retape troncocónicos + agujas","Retape troncocónicos + agujas","Retape troncocónicos + agujas","Retape troncocónicos + agujas","Retape troncocónicos + agujas","Retape troncocónicos + agujas","Retape troncocónicos + agujas","Retape troncocónicos + agujas","Retape troncocónicos + agujas","Retape troncocónicos + agujas","Retape troncocónicos + agujas","Retape troncocónicos + agujas","Retape troncocónicos + agujas","Retape troncocónicos + agujas","Retape troncocónicos + agujas","Retape troncocónicos + agujas","Retape troncocónicos + agujas","Retape troncocónicos + agujas","Retape troncocónicos + agujas","Retape troncocónicos + agujas","Retape troncocónicos + agujas","Retape troncocónicos + agujas","Retape troncocónicos + agujas","Retape troncocónicos + agujas","Retape troncocónicos + agujas","Retape troncocónicos + agujas","Retape troncocónicos + agujas","Retape troncocónicos + agujas","Retape troncocónicos + agujas","Retape troncocónicos + agujas","Retape troncocónicos + agujas","Retape troncocónicos + agujas","Retape troncocónicos + agujas","Retape troncocónicos + agujas","Retape troncocónicos + agujas","Retape troncocónicos + agujas","Retape troncocónicos + agujas","Retape troncocónicos + agujas","Retape troncocónicos + agujas","Retape troncocónicos + agujas","Retape troncocónicos + agujas","Retape troncocónicos + agujas","Retape troncocónicos + agujas","Retape troncocónicos + agujas","Retape troncocónicos + agujas","Retape troncocónicos + agujas","Retape troncocónicos + agujas","Retape troncocónicos + agujas","Retape troncocónicos + agujas","Retape troncocónicos + agujas","Retape troncocónicos + agujas","Retape troncocónicos + agujas","Retape troncocónicos + agujas","Retape troncocónicos + agujas","Retape troncocónicos + agujas","Retape troncocónicos + agujas","Retape troncocónicos + agujas","Retape troncocónicos + agujas","Retape troncocónicos + agujas","Retape troncocónicos + agujas","Retape troncocónicos + agujas","Retape troncocónicos + agujas","Retape troncocónicos + agujas","Retape troncocónicos + agujas","Retape troncocónicos + agujas","Retape troncocónicos + agujas","Retape troncocónicos + agujas","Retape troncocónicos + agujas","Retape troncocónicos + agujas","Retape troncocónicos + agujas","Retape troncocónicos + agujas","Retape troncocónicos + agujas","Retape troncocónicos + agujas","Retape troncocónicos + agujas","Retape troncocónicos + agujas","Retape troncocónicos + agujas","Retape troncocónicos + agujas","Retape troncocónicos + agujas","Retape troncocónicos + agujas","Retape troncocónicos + agujas","Retape troncocónicos + agujas","Retape troncocónicos + agujas","Retape troncocónicos + agujas","Retape troncocónicos + agujas","Retape troncocónicos + agujas","Retape troncocónicos + agujas","Retape troncocónicos + agujas","Retape troncocónicos + agujas","Retape troncocónicos + agujas","Retape troncocónicos + agujas","Retape troncocónicos + agujas","Retape troncocónicos + agujas","Retape troncocónicos + agujas","Retape troncocónicos + agujas","Retape troncocónicos + agujas","Retape troncocónicos + agujas","Retape troncocónicos + agujas","Retape troncocónicos + agujas","Retape troncocónicos + agujas","Retape troncocónicos + agujas","Retape troncocónicos + agujas","Retape troncocónicos + agujas","Retape troncocónicos + agujas","Retape troncocónicos + agujas","Retape troncocónicos + agujas","Retape troncocónicos + agujas","Retape troncocónicos + agujas","Retape troncocónicos + agujas","Retape troncocónicos + agujas","Retape troncocónicos + agujas","Retape troncocónicos + agujas","Retape troncocónicos + agujas","Retape troncocónicos + agujas","Retape troncocónicos + agujas","Retape troncocónicos + agujas","Retape troncocónicos + agujas","Retape troncocónicos + agujas","Retape troncocónicos + agujas","Retape troncocónicos + agujas","Retape troncocónicos + agujas","Retape troncocónicos + agujas","Retape troncocónicos + agujas","Retape troncocónicos + agujas","Retape troncocónicos + agujas","Retape troncocónicos + agujas","Retape troncocónicos + agujas","Retape troncocónicos + agujas","Retape troncocónicos + agujas","Retape troncocónicos + agujas","Retape troncocónicos + agujas","Retape troncocónicos + agujas","Retape troncocónicos + agujas","Retape troncocónicos + agujas","Retape troncocónicos + agujas","Retape troncocónicos + agujas","Retape troncocónicos + agujas","Retape troncocónicos + agujas","Retape troncocónicos + agujas","Retape troncocónicos + agujas","Retape troncocónicos + agujas","Retape troncocónicos + agujas","Retape troncocónicos + agujas","Retape troncocónicos + agujas","Retape troncocónicos + agujas","Retape troncocónicos + agujas","Retape troncocónicos + agujas","Retape troncocónicos + agujas","Retape troncocónicos + agujas","Retape troncocónicos + agujas","Retape troncocónicos + agujas","Retape troncocónicos + agujas","Retape troncocónicos + agujas","Retape troncocónicos + agujas","Retape troncocónicos + agujas","Retape troncocónicos + agujas","Retape troncocónicos + agujas","Retape troncocónicos + agujas","Retape troncocónicos + agujas","Retape troncocónicos + agujas","Retape troncocónicos + agujas","Retape troncocónicos + agujas","Retape troncocónicos + agujas","Retape troncocónicos + agujas","Retape troncocónicos + agujas","Retape troncocónicos + agujas","Retape troncocónicos + agujas","Retape troncocónicos + agujas","Retape troncocónicos + agujas","Retape troncocónicos + agujas","Retape troncocónicos + agujas","Retape troncocónicos + agujas","Retape troncocónicos + agujas","Retape troncocónicos + agujas","Retape troncocónicos + agujas","Retape troncocónicos + agujas","Retape troncocónicos + agujas","Retape troncocónicos + agujas","Retape troncocónicos + agujas","Retape troncocónicos + agujas","Retape troncocónicos + agujas","Retape troncocónicos + agujas","Retape troncocónicos + agujas","Retape troncocónicos + agujas","Retape troncocónicos + agujas","Retape troncocónicos + agujas","Retape troncocónicos + agujas","Retape troncocónicos + agujas","Retape troncocónicos + agujas","Retape troncocónicos + agujas","Retape troncocónicos + agujas","Retape troncocónicos + agujas","Retape troncocónicos + agujas","Retape troncocónicos + agujas","Retape troncocónicos + agujas","Retape troncocónicos + agujas","Retape troncocónicos + agujas","Retape troncocónicos + agujas","Retape troncocónicos + agujas","Retape troncocónicos + agujas","Retape troncocónicos + agujas","Retape troncocónicos + agujas","Retape troncocónicos + agujas","Retape troncocónicos + agujas","Retape troncocónicos + agujas","Retape troncocónicos + agujas","Retape troncocónicos + agujas","Retape troncocónicos + agujas","Retape troncocónicos + agujas","Retape troncocónicos + agujas","Retape troncocónicos + agujas","Retape troncocónicos + agujas","Retape troncocónicos + agujas","Retape troncocónicos + agujas","Retape troncocónicos + agujas","Retape troncocónicos + agujas","Retape troncocónicos + agujas","Retape troncocónicos + agujas","Retape troncocónicos + agujas","Retape troncocónicos + agujas","Retape troncocónicos + agujas","Retape troncocónicos + agujas","Retape troncocónicos + agujas","Retape troncocónicos + agujas","Retape troncocónicos + agujas","Retape troncocónicos + agujas","Retape troncocónicos + agujas","Retape troncocónicos + agujas","Retape troncocónicos + agujas","Retape troncocónicos + agujas","Retape troncocónicos + agujas","Retape troncocónicos + agujas","Retape troncocónicos + agujas","Retape troncocónicos + agujas","Retape troncocónicos + agujas","Retape troncocónicos + agujas","Retape troncocónicos + agujas","Retape troncocónicos + agujas","Retape troncocónicos + agujas","Retape troncocónicos + agujas","Retape troncocónicos + agujas","Retape troncocónicos + agujas","Retape troncocónicos + agujas","Retape troncocónicos + agujas","Retape troncocónicos + agujas","Retape troncocónicos + agujas","Retape troncocónicos + agujas","Retape troncocónicos + agujas","Retape troncocónicos + agujas","Retape troncocónicos + agujas","Retape troncocónicos + agujas","Retape troncocónicos + agujas","Retape troncocónicos + agujas","Retape troncocónicos + agujas","Retape troncocónicos + agujas","Retape troncocónicos + agujas","Retape troncocónicos + agujas","Retape troncocónicos + agujas","Retape troncocónicos + agujas","Retape troncocónicos + agujas","Retape troncocónicos + agujas","Retape troncocónicos + agujas","Retape troncocónicos + agujas","Retape troncocónicos + agujas","Retape troncocónicos + agujas","Retape troncocónicos + agujas","Retape troncocónicos + agujas","Retape troncocónicos + agujas","Retape troncocónicos + agujas","Retape troncocónicos + agujas","Retape troncocónicos + agujas","Retape troncocónicos + agujas","Retape troncocónicos + agujas","Retape troncocónicos + agujas","Retape troncocónicos + agujas","Retape troncocónicos + agujas","Retape troncocónicos + agujas","Retape troncocónicos + agujas","Retape troncocónicos + agujas","Retape troncocónicos + agujas","Retape troncocónicos + agujas","Retape troncocónicos + agujas","Retape troncocónicos + agujas","Retape troncocónicos + agujas","Retape troncocónicos + agujas","Retape troncocónicos + agujas","Retape troncocónicos + agujas","Retape troncocónicos + agujas","Retape troncocónicos + agujas","Retape troncocónicos + agujas","Retape troncocónicos + agujas","Retape troncocónicos + agujas","Retape troncocónicos + agujas","Retape troncocónicos + agujas","Retape troncocónicos + agujas","Retape troncocónicos + agujas","Retape troncocónicos + agujas","Retape troncocónicos + agujas","Retape troncocónicos + agujas","Retape troncocónicos + agujas","Retape troncocónicos + agujas","Retape troncocónicos + agujas","Retape troncocónicos + agujas","Retape troncocónicos + agujas","Retape troncocónicos + agujas","Retape troncocónicos + agujas","Retape troncocónicos + agujas","Retape troncocónicos + agujas","Retape troncocónicos + agujas","Retape troncocónicos + agujas","Retape troncocónicos + agujas","Retape troncocónicos + agujas","Retape troncocónicos + agujas","Retape troncocónicos + agujas","Retape troncocónicos + agujas","Retape troncocónicos + agujas","Retape troncocónicos + agujas","Retape troncocónicos + agujas","Retape troncocónicos + agujas","Retape troncocónicos + agujas","Retape troncocónicos + agujas","Retape troncocónicos + agujas","Retape troncocónicos + agujas","Retape troncocónicos + agujas","Retape troncocónicos + agujas","Retape troncocónicos + agujas","Retape troncocónicos + agujas","Retape troncocónicos + agujas","Retape troncocónicos + agujas","Retape troncocónicos + agujas","Retape troncocónicos + agujas","Retape troncocónicos + agujas","Retape troncocónicos + agujas","Retape troncocónicos + agujas","Retape troncocónicos + agujas","Retape troncocónicos + agujas","Retape troncocónicos + agujas","Retape troncocónicos + agujas","Retape troncocónicos + agujas","Retape troncocónicos + agujas","Retape troncocónicos + agujas","Retape troncocónicos + agujas","Retape troncocónicos + agujas","Retape troncocónicos + agujas","Retape troncocónicos + agujas","Retape troncocónicos + agujas","Retape troncocónicos + agujas","Retape troncocónicos + agujas","Retape troncocónicos + agujas","Retape troncocónicos + agujas","Retape troncocónicos + agujas","Retape troncocónicos + agujas","Retape troncocónicos + agujas","Retape troncocónicos + agujas","Retape troncocónicos + agujas","Retape troncocónicos + agujas","Retape troncocónicos + agujas","Retape troncocónicos + agujas","Retape troncocónicos + agujas","Retape troncocónicos + agujas","Retape troncocónicos + agujas","Retape troncocónicos + agujas","Retape troncocónicos + agujas","Retape troncocónicos + agujas","Retape troncocónicos + agujas","Retape troncocónicos + agujas","Retape troncocónicos + agujas","Retape troncocónicos + agujas","Retape troncocónicos + agujas","Retape troncocónicos + agujas","Retape troncocónicos + agujas","Retape troncocónicos + agujas","Retape troncocónicos + agujas","Retape troncocónicos + agujas","Retape troncocónicos + agujas","Retape troncocónicos + agujas","Retape troncocónicos + agujas","Retape troncocónicos + agujas","Retape troncocónicos + agujas","Retape troncocónicos + agujas","Retape troncocónicos + agujas","Retape troncocónicos + agujas","Retape troncocónicos + agujas","Retape troncocónicos + agujas","Retape troncocónicos + agujas","Retape troncocónicos + agujas","Retape troncocónicos + agujas","Retape troncocónicos + agujas","Retape troncocónicos + agujas","Retape troncocónicos + agujas","Retape troncocónicos + agujas","Retape troncocónicos + agujas","Retape troncocónicos + agujas","Retape troncocónicos + agujas","Retape troncocónicos + agujas","Retape troncocónicos + agujas","Retape troncocónicos + agujas","Retape troncocónicos + agujas","Retape troncocónicos + agujas","Retape troncocónicos + agujas","Retape troncocónicos + agujas","Retape troncocónicos + agujas","Retape troncocónicos + agujas","Retape troncocónicos + agujas","Retape troncocónicos + agujas","Retape troncocónicos + agujas","Retape troncocónicos + agujas","Retape troncocónicos + agujas","Retape troncocónicos + agujas","Retape troncocónicos + agujas","Retape troncocónicos + agujas","Retape troncocónicos + agujas","Retape troncocónicos + agujas","Retape troncocónicos + agujas","Retape troncocónicos + agujas","Retape troncocónicos + agujas","Retape troncocónicos + agujas","Retape troncocónicos + agujas","Retape troncocónicos + agujas","Retape troncocónicos + agujas","Retape troncocónicos + agujas","Retape troncocónicos + agujas","Retape troncocónicos + agujas","Retape troncocónicos + agujas","Retape troncocónicos + agujas","Retape troncocónicos + agujas","Retape troncocónicos + agujas","Retape troncocónicos + agujas","Retape troncocónicos + agujas","Retape troncocónicos + agujas","Retape troncocónicos + agujas","Retape troncocónicos + agujas","Retape troncocónicos + agujas","Retape troncocónicos + agujas","Retape troncocónicos + agujas","Retape troncocónicos + agujas","Retape troncocónicos + agujas","Retape troncocónicos + agujas","Retape troncocónicos + agujas","Retape troncocónicos + agujas","Retape troncocónicos + agujas","Retape troncocónicos + agujas","Retape troncocónicos + agujas","Retape troncocónicos + agujas","Retape troncocónicos + agujas","Retape troncocónicos + agujas","Retape troncocónicos + agujas","Retape troncocónicos + agujas","Retape troncocónicos + agujas","Retape troncocónicos + agujas","Retape troncocónicos + agujas","Retape troncocónicos + agujas","Retape troncocónicos + agujas","Retape troncocónicos + agujas","Retape troncocónicos + agujas","Retape troncocónicos + agujas","Retape troncocónicos + agujas","Retape troncocónicos + agujas","Retape troncocónicos + agujas","Retape troncocónicos + agujas","Retape troncocónicos + agujas","Retape troncocónicos + agujas","Retape troncocónicos + agujas","Retape troncocónicos + agujas","Retape troncocónicos + agujas","Retape troncocónicos + agujas","Retape troncocónicos + agujas","Retape troncocónicos + agujas","Retape troncocónicos + agujas","Retape troncocónicos + agujas","Retape troncocónicos + agujas","Retape troncocónicos + agujas","Retape troncocónicos + agujas","Retape troncocónicos + agujas","Retape troncocónicos + agujas","Retape troncocónicos + agujas","Retape troncocónicos + agujas","Retape troncocónicos + agujas","Retape troncocónicos + agujas","Retape troncocónicos + agujas","Retape troncocónicos + agujas","Retape troncocónicos + agujas","Retape troncocónicos + agujas","Retape troncocónicos + agujas","Retape troncocónicos + agujas","Retape troncocónicos + agujas","Retape troncocónicos + agujas","Retape troncocónicos + agujas","Retape troncocónicos + agujas","Retape troncocónicos + agujas","Retape troncocónicos + agujas","Retape troncocónicos + agujas","Retape troncocónicos + agujas","Retape troncocónicos + agujas","Retape troncocónicos + agujas","Retape troncocónicos + agujas","Retape troncocónicos + agujas","Retape troncocónicos + agujas","Retape troncocónicos + agujas","Retape troncocónicos + agujas","Retape troncocónicos + agujas","Retape troncocónicos + agujas","Retape troncocónicos + agujas","Retape troncocónicos + agujas","Retape troncocónicos + agujas","Retape troncocónicos + agujas","Retape troncocónicos + agujas","Retape troncocónicos + agujas","Retape troncocónicos + agujas","Retape troncocónicos + agujas","Retape troncocónicos + agujas","Retape troncocónicos + agujas","Retape troncocónicos + agujas","Retape troncocónicos + agujas","Retape troncocónicos + agujas","Retape troncocónicos + agujas","Retape troncocónicos + agujas","Retape troncocónicos + agujas","Retape troncocónicos + agujas","Retape troncocónicos + agujas","Retape troncocónicos + agujas","Retape troncocónicos + agujas","Retape troncocónicos + agujas","Retape troncocónicos + agujas","Retape troncocónicos + agujas","Retape troncocónicos + agujas","Retape troncocónicos + agujas","Retape troncocónicos + agujas","Retape troncocónicos + agujas","Retape troncocónicos + agujas","Retape troncocónicos + agujas","Retape troncocónicos + agujas","Retape troncocónicos + agujas","Retape troncocónicos + agujas","Retape troncocónicos + agujas","Retape troncocónicos + agujas","Retape troncocónicos + agujas","Retape troncocónicos + agujas","Retape troncocónicos + agujas","Retape troncocónicos + agujas","Retape troncocónicos + agujas","Retape troncocónicos + agujas","Retape troncocónicos + agujas","Retape troncocónicos + agujas","Retape troncocónicos + agujas","Retape troncocónicos + agujas","Retape troncocónicos + agujas","Retape troncocónicos + agujas","Retape troncocónicos + agujas","Retape troncocónicos + agujas","Retape troncocónicos + agujas","Retape troncocónicos + agujas","Retape troncocónicos + agujas","Retape troncocónicos + agujas","Retape troncocónicos + agujas","Retape troncocónicos + agujas","Retape troncocónicos + agujas","Retape troncocónicos + agujas","Retape troncocónicos + agujas","Retape troncocónicos + agujas","Retape troncocónicos + agujas","Retape troncocónicos + agujas","Retape troncocónicos + agujas","Retape troncocónicos + agujas","Retape troncocónicos + agujas","Retape troncocónicos + agujas","Retape troncocónicos + agujas","Retape troncocónicos + agujas","Retape troncocónicos + agujas","Retape troncocónicos + agujas","Retape troncocónicos + agujas","Retape troncocónicos + agujas","Retape troncocónicos + agujas","Retape troncocónicos + agujas","Retape troncocónicos + agujas","Retape troncocónicos + agujas","Retape troncocónicos + agujas","Retape troncocónicos + agujas","Retape troncocónicos + agujas","Retape troncocónicos + agujas","Retape troncocónicos + agujas","Retape troncocónicos + agujas","Retape troncocónicos + agujas","Retape troncocónicos + agujas","Retape troncocónicos + agujas","Retape troncocónicos + agujas","Retape troncocónicos + agujas","Retape troncocónicos + agujas","Retape troncocónicos + agujas","Retape troncocónicos + agujas","Retape troncocónicos + agujas","Retape troncocónicos + agujas","Retape troncocónicos + agujas","Retape troncocónicos + agujas","Retape troncocónicos + agujas","Retape troncocónicos + agujas","Retape troncocónicos + agujas","Retape troncocónicos + agujas","Retape troncocónicos + agujas","Retape troncocónicos + agujas","Retape troncocónicos + agujas","Retape troncocónicos + agujas","Retape troncocónicos + agujas","Retape troncocónicos + agujas","Retape troncocónicos + agujas","Retape troncocónicos + agujas","Retape troncocónicos + agujas","Retape troncocónicos + agujas","Retape troncocónicos + agujas","Retape troncocónicos + agujas","Retape troncocónicos + agujas","Retape troncocónicos + agujas","Retape troncocónicos + agujas","Retape troncocónicos + agujas","Retape troncocónicos + agujas","Retape troncocónicos + agujas","Retape troncocónicos + agujas","Retape troncocónicos + agujas","Retape troncocónicos + agujas","Retape troncocónicos + agujas","Retape troncocónicos + agujas","Retape troncocónicos + agujas","Retape troncocónicos + agujas","Retape troncocónicos + agujas","Retape troncocónicos + agujas","Retape troncocónicos + agujas","Retape troncocónicos + agujas","Retape troncocónicos + agujas","Retape troncocónicos + agujas","Retape troncocónicos + agujas","Retape troncocónicos + agujas","Retape troncocónicos + agujas","Retape troncocónicos + agujas","Retape troncocónicos + agujas","Retape troncocónicos + agujas","Retape troncocónicos + agujas","Retape troncocónicos + agujas","Retape troncocónicos + agujas","Retape troncocónicos + agujas","Retape troncocónicos + agujas","Retape troncocónicos + agujas","Retape troncocónicos + agujas","Retape troncocónicos + agujas","Retape troncocónicos + agujas","Retape troncocónicos + agujas","Retape troncocónicos + agujas","Retape troncocónicos + agujas","Retape troncocónicos + agujas","Retape troncocónicos + agujas","Retape troncocónicos + agujas","Retape troncocónicos + agujas","Retape troncocónicos + agujas","Retape troncocónicos + agujas","Retape troncocónicos + agujas","Retape troncocónicos + agujas","Retape troncocónicos + agujas","Retape troncocónicos + agujas","Retape troncocónicos + agujas","Retape troncocónicos + agujas","Retape troncocónicos + agujas","Retape troncocónicos + agujas","Retape troncocónicos + agujas","Retape troncocónicos + agujas","Retape troncocónicos + agujas","Retape troncocónicos + agujas","Retape troncocónicos + agujas","Retape troncocónicos + agujas","Retape troncocónicos + agujas","Retape troncocónicos + agujas","Retape troncocónicos + agujas","Retape troncocónicos + agujas","Retape troncocónicos + agujas","Retape troncocónicos + agujas","Retape troncocónicos + agujas","Retape troncocónicos + agujas","Retape troncocónicos + agujas","Retape troncocónicos + agujas","Retape troncocónicos + agujas","Retape troncocónicos + agujas","Retape troncocónicos + agujas","Retape troncocónicos + agujas","Retape troncocónicos + agujas","Retape troncocónicos + agujas","Retape troncocónicos + agujas","Retape troncocónicos + agujas","Retape troncocónicos + agujas","Retape troncocónicos + agujas","Retape troncocónicos + agujas","Retape troncocónicos + agujas","Retape troncocónicos + agujas","Retape troncocónicos + agujas","Retape troncocónicos + agujas","Retape troncocónicos + agujas","Retape troncocónicos + agujas","Retape troncocónicos + agujas","Retape troncocónicos + agujas","Retape troncocónicos + agujas","Retape troncocónicos + agujas","Retape troncocónicos + agujas","Retape troncocónicos + agujas","Retape troncocónicos + agujas","Retape troncocónicos + agujas","Retape troncocónicos + agujas","Retape troncocónicos + agujas","Retape troncocónicos + agujas","Retape troncocónicos + agujas","Retape troncocónicos + agujas","Retape troncocónicos + agujas","Retape troncocónicos + agujas","Retape troncocónicos + agujas","Retape troncocónicos + agujas","Retape troncocónicos + agujas","Retape troncocónicos + agujas","Retape troncocónicos + agujas","Retape troncocónicos + agujas","Retape troncocónicos + agujas","Retape troncocónicos + agujas","Retape troncocónicos + agujas","Retape troncocónicos + agujas","Retape troncocónicos + agujas","Retape troncocónicos + agujas","Retape troncocónicos + agujas","Retape troncocónicos + agujas","Retape troncocónicos + agujas","Retape troncocónicos + agujas","Retape troncocónicos + agujas","Retape troncocónicos + agujas","Retape troncocónicos + agujas","Retape troncocónicos + agujas","Retape troncocónicos + agujas","Retape troncocónicos + agujas","Retape troncocónicos + agujas","Retape troncocónicos + agujas","Retape troncocónicos + agujas","Retape troncocónicos + agujas","Retape troncocónicos + agujas","Retape troncocónicos + agujas","Retape troncocónicos + agujas","Retape troncocónicos + agujas","Retape troncocónicos + agujas","Retape troncocónicos + agujas","Retape troncocónicos + agujas","Retape troncocónicos + agujas","Retape troncocónicos + agujas","Retape troncocónicos + agujas","Retape troncocónicos + agujas","Retape troncocónicos + agujas","Retape troncocónicos + agujas","Retape troncocónicos + agujas","Retape troncocónicos + agujas","Retape troncocónicos + agujas","Retape troncocónicos + agujas","Retape troncocónicos + agujas","Retape troncocónicos + agujas","Retape troncocónicos + agujas","Retape troncocónicos + agujas","Retape troncocónicos + agujas","Retape troncocónicos + agujas","Retape troncocónicos + agujas","Retape troncocónicos + agujas","Retape troncocónicos + agujas","Retape troncocónicos + agujas","Retape troncocónicos + agujas","Retape troncocónicos + agujas","Retape troncocónicos + agujas","Retape troncocónicos + agujas","Retape troncocónicos + agujas","Retape troncocónicos + agujas","Retape troncocónicos + agujas","Retape troncocónicos + agujas","Retape troncocónicos + agujas","Retape troncocónicos + agujas","Retape troncocónicos + agujas","Retape troncocónicos + agujas"]
[null,"ACTIVIDAD",66,13,1,"OGT",16,136,"Descimbre muro F25","MOLDAJE MURO","m2",289.55,418,{"$f":"M737*L737","v":121031.90000000001},"Frente",10,10,1,81317.390384615384,"No","Si"]
[null,"ACTIVIDAD",517,26,1,"ZCT",50,170,"Chambrana caja escala","RASGOS","ml",{"$f":"6.013*3","v":18.039000000000001},200,{"$f":"M738*L738","v":3607.8},"Edif",1,10,0.1,2755.52,"No","Si"]
[null,"ACTIVIDAD",536,22,1,"ZCT",41,161,"Descarga de camión grande","LIMPIEZA Y TRASLADO","depto",1,15000,{"$f":"L739*M739","v":15000},"Depto",5,10,0.5,{"$f":"N739*R739","v":7500},"No","No"]
[null,"ACTIVIDAD",536,22,1,"ZCT",41,161,"Descarga de camión chico","LIMPIEZA Y TRASLADO","depto",1,7500,{"$f":"L740*M740","v":7500},"Depto",5,10,0.5,{"$f":"N740*R740","v":3750},"No","No"]
[]
[]
[]
[]
[]
[]
[]
[]
[]
[]
[null,null,null,null,null,null,null,null,null,null,null,null,null,null," "]

{"sheet":"Hoja1","index":6,"n_rows":10,"n_cols":5,"rows_kept":10,"cut":false,"hidden":true,"merged":[]}
[{"$f":"+#REF!*#REF!","v":{"$error":"#REF!"}}]
[]
[]
[]
[null,null,284686.2]
[null,null,109068.768]
[null,null,120393.00000000001]
[null,null,64949.85]
[null,"frente estanque",{"$f":"SUM(C5:C8)","v":579097.81799999997}]
[null,"frente edif",451448,null,{"$f":"+C9/C10","v":1.2827564149137884}]

{"sheet":"Control de Avance","index":7,"n_rows":5105,"n_cols":72,"rows_kept":2250,"cut":true,"hidden":false,"merged":[],"bounds":{"rows_first":1000,"rows_last":250,"rows_between":1000,"halvings":1}}
[null,"CONTROL DE AVANCE",null,null,null,null,null,null,null,null,null,null,null,null,null,null,null,null,null,null,null,null,null,null,null,null,null,null,null,null,null,null,null,null,null,null,null,null,null,null,null,null,null,null,null,null,null,null,null,null,null,null,null,null,null,null,null,null,null,null,null,null,null,null,null,null,null,null,null,"FECHA INICIO:",null,"2020-06-19"]
[null,"A","Completado semana Anterior",null,null,null,null,null,null,null,null,null,null,null,null,null,null,null,null,null,null,null,null,null,null,null,null,null,null,null,null,null,null,null,null,null,null,null,null,null,null,null,null,null,null,null,null,null,null,null,null,null,null,null,null,null,null,null,null,null,null,null,null,null,null,null,null,null,null,"FECHA HOY:",null,"2021-06-04"]
[null,"B","Completado semana actual",null,null,null,null,null,null,null,null,null,null,null,null,null,null,null,null,null,null,null,null,null,null,null,null,null,null,null,null,null,null,null,null,null,null,null,null,null,null,null,null,null,null,null,null,null,null,null,null,null,null,null,null,null,null,null,null,null,null,null,null,null,null,null,null,null,null,null,null,{"$f":"206+5+4+5+5","v":225}]
[null,"C","Programado semana actual y no cumplido",null,null,null,null,null,null,null,null,null,null,null,null,null,null,null,null,null,null,null,null,null,null,null,null,null,null,null,null,null,null,null,null,null,null,null,null,null,null,null,null,null,null,null,null,null,null,null,null,null,null,null,null,null,null,null,null,null,null,null,null,null,null,null,null,null,null,null,null,{"$f":"'Gráfico Pos. Cuadrillas'!C2","v":131}]
[null,"D","Programado próx. semana",null,null,null,null,null,null,null,null,null,null,null,null,null,null,null,null,null,null,null,null,null,null,null,null,null,null,null,null,null,null,null,null,null,null,null,null,null,null,null,null,null,null,null,null,null,null,null,null,null,null,null,null,null,null,null,null,null,null,null,null,null,null,null,null,null,null,null,null,128]
[null,"Numero dptos:",{"$f":"+'Parámetros de Producción'!$B$3","v":240}]
[null,"Ritmo de obra",{"$f":"+'Parámetros de Producción'!$B$4","v":2}]
[null,"Numero de frentes:",{"$f":"+'Parámetros de Producción'!$B$5","v":120}]
[null,"Número de frentes en planta por edificio",{"$f":"+'Parámetros de Producción'!$B$6","v":2}]
[null,"Numero mayor de frentes en OG",{"$f":"+'Parámetros de Producción'!$B$7","v":6}]
[null,"Número de pisos real",{"$f":"+'Parámetros de Producción'!$B$8","v":5}]
[null,"Edificios en Altura"]
[null,"Número de pisos modelo",{"$f":"+'Parámetros de Producción'!B$11","v":5},null,null,null,null,null,null,null,null,null,null,null,null,null,null,null,null,null,null,null,null,null,null,null,null,null,null,null,null,null,null,null,null,null,null,null,null,null,null,null,null,null,null,null,null,null,null,null,null,null,null,null,null,"Nact",{"$f":"COUNTA(BG:BG)-1","v":508}]
[null,"CONDICION","Actividad",null,null,null,null,null,null,null,null,null,null,null,null,null,null,null,null,null,null,null,null,null,null,null,null,null,null,null,null,null,null,null,null,null,null,null,null,null,null,null,null,null,null,null,null,null,null,null,null,null,null,null,null,"Cuadrilla","Unidad base","Cubicación ponderada","P.U.","P. Unidad de producción","Unidad de producción","CANT X EDIFICIO","DIAS X EDIFICIO","CANT X FRENTE","VALOR FRENTE","VALOR EJEC TOTAL","FRENTES EJEC TOTAL ACTIVAS","DIA INICIO","POSICIÓN ACTIVIDAD","AUX VALOR FRENTE","PARA POSICIÓN PONDERADA"]
["OG1",{"$f":"IF((OR($BT$5<$BP$15-5,AND($BC$17=\"OK\",COUNTIF($D$17:$AY$21,\"B\")=0))),0,1)","v":0},"Descarga y conteo fierro 1eros pisos (incluye viga 0)",null,null,null,null,null,null,null,null,null,null,null,null,null,null,null,null,null,null,null,null,null,null,null,null,null,null,null,null,null,null,null,null,null,null,null,null,null,null,null,null,null,null,null,null,null,null,null,null,null,null,null,null,"ENFIERRADOR","kg",{"$f":"VLOOKUP(C15,'Act. Proyecto'!$I$3:$Q$881,4,FALSE)","v":2229.9403931105198},{"$f":"VLOOKUP(C15,'Act. Proyecto'!$I$3:$Q$881,5,FALSE)","v":3},{"$f":"IFERROR(BF15*BG15,0)","v":6689.8211793315595},{"$f":"VLOOKUP(C15,'Act. Proyecto'!$I$3:$Q$881,7,FALSE)","v":"Frente"},{"$f":"VLOOKUP(C15,'Act. Proyecto'!$I$3:$Q$881,8,FALSE)","v":2},{"$f":"VLOOKUP(C15,'Act. Proyecto'!$I$3:$Q$881,9,FALSE)","v":10},{"$f":"IFERROR(BJ15/BK15,0)","v":0.2},{"$f":"IFERROR(BL15*BH15,0)","v":1337.964235866312},{"$f":"$AZ$17*$BH$15","v":160555.70830395742},{"$f":"IF($BM$15=0,0,$BN$15/$BM$15)","v":119.99999999999999},1,{"$f":"$BP$15+$BO$15-1","v":119.99999999999999},{"$f":"BM15*B15","v":0},{"$f":"BR15*BQ15","v":0}]
[null,{"$f":"$B$15","v":0},null,"F1","F2","F3","F4","F5","F6","F7","F8","F9","F10","F11","F12","F13","F14","F15","F16","F17","F18","F19","F20","F21","F22","F23","F24",null,null,null,null,null,null,null,null,null,null,null,null,null,null,null,null,null,null,null,null,null,null,null,null,"N° Unid Prod","N° Frentes","Pos","%"]
[null,0,5,"X","X","X","X","X","X","X","X","X","X","X","X","X","X","X","X","X","X","X","X","X","X","X","X",null,null,null,null,null,null,null,null,null,null,null,null,null,null,null,null,null,null,null,null,null,null,null,null,{"$f":"COUNTIF(D17:AA21,\"A\")+COUNTIF(D17:AA21,\"B\")","v":24},{"$f":"+AZ17/BJ15*BK15","v":120},{"$f":"+BA17+BO15","v":240},{"$f":"IF(AZ17=BB18,\"OK\",BB17/'Control de Avance'!$BT$3)","v":"OK"}]
[null,0,4,"X","X","X","X","X","X","X","X","X","X","X","X","X","X","X","X","X","X","X","X","X","X","X","X",null,null,null,null,null,null,null,null,null,null,null,null,null,null,null,null,null,null,null,null,null,null,null,null,"N° Total Und Prod:",null,{"$f":"VLOOKUP('Dibujo Edificios'!$A$24,'Otras Tablas'!$G$2:$H$31,2,FALSE)","v":24}]
[null,0,3,"X","X","X","X","X","X","X","X","X","X","X","X","X","X","X","X","X","X","X","X","X","X","X","X",null,null,null,null,null,null,null,null,null,null,null,null,null,null,null,null,null,null,null,null,null,null,null,null,"Proyección avance actual",null,null,{"$f":"IF(AZ17=BB18,\"OK\",IF(BC21=0,\"NA\",(BB18/BJ15*BK15+BQ15)/('Control de Avance'!$BT$3+BC22*5)))","v":"OK"}]
[null,0,2,"X","X","X","X","X","X","X","X","X","X","X","X","X","X","X","X","X","X","X","X","X","X","X","X",null,null,null,null,null,null,null,null,null,null,null,null,null,null,null,null,null,null,null,null,null,null,null,null,"Frentes anteriores",null,null,{"$f":"COUNTIF(D17:AC21,\"A\")/BJ15*BK15","v":120}]
[null,0,1,"a","a","A","a","a","a","a","a","a","a","a","a","a","a","a","a","a","a","a","a","a","a","a","a",null,null,null,null,null,null,null,null,null,null,null,null,null,null,null,null,null,null,null,null,null,null,null,null,"Frentes semana actual",null,null,{"$f":"COUNTIF(D17:AC21,\"B\")/BJ15*BK15","v":0}]
[null,0,null,null,null,null,null,null,null,null,null,null,null,null,null,null,null,null,null,null,null,null,null,null,null,null,null,null,null,null,null,null,null,null,null,null,null,null,null,null,null,null,null,null,null,null,null,null,null,null,null,"Saldo",{"$f":"+BB18/BJ15*BK15-BC20-BC21","v":0},"Sem",{"$f":"IF(AZ17=BB18,\"OK\",IF(BC21=0,\"NA\",BA22/BC21))","v":"OK"}]
[null,0]
[]
["OG1",{"$f":"IF((OR($BT$5<$BP$25-5,AND($BC$27=\"OK\",COUNTIF($D$27:$AY$31,\"B\")=0))),0,1)","v":0},"Separar Fierro muro 1ER PISO",null,null,null,null,null,null,null,null,null,null,null,null,null,null,null,null,null,null,null,null,null,null,null,null,null,null,null,null,null,null,null,null,null,null,null,null,null,null,null,null,null,null,null,null,null,null,null,null,null,null,null,null,"ENFIERRADOR","kg",{"$f":"VLOOKUP(C25,'Act. Proyecto'!$I$3:$Q$881,4,FALSE)","v":2229.9403931105198},{"$f":"VLOOKUP(C25,'Act. Proyecto'!$I$3:$Q$881,5,FALSE)","v":10},{"$f":"IFERROR(BF25*BG25,0)","v":22299.403931105197},{"$f":"VLOOKUP(C25,'Act. Proyecto'!$I$3:$Q$881,7,FALSE)","v":"Frente"},{"$f":"VLOOKUP(C25,'Act. Proyecto'!$I$3:$Q$881,8,FALSE)","v":2},{"$f":"VLOOKUP(C25,'Act. Proyecto'!$I$3:$Q$881,9,FALSE)","v":10},{"$f":"IFERROR(BJ25/BK25,0)","v":0.2},{"$f":"IFERROR(BL25*BH25,0)","v":4459.8807862210397},{"$f":"$AZ$27*$BH$25","v":535185.69434652478},{"$f":"IF($BM$25=0,0,$BN$25/$BM$25)","v":120},1,{"$f":"$BP$25+$BO$25-1","v":120},{"$f":"BM25*B25","v":0},{"$f":"BR25*BQ25","v":0}]
[null,{"$f":"$B$25","v":0},null,"F1","F2","F3","F4","F5","F6","F7","F8","F9","F10","F11","F12","F13","F14","F15","F16","F17","F18","F19","F20","F21","F22","F23","F24",null,null,null,null,null,null,null,null,null,null,null,null,null,null,null,null,null,null,null,null,null,null,null,null,"N° Unid Prod","N° Frentes","Pos","%"]
[null,0,5,"X","X","X","X","X","X","X","X","X","X","X","X","X","X","X","X","X","X","X","X","X","X","X","X",null,null,null,null,null,null,null,null,null,null,null,null,null,null,null,null,null,null,null,null,null,null,null,null,{"$f":"COUNTIF(D27:AA31,\"A\")+COUNTIF(D27:AA31,\"B\")","v":24},{"$f":"+AZ27/BJ25*BK25","v":120},{"$f":"+BA27+BO25","v":240},{"$f":"IF(AZ27=BB28,\"OK\",BB27/'Control de Avance'!$BT$3)","v":"OK"}]
[null,0,4,"X","X","X","X","X","X","X","X","X","X","X","X","X","X","X","X","X","X","X","X","X","X","X","X",null,null,null,null,null,null,null,null,null,null,null,null,null,null,null,null,null,null,null,null,null,null,null,null,"N° Total Und Prod:",null,{"$f":"VLOOKUP('Dibujo Edificios'!$A$24,'Otras Tablas'!$G$2:$H$31,2,FALSE)","v":24}]
[null,0,3,"X","X","X","X","X","X","X","X","X","X","X","X","X","X","X","X","X","X","X","X","X","X","X","X",null,null,null,null,null,null,null,null,null,null,null,null,null,null,null,null,null,null,null,null,null,null,null,null,"Proyección avance actual",null,null,{"$f":"IF(AZ27=BB28,\"OK\",IF(BC31=0,\"NA\",(BB28/BJ25*BK25+BQ25)/('Control de Avance'!$BT$3+BC32*5)))","v":"OK"}]
[null,0,2,"X","X","X","X","X","X","X","X","X","X","X","X","X","X","X","X","X","X","X","X","X","X","X","X",null,null,null,null,null,null,null,null,null,null,null,null,null,null,null,null,null,null,null,null,null,null,null,null,"Frentes anteriores",null,null,{"$f":"COUNTIF(D27:AC31,\"A\")/BJ25*BK25","v":120}]
[null,0,1,"a","a","a","a","a","a","a","a","a","a","a","a","a","a","a","a","a","a","a","a","a","a","a","a",null,null,null,null,null,null,null,null,null,null,null,null,null,null,null,null,null,null,null,null,null,null,null,null,"Frentes semana actual",null,null,{"$f":"COUNTIF(D27:AC31,\"B\")/BJ25*BK25","v":0}]
[null,0,null,null,null,null,null,null,null,null,null,null,null,null,null,null,null,null,null,null,null,null,null,null,null,null,null,null,null,null,null,null,null,null,null,null,null,null,null,null,null,null,null,null,null,null,null,null,null,null,null,"Saldo",{"$f":"+BB28/BJ25*BK25-BC30-BC31","v":0},"Sem",{"$f":"IF(AZ27=BB28,\"OK\",IF(BC31=0,\"NA\",BA32/BC31))","v":"OK"}]
[null,0]
[]
["OG1",{"$f":"IF((OR($BT$5<$BP$35-5,AND($BC$37=\"OK\",COUNTIF($D$37:$AY$41,\"B\")=0))),0,1)","v":0},"Fabricación fierro primer piso(nivel cero y primer piso)",null,null,null,null,null,null,null,null,null,null,null,null,null,null,null,null,null,null,null,null,null,null,null,null,null,null,null,null,null,null,null,null,null,null,null,null,null,null,null,null,null,null,null,null,null,null,null,null,null,null,null,null,"ENFIERRADOR","kg",{"$f":"VLOOKUP(C35,'Act. Proyecto'!$I$3:$Q$881,4,FALSE)","v":1941.677217445327},{"$f":"VLOOKUP(C35,'Act. Proyecto'!$I$3:$Q$881,5,FALSE)","v":70},{"$f":"IFERROR(BF35*BG35,0)","v":135917.4052211729},{"$f":"VLOOKUP(C35,'Act. Proyecto'!$I$3:$Q$881,7,FALSE)","v":"Frente"},{"$f":"VLOOKUP(C35,'Act. Proyecto'!$I$3:$Q$881,8,FALSE)","v":2},{"$f":"VLOOKUP(C35,'Act. Proyecto'!$I$3:$Q$881,9,FALSE)","v":10},{"$f":"IFERROR(BJ35/BK35,0)","v":0.2},{"$f":"IFERROR(BL35*BH35,0)","v":27183.481044234581},{"$f":"$AZ$37*$BH$35","v":3262017.7253081496},{"$f":"IF($BM$35=0,0,$BN$35/$BM$35)","v":120},1,{"$f":"$BP$35+$BO$35-1","v":120},{"$f":"BM35*B35","v":0},{"$f":"BR35*BQ35","v":0}]
[null,{"$f":"$B$35","v":0},null,"F1","F2","F3","F4","F5","F6","F7","F8","F9","F10","F11","F12","F13","F14","F15","F16","F17","F18","F19","F20","F21","F22","F23","F24",null,null,null,null,null,null,null,null,null,null,null,null,null,null,null,null,null,null,null,null,null,null,null,null,"N° Unid Prod","N° Frentes","Pos","%"]
[null,0,5,"X","X","X","X","X","X","X","X","X","X","X","X","X","X","X","X","X","X","X","X","X","X","X","X",null,null,null,null,null,null,null,null,null,null,null,null,null,null,null,null,null,null,null,null,null,null,null,null,{"$f":"COUNTIF(D37:AA41,\"A\")+COUNTIF(D37:AA41,\"B\")","v":24},{"$f":"+AZ37/BJ35*BK35","v":120},{"$f":"+BA37+BO35","v":240},{"$f":"IF(AZ37=BB38,\"OK\",BB37/'Control de Avance'!$BT$3)","v":"OK"}]
[null,0,4,"X","X","X","X","X","X","X","X","X","X","X","X","X","X","X","X","X","X","X","X","X","X","X","X",null,null,null,null,null,null,null,null,null,null,null,null,null,null,null,null,null,null,null,null,null,null,null,null,"N° Total Und Prod:",null,{"$f":"VLOOKUP('Dibujo Edificios'!$A$24,'Otras Tablas'!$G$2:$H$31,2,FALSE)","v":24}]
[null,0,3,"X","X","X","X","X","X","X","X","X","X","X","X","X","X","X","X","X","X","X","X","X","X","X","X",null,null,null,null,null,null,null,null,null,null,null,null,null,null,null,null,null,null,null,null,null,null,null,null,"Proyección avance actual",null,null,{"$f":"IF(AZ37=BB38,\"OK\",IF(BC41=0,\"NA\",(BB38/BJ35*BK35+BQ35)/('Control de Avance'!$BT$3+BC42*5)))","v":"OK"}]
[null,0,2,"X","X","X","X","X","X","X","X","X","X","X","X","X","X","X","X","X","X","X","X","X","X","X","X",null,null,null,null,null,null,null,null,null,null,null,null,null,null,null,null,null,null,null,null,null,null,null,null,"Frentes anteriores",null,null,{"$f":"COUNTIF(D37:AC41,\"A\")/BJ35*BK35","v":120}]
[null,0,1,"a","a","a","a","a","a","A","a","a","a","a","a","a","a","a","A","a","a","a","a","a","A","A","a",null,null,null,null,null,null,null,null,null,null,null,null,null,null,null,null,null,null,null,null,null,null,null,null,"Frentes semana actual",null,null,{"$f":"COUNTIF(D37:AC41,\"B\")/BJ35*BK35","v":0}]
[null,0,null,null,null,null,null,null,null,null,null,null,null,null,null,null,null,null,null,null,null,null,null,null,null,null,null,null,null,null,null,null,null,null,null,null,null,null,null,null,null,null,null,null,null,null,null,null,null,null,null,"Saldo",{"$f":"+BB38/BJ35*BK35-BC40-BC41","v":0},"Sem",{"$f":"IF(AZ37=BB38,\"OK\",IF(BC41=0,\"NA\",BA42/BC41))","v":"OK"}]
[null,0]
[]
["OG1",{"$f":"IF((OR($BT$5<$BP$45-5,AND($BC$47=\"OK\",COUNTIF($D$47:$AY$51,\"B\")=0))),0,1)","v":0},"Trazo excavación",null,null,null,null,null,null,null,null,null,null,null,null,null,null,null,null,null,null,null,null,null,null,null,null,null,null,null,null,null,null,null,null,null,null,null,null,null,null,null,null,null,null,null,null,null,null,null,null,null,null,null,null,"TRAZO","un",{"$f":"VLOOKUP(C45,'Act. Proyecto'!$I$3:$Q$881,4,FALSE)","v":2},{"$f":"VLOOKUP(C45,'Act. Proyecto'!$I$3:$Q$881,5,FALSE)","v":0},{"$f":"IFERROR(BF45*BG45,0)","v":0},{"$f":"VLOOKUP(C45,'Act. Proyecto'!$I$3:$Q$881,7,FALSE)","v":"Frente"},{"$f":"VLOOKUP(C45,'Act. Proyecto'!$I$3:$Q$881,8,FALSE)","v":2},{"$f":"VLOOKUP(C45,'Act. Proyecto'!$I$3:$Q$881,9,FALSE)","v":10},{"$f":"IFERROR(BJ45/BK45,0)","v":0.2},{"$f":"IFERROR(BL45*BH45,0)","v":0},{"$f":"$AZ$47*$BH$45","v":0},{"$f":"IF($BM$45=0,0,$BN$45/$BM$45)","v":0},1,{"$f":"$BP$45+$BO$45-1","v":0},{"$f":"BM45*B45","v":0},{"$f":"BR45*BQ45","v":0}]
[null,{"$f":"$B$45","v":0},null,"F1","F2","F3","F4","F5","F6","F7","F8","F9","F10","F11","F12","F13","F14","F15","F16","F17","F18","F19","F20","F21","F22","F23","F24",null,null,null,null,null,null,null,null,null,null,null,null,null,null,null,null,null,null,null,null,null,null,null,null,"N° Unid Prod","N° Frentes","Pos","%"]
[null,0,5,"X","X","X","X","X","X","X","X","X","X","X","X","X","X","X","X","X","X","X","X","X","X","X","X",null,null,null,null,null,null,null,null,null,null,null,null,null,null,null,null,null,null,null,null,null,null,null,null,{"$f":"COUNTIF(D47:AA51,\"A\")+COUNTIF(D47:AA51,\"B\")","v":24},{"$f":"+AZ47/BJ45*BK45","v":120},{"$f":"+BA47+BO45","v":120},{"$f":"IF(AZ47=BB48,\"OK\",BB47/'Control de Avance'!$BT$3)","v":"OK"}]
[null,0,4,"X","X","X","X","X","X","X","X","X","X","X","X","X","X","X","X","X","X","X","X","X","X","X","X",null,null,null,null,null,null,null,null,null,null,null,null,null,null,null,null,null,null,null,null,null,null,null,null,"N° Total Und Prod:",null,{"$f":"VLOOKUP('Dibujo Edificios'!$A$24,'Otras Tablas'!$G$2:$H$31,2,FALSE)","v":24}]
[null,0,3,"X","X","X","X","X","X","X","X","X","X","X","X","X","X","X","X","X","X","X","X","X","X","X","X",null,null,null,null,null,null,null,null,null,null,null,null,null,null,null,null,null,null,null,null,null,null,null,null,"Proyección avance actual",null,null,{"$f":"IF(AZ47=BB48,\"OK\",IF(BC51=0,\"NA\",(BB48/BJ45*BK45+BQ45)/('Control de Avance'!$BT$3+BC52*5)))","v":"OK"}]
[null,0,2,"X","X","X","X","X","X","X","X","X","X","X","X","X","X","X","X","X","X","X","X","X","X","X","X",null,null,null,null,null,null,null,null,null,null,null,null,null,null,null,null,null,null,null,null,null,null,null,null,"Frentes anteriores",null,null,{"$f":"COUNTIF(D47:AC51,\"A\")/BJ45*BK45","v":120}]
[null,0,1,"a","a","a","a","a","a","a","a","a","a","a","a","a","a","a","a","a","a","a","a","A","A","a","A",null,null,null,null,null,null,null,null,null,null,null,null,null,null,null,null,null,null,null,null,null,null,null,null,"Frentes semana actual",null,null,{"$f":"COUNTIF(D47:AC51,\"B\")/BJ45*BK45","v":0}]
[null,0,null,null,null,null,null,null,null,null,null,null,null,null,null,null,null,null,null,null,null,null,null,null,null,null,null,null,null,null,null,null,null,null,null,null,null,null,null,null,null,null,null,null,null,null,null,null,null,null,null,"Saldo",{"$f":"+BB48/BJ45*BK45-BC50-BC51","v":0},"Sem",{"$f":"IF(AZ47=BB48,\"OK\",IF(BC51=0,\"NA\",BA52/BC51))","v":"OK"}]
[null,0]
[]
["OG1",{"$f":"IF((OR($BT$5<$BP$55-5,AND($BC$57=\"OK\",COUNTIF($D$57:$AY$61,\"B\")=0))),0,1)","v":0},"Excavación fundaciones",null,null,null,null,null,null,null,null,null,null,null,null,null,null,null,null,null,null,null,null,null,null,null,null,null,null,null,null,null,null,null,null,null,null,null,null,null,null,null,null,null,null,null,null,null,null,null,null,null,null,null,null,"OP. RETRO","m3",{"$f":"VLOOKUP(C55,'Act. Proyecto'!$I$3:$Q$881,4,FALSE)","v":1},{"$f":"VLOOKUP(C55,'Act. Proyecto'!$I$3:$Q$881,5,FALSE)","v":1},{"$f":"IFERROR(BF55*BG55,0)","v":1},{"$f":"VLOOKUP(C55,'Act. Proyecto'!$I$3:$Q$881,7,FALSE)","v":"Depto"},{"$f":"VLOOKUP(C55,'Act. Proyecto'!$I$3:$Q$881,8,FALSE)","v":4},{"$f":"VLOOKUP(C55,'Act. Proyecto'!$I$3:$Q$881,9,FALSE)","v":10},{"$f":"IFERROR(BJ55/BK55,0)","v":0.4},{"$f":"IFERROR(BL55*BH55,0)","v":0.4},{"$f":"$AZ$57*$BH$55","v":48},{"$f":"IF($BM$55=0,0,$BN$55/$BM$55)","v":120},2,{"$f":"$BP$55+$BO$55-1","v":121},{"$f":"BM55*B55","v":0},{"$f":"BR55*BQ55","v":0}]
[null,{"$f":"$B$55","v":0},null,"F1.1","F1.2","F2.1","F2.2","F3.1","F3.2","F4.1","F4.2","F5.1","F5.2","F6.1","F6.2","F7.1","F7.2","F8.1","F8.2","F9.1","F9.2","F10.1","F10.2","F11.1","F11.2","F12.1","F12.2","F13.1","F13.2","F14.1","F14.2","F15.1","F15.2","F16.1","F16.2","F17.1","F17.2","F18.1","F18.2","F19.1","F19.2","F20.1","F20.2","F21.1","F21.2","F22.1","F22.2","F23.1","F23.2","F24.1","F24.2","N° Unid Prod","N° Frentes","Pos","%"]
[null,0,5,"X","X","X","X","X","X","X","X","X","X","X","X","X","X","X","X","X","X","X","X","X","X","X","X","X","X","X","X","X","X","X","X","X","X","X","X","X","X","X","X","X","X","X","X","X","X","X","X",{"$f":"COUNTIF(D57:AY61,\"A\")+COUNTIF(D57:AY61,\"B\")","v":48},{"$f":"+AZ57/BJ55*BK55","v":120},{"$f":"+BA57+BO55","v":240},{"$f":"IF(AZ57=BB58,\"OK\",BB57/'Control de Avance'!$BT$3)","v":"OK"}]
[null,0,4,"X","X","X","X","X","X","X","X","X","X","X","X","X","X","X","X","X","X","X","X","X","X","X","X","X","X","X","X","X","X","X","X","X","X","X","X","X","X","X","X","X","X","X","X","X","X","X","X","N° Total Und Prod:",null,{"$f":"VLOOKUP('Dibujo Edificios'!$A$14,'Otras Tablas'!$G$2:$H$31,2,FALSE)","v":48}]
[null,0,3,"X","X","X","X","X","X","X","X","X","X","X","X","X","X","X","X","X","X","X","X","X","X","X","X","X","X","X","X","X","X","X","X","X","X","X","X","X","X","X","X","X","X","X","X","X","X","X","X","Proyección avance actual",null,null,{"$f":"IF(AZ57=BB58,\"OK\",IF(BC61=0,\"NA\",(BB58/BJ55*BK55+BQ55)/('Control de Avance'!$BT$3+BC62*5)))","v":"OK"}]
[null,0,2,"X","X","X","X","X","X","X","X","X","X","X","X","X","X","X","X","X","X","X","X","X","X","X","X","X","X","X","X","X","X","X","X","X","X","X","X","X","X","X","X","X","X","X","X","X","X","X","X","Frentes anteriores",null,null,{"$f":"COUNTIF(D57:AC61,\"A\")/BJ55*BK55","v":65}]
[null,0,1,"a","a","a","a","a","a","a","a","a","a","a","a","a","a","a","a","a","a","a","a","a","a","a","a","a","a","a","a","a","A","a","a","a","a","a","a","A","A","a","a","a","a","a","a","a","a","A","A","Frentes semana actual",null,null,{"$f":"COUNTIF(D57:AC61,\"B\")/BJ55*BK55","v":0}]
[null,0,null,null,null,null,null,null,null,null,null,null,null,null,null,null,null,null,null,null,null,null,null,null,null,null,null,null,null,null,null,null,null,null,null,null,null,null,null,null,null,null,null,null,null,null,null,null,null,null,null,"Saldo",{"$f":"+BB58/BJ55*BK55-BC60-BC61","v":55},"Sem",{"$f":"IF(AZ57=BB58,\"OK\",IF(BC61=0,\"NA\",BA62/BC61))","v":"OK"}]
[null,0]
[]
["OG1",{"$f":"IF((OR($BT$5<$BP$65-5,AND($BC$67=\"OK\",COUNTIF($D$67:$AY$71,\"B\")=0))),0,1)","v":0},"Perfilado de excavación",null,null,null,null,null,null,null,null,null,null,null,null,null,null,null,null,null,null,null,null,null,null,null,null,null,null,null,null,null,null,null,null,null,null,null,null,null,null,null,null,null,null,null,null,null,null,null,null,null,null,null,null,"SOBRECIMIENTO Y CORONACIÓN","depto",{"$f":"VLOOKUP(C65,'Act. Proyecto'!$I$3:$Q$881,4,FALSE)","v":2},{"$f":"VLOOKUP(C65,'Act. Proyecto'!$I$3:$Q$881,5,FALSE)","v":12400},{"$f":"IFERROR(BF65*BG65,0)","v":24800},{"$f":"VLOOKUP(C65,'Act. Proyecto'!$I$3:$Q$881,7,FALSE)","v":"Frente"},{"$f":"VLOOKUP(C65,'Act. Proyecto'!$I$3:$Q$881,8,FALSE)","v":2},{"$f":"VLOOKUP(C65,'Act. Proyecto'!$I$3:$Q$881,9,FALSE)","v":10},{"$f":"IFERROR(BJ65/BK65,0)","v":0.2},{"$f":"IFERROR(BL65*BH65,0)","v":4960},{"$f":"$AZ$67*$BH$65","v":595200},{"$f":"IF($BM$65=0,0,$BN$65/$BM$65)","v":120},3,{"$f":"$BP$65+$BO$65-1","v":122},{"$f":"BM65*B65","v":0},{"$f":"BR65*BQ65","v":0}]
[null,{"$f":"$B$65","v":0},null,"F1","F2","F3","F4","F5","F6","F7","F8","F9","F10","F11","F12","F13","F14","F15","F16","F17","F18","F19","F20","F21","F22","F23","F24",null,null,null,null,null,null,null,null,null,null,null,null,null,null,null,null,null,null,null,null,null,null,null,null,"N° Unid Prod","N° Frentes","Pos","%"]
[null,0,5,"X","X","X","X","X","X","X","X","X","X","X","X","X","X","X","X","X","X","X","X","X","X","X","X",null,null,null,null,null,null,null,null,null,null,null,null,null,null,null,null,null,null,null,null,null,null,null,null,{"$f":"COUNTIF(D67:AA71,\"A\")+COUNTIF(D67:AA71,\"B\")","v":24},{"$f":"+AZ67/BJ65*BK65","v":120},{"$f":"+BA67+BO65","v":240},{"$f":"IF(AZ67=BB68,\"OK\",BB67/'Control de Avance'!$BT$3)","v":"OK"}]
[null,0,4,"X","X","X","X","X","X","X","X","X","X","X","X","X","X","X","X","X","X","X","X","X","X","X","X",null,null,null,null,null,null,null,null,null,null,null,null,null,null,null,null,null,null,null,null,null,null,null,null,"N° Total Und Prod:",null,{"$f":"VLOOKUP('Dibujo Edificios'!$A$24,'Otras Tablas'!$G$2:$H$31,2,FALSE)","v":24}]
[null,0,3,"X","X","X","X","X","X","X","X","X","X","X","X","X","X","X","X","X","X","X","X","X","X","X","X",null,null,null,null,null,null,null,null,null,null,null,null,null,null,null,null,null,null,null,null,null,null,null,null,"Proyección avance actual",null,null,{"$f":"IF(AZ67=BB68,\"OK\",IF(BC71=0,\"NA\",(BB68/BJ65*BK65+BQ65)/('Control de Avance'!$BT$3+BC72*5)))","v":"OK"}]
[null,0,2,"X","X","X","X","X","X","X","X","X","X","X","X","X","X","X","X","X","X","X","X","X","X","X","X",null,null,null,null,null,null,null,null,null,null,null,null,null,null,null,null,null,null,null,null,null,null,null,null,"Frentes anteriores",null,null,{"$f":"COUNTIF(D67:AC71,\"A\")/BJ65*BK65","v":120}]
[null,0,1,"a","a","a","a","a","a","a","A","a","A","a","a","a","a","a","a","a","a","A","A","A","A","a","a",null,null,null,null,null,null,null,null,null,null,null,null,null,null,null,null,null,null,null,null,null,null,null,null,"Frentes semana actual",null,null,{"$f":"COUNTIF(D67:AC71,\"B\")/BJ65*BK65","v":0}]
[null,0,null,null,null,null,null,null,null,null,null,null,null,null,null,null,null,null,null,null,null,null,null,null,null,null,null,null,null,null,null,null,null,null,null,null,null,null,null,null,null,null,null,null,null,null,null,null,null,null,null,"Saldo",{"$f":"+BB68/BJ65*BK65-BC70-BC71","v":0},"Sem",{"$f":"IF(AZ67=BB68,\"OK\",IF(BC71=0,\"NA\",BA72/BC71))","v":"OK"}]
[null,0]
[]
["OG1",0,"Instalación de malla tierra",null,null,null,null,null,null,null,null,null,null,null,null,null,null,null,null,null,null,null,null,null,null,null,null,null,null,null,null,null,null,null,null,null,null,null,null,null,null,null,null,null,null,null,null,null,null,null,null,null,null,null,null,"ELÉCTRICO OG","puntos",{"$f":"VLOOKUP(C75,'Act. Proyecto'!$I$3:$Q$881,4,FALSE)","v":4},{"$f":"VLOOKUP(C75,'Act. Proyecto'!$I$3:$Q$881,5,FALSE)","v":4025},{"$f":"IFERROR(BF75*BG75,0)","v":16100},{"$f":"VLOOKUP(C75,'Act. Proyecto'!$I$3:$Q$881,7,FALSE)","v":"Edif"},{"$f":"VLOOKUP(C75,'Act. Proyecto'!$I$3:$Q$881,8,FALSE)","v":1},{"$f":"VLOOKUP(C75,'Act. Proyecto'!$I$3:$Q$881,9,FALSE)","v":10},{"$f":"IFERROR(BJ75/BK75,0)","v":0.1},{"$f":"IFERROR(BL75*BH75,0)","v":1610},{"$f":"$AZ$77*$BH$75","v":209300},{"$f":"IF($BM$75=0,0,$BN$75/$BM$75)","v":130},3,{"$f":"$BP$75+$BO$75-1","v":132},{"$f":"BM75*B75","v":0},{"$f":"BR75*BQ75","v":0}]
[null,{"$f":"$B$75","v":0},null,"F1-2","F3-4","F5-6","F7-8","F9-10","F11","F12-13","F14-15","F16","F17-18","F19-20","F21-22","F23-24",null,null,null,null,null,null,null,null,null,null,null,null,null,null,null,null,null,null,null,null,null,null,null,null,null,null,null,null,null,null,null,null,null,null,null,"N° Unid Prod","N° Frentes","Pos","%"]
[null,0,5,"X","X","X","X","X","X","X","X","X","X","X","X","X",null,null,null,null,null,null,null,null,null,null,null,null,null,null,null,null,null,null,null,null,null,null,null,null,null,null,null,null,null,null,null,null,null,null,null,{"$f":"COUNTIF(D77:P81,\"A\")+COUNTIF(D77:P81,\"B\")","v":13},{"$f":"+AZ77/BJ75*BK75","v":130},{"$f":"+BA77+BO75","v":260},{"$f":"IF(AZ77=BB78,\"OK\",BB77/'Control de Avance'!$BT$3)","v":1.1555555555555554}]
[null,0,4,"X","X","X","X","X","X","X","X","X","X","X","X","X",null,null,null,null,null,null,null,null,null,null,null,null,null,null,null,null,null,null,null,null,null,null,null,null,null,null,null,null,null,null,null,null,null,null,null,"N° Total Und Prod:",null,{"$f":"VLOOKUP('Dibujo Edificios'!$A$34,'Otras Tablas'!$G$2:$H$31,2,FALSE)","v":12}]
[null,0,3,"X","X","X","X","X","X","X","X","X","X","X","X","X",null,null,null,null,null,null,null,null,null,null,null,null,null,null,null,null,null,null,null,null,null,null,null,null,null,null,null,null,null,null,null,null,null,null,null,"Proyección avance actual",null,null,{"$f":"IF(AZ77=BB78,\"OK\",IF(BC81=0,\"NA\",(BB78/BJ75*BK75+BQ75)/('Control de Avance'!$BT$3+BC82*5)))","v":"NA"}]
[null,0,2,"X","X","X","X","X","X","X","X","X","X","X","X","X",null,null,null,null,null,null,null,null,null,null,null,null,null,null,null,null,null,null,null,null,null,null,null,null,null,null,null,null,null,null,null,null,null,null,null,"Frentes anteriores",null,null,{"$f":"COUNTIF(D77:AC81,\"A\")/BJ75*BK75","v":130}]
[null,0,1,"a","a","a","a","a","A","a","A","a","a","a","a","A",null,null,null,null,null,null,null,null,null,null,null,null,null,null,null,null,null,null,null,null,null,null,null,null,null,null,null,null,null,null,null,null,null,null,null,"Frentes semana actual"]
[null,0,null,null,null,null,null,null,null,null,null,null,null,null,null,null,null,null,null,null,null,null,null,null,null,null,null,null,null,null,null,null,null,null,null,null,null,null,null,null,null,null,null,null,null,null,null,null,null,null,null,"Saldo",{"$f":"+BB78/BJ75*BK75-BC80-BC81","v":-10},"Sem",{"$f":"IF(AZ77=BB78,\"OK\",IF(BC81=0,\"NA\",BA82/BC81))","v":"NA"}]
[null,0]
[]
["OG1",{"$f":"IF((OR($BT$5<$BP$85-5,AND($BC$87=\"OK\",COUNTIF($D$87:$AY$91,\"B\")=0))),0,1)","v":0},"Fabricar calugas de hormigón",null,null,null,null,null,null,null,null,null,null,null,null,null,null,null,null,null,null,null,null,null,null,null,null,null,null,null,null,null,null,null,null,null,null,null,null,null,null,null,null,null,null,null,null,null,null,null,null,null,null,null,null,"HORMIGÓN","depto",{"$f":"VLOOKUP(C85,'Act. Proyecto'!$I$3:$Q$881,4,FALSE)","v":2},{"$f":"VLOOKUP(C85,'Act. Proyecto'!$I$3:$Q$881,5,FALSE)","v":2580},{"$f":"IFERROR(BF85*BG85,0)","v":5160},{"$f":"VLOOKUP(C85,'Act. Proyecto'!$I$3:$Q$881,7,FALSE)","v":"Frente"},{"$f":"VLOOKUP(C85,'Act. Proyecto'!$I$3:$Q$881,8,FALSE)","v":2},{"$f":"VLOOKUP(C85,'Act. Proyecto'!$I$3:$Q$881,9,FALSE)","v":10},{"$f":"IFERROR(BJ85/BK85,0)","v":0.2},{"$f":"IFERROR(BL85*BH85,0)","v":1032},{"$f":"$AZ$87*$BH$85","v":123840},{"$f":"IF($BM$85=0,0,$BN$85/$BM$85)","v":120},4,{"$f":"$BP$85+$BO$85-1","v":123},{"$f":"BM85*B85","v":0},{"$f":"BR85*BQ85","v":0}]
[null,{"$f":"$B$85","v":0},null,"F1","F2","F3","F4","F5","F6","F7","F8","F9","F10","F11","F12","F13","F14","F15","F16","F17","F18","F19","F20","F21","F22","F23","F24",null,null,null,null,null,null,null,null,null,null,null,null,null,null,null,null,null,null,null,null,null,null,null,null,"N° Unid Prod","N° Frentes","Pos","%"]
[null,0,5,"X","X","X","X","X","X","X","X","X","X","X","X","X","X","X","X","X","X","X","X","X","X","X","X",null,null,null,null,null,null,null,null,null,null,null,null,null,null,null,null,null,null,null,null,null,null,null,null,{"$f":"COUNTIF(D87:AA91,\"A\")+COUNTIF(D87:AA91,\"B\")","v":24},{"$f":"+AZ87/BJ85*BK85","v":120},{"$f":"+BA87+BO85","v":240},{"$f":"IF(AZ87=BB88,\"OK\",BB87/'Control de Avance'!$BT$3)","v":"OK"}]
[null,0,4,"X","X","X","X","X","X","X","X","X","X","X","X","X","X","X","X","X","X","X","X","X","X","X","X",null,null,null,null,null,null,null,null,null,null,null,null,null,null,null,null,null,null,null,null,null,null,null,null,"N° Total Und Prod:",null,{"$f":"VLOOKUP('Dibujo Edificios'!$A$24,'Otras Tablas'!$G$2:$H$31,2,FALSE)","v":24}]
[null,0,3,"X","X","X","X","X","X","X","X","X","X","X","X","X","X","X","X","X","X","X","X","X","X","X","X",null,null,null,null,null,null,null,null,null,null,null,null,null,null,null,null,null,null,null,null,null,null,null,null,"Proyección avance actual",null,null,{"$f":"IF(AZ87=BB88,\"OK\",IF(BC91=0,\"NA\",(BB88/BJ85*BK85+BQ85)/('Control de Avance'!$BT$3+BC92*5)))","v":"OK"}]
[null,0,2,"X","X","X","X","X","X","X","X","X","X","X","X","X","X","X","X","X","X","X","X","X","X","X","X",null,null,null,null,null,null,null,null,null,null,null,null,null,null,null,null,null,null,null,null,null,null,null,null,"Frentes anteriores",null,null,{"$f":"COUNTIF(D87:AC91,\"A\")/BJ85*BK85","v":120}]
[null,0,1,"a","a","a","a","a","a","a","a","a","a","a","a","a","a","a","a","a","a","a","a","a","a","a","a",null,null,null,null,null,null,null,null,null,null,null,null,null,null,null,null,null,null,null,null,null,null,null,null,"Frentes semana actual",null,null,{"$f":"COUNTIF(D87:AC91,\"B\")/BJ85*BK85","v":0}]
[null,0,null,null,null,null,null,null,null,null,null,null,null,null,null,null,null,null,null,null,null,null,null,null,null,null,null,null,null,null,null,null,null,null,null,null,null,null,null,null,null,null,null,null,null,null,null,null,null,null,null,"Saldo",{"$f":"+BB88/BJ85*BK85-BC90-BC91","v":0},"Sem",{"$f":"IF(AZ87=BB88,\"OK\",IF(BC91=0,\"NA\",BA92/BC91))","v":"OK"}]
[null,0]
[]
["OG1",{"$f":"IF((OR($BT$5<$BP$95-5,AND($BC$97=\"OK\",COUNTIF($D$97:$AY$101,\"B\")=0))),0,1)","v":0},"Emplantillado",null,null,null,null,null,null,null,null,null,null,null,null,null,null,null,null,null,null,null,null,null,null,null,null,null,null,null,null,null,null,null,null,null,null,null,null,null,null,null,null,null,null,null,null,null,null,null,null,null,null,null,null,"HORMIGÓN","m3",{"$f":"VLOOKUP(C95,'Act. Proyecto'!$I$3:$Q$881,4,FALSE)","v":1.288359375},{"$f":"VLOOKUP(C95,'Act. Proyecto'!$I$3:$Q$881,5,FALSE)","v":2800},{"$f":"IFERROR(BF95*BG95,0)","v":3607.40625},{"$f":"VLOOKUP(C95,'Act. Proyecto'!$I$3:$Q$881,7,FALSE)","v":"Depto"},{"$f":"VLOOKUP(C95,'Act. Proyecto'!$I$3:$Q$881,8,FALSE)","v":4},{"$f":"VLOOKUP(C95,'Act. Proyecto'!$I$3:$Q$881,9,FALSE)","v":10},{"$f":"IFERROR(BJ95/BK95,0)","v":0.4},{"$f":"IFERROR(BL95*BH95,0)","v":1442.9625000000001},{"$f":"$AZ$97*$BH$95","v":173155.5},{"$f":"IF($BM$95=0,0,$BN$95/$BM$95)","v":119.99999999999999},4,{"$f":"$BP$95+$BO$95-1","v":122.99999999999999},{"$f":"BM95*B95","v":0},{"$f":"BR95*BQ95","v":0}]
[null,{"$f":"$B$95","v":0},null,"F1.1","F1.2","F2.1","F2.2","F3.1","F3.2","F4.1","F4.2","F5.1","F5.2","F6.1","F6.2","F7.1","F7.2","F8.1","F8.2","F9.1","F9.2","F10.1","F10.2","F11.1","F11.2","F12.1","F12.2","F13.1","F13.2","F14.1","F14.2","F15.1","F15.2","F16.1","F16.2","F17.1","F17.2","F18.1","F18.2","F19.1","F19.2","F20.1","F20.2","F21.1","F21.2","F22.1","F22.2","F23.1","F23.2","F24.1","F24.2","N° Unid Prod","N° Frentes","Pos","%"]
[null,0,5,"X","X","X","X","X","X","X","X","X","X","X","X","X","X","X","X","X","X","X","X","X","X","X","X","X","X","X","X","X","X","X","X","X","X","X","X","X","X","X","X","X","X","X","X","X","X","X","X",{"$f":"COUNTIF(D97:AY101,\"A\")+COUNTIF(D97:AY101,\"B\")","v":48},{"$f":"+AZ97/BJ95*BK95","v":120},{"$f":"+BA97+BO95","v":240},{"$f":"IF(AZ97=BB98,\"OK\",BB97/'Control de Avance'!$BT$3)","v":"OK"}]
[null,0,4,"X","X","X","X","X","X","X","X","X","X","X","X","X","X","X","X","X","X","X","X","X","X","X","X","X","X","X","X","X","X","X","X","X","X","X","X","X","X","X","X","X","X","X","X","X","X","X","X","N° Total Und Prod:",null,{"$f":"VLOOKUP('Dibujo Edificios'!$A$14,'Otras Tablas'!$G$2:$H$31,2,FALSE)","v":48}]
[null,0,3,"X","X","X","X","X","X","X","X","X","X","X","X","X","X","X","X","X","X","X","X","X","X","X","X","X","X","X","X","X","X","X","X","X","X","X","X","X","X","X","X","X","X","X","X","X","X","X","X","Proyección avance actual",null,null,{"$f":"IF(AZ97=BB98,\"OK\",IF(BC101=0,\"NA\",(BB98/BJ95*BK95+BQ95)/('Control de Avance'!$BT$3+BC102*5)))","v":"OK"}]
[null,0,2,"X","X","X","X","X","X","X","X","X","X","X","X","X","X","X","X","X","X","X","X","X","X","X","X","X","X","X","X","X","X","X","X","X","X","X","X","X","X","X","X","X","X","X","X","X","X","X","X","Frentes anteriores",null,null,{"$f":"COUNTIF(D97:AC101,\"A\")/BJ95*BK95","v":65}]
[null,0,1,"A","A","a","a","a","a","a","a","a","a","a","a","a","a","a","a","a","a","A","A","a","a","a","a","a","a","a","a","a","a","a","a","a","a","a","a","a","a","a","a","a","a","a","a","a","a","a","a","Frentes semana actual",null,null,{"$f":"COUNTIF(D97:AC101,\"B\")/BJ95*BK95","v":0}]
[null,0,null,null,null,null,null,null,null,null,null,null,null,null,null,null,null,null,null,null,null,null,null,null,null,null,null,null,null,null,null,null,null,null,null,null,null,null,null,null,null,null,null,null,null,null,null,null,null,null,null,"Saldo",{"$f":"+BB98/BJ95*BK95-BC100-BC101","v":55},"Sem",{"$f":"IF(AZ97=BB98,\"OK\",IF(BC101=0,\"NA\",BA102/BC101))","v":"OK"}]
[null,0]
[]
["OG1",{"$f":"IF((OR($BT$5<$BP$105-5,AND($BC$107=\"OK\",COUNTIF($D$107:$AY$111,\"B\")=0))),0,1)","v":0},"Grua emplantillado 1eros Frentes",null,null,null,null,null,null,null,null,null,null,null,null,null,null,null,null,null,null,null,null,null,null,null,null,null,null,null,null,null,null,null,null,null,null,null,null,null,null,null,null,null,null,null,null,null,null,null,null,null,null,null,null,"GRÚA","m3",{"$f":"VLOOKUP(C105,'Act. Proyecto'!$I$3:$Q$881,4,FALSE)","v":1.288359375},{"$f":"VLOOKUP(C105,'Act. Proyecto'!$I$3:$Q$881,5,FALSE)","v":764},{"$f":"IFERROR(BF105*BG105,0)","v":984.30656249999993},{"$f":"VLOOKUP(C105,'Act. Proyecto'!$I$3:$Q$881,7,FALSE)","v":"Depto"},{"$f":"VLOOKUP(C105,'Act. Proyecto'!$I$3:$Q$881,8,FALSE)","v":4},{"$f":"VLOOKUP(C105,'Act. Proyecto'!$I$3:$Q$881,9,FALSE)","v":10},{"$f":"IFERROR(BJ105/BK105,0)","v":0.4},{"$f":"IFERROR(BL105*BH105,0)","v":393.72262499999999},{"$f":"$AZ$107*$BH$105","v":47246.714999999997},{"$f":"IF($BM$105=0,0,$BN$105/$BM$105)","v":120},4,{"$f":"$BP$105+$BO$105-1","v":123},{"$f":"BM105*B105","v":0},{"$f":"BR105*BQ105","v":0}]
[null,{"$f":"$B$105","v":0},null,"F1.1","F1.2","F2.1","F2.2","F3.1","F3.2","F4.1","F4.2","F5.1","F5.2","F6.1","F6.2","F7.1","F7.2","F8.1","F8.2","F9.1","F9.2","F10.1","F10.2","F11.1","F11.2","F12.1","F12.2","F13.1","F13.2","F14.1","F14.2","F15.1","F15.2","F16.1","F16.2","F17.1","F17.2","F18.1","F18.2","F19.1","F19.2","F20.1","F20.2","F21.1","F21.2","F22.1","F22.2","F23.1","F23.2","F24.1","F24.2","N° Unid Prod","N° Frentes","Pos","%"]
[null,0,5,"X","X","X","X","X","X","X","X","X","X","X","X","X","X","X","X","X","X","X","X","X","X","X","X","X","X","X","X","X","X","X","X","X","X","X","X","X","X","X","X","X","X","X","X","X","X","X","X",{"$f":"COUNTIF(D107:AY111,\"A\")+COUNTIF(D107:AY111,\"B\")","v":48},{"$f":"+AZ107/BJ105*BK105","v":120},{"$f":"+BA107+BO105","v":240},{"$f":"IF(AZ107=BB108,\"OK\",BB107/'Control de Avance'!$BT$3)","v":"OK"}]
[null,0,4,"X","X","X","X","X","X","X","X","X","X","X","X","X","X","X","X","X","X","X","X","X","X","X","X","X","X","X","X","X","X","X","X","X","X","X","X","X","X","X","X","X","X","X","X","X","X","X","X","N° Total Und Prod:",null,{"$f":"VLOOKUP('Dibujo Edificios'!$A$14,'Otras Tablas'!$G$2:$H$31,2,FALSE)","v":48}]
[null,0,3,"X","X","X","X","X","X","X","X","X","X","X","X","X","X","X","X","X","X","X","X","X","X","X","X","X","X","X","X","X","X","X","X","X","X","X","X","X","X","X","X","X","X","X","X","X","X","X","X","Proyección avance actual",null,null,{"$f":"IF(AZ107=BB108,\"OK\",IF(BC111=0,\"NA\",(BB108/BJ105*BK105+BQ105)/('Control de Avance'!$BT$3+BC112*5)))","v":"OK"}]
[null,0,2,"X","X","X","X","X","X","X","X","X","X","X","X","X","X","X","X","X","X","X","X","X","X","X","X","X","X","X","X","X","X","X","X","X","X","X","X","X","X","X","X","X","X","X","X","X","X","X","X","Frentes anteriores",null,null,{"$f":"COUNTIF(D107:AC111,\"A\")/BJ105*BK105","v":65}]
[null,0,1,"a","a","A","A","a","A","a","a","A","A","a","a","a","a","a","a","a","a","a","a","a","a","a","a","a","a","a","a","A","A","a","a","a","a","a","a","a","a","a","a","a","a","a","a","a","a","a","a","Frentes semana actual",null,null,{"$f":"COUNTIF(D107:AC111,\"B\")/BJ105*BK105","v":0}]
[null,0,null,null,null,null,null,null,null,null,null,null,null,null,null,null,null,null,null,null,null,null,null,null,null,null,null,null,null,null,null,null,null,null,null,null,null,null,null,null,null,null,null,null,null,null,null,null,null,null,null,"Saldo",{"$f":"+BB108/BJ105*BK105-BC110-BC111","v":55},"Sem",{"$f":"IF(AZ107=BB108,\"OK\",IF(BC111=0,\"NA\",BA112/BC111))","v":"OK"}]
[null,0]
[]
["OG1",{"$f":"IF((OR($BT$5<$BP$115-5,AND($BC$117=\"OK\",COUNTIF($D$117:$AY$121,\"B\")=0))),0,1)","v":0},"Encintado",null,null,null,null,null,null,null,null,null,null,null,null,null,null,null,null,null,null,null,null,null,null,null,null,null,null,null,null,null,null,null,null,null,null,null,null,null,null,null,null,null,null,null,null,null,null,null,null,null,null,null,null,"SOBRECIMIENTO Y CORONACIÓN","depto",{"$f":"VLOOKUP(C115,'Act. Proyecto'!$I$3:$Q$881,4,FALSE)","v":2},{"$f":"VLOOKUP(C115,'Act. Proyecto'!$I$3:$Q$881,5,FALSE)","v":0},{"$f":"IFERROR(BF115*BG115,0)","v":0},{"$f":"VLOOKUP(C115,'Act. Proyecto'!$I$3:$Q$881,7,FALSE)","v":"Frente"},{"$f":"VLOOKUP(C115,'Act. Proyecto'!$I$3:$Q$881,8,FALSE)","v":2},{"$f":"VLOOKUP(C115,'Act. Proyecto'!$I$3:$Q$881,9,FALSE)","v":10},{"$f":"IFERROR(BJ115/BK115,0)","v":0.2},{"$f":"IFERROR(BL115*BH115,0)","v":0},{"$f":"$AZ$117*$BH$115","v":0},{"$f":"IF($BM$115=0,0,$BN$115/$BM$115)","v":0},5,{"$f":"$BP$115+$BO$115-1","v":4},{"$f":"BM115*B115","v":0},{"$f":"BR115*BQ115","v":0}]
[null,{"$f":"$B$115","v":0},null,"F1","F2","F3","F4","F5","F6","F7","F8","F9","F10","F11","F12","F13","F14","F15","F16","F17","F18","F19","F20","F21","F22","F23","F24",null,null,null,null,null,null,null,null,null,null,null,null,null,null,null,null,null,null,null,null,null,null,null,null,"N° Unid Prod","N° Frentes","Pos","%"]
[null,0,5,"X","X","X","X","X","X","X","X","X","X","X","X","X","X","X","X","X","X","X","X","X","X","X","X",null,null,null,null,null,null,null,null,null,null,null,null,null,null,null,null,null,null,null,null,null,null,null,null,{"$f":"COUNTIF(D117:AA121,\"A\")+COUNTIF(D117:AA121,\"B\")","v":24},{"$f":"+AZ117/BJ115*BK115","v":120},{"$f":"+BA117+BO115","v":120},{"$f":"IF(AZ117=BB118,\"OK\",BB117/'Control de Avance'!$BT$3)","v":"OK"}]
[null,0,4,"X","X","X","X","X","X","X","X","X","X","X","X","X","X","X","X","X","X","X","X","X","X","X","X",null,null,null,null,null,null,null,null,null,null,null,null,null,null,null,null,null,null,null,null,null,null,null,null,"N° Total Und Prod:",null,{"$f":"VLOOKUP('Dibujo Edificios'!$A$24,'Otras Tablas'!$G$2:$H$31,2,FALSE)","v":24}]
[null,0,3,"X","X","X","X","X","X","X","X","X","X","X","X","X","X","X","X","X","X","X","X","X","X","X","X",null,null,null,null,null,null,null,null,null,null,null,null,null,null,null,null,null,null,null,null,null,null,null,null,"Proyección avance actual",null,null,{"$f":"IF(AZ117=BB118,\"OK\",IF(BC121=0,\"NA\",(BB118/BJ115*BK115+BQ115)/('Control de Avance'!$BT$3+BC122*5)))","v":"OK"}]
[null,0,2,"X","X","X","X","X","X","X","X","X","X","X","X","X","X","X","X","X","X","X","X","X","X","X","X",null,null,null,null,null,null,null,null,null,null,null,null,null,null,null,null,null,null,null,null,null,null,null,null,"Frentes anteriores",null,null,{"$f":"COUNTIF(D117:AC121,\"A\")/BJ115*BK115","v":120}]
[null,0,1,"a","a","a","a","a","a","a","a","a","a","a","a","a","a","a","A","A","a","a","a","A","a","a","a",null,null,null,null,null,null,null,null,null,null,null,null,null,null,null,null,null,null,null,null,null,null,null,null,"Frentes semana actual",null,null,{"$f":"COUNTIF(D117:AC121,\"B\")/BJ115*BK115","v":0}]
[null,0,null,null,null,null,null,null,null,null,null,null,null,null,null,null,null,null,null,null,null,null,null,null,null,null,null,null,null,null,null,null,null,null,null,null,null,null,null,null,null,null,null,null,null,null,null,null,null,null,null,"Saldo",{"$f":"+BB118/BJ115*BK115-BC120-BC121","v":0},"Sem",{"$f":"IF(AZ117=BB118,\"OK\",IF(BC121=0,\"NA\",BA122/BC121))","v":"OK"}]
[null,0]
[]
["OG1",{"$f":"IF((OR($BT$5<$BP$125-5,AND($BC$127=\"OK\",COUNTIF($D$127:$AY$131,\"B\")=0))),0,1)","v":0},"Instalar fierro primer piso",null,null,null,null,null,null,null,null,null,null,null,null,null,null,null,null,null,null,null,null,null,null,null,null,null,null,null,null,null,null,null,null,null,null,null,null,null,null,null,null,null,null,null,null,null,null,null,null,null,null,null,null,"ENFIERRADOR","kg",{"$f":"VLOOKUP(C125,'Act. Proyecto'!$I$3:$Q$881,4,FALSE)","v":1941.677217445327},{"$f":"VLOOKUP(C125,'Act. Proyecto'!$I$3:$Q$881,5,FALSE)","v":23},{"$f":"IFERROR(BF125*BG125,0)","v":44658.576001242523},{"$f":"VLOOKUP(C125,'Act. Proyecto'!$I$3:$Q$881,7,FALSE)","v":"Frente"},{"$f":"VLOOKUP(C125,'Act. Proyecto'!$I$3:$Q$881,8,FALSE)","v":2},{"$f":"VLOOKUP(C125,'Act. Proyecto'!$I$3:$Q$881,9,FALSE)","v":10},{"$f":"IFERROR(BJ125/BK125,0)","v":0.2},{"$f":"IFERROR(BL125*BH125,0)","v":8931.7152002485054},{"$f":"$AZ$127*$BH$125","v":1071805.8240298205},{"$f":"IF($BM$125=0,0,$BN$125/$BM$125)","v":119.99999999999999},5,{"$f":"$BP$125+$BO$125-1","v":123.99999999999999},{"$f":"BM125*B125","v":0},{"$f":"BR125*BQ125","v":0}]
[null,{"$f":"$B$125","v":0},null,"F1","F2","F3","F4","F5","F6","F7","F8","F9","F10","F11","F12","F13","F14","F15","F16","F17","F18","F19","F20","F21","F22","F23","F24",null,null,null,null,null,null,null,null,null,null,null,null,null,null,null,null,null,null,null,null,null,null,null,null,"N° Unid Prod","N° Frentes","Pos","%"]
[null,0,5,"X","X","X","X","X","X","X","X","X","X","X","X","X","X","X","X","X","X","X","X","X","X","X","X",null,null,null,null,null,null,null,null,null,null,null,null,null,null,null,null,null,null,null,null,null,null,null,null,{"$f":"COUNTIF(D127:AA131,\"A\")+COUNTIF(D127:AA131,\"B\")","v":24},{"$f":"+AZ127/BJ125*BK125","v":120},{"$f":"+BA127+BO125","v":240},{"$f":"IF(AZ127=BB128,\"OK\",BB127/'Control de Avance'!$BT$3)","v":"OK"}]
[null,0,4,"X","X","X","X","X","X","X","X","X","X","X","X","X","X","X","X","X","X","X","X","X","X","X","X",null,null,null,null,null,null,null,null,null,null,null,null,null,null,null,null,null,null,null,null,null,null,null,null,"N° Total Und Prod:",null,{"$f":"VLOOKUP('Dibujo Edificios'!$A$24,'Otras Tablas'!$G$2:$H$31,2,FALSE)","v":24}]
[null,0,3,"X","X","X","X","X","X","X","X","X","X","X","X","X","X","X","X","X","X","X","X","X","X","X","X",null,null,null,null,null,null,null,null,null,null,null,null,null,null,null,null,null,null,null,null,null,null,null,null,"Proyección avance actual",null,null,{"$f":"IF(AZ127=BB128,\"OK\",IF(BC131=0,\"NA\",(BB128/BJ125*BK125+BQ125)/('Control de Avance'!$BT$3+BC132*5)))","v":"OK"}]
[null,0,2,"X","X","X","X","X","X","X","X","X","X","X","X","X","X","X","X","X","X","X","X","X","X","X","X",null,null,null,null,null,null,null,null,null,null,null,null,null,null,null,null,null,null,null,null,null,null,null,null,"Frentes anteriores",null,null,{"$f":"COUNTIF(D127:AC131,\"A\")/BJ125*BK125","v":120}]
[null,0,1,"A","a","a","a","a","a","a","a","a","a","a","a","a","a","a","a","a","a","a","a","A","a","a","a",null,null,null,null,null,null,null,null,null,null,null,null,null,null,null,null,null,null,null,null,null,null,null,null,"Frentes semana actual",null,null,{"$f":"COUNTIF(D127:AC131,\"B\")/BJ125*BK125","v":0}]
[null,0,null,null,null,null,null,null,null,null,null,null,null,null,null,null,null,null,null,null,null,null,null,null,null,null,null,null,null,null,null,null,null,null,null,null,null,null,null,null,null,null,null,null,null,null,null,null,null,null,null,"Saldo",{"$f":"+BB128/BJ125*BK125-BC130-BC131","v":0},"Sem",{"$f":"IF(AZ127=BB128,\"OK\",IF(BC131=0,\"NA\",BA132/BC131))","v":"OK"}]
[null,0]
[]
["OG1",{"$f":"IF((OR($BT$5<$BP$135-5,AND($BC$137=\"OK\",COUNTIF($D$137:$AY$141,\"B\")=0))),0,1)","v":0},"Grua Fierro 1er piso 1eros Frentes",null,null,null,null,null,null,null,null,null,null,null,null,null,null,null,null,null,null,null,null,null,null,null,null,null,null,null,null,null,null,null,null,null,null,null,null,null,null,null,null,null,null,null,null,null,null,null,null,null,null,null,null,"GRÚA","kg",{"$f":"VLOOKUP(C135,'Act. Proyecto'!$I$3:$Q$881,4,FALSE)","v":1941.677217445327},{"$f":"VLOOKUP(C135,'Act. Proyecto'!$I$3:$Q$881,5,FALSE)","v":5},{"$f":"IFERROR(BF135*BG135,0)","v":9708.3860872266341},{"$f":"VLOOKUP(C135,'Act. Proyecto'!$I$3:$Q$881,7,FALSE)","v":"Frente"},{"$f":"VLOOKUP(C135,'Act. Proyecto'!$I$3:$Q$881,8,FALSE)","v":2},{"$f":"VLOOKUP(C135,'Act. Proyecto'!$I$3:$Q$881,9,FALSE)","v":10},{"$f":"IFERROR(BJ135/BK135,0)","v":0.2},{"$f":"IFERROR(BL135*BH135,0)","v":1941.677217445327},{"$f":"$AZ$137*$BH$135","v":233001.26609343922},{"$f":"IF($BM$135=0,0,$BN$135/$BM$135)","v":119.99999999999999},5,{"$f":"$BP$135+$BO$135-1","v":123.99999999999999},{"$f":"BM135*B135","v":0},{"$f":"BR135*BQ135","v":0}]
[null,{"$f":"$B$135","v":0},null,"F1","F2","F3","F4","F5","F6","F7","F8","F9","F10","F11","F12","F13","F14","F15","F16","F17","F18","F19","F20","F21","F22","F23","F24",null,null,null,null,null,null,null,null,null,null,null,null,null,null,null,null,null,null,null,null,null,null,null,null,"N° Unid Prod","N° Frentes","Pos","%"]
[null,0,5,null,"X","X","X","X","X","X","X","X","X","X","X","X","X","X","X","X","X","X","X","X","X","X","X",null,null,null,null,null,null,null,null,null,null,null,null,null,null,null,null,null,null,null,null,null,null,null,null,{"$f":"COUNTIF(D137:AA141,\"A\")+COUNTIF(D137:AA141,\"B\")","v":24},{"$f":"+AZ137/BJ135*BK135","v":120},{"$f":"+BA137+BO135","v":240},{"$f":"IF(AZ137=BB138,\"OK\",BB137/'Control de Avance'!$BT$3)","v":"OK"}]
[null,0,4,null,"X","X","X","X","X","X","X","X","X","X","X","X","X","X","X","X","X","X","X","X","X","X","X",null,null,null,null,null,null,null,null,null,null,null,null,null,null,null,null,null,null,null,null,null,null,null,null,"N° Total Und Prod:",null,{"$f":"VLOOKUP('Dibujo Edificios'!$A$24,'Otras Tablas'!$G$2:$H$31,2,FALSE)","v":24}]
[null,0,3,null,"X","X","X","X","X","X","X","X","X","X","X","X","X","X","X","X","X","X","X","X","X","X","X",null,null,null,null,null,null,null,null,null,null,null,null,null,null,null,null,null,null,null,null,null,null,null,null,"Proyección avance actual",null,null,{"$f":"IF(AZ137=BB138,\"OK\",IF(BC141=0,\"NA\",(BB138/BJ135*BK135+BQ135)/('Control de Avance'!$BT$3+BC142*5)))","v":"OK"}]
[null,0,2,null,"X","X","X","X","X","X","X","X","X","X","X","X","X","X","X","X","X","X","X","X","X","X","X",null,null,null,null,null,null,null,null,null,null,null,null,null,null,null,null,null,null,null,null,null,null,null,null,"Frentes anteriores",null,null,{"$f":"COUNTIF(D137:AC141,\"A\")/BJ135*BK135","v":120}]
[null,0,1,"a","a","a","a","a","a","a","a","a","a","a","a","a","a","a","a","a","a","a","a","a","a","a","a",null,null,null,null,null,null,null,null,null,null,null,null,null,null,null,null,null,null,null,null,null,null,null,null,"Frentes semana actual",null,null,{"$f":"COUNTIF(D137:AC141,\"B\")/BJ135*BK135","v":0}]
[null,0,null,null,null,null,null,null,null,null,null,null,null,null,null,null,null,null,null,null,null,null,null,null,null,null,null,null,null,null,null,null,null,null,null,null,null,null,null,null,null,null,null,null,null,null,null,null,null,null,null,"Saldo",{"$f":"+BB138/BJ135*BK135-BC140-BC141","v":0},"Sem",{"$f":"IF(AZ137=BB138,\"OK\",IF(BC141=0,\"NA\",BA142/BC141))","v":"OK"}]
[null,0]
[]
["OG1",0,"Instalación de tuberías generales en fundación",null,null,null,null,null,null,null,null,null,null,null,null,null,null,null,null,null,null,null,null,null,null,null,null,null,null,null,null,null,null,null,null,null,null,null,null,null,null,null,null,null,null,null,null,null,null,null,null,null,null,null,null,"ELÉCTRICO OG","ml",{"$f":"VLOOKUP(C145,'Act. Proyecto'!$I$3:$Q$881,4,FALSE)","v":124},{"$f":"VLOOKUP(C145,'Act. Proyecto'!$I$3:$Q$881,5,FALSE)","v":153},{"$f":"IFERROR(BF145*BG145,0)","v":18972},{"$f":"VLOOKUP(C145,'Act. Proyecto'!$I$3:$Q$881,7,FALSE)","v":"Edif"},{"$f":"VLOOKUP(C145,'Act. Proyecto'!$I$3:$Q$881,8,FALSE)","v":1},{"$f":"VLOOKUP(C145,'Act. Proyecto'!$I$3:$Q$881,9,FALSE)","v":10},{"$f":"IFERROR(BJ145/BK145,0)","v":0.1},{"$f":"IFERROR(BL145*BH145,0)","v":1897.2},{"$f":"$AZ$147*$BH$145","v":246636},{"$f":"IF($BM$145=0,0,$BN$145/$BM$145)","v":130},5,{"$f":"$BP$145+$BO$145-1","v":134},{"$f":"BM145*B145","v":0},{"$f":"BR145*BQ145","v":0}]
[null,{"$f":"$B$145","v":0},null,"F1-2","F3-4","F5-6","F7-8","F9-10","F11","F12-13","F14-15","F16","F17-18","F19-20","F21-22","F23-24",null,null,null,null,null,null,null,null,null,null,null,null,null,null,null,null,null,null,null,null,null,null,null,null,null,null,null,null,null,null,null,null,null,null,null,"N° Unid Prod","N° Frentes","Pos","%"]
[null,0,5,"X","X","X","X","X","X","X","X","X","X","X","X","X",null,null,null,null,null,null,null,null,null,null,null,null,null,null,null,null,null,null,null,null,null,null,null,null,null,null,null,null,null,null,null,null,null,null,null,{"$f":"COUNTIF(D147:P151,\"A\")+COUNTIF(D147:P151,\"B\")","v":13},{"$f":"+AZ147/BJ145*BK145","v":130},{"$f":"+BA147+BO145","v":260},{"$f":"IF(AZ147=BB148,\"OK\",BB147/'Control de Avance'!$BT$3)","v":1.1555555555555554}]
[null,0,4,"X","X","X","X","X","X","X","X","X","X","X","X","X",null,null,null,null,null,null,null,null,null,null,null,null,null,null,null,null,null,null,null,null,null,null,null,null,null,null,null,null,null,null,null,null,null,null,null,"N° Total Und Prod:",null,{"$f":"VLOOKUP('Dibujo Edificios'!$A$34,'Otras Tablas'!$G$2:$H$31,2,FALSE)","v":12}]
[null,0,3,"X","X","X","X","X","X","X","X","X","X","X","X","X",null,null,null,null,null,null,null,null,null,null,null,null,null,null,null,null,null,null,null,null,null,null,null,null,null,null,null,null,null,null,null,null,null,null,null,"Proyección avance actual",null,null,{"$f":"IF(AZ147=BB148,\"OK\",IF(BC151=0,\"NA\",(BB148/BJ145*BK145+BQ145)/('Control de Avance'!$BT$3+BC152*5)))","v":"NA"}]
[null,0,2,"X","X","X","X","X","X","X","X","X","X","X","X","X",null,null,null,null,null,null,null,null,null,null,null,null,null,null,null,null,null,null,null,null,null,null,null,null,null,null,null,null,null,null,null,null,null,null,null,"Frentes anteriores",null,null,{"$f":"COUNTIF(D147:AC151,\"A\")/BJ145*BK145","v":130}]
[null,0,1,"a","a","a","a","a","a","A","A","a","a","a","A","A",null,null,null,null,null,null,null,null,null,null,null,null,null,null,null,null,null,null,null,null,null,null,null,null,null,null,null,null,null,null,null,null,null,null,null,"Frentes semana actual"]
[null,0,null,null,null,null,null,null,null,null,null,null,null,null,null,null,null,null,null,null,null,null,null,null,null,null,null,null,null,null,null,null,null,null,null,null,null,null,null,null,null,null,null,null,null,null,null,null,null,null,null,"Saldo",{"$f":"+BB148/BJ145*BK145-BC150-BC151","v":-10},"Sem",{"$f":"IF(AZ147=BB148,\"OK\",IF(BC151=0,\"NA\",BA152/BC151))","v":"NA"}]
[null,0]
[]
["OG1",0,"Prefabricación elementos eléctricos",null,null,null,null,null,null,null,null,null,null,null,null,null,null,null,null,null,null,null,null,null,null,null,null,null,null,null,null,null,null,null,null,null,null,null,null,null,null,null,null,null,null,null,null,null,null,null,null,null,null,null,null,"ELÉCTRICO OG","uni",{"$f":"VLOOKUP(C155,'Act. Proyecto'!$I$3:$Q$881,4,FALSE)","v":128.65},{"$f":"VLOOKUP(C155,'Act. Proyecto'!$I$3:$Q$881,5,FALSE)","v":112.8},{"$f":"IFERROR(BF155*BG155,0)","v":14511.720000000001},{"$f":"VLOOKUP(C155,'Act. Proyecto'!$I$3:$Q$881,7,FALSE)","v":"Frente"},{"$f":"VLOOKUP(C155,'Act. Proyecto'!$I$3:$Q$881,8,FALSE)","v":2},{"$f":"VLOOKUP(C155,'Act. Proyecto'!$I$3:$Q$881,9,FALSE)","v":10},{"$f":"IFERROR(BJ155/BK155,0)","v":0.2},{"$f":"IFERROR(BL155*BH155,0)","v":2902.3440000000005},{"$f":"$AZ$157*$BH$155","v":1741406.4000000001},{"$f":"IF($BM$155=0,0,$BN$155/$BM$155)","v":600},5,{"$f":"$BP$155+$BO$155-1","v":604},{"$f":"BM155*B155","v":0},{"$f":"BR155*BQ155","v":0}]
[null,{"$f":"$B$155","v":0},null,"F1","F2","F3","F4","F5","F6","F7","F8","F9","F10","F11","F12","F13","F14","F15","F16","F17","F18","F19","F20","F21","F22","F23","F24",null,null,null,null,null,null,null,null,null,null,null,null,null,null,null,null,null,null,null,null,null,null,null,null,"N° Unid Prod","N° Frentes","Pos","%"]
[null,0,5,"a","a","A","a","a","a","a","a","a","a","a","a","a","a","a","a","a","a","a","a","a","a","a","a",null,null,null,null,null,null,null,null,null,null,null,null,null,null,null,null,null,null,null,null,null,null,null,null,{"$f":"COUNTIF(D157:AA161,\"A\")+COUNTIF(D157:AA161,\"B\")","v":120},{"$f":"+AZ157/BJ155*BK155","v":600},{"$f":"+BA157+BO155","v":1200},{"$f":"IF(AZ157=BB158,\"OK\",BB157/'Control de Avance'!$BT$3)","v":5.333333333333333}]
[null,0,4,"a","a","A","a","a","a","a","a","a","a","a","a","a","a","a","a","a","a","a","a","a","a","a","a",null,null,null,null,null,null,null,null,null,null,null,null,null,null,null,null,null,null,null,null,null,null,null,null,"N° Total Und Prod:",null,{"$f":"VLOOKUP('Dibujo Edificios'!$A$24,'Otras Tablas'!$G$2:$H$31,2,FALSE)","v":24}]
[null,0,3,"a","a","A","a","a","a","A","a","a","a","a","a","a","a","a","a","a","a","a","a","a","a","a","a",null,null,null,null,null,null,null,null,null,null,null,null,null,null,null,null,null,null,null,null,null,null,null,null,"Proyección avance actual",null,null,{"$f":"IF(AZ157=BB158,\"OK\",IF(BC161=0,\"NA\",(BB158/BJ155*BK155+BQ155)/('Control de Avance'!$BT$3+BC162*5)))","v":"NA"}]
[null,0,2,"a","a","A","a","a","a","a","a","a","a","a","a","a","a","a","a","a","a","a","a","a","a","a","a",null,null,null,null,null,null,null,null,null,null,null,null,null,null,null,null,null,null,null,null,null,null,null,null,"Frentes anteriores",null,null,{"$f":"COUNTIF(D157:AC161,\"A\")/BJ155*BK155","v":600}]
[null,0,1,"a","a","A","a","A","a","a","a","a","a","a","a","A","A","a","a","a","a","a","a","a","a","a","a",null,null,null,null,null,null,null,null,null,null,null,null,null,null,null,null,null,null,null,null,null,null,null,null,"Frentes semana actual",null,null,{"$f":"COUNTIF(D157:AC161,\"B\")/BJ155*BK155","v":0}]
[null,0,null,null,null,null,null,null,null,null,null,null,null,null,null,null,null,null,null,null,null,null,null,null,null,null,null,null,null,null,null,null,null,null,null,null,null,null,null,null,null,null,null,null,null,null,null,null,null,null,null,"Saldo",{"$f":"+BB158/BJ155*BK155-BC160-BC161","v":-480},"Sem",{"$f":"IF(AZ157=BB158,\"OK\",IF(BC161=0,\"NA\",BA162/BC161))","v":"NA"}]
[null,0]
[]
["OG1",{"$f":"IF((OR($BT$5<$BP$165-5,AND($BC$167=\"OK\",COUNTIF($D$167:$AY$171,\"B\")=0))),0,1)","v":0},"Hormigón fundación",null,null,null,null,null,null,null,null,null,null,null,null,null,null,null,null,null,null,null,null,null,null,null,null,null,null,null,null,null,null,null,null,null,null,null,null,null,null,null,null,null,null,null,null,null,null,null,null,null,null,null,null,"HORMIGÓN","m3",{"$f":"VLOOKUP(C165,'Act. Proyecto'!$I$3:$Q$881,4,FALSE)","v":15.460312499999999},{"$f":"VLOOKUP(C165,'Act. Proyecto'!$I$3:$Q$881,5,FALSE)","v":2850},{"$f":"IFERROR(BF165*BG165,0)","v":44061.890625},{"$f":"VLOOKUP(C165,'Act. Proyecto'!$I$3:$Q$881,7,FALSE)","v":"Depto"},{"$f":"VLOOKUP(C165,'Act. Proyecto'!$I$3:$Q$881,8,FALSE)","v":4},{"$f":"VLOOKUP(C165,'Act. Proyecto'!$I$3:$Q$881,9,FALSE)","v":10},{"$f":"IFERROR(BJ165/BK165,0)","v":0.4},{"$f":"IFERROR(BL165*BH165,0)","v":17624.756250000002},{"$f":"$AZ$167*$BH$165","v":2114970.75},{"$f":"IF($BM$165=0,0,$BN$165/$BM$165)","v":119.99999999999999},6,{"$f":"$BP$165+$BO$165-1","v":124.99999999999999},{"$f":"BM165*B165","v":0},{"$f":"BR165*BQ165","v":0}]
[null,{"$f":"$B$165","v":0},null,"F1.1","F1.2","F2.1","F2.2","F3.1","F3.2","F4.1","F4.2","F5.1","F5.2","F6.1","F6.2","F7.1","F7.2","F8.1","F8.2","F9.1","F9.2","F10.1","F10.2","F11.1","F11.2","F12.1","F12.2","F13.1","F13.2","F14.1","F14.2","F15.1","F15.2","F16.1","F16.2","F17.1","F17.2","F18.1","F18.2","F19.1","F19.2","F20.1","F20.2","F21.1","F21.2","F22.1","F22.2","F23.1","F23.2","F24.1","F24.2","N° Unid Prod","N° Frentes","Pos","%"]
[null,0,5,null,null,"X","X","X","X","X","X","X","X","X","X","X","X","X","X","X","X","X","X","X","X","X","X","X","X","X","X","X","X","X","X","X","X","X","X","X","X","X","X","X","X","X","X","X","X","X","X",{"$f":"COUNTIF(D167:AY171,\"A\")+COUNTIF(D167:AY171,\"B\")","v":48},{"$f":"+AZ167/BJ165*BK165","v":120},{"$f":"+BA167+BO165","v":240},{"$f":"IF(AZ167=BB168,\"OK\",BB167/'Control de Avance'!$BT$3)","v":"OK"}]
[null,0,4,null,null,"X","X","X","X","X","X","X","X","X","X","X","X","X","X","X","X","X","X","X","X","X","X","X","X","X","X","X","X","X","X","X","X","X","X","X","X","X","X","X","X","X","X","X","X","X","X","N° Total Und Prod:",null,{"$f":"VLOOKUP('Dibujo Edificios'!$A$14,'Otras Tablas'!$G$2:$H$31,2,FALSE)","v":48}]
[null,0,3,null,null,"X","X","X","X","X","X","X","X","X","X","X","X","X","X","X","X","X","X","X","X","X","X","X","X","X","X","X","X","X","X","X","X","X","X","X","X","X","X","X","X","X","X","X","X","X","X","Proyección avance actual",null,null,{"$f":"IF(AZ167=BB168,\"OK\",IF(BC171=0,\"NA\",(BB168/BJ165*BK165+BQ165)/('Control de Avance'!$BT$3+BC172*5)))","v":"OK"}]
[null,0,2,null,null,"X","X","X","X","X","X","X","X","X","X","X","X","X","X","X","X","X","X","X","X","X","X","X","X","X","X","X","X","X","X","X","X","X","X","X","X","X","X","X","X","X","X","X","X","X","X","Frentes anteriores",null,null,{"$f":"COUNTIF(D167:AC171,\"A\")/BJ165*BK165","v":65}]
["M",0,1,"A","A","A","a","a","A","a","a","a","a","a","A","a","a","A","A","a","a","a","a","a","a","a","a","a","a","A","A","A","A","A","A","a","a","A","A","A","A","a","a","a","a","a","A","a","a","a","a","Frentes semana actual",null,null,{"$f":"COUNTIF(D167:AC171,\"B\")/BJ165*BK165","v":0}]
[null,0,null,null,null,null,null,null,null,null,null,null,null,null,null,null,null,null,null,null,null,null,null,null,null,null,null,null,null,null,null,null,null,null,null,null,null,null,null,null,null,null,null,null,null,null,null,null,null,null,null,"Saldo",{"$f":"+BB168/BJ165*BK165-BC170-BC171","v":55},"Sem",{"$f":"IF(AZ167=BB168,\"OK\",IF(BC171=0,\"NA\",BA172/BC171))","v":"OK"}]
[null,0]
[]
["OG1",{"$f":"IF((OR($BT$5<$BP$175-5,AND($BC$177=\"OK\",COUNTIF($D$177:$AY$181,\"B\")=0))),0,1)","v":0},"Grua Fundación 1eros Frentes",null,null,null,null,null,null,null,null,null,null,null,null,null,null,null,null,null,null,null,null,null,null,null,null,null,null,null,null,null,null,null,null,null,null,null,null,null,null,null,null,null,null,null,null,null,null,null,null,null,null,null,null,"GRÚA","m3",{"$f":"VLOOKUP(C175,'Act. Proyecto'!$I$3:$Q$881,4,FALSE)","v":15.460312499999999},{"$f":"VLOOKUP(C175,'Act. Proyecto'!$I$3:$Q$881,5,FALSE)","v":780},{"$f":"IFERROR(BF175*BG175,0)","v":12059.043749999999},{"$f":"VLOOKUP(C175,'Act. Proyecto'!$I$3:$Q$881,7,FALSE)","v":"Depto"},{"$f":"VLOOKUP(C175,'Act. Proyecto'!$I$3:$Q$881,8,FALSE)","v":4},{"$f":"VLOOKUP(C175,'Act. Proyecto'!$I$3:$Q$881,9,FALSE)","v":10},{"$f":"IFERROR(BJ175/BK175,0)","v":0.4},{"$f":"IFERROR(BL175*BH175,0)","v":4823.6174999999994},{"$f":"$AZ$177*$BH$175","v":578834.1},{"$f":"IF($BM$175=0,0,$BN$175/$BM$175)","v":120.00000000000001},6,{"$f":"$BP$175+$BO$175-1","v":125.00000000000001},{"$f":"BM175*B175","v":0},{"$f":"BR175*BQ175","v":0}]
[null,{"$f":"$B$175","v":0},null,"F1.1","F1.2","F2.1","F2.2","F3.1","F3.2","F4.1","F4.2","F5.1","F5.2","F6.1","F6.2","F7.1","F7.2","F8.1","F8.2","F9.1","F9.2","F10.1","F10.2","F11.1","F11.2","F12.1","F12.2","F13.1","F13.2","F14.1","F14.2","F15.1","F15.2","F16.1","F16.2","F17.1","F17.2","F18.1","F18.2","F19.1","F19.2","F20.1","F20.2","F21.1","F21.2","F22.1","F22.2","F23.1","F23.2","F24.1","F24.2","N° Unid Prod","N° Frentes","Pos","%"]
[null,0,5,"X","X","X","X","X","X","X","X","X","X","X","X","X","X","X","X","X","X","X","X","X","X","X","X","X","X","X","X","X","X","X","X","X","X","X","X","X","X","X","X","X","X","X","X","X","X","X","X",{"$f":"COUNTIF(D177:AY181,\"A\")+COUNTIF(D177:AY181,\"B\")","v":48},{"$f":"+AZ177/BJ175*BK175","v":120},{"$f":"+BA177+BO175","v":240},{"$f":"IF(AZ177=BB178,\"OK\",BB177/'Control de Avance'!$BT$3)","v":"OK"}]
[null,0,4,"X","X","X","X","X","X","X","X","X","X","X","X","X","X","X","X","X","X","X","X","X","X","X","X","X","X","X","X","X","X","X","X","X","X","X","X","X","X","X","X","X","X","X","X","X","X","X","X","N° Total Und Prod:",null,{"$f":"VLOOKUP('Dibujo Edificios'!$A$14,'Otras Tablas'!$G$2:$H$31,2,FALSE)","v":48}]
[null,0,3,"X","X","X","X","X","X","X","X","X","X","X","X","X","X","X","X","X","X","X","X","X","X","X","X","X","X","X","X","X","X","X","X","X","X","X","X","X","X","X","X","X","X","X","X","X","X","X","X","Proyección avance actual",null,null,{"$f":"IF(AZ177=BB178,\"OK\",IF(BC181=0,\"NA\",(BB178/BJ175*BK175+BQ175)/('Control de Avance'!$BT$3+BC182*5)))","v":"OK"}]
[null,0,2,"X","X","X","X","X","X","X","X","X","X","X","X","X","X","X","X","X","X","X","X","X","X","X","X","X","X","X","X","X","X","X","X","X","X","X","X","X","X","X","X","X","X","X","X","X","X","X","X","Frentes anteriores",null,null,{"$f":"COUNTIF(D177:AC181,\"A\")/BJ175*BK175","v":65}]
[null,0,1,"a","a","A","a","a","A","a","a","a","a","a","A","a","a","A","A","a","a","A","A","a","a","a","a","a","a","A","A","A","A","A","A","a","A","A","A","A","A","a","a","a","a","a","A","a","a","a","a","Frentes semana actual",null,null,{"$f":"COUNTIF(D177:AC181,\"B\")/BJ175*BK175","v":0}]
[null,0,null,null,null,null,null,null,null,null,null,null,null,null,null,null,null,null,null,null,null,null,null,null,null,null,null,null,null,null,null,null,null,null,null,null,null,null,null,null,null,null,null,null,null,null,null,null,null,null,null,"Saldo",{"$f":"+BB178/BJ175*BK175-BC180-BC181","v":55},"Sem",{"$f":"IF(AZ177=BB178,\"OK\",IF(BC181=0,\"NA\",BA182/BC181))","v":"OK"}]
[null,0]
[]
["OG1",0,"Emplantillado para viga escala",null,null,null,null,null,null,null,null,null,null,null,null,null,null,null,null,null,null,null,null,null,null,null,null,null,null,null,null,null,null,null,null,null,null,null,null,null,null,null,null,null,null,null,null,null,null,null,null,null,null,null,null,"HORMIGÓN","edif",{"$f":"VLOOKUP(C185,'Act. Proyecto'!$I$3:$Q$881,4,FALSE)","v":0},{"$f":"VLOOKUP(C185,'Act. Proyecto'!$I$3:$Q$881,5,FALSE)","v":540},{"$f":"IFERROR(BF185*BG185,0)","v":0},{"$f":"VLOOKUP(C185,'Act. Proyecto'!$I$3:$Q$881,7,FALSE)","v":"Edif"},{"$f":"VLOOKUP(C185,'Act. Proyecto'!$I$3:$Q$881,8,FALSE)","v":1},{"$f":"VLOOKUP(C185,'Act. Proyecto'!$I$3:$Q$881,9,FALSE)","v":10},{"$f":"IFERROR(BJ185/BK185,0)","v":0.1},{"$f":"IFERROR(BL185*BH185,0)","v":0},{"$f":"$AZ$187*$BH$185","v":0},{"$f":"IF($BM$185=0,0,$BN$185/$BM$185)","v":0},6,{"$f":"$BP$185+$BO$185-1","v":5},{"$f":"BM185*B185","v":0},{"$f":"BR185*BQ185","v":0}]
[null,{"$f":"$B$185","v":0},null,"F1-2","F3-4","F5-6","F7-8","F9-10","F11","F12-13","F14-15","F16","F17-18","F19-20","F21-22","F23-24",null,null,null,null,null,null,null,null,null,null,null,null,null,null,null,null,null,null,null,null,null,null,null,null,null,null,null,null,null,null,null,null,null,null,null,"N° Unid Prod","N° Frentes","Pos","%"]
[null,0,5,"X","X","X","X","X","X","X","X","X","X","X","X","X",null,null,null,null,null,null,null,null,null,null,null,null,null,null,null,null,null,null,null,null,null,null,null,null,null,null,null,null,null,null,null,null,null,null,null,{"$f":"COUNTIF(D187:P191,\"A\")+COUNTIF(D187:P191,\"B\")","v":13},{"$f":"+AZ187/BJ185*BK185","v":130},{"$f":"+BA187+BO185","v":130},{"$f":"IF(AZ187=BB188,\"OK\",BB187/'Control de Avance'!$BT$3)","v":0.57777777777777772}]
[null,0,4,"X","X","X","X","X","X","X","X","X","X","X","X","X",null,null,null,null,null,null,null,null,null,null,null,null,null,null,null,null,null,null,null,null,null,null,null,null,null,null,null,null,null,null,null,null,null,null,null,"N° Total Und Prod:",null,{"$f":"VLOOKUP('Dibujo Edificios'!$A$34,'Otras Tablas'!$G$2:$H$31,2,FALSE)","v":12}]
[null,0,3,"X","X","X","X","X","X","X","X","X","X","X","X","X",null,null,null,null,null,null,null,null,null,null,null,null,null,null,null,null,null,null,null,null,null,null,null,null,null,null,null,null,null,null,null,null,null,null,null,"Proyección avance actual",null,null,{"$f":"IF(AZ187=BB188,\"OK\",IF(BC191=0,\"NA\",(BB188/BJ185*BK185+BQ185)/('Control de Avance'!$BT$3+BC192*5)))","v":"NA"}]
[null,0,2,"X","X","X","X","X","X","X","X","X","X","X","X","X",null,null,null,null,null,null,null,null,null,null,null,null,null,null,null,null,null,null,null,null,null,null,null,null,null,null,null,null,null,null,null,null,null,null,null,"Frentes anteriores",null,null,{"$f":"COUNTIF(D187:AC191,\"A\")/BJ185*BK185","v":130}]
[null,0,1,"A","A","A","A","A","A","A","A","A","A","A","A","A",null,null,null,null,null,null,null,null,null,null,null,null,null,null,null,null,null,null,null,null,null,null,null,null,null,null,null,null,null,null,null,null,null,null,null,"Frentes semana actual",null,null,{"$f":"COUNTIF(D187:AC191,\"B\")/BJ185*BK185","v":0}]
[null,0,null,null,null,null,null,null,null,null,null,null,null,null,null,null,null,null,null,null,null,null,null,null,null,null,null,null,null,null,null,null,null,null,null,null,null,null,null,null,null,null,null,null,null,null,null,null,null,null,null,"Saldo",{"$f":"+BB188/BJ185*BK185-BC190-BC191","v":-10},"Sem",{"$f":"IF(AZ187=BB188,\"OK\",IF(BC191=0,\"NA\",BA192/BC191))","v":"NA"}]
[null,0]
[]
["OG1",{"$f":"IF((OR($BT$5<$BP$195-5,AND($BC$197=\"OK\",COUNTIF($D$197:$AY$201,\"B\")=0))),0,1)","v":0},"Vigas primer piso ",null,null,null,null,null,null,null,null,null,null,null,null,null,null,null,null,null,null,null,null,null,null,null,null,null,null,null,null,null,null,null,null,null,null,null,null,null,null,null,null,null,null,null,null,null,null,null,null,null,null,null,null,"ENFIERRADOR","kg",{"$f":"VLOOKUP(C195,'Act. Proyecto'!$I$3:$Q$881,4,FALSE)","v":288.2631756651927},{"$f":"VLOOKUP(C195,'Act. Proyecto'!$I$3:$Q$881,5,FALSE)","v":93},{"$f":"IFERROR(BF195*BG195,0)","v":26808.475336862921},{"$f":"VLOOKUP(C195,'Act. Proyecto'!$I$3:$Q$881,7,FALSE)","v":"Frente"},{"$f":"VLOOKUP(C195,'Act. Proyecto'!$I$3:$Q$881,8,FALSE)","v":2},{"$f":"VLOOKUP(C195,'Act. Proyecto'!$I$3:$Q$881,9,FALSE)","v":10},{"$f":"IFERROR(BJ195/BK195,0)","v":0.2},{"$f":"IFERROR(BL195*BH195,0)","v":5361.6950673725842},{"$f":"$AZ$197*$BH$195","v":643403.40808471013},{"$f":"IF($BM$195=0,0,$BN$195/$BM$195)","v":120},7,{"$f":"$BP$195+$BO$195-1","v":126},{"$f":"BM195*B195","v":0},{"$f":"BR195*BQ195","v":0}]
[null,{"$f":"$B$195","v":0},null,"F1","F2","F3","F4","F5","F6","F7","F8","F9","F10","F11","F12","F13","F14","F15","F16","F17","F18","F19","F20","F21","F22","F23","F24",null,null,null,null,null,null,null,null,null,null,null,null,null,null,null,null,null,null,null,null,null,null,null,null,"N° Unid Prod","N° Frentes","Pos","%"]
[null,0,5,null,"X","X","X","X","X","X","X","X","X","X","X","X","X","X","X","X","X","X","X","X","X","X","X",null,null,null,null,null,null,null,null,null,null,null,null,null,null,null,null,null,null,null,null,null,null,null,null,{"$f":"COUNTIF(D197:AA201,\"A\")+COUNTIF(D197:AA201,\"B\")","v":24},{"$f":"+AZ197/BJ195*BK195","v":120},{"$f":"+BA197+BO195","v":240},{"$f":"IF(AZ197=BB198,\"OK\",BB197/'Control de Avance'!$BT$3)","v":"OK"}]
[null,0,4,null,"X","X","X","X","X","X","X","X","X","X","X","X","X","X","X","X","X","X","X","X","X","X","X",null,null,null,null,null,null,null,null,null,null,null,null,null,null,null,null,null,null,null,null,null,null,null,null,"N° Total Und Prod:",null,{"$f":"VLOOKUP('Dibujo Edificios'!$A$24,'Otras Tablas'!$G$2:$H$31,2,FALSE)","v":24}]
[null,0,3,null,"X","X","X","X","X","X","X","X","X","X","X","X","X","X","X","X","X","X","X","X","X","X","X",null,null,null,null,null,null,null,null,null,null,null,null,null,null,null,null,null,null,null,null,null,null,null,null,"Proyección avance actual",null,null,{"$f":"IF(AZ197=BB198,\"OK\",IF(BC201=0,\"NA\",(BB198/BJ195*BK195+BQ195)/('Control de Avance'!$BT$3+BC202*5)))","v":"OK"}]
[null,0,2,null,"X","X","X","X","X","X","X","X","X","X","X","X","X","X","X","X","X","X","X","X","X","X","X",null,null,null,null,null,null,null,null,null,null,null,null,null,null,null,null,null,null,null,null,null,null,null,null,"Frentes anteriores",null,null,{"$f":"COUNTIF(D197:AC201,\"A\")/BJ195*BK195","v":120}]
[null,0,1,"A","a","a","a","a","a","a","a","A","A","a","a","a","a","a","a","a","A","a","a","A","A","a","a",null,null,null,null,null,null,null,null,null,null,null,null,null,null,null,null,null,null,null,null,null,null,null,null,"Frentes semana actual",null,null,{"$f":"COUNTIF(D197:AC201,\"B\")/BJ195*BK195","v":0}]
[null,0,null,null,null,null,null,null,null,null,null,null,null,null,null,null,null,null,null,null,null,null,null,null,null,null,null,null,null,null,null,null,null,null,null,null,null,null,null,null,null,null,null,null,null,null,null,null,null,null,null,"Saldo",{"$f":"+BB198/BJ195*BK195-BC200-BC201","v":0},"Sem",{"$f":"IF(AZ197=BB198,\"OK\",IF(BC201=0,\"NA\",BA202/BC201))","v":"OK"}]
[null,0]
[]
["OG1",0,"Instalación canalización iluminación exterior",null,null,null,null,null,null,null,null,null,null,null,null,null,null,null,null,null,null,null,null,null,null,null,null,null,null,null,null,null,null,null,null,null,null,null,null,null,null,null,null,null,null,null,null,null,null,null,null,null,null,null,null,"ELÉCTRICO OG","centro",{"$f":"VLOOKUP(C205,'Act. Proyecto'!$I$3:$Q$881,4,FALSE)","v":2.5},{"$f":"VLOOKUP(C205,'Act. Proyecto'!$I$3:$Q$881,5,FALSE)","v":522},{"$f":"IFERROR(BF205*BG205,0)","v":1305},{"$f":"VLOOKUP(C205,'Act. Proyecto'!$I$3:$Q$881,7,FALSE)","v":"Frente"},{"$f":"VLOOKUP(C205,'Act. Proyecto'!$I$3:$Q$881,8,FALSE)","v":2},{"$f":"VLOOKUP(C205,'Act. Proyecto'!$I$3:$Q$881,9,FALSE)","v":10},{"$f":"IFERROR(BJ205/BK205,0)","v":0.2},{"$f":"IFERROR(BL205*BH205,0)","v":261},{"$f":"$AZ$207*$BH$205","v":31320},{"$f":"IF($BM$205=0,0,$BN$205/$BM$205)","v":120},7,{"$f":"$BP$205+$BO$205-1","v":126},{"$f":"BM205*B205","v":0},{"$f":"BR205*BQ205","v":0}]
[null,{"$f":"$B$205","v":0},null,"F1","F2","F3","F4","F5","F6","F7","F8","F9","F10","F11","F12","F13","F14","F15","F16","F17","F18","F19","F20","F21","F22","F23","F24",null,null,null,null,null,null,null,null,null,null,null,null,null,null,null,null,null,null,null,null,null,null,null,null,"N° Unid Prod","N° Frentes","Pos","%"]
[null,0,5,"X","X","X","X","X","X","X","X","X","X","X","X","X","X","X","X","X","X","X","X","X","X","X","X",null,null,null,null,null,null,null,null,null,null,null,null,null,null,null,null,null,null,null,null,null,null,null,null,{"$f":"COUNTIF(D207:AA211,\"A\")+COUNTIF(D207:AA211,\"B\")","v":24},{"$f":"+AZ207/BJ205*BK205","v":120},{"$f":"+BA207+BO205","v":240},{"$f":"IF(AZ207=BB208,\"OK\",BB207/'Control de Avance'!$BT$3)","v":"OK"}]
[null,0,4,"X","X","X","X","X","X","X","X","X","X","X","X","X","X","X","X","X","X","X","X","X","X","X","X",null,null,null,null,null,null,null,null,null,null,null,null,null,null,null,null,null,null,null,null,null,null,null,null,"N° Total Und Prod:",null,{"$f":"VLOOKUP('Dibujo Edificios'!$A$24,'Otras Tablas'!$G$2:$H$31,2,FALSE)","v":24}]
[null,0,3,"X","X","X","X","X","X","X","X","X","X","X","X","X","X","X","X","X","X","X","X","X","X","X","X",null,null,null,null,null,null,null,null,null,null,null,null,null,null,null,null,null,null,null,null,null,null,null,null,"Proyección avance actual",null,null,{"$f":"IF(AZ207=BB208,\"OK\",IF(BC211=0,\"NA\",(BB208/BJ205*BK205+BQ205)/('Control de Avance'!$BT$3+BC212*5)))","v":"OK"}]
[null,0,2,"X","X","X","X","X","X","X","X","X","X","X","X","X","X","X","X","X","X","X","X","X","X","X","X",null,null,null,null,null,null,null,null,null,null,null,null,null,null,null,null,null,null,null,null,null,null,null,null,"Frentes anteriores",null,null,{"$f":"COUNTIF(D207:AC211,\"A\")/BJ205*BK205","v":120}]
[null,0,1,"a","a","a","a","a","a","a","a","a","a","a","a","a","a","a","a","a","a","a","a","a","a","a","a",null,null,null,null,null,null,null,null,null,null,null,null,null,null,null,null,null,null,null,null,null,null,null,null,"Frentes semana actual",null,null,{"$f":"COUNTIF(D207:AC211,\"B\")/BJ205*BK205","v":0}]
[null,0,null,null,null,null,null,null,null,null,null,null,null,null,null,null,null,null,null,null,null,null,null,null,null,null,null,null,null,null,null,null,null,null,null,null,null,null,null,null,null,null,null,null,null,null,null,null,null,null,null,"Saldo",{"$f":"+BB208/BJ205*BK205-BC210-BC211","v":0},"Sem",{"$f":"IF(AZ207=BB208,\"OK\",IF(BC211=0,\"NA\",BA212/BC211))","v":"OK"}]
[null,0]
[]
["OG1",{"$f":"IF((OR($BT$5<$BP$215-5,AND($BC$217=\"OK\",COUNTIF($D$217:$AY$221,\"B\")=0))),0,1)","v":0},"Trazo Sobrecimiento",null,null,null,null,null,null,null,null,null,null,null,null,null,null,null,null,null,null,null,null,null,null,null,null,null,null,null,null,null,null,null,null,null,null,null,null,null,null,null,null,null,null,null,null,null,null,null,null,null,null,null,null,"TRAZO","un",{"$f":"VLOOKUP(C215,'Act. Proyecto'!$I$3:$Q$881,4,FALSE)","v":2},{"$f":"VLOOKUP(C215,'Act. Proyecto'!$I$3:$Q$881,5,FALSE)","v":0},{"$f":"IFERROR(BF215*BG215,0)","v":0},{"$f":"VLOOKUP(C215,'Act. Proyecto'!$I$3:$Q$881,7,FALSE)","v":"Frente"},{"$f":"VLOOKUP(C215,'Act. Proyecto'!$I$3:$Q$881,8,FALSE)","v":2},{"$f":"VLOOKUP(C215,'Act. Proyecto'!$I$3:$Q$881,9,FALSE)","v":10},{"$f":"IFERROR(BJ215/BK215,0)","v":0.2},{"$f":"IFERROR(BL215*BH215,0)","v":0},{"$f":"$AZ$217*$BH$215","v":0},{"$f":"IF($BM$215=0,0,$BN$215/$BM$215)","v":0},7,{"$f":"$BP$215+$BO$215-1","v":6},{"$f":"BM215*B215","v":0},{"$f":"BR215*BQ215","v":0}]
[null,{"$f":"$B$215","v":0},null,"F1","F2","F3","F4","F5","F6","F7","F8","F9","F10","F11","F12","F13","F14","F15","F16","F17","F18","F19","F20","F21","F22","F23","F24",null,null,null,null,null,null,null,null,null,null,null,null,null,null,null,null,null,null,null,null,null,null,null,null,"N° Unid Prod","N° Frentes","Pos","%"]
[null,0,5,"X","X","X","X","X","X","X","X","X","X","X","X","X","X","X","X","X","X","X","X","X","X","X","X",null,null,null,null,null,null,null,null,null,null,null,null,null,null,null,null,null,null,null,null,null,null,null,null,{"$f":"COUNTIF(D217:AA221,\"A\")+COUNTIF(D217:AA221,\"B\")","v":24},{"$f":"+AZ217/BJ215*BK215","v":120},{"$f":"+BA217+BO215","v":120},{"$f":"IF(AZ217=BB218,\"OK\",BB217/'Control de Avance'!$BT$3)","v":"OK"}]
[null,0,4,"X","X","X","X","X","X","X","X","X","X","X","X","X","X","X","X","X","X","X","X","X","X","X","X",null,null,null,null,null,null,null,null,null,null,null,null,null,null,null,null,null,null,null,null,null,null,null,null,"N° Total Und Prod:",null,{"$f":"VLOOKUP('Dibujo Edificios'!$A$24,'Otras Tablas'!$G$2:$H$31,2,FALSE)","v":24}]
[null,0,3,"X","X","X","X","X","X","X","X","X","X","X","X","X","X","X","X","X","X","X","X","X","X","X","X",null,null,null,null,null,null,null,null,null,null,null,null,null,null,null,null,null,null,null,null,null,null,null,null,"Proyección avance actual",null,null,{"$f":"IF(AZ217=BB218,\"OK\",IF(BC221=0,\"NA\",(BB218/BJ215*BK215+BQ215)/('Control de Avance'!$BT$3+BC222*5)))","v":"OK"}]
[null,0,2,"X","X","X","X","X","X","X","X","X","X","X","X","X","X","X","X","X","X","X","X","X","X","X","X",null,null,null,null,null,null,null,null,null,null,null,null,null,null,null,null,null,null,null,null,null,null,null,null,"Frentes anteriores",null,null,{"$f":"COUNTIF(D217:AC221,\"A\")/BJ215*BK215","v":120}]
[null,0,1,"A","a","a","a","a","a","a","a","a","a","a","a","a","a","a","a","a","a","a","a","A","a","a","a",null,null,null,null,null,null,null,null,null,null,null,null,null,null,null,null,null,null,null,null,null,null,null,null,"Frentes semana actual",null,null,{"$f":"COUNTIF(D217:AC221,\"B\")/BJ215*BK215","v":0}]
[null,0,null,null,null,null,null,null,null,null,null,null,null,null,null,null,null,null,null,null,null,null,null,null,null,null,null,null,null,null,null,null,null,null,null,null,null,null,null,null,null,null,null,null,null,null,null,null,null,null,null,"Saldo",{"$f":"+BB218/BJ215*BK215-BC220-BC221","v":0},"Sem",{"$f":"IF(AZ217=BB218,\"OK\",IF(BC221=0,\"NA\",BA222/BC221))","v":"OK"}]
[null,0]
[]
["OG1",{"$f":"IF((OR($BT$5<$BP$225-5,AND($BC$227=\"OK\",COUNTIF($D$227:$AY$231,\"B\")=0))),0,1)","v":0},"Moldaje sobrecimiento muro",null,null,null,null,null,null,null,null,null,null,null,null,null,null,null,null,null,null,null,null,null,null,null,null,null,null,null,null,null,null,null,null,null,null,null,null,null,null,null,null,null,null,null,null,null,null,null,null,null,null,null,null,"SOBRECIMIENTO Y CORONACIÓN","m2",{"$f":"VLOOKUP(C225,'Act. Proyecto'!$I$3:$Q$881,4,FALSE)","v":35.099375000000009},{"$f":"VLOOKUP(C225,'Act. Proyecto'!$I$3:$Q$881,5,FALSE)","v":1070},{"$f":"IFERROR(BF225*BG225,0)","v":37556.33125000001},{"$f":"VLOOKUP(C225,'Act. Proyecto'!$I$3:$Q$881,7,FALSE)","v":"Depto"},{"$f":"VLOOKUP(C225,'Act. Proyecto'!$I$3:$Q$881,8,FALSE)","v":4},{"$f":"VLOOKUP(C225,'Act. Proyecto'!$I$3:$Q$881,9,FALSE)","v":10},{"$f":"IFERROR(BJ225/BK225,0)","v":0.4},{"$f":"IFERROR(BL225*BH225,0)","v":15022.532500000005},{"$f":"$AZ$227*$BH$225","v":1802703.9000000004},{"$f":"IF($BM$225=0,0,$BN$225/$BM$225)","v":119.99999999999999},8,{"$f":"$BP$225+$BO$225-1","v":126.99999999999999},{"$f":"BM225*B225","v":0},{"$f":"BR225*BQ225","v":0}]
[null,{"$f":"$B$225","v":0},null,"F1.1","F1.2","F2.1","F2.2","F3.1","F3.2","F4.1","F4.2","F5.1","F5.2","F6.1","F6.2","F7.1","F7.2","F8.1","F8.2","F9.1","F9.2","F10.1","F10.2","F11.1","F11.2","F12.1","F12.2","F13.1","F13.2","F14.1","F14.2","F15.1","F15.2","F16.1","F16.2","F17.1","F17.2","F18.1","F18.2","F19.1","F19.2","F20.1","F20.2","F21.1","F21.2","F22.1","F22.2","F23.1","F23.2","F24.1","F24.2","N° Unid Prod","N° Frentes","Pos","%"]
[null,0,5,"X","X","X","X","X","X","X","X","X","X","X","X","X","X","X","X","X","X","X","X","X","X","X","X","X","X","X","X","X","X","X","X","X","X","X","X","X","X","X","X","X","X","X","X","X","X","X","X",{"$f":"COUNTIF(D227:AY231,\"A\")+COUNTIF(D227:AY231,\"B\")","v":48},{"$f":"+AZ227/BJ225*BK225","v":120},{"$f":"+BA227+BO225","v":240},{"$f":"IF(AZ227=BB228,\"OK\",BB227/'Control de Avance'!$BT$3)","v":"OK"}]
[null,0,4,"X","X","X","X","X","X","X","X","X","X","X","X","X","X","X","X","X","X","X","X","X","X","X","X","X","X","X","X","X","X","X","X","X","X","X","X","X","X","X","X","X","X","X","X","X","X","X","X","N° Total Und Prod:",null,{"$f":"VLOOKUP('Dibujo Edificios'!$A$14,'Otras Tablas'!$G$2:$H$31,2,FALSE)","v":48}]
[null,0,3,"X","X","X","X","X","X","X","X","X","X","X","X","X","X","X","X","X","X","X","X","X","X","X","X","X","X","X","X","X","X","X","X","X","X","X","X","X","X","X","X","X","X","X","X","X","X","X","X","Proyección avance actual",null,null,{"$f":"IF(AZ227=BB228,\"OK\",IF(BC231=0,\"NA\",(BB228/BJ225*BK225+BQ225)/('Control de Avance'!$BT$3+BC232*5)))","v":"OK"}]
[null,0,2,"X","X","X","X","X","X","X","X","X","X","X","X","X","X","X","X","X","X","X","X","X","X","X","X","X","X","X","X","X","X","X","X","X","X","X","X","X","X","X","X","X","X","X","X","X","X","X","X","Frentes anteriores",null,null,{"$f":"COUNTIF(D227:AC231,\"A\")/BJ225*BK225","v":65}]
[null,0,1,"A","A","a","a","a","a","a","a","a","a","a","a","a","a","a","a","a","a","a","a","a","a","a","a","A","A","a","a","a","a","a","a","a","a","a","a","a","a","a","a","A","A","a","a","a","a","a","a","Frentes semana actual",null,null,{"$f":"COUNTIF(D227:AC231,\"B\")/BJ225*BK225","v":0}]
[null,0,null,null,null,null,null,null,null,null,null,null,null,null,null,null,null,null,null,null,null,null,null,null,null,null,null,null,null,null,null,null,null,null,null,null,null,null,null,null,null,null,null,null,null,null,null,null,null,null,null,"Saldo",{"$f":"+BB228/BJ225*BK225-BC230-BC231","v":55},"Sem",{"$f":"IF(AZ227=BB228,\"OK\",IF(BC231=0,\"NA\",BA232/BC231))","v":"OK"}]
[null,0]
[]
["OG1",{"$f":"IF((OR($BT$5<$BP$235-5,AND($BC$237=\"OK\",COUNTIF($D$237:$AY$241,\"B\")=0))),0,1)","v":0},"Hormigón sobrecimiento muro",null,null,null,null,null,null,null,null,null,null,null,null,null,null,null,null,null,null,null,null,null,null,null,null,null,null,null,null,null,null,null,null,null,null,null,null,null,null,null,null,null,null,null,null,null,null,null,null,null,null,null,null,"HORMIGÓN","m3",{"$f":"VLOOKUP(C235,'Act. Proyecto'!$I$3:$Q$881,4,FALSE)","v":2.4308333333333336},{"$f":"VLOOKUP(C235,'Act. Proyecto'!$I$3:$Q$881,5,FALSE)","v":5380},{"$f":"IFERROR(BF235*BG235,0)","v":13077.883333333335},{"$f":"VLOOKUP(C235,'Act. Proyecto'!$I$3:$Q$881,7,FALSE)","v":"Depto"},{"$f":"VLOOKUP(C235,'Act. Proyecto'!$I$3:$Q$881,8,FALSE)","v":4},{"$f":"VLOOKUP(C235,'Act. Proyecto'!$I$3:$Q$881,9,FALSE)","v":10},{"$f":"IFERROR(BJ235/BK235,0)","v":0.4},{"$f":"IFERROR(BL235*BH235,0)","v":5231.1533333333346},{"$f":"$AZ$237*$BH$235","v":627738.40000000014},{"$f":"IF($BM$235=0,0,$BN$235/$BM$235)","v":120},8,{"$f":"$BP$235+$BO$235-1","v":127},{"$f":"BM235*B235","v":0},{"$f":"BR235*BQ235","v":0}]
[null,{"$f":"$B$235","v":0},null,"F1.1","F1.2","F2.1","F2.2","F3.1","F3.2","F4.1","F4.2","F5.1","F5.2","F6.1","F6.2","F7.1","F7.2","F8.1","F8.2","F9.1","F9.2","F10.1","F10.2","F11.1","F11.2","F12.1","F12.2","F13.1","F13.2","F14.1","F14.2","F15.1","F15.2","F16.1","F16.2","F17.1","F17.2","F18.1","F18.2","F19.1","F19.2","F20.1","F20.2","F21.1","F21.2","F22.1","F22.2","F23.1","F23.2","F24.1","F24.2","N° Unid Prod","N° Frentes","Pos","%"]
[null,0,5,null,null,"X","X","X","X","X","X","X","X","X","X","X","X","X","X","X","X","X","X","X","X","X","X","X","X","X","X","X","X","X","X","X","X","X","X","X","X","X","X","X","X","X","X","X","X","X","X",{"$f":"COUNTIF(D237:AY241,\"A\")+COUNTIF(D237:AY241,\"B\")","v":48},{"$f":"+AZ237/BJ235*BK235","v":120},{"$f":"+BA237+BO235","v":240},{"$f":"IF(AZ237=BB238,\"OK\",BB237/'Control de Avance'!$BT$3)","v":"OK"}]
[null,0,4,null,null,"X","X","X","X","X","X","X","X","X","X","X","X","X","X","X","X","X","X","X","X","X","X","X","X","X","X","X","X","X","X","X","X","X","X","X","X","X","X","X","X","X","X","X","X","X","X","N° Total Und Prod:",null,{"$f":"VLOOKUP('Dibujo Edificios'!$A$14,'Otras Tablas'!$G$2:$H$31,2,FALSE)","v":48}]
[null,0,3,null,null,"X","X","X","X","X","X","X","X","X","X","X","X","X","X","X","X","X","X","X","X","X","X","X","X","X","X","X","X","X","X","X","X","X","X","X","X","X","X","X","X","X","X","X","X","X","X","Proyección avance actual",null,null,{"$f":"IF(AZ237=BB238,\"OK\",IF(BC241=0,\"NA\",(BB238/BJ235*BK235+BQ235)/('Control de Avance'!$BT$3+BC242*5)))","v":"OK"}]
[null,0,2,null,null,"X","X","X","X","X","X","X","X","X","X","X","X","X","X","X","X","X","X","X","X","X","X","X","X","X","X","X","X","X","X","X","X","X","X","X","X","X","X","X","X","X","X","X","X","X","X","Frentes anteriores",null,null,{"$f":"COUNTIF(D237:AC241,\"A\")/BJ235*BK235","v":65}]
[null,0,1,"a","a","a","a","a","a","a","a","a","a","A","A","a","a","a","a","A","A","a","a","a","a","a","a","A","A","a","a","a","a","a","a","a","a","a","a","A","A","a","a","A","A","a","a","a","a","a","a","Frentes semana actual",null,null,{"$f":"COUNTIF(D237:AC241,\"B\")/BJ235*BK235","v":0}]
[null,0,null,null,null,null,null,null,null,null,null,null,null,null,null,null,null,null,null,null,null,null,null,null,null,null,null,null,null,null,null,null,null,null,null,null,null,null,null,null,null,null,null,null,null,null,null,null,null,null,null,"Saldo",{"$f":"+BB238/BJ235*BK235-BC240-BC241","v":55},"Sem",{"$f":"IF(AZ237=BB238,\"OK\",IF(BC241=0,\"NA\",BA242/BC241))","v":"OK"}]
[null,0]
[]
["OG1",{"$f":"IF((OR($BT$5<$BP$245-5,AND($BC$247=\"OK\",COUNTIF($D$247:$AY$251,\"B\")=0))),0,1)","v":0},"Grua Sobrecimiento 1eros Frentes",null,null,null,null,null,null,null,null,null,null,null,null,null,null,null,null,null,null,null,null,null,null,null,null,null,null,null,null,null,null,null,null,null,null,null,null,null,null,null,null,null,null,null,null,null,null,null,null,null,null,null,null,"GRÚA","m3",{"$f":"VLOOKUP(C245,'Act. Proyecto'!$I$3:$Q$881,4,FALSE)","v":2.4308333333333336},{"$f":"VLOOKUP(C245,'Act. Proyecto'!$I$3:$Q$881,5,FALSE)","v":1155},{"$f":"IFERROR(BF245*BG245,0)","v":2807.6125000000002},{"$f":"VLOOKUP(C245,'Act. Proyecto'!$I$3:$Q$881,7,FALSE)","v":"Depto"},{"$f":"VLOOKUP(C245,'Act. Proyecto'!$I$3:$Q$881,8,FALSE)","v":4},{"$f":"VLOOKUP(C245,'Act. Proyecto'!$I$3:$Q$881,9,FALSE)","v":10},{"$f":"IFERROR(BJ245/BK245,0)","v":0.4},{"$f":"IFERROR(BL245*BH245,0)","v":1123.0450000000001},{"$f":"$AZ$247*$BH$245","v":134765.40000000002},{"$f":"IF($BM$245=0,0,$BN$245/$BM$245)","v":120.00000000000001},8,{"$f":"$BP$245+$BO$245-1","v":127},{"$f":"BM245*B245","v":0},{"$f":"BR245*BQ245","v":0}]
[null,{"$f":"$B$245","v":0},null,"F1.1","F1.2","F2.1","F2.2","F3.1","F3.2","F4.1","F4.2","F5.1","F5.2","F6.1","F6.2","F7.1","F7.2","F8.1","F8.2","F9.1","F9.2","F10.1","F10.2","F11.1","F11.2","F12.1","F12.2","F13.1","F13.2","F14.1","F14.2","F15.1","F15.2","F16.1","F16.2","F17.1","F17.2","F18.1","F18.2","F19.1","F19.2","F20.1","F20.2","F21.1","F21.2","F22.1","F22.2","F23.1","F23.2","F24.1","F24.2","N° Unid Prod","N° Frentes","Pos","%"]
[null,0,5,"X","X","X","X","X","X","X","X","X","X","X","X","X","X","X","X","X","X","X","X","X","X","X","X","X","X","X","X","X","X","X","X","X","X","X","X","X","X","X","X","X","X","X","X","X","X","X","X",{"$f":"COUNTIF(D247:AY251,\"A\")+COUNTIF(D247:AY251,\"B\")","v":48},{"$f":"+AZ247/BJ245*BK245","v":120},{"$f":"+BA247+BO245","v":240},{"$f":"IF(AZ247=BB248,\"OK\",BB247/'Control de Avance'!$BT$3)","v":"OK"}]
[null,0,4,"X","X","X","X","X","X","X","X","X","X","X","X","X","X","X","X","X","X","X","X","X","X","X","X","X","X","X","X","X","X","X","X","X","X","X","X","X","X","X","X","X","X","X","X","X","X","X","X","N° Total Und Prod:",null,{"$f":"VLOOKUP('Dibujo Edificios'!$A$14,'Otras Tablas'!$G$2:$H$31,2,FALSE)","v":48}]
[null,0,3,"X","X","X","X","X","X","X","X","X","X","X","X","X","X","X","X","X","X","X","X","X","X","X","X","X","X","X","X","X","X","X","X","X","X","X","X","X","X","X","X","X","X","X","X","X","X","X","X","Proyección avance actual",null,null,{"$f":"IF(AZ247=BB248,\"OK\",IF(BC251=0,\"NA\",(BB248/BJ245*BK245+BQ245)/('Control de Avance'!$BT$3+BC252*5)))","v":"OK"}]
[null,0,2,"X","X","X","X","X","X","X","X","X","X","X","X","X","X","X","X","X","X","X","X","X","X","X","X","X","X","X","X","X","X","X","X","X","X","X","X","X","X","X","X","X","X","X","X","X","X","X","X","Frentes anteriores",null,null,{"$f":"COUNTIF(D247:AC251,\"A\")/BJ245*BK245","v":65}]
[null,0,1,"a","a","a","a","a","a","a","a","A","a","a","a","a","a","a","a","A","A","a","a","a","a","a","a","a","a","A","A","a","a","a","a","a","a","a","a","a","a","a","a","A","A","a","a","a","a","a","a","Frentes semana actual",null,null,{"$f":"COUNTIF(D247:AC251,\"B\")/BJ245*BK245","v":0}]
[null,0,null,null,null,null,null,null,null,null,null,null,null,null,null,null,null,null,null,null,null,null,null,null,null,null,null,null,null,null,null,null,null,null,null,null,null,null,null,null,null,null,null,null,null,null,null,null,null,null,null,"Saldo",{"$f":"+BB248/BJ245*BK245-BC250-BC251","v":55},"Sem",{"$f":"IF(AZ247=BB248,\"OK\",IF(BC251=0,\"NA\",BA252/BC251))","v":"OK"}]
[null,0]
[]
["OG1",{"$f":"IF((OR($BT$5<$BP$255-5,AND($BC$257=\"OK\",COUNTIF($D$257:$AY$261,\"B\")=0))),0,1)","v":0},"Descimbre sobrecimiento muro",null,null,null,null,null,null,null,null,null,null,null,null,null,null,null,null,null,null,null,null,null,null,null,null,null,null,null,null,null,null,null,null,null,null,null,null,null,null,null,null,null,null,null,null,null,null,null,null,null,null,null,null,"SOBRECIMIENTO Y CORONACIÓN","m2",{"$f":"VLOOKUP(C255,'Act. Proyecto'!$I$3:$Q$881,4,FALSE)","v":35.099375000000009},{"$f":"VLOOKUP(C255,'Act. Proyecto'!$I$3:$Q$881,5,FALSE)","v":375},{"$f":"IFERROR(BF255*BG255,0)","v":13162.265625000004},{"$f":"VLOOKUP(C255,'Act. Proyecto'!$I$3:$Q$881,7,FALSE)","v":"Depto"},{"$f":"VLOOKUP(C255,'Act. Proyecto'!$I$3:$Q$881,8,FALSE)","v":4},{"$f":"VLOOKUP(C255,'Act. Proyecto'!$I$3:$Q$881,9,FALSE)","v":10},{"$f":"IFERROR(BJ255/BK255,0)","v":0.4},{"$f":"IFERROR(BL255*BH255,0)","v":5264.9062500000018},{"$f":"$AZ$257*$BH$255","v":631788.75000000023},{"$f":"IF($BM$255=0,0,$BN$255/$BM$255)","v":120},9,{"$f":"$BP$255+$BO$255-1","v":128},{"$f":"BM255*B255","v":0},{"$f":"BR255*BQ255","v":0}]
[null,{"$f":"$B$255","v":0},null,"F1.1","F1.2","F2.1","F2.2","F3.1","F3.2","F4.1","F4.2","F5.1","F5.2","F6.1","F6.2","F7.1","F7.2","F8.1","F8.2","F9.1","F9.2","F10.1","F10.2","F11.1","F11.2","F12.1","F12.2","F13.1","F13.2","F14.1","F14.2","F15.1","F15.2","F16.1","F16.2","F17.1","F17.2","F18.1","F18.2","F19.1","F19.2","F20.1","F20.2","F21.1","F21.2","F22.1","F22.2","F23.1","F23.2","F24.1","F24.2","N° Unid Prod","N° Frentes","Pos","%"]
[null,0,5,"X","X","X","X","X","X","X","X","X","X","X","X","X","X","X","X","X","X","X","X","X","X","X","X","X","X","X","X","X","X","X","X","X","X","X","X","X","X","X","X","X","X","X","X","X","X","X","X",{"$f":"COUNTIF(D257:AY261,\"A\")+COUNTIF(D257:AY261,\"B\")","v":48},{"$f":"+AZ257/BJ255*BK255","v":120},{"$f":"+BA257+BO255","v":240},{"$f":"IF(AZ257=BB258,\"OK\",BB257/'Control de Avance'!$BT$3)","v":"OK"}]
[null,0,4,"X","X","X","X","X","X","X","X","X","X","X","X","X","X","X","X","X","X","X","X","X","X","X","X","X","X","X","X","X","X","X","X","X","X","X","X","X","X","X","X","X","X","X","X","X","X","X","X","N° Total Und Prod:",null,{"$f":"VLOOKUP('Dibujo Edificios'!$A$14,'Otras Tablas'!$G$2:$H$31,2,FALSE)","v":48}]
[null,0,3,"X","X","X","X","X","X","X","X","X","X","X","X","X","X","X","X","X","X","X","X","X","X","X","X","X","X","X","X","X","X","X","X","X","X","X","X","X","X","X","X","X","X","X","X","X","X","X","X","Proyección avance actual",null,null,{"$f":"IF(AZ257=BB258,\"OK\",IF(BC261=0,\"NA\",(BB258/BJ255*BK255+BQ255)/('Control de Avance'!$BT$3+BC262*5)))","v":"OK"}]
[null,0,2,"X","X","X","X","X","X","X","X","X","X","X","X","X","X","X","X","X","X","X","X","X","X","X","X","X","X","X","X","X","X","X","X","X","X","X","X","X","X","X","X","X","X","X","X","X","X","X","X","Frentes anteriores",null,null,{"$f":"COUNTIF(D257:AC261,\"A\")/BJ255*BK255","v":65}]
[null,0,1,"a","a","a","a","a","a","a","A","a","a","a","a","a","a","a","a","a","a","a","a","a","a","a","a","a","a","A","A","a","a","a","a","a","a","a","a","a","a","a","a","a","a","a","a","a","a","a","a","Frentes semana actual",null,null,{"$f":"COUNTIF(D257:AC261,\"B\")/BJ255*BK255","v":0}]
[null,0,null,null,null,null,null,null,null,null,null,null,null,null,null,null,null,null,null,null,null,null,null,null,null,null,null,null,null,null,null,null,null,null,null,null,null,null,null,null,null,null,null,null,null,null,null,null,null,null,null,"Saldo",{"$f":"+BB258/BJ255*BK255-BC260-BC261","v":55},"Sem",{"$f":"IF(AZ257=BB258,\"OK\",IF(BC261=0,\"NA\",BA262/BC261))","v":"OK"}]
[null,0]
[]
["OG1",{"$f":"IF((OR($BT$5<$BP$265-5,AND($BC$267=\"OK\",COUNTIF($D$267:$AY$271,\"B\")=0))),0,1)","v":0},"Impermeabilización sobrecimiento",null,null,null,null,null,null,null,null,null,null,null,null,null,null,null,null,null,null,null,null,null,null,null,null,null,null,null,null,null,null,null,null,null,null,null,null,null,null,null,null,null,null,null,null,null,null,null,null,null,null,null,null,"SOBRECIMIENTO Y CORONACIÓN","depto",{"$f":"VLOOKUP(C265,'Act. Proyecto'!$I$3:$Q$881,4,FALSE)","v":2},{"$f":"VLOOKUP(C265,'Act. Proyecto'!$I$3:$Q$881,5,FALSE)","v":3740},{"$f":"IFERROR(BF265*BG265,0)","v":7480},{"$f":"VLOOKUP(C265,'Act. Proyecto'!$I$3:$Q$881,7,FALSE)","v":"Frente"},{"$f":"VLOOKUP(C265,'Act. Proyecto'!$I$3:$Q$881,8,FALSE)","v":2},{"$f":"VLOOKUP(C265,'Act. Proyecto'!$I$3:$Q$881,9,FALSE)","v":10},{"$f":"IFERROR(BJ265/BK265,0)","v":0.2},{"$f":"IFERROR(BL265*BH265,0)","v":1496},{"$f":"$AZ$267*$BH$265","v":179520},{"$f":"IF($BM$265=0,0,$BN$265/$BM$265)","v":120},9,{"$f":"$BP$265+$BO$265-1","v":128},{"$f":"BM265*B265","v":0},{"$f":"BR265*BQ265","v":0}]
[null,{"$f":"$B$265","v":0},null,"F1","F2","F3","F4","F5","F6","F7","F8","F9","F10","F11","F12","F13","F14","F15","F16","F17","F18","F19","F20","F21","F22","F23","F24",null,null,null,null,null,null,null,null,null,null,null,null,null,null,null,null,null,null,null,null,null,null,null,null,"N° Unid Prod","N° Frentes","Pos","%"]
[null,0,5,"X","X","X","X","X","X","X","X","X","X","X","X","X","X","X","X","X","X","X","X","X","X","X","X",null,null,null,null,null,null,null,null,null,null,null,null,null,null,null,null,null,null,null,null,null,null,null,null,{"$f":"COUNTIF(D267:AA271,\"A\")+COUNTIF(D267:AA271,\"B\")","v":24},{"$f":"+AZ267/BJ265*BK265","v":120},{"$f":"+BA267+BO265","v":240},{"$f":"IF(AZ267=BB268,\"OK\",BB267/'Control de Avance'!$BT$3)","v":"OK"}]
[null,0,4,"X","X","X","X","X","X","X","X","X","X","X","X","X","X","X","X","X","X","X","X","X","X","X","X",null,null,null,null,null,null,null,null,null,null,null,null,null,null,null,null,null,null,null,null,null,null,null,null,"N° Total Und Prod:",null,{"$f":"VLOOKUP('Dibujo Edificios'!$A$24,'Otras Tablas'!$G$2:$H$31,2,FALSE)","v":24}]
[null,0,3,"X","X","X","X","X","X","X","X","X","X","X","X","X","X","X","X","X","X","X","X","X","X","X","X",null,null,null,null,null,null,null,null,null,null,null,null,null,null,null,null,null,null,null,null,null,null,null,null,"Proyección avance actual",null,null,{"$f":"IF(AZ267=BB268,\"OK\",IF(BC271=0,\"NA\",(BB268/BJ265*BK265+BQ265)/('Control de Avance'!$BT$3+BC272*5)))","v":"OK"}]
[null,0,2,"X","X","X","X","X","X","X","X","X","X","X","X","X","X","X","X","X","X","X","X","X","X","X","X",null,null,null,null,null,null,null,null,null,null,null,null,null,null,null,null,null,null,null,null,null,null,null,null,"Frentes anteriores",null,null,{"$f":"COUNTIF(D267:AC271,\"A\")/BJ265*BK265","v":120}]
[null,0,1,"a","a","a","a","a","a","a","a","a","a","a","a","a","A","a","a","a","a","a","A","A","A","A","A",null,null,null,null,null,null,null,null,null,null,null,null,null,null,null,null,null,null,null,null,null,null,null,null,"Frentes semana actual",null,null,{"$f":"COUNTIF(D267:AC271,\"B\")/BJ265*BK265","v":0}]
[null,0,null,null,null,null,null,null,null,null,null,null,null,null,null,null,null,null,null,null,null,null,null,null,null,null,null,null,null,null,null,null,null,null,null,null,null,null,null,null,null,null,null,null,null,null,null,null,null,null,null,"Saldo",{"$f":"+BB268/BJ265*BK265-BC270-BC271","v":0},"Sem",{"$f":"IF(AZ267=BB268,\"OK\",IF(BC271=0,\"NA\",BA272/BC271))","v":"OK"}]
[null,0]
[]
["OG1",{"$f":"IF((OR($BT$5<$BP$275-5,AND($BC$277=\"OK\",COUNTIF($D$277:$AY$281,\"B\")=0))),0,1)","v":0},"Alcantarillado primer piso",null,null,null,null,null,null,null,null,null,null,null,null,null,null,null,null,null,null,null,null,null,null,null,null,null,null,null,null,null,null,null,null,null,null,null,null,null,null,null,null,null,null,null,null,null,null,null,null,null,null,null,null,"GASFITER OG","dh",{"$f":"VLOOKUP(C275,'Act. Proyecto'!$I$3:$Q$881,4,FALSE)","v":0.90023437499999992},{"$f":"VLOOKUP(C275,'Act. Proyecto'!$I$3:$Q$881,5,FALSE)","v":1},{"$f":"IFERROR(BF275*BG275,0)","v":0.90023437499999992},{"$f":"VLOOKUP(C275,'Act. Proyecto'!$I$3:$Q$881,7,FALSE)","v":"Depto"},{"$f":"VLOOKUP(C275,'Act. Proyecto'!$I$3:$Q$881,8,FALSE)","v":4},{"$f":"VLOOKUP(C275,'Act. Proyecto'!$I$3:$Q$881,9,FALSE)","v":10},{"$f":"IFERROR(BJ275/BK275,0)","v":0.4},{"$f":"IFERROR(BL275*BH275,0)","v":0.36009374999999999},{"$f":"$AZ$277*$BH$275","v":43.211249999999993},{"$f":"IF($BM$275=0,0,$BN$275/$BM$275)","v":119.99999999999999},9,{"$f":"$BP$275+$BO$275-1","v":128},{"$f":"BM275*B275","v":0},{"$f":"BR275*BQ275","v":0}]
[null,{"$f":"$B$275","v":0},null,"F1.1","F1.2","F2.1","F2.2","F3.1","F3.2","F4.1","F4.2","F5.1","F5.2","F6.1","F6.2","F7.1","F7.2","F8.1","F8.2","F9.1","F9.2","F10.1","F10.2","F11.1","F11.2","F12.1","F12.2","F13.1","F13.2","F14.1","F14.2","F15.1","F15.2","F16.1","F16.2","F17.1","F17.2","F18.1","F18.2","F19.1","F19.2","F20.1","F20.2","F21.1","F21.2","F22.1","F22.2","F23.1","F23.2","F24.1","F24.2","N° Unid Prod","N° Frentes","Pos","%"]
[null,0,5,"X","X","X","X","X","X","X","X","X","X","X","X","X","X","X","X","X","X","X","X","X","X","X","X","X","X","X","X","X","X","X","X","X","X","X","X","X","X","X","X","X","X","X","X","X","X","X","X",{"$f":"COUNTIF(D277:AY281,\"A\")+COUNTIF(D277:AY281,\"B\")","v":48},{"$f":"+AZ277/BJ275*BK275","v":120},{"$f":"+BA277+BO275","v":240},{"$f":"IF(AZ277=BB278,\"OK\",BB277/'Control de Avance'!$BT$3)","v":"OK"}]
[null,0,4,"X","X","X","X","X","X","X","X","X","X","X","X","X","X","X","X","X","X","X","X","X","X","X","X","X","X","X","X","X","X","X","X","X","X","X","X","X","X","X","X","X","X","X","X","X","X","X","X","N° Total Und Prod:",null,{"$f":"VLOOKUP('Dibujo Edificios'!$A$14,'Otras Tablas'!$G$2:$H$31,2,FALSE)","v":48}]
[null,0,3,"X","X","X","X","X","X","X","X","X","X","X","X","X","X","X","X","X","X","X","X","X","X","X","X","X","X","X","X","X","X","X","X","X","X","X","X","X","X","X","X","X","X","X","X","X","X","X","X","Proyección avance actual",null,null,{"$f":"IF(AZ277=BB278,\"OK\",IF(BC281=0,\"NA\",(BB278/BJ275*BK275+BQ275)/('Control de Avance'!$BT$3+BC282*5)))","v":"OK"}]
[null,0,2,"X","X","X","X","X","X","X","X","X","X","X","X","X","X","X","X","X","X","X","X","X","X","X","X","X","X","X","X","X","X","X","X","X","X","X","X","X","X","X","X","X","X","X","X","X","X","X","X","Frentes anteriores",null,null,{"$f":"COUNTIF(D277:AC281,\"A\")/BJ275*BK275","v":65}]
[null,0,1,"a","a","a","a","a","a","a","a","a","a","a","a","a","a","a","a","a","a","a","a","a","a","a","a","a","a","A","A","a","a","a","a","a","a","a","a","a","a","a","a","a","a","a","a","a","a","a","a","Frentes semana actual",null,null,{"$f":"COUNTIF(D277:AC281,\"B\")/BJ275*BK275","v":0}]
[null,0,null,null,null,null,null,null,null,null,null,null,null,null,null,null,null,null,null,null,null,null,null,null,null,null,null,null,null,null,null,null,null,null,null,null,null,null,null,null,null,null,null,null,null,null,null,null,null,null,null,"Saldo",{"$f":"+BB278/BJ275*BK275-BC280-BC281","v":55},"Sem",{"$f":"IF(AZ277=BB278,\"OK\",IF(BC281=0,\"NA\",BA282/BC281))","v":"OK"}]
[null,0]
[]
["OG1",{"$f":"IF((OR($BT$5<$BP$285-5,AND($BC$287=\"OK\",COUNTIF($D$287:$AY$291,\"B\")=0))),0,1)","v":0},"1era capa de relleno (incluye moldaje y relleno terraza)",null,null,null,null,null,null,null,null,null,null,null,null,null,null,null,null,null,null,null,null,null,null,null,null,null,null,null,null,null,null,null,null,null,null,null,null,null,null,null,null,null,null,null,null,null,null,null,null,null,null,null,null,"SOBRECIMIENTO Y CORONACIÓN","depto",{"$f":"VLOOKUP(C285,'Act. Proyecto'!$I$3:$Q$881,4,FALSE)","v":1},{"$f":"VLOOKUP(C285,'Act. Proyecto'!$I$3:$Q$881,5,FALSE)","v":20500},{"$f":"IFERROR(BF285*BG285,0)","v":20500},{"$f":"VLOOKUP(C285,'Act. Proyecto'!$I$3:$Q$881,7,FALSE)","v":"Depto"},{"$f":"VLOOKUP(C285,'Act. Proyecto'!$I$3:$Q$881,8,FALSE)","v":4},{"$f":"VLOOKUP(C285,'Act. Proyecto'!$I$3:$Q$881,9,FALSE)","v":10},{"$f":"IFERROR(BJ285/BK285,0)","v":0.4},{"$f":"IFERROR(BL285*BH285,0)","v":8200},{"$f":"$AZ$287*$BH$285","v":984000},{"$f":"IF($BM$285=0,0,$BN$285/$BM$285)","v":120},10,{"$f":"$BP$285+$BO$285-1","v":129},{"$f":"BM285*B285","v":0},{"$f":"BR285*BQ285","v":0}]
[null,{"$f":"$B$285","v":0},null,"F1.1","F1.2","F2.1","F2.2","F3.1","F3.2","F4.1","F4.2","F5.1","F5.2","F6.1","F6.2","F7.1","F7.2","F8.1","F8.2","F9.1","F9.2","F10.1","F10.2","F11.1","F11.2","F12.1","F12.2","F13.1","F13.2","F14.1","F14.2","F15.1","F15.2","F16.1","F16.2","F17.1","F17.2","F18.1","F18.2","F19.1","F19.2","F20.1","F20.2","F21.1","F21.2","F22.1","F22.2","F23.1","F23.2","F24.1","F24.2","N° Unid Prod","N° Frentes","Pos","%"]
[null,0,5,"X","X","X","X","X","X","X","X","X","X","X","X","X","X","X","X","X","X","X","X","X","X","X","X","X","X","X","X","X","X","X","X","X","X","X","X","X","X","X","X","X","X","X","X","X","X","X","X",{"$f":"COUNTIF(D287:AY291,\"A\")+COUNTIF(D287:AY291,\"B\")","v":48},{"$f":"+AZ287/BJ285*BK285","v":120},{"$f":"+BA287+BO285","v":240},{"$f":"IF(AZ287=BB288,\"OK\",BB287/'Control de Avance'!$BT$3)","v":"OK"}]
[null,0,4,"X","X","X","X","X","X","X","X","X","X","X","X","X","X","X","X","X","X","X","X","X","X","X","X","X","X","X","X","X","X","X","X","X","X","X","X","X","X","X","X","X","X","X","X","X","X","X","X","N° Total Und Prod:",null,{"$f":"VLOOKUP('Dibujo Edificios'!$A$14,'Otras Tablas'!$G$2:$H$31,2,FALSE)","v":48}]
[null,0,3,"X","X","X","X","X","X","X","X","X","X","X","X","X","X","X","X","X","X","X","X","X","X","X","X","X","X","X","X","X","X","X","X","X","X","X","X","X","X","X","X","X","X","X","X","X","X","X","X","Proyección avance actual",null,null,{"$f":"IF(AZ287=BB288,\"OK\",IF(BC291=0,\"NA\",(BB288/BJ285*BK285+BQ285)/('Control de Avance'!$BT$3+BC292*5)))","v":"OK"}]
[null,0,2,"X","X","X","X","X","X","X","X","X","X","X","X","X","X","X","X","X","X","X","X","X","X","X","X","X","X","X","X","X","X","X","X","X","X","X","X","X","X","X","X","X","X","X","X","X","X","X","X","Frentes anteriores",null,null,{"$f":"COUNTIF(D287:AC291,\"A\")/BJ285*BK285","v":65}]
[null,0,1,"a","a","a","a","a","a","a","a","a","a","a","a","a","a","a","a","a","a","a","a","a","a","a","a","a","a","A","A","a","a","a","a","a","a","a","a","a","a","a","a","a","a","a","a","a","a","a","a","Frentes semana actual",null,null,{"$f":"COUNTIF(D287:AC291,\"B\")/BJ285*BK285","v":0}]
[null,0,null,null,null,null,null,null,null,null,null,null,null,null,null,null,null,null,null,null,null,null,null,null,null,null,null,null,null,null,null,null,null,null,null,null,null,null,null,null,null,null,null,null,null,null,null,null,null,null,null,"Saldo",{"$f":"+BB288/BJ285*BK285-BC290-BC291","v":55},"Sem",{"$f":"IF(AZ287=BB288,\"OK\",IF(BC291=0,\"NA\",BA292/BC291))","v":"OK"}]
[null,0]
[]
["OG1",{"$f":"IF((OR($BT$5<$BP$295-5,AND($BC$297=\"OK\",COUNTIF($D$297:$AY$301,\"B\")=0))),0,1)","v":0},"2da capa de relleno (incluye moldaje y relleno terraza)",null,null,null,null,null,null,null,null,null,null,null,null,null,null,null,null,null,null,null,null,null,null,null,null,null,null,null,null,null,null,null,null,null,null,null,null,null,null,null,null,null,null,null,null,null,null,null,null,null,null,null,null,"SOBRECIMIENTO Y CORONACIÓN","depto",{"$f":"VLOOKUP(C295,'Act. Proyecto'!$I$3:$Q$881,4,FALSE)","v":1},{"$f":"VLOOKUP(C295,'Act. Proyecto'!$I$3:$Q$881,5,FALSE)","v":20500},{"$f":"IFERROR(BF295*BG295,0)","v":20500},{"$f":"VLOOKUP(C295,'Act. Proyecto'!$I$3:$Q$881,7,FALSE)","v":"Depto"},{"$f":"VLOOKUP(C295,'Act. Proyecto'!$I$3:$Q$881,8,FALSE)","v":4},{"$f":"VLOOKUP(C295,'Act. Proyecto'!$I$3:$Q$881,9,FALSE)","v":10},{"$f":"IFERROR(BJ295/BK295,0)","v":0.4},{"$f":"IFERROR(BL295*BH295,0)","v":8200},{"$f":"$AZ$297*$BH$295","v":984000},{"$f":"IF($BM$295=0,0,$BN$295/$BM$295)","v":120},10,{"$f":"$BP$295+$BO$295-1","v":129},{"$f":"BM295*B295","v":0},{"$f":"BR295*BQ295","v":0}]
[null,{"$f":"$B$295","v":0},null,"F1.1","F1.2","F2.1","F2.2","F3.1","F3.2","F4.1","F4.2","F5.1","F5.2","F6.1","F6.2","F7.1","F7.2","F8.1","F8.2","F9.1","F9.2","F10.1","F10.2","F11.1","F11.2","F12.1","F12.2","F13.1","F13.2","F14.1","F14.2","F15.1","F15.2","F16.1","F16.2","F17.1","F17.2","F18.1","F18.2","F19.1","F19.2","F20.1","F20.2","F21.1","F21.2","F22.1","F22.2","F23.1","F23.2","F24.1","F24.2","N° Unid Prod","N° Frentes","Pos","%"]
[null,0,5,"X","X","X","X","X","X","X","X","X","X","X","X","X","X","X","X","X","X","X","X","X","X","X","X","X","X","X","X","X","X","X","X","X","X","X","X","X","X","X","X","X","X","X","X","X","X","X","X",{"$f":"COUNTIF(D297:AY301,\"A\")+COUNTIF(D297:AY301,\"B\")","v":48},{"$f":"+AZ297/BJ295*BK295","v":120},{"$f":"+BA297+BO295","v":240},{"$f":"IF(AZ297=BB298,\"OK\",BB297/'Control de Avance'!$BT$3)","v":"OK"}]
[null,0,4,"X","X","X","X","X","X","X","X","X","X","X","X","X","X","X","X","X","X","X","X","X","X","X","X","X","X","X","X","X","X","X","X","X","X","X","X","X","X","X","X","X","X","X","X","X","X","X","X","N° Total Und Prod:",null,{"$f":"VLOOKUP('Dibujo Edificios'!$A$14,'Otras Tablas'!$G$2:$H$31,2,FALSE)","v":48}]
[null,0,3,"X","X","X","X","X","X","X","X","X","X","X","X","X","X","X","X","X","X","X","X","X","X","X","X","X","X","X","X","X","X","X","X","X","X","X","X","X","X","X","X","X","X","X","X","X","X","X","X","Proyección avance actual",null,null,{"$f":"IF(AZ297=BB298,\"OK\",IF(BC301=0,\"NA\",(BB298/BJ295*BK295+BQ295)/('Control de Avance'!$BT$3+BC302*5)))","v":"OK"}]
[null,0,2,"X","X","X","X","X","X","X","X","X","X","X","X","X","X","X","X","X","X","X","X","X","X","X","X","X","X","X","X","X","X","X","X","X","X","X","X","X","X","X","X","X","X","X","X","X","X","X","X","Frentes anteriores",null,null,{"$f":"COUNTIF(D297:AC301,\"A\")/BJ295*BK295","v":65}]
[null,0,1,"a","a","a","a","a","a","a","a","a","a","a","a","a","a","a","a","a","a","a","a","a","a","a","a","a","a","a","a","a","a","a","a","a","a","a","a","a","a","a","a","a","a","a","a","a","a","a","a","Frentes semana actual",null,null,{"$f":"COUNTIF(D297:AC301,\"B\")/BJ295*BK295","v":0}]
[null,0,null,null,null,null,null,null,null,null,null,null,null,null,null,null,null,null,null,null,null,null,null,null,null,null,null,null,null,null,null,null,null,null,null,null,null,null,null,null,null,null,null,null,null,null,null,null,null,null,null,"Saldo",{"$f":"+BB298/BJ295*BK295-BC300-BC301","v":55},"Sem",{"$f":"IF(AZ297=BB298,\"OK\",IF(BC301=0,\"NA\",BA302/BC301))","v":"OK"}]
[null,0]
[]
["OG1",{"$f":"IF((OR($BT$5<$BP$305-5,AND($BC$307=\"OK\",COUNTIF($D$307:$AY$311,\"B\")=0))),0,1)","v":0},"Capa final relleno (incluye moldaje y relleno terraza)",null,null,null,null,null,null,null,null,null,null,null,null,null,null,null,null,null,null,null,null,null,null,null,null,null,null,null,null,null,null,null,null,null,null,null,null,null,null,null,null,null,null,null,null,null,null,null,null,null,null,null,null,"SOBRECIMIENTO Y CORONACIÓN","depto",{"$f":"VLOOKUP(C305,'Act. Proyecto'!$I$3:$Q$881,4,FALSE)","v":1},{"$f":"VLOOKUP(C305,'Act. Proyecto'!$I$3:$Q$881,5,FALSE)","v":20500},{"$f":"IFERROR(BF305*BG305,0)","v":20500},{"$f":"VLOOKUP(C305,'Act. Proyecto'!$I$3:$Q$881,7,FALSE)","v":"Depto"},{"$f":"VLOOKUP(C305,'Act. Proyecto'!$I$3:$Q$881,8,FALSE)","v":4},{"$f":"VLOOKUP(C305,'Act. Proyecto'!$I$3:$Q$881,9,FALSE)","v":10},{"$f":"IFERROR(BJ305/BK305,0)","v":0.4},{"$f":"IFERROR(BL305*BH305,0)","v":8200},{"$f":"$AZ$307*$BH$305","v":984000},{"$f":"IF($BM$305=0,0,$BN$305/$BM$305)","v":120},10,{"$f":"$BP$305+$BO$305-1","v":129},{"$f":"BM305*B305","v":0},{"$f":"BR305*BQ305","v":0}]
[null,{"$f":"$B$305","v":0},null,"F1.1","F1.2","F2.1","F2.2","F3.1","F3.2","F4.1","F4.2","F5.1","F5.2","F6.1","F6.2","F7.1","F7.2","F8.1","F8.2","F9.1","F9.2","F10.1","F10.2","F11.1","F11.2","F12.1","F12.2","F13.1","F13.2","F14.1","F14.2","F15.1","F15.2","F16.1","F16.2","F17.1","F17.2","F18.1","F18.2","F19.1","F19.2","F20.1","F20.2","F21.1","F21.2","F22.1","F22.2","F23.1","F23.2","F24.1","F24.2","N° Unid Prod","N° Frentes","Pos","%"]
[null,0,5,"X","X","X","X","X","X","X","X","X","X","X","X","X","X","X","X","X","X","X","X","X","X","X","X","X","X","X","X","X","X","X","X","X","X","X","X","X","X","X","X","X","X","X","X","X","X","X","X",{"$f":"COUNTIF(D307:AY311,\"A\")+COUNTIF(D307:AY311,\"B\")","v":48},{"$f":"+AZ307/BJ305*BK305","v":120},{"$f":"+BA307+BO305","v":240},{"$f":"IF(AZ307=BB308,\"OK\",BB307/'Control de Avance'!$BT$3)","v":"OK"}]
[null,0,4,"X","X","X","X","X","X","X","X","X","X","X","X","X","X","X","X","X","X","X","X","X","X","X","X","X","X","X","X","X","X","X","X","X","X","X","X","X","X","X","X","X","X","X","X","X","X","X","X","N° Total Und Prod:",null,{"$f":"VLOOKUP('Dibujo Edificios'!$A$14,'Otras Tablas'!$G$2:$H$31,2,FALSE)","v":48}]
[null,0,3,"X","X","X","X","X","X","X","X","X","X","X","X","X","X","X","X","X","X","X","X","X","X","X","X","X","X","X","X","X","X","X","X","X","X","X","X","X","X","X","X","X","X","X","X","X","X","X","X","Proyección avance actual",null,null,{"$f":"IF(AZ307=BB308,\"OK\",IF(BC311=0,\"NA\",(BB308/BJ305*BK305+BQ305)/('Control de Avance'!$BT$3+BC312*5)))","v":"OK"}]
[null,0,2,"X","X","X","X","X","X","X","X","X","X","X","X","X","X","X","X","X","X","X","X","X","X","X","X","X","X","X","X","X","X","X","X","X","X","X","X","X","X","X","X","X","X","X","X","X","X","X","X","Frentes anteriores",null,null,{"$f":"COUNTIF(D307:AC311,\"A\")/BJ305*BK305","v":65}]
[null,0,1,"a","a","a","a","a","a","a","a","a","a","a","a","a","a","a","a","a","a","a","A","a","a","a","a","a","a","a","a","A","A","a","a","a","a","a","a","a","a","a","a","a","a","a","a","a","a","a","a","Frentes semana actual",null,null,{"$f":"COUNTIF(D307:AC311,\"B\")/BJ305*BK305","v":0}]
[null,0,null,null,null,null,null,null,null,null,null,null,null,null,null,null,null,null,null,null,null,null,null,null,null,null,null,null,null,null,null,null,null,null,null,null,null,null,null,null,null,null,null,null,null,null,null,null,null,null,null,"Saldo",{"$f":"+BB308/BJ305*BK305-BC310-BC311","v":55},"Sem",{"$f":"IF(AZ307=BB308,\"OK\",IF(BC311=0,\"NA\",BA312/BC311))","v":"OK"}]
[null,0]
[]
["OG1",0,"Alcantarillado sala de basura",null,null,null,null,null,null,null,null,null,null,null,null,null,null,null,null,null,null,null,null,null,null,null,null,null,null,null,null,null,null,null,null,null,null,null,null,null,null,null,null,null,null,null,null,null,null,null,null,null,null,null,null,"GASFITER OG","cu",{"$f":"VLOOKUP(C315,'Act. Proyecto'!$I$3:$Q$881,4,FALSE)","v":0},{"$f":"VLOOKUP(C315,'Act. Proyecto'!$I$3:$Q$881,5,FALSE)","v":1},{"$f":"IFERROR(BF315*BG315,0)","v":0},{"$f":"VLOOKUP(C315,'Act. Proyecto'!$I$3:$Q$881,7,FALSE)","v":"Edif"},{"$f":"VLOOKUP(C315,'Act. Proyecto'!$I$3:$Q$881,8,FALSE)","v":1},{"$f":"VLOOKUP(C315,'Act. Proyecto'!$I$3:$Q$881,9,FALSE)","v":10},{"$f":"IFERROR(BJ315/BK315,0)","v":0.1},{"$f":"IFERROR(BL315*BH315,0)","v":0},{"$f":"$AZ$317*$BH$315","v":0},{"$f":"IF($BM$315=0,0,$BN$315/$BM$315)","v":0},9,{"$f":"$BP$315+$BO$315-1","v":8},{"$f":"BM315*B315","v":0},{"$f":"BR315*BQ315","v":0}]
[null,{"$f":"$B$315","v":0},null,"F1-2","F3-4","F5-6","F7-8","F9-10","F11","F12-13","F14-15","F16","F17-18","F19-20","F21-22","F23-24",null,null,null,null,null,null,null,null,null,null,null,null,null,null,null,null,null,null,null,null,null,null,null,null,null,null,null,null,null,null,null,null,null,null,null,"N° Unid Prod","N° Frentes","Pos","%"]
[null,0,5,"X","X","X","X","X","X","X","X","X","X","X","X","X",null,null,null,null,null,null,null,null,null,null,null,null,null,null,null,null,null,null,null,null,null,null,null,null,null,null,null,null,null,null,null,null,null,null,null,{"$f":"COUNTIF(D317:P321,\"A\")+COUNTIF(D317:P321,\"B\")","v":13},{"$f":"+AZ317/BJ315*BK315","v":130},{"$f":"+BA317+BO315","v":130},{"$f":"IF(AZ317=BB318,\"OK\",BB317/'Control de Avance'!$BT$3)","v":0.57777777777777772}]
[null,0,4,"X","X","X","X","X","X","X","X","X","X","X","X","X",null,null,null,null,null,null,null,null,null,null,null,null,null,null,null,null,null,null,null,null,null,null,null,null,null,null,null,null,null,null,null,null,null,null,null,"N° Total Und Prod:",null,{"$f":"VLOOKUP('Dibujo Edificios'!$A$34,'Otras Tablas'!$G$2:$H$31,2,FALSE)","v":12}]
[null,0,3,"X","X","X","X","X","X","X","X","X","X","X","X","X",null,null,null,null,null,null,null,null,null,null,null,null,null,null,null,null,null,null,null,null,null,null,null,null,null,null,null,null,null,null,null,null,null,null,null,"Proyección avance actual",null,null,{"$f":"IF(AZ317=BB318,\"OK\",IF(BC321=0,\"NA\",(BB318/BJ315*BK315+BQ315)/('Control de Avance'!$BT$3+BC322*5)))","v":"NA"}]
[null,0,2,"X","X","X","X","X","X","X","X","X","X","X","X","X",null,null,null,null,null,null,null,null,null,null,null,null,null,null,null,null,null,null,null,null,null,null,null,null,null,null,null,null,null,null,null,null,null,null,null,"Frentes anteriores",null,null,{"$f":"COUNTIF(D317:AC321,\"A\")/BJ315*BK315","v":130}]
[null,0,1,"a","a","a","A","A","A","A","A","a","a","A","a","a",null,null,null,null,null,null,null,null,null,null,null,null,null,null,null,null,null,null,null,null,null,null,null,null,null,null,null,null,null,null,null,null,null,null,null,"Frentes semana actual",null,null,{"$f":"COUNTIF(D317:AC321,\"B\")/BJ315*BK315","v":0}]
[null,0,null,null,null,null,null,null,null,null,null,null,null,null,null,null,null,null,null,null,null,null,null,null,null,null,null,null,null,null,null,null,null,null,null,null,null,null,null,null,null,null,null,null,null,null,null,null,null,null,null,"Saldo",{"$f":"+BB318/BJ315*BK315-BC320-BC321","v":-10},"Sem",{"$f":"IF(AZ317=BB318,\"OK\",IF(BC321=0,\"NA\",BA322/BC321))","v":"NA"}]
[null,0]
[]
["OG1",0,"Relleno pasillo Nivel 0",null,null,null,null,null,null,null,null,null,null,null,null,null,null,null,null,null,null,null,null,null,null,null,null,null,null,null,null,null,null,null,null,null,null,null,null,null,null,null,null,null,null,null,null,null,null,null,null,null,null,null,null,"SOBRECIMIENTO Y CORONACIÓN","zc",{"$f":"VLOOKUP(C325,'Act. Proyecto'!$I$3:$Q$881,4,FALSE)","v":1},{"$f":"VLOOKUP(C325,'Act. Proyecto'!$I$3:$Q$881,5,FALSE)","v":38300},{"$f":"IFERROR(BF325*BG325,0)","v":38300},{"$f":"VLOOKUP(C325,'Act. Proyecto'!$I$3:$Q$881,7,FALSE)","v":"Edif"},{"$f":"VLOOKUP(C325,'Act. Proyecto'!$I$3:$Q$881,8,FALSE)","v":1},{"$f":"VLOOKUP(C325,'Act. Proyecto'!$I$3:$Q$881,9,FALSE)","v":10},{"$f":"IFERROR(BJ325/BK325,0)","v":0.1},{"$f":"IFERROR(BL325*BH325,0)","v":3830},{"$f":"$AZ$327*$BH$325","v":497900},{"$f":"IF($BM$325=0,0,$BN$325/$BM$325)","v":130},10,{"$f":"$BP$325+$BO$325-1","v":139},{"$f":"BM325*B325","v":0},{"$f":"BR325*BQ325","v":0}]
[null,{"$f":"$B$325","v":0},null,"F1-2","F3-4","F5-6","F7-8","F9-10","F11","F12-13","F14-15","F16","F17-18","F19-20","F21-22","F23-24",null,null,null,null,null,null,null,null,null,null,null,null,null,null,null,null,null,null,null,null,null,null,null,null,null,null,null,null,null,null,null,null,null,null,null,"N° Unid Prod","N° Frentes","Pos","%"]
[null,0,5,"X","X","X","X","X","X","X","X","X","X","X","X","X",null,null,null,null,null,null,null,null,null,null,null,null,null,null,null,null,null,null,null,null,null,null,null,null,null,null,null,null,null,null,null,null,null,null,null,{"$f":"COUNTIF(D327:P331,\"A\")+COUNTIF(D327:P331,\"B\")","v":13},{"$f":"+AZ327/BJ325*BK325","v":130},{"$f":"+BA327+BO325","v":260},{"$f":"IF(AZ327=BB328,\"OK\",BB327/'Control de Avance'!$BT$3)","v":1.1555555555555554}]
[null,0,4,"X","X","X","X","X","X","X","X","X","X","X","X","X",null,null,null,null,null,null,null,null,null,null,null,null,null,null,null,null,null,null,null,null,null,null,null,null,null,null,null,null,null,null,null,null,null,null,null,"N° Total Und Prod:",null,{"$f":"VLOOKUP('Dibujo Edificios'!$A$34,'Otras Tablas'!$G$2:$H$31,2,FALSE)","v":12}]
[null,0,3,"X","X","X","X","X","X","X","X","X","X","X","X","X",null,null,null,null,null,null,null,null,null,null,null,null,null,null,null,null,null,null,null,null,null,null,null,null,null,null,null,null,null,null,null,null,null,null,null,"Proyección avance actual",null,null,{"$f":"IF(AZ327=BB328,\"OK\",IF(BC331=0,\"NA\",(BB328/BJ325*BK325+BQ325)/('Control de Avance'!$BT$3+BC332*5)))","v":"NA"}]
[null,0,2,"X","X","X","X","X","X","X","X","X","X","X","X","X",null,null,null,null,null,null,null,null,null,null,null,null,null,null,null,null,null,null,null,null,null,null,null,null,null,null,null,null,null,null,null,null,null,null,null,"Frentes anteriores",null,null,{"$f":"COUNTIF(D327:AC331,\"A\")/BJ325*BK325","v":130}]
[null,0,1,"a","a","a","a","a","A","A","A","a","a","a","a","a",null,null,null,null,null,null,null,null,null,null,null,null,null,null,null,null,null,null,null,null,null,null,null,null,null,null,null,null,null,null,null,null,null,null,null,"Frentes semana actual",null,null,{"$f":"COUNTIF(D327:AC331,\"B\")/BJ325*BK325","v":0}]
[null,0,null,null,null,null,null,null,null,null,null,null,null,null,null,null,null,null,null,null,null,null,null,null,null,null,null,null,null,null,null,null,null,null,null,null,null,null,null,null,null,null,null,null,null,null,null,null,null,null,null,"Saldo",{"$f":"+BB328/BJ325*BK325-BC330-BC331","v":-10},"Sem",{"$f":"IF(AZ327=BB328,\"OK\",IF(BC331=0,\"NA\",BA332/BC331))","v":"NA"}]
[null,0]
[]
["OG1",{"$f":"IF((OR($BT$5<$BP$335-5,AND($BC$337=\"OK\",COUNTIF($D$337:$AY$341,\"B\")=0))),0,1)","v":0},"Relleno costado edificios",null,null,null,null,null,null,null,null,null,null,null,null,null,null,null,null,null,null,null,null,null,null,null,null,null,null,null,null,null,null,null,null,null,null,null,null,null,null,null,null,null,null,null,null,null,null,null,null,null,null,null,null,"SOBRECIMIENTO Y CORONACIÓN","depto",{"$f":"VLOOKUP(C335,'Act. Proyecto'!$I$3:$Q$881,4,FALSE)","v":2},{"$f":"VLOOKUP(C335,'Act. Proyecto'!$I$3:$Q$881,5,FALSE)","v":840},{"$f":"IFERROR(BF335*BG335,0)","v":1680},{"$f":"VLOOKUP(C335,'Act. Proyecto'!$I$3:$Q$881,7,FALSE)","v":"Frente"},{"$f":"VLOOKUP(C335,'Act. Proyecto'!$I$3:$Q$881,8,FALSE)","v":2},{"$f":"VLOOKUP(C335,'Act. Proyecto'!$I$3:$Q$881,9,FALSE)","v":10},{"$f":"IFERROR(BJ335/BK335,0)","v":0.2},{"$f":"IFERROR(BL335*BH335,0)","v":336},{"$f":"$AZ$337*$BH$335","v":40320},{"$f":"IF($BM$335=0,0,$BN$335/$BM$335)","v":120},10,{"$f":"$BP$335+$BO$335-1","v":129},{"$f":"BM335*B335","v":0},{"$f":"BR335*BQ335","v":0}]
[null,{"$f":"$B$335","v":0},null,"F1","F2","F3","F4","F5","F6","F7","F8","F9","F10","F11","F12","F13","F14","F15","F16","F17","F18","F19","F20","F21","F22","F23","F24",null,null,null,null,null,null,null,null,null,null,null,null,null,null,null,null,null,null,null,null,null,null,null,null,"N° Unid Prod","N° Frentes","Pos","%"]
[null,0,5,"X","X","X","X","X","X","X","X","X","X","X","X","X","X","X","X","X","X","X","X","X","X","X","X",null,null,null,null,null,null,null,null,null,null,null,null,null,null,null,null,null,null,null,null,null,null,null,null,{"$f":"COUNTIF(D337:AA341,\"A\")+COUNTIF(D337:AA341,\"B\")","v":24},{"$f":"+AZ337/BJ335*BK335","v":120},{"$f":"+BA337+BO335","v":240},{"$f":"IF(AZ337=BB338,\"OK\",BB337/'Control de Avance'!$BT$3)","v":"OK"}]
[null,0,4,"X","X","X","X","X","X","X","X","X","X","X","X","X","X","X","X","X","X","X","X","X","X","X","X",null,null,null,null,null,null,null,null,null,null,null,null,null,null,null,null,null,null,null,null,null,null,null,null,"N° Total Und Prod:",null,{"$f":"VLOOKUP('Dibujo Edificios'!$A$24,'Otras Tablas'!$G$2:$H$31,2,FALSE)","v":24}]
[null,0,3,"X","X","X","X","X","X","X","X","X","X","X","X","X","X","X","X","X","X","X","X","X","X","X","X",null,null,null,null,null,null,null,null,null,null,null,null,null,null,null,null,null,null,null,null,null,null,null,null,"Proyección avance actual",null,null,{"$f":"IF(AZ337=BB338,\"OK\",IF(BC341=0,\"NA\",(BB338/BJ335*BK335+BQ335)/('Control de Avance'!$BT$3+BC342*5)))","v":"OK"}]
[null,0,2,"X","X","X","X","X","X","X","X","X","X","X","X","X","X","X","X","X","X","X","X","X","X","X","X",null,null,null,null,null,null,null,null,null,null,null,null,null,null,null,null,null,null,null,null,null,null,null,null,"Frentes anteriores",null,null,{"$f":"COUNTIF(D337:AC341,\"A\")/BJ335*BK335","v":120}]
[null,0,1,"a","a","a","a","a","a","a","a","a","a","a","a","a","a","a","a","a","A","A","A","A","A","A","A",null,null,null,null,null,null,null,null,null,null,null,null,null,null,null,null,null,null,null,null,null,null,null,null,"Frentes semana actual",null,null,{"$f":"COUNTIF(D337:AC341,\"B\")/BJ335*BK335","v":0}]
[null,0,null,null,null,null,null,null,null,null,null,null,null,null,null,null,null,null,null,null,null,null,null,null,null,null,null,null,null,null,null,null,null,null,null,null,null,null,null,null,null,null,null,null,null,null,null,null,null,null,null,"Saldo",{"$f":"+BB338/BJ335*BK335-BC340-BC341","v":0},"Sem",{"$f":"IF(AZ337=BB338,\"OK\",IF(BC341=0,\"NA\",BA342/BC341))","v":"OK"}]
[null,0]
[]
["OG1",{"$f":"IF((OR($BT$5<$BP$345-5,AND($BC$347=\"OK\",COUNTIF($D$347:$AY$351,\"B\")=0))),0,1)","v":0},"Instalaciones agua radier",null,null,null,null,null,null,null,null,null,null,null,null,null,null,null,null,null,null,null,null,null,null,null,null,null,null,null,null,null,null,null,null,null,null,null,null,null,null,null,null,null,null,null,null,null,null,null,null,null,null,null,null,"GASFITER OG","dh",{"$f":"VLOOKUP(C345,'Act. Proyecto'!$I$3:$Q$881,4,FALSE)","v":0.85819444444444426},{"$f":"VLOOKUP(C345,'Act. Proyecto'!$I$3:$Q$881,5,FALSE)","v":1},{"$f":"IFERROR(BF345*BG345,0)","v":0.85819444444444426},{"$f":"VLOOKUP(C345,'Act. Proyecto'!$I$3:$Q$881,7,FALSE)","v":"Frente"},{"$f":"VLOOKUP(C345,'Act. Proyecto'!$I$3:$Q$881,8,FALSE)","v":2},{"$f":"VLOOKUP(C345,'Act. Proyecto'!$I$3:$Q$881,9,FALSE)","v":10},{"$f":"IFERROR(BJ345/BK345,0)","v":0.2},{"$f":"IFERROR(BL345*BH345,0)","v":0.17163888888888887},{"$f":"$AZ$347*$BH$345","v":20.596666666666664},{"$f":"IF($BM$345=0,0,$BN$345/$BM$345)","v":120},11,{"$f":"$BP$345+$BO$345-1","v":130},{"$f":"BM345*B345","v":0},{"$f":"BR345*BQ345","v":0}]
[null,{"$f":"$B$345","v":0},null,"F1","F2","F3","F4","F5","F6","F7","F8","F9","F10","F11","F12","F13","F14","F15","F16","F17","F18","F19","F20","F21","F22","F23","F24",null,null,null,null,null,null,null,null,null,null,null,null,null,null,null,null,null,null,null,null,null,null,null,null,"N° Unid Prod","N° Frentes","Pos","%"]
[null,0,5,"X","X","X","X","X","X","X","X","X","X","X","X","X","X","X","X","X","X","X","X","X","X","X","X",null,null,null,null,null,null,null,null,null,null,null,null,null,null,null,null,null,null,null,null,null,null,null,null,{"$f":"COUNTIF(D347:AA351,\"A\")+COUNTIF(D347:AA351,\"B\")","v":24},{"$f":"+AZ347/BJ345*BK345","v":120},{"$f":"+BA347+BO345","v":240},{"$f":"IF(AZ347=BB348,\"OK\",BB347/'Control de Avance'!$BT$3)","v":"OK"}]
[null,0,4,"X","X","X","X","X","X","X","X","X","X","X","X","X","X","X","X","X","X","X","X","X","X","X","X",null,null,null,null,null,null,null,null,null,null,null,null,null,null,null,null,null,null,null,null,null,null,null,null,"N° Total Und Prod:",null,{"$f":"VLOOKUP('Dibujo Edificios'!$A$24,'Otras Tablas'!$G$2:$H$31,2,FALSE)","v":24}]
[null,0,3,"X","X","X","X","X","X","X","X","X","X","X","X","X","X","X","X","X","X","X","X","X","X","X","X",null,null,null,null,null,null,null,null,null,null,null,null,null,null,null,null,null,null,null,null,null,null,null,null,"Proyección avance actual",null,null,{"$f":"IF(AZ347=BB348,\"OK\",IF(BC351=0,\"NA\",(BB348/BJ345*BK345+BQ345)/('Control de Avance'!$BT$3+BC352*5)))","v":"OK"}]
[null,0,2,"X","X","X","X","X","X","X","X","X","X","X","X","X","X","X","X","X","X","X","X","X","X","X","X",null,null,null,null,null,null,null,null,null,null,null,null,null,null,null,null,null,null,null,null,null,null,null,null,"Frentes anteriores",null,null,{"$f":"COUNTIF(D347:AC351,\"A\")/BJ345*BK345","v":120}]
[null,0,1,"a","a","a","a","a","a","a","A","a","a","a","a","A","A","A","a","a","a","a","a","a","a","a","a",null,null,null,null,null,null,null,null,null,null,null,null,null,null,null,null,null,null,null,null,null,null,null,null,"Frentes semana actual",null,null,{"$f":"COUNTIF(D347:AC351,\"B\")/BJ345*BK345","v":0}]
[null,0,null,null,null,null,null,null,null,null,null,null,null,null,null,null,null,null,null,null,null,null,null,null,null,null,null,null,null,null,null,null,null,null,null,null,null,null,null,null,null,null,null,null,null,null,null,null,null,null,null,"Saldo",{"$f":"+BB348/BJ345*BK345-BC350-BC351","v":0},"Sem",{"$f":"IF(AZ347=BB348,\"OK\",IF(BC351=0,\"NA\",BA352/BC351))","v":"OK"}]
[null,0]
[]
["OG1",0,"Canalizaciones eléctricas en radier",null,null,null,null,null,null,null,null,null,null,null,null,null,null,null,null,null,null,null,null,null,null,null,null,null,null,null,null,null,null,null,null,null,null,null,null,null,null,null,null,null,null,null,null,null,null,null,null,null,null,null,null,"ELÉCTRICO OG","centro",{"$f":"VLOOKUP(C355,'Act. Proyecto'!$I$3:$Q$881,4,FALSE)","v":7.916666666666667},{"$f":"VLOOKUP(C355,'Act. Proyecto'!$I$3:$Q$881,5,FALSE)","v":668},{"$f":"IFERROR(BF355*BG355,0)","v":5288.3333333333339},{"$f":"VLOOKUP(C355,'Act. Proyecto'!$I$3:$Q$881,7,FALSE)","v":"Frente"},{"$f":"VLOOKUP(C355,'Act. Proyecto'!$I$3:$Q$881,8,FALSE)","v":2},{"$f":"VLOOKUP(C355,'Act. Proyecto'!$I$3:$Q$881,9,FALSE)","v":10},{"$f":"IFERROR(BJ355/BK355,0)","v":0.2},{"$f":"IFERROR(BL355*BH355,0)","v":1057.6666666666667},{"$f":"$AZ$357*$BH$355","v":126920.00000000001},{"$f":"IF($BM$355=0,0,$BN$355/$BM$355)","v":120},11,{"$f":"$BP$355+$BO$355-1","v":130},{"$f":"BM355*B355","v":0},{"$f":"BR355*BQ355","v":0}]
[null,{"$f":"$B$355","v":0},null,"F1","F2","F3","F4","F5","F6","F7","F8","F9","F10","F11","F12","F13","F14","F15","F16","F17","F18","F19","F20","F21","F22","F23","F24",null,null,null,null,null,null,null,null,null,null,null,null,null,null,null,null,null,null,null,null,null,null,null,null,"N° Unid Prod","N° Frentes","Pos","%"]
[null,0,5,"X","X","X","X","X","X","X","X","X","X","X","X","X","X","X","X","X","X","X","X","X","X","X","X",null,null,null,null,null,null,null,null,null,null,null,null,null,null,null,null,null,null,null,null,null,null,null,null,{"$f":"COUNTIF(D357:AA361,\"A\")+COUNTIF(D357:AA361,\"B\")","v":24},{"$f":"+AZ357/BJ355*BK355","v":120},{"$f":"+BA357+BO355","v":240},{"$f":"IF(AZ357=BB358,\"OK\",BB357/'Control de Avance'!$BT$3)","v":"OK"}]
[null,0,4,"X","X","X","X","X","X","X","X","X","X","X","X","X","X","X","X","X","X","X","X","X","X","X","X",null,null,null,null,null,null,null,null,null,null,null,null,null,null,null,null,null,null,null,null,null,null,null,null,"N° Total Und Prod:",null,{"$f":"VLOOKUP('Dibujo Edificios'!$A$24,'Otras Tablas'!$G$2:$H$31,2,FALSE)","v":24}]
[null,0,3,"X","X","X","X","X","X","X","X","X","X","X","X","X","X","X","X","X","X","X","X","X","X","X","X",null,null,null,null,null,null,null,null,null,null,null,null,null,null,null,null,null,null,null,null,null,null,null,null,"Proyección avance actual",null,null,{"$f":"IF(AZ357=BB358,\"OK\",IF(BC361=0,\"NA\",(BB358/BJ355*BK355+BQ355)/('Control de Avance'!$BT$3+BC362*5)))","v":"OK"}]
[null,0,2,"X","X","X","X","X","X","X","X","X","X","X","X","X","X","X","X","X","X","X","X","X","X","X","X",null,null,null,null,null,null,null,null,null,null,null,null,null,null,null,null,null,null,null,null,null,null,null,null,"Frentes anteriores",null,null,{"$f":"COUNTIF(D357:AC361,\"A\")/BJ355*BK355","v":120}]
[null,0,1,"a","a","a","a","a","a","a","a","a","a","a","a","a","a","a","a","a","a","a","a","a","a","a","a",null,null,null,null,null,null,null,null,null,null,null,null,null,null,null,null,null,null,null,null,null,null,null,null,"Frentes semana actual",null,null,{"$f":"COUNTIF(D357:AC361,\"B\")/BJ355*BK355","v":0}]
[null,0,null,null,null,null,null,null,null,null,null,null,null,null,null,null,null,null,null,null,null,null,null,null,null,null,null,null,null,null,null,null,null,null,null,null,null,null,null,null,null,null,null,null,null,null,null,null,null,null,null,"Saldo",{"$f":"+BB358/BJ355*BK355-BC360-BC361","v":0},"Sem",{"$f":"IF(AZ357=BB358,\"OK\",IF(BC361=0,\"NA\",BA362/BC361))","v":"OK"}]
[null,0]
[]
["OG1",{"$f":"IF((OR($BT$5<$BP$365-5,AND($BC$367=\"OK\",COUNTIF($D$367:$AY$371,\"B\")=0))),0,1)","v":0},"Instalaciones gas radier",null,null,null,null,null,null,null,null,null,null,null,null,null,null,null,null,null,null,null,null,null,null,null,null,null,null,null,null,null,null,null,null,null,null,null,null,null,null,null,null,null,null,null,null,null,null,null,null,null,null,null,null,"GAS OG","dh",{"$f":"VLOOKUP(C365,'Act. Proyecto'!$I$3:$Q$881,4,FALSE)","v":0.44},{"$f":"VLOOKUP(C365,'Act. Proyecto'!$I$3:$Q$881,5,FALSE)","v":1},{"$f":"IFERROR(BF365*BG365,0)","v":0.44},{"$f":"VLOOKUP(C365,'Act. Proyecto'!$I$3:$Q$881,7,FALSE)","v":"Frente"},{"$f":"VLOOKUP(C365,'Act. Proyecto'!$I$3:$Q$881,8,FALSE)","v":2},{"$f":"VLOOKUP(C365,'Act. Proyecto'!$I$3:$Q$881,9,FALSE)","v":10},{"$f":"IFERROR(BJ365/BK365,0)","v":0.2},{"$f":"IFERROR(BL365*BH365,0)","v":8.8000000000000009E-2},{"$f":"$AZ$367*$BH$365","v":10.56},{"$f":"IF($BM$365=0,0,$BN$365/$BM$365)","v":120},11,{"$f":"$BP$365+$BO$365-1","v":130},{"$f":"BM365*B365","v":0},{"$f":"BR365*BQ365","v":0}]
[null,{"$f":"$B$365","v":0},null,"F1","F2","F3","F4","F5","F6","F7","F8","F9","F10","F11","F12","F13","F14","F15","F16","F17","F18","F19","F20","F21","F22","F23","F24",null,null,null,null,null,null,null,null,null,null,null,null,null,null,null,null,null,null,null,null,null,null,null,null,"N° Unid Prod","N° Frentes","Pos","%"]
[null,0,5,"X","X","X","X","X","X","X","X","X","X","X","X","X","X","X","X","X","X","X","X","X","X","X","X",null,null,null,null,null,null,null,null,null,null,null,null,null,null,null,null,null,null,null,null,null,null,null,null,{"$f":"COUNTIF(D367:AA371,\"A\")+COUNTIF(D367:AA371,\"B\")","v":24},{"$f":"+AZ367/BJ365*BK365","v":120},{"$f":"+BA367+BO365","v":240},{"$f":"IF(AZ367=BB368,\"OK\",BB367/'Control de Avance'!$BT$3)","v":"OK"}]
[null,0,4,"X","X","X","X","X","X","X","X","X","X","X","X","X","X","X","X","X","X","X","X","X","X","X","X",null,null,null,null,null,null,null,null,null,null,null,null,null,null,null,null,null,null,null,null,null,null,null,null,"N° Total Und Prod:",null,{"$f":"VLOOKUP('Dibujo Edificios'!$A$24,'Otras Tablas'!$G$2:$H$31,2,FALSE)","v":24}]
[null,0,3,"X","X","X","X","X","X","X","X","X","X","X","X","X","X","X","X","X","X","X","X","X","X","X","X",null,null,null,null,null,null,null,null,null,null,null,null,null,null,null,null,null,null,null,null,null,null,null,null,"Proyección avance actual",null,null,{"$f":"IF(AZ367=BB368,\"OK\",IF(BC371=0,\"NA\",(BB368/BJ365*BK365+BQ365)/('Control de Avance'!$BT$3+BC372*5)))","v":"OK"}]
[null,0,2,"X","X","X","X","X","X","X","X","X","X","X","X","X","X","X","X","X","X","X","X","X","X","X","X",null,null,null,null,null,null,null,null,null,null,null,null,null,null,null,null,null,null,null,null,null,null,null,null,"Frentes anteriores",null,null,{"$f":"COUNTIF(D367:AC371,\"A\")/BJ365*BK365","v":120}]
[null,0,1,"a","a","a","a","a","a","a","a","a","a","a","a","a","a","a","a","a","a","a","a","a","a","a","a",null,null,null,null,null,null,null,null,null,null,null,null,null,null,null,null,null,null,null,null,null,null,null,null,"Frentes semana actual",null,null,{"$f":"COUNTIF(D367:AC371,\"B\")/BJ365*BK365","v":0}]
[null,0,null,null,null,null,null,null,null,null,null,null,null,null,null,null,null,null,null,null,null,null,null,null,null,null,null,null,null,null,null,null,null,null,null,null,null,null,null,null,null,null,null,null,null,null,null,null,null,null,null,"Saldo",{"$f":"+BB368/BJ365*BK365-BC370-BC371","v":0},"Sem",{"$f":"IF(AZ367=BB368,\"OK\",IF(BC371=0,\"NA\",BA372/BC371))","v":"OK"}]
[null,0]
[]
["OG1",0,"Red Seca horizontal",null,null,null,null,null,null,null,null,null,null,null,null,null,null,null,null,null,null,null,null,null,null,null,null,null,null,null,null,null,null,null,null,null,null,null,null,null,null,null,null,null,null,null,null,null,null,null,null,null,null,null,null,"GASFITER OG","dh",{"$f":"VLOOKUP(C375,'Act. Proyecto'!$I$3:$Q$881,4,FALSE)","v":0},{"$f":"VLOOKUP(C375,'Act. Proyecto'!$I$3:$Q$881,5,FALSE)","v":1},{"$f":"IFERROR(BF375*BG375,0)","v":0},{"$f":"VLOOKUP(C375,'Act. Proyecto'!$I$3:$Q$881,7,FALSE)","v":"Edif"},{"$f":"VLOOKUP(C375,'Act. Proyecto'!$I$3:$Q$881,8,FALSE)","v":1},{"$f":"VLOOKUP(C375,'Act. Proyecto'!$I$3:$Q$881,9,FALSE)","v":10},{"$f":"IFERROR(BJ375/BK375,0)","v":0.1},{"$f":"IFERROR(BL375*BH375,0)","v":0},{"$f":"$AZ$377*$BH$375","v":0},{"$f":"IF($BM$375=0,0,$BN$375/$BM$375)","v":0},11,{"$f":"$BP$375+$BO$375-1","v":10},{"$f":"BM375*B375","v":0},{"$f":"BR375*BQ375","v":0}]
[null,{"$f":"$B$375","v":0},null,"F1-2","F3-4","F5-6","F7-8","F9-10","F11","F12-13","F14-15","F16","F17-18","F19-20","F21-22","F23-24",null,null,null,null,null,null,null,null,null,null,null,null,null,null,null,null,null,null,null,null,null,null,null,null,null,null,null,null,null,null,null,null,null,null,null,"N° Unid Prod","N° Frentes","Pos","%"]
[null,0,5,"X","X","X","X","X","X","X","X","X","X","X","X","X",null,null,null,null,null,null,null,null,null,null,null,null,null,null,null,null,null,null,null,null,null,null,null,null,null,null,null,null,null,null,null,null,null,null,null,{"$f":"COUNTIF(D377:P381,\"A\")+COUNTIF(D377:P381,\"B\")","v":13},{"$f":"+AZ377/BJ375*BK375","v":130},{"$f":"+BA377+BO375","v":130},{"$f":"IF(AZ377=BB378,\"OK\",BB377/'Control de Avance'!$BT$3)","v":0.57777777777777772}]
[null,0,4,"X","X","X","X","X","X","X","X","X","X","X","X","X",null,null,null,null,null,null,null,null,null,null,null,null,null,null,null,null,null,null,null,null,null,null,null,null,null,null,null,null,null,null,null,null,null,null,null,"N° Total Und Prod:",null,{"$f":"VLOOKUP('Dibujo Edificios'!$A$34,'Otras Tablas'!$G$2:$H$31,2,FALSE)","v":12}]
[null,0,3,"X","X","X","X","X","X","X","X","X","X","X","X","X",null,null,null,null,null,null,null,null,null,null,null,null,null,null,null,null,null,null,null,null,null,null,null,null,null,null,null,null,null,null,null,null,null,null,null,"Proyección avance actual",null,null,{"$f":"IF(AZ377=BB378,\"OK\",IF(BC381=0,\"NA\",(BB378/BJ375*BK375+BQ375)/('Control de Avance'!$BT$3+BC382*5)))","v":"NA"}]
[null,0,2,"X","X","X","X","X","X","X","X","X","X","X","X","X",null,null,null,null,null,null,null,null,null,null,null,null,null,null,null,null,null,null,null,null,null,null,null,null,null,null,null,null,null,null,null,null,null,null,null,"Frentes anteriores",null,null,{"$f":"COUNTIF(D377:AC381,\"A\")/BJ375*BK375","v":130}]
[null,0,1,"a","a","a","a","a","A","A","A","a","a","a","a","a",null,null,null,null,null,null,null,null,null,null,null,null,null,null,null,null,null,null,null,null,null,null,null,null,null,null,null,null,null,null,null,null,null,null,null,"Frentes semana actual"]
[null,0,null,null,null,null,null,null,null,null,null,null,null,null,null,null,null,null,null,null,null,null,null,null,null,null,null,null,null,null,null,null,null,null,null,null,null,null,null,null,null,null,null,null,null,null,null,null,null,null,null,"Saldo",{"$f":"+BB378/BJ375*BK375-BC380-BC381","v":-10},"Sem",{"$f":"IF(AZ377=BB378,\"OK\",IF(BC381=0,\"NA\",BA382/BC381))","v":"NA"}]
[null,0]
[]
["OG1",0,"Tuberías de agua radier zona comun",null,null,null,null,null,null,null,null,null,null,null,null,null,null,null,null,null,null,null,null,null,null,null,null,null,null,null,null,null,null,null,null,null,null,null,null,null,null,null,null,null,null,null,null,null,null,null,null,null,null,null,null,"GASFITER OG","dh",{"$f":"VLOOKUP(C385,'Act. Proyecto'!$I$3:$Q$881,4,FALSE)","v":0.41749999999999993},{"$f":"VLOOKUP(C385,'Act. Proyecto'!$I$3:$Q$881,5,FALSE)","v":1},{"$f":"IFERROR(BF385*BG385,0)","v":0.41749999999999993},{"$f":"VLOOKUP(C385,'Act. Proyecto'!$I$3:$Q$881,7,FALSE)","v":"Edif"},{"$f":"VLOOKUP(C385,'Act. Proyecto'!$I$3:$Q$881,8,FALSE)","v":1},{"$f":"VLOOKUP(C385,'Act. Proyecto'!$I$3:$Q$881,9,FALSE)","v":10},{"$f":"IFERROR(BJ385/BK385,0)","v":0.1},{"$f":"IFERROR(BL385*BH385,0)","v":4.1749999999999995E-2},{"$f":"$AZ$387*$BH$385","v":5.4274999999999993},{"$f":"IF($BM$385=0,0,$BN$385/$BM$385)","v":130},11,{"$f":"$BP$385+$BO$385-1","v":140},{"$f":"BM385*B385","v":0},{"$f":"BR385*BQ385","v":0}]
[null,{"$f":"$B$385","v":0},null,"F1-2","F3-4","F5-6","F7-8","F9-10","F11","F12-13","F14-15","F16","F17-18","F19-20","F21-22","F23-24",null,null,null,null,null,null,null,null,null,null,null,null,null,null,null,null,null,null,null,null,null,null,null,null,null,null,null,null,null,null,null,null,null,null,null,"N° Unid Prod","N° Frentes","Pos","%"]
[null,0,5,"X","X","X","X","X","X","X","X","X","X","X","X","X",null,null,null,null,null,null,null,null,null,null,null,null,null,null,null,null,null,null,null,null,null,null,null,null,null,null,null,null,null,null,null,null,null,null,null,{"$f":"COUNTIF(D387:P391,\"A\")+COUNTIF(D387:P391,\"B\")","v":13},{"$f":"+AZ387/BJ385*BK385","v":130},{"$f":"+BA387+BO385","v":260},{"$f":"IF(AZ387=BB388,\"OK\",BB387/'Control de Avance'!$BT$3)","v":1.1555555555555554}]
[null,0,4,"X","X","X","X","X","X","X","X","X","X","X","X","X",null,null,null,null,null,null,null,null,null,null,null,null,null,null,null,null,null,null,null,null,null,null,null,null,null,null,null,null,null,null,null,null,null,null,null,"N° Total Und Prod:",null,{"$f":"VLOOKUP('Dibujo Edificios'!$A$34,'Otras Tablas'!$G$2:$H$31,2,FALSE)","v":12}]
[null,0,3,"X","X","X","X","X","X","X","X","X","X","X","X","X",null,null,null,null,null,null,null,null,null,null,null,null,null,null,null,null,null,null,null,null,null,null,null,null,null,null,null,null,null,null,null,null,null,null,null,"Proyección avance actual",null,null,{"$f":"IF(AZ387=BB388,\"OK\",IF(BC391=0,\"NA\",(BB388/BJ385*BK385+BQ385)/('Control de Avance'!$BT$3+BC392*5)))","v":"NA"}]
[null,0,2,"X","X","X","X","X","X","X","X","X","X","X","X","X",null,null,null,null,null,null,null,null,null,null,null,null,null,null,null,null,null,null,null,null,null,null,null,null,null,null,null,null,null,null,null,null,null,null,null,"Frentes anteriores",null,null,{"$f":"COUNTIF(D387:AC391,\"A\")/BJ385*BK385","v":130}]
[null,0,1,"a","a","a","a","a","A","A","A","a","a","a","a","a",null,null,null,null,null,null,null,null,null,null,null,null,null,null,null,null,null,null,null,null,null,null,null,null,null,null,null,null,null,null,null,null,null,null,null,"Frentes semana actual",null,null,{"$f":"COUNTIF(D387:AC391,\"B\")/BJ385*BK385","v":0}]
[null,0,null,null,null,null,null,null,null,null,null,null,null,null,null,null,null,null,null,null,null,null,null,null,null,null,null,null,null,null,null,null,null,null,null,null,null,null,null,null,null,null,null,null,null,null,null,null,null,null,null,"Saldo",{"$f":"+BB388/BJ385*BK385-BC390-BC391","v":-10},"Sem",{"$f":"IF(AZ387=BB388,\"OK\",IF(BC391=0,\"NA\",BA392/BC391))","v":"NA"}]
[null,0]
[]
["OG1",0,"Tuberías eléctricas radier zona comun",null,null,null,null,null,null,null,null,null,null,null,null,null,null,null,null,null,null,null,null,null,null,null,null,null,null,null,null,null,null,null,null,null,null,null,null,null,null,null,null,null,null,null,null,null,null,null,null,null,null,null,null,"ELÉCTRICO OG","centro",{"$f":"VLOOKUP(C395,'Act. Proyecto'!$I$3:$Q$881,4,FALSE)","v":9},{"$f":"VLOOKUP(C395,'Act. Proyecto'!$I$3:$Q$881,5,FALSE)","v":702.6},{"$f":"IFERROR(BF395*BG395,0)","v":6323.4000000000005},{"$f":"VLOOKUP(C395,'Act. Proyecto'!$I$3:$Q$881,7,FALSE)","v":"Edif"},{"$f":"VLOOKUP(C395,'Act. Proyecto'!$I$3:$Q$881,8,FALSE)","v":1},{"$f":"VLOOKUP(C395,'Act. Proyecto'!$I$3:$Q$881,9,FALSE)","v":10},{"$f":"IFERROR(BJ395/BK395,0)","v":0.1},{"$f":"IFERROR(BL395*BH395,0)","v":632.34000000000015},{"$f":"$AZ$397*$BH$395","v":82204.200000000012},{"$f":"IF($BM$395=0,0,$BN$395/$BM$395)","v":130},11,{"$f":"$BP$395+$BO$395-1","v":140},{"$f":"BM395*B395","v":0},{"$f":"BR395*BQ395","v":0}]
[null,{"$f":"$B$395","v":0},null,"F1-2","F3-4","F5-6","F7-8","F9-10","F11","F12-13","F14-15","F16","F17-18","F19-20","F21-22","F23-24",null,null,null,null,null,null,null,null,null,null,null,null,null,null,null,null,null,null,null,null,null,null,null,null,null,null,null,null,null,null,null,null,null,null,null,"N° Unid Prod","N° Frentes","Pos","%"]
[null,0,5,"X","X","X","X","X","X","X","X","X","X","X","X","X",null,null,null,null,null,null,null,null,null,null,null,null,null,null,null,null,null,null,null,null,null,null,null,null,null,null,null,null,null,null,null,null,null,null,null,{"$f":"COUNTIF(D397:P401,\"A\")+COUNTIF(D397:P401,\"B\")","v":13},{"$f":"+AZ397/BJ395*BK395","v":130},{"$f":"+BA397+BO395","v":260},{"$f":"IF(AZ397=BB398,\"OK\",BB397/'Control de Avance'!$BT$3)","v":1.1555555555555554}]
[null,0,4,"X","X","X","X","X","X","X","X","X","X","X","X","X",null,null,null,null,null,null,null,null,null,null,null,null,null,null,null,null,null,null,null,null,null,null,null,null,null,null,null,null,null,null,null,null,null,null,null,"N° Total Und Prod:",null,{"$f":"VLOOKUP('Dibujo Edificios'!$A$34,'Otras Tablas'!$G$2:$H$31,2,FALSE)","v":12}]
[null,0,3,"X","X","X","X","X","X","X","X","X","X","X","X","X",null,null,null,null,null,null,null,null,null,null,null,null,null,null,null,null,null,null,null,null,null,null,null,null,null,null,null,null,null,null,null,null,null,null,null,"Proyección avance actual",null,null,{"$f":"IF(AZ397=BB398,\"OK\",IF(BC401=0,\"NA\",(BB398/BJ395*BK395+BQ395)/('Control de Avance'!$BT$3+BC402*5)))","v":"NA"}]
[null,0,2,"X","X","X","X","X","X","X","X","X","X","X","X","X",null,null,null,null,null,null,null,null,null,null,null,null,null,null,null,null,null,null,null,null,null,null,null,null,null,null,null,null,null,null,null,null,null,null,null,"Frentes anteriores",null,null,{"$f":"COUNTIF(D397:AC401,\"A\")/BJ395*BK395","v":130}]
[null,0,1,"a","a","a","a","a","A","A","A","a","a","a","a","a",null,null,null,null,null,null,null,null,null,null,null,null,null,null,null,null,null,null,null,null,null,null,null,null,null,null,null,null,null,null,null,null,null,null,null,"Frentes semana actual",null,null,{"$f":"COUNTIF(D397:AC401,\"B\")/BJ395*BK395","v":0}]
[null,0,null,null,null,null,null,null,null,null,null,null,null,null,null,null,null,null,null,null,null,null,null,null,null,null,null,null,null,null,null,null,null,null,null,null,null,null,null,null,null,null,null,null,null,null,null,null,null,null,null,"Saldo",{"$f":"+BB398/BJ395*BK395-BC400-BC401","v":-10},"Sem",{"$f":"IF(AZ397=BB398,\"OK\",IF(BC401=0,\"NA\",BA402/BC401))","v":"NA"}]
[null,0]
[]
["OG1",0,"Tuberías Gas radier zona comun",null,null,null,null,null,null,null,null,null,null,null,null,null,null,null,null,null,null,null,null,null,null,null,null,null,null,null,null,null,null,null,null,null,null,null,null,null,null,null,null,null,null,null,null,null,null,null,null,null,null,null,null,"GAS OG","dh",{"$f":"VLOOKUP(C405,'Act. Proyecto'!$I$3:$Q$881,4,FALSE)","v":0.11},{"$f":"VLOOKUP(C405,'Act. Proyecto'!$I$3:$Q$881,5,FALSE)","v":1117},{"$f":"IFERROR(BF405*BG405,0)","v":122.87},{"$f":"VLOOKUP(C405,'Act. Proyecto'!$I$3:$Q$881,7,FALSE)","v":"Edif"},{"$f":"VLOOKUP(C405,'Act. Proyecto'!$I$3:$Q$881,8,FALSE)","v":1},{"$f":"VLOOKUP(C405,'Act. Proyecto'!$I$3:$Q$881,9,FALSE)","v":10},{"$f":"IFERROR(BJ405/BK405,0)","v":0.1},{"$f":"IFERROR(BL405*BH405,0)","v":12.287000000000001},{"$f":"$AZ$407*$BH$405","v":1597.31},{"$f":"IF($BM$405=0,0,$BN$405/$BM$405)","v":130},11,{"$f":"$BP$405+$BO$405-1","v":140},{"$f":"BM405*B405","v":0},{"$f":"BR405*BQ405","v":0}]
[null,{"$f":"$B$405","v":0},null,"F1-2","F3-4","F5-6","F7-8","F9-10","F11","F12-13","F14-15","F16","F17-18","F19-20","F21-22","F23-24",null,null,null,null,null,null,null,null,null,null,null,null,null,null,null,null,null,null,null,null,null,null,null,null,null,null,null,null,null,null,null,null,null,null,null,"N° Unid Prod","N° Frentes","Pos","%"]
[null,0,5,"X","X","X","X","X","X","X","X","X","X","X","X","X",null,null,null,null,null,null,null,null,null,null,null,null,null,null,null,null,null,null,null,null,null,null,null,null,null,null,null,null,null,null,null,null,null,null,null,{"$f":"COUNTIF(D407:P411,\"A\")+COUNTIF(D407:P411,\"B\")","v":13},{"$f":"+AZ407/BJ405*BK405","v":130},{"$f":"+BA407+BO405","v":260},{"$f":"IF(AZ407=BB408,\"OK\",BB407/'Control de Avance'!$BT$3)","v":1.1555555555555554}]
[null,0,4,"X","X","X","X","X","X","X","X","X","X","X","X","X",null,null,null,null,null,null,null,null,null,null,null,null,null,null,null,null,null,null,null,null,null,null,null,null,null,null,null,null,null,null,null,null,null,null,null,"N° Total Und Prod:",null,{"$f":"VLOOKUP('Dibujo Edificios'!$A$34,'Otras Tablas'!$G$2:$H$31,2,FALSE)","v":12}]
[null,0,3,"X","X","X","X","X","X","X","X","X","X","X","X","X",null,null,null,null,null,null,null,null,null,null,null,null,null,null,null,null,null,null,null,null,null,null,null,null,null,null,null,null,null,null,null,null,null,null,null,"Proyección avance actual",null,null,{"$f":"IF(AZ407=BB408,\"OK\",IF(BC411=0,\"NA\",(BB408/BJ405*BK405+BQ405)/('Control de Avance'!$BT$3+BC412*5)))","v":"NA"}]
[null,0,2,"X","X","X","X","X","X","X","X","X","X","X","X","X",null,null,null,null,null,null,null,null,null,null,null,null,null,null,null,null,null,null,null,null,null,null,null,null,null,null,null,null,null,null,null,null,null,null,null,"Frentes anteriores",null,null,{"$f":"COUNTIF(D407:AC411,\"A\")/BJ405*BK405","v":130}]
[null,0,1,"a","a","a","a","a","A","A","A","a","a","a","a","a",null,null,null,null,null,null,null,null,null,null,null,null,null,null,null,null,null,null,null,null,null,null,null,null,null,null,null,null,null,null,null,null,null,null,null,"Frentes semana actual",null,null,{"$f":"COUNTIF(D407:AC411,\"B\")/BJ405*BK405","v":0}]
[null,0,null,null,null,null,null,null,null,null,null,null,null,null,null,null,null,null,null,null,null,null,null,null,null,null,null,null,null,null,null,null,null,null,null,null,null,null,null,null,null,null,null,null,null,null,null,null,null,null,null,"Saldo",{"$f":"+BB408/BJ405*BK405-BC410-BC411","v":-10},"Sem",{"$f":"IF(AZ407=BB408,\"OK\",IF(BC411=0,\"NA\",BA412/BC411))","v":"NA"}]
[null,0]
[]
["OG1",{"$f":"IF((OR($BT$5<$BP$415-5,AND($BC$417=\"OK\",COUNTIF($D$417:$AY$421,\"B\")=0))),0,1)","v":0},"Hormigón radier Depto",null,null,null,null,null,null,null,null,null,null,null,null,null,null,null,null,null,null,null,null,null,null,null,null,null,null,null,null,null,null,null,null,null,null,null,null,null,null,null,null,null,null,null,null,null,null,null,null,null,null,null,null,"HORMIGÓN","m3",{"$f":"VLOOKUP(C415,'Act. Proyecto'!$I$3:$Q$881,4,FALSE)","v":7.6158333333333328},{"$f":"VLOOKUP(C415,'Act. Proyecto'!$I$3:$Q$881,5,FALSE)","v":4860},{"$f":"IFERROR(BF415*BG415,0)","v":37012.949999999997},{"$f":"VLOOKUP(C415,'Act. Proyecto'!$I$3:$Q$881,7,FALSE)","v":"Frente"},{"$f":"VLOOKUP(C415,'Act. Proyecto'!$I$3:$Q$881,8,FALSE)","v":2},{"$f":"VLOOKUP(C415,'Act. Proyecto'!$I$3:$Q$881,9,FALSE)","v":10},{"$f":"IFERROR(BJ415/BK415,0)","v":0.2},{"$f":"IFERROR(BL415*BH415,0)","v":7402.59},{"$f":"$AZ$417*$BH$415","v":888310.79999999993},{"$f":"IF($BM$415=0,0,$BN$415/$BM$415)","v":119.99999999999999},12,{"$f":"$BP$415+$BO$415-1","v":131},{"$f":"BM415*B415","v":0},{"$f":"BR415*BQ415","v":0}]
[null,{"$f":"$B$415","v":0},null,"F1","F2","F3","F4","F5","F6","F7","F8","F9","F10","F11","F12","F13","F14","F15","F16","F17","F18","F19","F20","F21","F22","F23","F24",null,null,null,null,null,null,null,null,null,null,null,null,null,null,null,null,null,null,null,null,null,null,null,null,"N° Unid Prod","N° Frentes","Pos","%"]
[null,0,5,"X","X","X","X","X","X","X","X","X","X","X","X","X","X","X","X","X","X","X","X","X","X","X","X",null,null,null,null,null,null,null,null,null,null,null,null,null,null,null,null,null,null,null,null,null,null,null,null,{"$f":"COUNTIF(D417:AA421,\"A\")+COUNTIF(D417:AA421,\"B\")","v":24},{"$f":"+AZ417/BJ415*BK415","v":120},{"$f":"+BA417+BO415","v":240},{"$f":"IF(AZ417=BB418,\"OK\",BB417/'Control de Avance'!$BT$3)","v":"OK"}]
[null,0,4,"X","X","X","X","X","X","X","X","X","X","X","X","X","X","X","X","X","X","X","X","X","X","X","X",null,null,null,null,null,null,null,null,null,null,null,null,null,null,null,null,null,null,null,null,null,null,null,null,"N° Total Und Prod:",null,{"$f":"VLOOKUP('Dibujo Edificios'!$A$24,'Otras Tablas'!$G$2:$H$31,2,FALSE)","v":24}]
[null,0,3,"X","X","X","X","X","X","X","X","X","X","X","X","X","X","X","X","X","X","X","X","X","X","X","X",null,null,null,null,null,null,null,null,null,null,null,null,null,null,null,null,null,null,null,null,null,null,null,null,"Proyección avance actual",null,null,{"$f":"IF(AZ417=BB418,\"OK\",IF(BC421=0,\"NA\",(BB418/BJ415*BK415+BQ415)/('Control de Avance'!$BT$3+BC422*5)))","v":"OK"}]
[null,0,2,"X","X","X","X","X","X","X","X","X","X","X","X","X","X","X","X","X","X","X","X","X","X","X","X",null,null,null,null,null,null,null,null,null,null,null,null,null,null,null,null,null,null,null,null,null,null,null,null,"Frentes anteriores",null,null,{"$f":"COUNTIF(D417:AC421,\"A\")/BJ415*BK415","v":120}]
[null,0,1,"a","a","a","a","a","a","a","a","a","a","a","a","a","a","a","a","a","a","a","a","a","a","a","a",null,null,null,null,null,null,null,null,null,null,null,null,null,null,null,null,null,null,null,null,null,null,null,null,"Frentes semana actual",null,null,{"$f":"COUNTIF(D417:AC421,\"B\")/BJ415*BK415","v":0}]
[null,0,null,null,null,null,null,null,null,null,null,null,null,null,null,null,null,null,null,null,null,null,null,null,null,null,null,null,null,null,null,null,null,null,null,null,null,null,null,null,null,null,null,null,null,null,null,null,null,null,null,"Saldo",{"$f":"+BB418/BJ415*BK415-BC420-BC421","v":0},"Sem",{"$f":"IF(AZ417=BB418,\"OK\",IF(BC421=0,\"NA\",BA422/BC421))","v":"OK"}]
[null,0]
[]
["OG1",{"$f":"IF((OR($BT$5<$BP$425-5,AND($BC$427=\"OK\",COUNTIF($D$427:$AY$431,\"B\")=0))),0,1)","v":0},"Grua Radier",null,null,null,null,null,null,null,null,null,null,null,null,null,null,null,null,null,null,null,null,null,null,null,null,null,null,null,null,null,null,null,null,null,null,null,null,null,null,null,null,null,null,null,null,null,null,null,null,null,null,null,null,"GRÚA","m3",{"$f":"VLOOKUP(C425,'Act. Proyecto'!$I$3:$Q$881,4,FALSE)","v":7.6158333333333328},{"$f":"VLOOKUP(C425,'Act. Proyecto'!$I$3:$Q$881,5,FALSE)","v":1043},{"$f":"IFERROR(BF425*BG425,0)","v":7943.3141666666661},{"$f":"VLOOKUP(C425,'Act. Proyecto'!$I$3:$Q$881,7,FALSE)","v":"Frente"},{"$f":"VLOOKUP(C425,'Act. Proyecto'!$I$3:$Q$881,8,FALSE)","v":2},{"$f":"VLOOKUP(C425,'Act. Proyecto'!$I$3:$Q$881,9,FALSE)","v":10},{"$f":"IFERROR(BJ425/BK425,0)","v":0.2},{"$f":"IFERROR(BL425*BH425,0)","v":1588.6628333333333},{"$f":"$AZ$427*$BH$425","v":190639.53999999998},{"$f":"IF($BM$425=0,0,$BN$425/$BM$425)","v":119.99999999999999},12,{"$f":"$BP$425+$BO$425-1","v":131},{"$f":"BM425*B425","v":0},{"$f":"BR425*BQ425","v":0}]
[null,{"$f":"$B$425","v":0},null,"F1","F2","F3","F4","F5","F6","F7","F8","F9","F10","F11","F12","F13","F14","F15","F16","F17","F18","F19","F20","F21","F22","F23","F24",null,null,null,null,null,null,null,null,null,null,null,null,null,null,null,null,null,null,null,null,null,null,null,null,"N° Unid Prod","N° Frentes","Pos","%"]
[null,0,5,"X","X","X","X","X","X","X","X","X","X","X","X","X","X","X","X","X","X","X","X","X","X","X","X",null,null,null,null,null,null,null,null,null,null,null,null,null,null,null,null,null,null,null,null,null,null,null,null,{"$f":"COUNTIF(D427:AA431,\"A\")+COUNTIF(D427:AA431,\"B\")","v":24},{"$f":"+AZ427/BJ425*BK425","v":120},{"$f":"+BA427+BO425","v":240},{"$f":"IF(AZ427=BB428,\"OK\",BB427/'Control de Avance'!$BT$3)","v":"OK"}]
[null,0,4,"X","X","X","X","X","X","X","X","X","X","X","X","X","X","X","X","X","X","X","X","X","X","X","X",null,null,null,null,null,null,null,null,null,null,null,null,null,null,null,null,null,null,null,null,null,null,null,null,"N° Total Und Prod:",null,{"$f":"VLOOKUP('Dibujo Edificios'!$A$24,'Otras Tablas'!$G$2:$H$31,2,FALSE)","v":24}]
[null,0,3,"X","X","X","X","X","X","X","X","X","X","X","X","X","X","X","X","X","X","X","X","X","X","X","X",null,null,null,null,null,null,null,null,null,null,null,null,null,null,null,null,null,null,null,null,null,null,null,null,"Proyección avance actual",null,null,{"$f":"IF(AZ427=BB428,\"OK\",IF(BC431=0,\"NA\",(BB428/BJ425*BK425+BQ425)/('Control de Avance'!$BT$3+BC432*5)))","v":"OK"}]
[null,0,2,"X","X","X","X","X","X","X","X","X","X","X","X","X","X","X","X","X","X","X","X","X","X","X","X",null,null,null,null,null,null,null,null,null,null,null,null,null,null,null,null,null,null,null,null,null,null,null,null,"Frentes anteriores",null,null,{"$f":"COUNTIF(D427:AC431,\"A\")/BJ425*BK425","v":120}]
[null,0,1,"a","a","a","a","a","a","a","a","a","a","a","a","a","a","a","a","a","a","a","a","a","a","a","a",null,null,null,null,null,null,null,null,null,null,null,null,null,null,null,null,null,null,null,null,null,null,null,null,"Frentes semana actual",null,null,{"$f":"COUNTIF(D427:AC431,\"B\")/BJ425*BK425","v":0}]
[null,0,null,null,null,null,null,null,null,null,null,null,null,null,null,null,null,null,null,null,null,null,null,null,null,null,null,null,null,null,null,null,null,null,null,null,null,null,null,null,null,null,null,null,null,null,null,null,null,null,null,"Saldo",{"$f":"+BB428/BJ425*BK425-BC430-BC431","v":0},"Sem",{"$f":"IF(AZ427=BB428,\"OK\",IF(BC431=0,\"NA\",BA432/BC431))","v":"OK"}]
[null,0]
[]
["OG1",{"$f":"IF((OR($BT$5<$BP$435-5,AND($BC$437=\"OK\",COUNTIF($D$437:$AY$441,\"B\")=0))),0,1)","v":0},"Alisado radier",null,null,null,null,null,null,null,null,null,null,null,null,null,null,null,null,null,null,null,null,null,null,null,null,null,null,null,null,null,null,null,null,null,null,null,null,null,null,null,null,null,null,null,null,null,null,null,null,null,null,null,null,"HORMIGÓN","un",{"$f":"VLOOKUP(C435,'Act. Proyecto'!$I$3:$Q$881,4,FALSE)","v":2},{"$f":"VLOOKUP(C435,'Act. Proyecto'!$I$3:$Q$881,5,FALSE)","v":10050},{"$f":"IFERROR(BF435*BG435,0)","v":20100},{"$f":"VLOOKUP(C435,'Act. Proyecto'!$I$3:$Q$881,7,FALSE)","v":"Frente"},{"$f":"VLOOKUP(C435,'Act. Proyecto'!$I$3:$Q$881,8,FALSE)","v":2},{"$f":"VLOOKUP(C435,'Act. Proyecto'!$I$3:$Q$881,9,FALSE)","v":10},{"$f":"IFERROR(BJ435/BK435,0)","v":0.2},{"$f":"IFERROR(BL435*BH435,0)","v":4020},{"$f":"$AZ$437*$BH$435","v":482400},{"$f":"IF($BM$435=0,0,$BN$435/$BM$435)","v":120},12,{"$f":"$BP$435+$BO$435-1","v":131},{"$f":"BM435*B435","v":0},{"$f":"BR435*BQ435","v":0}]
[null,{"$f":"$B$435","v":0},null,"F1","F2","F3","F4","F5","F6","F7","F8","F9","F10","F11","F12","F13","F14","F15","F16","F17","F18","F19","F20","F21","F22","F23","F24",null,null,null,null,null,null,null,null,null,null,null,null,null,null,null,null,null,null,null,null,null,null,null,null,"N° Unid Prod","N° Frentes","Pos","%"]
[null,0,5,"x","X","X","X","X","X","X","X","X","X","X","X","X","X","X","X","X","X","X","X","X","X","X","X",null,null,null,null,null,null,null,null,null,null,null,null,null,null,null,null,null,null,null,null,null,null,null,null,{"$f":"COUNTIF(D437:AA441,\"A\")+COUNTIF(D437:AA441,\"B\")","v":24},{"$f":"+AZ437/BJ435*BK435","v":120},{"$f":"+BA437+BO435","v":240},{"$f":"IF(AZ437=BB438,\"OK\",BB437/'Control de Avance'!$BT$3)","v":"OK"}]
[null,0,4,"x","X","X","X","X","X","X","X","X","X","X","X","X","X","X","X","X","X","X","X","X","X","X","X",null,null,null,null,null,null,null,null,null,null,null,null,null,null,null,null,null,null,null,null,null,null,null,null,"N° Total Und Prod:",null,{"$f":"VLOOKUP('Dibujo Edificios'!$A$24,'Otras Tablas'!$G$2:$H$31,2,FALSE)","v":24}]
[null,0,3,"x","X","X","X","X","X","X","X","X","X","X","X","X","X","X","X","X","X","X","X","X","X","X","X",null,null,null,null,null,null,null,null,null,null,null,null,null,null,null,null,null,null,null,null,null,null,null,null,"Proyección avance actual",null,null,{"$f":"IF(AZ437=BB438,\"OK\",IF(BC441=0,\"NA\",(BB438/BJ435*BK435+BQ435)/('Control de Avance'!$BT$3+BC442*5)))","v":"OK"}]
[null,0,2,"x","X","X","X","X","X","X","X","X","X","X","X","X","X","X","X","X","X","X","X","X","X","X","X",null,null,null,null,null,null,null,null,null,null,null,null,null,null,null,null,null,null,null,null,null,null,null,null,"Frentes anteriores",null,null,{"$f":"COUNTIF(D437:AC441,\"A\")/BJ435*BK435","v":120}]
[null,0,1,"a","a","a","a","a","a","a","a","a","a","a","a","a","a","a","a","a","a","a","a","a","a","a","a",null,null,null,null,null,null,null,null,null,null,null,null,null,null,null,null,null,null,null,null,null,null,null,null,"Frentes semana actual",null,null,{"$f":"COUNTIF(D437:AC441,\"B\")/BJ435*BK435","v":0}]
[null,0,null,null,null,null,null,null,null,null,null,null,null,null,null,null,null,null,null,null,null,null,null,null,null,null,null,null,null,null,null,null,null,null,null,null,null,null,null,null,null,null,null,null,null,null,null,null,null,null,null,"Saldo",{"$f":"+BB438/BJ435*BK435-BC440-BC441","v":0},"Sem",{"$f":"IF(AZ437=BB438,\"OK\",IF(BC441=0,\"NA\",BA442/BC441))","v":"OK"}]
[null,0]
[]
["OG1",0,"Alisado radier pasillo 1er piso",null,null,null,null,null,null,null,null,null,null,null,null,null,null,null,null,null,null,null,null,null,null,null,null,null,null,null,null,null,null,null,null,null,null,null,null,null,null,null,null,null,null,null,null,null,null,null,null,null,null,null,null,"HORMIGÓN","Edif",{"$f":"VLOOKUP(C445,'Act. Proyecto'!$I$3:$Q$881,4,FALSE)","v":1},{"$f":"VLOOKUP(C445,'Act. Proyecto'!$I$3:$Q$881,5,FALSE)","v":2150},{"$f":"IFERROR(BF445*BG445,0)","v":2150},{"$f":"VLOOKUP(C445,'Act. Proyecto'!$I$3:$Q$881,7,FALSE)","v":"Edif"},{"$f":"VLOOKUP(C445,'Act. Proyecto'!$I$3:$Q$881,8,FALSE)","v":1},{"$f":"VLOOKUP(C445,'Act. Proyecto'!$I$3:$Q$881,9,FALSE)","v":10},{"$f":"IFERROR(BJ445/BK445,0)","v":0.1},{"$f":"IFERROR(BL445*BH445,0)","v":215},{"$f":"$AZ$447*$BH$445","v":27950},{"$f":"IF($BM$445=0,0,$BN$445/$BM$445)","v":130},12,{"$f":"$BP$445+$BO$445-1","v":141},{"$f":"BM445*B445","v":0},{"$f":"BR445*BQ445","v":0}]
[null,{"$f":"$B$445","v":0},null,"F1-2","F3-4","F5-6","F7-8","F9-10","F11","F12-13","F14-15","F16","F17-18","F19-20","F21-22","F23-24",null,null,null,null,null,null,null,null,null,null,null,null,null,null,null,null,null,null,null,null,null,null,null,null,null,null,null,null,null,null,null,null,null,null,null,"N° Unid Prod","N° Frentes","Pos","%"]
[null,0,5,"X","X","X","X","X","X","X","X","X","X","X","X","X",null,null,null,null,null,null,null,null,null,null,null,null,null,null,null,null,null,null,null,null,null,null,null,null,null,null,null,null,null,null,null,null,null,null,null,{"$f":"COUNTIF(D447:P451,\"A\")+COUNTIF(D447:P451,\"B\")","v":13},{"$f":"+AZ447/BJ445*BK445","v":130},{"$f":"+BA447+BO445","v":260},{"$f":"IF(AZ447=BB448,\"OK\",BB447/'Control de Avance'!$BT$3)","v":1.1555555555555554}]
[null,0,4,"X","X","X","X","X","X","X","X","X","X","X","X","X",null,null,null,null,null,null,null,null,null,null,null,null,null,null,null,null,null,null,null,null,null,null,null,null,null,null,null,null,null,null,null,null,null,null,null,"N° Total Und Prod:",null,{"$f":"VLOOKUP('Dibujo Edificios'!$A$34,'Otras Tablas'!$G$2:$H$31,2,FALSE)","v":12}]
[null,0,3,"X","X","X","X","X","X","X","X","X","X","X","X","X",null,null,null,null,null,null,null,null,null,null,null,null,null,null,null,null,null,null,null,null,null,null,null,null,null,null,null,null,null,null,null,null,null,null,null,"Proyección avance actual",null,null,{"$f":"IF(AZ447=BB448,\"OK\",IF(BC451=0,\"NA\",(BB448/BJ445*BK445+BQ445)/('Control de Avance'!$BT$3+BC452*5)))","v":"NA"}]
[null,0,2,"X","X","X","X","X","X","X","X","X","X","X","X","X",null,null,null,null,null,null,null,null,null,null,null,null,null,null,null,null,null,null,null,null,null,null,null,null,null,null,null,null,null,null,null,null,null,null,null,"Frentes anteriores",null,null,{"$f":"COUNTIF(D447:AC451,\"A\")/BJ445*BK445","v":130}]
[null,0,1,"a","a","a","a","A","A","A","A","A","a","a","a","a",null,null,null,null,null,null,null,null,null,null,null,null,null,null,null,null,null,null,null,null,null,null,null,null,null,null,null,null,null,null,null,null,null,null,null,"Frentes semana actual",null,null,{"$f":"COUNTIF(D447:AC451,\"B\")/BJ445*BK445","v":0}]
[null,0,null,null,null,null,null,null,null,null,null,null,null,null,null,null,null,null,null,null,null,null,null,null,null,null,null,null,null,null,null,null,null,null,null,null,null,null,null,null,null,null,null,null,null,null,null,null,null,null,null,"Saldo",{"$f":"+BB448/BJ445*BK445-BC450-BC451","v":-10},"Sem",{"$f":"IF(AZ447=BB448,\"OK\",IF(BC451=0,\"NA\",BA452/BC451))","v":"NA"}]
[null,0]
[]
["OG1",0,"Hormigón radier Sala Basura (ZC1= -30)",null,null,null,null,null,null,null,null,null,null,null,null,null,null,null,null,null,null,null,null,null,null,null,null,null,null,null,null,null,null,null,null,null,null,null,null,null,null,null,null,null,null,null,null,null,null,null,null,null,null,null,null,"HORMIGÓN","m3",{"$f":"VLOOKUP(C455,'Act. Proyecto'!$I$3:$Q$881,4,FALSE)","v":0.42280000000000001},{"$f":"VLOOKUP(C455,'Act. Proyecto'!$I$3:$Q$881,5,FALSE)","v":4860},{"$f":"IFERROR(BF455*BG455,0)","v":2054.808},{"$f":"VLOOKUP(C455,'Act. Proyecto'!$I$3:$Q$881,7,FALSE)","v":"Edif"},{"$f":"VLOOKUP(C455,'Act. Proyecto'!$I$3:$Q$881,8,FALSE)","v":1},{"$f":"VLOOKUP(C455,'Act. Proyecto'!$I$3:$Q$881,9,FALSE)","v":10},{"$f":"IFERROR(BJ455/BK455,0)","v":0.1},{"$f":"IFERROR(BL455*BH455,0)","v":205.48080000000002},{"$f":"$AZ$457*$BH$455","v":26712.504000000001},{"$f":"IF($BM$455=0,0,$BN$455/$BM$455)","v":130},13,{"$f":"$BP$455+$BO$455-1","v":142},{"$f":"BM455*B455","v":0},{"$f":"BR455*BQ455","v":0}]
[null,{"$f":"$B$455","v":0},null,"F1-2","F3-4","F5-6","F7-8","F9-10","F11","F12-13","F14-15","F16","F17-18","F19-20","F21-22","F23-24",null,null,null,null,null,null,null,null,null,null,null,null,null,null,null,null,null,null,null,null,null,null,null,null,null,null,null,null,null,null,null,null,null,null,null,"N° Unid Prod","N° Frentes","Pos","%"]
[null,0,5,"X","X","X","X","X","X","X","X","X","X","X","X","X",null,null,null,null,null,null,null,null,null,null,null,null,null,null,null,null,null,null,null,null,null,null,null,null,null,null,null,null,null,null,null,null,null,null,null,{"$f":"COUNTIF(D457:P461,\"A\")+COUNTIF(D457:P461,\"B\")","v":13},{"$f":"+AZ457/BJ455*BK455","v":130},{"$f":"+BA457+BO455","v":260},{"$f":"IF(AZ457=BB458,\"OK\",BB457/'Control de Avance'!$BT$3)","v":1.1555555555555554}]
[null,0,4,"X","X","X","X","X","X","X","X","X","X","X","X","X",null,null,null,null,null,null,null,null,null,null,null,null,null,null,null,null,null,null,null,null,null,null,null,null,null,null,null,null,null,null,null,null,null,null,null,"N° Total Und Prod:",null,{"$f":"VLOOKUP('Dibujo Edificios'!$A$34,'Otras Tablas'!$G$2:$H$31,2,FALSE)","v":12}]
[null,0,3,"X","X","X","X","X","X","X","X","X","X","X","X","X",null,null,null,null,null,null,null,null,null,null,null,null,null,null,null,null,null,null,null,null,null,null,null,null,null,null,null,null,null,null,null,null,null,null,null,"Proyección avance actual",null,null,{"$f":"IF(AZ457=BB458,\"OK\",IF(BC461=0,\"NA\",(BB458/BJ455*BK455+BQ455)/('Control de Avance'!$BT$3+BC462*5)))","v":"NA"}]
[null,0,2,"X","X","X","X","X","X","X","X","X","X","X","X","X",null,null,null,null,null,null,null,null,null,null,null,null,null,null,null,null,null,null,null,null,null,null,null,null,null,null,null,null,null,null,null,null,null,null,null,"Frentes anteriores",null,null,{"$f":"COUNTIF(D457:AC461,\"A\")/BJ455*BK455","v":130}]
[null,0,1,"a","a","a","a","a","a","a","a","a","a","a","a","a",null,null,null,null,null,null,null,null,null,null,null,null,null,null,null,null,null,null,null,null,null,null,null,null,null,null,null,null,null,null,null,null,null,null,null,"Frentes semana actual",null,null,{"$f":"COUNTIF(D457:AC461,\"B\")/BJ455*BK455","v":0}]
[null,0,null,null,null,null,null,null,null,null,null,null,null,null,null,null,null,null,null,null,null,null,null,null,null,null,null,null,null,null,null,null,null,null,null,null,null,null,null,null,null,null,null,null,null,null,null,null,null,null,null,"Saldo",{"$f":"+BB458/BJ455*BK455-BC460-BC461","v":-10},"Sem",{"$f":"IF(AZ457=BB458,\"OK\",IF(BC461=0,\"NA\",BA462/BC461))","v":"NA"}]
[null,0]
[]
["OG1",0,"Hormigón radier ZC + Pasillo + cuarto Técnico",null,null,null,null,null,null,null,null,null,null,null,null,null,null,null,null,null,null,null,null,null,null,null,null,null,null,null,null,null,null,null,null,null,null,null,null,null,null,null,null,null,null,null,null,null,null,null,null,null,null,null,null,"HORMIGÓN","m3",{"$f":"VLOOKUP(C465,'Act. Proyecto'!$I$3:$Q$881,4,FALSE)","v":1.1718000000000002},{"$f":"VLOOKUP(C465,'Act. Proyecto'!$I$3:$Q$881,5,FALSE)","v":4860},{"$f":"IFERROR(BF465*BG465,0)","v":5694.9480000000012},{"$f":"VLOOKUP(C465,'Act. Proyecto'!$I$3:$Q$881,7,FALSE)","v":"Edif"},{"$f":"VLOOKUP(C465,'Act. Proyecto'!$I$3:$Q$881,8,FALSE)","v":1},{"$f":"VLOOKUP(C465,'Act. Proyecto'!$I$3:$Q$881,9,FALSE)","v":10},{"$f":"IFERROR(BJ465/BK465,0)","v":0.1},{"$f":"IFERROR(BL465*BH465,0)","v":569.49480000000017},{"$f":"$AZ$467*$BH$465","v":74034.324000000022},{"$f":"IF($BM$465=0,0,$BN$465/$BM$465)","v":130},13,{"$f":"$BP$465+$BO$465-1","v":142},{"$f":"BM465*B465","v":0},{"$f":"BR465*BQ465","v":0}]
[null,{"$f":"$B$465","v":0},null,"F1-2","F3-4","F5-6","F7-8","F9-10","F11","F12-13","F14-15","F16","F17-18","F19-20","F21-22","F23-24",null,null,null,null,null,null,null,null,null,null,null,null,null,null,null,null,null,null,null,null,null,null,null,null,null,null,null,null,null,null,null,null,null,null,null,"N° Unid Prod","N° Frentes","Pos","%"]
[null,0,5,"X","X","X","X","X","X","X","X","X","X","X","X","X",null,null,null,null,null,null,null,null,null,null,null,null,null,null,null,null,null,null,null,null,null,null,null,null,null,null,null,null,null,null,null,null,null,null,null,{"$f":"COUNTIF(D467:P471,\"A\")+COUNTIF(D467:P471,\"B\")","v":13},{"$f":"+AZ467/BJ465*BK465","v":130},{"$f":"+BA467+BO465","v":260},{"$f":"IF(AZ467=BB468,\"OK\",BB467/'Control de Avance'!$BT$3)","v":1.1555555555555554}]
[null,0,4,"X","X","X","X","X","X","X","X","X","X","X","X","X",null,null,null,null,null,null,null,null,null,null,null,null,null,null,null,null,null,null,null,null,null,null,null,null,null,null,null,null,null,null,null,null,null,null,null,"N° Total Und Prod:",null,{"$f":"VLOOKUP('Dibujo Edificios'!$A$34,'Otras Tablas'!$G$2:$H$31,2,FALSE)","v":12}]
[null,0,3,"X","X","X","X","X","X","X","X","X","X","X","X","X",null,null,null,null,null,null,null,null,null,null,null,null,null,null,null,null,null,null,null,null,null,null,null,null,null,null,null,null,null,null,null,null,null,null,null,"Proyección avance actual",null,null,{"$f":"IF(AZ467=BB468,\"OK\",IF(BC471=0,\"NA\",(BB468/BJ465*BK465+BQ465)/('Control de Avance'!$BT$3+BC472*5)))","v":"NA"}]
[null,0,2,"X","X","X","X","X","X","X","X","X","X","X","X","X",null,null,null,null,null,null,null,null,null,null,null,null,null,null,null,null,null,null,null,null,null,null,null,null,null,null,null,null,null,null,null,null,null,null,null,"Frentes anteriores",null,null,{"$f":"COUNTIF(D467:AC471,\"A\")/BJ465*BK465","v":130}]
[null,0,1,"a","a","a","a","A","A","A","A","A","a","a","a","a",null,null,null,null,null,null,null,null,null,null,null,null,null,null,null,null,null,null,null,null,null,null,null,null,null,null,null,null,null,null,null,null,null,null,null,"Frentes semana actual",null,null,{"$f":"COUNTIF(D467:AC471,\"B\")/BJ465*BK465","v":0}]
[null,0,null,null,null,null,null,null,null,null,null,null,null,null,null,null,null,null,null,null,null,null,null,null,null,null,null,null,null,null,null,null,null,null,null,null,null,null,null,null,null,null,null,null,null,null,null,null,null,null,null,"Saldo",{"$f":"+BB468/BJ465*BK465-BC470-BC471","v":-10},"Sem",{"$f":"IF(AZ467=BB468,\"OK\",IF(BC471=0,\"NA\",BA472/BC471))","v":"NA"}]
[null,0]
[]
["OG1",0,"Hormigón radier Nicho eléctrico (ZC1= -60)",null,null,null,null,null,null,null,null,null,null,null,null,null,null,null,null,null,null,null,null,null,null,null,null,null,null,null,null,null,null,null,null,null,null,null,null,null,null,null,null,null,null,null,null,null,null,null,null,null,null,null,null,"HORMIGÓN","m3",{"$f":"VLOOKUP(C475,'Act. Proyecto'!$I$3:$Q$881,4,FALSE)","v":8.2600000000000007E-2},{"$f":"VLOOKUP(C475,'Act. Proyecto'!$I$3:$Q$881,5,FALSE)","v":4860},{"$f":"IFERROR(BF475*BG475,0)","v":401.43600000000004},{"$f":"VLOOKUP(C475,'Act. Proyecto'!$I$3:$Q$881,7,FALSE)","v":"Edif"},{"$f":"VLOOKUP(C475,'Act. Proyecto'!$I$3:$Q$881,8,FALSE)","v":1},{"$f":"VLOOKUP(C475,'Act. Proyecto'!$I$3:$Q$881,9,FALSE)","v":10},{"$f":"IFERROR(BJ475/BK475,0)","v":0.1},{"$f":"IFERROR(BL475*BH475,0)","v":40.143600000000006},{"$f":"$AZ$477*$BH$475","v":5218.6680000000006},{"$f":"IF($BM$475=0,0,$BN$475/$BM$475)","v":130},13,{"$f":"$BP$475+$BO$475-1","v":142},{"$f":"BM475*B475","v":0},{"$f":"BR475*BQ475","v":0}]
[null,{"$f":"$B$475","v":0},null,"F1-2","F3-4","F5-6","F7-8","F9-10","F11","F12-13","F14-15","F16","F17-18","F19-20","F21-22","F23-24",null,null,null,null,null,null,null,null,null,null,null,null,null,null,null,null,null,null,null,null,null,null,null,null,null,null,null,null,null,null,null,null,null,null,null,"N° Unid Prod","N° Frentes","Pos","%"]
[null,0,5,"X","X","X","X","X","X","X","X","X","X","X","X","X",null,null,null,null,null,null,null,null,null,null,null,null,null,null,null,null,null,null,null,null,null,null,null,null,null,null,null,null,null,null,null,null,null,null,null,{"$f":"COUNTIF(D477:P481,\"A\")+COUNTIF(D477:P481,\"B\")","v":13},{"$f":"+AZ477/BJ475*BK475","v":130},{"$f":"+BA477+BO475","v":260},{"$f":"IF(AZ477=BB478,\"OK\",BB477/'Control de Avance'!$BT$3)","v":1.1555555555555554}]
[null,0,4,"X","X","X","X","X","X","X","X","X","X","X","X","X",null,null,null,null,null,null,null,null,null,null,null,null,null,null,null,null,null,null,null,null,null,null,null,null,null,null,null,null,null,null,null,null,null,null,null,"N° Total Und Prod:",null,{"$f":"VLOOKUP('Dibujo Edificios'!$A$34,'Otras Tablas'!$G$2:$H$31,2,FALSE)","v":12}]
[null,0,3,"X","X","X","X","X","X","X","X","X","X","X","X","X",null,null,null,null,null,null,null,null,null,null,null,null,null,null,null,null,null,null,null,null,null,null,null,null,null,null,null,null,null,null,null,null,null,null,null,"Proyección avance actual",null,null,{"$f":"IF(AZ477=BB478,\"OK\",IF(BC481=0,\"NA\",(BB478/BJ475*BK475+BQ475)/('Control de Avance'!$BT$3+BC482*5)))","v":"NA"}]
[null,0,2,"X","X","X","X","X","X","X","X","X","X","X","X","X",null,null,null,null,null,null,null,null,null,null,null,null,null,null,null,null,null,null,null,null,null,null,null,null,null,null,null,null,null,null,null,null,null,null,null,"Frentes anteriores",null,null,{"$f":"COUNTIF(D477:AC481,\"A\")/BJ475*BK475","v":130}]
[null,0,1,"a","a","a","a","a","a","a","a","a","a","a","a","a",null,null,null,null,null,null,null,null,null,null,null,null,null,null,null,null,null,null,null,null,null,null,null,null,null,null,null,null,null,null,null,null,null,null,null,"Frentes semana actual",null,null,{"$f":"COUNTIF(D477:AC481,\"B\")/BJ475*BK475","v":0}]
[null,0,null,null,null,null,null,null,null,null,null,null,null,null,null,null,null,null,null,null,null,null,null,null,null,null,null,null,null,null,null,null,null,null,null,null,null,null,null,null,null,null,null,null,null,null,null,null,null,null,null,"Saldo",{"$f":"+BB478/BJ475*BK475-BC480-BC481","v":-10},"Sem",{"$f":"IF(AZ477=BB478,\"OK\",IF(BC481=0,\"NA\",BA482/BC481))","v":"NA"}]
[null,0]
[]
["OG1",0,"Grada Nicho eléctrico",null,null,null,null,null,null,null,null,null,null,null,null,null,null,null,null,null,null,null,null,null,null,null,null,null,null,null,null,null,null,null,null,null,null,null,null,null,null,null,null,null,null,null,null,null,null,null,null,null,null,null,null,"HORMIGÓN","m3",{"$f":"VLOOKUP(C485,'Act. Proyecto'!$I$3:$Q$881,4,FALSE)","v":3.6400000000000002E-2},{"$f":"VLOOKUP(C485,'Act. Proyecto'!$I$3:$Q$881,5,FALSE)","v":4860},{"$f":"IFERROR(BF485*BG485,0)","v":176.904},{"$f":"VLOOKUP(C485,'Act. Proyecto'!$I$3:$Q$881,7,FALSE)","v":"Edif"},{"$f":"VLOOKUP(C485,'Act. Proyecto'!$I$3:$Q$881,8,FALSE)","v":1},{"$f":"VLOOKUP(C485,'Act. Proyecto'!$I$3:$Q$881,9,FALSE)","v":10},{"$f":"IFERROR(BJ485/BK485,0)","v":0.1},{"$f":"IFERROR(BL485*BH485,0)","v":17.6904},{"$f":"$AZ$487*$BH$485","v":2299.752},{"$f":"IF($BM$485=0,0,$BN$485/$BM$485)","v":130},13,{"$f":"$BP$485+$BO$485-1","v":142},{"$f":"BM485*B485","v":0},{"$f":"BR485*BQ485","v":0}]
[null,{"$f":"$B$485","v":0},null,"F1-2","F3-4","F5-6","F7-8","F9-10","F11","F12-13","F14-15","F16","F17-18","F19-20","F21-22","F23-24",null,null,null,null,null,null,null,null,null,null,null,null,null,null,null,null,null,null,null,null,null,null,null,null,null,null,null,null,null,null,null,null,null,null,null,"N° Unid Prod","N° Frentes","Pos","%"]
[null,0,5,"X","X","X","X","X","X","X","X","X","X","X","X","X",null,null,null,null,null,null,null,null,null,null,null,null,null,null,null,null,null,null,null,null,null,null,null,null,null,null,null,null,null,null,null,null,null,null,null,{"$f":"COUNTIF(D487:P491,\"A\")+COUNTIF(D487:P491,\"B\")","v":13},{"$f":"+AZ487/BJ485*BK485","v":130},{"$f":"+BA487+BO485","v":260},{"$f":"IF(AZ487=BB488,\"OK\",BB487/'Control de Avance'!$BT$3)","v":1.1555555555555554}]
[null,0,4,"X","X","X","X","X","X","X","X","X","X","X","X","X",null,null,null,null,null,null,null,null,null,null,null,null,null,null,null,null,null,null,null,null,null,null,null,null,null,null,null,null,null,null,null,null,null,null,null,"N° Total Und Prod:",null,{"$f":"VLOOKUP('Dibujo Edificios'!$A$34,'Otras Tablas'!$G$2:$H$31,2,FALSE)","v":12}]
[null,0,3,"X","X","X","X","X","X","X","X","X","X","X","X","X",null,null,null,null,null,null,null,null,null,null,null,null,null,null,null,null,null,null,null,null,null,null,null,null,null,null,null,null,null,null,null,null,null,null,null,"Proyección avance actual",null,null,{"$f":"IF(AZ487=BB488,\"OK\",IF(BC491=0,\"NA\",(BB488/BJ485*BK485+BQ485)/('Control de Avance'!$BT$3+BC492*5)))","v":"NA"}]
[null,0,2,"X","X","X","X","X","X","X","X","X","X","X","X","X",null,null,null,null,null,null,null,null,null,null,null,null,null,null,null,null,null,null,null,null,null,null,null,null,null,null,null,null,null,null,null,null,null,null,null,"Frentes anteriores",null,null,{"$f":"COUNTIF(D487:AC491,\"A\")/BJ485*BK485","v":130}]
[null,0,1,"a","a","a","a","a","a","a","a","a","a","a","a","a",null,null,null,null,null,null,null,null,null,null,null,null,null,null,null,null,null,null,null,null,null,null,null,null,null,null,null,null,null,null,null,null,null,null,null,"Frentes semana actual",null,null,{"$f":"COUNTIF(D487:AC491,\"B\")/BJ485*BK485","v":0}]
[null,0,null,null,null,null,null,null,null,null,null,null,null,null,null,null,null,null,null,null,null,null,null,null,null,null,null,null,null,null,null,null,null,null,null,null,null,null,null,null,null,null,null,null,null,null,null,null,null,null,null,"Saldo",{"$f":"+BB488/BJ485*BK485-BC490-BC491","v":-10},"Sem",{"$f":"IF(AZ487=BB488,\"OK\",IF(BC491=0,\"NA\",BA492/BC491))","v":"NA"}]
[null,0]
[]
["OGT-1",{"$f":"IF((OR($BT$5<$BP$495-5,AND($BC$497=\"OK\",COUNTIF($D$497:$AY$501,\"B\")=0))),0,1)","v":0},"Descarga y conteo fierro muro tipo",null,null,null,null,null,null,null,null,null,null,null,null,null,null,null,null,null,null,null,null,null,null,null,null,null,null,null,null,null,null,null,null,null,null,null,null,null,null,null,null,null,null,null,null,null,null,null,null,null,null,null,null,"ENFIERRADOR","kg",{"$f":"VLOOKUP(C495,'Act. Proyecto'!$I$3:$Q$881,4,FALSE)","v":1215.6476189105908},{"$f":"VLOOKUP(C495,'Act. Proyecto'!$I$3:$Q$881,5,FALSE)","v":3},{"$f":"IFERROR(BF495*BG495,0)","v":3646.9428567317727},{"$f":"VLOOKUP(C495,'Act. Proyecto'!$I$3:$Q$881,7,FALSE)","v":"Frente"},{"$f":"VLOOKUP(C495,'Act. Proyecto'!$I$3:$Q$881,8,FALSE)","v":8},{"$f":"VLOOKUP(C495,'Act. Proyecto'!$I$3:$Q$881,9,FALSE)","v":10},{"$f":"IFERROR(BJ495/BK495,0)","v":0.8},{"$f":"IFERROR(BL495*BH495,0)","v":2917.5542853854186},{"$f":"$AZ$497*$BH$495","v":350106.51424625015},{"$f":"IF($BM$495=0,0,$BN$495/$BM$495)","v":119.99999999999997},14,{"$f":"$BP$495+$BO$495-1","v":132.99999999999997},{"$f":"BM495*B495","v":0},{"$f":"BR495*BQ495","v":0}]
[null,{"$f":"$B$495","v":0},null,"F1","F2","F3","F4","F5","F6","F7","F8","F9","F10","F11","F12","F13","F14","F15","F16","F17","F18","F19","F20","F21","F22","F23","F24",null,null,null,null,null,null,null,null,null,null,null,null,null,null,null,null,null,null,null,null,null,null,null,null,"N° Unid Prod","N° Frentes","Pos","%"]
[null,0,5,"A","A","A","A","A","A","a","a","a","a","a","a","A","A","A","A","A","A","a","a","a","a","a","a",null,null,null,null,null,null,null,null,null,null,null,null,null,null,null,null,null,null,null,null,null,null,null,null,{"$f":"COUNTIF(D497:AA501,\"A\")+COUNTIF(D497:AA501,\"B\")","v":96},{"$f":"+AZ497/BJ495*BK495","v":120},{"$f":"+BA497+BO495","v":239.99999999999997},{"$f":"IF(AZ497=BB498,\"OK\",BB497/'Control de Avance'!$BT$3)","v":"OK"}]
[null,0,4,"A","A","A","A","A","A","a","a","a","a","a","a","a","a","a","a","a","a","a","a","a","a","a","a",null,null,null,null,null,null,null,null,null,null,null,null,null,null,null,null,null,null,null,null,null,null,null,null,"N° Total Und Prod:",null,{"$f":"VLOOKUP('Dibujo Edificios'!$A$54,'Otras Tablas'!$G$2:$H$31,2,FALSE)","v":96}]
[null,0,3,"a","a","a","a","a","a","a","a","a","a","a","a","A","A","A","A","A","A","a","a","a","a","a","a",null,null,null,null,null,null,null,null,null,null,null,null,null,null,null,null,null,null,null,null,null,null,null,null,"Proyección avance actual",null,null,{"$f":"IF(AZ497=BB498,\"OK\",IF(BC501=0,\"NA\",(BB498/BJ495*BK495+BQ495)/('Control de Avance'!$BT$3+BC502*5)))","v":"OK"}]
[null,0,2,"a","a","a","a","a","a","a","a","a","a","a","a","a","a","a","a","a","a","a","a","a","a","a","a",null,null,null,null,null,null,null,null,null,null,null,null,null,null,null,null,null,null,null,null,null,null,null,null,"Frentes anteriores",null,null,{"$f":"COUNTIF(D497:AC501,\"A\")/BJ495*BK495","v":120}]
[null,0,1,"X","X","X","X","X","X","X","X","X","X","X","X","X","X","X","X","X","X","X","X","X","X","X","X",null,null,null,null,null,null,null,null,null,null,null,null,null,null,null,null,null,null,null,null,null,null,null,null,"Frentes semana actual",null,null,{"$f":"COUNTIF(D497:AC501,\"B\")/BJ495*BK495","v":0}]
[null,0,null,null,null,null,null,null,null,null,null,null,null,null,null,null,null,null,null,null,null,null,null,null,null,null,null,null,null,null,null,null,null,null,null,null,null,null,null,null,null,null,null,null,null,null,null,null,null,null,null,"Saldo",{"$f":"+BB498/BJ495*BK495-BC500-BC501","v":0},"Sem",{"$f":"IF(AZ497=BB498,\"OK\",IF(BC501=0,\"NA\",BA502/BC501))","v":"OK"}]
[null,0]
[]
["OGT-1",{"$f":"IF((OR($BT$5<$BP$505-5,AND($BC$507=\"OK\",COUNTIF($D$507:$AY$511,\"B\")=0))),0,1)","v":0},"Separar fierro muro tipo",null,null,null,null,null,null,null,null,null,null,null,null,null,null,null,null,null,null,null,null,null,null,null,null,null,null,null,null,null,null,null,null,null,null,null,null,null,null,null,null,null,null,null,null,null,null,null,null,null,null,null,null,"ENFIERRADOR","kg",{"$f":"VLOOKUP(C505,'Act. Proyecto'!$I$3:$Q$881,4,FALSE)","v":1215.6476189105908},{"$f":"VLOOKUP(C505,'Act. Proyecto'!$I$3:$Q$881,5,FALSE)","v":10},{"$f":"IFERROR(BF505*BG505,0)","v":12156.476189105908},{"$f":"VLOOKUP(C505,'Act. Proyecto'!$I$3:$Q$881,7,FALSE)","v":"Frente"},{"$f":"VLOOKUP(C505,'Act. Proyecto'!$I$3:$Q$881,8,FALSE)","v":8},{"$f":"VLOOKUP(C505,'Act. Proyecto'!$I$3:$Q$881,9,FALSE)","v":10},{"$f":"IFERROR(BJ505/BK505,0)","v":0.8},{"$f":"IFERROR(BL505*BH505,0)","v":9725.1809512847267},{"$f":"$AZ$507*$BH$505","v":1167021.7141541671},{"$f":"IF($BM$505=0,0,$BN$505/$BM$505)","v":119.99999999999999},19,{"$f":"$BP$505+$BO$505-1","v":138},{"$f":"BM505*B505","v":0},{"$f":"BR505*BQ505","v":0}]
[null,{"$f":"$B$505","v":0},null,"F1","F2","F3","F4","F5","F6","F7","F8","F9","F10","F11","F12","F13","F14","F15","F16","F17","F18","F19","F20","F21","F22","F23","F24",null,null,null,null,null,null,null,null,null,null,null,null,null,null,null,null,null,null,null,null,null,null,null,null,"N° Unid Prod","N° Frentes","Pos","%"]
[null,0,5,"a","a","A","A","a","a","A","A","a","a","a","a","A","A","A","A","A","A","a","a","a","a","a","a",null,null,null,null,null,null,null,null,null,null,null,null,null,null,null,null,null,null,null,null,null,null,null,null,{"$f":"COUNTIF(D507:AA511,\"A\")+COUNTIF(D507:AA511,\"B\")","v":96},{"$f":"+AZ507/BJ505*BK505","v":120},{"$f":"+BA507+BO505","v":240},{"$f":"IF(AZ507=BB508,\"OK\",BB507/'Control de Avance'!$BT$3)","v":"OK"}]
[null,0,4,"a","a","a","a","a","a","a","a","A","a","a","a","a","a","a","A","A","A","a","a","a","a","a","a",null,null,null,null,null,null,null,null,null,null,null,null,null,null,null,null,null,null,null,null,null,null,null,null,"N° Total Und Prod:",null,{"$f":"VLOOKUP('Dibujo Edificios'!$A$54,'Otras Tablas'!$G$2:$H$31,2,FALSE)","v":96}]
[null,0,3,"a","a","a","a","a","a","a","a","a","a","A","a","a","a","a","A","A","A","a","a","a","a","a","a",null,null,null,null,null,null,null,null,null,null,null,null,null,null,null,null,null,null,null,null,null,null,null,null,"Proyección avance actual",null,null,{"$f":"IF(AZ507=BB508,\"OK\",IF(BC511=0,\"NA\",(BB508/BJ505*BK505+BQ505)/('Control de Avance'!$BT$3+BC512*5)))","v":"OK"}]
[null,0,2,"A","A","A","A","a","a","a","a","a","a","a","a","a","a","a","a","A","A","a","a","a","a","a","a",null,null,null,null,null,null,null,null,null,null,null,null,null,null,null,null,null,null,null,null,null,null,null,null,"Frentes anteriores",null,null,{"$f":"COUNTIF(D507:AC511,\"A\")/BJ505*BK505","v":120}]
[null,0,1,"X","X","X","X","X","X",null,"X","X","X","X","X","X","X","X","X","X","X","X","X","X","X","X","X",null,null,null,null,null,null,null,null,null,null,null,null,null,null,null,null,null,null,null,null,null,null,null,null,"Frentes semana actual",null,null,{"$f":"COUNTIF(D507:AC511,\"B\")/BJ505*BK505","v":0}]
[null,0,null,null,null,null,null,null,null,null,null,null,null,null,null,null,null,null,null,null,null,null,null,null,null,null,null,null,null,null,null,null,null,null,null,null,null,null,null,null,null,null,null,null,null,null,null,null,null,null,null,"Saldo",{"$f":"+BB508/BJ505*BK505-BC510-BC511","v":0},"Sem",{"$f":"IF(AZ507=BB508,\"OK\",IF(BC511=0,\"NA\",BA512/BC511))","v":"OK"}]
[null,0]
[]
["OGT-1",{"$f":"IF((OR($BT$5<$BP$515-5,AND($BC$517=\"OK\",COUNTIF($D$517:$AY$521,\"B\")=0))),0,1)","v":0},"Fierro muro tipo",null,null,null,null,null,null,null,null,null,null,null,null,null,null,null,null,null,null,null,null,null,null,null,null,null,null,null,null,null,null,null,null,null,null,null,null,null,null,null,null,null,null,null,null,null,null,null,null,null,null,null,null,"ENFIERRADOR","kg",{"$f":"VLOOKUP(C515,'Act. Proyecto'!$I$3:$Q$881,4,FALSE)","v":1215.6476189105908},{"$f":"VLOOKUP(C515,'Act. Proyecto'!$I$3:$Q$881,5,FALSE)","v":93},{"$f":"IFERROR(BF515*BG515,0)","v":113055.22855868495},{"$f":"VLOOKUP(C515,'Act. Proyecto'!$I$3:$Q$881,7,FALSE)","v":"Frente"},{"$f":"VLOOKUP(C515,'Act. Proyecto'!$I$3:$Q$881,8,FALSE)","v":8},{"$f":"VLOOKUP(C515,'Act. Proyecto'!$I$3:$Q$881,9,FALSE)","v":10},{"$f":"IFERROR(BJ515/BK515,0)","v":0.8},{"$f":"IFERROR(BL515*BH515,0)","v":90444.182846947966},{"$f":"$AZ$517*$BH$515","v":10853301.941633755},{"$f":"IF($BM$515=0,0,$BN$515/$BM$515)","v":120},20,{"$f":"$BP$515+$BO$515-1","v":139},{"$f":"BM515*B515","v":0},{"$f":"BR515*BQ515","v":0}]
[null,{"$f":"$B$515","v":0},null,"F1","F2","F3","F4","F5","F6","F7","F8","F9","F10","F11","F12","F13","F14","F15","F16","F17","F18","F19","F20","F21","F22","F23","F24",null,null,null,null,null,null,null,null,null,null,null,null,null,null,null,null,null,null,null,null,null,null,null,null,"N° Unid Prod","N° Frentes","Pos","%"]
[null,0,5,"a","a","a","a","a","a","a","a","a","a","a","a","A","A","A","A","a","a","a","a","a","a","a","a",null,null,null,null,null,null,null,null,null,null,null,null,null,null,null,null,null,null,null,null,null,null,null,null,{"$f":"COUNTIF(D517:AA521,\"A\")+COUNTIF(D517:AA521,\"B\")","v":96},{"$f":"+AZ517/BJ515*BK515","v":120},{"$f":"+BA517+BO515","v":240},{"$f":"IF(AZ517=BB518,\"OK\",BB517/'Control de Avance'!$BT$3)","v":"OK"}]
[null,0,4,"a","a","a","a","a","a","a","a","a","a","a","a","A","A","A","A","A","a","a","a","a","a","a","a",null,null,null,null,null,null,null,null,null,null,null,null,null,null,null,null,null,null,null,null,null,null,null,null,"N° Total Und Prod:",null,{"$f":"VLOOKUP('Dibujo Edificios'!$A$54,'Otras Tablas'!$G$2:$H$31,2,FALSE)","v":96}]
[null,0,3,"a","a","a","a","a","a","a","a","a","a","a","a","A","A","A","A","A","A","a","a","a","a","a","a",null,null,null,null,null,null,null,null,null,null,null,null,null,null,null,null,null,null,null,null,null,null,null,null,"Proyección avance actual",null,null,{"$f":"IF(AZ517=BB518,\"OK\",IF(BC521=0,\"NA\",(BB518/BJ515*BK515+BQ515)/('Control de Avance'!$BT$3+BC522*5)))","v":"OK"}]
[null,0,2,"a","a","a","a","a","a","a","a","a","a","A","a","a","a","a","a","A","A","A","A","A","a","a","a",null,null,null,null,null,null,null,null,null,null,null,null,null,null,null,null,null,null,null,null,null,null,null,null,"Frentes anteriores",null,null,{"$f":"COUNTIF(D517:AC521,\"A\")/BJ515*BK515","v":120}]
[null,0,1,"X","X","X","X","X","X","X","X","X","X","X","X","X","X","X","X","X","X","X","X","X","X","X","X",null,null,null,null,null,null,null,null,null,null,null,null,null,null,null,null,null,null,null,null,null,null,null,null,"Frentes semana actual",null,null,{"$f":"COUNTIF(D517:AC521,\"B\")/BJ515*BK515","v":0}]
[null,0,null,null,null,null,null,null,null,null,null,null,null,null,null,null,null,null,null,null,null,null,null,null,null,null,null,null,null,null,null,null,null,null,null,null,null,null,null,null,null,null,null,null,null,null,null,null,null,null,null,"Saldo",{"$f":"+BB518/BJ515*BK515-BC520-BC521","v":0},"Sem",{"$f":"IF(AZ517=BB518,\"OK\",IF(BC521=0,\"NA\",BA522/BC521))","v":"OK"}]
[null,0]
[]
["OGT",{"$f":"IF((OR($BT$5<$BP$525-5,AND($BC$527=\"OK\",COUNTIF($D$527:$AY$531,\"B\")=0))),0,1)","v":0},"Instalaciones sanitarias en elevación",null,null,null,null,null,null,null,null,null,null,null,null,null,null,null,null,null,null,null,null,null,null,null,null,null,null,null,null,null,null,null,null,null,null,null,null,null,null,null,null,null,null,null,null,null,null,null,null,null,null,null,null,"GASFITER OG","dh",{"$f":"VLOOKUP(C525,'Act. Proyecto'!$I$3:$Q$881,4,FALSE)","v":0.14160208333333335},{"$f":"VLOOKUP(C525,'Act. Proyecto'!$I$3:$Q$881,5,FALSE)","v":1},{"$f":"IFERROR(BF525*BG525,0)","v":0.14160208333333335},{"$f":"VLOOKUP(C525,'Act. Proyecto'!$I$3:$Q$881,7,FALSE)","v":"Frente"},{"$f":"VLOOKUP(C525,'Act. Proyecto'!$I$3:$Q$881,8,FALSE)","v":10},{"$f":"VLOOKUP(C525,'Act. Proyecto'!$I$3:$Q$881,9,FALSE)","v":10},{"$f":"IFERROR(BJ525/BK525,0)","v":1},{"$f":"IFERROR(BL525*BH525,0)","v":0.14160208333333335},{"$f":"$AZ$527*$BH$525","v":16.992250000000002},{"$f":"IF($BM$525=0,0,$BN$525/$BM$525)","v":120},14,{"$f":"$BP$525+$BO$525-1","v":133},{"$f":"BM525*B525","v":0},{"$f":"BR525*BQ525","v":0}]
[null,{"$f":"$B$525","v":0},null,"F1","F2","F3","F4","F5","F6","F7","F8","F9","F10","F11","F12","F13","F14","F15","F16","F17","F18","F19","F20","F21","F22","F23","F24",null,null,null,null,null,null,null,null,null,null,null,null,null,null,null,null,null,null,null,null,null,null,null,null,"N° Unid Prod","N° Frentes","Pos","%"]
[null,0,5,"A","a","a","a","a","a","a","a","a","a","a","a","A","A","A","A","a","a","a","a","a","a","a","a",null,null,null,null,null,null,null,null,null,null,null,null,null,null,null,null,null,null,null,null,null,null,null,null,{"$f":"COUNTIF(D527:AA531,\"A\")+COUNTIF(D527:AA531,\"B\")","v":120},{"$f":"+AZ527/BJ525*BK525","v":120},{"$f":"+BA527+BO525","v":240},{"$f":"IF(AZ527=BB528,\"OK\",BB527/'Control de Avance'!$BT$3)","v":"OK"}]
[null,0,4,"A","a","a","a","a","a","a","a","a","a","A","a","A","A","A","A","A","a","a","a","a","a","a","a",null,null,null,null,null,null,null,null,null,null,null,null,null,null,null,null,null,null,null,null,null,null,null,null,"N° Total Und Prod:",null,{"$f":"VLOOKUP('Dibujo Edificios'!$A$44,'Otras Tablas'!$G$2:$H$31,2,FALSE)","v":120}]
[null,0,3,"A","a","a","a","a","a","a","a","a","a","a","a","A","A","A","A","A","A","a","a","a","a","a","a",null,null,null,null,null,null,null,null,null,null,null,null,null,null,null,null,null,null,null,null,null,null,null,null,"Proyección avance actual",null,null,{"$f":"IF(AZ527=BB528,\"OK\",IF(BC531=0,\"NA\",(BB528/BJ525*BK525+BQ525)/('Control de Avance'!$BT$3+BC532*5)))","v":"OK"}]
[null,0,2,"A","a","a","a","a","a","a","a","a","a","a","a","a","a","a","a","A","A","a","a","a","a","a","a",null,null,null,null,null,null,null,null,null,null,null,null,null,null,null,null,null,null,null,null,null,null,null,null,"Frentes anteriores",null,null,{"$f":"COUNTIF(D527:AC531,\"A\")/BJ525*BK525","v":120}]
[null,0,1,"A","a","a","a","a","a","a","a","a","a","a","a","a","a","a","a","A","A","a","a","a","a","a","a",null,null,null,null,null,null,null,null,null,null,null,null,null,null,null,null,null,null,null,null,null,null,null,null,"Frentes semana actual",null,null,{"$f":"COUNTIF(D527:AC531,\"B\")/BJ525*BK525","v":0}]
[null,0,null,null,null,null,null,null,null,null,null,null,null,null,null,null,null,null,null,null,null,null,null,null,null,null,null,null,null,null,null,null,null,null,null,null,null,null,null,null,null,null,null,null,null,null,null,null,null,null,null,"Saldo",{"$f":"+BB528/BJ525*BK525-BC530-BC531","v":0},"Sem",{"$f":"IF(AZ527=BB528,\"OK\",IF(BC531=0,\"NA\",BA532/BC531))","v":"OK"}]
[null,0]
[]
["OGT",0,"Instalaciones eléctricas en elevación",null,null,null,null,null,null,null,null,null,null,null,null,null,null,null,null,null,null,null,null,null,null,null,null,null,null,null,null,null,null,null,null,null,null,null,null,null,null,null,null,null,null,null,null,null,null,null,null,null,null,null,null,"ELÉCTRICO OG","centro",{"$f":"VLOOKUP(C535,'Act. Proyecto'!$I$3:$Q$881,4,FALSE)","v":35.25},{"$f":"VLOOKUP(C535,'Act. Proyecto'!$I$3:$Q$881,5,FALSE)","v":668},{"$f":"IFERROR(BF535*BG535,0)","v":23547},{"$f":"VLOOKUP(C535,'Act. Proyecto'!$I$3:$Q$881,7,FALSE)","v":"Frente"},{"$f":"VLOOKUP(C535,'Act. Proyecto'!$I$3:$Q$881,8,FALSE)","v":10},{"$f":"VLOOKUP(C535,'Act. Proyecto'!$I$3:$Q$881,9,FALSE)","v":10},{"$f":"IFERROR(BJ535/BK535,0)","v":1},{"$f":"IFERROR(BL535*BH535,0)","v":23547},{"$f":"$AZ$537*$BH$535","v":2825640},{"$f":"IF($BM$535=0,0,$BN$535/$BM$535)","v":120},14,{"$f":"$BP$535+$BO$535-1","v":133},{"$f":"BM535*B535","v":0},{"$f":"BR535*BQ535","v":0}]
[null,{"$f":"$B$535","v":0},null,"F1","F2","F3","F4","F5","F6","F7","F8","F9","F10","F11","F12","F13","F14","F15","F16","F17","F18","F19","F20","F21","F22","F23","F24",null,null,null,null,null,null,null,null,null,null,null,null,null,null,null,null,null,null,null,null,null,null,null,null,"N° Unid Prod","N° Frentes","Pos","%"]
[null,0,5,"a","a","a","a","a","a","a","a","a","a","a","a","A","A","A","A","a","a","a","a","a","a","a","a",null,null,null,null,null,null,null,null,null,null,null,null,null,null,null,null,null,null,null,null,null,null,null,null,{"$f":"COUNTIF(D537:AA541,\"A\")+COUNTIF(D537:AA541,\"B\")","v":120},{"$f":"+AZ537/BJ535*BK535","v":120},{"$f":"+BA537+BO535","v":240},{"$f":"IF(AZ537=BB538,\"OK\",BB537/'Control de Avance'!$BT$3)","v":"OK"}]
[null,0,4,"a","a","a","a","a","a","a","a","a","a","A","a","A","A","A","A","a","a","a","a","a","a","a","a",null,null,null,null,null,null,null,null,null,null,null,null,null,null,null,null,null,null,null,null,null,null,null,null,"N° Total Und Prod:",null,{"$f":"VLOOKUP('Dibujo Edificios'!$A$44,'Otras Tablas'!$G$2:$H$31,2,FALSE)","v":120}]
[null,0,3,"a","a","a","a","a","a","a","a","a","a","a","a","A","A","A","A","A","A","a","a","a","a","a","a",null,null,null,null,null,null,null,null,null,null,null,null,null,null,null,null,null,null,null,null,null,null,null,null,"Proyección avance actual",null,null,{"$f":"IF(AZ537=BB538,\"OK\",IF(BC541=0,\"NA\",(BB538/BJ535*BK535+BQ535)/('Control de Avance'!$BT$3+BC542*5)))","v":"OK"}]
[null,0,2,"a","a","a","a","a","a","a","a","a","a","a","a","a","a","a","a","A","A","a","a","a","a","a","a",null,null,null,null,null,null,null,null,null,null,null,null,null,null,null,null,null,null,null,null,null,null,null,null,"Frentes anteriores",null,null,{"$f":"COUNTIF(D537:AC541,\"A\")/BJ535*BK535","v":120}]
[null,0,1,"a","a","a","a","a","a","a","a","a","a","a","a","a","a","a","a","A","A","a","a","a","a","a","a",null,null,null,null,null,null,null,null,null,null,null,null,null,null,null,null,null,null,null,null,null,null,null,null,"Frentes semana actual",null,null,{"$f":"COUNTIF(D537:AC541,\"B\")/BJ535*BK535","v":0}]
[null,0,null,null,null,null,null,null,null,null,null,null,null,null,null,null,null,null,null,null,null,null,null,null,null,null,null,null,null,null,null,null,null,null,null,null,null,null,null,null,null,null,null,null,null,null,null,null,null,null,null,"Saldo",{"$f":"+BB538/BJ535*BK535-BC540-BC541","v":0},"Sem",{"$f":"IF(AZ537=BB538,\"OK\",IF(BC541=0,\"NA\",BA542/BC541))","v":"OK"}]
[null,0]
[]
["OGT",0,"Instalaciones eléctricas en ZC",null,null,null,null,null,null,null,null,null,null,null,null,null,null,null,null,null,null,null,null,null,null,null,null,null,null,null,null,null,null,null,null,null,null,null,null,null,null,null,null,null,null,null,null,null,null,null,null,null,null,null,null,"ELÉCTRICO OG","centro",{"$f":"VLOOKUP(C545,'Act. Proyecto'!$I$3:$Q$881,4,FALSE)","v":10.722899999999999},{"$f":"VLOOKUP(C545,'Act. Proyecto'!$I$3:$Q$881,5,FALSE)","v":1299.9000000000001},{"$f":"IFERROR(BF545*BG545,0)","v":13938.69771},{"$f":"VLOOKUP(C545,'Act. Proyecto'!$I$3:$Q$881,7,FALSE)","v":"Piso"},{"$f":"VLOOKUP(C545,'Act. Proyecto'!$I$3:$Q$881,8,FALSE)","v":4},{"$f":"VLOOKUP(C545,'Act. Proyecto'!$I$3:$Q$881,9,FALSE)","v":10},{"$f":"IFERROR(BJ545/BK545,0)","v":0.4},{"$f":"IFERROR(BL545*BH545,0)","v":5575.4790840000005},{"$f":"$AZ$547*$BH$545","v":906015.35115},{"$f":"IF($BM$545=0,0,$BN$545/$BM$545)","v":162.49999999999997},14,{"$f":"$BP$545+$BO$545-1","v":175.49999999999997},{"$f":"BM545*B545","v":0},{"$f":"BR545*BQ545","v":0}]
[null,{"$f":"$B$545","v":0},null,"F1-2","F3-4","F5-6","F7-8","F9-10","F11","F12-13","F14-15","F16","F17-18","F19-20","F21-22","F23-24",null,null,null,null,null,null,null,null,null,null,null,null,null,null,null,null,null,null,null,null,null,null,null,null,null,null,null,null,null,null,null,null,null,null,null,"N° Unid Prod","N° Frentes","Pos","%"]
[null,0,5,"a","a","a","a","a","A","A","A","A","a","a","a","a",null,null,null,null,null,null,null,null,null,null,null,null,null,null,null,null,null,null,null,null,null,null,null,null,null,null,null,null,null,null,null,null,null,null,null,{"$f":"COUNTIF(D547:P551,\"A\")+COUNTIF(D547:P551,\"B\")","v":65},{"$f":"+AZ547/BJ545*BK545","v":162.5},{"$f":"+BA547+BO545","v":325},{"$f":"IF(AZ547=BB548,\"OK\",BB547/'Control de Avance'!$BT$3)","v":1.4444444444444444}]
[null,0,4,"a","a","a","a","a","A","A","A","A","A","a","a","a",null,null,null,null,null,null,null,null,null,null,null,null,null,null,null,null,null,null,null,null,null,null,null,null,null,null,null,null,null,null,null,null,null,null,null,"N° Total Und Prod:",null,{"$f":"VLOOKUP('Dibujo Edificios'!$A$64,'Otras Tablas'!$G$2:$H$31,2,FALSE)","v":48}]
[null,0,3,"a","a","a","a","a","A","A","A","A","A","a","a","a",null,null,null,null,null,null,null,null,null,null,null,null,null,null,null,null,null,null,null,null,null,null,null,null,null,null,null,null,null,null,null,null,null,null,null,"Proyección avance actual",null,null,{"$f":"IF(AZ547=BB548,\"OK\",IF(BC551=0,\"NA\",(BB548/BJ545*BK545+BQ545)/('Control de Avance'!$BT$3+BC552*5)))","v":"NA"}]
[null,0,2,"a","a","a","a","a","A","A","a","A","A","a","a","a",null,null,null,null,null,null,null,null,null,null,null,null,null,null,null,null,null,null,null,null,null,null,null,null,null,null,null,null,null,null,null,null,null,null,null,"Frentes anteriores",null,null,{"$f":"COUNTIF(D547:AC551,\"A\")/BJ545*BK545","v":162.5}]
[null,0,1,"a","a","a","a","a","A","A","A","A","A","a","a","a",null,null,null,null,null,null,null,null,null,null,null,null,null,null,null,null,null,null,null,null,null,null,null,null,null,null,null,null,null,null,null,null,null,null,null,"Frentes semana actual",null,null,{"$f":"COUNTIF(D547:AC551,\"B\")/BJ545*BK545","v":0}]
[null,0,null,null,null,null,null,null,null,null,null,null,null,null,null,null,null,null,null,null,null,null,null,null,null,null,null,null,null,null,null,null,null,null,null,null,null,null,null,null,null,null,null,null,null,null,null,null,null,null,null,"Saldo",{"$f":"+BB548/BJ545*BK545-BC550-BC551","v":-42.5},"Sem",{"$f":"IF(AZ547=BB548,\"OK\",IF(BC551=0,\"NA\",BA552/BC551))","v":"NA"}]
[null,0]
[]
["OGT",{"$f":"IF((OR($BT$5<$BP$555-5,AND($BC$557=\"OK\",COUNTIF($D$557:$AY$561,\"B\")=0))),0,1)","v":0},"Trazo muro",null,null,null,null,null,null,null,null,null,null,null,null,null,null,null,null,null,null,null,null,null,null,null,null,null,null,null,null,null,null,null,null,null,null,null,null,null,null,null,null,null,null,null,null,null,null,null,null,null,null,null,null,"TRAZO","depto",{"$f":"VLOOKUP(C555,'Act. Proyecto'!$I$3:$Q$881,4,FALSE)","v":2},67200,{"$f":"IFERROR(BF555*BG555,0)","v":134400},{"$f":"VLOOKUP(C555,'Act. Proyecto'!$I$3:$Q$881,7,FALSE)","v":"Frente"},{"$f":"VLOOKUP(C555,'Act. Proyecto'!$I$3:$Q$881,8,FALSE)","v":10},{"$f":"VLOOKUP(C555,'Act. Proyecto'!$I$3:$Q$881,9,FALSE)","v":10},{"$f":"IFERROR(BJ555/BK555,0)","v":1},{"$f":"IFERROR(BL555*BH555,0)","v":134400},{"$f":"$AZ$557*$BH$555","v":16128000},{"$f":"IF($BM$555=0,0,$BN$555/$BM$555)","v":120},14,{"$f":"$BP$555+$BO$555-1","v":133},{"$f":"BM555*B555","v":0},{"$f":"BR555*BQ555","v":0}]
[null,{"$f":"$B$555","v":0},null,"F1","F2","F3","F4","F5","F6","F7","F8","F9","F10","F11","F12","F13","F14","F15","F16","F17","F18","F19","F20","F21","F22","F23","F24",null,null,null,null,null,null,null,null,null,null,null,null,null,null,null,null,null,null,null,null,null,null,null,null,"N° Unid Prod","N° Frentes","Pos","%"]
[null,0,5,"a","a","a","a","a","a","a","a","a","a","A","A","A","A","A","A","a","a","a","a","a","a","a","a",null,null,null,null,null,null,null,null,null,null,null,null,null,null,null,null,null,null,null,null,null,null,null,null,{"$f":"COUNTIF(D557:AA561,\"A\")+COUNTIF(D557:AA561,\"B\")","v":120},{"$f":"+AZ557/BJ555*BK555","v":120},{"$f":"+BA557+BO555","v":240},{"$f":"IF(AZ557=BB558,\"OK\",BB557/'Control de Avance'!$BT$3)","v":"OK"}]
[null,0,4,"a","a","a","a","a","a","a","A","A","a","a","a","A","A","A","A","A","a","a","a","a","a","a","a",null,null,null,null,null,null,null,null,null,null,null,null,null,null,null,null,null,null,null,null,null,null,null,null,"N° Total Und Prod:",null,{"$f":"VLOOKUP('Dibujo Edificios'!$A$44,'Otras Tablas'!$G$2:$H$31,2,FALSE)","v":120}]
[null,0,3,"a","a","a","a","a","a","a","a","a","a","a","a","A","A","A","A","A","A","a","a","a","a","a","a",null,null,null,null,null,null,null,null,null,null,null,null,null,null,null,null,null,null,null,null,null,null,null,null,"Proyección avance actual",null,null,{"$f":"IF(AZ557=BB558,\"OK\",IF(BC561=0,\"NA\",(BB558/BJ555*BK555+BQ555)/('Control de Avance'!$BT$3+BC562*5)))","v":"OK"}]
[null,0,2,"A","A","A","A","a","a","a","a","a","a","a","a","a","a","a","a","A","A","a","a","a","a","a","a",null,null,null,null,null,null,null,null,null,null,null,null,null,null,null,null,null,null,null,null,null,null,null,null,"Frentes anteriores",null,null,{"$f":"COUNTIF(D557:AC561,\"A\")/BJ555*BK555","v":120}]
[null,0,1,"a","a","a","a","a","A","a","a","a","a","a","a","a","a","a","a","A","A","a","a","a","a","a","a",null,null,null,null,null,null,null,null,null,null,null,null,null,null,null,null,null,null,null,null,null,null,null,null,"Frentes semana actual",null,null,{"$f":"COUNTIF(D557:AC561,\"B\")/BJ555*BK555","v":0}]
[null,0,null,null,null,null,null,null,null,null,null,null,null,null,null,null,null,null,null,null,null,null,null,null,null,null,null,null,null,null,null,null,null,null,null,null,null,null,null,null,null,null,null,null,null,null,null,null,null,null,null,"Saldo",{"$f":"+BB558/BJ555*BK555-BC560-BC561","v":0},"Sem",{"$f":"IF(AZ557=BB558,\"OK\",IF(BC561=0,\"NA\",BA562/BC561))","v":"OK"}]
[null,0]
[]
["OGT",{"$f":"IF((OR($BT$5<$BP$565-5,AND($BC$567=\"OK\",COUNTIF($D$567:$AY$571,\"B\")=0))),0,1)","v":0},"Dilatación de muros",null,null,null,null,null,null,null,null,null,null,null,null,null,null,null,null,null,null,null,null,null,null,null,null,null,null,null,null,null,null,null,null,null,null,null,null,null,null,null,null,null,null,null,null,null,null,null,null,null,null,null,null,"HORMIGÓN","m2",{"$f":"VLOOKUP(C565,'Act. Proyecto'!$I$3:$Q$881,4,FALSE)","v":3.8623166666666662},{"$f":"VLOOKUP(C565,'Act. Proyecto'!$I$3:$Q$881,5,FALSE)","v":260},{"$f":"IFERROR(BF565*BG565,0)","v":1004.2023333333332},{"$f":"VLOOKUP(C565,'Act. Proyecto'!$I$3:$Q$881,7,FALSE)","v":"Frente"},{"$f":"VLOOKUP(C565,'Act. Proyecto'!$I$3:$Q$881,8,FALSE)","v":10},{"$f":"VLOOKUP(C565,'Act. Proyecto'!$I$3:$Q$881,9,FALSE)","v":10},{"$f":"IFERROR(BJ565/BK565,0)","v":1},{"$f":"IFERROR(BL565*BH565,0)","v":1004.2023333333332},{"$f":"$AZ$567*$BH$565","v":120504.27999999998},{"$f":"IF($BM$565=0,0,$BN$565/$BM$565)","v":120},14,{"$f":"$BP$565+$BO$565-1","v":133},{"$f":"BM565*B565","v":0},{"$f":"BR565*BQ565","v":0}]
[null,{"$f":"$B$565","v":0},null,"F1","F2","F3","F4","F5","F6","F7","F8","F9","F10","F11","F12","F13","F14","F15","F16","F17","F18","F19","F20","F21","F22","F23","F24",null,null,null,null,null,null,null,null,null,null,null,null,null,null,null,null,null,null,null,null,null,null,null,null,"N° Unid Prod","N° Frentes","Pos","%"]
[null,0,5,"a","a","a","a","a","a","a","a","a","a","a","a","A","A","A","A","a","a","a","a","a","a","a","a",null,null,null,null,null,null,null,null,null,null,null,null,null,null,null,null,null,null,null,null,null,null,null,null,{"$f":"COUNTIF(D567:AA571,\"A\")+COUNTIF(D567:AA571,\"B\")","v":120},{"$f":"+AZ567/BJ565*BK565","v":120},{"$f":"+BA567+BO565","v":240},{"$f":"IF(AZ567=BB568,\"OK\",BB567/'Control de Avance'!$BT$3)","v":"OK"}]
[null,0,4,"a","a","a","a","a","a","a","a","a","a","a","a","A","A","A","A","A","a","a","a","a","a","a","a",null,null,null,null,null,null,null,null,null,null,null,null,null,null,null,null,null,null,null,null,null,null,null,null,"N° Total Und Prod:",null,{"$f":"VLOOKUP('Dibujo Edificios'!$A$44,'Otras Tablas'!$G$2:$H$31,2,FALSE)","v":120}]
[null,0,3,"a","a","a","a","a","a","a","a","a","a","a","a","A","A","A","A","A","A","a","a","a","a","a","a",null,null,null,null,null,null,null,null,null,null,null,null,null,null,null,null,null,null,null,null,null,null,null,null,"Proyección avance actual",null,null,{"$f":"IF(AZ567=BB568,\"OK\",IF(BC571=0,\"NA\",(BB568/BJ565*BK565+BQ565)/('Control de Avance'!$BT$3+BC572*5)))","v":"OK"}]
[null,0,2,"a","a","a","a","a","a","a","a","a","a","a","a","a","a","a","A","A","A","a","a","a","a","a","a",null,null,null,null,null,null,null,null,null,null,null,null,null,null,null,null,null,null,null,null,null,null,null,null,"Frentes anteriores",null,null,{"$f":"COUNTIF(D567:AC571,\"A\")/BJ565*BK565","v":120}]
[null,0,1,"a","a","a","a","a","a","a","a","a","a","a","a","a","a","a","a","A","A","a","a","a","a","a","a",null,null,null,null,null,null,null,null,null,null,null,null,null,null,null,null,null,null,null,null,null,null,null,null,"Frentes semana actual",null,null,{"$f":"COUNTIF(D567:AC571,\"B\")/BJ565*BK565","v":0}]
[null,0,null,null,null,null,null,null,null,null,null,null,null,null,null,null,null,null,null,null,null,null,null,null,null,null,null,null,null,null,null,null,null,null,null,null,null,null,null,null,null,null,null,null,null,null,null,null,null,null,null,"Saldo",{"$f":"+BB568/BJ565*BK565-BC570-BC571","v":0},"Sem",{"$f":"IF(AZ567=BB568,\"OK\",IF(BC571=0,\"NA\",BA572/BC571))","v":"OK"}]
[null,0]
[]
["OGT",{"$f":"IF((OR($BT$5<$BP$575-5,AND($BC$577=\"OK\",COUNTIF($D$577:$AY$581,\"B\")=0))),0,1)","v":0},"Separador plástico fierro muro",null,null,null,null,null,null,null,null,null,null,null,null,null,null,null,null,null,null,null,null,null,null,null,null,null,null,null,null,null,null,null,null,null,null,null,null,null,null,null,null,null,null,null,null,null,null,null,null,null,null,null,null,"HORMIGÓN","depto",{"$f":"VLOOKUP(C575,'Act. Proyecto'!$I$3:$Q$881,4,FALSE)","v":2},{"$f":"VLOOKUP(C575,'Act. Proyecto'!$I$3:$Q$881,5,FALSE)","v":1510},{"$f":"IFERROR(BF575*BG575,0)","v":3020},{"$f":"VLOOKUP(C575,'Act. Proyecto'!$I$3:$Q$881,7,FALSE)","v":"Frente"},{"$f":"VLOOKUP(C575,'Act. Proyecto'!$I$3:$Q$881,8,FALSE)","v":10},{"$f":"VLOOKUP(C575,'Act. Proyecto'!$I$3:$Q$881,9,FALSE)","v":10},{"$f":"IFERROR(BJ575/BK575,0)","v":1},{"$f":"IFERROR(BL575*BH575,0)","v":3020},{"$f":"$AZ$577*$BH$575","v":362400},{"$f":"IF($BM$575=0,0,$BN$575/$BM$575)","v":120},14,{"$f":"$BP$575+$BO$575-1","v":133},{"$f":"BM575*B575","v":0},{"$f":"BR575*BQ575","v":0}]
[null,{"$f":"$B$575","v":0},null,"F1","F2","F3","F4","F5","F6","F7","F8","F9","F10","F11","F12","F13","F14","F15","F16","F17","F18","F19","F20","F21","F22","F23","F24",null,null,null,null,null,null,null,null,null,null,null,null,null,null,null,null,null,null,null,null,null,null,null,null,"N° Unid Prod","N° Frentes","Pos","%"]
[null,0,5,"a","a","a","a","a","a","a","a","a","a","a","a","A","A","A","A","a","a","a","a","a","a","a","a",null,null,null,null,null,null,null,null,null,null,null,null,null,null,null,null,null,null,null,null,null,null,null,null,{"$f":"COUNTIF(D577:AA581,\"A\")+COUNTIF(D577:AA581,\"B\")","v":120},{"$f":"+AZ577/BJ575*BK575","v":120},{"$f":"+BA577+BO575","v":240},{"$f":"IF(AZ577=BB578,\"OK\",BB577/'Control de Avance'!$BT$3)","v":"OK"}]
[null,0,4,"a","a","a","a","a","a","a","a","a","a","a","a","A","A","A","A","A","a","a","a","a","a","a","a",null,null,null,null,null,null,null,null,null,null,null,null,null,null,null,null,null,null,null,null,null,null,null,null,"N° Total Und Prod:",null,{"$f":"VLOOKUP('Dibujo Edificios'!$A$44,'Otras Tablas'!$G$2:$H$31,2,FALSE)","v":120}]
[null,0,3,"a","a","a","a","a","a","a","a","a","a","a","a","A","A","A","A","A","A","a","a","a","a","a","a",null,null,null,null,null,null,null,null,null,null,null,null,null,null,null,null,null,null,null,null,null,null,null,null,"Proyección avance actual",null,null,{"$f":"IF(AZ577=BB578,\"OK\",IF(BC581=0,\"NA\",(BB578/BJ575*BK575+BQ575)/('Control de Avance'!$BT$3+BC582*5)))","v":"OK"}]
[null,0,2,"a","a","a","a","a","a","a","a","a","a","a","a","a","a","a","a","A","A","a","a","a","a","a","a",null,null,null,null,null,null,null,null,null,null,null,null,null,null,null,null,null,null,null,null,null,null,null,null,"Frentes anteriores",null,null,{"$f":"COUNTIF(D577:AC581,\"A\")/BJ575*BK575","v":120}]
[null,0,1,"a","a","a","a","a","a","a","a","a","a","a","a","a","a","a","a","A","A","a","a","a","a","a","a",null,null,null,null,null,null,null,null,null,null,null,null,null,null,null,null,null,null,null,null,null,null,null,null,"Frentes semana actual",null,null,{"$f":"COUNTIF(D577:AC581,\"B\")/BJ575*BK575","v":0}]
[null,0,null,null,null,null,null,null,null,null,null,null,null,null,null,null,null,null,null,null,null,null,null,null,null,null,null,null,null,null,null,null,null,null,null,null,null,null,null,null,null,null,null,null,null,null,null,null,null,null,null,"Saldo",{"$f":"+BB578/BJ575*BK575-BC580-BC581","v":0},"Sem",{"$f":"IF(AZ577=BB578,\"OK\",IF(BC581=0,\"NA\",BA582/BC581))","v":"OK"}]
[null,0]
[]
["OGT",{"$f":"IF((OR($BT$5<$BP$585-5,AND($BC$587=\"OK\",COUNTIF($D$587:$AY$591,\"B\")=0))),0,1)","v":0},"Op. Grúa Frente Muro hormigondo (Incluye vigas)",null,null,null,null,null,null,null,null,null,null,null,null,null,null,null,null,null,null,null,null,null,null,null,null,null,null,null,null,null,null,null,null,null,null,null,null,null,null,null,null,null,null,null,null,null,null,null,null,null,null,null,null,"GRÚA","depto",{"$f":"VLOOKUP(C585,'Act. Proyecto'!$I$3:$Q$881,4,FALSE)","v":2},{"$f":"VLOOKUP(C585,'Act. Proyecto'!$I$3:$Q$881,5,FALSE)","v":18439.845000000001},{"$f":"IFERROR(BF585*BG585,0)","v":36879.69},{"$f":"VLOOKUP(C585,'Act. Proyecto'!$I$3:$Q$881,7,FALSE)","v":"Frente"},{"$f":"VLOOKUP(C585,'Act. Proyecto'!$I$3:$Q$881,8,FALSE)","v":10},{"$f":"VLOOKUP(C585,'Act. Proyecto'!$I$3:$Q$881,9,FALSE)","v":10},{"$f":"IFERROR(BJ585/BK585,0)","v":1},{"$f":"IFERROR(BL585*BH585,0)","v":36879.69},{"$f":"$AZ$587*$BH$585","v":4425562.8000000007},{"$f":"IF($BM$585=0,0,$BN$585/$BM$585)","v":120.00000000000001},14,{"$f":"$BP$585+$BO$585-1","v":133},{"$f":"BM585*B585","v":0},{"$f":"BR585*BQ585","v":0}]
[null,{"$f":"$B$585","v":0},null,"F1","F2","F3","F4","F5","F6","F7","F8","F9","F10","F11","F12","F13","F14","F15","F16","F17","F18","F19","F20","F21","F22","F23","F24",null,null,null,null,null,null,null,null,null,null,null,null,null,null,null,null,null,null,null,null,null,null,null,null,"N° Unid Prod","N° Frentes","Pos","%"]
[null,0,5,"a","a","a","a","a","a","a","a","a","a","a","a","A","A","A","A","a","a","a","a","a","a","a","a",null,null,null,null,null,null,null,null,null,null,null,null,null,null,null,null,null,null,null,null,null,null,null,null,{"$f":"COUNTIF(D587:AA591,\"A\")+COUNTIF(D587:AA591,\"B\")","v":120},{"$f":"+AZ587/BJ585*BK585","v":120},{"$f":"+BA587+BO585","v":240},{"$f":"IF(AZ587=BB588,\"OK\",BB587/'Control de Avance'!$BT$3)","v":"OK"}]
[null,0,4,"a","a","a","a","a","a","a","a","a","a","a","a","A","A","A","A","A","a","a","a","a","a","a","a",null,null,null,null,null,null,null,null,null,null,null,null,null,null,null,null,null,null,null,null,null,null,null,null,"N° Total Und Prod:",null,{"$f":"VLOOKUP('Dibujo Edificios'!$A$44,'Otras Tablas'!$G$2:$H$31,2,FALSE)","v":120}]
[null,0,3,"a","a","a","a","a","a","A","a","a","a","a","a","A","A","A","A","A","A","a","a","a","a","a","a",null,null,null,null,null,null,null,null,null,null,null,null,null,null,null,null,null,null,null,null,null,null,null,null,"Proyección avance actual",null,null,{"$f":"IF(AZ587=BB588,\"OK\",IF(BC591=0,\"NA\",(BB588/BJ585*BK585+BQ585)/('Control de Avance'!$BT$3+BC592*5)))","v":"OK"}]
[null,0,2,"a","a","a","a","a","a","a","a","a","a","a","a","a","a","a","A","A","A","a","a","a","a","a","a",null,null,null,null,null,null,null,null,null,null,null,null,null,null,null,null,null,null,null,null,null,null,null,null,"Frentes anteriores",null,null,{"$f":"COUNTIF(D587:AC591,\"A\")/BJ585*BK585","v":120}]
[null,0,1,"a","a","a","a","a","a","a","a","a","a","a","a","a","a","a","a","A","A","a","a","a","a","a","a",null,null,null,null,null,null,null,null,null,null,null,null,null,null,null,null,null,null,null,null,null,null,null,null,"Frentes semana actual",null,null,{"$f":"COUNTIF(D587:AC591,\"B\")/BJ585*BK585","v":0}]
[null,0,null,null,null,null,null,null,null,null,null,null,null,null,null,null,null,null,null,null,null,null,null,null,null,null,null,null,null,null,null,null,null,null,null,null,null,null,null,null,null,null,null,null,null,null,null,null,null,null,null,"Saldo",{"$f":"+BB588/BJ585*BK585-BC590-BC591","v":0},"Sem",{"$f":"IF(AZ587=BB588,\"OK\",IF(BC591=0,\"NA\",BA592/BC591))","v":"OK"}]
[null,0]
[]
["OGT",0,"Moldaje muro tipo (incluye pasadas con troncocónicos y calafateo primer piso)",null,null,null,null,null,null,null,null,null,null,null,null,null,null,null,null,null,null,null,null,null,null,null,null,null,null,null,null,null,null,null,null,null,null,null,null,null,null,null,null,null,null,null,null,null,null,null,null,null,null,null,null,"MOLDAJE MURO","m2",{"$f":"VLOOKUP(C595,'Act. Proyecto'!$I$3:$Q$881,4,FALSE)","v":219.77673076923077},{"$f":"VLOOKUP(C595,'Act. Proyecto'!$I$3:$Q$881,5,FALSE)","v":923},{"$f":"IFERROR(BF595*BG595,0)","v":202853.92249999999},{"$f":"VLOOKUP(C595,'Act. Proyecto'!$I$3:$Q$881,7,FALSE)","v":"Frente"},{"$f":"VLOOKUP(C595,'Act. Proyecto'!$I$3:$Q$881,8,FALSE)","v":10},{"$f":"VLOOKUP(C595,'Act. Proyecto'!$I$3:$Q$881,9,FALSE)","v":10},{"$f":"IFERROR(BJ595/BK595,0)","v":1},{"$f":"IFERROR(BL595*BH595,0)","v":202853.92249999999},{"$f":"$AZ$597*$BH$595","v":24342470.699999999},{"$f":"IF($BM$595=0,0,$BN$595/$BM$595)","v":120},15,{"$f":"$BP$595+$BO$595-1","v":134},{"$f":"BM595*B595","v":0},{"$f":"BR595*BQ595","v":0}]
[null,{"$f":"$B$595","v":0},null,"F1","F2","F3","F4","F5","F6","F7","F8","F9","F10","F11","F12","F13","F14","F15","F16","F17","F18","F19","F20","F21","F22","F23","F24",null,null,null,null,null,null,null,null,null,null,null,null,null,null,null,null,null,null,null,null,null,null,null,null,"N° Unid Prod","N° Frentes","Pos","%"]
[null,0,5,"a","a","a","a","a","a","a","a","a","a","a","a","A","A","A","A","a","a","a","a","a","a","a","a",null,null,null,null,null,null,null,null,null,null,null,null,null,null,null,null,null,null,null,null,null,null,null,null,{"$f":"COUNTIF(D597:AA601,\"A\")+COUNTIF(D597:AA601,\"B\")","v":120},{"$f":"+AZ597/BJ595*BK595","v":120},{"$f":"+BA597+BO595","v":240},{"$f":"IF(AZ597=BB598,\"OK\",BB597/'Control de Avance'!$BT$3)","v":"OK"}]
[null,0,4,"a","a","a","a","a","a","a","a","a","a","a","a","A","A","A","A","A","a","a","a","a","a","a","a",null,null,null,null,null,null,null,null,null,null,null,null,null,null,null,null,null,null,null,null,null,null,null,null,"N° Total Und Prod:",null,{"$f":"VLOOKUP('Dibujo Edificios'!$A$44,'Otras Tablas'!$G$2:$H$31,2,FALSE)","v":120}]
[null,0,3,"a","a","a","a","a","a","A","a","a","a","a","A","A","A","A","A","A","A","a","a","a","a","a","a",null,null,null,null,null,null,null,null,null,null,null,null,null,null,null,null,null,null,null,null,null,null,null,null,"Proyección avance actual",null,null,{"$f":"IF(AZ597=BB598,\"OK\",IF(BC601=0,\"NA\",(BB598/BJ595*BK595+BQ595)/('Control de Avance'!$BT$3+BC602*5)))","v":"OK"}]
[null,0,2,"a","a","a","a","a","a","a","a","a","a","a","a","a","a","a","A","A","A","a","a","a","a","a","a",null,null,null,null,null,null,null,null,null,null,null,null,null,null,null,null,null,null,null,null,null,null,null,null,"Frentes anteriores",null,null,{"$f":"COUNTIF(D597:AC601,\"A\")/BJ595*BK595","v":120}]
[null,0,1,"a","a","a","a","A","a","a","a","a","a","a","a","a","a","a","a","A","A","a","a","a","a","a","a",null,null,null,null,null,null,null,null,null,null,null,null,null,null,null,null,null,null,null,null,null,null,null,null,"Frentes semana actual",null,null,{"$f":"COUNTIF(D597:AC601,\"B\")/BJ595*BK595","v":0}]
[null,0,null,null,null,null,null,null,null,null,null,null,null,null,null,null,null,null,null,null,null,null,null,null,null,null,null,null,null,null,null,null,null,null,null,null,null,null,null,null,null,null,null,null,null,null,null,null,null,null,null,"Saldo",{"$f":"+BB598/BJ595*BK595-BC600-BC601","v":0},"Sem",{"$f":"IF(AZ597=BB598,\"OK\",IF(BC601=0,\"NA\",BA602/BC601))","v":"OK"}]
[null,0]
[]
["OGT",0,"Hormigón muro tipo (incluye mantener 100% moldaje limpio)",null,null,null,null,null,null,null,null,null,null,null,null,null,null,null,null,null,null,null,null,null,null,null,null,null,null,null,null,null,null,null,null,null,null,null,null,null,null,null,null,null,null,null,null,null,null,null,null,null,null,null,null,"HORMIGÓN","m3",{"$f":"VLOOKUP(C605,'Act. Proyecto'!$I$3:$Q$881,4,FALSE)","v":15.85375},{"$f":"VLOOKUP(C605,'Act. Proyecto'!$I$3:$Q$881,5,FALSE)","v":5380},{"$f":"IFERROR(BF605*BG605,0)","v":85293.175000000003},{"$f":"VLOOKUP(C605,'Act. Proyecto'!$I$3:$Q$881,7,FALSE)","v":"Frente"},{"$f":"VLOOKUP(C605,'Act. Proyecto'!$I$3:$Q$881,8,FALSE)","v":10},{"$f":"VLOOKUP(C605,'Act. Proyecto'!$I$3:$Q$881,9,FALSE)","v":10},{"$f":"IFERROR(BJ605/BK605,0)","v":1},{"$f":"IFERROR(BL605*BH605,0)","v":85293.175000000003},{"$f":"$AZ$607*$BH$605","v":10235181},{"$f":"IF($BM$605=0,0,$BN$605/$BM$605)","v":120},15,{"$f":"$BP$605+$BO$605-1","v":134},{"$f":"BM605*B605","v":0},{"$f":"BR605*BQ605","v":0}]
[null,{"$f":"$B$605","v":0},null,"F1","F2","F3","F4","F5","F6","F7","F8","F9","F10","F11","F12","F13","F14","F15","F16","F17","F18","F19","F20","F21","F22","F23","F24",null,null,null,null,null,null,null,null,null,null,null,null,null,null,null,null,null,null,null,null,null,null,null,null,"N° Unid Prod","N° Frentes","Pos","%"]
[null,0,5,"a","a","a","a","a","a","a","a","a","a","a","a","A","A","A","A","a","a","a","a","a","a","a","a",null,null,null,null,null,null,null,null,null,null,null,null,null,null,null,null,null,null,null,null,null,null,null,null,{"$f":"COUNTIF(D607:AA611,\"A\")+COUNTIF(D607:AA611,\"B\")","v":120},{"$f":"+AZ607/BJ605*BK605","v":120},{"$f":"+BA607+BO605","v":240},{"$f":"IF(AZ607=BB608,\"OK\",BB607/'Control de Avance'!$BT$3)","v":"OK"}]
[null,0,4,"a","a","a","a","a","a","a","a","a","a","a","a","A","A","A","A","A","a","a","a","a","a","a","a",null,null,null,null,null,null,null,null,null,null,null,null,null,null,null,null,null,null,null,null,null,null,null,null,"N° Total Und Prod:",null,{"$f":"VLOOKUP('Dibujo Edificios'!$A$44,'Otras Tablas'!$G$2:$H$31,2,FALSE)","v":120}]
[null,0,3,"a","a","a","a","a","a","A","a","a","a","a","a","A","A","A","A","A","A","a","a","a","a","a","a",null,null,null,null,null,null,null,null,null,null,null,null,null,null,null,null,null,null,null,null,null,null,null,null,"Proyección avance actual",null,null,{"$f":"IF(AZ607=BB608,\"OK\",IF(BC611=0,\"NA\",(BB608/BJ605*BK605+BQ605)/('Control de Avance'!$BT$3+BC612*5)))","v":"OK"}]
[null,0,2,"a","a","a","a","a","a","a","a","a","a","a","a","a","a","a","A","A","A","a","a","a","a","a","a",null,null,null,null,null,null,null,null,null,null,null,null,null,null,null,null,null,null,null,null,null,null,null,null,"Frentes anteriores",null,null,{"$f":"COUNTIF(D607:AC611,\"A\")/BJ605*BK605","v":120}]
[null,0,1,"a","a","a","A","A","A","a","a","a","a","a","a","a","a","a","a","A","A","a","a","a","a","a","a",null,null,null,null,null,null,null,null,null,null,null,null,null,null,null,null,null,null,null,null,null,null,null,null,"Frentes semana actual",null,null,{"$f":"COUNTIF(D607:AC611,\"B\")/BJ605*BK605","v":0}]
[null,0,null,null,null,null,null,null,null,null,null,null,null,null,null,null,null,null,null,null,null,null,null,null,null,null,null,null,null,null,null,null,null,null,null,null,null,null,null,null,null,null,null,null,null,null,null,null,null,null,null,"Saldo",{"$f":"+BB608/BJ605*BK605-BC610-BC611","v":0},"Sem",{"$f":"IF(AZ607=BB608,\"OK\",IF(BC611=0,\"NA\",BA612/BC611))","v":"OK"}]
[null,0]
[]
["OGT",{"$f":"IF((OR($BT$5<$BP$615-5,AND($BC$617=\"OK\",COUNTIF($D$617:$AY$621,\"B\")=0))),0,1)","v":0},"Descimbre muro tipo y desbaste exterior",null,null,null,null,null,null,null,null,null,null,null,null,null,null,null,null,null,null,null,null,null,null,null,null,null,null,null,null,null,null,null,null,null,null,null,null,null,null,null,null,null,null,null,null,null,null,null,null,null,null,null,null,"MOLDAJE MURO","m2",{"$f":"VLOOKUP(C615,'Act. Proyecto'!$I$3:$Q$881,4,FALSE)","v":219.77673076923077},{"$f":"VLOOKUP(C615,'Act. Proyecto'!$I$3:$Q$881,5,FALSE)","v":370},{"$f":"IFERROR(BF615*BG615,0)","v":81317.390384615384},{"$f":"VLOOKUP(C615,'Act. Proyecto'!$I$3:$Q$881,7,FALSE)","v":"Frente"},{"$f":"VLOOKUP(C615,'Act. Proyecto'!$I$3:$Q$881,8,FALSE)","v":10},{"$f":"VLOOKUP(C615,'Act. Proyecto'!$I$3:$Q$881,9,FALSE)","v":10},{"$f":"IFERROR(BJ615/BK615,0)","v":1},{"$f":"IFERROR(BL615*BH615,0)","v":81317.390384615384},{"$f":"$AZ$617*$BH$615","v":9758086.846153846},{"$f":"IF($BM$615=0,0,$BN$615/$BM$615)","v":120},16,{"$f":"$BP$615+$BO$615-1","v":135},{"$f":"BM615*B615","v":0},{"$f":"BR615*BQ615","v":0}]
[null,{"$f":"$B$615","v":0},null,"F1","F2","F3","F4","F5","F6","F7","F8","F9","F10","F11","F12","F13","F14","F15","F16","F17","F18","F19","F20","F21","F22","F23","F24",null,null,null,null,null,null,null,null,null,null,null,null,null,null,null,null,null,null,null,null,null,null,null,null,"N° Unid Prod","N° Frentes","Pos","%"]
[null,0,5,"a","A","a","a","a","a","a","a","a","a","a","a","A","A","A","A","a","a","a","a","a","a","a","a",null,null,null,null,null,null,null,null,null,null,null,null,null,null,null,null,null,null,null,null,null,null,null,null,{"$f":"COUNTIF(D617:AA621,\"A\")+COUNTIF(D617:AA621,\"B\")","v":120},{"$f":"+AZ617/BJ615*BK615","v":120},{"$f":"+BA617+BO615","v":240},{"$f":"IF(AZ617=BB618,\"OK\",BB617/'Control de Avance'!$BT$3)","v":"OK"}]
[null,0,4,"a","a","a","a","a","a","a","a","a","a","a","a","A","A","A","A","A","a","a","a","a","a","a","a",null,null,null,null,null,null,null,null,null,null,null,null,null,null,null,null,null,null,null,null,null,null,null,null,"N° Total Und Prod:",null,{"$f":"VLOOKUP('Dibujo Edificios'!$A$44,'Otras Tablas'!$G$2:$H$31,2,FALSE)","v":120}]
[null,0,3,"a","a","a","a","a","a","a","a","a","a","a","a","A","A","A","A","A","A","a","a","a","a","a","a",null,null,null,null,null,null,null,null,null,null,null,null,null,null,null,null,null,null,null,null,null,null,null,null,"Proyección avance actual",null,null,{"$f":"IF(AZ617=BB618,\"OK\",IF(BC621=0,\"NA\",(BB618/BJ615*BK615+BQ615)/('Control de Avance'!$BT$3+BC622*5)))","v":"OK"}]
[null,0,2,"a","a","a","a","a","a","a","a","a","a","a","a","A","a","A","A","A","A","a","a","a","a","a","a",null,null,null,null,null,null,null,null,null,null,null,null,null,null,null,null,null,null,null,null,null,null,null,null,"Frentes anteriores",null,null,{"$f":"COUNTIF(D617:AC621,\"A\")/BJ615*BK615","v":120}]
[null,0,1,"a","a","a","a","a","a","a","a","a","a","a","a","a","a","a","a","A","A","a","a","a","a","a","a",null,null,null,null,null,null,null,null,null,null,null,null,null,null,null,null,null,null,null,null,null,null,null,null,"Frentes semana actual",null,null,{"$f":"COUNTIF(D617:AC621,\"B\")/BJ615*BK615","v":0}]
[null,0,null,null,null,null,null,null,null,null,null,null,null,null,null,null,null,null,null,null,null,null,null,null,null,null,null,null,null,null,null,null,null,null,null,null,null,null,null,null,null,null,null,null,null,null,null,null,null,null,null,"Saldo",{"$f":"+BB618/BJ615*BK615-BC620-BC621","v":0},"Sem",{"$f":"IF(AZ617=BB618,\"OK\",IF(BC621=0,\"NA\",BA622/BC621))","v":"OK"}]
[null,0]
[]
["OGT",0,"Despejar cajas en muro",null,null,null,null,null,null,null,null,null,null,null,null,null,null,null,null,null,null,null,null,null,null,null,null,null,null,null,null,null,null,null,null,null,null,null,null,null,null,null,null,null,null,null,null,null,null,null,null,null,null,null,null,"ELÉCTRICO OG","centro",{"$f":"VLOOKUP(C625,'Act. Proyecto'!$I$3:$Q$881,4,FALSE)","v":35.25},{"$f":"VLOOKUP(C625,'Act. Proyecto'!$I$3:$Q$881,5,FALSE)","v":179},{"$f":"IFERROR(BF625*BG625,0)","v":6309.75},{"$f":"VLOOKUP(C625,'Act. Proyecto'!$I$3:$Q$881,7,FALSE)","v":"Frente"},{"$f":"VLOOKUP(C625,'Act. Proyecto'!$I$3:$Q$881,8,FALSE)","v":10},{"$f":"VLOOKUP(C625,'Act. Proyecto'!$I$3:$Q$881,9,FALSE)","v":10},{"$f":"IFERROR(BJ625/BK625,0)","v":1},{"$f":"IFERROR(BL625*BH625,0)","v":6309.75},{"$f":"$AZ$627*$BH$625","v":744550.5},{"$f":"IF($BM$625=0,0,$BN$625/$BM$625)","v":118},17,{"$f":"$BP$625+$BO$625-1","v":134},{"$f":"BM625*B625","v":0},{"$f":"BR625*BQ625","v":0}]
[null,{"$f":"$B$625","v":0},null,"F1","F2","F3","F4","F5","F6","F7","F8","F9","F10","F11","F12","F13","F14","F15","F16","F17","F18","F19","F20","F21","F22","F23","F24",null,null,null,null,null,null,null,null,null,null,null,null,null,null,null,null,null,null,null,null,null,null,null,null,"N° Unid Prod","N° Frentes","Pos","%"]
[null,0,5,"a","a","a","a","a","a","A","A","a","A","a","a","a","a","a","a","a","a","A","A","A","A","L","L",null,null,null,null,null,null,null,null,null,null,null,null,null,null,null,null,null,null,null,null,null,null,null,null,{"$f":"COUNTIF(D627:AA631,\"A\")+COUNTIF(D627:AA631,\"B\")","v":118},{"$f":"+AZ627/BJ625*BK625","v":118},{"$f":"+BA627+BO625","v":236},{"$f":"IF(AZ627=BB628,\"OK\",BB627/'Control de Avance'!$BT$3)","v":1.048888888888889}]
[null,0,4,"a","a","a","a","a","a","a","a","a","a","a","a","a","a","a","a","a","a","a","a","A","A","A","A",null,null,null,null,null,null,null,null,null,null,null,null,null,null,null,null,null,null,null,null,null,null,null,null,"N° Total Und Prod:",null,{"$f":"VLOOKUP('Dibujo Edificios'!$A$44,'Otras Tablas'!$G$2:$H$31,2,FALSE)","v":120}]
[null,0,3,"a","a","a","a","a","a","a","a","a","a","A","A","a","a","a","a","a","a","a","a","a","a","a","a",null,null,null,null,null,null,null,null,null,null,null,null,null,null,null,null,null,null,null,null,null,null,null,null,"Proyección avance actual",null,null,{"$f":"IF(AZ627=BB628,\"OK\",IF(BC631=0,\"NA\",(BB628/BJ625*BK625+BQ625)/('Control de Avance'!$BT$3+BC632*5)))","v":"NA"}]
[null,0,2,"a","a","a","a","a","a","a","a","a","a","a","a","A","A","A","A","a","a","a","a","a","a","a","a",null,null,null,null,null,null,null,null,null,null,null,null,null,null,null,null,null,null,null,null,null,null,null,null,"Frentes anteriores",null,null,{"$f":"COUNTIF(D627:AC631,\"A\")/BJ625*BK625","v":118}]
[null,0,1,"A","A","A","A","a","a","a","a","a","a","a","a","A","A","A","A","A","A","a","a","a","a","a","a",null,null,null,null,null,null,null,null,null,null,null,null,null,null,null,null,null,null,null,null,null,null,null,null,"Frentes semana actual",null,null,{"$f":"COUNTIF(D627:AC631,\"B\")/BJ625*BK625","v":0}]
[null,0,null,null,null,null,null,null,null,null,null,null,null,null,null,null,null,null,null,null,null,null,null,null,null,null,null,null,null,null,null,null,null,null,null,null,null,null,null,null,null,null,null,null,null,null,null,null,null,null,null,"Saldo",{"$f":"+BB628/BJ625*BK625-BC630-BC631","v":2},"Sem",{"$f":"IF(AZ627=BB628,\"OK\",IF(BC631=0,\"NA\",BA632/BC631))","v":"NA"}]
[null,0]
[]
["OGT",{"$f":"IF((OR($BT$5<$BP$635-5,AND($BC$637=\"OK\",COUNTIF($D$637:$AY$641,\"B\")=0))),0,1)","v":0},"Niveles de losa",null,null,null,null,null,null,null,null,null,null,null,null,null,null,null,null,null,null,null,null,null,null,null,null,null,null,null,null,null,null,null,null,null,null,null,null,null,null,null,null,null,null,null,null,null,null,null,null,null,null,null,null,"TRAZO","depto",{"$f":"VLOOKUP(C635,'Act. Proyecto'!$I$3:$Q$881,4,FALSE)","v":2},{"$f":"VLOOKUP(C635,'Act. Proyecto'!$I$3:$Q$881,5,FALSE)","v":0},{"$f":"IFERROR(BF635*BG635,0)","v":0},{"$f":"VLOOKUP(C635,'Act. Proyecto'!$I$3:$Q$881,7,FALSE)","v":"Frente"},{"$f":"VLOOKUP(C635,'Act. Proyecto'!$I$3:$Q$881,8,FALSE)","v":10},{"$f":"VLOOKUP(C635,'Act. Proyecto'!$I$3:$Q$881,9,FALSE)","v":10},{"$f":"IFERROR(BJ635/BK635,0)","v":1},{"$f":"IFERROR(BL635*BH635,0)","v":0},{"$f":"$AZ$637*$BH$635","v":0},{"$f":"IF($BM$635=0,0,$BN$635/$BM$635)","v":0},17,{"$f":"$BP$635+$BO$635-1","v":16},{"$f":"BM635*B635","v":0},{"$f":"BR635*BQ635","v":0}]
[null,{"$f":"$B$635","v":0},null,"F1","F2","F3","F4","F5","F6","F7","F8","F9","F10","F11","F12","F13","F14","F15","F16","F17","F18","F19","F20","F21","F22","F23","F24",null,null,null,null,null,null,null,null,null,null,null,null,null,null,null,null,null,null,null,null,null,null,null,null,"N° Unid Prod","N° Frentes","Pos","%"]
[null,0,5,"a","a","a","a","a","a","a","a","a","a","a","a","A","A","A","A","a","a","a","a","a","a","a","a",null,null,null,null,null,null,null,null,null,null,null,null,null,null,null,null,null,null,null,null,null,null,null,null,{"$f":"COUNTIF(D637:AA641,\"A\")+COUNTIF(D637:AA641,\"B\")","v":120},{"$f":"+AZ637/BJ635*BK635","v":120},{"$f":"+BA637+BO635","v":120},{"$f":"IF(AZ637=BB638,\"OK\",BB637/'Control de Avance'!$BT$3)","v":"OK"}]
[null,0,4,"a","a","a","a","a","a","a","a","a","a","a","a","A","A","A","A","a","a","a","a","a","a","a","a",null,null,null,null,null,null,null,null,null,null,null,null,null,null,null,null,null,null,null,null,null,null,null,null,"N° Total Und Prod:",null,{"$f":"VLOOKUP('Dibujo Edificios'!$A$44,'Otras Tablas'!$G$2:$H$31,2,FALSE)","v":120}]
[null,0,3,"a","a","a","a","a","a","a","a","a","a","a","a","A","A","A","A","A","a","a","a","a","a","a","a",null,null,null,null,null,null,null,null,null,null,null,null,null,null,null,null,null,null,null,null,null,null,null,null,"Proyección avance actual",null,null,{"$f":"IF(AZ637=BB638,\"OK\",IF(BC641=0,\"NA\",(BB638/BJ635*BK635+BQ635)/('Control de Avance'!$BT$3+BC642*5)))","v":"OK"}]
[null,0,2,"a","a","a","a","a","a","a","a","a","a","a","a","a","a","A","A","A","A","a","a","a","a","a","a",null,null,null,null,null,null,null,null,null,null,null,null,null,null,null,null,null,null,null,null,null,null,null,null,"Frentes anteriores",null,null,{"$f":"COUNTIF(D637:AC641,\"A\")/BJ635*BK635","v":120}]
[null,0,1,"a","a","a","a","A","a","a","a","a","a","a","a","a","a","a","A","A","A","a","a","a","a","a","a",null,null,null,null,null,null,null,null,null,null,null,null,null,null,null,null,null,null,null,null,null,null,null,null,"Frentes semana actual",null,null,{"$f":"COUNTIF(D637:AC641,\"B\")/BJ635*BK635","v":0}]
[null,0,null,null,null,null,null,null,null,null,null,null,null,null,null,null,null,null,null,null,null,null,null,null,null,null,null,null,null,null,null,null,null,null,null,null,null,null,null,null,null,null,null,null,null,null,null,null,null,null,null,"Saldo",{"$f":"+BB638/BJ635*BK635-BC640-BC641","v":0},"Sem",{"$f":"IF(AZ637=BB638,\"OK\",IF(BC641=0,\"NA\",BA642/BC641))","v":"OK"}]
[null,0]
[]
["OGT",{"$f":"IF((OR($BT$5<$BP$645-5,AND($BC$647=\"OK\",COUNTIF($D$647:$AY$651,\"B\")=0))),0,1)","v":0},"Moldaje losa",null,null,null,null,null,null,null,null,null,null,null,null,null,null,null,null,null,null,null,null,null,null,null,null,null,null,null,null,null,null,null,null,null,null,null,null,null,null,null,null,null,null,null,null,null,null,null,null,null,null,null,null,"MOLDAJE LOSA","m2",{"$f":"VLOOKUP(C645,'Act. Proyecto'!$I$3:$Q$881,4,FALSE)","v":113.62475000000001},{"$f":"VLOOKUP(C645,'Act. Proyecto'!$I$3:$Q$881,5,FALSE)","v":1120},{"$f":"IFERROR(BF645*BG645,0)","v":127259.72},{"$f":"VLOOKUP(C645,'Act. Proyecto'!$I$3:$Q$881,7,FALSE)","v":"Frente"},{"$f":"VLOOKUP(C645,'Act. Proyecto'!$I$3:$Q$881,8,FALSE)","v":10},{"$f":"VLOOKUP(C645,'Act. Proyecto'!$I$3:$Q$881,9,FALSE)","v":10},{"$f":"IFERROR(BJ645/BK645,0)","v":1},{"$f":"IFERROR(BL645*BH645,0)","v":127259.72},{"$f":"$AZ$647*$BH$645","v":15271166.4},{"$f":"IF($BM$645=0,0,$BN$645/$BM$645)","v":120},17,{"$f":"$BP$645+$BO$645-1","v":136},{"$f":"BM645*B645","v":0},{"$f":"BR645*BQ645","v":0}]
[null,{"$f":"$B$645","v":0},null,"F1","F2","F3","F4","F5","F6","F7","F8","F9","F10","F11","F12","F13","F14","F15","F16","F17","F18","F19","F20","F21","F22","F23","F24",null,null,null,null,null,null,null,null,null,null,null,null,null,null,null,null,null,null,null,null,null,null,null,null,"N° Unid Prod","N° Frentes","Pos","%"]
[null,0,5,"a","a","a","a","a","a","a","a","a","a","a","a","A","A","a","a","a","a","a","a","a","a","a","a",null,null,null,null,null,null,null,null,null,null,null,null,null,null,null,null,null,null,null,null,null,null,null,null,{"$f":"COUNTIF(D647:AA651,\"A\")+COUNTIF(D647:AA651,\"B\")","v":120},{"$f":"+AZ647/BJ645*BK645","v":120},{"$f":"+BA647+BO645","v":240},{"$f":"IF(AZ647=BB648,\"OK\",BB647/'Control de Avance'!$BT$3)","v":"OK"}]
[null,0,4,"a","a","a","a","a","a","a","a","a","a","a","a","A","A","A","a","a","a","a","a","a","a","a","a",null,null,null,null,null,null,null,null,null,null,null,null,null,null,null,null,null,null,null,null,null,null,null,null,"N° Total Und Prod:",null,{"$f":"VLOOKUP('Dibujo Edificios'!$A$44,'Otras Tablas'!$G$2:$H$31,2,FALSE)","v":120}]
[null,0,3,"a","a","a","a","a","a","a","a","a","a","a","a","A","A","A","A","A","A","a","a","a","a","a","a",null,null,null,null,null,null,null,null,null,null,null,null,null,null,null,null,null,null,null,null,null,null,null,null,"Proyección avance actual",null,null,{"$f":"IF(AZ647=BB648,\"OK\",IF(BC651=0,\"NA\",(BB648/BJ645*BK645+BQ645)/('Control de Avance'!$BT$3+BC652*5)))","v":"OK"}]
[null,0,2,"a","a","a","a","a","a","a","a","a","a","a","a","a","a","A","A","A","A","a","a","a","a","a","a",null,null,null,null,null,null,null,null,null,null,null,null,null,null,null,null,null,null,null,null,null,null,null,null,"Frentes anteriores",null,null,{"$f":"COUNTIF(D647:AC651,\"A\")/BJ645*BK645","v":120}]
[null,0,1,"a","a","a","a","A","a","a","a","a","a","a","a","a","a","a","a","A","A","a","a","a","a","a","a",null,null,null,null,null,null,null,null,null,null,null,null,null,null,null,null,null,null,null,null,null,null,null,null,"Frentes semana actual",null,null,{"$f":"COUNTIF(D647:AC651,\"B\")/BJ645*BK645","v":0}]
[null,0,null,null,null,null,null,null,null,null,null,null,null,null,null,null,null,null,null,null,null,null,null,null,null,null,null,null,null,null,null,null,null,null,null,null,null,null,null,null,null,null,null,null,null,null,null,null,null,null,null,"Saldo",{"$f":"+BB648/BJ645*BK645-BC650-BC651","v":0},"Sem",{"$f":"IF(AZ647=BB648,\"OK\",IF(BC651=0,\"NA\",BA652/BC651))","v":"OK"}]
[null,0]
[]
["OGT",{"$f":"IF((OR($BT$5<$BP$655-5,AND($BC$657=\"OK\",COUNTIF($D$657:$AY$661,\"B\")=0))),0,1)","v":0},"Trazo losa",null,null,null,null,null,null,null,null,null,null,null,null,null,null,null,null,null,null,null,null,null,null,null,null,null,null,null,null,null,null,null,null,null,null,null,null,null,null,null,null,null,null,null,null,null,null,null,null,null,null,null,null,"TRAZO","Frente",{"$f":"VLOOKUP(C655,'Act. Proyecto'!$I$3:$Q$881,4,FALSE)","v":2},{"$f":"VLOOKUP(C655,'Act. Proyecto'!$I$3:$Q$881,5,FALSE)","v":0},{"$f":"IFERROR(BF655*BG655,0)","v":0},{"$f":"VLOOKUP(C655,'Act. Proyecto'!$I$3:$Q$881,7,FALSE)","v":"Frente"},{"$f":"VLOOKUP(C655,'Act. Proyecto'!$I$3:$Q$881,8,FALSE)","v":10},{"$f":"VLOOKUP(C655,'Act. Proyecto'!$I$3:$Q$881,9,FALSE)","v":10},{"$f":"IFERROR(BJ655/BK655,0)","v":1},{"$f":"IFERROR(BL655*BH655,0)","v":0},{"$f":"$AZ$657*$BH$655","v":0},{"$f":"IF($BM$655=0,0,$BN$655/$BM$655)","v":0},17,{"$f":"$BP$655+$BO$655-1","v":16},{"$f":"BM655*B655","v":0},{"$f":"BR655*BQ655","v":0}]
[null,{"$f":"$B$655","v":0},null,"F1","F2","F3","F4","F5","F6","F7","F8","F9","F10","F11","F12","F13","F14","F15","F16","F17","F18","F19","F20","F21","F22","F23","F24",null,null,null,null,null,null,null,null,null,null,null,null,null,null,null,null,null,null,null,null,null,null,null,null,"N° Unid Prod","N° Frentes","Pos","%"]
[null,0,5,"a","a","a","a","a","a","a","a","a","a","a","a","A","A","a","a","a","a","a","a","a","a","a","a",null,null,null,null,null,null,null,null,null,null,null,null,null,null,null,null,null,null,null,null,null,null,null,null,{"$f":"COUNTIF(D657:AA661,\"A\")+COUNTIF(D657:AA661,\"B\")","v":120},{"$f":"+AZ657/BJ655*BK655","v":120},{"$f":"+BA657+BO655","v":120},{"$f":"IF(AZ657=BB658,\"OK\",BB657/'Control de Avance'!$BT$3)","v":"OK"}]
[null,0,4,"a","a","a","a","a","a","a","a","a","a","a","a","A","A","A","A","A","A","a","a","a","a","a","a",null,null,null,null,null,null,null,null,null,null,null,null,null,null,null,null,null,null,null,null,null,null,null,null,"N° Total Und Prod:",null,{"$f":"VLOOKUP('Dibujo Edificios'!$A$44,'Otras Tablas'!$G$2:$H$31,2,FALSE)","v":120}]
[null,0,3,"a","a","a","a","a","a","a","a","a","a","a","a","A","A","A","A","A","A","a","a","a","a","a","a",null,null,null,null,null,null,null,null,null,null,null,null,null,null,null,null,null,null,null,null,null,null,null,null,"Proyección avance actual",null,null,{"$f":"IF(AZ657=BB658,\"OK\",IF(BC661=0,\"NA\",(BB658/BJ655*BK655+BQ655)/('Control de Avance'!$BT$3+BC662*5)))","v":"OK"}]
[null,0,2,"a","a","a","a","a","a","a","a","a","a","a","a","A","A","A","A","A","A","a","a","a","a","a","a",null,null,null,null,null,null,null,null,null,null,null,null,null,null,null,null,null,null,null,null,null,null,null,null,"Frentes anteriores",null,null,{"$f":"COUNTIF(D657:AC661,\"A\")/BJ655*BK655","v":120}]
[null,0,1,"a","a","a","a","A","a","a","a","a","a","a","a","a","a","a","a","A","A","a","a","a","a","a","a",null,null,null,null,null,null,null,null,null,null,null,null,null,null,null,null,null,null,null,null,null,null,null,null,"Frentes semana actual",null,null,{"$f":"COUNTIF(D657:AC661,\"B\")/BJ655*BK655","v":0}]
[null,0,null,null,null,null,null,null,null,null,null,null,null,null,null,null,null,null,null,null,null,null,null,null,null,null,null,null,null,null,null,null,null,null,null,null,null,null,null,null,null,null,null,null,null,null,null,null,null,null,null,"Saldo",{"$f":"+BB658/BJ655*BK655-BC660-BC661","v":0},"Sem",{"$f":"IF(AZ657=BB658,\"OK\",IF(BC661=0,\"NA\",BA662/BC661))","v":"OK"}]
[null,0]
[]
["OGT",{"$f":"IF((OR($BT$5<$BP$665-5,AND($BC$667=\"OK\",COUNTIF($D$667:$AY$671,\"B\")=0))),0,1)","v":0},"Tratamiento en muro para recibir losa",null,null,null,null,null,null,null,null,null,null,null,null,null,null,null,null,null,null,null,null,null,null,null,null,null,null,null,null,null,null,null,null,null,null,null,null,null,null,null,null,null,null,null,null,null,null,null,null,null,null,null,null,"HORMIGÓN","ml",{"$f":"VLOOKUP(C665,'Act. Proyecto'!$I$3:$Q$881,4,FALSE)","v":10.345833333333333},{"$f":"VLOOKUP(C665,'Act. Proyecto'!$I$3:$Q$881,5,FALSE)","v":208.8},{"$f":"IFERROR(BF665*BG665,0)","v":2160.21},{"$f":"VLOOKUP(C665,'Act. Proyecto'!$I$3:$Q$881,7,FALSE)","v":"Frente"},{"$f":"VLOOKUP(C665,'Act. Proyecto'!$I$3:$Q$881,8,FALSE)","v":10},{"$f":"VLOOKUP(C665,'Act. Proyecto'!$I$3:$Q$881,9,FALSE)","v":10},{"$f":"IFERROR(BJ665/BK665,0)","v":1},{"$f":"IFERROR(BL665*BH665,0)","v":2160.21},{"$f":"$AZ$667*$BH$665","v":259225.2},{"$f":"IF($BM$665=0,0,$BN$665/$BM$665)","v":120},18,{"$f":"$BP$665+$BO$665-1","v":137},{"$f":"BM665*B665","v":0},{"$f":"BR665*BQ665","v":0}]
[null,{"$f":"$B$665","v":0},null,"F1","F2","F3","F4","F5","F6","F7","F8","F9","F10","F11","F12","F13","F14","F15","F16","F17","F18","F19","F20","F21","F22","F23","F24",null,null,null,null,null,null,null,null,null,null,null,null,null,null,null,null,null,null,null,null,null,null,null,null,"N° Unid Prod","N° Frentes","Pos","%"]
[null,0,5,"a","a","a","a","a","a","a","a","a","a","a","a","A","A","a","A","a","a","a","a","a","a","a","a",null,null,null,null,null,null,null,null,null,null,null,null,null,null,null,null,null,null,null,null,null,null,null,null,{"$f":"COUNTIF(D667:AA671,\"A\")+COUNTIF(D667:AA671,\"B\")","v":120},{"$f":"+AZ667/BJ665*BK665","v":120},{"$f":"+BA667+BO665","v":240},{"$f":"IF(AZ667=BB668,\"OK\",BB667/'Control de Avance'!$BT$3)","v":"OK"}]
[null,0,4,"a","a","a","a","a","a","a","a","a","a","a","a","A","A","A","A","A","a","a","a","a","a","a","a",null,null,null,null,null,null,null,null,null,null,null,null,null,null,null,null,null,null,null,null,null,null,null,null,"N° Total Und Prod:",null,{"$f":"VLOOKUP('Dibujo Edificios'!$A$44,'Otras Tablas'!$G$2:$H$31,2,FALSE)","v":120}]
[null,0,3,"a","a","a","a","a","a","a","a","a","a","a","a","A","A","A","A","A","A","a","a","a","a","a","a",null,null,null,null,null,null,null,null,null,null,null,null,null,null,null,null,null,null,null,null,null,null,null,null,"Proyección avance actual",null,null,{"$f":"IF(AZ667=BB668,\"OK\",IF(BC671=0,\"NA\",(BB668/BJ665*BK665+BQ665)/('Control de Avance'!$BT$3+BC672*5)))","v":"OK"}]
[null,0,2,"a","a","a","a","A","a","a","a","a","a","a","a","a","a","A","A","A","A","a","a","a","a","a","a",null,null,null,null,null,null,null,null,null,null,null,null,null,null,null,null,null,null,null,null,null,null,null,null,"Frentes anteriores",null,null,{"$f":"COUNTIF(D667:AC671,\"A\")/BJ665*BK665","v":120}]
[null,0,1,"a","a","a","a","A","a","a","a","a","a","a","a","a","a","a","a","A","A","a","a","a","a","a","a",null,null,null,null,null,null,null,null,null,null,null,null,null,null,null,null,null,null,null,null,null,null,null,null,"Frentes semana actual",null,null,{"$f":"COUNTIF(D667:AC671,\"B\")/BJ665*BK665","v":0}]
[null,0,null,null,null,null,null,null,null,null,null,null,null,null,null,null,null,null,null,null,null,null,null,null,null,null,null,null,null,null,null,null,null,null,null,null,null,null,null,null,null,null,null,null,null,null,null,null,null,null,null,"Saldo",{"$f":"+BB668/BJ665*BK665-BC670-BC671","v":0},"Sem",{"$f":"IF(AZ667=BB668,\"OK\",IF(BC671=0,\"NA\",BA672/BC671))","v":"OK"}]
[null,0]
[]
["OGT",{"$f":"IF((OR($BT$5<$BP$675-5,AND($BC$677=\"OK\",COUNTIF($D$677:$AY$681,\"B\")=0))),0,1)","v":0},"Descarga y conteo fierro losa",null,null,null,null,null,null,null,null,null,null,null,null,null,null,null,null,null,null,null,null,null,null,null,null,null,null,null,null,null,null,null,null,null,null,null,null,null,null,null,null,null,null,null,null,null,null,null,null,null,null,null,null,"ENFIERRADOR","kg",{"$f":"VLOOKUP(C675,'Act. Proyecto'!$I$3:$Q$881,4,FALSE)","v":975.07834328326157},{"$f":"VLOOKUP(C675,'Act. Proyecto'!$I$3:$Q$881,5,FALSE)","v":3},{"$f":"IFERROR(BF675*BG675,0)","v":2925.235029849785},{"$f":"VLOOKUP(C675,'Act. Proyecto'!$I$3:$Q$881,7,FALSE)","v":"Frente"},{"$f":"VLOOKUP(C675,'Act. Proyecto'!$I$3:$Q$881,8,FALSE)","v":10},{"$f":"VLOOKUP(C675,'Act. Proyecto'!$I$3:$Q$881,9,FALSE)","v":10},{"$f":"IFERROR(BJ675/BK675,0)","v":1},{"$f":"IFERROR(BL675*BH675,0)","v":2925.235029849785},{"$f":"$AZ$677*$BH$675","v":351028.2035819742},{"$f":"IF($BM$675=0,0,$BN$675/$BM$675)","v":120},12,{"$f":"$BP$675+$BO$675-1","v":131},{"$f":"BM675*B675","v":0},{"$f":"BR675*BQ675","v":0}]
[null,{"$f":"$B$675","v":0},null,"F1","F2","F3","F4","F5","F6","F7","F8","F9","F10","F11","F12","F13","F14","F15","F16","F17","F18","F19","F20","F21","F22","F23","F24",null,null,null,null,null,null,null,null,null,null,null,null,null,null,null,null,null,null,null,null,null,null,null,null,"N° Unid Prod","N° Frentes","Pos","%"]
[null,0,5,"A","A","A","A","A","A","a","a","a","a","a","a","A","A","A","A","A","A","a","a","a","a","a","a",null,null,null,null,null,null,null,null,null,null,null,null,null,null,null,null,null,null,null,null,null,null,null,null,{"$f":"COUNTIF(D677:AA681,\"A\")+COUNTIF(D677:AA681,\"B\")","v":120},{"$f":"+AZ677/BJ675*BK675","v":120},{"$f":"+BA677+BO675","v":240},{"$f":"IF(AZ677=BB678,\"OK\",BB677/'Control de Avance'!$BT$3)","v":"OK"}]
[null,0,4,"a","A","A","A","A","A","a","a","a","a","a","a","a","a","a","a","A","A","a","a","a","a","a","a",null,null,null,null,null,null,null,null,null,null,null,null,null,null,null,null,null,null,null,null,null,null,null,null,"N° Total Und Prod:",null,{"$f":"VLOOKUP('Dibujo Edificios'!$A$44,'Otras Tablas'!$G$2:$H$31,2,FALSE)","v":120}]
[null,0,3,"a","a","a","a","a","a","a","a","a","a","a","a","A","A","A","A","A","A","a","a","a","a","a","a",null,null,null,null,null,null,null,null,null,null,null,null,null,null,null,null,null,null,null,null,null,null,null,null,"Proyección avance actual",null,null,{"$f":"IF(AZ677=BB678,\"OK\",IF(BC681=0,\"NA\",(BB678/BJ675*BK675+BQ675)/('Control de Avance'!$BT$3+BC682*5)))","v":"OK"}]
[null,0,2,"a","a","a","a","a","a","a","a","a","a","a","a","A","A","A","A","a","a","a","a","a","a","a","a",null,null,null,null,null,null,null,null,null,null,null,null,null,null,null,null,null,null,null,null,null,null,null,null,"Frentes anteriores",null,null,{"$f":"COUNTIF(D677:AC681,\"A\")/BJ675*BK675","v":120}]
[null,0,1,"a","a","a","a","a","a","a","a","a","a","a","a","a","A","a","a","a","a","a","a","a","a","a","a",null,null,null,null,null,null,null,null,null,null,null,null,null,null,null,null,null,null,null,null,null,null,null,null,"Frentes semana actual",null,null,{"$f":"COUNTIF(D677:AC681,\"B\")/BJ675*BK675","v":0}]
[null,0,null,null,null,null,null,null,null,null,null,null,null,null,null,null,null,null,null,null,null,null,null,null,null,null,null,null,null,null,null,null,null,null,null,null,null,null,null,null,null,null,null,null,null,null,null,null,null,null,null,"Saldo",{"$f":"+BB678/BJ675*BK675-BC680-BC681","v":0},"Sem",{"$f":"IF(AZ677=BB678,\"OK\",IF(BC681=0,\"NA\",BA682/BC681))","v":"OK"}]
[null,0]
[]
["OGT",{"$f":"IF((OR($BT$5<$BP$685-5,AND($BC$687=\"OK\",COUNTIF($D$687:$AY$691,\"B\")=0))),0,1)","v":0},"Separar fierro losa ",null,null,null,null,null,null,null,null,null,null,null,null,null,null,null,null,null,null,null,null,null,null,null,null,null,null,null,null,null,null,null,null,null,null,null,null,null,null,null,null,null,null,null,null,null,null,null,null,null,null,null,null,"ENFIERRADOR","kg",{"$f":"VLOOKUP(C685,'Act. Proyecto'!$I$3:$Q$881,4,FALSE)","v":975.07834328326157},{"$f":"VLOOKUP(C685,'Act. Proyecto'!$I$3:$Q$881,5,FALSE)","v":10},{"$f":"IFERROR(BF685*BG685,0)","v":9750.7834328326153},{"$f":"VLOOKUP(C685,'Act. Proyecto'!$I$3:$Q$881,7,FALSE)","v":"Frente"},{"$f":"VLOOKUP(C685,'Act. Proyecto'!$I$3:$Q$881,8,FALSE)","v":10},{"$f":"VLOOKUP(C685,'Act. Proyecto'!$I$3:$Q$881,9,FALSE)","v":10},{"$f":"IFERROR(BJ685/BK685,0)","v":1},{"$f":"IFERROR(BL685*BH685,0)","v":9750.7834328326153},{"$f":"$AZ$687*$BH$685","v":1170094.0119399137},{"$f":"IF($BM$685=0,0,$BN$685/$BM$685)","v":119.99999999999999},17,{"$f":"$BP$685+$BO$685-1","v":136},{"$f":"BM685*B685","v":0},{"$f":"BR685*BQ685","v":0}]
[null,{"$f":"$B$685","v":0},null,"F1","F2","F3","F4","F5","F6","F7","F8","F9","F10","F11","F12","F13","F14","F15","F16","F17","F18","F19","F20","F21","F22","F23","F24",null,null,null,null,null,null,null,null,null,null,null,null,null,null,null,null,null,null,null,null,null,null,null,null,"N° Unid Prod","N° Frentes","Pos","%"]
[null,0,5,"A","a","a","A","A","a","a","a","a","a","a","a","A","A","A","a","a","a","a","a","a","a","a","a",null,null,null,null,null,null,null,null,null,null,null,null,null,null,null,null,null,null,null,null,null,null,null,null,{"$f":"COUNTIF(D687:AA691,\"A\")+COUNTIF(D687:AA691,\"B\")","v":120},{"$f":"+AZ687/BJ685*BK685","v":120},{"$f":"+BA687+BO685","v":240},{"$f":"IF(AZ687=BB688,\"OK\",BB687/'Control de Avance'!$BT$3)","v":"OK"}]
[null,0,4,"a","a","a","a","a","a","a","a","a","a","a","a","A","A","A","A","A","A","a","a","a","a","a","a",null,null,null,null,null,null,null,null,null,null,null,null,null,null,null,null,null,null,null,null,null,null,null,null,"N° Total Und Prod:",null,{"$f":"VLOOKUP('Dibujo Edificios'!$A$44,'Otras Tablas'!$G$2:$H$31,2,FALSE)","v":120}]
[null,0,3,"a","a","a","a","a","a","a","a","a","a","a","a","A","A","A","A","A","A","a","a","a","a","a","a",null,null,null,null,null,null,null,null,null,null,null,null,null,null,null,null,null,null,null,null,null,null,null,null,"Proyección avance actual",null,null,{"$f":"IF(AZ687=BB688,\"OK\",IF(BC691=0,\"NA\",(BB688/BJ685*BK685+BQ685)/('Control de Avance'!$BT$3+BC692*5)))","v":"OK"}]
[null,0,2,"a","a","a","a","a","a","a","a","a","a","a","a","a","a","a","A","A","A","a","a","a","a","a","a",null,null,null,null,null,null,null,null,null,null,null,null,null,null,null,null,null,null,null,null,null,null,null,null,"Frentes anteriores",null,null,{"$f":"COUNTIF(D687:AC691,\"A\")/BJ685*BK685","v":120}]
[null,0,1,"a","a","a","a","a","a","a","a","A","a","a","a","a","a","a","a","a","a","a","a","a","a","a","a",null,null,null,null,null,null,null,null,null,null,null,null,null,null,null,null,null,null,null,null,null,null,null,null,"Frentes semana actual",null,null,{"$f":"COUNTIF(D687:AC691,\"B\")/BJ685*BK685","v":0}]
[null,0,null,null,null,null,null,null,null,null,null,null,null,null,null,null,null,null,null,null,null,null,null,null,null,null,null,null,null,null,null,null,null,null,null,null,null,null,null,null,null,null,null,null,null,null,null,null,null,null,null,"Saldo",{"$f":"+BB688/BJ685*BK685-BC690-BC691","v":0},"Sem",{"$f":"IF(AZ687=BB688,\"OK\",IF(BC691=0,\"NA\",BA692/BC691))","v":"OK"}]
[null,0]
[]
["OGT",{"$f":"IF((OR($BT$5<$BP$695-5,AND($BC$697=\"OK\",COUNTIF($D$697:$AY$701,\"B\")=0))),0,1)","v":0},"Refuerzo losa 1ra malla",null,null,null,null,null,null,null,null,null,null,null,null,null,null,null,null,null,null,null,null,null,null,null,null,null,null,null,null,null,null,null,null,null,null,null,null,null,null,null,null,null,null,null,null,null,null,null,null,null,null,null,null,"ENFIERRADOR","kg",{"$f":"VLOOKUP(C695,'Act. Proyecto'!$I$3:$Q$881,4,FALSE)","v":487.53917164163079},{"$f":"VLOOKUP(C695,'Act. Proyecto'!$I$3:$Q$881,5,FALSE)","v":93},{"$f":"IFERROR(BF695*BG695,0)","v":45341.142962671664},{"$f":"VLOOKUP(C695,'Act. Proyecto'!$I$3:$Q$881,7,FALSE)","v":"Frente"},{"$f":"VLOOKUP(C695,'Act. Proyecto'!$I$3:$Q$881,8,FALSE)","v":10},{"$f":"VLOOKUP(C695,'Act. Proyecto'!$I$3:$Q$881,9,FALSE)","v":10},{"$f":"IFERROR(BJ695/BK695,0)","v":1},{"$f":"IFERROR(BL695*BH695,0)","v":45341.142962671664},{"$f":"$AZ$697*$BH$695","v":5440937.1555205993},{"$f":"IF($BM$695=0,0,$BN$695/$BM$695)","v":120},18,{"$f":"$BP$695+$BO$695-1","v":137},{"$f":"BM695*B695","v":0},{"$f":"BR695*BQ695","v":0}]
[null,{"$f":"$B$695","v":0},null,"F1","F2","F3","F4","F5","F6","F7","F8","F9","F10","F11","F12","F13","F14","F15","F16","F17","F18","F19","F20","F21","F22","F23","F24",null,null,null,null,null,null,null,null,null,null,null,null,null,null,null,null,null,null,null,null,null,null,null,null,"N° Unid Prod","N° Frentes","Pos","%"]
[null,0,5,"a","a","a","a","a","a","a","a","a","a","a","a","a","a","a","a","a","a","a","a","a","a","a","a",null,null,null,null,null,null,null,null,null,null,null,null,null,null,null,null,null,null,null,null,null,null,null,null,{"$f":"COUNTIF(D697:AA701,\"A\")+COUNTIF(D697:AA701,\"B\")","v":120},{"$f":"+AZ697/BJ695*BK695","v":120},{"$f":"+BA697+BO695","v":240},{"$f":"IF(AZ697=BB698,\"OK\",BB697/'Control de Avance'!$BT$3)","v":"OK"}]
[null,0,4,"a","a","a","a","a","a","a","a","a","a","a","a","a","a","a","a","a","a","a","a","a","a","a","a",null,null,null,null,null,null,null,null,null,null,null,null,null,null,null,null,null,null,null,null,null,null,null,null,"N° Total Und Prod:",null,{"$f":"VLOOKUP('Dibujo Edificios'!$A$44,'Otras Tablas'!$G$2:$H$31,2,FALSE)","v":120}]
[null,0,3,"a","a","a","a","a","a","a","a","a","a","a","a","a","a","a","a","a","a","a","a","a","a","a","a",null,null,null,null,null,null,null,null,null,null,null,null,null,null,null,null,null,null,null,null,null,null,null,null,"Proyección avance actual",null,null,{"$f":"IF(AZ697=BB698,\"OK\",IF(BC701=0,\"NA\",(BB698/BJ695*BK695+BQ695)/('Control de Avance'!$BT$3+BC702*5)))","v":"OK"}]
[null,0,2,"a","a","a","a","a","a","a","a","a","a","a","a","a","a","a","a","a","a","a","a","a","a","a","a",null,null,null,null,null,null,null,null,null,null,null,null,null,null,null,null,null,null,null,null,null,null,null,null,"Frentes anteriores",null,null,{"$f":"COUNTIF(D697:AC701,\"A\")/BJ695*BK695","v":120}]
[null,0,1,"A","a","a","A","A","A","A","A","a","a","a","a","A","A","A","A","A","A","a","a","a","a","a","a",null,null,null,null,null,null,null,null,null,null,null,null,null,null,null,null,null,null,null,null,null,null,null,null,"Frentes semana actual",null,null,{"$f":"COUNTIF(D697:AC701,\"B\")/BJ695*BK695","v":0}]
[null,0,null,null,null,null,null,null,null,null,null,null,null,null,null,null,null,null,null,null,null,null,null,null,null,null,null,null,null,null,null,null,null,null,null,null,null,null,null,null,null,null,null,null,null,null,null,null,null,null,null,"Saldo",{"$f":"+BB698/BJ695*BK695-BC700-BC701","v":0},"Sem",{"$f":"IF(AZ697=BB698,\"OK\",IF(BC701=0,\"NA\",BA702/BC701))","v":"OK"}]
[null,0]
[]
["OGT",{"$f":"IF((OR($BT$5<$BP$705-5,AND($BC$707=\"OK\",COUNTIF($D$707:$AY$711,\"B\")=0))),0,1)","v":0},"Separador plástico fierro losa",null,null,null,null,null,null,null,null,null,null,null,null,null,null,null,null,null,null,null,null,null,null,null,null,null,null,null,null,null,null,null,null,null,null,null,null,null,null,null,null,null,null,null,null,null,null,null,null,null,null,null,null,"HORMIGÓN","depto",{"$f":"VLOOKUP(C705,'Act. Proyecto'!$I$3:$Q$881,4,FALSE)","v":2},{"$f":"VLOOKUP(C705,'Act. Proyecto'!$I$3:$Q$881,5,FALSE)","v":1510},{"$f":"IFERROR(BF705*BG705,0)","v":3020},{"$f":"VLOOKUP(C705,'Act. Proyecto'!$I$3:$Q$881,7,FALSE)","v":"Frente"},{"$f":"VLOOKUP(C705,'Act. Proyecto'!$I$3:$Q$881,8,FALSE)","v":10},{"$f":"VLOOKUP(C705,'Act. Proyecto'!$I$3:$Q$881,9,FALSE)","v":10},{"$f":"IFERROR(BJ705/BK705,0)","v":1},{"$f":"IFERROR(BL705*BH705,0)","v":3020},{"$f":"$AZ$707*$BH$705","v":362400},{"$f":"IF($BM$705=0,0,$BN$705/$BM$705)","v":120},18,{"$f":"$BP$705+$BO$705-1","v":137},{"$f":"BM705*B705","v":0},{"$f":"BR705*BQ705","v":0}]
[null,{"$f":"$B$705","v":0},null,"F1","F2","F3","F4","F5","F6","F7","F8","F9","F10","F11","F12","F13","F14","F15","F16","F17","F18","F19","F20","F21","F22","F23","F24",null,null,null,null,null,null,null,null,null,null,null,null,null,null,null,null,null,null,null,null,null,null,null,null,"N° Unid Prod","N° Frentes","Pos","%"]
[null,0,5,"a","a","a","a","a","a","a","a","a","a","a","a","a","a","a","a","a","a","a","a","a","a","a","a",null,null,null,null,null,null,null,null,null,null,null,null,null,null,null,null,null,null,null,null,null,null,null,null,{"$f":"COUNTIF(D707:AA711,\"A\")+COUNTIF(D707:AA711,\"B\")","v":120},{"$f":"+AZ707/BJ705*BK705","v":120},{"$f":"+BA707+BO705","v":240},{"$f":"IF(AZ707=BB708,\"OK\",BB707/'Control de Avance'!$BT$3)","v":"OK"}]
[null,0,4,"a","a","a","a","a","a","a","a","a","a","a","a","a","a","a","a","a","a","a","a","a","a","a","a",null,null,null,null,null,null,null,null,null,null,null,null,null,null,null,null,null,null,null,null,null,null,null,null,"N° Total Und Prod:",null,{"$f":"VLOOKUP('Dibujo Edificios'!$A$44,'Otras Tablas'!$G$2:$H$31,2,FALSE)","v":120}]
[null,0,3,"a","a","a","a","a","a","a","a","a","a","a","a","a","a","a","a","a","a","a","a","a","a","a","a",null,null,null,null,null,null,null,null,null,null,null,null,null,null,null,null,null,null,null,null,null,null,null,null,"Proyección avance actual",null,null,{"$f":"IF(AZ707=BB708,\"OK\",IF(BC711=0,\"NA\",(BB708/BJ705*BK705+BQ705)/('Control de Avance'!$BT$3+BC712*5)))","v":"OK"}]
[null,0,2,"a","a","a","a","a","a","a","a","a","a","a","a","a","a","a","a","a","a","a","a","a","a","a","a",null,null,null,null,null,null,null,null,null,null,null,null,null,null,null,null,null,null,null,null,null,null,null,null,null,null,null,{"$f":"COUNTIF(D707:AC711,\"A\")/BJ705*BK705","v":120}]
[null,0,1,"a","a","a","A","a","a","a","a","a","a","a","a","a","a","a","a","a","a","a","a","a","a","a","a",null,null,null,null,null,null,null,null,null,null,null,null,null,null,null,null,null,null,null,null,null,null,null,null,null,null,null,{"$f":"COUNTIF(D707:AC711,\"B\")/BJ705*BK705","v":0}]
[null,0,null,null,null,null,null,null,null,null,null,null,null,null,null,null,null,null,null,null,null,null,null,null,null,null,null,null,null,null,null,null,null,null,null,null,null,null,null,null,null,null,null,null,null,null,null,null,null,null,null,"Saldo",{"$f":"+BB708/BJ705*BK705-BC710-BC711","v":0},"Sem",{"$f":"IF(AZ707=BB708,\"OK\",IF(BC711=0,\"NA\",BA712/BC711))","v":"OK"}]
[null,0]
[]
["OGT",0,"Instalaciones eléctricas en losa",null,null,null,null,null,null,null,null,null,null,null,null,null,null,null,null,null,null,null,null,null,null,null,null,null,null,null,null,null,null,null,null,null,null,null,null,null,null,null,null,null,null,null,null,null,null,null,null,null,null,null,null,"ELÉCTRICO OG","centro",{"$f":"VLOOKUP(C715,'Act. Proyecto'!$I$3:$Q$881,4,FALSE)","v":42.625999999999998},{"$f":"VLOOKUP(C715,'Act. Proyecto'!$I$3:$Q$881,5,FALSE)","v":1008.3},{"$f":"IFERROR(BF715*BG715,0)","v":42979.795799999993},{"$f":"VLOOKUP(C715,'Act. Proyecto'!$I$3:$Q$881,7,FALSE)","v":"Frente"},{"$f":"VLOOKUP(C715,'Act. Proyecto'!$I$3:$Q$881,8,FALSE)","v":10},{"$f":"VLOOKUP(C715,'Act. Proyecto'!$I$3:$Q$881,9,FALSE)","v":10},{"$f":"IFERROR(BJ715/BK715,0)","v":1},{"$f":"IFERROR(BL715*BH715,0)","v":42979.795799999993},{"$f":"$AZ$717*$BH$715","v":4126060.3967999993},{"$f":"IF($BM$715=0,0,$BN$715/$BM$715)","v":96},18,{"$f":"$BP$715+$BO$715-1","v":113},{"$f":"BM715*B715","v":0},{"$f":"BR715*BQ715","v":0}]
[null,{"$f":"$B$715","v":0},null,"F1","F2","F3","F4","F5","F6","F7","F8","F9","F10","F11","F12","F13","F14","F15","F16","F17","F18","F19","F20","F21","F22","F23","F24",null,null,null,null,null,null,null,null,null,null,null,null,null,null,null,null,null,null,null,null,null,null,null,null,"N° Unid Prod","N° Frentes","Pos","%"]
[null,0,5,"X","X","X","X","X","X","X","X","X","X","X","X","X","X","X","X","X","X","X","X","X","X","X","X",null,null,null,null,null,null,null,null,null,null,null,null,null,null,null,null,null,null,null,null,null,null,null,null,{"$f":"COUNTIF(D717:AA721,\"A\")+COUNTIF(D717:AA721,\"B\")","v":96},{"$f":"+AZ717/BJ715*BK715","v":96},{"$f":"+BA717+BO715","v":192},{"$f":"IF(AZ717=BB718,\"OK\",BB717/'Control de Avance'!$BT$3)","v":0.85333333333333339}]
[null,0,4,"a","a","a","a","a","a","a","A","a","a","a","a","a","a","a","a","a","a","a","a","a","a","a","a",null,null,null,null,null,null,null,null,null,null,null,null,null,null,null,null,null,null,null,null,null,null,null,null,"N° Total Und Prod:",null,{"$f":"VLOOKUP('Dibujo Edificios'!$A$44,'Otras Tablas'!$G$2:$H$31,2,FALSE)","v":120}]
[null,0,3,"a","a","a","a","a","a","a","a","a","a","a","a","a","a","a","a","a","a","a","a","a","a","a","a",null,null,null,null,null,null,null,null,null,null,null,null,null,null,null,null,null,null,null,null,null,null,null,null,"Proyección avance actual",null,null,{"$f":"IF(AZ717=BB718,\"OK\",IF(BC721=0,\"NA\",(BB718/BJ715*BK715+BQ715)/('Control de Avance'!$BT$3+BC722*5)))","v":"NA"}]
[null,0,2,"a","a","a","a","a","a","a","a","a","a","a","a","a","a","a","a","a","a","a","a","a","a","a","a",null,null,null,null,null,null,null,null,null,null,null,null,null,null,null,null,null,null,null,null,null,null,null,null,"Frentes anteriores",null,null,{"$f":"COUNTIF(D717:AC721,\"A\")/BJ715*BK715","v":96}]
[null,0,1,"a","a","a","a","a","a","a","a","a","a","a","a","a","a","a","a","a","a","a","a","a","a","a","a",null,null,null,null,null,null,null,null,null,null,null,null,null,null,null,null,null,null,null,null,null,null,null,null,"Frentes semana actual",null,null,{"$f":"COUNTIF(D717:AC721,\"B\")/BJ715*BK715","v":0}]
[null,0,null,null,null,null,null,null,null,null,null,null,null,null,null,null,null,null,null,null,null,null,null,null,null,null,null,null,null,null,null,null,null,null,null,null,null,null,null,null,null,null,null,null,null,null,null,null,null,null,null,"Saldo",{"$f":"+BB718/BJ715*BK715-BC720-BC721","v":24},"Sem",{"$f":"IF(AZ717=BB718,\"OK\",IF(BC721=0,\"NA\",BA722/BC721))","v":"NA"}]
[null,0]
[]
["OGT",0,"Instalaciones eléctricas en losa tapa",null,null,null,null,null,null,null,null,null,null,null,null,null,null,null,null,null,null,null,null,null,null,null,null,null,null,null,null,null,null,null,null,null,null,null,null,null,null,null,null,null,null,null,null,null,null,null,null,null,null,null,null,"ELÉCTRICO OG","centro",{"$f":"VLOOKUP(C725,'Act. Proyecto'!$I$3:$Q$881,4,FALSE)","v":21.583333333333332},{"$f":"VLOOKUP(C725,'Act. Proyecto'!$I$3:$Q$881,5,FALSE)","v":1687.101719606427},{"$f":"IFERROR(BF725*BG725,0)","v":36413.278781505382},{"$f":"VLOOKUP(C725,'Act. Proyecto'!$I$3:$Q$881,7,FALSE)","v":"Frente"},{"$f":"VLOOKUP(C725,'Act. Proyecto'!$I$3:$Q$881,8,FALSE)","v":10},{"$f":"VLOOKUP(C725,'Act. Proyecto'!$I$3:$Q$881,9,FALSE)","v":10},{"$f":"IFERROR(BJ725/BK725,0)","v":1},{"$f":"IFERROR(BL725*BH725,0)","v":36413.278781505382},{"$f":"$AZ$727*$BH$725","v":873918.6907561291},{"$f":"IF($BM$725=0,0,$BN$725/$BM$725)","v":24},18,{"$f":"$BP$725+$BO$725-1","v":41},{"$f":"BM725*B725","v":0},{"$f":"BR725*BQ725","v":0}]
[null,{"$f":"$B$725","v":0},null,"F1","F2","F3","F4","F5","F6","F7","F8","F9","F10","F11","F12","F13","F14","F15","F16","F17","F18","F19","F20","F21","F22","F23","F24",null,null,null,null,null,null,null,null,null,null,null,null,null,null,null,null,null,null,null,null,null,null,null,null,"N° Unid Prod","N° Frentes","Pos","%"]
[null,0,5,"a","a","a","a","a","a","a","a","a","A","a","a","a","a","a","a","a","a","a","a","a","a","a","a",null,null,null,null,null,null,null,null,null,null,null,null,null,null,null,null,null,null,null,null,null,null,null,null,{"$f":"COUNTIF(D727:AA731,\"A\")+COUNTIF(D727:AA731,\"B\")","v":24},{"$f":"+AZ727/BJ725*BK725","v":24},{"$f":"+BA727+BO725","v":48},{"$f":"IF(AZ727=BB728,\"OK\",BB727/'Control de Avance'!$BT$3)","v":0.21333333333333335}]
[null,0,4,"X","X","X","X","X","X","X","X","X","X","X","X","X","X","X","X","X","X","X","X","X","X","X","X",null,null,null,null,null,null,null,null,null,null,null,null,null,null,null,null,null,null,null,null,null,null,null,null,"N° Total Und Prod:",null,{"$f":"VLOOKUP('Dibujo Edificios'!$A$44,'Otras Tablas'!$G$2:$H$31,2,FALSE)","v":120}]
[null,0,3,"X","X","X","X","X","X","X","X","X","X","X","X","X","X","X","X","X","X","X","X","X","X","X","X",null,null,null,null,null,null,null,null,null,null,null,null,null,null,null,null,null,null,null,null,null,null,null,null,"Proyección avance actual",null,null,{"$f":"IF(AZ727=BB728,\"OK\",IF(BC731=0,\"NA\",(BB728/BJ725*BK725+BQ725)/('Control de Avance'!$BT$3+BC732*5)))","v":"NA"}]
[null,0,2,"X","X","X","X","X","X","X","X","X","X","X","X","X","X","X","X","X","X","X","X","X","X","X","X",null,null,null,null,null,null,null,null,null,null,null,null,null,null,null,null,null,null,null,null,null,null,null,null,"Frentes anteriores",null,null,{"$f":"COUNTIF(D727:AC731,\"A\")/BJ725*BK725","v":24}]
[null,0,1,"X","X","X","X","X","X","X","X","X","X","X","X","X","X","X","X","X","X","X","X","X","X","X","X",null,null,null,null,null,null,null,null,null,null,null,null,null,null,null,null,null,null,null,null,null,null,null,null,"Frentes semana actual",null,null,{"$f":"COUNTIF(D727:AC731,\"B\")/BJ725*BK725","v":0}]
[null,0,null,null,null,null,null,null,null,null,null,null,null,null,null,null,null,null,null,null,null,null,null,null,null,null,null,null,null,null,null,null,null,null,null,null,null,null,null,null,null,null,null,null,null,null,null,null,null,null,null,"Saldo",{"$f":"+BB728/BJ725*BK725-BC730-BC731","v":96},"Sem",{"$f":"IF(AZ727=BB728,\"OK\",IF(BC731=0,\"NA\",BA732/BC731))","v":"NA"}]
[null,0]
[]
["OGT",0,"Instalaciones de gasfiter en losa",null,null,null,null,null,null,null,null,null,null,null,null,null,null,null,null,null,null,null,null,null,null,null,null,null,null,null,null,null,null,null,null,null,null,null,null,null,null,null,null,null,null,null,null,null,null,null,null,null,null,null,null,"GASFITER OG","dh",{"$f":"VLOOKUP(C735,'Act. Proyecto'!$I$3:$Q$881,4,FALSE)","v":0.85819444444444426},{"$f":"VLOOKUP(C735,'Act. Proyecto'!$I$3:$Q$881,5,FALSE)","v":1},{"$f":"IFERROR(BF735*BG735,0)","v":0.85819444444444426},{"$f":"VLOOKUP(C735,'Act. Proyecto'!$I$3:$Q$881,7,FALSE)","v":"Frente"},{"$f":"VLOOKUP(C735,'Act. Proyecto'!$I$3:$Q$881,8,FALSE)","v":10},{"$f":"VLOOKUP(C735,'Act. Proyecto'!$I$3:$Q$881,9,FALSE)","v":10},{"$f":"IFERROR(BJ735/BK735,0)","v":1},{"$f":"IFERROR(BL735*BH735,0)","v":0.85819444444444426},{"$f":"$AZ$737*$BH$735","v":82.386666666666656},{"$f":"IF($BM$735=0,0,$BN$735/$BM$735)","v":96.000000000000014},18,{"$f":"$BP$735+$BO$735-1","v":113.00000000000001},{"$f":"BM735*B735","v":0},{"$f":"BR735*BQ735","v":0}]
[null,{"$f":"$B$735","v":0},null,"F1","F2","F3","F4","F5","F6","F7","F8","F9","F10","F11","F12","F13","F14","F15","F16","F17","F18","F19","F20","F21","F22","F23","F24",null,null,null,null,null,null,null,null,null,null,null,null,null,null,null,null,null,null,null,null,null,null,null,null,"N° Unid Prod","N° Frentes","Pos","%"]
[null,0,5,"X","X","X","X","X","X","X","X","X","X","X","X","X","X","X","X","X","X","X","X","X","X","X","X",null,null,null,null,null,null,null,null,null,null,null,null,null,null,null,null,null,null,null,null,null,null,null,null,{"$f":"COUNTIF(D737:AA741,\"A\")+COUNTIF(D737:AA741,\"B\")","v":96},{"$f":"+AZ737/BJ735*BK735","v":96},{"$f":"+BA737+BO735","v":192},{"$f":"IF(AZ737=BB738,\"OK\",BB737/'Control de Avance'!$BT$3)","v":0.85333333333333339}]
[null,0,4,"a","a","a","a","a","a","a","A","a","a","a","a","a","a","a","a","a","a","a","a","a","a","a","a",null,null,null,null,null,null,null,null,null,null,null,null,null,null,null,null,null,null,null,null,null,null,null,null,"N° Total Und Prod:",null,{"$f":"VLOOKUP('Dibujo Edificios'!$A$44,'Otras Tablas'!$G$2:$H$31,2,FALSE)","v":120}]
[null,0,3,"a","a","a","a","a","a","a","a","a","a","a","a","a","a","a","a","a","a","a","a","a","a","a","a",null,null,null,null,null,null,null,null,null,null,null,null,null,null,null,null,null,null,null,null,null,null,null,null,"Proyección avance actual",null,null,{"$f":"IF(AZ737=BB738,\"OK\",IF(BC741=0,\"NA\",(BB738/BJ735*BK735+BQ735)/('Control de Avance'!$BT$3+BC742*5)))","v":"NA"}]
[null,0,2,"a","a","a","a","a","a","a","a","a","a","a","a","a","a","a","a","a","a","a","a","a","a","a","a",null,null,null,null,null,null,null,null,null,null,null,null,null,null,null,null,null,null,null,null,null,null,null,null,"Frentes anteriores",null,null,{"$f":"COUNTIF(D737:AC741,\"A\")/BJ735*BK735","v":96}]
[null,0,1,"a","a","a","a","a","a","a","a","a","a","a","a","a","a","a","a","a","a","a","a","a","a","a","a",null,null,null,null,null,null,null,null,null,null,null,null,null,null,null,null,null,null,null,null,null,null,null,null,"Frentes semana actual",null,null,{"$f":"COUNTIF(D737:AC741,\"B\")/BJ735*BK735","v":0}]
[null,0,null,null,null,null,null,null,null,null,null,null,null,null,null,null,null,null,null,null,null,null,null,null,null,null,null,null,null,null,null,null,null,null,null,null,null,null,null,null,null,null,null,null,null,null,null,null,null,null,null,"Saldo",{"$f":"+BB738/BJ735*BK735-BC740-BC741","v":24},"Sem",{"$f":"IF(AZ737=BB738,\"OK\",IF(BC741=0,\"NA\",BA742/BC741))","v":"NA"}]
[null,0]
[]
["OGT",0,"Instalaciones de gas en losa",null,null,null,null,null,null,null,null,null,null,null,null,null,null,null,null,null,null,null,null,null,null,null,null,null,null,null,null,null,null,null,null,null,null,null,null,null,null,null,null,null,null,null,null,null,null,null,null,null,null,null,null,"GAS OG","dh",{"$f":"VLOOKUP(C745,'Act. Proyecto'!$I$3:$Q$881,4,FALSE)","v":0.44},{"$f":"VLOOKUP(C745,'Act. Proyecto'!$I$3:$Q$881,5,FALSE)","v":1},{"$f":"IFERROR(BF745*BG745,0)","v":0.44},{"$f":"VLOOKUP(C745,'Act. Proyecto'!$I$3:$Q$881,7,FALSE)","v":"Frente"},{"$f":"VLOOKUP(C745,'Act. Proyecto'!$I$3:$Q$881,8,FALSE)","v":10},{"$f":"VLOOKUP(C745,'Act. Proyecto'!$I$3:$Q$881,9,FALSE)","v":10},{"$f":"IFERROR(BJ745/BK745,0)","v":1},{"$f":"IFERROR(BL745*BH745,0)","v":0.44},{"$f":"$AZ$747*$BH$745","v":42.24},{"$f":"IF($BM$745=0,0,$BN$745/$BM$745)","v":96},18,{"$f":"$BP$745+$BO$745-1","v":113},{"$f":"BM745*B745","v":0},{"$f":"BR745*BQ745","v":0}]
[null,{"$f":"$B$745","v":0},null,"F1","F2","F3","F4","F5","F6","F7","F8","F9","F10","F11","F12","F13","F14","F15","F16","F17","F18","F19","F20","F21","F22","F23","F24",null,null,null,null,null,null,null,null,null,null,null,null,null,null,null,null,null,null,null,null,null,null,null,null,"N° Unid Prod","N° Frentes","Pos","%"]
[null,0,5,"X","X","X","X","X","X","X","X","X","X","X","X","X","X","X","X","X","X","X","X","X","X","X","X",null,null,null,null,null,null,null,null,null,null,null,null,null,null,null,null,null,null,null,null,null,null,null,null,{"$f":"COUNTIF(D747:AA751,\"A\")+COUNTIF(D747:AA751,\"B\")","v":96},{"$f":"+AZ747/BJ745*BK745","v":96},{"$f":"+BA747+BO745","v":192},{"$f":"IF(AZ747=BB748,\"OK\",BB747/'Control de Avance'!$BT$3)","v":0.85333333333333339}]
[null,0,4,"a","a","a","a","a","a","a","A","a","a","a","a","a","a","a","a","a","a","a","a","a","a","a","a",null,null,null,null,null,null,null,null,null,null,null,null,null,null,null,null,null,null,null,null,null,null,null,null,"N° Total Und Prod:",null,{"$f":"VLOOKUP('Dibujo Edificios'!$A$44,'Otras Tablas'!$G$2:$H$31,2,FALSE)","v":120}]
[null,0,3,"a","a","a","a","a","a","a","a","a","a","a","a","a","a","a","a","a","a","a","a","a","a","a","a",null,null,null,null,null,null,null,null,null,null,null,null,null,null,null,null,null,null,null,null,null,null,null,null,"Proyección avance actual",null,null,{"$f":"IF(AZ747=BB748,\"OK\",IF(BC751=0,\"NA\",(BB748/BJ745*BK745+BQ745)/('Control de Avance'!$BT$3+BC752*5)))","v":"NA"}]
[null,0,2,"a","a","a","a","a","a","a","a","a","a","a","a","a","a","a","a","a","a","a","a","a","a","a","a",null,null,null,null,null,null,null,null,null,null,null,null,null,null,null,null,null,null,null,null,null,null,null,null,"Frentes anteriores",null,null,{"$f":"COUNTIF(D747:AC751,\"A\")/BJ745*BK745","v":96}]
[null,0,1,"a","a","a","a","a","a","a","a","a","a","a","a","a","a","a","a","a","a","a","a","a","a","a","a",null,null,null,null,null,null,null,null,null,null,null,null,null,null,null,null,null,null,null,null,null,null,null,null,"Frentes semana actual",null,null,{"$f":"COUNTIF(D747:AC751,\"B\")/BJ745*BK745","v":0}]
[null,0,null,null,null,null,null,null,null,null,null,null,null,null,null,null,null,null,null,null,null,null,null,null,null,null,null,null,null,null,null,null,null,null,null,null,null,null,null,null,null,null,null,null,null,null,null,null,null,null,null,"Saldo",{"$f":"+BB748/BJ745*BK745-BC750-BC751","v":24},"Sem",{"$f":"IF(AZ747=BB748,\"OK\",IF(BC751=0,\"NA\",BA752/BC751))","v":"NA"}]
[null,0]
[]
["OGT",{"$f":"IF((OR($BT$5<$BP$755-5,AND($BC$757=\"OK\",COUNTIF($D$757:$AY$761,\"B\")=0))),0,1)","v":0},"Refuerzo losa 2da malla",null,null,null,null,null,null,null,null,null,null,null,null,null,null,null,null,null,null,null,null,null,null,null,null,null,null,null,null,null,null,null,null,null,null,null,null,null,null,null,null,null,null,null,null,null,null,null,null,null,null,null,null,"ENFIERRADOR","kg",{"$f":"VLOOKUP(C755,'Act. Proyecto'!$I$3:$Q$881,4,FALSE)","v":487.53917164163079},{"$f":"VLOOKUP(C755,'Act. Proyecto'!$I$3:$Q$881,5,FALSE)","v":93},{"$f":"IFERROR(BF755*BG755,0)","v":45341.142962671664},{"$f":"VLOOKUP(C755,'Act. Proyecto'!$I$3:$Q$881,7,FALSE)","v":"Frente"},{"$f":"VLOOKUP(C755,'Act. Proyecto'!$I$3:$Q$881,8,FALSE)","v":10},{"$f":"VLOOKUP(C755,'Act. Proyecto'!$I$3:$Q$881,9,FALSE)","v":10},{"$f":"IFERROR(BJ755/BK755,0)","v":1},{"$f":"IFERROR(BL755*BH755,0)","v":45341.142962671664},{"$f":"$AZ$757*$BH$755","v":5440937.1555205993},{"$f":"IF($BM$755=0,0,$BN$755/$BM$755)","v":120},18,{"$f":"$BP$755+$BO$755-1","v":137},{"$f":"BM755*B755","v":0},{"$f":"BR755*BQ755","v":0}]
[null,{"$f":"$B$755","v":0},null,"F1","F2","F3","F4","F5","F6","F7","F8","F9","F10","F11","F12","F13","F14","F15","F16","F17","F18","F19","F20","F21","F22","F23","F24",null,null,null,null,null,null,null,null,null,null,null,null,null,null,null,null,null,null,null,null,null,null,null,null,"N° Unid Prod","N° Frentes","Pos","%"]
[null,0,5,"a","a","a","a","a","a","a","a","a","a","a","a","a","a","a","a","a","a","a","a","a","a","a","a",null,null,null,null,null,null,null,null,null,null,null,null,null,null,null,null,null,null,null,null,null,null,null,null,{"$f":"COUNTIF(D757:AA761,\"A\")+COUNTIF(D757:AA761,\"B\")","v":120},{"$f":"+AZ757/BJ755*BK755","v":120},{"$f":"+BA757+BO755","v":240},{"$f":"IF(AZ757=BB758,\"OK\",BB757/'Control de Avance'!$BT$3)","v":"OK"}]
[null,0,4,"a","a","a","a","a","a","a","a","a","a","a","a","a","a","a","a","a","a","a","a","a","a","a","a",null,null,null,null,null,null,null,null,null,null,null,null,null,null,null,null,null,null,null,null,null,null,null,null,"N° Total Und Prod:",null,{"$f":"VLOOKUP('Dibujo Edificios'!$A$44,'Otras Tablas'!$G$2:$H$31,2,FALSE)","v":120}]
[null,0,3,"a","a","a","a","a","a","a","a","a","a","a","a","a","a","a","a","a","a","a","a","a","a","a","a",null,null,null,null,null,null,null,null,null,null,null,null,null,null,null,null,null,null,null,null,null,null,null,null,"Proyección avance actual",null,null,{"$f":"IF(AZ757=BB758,\"OK\",IF(BC761=0,\"NA\",(BB758/BJ755*BK755+BQ755)/('Control de Avance'!$BT$3+BC762*5)))","v":"OK"}]
[null,0,2,"a","a","a","a","a","a","a","a","a","a","a","a","a","a","a","a","a","a","a","a","a","a","a","a",null,null,null,null,null,null,null,null,null,null,null,null,null,null,null,null,null,null,null,null,null,null,null,null,"Frentes anteriores",null,null,{"$f":"COUNTIF(D757:AC761,\"A\")/BJ755*BK755","v":120}]
[null,0,1,"a","a","a","A","a","a","a","a","a","a","a","a","a","a","a","a","a","a","a","a","a","a","a","a",null,null,null,null,null,null,null,null,null,null,null,null,null,null,null,null,null,null,null,null,null,null,null,null,"Frentes semana actual",null,null,{"$f":"COUNTIF(D757:AC761,\"B\")/BJ755*BK755","v":0}]
[null,0,null,null,null,null,null,null,null,null,null,null,null,null,null,null,null,null,null,null,null,null,null,null,null,null,null,null,null,null,null,null,null,null,null,null,null,null,null,null,null,null,null,null,null,null,null,null,null,null,null,"Saldo",{"$f":"+BB758/BJ755*BK755-BC760-BC761","v":0},"Sem",{"$f":"IF(AZ757=BB758,\"OK\",IF(BC761=0,\"NA\",BA762/BC761))","v":"OK"}]
[null,0]
[]
["OGT",{"$f":"IF((OR($BT$5<$BP$765-5,AND($BC$767=\"OK\",COUNTIF($D$767:$AY$771,\"B\")=0))),0,1)","v":0},"Limpieza de losa",null,null,null,null,null,null,null,null,null,null,null,null,null,null,null,null,null,null,null,null,null,null,null,null,null,null,null,null,null,null,null,null,null,null,null,null,null,null,null,null,null,null,null,null,null,null,null,null,null,null,null,null,"HORMIGÓN","depto",{"$f":"VLOOKUP(C765,'Act. Proyecto'!$I$3:$Q$881,4,FALSE)","v":2},{"$f":"VLOOKUP(C765,'Act. Proyecto'!$I$3:$Q$881,5,FALSE)","v":1510},{"$f":"IFERROR(BF765*BG765,0)","v":3020},{"$f":"VLOOKUP(C765,'Act. Proyecto'!$I$3:$Q$881,7,FALSE)","v":"Frente"},{"$f":"VLOOKUP(C765,'Act. Proyecto'!$I$3:$Q$881,8,FALSE)","v":10},{"$f":"VLOOKUP(C765,'Act. Proyecto'!$I$3:$Q$881,9,FALSE)","v":10},{"$f":"IFERROR(BJ765/BK765,0)","v":1},{"$f":"IFERROR(BL765*BH765,0)","v":3020},{"$f":"$AZ$767*$BH$765","v":362400},{"$f":"IF($BM$765=0,0,$BN$765/$BM$765)","v":120},18,{"$f":"$BP$765+$BO$765-1","v":137},{"$f":"BM765*B765","v":0},{"$f":"BR765*BQ765","v":0}]
[null,{"$f":"$B$765","v":0},null,"F1","F2","F3","F4","F5","F6","F7","F8","F9","F10","F11","F12","F13","F14","F15","F16","F17","F18","F19","F20","F21","F22","F23","F24",null,null,null,null,null,null,null,null,null,null,null,null,null,null,null,null,null,null,null,null,null,null,null,null,"N° Unid Prod","N° Frentes","Pos","%"]
[null,0,5,"a","a","a","a","a","a","a","a","a","a","a","a","a","a","a","a","a","a","a","a","a","a","a","a",null,null,null,null,null,null,null,null,null,null,null,null,null,null,null,null,null,null,null,null,null,null,null,null,{"$f":"COUNTIF(D767:AA771,\"A\")+COUNTIF(D767:AA771,\"B\")","v":120},{"$f":"+AZ767/BJ765*BK765","v":120},{"$f":"+BA767+BO765","v":240},{"$f":"IF(AZ767=BB768,\"OK\",BB767/'Control de Avance'!$BT$3)","v":"OK"}]
[null,0,4,"a","a","a","a","a","a","a","a","a","a","a","a","a","a","a","a","a","a","a","a","a","a","a","a",null,null,null,null,null,null,null,null,null,null,null,null,null,null,null,null,null,null,null,null,null,null,null,null,"N° Total Und Prod:",null,{"$f":"VLOOKUP('Dibujo Edificios'!$A$44,'Otras Tablas'!$G$2:$H$31,2,FALSE)","v":120}]
[null,0,3,"a","a","a","a","a","a","a","a","a","a","a","a","a","a","a","a","a","a","a","a","a","a","a","a",null,null,null,null,null,null,null,null,null,null,null,null,null,null,null,null,null,null,null,null,null,null,null,null,"Proyección avance actual",null,null,{"$f":"IF(AZ767=BB768,\"OK\",IF(BC771=0,\"NA\",(BB768/BJ765*BK765+BQ765)/('Control de Avance'!$BT$3+BC772*5)))","v":"OK"}]
[null,0,2,"a","a","a","a","a","a","a","a","a","a","a","a","a","a","a","a","a","a","a","a","a","a","a","a",null,null,null,null,null,null,null,null,null,null,null,null,null,null,null,null,null,null,null,null,null,null,null,null,"Frentes anteriores",null,null,{"$f":"COUNTIF(D767:AC771,\"A\")/BJ765*BK765","v":120}]
[null,0,1,"a","a","a","A","a","a","a","a","a","a","a","a","a","a","a","a","a","a","a","a","a","a","a","a",null,null,null,null,null,null,null,null,null,null,null,null,null,null,null,null,null,null,null,null,null,null,null,null,"Frentes semana actual",null,null,{"$f":"COUNTIF(D767:AC771,\"B\")/BJ765*BK765","v":0}]
[null,0,null,null,null,null,null,null,null,null,null,null,null,null,null,null,null,null,null,null,null,null,null,null,null,null,null,null,null,null,null,null,null,null,null,null,null,null,null,null,null,null,null,null,null,null,null,null,null,null,null,"Saldo",{"$f":"+BB768/BJ765*BK765-BC770-BC771","v":0},"Sem",{"$f":"IF(AZ767=BB768,\"OK\",IF(BC771=0,\"NA\",BA772/BC771))","v":"OK"}]
[null,0]
[]
["OGT",{"$f":"IF((OR($BT$5<$BP$775-5,AND($BC$777=\"OK\",COUNTIF($D$777:$AY$781,\"B\")=0))),0,1)","v":0},"Hormigón losa (incluye limpieza losa y lagrimas en muro)",null,null,null,null,null,null,null,null,null,null,null,null,null,null,null,null,null,null,null,null,null,null,null,null,null,null,null,null,null,null,null,null,null,null,null,null,null,null,null,null,null,null,null,null,null,null,null,null,null,null,null,null,"HORMIGÓN","m3",{"$f":"VLOOKUP(C775,'Act. Proyecto'!$I$3:$Q$881,4,FALSE)","v":16.83549},{"$f":"VLOOKUP(C775,'Act. Proyecto'!$I$3:$Q$881,5,FALSE)","v":4840},{"$f":"IFERROR(BF775*BG775,0)","v":81483.771600000007},{"$f":"VLOOKUP(C775,'Act. Proyecto'!$I$3:$Q$881,7,FALSE)","v":"Frente"},{"$f":"VLOOKUP(C775,'Act. Proyecto'!$I$3:$Q$881,8,FALSE)","v":10},{"$f":"VLOOKUP(C775,'Act. Proyecto'!$I$3:$Q$881,9,FALSE)","v":10},{"$f":"IFERROR(BJ775/BK775,0)","v":1},{"$f":"IFERROR(BL775*BH775,0)","v":81483.771600000007},{"$f":"$AZ$777*$BH$775","v":9778052.5920000002},{"$f":"IF($BM$775=0,0,$BN$775/$BM$775)","v":119.99999999999999},18,{"$f":"$BP$775+$BO$775-1","v":137},{"$f":"BM775*B775","v":0},{"$f":"BR775*BQ775","v":0}]
[null,{"$f":"$B$775","v":0},null,"F1","F2","F3","F4","F5","F6","F7","F8","F9","F10","F11","F12","F13","F14","F15","F16","F17","F18","F19","F20","F21","F22","F23","F24",null,null,null,null,null,null,null,null,null,null,null,null,null,null,null,null,null,null,null,null,null,null,null,null,"N° Unid Prod","N° Frentes","Pos","%"]
[null,0,5,"a","a","a","a","a","a","a","a","a","a","a","a","a","a","a","a","a","a","a","a","a","a","a","a",null,null,null,null,null,null,null,null,null,null,null,null,null,null,null,null,null,null,null,null,null,null,null,null,{"$f":"COUNTIF(D777:AA781,\"A\")+COUNTIF(D777:AA781,\"B\")","v":120},{"$f":"+AZ777/BJ775*BK775","v":120},{"$f":"+BA777+BO775","v":240},{"$f":"IF(AZ777=BB778,\"OK\",BB777/'Control de Avance'!$BT$3)","v":"OK"}]
[null,0,4,"a","a","a","a","a","a","a","a","a","a","a","a","a","a","a","a","a","a","a","a","a","a","a","a",null,null,null,null,null,null,null,null,null,null,null,null,null,null,null,null,null,null,null,null,null,null,null,null,"N° Total Und Prod:",null,{"$f":"VLOOKUP('Dibujo Edificios'!$A$44,'Otras Tablas'!$G$2:$H$31,2,FALSE)","v":120}]
[null,0,3,"a","a","a","a","a","a","a","a","a","a","a","a","a","a","a","a","a","a","a","a","a","a","a","a",null,null,null,null,null,null,null,null,null,null,null,null,null,null,null,null,null,null,null,null,null,null,null,null,"Proyección avance actual",null,null,{"$f":"IF(AZ777=BB778,\"OK\",IF(BC781=0,\"NA\",(BB778/BJ775*BK775+BQ775)/('Control de Avance'!$BT$3+BC782*5)))","v":"OK"}]
[null,0,2,"a","a","a","a","a","a","a","a","a","a","a","a","a","a","a","a","a","a","a","a","a","a","a","a",null,null,null,null,null,null,null,null,null,null,null,null,null,null,null,null,null,null,null,null,null,null,null,null,"Frentes anteriores",null,null,{"$f":"COUNTIF(D777:AC781,\"A\")/BJ775*BK775","v":120}]
[null,0,1,"a","a","a","A","a","a","a","a","a","a","a","a","a","a","a","a","a","a","a","a","a","a","a","a",null,null,null,null,null,null,null,null,null,null,null,null,null,null,null,null,null,null,null,null,null,null,null,null,"Frentes semana actual",null,null,{"$f":"COUNTIF(D777:AC781,\"B\")/BJ775*BK775","v":0}]
[null,0,null,null,null,null,null,null,null,null,null,null,null,null,null,null,null,null,null,null,null,null,null,null,null,null,null,null,null,null,null,null,null,null,null,null,null,null,null,null,null,null,null,null,null,null,null,null,null,null,null,"Saldo",{"$f":"+BB778/BJ775*BK775-BC780-BC781","v":0},"Sem",{"$f":"IF(AZ777=BB778,\"OK\",IF(BC781=0,\"NA\",BA782/BC781))","v":"OK"}]
[null,0]
[]
["OGT",{"$f":"IF((OR($BT$5<$BP$785-5,AND($BC$787=\"OK\",COUNTIF($D$787:$AY$791,\"B\")=0))),0,1)","v":0},"Alisado losa (incluye retiro de pasadas metalicas)",null,null,null,null,null,null,null,null,null,null,null,null,null,null,null,null,null,null,null,null,null,null,null,null,null,null,null,null,null,null,null,null,null,null,null,null,null,null,null,null,null,null,null,null,null,null,null,null,null,null,null,null,"HORMIGÓN","depto",{"$f":"VLOOKUP(C785,'Act. Proyecto'!$I$3:$Q$881,4,FALSE)","v":2},{"$f":"VLOOKUP(C785,'Act. Proyecto'!$I$3:$Q$881,5,FALSE)","v":10550},{"$f":"IFERROR(BF785*BG785,0)","v":21100},{"$f":"VLOOKUP(C785,'Act. Proyecto'!$I$3:$Q$881,7,FALSE)","v":"Frente"},{"$f":"VLOOKUP(C785,'Act. Proyecto'!$I$3:$Q$881,8,FALSE)","v":10},{"$f":"VLOOKUP(C785,'Act. Proyecto'!$I$3:$Q$881,9,FALSE)","v":10},{"$f":"IFERROR(BJ785/BK785,0)","v":1},{"$f":"IFERROR(BL785*BH785,0)","v":21100},{"$f":"$AZ$787*$BH$785","v":2532000},{"$f":"IF($BM$785=0,0,$BN$785/$BM$785)","v":120},18,{"$f":"$BP$785+$BO$785-1","v":137},{"$f":"BM785*B785","v":0},{"$f":"BR785*BQ785","v":0}]
[null,{"$f":"$B$785","v":0},null,"F1","F2","F3","F4","F5","F6","F7","F8","F9","F10","F11","F12","F13","F14","F15","F16","F17","F18","F19","F20","F21","F22","F23","F24",null,null,null,null,null,null,null,null,null,null,null,null,null,null,null,null,null,null,null,null,null,null,null,null,"N° Unid Prod","N° Frentes","Pos","%"]
[null,0,5,"a","a","a","a","a","a","a","a","a","a","a","a","a","a","a","a","a","a","a","a","a","a","a","a",null,null,null,null,null,null,null,null,null,null,null,null,null,null,null,null,null,null,null,null,null,null,null,null,{"$f":"COUNTIF(D787:AA791,\"A\")+COUNTIF(D787:AA791,\"B\")","v":120},{"$f":"+AZ787/BJ785*BK785","v":120},{"$f":"+BA787+BO785","v":240},{"$f":"IF(AZ787=BB788,\"OK\",BB787/'Control de Avance'!$BT$3)","v":"OK"}]
[null,0,4,"a","a","a","a","a","a","a","a","a","a","a","a","a","a","a","a","a","a","a","a","a","a","a","a",null,null,null,null,null,null,null,null,null,null,null,null,null,null,null,null,null,null,null,null,null,null,null,null,"N° Total Und Prod:",null,{"$f":"VLOOKUP('Dibujo Edificios'!$A$44,'Otras Tablas'!$G$2:$H$31,2,FALSE)","v":120}]
[null,0,3,"a","a","a","a","a","a","a","a","a","a","a","a","a","a","a","a","a","a","a","a","a","a","a","a",null,null,null,null,null,null,null,null,null,null,null,null,null,null,null,null,null,null,null,null,null,null,null,null,"Proyección avance actual",null,null,{"$f":"IF(AZ787=BB788,\"OK\",IF(BC791=0,\"NA\",(BB788/BJ785*BK785+BQ785)/('Control de Avance'!$BT$3+BC792*5)))","v":"OK"}]
[null,0,2,"a","a","a","a","a","a","a","a","a","a","a","a","a","a","a","a","a","a","a","a","a","a","a","a",null,null,null,null,null,null,null,null,null,null,null,null,null,null,null,null,null,null,null,null,null,null,null,null,"Frentes anteriores",null,null,{"$f":"COUNTIF(D787:AC791,\"A\")/BJ785*BK785","v":120}]
[null,0,1,"a","a","a","A","a","a","a","a","a","a","a","a","a","a","a","a","a","a","a","a","a","a","a","a",null,null,null,null,null,null,null,null,null,null,null,null,null,null,null,null,null,null,null,null,null,null,null,null,"Frentes semana actual",null,null,{"$f":"COUNTIF(D787:AC791,\"B\")/BJ785*BK785","v":0}]
[null,0,null,null,null,null,null,null,null,null,null,null,null,null,null,null,null,null,null,null,null,null,null,null,null,null,null,null,null,null,null,null,null,null,null,null,null,null,null,null,null,null,null,null,null,null,null,null,null,null,null,"Saldo",{"$f":"+BB788/BJ785*BK785-BC790-BC791","v":0},"Sem",{"$f":"IF(AZ787=BB788,\"OK\",IF(BC791=0,\"NA\",BA792/BC791))","v":"OK"}]
[null,0]
[]
["OGT",{"$f":"IF((OR($BT$5<$BP$795-5,AND($BC$797=\"OK\",COUNTIF($D$797:$AY$801,\"B\")=0))),0,1)","v":0},"Tratamiento en losa para recibir muro",null,null,null,null,null,null,null,null,null,null,null,null,null,null,null,null,null,null,null,null,null,null,null,null,null,null,null,null,null,null,null,null,null,null,null,null,null,null,null,null,null,null,null,null,null,null,null,null,null,null,null,null,"HORMIGÓN","ml",{"$f":"VLOOKUP(C795,'Act. Proyecto'!$I$3:$Q$881,4,FALSE)","v":17.239999999999998},{"$f":"VLOOKUP(C795,'Act. Proyecto'!$I$3:$Q$881,5,FALSE)","v":87},{"$f":"IFERROR(BF795*BG795,0)","v":1499.8799999999999},{"$f":"VLOOKUP(C795,'Act. Proyecto'!$I$3:$Q$881,7,FALSE)","v":"Frente"},{"$f":"VLOOKUP(C795,'Act. Proyecto'!$I$3:$Q$881,8,FALSE)","v":10},{"$f":"VLOOKUP(C795,'Act. Proyecto'!$I$3:$Q$881,9,FALSE)","v":10},{"$f":"IFERROR(BJ795/BK795,0)","v":1},{"$f":"IFERROR(BL795*BH795,0)","v":1499.8799999999999},{"$f":"$AZ$797*$BH$795","v":179985.59999999998},{"$f":"IF($BM$795=0,0,$BN$795/$BM$795)","v":120},18,{"$f":"$BP$795+$BO$795-1","v":137},{"$f":"BM795*B795","v":0},{"$f":"BR795*BQ795","v":0}]
[null,{"$f":"$B$795","v":0},null,"F1","F2","F3","F4","F5","F6","F7","F8","F9","F10","F11","F12","F13","F14","F15","F16","F17","F18","F19","F20","F21","F22","F23","F24",null,null,null,null,null,null,null,null,null,null,null,null,null,null,null,null,null,null,null,null,null,null,null,null,"N° Unid Prod","N° Frentes","Pos","%"]
[null,0,5,"a","a","a","a","A","A","a","a","a","a","A","A","A","A","A","A","A","A","a","a","a","a","a","a",null,null,null,null,null,null,null,null,null,null,null,null,null,null,null,null,null,null,null,null,null,null,null,null,{"$f":"COUNTIF(D797:AA801,\"A\")+COUNTIF(D797:AA801,\"B\")","v":120},{"$f":"+AZ797/BJ795*BK795","v":120},{"$f":"+BA797+BO795","v":240},{"$f":"IF(AZ797=BB798,\"OK\",BB797/'Control de Avance'!$BT$3)","v":"OK"}]
[null,0,4,"a","a","A","A","A","a","a","a","a","a","a","a","a","a","a","a","a","a","a","a","a","a","a","a",null,null,null,null,null,null,null,null,null,null,null,null,null,null,null,null,null,null,null,null,null,null,null,null,"N° Total Und Prod:",null,{"$f":"VLOOKUP('Dibujo Edificios'!$A$44,'Otras Tablas'!$G$2:$H$31,2,FALSE)","v":120}]
[null,0,3,"a","a","a","a","A","a","a","a","a","a","a","a","a","a","a","a","a","a","a","a","a","a","a","a",null,null,null,null,null,null,null,null,null,null,null,null,null,null,null,null,null,null,null,null,null,null,null,null,"Proyección avance actual",null,null,{"$f":"IF(AZ797=BB798,\"OK\",IF(BC801=0,\"NA\",(BB798/BJ795*BK795+BQ795)/('Control de Avance'!$BT$3+BC802*5)))","v":"OK"}]
[null,0,2,"a","a","a","a","A","a","a","a","a","a","a","a","a","a","a","a","a","a","a","a","a","a","a","a",null,null,null,null,null,null,null,null,null,null,null,null,null,null,null,null,null,null,null,null,null,null,null,null,"Frentes anteriores",null,null,{"$f":"COUNTIF(D797:AC801,\"A\")/BJ795*BK795","v":120}]
[null,0,1,"a","a","a","A","A","a","a","a","a","a","a","a","a","a","a","a","a","a","a","a","a","a","a","a",null,null,null,null,null,null,null,null,null,null,null,null,null,null,null,null,null,null,null,null,null,null,null,null,"Frentes semana actual",null,null,{"$f":"COUNTIF(D797:AC801,\"B\")/BJ795*BK795","v":0}]
[null,0,null,null,null,null,null,null,null,null,null,null,null,null,null,null,null,null,null,null,null,null,null,null,null,null,null,null,null,null,null,null,null,null,null,null,null,null,null,null,null,null,null,null,null,null,null,null,null,null,null,"Saldo",{"$f":"+BB798/BJ795*BK795-BC800-BC801","v":0},"Sem",{"$f":"IF(AZ797=BB798,\"OK\",IF(BC801=0,\"NA\",BA802/BC801))","v":"OK"}]
[null,0]
[]
["OGT",{"$f":"IF((OR($BT$5<$BP$805-5,AND($BC$807=\"OK\",COUNTIF($D$807:$AY$811,\"B\")=0))),0,1)","v":0},"Descimbre y reapuntalado de losa, desbaste interior y aseo",null,null,null,null,null,null,null,null,null,null,null,null,null,null,null,null,null,null,null,null,null,null,null,null,null,null,null,null,null,null,null,null,null,null,null,null,null,null,null,null,null,null,null,null,null,null,null,null,null,null,null,null,"MOLDAJE LOSA","m2",{"$f":"VLOOKUP(C805,'Act. Proyecto'!$I$3:$Q$881,4,FALSE)","v":113.62475000000001},{"$f":"VLOOKUP(C805,'Act. Proyecto'!$I$3:$Q$881,5,FALSE)","v":415},{"$f":"IFERROR(BF805*BG805,0)","v":47154.271250000005},{"$f":"VLOOKUP(C805,'Act. Proyecto'!$I$3:$Q$881,7,FALSE)","v":"Frente"},{"$f":"VLOOKUP(C805,'Act. Proyecto'!$I$3:$Q$881,8,FALSE)","v":10},{"$f":"VLOOKUP(C805,'Act. Proyecto'!$I$3:$Q$881,9,FALSE)","v":10},{"$f":"IFERROR(BJ805/BK805,0)","v":1},{"$f":"IFERROR(BL805*BH805,0)","v":47154.271250000005},{"$f":"$AZ$807*$BH$805","v":5658512.5500000007},{"$f":"IF($BM$805=0,0,$BN$805/$BM$805)","v":120},20,{"$f":"$BP$805+$BO$805-1","v":139},{"$f":"BM805*B805","v":0},{"$f":"BR805*BQ805","v":0}]
[null,{"$f":"$B$805","v":0},null,"F1","F2","F3","F4","F5","F6","F7","F8","F9","F10","F11","F12","F13","F14","F15","F16","F17","F18","F19","F20","F21","F22","F23","F24",null,null,null,null,null,null,null,null,null,null,null,null,null,null,null,null,null,null,null,null,null,null,null,null,"N° Unid Prod","N° Frentes","Pos","%"]
[null,0,5,"a","a","a","a","A","a","a","a","a","a","A","a","a","a","a","a","a","a","a","a","a","a","a","a",null,null,null,null,null,null,null,null,null,null,null,null,null,null,null,null,null,null,null,null,null,null,null,null,{"$f":"COUNTIF(D807:AA811,\"A\")+COUNTIF(D807:AA811,\"B\")","v":120},{"$f":"+AZ807/BJ805*BK805","v":120},{"$f":"+BA807+BO805","v":240},{"$f":"IF(AZ807=BB808,\"OK\",BB807/'Control de Avance'!$BT$3)","v":"OK"}]
[null,0,4,"a","a","A","a","A","a","a","a","a","a","A","a","a","a","a","a","a","a","a","a","a","a","a","a",null,null,null,null,null,null,null,null,null,null,null,null,null,null,null,null,null,null,null,null,null,null,null,null,"N° Total Und Prod:",null,{"$f":"VLOOKUP('Dibujo Edificios'!$A$44,'Otras Tablas'!$G$2:$H$31,2,FALSE)","v":120}]
[null,0,3,"a","a","a","a","A","a","a","a","a","a","a","a","a","a","a","a","a","a","a","a","a","a","a","a",null,null,null,null,null,null,null,null,null,null,null,null,null,null,null,null,null,null,null,null,null,null,null,null,"Proyección avance actual",null,null,{"$f":"IF(AZ807=BB808,\"OK\",IF(BC811=0,\"NA\",(BB808/BJ805*BK805+BQ805)/('Control de Avance'!$BT$3+BC812*5)))","v":"OK"}]
[null,0,2,"a","a","a","a","A","a","a","a","a","a","a","a","a","a","a","a","a","a","a","a","a","a","a","a",null,null,null,null,null,null,null,null,null,null,null,null,null,null,null,null,null,null,null,null,null,null,null,null,null,null,null,{"$f":"COUNTIF(D807:AC811,\"A\")/BJ805*BK805","v":120}]
[null,0,1,"a","a","a","a","A","a","a","a","a","a","a","a","a","a","a","a","a","a","a","a","a","a","a","a",null,null,null,null,null,null,null,null,null,null,null,null,null,null,null,null,null,null,null,null,null,null,null,null,null,null,null,{"$f":"COUNTIF(D807:AC811,\"B\")/BJ805*BK805","v":0}]
[null,0,null,null,null,null,null,null,null,null,null,null,null,null,null,null,null,null,null,null,null,null,null,null,null,null,null,null,null,null,null,null,null,null,null,null,null,null,null,null,null,null,null,null,null,null,null,null,null,null,null,"Saldo",{"$f":"+BB808/BJ805*BK805-BC810-BC811","v":0},"Sem",{"$f":"IF(AZ807=BB808,\"OK\",IF(BC811=0,\"NA\",BA812/BC811))","v":"OK"}]
[null,0]
[]
["OGT",{"$f":"IF((OR($BT$5<$BP$815-5,AND($BC$817=\"OK\",COUNTIF($D$817:$AY$821,\"B\")=0))),0,1)","v":0},"Limpieza obra gruesa",null,null,null,null,null,null,null,null,null,null,null,null,null,null,null,null,null,null,null,null,null,null,null,null,null,null,null,null,null,null,null,null,null,null,null,null,null,null,null,null,null,null,null,null,null,null,null,null,null,null,null,null,"MOLDAJE LOSA","depto",{"$f":"VLOOKUP(C815,'Act. Proyecto'!$I$3:$Q$881,4,FALSE)","v":2},{"$f":"VLOOKUP(C815,'Act. Proyecto'!$I$3:$Q$881,5,FALSE)","v":1070},{"$f":"IFERROR(BF815*BG815,0)","v":2140},{"$f":"VLOOKUP(C815,'Act. Proyecto'!$I$3:$Q$881,7,FALSE)","v":"Frente"},{"$f":"VLOOKUP(C815,'Act. Proyecto'!$I$3:$Q$881,8,FALSE)","v":10},{"$f":"VLOOKUP(C815,'Act. Proyecto'!$I$3:$Q$881,9,FALSE)","v":10},{"$f":"IFERROR(BJ815/BK815,0)","v":1},{"$f":"IFERROR(BL815*BH815,0)","v":2140},{"$f":"$AZ$817*$BH$815","v":256800},{"$f":"IF($BM$815=0,0,$BN$815/$BM$815)","v":120},20,{"$f":"$BP$815+$BO$815-1","v":139},{"$f":"BM815*B815","v":0},{"$f":"BR815*BQ815","v":0}]
[null,{"$f":"$B$815","v":0},null,"F1","F2","F3","F4","F5","F6","F7","F8","F9","F10","F11","F12","F13","F14","F15","F16","F17","F18","F19","F20","F21","F22","F23","F24",null,null,null,null,null,null,null,null,null,null,null,null,null,null,null,null,null,null,null,null,null,null,null,null,"N° Unid Prod","N° Frentes","Pos","%"]
[null,0,5,"a","a","a","a","A","A","a","a","a","a","a","a","a","a","a","a","a","a","a","a","a","a","a","a",null,null,null,null,null,null,null,null,null,null,null,null,null,null,null,null,null,null,null,null,null,null,null,null,{"$f":"COUNTIF(D817:AA821,\"A\")+COUNTIF(D817:AA821,\"B\")","v":120},{"$f":"+AZ817/BJ815*BK815","v":120},{"$f":"+BA817+BO815","v":240},{"$f":"IF(AZ817=BB818,\"OK\",BB817/'Control de Avance'!$BT$3)","v":"OK"}]
[null,0,4,"a","a","a","a","a","a","a","a","a","a","a","a","a","a","a","a","a","a","a","a","a","a","a","a",null,null,null,null,null,null,null,null,null,null,null,null,null,null,null,null,null,null,null,null,null,null,null,null,"N° Total Und Prod:",null,{"$f":"VLOOKUP('Dibujo Edificios'!$A$44,'Otras Tablas'!$G$2:$H$31,2,FALSE)","v":120}]
[null,0,3,"a","a","a","a","a","a","a","a","a","a","a","a","a","a","a","a","a","a","a","a","a","a","a","a",null,null,null,null,null,null,null,null,null,null,null,null,null,null,null,null,null,null,null,null,null,null,null,null,"Proyección avance actual",null,null,{"$f":"IF(AZ817=BB818,\"OK\",IF(BC821=0,\"NA\",(BB818/BJ815*BK815+BQ815)/('Control de Avance'!$BT$3+BC822*5)))","v":"OK"}]
[null,0,2,"a","a","a","a","a","a","a","a","a","a","a","a","a","a","a","a","a","a","a","a","a","a","a","a",null,null,null,null,null,null,null,null,null,null,null,null,null,null,null,null,null,null,null,null,null,null,null,null,"Frentes anteriores",null,null,{"$f":"COUNTIF(D817:AC821,\"A\")/BJ815*BK815","v":120}]
[null,0,1,"a","a","a","a","a","a","a","a","a","a","a","a","a","a","a","a","a","a","a","a","a","a","a","a",null,null,null,null,null,null,null,null,null,null,null,null,null,null,null,null,null,null,null,null,null,null,null,null,"Frentes semana actual",null,null,{"$f":"COUNTIF(D817:AC821,\"B\")/BJ815*BK815","v":0}]
[null,0,null,null,null,null,null,null,null,null,null,null,null,null,null,null,null,null,null,null,null,null,null,null,null,null,null,null,null,null,null,null,null,null,null,null,null,null,null,null,null,null,null,null,null,null,null,null,null,null,null,"Saldo",{"$f":"+BB818/BJ815*BK815-BC820-BC821","v":0},"Sem",{"$f":"IF(AZ817=BB818,\"OK\",IF(BC821=0,\"NA\",BA822/BC821))","v":"OK"}]
[null,0]
[]
["OGT",{"$f":"IF((OR($BT$5<$BP$825-5,AND($BC$827=\"OK\",COUNTIF($D$827:$AY$831,\"B\")=0))),0,1)","v":0},"Descubrir cajas eléctricas en losa",null,null,null,null,null,null,null,null,null,null,null,null,null,null,null,null,null,null,null,null,null,null,null,null,null,null,null,null,null,null,null,null,null,null,null,null,null,null,null,null,null,null,null,null,null,null,null,null,null,null,null,null,"ELÉCTRICO OG","centro",{"$f":"VLOOKUP(C825,'Act. Proyecto'!$I$3:$Q$881,4,FALSE)","v":42.64},{"$f":"VLOOKUP(C825,'Act. Proyecto'!$I$3:$Q$881,5,FALSE)","v":169},{"$f":"IFERROR(BF825*BG825,0)","v":7206.16},{"$f":"VLOOKUP(C825,'Act. Proyecto'!$I$3:$Q$881,7,FALSE)","v":"Frente"},{"$f":"VLOOKUP(C825,'Act. Proyecto'!$I$3:$Q$881,8,FALSE)","v":10},{"$f":"VLOOKUP(C825,'Act. Proyecto'!$I$3:$Q$881,9,FALSE)","v":10},{"$f":"IFERROR(BJ825/BK825,0)","v":1},{"$f":"IFERROR(BL825*BH825,0)","v":7206.16},{"$f":"$AZ$827*$BH$825","v":864739.2},{"$f":"IF($BM$825=0,0,$BN$825/$BM$825)","v":120},21,{"$f":"$BP$825+$BO$825-1","v":140},{"$f":"BM825*B825","v":0},{"$f":"BR825*BQ825","v":0}]
[null,{"$f":"$B$825","v":0},null,"F1","F2","F3","F4","F5","F6","F7","F8","F9","F10","F11","F12","F13","F14","F15","F16","F17","F18","F19","F20","F21","F22","F23","F24",null,null,null,null,null,null,null,null,null,null,null,null,null,null,null,null,null,null,null,null,null,null,null,null,"N° Unid Prod","N° Frentes","Pos","%"]
[null,0,5,"a","a","a","a","a","a","a","a","a","a","a","a","a","a","a","a","a","a","A","A","A","A","A","A",null,null,null,null,null,null,null,null,null,null,null,null,null,null,null,null,null,null,null,null,null,null,null,null,{"$f":"COUNTIF(D827:AA831,\"A\")+COUNTIF(D827:AA831,\"B\")","v":120},{"$f":"+AZ827/BJ825*BK825","v":120},{"$f":"+BA827+BO825","v":240},{"$f":"IF(AZ827=BB828,\"OK\",BB827/'Control de Avance'!$BT$3)","v":"OK"}]
[null,0,4,"a","a","a","a","a","a","a","a","a","a","a","a","a","a","a","a","a","a","A","A","A","A","A","A",null,null,null,null,null,null,null,null,null,null,null,null,null,null,null,null,null,null,null,null,null,null,null,null,"N° Total Und Prod:",null,{"$f":"VLOOKUP('Dibujo Edificios'!$A$44,'Otras Tablas'!$G$2:$H$31,2,FALSE)","v":120}]
[null,0,3,"a","a","a","a","a","a","a","a","a","a","a","a","a","a","a","a","a","a","A","A","A","A","A","A",null,null,null,null,null,null,null,null,null,null,null,null,null,null,null,null,null,null,null,null,null,null,null,null,"Proyección avance actual",null,null,{"$f":"IF(AZ827=BB828,\"OK\",IF(BC831=0,\"NA\",(BB828/BJ825*BK825+BQ825)/('Control de Avance'!$BT$3+BC832*5)))","v":"OK"}]
[null,0,2,"a","a","a","a","a","a","a","a","a","a","a","a","a","a","a","a","a","a","a","a","a","a","a","a",null,null,null,null,null,null,null,null,null,null,null,null,null,null,null,null,null,null,null,null,null,null,null,null,"Frentes anteriores",null,null,{"$f":"COUNTIF(D827:AC831,\"A\")/BJ825*BK825","v":120}]
[null,0,1,"a","a","a","a","a","a","a","a","a","a","a","a","a","a","a","a","a","a","a","a","a","a","a","a",null,null,null,null,null,null,null,null,null,null,null,null,null,null,null,null,null,null,null,null,null,null,null,null,"Frentes semana actual",null,null,{"$f":"COUNTIF(D827:AC831,\"B\")/BJ825*BK825","v":0}]
[null,0,null,null,null,null,null,null,null,null,null,null,null,null,null,null,null,null,null,null,null,null,null,null,null,null,null,null,null,null,null,null,null,null,null,null,null,null,null,null,null,null,null,null,null,null,null,null,null,null,null,"Saldo",{"$f":"+BB828/BJ825*BK825-BC830-BC831","v":0},"Sem",{"$f":"IF(AZ827=BB828,\"OK\",IF(BC831=0,\"NA\",BA832/BC831))","v":"OK"}]
[null,0]
[]
["OGT",{"$f":"IF((OR($BT$5<$BP$835-5,AND($BC$837=\"OK\",COUNTIF($D$837:$AY$841,\"B\")=0))),0,1)","v":0},"Copa interior",null,null,null,null,null,null,null,null,null,null,null,null,null,null,null,null,null,null,null,null,null,null,null,null,null,null,null,null,null,null,null,null,null,null,null,null,null,null,null,null,null,null,null,null,null,null,null,null,null,null,null,null,"COPA","m2",{"$f":"VLOOKUP(C835,'Act. Proyecto'!$I$3:$Q$881,4,FALSE)","v":163.94716071428573},{"$f":"VLOOKUP(C835,'Act. Proyecto'!$I$3:$Q$881,5,FALSE)","v":85},{"$f":"IFERROR(BF835*BG835,0)","v":13935.508660714288},{"$f":"VLOOKUP(C835,'Act. Proyecto'!$I$3:$Q$881,7,FALSE)","v":"Frente"},{"$f":"VLOOKUP(C835,'Act. Proyecto'!$I$3:$Q$881,8,FALSE)","v":10},{"$f":"VLOOKUP(C835,'Act. Proyecto'!$I$3:$Q$881,9,FALSE)","v":10},{"$f":"IFERROR(BJ835/BK835,0)","v":1},{"$f":"IFERROR(BL835*BH835,0)","v":13935.508660714288},{"$f":"$AZ$837*$BH$835","v":1672261.0392857145},{"$f":"IF($BM$835=0,0,$BN$835/$BM$835)","v":120},21,{"$f":"$BP$835+$BO$835-1","v":140},{"$f":"BM835*B835","v":0},{"$f":"BR835*BQ835","v":0}]
[null,{"$f":"$B$835","v":0},null,"F1","F2","F3","F4","F5","F6","F7","F8","F9","F10","F11","F12","F13","F14","F15","F16","F17","F18","F19","F20","F21","F22","F23","F24",null,null,null,null,null,null,null,null,null,null,null,null,null,null,null,null,null,null,null,null,null,null,null,null,"N° Unid Prod","N° Frentes","Pos","%"]
[null,0,5,"a","a","a","a","a","a","a","a","a","a","a","a","a","a","a","a","a","a","A","A","A","A","A","A",null,null,null,null,null,null,null,null,null,null,null,null,null,null,null,null,null,null,null,null,null,null,null,null,{"$f":"COUNTIF(D837:AA841,\"A\")+COUNTIF(D837:AA841,\"B\")","v":120},{"$f":"+AZ837/BJ835*BK835","v":120},{"$f":"+BA837+BO835","v":240},{"$f":"IF(AZ837=BB838,\"OK\",BB837/'Control de Avance'!$BT$3)","v":"OK"}]
[null,0,4,"a","a","a","a","a","a","a","a","a","a","a","a","a","a","a","a","a","a","A","A","A","A","A","A",null,null,null,null,null,null,null,null,null,null,null,null,null,null,null,null,null,null,null,null,null,null,null,null,"N° Total Und Prod:",null,{"$f":"VLOOKUP('Dibujo Edificios'!$A$44,'Otras Tablas'!$G$2:$H$31,2,FALSE)","v":120}]
[null,0,3,"a","a","a","a","a","a","A","a","a","a","a","a","a","a","a","a","a","a","a","a","A","A","A","A",null,null,null,null,null,null,null,null,null,null,null,null,null,null,null,null,null,null,null,null,null,null,null,null,"Proyección avance actual",null,null,{"$f":"IF(AZ837=BB838,\"OK\",IF(BC841=0,\"NA\",(BB838/BJ835*BK835+BQ835)/('Control de Avance'!$BT$3+BC842*5)))","v":"OK"}]
[null,0,2,"a","a","a","a","a","a","A","a","a","a","a","a","a","a","a","a","a","a","a","a","A","A","a","A",null,null,null,null,null,null,null,null,null,null,null,null,null,null,null,null,null,null,null,null,null,null,null,null,"Frentes anteriores",null,null,{"$f":"COUNTIF(D837:AC841,\"A\")/BJ835*BK835","v":120}]
[null,0,1,"a","a","a","a","a","a","a","a","a","a","a","a","a","a","a","a","a","a","a","a","A","A","a","a",null,null,null,null,null,null,null,null,null,null,null,null,null,null,null,null,null,null,null,null,null,null,null,null,"Frentes semana actual",null,null,{"$f":"COUNTIF(D837:AC841,\"B\")/BJ835*BK835","v":0}]
[null,0,null,null,null,null,null,null,null,null,null,null,null,null,null,null,null,null,null,null,null,null,null,null,null,null,null,null,null,null,null,null,null,null,null,null,null,null,null,null,null,null,null,null,null,null,null,null,null,null,null,"Saldo",{"$f":"+BB838/BJ835*BK835-BC840-BC841","v":0},"Sem",{"$f":"IF(AZ837=BB838,\"OK\",IF(BC841=0,\"NA\",BA842/BC841))","v":"OK"}]
[null,0]
[]
["ZCT",0,"Trazo de escala y zonas comunes",null,null,null,null,null,null,null,null,null,null,null,null,null,null,null,null,null,null,null,null,null,null,null,null,null,null,null,null,null,null,null,null,null,null,null,null,null,null,null,null,null,null,null,null,null,null,null,null,null,null,null,null,"TRAZO","Piso",{"$f":"VLOOKUP(C845,'Act. Proyecto'!$I$3:$Q$881,4,FALSE)","v":0},{"$f":"VLOOKUP(C845,'Act. Proyecto'!$I$3:$Q$881,5,FALSE)","v":8000},{"$f":"IFERROR(BF845*BG845,0)","v":0},{"$f":"VLOOKUP(C845,'Act. Proyecto'!$I$3:$Q$881,7,FALSE)","v":"Piso"},{"$f":"VLOOKUP(C845,'Act. Proyecto'!$I$3:$Q$881,8,FALSE)","v":5},{"$f":"VLOOKUP(C845,'Act. Proyecto'!$I$3:$Q$881,9,FALSE)","v":10},{"$f":"IFERROR(BJ845/BK845,0)","v":0.5},{"$f":"IFERROR(BL845*BH845,0)","v":0},{"$f":"$AZ$847*$BH$845","v":0},{"$f":"IF($BM$845=0,0,$BN$845/$BM$845)","v":0},17,{"$f":"$BP$845+$BO$845-1","v":16},{"$f":"BM845*B845","v":0},{"$f":"BR845*BQ845","v":0}]
[null,{"$f":"$B$845","v":0},null,"F1-2","F3-4","F5-6","F7-8","F9-10","F11","F12-13","F14-15","F16","F17-18","F19-20","F21-22","F23-24",null,null,null,null,null,null,null,null,null,null,null,null,null,null,null,null,null,null,null,null,null,null,null,null,null,null,null,null,null,null,null,null,null,null,null,"N° Unid Prod","N° Frentes","Pos","%"]
[null,0,5,"X","X","X","X","X","X","X","X","X","X","X","X","X",null,null,null,null,null,null,null,null,null,null,null,null,null,null,null,null,null,null,null,null,null,null,null,null,null,null,null,null,null,null,null,null,null,null,null,{"$f":"COUNTIF(D847:P851,\"A\")+COUNTIF(D847:P851,\"B\")","v":52},{"$f":"+AZ847/BJ845*BK845","v":104},{"$f":"+BA847+BO845","v":104}]
[null,0,4,"a","a","a","a","a","A","A","a","a","a","a","a","a",null,null,null,null,null,null,null,null,null,null,null,null,null,null,null,null,null,null,null,null,null,null,null,null,null,null,null,null,null,null,null,null,null,null,null,"N° Total Und Prod:",null,{"$f":"VLOOKUP('Dibujo Edificios'!$A$164,'Otras Tablas'!$G$2:$H$31,2,FALSE)","v":48}]
[null,0,3,"a","a","a","a","a","A","A","a","a","a","a","a","a",null,null,null,null,null,null,null,null,null,null,null,null,null,null,null,null,null,null,null,null,null,null,null,null,null,null,null,null,null,null,null,null,null,null,null,"Proyección avance actual"]
[null,0,2,"a","a","a","a","a","A","A","a","a","a","a","a","a"]
[null,0,1,"a","a","a","a","a","A","A","a","a","a","a","a","a"]
[null,0,null,null,null,null,null,null,null,null,null,null,null,null,null,null,null,null,null,null,null,null,null,null,null,null,null,null,null,null,null,null,null,null,null,null,null,null,null,null,null,null,null,null,null,null,null,null,null,null,null,"Saldo",{"$f":"+BB848/BJ845*BK845-BC850-BC851","v":96},"Sem",{"$f":"IF(AZ847=BB848,\"OK\",IF(BC851=0,\"NA\",BA852/BC851))","v":"NA"}]
[null,0]
[]
["OGT",0,"Moldaje escala",null,null,null,null,null,null,null,null,null,null,null,null,null,null,null,null,null,null,null,null,null,null,null,null,null,null,null,null,null,null,null,null,null,null,null,null,null,null,null,null,null,null,null,null,null,null,null,null,null,null,null,null,"MOLDAJE LOSA","m2",{"$f":"VLOOKUP(C855,'Act. Proyecto'!$I$3:$Q$881,4,FALSE)","v":0},{"$f":"VLOOKUP(C855,'Act. Proyecto'!$I$3:$Q$881,5,FALSE)","v":0},{"$f":"IFERROR(BF855*BG855,0)","v":0},{"$f":"VLOOKUP(C855,'Act. Proyecto'!$I$3:$Q$881,7,FALSE)","v":"Piso"},{"$f":"VLOOKUP(C855,'Act. Proyecto'!$I$3:$Q$881,8,FALSE)","v":4},{"$f":"VLOOKUP(C855,'Act. Proyecto'!$I$3:$Q$881,9,FALSE)","v":10},{"$f":"IFERROR(BJ855/BK855,0)","v":0.4},{"$f":"IFERROR(BL855*BH855,0)","v":0},{"$f":"$AZ$857*$BH$855","v":0},{"$f":"IF($BM$855=0,0,$BN$855/$BM$855)","v":0},18,{"$f":"$BP$855+$BO$855-1","v":17},{"$f":"BM855*B855","v":0},{"$f":"BR855*BQ855","v":0}]
[null,{"$f":"$B$855","v":0},null,"F1-2","F3-4","F5-6","F7-8","F9-10","F11","F12-13","F14-15","F16","F17-18","F19-20","F21-22","F23-24",null,null,null,null,null,null,null,null,null,null,null,null,null,null,null,null,null,null,null,null,null,null,null,null,null,null,null,null,null,null,null,null,null,null,null,"N° Unid Prod","N° Frentes","Pos","%"]
[null,0,5,"x","x","x","x","x","x","x","x","x","x","x","x","x",null,null,null,null,null,null,null,null,null,null,null,null,null,null,null,null,null,null,null,null,null,null,null,null,null,null,null,null,null,null,null,null,null,null,null,{"$f":"COUNTIF(D857:P861,\"A\")+COUNTIF(D857:P861,\"B\")","v":52},{"$f":"+AZ857/BJ855*BK855","v":130},{"$f":"+BA857+BO855","v":130},{"$f":"IF(AZ857=BB858,\"OK\",BB857/'Control de Avance'!$BT$3)","v":0.57777777777777772}]
[null,0,4,"a","a","a","A","a","a","a","a","a","a","a","a","a",null,null,null,null,null,null,null,null,null,null,null,null,null,null,null,null,null,null,null,null,null,null,null,null,null,null,null,null,null,null,null,null,null,null,null,"N° Total Und Prod:",null,{"$f":"VLOOKUP('Dibujo Edificios'!$A$64,'Otras Tablas'!$G$2:$H$31,2,FALSE)","v":48}]
[null,0,3,"a","a","a","a","a","a","a","a","a","a","a","a","a",null,null,null,null,null,null,null,null,null,null,null,null,null,null,null,null,null,null,null,null,null,null,null,null,null,null,null,null,null,null,null,null,null,null,null,"Proyección avance actual",null,null,{"$f":"IF(AZ857=BB858,\"OK\",IF(BC861=0,\"NA\",(BB858/BJ855*BK855+BQ855)/('Control de Avance'!$BT$3+BC862*5)))","v":"NA"}]
[null,0,2,"a","a","a","a","a","a","a","a","a","a","a","a","a",null,null,null,null,null,null,null,null,null,null,null,null,null,null,null,null,null,null,null,null,null,null,null,null,null,null,null,null,null,null,null,null,null,null,null,"Frentes anteriores",null,null,{"$f":"COUNTIF(D857:AC861,\"A\")/BJ855*BK855","v":130}]
[null,0,1,"a","a","a","a","a","a","a","a","a","a","a","a","a",null,null,null,null,null,null,null,null,null,null,null,null,null,null,null,null,null,null,null,null,null,null,null,null,null,null,null,null,null,null,null,null,null,null,null,"Frentes semana actual",null,null,{"$f":"COUNTIF(D857:AC861,\"B\")/BJ855*BK855","v":0}]
[null,0,null,null,null,null,null,null,null,null,null,null,null,null,null,null,null,null,null,null,null,null,null,null,null,null,null,null,null,null,null,null,null,null,null,null,null,null,null,null,null,null,null,null,null,null,null,null,null,null,null,"Saldo",{"$f":"+BB858/BJ855*BK855-BC860-BC861","v":-10},"Sem",{"$f":"IF(AZ857=BB858,\"OK\",IF(BC861=0,\"NA\",BA862/BC861))","v":"NA"}]
[null,0]
[]
["OGT-1",0,"Inyección fierro escala",null,null,null,null,null,null,null,null,null,null,null,null,null,null,null,null,null,null,null,null,null,null,null,null,null,null,null,null,null,null,null,null,null,null,null,null,null,null,null,null,null,null,null,null,null,null,null,null,null,null,null,null,"MOLDAJE LOSA","piso",{"$f":"VLOOKUP(C865,'Act. Proyecto'!$I$3:$Q$881,4,FALSE)","v":1},{"$f":"VLOOKUP(C865,'Act. Proyecto'!$I$3:$Q$881,5,FALSE)","v":3180},{"$f":"IFERROR(BF865*BG865,0)","v":3180},{"$f":"VLOOKUP(C865,'Act. Proyecto'!$I$3:$Q$881,7,FALSE)","v":"Piso"},{"$f":"VLOOKUP(C865,'Act. Proyecto'!$I$3:$Q$881,8,FALSE)","v":3},{"$f":"VLOOKUP(C865,'Act. Proyecto'!$I$3:$Q$881,9,FALSE)","v":10},{"$f":"IFERROR(BJ865/BK865,0)","v":0.3},{"$f":"IFERROR(BL865*BH865,0)","v":954},{"$f":"$AZ$867*$BH$865","v":165360},{"$f":"IF($BM$865=0,0,$BN$865/$BM$865)","v":173.33333333333334},19,{"$f":"$BP$865+$BO$865-1","v":191.33333333333334},{"$f":"BM865*B865","v":0},{"$f":"BR865*BQ865","v":0}]
[null,{"$f":"$B$865","v":0},null,"F1-2","F3-4","F5-6","F7-8","F9-10","F11","F12-13","F14-15","F16","F17-18","F19-20","F21-22","F23-24",null,null,null,null,null,null,null,null,null,null,null,null,null,null,null,null,null,null,null,null,null,null,null,null,null,null,null,null,null,null,null,null,null,null,null,"N° Unid Prod","N° Frentes","Pos","%"]
[null,0,5,"X","X","X","X","X","X","X","X","X","X","X","X","X",null,null,null,null,null,null,null,null,null,null,null,null,null,null,null,null,null,null,null,null,null,null,null,null,null,null,null,null,null,null,null,null,null,null,null,{"$f":"COUNTIF(D867:P871,\"A\")+COUNTIF(D867:P871,\"B\")","v":52},{"$f":"+AZ867/BJ865*BK865","v":173.33333333333331},{"$f":"+BA867+BO865","v":346.66666666666663},{"$f":"IF(AZ867=BB868,\"OK\",BB867/'Control de Avance'!$BT$3)","v":1.5407407407407405}]
[null,0,4,"a","a","a","A","a","a","a","a","a","a","a","a","a",null,null,null,null,null,null,null,null,null,null,null,null,null,null,null,null,null,null,null,null,null,null,null,null,null,null,null,null,null,null,null,null,null,null,null,"N° Total Und Prod:",null,{"$f":"VLOOKUP('Dibujo Edificios'!$A$74,'Otras Tablas'!$G$2:$H$31,2,FALSE)","v":36}]
[null,0,3,"a","a","a","a","a","a","a","a","a","a","a","a","a",null,null,null,null,null,null,null,null,null,null,null,null,null,null,null,null,null,null,null,null,null,null,null,null,null,null,null,null,null,null,null,null,null,null,null,"Proyección avance actual",null,null,{"$f":"IF(AZ867=BB868,\"OK\",IF(BC871=0,\"NA\",(BB868/BJ865*BK865+BQ865)/('Control de Avance'!$BT$3+BC872*5)))","v":"NA"}]
[null,0,2,"a","a","a","a","a","a","a","a","a","a","a","a","A",null,null,null,null,null,null,null,null,null,null,null,null,null,null,null,null,null,null,null,null,null,null,null,null,null,null,null,null,null,null,null,null,null,null,null,"Frentes anteriores",null,null,{"$f":"COUNTIF(D867:AC871,\"A\")/BJ865*BK865","v":173.33333333333331}]
[null,0,1,"A","a","a","a","a","a","a","a","a","A","a","a","a",null,null,null,null,null,null,null,null,null,null,null,null,null,null,null,null,null,null,null,null,null,null,null,null,null,null,null,null,null,null,null,null,null,null,null,"Frentes semana actual",null,null,{"$f":"COUNTIF(D867:AC871,\"B\")/BJ865*BK865","v":0}]
[null,0,null,null,null,null,null,null,null,null,null,null,null,null,null,null,null,null,null,null,null,null,null,null,null,null,null,null,null,null,null,null,null,null,null,null,null,null,null,null,null,null,null,null,null,null,null,null,null,null,null,"Saldo",{"$f":"+BB868/BJ865*BK865-BC870-BC871","v":-53.333333333333314},"Sem",{"$f":"IF(AZ867=BB868,\"OK\",IF(BC871=0,\"NA\",BA872/BC871))","v":"NA"}]
[null,0]
[]
["OGT",0,"Fierro escala",null,null,null,null,null,null,null,null,null,null,null,null,null,null,null,null,null,null,null,null,null,null,null,null,null,null,null,null,null,null,null,null,null,null,null,null,null,null,null,null,null,null,null,null,null,null,null,null,null,null,null,null,"ENFIERRADOR","kg",{"$f":"VLOOKUP(C875,'Act. Proyecto'!$I$3:$Q$881,4,FALSE)","v":101.98001021591169},{"$f":"VLOOKUP(C875,'Act. Proyecto'!$I$3:$Q$881,5,FALSE)","v":93},{"$f":"IFERROR(BF875*BG875,0)","v":9484.1409500797872},{"$f":"VLOOKUP(C875,'Act. Proyecto'!$I$3:$Q$881,7,FALSE)","v":"Piso"},{"$f":"VLOOKUP(C875,'Act. Proyecto'!$I$3:$Q$881,8,FALSE)","v":4},{"$f":"VLOOKUP(C875,'Act. Proyecto'!$I$3:$Q$881,9,FALSE)","v":10},{"$f":"IFERROR(BJ875/BK875,0)","v":0.4},{"$f":"IFERROR(BL875*BH875,0)","v":3793.656380031915},{"$f":"$AZ$877*$BH$875","v":493175.32940414891},{"$f":"IF($BM$875=0,0,$BN$875/$BM$875)","v":130},19,{"$f":"$BP$875+$BO$875-1","v":148},{"$f":"BM875*B875","v":0},{"$f":"BR875*BQ875","v":0}]
[null,{"$f":"$B$875","v":0},null,"F1-2","F3-4","F5-6","F7-8","F9-10","F11","F12-13","F14-15","F16","F17-18","F19-20","F21-22","F23-24",null,null,null,null,null,null,null,null,null,null,null,null,null,null,null,null,null,null,null,null,null,null,null,null,null,null,null,null,null,null,null,null,null,null,null,"N° Unid Prod","N° Frentes","Pos","%"]
[null,0,5,"X","X","X","X","X","X","X","X","X","X","X","X","X",null,null,null,null,null,null,null,null,null,null,null,null,null,null,null,null,null,null,null,null,null,null,null,null,null,null,null,null,null,null,null,null,null,null,null,{"$f":"COUNTIF(D877:P881,\"A\")+COUNTIF(D877:P881,\"B\")","v":52},{"$f":"+AZ877/BJ875*BK875","v":130},{"$f":"+BA877+BO875","v":260},{"$f":"IF(AZ877=BB878,\"OK\",BB877/'Control de Avance'!$BT$3)","v":1.1555555555555554}]
[null,0,4,"a","a","a","A","a","a","a","a","a","a","a","a","a",null,null,null,null,null,null,null,null,null,null,null,null,null,null,null,null,null,null,null,null,null,null,null,null,null,null,null,null,null,null,null,null,null,null,null,"N° Total Und Prod:",null,{"$f":"VLOOKUP('Dibujo Edificios'!$A$64,'Otras Tablas'!$G$2:$H$31,2,FALSE)","v":48}]
[null,0,3,"a","a","a","a","a","a","a","a","a","a","a","a","a",null,null,null,null,null,null,null,null,null,null,null,null,null,null,null,null,null,null,null,null,null,null,null,null,null,null,null,null,null,null,null,null,null,null,null,"Proyección avance actual",null,null,{"$f":"IF(AZ877=BB878,\"OK\",IF(BC881=0,\"NA\",(BB878/BJ875*BK875+BQ875)/('Control de Avance'!$BT$3+BC882*5)))","v":"NA"}]
[null,0,2,"a","a","a","a","a","a","a","a","a","a","a","a","a",null,null,null,null,null,null,null,null,null,null,null,null,null,null,null,null,null,null,null,null,null,null,null,null,null,null,null,null,null,null,null,null,null,null,null,"Frentes anteriores",null,null,{"$f":"COUNTIF(D877:AC881,\"A\")/BJ875*BK875","v":130}]
[null,0,1,"A","a","a","a","a","a","a","a","a","a","a","a","a",null,null,null,null,null,null,null,null,null,null,null,null,null,null,null,null,null,null,null,null,null,null,null,null,null,null,null,null,null,null,null,null,null,null,null,"Frentes semana actual",null,null,{"$f":"COUNTIF(D877:AC881,\"B\")/BJ875*BK875","v":0}]
[null,0,null,null,null,null,null,null,null,null,null,null,null,null,null,null,null,null,null,null,null,null,null,null,null,null,null,null,null,null,null,null,null,null,null,null,null,null,null,null,null,null,null,null,null,null,null,null,null,null,null,"Saldo",{"$f":"+BB878/BJ875*BK875-BC880-BC881","v":-10},"Sem",{"$f":"IF(AZ877=BB878,\"OK\",IF(BC881=0,\"NA\",BA882/BC881))","v":"NA"}]
[null,0]
[]
["OGT",0,"Moldaje contrahuella escala",null,null,null,null,null,null,null,null,null,null,null,null,null,null,null,null,null,null,null,null,null,null,null,null,null,null,null,null,null,null,null,null,null,null,null,null,null,null,null,null,null,null,null,null,null,null,null,null,null,null,null,null,"MOLDAJE LOSA","m2",{"$f":"VLOOKUP(C885,'Act. Proyecto'!$I$3:$Q$881,4,FALSE)","v":0},{"$f":"VLOOKUP(C885,'Act. Proyecto'!$I$3:$Q$881,5,FALSE)","v":0},{"$f":"IFERROR(BF885*BG885,0)","v":0},{"$f":"VLOOKUP(C885,'Act. Proyecto'!$I$3:$Q$881,7,FALSE)","v":"Piso"},{"$f":"VLOOKUP(C885,'Act. Proyecto'!$I$3:$Q$881,8,FALSE)","v":4},{"$f":"VLOOKUP(C885,'Act. Proyecto'!$I$3:$Q$881,9,FALSE)","v":10},{"$f":"IFERROR(BJ885/BK885,0)","v":0.4},{"$f":"IFERROR(BL885*BH885,0)","v":0},{"$f":"$AZ$887*$BH$885","v":0},{"$f":"IF($BM$885=0,0,$BN$885/$BM$885)","v":0},19,{"$f":"$BP$885+$BO$885-1","v":18},{"$f":"BM885*B885","v":0},{"$f":"BR885*BQ885","v":0}]
[null,{"$f":"$B$885","v":0},null,"F1-2","F3-4","F5-6","F7-8","F9-10","F11","F12-13","F14-15","F16","F17-18","F19-20","F21-22","F23-24",null,null,null,null,null,null,null,null,null,null,null,null,null,null,null,null,null,null,null,null,null,null,null,null,null,null,null,null,null,null,null,null,null,null,null,"N° Unid Prod","N° Frentes","Pos","%"]
[null,0,5,"X","X","X","X","X","X","X","X","X","X","X","X","X",null,null,null,null,null,null,null,null,null,null,null,null,null,null,null,null,null,null,null,null,null,null,null,null,null,null,null,null,null,null,null,null,null,null,null,{"$f":"COUNTIF(D887:P891,\"A\")+COUNTIF(D887:P891,\"B\")","v":52},{"$f":"+AZ887/BJ885*BK885","v":130},{"$f":"+BA887+BO885","v":130},{"$f":"IF(AZ887=BB888,\"OK\",BB887/'Control de Avance'!$BT$3)","v":0.57777777777777772}]
[null,0,4,"a","a","a","a","a","a","a","a","a","a","a","a","a",null,null,null,null,null,null,null,null,null,null,null,null,null,null,null,null,null,null,null,null,null,null,null,null,null,null,null,null,null,null,null,null,null,null,null,"N° Total Und Prod:",null,{"$f":"VLOOKUP('Dibujo Edificios'!$A$64,'Otras Tablas'!$G$2:$H$31,2,FALSE)","v":48}]
[null,0,3,"a","a","a","a","a","a","a","a","a","a","a","a","a",null,null,null,null,null,null,null,null,null,null,null,null,null,null,null,null,null,null,null,null,null,null,null,null,null,null,null,null,null,null,null,null,null,null,null,"Proyección avance actual",null,null,{"$f":"IF(AZ887=BB888,\"OK\",IF(BC891=0,\"NA\",(BB888/BJ885*BK885+BQ885)/('Control de Avance'!$BT$3+BC892*5)))","v":"NA"}]
[null,0,2,"a","a","a","a","a","a","a","a","a","a","a","a","a",null,null,null,null,null,null,null,null,null,null,null,null,null,null,null,null,null,null,null,null,null,null,null,null,null,null,null,null,null,null,null,null,null,null,null,"Frentes anteriores",null,null,{"$f":"COUNTIF(D887:AC891,\"A\")/BJ885*BK885","v":130}]
[null,0,1,"A","a","a","a","a","a","a","a","a","a","a","a","a",null,null,null,null,null,null,null,null,null,null,null,null,null,null,null,null,null,null,null,null,null,null,null,null,null,null,null,null,null,null,null,null,null,null,null,"Frentes semana actual",null,null,{"$f":"COUNTIF(D887:AC891,\"B\")/BJ885*BK885","v":0}]
[null,0,null,null,null,null,null,null,null,null,null,null,null,null,null,null,null,null,null,null,null,null,null,null,null,null,null,null,null,null,null,null,null,null,null,null,null,null,null,null,null,null,null,null,null,null,null,null,null,null,null,"Saldo",{"$f":"+BB888/BJ885*BK885-BC890-BC891","v":-10},"Sem",{"$f":"IF(AZ887=BB888,\"OK\",IF(BC891=0,\"NA\",BA892/BC891))","v":"NA"}]
[null,0]
[]
["OGT",0,"Hormigón escala",null,null,null,null,null,null,null,null,null,null,null,null,null,null,null,null,null,null,null,null,null,null,null,null,null,null,null,null,null,null,null,null,null,null,null,null,null,null,null,null,null,null,null,null,null,null,null,null,null,null,null,null,"HORMIGÓN","m3",{"$f":"VLOOKUP(C895,'Act. Proyecto'!$I$3:$Q$881,4,FALSE)","v":0},{"$f":"VLOOKUP(C895,'Act. Proyecto'!$I$3:$Q$881,5,FALSE)","v":4300},{"$f":"IFERROR(BF895*BG895,0)","v":0},{"$f":"VLOOKUP(C895,'Act. Proyecto'!$I$3:$Q$881,7,FALSE)","v":"Piso"},{"$f":"VLOOKUP(C895,'Act. Proyecto'!$I$3:$Q$881,8,FALSE)","v":4},{"$f":"VLOOKUP(C895,'Act. Proyecto'!$I$3:$Q$881,9,FALSE)","v":10},{"$f":"IFERROR(BJ895/BK895,0)","v":0.4},{"$f":"IFERROR(BL895*BH895,0)","v":0},{"$f":"$AZ$897*$BH$895","v":0},{"$f":"IF($BM$895=0,0,$BN$895/$BM$895)","v":0},19,{"$f":"$BP$895+$BO$895-1","v":18},{"$f":"BM895*B895","v":0},{"$f":"BR895*BQ895","v":0}]
[null,{"$f":"$B$895","v":0},null,"F1-2","F3-4","F5-6","F7-8","F9-10","F11","F12-13","F14-15","F16","F17-18","F19-20","F21-22","F23-24",null,null,null,null,null,null,null,null,null,null,null,null,null,null,null,null,null,null,null,null,null,null,null,null,null,null,null,null,null,null,null,null,null,null,null,"N° Unid Prod","N° Frentes","Pos","%"]
[null,0,5,"X","X","X","X","X","X","X","X","X","X","X","X","X",null,null,null,null,null,null,null,null,null,null,null,null,null,null,null,null,null,null,null,null,null,null,null,null,null,null,null,null,null,null,null,null,null,null,null,{"$f":"COUNTIF(D897:P901,\"A\")+COUNTIF(D897:P901,\"B\")","v":52},{"$f":"+AZ897/BJ895*BK895","v":130},{"$f":"+BA897+BO895","v":130},{"$f":"IF(AZ897=BB898,\"OK\",BB897/'Control de Avance'!$BT$3)","v":0.57777777777777772}]
[null,0,4,"a","a","a","a","a","a","a","a","a","a","a","a","a",null,null,null,null,null,null,null,null,null,null,null,null,null,null,null,null,null,null,null,null,null,null,null,null,null,null,null,null,null,null,null,null,null,null,null,"N° Total Und Prod:",null,{"$f":"VLOOKUP('Dibujo Edificios'!$A$64,'Otras Tablas'!$G$2:$H$31,2,FALSE)","v":48}]
[null,0,3,"a","a","a","a","a","a","a","a","a","a","a","a","a",null,null,null,null,null,null,null,null,null,null,null,null,null,null,null,null,null,null,null,null,null,null,null,null,null,null,null,null,null,null,null,null,null,null,null,"Proyección avance actual",null,null,{"$f":"IF(AZ897=BB898,\"OK\",IF(BC901=0,\"NA\",(BB898/BJ895*BK895+BQ895)/('Control de Avance'!$BT$3+BC902*5)))","v":"NA"}]
[null,0,2,"a","a","a","a","a","a","a","a","a","a","a","a","a",null,null,null,null,null,null,null,null,null,null,null,null,null,null,null,null,null,null,null,null,null,null,null,null,null,null,null,null,null,null,null,null,null,null,null,"Frentes anteriores",null,null,{"$f":"COUNTIF(D897:AC901,\"A\")/BJ895*BK895","v":130}]
[null,0,1,"A","a","a","a","a","a","a","a","a","a","a","a","a",null,null,null,null,null,null,null,null,null,null,null,null,null,null,null,null,null,null,null,null,null,null,null,null,null,null,null,null,null,null,null,null,null,null,null,"Frentes semana actual",null,null,{"$f":"COUNTIF(D897:AC901,\"B\")/BJ895*BK895","v":0}]
[null,0,null,null,null,null,null,null,null,null,null,null,null,null,null,null,null,null,null,null,null,null,null,null,null,null,null,null,null,null,null,null,null,null,null,null,null,null,null,null,null,null,null,null,null,null,null,null,null,null,null,"Saldo",{"$f":"+BB898/BJ895*BK895-BC900-BC901","v":-10},"Sem",{"$f":"IF(AZ897=BB898,\"OK\",IF(BC901=0,\"NA\",BA902/BC901))","v":"NA"}]
[null,0]
[]
["OGT",0,"Alisado de escala",null,null,null,null,null,null,null,null,null,null,null,null,null,null,null,null,null,null,null,null,null,null,null,null,null,null,null,null,null,null,null,null,null,null,null,null,null,null,null,null,null,null,null,null,null,null,null,null,null,null,null,null,"HORMIGÓN","Piso",{"$f":"VLOOKUP(C905,'Act. Proyecto'!$I$3:$Q$881,4,FALSE)","v":1},{"$f":"VLOOKUP(C905,'Act. Proyecto'!$I$3:$Q$881,5,FALSE)","v":4400},{"$f":"IFERROR(BF905*BG905,0)","v":4400},{"$f":"VLOOKUP(C905,'Act. Proyecto'!$I$3:$Q$881,7,FALSE)","v":"Piso"},{"$f":"VLOOKUP(C905,'Act. Proyecto'!$I$3:$Q$881,8,FALSE)","v":4},{"$f":"VLOOKUP(C905,'Act. Proyecto'!$I$3:$Q$881,9,FALSE)","v":10},{"$f":"IFERROR(BJ905/BK905,0)","v":0.4},{"$f":"IFERROR(BL905*BH905,0)","v":1760},{"$f":"$AZ$907*$BH$905","v":228800},{"$f":"IF($BM$905=0,0,$BN$905/$BM$905)","v":130},19,{"$f":"$BP$905+$BO$905-1","v":148},{"$f":"BM905*B905","v":0},{"$f":"BR905*BQ905","v":0}]
[null,{"$f":"$B$905","v":0},null,"F1-2","F3-4","F5-6","F7-8","F9-10","F11","F12-13","F14-15","F16","F17-18","F19-20","F21-22","F23-24",null,null,null,null,null,null,null,null,null,null,null,null,null,null,null,null,null,null,null,null,null,null,null,null,null,null,null,null,null,null,null,null,null,null,null,"N° Unid Prod","N° Frentes","Pos","%"]
[null,0,5,"X","X","X","X","X","X","X","X","X","X","X","X","X",null,null,null,null,null,null,null,null,null,null,null,null,null,null,null,null,null,null,null,null,null,null,null,null,null,null,null,null,null,null,null,null,null,null,null,{"$f":"COUNTIF(D907:P911,\"A\")+COUNTIF(D907:P911,\"B\")","v":52},{"$f":"+AZ907/BJ905*BK905","v":130},{"$f":"+BA907+BO905","v":260},{"$f":"IF(AZ907=BB908,\"OK\",BB907/'Control de Avance'!$BT$3)","v":1.1555555555555554}]
[null,0,4,"a","a","a","a","a","A","A","a","a","a","a","a","a",null,null,null,null,null,null,null,null,null,null,null,null,null,null,null,null,null,null,null,null,null,null,null,null,null,null,null,null,null,null,null,null,null,null,null,"N° Total Und Prod:",null,{"$f":"VLOOKUP('Dibujo Edificios'!$A$64,'Otras Tablas'!$G$2:$H$31,2,FALSE)","v":48}]
[null,0,3,"a","a","a","a","a","A","A","a","a","a","a","a","a",null,null,null,null,null,null,null,null,null,null,null,null,null,null,null,null,null,null,null,null,null,null,null,null,null,null,null,null,null,null,null,null,null,null,null,"Proyección avance actual",null,null,{"$f":"IF(AZ907=BB908,\"OK\",IF(BC911=0,\"NA\",(BB908/BJ905*BK905+BQ905)/('Control de Avance'!$BT$3+BC912*5)))","v":"NA"}]
[null,0,2,"a","a","a","a","a","A","A","a","a","a","a","a","a",null,null,null,null,null,null,null,null,null,null,null,null,null,null,null,null,null,null,null,null,null,null,null,null,null,null,null,null,null,null,null,null,null,null,null,"Frentes anteriores",null,null,{"$f":"COUNTIF(D907:AC911,\"A\")/BJ905*BK905","v":130}]
[null,0,1,"A","a","a","a","a","A","A","a","a","a","a","a","a",null,null,null,null,null,null,null,null,null,null,null,null,null,null,null,null,null,null,null,null,null,null,null,null,null,null,null,null,null,null,null,null,null,null,null,"Frentes semana actual",null,null,{"$f":"COUNTIF(D907:AC911,\"B\")/BJ905*BK905","v":0}]
[null,0,null,null,null,null,null,null,null,null,null,null,null,null,null,null,null,null,null,null,null,null,null,null,null,null,null,null,null,null,null,null,null,null,null,null,null,null,null,null,null,null,null,null,null,null,null,null,null,null,null,"Saldo",{"$f":"+BB908/BJ905*BK905-BC910-BC911","v":-10},"Sem",{"$f":"IF(AZ907=BB908,\"OK\",IF(BC911=0,\"NA\",BA912/BC911))","v":"NA"}]
[null,0]
[]
["OGT",0,"Descimbre escala",null,null,null,null,null,null,null,null,null,null,null,null,null,null,null,null,null,null,null,null,null,null,null,null,null,null,null,null,null,null,null,null,null,null,null,null,null,null,null,null,null,null,null,null,null,null,null,null,null,null,null,null,"MOLDAJE LOSA","Piso",{"$f":"VLOOKUP(C915,'Act. Proyecto'!$I$3:$Q$881,4,FALSE)","v":0},{"$f":"VLOOKUP(C915,'Act. Proyecto'!$I$3:$Q$881,5,FALSE)","v":0},{"$f":"IFERROR(BF915*BG915,0)","v":0},{"$f":"VLOOKUP(C915,'Act. Proyecto'!$I$3:$Q$881,7,FALSE)","v":"Piso"},{"$f":"VLOOKUP(C915,'Act. Proyecto'!$I$3:$Q$881,8,FALSE)","v":4},{"$f":"VLOOKUP(C915,'Act. Proyecto'!$I$3:$Q$881,9,FALSE)","v":10},{"$f":"IFERROR(BJ915/BK915,0)","v":0.4},{"$f":"IFERROR(BL915*BH915,0)","v":0},{"$f":"$AZ$917*$BH$915","v":0},{"$f":"IF($BM$915=0,0,$BN$915/$BM$915)","v":0},20,{"$f":"$BP$915+$BO$915-1","v":19},{"$f":"BM915*B915","v":0},{"$f":"BR915*BQ915","v":0}]
[null,{"$f":"$B$915","v":0},null,"F1-2","F3-4","F5-6","F7-8","F9-10","F11","F12-13","F14-15","F16","F17-18","F19-20","F21-22","F23-24",null,null,null,null,null,null,null,null,null,null,null,null,null,null,null,null,null,null,null,null,null,null,null,null,null,null,null,null,null,null,null,null,null,null,null,"N° Unid Prod","N° Frentes","Pos","%"]
[null,0,5,"X","X","X","X","X","X","X","X","X","X","X","X","X",null,null,null,null,null,null,null,null,null,null,null,null,null,null,null,null,null,null,null,null,null,null,null,null,null,null,null,null,null,null,null,null,null,null,null,{"$f":"COUNTIF(D917:P921,\"A\")+COUNTIF(D917:P921,\"B\")","v":52},{"$f":"+AZ917/BJ915*BK915","v":130},{"$f":"+BA917+BO915","v":130},{"$f":"IF(AZ917=BB918,\"OK\",BB917/'Control de Avance'!$BT$3)","v":0.57777777777777772}]
[null,0,4,"a","a","A","A","a","A","a","a","a","a","a","a","a",null,null,null,null,null,null,null,null,null,null,null,null,null,null,null,null,null,null,null,null,null,null,null,null,null,null,null,null,null,null,null,null,null,null,null,"N° Total Und Prod:",null,{"$f":"VLOOKUP('Dibujo Edificios'!$A$64,'Otras Tablas'!$G$2:$H$31,2,FALSE)","v":48}]
[null,0,3,"a","a","a","a","a","A","a","a","a","a","a","A","a",null,null,null,null,null,null,null,null,null,null,null,null,null,null,null,null,null,null,null,null,null,null,null,null,null,null,null,null,null,null,null,null,null,null,null,"Proyección avance actual",null,null,{"$f":"IF(AZ917=BB918,\"OK\",IF(BC921=0,\"NA\",(BB918/BJ915*BK915+BQ915)/('Control de Avance'!$BT$3+BC922*5)))","v":"NA"}]
[null,0,2,"a","a","a","a","a","A","a","a","a","a","a","a","a",null,null,null,null,null,null,null,null,null,null,null,null,null,null,null,null,null,null,null,null,null,null,null,null,null,null,null,null,null,null,null,null,null,null,null,"Frentes anteriores",null,null,{"$f":"COUNTIF(D917:AC921,\"A\")/BJ915*BK915","v":130}]
[null,0,1,"A","a","a","a","a","A","a","a","a","a","a","a","a",null,null,null,null,null,null,null,null,null,null,null,null,null,null,null,null,null,null,null,null,null,null,null,null,null,null,null,null,null,null,null,null,null,null,null,"Frentes semana actual",null,null,{"$f":"COUNTIF(D917:AC921,\"B\")/BJ915*BK915","v":0}]
[null,0,null,null,null,null,null,null,null,null,null,null,null,null,null,null,null,null,null,null,null,null,null,null,null,null,null,null,null,null,null,null,null,null,null,null,null,null,null,null,null,null,null,null,null,null,null,null,null,null,null,"Saldo",{"$f":"+BB918/BJ915*BK915-BC920-BC921","v":-10},"Sem",{"$f":"IF(AZ917=BB918,\"OK\",IF(BC921=0,\"NA\",BA922/BC921))","v":"NA"}]
[null,0]
[]
["OGT-1",0,"Fierro viga descanso escala",null,null,null,null,null,null,null,null,null,null,null,null,null,null,null,null,null,null,null,null,null,null,null,null,null,null,null,null,null,null,null,null,null,null,null,null,null,null,null,null,null,null,null,null,null,null,null,null,null,null,null,null,"ENFIERRADOR","kg",{"$f":"VLOOKUP(C925,'Act. Proyecto'!$I$3:$Q$881,4,FALSE)","v":14.100000000000001},{"$f":"VLOOKUP(C925,'Act. Proyecto'!$I$3:$Q$881,5,FALSE)","v":93},{"$f":"IFERROR(BF925*BG925,0)","v":1311.3000000000002},{"$f":"VLOOKUP(C925,'Act. Proyecto'!$I$3:$Q$881,7,FALSE)","v":"Piso"},{"$f":"VLOOKUP(C925,'Act. Proyecto'!$I$3:$Q$881,8,FALSE)","v":3},{"$f":"VLOOKUP(C925,'Act. Proyecto'!$I$3:$Q$881,9,FALSE)","v":10},{"$f":"IFERROR(BJ925/BK925,0)","v":0.3},{"$f":"IFERROR(BL925*BH925,0)","v":393.39000000000004},{"$f":"$AZ$927*$BH$925","v":51140.700000000004},{"$f":"IF($BM$925=0,0,$BN$925/$BM$925)","v":130},24,{"$f":"$BP$925+$BO$925-1","v":153},{"$f":"BM925*B925","v":0},{"$f":"BR925*BQ925","v":0}]
[null,{"$f":"$B$925","v":0},null,"F1-2","F3-4","F5-6","F7-8","F9-10","F11","F12-13","F14-15","F16","F17-18","F19-20","F21-22","F23-24",null,null,null,null,null,null,null,null,null,null,null,null,null,null,null,null,null,null,null,null,null,null,null,null,null,null,null,null,null,null,null,null,null,null,null,"N° Unid Prod","N° Frentes","Pos","%"]
[null,0,5,"X","X","X","X","X","X","X","X","X","X","X","X","X",null,null,null,null,null,null,null,null,null,null,null,null,null,null,null,null,null,null,null,null,null,null,null,null,null,null,null,null,null,null,null,null,null,null,null,{"$f":"COUNTIF(D927:P931,\"A\")+COUNTIF(D927:P931,\"B\")","v":39},{"$f":"+AZ927/BJ925*BK925","v":130},{"$f":"+BA927+BO925","v":260},{"$f":"IF(AZ927=BB928,\"OK\",BB927/'Control de Avance'!$BT$3)","v":1.1555555555555554}]
[null,0,4,"a","a","a","a","a","A","A","a","A","a","a","a","a",null,null,null,null,null,null,null,null,null,null,null,null,null,null,null,null,null,null,null,null,null,null,null,null,null,null,null,null,null,null,null,null,null,null,null,"N° Total Und Prod:",null,{"$f":"VLOOKUP('Dibujo Edificios'!$A$74,'Otras Tablas'!$G$2:$H$31,2,FALSE)","v":36}]
[null,0,3,"a","a","a","a","A","A","A","a","A","a","a","a","a",null,null,null,null,null,null,null,null,null,null,null,null,null,null,null,null,null,null,null,null,null,null,null,null,null,null,null,null,null,null,null,null,null,null,null,"Proyección avance actual",null,null,{"$f":"IF(AZ927=BB928,\"OK\",IF(BC931=0,\"NA\",(BB928/BJ925*BK925+BQ925)/('Control de Avance'!$BT$3+BC932*5)))","v":"NA"}]
[null,0,2,"a","a","a","a","a","A","A","a","A","a","a","a","a",null,null,null,null,null,null,null,null,null,null,null,null,null,null,null,null,null,null,null,null,null,null,null,null,null,null,null,null,null,null,null,null,null,null,null,"Frentes anteriores",null,null,{"$f":"COUNTIF(D927:AC931,\"A\")/BJ925*BK925","v":130}]
[null,0,1,"X","X","X","X","X","X","X","X","X","X","X","X","X",null,null,null,null,null,null,null,null,null,null,null,null,null,null,null,null,null,null,null,null,null,null,null,null,null,null,null,null,null,null,null,null,null,null,null,"Frentes semana actual",null,null,{"$f":"COUNTIF(D927:AC931,\"B\")/BJ925*BK925","v":0}]
[null,0,null,null,null,null,null,null,null,null,null,null,null,null,null,null,null,null,null,null,null,null,null,null,null,null,null,null,null,null,null,null,null,null,null,null,null,null,null,null,null,null,null,null,null,null,null,null,null,null,null,"Saldo",{"$f":"+BB928/BJ925*BK925-BC930-BC931","v":-10},"Sem",{"$f":"IF(AZ927=BB928,\"OK\",IF(BC931=0,\"NA\",BA932/BC931))","v":"NA"}]
[null,0]
[]
["OGT-1",0,"Moldaje viga descanso escala",null,null,null,null,null,null,null,null,null,null,null,null,null,null,null,null,null,null,null,null,null,null,null,null,null,null,null,null,null,null,null,null,null,null,null,null,null,null,null,null,null,null,null,null,null,null,null,null,null,null,null,null,"MOLDAJE MURO","m2",{"$f":"VLOOKUP(C935,'Act. Proyecto'!$I$3:$Q$881,4,FALSE)","v":4.8499999999999996},{"$f":"VLOOKUP(C935,'Act. Proyecto'!$I$3:$Q$881,5,FALSE)","v":1050},{"$f":"IFERROR(BF935*BG935,0)","v":5092.5},{"$f":"VLOOKUP(C935,'Act. Proyecto'!$I$3:$Q$881,7,FALSE)","v":"Piso"},{"$f":"VLOOKUP(C935,'Act. Proyecto'!$I$3:$Q$881,8,FALSE)","v":3},{"$f":"VLOOKUP(C935,'Act. Proyecto'!$I$3:$Q$881,9,FALSE)","v":10},{"$f":"IFERROR(BJ935/BK935,0)","v":0.3},{"$f":"IFERROR(BL935*BH935,0)","v":1527.75},{"$f":"$AZ$937*$BH$935","v":198607.5},{"$f":"IF($BM$935=0,0,$BN$935/$BM$935)","v":130},24,{"$f":"$BP$935+$BO$935-1","v":153},{"$f":"BM935*B935","v":0},{"$f":"BR935*BQ935","v":0}]
[null,{"$f":"$B$935","v":0},null,"F1-2","F3-4","F5-6","F7-8","F9-10","F11","F12-13","F14-15","F16","F17-18","F19-20","F21-22","F23-24",null,null,null,null,null,null,null,null,null,null,null,null,null,null,null,null,null,null,null,null,null,null,null,null,null,null,null,null,null,null,null,null,null,null,null,"N° Unid Prod","N° Frentes","Pos","%"]
[null,0,5,"X","X","X","X","X","X","X","X","X","X","X","X","X",null,null,null,null,null,null,null,null,null,null,null,null,null,null,null,null,null,null,null,null,null,null,null,null,null,null,null,null,null,null,null,null,null,null,null,{"$f":"COUNTIF(D937:P941,\"A\")+COUNTIF(D937:P941,\"B\")","v":39},{"$f":"+AZ937/BJ935*BK935","v":130},{"$f":"+BA937+BO935","v":260},{"$f":"IF(AZ937=BB938,\"OK\",BB937/'Control de Avance'!$BT$3)","v":1.1555555555555554}]
[null,0,4,"a","a","a","A","a","A","A","a","a","a","a","a","a",null,null,null,null,null,null,null,null,null,null,null,null,null,null,null,null,null,null,null,null,null,null,null,null,null,null,null,null,null,null,null,null,null,null,null,"N° Total Und Prod:",null,{"$f":"VLOOKUP('Dibujo Edificios'!$A$74,'Otras Tablas'!$G$2:$H$31,2,FALSE)","v":36}]
[null,0,3,"a","a","a","a","a","A","A","a","a","a","a","a","a",null,null,null,null,null,null,null,null,null,null,null,null,null,null,null,null,null,null,null,null,null,null,null,null,null,null,null,null,null,null,null,null,null,null,null,"Proyección avance actual",null,null,{"$f":"IF(AZ937=BB938,\"OK\",IF(BC941=0,\"NA\",(BB938/BJ935*BK935+BQ935)/('Control de Avance'!$BT$3+BC942*5)))","v":"NA"}]
[null,0,2,"a","A","a","A","a","A","A","a","a","a","a","a","a",null,null,null,null,null,null,null,null,null,null,null,null,null,null,null,null,null,null,null,null,null,null,null,null,null,null,null,null,null,null,null,null,null,null,null,"Frentes anteriores",null,null,{"$f":"COUNTIF(D937:AC941,\"A\")/BJ935*BK935","v":130}]
[null,0,1,"X","X","X","X","X","X","X","X","X","X","X","X","X",null,null,null,null,null,null,null,null,null,null,null,null,null,null,null,null,null,null,null,null,null,null,null,null,null,null,null,null,null,null,null,null,null,null,null,"Frentes semana actual",null,null,{"$f":"COUNTIF(D937:AC941,\"B\")/BJ935*BK935","v":0}]
[null,0,null,null,null,null,null,null,null,null,null,null,null,null,null,null,null,null,null,null,null,null,null,null,null,null,null,null,null,null,null,null,null,null,null,null,null,null,null,null,null,null,null,null,null,null,null,null,null,null,null,"Saldo",{"$f":"+BB938/BJ935*BK935-BC940-BC941","v":-10},"Sem",{"$f":"IF(AZ937=BB938,\"OK\",IF(BC941=0,\"NA\",BA942/BC941))","v":"NA"}]
[null,0]
[]
["OGT-1",0,"Hormigón viga descanso escala",null,null,null,null,null,null,null,null,null,null,null,null,null,null,null,null,null,null,null,null,null,null,null,null,null,null,null,null,null,null,null,null,null,null,null,null,null,null,null,null,null,null,null,null,null,null,null,null,null,null,null,null,"HORMIGÓN","m3",{"$f":"VLOOKUP(C945,'Act. Proyecto'!$I$3:$Q$881,4,FALSE)","v":0.36},{"$f":"VLOOKUP(C945,'Act. Proyecto'!$I$3:$Q$881,5,FALSE)","v":5380},{"$f":"IFERROR(BF945*BG945,0)","v":1936.8},{"$f":"VLOOKUP(C945,'Act. Proyecto'!$I$3:$Q$881,7,FALSE)","v":"Piso"},{"$f":"VLOOKUP(C945,'Act. Proyecto'!$I$3:$Q$881,8,FALSE)","v":3},{"$f":"VLOOKUP(C945,'Act. Proyecto'!$I$3:$Q$881,9,FALSE)","v":10},{"$f":"IFERROR(BJ945/BK945,0)","v":0.3},{"$f":"IFERROR(BL945*BH945,0)","v":581.04},{"$f":"$AZ$947*$BH$945","v":75535.199999999997},{"$f":"IF($BM$945=0,0,$BN$945/$BM$945)","v":130},25,{"$f":"$BP$945+$BO$945-1","v":154},{"$f":"BM945*B945","v":0},{"$f":"BR945*BQ945","v":0}]
[null,{"$f":"$B$945","v":0},null,"F1-2","F3-4","F5-6","F7-8","F9-10","F11","F12-13","F14-15","F16","F17-18","F19-20","F21-22","F23-24",null,null,null,null,null,null,null,null,null,null,null,null,null,null,null,null,null,null,null,null,null,null,null,null,null,null,null,null,null,null,null,null,null,null,null,"N° Unid Prod","N° Frentes","Pos","%"]
[null,0,5,"X","X","X","X","X","X","X","X","X","X","X","X","X",null,null,null,null,null,null,null,null,null,null,null,null,null,null,null,null,null,null,null,null,null,null,null,null,null,null,null,null,null,null,null,null,null,null,null,{"$f":"COUNTIF(D947:P951,\"A\")+COUNTIF(D947:P951,\"B\")","v":39},{"$f":"+AZ947/BJ945*BK945","v":130},{"$f":"+BA947+BO945","v":260},{"$f":"IF(AZ947=BB948,\"OK\",BB947/'Control de Avance'!$BT$3)","v":1.1555555555555554}]
[null,0,4,"a","a","a","A","a","A","A","A","a","a","a","a","a",null,null,null,null,null,null,null,null,null,null,null,null,null,null,null,null,null,null,null,null,null,null,null,null,null,null,null,null,null,null,null,null,null,null,null,"N° Total Und Prod:",null,{"$f":"VLOOKUP('Dibujo Edificios'!$A$74,'Otras Tablas'!$G$2:$H$31,2,FALSE)","v":36}]
[null,0,3,"a","a","a","a","a","A","A","A","A","a","a","a","a",null,null,null,null,null,null,null,null,null,null,null,null,null,null,null,null,null,null,null,null,null,null,null,null,null,null,null,null,null,null,null,null,null,null,null,"Proyección avance actual",null,null,{"$f":"IF(AZ947=BB948,\"OK\",IF(BC951=0,\"NA\",(BB948/BJ945*BK945+BQ945)/('Control de Avance'!$BT$3+BC952*5)))","v":"NA"}]
[null,0,2,"a","a","a","a","a","A","A","A","A","a","a","a","a",null,null,null,null,null,null,null,null,null,null,null,null,null,null,null,null,null,null,null,null,null,null,null,null,null,null,null,null,null,null,null,null,null,null,null,"Frentes anteriores",null,null,{"$f":"COUNTIF(D947:AC951,\"A\")/BJ945*BK945","v":130}]
[null,0,1,"X","X","X","X","X","X","X","X","X","X","X","X","X",null,null,null,null,null,null,null,null,null,null,null,null,null,null,null,null,null,null,null,null,null,null,null,null,null,null,null,null,null,null,null,null,null,null,null,"Frentes semana actual",null,null,{"$f":"COUNTIF(D947:AC951,\"B\")/BJ945*BK945","v":0}]
[null,0,null,null,null,null,null,null,null,null,null,null,null,null,null,null,null,null,null,null,null,null,null,null,null,null,null,null,null,null,null,null,null,null,null,null,null,null,null,null,null,null,null,null,null,null,null,null,null,null,null,"Saldo",{"$f":"+BB948/BJ945*BK945-BC950-BC951","v":-10},"Sem",{"$f":"IF(AZ947=BB948,\"OK\",IF(BC951=0,\"NA\",BA952/BC951))","v":"NA"}]
[null,0]
[]
["OGT-1",0,"Descimbre viga descanso escala",null,null,null,null,null,null,null,null,null,null,null,null,null,null,null,null,null,null,null,null,null,null,null,null,null,null,null,null,null,null,null,null,null,null,null,null,null,null,null,null,null,null,null,null,null,null,null,null,null,null,null,null,"MOLDAJE MURO","m2",{"$f":"VLOOKUP(C955,'Act. Proyecto'!$I$3:$Q$881,4,FALSE)","v":4.8499999999999996},{"$f":"VLOOKUP(C955,'Act. Proyecto'!$I$3:$Q$881,5,FALSE)","v":370},{"$f":"IFERROR(BF955*BG955,0)","v":1794.4999999999998},{"$f":"VLOOKUP(C955,'Act. Proyecto'!$I$3:$Q$881,7,FALSE)","v":"Piso"},{"$f":"VLOOKUP(C955,'Act. Proyecto'!$I$3:$Q$881,8,FALSE)","v":3},{"$f":"VLOOKUP(C955,'Act. Proyecto'!$I$3:$Q$881,9,FALSE)","v":10},{"$f":"IFERROR(BJ955/BK955,0)","v":0.3},{"$f":"IFERROR(BL955*BH955,0)","v":538.34999999999991},{"$f":"$AZ$957*$BH$955","v":69985.499999999985},{"$f":"IF($BM$955=0,0,$BN$955/$BM$955)","v":130},26,{"$f":"$BP$955+$BO$955-1","v":155},{"$f":"BM955*B955","v":0},{"$f":"BR955*BQ955","v":0}]
[null,{"$f":"$B$955","v":0},null,"F1-2","F3-4","F5-6","F7-8","F9-10","F11","F12-13","F14-15","F16","F17-18","F19-20","F21-22","F23-24",null,null,null,null,null,null,null,null,null,null,null,null,null,null,null,null,null,null,null,null,null,null,null,null,null,null,null,null,null,null,null,null,null,null,null,"N° Unid Prod","N° Frentes","Pos","%"]
[null,0,5,"X","X","X","X","X","X","X","X","X","X","X","X","X",null,null,null,null,null,null,null,null,null,null,null,null,null,null,null,null,null,null,null,null,null,null,null,null,null,null,null,null,null,null,null,null,null,null,null,{"$f":"COUNTIF(D957:P961,\"A\")+COUNTIF(D957:P961,\"B\")","v":39},{"$f":"+AZ957/BJ955*BK955","v":130},{"$f":"+BA957+BO955","v":260},{"$f":"IF(AZ957=BB958,\"OK\",BB957/'Control de Avance'!$BT$3)","v":1.1555555555555554}]
[null,0,4,"A","A","A","A","A","A","A","A","A","A","a","a","a",null,null,null,null,null,null,null,null,null,null,null,null,null,null,null,null,null,null,null,null,null,null,null,null,null,null,null,null,null,null,null,null,null,null,null,"N° Total Und Prod:",null,{"$f":"VLOOKUP('Dibujo Edificios'!$A$74,'Otras Tablas'!$G$2:$H$31,2,FALSE)","v":36}]
[null,0,3,"a","a","a","a","A","A","A","A","A","A","a","a","a",null,null,null,null,null,null,null,null,null,null,null,null,null,null,null,null,null,null,null,null,null,null,null,null,null,null,null,null,null,null,null,null,null,null,null,"Proyección avance actual",null,null,{"$f":"IF(AZ957=BB958,\"OK\",IF(BC961=0,\"NA\",(BB958/BJ955*BK955+BQ955)/('Control de Avance'!$BT$3+BC962*5)))","v":"NA"}]
[null,0,2,"a","a","a","a","a","a","a","a","a","a","a","a","a",null,null,null,null,null,null,null,null,null,null,null,null,null,null,null,null,null,null,null,null,null,null,null,null,null,null,null,null,null,null,null,null,null,null,null,"Frentes anteriores",null,null,{"$f":"COUNTIF(D957:AC961,\"A\")/BJ955*BK955","v":130}]
[null,0,1,"X","X","X","X","X","X","X","X","X","X","X","X","X",null,null,null,null,null,null,null,null,null,null,null,null,null,null,null,null,null,null,null,null,null,null,null,null,null,null,null,null,null,null,null,null,null,null,null,"Frentes semana actual",null,null,{"$f":"COUNTIF(D957:AC961,\"B\")/BJ955*BK955","v":0}]
[null,0,null,null,null,null,null,null,null,null,null,null,null,null,null,null,null,null,null,null,null,null,null,null,null,null,null,null,null,null,null,null,null,null,null,null,null,null,null,null,null,null,null,null,null,null,null,null,null,null,null,"Saldo",{"$f":"+BB958/BJ955*BK955-BC960-BC961","v":-10},"Sem",{"$f":"IF(AZ957=BB958,\"OK\",IF(BC961=0,\"NA\",BA962/BC961))","v":"NA"}]
[null,0]
[]
["OG1",0,"Moldaje viga acceso edificio",null,null,null,null,null,null,null,null,null,null,null,null,null,null,null,null,null,null,null,null,null,null,null,null,null,null,null,null,null,null,null,null,null,null,null,null,null,null,null,null,null,null,null,null,null,null,null,null,null," ",null,null,"MOLDAJE MURO","m2",{"$f":"VLOOKUP(C965,'Act. Proyecto'!$I$3:$Q$881,4,FALSE)","v":4.0999999999999996},{"$f":"VLOOKUP(C965,'Act. Proyecto'!$I$3:$Q$881,5,FALSE)","v":1050},{"$f":"IFERROR(BF965*BG965,0)","v":4305},{"$f":"VLOOKUP(C965,'Act. Proyecto'!$I$3:$Q$881,7,FALSE)","v":"Edif"},{"$f":"VLOOKUP(C965,'Act. Proyecto'!$I$3:$Q$881,8,FALSE)","v":1},{"$f":"VLOOKUP(C965,'Act. Proyecto'!$I$3:$Q$881,9,FALSE)","v":10},{"$f":"IFERROR(BJ965/BK965,0)","v":0.1},{"$f":"IFERROR(BL965*BH965,0)","v":430.5},{"$f":"$AZ$967*$BH$965","v":55965},{"$f":"IF($BM$965=0,0,$BN$965/$BM$965)","v":130},26,{"$f":"$BP$965+$BO$965-1","v":155},{"$f":"BM965*B965","v":0},{"$f":"BR965*BQ965","v":0}]
[null,{"$f":"$B$965","v":0},null,"F1-2","F3-4","F5-6","F7-8","F9-10","F11","F12-13","F14-15","F16","F17-18","F19-20","F21-22","F23-24",null,null,null,null,null,null,null,null,null,null,null,null,null,null,null,null,null,null,null,null,null,null,null,null,null,null,null,null,null,null,null,null,null,null,null,"N° Unid Prod","N° Frentes","Pos","%"]
[null,0,5,"X","X","X","X","X","X","X","X","X","X","X","X","X",null,null,null,null,null,null,null,null,null,null,null,null,null,null,null,null,null,null,null,null,null,null,null,null,null,null,null,null,null,null,null,null,null,null,null,{"$f":"COUNTIF(D967:P971,\"A\")+COUNTIF(D967:P971,\"B\")","v":13},{"$f":"+AZ967/BJ965*BK965","v":130},{"$f":"+BA967+BO965","v":260},{"$f":"IF(AZ967=BB968,\"OK\",BB967/'Control de Avance'!$BT$3)","v":1.1555555555555554}]
[null,0,4,"X","X","X","X","X","X","X","X","X","X","X","X","X",null,null,null,null,null,null,null,null,null,null,null,null,null,null,null,null,null,null,null,null,null,null,null,null,null,null,null,null,null,null,null,null,null,null,null,"N° Total Und Prod:",null,{"$f":"VLOOKUP('Dibujo Edificios'!$A$34,'Otras Tablas'!$G$2:$H$31,2,FALSE)","v":12}]
[null,0,3,"X","X","X","X","X","X","X","X","X","X","X","X","X",null,null,null,null,null,null,null,null,null,null,null,null,null,null,null,null,null,null,null,null,null,null,null,null,null,null,null,null,null,null,null,null,null,null,null,"Proyección avance actual",null,null,{"$f":"IF(AZ967=BB968,\"OK\",IF(BC971=0,\"NA\",(BB968/BJ965*BK965+BQ965)/('Control de Avance'!$BT$3+BC972*5)))","v":"NA"}]
[null,0,2,"X","X","X","X","X","X","X","X","X","X","X","X","X",null,null,null,null,null,null,null,null,null,null,null,null,null,null,null,null,null,null,null,null,null,null,null,null,null,null,null,null,null,null,null,null,null,null,null,"Frentes anteriores",null,null,{"$f":"COUNTIF(D967:AC971,\"A\")/BJ965*BK965","v":130}]
[null,0,1,"a","a","a","a","a","a","a","a","a","a","a","a","a",null,null,null,null,null,null,null,null,null,null,null,null,null,null,null,null,null,null,null,null,null,null,null,null,null,null,null,null,null,null,null,null,null,null,null,"Frentes semana actual",null,null,{"$f":"COUNTIF(D967:AC971,\"B\")/BJ965*BK965","v":0}]
[null,0,null,null,null,null,null,null,null,null,null,null,null,null,null,null,null,null,null,null,null,null,null,null,null,null,null,null,null,null,null,null,null,null,null,null,null,null,null,null,null,null,null,null,null,null,null,null,null,null,null,"Saldo",{"$f":"+BB968/BJ965*BK965-BC970-BC971","v":-10},"Sem",{"$f":"IF(AZ967=BB968,\"OK\",IF(BC971=0,\"NA\",BA972/BC971))","v":"NA"}]
[null,0]
[]
["OG1",0,"Hormigón viga acceso edificio",null,null,null,null,null,null,null,null,null,null,null,null,null,null,null,null,null,null,null,null,null,null,null,null,null,null,null,null,null,null,null,null,null,null,null,null,null,null,null,null,null,null,null,null,null,null,null,null,null,null,null,null,"HORMIGÓN","m3",{"$f":"VLOOKUP(C975,'Act. Proyecto'!$I$3:$Q$881,4,FALSE)","v":0.22499999999999998},{"$f":"VLOOKUP(C975,'Act. Proyecto'!$I$3:$Q$881,5,FALSE)","v":5380},{"$f":"IFERROR(BF975*BG975,0)","v":1210.4999999999998},{"$f":"VLOOKUP(C975,'Act. Proyecto'!$I$3:$Q$881,7,FALSE)","v":"Edif"},{"$f":"VLOOKUP(C975,'Act. Proyecto'!$I$3:$Q$881,8,FALSE)","v":1},{"$f":"VLOOKUP(C975,'Act. Proyecto'!$I$3:$Q$881,9,FALSE)","v":10},{"$f":"IFERROR(BJ975/BK975,0)","v":0.1},{"$f":"IFERROR(BL975*BH975,0)","v":121.04999999999998},{"$f":"$AZ$977*$BH$975","v":15736.499999999996},{"$f":"IF($BM$975=0,0,$BN$975/$BM$975)","v":130},26,{"$f":"$BP$975+$BO$975-1","v":155},{"$f":"BM975*B975","v":0},{"$f":"BR975*BQ975","v":0}]
[null,{"$f":"$B$975","v":0},null,"F1-2","F3-4","F5-6","F7-8","F9-10","F11","F12-13","F14-15","F16","F17-18","F19-20","F21-22","F23-24",null,null,null,null,null,null,null,null,null,null,null,null,null,null,null,null,null,null,null,null,null,null,null,null,null,null,null,null,null,null,null,null,null,null,null,"N° Unid Prod","N° Frentes","Pos","%"]
[null,0,5,"X","X","X","X","X","X","X","X","X","X","X","X","X",null,null,null,null,null,null,null,null,null,null,null,null,null,null,null,null,null,null,null,null,null,null,null,null,null,null,null,null,null,null,null,null,null,null,null,{"$f":"COUNTIF(D977:P981,\"A\")+COUNTIF(D977:P981,\"B\")","v":13},{"$f":"+AZ977/BJ975*BK975","v":130},{"$f":"+BA977+BO975","v":260},{"$f":"IF(AZ977=BB978,\"OK\",BB977/'Control de Avance'!$BT$3)","v":1.1555555555555554}]
[null,0,4,"X","X","X","X","X","X","X","X","X","X","X","X","X",null,null,null,null,null,null,null,null,null,null,null,null,null,null,null,null,null,null,null,null,null,null,null,null,null,null,null,null,null,null,null,null,null,null,null,"N° Total Und Prod:",null,{"$f":"VLOOKUP('Dibujo Edificios'!$A$34,'Otras Tablas'!$G$2:$H$31,2,FALSE)","v":12}]
[null,0,3,"X","X","X","X","X","X","X","X","X","X","X","X","X",null,null,null,null,null,null,null,null,null,null,null,null,null,null,null,null,null,null,null,null,null,null,null,null,null,null,null,null,null,null,null,null,null,null,null,"Proyección avance actual",null,null,{"$f":"IF(AZ977=BB978,\"OK\",IF(BC981=0,\"NA\",(BB978/BJ975*BK975+BQ975)/('Control de Avance'!$BT$3+BC982*5)))","v":"NA"}]
[null,0,2,"X","X","X","X","X","X","X","X","X","X","X","X","X",null,null,null,null,null,null,null,null,null,null,null,null,null,null,null,null,null,null,null,null,null,null,null,null,null,null,null,null,null,null,null,null,null,null,null,"Frentes anteriores",null,null,{"$f":"COUNTIF(D977:AC981,\"A\")/BJ975*BK975","v":130}]
[null,0,1,"a","a","a","a","a","a","a","a","a","a","a","a","a",null,null,null,null,null,null,null,null,null,null,null,null,null,null,null,null,null,null,null,null,null,null,null,null,null,null,null,null,null,null,null,null,null,null,null,"Frentes semana actual",null,null,{"$f":"COUNTIF(D977:AC981,\"B\")/BJ975*BK975","v":0}]
[null,0,null,null,null,null,null,null,null,null,null,null,null,null,null,null,null,null,null,null,null,null,null,null,null,null,null,null,null,null,null,null,null,null,null,null,null,null,null,null,null,null,null,null,null,null,null,null,null,null,null,"Saldo",{"$f":"+BB978/BJ975*BK975-BC980-BC981","v":-10},"Sem",{"$f":"IF(AZ977=BB978,\"OK\",IF(BC981=0,\"NA\",BA982/BC981))","v":"NA"}]
[null,0]
[]
["OG1",0,"Descimbre viga acceso edificio",null,null,null,null,null,null,null,null,null,null,null,null,null,null,null,null,null,null,null,null,null,null,null,null,null,null,null,null,null,null,null,null,null,null,null,null,null,null,null,null,null,null,null,null,null,null,null,null,null,null,null,null,"MOLDAJE MURO","m2",{"$f":"VLOOKUP(C985,'Act. Proyecto'!$I$3:$Q$881,4,FALSE)","v":4.0999999999999996},{"$f":"VLOOKUP(C985,'Act. Proyecto'!$I$3:$Q$881,5,FALSE)","v":370},{"$f":"IFERROR(BF985*BG985,0)","v":1516.9999999999998},{"$f":"VLOOKUP(C985,'Act. Proyecto'!$I$3:$Q$881,7,FALSE)","v":"Edif"},{"$f":"VLOOKUP(C985,'Act. Proyecto'!$I$3:$Q$881,8,FALSE)","v":1},{"$f":"VLOOKUP(C985,'Act. Proyecto'!$I$3:$Q$881,9,FALSE)","v":10},{"$f":"IFERROR(BJ985/BK985,0)","v":0.1},{"$f":"IFERROR(BL985*BH985,0)","v":151.69999999999999},{"$f":"$AZ$987*$BH$985","v":19720.999999999996},{"$f":"IF($BM$985=0,0,$BN$985/$BM$985)","v":129.99999999999997},26,{"$f":"$BP$985+$BO$985-1","v":154.99999999999997},{"$f":"BM985*B985","v":0},{"$f":"BR985*BQ985","v":0}]
[null,{"$f":"$B$985","v":0},null,"F1-2","F3-4","F5-6","F7-8","F9-10","F11","F12-13","F14-15","F16","F17-18","F19-20","F21-22","F23-24",null,null,null,null,null,null,null,null,null,null,null,null,null,null,null,null,null,null,null,null,null,null,null,null,null,null,null,null,null,null,null,null,null,null,null,"N° Unid Prod","N° Frentes","Pos","%"]
[null,0,5,"X","X","X","X","X","X","X","X","X","X","X","X","X",null,null,null,null,null,null,null,null,null,null,null,null,null,null,null,null,null,null,null,null,null,null,null,null,null,null,null,null,null,null,null,null,null,null,null,{"$f":"COUNTIF(D987:P991,\"A\")+COUNTIF(D987:P991,\"B\")","v":13},{"$f":"+AZ987/BJ985*BK985","v":130},{"$f":"+BA987+BO985","v":260},{"$f":"IF(AZ987=BB988,\"OK\",BB987/'Control de Avance'!$BT$3)","v":1.1555555555555554}]
[null,0,4,"X","X","X","X","X","X","X","X","X","X","X","X","X",null,null,null,null,null,null,null,null,null,null,null,null,null,null,null,null,null,null,null,null,null,null,null,null,null,null,null,null,null,null,null,null,null,null,null,"N° Total Und Prod:",null,{"$f":"VLOOKUP('Dibujo Edificios'!$A$34,'Otras Tablas'!$G$2:$H$31,2,FALSE)","v":12}]
[null,0,3,"X","X","X","X","X","X","X","X","X","X","X","X","X",null,null,null,null,null,null,null,null,null,null,null,null,null,null,null,null,null,null,null,null,null,null,null,null,null,null,null,null,null,null,null,null,null,null,null,"Proyección avance actual",null,null,{"$f":"IF(AZ987=BB988,\"OK\",IF(BC991=0,\"NA\",(BB988/BJ985*BK985+BQ985)/('Control de Avance'!$BT$3+BC992*5)))","v":"NA"}]
[null,0,2,"X","X","X","X","X","X","X","X","X","X","X","X","X",null,null,null,null,null,null,null,null,null,null,null,null,null,null,null,null,null,null,null,null,null,null,null,null,null,null,null,null,null,null,null,null,null,null,null,"Frentes anteriores",null,null,{"$f":"COUNTIF(D987:AC991,\"A\")/BJ985*BK985","v":130}]
[null,0,1,"A","A","A","A","A","A","A","A","A","a","a","a","A",null,null,null,null,null,null,null,null,null,null,null,null,null,null,null,null,null,null,null,null,null,null,null,null,null,null,null,null,null,null,null,null,null,null,null,"Frentes semana actual",null,null,{"$f":"COUNTIF(D987:AC991,\"B\")/BJ985*BK985","v":0}]
[null,0,null,null,null,null,null,null,null,null,null,null,null,null,null,null,null,null,null,null,null,null,null,null,null,null,null,null,null,null,null,null,null,null,null,null,null,null,null,null,null,null,null,null,null,null,null,null,null,null,null,"Saldo",{"$f":"+BB988/BJ985*BK985-BC990-BC991","v":-10},"Sem",{"$f":"IF(AZ987=BB988,\"OK\",IF(BC991=0,\"NA\",BA992/BC991))","v":"NA"}]
[null,0]
[]
["OGT",{"$f":"IF((OR($BT$5<$BP$995-5,AND($BC$997=\"OK\",COUNTIF($D$997:$AY$1001,\"B\")=0))),0,1)","v":0},"Ayudante albañil remate exterior",null,null,null,null,null,null,null,null,null,null,null,null,null,null,null,null,null,null,null,null,null,null,null,null,null,null,null,null,null,null,null,null,null,null,null,null,null,null,null,null,null,null,null,null,null,null,null,null,null,null,null,null,"COPA","depto",{"$f":"VLOOKUP(C995,'Act. Proyecto'!$I$3:$Q$881,4,FALSE)","v":2},{"$f":"VLOOKUP(C995,'Act. Proyecto'!$I$3:$Q$881,5,FALSE)","v":2250},{"$f":"IFERROR(BF995*BG995,0)","v":4500},{"$f":"VLOOKUP(C995,'Act. Proyecto'!$I$3:$Q$881,7,FALSE)","v":"Frente"},{"$f":"VLOOKUP(C995,'Act. Proyecto'!$I$3:$Q$881,8,FALSE)","v":10},{"$f":"VLOOKUP(C995,'Act. Proyecto'!$I$3:$Q$881,9,FALSE)","v":10},{"$f":"IFERROR(BJ995/BK995,0)","v":1},{"$f":"IFERROR(BL995*BH995,0)","v":4500},{"$f":"$AZ$997*$BH$995","v":540000},{"$f":"IF($BM$995=0,0,$BN$995/$BM$995)","v":120},22,{"$f":"$BP$995+$BO$995-1","v":141},{"$f":"BM995*B995","v":0},{"$f":"BR995*BQ995","v":0}]
[null,{"$f":"$B$995","v":0},null,"F1","F2","F3","F4","F5","F6","F7","F8","F9","F10","F11","F12","F13","F14","F15","F16","F17","F18","F19","F20","F21","F22","F23","F24",null,null,null,null,null,null,null,null,null,null,null,null,null,null,null,null,null,null,null,null,null,null,null,null,"N° Unid Prod","N° Frentes","Pos","%"]
[null,0,5,"a","a","a","a","a","a","a","a","a","a","a","a","a","a","a","a","a","a","a","a","a","a","a","a",null,null,null,null,null,null,null,null,null,null,null,null,null,null,null,null,null,null,null,null,null,null,null,null,{"$f":"COUNTIF(D997:AA1001,\"A\")+COUNTIF(D997:AA1001,\"B\")","v":120},{"$f":"+AZ997/BJ995*BK995","v":120},{"$f":"+BA997+BO995","v":240},{"$f":"IF(AZ997=BB998,\"OK\",BB997/'Control de Avance'!$BT$3)","v":"OK"}]
[null,0,4,"a","a","a","a","a","a","a","a","a","a","a","a","a","a","a","a","a","a","a","a","a","a","a","a",null,null,null,null,null,null,null,null,null,null,null,null,null,null,null,null,null,null,null,null,null,null,null,null,"N° Total Und Prod:",null,{"$f":"VLOOKUP('Dibujo Edificios'!$A$44,'Otras Tablas'!$G$2:$H$31,2,FALSE)","v":120}]
[null,0,3,"a","a","a","a","a","a","a","a","a","a","a","a","a","a","a","a","a","a","a","a","a","a","a","a",null,null,null,null,null,null,null,null,null,null,null,null,null,null,null,null,null,null,null,null,null,null,null,null,"Proyección avance actual",null,null,{"$f":"IF(AZ997=BB998,\"OK\",IF(BC1001=0,\"NA\",(BB998/BJ995*BK995+BQ995)/('Control de Avance'!$BT$3+BC1002*5)))","v":"OK"}]
[null,0,2,"a","a","a","a","a","a","a","a","a","a","a","a","a","a","a","a","a","a","a","a","a","a","a","a",null,null,null,null,null,null,null,null,null,null,null,null,null,null,null,null,null,null,null,null,null,null,null,null,"Frentes anteriores",null,null,{"$f":"COUNTIF(D997:AC1001,\"A\")/BJ995*BK995","v":120}]
[null,0,1,"A","A","A","A","a","a","a","a","a","a","a","a","a","a","a","a","a","a","a","a","a","a","a","a",null,null,null,null,null,null,null,null,null,null,null,null,null,null,null,null,null,null,null,null,null,null,null,null,"Frentes semana actual",null,null,{"$f":"COUNTIF(D997:AC1001,\"B\")/BJ995*BK995","v":0}]
[null,{"$f":"$B$1005","v":0},null,"F1","F2","F3","F4","F5","F6","F7","F8","F9","F10","F11","F12","F13","F14","F15","F16","F17","F18","F19","F20","F21","F22","F23","F24",null,null,null,null,null,null,null,null,null,null,null,null,null,null,null,null,null,null,null,null,null,null,null,null,"N° Unid Prod","N° Frentes","Pos","%"]
[null,0,1,"A","A","A","A","a","a","a","a","a","a","a","a","a","a","a","a","a","a","a","a","a","a","a","a",null,null,null,null,null,null,null,null,null,null,null,null,null,null,null,null,null,null,null,null,null,null,null,null,"Frentes semana actual",null,null,{"$f":"COUNTIF(D1007:AC1011,\"B\")/BJ1005*BK1005","v":0}]
[null,0,null,null,null,null,null,null,null,null,null,null,null,null,null,null,null,null,null,null,null,null,null,null,null,null,null,null,null,null,null,null,null,null,null,null,null,null,null,null,null,null,null,null,null,null,null,null,null,null,null,"Saldo",{"$f":"+BB1008/BJ1005*BK1005-BC1010-BC1011","v":0},"Sem",{"$f":"IF(AZ1007=BB1008,\"OK\",IF(BC1011=0,\"NA\",BA1012/BC1011))","v":"OK"}]
[null,0,5,"a","a","a","a","a","a","a","a","a","a","a","a","a","a","a","a","a","a","a","a","a","a","a","a",null,null,null,null,null,null,null,null,null,null,null,null,null,null,null,null,null,null,null,null,null,null,null,null,{"$f":"COUNTIF(D1017:AA1021,\"A\")+COUNTIF(D1017:AA1021,\"B\")","v":120},{"$f":"+AZ1017/BJ1015*BK1015","v":120},{"$f":"+BA1017+BO1015","v":240},{"$f":"IF(AZ1017=BB1018,\"OK\",BB1017/'Control de Avance'!$BT$3)","v":"OK"}]
[null,0,null,null,null,null,null,null,null,null,null,null,null,null,null,null,null,null,null,null,null,null,null,null,null,null,null,null,null,null,null,null,null,null,null,null,null,null,null,null,null,null,null,null,null,null,null,null,null,null,null,"Saldo",{"$f":"+BB1018/BJ1015*BK1015-BC1020-BC1021","v":0},"Sem",{"$f":"IF(AZ1017=BB1018,\"OK\",IF(BC1021=0,\"NA\",BA1022/BC1021))","v":"OK"}]
[]
[null,0,5,"a","a","a","a","a","a","a","a","a","a","a","a","A","A","a","a","a","a","a","a","a","a","a","a",null,null,null,null,null,null,null,null,null,null,null,null,null,null,null,null,null,null,null,null,null,null,null,null,{"$f":"COUNTIF(D1027:AA1031,\"A\")+COUNTIF(D1027:AA1031,\"B\")","v":24},{"$f":"+AZ1027/BJ1025*BK1025","v":120},{"$f":"+BA1027+BO1025","v":239.99999999999997},{"$f":"IF(AZ1027=BB1028,\"OK\",BB1027/'Control de Avance'!$BT$3)","v":"OK"}]
[null,0,null,null,null,null,null,null,null,null,null,null,null,null,null,null,null,null,null,null,null,null,null,null,null,null,null,null,null,null,null,null,null,null,null,null,null,null,null,null,null,null,null,null,null,null,null,null,null,null,null,"Saldo",{"$f":"+BB1028/BJ1025*BK1025-BC1030-BC1031","v":0},"Sem",{"$f":"IF(AZ1027=BB1028,\"OK\",IF(BC1031=0,\"NA\",BA1032/BC1031))","v":"OK"}]
[null,0,5,"a","a","a","a","a","a","a","a","a","a","a","A","A","A","a","a","a","a","a","a","a","a","a","a",null,null,null,null,null,null,null,null,null,null,null,null,null,null,null,null,null,null,null,null,null,null,null,null,{"$f":"COUNTIF(D1037:AA1041,\"A\")+COUNTIF(D1037:AA1041,\"B\")","v":24},{"$f":"+AZ1037/BJ1035*BK1035","v":120},{"$f":"+BA1037+BO1035","v":120},{"$f":"IF(AZ1037=BB1038,\"OK\",BB1037/'Control de Avance'!$BT$3)","v":"OK"}]
[null,0,null,null,null,null,null,null,null,null,null,null,null,null,null,null,null,null,null,null,null,null,null,null,null,null,null,null,null,null,null,null,null,null,null,null,null,null,null,null,null,null,null,null,null,null,null,null,null,null,null,"Saldo",{"$f":"+BB1038/BJ1035*BK1035-BC1040-BC1041","v":0},"Sem",{"$f":"IF(AZ1037=BB1038,\"OK\",IF(BC1041=0,\"NA\",BA1042/BC1041))","v":"OK"}]
[null,0]
[null,1,4,"X","X","X","X","X","X","X","X","X","X","X","X","X","X","X","X","X","X","X","X","X","X","X","X",null,null,null,null,null,null,null,null,null,null,null,null,null,null,null,null,null,null,null,null,null,null,null,null,"N° Total Und Prod:",null,{"$f":"VLOOKUP('Dibujo Edificios'!$A$94,'Otras Tablas'!$G$2:$H$31,2,FALSE)","v":24}]
[null,1]
[null,1,5,"X","X","X","X","X","X","X","X","X","X","X","X","X","X","X","X","X","X","X","X","X","X","X","X",null,null,null,null,null,null,null,null,null,null,null,null,null,null,null,null,null,null,null,null,null,null,null,null,{"$f":"COUNTIF(D1057:AA1061,\"A\")+COUNTIF(D1057:AA1061,\"B\")","v":0},{"$f":"+AZ1057/BJ1055*BK1055","v":0},{"$f":"+BA1057+BO1055","v":0},{"$f":"IF(AZ1057=BB1058,\"OK\",BB1057/'Control de Avance'!$BT$3)","v":0}]
[null,1,4,"X","X","X","X","X","X","X","X","X","X","X","X","X","X","X","X","X","X","X","X","X","X","X","X",null,null,null,null,null,null,null,null,null,null,null,null,null,null,null,null,null,null,null,null,null,null,null,null,"N° Total Und Prod:",null,{"$f":"VLOOKUP('Dibujo Edificios'!$A$94,'Otras Tablas'!$G$2:$H$31,2,FALSE)","v":24}]
[null,1]
[null,1,4,"X","X","X","X","X","X","X","X","X","X","X","X","X","X","X","X","X","X","X","X","X","X","X","X",null,null,null,null,null,null,null,null,null,null,null,null,null,null,null,null,null,null,null,null,null,null,null,null,"N° Total Und Prod:",null,{"$f":"VLOOKUP('Dibujo Edificios'!$A$94,'Otras Tablas'!$G$2:$H$31,2,FALSE)","v":24}]
[null,1]
[]
[null,0,2,"X","X","X","X","X","X","X","X","X","X","X","X","X","X","X","X","X","X","X","X","X","X","X","X",null,null,null,null,null,null,null,null,null,null,null,null,null,null,null,null,null,null,null,null,null,null,null,null,"Frentes anteriores",null,null,{"$f":"COUNTIF(D1077:AC1081,\"A\")/BJ1075*BK1075","v":120}]
[null,0]
[null,0,4,"X","X","X","X","X","X","X","X","X","X","X","X","X","X","X","X","X","X","X","X","X","X","X","X",null,null,null,null,null,null,null,null,null,null,null,null,null,null,null,null,null,null,null,null,null,null,null,null,"N° Total Und Prod:",null,{"$f":"VLOOKUP('Dibujo Edificios'!$A$94,'Otras Tablas'!$G$2:$H$31,2,FALSE)","v":24}]
[null,0,3,"X","X","X","X","X","X","X","X","X","X","X","X","X","X","X","X","X","X","X","X","X","X","X","X",null,null,null,null,null,null,null,null,null,null,null,null,null,null,null,null,null,null,null,null,null,null,null,null,"Proyección avance actual",null,null,{"$f":"IF(AZ1087=BB1088,\"OK\",IF(BC1091=0,\"NA\",(BB1088/BJ1085*BK1085+BQ1085)/('Control de Avance'!$BT$3+BC1092*5)))","v":"OK"}]
[]
[null,0,3,"X","X","X","X","X","X","X","X","X","X","X","X","X","X","X","X","X","X","X","X","X","X","X","X",null,null,null,null,null,null,null,null,null,null,null,null,null,null,null,null,null,null,null,null,null,null,null,null,"Proyección avance actual",null,null,{"$f":"IF(AZ1097=BB1098,\"OK\",IF(BC1101=0,\"NA\",(BB1098/BJ1095*BK1095+BQ1095)/('Control de Avance'!$BT$3+BC1102*5)))","v":"OK"}]
[]
[null,1,5,"X","X","X","X","X","X","X","X","X","X","X","X","X","X","X","X","X","X","X","X","X","X","X","X",null,null,null,null,null,null,null,null,null,null,null,null,null,null,null,null,null,null,null,null,null,null,null,null,{"$f":"COUNTIF(D1107:AA1111,\"A\")+COUNTIF(D1107:AA1111,\"B\")","v":0},{"$f":"+AZ1107/BJ1105*BK1105","v":0},{"$f":"+BA1107+BO1105","v":0},{"$f":"IF(AZ1107=BB1108,\"OK\",BB1107/'Control de Avance'!$BT$3)","v":0}]
[null,1,3,"X","X","X","X","X","X","X","X","X","X","X","X","X","X","X","X","X","X","X","X","X","X","X","X",null,null,null,null,null,null,null,null,null,null,null,null,null,null,null,null,null,null,null,null,null,null,null,null,"Proyección avance actual",null,null,{"$f":"IF(AZ1107=BB1108,\"OK\",IF(BC1111=0,\"NA\",(BB1108/BJ1105*BK1105+BQ1105)/('Control de Avance'!$BT$3+BC1112*5)))","v":"NA"}]
[]
[null,1,3,"X","X","X","X","X","X","X","X","X","X","X","X","X","X","X","X","X","X","X","X","X","X","X","X",null,null,null,null,null,null,null,null,null,null,null,null,null,null,null,null,null,null,null,null,null,null,null,null,"Proyección avance actual",null,null,{"$f":"IF(AZ1117=BB1118,\"OK\",IF(BC1121=0,\"NA\",(BB1118/BJ1115*BK1115+BQ1115)/('Control de Avance'!$BT$3+BC1122*5)))","v":"NA"}]
[null,1,2,"X","X","X","X","X","X","X","X","X","X","X","X","X","X","X","X","X","X","X","X","X","X","X","X",null,null,null,null,null,null,null,null,null,null,null,null,null,null,null,null,null,null,null,null,null,null,null,null,"Frentes anteriores",null,null,{"$f":"COUNTIF(D1117:AC1121,\"A\")/BJ1115*BK1115","v":0}]
["TECH",{"$f":"IF((OR($BT$5<$BP$1125-5,AND($BC$1127=\"OK\",COUNTIF($D$1127:$AY$1131,\"B\")=0))),0,1)","v":1},"Solerillas de borde en shaft baño, cocina y basura",null,null,null,null,null,null,null,null,null,null,null,null,null,null,null,null,null,null,null,null,null,null,null,null,null,null,null,null,null,null,null,null,null,null,null,null,null,null,null,null,null,null,null,null,null,null,null,null,null,null,null,null,"ALBAÑIL TERMINACIONES","ml",{"$f":"VLOOKUP(C1125,'Act. Proyecto'!$I$3:$Q$881,4,FALSE)","v":8.2237500000000008},{"$f":"VLOOKUP(C1125,'Act. Proyecto'!$I$3:$Q$881,5,FALSE)","v":395},{"$f":"IFERROR(BF1125*BG1125,0)","v":3248.3812500000004},{"$f":"VLOOKUP(C1125,'Act. Proyecto'!$I$3:$Q$881,7,FALSE)","v":"Frente"},{"$f":"VLOOKUP(C1125,'Act. Proyecto'!$I$3:$Q$881,8,FALSE)","v":2},{"$f":"VLOOKUP(C1125,'Act. Proyecto'!$I$3:$Q$881,9,FALSE)","v":10},{"$f":"IFERROR(BJ1125/BK1125,0)","v":0.2},{"$f":"IFERROR(BL1125*BH1125,0)","v":649.6762500000001},{"$f":"$AZ$1127*$BH$1125","v":0},{"$f":"IF($BM$1125=0,0,$BN$1125/$BM$1125)","v":0},47,{"$f":"$BP$1125+$BO$1125-1","v":46},{"$f":"BM1125*B1125","v":649.6762500000001},{"$f":"BR1125*BQ1125","v":29885.107500000006}]
[null,1,2,"X","X","X","X","X","X","X","X","X","X","X","X","X","X","X","X","X","X","X","X","X","X","X","X",null,null,null,null,null,null,null,null,null,null,null,null,null,null,null,null,null,null,null,null,null,null,null,null,"Frentes anteriores",null,null,{"$f":"COUNTIF(D1127:AC1131,\"A\")/BJ1125*BK1125","v":0}]
[null,1]
["TECH",{"$f":"IF((OR($BT$5<$BP$1135-5,AND($BC$1137=\"OK\",COUNTIF($D$1137:$AY$1141,\"B\")=0))),0,1)","v":0},"Remate muros de coronación techumbre (incluye retape de pasadas shaft y BALL)",null,null,null,null,null,null,null,null,null,null,null,null,null,null,null,null,null,null,null,null,null,null,null,null,null,null,null,null,null,null,null,null,null,null,null,null,null,null,null,null,null,null,null,null,null,null,null,null,null,null,null,null,"ALBAÑIL TERMINACIONES","depto",{"$f":"VLOOKUP(C1135,'Act. Proyecto'!$I$3:$Q$881,4,FALSE)","v":2},{"$f":"VLOOKUP(C1135,'Act. Proyecto'!$I$3:$Q$881,5,FALSE)","v":5500},{"$f":"IFERROR(BF1135*BG1135,0)","v":11000},{"$f":"VLOOKUP(C1135,'Act. Proyecto'!$I$3:$Q$881,7,FALSE)","v":"Frente"},{"$f":"VLOOKUP(C1135,'Act. Proyecto'!$I$3:$Q$881,8,FALSE)","v":2},{"$f":"VLOOKUP(C1135,'Act. Proyecto'!$I$3:$Q$881,9,FALSE)","v":10},{"$f":"IFERROR(BJ1135/BK1135,0)","v":0.2},{"$f":"IFERROR(BL1135*BH1135,0)","v":2200},{"$f":"$AZ$1137*$BH$1135","v":264000},{"$f":"IF($BM$1135=0,0,$BN$1135/$BM$1135)","v":120},47,{"$f":"$BP$1135+$BO$1135-1","v":166},{"$f":"BM1135*B1135","v":0},{"$f":"BR1135*BQ1135","v":0}]
[null,0,2,"X","X","X","X","X","X","X","X","X","X","X","X","X","X","X","X","X","X","X","X","X","X","X","X",null,null,null,null,null,null,null,null,null,null,null,null,null,null,null,null,null,null,null,null,null,null,null,null,"Frentes anteriores",null,null,{"$f":"COUNTIF(D1137:AC1141,\"A\")/BJ1135*BK1135","v":120}]
["TECH",null,"Fabricar e instalar gatera",null,null,null,null,null,null,null,null,null,null,null,null,null,null,null,null,null,null,null,null,null,null,null,null,null,null,null,null,null,null,null,null,null,null,null,null,null,null,null,null,null,null,null,null,null,null,null,null,null,null,null,null,"SOLDADOR","un",{"$f":"VLOOKUP(C1145,'Act. Proyecto'!$I$3:$Q$881,4,FALSE)","v":1},{"$f":"VLOOKUP(C1145,'Act. Proyecto'!$I$3:$Q$881,5,FALSE)","v":8600},{"$f":"IFERROR(BF1145*BG1145,0)","v":8600},{"$f":"VLOOKUP(C1145,'Act. Proyecto'!$I$3:$Q$881,7,FALSE)","v":"Edif"},{"$f":"VLOOKUP(C1145,'Act. Proyecto'!$I$3:$Q$881,8,FALSE)","v":1},{"$f":"VLOOKUP(C1145,'Act. Proyecto'!$I$3:$Q$881,9,FALSE)","v":10},{"$f":"IFERROR(BJ1145/BK1145,0)","v":0.1},{"$f":"IFERROR(BL1145*BH1145,0)","v":860},null,null,47,null,{"$f":"BM1145*B1145","v":0},{"$f":"BR1145*BQ1145","v":0}]
[null,0,2,"X","X","X","X","X","X","X","X","X","X","X","X","X","X","X","X","X","X","X","X","X","X","X","X",null,null,null,null,null,null,null,null,null,null,null,null,null,null,null,null,null,null,null,null,null,null,null,null,"Frentes anteriores",null,null,{"$f":"COUNTIF(D1147:AC1151,\"A\")/BJ1145*BK1145","v":100}]
[null,0,1,"X","X","X","X","X","X","X","X","X","X","X","X","X","X","X","X","X","X","X","X","X","X","X","X",null,null,null,null,null,null,null,null,null,null,null,null,null,null,null,null,null,null,null,null,null,null,null,null,"Frentes semana actual",null,null,{"$f":"COUNTIF(D1147:AC1151,\"B\")/BJ1145*BK1145","v":0}]
[null,{"$f":"$B$1155","v":1},null,"F1","F2","F3","F4","F5","F6","F7","F8","F9","F10","F11","F12","F13","F14","F15","F16","F17","F18","F19","F20","F21","F22","F23","F24",null,null,null,null,null,null,null,null,null,null,null,null,null,null,null,null,null,null,null,null,null,null,null,null,"N° Unid Prod","N° Frentes","Pos","%"]
[null,1,2,"X","X","X","X","X","X","X","X","X","X","X","X","X","X","X","X","X","X","X","X","X","X","X","X",null,null,null,null,null,null,null,null,null,null,null,null,null,null,null,null,null,null,null,null,null,null,null,null,"Frentes anteriores",null,null,{"$f":"COUNTIF(D1157:AC1161,\"A\")/BJ1155*BK1155","v":105}]
["TECH",{"$f":"IF((OR($BT$5<$BP$1165-5,AND($BC$1167=\"OK\",COUNTIF($D$1167:$AY$1171,\"B\")=0))),0,1)","v":1},"Huinchas de membrana en uniones + imprimación",null,null,null,null,null,null,null,null,null,null,null,null,null,null,null,null,null,null,null,null,null,null,null,null,null,null,null,null,null,null,null,null,null,null,null,null,null,null,null,null,null,null,null,null,null,null,null,null,null,null,null,null,"TECHUMBRE Y MEMBRANA","m2",{"$f":"VLOOKUP(C1165,'Act. Proyecto'!$I$3:$Q$881,4,FALSE)","v":116.39012820512821},{"$f":"VLOOKUP(C1165,'Act. Proyecto'!$I$3:$Q$881,5,FALSE)","v":160},{"$f":"IFERROR(BF1165*BG1165,0)","v":18622.420512820514},{"$f":"VLOOKUP(C1165,'Act. Proyecto'!$I$3:$Q$881,7,FALSE)","v":"Frente"},{"$f":"VLOOKUP(C1165,'Act. Proyecto'!$I$3:$Q$881,8,FALSE)","v":2},{"$f":"VLOOKUP(C1165,'Act. Proyecto'!$I$3:$Q$881,9,FALSE)","v":10},{"$f":"IFERROR(BJ1165/BK1165,0)","v":0.2},{"$f":"IFERROR(BL1165*BH1165,0)","v":3724.4841025641031},{"$f":"$AZ$1167*$BH$1165","v":391070.83076923079},{"$f":"IF($BM$1165=0,0,$BN$1165/$BM$1165)","v":104.99999999999999},49,{"$f":"$BP$1165+$BO$1165-1","v":153},{"$f":"BM1165*B1165","v":3724.4841025641031},{"$f":"BR1165*BQ1165","v":569846.06769230776}]
[null,{"$f":"$B$1165","v":1},null,"F1","F2","F3","F4","F5","F6","F7","F8","F9","F10","F11","F12","F13","F14","F15","F16","F17","F18","F19","F20","F21","F22","F23","F24",null,null,null,null,null,null,null,null,null,null,null,null,null,null,null,null,null,null,null,null,null,null,null,null,"N° Unid Prod","N° Frentes","Pos","%"]
[null,1,1,"X","X","X","X","X","X","X","X","X","X","X","X","X","X","X","X","X","X","X","X","X","X","X","X",null,null,null,null,null,null,null,null,null,null,null,null,null,null,null,null,null,null,null,null,null,null,null,null,"Frentes semana actual",null,null,{"$f":"COUNTIF(D1167:AC1171,\"B\")/BJ1165*BK1165","v":5}]
[null,{"$f":"$B$1175","v":1},null,"F1-2","F3-4","F5-6","F7-8","F9-10","F11-12","F13-14","F15","F16","F17-18","F19-20","F21-22","F23-24",null,null,null,null,null,null,null,null,null,null,null,null,null,null,null,null,null,null,null,null,null,null,null,null,null,null,null,null,null,null,null,null,null,null,null,"N° Unid Prod","N° Frentes","Pos","%"]
[null,1,1,"X","X","X","X","X","X","X","X","X","X","X","X","X",null,null,null,null,null,null,null,null,null,null,null,null,null,null,null,null,null,null,null,null,null,null,null,null,null,null,null,null,null,null,null,null,null,null,null,"Frentes semana actual",null,null,{"$f":"COUNTIF(D1177:AC1181,\"B\")/BJ1175*BK1175","v":10}]
[null,1,null,null,null,null,null,null,null,null,null,null,null,null,null,null,null,null,null,null,null,null,null,null,null,null,null,null,null,null,null,null,null,null,null,null,null,null,null,null,null,null,null,null,null,null,null,null,null,null,null,"Saldo",{"$f":"+BB1178/BJ1175*BK1175-BC1180-BC1181","v":0},"Sem",{"$f":"IF(AZ1177=BB1178,\"OK\",IF(BC1181=0,\"NA\",BA1182/BC1181))","v":"OK"}]
[null,1,5,"a","a","a","a","a","a","A","A","a","a","A","a","A","a","a","a","A","A","A","A","B","W-J",null,null,null,null,null,null,null,null,null,null,null,null,null,null,null,null,null,null,null,null,null,null,null,null,null,null,{"$f":"COUNTIF(D1187:AA1191,\"A\")+COUNTIF(D1187:AA1191,\"B\")","v":21},{"$f":"+AZ1187/BJ1185*BK1185","v":105},{"$f":"+BA1187+BO1185","v":210},{"$f":"IF(AZ1187=BB1188,\"OK\",BB1187/'Control de Avance'!$BT$3)","v":0.93333333333333335}]
[null,1,1,"X","X","X","X","X","X","X","X","X","X","X","X","X","X","X","X","X","X","X","X","X","X","X","X",null,null,null,null,null,null,null,null,null,null,null,null,null,null,null,null,null,null,null,null,null,null,null,null,"Frentes semana actual",null,null,{"$f":"COUNTIF(D1187:AC1191,\"B\")/BJ1185*BK1185","v":5}]
[null,{"$f":"$B$1195","v":1},null,"F1","F2","F3","F4","F5","F6","F7","F8","F9","F10","F11","F12","F13","F14","F15","F16","F17","F18","F19","F20","F21","F22","F23","F24",null,null,null,null,null,null,null,null,null,null,null,null,null,null,null,null,null,null,null,null,null,null,null,null,"N° Unid Prod","N° Frentes","Pos","%"]
[null,1,5,"a","a","a","a","a","a","A","a","a","A","a","a","A","a","A","A","A","A","A","A","B","CJ",null,null,null,null,null,null,null,null,null,null,null,null,null,null,null,null,null,null,null,null,null,null,null,null,null,null,{"$f":"COUNTIF(D1197:AA1201,\"A\")+COUNTIF(D1197:AA1201,\"B\")","v":21},{"$f":"+AZ1197/BJ1195*BK1195","v":105},{"$f":"+BA1197+BO1195","v":210},{"$f":"IF(AZ1197=BB1198,\"OK\",BB1197/'Control de Avance'!$BT$3)","v":0.93333333333333335}]
[null,1,null,null,null,null,null,null,null,null,null,null,null,null,null,null,null,null,null,null,null,null,null,null,null,null,null,null,null,null,null,null,null,null,null,null,null,null,null,null,null,null,null,null,null,null,null,null,null,null,null,"Saldo",{"$f":"+BB1198/BJ1195*BK1195-BC1200-BC1201","v":15},"Sem",{"$f":"IF(AZ1197=BB1198,\"OK\",IF(BC1201=0,\"NA\",BA1202/BC1201))","v":3}]
[null,1,5,"a","a","a","a","a","a","a","A","a","A","A","B",null,null,null,null,null,null,null,null,null,null,null,null,null,null,null,null,null,null,null,null,null,null,null,null,null,null,null,null,null,null,null,null,null,null,null,null,{"$f":"COUNTIF(D1207:P1211,\"A\")+COUNTIF(D1207:P1211,\"B\")","v":12},{"$f":"+AZ1207/BJ1205*BK1205","v":120},{"$f":"+BA1207+BO1205","v":240},{"$f":"IF(AZ1207=BB1208,\"OK\",BB1207/'Control de Avance'!$BT$3)","v":"OK"}]
[null,1,null,null,null,null,null,null,null,null,null,null,null,null,null,null,null,null,null,null,null,null,null,null,null,null,null,null,null,null,null,null,null,null,null,null,null,null,null,null,null,null,null,null,null,null,null,null,null,null,null,"Saldo",{"$f":"+BB1208/BJ1205*BK1205-BC1210-BC1211","v":0},"Sem",{"$f":"IF(AZ1207=BB1208,\"OK\",IF(BC1211=0,\"NA\",BA1212/BC1211))","v":"OK"}]
[]
[null,1,5,"a","a","a","a","a","a","A","a","a","A","a","a","A","a","A","a","A","A","A","A","B","J-V",null,null,null,null,null,null,null,null,null,null,null,null,null,null,null,null,null,null,null,null,null,null,null,null,null,null,{"$f":"COUNTIF(D1217:AA1221,\"A\")+COUNTIF(D1217:AA1221,\"B\")","v":21},{"$f":"+AZ1217/BJ1215*BK1215","v":105},{"$f":"+BA1217+BO1215","v":210},{"$f":"IF(AZ1217=BB1218,\"OK\",BB1217/'Control de Avance'!$BT$3)","v":0.93333333333333335}]
[null,1,null,null,null,null,null,null,null,null,null,null,null,null,null,null,null,null,null,null,null,null,null,null,null,null,null,null,null,null,null,null,null,null,null,null,null,null,null,null,null,null,null,null,null,null,null,null,null,null,null,"Saldo",{"$f":"+BB1218/BJ1215*BK1215-BC1220-BC1221","v":15},"Sem",{"$f":"IF(AZ1217=BB1218,\"OK\",IF(BC1221=0,\"NA\",BA1222/BC1221))","v":3}]
[null,1,5,"X","X","X","X","X","X","X","X","X","X","X","X","X","X","X","X","X","X","X","X","X","X","X","X",null,null,null,null,null,null,null,null,null,null,null,null,null,null,null,null,null,null,null,null,null,null,null,null,{"$f":"COUNTIF(D1227:AA1231,\"A\")+COUNTIF(D1227:AA1231,\"B\")","v":0},{"$f":"+AZ1227/BJ1225*BK1225","v":0},{"$f":"+BA1227+BO1225","v":0},{"$f":"IF(AZ1227=BB1228,\"OK\",BB1227/'Control de Avance'!$BT$3)","v":0}]
[null,1,4,"X","X","X","X","X","X","X","X","X","X","X","X","X","X","X","X","X","X","X","X","X","X","X","X",null,null,null,null,null,null,null,null,null,null,null,null,null,null,null,null,null,null,null,null,null,null,null,null,"N° Total Und Prod:",null,{"$f":"VLOOKUP('Dibujo Edificios'!$A$94,'Otras Tablas'!$G$2:$H$31,2,FALSE)","v":24}]
[null,1]
[null,1,4,"X","X","X","X","X","X","X","X","X","X","X","X","X","X","X","X","X","X","X","X","X","X","X","X",null,null,null,null,null,null,null,null,null,null,null,null,null,null,null,null,null,null,null,null,null,null,null,null,"N° Total Und Prod:",null,{"$f":"VLOOKUP('Dibujo Edificios'!$A$94,'Otras Tablas'!$G$2:$H$31,2,FALSE)","v":24}]
[null,1,2,"X","X","X","X","X","X","X","X","X","X","X","X","X","X","X","X","X","X","X","X","X","X","X","X",null,null,null,null,null,null,null,null,null,null,null,null,null,null,null,null,null,null,null,null,null,null,null,null,"Frentes anteriores",null,null,{"$f":"COUNTIF(D1237:AC1241,\"A\")/BJ1235*BK1235","v":0}]
[null,1]
[null,1,4,"X","X","X","X","X","X","X","X","X","X","X","X","X","X","X","X","X","X","X","X","X","X","X","X",null,null,null,null,null,null,null,null,null,null,null,null,null,null,null,null,null,null,null,null,null,null,null,null,"N° Total Und Prod:",null,{"$f":"VLOOKUP('Dibujo Edificios'!$A$94,'Otras Tablas'!$G$2:$H$31,2,FALSE)","v":24}]
[null,1]
[null,1,4,"X","X","X","X","X","X","X","X","X","X","X","X","X",null,null,null,null,null,null,null,null,null,null,null,null,null,null,null,null,null,null,null,null,null,null,null,null,null,null,null,null,null,null,null,null,null,null,null,"N° Total Und Prod:",null,{"$f":"VLOOKUP('Dibujo Edificios'!$A$84,'Otras Tablas'!$G$2:$H$31,2,FALSE)","v":12}]
[null,1,3,"X","X","X","X","X","X","X","X","X","X","X","X","X",null,null,null,null,null,null,null,null,null,null,null,null,null,null,null,null,null,null,null,null,null,null,null,null,null,null,null,null,null,null,null,null,null,null,null,"Proyección avance actual",null,null,{"$f":"IF(AZ1257=BB1258,\"OK\",IF(BC1261=0,\"NA\",(BB1258/BJ1255*BK1255+BQ1255)/('Control de Avance'!$BT$3+BC1262*5)))","v":"NA"}]
["TECH",1,"Confección e instalación de soporte antenas satelitales",null,null,null,null,null,null,null,null,null,null,null,null,null,null,null,null,null,null,null,null,null,null,null,null,null,null,null,null,null,null,null,null,null,null,null,null,null,null,null,null,null,null,null,null,null,null,null,null,null,null,null,null,"SOLDADOR","cu",{"$f":"VLOOKUP(C1265,'Act. Proyecto'!$I$3:$Q$881,4,FALSE)","v":{"$error":"#N/A"}},{"$f":"VLOOKUP(C1265,'Act. Proyecto'!$I$3:$Q$881,5,FALSE)","v":{"$error":"#N/A"}},{"$f":"IFERROR(BF1265*BG1265,0)","v":0},{"$f":"VLOOKUP(C1265,'Act. Proyecto'!$I$3:$Q$881,7,FALSE)","v":{"$error":"#N/A"}},{"$f":"VLOOKUP(C1265,'Act. Proyecto'!$I$3:$Q$881,8,FALSE)","v":{"$error":"#N/A"}},{"$f":"VLOOKUP(C1265,'Act. Proyecto'!$I$3:$Q$881,9,FALSE)","v":{"$error":"#N/A"}},{"$f":"IFERROR(BJ1265/BK1265,0)","v":0},{"$f":"IFERROR(BL1265*BH1265,0)","v":0},{"$f":"$AZ$1267*$BH$1265","v":0},{"$f":"IF($BM$1265=0,0,$BN$1265/$BM$1265)","v":0},88,{"$f":"$BP$1265+$BO$1265-1","v":87},{"$f":"BM1265*B1265","v":0},{"$f":"BR1265*BQ1265","v":0}]
[null,1,4,"X","X","X","X","X","X","X","X","X","X","X","X","X","X","X","X","X","X","X","X","X","X","X","X",null,null,null,null,null,null,null,null,null,null,null,null,null,null,null,null,null,null,null,null,null,null,null,null,"N° Total Und Prod:",null,{"$f":"VLOOKUP('Dibujo Edificios'!$A$94,'Otras Tablas'!$G$2:$H$31,2,FALSE)","v":24}]
[null,1]
[]
[null,1,3,"X","X","X","X","X","X","X","X","X","X","X","X","X",null,null,null,null,null,null,null,null,null,null,null,null,null,null,null,null,null,null,null,null,null,null,null,null,null,null,null,null,null,null,null,null,null,null,null,"Proyección avance actual",null,null,{"$f":"IF(AZ1277=BB1278,\"OK\",IF(BC1281=0,\"NA\",(BB1278/BJ1275*BK1275+BQ1275)/('Control de Avance'!$BT$3+BC1282*5)))","v":"NA"}]
[]
[null,1,3,"X","X","X","X","X","X","X","X","X","X","X","X","X","X","X","X","X","X","X","X","X","X","X","X",null,null,null,null,null,null,null,null,null,null,null,null,null,null,null,null,null,null,null,null,null,null,null,null,"Proyección avance actual",null,null,{"$f":"IF(AZ1287=BB1288,\"OK\",IF(BC1291=0,\"NA\",(BB1288/BJ1285*BK1285+BQ1285)/('Control de Avance'!$BT$3+BC1292*5)))","v":"NA"}]
[null,1,null,null,null,null,null,null,null,null,null,null,null,null,null,null,null,null,null,null,null,null,null,null,null,null,null,null,null,null,null,null,null,null,null,null,null,null,null,null,null,null,null,null,null,null,null,null,null,null,null,"Saldo",{"$f":"+BB1288/BJ1285*BK1285-BC1290-BC1291","v":120},"Sem",{"$f":"IF(AZ1287=BB1288,\"OK\",IF(BC1291=0,\"NA\",BA1292/BC1291))","v":"NA"}]
[]
[null,1,3,"A","A","A","A","a","a","a","a","a","a","a","a","a","a","a","a","A","A","A","A","a","a","a","a","A","A","A","A","a","a","a","a","A","A","A","A","A","A","A","A","A","A","A","A",null,null,null,null,"Proyección avance actual",null,null,{"$f":"IF(AZ1297=BB1298,\"OK\",IF(BC1301=0,\"NA\",(BB1298/BJ1295*BK1295+BQ1295)/('Control de Avance'!$BT$3+BC1302*5)))","v":"NA"}]
[]
["RYT",{"$f":"IF((OR($BT$5<$BP$1305-5,AND($BC$1307=\"OK\",COUNTIF($D$1307:$AY$1311,\"B\")=0))),0,1)","v":1},"Primera mano anticorrosivo baranda terraza tipo",null,null,null,null,null,null,null,null,null,null,null,null,null,null,null,null,null,null,null,null,null,null,null,null,null,null,null,null,null,null,null,null,null,null,null,null,null,null,null,null,null,null,null,null,null,null,null,null,null,null,null,null,"SOLDADOR","m2",{"$f":"VLOOKUP(C1305,'Act. Proyecto'!$I$3:$Q$881,4,FALSE)","v":7.585399999999999},{"$f":"VLOOKUP(C1305,'Act. Proyecto'!$I$3:$Q$881,5,FALSE)","v":215},{"$f":"IFERROR(BF1305*BG1305,0)","v":1630.8609999999999},{"$f":"VLOOKUP(C1305,'Act. Proyecto'!$I$3:$Q$881,7,FALSE)","v":"Depto"},{"$f":"VLOOKUP(C1305,'Act. Proyecto'!$I$3:$Q$881,8,FALSE)","v":20},{"$f":"VLOOKUP(C1305,'Act. Proyecto'!$I$3:$Q$881,9,FALSE)","v":10},{"$f":"IFERROR(BJ1305/BK1305,0)","v":2},{"$f":"IFERROR(BL1305*BH1305,0)","v":3261.7219999999998},{"$f":"$AZ$1307*$BH$1305","v":371836.30799999996},{"$f":"IF($BM$1305=0,0,$BN$1305/$BM$1305)","v":114},35,{"$f":"$BP$1305+$BO$1305-1","v":148},{"$f":"BM1305*B1305","v":3261.7219999999998},{"$f":"BR1305*BQ1305","v":482734.85599999997}]
[null,1,2,"A","A","A","A","a","a","a","a","a","a","a","a","a","a","a","a","A","A","A","A","a","a","a","a","A","A","A","A","a","a","a","a","A","A","A","A","A","A","A","A","A","A","A","A",null,null,null,null,"Frentes anteriores",null,null,{"$f":"COUNTIF(D1307:AC1311,\"A\")/BJ1305*BK1305","v":65}]
["RYT",{"$f":"IF((OR($BT$5<$BP$1315-5,AND($BC$1317=\"OK\",COUNTIF($D$1317:$AY$1321,\"B\")=0))),0,1)","v":1},"Segunda mano anticorrosivo baranda terraza tipo",null,null,null,null,null,null,null,null,null,null,null,null,null,null,null,null,null,null,null,null,null,null,null,null,null,null,null,null,null,null,null,null,null,null,null,null,null,null,null,null,null,null,null,null,null,null,null,null,null,null,null,null,"SOLDADOR","m2",{"$f":"VLOOKUP(C1315,'Act. Proyecto'!$I$3:$Q$881,4,FALSE)","v":7.585399999999999},{"$f":"VLOOKUP(C1315,'Act. Proyecto'!$I$3:$Q$881,5,FALSE)","v":215},{"$f":"IFERROR(BF1315*BG1315,0)","v":1630.8609999999999},{"$f":"VLOOKUP(C1315,'Act. Proyecto'!$I$3:$Q$881,7,FALSE)","v":"Depto"},{"$f":"VLOOKUP(C1315,'Act. Proyecto'!$I$3:$Q$881,8,FALSE)","v":20},{"$f":"VLOOKUP(C1315,'Act. Proyecto'!$I$3:$Q$881,9,FALSE)","v":10},{"$f":"IFERROR(BJ1315/BK1315,0)","v":2},{"$f":"IFERROR(BL1315*BH1315,0)","v":3261.7219999999998},{"$f":"$AZ$1317*$BH$1315","v":371836.30799999996},{"$f":"IF($BM$1315=0,0,$BN$1315/$BM$1315)","v":114},35,{"$f":"$BP$1315+$BO$1315-1","v":148},{"$f":"BM1315*B1315","v":3261.7219999999998},{"$f":"BR1315*BQ1315","v":482734.85599999997}]
[null,1,3,"A","A","A","A","a","a","a","a","a","a","a","a","a","a","a","a","A","A","A","A","a","a","a","a","A","A","A","A","a","a","a","a","A","A","A","A","A","A","A","A","A","A","A","A",null,null,null,null,"Proyección avance actual",null,null,{"$f":"IF(AZ1317=BB1318,\"OK\",IF(BC1321=0,\"NA\",(BB1318/BJ1315*BK1315+BQ1315)/('Control de Avance'!$BT$3+BC1322*5)))","v":"NA"}]
[null,1,2,"A","A","A","A","a","a","a","a","a","a","a","a","a","a","a","a","A","A","A","A","a","a","a","a","A","A","A","A","a","a","a","a","A","A","A","A","A","A","A","A","A","A","A","A",null,null,null,null,"Frentes anteriores",null,null,{"$f":"COUNTIF(D1317:AC1321,\"A\")/BJ1315*BK1315","v":65}]
["RYT",{"$f":"IF((OR($BT$5<$BP$1325-5,AND($BC$1327=\"OK\",COUNTIF($D$1327:$AY$1331,\"B\")=0))),0,1)","v":1},"Primera mano esmalte baranda terraza tipo",null,null,null,null,null,null,null,null,null,null,null,null,null,null,null,null,null,null,null,null,null,null,null,null,null,null,null,null,null,null,null,null,null,null,null,null,null,null,null,null,null,null,null,null,null,null,null,null,null,null,null,null,"SOLDADOR","m2",{"$f":"VLOOKUP(C1325,'Act. Proyecto'!$I$3:$Q$881,4,FALSE)","v":7.585399999999999},{"$f":"VLOOKUP(C1325,'Act. Proyecto'!$I$3:$Q$881,5,FALSE)","v":215},{"$f":"IFERROR(BF1325*BG1325,0)","v":1630.8609999999999},{"$f":"VLOOKUP(C1325,'Act. Proyecto'!$I$3:$Q$881,7,FALSE)","v":"Depto"},{"$f":"VLOOKUP(C1325,'Act. Proyecto'!$I$3:$Q$881,8,FALSE)","v":20},{"$f":"VLOOKUP(C1325,'Act. Proyecto'!$I$3:$Q$881,9,FALSE)","v":10},{"$f":"IFERROR(BJ1325/BK1325,0)","v":2},{"$f":"IFERROR(BL1325*BH1325,0)","v":3261.7219999999998},{"$f":"$AZ$1327*$BH$1325","v":371836.30799999996},{"$f":"IF($BM$1325=0,0,$BN$1325/$BM$1325)","v":114},35,{"$f":"$BP$1325+$BO$1325-1","v":148},{"$f":"BM1325*B1325","v":3261.7219999999998},{"$f":"BR1325*BQ1325","v":482734.85599999997}]
[null,1,2,"A","A","A","A","a","a","a","a","a","a","a","a","a","a","a","a","A","A","A","A","a","a","a","a","A","A","A","A","a","a","a","a","A","A","A","A","A","A","A","A","A","A","A","A",null,null,null,null,"Frentes anteriores",null,null,{"$f":"COUNTIF(D1327:AC1331,\"A\")/BJ1325*BK1325","v":65}]
["RYT",{"$f":"IF((OR($BT$5<$BP$1335-5,AND($BC$1337=\"OK\",COUNTIF($D$1337:$AY$1341,\"B\")=0))),0,1)","v":1},"Traslado e instalación baranda terraza tipo",null,null,null,null,null,null,null,null,null,null,null,null,null,null,null,null,null,null,null,null,null,null,null,null,null,null,null,null,null,null,null,null,null,null,null,null,null,null,null,null,null,null,null,null,null,null,null,null,null,null,null,null,"SOLDADOR","ml",{"$f":"VLOOKUP(C1335,'Act. Proyecto'!$I$3:$Q$881,4,FALSE)","v":3.9100000000000006},{"$f":"VLOOKUP(C1335,'Act. Proyecto'!$I$3:$Q$881,5,FALSE)","v":1585},{"$f":"IFERROR(BF1335*BG1335,0)","v":6197.3500000000013},{"$f":"VLOOKUP(C1335,'Act. Proyecto'!$I$3:$Q$881,7,FALSE)","v":"Depto"},{"$f":"VLOOKUP(C1335,'Act. Proyecto'!$I$3:$Q$881,8,FALSE)","v":20},{"$f":"VLOOKUP(C1335,'Act. Proyecto'!$I$3:$Q$881,9,FALSE)","v":10},{"$f":"IFERROR(BJ1335/BK1335,0)","v":2},{"$f":"IFERROR(BL1335*BH1335,0)","v":12394.700000000003},{"$f":"$AZ$1337*$BH$1335","v":1363417.0000000002},{"$f":"IF($BM$1335=0,0,$BN$1335/$BM$1335)","v":110},36,{"$f":"$BP$1335+$BO$1335-1","v":145},{"$f":"BM1335*B1335","v":12394.700000000003},{"$f":"BR1335*BQ1335","v":1797231.5000000005}]
[null,{"$f":"$B$1335","v":1},null,"F1.1","F1.2","F2.1","F2.2","F3.1","F3.2","F4.1","F4.2","F5.1","F5.2","F6.1","F6.2","F7.1","F7.2","F8.1","F8.2","F9.1","F9.2","F10.1","F10.2","F11.1","F11.2","F12.1","F12.2","F13.1","F13.2","F14.1","F14.2","F15.1","F15.2","F16.1","F16.2","F17.1","F17.2","F18.1","F18.2","F19.1","F19.2","F20.1","F20.2","F21.1","F21.2","F22.1","F22.2","F23.1","F23.2","F24.1","F24.2","N° Unid Prod","N° Frentes","Pos","%"]
[null,1,1,"A","A","A","A","a","a","a","a","A","A","A","A","A","A","A","A","A","A","A","A","a","a","a","A","A","A","A","A","a","a","a","a","a","a","a","a","A","A","A","A","A","A","B","B",null,null,null,null,"Frentes semana actual",null,null,{"$f":"COUNTIF(D1337:AC1341,\"B\")/BJ1335*BK1335","v":0}]
["RYT",{"$f":"IF((OR($BT$5<$BP$1345-5,AND($BC$1347=\"OK\",COUNTIF($D$1347:$AY$1351,\"B\")=0))),0,1)","v":1},"Protección film baranda terraza",null,null,null,null,null,null,null,null,null,null,null,null,null,null,null,null,null,null,null,null,null,null,null,null,null,null,null,null,null,null,null,null,null,null,null,null,null,null,null,null,null,null,null,null,null,null,null,null,null,null,null,null,"SOLDADOR","un",{"$f":"VLOOKUP(C1345,'Act. Proyecto'!$I$3:$Q$881,4,FALSE)","v":1},{"$f":"VLOOKUP(C1345,'Act. Proyecto'!$I$3:$Q$881,5,FALSE)","v":270},{"$f":"IFERROR(BF1345*BG1345,0)","v":270},{"$f":"VLOOKUP(C1345,'Act. Proyecto'!$I$3:$Q$881,7,FALSE)","v":"Depto"},{"$f":"VLOOKUP(C1345,'Act. Proyecto'!$I$3:$Q$881,8,FALSE)","v":20},{"$f":"VLOOKUP(C1345,'Act. Proyecto'!$I$3:$Q$881,9,FALSE)","v":10},{"$f":"IFERROR(BJ1345/BK1345,0)","v":2},{"$f":"IFERROR(BL1345*BH1345,0)","v":540},{"$f":"$AZ$1347*$BH$1345","v":59400},{"$f":"IF($BM$1345=0,0,$BN$1345/$BM$1345)","v":110},36,{"$f":"$BP$1345+$BO$1345-1","v":145},{"$f":"BM1345*B1345","v":540},{"$f":"BR1345*BQ1345","v":78300}]
[null,1,2,"A","A","A","A","a","a","a","a","a","a","a","a","a","a","a","a","A","A","A","A","a","a","a","a","A","A","A","A","a","a","a","a","a","a","a","a","A","A","A","A","A","A","A","A",null,null,null,null,"Frentes anteriores",null,null,{"$f":"COUNTIF(D1347:AC1351,\"A\")/BJ1345*BK1345","v":65}]
[null,1,1,"A","A","A","A","a","a","a","a","A","A","A","A","A","A","A","A","A","A","A","A","a","a","a","A","A","A","A","A","a","a","a","a","a","a","a","a","A","A","A","A","A","A","B","B",null,null,null,null,"Frentes semana actual",null,null,{"$f":"COUNTIF(D1347:AC1351,\"B\")/BJ1345*BK1345","v":0}]
[null,{"$f":"$B$1355","v":1},null,"F1.1","F1.2","F2.1","F2.2","F3.1","F3.2","F4.1","F4.2","F5.1","F5.2","F6.1","F6.2","F7.1","F7.2","F8.1","F8.2","F9.1","F9.2","F10.1","F10.2","F11.1","F11.2","F12.1","F12.2","F13.1","F13.2","F14.1","F14.2","F15.1","F15.2","F16.1","F16.2","F17.1","F17.2","F18.1","F18.2","F19.1","F19.2","F20.1","F20.2","F21.1","F21.2","F22.1","F22.2","F23.1","F23.2","F24.1","F24.2","N° Unid Prod","N° Frentes","Pos","%"]
[null,1,1,"A","A","A","A","A","A","A","A","A","A","A","A","a","a","a","a","a","a","a","a",null,null,null,null,"a","a","a","A","A","A","A","A","A","A","A","A","a","a","a","a","a","a","a","a",null,null,null,null,"Frentes semana actual",null,null,{"$f":"COUNTIF(D1357:AC1361,\"B\")/BJ1355*BK1355","v":0}]
[null,{"$f":"$B$1365","v":1},null,"F1.1","F1.2","F2.1","F2.2","F3.1","F3.2","F4.1","F4.2","F5.1","F5.2","F6.1","F6.2","F7.1","F7.2","F8.1","F8.2","F9.1","F9.2","F10.1","F10.2","F11.1","F11.2","F12.1","F12.2","F13.1","F13.2","F14.1","F14.2","F15.1","F15.2","F16.1","F16.2","F17.1","F17.2","F18.1","F18.2","F19.1","F19.2","F20.1","F20.2","F21.1","F21.2","F22.1","F22.2","F23.1","F23.2","F24.1","F24.2","N° Unid Prod","N° Frentes","Pos","%"]
["W",1,5,"A","A","A","A","A","A","A","A","A","A","A","A","a","a","a","a","a","a","a","a","a","a","a","a","A","A","A","A","a","a","a","a","A","A","A","A","A","A","A","A","A","A","A","A","A","A","A","A",{"$f":"COUNTIF(D1367:AY1371,\"A\")+COUNTIF(D1367:AY1371,\"B\")","v":232},{"$f":"+AZ1367/BJ1365*BK1365","v":116},{"$f":"+BA1367+BO1365","v":232},{"$f":"IF(AZ1367=BB1368,\"OK\",BB1367/'Control de Avance'!$BT$3)","v":1.0311111111111111}]
[null,1,null,null,null,null,null,null,null,null,null,null,null,null,null,null,null,null,null,null,null,null,null,null,null,null,null,null,null,null,null,null,null,null,null,null,null,null,null,null,null,null,null,null,null,null,null,null,null,null,null,"Saldo",{"$f":"+BB1368/BJ1365*BK1365-BC1370-BC1371","v":57},"Sem",{"$f":"IF(AZ1367=BB1368,\"OK\",IF(BC1371=0,\"NA\",BA1372/BC1371))","v":"NA"}]
[null,{"$f":"$B$1375","v":1},null,"F1.1","F1.2","F2.1","F2.2","F3.1","F3.2","F4.1","F4.2","F5.1","F5.2","F6.1","F6.2","F7.1","F7.2","F8.1","F8.2","F9.1","F9.2","F10.1","F10.2","F11.1","F11.2","F12.1","F12.2","F13.1","F13.2","F14.1","F14.2","F15.1","F15.2","F16.1","F16.2","F17.1","F17.2","F18.1","F18.2","F19.1","F19.2","F20.1","F20.2","F21.1","F21.2","F22.1","F22.2","F23.1","F23.2","F24.1","F24.2","N° Unid Prod","N° Frentes","Pos","%"]
[null,1,1,"A","A","A","A","A","A","A","A","A","A","A","A","a","a","a","a","a","a","a","a",null,null,null,null,"a","a","a","A","A","A","A","A","A","A","A","A","a","a","a","a","a","a","a","a",null,null,null,null,"Frentes semana actual",null,null,{"$f":"COUNTIF(D1377:AC1381,\"B\")/BJ1375*BK1375","v":0}]
[null,1,null,null,null,null,null,null,null,null,null,null,null,null,null,null,null,null,null,null,null,null,null,null,null,null,null,null,null,null,null,null,null,null,null,null,null,null,null,null,null,null,null,null,null,null,null,null,null,null,null,"Saldo",{"$f":"+BB1378/BJ1375*BK1375-BC1380-BC1381","v":57},"Sem",{"$f":"IF(AZ1377=BB1378,\"OK\",IF(BC1381=0,\"NA\",BA1382/BC1381))","v":"NA"}]
[null,1,5,"A","A","A","A","a","a","a","a","a","a","a","a","A","A","A","A","a","a","a","a","a","a","a","a","A","A","A","A","a","a","a","a","A","A","A","A","A","A","A","A","A","A","A","A","A","A","A","A",{"$f":"COUNTIF(D1387:AY1391,\"A\")+COUNTIF(D1387:AY1391,\"B\")","v":229},{"$f":"+AZ1387/BJ1385*BK1385","v":114.5},{"$f":"+BA1387+BO1385","v":229},{"$f":"IF(AZ1387=BB1388,\"OK\",BB1387/'Control de Avance'!$BT$3)","v":1.0177777777777777}]
[null,1,null,null,null,null,null,null,null,null,null,null,null,null,null,null,null,null,null,null,null,null,null,null,null,null,null,null,null,null,null,null,null,null,null,null,null,null,null,null,null,null,null,null,null,null,null,null,null,null,null,"Saldo",{"$f":"+BB1388/BJ1385*BK1385-BC1390-BC1391","v":57},"Sem",{"$f":"IF(AZ1387=BB1388,\"OK\",IF(BC1391=0,\"NA\",BA1392/BC1391))","v":"NA"}]
[null,1,5,"A","A","A","A","a","a","a","a","a","a","a","a","A","A","A","A","a","a","a","a","a","a","a","a","A","A","A","A","a","a","a","a","A","A","A","A","A","A","A","A","A","A","A","A","A","A","A","A",{"$f":"COUNTIF(D1397:AY1401,\"A\")+COUNTIF(D1397:AY1401,\"B\")","v":229},{"$f":"+AZ1397/BJ1395*BK1395","v":114.5},{"$f":"+BA1397+BO1395","v":229},{"$f":"IF(AZ1397=BB1398,\"OK\",BB1397/'Control de Avance'!$BT$3)","v":1.0177777777777777}]
[null,1,3,"A","A","A","A","a","a","A","A","a","a","A","A","A","A","A","A","A","A","A","A","a","a","A","A","A","A","A","A","a","a","a","a","a","a","a","a","A","A","A","A","A","A","A","A","B","B","B","B","Proyección avance actual",null,null,{"$f":"IF(AZ1397=BB1398,\"OK\",IF(BC1401=0,\"NA\",(BB1398/BJ1395*BK1395+BQ1395)/('Control de Avance'!$BT$3+BC1402*5)))","v":"NA"}]
[null,1,null,null,null,null,null,null,null,null,null,null,null,null,null,null,null,null,null,null,null,null,null,null,null,null,null,null,null,null,null,null,null,null,null,null,null,null,null,null,null,null,null,null,null,null,null,null,null,null,null,"Saldo",{"$f":"+BB1398/BJ1395*BK1395-BC1400-BC1401","v":57},"Sem",{"$f":"IF(AZ1397=BB1398,\"OK\",IF(BC1401=0,\"NA\",BA1402/BC1401))","v":"NA"}]
[null,0,5,"a","a","a","a","a","a","a","a","a","a","a","a","A","A","A","A","A","A","A","A","A","A","A","A","a","a","a","a","a","a","a","a","a","a","a","a","A","A","A","A","a","a","A","A","A","A","A","A",{"$f":"COUNTIF(D1407:AY1411,\"A\")+COUNTIF(D1407:AY1411,\"B\")","v":240},{"$f":"+AZ1407/BJ1405*BK1405","v":120},{"$f":"+BA1407+BO1405","v":240},{"$f":"IF(AZ1407=BB1408,\"OK\",BB1407/'Control de Avance'!$BT$3)","v":"OK"}]
[null,0,null,null,null,null,null,null,null,null,null,null,null,null,null,null,null,null,null,null,null,null,null,null,null,null,null,null,null,null,null,null,null,null,null,null,null,null,null,null,null,null,null,null,null,null,null,null,null,null,null,"Saldo",{"$f":"+BB1408/BJ1405*BK1405-BC1410-BC1411","v":55},"Sem",{"$f":"IF(AZ1407=BB1408,\"OK\",IF(BC1411=0,\"NA\",BA1412/BC1411))","v":"OK"}]
[null,0]
[null,1,4,"A","A","a","a","a","a","a","a","a","a","a","a","A","A","A","A","a","a","A","A","a","a","a","a","A","A","A","A","a","a","a","a","A","A","a","a","A","A","A","A","A","A","A","A","A","A","B","B","N° Total Und Prod:",null,{"$f":"VLOOKUP('Dibujo Edificios'!$A$104,'Otras Tablas'!$G$2:$H$31,2,FALSE)","v":240}]
[null,1]
[null,{"$f":"$B$1425","v":1},null,"F1.1","F1.2","F2.1","F2.2","F3.1","F3.2","F4.1","F4.2","F5.1","F5.2","F6.1","F6.2","F7.1","F7.2","F8.1","F8.2","F9.1","F9.2","F10.1","F10.2","F11.1","F11.2","F12.1","F12.2","F13.1","F13.2","F14.1","F14.2","F15.1","F15.2","F16.1","F16.2","F17.1","F17.2","F18.1","F18.2","F19.1","F19.2","F20.1","F20.2","F21.1","F21.2","F22.1","F22.2","F23.1","F23.2","F24.1","F24.2","N° Unid Prod","N° Frentes","Pos","%"]
[null,1,4,"A","A","A","A","a","a","a","a","a","a","a","a","A","A","A","A","a","a","a","a","a","a","a","a","a","a","a","a","a","a","a","a","a","a","a","a","A","A","A","A","A","A","A","A","A","A","A","A","N° Total Und Prod:",null,{"$f":"VLOOKUP('Dibujo Edificios'!$A$104,'Otras Tablas'!$G$2:$H$31,2,FALSE)","v":240}]
[null,1]
[null,1,4,"A","A","A","A","A","A","A","A","A","A","A","A","A","A","A","A","A","A","A","A","A","A","A","A","A","A","A","A","a","a","A","A","A","A","A","A","A","A","A","A",null,null,null,null,null,null,null,null,"N° Total Und Prod:",null,{"$f":"VLOOKUP('Dibujo Edificios'!$A$104,'Otras Tablas'!$G$2:$H$31,2,FALSE)","v":240}]
[null,1]
[]
[null,1,3,"a","a","a","a","a","a","a","a","a","a","a","a","A","A","A","A","A","A","A","A","a","a","a","a","a","a","a","a","A","A","a","a","A","A","A","A","A","A","A","A","B","B","B","B","V","V","V","V","Proyección avance actual",null,null,{"$f":"IF(AZ1447=BB1448,\"OK\",IF(BC1451=0,\"NA\",(BB1448/BJ1445*BK1445+BQ1445)/('Control de Avance'!$BT$3+BC1452*5)))","v":"NA"}]
[null,1,null,null,null,null,null,null,null,null,null,null,null,null,null,null,null,null,null,null,null,null,null,null,null,null,null,null,null,null,null,null,null,null,null,null,null,null,null,null,null,null,null,null,null,null,null,null,null,null,null,"Saldo",{"$f":"+BB1448/BJ1445*BK1445-BC1450-BC1451","v":55},"Sem",{"$f":"IF(AZ1447=BB1448,\"OK\",IF(BC1451=0,\"NA\",BA1452/BC1451))","v":"NA"}]
[null,1,4,"X","X","X","X","X","X","X","X","X","X","X","X","X","X","X","X","X","X","X","X","X","X","X","X","X","X","X","X","X","X","X","X","X","X","X","X","X","X","X","X","X","X","X","X","X","X","X","X","N° Total Und Prod:",null,{"$f":"VLOOKUP('Dibujo Edificios'!$A$124,'Otras Tablas'!$G$2:$H$31,2,FALSE)","v":240}]
[null,1,3,"X","X","X","X","X","X","X","X","X","X","X","X","X","X","X","X","X","X","X","X","X","X","X","X","X","X","X","X","X","X","X","X","X","X","X","X","X","X","X","X","X","X","X","X","X","X","X","X","Proyección avance actual",null,null,{"$f":"IF(AZ1457=BB1458,\"OK\",IF(BC1461=0,\"NA\",(BB1458/BJ1455*BK1455+BQ1455)/('Control de Avance'!$BT$3+BC1462*5)))","v":"NA"}]
[]
[null,1,3,"a","a","a","a","a","a","a","A","a","A","A","A","A","A","A","A","A","A","A","A","A","A","A","A","A","A","A","A","A","A","A","A","A","A","A","A","A","A","A","A","A","A","A","A","C","C","C","C","Proyección avance actual",null,null,{"$f":"IF(AZ1467=BB1468,\"OK\",IF(BC1471=0,\"NA\",(BB1468/BJ1465*BK1465+BQ1465)/('Control de Avance'!$BT$3+BC1472*5)))","v":"NA"}]
[]
["TERM",{"$f":"IF((OR($BT$5<$BP$1475-5,AND($BC$1477=\"OK\",COUNTIF($D$1477:$AY$1481,\"B\")=0))),0,1)","v":1},"Retape de alcantarillado y gasfiter (incluye chicote de gas)",null,null,null,null,null,null,null,null,null,null,null,null,null,null,null,null,null,null,null,null,null,null,null,null,null,null,null,null,null,null,null,null,null,null,null,null,null,null,null,null,null,null,null,null,null,null,null,null,null,null,null,null,"ALBAÑIL TERMINACIONES","baño",{"$f":"VLOOKUP(C1475,'Act. Proyecto'!$I$3:$Q$881,4,FALSE)","v":1},{"$f":"VLOOKUP(C1475,'Act. Proyecto'!$I$3:$Q$881,5,FALSE)","v":2320},{"$f":"IFERROR(BF1475*BG1475,0)","v":2320},{"$f":"VLOOKUP(C1475,'Act. Proyecto'!$I$3:$Q$881,7,FALSE)","v":"Depto"},{"$f":"VLOOKUP(C1475,'Act. Proyecto'!$I$3:$Q$881,8,FALSE)","v":20},{"$f":"VLOOKUP(C1475,'Act. Proyecto'!$I$3:$Q$881,9,FALSE)","v":10},{"$f":"IFERROR(BJ1475/BK1475,0)","v":2},{"$f":"IFERROR(BL1475*BH1475,0)","v":4640},{"$f":"$AZ$1477*$BH$1475","v":510400},{"$f":"IF($BM$1475=0,0,$BN$1475/$BM$1475)","v":110},45,{"$f":"$BP$1475+$BO$1475-1","v":154},{"$f":"BM1475*B1475","v":4640},{"$f":"BR1475*BQ1475","v":714560}]
[null,1,3,"a","a","A","A","a","a","a","a","a","a","a","a","A","A","A","A","a","a","a","a","a","a","a","a","a","a","a","a","A","A","a","a","A","A","A","A","A","A","A","A","B","B","B","B","V","V","V","V","Proyección avance actual",null,null,{"$f":"IF(AZ1477=BB1478,\"OK\",IF(BC1481=0,\"NA\",(BB1478/BJ1475*BK1475+BQ1475)/('Control de Avance'!$BT$3+BC1482*5)))","v":"NA"}]
[]
[null,1,3,"X","X","X","X","X","X","X","X","X","X","X","X","X","X","X","X","X","X","X","X","X","X","X","X","X","X","X","X","X","X","X","X","X","X","X","X","X","X","X","X","X","X","X","X","X","X","X","X","Proyección avance actual",null,null,{"$f":"IF(AZ1487=BB1488,\"OK\",IF(BC1491=0,\"NA\",(BB1488/BJ1485*BK1485+BQ1485)/('Control de Avance'!$BT$3+BC1492*5)))","v":"NA"}]
[null,1,2,"X","X","X","X","X","X","X","X","X","X","X","X","X","X","X","X","X","X","X","X","X","X","X","X","X","X","X","X","X","X","X","X","X","X","X","X","X","X","X","X","X","X","X","X","X","X","X","X","Frentes anteriores",null,null,{"$f":"COUNTIF(D1487:AC1491,\"A\")/BJ1485*BK1485","v":0}]
["TERM",{"$f":"IF((OR($BT$5<$BP$1495-5,AND($BC$1497=\"OK\",COUNTIF($D$1497:$AY$1501,\"B\")=0))),0,1)","v":1},"Paso de barco ",null,null,null,null,null,null,null,null,null,null,null,null,null,null,null,null,null,null,null,null,null,null,null,null,null,null,null,null,null,null,null,null,null,null,null,null,null,null,null,null,null,null,null,null,null,null,null,null,null,null,null,null,"ALBAÑIL TERMINACIONES","ml",{"$f":"VLOOKUP(C1495,'Act. Proyecto'!$I$3:$Q$881,4,FALSE)","v":1.9},{"$f":"VLOOKUP(C1495,'Act. Proyecto'!$I$3:$Q$881,5,FALSE)","v":1790},{"$f":"IFERROR(BF1495*BG1495,0)","v":3401},{"$f":"VLOOKUP(C1495,'Act. Proyecto'!$I$3:$Q$881,7,FALSE)","v":"Depto"},{"$f":"VLOOKUP(C1495,'Act. Proyecto'!$I$3:$Q$881,8,FALSE)","v":20},{"$f":"VLOOKUP(C1495,'Act. Proyecto'!$I$3:$Q$881,9,FALSE)","v":10},{"$f":"IFERROR(BJ1495/BK1495,0)","v":2},{"$f":"IFERROR(BL1495*BH1495,0)","v":6802},{"$f":"$AZ$1497*$BH$1495","v":761824},{"$f":"IF($BM$1495=0,0,$BN$1495/$BM$1495)","v":112},45,{"$f":"$BP$1495+$BO$1495-1","v":156},{"$f":"BM1495*B1495","v":6802},{"$f":"BR1495*BQ1495","v":1061112}]
[null,1,2,"a","a","A","A","a","a","a","a","a","a","a","a","a","a","A","A","a","a","A","A","A","A","a","a","A","A","A","A","a","a","A","A","A","A","A","A","A","A","A","A","A","A","A","A","J","J","J","J","Frentes anteriores",null,null,{"$f":"COUNTIF(D1497:AC1501,\"A\")/BJ1495*BK1495","v":63}]
["TERM",{"$f":"IF((OR($BT$5<$BP$1505-5,AND($BC$1507=\"OK\",COUNTIF($D$1507:$AY$1511,\"B\")=0))),0,1)","v":1},"Impermeabilización de rasgo (Bautop Seal)",null,null,null,null,null,null,null,null,null,null,null,null,null,null,null,null,null,null,null,null,null,null,null,null,null,null,null,null,null,null,null,null,null,null,null,null,null,null,null,null,null,null,null,null,null,null,null,null,null,null,null,null,"ALBAÑIL TERMINACIONES","ml",{"$f":"VLOOKUP(C1505,'Act. Proyecto'!$I$3:$Q$881,4,FALSE)","v":24.106874999999999},{"$f":"VLOOKUP(C1505,'Act. Proyecto'!$I$3:$Q$881,5,FALSE)","v":100},{"$f":"IFERROR(BF1505*BG1505,0)","v":2410.6875},{"$f":"VLOOKUP(C1505,'Act. Proyecto'!$I$3:$Q$881,7,FALSE)","v":"Depto"},{"$f":"VLOOKUP(C1505,'Act. Proyecto'!$I$3:$Q$881,8,FALSE)","v":20},{"$f":"VLOOKUP(C1505,'Act. Proyecto'!$I$3:$Q$881,9,FALSE)","v":10},{"$f":"IFERROR(BJ1505/BK1505,0)","v":2},{"$f":"IFERROR(BL1505*BH1505,0)","v":4821.375},{"$f":"$AZ$1507*$BH$1505","v":520708.5},{"$f":"IF($BM$1505=0,0,$BN$1505/$BM$1505)","v":108},45,{"$f":"$BP$1505+$BO$1505-1","v":152},{"$f":"BM1505*B1505","v":4821.375},{"$f":"BR1505*BQ1505","v":732849}]
[null,{"$f":"$B$1505","v":1},null,"F1.1","F1.2","F2.1","F2.2","F3.1","F3.2","F4.1","F4.2","F5.1","F5.2","F6.1","F6.2","F7.1","F7.2","F8.1","F8.2","F9.1","F9.2","F10.1","F10.2","F11.1","F11.2","F12.1","F12.2","F13.1","F13.2","F14.1","F14.2","F15.1","F15.2","F16.1","F16.2","F17.1","F17.2","F18.1","F18.2","F19.1","F19.2","F20.1","F20.2","F21.1","F21.2","F22.1","F22.2","F23.1","F23.2","F24.1","F24.2","N° Unid Prod","N° Frentes","Pos","%"]
[null,1,2,"a","a","A","A","a","a","a","a","a","a","a","a","a","a","A","A","a","a","A","A","A","A","a","a","A","A","A","A","a","a","A","A","A","A","A","A","A","A","A","A","A","A","A","A","J","J","J","J","Frentes anteriores",null,null,{"$f":"COUNTIF(D1507:AC1511,\"A\")/BJ1505*BK1505","v":63}]
["TERM",{"$f":"IF((OR($BT$5<$BP$1515-5,AND($BC$1517=\"OK\",COUNTIF($D$1517:$AY$1521,\"B\")=0))),0,1)","v":1},"Preparar tubo PVC con alfombra VC",null,null,null,null,null,null,null,null,null,null,null,null,null,null,null,null,null,null,null,null,null,null,null,null,null,null,null,null,null,null,null,null,null,null,null,null,null,null,null,null,null,null,null,null,null,null,null,null,null,null,null,null,"LIMPIEZA TRAZO Y TRASLADO","ml",{"$f":"VLOOKUP(C1515,'Act. Proyecto'!$I$3:$Q$881,4,FALSE)","v":3.9375},{"$f":"VLOOKUP(C1515,'Act. Proyecto'!$I$3:$Q$881,5,FALSE)","v":800},{"$f":"IFERROR(BF1515*BG1515,0)","v":3150},{"$f":"VLOOKUP(C1515,'Act. Proyecto'!$I$3:$Q$881,7,FALSE)","v":"Depto"},{"$f":"VLOOKUP(C1515,'Act. Proyecto'!$I$3:$Q$881,8,FALSE)","v":20},{"$f":"VLOOKUP(C1515,'Act. Proyecto'!$I$3:$Q$881,9,FALSE)","v":10},{"$f":"IFERROR(BJ1515/BK1515,0)","v":2},{"$f":"IFERROR(BL1515*BH1515,0)","v":6300},{"$f":"$AZ$1517*$BH$1515","v":0},{"$f":"IF($BM$1515=0,0,$BN$1515/$BM$1515)","v":0},45,{"$f":"$BP$1515+$BO$1515-1","v":44},{"$f":"BM1515*B1515","v":6300},{"$f":"BR1515*BQ1515","v":277200}]
[null,1,2,"X","X","X","X","X","X","X","X","X","X","X","X","X","X","X","X","X","X","X","X","X","X","X","X","X","X","X","X","X","X","X","X","X","X","X","X","X","X","X","X","X","X","X","X","X","X","X","X","Frentes anteriores",null,null,{"$f":"COUNTIF(D1517:AC1521,\"A\")/BJ1515*BK1515","v":0}]
[null,1,1,"X","X","X","X","X","X","X","X","X","X","X","X","X","X","X","X","X","X","X","X","X","X","X","X","X","X","X","X","X","X","X","X","X","X","X","X","X","X","X","X","X","X","X","X","X","X","X","X","Frentes semana actual",null,null,{"$f":"COUNTIF(D1517:AC1521,\"B\")/BJ1515*BK1515","v":0}]
[null,{"$f":"$B$1525","v":1},null,"F1.1","F1.2","F2.1","F2.2","F3.1","F3.2","F4.1","F4.2","F5.1","F5.2","F6.1","F6.2","F7.1","F7.2","F8.1","F8.2","F9.1","F9.2","F10.1","F10.2","F11.1","F11.2","F12.1","F12.2","F13.1","F13.2","F14.1","F14.2","F15.1","F15.2","F16.1","F16.2","F17.1","F17.2","F18.1","F18.2","F19.1","F19.2","F20.1","F20.2","F21.1","F21.2","F22.1","F22.2","F23.1","F23.2","F24.1","F24.2","N° Unid Prod","N° Frentes","Pos","%"]
[null,1,1,"A","A","A","A","A","A","A","A","a","a","a","a","a","a","a","a","a","a","a","a",null,null,null,null,"A","A","A","A","a","a","a","a","a","a","a","a","A","A","A","A",null,null,null,null,null,null,null,null,"Frentes semana actual",null,null,{"$f":"COUNTIF(D1527:AC1531,\"B\")/BJ1525*BK1525","v":0}]
["TERM",{"$f":"IF((OR($BT$5<$BP$1535-5,AND($BC$1537=\"OK\",COUNTIF($D$1537:$AY$1541,\"B\")=0))),0,1)","v":1},"Piernas de yeso + pilar para closet",null,null,null,null,null,null,null,null,null,null,null,null,null,null,null,null,null,null,null,null,null,null,null,null,null,null,null,null,null,null,null,null,null,null,null,null,null,null,null,null,null,null,null,null,null,null,null,null,null,null,null,null,"YESERO","ml",{"$f":"VLOOKUP(C1535,'Act. Proyecto'!$I$3:$Q$881,4,FALSE)","v":11.004062500000002},{"$f":"VLOOKUP(C1535,'Act. Proyecto'!$I$3:$Q$881,5,FALSE)","v":800},{"$f":"IFERROR(BF1535*BG1535,0)","v":8803.2500000000018},{"$f":"VLOOKUP(C1535,'Act. Proyecto'!$I$3:$Q$881,7,FALSE)","v":"Depto"},{"$f":"VLOOKUP(C1535,'Act. Proyecto'!$I$3:$Q$881,8,FALSE)","v":20},{"$f":"VLOOKUP(C1535,'Act. Proyecto'!$I$3:$Q$881,9,FALSE)","v":10},{"$f":"IFERROR(BJ1535/BK1535,0)","v":2},{"$f":"IFERROR(BL1535*BH1535,0)","v":17606.500000000004},{"$f":"$AZ$1537*$BH$1535","v":1927911.7500000005},{"$f":"IF($BM$1535=0,0,$BN$1535/$BM$1535)","v":109.5},48,{"$f":"$BP$1535+$BO$1535-1","v":156.5},{"$f":"BM1535*B1535","v":17606.500000000004},{"$f":"BR1535*BQ1535","v":2755417.2500000005}]
[null,{"$f":"$B$1535","v":1},null,"F1.1","F1.2","F2.1","F2.2","F3.1","F3.2","F4.1","F4.2","F5.1","F5.2","F6.1","F6.2","F7.1","F7.2","F8.1","F8.2","F9.1","F9.2","F10.1","F10.2","F11.1","F11.2","F12.1","F12.2","F13.1","F13.2","F14.1","F14.2","F15.1","F15.2","F16.1","F16.2","F17.1","F17.2","F18.1","F18.2","F19.1","F19.2","F20.1","F20.2","F21.1","F21.2","F22.1","F22.2","F23.1","F23.2","F24.1","F24.2","N° Unid Prod","N° Frentes","Pos","%"]
[null,1,1,"a","a","a","a","a","A","A","A","A","A","a","A","a","a","a","a","a","a","a","a",null,null,null,null,"a","a","a","a","a","a","a","a","A","A","A","C","A","A","A","A","B","B","B","B",null,null,null,null,"Frentes semana actual",null,null,{"$f":"COUNTIF(D1537:AC1541,\"B\")/BJ1535*BK1535","v":0}]
[null,{"$f":"$B$1545","v":1},null,"F1.1","F1.2","F2.1","F2.2","F3.1","F3.2","F4.1","F4.2","F5.1","F5.2","F6.1","F6.2","F7.1","F7.2","F8.1","F8.2","F9.1","F9.2","F10.1","F10.2","F11.1","F11.2","F12.1","F12.2","F13.1","F13.2","F14.1","F14.2","F15.1","F15.2","F16.1","F16.2","F17.1","F17.2","F18.1","F18.2","F19.1","F19.2","F20.1","F20.2","F21.1","F21.2","F22.1","F22.2","F23.1","F23.2","F24.1","F24.2","N° Unid Prod","N° Frentes","Pos","%"]
[null,1,1,"A","A","A","A","A","A","a","a","A","A","A","A","A","A","a","a","a","a","a","a",null,null,null,null,"A","A","A","A","A","A","A","A","A","A",null,null,"L","L","M","M",null,null,null,null,null,null,null,null,"Frentes semana actual",null,null,{"$f":"COUNTIF(D1547:AC1551,\"B\")/BJ1545*BK1545","v":0}]
[null,1,null,null,null,null,null,null,null,null,null,null,null,null,null,null,null,null,null,null,null,null,null,null,null,null,null,null,null,null,null,null,null,null,null,null,null,null,null,null,null,null,null,null,null,null,null,null,null,null,null,"Saldo",{"$f":"+BB1548/BJ1545*BK1545-BC1550-BC1551","v":57},"Sem",{"$f":"IF(AZ1547=BB1548,\"OK\",IF(BC1551=0,\"NA\",BA1552/BC1551))","v":"NA"}]
[null,1,4,"a","a","a","A","A","A","A","A","a","a","A","A","a","a","a","a","a","a","a","a","a","a","a","a","a","a","a","a","a","a","a","a","a","a","a","a","A","A","A","A","A","A","A","A","B","B","B","B","N° Total Und Prod:",null,{"$f":"VLOOKUP('Dibujo Edificios'!$A$124,'Otras Tablas'!$G$2:$H$31,2,FALSE)","v":240}]
[null,1,1,"a","a","a","a","a","A","A","A","A","A","a","A","a","a","a","a","a","a","a","a",null,null,null,null,"a","a","a","a","a","a","a","a","A","A","A","C","A","A","A","A","B","B","B","B",null,null,null,null,"Frentes semana actual",null,null,{"$f":"COUNTIF(D1557:AC1561,\"B\")/BJ1555*BK1555","v":0}]
[null,{"$f":"$B$1565","v":1},null,"F1.1","F1.2","F2.1","F2.2","F3.1","F3.2","F4.1","F4.2","F5.1","F5.2","F6.1","F6.2","F7.1","F7.2","F8.1","F8.2","F9.1","F9.2","F10.1","F10.2","F11.1","F11.2","F12.1","F12.2","F13.1","F13.2","F14.1","F14.2","F15.1","F15.2","F16.1","F16.2","F17.1","F17.2","F18.1","F18.2","F19.1","F19.2","F20.1","F20.2","F21.1","F21.2","F22.1","F22.2","F23.1","F23.2","F24.1","F24.2","N° Unid Prod","N° Frentes","Pos","%"]
[null,1,5,"A","A","A","a","A","A","A","A","A","A","A","A","a","a","a","a","a","a","a","a","a","a","a","a","a","a","a","a","A","A","A","A","A","A","A","A","A","A","A","A",null,null,null,null,null,null,null,null,{"$f":"COUNTIF(D1567:AY1571,\"A\")+COUNTIF(D1567:AY1571,\"B\")","v":190},{"$f":"+AZ1567/BJ1565*BK1565","v":95},{"$f":"+BA1567+BO1565","v":190},{"$f":"IF(AZ1567=BB1568,\"OK\",BB1567/'Control de Avance'!$BT$3)","v":0.84444444444444444}]
[null,1,null,null,null,null,null,null,null,null,null,null,null,null,null,null,null,null,null,null,null,null,null,null,null,null,null,null,null,null,null,null,null,null,null,null,null,null,null,null,null,null,null,null,null,null,null,null,null,null,null,"Saldo",{"$f":"+BB1568/BJ1565*BK1565-BC1570-BC1571","v":57},"Sem",{"$f":"IF(AZ1567=BB1568,\"OK\",IF(BC1571=0,\"NA\",BA1572/BC1571))","v":"NA"}]
[null,1,5,"a","a","a","a","a","a","a","a","A","A","A","A","a","a","a","A","a","a","a","a","A","A","a","a","a","a","a","a","A","A","A","A","A","A","A","A","A","A","A","A","W","W","J","J",null,null,null,null,{"$f":"COUNTIF(D1577:AY1581,\"A\")+COUNTIF(D1577:AY1581,\"B\")","v":194},{"$f":"+AZ1577/BJ1575*BK1575","v":97},{"$f":"+BA1577+BO1575","v":194},{"$f":"IF(AZ1577=BB1578,\"OK\",BB1577/'Control de Avance'!$BT$3)","v":0.86222222222222222}]
[null,1,null,null,null,null,null,null,null,null,null,null,null,null,null,null,null,null,null,null,null,null,null,null,null,null,null,null,null,null,null,null,null,null,null,null,null,null,null,null,null,null,null,null,null,null,null,null,null,null,null,"Saldo",{"$f":"+BB1578/BJ1575*BK1575-BC1580-BC1581","v":57},"Sem",{"$f":"IF(AZ1577=BB1578,\"OK\",IF(BC1581=0,\"NA\",BA1582/BC1581))","v":"NA"}]
[]
[null,1,5,"a","a","a","a","a","a","a","a","A","A","A","A","a","a","a","A","a","a","a","a","A","A","a","a","a","a","a","a","A","A","A","A","A","A","A","A","A","A","A","A","W","W","J","J",null,null,null,null,{"$f":"COUNTIF(D1587:AY1591,\"A\")+COUNTIF(D1587:AY1591,\"B\")","v":194},{"$f":"+AZ1587/BJ1585*BK1585","v":97},{"$f":"+BA1587+BO1585","v":194},{"$f":"IF(AZ1587=BB1588,\"OK\",BB1587/'Control de Avance'!$BT$3)","v":0.86222222222222222}]
[null,1,null,null,null,null,null,null,null,null,null,null,null,null,null,null,null,null,null,null,null,null,null,null,null,null,null,null,null,null,null,null,null,null,null,null,null,null,null,null,null,null,null,null,null,null,null,null,null,null,null,"Saldo",{"$f":"+BB1588/BJ1585*BK1585-BC1590-BC1591","v":57},"Sem",{"$f":"IF(AZ1587=BB1588,\"OK\",IF(BC1591=0,\"NA\",BA1592/BC1591))","v":"NA"}]
[null,0,5,"a","a","a","a","a","a","a","a","A","A","A","A","a","a","a","A","a","a","a","a","A","A","a","a","a","a","a","a","A","A","A","A","A","A","A","A","A","A","A","A","W","W","J","J",null,null,null,null,{"$f":"COUNTIF(D1597:AY1601,\"A\")+COUNTIF(D1597:AY1601,\"B\")","v":194},{"$f":"+AZ1597/BJ1595*BK1595","v":97},{"$f":"+BA1597+BO1595","v":194},{"$f":"IF(AZ1597=BB1598,\"OK\",BB1597/'Control de Avance'!$BT$3)","v":0.86222222222222222}]
[null,0,4,"a","a","a","a","a","a","a","a","A","A","A","A","A","A","A","A","a","a","a","a","a","a","a","a","a","a","a","a","a","a","A","A","A","A","A","A","A","A","A","A","V","V",null,null,null,null,null,null,"N° Total Und Prod:",null,{"$f":"VLOOKUP('Dibujo Edificios'!$A$104,'Otras Tablas'!$G$2:$H$31,2,FALSE)","v":240}]
[null,0]
[null,1,4,"a","a","a","a","a","a","a","a","A","A","A","A","A","A","A","A","a","a","a","a","a","a","a","a","a","a","a","a","a","a","A","A","A","A","A","A","A","A","A","A","V","V",null,null,null,null,null,null,"N° Total Und Prod:",null,{"$f":"VLOOKUP('Dibujo Edificios'!$A$124,'Otras Tablas'!$G$2:$H$31,2,FALSE)","v":240}]
[null,1,1,"A","A","A","A","A","A","A","A","A","a","a","a","a","a","a","a","A","A","A","A",null,null,null,null,"A","A","A","A","A","A","A","A","A","A","C","C","A","A","A","B",null,null,null,null,null,null,null,null,"Frentes semana actual",null,null,{"$f":"COUNTIF(D1607:AC1611,\"B\")/BJ1605*BK1605","v":0}]
[null,1]
[null,1,4,"a","a","a","a","a","a","a","a","A","A","A","A","A","A","A","A","a","a","a","a","a","a","a","a","a","a","a","a","a","a","A","A","A","A","A","A","A","A","A","A","V","V",null,null,null,null,null,null,"N° Total Und Prod:",null,{"$f":"VLOOKUP('Dibujo Edificios'!$A$124,'Otras Tablas'!$G$2:$H$31,2,FALSE)","v":240}]
[null,1]
[null,1,4,"a","a","a","a","a","a","a","a","A","A","A","A","A","A","A","A","a","a","a","a","a","a","a","a","a","a","a","a","a","a","A","A","A","A","A","A","A","A","A","A","V","V",null,null,null,null,null,null,"N° Total Und Prod:",null,{"$f":"VLOOKUP('Dibujo Edificios'!$A$124,'Otras Tablas'!$G$2:$H$31,2,FALSE)","v":240}]
[null,1,3,"a","a","a","a","A","A","A","A","A","A","A","A","A","a","a","a","a","a","a","a","a","a","A","a","a","a","a","a","a","a","A","A","A","A","A","A","A","A","A","A",null,null,null,null,null,null,null,null,"Proyección avance actual",null,null,{"$f":"IF(AZ1627=BB1628,\"OK\",IF(BC1631=0,\"NA\",(BB1628/BJ1625*BK1625+BQ1625)/('Control de Avance'!$BT$3+BC1632*5)))","v":"NA"}]
[]
[null,1,4,"a","a","a","a","a","a","a","a","A","A","A","A","A","A","A","A","a","a","a","a","a","a","a","a","a","a","a","a","a","a","A","A","A","A","A","A","A","A","A","A","V","V",null,null,null,null,null,null,"N° Total Und Prod:",null,240]
[null,1]
[]
[null,1,3,"a","a","a","a","A","A","A","A","A","A","A","A","A","a","a","a","a","a","a","a","a","a","A","a","a","a","a","a","a","a","A","A","A","A","A","A","A","A","A","A",null,null,null,null,null,null,null,null,"Proyección avance actual",null,null,{"$f":"IF(AZ1647=BB1648,\"OK\",IF(BC1651=0,\"NA\",(BB1648/BJ1645*BK1645+BQ1645)/('Control de Avance'!$BT$3+BC1652*5)))","v":"NA"}]
[]
[null,1,3,"a","a","a","a","A","A","A","A","a","a","a","a","A","A","A","A","A","A","A","A","A","A","A","A","A","A","A","A","A","A","A","A",null,null,null,null,null,null,null,null,null,null,null,null,null,null,null,null,"Proyección avance actual",null,null,{"$f":"IF(AZ1657=BB1658,\"OK\",IF(BC1661=0,\"NA\",(BB1658/BJ1655*BK1655+BQ1655)/('Control de Avance'!$BT$3+BC1662*5)))","v":"NA"}]
[null,1,2,"a","a","A","A","A","A","A","A","a","a","a","a","A","A","A","A","a","a","a","a","A","A","A","A","A","A","A","A","A","A","A","A",null,null,null,null,null,null,null,null,null,null,null,null,null,null,null,null,"Frentes anteriores",null,null,{"$f":"COUNTIF(D1657:AC1661,\"A\")/BJ1655*BK1655","v":63}]
[]
[null,1,3,"a","a","a","a","A","A","A","A","A","A","A","A","A","a","a","a","a","a","a","a","a","a","A","a","a","a","a","a","a","a","A","A","A","A","A","A","A","A","A","A",null,null,null,null,null,null,null,null,"Proyección avance actual",null,null,{"$f":"IF(AZ1667=BB1668,\"OK\",IF(BC1671=0,\"NA\",(BB1668/BJ1665*BK1665+BQ1665)/('Control de Avance'!$BT$3+BC1672*5)))","v":"NA"}]
[]
["TERM",{"$f":"IF((OR($BT$5<$BP$1675-5,AND($BC$1677=\"OK\",COUNTIF($D$1677:$AY$1681,\"B\")=0))),0,1)","v":1},"Traslado de ventanas",null,null,null,null,null,null,null,null,null,null,null,null,null,null,null,null,null,null,null,null,null,null,null,null,null,null,null,null,null,null,null,null,null,null,null,null,null,null,null,null,null,null,null,null,null,null,null,null,null,null,null,null,"LIMPIEZA TRAZO Y TRASLADO","depto",{"$f":"VLOOKUP(C1675,'Act. Proyecto'!$I$3:$Q$881,4,FALSE)","v":1},{"$f":"VLOOKUP(C1675,'Act. Proyecto'!$I$3:$Q$881,5,FALSE)","v":1580},{"$f":"IFERROR(BF1675*BG1675,0)","v":1580},{"$f":"VLOOKUP(C1675,'Act. Proyecto'!$I$3:$Q$881,7,FALSE)","v":"Depto"},{"$f":"VLOOKUP(C1675,'Act. Proyecto'!$I$3:$Q$881,8,FALSE)","v":20},{"$f":"VLOOKUP(C1675,'Act. Proyecto'!$I$3:$Q$881,9,FALSE)","v":10},{"$f":"IFERROR(BJ1675/BK1675,0)","v":2},{"$f":"IFERROR(BL1675*BH1675,0)","v":3160},{"$f":"$AZ$1677*$BH$1675","v":325480},{"$f":"IF($BM$1675=0,0,$BN$1675/$BM$1675)","v":103},53,{"$f":"$BP$1675+$BO$1675-1","v":155},{"$f":"BM1675*B1675","v":3160},{"$f":"BR1675*BQ1675","v":489800}]
[null,1,2,"A","A","a","a","a","a","a","a","A","A","A","A","A","A","A","A","a","a","a","a","a","a","a","a","A","A","A","A","A","A","a","a","A","A","A","A","A","A","A","A",null,null,null,null,null,null,null,null,"Frentes anteriores",null,null,{"$f":"COUNTIF(D1677:AC1681,\"A\")/BJ1675*BK1675","v":63}]
["TERM",{"$f":"IF((OR($BT$5<$BP$1685-5,AND($BC$1687=\"OK\",COUNTIF($D$1687:$AY$1691,\"B\")=0))),0,1)","v":1},"Instalación marcos ventanas dpto",null,null,null,null,null,null,null,null,null,null,null,null,null,null,null,null,null,null,null,null,null,null,null,null,null,null,null,null,null,null,null,null,null,null,null,null,null,null,null,null,null,null,null,null,null,null,null,null,null,null,null,null,"ALUMINIO","un",{"$f":"VLOOKUP(C1685,'Act. Proyecto'!$I$3:$Q$881,4,FALSE)","v":4.770833333333333},{"$f":"VLOOKUP(C1685,'Act. Proyecto'!$I$3:$Q$881,5,FALSE)","v":1640},{"$f":"IFERROR(BF1685*BG1685,0)","v":7824.1666666666661},{"$f":"VLOOKUP(C1685,'Act. Proyecto'!$I$3:$Q$881,7,FALSE)","v":"Depto"},{"$f":"VLOOKUP(C1685,'Act. Proyecto'!$I$3:$Q$881,8,FALSE)","v":20},{"$f":"VLOOKUP(C1685,'Act. Proyecto'!$I$3:$Q$881,9,FALSE)","v":10},{"$f":"IFERROR(BJ1685/BK1685,0)","v":2},{"$f":"IFERROR(BL1685*BH1685,0)","v":15648.333333333332},{"$f":"$AZ$1687*$BH$1685","v":1580481.6666666665},{"$f":"IF($BM$1685=0,0,$BN$1685/$BM$1685)","v":101},53,{"$f":"$BP$1685+$BO$1685-1","v":153},{"$f":"BM1685*B1685","v":15648.333333333332},{"$f":"BR1685*BQ1685","v":2394195}]
[null,1,2,"A","A","A","A","a","a","a","a","A","A","A","A","A","A","A","A","a","a","a","a","a","a","a","a","A","A","A","A","a","a","a","a","A","A","A","A","A","A","A","A","C","C","C","C",null,null,null,null,"Frentes anteriores",null,null,{"$f":"COUNTIF(D1687:AC1691,\"A\")/BJ1685*BK1685","v":63}]
[null,1,1,"A","A","A","A","A","A","A","A","A","A","A","a","a","a","a","a","a","a","a","a",null,null,null,null,"A","A","A","A","a","a","a","a","A","A",null,null,"A","A","A","A","C","C","C","C",null,null,null,null,"Frentes semana actual",null,null,{"$f":"COUNTIF(D1687:AC1691,\"B\")/BJ1685*BK1685","v":0}]
["TERM",{"$f":"IF((OR($BT$5<$BP$1695-5,AND($BC$1697=\"OK\",COUNTIF($D$1697:$AY$1701,\"B\")=0))),0,1)","v":1},"Sello entre ventana y chambrana \"U\"",null,null,null,null,null,null,null,null,null,null,null,null,null,null,null,null,null,null,null,null,null,null,null,null,null,null,null,null,null,null,null,null,null,null,null,null,null,null,null,null,null,null,null,null,null,null,null,null,null,null,null,null,"ALUMINIO","ml",{"$f":"VLOOKUP(C1695,'Act. Proyecto'!$I$3:$Q$881,4,FALSE)","v":5.3112500000000002},{"$f":"VLOOKUP(C1695,'Act. Proyecto'!$I$3:$Q$881,5,FALSE)","v":130},{"$f":"IFERROR(BF1695*BG1695,0)","v":690.46249999999998},{"$f":"VLOOKUP(C1695,'Act. Proyecto'!$I$3:$Q$881,7,FALSE)","v":"Depto"},{"$f":"VLOOKUP(C1695,'Act. Proyecto'!$I$3:$Q$881,8,FALSE)","v":20},{"$f":"VLOOKUP(C1695,'Act. Proyecto'!$I$3:$Q$881,9,FALSE)","v":10},{"$f":"IFERROR(BJ1695/BK1695,0)","v":2},{"$f":"IFERROR(BL1695*BH1695,0)","v":1380.925},{"$f":"$AZ$1697*$BH$1695","v":139473.42499999999},{"$f":"IF($BM$1695=0,0,$BN$1695/$BM$1695)","v":101},53,{"$f":"$BP$1695+$BO$1695-1","v":153},{"$f":"BM1695*B1695","v":1380.925},{"$f":"BR1695*BQ1695","v":211281.52499999999}]
[null,1,2,"A","A","A","A","a","a","a","a","A","A","A","A","A","A","A","A","a","a","a","a","a","a","a","a","A","A","A","A","a","a","a","a","A","A","A","A","A","A","A","A","C","C","C","C",null,null,null,null,"Frentes anteriores",null,null,{"$f":"COUNTIF(D1697:AC1701,\"A\")/BJ1695*BK1695","v":63}]
["TERM",{"$f":"IF((OR($BT$5<$BP$1705-5,AND($BC$1707=\"OK\",COUNTIF($D$1707:$AY$1711,\"B\")=0))),0,1)","v":1},"Instalación hojas de aluminio",null,null,null,null,null,null,null,null,null,null,null,null,null,null,null,null,null,null,null,null,null,null,null,null,null,null,null,null,null,null,null,null,null,null,null,null,null,null,null,null,null,null,null,null,null,null,null,null,null,null,null,null,"ALUMINIO","un",{"$f":"VLOOKUP(C1705,'Act. Proyecto'!$I$3:$Q$881,4,FALSE)","v":4.6875},{"$f":"VLOOKUP(C1705,'Act. Proyecto'!$I$3:$Q$881,5,FALSE)","v":575},{"$f":"IFERROR(BF1705*BG1705,0)","v":2695.3125},{"$f":"VLOOKUP(C1705,'Act. Proyecto'!$I$3:$Q$881,7,FALSE)","v":"Depto"},{"$f":"VLOOKUP(C1705,'Act. Proyecto'!$I$3:$Q$881,8,FALSE)","v":20},{"$f":"VLOOKUP(C1705,'Act. Proyecto'!$I$3:$Q$881,9,FALSE)","v":10},{"$f":"IFERROR(BJ1705/BK1705,0)","v":2},{"$f":"IFERROR(BL1705*BH1705,0)","v":5390.625},{"$f":"$AZ$1707*$BH$1705","v":544453.125},{"$f":"IF($BM$1705=0,0,$BN$1705/$BM$1705)","v":101},53,{"$f":"$BP$1705+$BO$1705-1","v":153},{"$f":"BM1705*B1705","v":5390.625},{"$f":"BR1705*BQ1705","v":824765.625}]
[null,{"$f":"$B$1705","v":1},null,"F1.1","F1.2","F2.1","F2.2","F3.1","F3.2","F4.1","F4.2","F5.1","F5.2","F6.1","F6.2","F7.1","F7.2","F8.1","F8.2","F9.1","F9.2","F10.1","F10.2","F11.1","F11.2","F12.1","F12.2","F13.1","F13.2","F14.1","F14.2","F15.1","F15.2","F16.1","F16.2","F17","F17","F18","F18","F19.1","F19.2","F20.1","F20.2","F21.1","F21.2","F22.1","F22.2","F23.1","F23.2","F24.1","F24.2","N° Unid Prod","N° Frentes","Pos","%"]
[null,1,1,"A","A","A","A","A","A","A","A","A","A","A","a","a","a","a","a","a","a","a","a",null,null,null,null,"A","A","A","A","a","a","a","a","A","A",null,null,"A","A","A","A","CV","CV","CV","CV",null,null,null,null,"Frentes semana actual",null,null,{"$f":"COUNTIF(D1707:AC1711,\"B\")/BJ1705*BK1705","v":0}]
[null,{"$f":"$B$1715","v":1},null,"F1.1","F1.2","F2.1","F2.2","F3.1","F3.2","F4.1","F4.2","F5.1","F5.2","F6.1","F6.2","F7.1","F7.2","F8.1","F8.2","F9.1","F9.2","F10.1","F10.2","F11.1","F11.2","F12.1","F12.2","F13.1","F13.2","F14.1","F14.2","F15.1","F15.2","F16.1","F16.2","F17.1","F17.2","F18.1","F18.2","F19.1","F19.2","F20.1","F20.2","F21.1","F21.2","F22.1","F22.2","F23.1","F23.2","F24.1","F24.2","N° Unid Prod","N° Frentes","Pos","%"]
[null,1,4,"a","a","a","a","a","a","a","a","A","A","A","A","A","A","A","A","a","a","a","a","a","a","a","a","a","a","a","a","a","a","A","A","A","A","A","A","A","A","A","A","V","V",null,null,null,null,null,null,"N° Total Und Prod:",null,{"$f":"VLOOKUP('Dibujo Edificios'!$A$124,'Otras Tablas'!$G$2:$H$31,2,FALSE)","v":240}]
[null,1,1,"A","A","A","A","A","A","A","A","A","a","a","a","a","a","a","a","A","A","A","A",null,null,null,null,"A","A","A","A","A","A","A","A","A","A","C","C","A","A","A","B",null,null,null,null,null,null,null,null,"Frentes semana actual",null,null,{"$f":"COUNTIF(D1717:AC1721,\"B\")/BJ1715*BK1715","v":0}]
[null,{"$f":"$B$1725","v":1},null,"F1.1","F1.2","F2.1","F2.2","F3.1","F3.2","F4.1","F4.2","F5.1","F5.2","F6.1","F6.2","F7.1","F7.2","F8.1","F8.2","F9.1","F9.2","F10.1","F10.2","F11.1","F11.2","F12.1","F12.2","F13.1","F13.2","F14.1","F14.2","F15.1","F15.2","F16.1","F16.2","F17.1","F17.2","F18.1","F18.2","F19.1","F19.2","F20.1","F20.2","F21.1","F21.2","F22.1","F22.2","F23.1","F23.2","F24.1","F24.2","N° Unid Prod","N° Frentes","Pos","%"]
[null,1,1,"A","A","A","A","A","A","A","A","A","a","A","a","A","A","A","A","A","A","A","A",null,null,null,null,"A","A","A","A","A","A","A","A","A","A","A","A","a","a","a","a","A","A","A","A","a","a","a","a","Frentes semana actual",null,null,{"$f":"COUNTIF(D1727:AC1731,\"B\")/BJ1725*BK1725","v":0}]
[null,{"$f":"$B$1735","v":1},null,"F1.1","F1.2","F2.1","F2.2","F3.1","F3.2","F4.1","F4.2","F5.1","F5.2","F6.1","F6.2","F7.1","F7.2","F8.1","F8.2","F9.1","F9.2","F10.1","F10.2","F11.1","F11.2","F12.1","F12.2","F13.1","F13.2","F14.1","F14.2","F15.1","F15.2","F16.1","F16.2","F17.1","F17.2","F18.1","F18.2","F19.1","F19.2","F20.1","F20.2","F21.1","F21.2","F22.1","F22.2","F23.1","F23.2","F24.1","F24.2","N° Unid Prod","N° Frentes","Pos","%"]
[null,1,5,"a","a","a","a","a","a","a","a","A","A","A","A","a","a","a","A","a","a","a","a","A","A","a","a","a","a","a","a","A","A","A","A","A","A","A","A","A","A","A","A","J","J","V","V",null,null,null,null,{"$f":"COUNTIF(D1737:AY1741,\"A\")+COUNTIF(D1737:AY1741,\"B\")","v":190},{"$f":"+AZ1737/BJ1735*BK1735","v":95},{"$f":"+BA1737+BO1735","v":190},{"$f":"IF(AZ1737=BB1738,\"OK\",BB1737/'Control de Avance'!$BT$3)","v":0.84444444444444444}]
[null,1,null,null,null,null,null,null,null,null,null,null,null,null,null,null,null,null,null,null,null,null,null,null,null,null,null,null,null,null,null,null,null,null,null,null,null,null,null,null,null,null,null,null,null,null,null,null,null,null,null,"Saldo",{"$f":"+BB1738/BJ1735*BK1735-BC1740-BC1741","v":57},"Sem",{"$f":"IF(AZ1737=BB1738,\"OK\",IF(BC1741=0,\"NA\",BA1742/BC1741))","v":"NA"}]
[null,1,5,"A","A","A","A","A","A","A","A","A","A","A","A","A","A","A","A","A","A","A","A","A","A","A","A","A","A","A","A","A","A","A","A","A","A","A","A","A","A","A","A","A","A","A","A","B","B","B","B"]
[null,1,1,"A","A","A","A","A","A","A","A","A","A","A","A","A","A","A","A","A","A","A","A","A","A","A","A","A","A","A","A","A","A","A","A","A","A","A","A","A","A","A","A","B","B","B","B"]
[null,1,null,null,null,null,null,null,null,null,null,null,null,null,null,null,null,null,null,null,null,null,null,null,null,null,null,null,null,null,null,null,null,null,null,null,null,null,null,null,null,null,null,null,null,null,null,null,null,null,null,"Saldo",{"$f":"+BB1748/BJ1745*BK1745-BC1750-BC1751","v":0},"Sem",{"$f":"IF(AZ1747=BB1748,\"OK\",IF(BC1751=0,\"NA\",BA1752/BC1751))","v":"OK"}]
[null,1,5,"A","A","A","A","A","A","A","A","A","A","A","A","a","a","a","a","a","a","a","a","a","a","a","a","A","A","A","A","A","A","A","A","A","A","A","A","C","C","C","C",null,null,null,null,null,null,null,null,{"$f":"COUNTIF(D1757:AY1761,\"A\")+COUNTIF(D1757:AY1761,\"B\")","v":170},{"$f":"+AZ1757/BJ1755*BK1755","v":85},{"$f":"+BA1757+BO1755","v":170},{"$f":"IF(AZ1757=BB1758,\"OK\",BB1757/'Control de Avance'!$BT$3)","v":0.75555555555555554}]
[null,1,null,null,null,null,null,null,null,null,null,null,null,null,null,null,null,null,null,null,null,null,null,null,null,null,null,null,null,null,null,null,null,null,null,null,null,null,null,null,null,null,null,null,null,null,null,null,null,null,null,"Saldo",{"$f":"+BB1758/BJ1755*BK1755-BC1760-BC1761","v":59},"Sem",{"$f":"IF(AZ1757=BB1758,\"OK\",IF(BC1761=0,\"NA\",BA1762/BC1761))","v":"NA"}]
[null,1,5,"A","A","A","a","A","A","A","A","A","A","A","A","a","a","a","a","a","a","a","a","a","a","a","a","a","a","a","a","A","A","A","A","A","A","A","A","A","A","A","A",null,null,null,null,null,null,null,null,{"$f":"COUNTIF(D1767:AY1771,\"A\")+COUNTIF(D1767:AY1771,\"B\")","v":184},{"$f":"+AZ1767/BJ1765*BK1765","v":92},{"$f":"+BA1767+BO1765","v":184},{"$f":"IF(AZ1767=BB1768,\"OK\",BB1767/'Control de Avance'!$BT$3)","v":0.81777777777777783}]
[null,1,4,"A","A","A","a","A","A","A","A","a","a","a","a","a","a","a","a","a","a","a","a","A","A","A","A","a","a","a","a","A","A","A","A","A","A","A","A","B","B","B","B",null,null,null,null,null,null,null,null,"N° Total Und Prod:",null,{"$f":"VLOOKUP('Dibujo Edificios'!$A$124,'Otras Tablas'!$G$2:$H$31,2,FALSE)","v":240}]
[]
[null,1,5,"a","a","a","a","A","A","A","A","A","A","A","A","A","A","A","A","A","A","A","A","A","A","A","A",null,null,null,null,null,null,null,null,null,null,null,null,null,null,null,null,null,null,null,null,null,null,null,null,{"$f":"COUNTIF(D1777:AY1781,\"A\")+COUNTIF(D1777:AY1781,\"B\")","v":108},{"$f":"+AZ1777/BJ1775*BK1775","v":54},{"$f":"+BA1777+BO1775","v":108},{"$f":"IF(AZ1777=BB1778,\"OK\",BB1777/'Control de Avance'!$BT$3)","v":0.48}]
[null,1,null,null,null,null,null,null,null,null,null,null,null,null,null,null,null,null,null,null,null,null,null,null,null,null,null,null,null,null,null,null,null,null,null,null,null,null,null,null,null,null,null,null,null,null,null,null,null,null,null,"Saldo",{"$f":"+BB1778/BJ1775*BK1775-BC1780-BC1781","v":66},"Sem",{"$f":"IF(AZ1777=BB1778,\"OK\",IF(BC1781=0,\"NA\",BA1782/BC1781))","v":33}]
[null,1]
[null,1,4,"A","A","A","a","A","A","A","A","a","a","a","a","a","a","a","a","a","a","a","a","a","a","a","a","a","a","a","a","A","A","A","A","A","A","A","A","A","A","A","A",null,null,null,null,null,null,null,null,"N° Total Und Prod:",null,{"$f":"VLOOKUP('Dibujo Edificios'!$A$124,'Otras Tablas'!$G$2:$H$31,2,FALSE)","v":240}]
[null,1]
[null,{"$f":"$B$1795","v":1},null,"F1.1","F1.2","F2.1","F2.2","F3.1","F3.2","F4.1","F4.2","F5.1","F5.2","F6.1","F6.2","F7.1","F7.2","F8.1","F8.2","F9.1","F9.2","F10.1","F10.2","F11.1","F11.2","F12.1","F12.2","F13.1","F13.2","F14.1","F14.2","F15.1","F15.2","F16.1","F16.2","F17.1","F17.2","F18.1","F18.2","F19.1","F19.2","F20.1","F20.2","F21.1","F21.2","F22.1","F22.2","F23.1","F23.2","F24.1","F24.2","N° Unid Prod","N° Frentes","Pos","%"]
[null,1,4,"a","a","a","a","A","A","A","A","A","A","A","A","a","a","a","a","a","a","a","a","a","a","a","a","A","A","A","A","A","A","A","A",null,null,null,null,null,null,null,null,null,null,null,null,null,null,null,null,"N° Total Und Prod:",null,{"$f":"VLOOKUP('Dibujo Edificios'!$A$124,'Otras Tablas'!$G$2:$H$31,2,FALSE)","v":240}]
[null,1]
[null,1,4,"a","a","a","a","a","a","a","a","a","a","a","a","a","a","a","a","A","A","A","A","A","A","A","A","A","A","A","A","L","L",null,null,null,null,null,null,null,null,null,null,null,null,null,null,null,null,null,null,"N° Total Und Prod:",null,{"$f":"VLOOKUP('Dibujo Edificios'!$A$124,'Otras Tablas'!$G$2:$H$31,2,FALSE)","v":240}]
[null,1]
[]
[null,1,3,"A","A","A","A","A","A","A","A","a","a","a","a","a","a","a","a","A","A","A","A","A","A","A","A","A","A","A","A",null,null,null,null,null,null,null,null,null,null,null,null,null,null,null,null,null,null,null,null,"Proyección avance actual",null,null,{"$f":"IF(AZ1817=BB1818,\"OK\",IF(BC1821=0,\"NA\",(BB1818/BJ1815*BK1815+BQ1815)/('Control de Avance'!$BT$3+BC1822*5)))","v":0.48627450980392156}]
[null,1]
[null,1,4,"A","A","A","A","A","A","A","A","A","A","A","A","a","a","a","a","A","A","A","A","a","a","a","a","a","a","a","a","A","A","A","A","A","A","A","A","A","A","A","A",null,null,null,null,null,null,null,null,"N° Total Und Prod:",null,{"$f":"VLOOKUP('Dibujo Edificios'!$A$124,'Otras Tablas'!$G$2:$H$31,2,FALSE)","v":240}]
[null,1,3,"A","A","A","A","A","A","A","A","A","A","A","A","a","a","a","a","A","A","A","A","A","A","A","A","A","A","A","A","A","A","A","A","A","A","A","A","A","A","A","A",null,null,null,null,null,null,null,null,"Proyección avance actual",null,null,{"$f":"IF(AZ1827=BB1828,\"OK\",IF(BC1831=0,\"NA\",(BB1828/BJ1825*BK1825+BQ1825)/('Control de Avance'!$BT$3+BC1832*5)))","v":"NA"}]
[]
[null,1,3,"A","A","a","a","A","A","A","A","A","A","A","A","a","a","a","a","a","a","a","a","a","a","a","a","a","A","A","A","A","A","A","A","A","A","A","A","L","L","M","M",null,null,null,null,null,null,null,null,"Proyección avance actual",null,null,{"$f":"IF(AZ1837=BB1838,\"OK\",IF(BC1841=0,\"NA\",(BB1838/BJ1835*BK1835+BQ1835)/('Control de Avance'!$BT$3+BC1842*5)))","v":"NA"}]
[]
["TERM",{"$f":"IF((OR($BT$5<$BP$1845-5,AND($BC$1847=\"OK\",COUNTIF($D$1847:$AY$1851,\"B\")=0))),0,1)","v":1},"Marco acceso con imposta",null,null,null,null,null,null,null,null,null,null,null,null,null,null,null,null,null,null,null,null,null,null,null,null,null,null,null,null,null,null,null,null,null,null,null,null,null,null,null,null,null,null,null,null,null,null,null,null,null,null,null,null,"CARP. TERMINACIONES","cu",{"$f":"VLOOKUP(C1845,'Act. Proyecto'!$I$3:$Q$881,4,FALSE)","v":0},{"$f":"VLOOKUP(C1845,'Act. Proyecto'!$I$3:$Q$881,5,FALSE)","v":4540},{"$f":"IFERROR(BF1845*BG1845,0)","v":0},{"$f":"VLOOKUP(C1845,'Act. Proyecto'!$I$3:$Q$881,7,FALSE)","v":"Depto"},{"$f":"VLOOKUP(C1845,'Act. Proyecto'!$I$3:$Q$881,8,FALSE)","v":20},{"$f":"VLOOKUP(C1845,'Act. Proyecto'!$I$3:$Q$881,9,FALSE)","v":10},{"$f":"IFERROR(BJ1845/BK1845,0)","v":2},{"$f":"IFERROR(BL1845*BH1845,0)","v":0},{"$f":"$AZ$1847*$BH$1845","v":0},{"$f":"IF($BM$1845=0,0,$BN$1845/$BM$1845)","v":0},61,{"$f":"$BP$1845+$BO$1845-1","v":60},{"$f":"BM1845*B1845","v":0},{"$f":"BR1845*BQ1845","v":0}]
[null,1,2,"X","X","X","X","X","X","X","X","X","X","X","X","X","X","X","X","X","X","X","X","X","X","X","X","X","X","X","X","X","X","X","X","X","X","X","X","X","X","X","X","X","X","X","X","X","X","X","X","Frentes anteriores",null,null,{"$f":"COUNTIF(D1847:AC1851,\"A\")/BJ1845*BK1845","v":0}]
[]
[null,1,3,"a","a","a","a","A","A","A","A","A","A","A","A","a","a","a","a","a","a","a","a","a","a","a","a","a","A","A","A","A","A","A","A","A","A","A","A","J","J","V","V",null,null,null,null,null,null,null,null,"Proyección avance actual",null,null,{"$f":"IF(AZ1857=BB1858,\"OK\",IF(BC1861=0,\"NA\",(BB1858/BJ1855*BK1855+BQ1855)/('Control de Avance'!$BT$3+BC1862*5)))","v":"NA"}]
[null,1,2,"a","a","a","a","A","A","A","A","a","a","a","a","a","a","a","a","A","A","a","a","a","a","a","a","A","A","A","A","A","A","A","A","A","A","A","A",null,null,null,null,null,null,null,null,null,null,null,null,"Frentes anteriores",null,null,{"$f":"COUNTIF(D1857:AC1861,\"A\")/BJ1855*BK1855","v":63}]
["TERM",{"$f":"IF((OR($BT$5<$BP$1865-5,AND($BC$1867=\"OK\",COUNTIF($D$1867:$AY$1871,\"B\")=0))),0,1)","v":1},"Cerradura acceso (incluye armado de llaveros)",null,null,null,null,null,null,null,null,null,null,null,null,null,null,null,null,null,null,null,null,null,null,null,null,null,null,null,null,null,null,null,null,null,null,null,null,null,null,null,null,null,null,null,null,null,null,null,null,null,null,null,null,"CARP. TERMINACIONES","cu",{"$f":"VLOOKUP(C1865,'Act. Proyecto'!$I$3:$Q$881,4,FALSE)","v":1},{"$f":"VLOOKUP(C1865,'Act. Proyecto'!$I$3:$Q$881,5,FALSE)","v":1025},{"$f":"IFERROR(BF1865*BG1865,0)","v":1025},{"$f":"VLOOKUP(C1865,'Act. Proyecto'!$I$3:$Q$881,7,FALSE)","v":"Depto"},{"$f":"VLOOKUP(C1865,'Act. Proyecto'!$I$3:$Q$881,8,FALSE)","v":20},{"$f":"VLOOKUP(C1865,'Act. Proyecto'!$I$3:$Q$881,9,FALSE)","v":10},{"$f":"IFERROR(BJ1865/BK1865,0)","v":2},{"$f":"IFERROR(BL1865*BH1865,0)","v":2050},{"$f":"$AZ$1867*$BH$1865","v":186550},{"$f":"IF($BM$1865=0,0,$BN$1865/$BM$1865)","v":91},61,{"$f":"$BP$1865+$BO$1865-1","v":151},{"$f":"BM1865*B1865","v":2050},{"$f":"BR1865*BQ1865","v":309550}]
[null,1,2,"A","A","a","a","A","A","A","A","a","a","a","a","a","a","a","a","A","A","a","a","a","a","a","a","A","A","A","A","A","A","A","A","A","A","A","A","W","W","J","J",null,null,null,null,null,null,null,null,"Frentes anteriores",null,null,{"$f":"COUNTIF(D1867:AC1871,\"A\")/BJ1865*BK1865","v":63}]
["TERM",{"$f":"IF((OR($BT$5<$BP$1875-5,AND($BC$1877=\"OK\",COUNTIF($D$1877:$AY$1881,\"B\")=0))),0,1)","v":1},"Faldón tina",null,null,null,null,null,null,null,null,null,null,null,null,null,null,null,null,null,null,null,null,null,null,null,null,null,null,null,null,null,null,null,null,null,null,null,null,null,null,null,null,null,null,null,null,null,null,null,null,null,null,null,null,"CARP. TABIQUE Y VOLCAPOL","m2",{"$f":"VLOOKUP(C1875,'Act. Proyecto'!$I$3:$Q$881,4,FALSE)","v":0.78749999999999998},{"$f":"VLOOKUP(C1875,'Act. Proyecto'!$I$3:$Q$881,5,FALSE)","v":2860},{"$f":"IFERROR(BF1875*BG1875,0)","v":2252.25},{"$f":"VLOOKUP(C1875,'Act. Proyecto'!$I$3:$Q$881,7,FALSE)","v":"Depto"},{"$f":"VLOOKUP(C1875,'Act. Proyecto'!$I$3:$Q$881,8,FALSE)","v":20},{"$f":"VLOOKUP(C1875,'Act. Proyecto'!$I$3:$Q$881,9,FALSE)","v":10},{"$f":"IFERROR(BJ1875/BK1875,0)","v":2},{"$f":"IFERROR(BL1875*BH1875,0)","v":4504.5},{"$f":"$AZ$1877*$BH$1875","v":301801.5},{"$f":"IF($BM$1875=0,0,$BN$1875/$BM$1875)","v":67},62,{"$f":"$BP$1875+$BO$1875-1","v":128},{"$f":"BM1875*B1875","v":4504.5},{"$f":"BR1875*BQ1875","v":576576}]
[null,{"$f":"$B$1875","v":1},null,"F1.1","F1.2","F2.1","F2.2","F3.1","F3.2","F4.1","F4.2","F5.1","F5.2","F6.1","F6.2","F7.1","F7.2","F8.1","F8.2","F9.1","F9.2","F10.1","F10.2","F11.1","F11.2","F12.1","F12.2","F13.1","F13.2","F14.1","F14.2","F15.1","F15.2","F16.1","F16.2","F17.1","F17.2","F18.1","F18.2","F19.1","F19.2","F20.1","F20.2","F21.1","F21.2","F22.1","F22.2","F23.1","F23.2","F24.1","F24.2","N° Unid Prod","N° Frentes","Pos","%"]
[null,1,2,"A","A","A","A","a","a","a","a","A","A","A","A","a","a","a","a","A","A","A","A","A","A","A","A","A","A","A","A",null,null,null,null,null,null,null,null,null,null,null,null,null,null,null,null,null,null,null,null,"Frentes anteriores",null,null,{"$f":"COUNTIF(D1877:AC1881,\"A\")/BJ1875*BK1875","v":61}]
["TERM",{"$f":"IF((OR($BT$5<$BP$1885-5,AND($BC$1887=\"OK\",COUNTIF($D$1887:$AY$1891,\"B\")=0))),0,1)","v":1},"Pruebas de agua tina",null,null,null,null,null,null,null,null,null,null,null,null,null,null,null,null,null,null,null,null,null,null,null,null,null,null,null,null,null,null,null,null,null,null,null,null,null,null,null,null,null,null,null,null,null,null,null,null,null,null,null,null,"GASFITER T","dh",{"$f":"VLOOKUP(C1885,'Act. Proyecto'!$I$3:$Q$881,4,FALSE)","v":7.2916666666666671E-2},{"$f":"VLOOKUP(C1885,'Act. Proyecto'!$I$3:$Q$881,5,FALSE)","v":1},{"$f":"IFERROR(BF1885*BG1885,0)","v":7.2916666666666671E-2},{"$f":"VLOOKUP(C1885,'Act. Proyecto'!$I$3:$Q$881,7,FALSE)","v":"Depto"},{"$f":"VLOOKUP(C1885,'Act. Proyecto'!$I$3:$Q$881,8,FALSE)","v":20},{"$f":"VLOOKUP(C1885,'Act. Proyecto'!$I$3:$Q$881,9,FALSE)","v":10},{"$f":"IFERROR(BJ1885/BK1885,0)","v":2},{"$f":"IFERROR(BL1885*BH1885,0)","v":0.14583333333333334},{"$f":"$AZ$1887*$BH$1885","v":9.625},{"$f":"IF($BM$1885=0,0,$BN$1885/$BM$1885)","v":66},62,{"$f":"$BP$1885+$BO$1885-1","v":127},{"$f":"BM1885*B1885","v":0.14583333333333334},{"$f":"BR1885*BQ1885","v":18.520833333333336}]
[null,1,2,"A","A","A","A","a","a","a","a","A","A","A","A","a","a","a","a","A","A","A","A","A","A","A","A","A","A","A","A",null,null,null,null,null,null,null,null,null,null,null,null,null,null,null,null,null,null,null,null,"Frentes anteriores",null,null,{"$f":"COUNTIF(D1887:AC1891,\"A\")/BJ1885*BK1885","v":60}]
[null,1,1,null,null,null,null,"A","A","A","A","A","A","A","A","a","a","a","A","A","A","A","A",null,null,null,null,"B","B","B","B",null,null,null,null,null,null,null,null,null,null,null,null,null,null,null,null,null,null,null,null,"Frentes semana actual",null,null,{"$f":"COUNTIF(D1887:AC1891,\"B\")/BJ1885*BK1885","v":1}]
[null,{"$f":"$B$1895","v":1},null,"F1.1","F1.2","F2.1","F2.2","F3.1","F3.2","F4.1","F4.2","F5.1","F5.2","F6.1","F6.2","F7.1","F7.2","F8.1","F8.2","F9.1","F9.2","F10.1","F10.2","F11.1","F11.2","F12.1","F12.2","F13.1","F13.2","F14.1","F14.2","F15.1","F15.2","F16.1","F16.2","F17.1","F17.2","F18.1","F18.2","F19.1","F19.2","F20.1","F20.2","F21.1","F21.2","F22.1","F22.2","F23.1","F23.2","F24.1","F24.2","N° Unid Prod","N° Frentes","Pos","%"]
[null,1,1,"A","A","A","A","a","a","a","a","a","a","a","a","a","a","a","a","a","a","a","a",null,null,null,null,"A","A","A","A","A","A","A","A","A","A",null,null,null,null,null,null,null,null,null,null,null,null,null,null,"Frentes semana actual",null,null,{"$f":"COUNTIF(D1897:AC1901,\"B\")/BJ1895*BK1895","v":0}]
[null,1]
[null,{"$f":"$B$1905","v":1},null,"F1.1","F1.2","F2.1","F2.2","F3.1","F3.2","F4.1","F4.2","F5.1","F5.2","F6.1","F6.2","F7.1","F7.2","F8.1","F8.2","F9.1","F9.2","F10.1","F10.2","F11.1","F11.2","F12.1","F12.2","F13.1","F13.2","F14.1","F14.2","F15.1","F15.2","F16.1","F16.2","F17.1","F17.2","F18.1","F18.2","F19.1","F19.2","F20.1","F20.2","F21.1","F21.2","F22.1","F22.2","F23.1","F23.2","F24.1","F24.2","N° Unid Prod","N° Frentes","Pos","%"]
[null,1,1,null,null,null,null,null,null,null,null,null,null,null,null,null,null,null,null,null,null,null,null,null,null,null,null,null,null,null,null,null,null,null,null,null,null,null,null,null,null,null,null,null,null,null,null,null,null,null,null,"Frentes semana actual",null,null,{"$f":"COUNTIF(D1907:AC1911,\"B\")/BJ1905*BK1905","v":0}]
[null,{"$f":"$B$1915","v":1},null,"F1.1","F1.2","F2.1","F2.2","F3.1","F3.2","F4.1","F4.2","F5.1","F5.2","F6.1","F6.2","F7.1","F7.2","F8.1","F8.2","F9.1","F9.2","F10.1","F10.2","F11.1","F11.2","F12.1","F12.2","F13.1","F13.2","F14.1","F14.2","F15.1","F15.2","F16.1","F16.2","F17.1","F17.2","F18.1","F18.2","F19.1","F19.2","F20.1","F20.2","F21.1","F21.2","F22.1","F22.2","F23.1","F23.2","F24.1","F24.2","N° Unid Prod","N° Frentes","Pos","%"]
[null,1,1,"A","A","A","A","a","a","a","a","a","a","a","a","a","a","a","a","a","a","a","a",null,null,null,null,"A","A","A","A","A","A","A","A","A","A",null,null,null,null,null,null,null,null,null,null,null,null,null,null,"Frentes semana actual",null,null,{"$f":"COUNTIF(D1917:AC1921,\"B\")/BJ1915*BK1915","v":0}]
[null,1,null,null,null,null,null,null,null,null,null,null,null,null,null,null,null,null,null,null,null,null,null,null,null,null,null,null,null,null,null,null,null,null,null,null,null,null,null,null,null,null,null,null,null,null,null,null,null,null,null,"Saldo",{"$f":"+BB1918/BJ1915*BK1915-BC1920-BC1921","v":57},"Sem",{"$f":"IF(AZ1917=BB1918,\"OK\",IF(BC1921=0,\"NA\",BA1922/BC1921))","v":"NA"}]
[null,1,5,"a","a","A","A","a","a","a","a","A","A","A","A","a","a","a","a","a","a","a","a","a","a","a","a","a","a","A","A","A","A","A","A","A","A","A","A","B","B","L","L",null,null,null,null,null,null,null,null,{"$f":"COUNTIF(D1927:AY1931,\"A\")+COUNTIF(D1927:AY1931,\"B\")","v":176},{"$f":"+AZ1927/BJ1925*BK1925","v":88},{"$f":"+BA1927+BO1925","v":176},{"$f":"IF(AZ1927=BB1928,\"OK\",BB1927/'Control de Avance'!$BT$3)","v":0.78222222222222226}]
[null,1,2,"a","a","a","a","A","A","A","A","a","a","a","a","a","a","a","a","A","A","a","a","a","a","a","a","A","A","A","A","A","A","A","A","A","A","A","A",null,null,null,null,null,null,null,null,null,null,null,null,"Frentes anteriores",null,null,{"$f":"COUNTIF(D1927:AC1931,\"A\")/BJ1925*BK1925","v":63}]
[null,{"$f":"$B$1935","v":1},null,"F1.1","F1.2","F2.1","F2.2","F3.1","F3.2","F4.1","F4.2","F5.1","F5.2","F6.1","F6.2","F7.1","F7.2","F8.1","F8.2","F9.1","F9.2","F10.1","F10.2","F11.1","F11.2","F12.1","F12.2","F13.1","F13.2","F14.1","F14.2","F15.1","F15.2","F16.1","F16.2","F17.1","F17.2","F18.1","F18.2","F19.1","F19.2","F20.1","F20.2","F21.1","F21.2","F22.1","F22.2","F23.1","F23.2","F24.1","F24.2","N° Unid Prod","N° Frentes","Pos","%"]
[null,1,5,"a","a","A","A","a","a","a","a","A","A","A","A","a","a","a","a","a","a","a","a","a","a","a","a","a","a","A","A","A","A","A","A","A","A","A","A","B","B","L","L",null,null,null,null,null,null,null,null,{"$f":"COUNTIF(D1937:AY1941,\"A\")+COUNTIF(D1937:AY1941,\"B\")","v":176},{"$f":"+AZ1937/BJ1935*BK1935","v":88},{"$f":"+BA1937+BO1935","v":176},{"$f":"IF(AZ1937=BB1938,\"OK\",BB1937/'Control de Avance'!$BT$3)","v":0.78222222222222226}]
[null,1,null,null,null,null,null,null,null,null,null,null,null,null,null,null,null,null,null,null,null,null,null,null,null,null,null,null,null,null,null,null,null,null,null,null,null,null,null,null,null,null,null,null,null,null,null,null,null,null,null,"Saldo",{"$f":"+BB1938/BJ1935*BK1935-BC1940-BC1941","v":57},"Sem",{"$f":"IF(AZ1937=BB1938,\"OK\",IF(BC1941=0,\"NA\",BA1942/BC1941))","v":"NA"}]
[null,1,5,"a","a","a","a","a","a","a","a","A","A","A","A","A","A","A","A","A","A","A","A","A","A","A","A",null,null,null,null,null,null,null,null,null,null,null,null,null,null,null,null,null,null,null,null,null,null,null,null,{"$f":"COUNTIF(D1947:AY1951,\"A\")+COUNTIF(D1947:AY1951,\"B\")","v":112},{"$f":"+AZ1947/BJ1945*BK1945","v":56},{"$f":"+BA1947+BO1945","v":112},{"$f":"IF(AZ1947=BB1948,\"OK\",BB1947/'Control de Avance'!$BT$3)","v":0.49777777777777776}]
[null,1,null,null,null,null,null,null,null,null,null,null,null,null,null,null,null,null,null,null,null,null,null,null,null,null,null,null,null,null,null,null,null,null,null,null,null,null,null,null,null,null,null,null,null,null,null,null,null,null,null,"Saldo",{"$f":"+BB1948/BJ1945*BK1945-BC1950-BC1951","v":64},"Sem",{"$f":"IF(AZ1947=BB1948,\"OK\",IF(BC1951=0,\"NA\",BA1952/BC1951))","v":32}]
[null,1]
[null,1,3,"A","A","a","a","a","A","A","a","a","a","A","A","a","a","a","a","A","A","A","A","A","A","A","A","J","J","V","V",null,null,null,null,null,null,null,null,null,null,null,null,null,null,null,null,null,null,null,null,"Proyección avance actual",null,null,{"$f":"IF(AZ1957=BB1958,\"OK\",IF(BC1961=0,\"NA\",(BB1958/BJ1955*BK1955+BQ1955)/('Control de Avance'!$BT$3+BC1962*5)))","v":0.45660377358490567}]
[null,1,null,null,null,null,null,null,null,null,null,null,null,null,null,null,null,null,null,null,null,null,null,null,null,null,null,null,null,null,null,null,null,null,null,null,null,null,null,null,null,null,null,null,null,null,null,null,null,null,null,"Saldo",{"$f":"+BB1958/BJ1955*BK1955-BC1960-BC1961","v":61},"Sem",{"$f":"IF(AZ1957=BB1958,\"OK\",IF(BC1961=0,\"NA\",BA1962/BC1961))","v":61}]
[null,{"$error":"#N/A"},5,"A","A","a","a","A","A","a","a","a","a","a","a","a","a","a","a","A","A","A","A","A","A","A","A","B","B","L","L",null,null,null,null,null,null,null,null,null,null,null,null,null,null,null,null,null,null,null,null,{"$f":"COUNTIF(D1967:AY1971,\"A\")+COUNTIF(D1967:AY1971,\"B\")","v":118},{"$f":"+AZ1967/BJ1965*BK1965","v":{"$error":"#N/A"}},{"$f":"+BA1967+BO1965","v":{"$error":"#N/A"}},{"$f":"IF(AZ1967=BB1968,\"OK\",BB1967/'Control de Avance'!$BT$3)","v":{"$error":"#N/A"}}]
[null,{"$error":"#N/A"},4,"A","A","a","a","a","a","a","a","a","a","a","a","a","a","a","a","A","A","A","A","A","A","A","A","M","M","W","W",null,null,null,null,null,null,null,null,null,null,null,null,null,null,null,null,null,null,null,null,"N° Total Und Prod:",null,{"$f":"VLOOKUP('Dibujo Edificios'!$A$124,'Otras Tablas'!$G$2:$H$31,2,FALSE)","v":240}]
[null,{"$error":"#N/A"}]
[null,{"$error":"#N/A"},4,"A","A","a","a","a","a","a","a","a","a","a","a","a","a","a","a","A","A","A","A","A","A","A","A","M","M","W","W",null,null,null,null,null,null,null,null,null,null,null,null,null,null,null,null,null,null,null,null,"N° Total Und Prod:",null,{"$f":"VLOOKUP('Dibujo Edificios'!$A$124,'Otras Tablas'!$G$2:$H$31,2,FALSE)","v":240}]
[null,{"$error":"#N/A"}]
[null,{"$f":"$B$1985","v":1},null,"F1.1","F1.2","F2.1","F2.2","F3.1","F3.2","F4.1","F4.2","F5.1","F5.2","F6.1","F6.2","F7.1","F7.2","F8.1","F8.2","F9.1","F9.2","F10.1","F10.2","F11.1","F11.2","F12.1","F12.2","F13.1","F13.2","F14.1","F14.2","F15.1","F15.2","F16.1","F16.2","F17.1","F17.2","F18.1","F18.2","F19.1","F19.2","F20.1","F20.2","F21.1","F21.2","F22.1","F22.2","F23.1","F23.2","F24.1","F24.2","N° Unid Prod","N° Frentes","Pos","%"]
[null,1,4,"A","A","a","a","a","a","a","a","a","a","a","a","a","a","a","a","A","A","A","A","A","A","A","A","M","M","W","W",null,null,null,null,null,null,null,null,null,null,null,null,null,null,null,null,null,null,null,null,"N° Total Und Prod:",null,{"$f":"VLOOKUP('Dibujo Edificios'!$A$124,'Otras Tablas'!$G$2:$H$31,2,FALSE)","v":240}]
[null,1]
[null,{"$error":"#N/A"},4,"A","A","a","a","a","a","a","a","a","a","a","a","a","a","a","a","A","A","A","A","A","A","A","A","M","M","W","W",null,null,null,null,null,null,null,null,null,null,null,null,null,null,null,null,null,null,null,null,"N° Total Und Prod:",null,{"$f":"VLOOKUP('Dibujo Edificios'!$A$124,'Otras Tablas'!$G$2:$H$31,2,FALSE)","v":240}]
[null,{"$error":"#N/A"},3,"A","A","a","a","a","A","A","a","a","a","A","A","a","a","a","a","A","A","A","A","A","A","A","A","J","J","V","V",null,null,null,null,null,null,null,null,null,null,null,null,null,null,null,null,null,null,null,null,"Proyección avance actual",null,null,{"$f":"IF(AZ1997=BB1998,\"OK\",IF(BC2001=0,\"NA\",(BB1998/BJ1995*BK1995+BQ1995)/('Control de Avance'!$BT$3+BC2002*5)))","v":{"$error":"#N/A"}}]
[]
[null,1,3,"A","A","a","a","a","A","A","a","a","a","A","A","a","a","a","a","A","A","A","A","L","L","L","L",null,null,null,null,null,null,null,null,null,null,null,null,null,null,null,null,null,null,null,null,null,null,null,null,"Proyección avance actual",null,null,{"$f":"IF(AZ2007=BB2008,\"OK\",IF(BC2011=0,\"NA\",(BB2008/BJ2005*BK2005+BQ2005)/('Control de Avance'!$BT$3+BC2012*5)))","v":"NA"}]
[null,1]
[]
[null,1,3,"A","A","a","a","a","A","A","a","a","a","A","A","a","a","a","a","A","A","A","A","L","L","L","L",null,null,null,null,null,null,null,null,null,null,null,null,null,null,null,null,null,null,null,null,null,null,null,null,"Proyección avance actual",null,null,{"$f":"IF(AZ2017=BB2018,\"OK\",IF(BC2021=0,\"NA\",(BB2018/BJ2015*BK2015+BQ2015)/('Control de Avance'!$BT$3+BC2022*5)))","v":"NA"}]
[]
[null,1,3,"A","A","a","a","a","A","A","a","a","a","A","A","a","a","a","a","A","A","A","A","L","L","L","L",null,null,null,null,null,null,null,null,null,null,null,null,null,null,null,null,null,null,null,null,null,null,null,null,"Proyección avance actual",null,null,{"$f":"IF(AZ2027=BB2028,\"OK\",IF(BC2031=0,\"NA\",(BB2028/BJ2025*BK2025+BQ2025)/('Control de Avance'!$BT$3+BC2032*5)))","v":"NA"}]
[null,1,2,"A","a","A","a","a","a","a","a","a","a","a","A","a","a","a","a","A","A","A","A","CV-J-W-M","CV","J","J",null,null,null,null,null,null,null,null,null,null,null,null,null,null,null,null,null,null,null,null,null,null,null,null,"Frentes anteriores",null,null,{"$f":"COUNTIF(D2027:AC2031,\"A\")/BJ2025*BK2025","v":54}]
["TERM",{"$f":"IF((OR($BT$5<$BP$2035-5,AND($BC$2037=\"OK\",COUNTIF($D$2037:$AY$2041,\"B\")=0))),0,1)","v":1},"Pasta dpto",null,null,null,null,null,null,null,null,null,null,null,null,null,null,null,null,null,null,null,null,null,null,null,null,null,null,null,null,null,null,null,null,null,null,null,null,null,null,null,null,null,null,null,null,null,null,null,null,null,null,null,null,"PASTA Y LOSALÍN","m2",{"$f":"VLOOKUP(C2035,'Act. Proyecto'!$I$3:$Q$881,4,FALSE)","v":52.4},{"$f":"VLOOKUP(C2035,'Act. Proyecto'!$I$3:$Q$881,5,FALSE)","v":349},{"$f":"IFERROR(BF2035*BG2035,0)","v":18287.599999999999},{"$f":"VLOOKUP(C2035,'Act. Proyecto'!$I$3:$Q$881,7,FALSE)","v":"Depto"},{"$f":"VLOOKUP(C2035,'Act. Proyecto'!$I$3:$Q$881,8,FALSE)","v":20},{"$f":"VLOOKUP(C2035,'Act. Proyecto'!$I$3:$Q$881,9,FALSE)","v":10},{"$f":"IFERROR(BJ2035/BK2035,0)","v":2},{"$f":"IFERROR(BL2035*BH2035,0)","v":36575.199999999997},{"$f":"$AZ$2037*$BH$2035","v":2157936.7999999998},{"$f":"IF($BM$2035=0,0,$BN$2035/$BM$2035)","v":59},67,{"$f":"$BP$2035+$BO$2035-1","v":125},{"$f":"BM2035*B2035","v":36575.199999999997},{"$f":"BR2035*BQ2035","v":4571900}]
[null,1,3,"A","A","a","a","a","a","a","a","a","a","a","a","a","a","A","A","A","A","A","A","A","A","B","B","V","V",null,null,null,null,null,null,null,null,null,null,null,null,null,null,null,null,null,null,null,null,null,null,"Proyección avance actual",null,null,{"$f":"IF(AZ2037=BB2038,\"OK\",IF(BC2041=0,\"NA\",(BB2038/BJ2035*BK2035+BQ2035)/('Control de Avance'!$BT$3+BC2042*5)))","v":0.81327800829875518}]
[]
["TERM",{"$f":"IF((OR($BT$5<$BP$2045-5,AND($BC$2047=\"OK\",COUNTIF($D$2047:$AY$2051,\"B\")=0))),0,1)","v":1},"Instalación de tapas ciegas en losa",null,null,null,null,null,null,null,null,null,null,null,null,null,null,null,null,null,null,null,null,null,null,null,null,null,null,null,null,null,null,null,null,null,null,null,null,null,null,null,null,null,null,null,null,null,null,null,null,null,null,null,null,"ELÉCTRICO T","centro",{"$f":"VLOOKUP(C2045,'Act. Proyecto'!$I$3:$Q$881,4,FALSE)","v":8},{"$f":"VLOOKUP(C2045,'Act. Proyecto'!$I$3:$Q$881,5,FALSE)","v":53},{"$f":"IFERROR(BF2045*BG2045,0)","v":424},{"$f":"VLOOKUP(C2045,'Act. Proyecto'!$I$3:$Q$881,7,FALSE)","v":"Depto"},{"$f":"VLOOKUP(C2045,'Act. Proyecto'!$I$3:$Q$881,8,FALSE)","v":20},{"$f":"VLOOKUP(C2045,'Act. Proyecto'!$I$3:$Q$881,9,FALSE)","v":10},{"$f":"IFERROR(BJ2045/BK2045,0)","v":2},{"$f":"IFERROR(BL2045*BH2045,0)","v":848},{"$f":"$AZ$2047*$BH$2045","v":52576},{"$f":"IF($BM$2045=0,0,$BN$2045/$BM$2045)","v":62},68,{"$f":"$BP$2045+$BO$2045-1","v":129},{"$f":"BM2045*B2045","v":848},{"$f":"BR2045*BQ2045","v":109392}]
[null,1,2,"A","A","A","A","A","A","A","A","A","A","A","A","a","a","a","a","A","A","A","A","A","A","A","A","V","V","V","V",null,null,null,null,null,null,null,null,null,null,null,null,null,null,null,null,null,null,null,null,"Frentes anteriores",null,null,{"$f":"COUNTIF(D2047:AC2051,\"A\")/BJ2045*BK2045","v":60}]
["TERM",{"$f":"IF((OR($BT$5<$BP$2055-5,AND($BC$2057=\"OK\",COUNTIF($D$2057:$AY$2061,\"B\")=0))),0,1)","v":1},"Limpieza después de ceramica",null,null,null,null,null,null,null,null,null,null,null,null,null,null,null,null,null,null,null,null,null,null,null,null,null,null,null,null,null,null,null,null,null,null,null,null,null,null,null,null,null,null,null,null,null,null,null,null,null,null,null,null,"LIMPIEZA TRAZO Y TRASLADO","depto",{"$f":"VLOOKUP(C2055,'Act. Proyecto'!$I$3:$Q$881,4,FALSE)","v":1},{"$f":"VLOOKUP(C2055,'Act. Proyecto'!$I$3:$Q$881,5,FALSE)","v":2150},{"$f":"IFERROR(BF2055*BG2055,0)","v":2150},{"$f":"VLOOKUP(C2055,'Act. Proyecto'!$I$3:$Q$881,7,FALSE)","v":"Depto"},{"$f":"VLOOKUP(C2055,'Act. Proyecto'!$I$3:$Q$881,8,FALSE)","v":20},{"$f":"VLOOKUP(C2055,'Act. Proyecto'!$I$3:$Q$881,9,FALSE)","v":10},{"$f":"IFERROR(BJ2055/BK2055,0)","v":2},{"$f":"IFERROR(BL2055*BH2055,0)","v":4300},{"$f":"$AZ$2057*$BH$2055","v":249400},{"$f":"IF($BM$2055=0,0,$BN$2055/$BM$2055)","v":58},69,{"$f":"$BP$2055+$BO$2055-1","v":126},{"$f":"BM2055*B2055","v":4300},{"$f":"BR2055*BQ2055","v":541800}]
[null,1,2,"a","a","a","a","a","a","a","a","A","A","A","A","A","A","A","A","A","A","A","A","A","A","A","A",null,null,null,null,null,null,null,null,null,null,null,null,null,null,null,null,null,null,null,null,null,null,null,null,"Frentes anteriores",null,null,{"$f":"COUNTIF(D2057:AC2061,\"A\")/BJ2055*BK2055","v":58}]
[null,1,null,null,null,null,null,null,null,null,null,null,null,null,null,null,null,null,null,null,null,null,null,null,null,null,null,null,null,null,null,null,null,null,null,null,null,null,null,null,null,null,null,null,null,null,null,null,null,null,null,"Saldo",{"$f":"+BB2058/BJ2055*BK2055-BC2060-BC2061","v":62},"Sem",{"$f":"IF(AZ2057=BB2058,\"OK\",IF(BC2061=0,\"NA\",BA2062/BC2061))","v":"NA"}]
["TERM",{"$f":"IF((OR($BT$5<$BP$2065-5,AND($BC$2067=\"OK\",COUNTIF($D$2067:$AY$2071,\"B\")=0))),0,1)","v":1},"Losalin depto",null,null,null,null,null,null,null,null,null,null,null,null,null,null,null,null,null,null,null,null,null,null,null,null,null,null,null,null,null,null,null,null,null,null,null,null,null,null,null,null,null,null,null,null,null,null,null,null,null,null,null,null,"PASTA Y LOSALÍN","m2",{"$f":"VLOOKUP(C2065,'Act. Proyecto'!$I$3:$Q$881,4,FALSE)","v":36.409999999999997},{"$f":"VLOOKUP(C2065,'Act. Proyecto'!$I$3:$Q$881,5,FALSE)","v":349},{"$f":"IFERROR(BF2065*BG2065,0)","v":12707.089999999998},{"$f":"VLOOKUP(C2065,'Act. Proyecto'!$I$3:$Q$881,7,FALSE)","v":"Depto"},{"$f":"VLOOKUP(C2065,'Act. Proyecto'!$I$3:$Q$881,8,FALSE)","v":20},{"$f":"VLOOKUP(C2065,'Act. Proyecto'!$I$3:$Q$881,9,FALSE)","v":10},{"$f":"IFERROR(BJ2065/BK2065,0)","v":2},{"$f":"IFERROR(BL2065*BH2065,0)","v":25414.179999999997},{"$f":"$AZ$2067*$BH$2065","v":1499436.6199999999},{"$f":"IF($BM$2065=0,0,$BN$2065/$BM$2065)","v":59},69,{"$f":"$BP$2065+$BO$2065-1","v":127},{"$f":"BM2065*B2065","v":25414.179999999997},{"$f":"BR2065*BQ2065","v":3227600.8599999994}]
[null,1,2,"A","A","a","a","a","a","a","a","A","A","a","a","A","A","A","A","A","A","A","A","B","B","B","B",null,null,null,null,null,null,null,null,null,null,null,null,null,null,null,null,null,null,null,null,null,null,null,null,"Frentes anteriores",null,null,{"$f":"COUNTIF(D2067:AC2071,\"A\")/BJ2065*BK2065","v":54}]
["TERM",{"$f":"IF((OR($BT$5<$BP$2075-5,AND($BC$2077=\"OK\",COUNTIF($D$2077:$AY$2081,\"B\")=0))),0,1)","v":1},"Primera mano Baños y Cocina",null,null,null,null,null,null,null,null,null,null,null,null,null,null,null,null,null,null,null,null,null,null,null,null,null,null,null,null,null,null,null,null,null,null,null,null,null,null,null,null,null,null,null,null,null,null,null,null,null,null,null,null,"PINTURA BAÑO Y COCINA","m2",{"$f":"VLOOKUP(C2075,'Act. Proyecto'!$I$3:$Q$881,4,FALSE)","v":41.057499999999997},{"$f":"VLOOKUP(C2075,'Act. Proyecto'!$I$3:$Q$881,5,FALSE)","v":700},{"$f":"IFERROR(BF2075*BG2075,0)","v":28740.25},{"$f":"VLOOKUP(C2075,'Act. Proyecto'!$I$3:$Q$881,7,FALSE)","v":"Depto"},{"$f":"VLOOKUP(C2075,'Act. Proyecto'!$I$3:$Q$881,8,FALSE)","v":20},{"$f":"VLOOKUP(C2075,'Act. Proyecto'!$I$3:$Q$881,9,FALSE)","v":10},{"$f":"IFERROR(BJ2075/BK2075,0)","v":2},{"$f":"IFERROR(BL2075*BH2075,0)","v":57480.5},{"$f":"$AZ$2077*$BH$2075","v":3103947},{"$f":"IF($BM$2075=0,0,$BN$2075/$BM$2075)","v":54},69,{"$f":"$BP$2075+$BO$2075-1","v":122},{"$f":"BM2075*B2075","v":57480.5},{"$f":"BR2075*BQ2075","v":7012621}]
[null,{"$f":"$B$2075","v":1},null,"F1.1","F1.2","F2.1","F2.2","F3.1","F3.2","F4.1","F4.2","F5.1","F5.2","F6.1","F6.2","F7.1","F7.2","F8.1","F8.2","F9.1","F9.2","F10.1","F10.2","F11.1","F11.2","F12.1","F12.2","F13.1","F13.2","F14.1","F14.2","F15.1","F15.2","F16.1","F16.2","F17.1","F17.2","F18.1","F18.2","F19.1","F19.2","F20.1","F20.2","F21.1","F21.2","F22.1","F22.2","F23.1","F23.2","F24.1","F24.2","N° Unid Prod","N° Frentes","Pos","%"]
[null,1,1,"B","B","B","B","a","a","a","a","a","a","a","a","A","A","A","A","A","A","A","A",null,null,null,null,null,null,null,null,null,null,null,null,null,null,null,null,null,null,null,null,null,null,null,null,null,null,null,null,"Frentes semana actual",null,null,{"$f":"COUNTIF(D2077:AC2081,\"B\")/BJ2075*BK2075","v":2}]
[null,{"$f":"$B$2085","v":1},null,"F1.1","F1.2","F2.1","F2.2","F3.1","F3.2","F4.1","F4.2","F5.1","F5.2","F6.1","F6.2","F7.1","F7.2","F8.1","F8.2","F9.1","F9.2","F10.1","F10.2","F11.1","F11.2","F12.1","F12.2","F13.1","F13.2","F14.1","F14.2","F15.1","F15.2","F16.1","F16.2","F17.1","F17.2","F18.1","F18.2","F19.1","F19.2","F20.1","F20.2","F21.1","F21.2","F22.1","F22.2","F23.1","F23.2","F24.1","F24.2","N° Unid Prod","N° Frentes","Pos","%"]
[null,1,4,"a","a","a","a","a","a","a","a","a","a","a","a","a","a","a","a","A","A","A","A","A","A","A","A",null,null,null,null,null,null,null,null,null,null,null,null,null,null,null,null,null,null,null,null,null,null,null,null,"N° Total Und Prod:",null,{"$f":"VLOOKUP('Dibujo Edificios'!$A$124,'Otras Tablas'!$G$2:$H$31,2,FALSE)","v":240}]
[null,1,1,"A","A","A","A","A","A","A","A","a","a","a","a","A","A","A","A","A","A","A","A",null,null,null,null,null,null,null,null,null,null,null,null,null,null,null,null,null,null,null,null,null,null,null,null,null,null,null,null,"Frentes semana actual",null,null,{"$f":"COUNTIF(D2087:AC2091,\"B\")/BJ2085*BK2085","v":2}]
[null,{"$f":"$B$2095","v":1},null,"F1.1","F1.2","F2.1","F2.2","F3.1","F3.2","F4.1","F4.2","F5.1","F5.2","F6.1","F6.2","F7.1","F7.2","F8.1","F8.2","F9.1","F9.2","F10.1","F10.2","F11.1","F11.2","F12.1","F12.2","F13.1","F13.2","F14.1","F14.2","F15.1","F15.2","F16.1","F16.2","F17.1","F17.2","F18.1","F18.2","F19.1","F19.2","F20.1","F20.2","F21.1","F21.2","F22.1","F22.2","F23.1","F23.2","F24.1","F24.2","N° Unid Prod","N° Frentes","Pos","%"]
[null,1,1,"A","A","A","A","A","A","A","A","a","a","a","a","A","A","A","A","A","A","A","A",null,null,null,null,null,null,null,null,null,null,null,null,null,null,null,null,null,null,null,null,null,null,null,null,null,null,null,null,"Frentes semana actual",null,null,{"$f":"COUNTIF(D2097:AC2101,\"B\")/BJ2095*BK2095","v":2}]
[null,{"$f":"$B$2105","v":1},null,"F1.1","F1.2","F2.1","F2.2","F3.1","F3.2","F4.1","F4.2","F5.1","F5.2","F6.1","F6.2","F7.1","F7.2","F8.1","F8.2","F9.1","F9.2","F10.1","F10.2","F11.1","F11.2","F12.1","F12.2","F13.1","F13.2","F14.1","F14.2","F15.1","F15.2","F16.1","F16.2","F17.1","F17.2","F18.1","F18.2","F19.1","F19.2","F20.1","F20.2","F21.1","F21.2","F22.1","F22.2","F23.1","F23.2","F24.1","F24.2","N° Unid Prod","N° Frentes","Pos","%"]
[null,1,5,"A","A","a","a","A","A","A","A","A","A","A","A","A","A","A","A","A","A","A","A","A","A","A","A","A","A","A","A",null,null,null,null,null,null,null,null,null,null,null,null,null,null,null,null,null,null,null,null,{"$f":"COUNTIF(D2107:AY2111,\"A\")+COUNTIF(D2107:AY2111,\"B\")","v":124},{"$f":"+AZ2107/BJ2105*BK2105","v":62},{"$f":"+BA2107+BO2105","v":124},{"$f":"IF(AZ2107=BB2108,\"OK\",BB2107/'Control de Avance'!$BT$3)","v":0.55111111111111111}]
[null,1,null,null,null,null,null,null,null,null,null,null,null,null,null,null,null,null,null,null,null,null,null,null,null,null,null,null,null,null,null,null,null,null,null,null,null,null,null,null,null,null,null,null,null,null,null,null,null,null,null,"Saldo",{"$f":"+BB2108/BJ2105*BK2105-BC2110-BC2111","v":60},"Sem",{"$f":"IF(AZ2107=BB2108,\"OK\",IF(BC2111=0,\"NA\",BA2112/BC2111))","v":"NA"}]
["TERM",{"$f":"IF((OR($BT$5<$BP$2115-5,AND($BC$2117=\"OK\",COUNTIF($D$2117:$AY$2121,\"B\")=0))),0,1)","v":1},"Lijado, encolado (incluye remate imperfecciones)",null,null,null,null,null,null,null,null,null,null,null,null,null,null,null,null,null,null,null,null,null,null,null,null,null,null,null,null,null,null,null,null,null,null,null,null,null,null,null,null,null,null,null,null,null,null,null,null,null,null,null,null,"CERÁMICA","m2",{"$f":"VLOOKUP(C2115,'Act. Proyecto'!$I$3:$Q$881,4,FALSE)","v":99.515208333333334},{"$f":"VLOOKUP(C2115,'Act. Proyecto'!$I$3:$Q$881,5,FALSE)","v":82},{"$f":"IFERROR(BF2115*BG2115,0)","v":8160.2470833333336},{"$f":"VLOOKUP(C2115,'Act. Proyecto'!$I$3:$Q$881,7,FALSE)","v":"Depto"},{"$f":"VLOOKUP(C2115,'Act. Proyecto'!$I$3:$Q$881,8,FALSE)","v":20},{"$f":"VLOOKUP(C2115,'Act. Proyecto'!$I$3:$Q$881,9,FALSE)","v":10},{"$f":"IFERROR(BJ2115/BK2115,0)","v":2},{"$f":"IFERROR(BL2115*BH2115,0)","v":16320.494166666667},{"$f":"$AZ$2117*$BH$2115","v":938428.41458333342},{"$f":"IF($BM$2115=0,0,$BN$2115/$BM$2115)","v":57.5},72,{"$f":"$BP$2115+$BO$2115-1","v":128.5},{"$f":"BM2115*B2115","v":16320.494166666667},{"$f":"BR2115*BQ2115","v":2097183.5004166667}]
[null,1,1,"B","B","B","B","A","A","A","A","a","a","a","a","A","A","A","A","A","A","A","A",null,null,null,null,null,null,null,null,null,null,null,null,null,null,null,null,null,null,null,null,null,null,null,null,null,null,null,null,"Frentes semana actual",null,null,{"$f":"COUNTIF(D2117:AC2121,\"B\")/BJ2115*BK2115","v":5.5}]
[null,1,null,null,null,null,null,null,null,null,null,null,null,null,null,null,null,null,null,null,null,null,null,null,null,null,null,null,null,null,null,null,null,null,null,null,null,null,null,null,null,null,null,null,null,null,null,null,null,null,null,"Saldo",{"$f":"+BB2118/BJ2115*BK2115-BC2120-BC2121","v":62.5},"Sem",{"$f":"IF(AZ2117=BB2118,\"OK\",IF(BC2121=0,\"NA\",BA2122/BC2121))","v":11.363636363636363}]
[null,1,5,"A","A","A","A","a","a","a","a","a","a","a","a","A","A","A","A","A","A","A","A","A","A","A","A",null,null,null,null,null,null,null,null,null,null,null,null,null,null,null,null,null,null,null,null,null,null,null,null,{"$f":"COUNTIF(D2127:AY2131,\"A\")+COUNTIF(D2127:AY2131,\"B\")","v":108},{"$f":"+AZ2127/BJ2125*BK2125","v":54},{"$f":"+BA2127+BO2125","v":108},{"$f":"IF(AZ2127=BB2128,\"OK\",BB2127/'Control de Avance'!$BT$3)","v":0.48}]
[null,1,null,null,null,null,null,null,null,null,null,null,null,null,null,null,null,null,null,null,null,null,null,null,null,null,null,null,null,null,null,null,null,null,null,null,null,null,null,null,null,null,null,null,null,null,null,null,null,null,null,"Saldo",{"$f":"+BB2128/BJ2125*BK2125-BC2130-BC2131","v":66},"Sem",{"$f":"IF(AZ2127=BB2128,\"OK\",IF(BC2131=0,\"NA\",BA2132/BC2131))","v":33}]
[null,1,5,"A","A","A","A","A","A","A","A","a","a","a","a","A","A","A","A","A","A","A","A","B","B","B","B",null,null,null,null,null,null,null,null,null,null,null,null,null,null,null,null,null,null,null,null,null,null,null,null,{"$f":"COUNTIF(D2137:AY2141,\"A\")+COUNTIF(D2137:AY2141,\"B\")","v":108},{"$f":"+AZ2137/BJ2135*BK2135","v":54},{"$f":"+BA2137+BO2135","v":108},{"$f":"IF(AZ2137=BB2138,\"OK\",BB2137/'Control de Avance'!$BT$3)","v":0.48}]
[null,1,4,"A","A","A","A","A","A","A","A","a","a","a","a","a","a","a","a","A","A","A","A","B","B","B","B",null,null,null,null,null,null,null,null,null,null,null,null,null,null,null,null,null,null,null,null,null,null,null,null,"N° Total Und Prod:",null,{"$f":"VLOOKUP('Dibujo Edificios'!$A$124,'Otras Tablas'!$G$2:$H$31,2,FALSE)","v":240}]
[null,1,null,null,null,null,null,null,null,null,null,null,null,null,null,null,null,null,null,null,null,null,null,null,null,null,null,null,null,null,null,null,null,null,null,null,null,null,null,null,null,null,null,null,null,null,null,null,null,null,null,"Saldo",{"$f":"+BB2138/BJ2135*BK2135-BC2140-BC2141","v":66},"Sem",{"$f":"IF(AZ2137=BB2138,\"OK\",IF(BC2141=0,\"NA\",BA2142/BC2141))","v":11}]
[null,1,5,"A","A","A","A","A","A","A","A","a","a","a","a","A","A","A","A","A","A","A","A","B","B","B","B",null,null,null,null,null,null,null,null,null,null,null,null,null,null,null,null,null,null,null,null,null,null,null,null,{"$f":"COUNTIF(D2147:AY2151,\"A\")+COUNTIF(D2147:AY2151,\"B\")","v":108},{"$f":"+AZ2147/BJ2145*BK2145","v":54},{"$f":"+BA2147+BO2145","v":108},{"$f":"IF(AZ2147=BB2148,\"OK\",BB2147/'Control de Avance'!$BT$3)","v":0.48}]
[null,1,null,null,null,null,null,null,null,null,null,null,null,null,null,null,null,null,null,null,null,null,null,null,null,null,null,null,null,null,null,null,null,null,null,null,null,null,null,null,null,null,null,null,null,null,null,null,null,null,null,"Saldo",{"$f":"+BB2148/BJ2145*BK2145-BC2150-BC2151","v":66},"Sem",{"$f":"IF(AZ2147=BB2148,\"OK\",IF(BC2151=0,\"NA\",BA2152/BC2151))","v":11}]
[null,1]
[null,1,4,"a","a","a","a","A","A","A","A","C","C","C","C",null,null,null,null,null,null,null,null,null,null,null,null,null,null,null,null,null,null,null,null,null,null,null,null,null,null,null,null,null,null,null,null,null,null,null,null,"N° Total Und Prod:",null,{"$f":"VLOOKUP('Dibujo Edificios'!$A$124,'Otras Tablas'!$G$2:$H$31,2,FALSE)","v":240}]
[null,1]
[null,1,4,"A","A","A","A","A","A","A","A","A","A","A","A","A","A","A","A","W","W","W","W",null,null,null,null,null,null,null,null,null,null,null,null,null,null,null,null,null,null,null,null,null,null,null,null,null,null,null,null,"N° Total Und Prod:",null,{"$f":"VLOOKUP('Dibujo Edificios'!$A$124,'Otras Tablas'!$G$2:$H$31,2,FALSE)","v":240}]
[null,1,1,"J","J","V","V","A","A","A","A","A","A","A","A","B","B","B","B",null,null,null,null,null,null,null,null,null,null,null,null,null,null,null,null,null,null,null,null,null,null,null,null,null,null,null,null,null,null,null,null,"Frentes semana actual",null,null,{"$f":"COUNTIF(D2167:AC2171,\"B\")/BJ2165*BK2165","v":5}]
[null,1]
[null,1,4,"A","A","A","A","A","A","A","A","a","a","a","a","a","a","a","a","A","A","A","A","B","B","B","B",null,null,null,null,null,null,null,null,null,null,null,null,null,null,null,null,null,null,null,null,null,null,null,null,"N° Total Und Prod:",null,{"$f":"VLOOKUP('Dibujo Edificios'!$A$124,'Otras Tablas'!$G$2:$H$31,2,FALSE)","v":240}]
[null,1]
[]
[null,1,3,"A","A","A","A","A","A","A","A","a","a","a","a","a","a","A","A","A","A","A","A","W","W","J","J",null,null,null,null,null,null,null,null,null,null,null,null,null,null,null,null,null,null,null,null,null,null,null,null,"Proyección avance actual",null,null,{"$f":"IF(AZ2187=BB2188,\"OK\",IF(BC2191=0,\"NA\",(BB2188/BJ2185*BK2185+BQ2185)/('Control de Avance'!$BT$3+BC2192*5)))","v":0.8}]
[]
[null,1,4,"A","A","A","A","A","A","A","A","a","a","a","a","a","a","a","a","A","A","A","A","B","B","B","B",null,null,null,null,null,null,null,null,null,null,null,null,null,null,null,null,null,null,null,null,null,null,null,null,"N° Total Und Prod:",null,{"$f":"VLOOKUP('Dibujo Edificios'!$A$124,'Otras Tablas'!$G$2:$H$31,2,FALSE)","v":240}]
[null,1,3,"A","A","A","A","A","A","A","A","a","a","a","a","a","a","A","A","A","A","A","A","W","W","J","J",null,null,null,null,null,null,null,null,null,null,null,null,null,null,null,null,null,null,null,null,null,null,null,null,"Proyección avance actual",null,null,{"$f":"IF(AZ2197=BB2198,\"OK\",IF(BC2201=0,\"NA\",(BB2198/BJ2195*BK2195+BQ2195)/('Control de Avance'!$BT$3+BC2202*5)))","v":0.8}]
[]
[null,1,3,"A","A","A","A","a","a","a","a","a","a","a","a","A","A","A","A","A","A","A","A","W","W","J","J",null,null,null,null,null,null,null,null,null,null,null,null,null,null,null,null,null,null,null,null,null,null,null,null,"Proyección avance actual",null,null,{"$f":"IF(AZ2207=BB2208,\"OK\",IF(BC2211=0,\"NA\",(BB2208/BJ2205*BK2205+BQ2205)/('Control de Avance'!$BT$3+BC2212*5)))","v":0.63076923076923075}]
[]
["TERM",{"$f":"IF((OR($BT$5<$BP$2215-5,AND($BC$2217=\"OK\",COUNTIF($D$2217:$AY$2221,\"B\")=0))),0,1)","v":1},"Levantar bastón de gas en cocina y calefont ",null,null,null,null,null,null,null,null,null,null,null,null,null,null,null,null,null,null,null,null,null,null,null,null,null,null,null,null,null,null,null,null,null,null,null,null,null,null,null,null,null,null,null,null,null,null,null,null,null,null,null,null,"GAS T","dh",{"$f":"VLOOKUP(C2215,'Act. Proyecto'!$I$3:$Q$881,4,FALSE)","v":6.250555555555555E-2},{"$f":"VLOOKUP(C2215,'Act. Proyecto'!$I$3:$Q$881,5,FALSE)","v":1},{"$f":"IFERROR(BF2215*BG2215,0)","v":6.250555555555555E-2},{"$f":"VLOOKUP(C2215,'Act. Proyecto'!$I$3:$Q$881,7,FALSE)","v":"Depto"},{"$f":"VLOOKUP(C2215,'Act. Proyecto'!$I$3:$Q$881,8,FALSE)","v":20},{"$f":"VLOOKUP(C2215,'Act. Proyecto'!$I$3:$Q$881,9,FALSE)","v":10},{"$f":"IFERROR(BJ2215/BK2215,0)","v":2},{"$f":"IFERROR(BL2215*BH2215,0)","v":0.1250111111111111},{"$f":"$AZ$2217*$BH$2215","v":6.3130611111111108},{"$f":"IF($BM$2215=0,0,$BN$2215/$BM$2215)","v":50.5},73,{"$f":"$BP$2215+$BO$2215-1","v":122.5},{"$f":"BM2215*B2215","v":0.1250111111111111},{"$f":"BR2215*BQ2215","v":15.313861111111111}]
[null,1,2,"A","A","A","A","A","A","A","A","A","A","A","A","A","A","A","A","A","A","A","A","V","V",null,null,null,null,null,null,null,null,null,null,null,null,null,null,null,null,null,null,null,null,null,null,null,null,null,null,"Frentes anteriores",null,null,{"$f":"COUNTIF(D2217:AC2221,\"A\")/BJ2215*BK2215","v":50}]
["TERM",{"$f":"IF((OR($BT$5<$BP$2225-5,AND($BC$2227=\"OK\",COUNTIF($D$2227:$AY$2231,\"B\")=0))),0,1)","v":1},"Cerraduras interiores",null,null,null,null,null,null,null,null,null,null,null,null,null,null,null,null,null,null,null,null,null,null,null,null,null,null,null,null,null,null,null,null,null,null,null,null,null,null,null,null,null,null,null,null,null,null,null,null,null,null,null,null,"CARP. TERMINACIONES","un",{"$f":"VLOOKUP(C2225,'Act. Proyecto'!$I$3:$Q$881,4,FALSE)","v":5},{"$f":"VLOOKUP(C2225,'Act. Proyecto'!$I$3:$Q$881,5,FALSE)","v":1025},{"$f":"IFERROR(BF2225*BG2225,0)","v":5125},{"$f":"VLOOKUP(C2225,'Act. Proyecto'!$I$3:$Q$881,7,FALSE)","v":"Depto"},{"$f":"VLOOKUP(C2225,'Act. Proyecto'!$I$3:$Q$881,8,FALSE)","v":20},{"$f":"VLOOKUP(C2225,'Act. Proyecto'!$I$3:$Q$881,9,FALSE)","v":10},{"$f":"IFERROR(BJ2225/BK2225,0)","v":2},{"$f":"IFERROR(BL2225*BH2225,0)","v":10250},{"$f":"$AZ$2227*$BH$2225","v":512500},{"$f":"IF($BM$2225=0,0,$BN$2225/$BM$2225)","v":50},75,{"$f":"$BP$2225+$BO$2225-1","v":124},{"$f":"BM2225*B2225","v":10250},{"$f":"BR2225*BQ2225","v":1271000}]
[null,1,3,"a","a","a","a","A","A","A","A","A","A","A","A","A","A","A","A","A","A","A","A","J","J","J","J",null,null,null,null,null,null,null,null,null,null,null,null,null,null,null,null,null,null,null,null,null,null,null,null,"Proyección avance actual",null,null,{"$f":"IF(AZ2227=BB2228,\"OK\",IF(BC2231=0,\"NA\",(BB2228/BJ2225*BK2225+BQ2225)/('Control de Avance'!$BT$3+BC2232*5)))","v":"NA"}]
[null,1,2,"a","a","a","a","A","A","A","A","A","A","A","A","A","A","A","A","A","A","A","A",null,null,null,null,null,null,null,null,null,null,null,null,null,null,null,null,null,null,null,null,null,null,null,null,null,null,null,null,"Frentes anteriores",null,null,{"$f":"COUNTIF(D2227:AC2231,\"A\")/BJ2225*BK2225","v":50}]
["TERM",{"$f":"IF((OR($BT$5<$BP$2235-5,AND($BC$2237=\"OK\",COUNTIF($D$2237:$AY$2241,\"B\")=0))),0,1)","v":1},"Traslado de artefactos sanitarios ",null,null,null,null,null,null,null,null,null,null,null,null,null,null,null,null,null,null,null,null,null,null,null,null,null,null,null,null,null,null,null,null,null,null,null,null,null,null,null,null,null,null,null,null,null,null,null,null,null,null,null,null,"LIMPIEZA TRAZO Y TRASLADO","baño",{"$f":"VLOOKUP(C2235,'Act. Proyecto'!$I$3:$Q$881,4,FALSE)","v":1.3125},{"$f":"VLOOKUP(C2235,'Act. Proyecto'!$I$3:$Q$881,5,FALSE)","v":1380},{"$f":"IFERROR(BF2235*BG2235,0)","v":1811.25},{"$f":"VLOOKUP(C2235,'Act. Proyecto'!$I$3:$Q$881,7,FALSE)","v":"Depto"},{"$f":"VLOOKUP(C2235,'Act. Proyecto'!$I$3:$Q$881,8,FALSE)","v":20},{"$f":"VLOOKUP(C2235,'Act. Proyecto'!$I$3:$Q$881,9,FALSE)","v":10},{"$f":"IFERROR(BJ2235/BK2235,0)","v":2},{"$f":"IFERROR(BL2235*BH2235,0)","v":3622.5},{"$f":"$AZ$2237*$BH$2235","v":239085},{"$f":"IF($BM$2235=0,0,$BN$2235/$BM$2235)","v":66},75,{"$f":"$BP$2235+$BO$2235-1","v":140},{"$f":"BM2235*B2235","v":3622.5},{"$f":"BR2235*BQ2235","v":507150}]
[null,1,2,"A","A","A","A","A","A","A","A","A","A","A","a","A","A","A","A","A","A","A","A","A","A","A","A","A","A","A","A",null,null,null,null,null,null,null,null,null,null,null,null,null,null,null,null,null,null,null,null,"Frentes anteriores",null,null,{"$f":"COUNTIF(D2237:AC2241,\"A\")/BJ2235*BK2235","v":61}]
["TERM",{"$f":"IF((OR($BT$5<$BP$2245-5,AND($BC$2247=\"OK\",COUNTIF($D$2247:$AY$2251,\"B\")=0))),0,1)","v":1},"Instalación de artefactos sanitarios",null,null,null,null,null,null,null,null,null,null,null,null,null,null,null,null,null,null,null,null,null,null,null,null,null,null,null,null,null,null,null,null,null,null,null,null,null,null,null,null,null,null,null,null,null,null,null,null,null,null,null,null,"GASFITER T","dh",{"$f":"VLOOKUP(C2245,'Act. Proyecto'!$I$3:$Q$881,4,FALSE)","v":0.27416666666666667},{"$f":"VLOOKUP(C2245,'Act. Proyecto'!$I$3:$Q$881,5,FALSE)","v":1},{"$f":"IFERROR(BF2245*BG2245,0)","v":0.27416666666666667},{"$f":"VLOOKUP(C2245,'Act. Proyecto'!$I$3:$Q$881,7,FALSE)","v":"Depto"},{"$f":"VLOOKUP(C2245,'Act. Proyecto'!$I$3:$Q$881,8,FALSE)","v":20},{"$f":"VLOOKUP(C2245,'Act. Proyecto'!$I$3:$Q$881,9,FALSE)","v":10},{"$f":"IFERROR(BJ2245/BK2245,0)","v":2},{"$f":"IFERROR(BL2245*BH2245,0)","v":0.54833333333333334},{"$f":"$AZ$2247*$BH$2245","v":29.61},{"$f":"IF($BM$2245=0,0,$BN$2245/$BM$2245)","v":54},77,{"$f":"$BP$2245+$BO$2245-1","v":130},{"$f":"BM2245*B2245","v":0.54833333333333334},{"$f":"BR2245*BQ2245","v":71.283333333333331}]
[null,{"$f":"$B$2245","v":1},null,"F1.1","F1.2","F2.1","F2.2","F3.1","F3.2","F4.1","F4.2","F5.1","F5.2","F6.1","F6.2","F7.1","F7.2","F8.1","F8.2","F9.1","F9.2","F10.1","F10.2","F11.1","F11.2","F12.1","F12.2","F13.1","F13.2","F14.1","F14.2","F15.1","F15.2","F16.1","F16.2","F17.1","F17.2","F18.1","F18.2","F19.1","F19.2","F20.1","F20.2","F21.1","F21.2","F22.1","F22.2","F23.1","F23.2","F24.1","F24.2","N° Unid Prod","N° Frentes","Pos","%"]
[null,1,1,"B","B","B","B","a","a","a","a","a","a","A","A","A","A","A","A","A","A","A","A",null,null,null,null,null,null,null,null,null,null,null,null,null,null,null,null,null,null,null,null,null,null,null,null,null,null,null,null,"Frentes semana actual",null,null,{"$f":"COUNTIF(D2247:AC2251,\"B\")/BJ2245*BK2245","v":4}]
["TERM",{"$f":"IF((OR($BT$5<$BP$2255-5,AND($BC$2257=\"OK\",COUNTIF($D$2257:$AY$2261,\"B\")=0))),0,1)","v":1},"Instalación de Lavaplato ",null,null,null,null,null,null,null,null,null,null,null,null,null,null,null,null,null,null,null,null,null,null,null,null,null,null,null,null,null,null,null,null,null,null,null,null,null,null,null,null,null,null,null,null,null,null,null,null,null,null,null,null,"GASFITER T","dh",{"$f":"VLOOKUP(C2255,'Act. Proyecto'!$I$3:$Q$881,4,FALSE)","v":8.3333333333333329E-2},{"$f":"VLOOKUP(C2255,'Act. Proyecto'!$I$3:$Q$881,5,FALSE)","v":1},{"$f":"IFERROR(BF2255*BG2255,0)","v":8.3333333333333329E-2},{"$f":"VLOOKUP(C2255,'Act. Proyecto'!$I$3:$Q$881,7,FALSE)","v":"Depto"},{"$f":"VLOOKUP(C2255,'Act. Proyecto'!$I$3:$Q$881,8,FALSE)","v":20},{"$f":"VLOOKUP(C2255,'Act. Proyecto'!$I$3:$Q$881,9,FALSE)","v":10},{"$f":"IFERROR(BJ2255/BK2255,0)","v":2},{"$f":"IFERROR(BL2255*BH2255,0)","v":0.16666666666666666},{"$f":"$AZ$2257*$BH$2255","v":9},{"$f":"IF($BM$2255=0,0,$BN$2255/$BM$2255)","v":54},77,{"$f":"$BP$2255+$BO$2255-1","v":130},{"$f":"BM2255*B2255","v":0.16666666666666666},{"$f":"BR2255*BQ2255","v":21.666666666666664}]
[null,1,2,"A","A","A","A","a","a","a","a","a","a","a","a","A","A","A","A","A","A","A","A","V","V",null,null,null,null,null,null,null,null,null,null,null,null,null,null,null,null,null,null,null,null,null,null,null,null,null,null,"Frentes anteriores",null,null,{"$f":"COUNTIF(D2257:AC2261,\"A\")/BJ2255*BK2255","v":50}]
[null,1,1,"B","B","B","B","a","a","a","a","a","a","A","A","A","A","A","A","A","A","A","A",null,null,null,null,null,null,null,null,null,null,null,null,null,null,null,null,null,null,null,null,null,null,null,null,null,null,null,null,"Frentes semana actual",null,null,{"$f":"COUNTIF(D2257:AC2261,\"B\")/BJ2255*BK2255","v":4}]
[null,{"$f":"$B$2265","v":1},null,"F1.1","F1.2","F2.1","F2.2","F3.1","F3.2","F4.1","F4.2","F5.1","F5.2","F6.1","F6.2","F7.1","F7.2","F8.1","F8.2","F9.1","F9.2","F10.1","F10.2","F11.1","F11.2","F12.1","F12.2","F13.1","F13.2","F14.1","F14.2","F15.1","F15.2","F16.1","F16.2","F17.1","F17.2","F18.1","F18.2","F19.1","F19.2","F20.1","F20.2","F21.1","F21.2","F22.1","F22.2","F23.1","F23.2","F24.1","F24.2","N° Unid Prod","N° Frentes","Pos","%"]
[null,1,1,"B","B","B","B","a","a","a","a","a","a","A","A","A","A","A","A","A","A","A","A",null,null,null,null,null,null,null,null,null,null,null,null,null,null,null,null,null,null,null,null,null,null,null,null,null,null,null,null,"Frentes semana actual",null,null,{"$f":"COUNTIF(D2267:AC2271,\"B\")/BJ2265*BK2265","v":4}]
[null,{"$f":"$B$2275","v":1},null,"F1.1","F1.2","F2.1","F2.2","F3.1","F3.2","F4.1","F4.2","F5.1","F5.2","F6.1","F6.2","F7.1","F7.2","F8.1","F8.2","F9.1","F9.2","F10.1","F10.2","F11.1","F11.2","F12.1","F12.2","F13.1","F13.2","F14.1","F14.2","F15.1","F15.2","F16.1","F16.2","F17.1","F17.2","F18.1","F18.2","F19.1","F19.2","F20.1","F20.2","F21.1","F21.2","F22.1","F22.2","F23.1","F23.2","F24.1","F24.2","N° Unid Prod","N° Frentes","Pos","%"]
[null,1,4,"a","a","a","A","A","A","A","A","A","A","A","A","L","L","L","L",null,null,null,null,null,null,null,null,null,null,null,null,null,null,null,null,null,null,null,null,null,null,null,null,null,null,null,null,null,null,null,null,"N° Total Und Prod:",null,{"$f":"VLOOKUP('Dibujo Edificios'!$A$124,'Otras Tablas'!$G$2:$H$31,2,FALSE)","v":240}]
[null,1,1,null,null,null,null,"A","A","A","A","A","A","A","A","L","L","L","L",null,null,null,null,null,null,null,null,null,null,null,null,null,null,null,null,null,null,null,null,null,null,null,null,null,null,null,null,null,null,null,null,"Frentes semana actual",null,null,{"$f":"COUNTIF(D2277:AC2281,\"B\")/BJ2275*BK2275","v":0}]
[null,{"$f":"$B$2285","v":1},null,"F1.1","F1.2","F2.1","F2.2","F3.1","F3.2","F4.1","F4.2","F5.1","F5.2","F6.1","F6.2","F7.1","F7.2","F8.1","F8.2","F9.1","F9.2","F10.1","F10.2","F11.1","F11.2","F12.1","F12.2","F13.1","F13.2","F14.1","F14.2","F15.1","F15.2","F16.1","F16.2","F17.1","F17.2","F18.1","F18.2","F19.1","F19.2","F20.1","F20.2","F21.1","F21.2","F22.1","F22.2","F23.1","F23.2","F24.1","F24.2","N° Unid Prod","N° Frentes","Pos","%"]
[null,1,1,"B","C","CL","CL","a","a","a","a","a","a","a","a","A","A","A","A","A","A","A","A",null,null,null,null,null,null,null,null,null,null,null,null,null,null,null,null,null,null,null,null,null,null,null,null,null,null,null,null,"Frentes semana actual",null,null,{"$f":"COUNTIF(D2287:AC2291,\"B\")/BJ2285*BK2285","v":0.5}]
[null,1,null,null,null,null,null,null,null,null,null,null,null,null,null,null,null,null,null,null,null,null,null,null,null,null,null,null,null,null,null,null,null,null,null,null,null,null,null,null,null,null,null,null,null,null,null,null,null,null,null,"Saldo",{"$f":"+BB2288/BJ2285*BK2285-BC2290-BC2291","v":69.5},"Sem",{"$f":"IF(AZ2287=BB2288,\"OK\",IF(BC2291=0,\"NA\",BA2292/BC2291))","v":139}]
[null,1,5,"a","a","a","a","a","a","a","a","a","a","a","a","a","a","a","a","A","A","A","A","A","A","A","A",null,null,null,null,null,null,null,null,null,null,null,null,null,null,null,null,null,null,null,null,null,null,null,null,{"$f":"COUNTIF(D2297:AY2301,\"A\")+COUNTIF(D2297:AY2301,\"B\")","v":101},{"$f":"+AZ2297/BJ2295*BK2295","v":50.5},{"$f":"+BA2297+BO2295","v":101},{"$f":"IF(AZ2297=BB2298,\"OK\",BB2297/'Control de Avance'!$BT$3)","v":0.44888888888888889}]
[null,1,2,"A","A","A","A","a","a","a","a","a","a","a","a","A","A","A","A","A","A","A","A","V","V",null,null,null,null,null,null,null,null,null,null,null,null,null,null,null,null,null,null,null,null,null,null,null,null,null,null,"Frentes anteriores",null,null,{"$f":"COUNTIF(D2297:AC2301,\"A\")/BJ2295*BK2295","v":50}]
[null,{"$f":"$B$2305","v":1},null,"F1.1","F1.2","F2.1","F2.2","F3.1","F3.2","F4.1","F4.2","F5.1","F5.2","F6.1","F6.2","F7.1","F7.2","F8.1","F8.2","F9.1","F9.2","F10.1","F10.2","F11.1","F11.2","F12.1","F12.2","F13.1","F13.2","F14.1","F14.2","F15.1","F15.2","F16.1","F16.2","F17.1","F17.2","F18.1","F18.2","F19.1","F19.2","F20.1","F20.2","F21.1","F21.2","F22.1","F22.2","F23.1","F23.2","F24.1","F24.2","N° Unid Prod","N° Frentes","Pos","%"]
[null,1,5,"a","a","a","a","a","a","a","a","a","a","a","a","a","a","a","a","A","A","A","A","A","A","A","A",null,null,null,null,null,null,null,null,null,null,null,null,null,null,null,null,null,null,null,null,null,null,null,null,{"$f":"COUNTIF(D2307:AY2311,\"A\")+COUNTIF(D2307:AY2311,\"B\")","v":100},{"$f":"+AZ2307/BJ2305*BK2305","v":50},{"$f":"+BA2307+BO2305","v":100},{"$f":"IF(AZ2307=BB2308,\"OK\",BB2307/'Control de Avance'!$BT$3)","v":0.44444444444444442}]
[null,1,null,null,null,null,null,null,null,null,null,null,null,null,null,null,null,null,null,null,null,null,null,null,null,null,null,null,null,null,null,null,null,null,null,null,null,null,null,null,null,null,null,null,null,null,null,null,null,null,null,"Saldo",{"$f":"+BB2308/BJ2305*BK2305-BC2310-BC2311","v":70},"Sem",{"$f":"IF(AZ2307=BB2308,\"OK\",IF(BC2311=0,\"NA\",BA2312/BC2311))","v":"NA"}]
[null,1,5,"A","A","a","a","a","a","a","a","a","a","a","a","a","a","a","a","A","A","A","A","A","A","A","A","V","V",null,null,null,null,null,null,null,null,null,null,null,null,null,null,null,null,null,null,null,null,null,null,{"$f":"COUNTIF(D2317:AY2321,\"A\")+COUNTIF(D2317:AY2321,\"B\")","v":108},{"$f":"+AZ2317/BJ2315*BK2315","v":54},{"$f":"+BA2317+BO2315","v":108},{"$f":"IF(AZ2317=BB2318,\"OK\",BB2317/'Control de Avance'!$BT$3)","v":0.48}]
[null,1,null,null,null,null,null,null,null,null,null,null,null,null,null,null,null,null,null,null,null,null,null,null,null,null,null,null,null,null,null,null,null,null,null,null,null,null,null,null,null,null,null,null,null,null,null,null,null,null,null,"Saldo",{"$f":"+BB2318/BJ2315*BK2315-BC2320-BC2321","v":66},"Sem",{"$f":"IF(AZ2317=BB2318,\"OK\",IF(BC2321=0,\"NA\",BA2322/BC2321))","v":33}]
[null,1]
[null,1,5,"a","a","a","a","a","a","a","a","a","a","a","a","A","A","A","A","A","A","A","A","B","B","B","B",null,null,null,null,null,null,null,null,null,null,null,null,null,null,null,null,null,null,null,null,null,null,null,null,{"$f":"COUNTIF(D2327:AY2331,\"A\")+COUNTIF(D2327:AY2331,\"B\")","v":100},{"$f":"+AZ2327/BJ2325*BK2325","v":50},{"$f":"+BA2327+BO2325","v":100},{"$f":"IF(AZ2327=BB2328,\"OK\",BB2327/'Control de Avance'!$BT$3)","v":0.44444444444444442}]
[null,1,null,null,null,null,null,null,null,null,null,null,null,null,null,null,null,null,null,null,null,null,null,null,null,null,null,null,null,null,null,null,null,null,null,null,null,null,null,null,null,null,null,null,null,null,null,null,null,null,null,"Saldo",{"$f":"+BB2328/BJ2325*BK2325-BC2330-BC2331","v":70},"Sem",{"$f":"IF(AZ2327=BB2328,\"OK\",IF(BC2331=0,\"NA\",BA2332/BC2331))","v":17.5}]
[null,1,5,"A","A","A","A","a","a","a","a","A","A","A","A","L","L","M","M",null,null,null,null,null,null,null,null,null,null,null,null,null,null,null,null,null,null,null,null,null,null,null,null,null,null,null,null,null,null,null,null,{"$f":"COUNTIF(D2337:AY2341,\"A\")+COUNTIF(D2337:AY2341,\"B\")","v":60},{"$f":"+AZ2337/BJ2335*BK2335","v":30},{"$f":"+BA2337+BO2335","v":60},{"$f":"IF(AZ2337=BB2338,\"OK\",BB2337/'Control de Avance'!$BT$3)","v":0.26666666666666666}]
[null,1,4,"A","A","A","A","a","a","a","a","A","A","A","A","W","W","J","J",null,null,null,null,null,null,null,null,null,null,null,null,null,null,null,null,null,null,null,null,null,null,null,null,null,null,null,null,null,null,null,null,"N° Total Und Prod:",null,{"$f":"VLOOKUP('Dibujo Edificios'!$A$124,'Otras Tablas'!$G$2:$H$31,2,FALSE)","v":240}]
[null,1]
[null,1,4,"A","A","A","A","a","a","a","a","A","A","A","A","W","W","J","J",null,null,null,null,null,null,null,null,null,null,null,null,null,null,null,null,null,null,null,null,null,null,null,null,null,null,null,null,null,null,null,null,"N° Total Und Prod:",null,{"$f":"VLOOKUP('Dibujo Edificios'!$A$124,'Otras Tablas'!$G$2:$H$31,2,FALSE)","v":240}]
[null,1]
[]
[null,1,4,"A","A","A","A","a","a","a","a","A","A","A","A","W","W","J","J",null,null,null,null,null,null,null,null,null,null,null,null,null,null,null,null,null,null,null,null,null,null,null,null,null,null,null,null,null,null,null,null,"N° Total Und Prod:",null,{"$f":"VLOOKUP('Dibujo Edificios'!$A$124,'Otras Tablas'!$G$2:$H$31,2,FALSE)","v":240}]
[null,1]
[null,1,4,"a","a","a","a","a","a","a","a","a","a","a","a","CL","CL","CL","CL","L","L","L","L",null,null,null,null,null,null,null,null,null,null,null,null,null,null,null,null,null,null,null,null,null,null,null,null,null,null,null,null,"N° Total Und Prod:",null,{"$f":"VLOOKUP('Dibujo Edificios'!$A$124,'Otras Tablas'!$G$2:$H$31,2,FALSE)","v":240}]
[null,1,3,"a","a","a","a","a","a","a","a","A","A","A","A","CL","CL","CL","CL","L","L","L","L",null,null,null,null,null,null,null,null,null,null,null,null,null,null,null,null,null,null,null,null,null,null,null,null,null,null,null,null,"Proyección avance actual",null,null,{"$f":"IF(AZ2367=BB2368,\"OK\",IF(BC2371=0,\"NA\",(BB2368/BJ2365*BK2365+BQ2365)/('Control de Avance'!$BT$3+BC2372*5)))","v":"NA"}]
[]
[null,1,3,"A","A","A","A","A","A","A","A","A","A","A","A","A","A","A","A","A","A","A","A",null,null,null,null,null,null,null,null,null,null,null,null,null,null,null,null,null,null,null,null,null,null,null,null,null,null,null,null,"Proyección avance actual",null,null,{"$f":"IF(AZ2377=BB2378,\"OK\",IF(BC2381=0,\"NA\",(BB2378/BJ2375*BK2375+BQ2375)/('Control de Avance'!$BT$3+BC2382*5)))","v":"NA"}]
[null,1]
[]
[null,1,3,"A","A","A","A","A","A","A","A","A","A","A","A","A","A","A","A",null,null,null,null,null,null,null,null,null,null,null,null,null,null,null,null,null,null,null,null,null,null,null,null,null,null,null,null,null,null,null,null,"Proyección avance actual",null,null,{"$f":"IF(AZ2387=BB2388,\"OK\",IF(BC2391=0,\"NA\",(BB2388/BJ2385*BK2385+BQ2385)/('Control de Avance'!$BT$3+BC2392*5)))","v":"NA"}]
[]
[null,1,3,"A","A","A","A","a","A","A","A","A","A","A","A","A","A","A","A","A","A","A","A","V","V",null,null,null,null,null,null,null,null,null,null,null,null,null,null,null,null,null,null,null,null,null,null,null,null,null,null,"Proyección avance actual",null,null,{"$f":"IF(AZ2397=BB2398,\"OK\",IF(BC2401=0,\"NA\",(BB2398/BJ2395*BK2395+BQ2395)/('Control de Avance'!$BT$3+BC2402*5)))","v":0.80959999999999999}]
[null,1,2,"A","A","A","A","A","A","a","a","A","A","A","A","A","A","A","A","A","A","A","A",null,null,null,null,null,null,null,null,null,null,null,null,null,null,null,null,null,null,null,null,null,null,null,null,null,null,null,null,"Frentes anteriores",null,null,{"$f":"COUNTIF(D2397:AC2401,\"A\")/BJ2395*BK2395","v":46}]
["TERM",{"$f":"IF((OR($BT$5<$BP$2405-5,AND($BC$2407=\"OK\",COUNTIF($D$2407:$AY$2411,\"B\")=0))),0,1)","v":1},"Instalar tapas de artefactos, tablero y tapas ciegas con papel",null,null,null,null,null,null,null,null,null,null,null,null,null,null,null,null,null,null,null,null,null,null,null,null,null,null,null,null,null,null,null,null,null,null,null,null,null,null,null,null,null,null,null,null,null,null,null,null,null,null,null,null,"ELÉCTRICO T","centro",{"$f":"VLOOKUP(C2405,'Act. Proyecto'!$I$3:$Q$881,4,FALSE)","v":33.208333333333336},{"$f":"VLOOKUP(C2405,'Act. Proyecto'!$I$3:$Q$881,5,FALSE)","v":59},{"$f":"IFERROR(BF2405*BG2405,0)","v":1959.2916666666667},{"$f":"VLOOKUP(C2405,'Act. Proyecto'!$I$3:$Q$881,7,FALSE)","v":"Depto"},{"$f":"VLOOKUP(C2405,'Act. Proyecto'!$I$3:$Q$881,8,FALSE)","v":20},{"$f":"VLOOKUP(C2405,'Act. Proyecto'!$I$3:$Q$881,9,FALSE)","v":10},{"$f":"IFERROR(BJ2405/BK2405,0)","v":2},{"$f":"IFERROR(BL2405*BH2405,0)","v":3918.5833333333335},{"$f":"$AZ$2407*$BH$2405","v":148906.16666666669},{"$f":"IF($BM$2405=0,0,$BN$2405/$BM$2405)","v":38},86,{"$f":"$BP$2405+$BO$2405-1","v":123},{"$f":"BM2405*B2405","v":3918.5833333333335},{"$f":"BR2405*BQ2405","v":481985.75}]
[null,1,2,"A","A","A","A","A","A","A","A","A","A","A","A","B","B","B","B","W","W","W","W",null,null,null,null,null,null,null,null,null,null,null,null,null,null,null,null,null,null,null,null,null,null,null,null,null,null,null,null,"Frentes anteriores",null,null,{"$f":"COUNTIF(D2407:AC2411,\"A\")/BJ2405*BK2405","v":28}]
[]
["TERM",{"$f":"IF((OR($BT$5<$BP$2415-5,AND($BC$2417=\"OK\",COUNTIF($D$2417:$AY$2421,\"B\")=0))),0,1)","v":1},"Instalación quincallería y cuadre de ventana",null,null,null,null,null,null,null,null,null,null,null,null,null,null,null,null,null,null,null,null,null,null,null,null,null,null,null,null,null,null,null,null,null,null,null,null,null,null,null,null,null,null,null,null,null,null,null,null,null,null,null,null,"ALUMINIO","depto",{"$f":"VLOOKUP(C2415,'Act. Proyecto'!$I$3:$Q$881,4,FALSE)","v":4.770833333333333},{"$f":"VLOOKUP(C2415,'Act. Proyecto'!$I$3:$Q$881,5,FALSE)","v":430},{"$f":"IFERROR(BF2415*BG2415,0)","v":2051.458333333333},{"$f":"VLOOKUP(C2415,'Act. Proyecto'!$I$3:$Q$881,7,FALSE)","v":"Depto"},{"$f":"VLOOKUP(C2415,'Act. Proyecto'!$I$3:$Q$881,8,FALSE)","v":20},{"$f":"VLOOKUP(C2415,'Act. Proyecto'!$I$3:$Q$881,9,FALSE)","v":10},{"$f":"IFERROR(BJ2415/BK2415,0)","v":2},{"$f":"IFERROR(BL2415*BH2415,0)","v":4102.9166666666661},{"$f":"$AZ$2417*$BH$2415","v":110778.74999999999},{"$f":"IF($BM$2415=0,0,$BN$2415/$BM$2415)","v":27},86,{"$f":"$BP$2415+$BO$2415-1","v":112},{"$f":"BM2415*B2415","v":4102.9166666666661},{"$f":"BR2415*BQ2415","v":459526.66666666663}]
[null,1,2,"A","A","A","A","A","A","A","A","b","b","b","b",null,null,null,null,null,null,null,null,null,null,null,null,null,null,null,null,null,null,null,null,null,null,null,null,null,null,null,null,null,null,null,null,null,null,null,null,"Frentes anteriores",null,null,{"$f":"COUNTIF(D2417:AC2421,\"A\")/BJ2415*BK2415","v":24}]
["TERM",{"$f":"IF((OR($BT$5<$BP$2425-5,AND($BC$2427=\"OK\",COUNTIF($D$2427:$AY$2431,\"B\")=0))),0,1)","v":1},"Accesorios finales aluminios",null,null,null,null,null,null,null,null,null,null,null,null,null,null,null,null,null,null,null,null,null,null,null,null,null,null,null,null,null,null,null,null,null,null,null,null,null,null,null,null,null,null,null,null,null,null,null,null,null,null,null,null,"ALUMINIO","depto",{"$f":"VLOOKUP(C2425,'Act. Proyecto'!$I$3:$Q$881,4,FALSE)","v":4.770833333333333},{"$f":"VLOOKUP(C2425,'Act. Proyecto'!$I$3:$Q$881,5,FALSE)","v":325},{"$f":"IFERROR(BF2425*BG2425,0)","v":1550.5208333333333},{"$f":"VLOOKUP(C2425,'Act. Proyecto'!$I$3:$Q$881,7,FALSE)","v":"Depto"},{"$f":"VLOOKUP(C2425,'Act. Proyecto'!$I$3:$Q$881,8,FALSE)","v":20},{"$f":"VLOOKUP(C2425,'Act. Proyecto'!$I$3:$Q$881,9,FALSE)","v":10},{"$f":"IFERROR(BJ2425/BK2425,0)","v":2},{"$f":"IFERROR(BL2425*BH2425,0)","v":3101.0416666666665},{"$f":"$AZ$2427*$BH$2425","v":83728.125},{"$f":"IF($BM$2425=0,0,$BN$2425/$BM$2425)","v":27},87,{"$f":"$BP$2425+$BO$2425-1","v":113},{"$f":"BM2425*B2425","v":3101.0416666666665},{"$f":"BR2425*BQ2425","v":350417.70833333331}]
[null,1,2,"A","A","A","A","A","A","A","A","b","b","b","b",null,null,null,null,null,null,null,null,null,null,null,null,null,null,null,null,null,null,null,null,null,null,null,null,null,null,null,null,null,null,null,null,null,null,null,null,"Frentes anteriores",null,null,{"$f":"COUNTIF(D2427:AC2431,\"A\")/BJ2425*BK2425","v":24}]
[null,1,1,null,null,null,null,"A","A","A","A","b","b","L","L",null,null,null,null,null,null,null,null,null,null,null,null,null,null,null,null,null,null,null,null,null,null,null,null,null,null,null,null,null,null,null,null,null,null,null,null,"Frentes semana actual",null,null,{"$f":"COUNTIF(D2427:AC2431,\"B\")/BJ2425*BK2425","v":3}]
[null,0,5,null,null,null,null,null,null,null,null,null,null,null,null,null,null,null,null,null,null,null,null,null,null,null,null,null,null,null,null,null,null,null,null,null,null,null,null,null,null,null,null,null,null,null,null,null,null,null,null,{"$f":"COUNTIF(D2437:AY2441,\"A\")+COUNTIF(D2437:AY2441,\"B\")","v":0},null,null,{"$f":"IF(AZ2437=BB2438,\"OK\",BB2437/'Control de Avance'!$BT$3)","v":0}]
[null,0,2,null,null,null,null,null,null,null,null,null,null,null,null,null,null,null,null,null,null,null,null,null,null,null,null,null,null,null,null,null,null,null,null,null,null,null,null,null,null,null,null,null,null,null,null,null,null,null,null,"Frentes anteriores"]
["TERM",{"$f":"IF((OR($BT$5<$BP$2445-5,AND($BC$2447=\"OK\",COUNTIF($D$2447:$AY$2451,\"B\")=0))),0,1)","v":1},"Sello neutro interior ventana cocina ",null,null,null,null,null,null,null,null,null,null,null,null,null,null,null,null,null,null,null,null,null,null,null,null,null,null,null,null,null,null,null,null,null,null,null,null,null,null,null,null,null,null,null,null,null,null,null,null,null,null,null,null,"CARP. ACCESORIOS","ml",{"$f":"VLOOKUP(C2445,'Act. Proyecto'!$I$3:$Q$881,4,FALSE)","v":3.3699999999999997},{"$f":"VLOOKUP(C2445,'Act. Proyecto'!$I$3:$Q$881,5,FALSE)","v":55},{"$f":"IFERROR(BF2445*BG2445,0)","v":185.35},{"$f":"VLOOKUP(C2445,'Act. Proyecto'!$I$3:$Q$881,7,FALSE)","v":"Depto"},{"$f":"VLOOKUP(C2445,'Act. Proyecto'!$I$3:$Q$881,8,FALSE)","v":20},{"$f":"VLOOKUP(C2445,'Act. Proyecto'!$I$3:$Q$881,9,FALSE)","v":10},{"$f":"IFERROR(BJ2445/BK2445,0)","v":2},{"$f":"IFERROR(BL2445*BH2445,0)","v":370.7},{"$f":"$AZ$2447*$BH$2445","v":0},{"$f":"IF($BM$2445=0,0,$BN$2445/$BM$2445)","v":0},86,{"$f":"$BP$2445+$BO$2445-1","v":85},{"$f":"BM2445*B2445","v":370.7},{"$f":"BR2445*BQ2445","v":31509.5}]
[null,{"$f":"$B$2445","v":1},null,"F1.1","F1.2","F2.1","F2.2","F3.1","F3.2","F4.1","F4.2","F5.1","F5.2","F6.1","F6.2","F7.1","F7.2","F8.1","F8.2","F9.1","F9.2","F10.1","F10.2","F11.1","F11.2","F12.1","F12.2","F13.1","F13.2","F14.1","F14.2","F15.1","F15.2","F16.1","F16.2","F17.1","F17.2","F18.1","F18.2","F19.1","F19.2","F20.1","F20.2","F21.1","F21.2","F22.1","F22.2","F23.1","F23.2","F24.1","F24.2","N° Unid Prod","N° Frentes","Pos","%"]
[null,1,1,null,null,null,null,null,null,null,null,null,null,null,null,null,null,null,null,null,null,null,null,null,null,null,null,null,null,null,null,null,null,null,null,null,null,null,null,null,null,null,null,null,null,null,null,null,null,null,null,"Frentes semana actual",null,null,{"$f":"COUNTIF(D2447:AC2451,\"B\")/BJ2445*BK2445","v":0}]
[null,{"$f":"$B$2455","v":1},null,"F1.1","F1.2","F2.1","F2.2","F3.1","F3.2","F4.1","F4.2","F5.1","F5.2","F6.1","F6.2","F7.1","F7.2","F8.1","F8.2","F9.1","F9.2","F10.1","F10.2","F11.1","F11.2","F12.1","F12.2","F13.1","F13.2","F14.1","F14.2","F15.1","F15.2","F16.1","F16.2","F17.1","F17.2","F18.1","F18.2","F19.1","F19.2","F20.1","F20.2","F21.1","F21.2","F22.1","F22.2","F23.1","F23.2","F24.1","F24.2","N° Unid Prod","N° Frentes","Pos","%"]
[null,1,1,"J","J","J","J","A","A","A","A","A","A","A","A","a","a","a","a",null,null,null,null,null,null,null,null,null,null,null,null,null,null,null,null,null,null,null,null,null,null,null,null,null,null,null,null,null,null,null,null,"Frentes semana actual",null,null,{"$f":"COUNTIF(D2457:AC2461,\"B\")/BJ2455*BK2455","v":0}]
[null,1]
[null,{"$f":"$B$2465","v":1},null,"F1.1","F1.2","F2.1","F2.2","F3.1","F3.2","F4.1","F4.2","F5.1","F5.2","F6.1","F6.2","F7.1","F7.2","F8.1","F8.2","F9.1","F9.2","F10.1","F10.2","F11.1","F11.2","F12.1","F12.2","F13.1","F13.2","F14.1","F14.2","F15.1","F15.2","F16.1","F16.2","F17.1","F17.2","F18.1","F18.2","F19.1","F19.2","F20.1","F20.2","F21.1","F21.2","F22.1","F22.2","F23.1","F23.2","F24.1","F24.2","N° Unid Prod","N° Frentes","Pos","%"]
[null,1,1,null,null,null,null,"A","A","A","A","A","A","A","A",null,null,null,null,null,null,null,null,null,null,null,null,null,null,null,null,null,null,null,null,null,null,null,null,null,null,null,null,null,null,null,null,null,null,null,null,"Frentes semana actual",null,null,{"$f":"COUNTIF(D2467:AC2471,\"B\")/BJ2465*BK2465","v":0}]
[null,{"$f":"$B$2475","v":1},null,"F1.1","F1.2","F2.1","F2.2","F3.1","F3.2","F4.1","F4.2","F5.1","F5.2","F6.1","F6.2","F7.1","F7.2","F8.1","F8.2","F9.1","F9.2","F10.1","F10.2","F11.1","F11.2","F12.1","F12.2","F13.1","F13.2","F14.1","F14.2","F15.1","F15.2","F16.1","F16.2","F17.1","F17.2","F18.1","F18.2","F19.1","F19.2","F20.1","F20.2","F21.1","F21.2","F22.1","F22.2","F23.1","F23.2","F24.1","F24.2","N° Unid Prod","N° Frentes","Pos","%"]
[null,1,5,"A","A","A","A","A","A","A","A","B","B","B","B",null,null,null,null,null,null,null,null,null,null,null,null,null,null,null,null,null,null,null,null,null,null,null,null,null,null,null,null,null,null,null,null,null,null,null,null,{"$f":"COUNTIF(D2477:AY2481,\"A\")+COUNTIF(D2477:AY2481,\"B\")","v":56},{"$f":"+AZ2477/BJ2475*BK2475","v":28},{"$f":"+BA2477+BO2475","v":28},{"$f":"IF(AZ2477=BB2478,\"OK\",BB2477/'Control de Avance'!$BT$3)","v":0.12444444444444444}]
[null,1,null,null,null,null,null,null,null,null,null,null,null,null,null,null,null,null,null,null,null,null,null,null,null,null,null,null,null,null,null,null,null,null,null,null,null,null,null,null,null,null,null,null,null,null,null,null,null,null,null,"Saldo",{"$f":"+BB2478/BJ2475*BK2475-BC2480-BC2481","v":92},"Sem",{"$f":"IF(AZ2477=BB2478,\"OK\",IF(BC2481=0,\"NA\",BA2482/BC2481))","v":9.1999999999999993}]
[null,1,5,"A","A","A","A","A","A","A","A","A","A","A","A","A","A","A","A","A","A","A","A","B","B","B","B","W","W","J","J",null,null,null,null,null,null,null,null,null,null,null,null,null,null,null,null,null,null,null,null,{"$f":"COUNTIF(D2487:AY2491,\"A\")+COUNTIF(D2487:AY2491,\"B\")","v":100},{"$f":"+AZ2487/BJ2485*BK2485","v":50},{"$f":"+BA2487+BO2485","v":100},{"$f":"IF(AZ2487=BB2488,\"OK\",BB2487/'Control de Avance'!$BT$3)","v":0.44444444444444442}]
[null,1,2,"A","A","A","A","A","A","A","A","A","A","A","A","A","A","A","A","A","A","A","A",null,null,null,null,null,null,null,null,null,null,null,null,null,null,null,null,null,null,null,null,null,null,null,null,null,null,null,null,"Frentes anteriores",null,null,{"$f":"COUNTIF(D2487:AC2491,\"A\")/BJ2485*BK2485","v":46}]
[null,1,null,null,null,null,null,null,null,null,null,null,null,null,null,null,null,null,null,null,null,null,null,null,null,null,null,null,null,null,null,null,null,null,null,null,null,null,null,null,null,null,null,null,null,null,null,null,null,null,null,"Saldo",{"$f":"+BB2488/BJ2485*BK2485-BC2490-BC2491","v":70},"Sem",{"$f":"IF(AZ2487=BB2488,\"OK\",IF(BC2491=0,\"NA\",BA2492/BC2491))","v":17.5}]
[null,1,5,"A","A","A","A","A","A","A","A","A","A","A","A","A","A","A","A","A","A","A","A","B","B","B","B","W","W","J","J",null,null,null,null,null,null,null,null,null,null,null,null,null,null,null,null,null,null,null,null,{"$f":"COUNTIF(D2497:AY2501,\"A\")+COUNTIF(D2497:AY2501,\"B\")","v":100},{"$f":"+AZ2497/BJ2495*BK2495","v":50},{"$f":"+BA2497+BO2495","v":100},{"$f":"IF(AZ2497=BB2498,\"OK\",BB2497/'Control de Avance'!$BT$3)","v":0.44444444444444442}]
[null,1,null,null,null,null,null,null,null,null,null,null,null,null,null,null,null,null,null,null,null,null,null,null,null,null,null,null,null,null,null,null,null,null,null,null,null,null,null,null,null,null,null,null,null,null,null,null,null,null,null,"Saldo",{"$f":"+BB2498/BJ2495*BK2495-BC2500-BC2501","v":70},"Sem",{"$f":"IF(AZ2497=BB2498,\"OK\",IF(BC2501=0,\"NA\",BA2502/BC2501))","v":17.5}]
[null,1,5,"A","A","A","A","A","A","A","A","B","B","B","B",null,null,null,null,null,null,null,null,null,null,null,null,null,null,null,null,null,null,null,null,null,null,null,null,null,null,null,null,null,null,null,null,null,null,null,null,{"$f":"COUNTIF(D2507:AY2511,\"A\")+COUNTIF(D2507:AY2511,\"B\")","v":40},{"$f":"+AZ2507/BJ2505*BK2505","v":20},{"$f":"+BA2507+BO2505","v":40},{"$f":"IF(AZ2507=BB2508,\"OK\",BB2507/'Control de Avance'!$BT$3)","v":0.17777777777777778}]
[null,1,4,"A","A","A","A","A","A","A","A","B","B","B","B",null,null,null,null,null,null,null,null,null,null,null,null,null,null,null,null,null,null,null,null,null,null,null,null,null,null,null,null,null,null,null,null,null,null,null,null,"N° Total Und Prod:",null,{"$f":"VLOOKUP('Dibujo Edificios'!$A$124,'Otras Tablas'!$G$2:$H$31,2,FALSE)","v":240}]
[null,1]
[null,1,5,"A","A","A","A","A","A","A","A","B","B","B","B",null,null,null,null,null,null,null,null,null,null,null,null,null,null,null,null,null,null,null,null,null,null,null,null,null,null,null,null,null,null,null,null,null,null,null,null,{"$f":"COUNTIF(D2517:AY2521,\"A\")+COUNTIF(D2517:AY2521,\"B\")","v":40},{"$f":"+AZ2517/BJ2515*BK2515","v":20},{"$f":"+BA2517+BO2515","v":40},{"$f":"IF(AZ2517=BB2518,\"OK\",BB2517/'Control de Avance'!$BT$3)","v":0.17777777777777778}]
[null,1,null,null,null,null,null,null,null,null,null,null,null,null,null,null,null,null,null,null,null,null,null,null,null,null,null,null,null,null,null,null,null,null,null,null,null,null,null,null,null,null,null,null,null,null,null,null,null,null,null,"Saldo",{"$f":"+BB2518/BJ2515*BK2515-BC2520-BC2521","v":100},"Sem",{"$f":"IF(AZ2517=BB2518,\"OK\",IF(BC2521=0,\"NA\",BA2522/BC2521))","v":25}]
[null,1]
[null,1,4,"A","A","A","A","a","a","a","a","A","A","A","A","W","W","J","J",null,null,null,null,null,null,null,null,null,null,null,null,null,null,null,null,null,null,null,null,null,null,null,null,null,null,null,null,null,null,null,null,"N° Total Und Prod:",null,{"$f":"VLOOKUP('Dibujo Edificios'!$A$124,'Otras Tablas'!$G$2:$H$31,2,FALSE)","v":240}]
[null,1]
[null,1,4,"a","a","a","a","A","A","A","A","A","A","A","A","A","A","A","A","A","A","A","A",null,null,null,null,null,null,null,null,null,null,null,null,null,null,null,null,null,null,null,null,null,null,null,null,null,null,null,null,"N° Total Und Prod:",null,{"$f":"VLOOKUP('Dibujo Edificios'!$A$124,'Otras Tablas'!$G$2:$H$31,2,FALSE)","v":240}]
[null,1,3,"a","a","a","a","A","A","A","A","A","A","A","A","A","A","A","A","A","A","A","A",null,null,null,null,null,null,null,null,null,null,null,null,null,null,null,null,null,null,null,null,null,null,null,null,null,null,null,null,"Proyección avance actual",null,null,{"$f":"IF(AZ2537=BB2538,\"OK\",IF(BC2541=0,\"NA\",(BB2538/BJ2535*BK2535+BQ2535)/('Control de Avance'!$BT$3+BC2542*5)))","v":"NA"}]
[null,1]
[null,1,4,"a","a","a","a","A","A","A","A","A","A","A","A","A","A","A","A","A","A","A","A",null,null,null,null,null,null,null,null,null,null,null,null,null,null,null,null,null,null,null,null,null,null,null,null,null,null,null,null,"N° Total Und Prod:",null,{"$f":"VLOOKUP('Dibujo Edificios'!$A$124,'Otras Tablas'!$G$2:$H$31,2,FALSE)","v":240}]
[null,1]
[]
[null,1,3,null,null,null,null,null,null,null,null,null,null,null,null,null,null,null,null,null,null,null,null,null,null,null,null,null,null,null,null,null,null,null,null,null,null,null,null,null,null,null,null,null,null,null,null,null,null,null,null,"Proyección avance actual",null,null,{"$f":"IF(AZ2557=BB2558,\"OK\",IF(BC2561=0,\"NA\",(BB2558/BJ2555*BK2555+BQ2555)/('Control de Avance'!$BT$3+BC2562*5)))","v":"NA"}]
[]
[null,{"$f":"$B$2565","v":1},null,"F1.1","F1.2","F2.1","F2.2","F3.1","F3.2","F4.1","F4.2","F5.1","F5.2","F6.1","F6.2","F7.1","F7.2","F8.1","F8.2","F9.1","F9.2","F10.1","F10.2","F11.1","F11.2","F12.1","F12.2","F13.1","F13.2","F14.1","F14.2","F15.1","F15.2","F16.1","F16.2","F17.1","F17.2","F18.1","F18.2","F19.1","F19.2","F20.1","F20.2","F21.1","F21.2","F22.1","F22.2","F23.1","F23.2","F24.1","F24.2","N° Unid Prod","N° Frentes","Pos","%"]
[null,1,3,"a","a","a","a","A","A","A","A","A","A","A","A","A","A","A","A","V","V",null,null,null,null,null,null,null,null,null,null,null,null,null,null,null,null,null,null,null,null,null,null,null,null,null,null,null,null,null,null,"Proyección avance actual",null,null,{"$f":"IF(AZ2567=BB2568,\"OK\",IF(BC2571=0,\"NA\",(BB2568/BJ2565*BK2565+BQ2565)/('Control de Avance'!$BT$3+BC2572*5)))","v":"NA"}]
[]
[null,1,3,"A","A","A","A","A","A","A","A","B","B","B","B",null,null,null,null,null,null,null,null,null,null,null,null,null,null,null,null,null,null,null,null,null,null,null,null,null,null,null,null,null,null,null,null,null,null,null,null,"Proyección avance actual",null,null,{"$f":"IF(AZ2577=BB2578,\"OK\",IF(BC2581=0,\"NA\",(BB2578/BJ2575*BK2575+BQ2575)/('Control de Avance'!$BT$3+BC2582*5)))","v":0.76017569546120067}]
[]
["TERM",{"$f":"IF((OR($BT$5<$BP$2585-5,AND($BC$2587=\"OK\",COUNTIF($D$2587:$AY$2591,\"B\")=0))),0,1)","v":1},"Detalle de closet",null,null,null,null,null,null,null,null,null,null,null,null,null,null,null,null,null,null,null,null,null,null,null,null,null,null,null,null,null,null,null,null,null,null,null,null,null,null,null,null,null,null,null,null,null,null,null,null,null,null,null,null,"MUEBLISTA","dh",{"$f":"VLOOKUP(C2585,'Act. Proyecto'!$I$3:$Q$881,4,FALSE)","v":0},{"$f":"VLOOKUP(C2585,'Act. Proyecto'!$I$3:$Q$881,5,FALSE)","v":1},{"$f":"IFERROR(BF2585*BG2585,0)","v":0},{"$f":"VLOOKUP(C2585,'Act. Proyecto'!$I$3:$Q$881,7,FALSE)","v":"Depto"},{"$f":"VLOOKUP(C2585,'Act. Proyecto'!$I$3:$Q$881,8,FALSE)","v":20},{"$f":"VLOOKUP(C2585,'Act. Proyecto'!$I$3:$Q$881,9,FALSE)","v":10},{"$f":"IFERROR(BJ2585/BK2585,0)","v":2},{"$f":"IFERROR(BL2585*BH2585,0)","v":0},{"$f":"$AZ$2587*$BH$2585","v":0},{"$f":"IF($BM$2585=0,0,$BN$2585/$BM$2585)","v":0},91,{"$f":"$BP$2585+$BO$2585-1","v":90},{"$f":"BM2585*B2585","v":0},{"$f":"BR2585*BQ2585","v":0}]
[null,1,2,"A","A","A","A","C","C","C","C","C","C","C","C","L","L","L","L",null,null,null,null,null,null,null,null,null,null,null,null,null,null,null,null,null,null,null,null,null,null,null,null,null,null,null,null,null,null,null,null,"Frentes anteriores",null,null,{"$f":"COUNTIF(D2587:AC2591,\"A\")/BJ2585*BK2585","v":8}]
["TERM",{"$f":"IF((OR($BT$5<$BP$2595-5,AND($BC$2597=\"OK\",COUNTIF($D$2597:$AY$2601,\"B\")=0))),0,1)","v":1},"Cubrejunta Plastica Alfombra / D+B+C+ACC ",null,null,null,null,null,null,null,null,null,null,null,null,null,null,null,null,null,null,null,null,null,null,null,null,null,null,null,null,null,null,null,null,null,null,null,null,null,null,null,null,null,null,null,null,null,null,null,null,null,null,null,null,"CARP. ACCESORIOS","ml",{"$f":"VLOOKUP(C2595,'Act. Proyecto'!$I$3:$Q$881,4,FALSE)","v":5.2912500000000007},{"$f":"VLOOKUP(C2595,'Act. Proyecto'!$I$3:$Q$881,5,FALSE)","v":540},{"$f":"IFERROR(BF2595*BG2595,0)","v":2857.2750000000005},{"$f":"VLOOKUP(C2595,'Act. Proyecto'!$I$3:$Q$881,7,FALSE)","v":"Depto"},{"$f":"VLOOKUP(C2595,'Act. Proyecto'!$I$3:$Q$881,8,FALSE)","v":20},{"$f":"VLOOKUP(C2595,'Act. Proyecto'!$I$3:$Q$881,9,FALSE)","v":10},{"$f":"IFERROR(BJ2595/BK2595,0)","v":2},{"$f":"IFERROR(BL2595*BH2595,0)","v":5714.5500000000011},{"$f":"$AZ$2597*$BH$2595","v":205723.80000000005},{"$f":"IF($BM$2595=0,0,$BN$2595/$BM$2595)","v":36},91,{"$f":"$BP$2595+$BO$2595-1","v":126},{"$f":"BM2595*B2595","v":5714.5500000000011},{"$f":"BR2595*BQ2595","v":720033.30000000016}]
[null,1,3,"A","A","A","A","A","A","A","A","A","A","A","A","A","A","A","A","V","V","V","V",null,null,null,null,null,null,null,null,null,null,null,null,null,null,null,null,null,null,null,null,null,null,null,null,null,null,null,null,"Proyección avance actual",null,null,{"$f":"IF(AZ2597=BB2598,\"OK\",IF(BC2601=0,\"NA\",(BB2598/BJ2595*BK2595+BQ2595)/('Control de Avance'!$BT$3+BC2602*5)))","v":"NA"}]
[null,1,2,"A","A","A","A","A","A","A","A","A","A","A","A","A","A","A","A",null,null,null,null,null,null,null,null,null,null,null,null,null,null,null,null,null,null,null,null,null,null,null,null,null,null,null,null,null,null,null,null,"Frentes anteriores",null,null,{"$f":"COUNTIF(D2597:AC2601,\"A\")/BJ2595*BK2595","v":36}]
["TERM",{"$f":"IF((OR($BT$5<$BP$2605-5,AND($BC$2607=\"OK\",COUNTIF($D$2607:$AY$2611,\"B\")=0))),0,1)","v":1},"Tope puertas (puertas interiores)",null,null,null,null,null,null,null,null,null,null,null,null,null,null,null,null,null,null,null,null,null,null,null,null,null,null,null,null,null,null,null,null,null,null,null,null,null,null,null,null,null,null,null,null,null,null,null,null,null,null,null,null,"CARP. ACCESORIOS","cu",{"$f":"VLOOKUP(C2605,'Act. Proyecto'!$I$3:$Q$881,4,FALSE)","v":5},{"$f":"VLOOKUP(C2605,'Act. Proyecto'!$I$3:$Q$881,5,FALSE)","v":295},{"$f":"IFERROR(BF2605*BG2605,0)","v":1475},{"$f":"VLOOKUP(C2605,'Act. Proyecto'!$I$3:$Q$881,7,FALSE)","v":"Depto"},{"$f":"VLOOKUP(C2605,'Act. Proyecto'!$I$3:$Q$881,8,FALSE)","v":20},{"$f":"VLOOKUP(C2605,'Act. Proyecto'!$I$3:$Q$881,9,FALSE)","v":10},{"$f":"IFERROR(BJ2605/BK2605,0)","v":2},{"$f":"IFERROR(BL2605*BH2605,0)","v":2950},{"$f":"$AZ$2607*$BH$2605","v":147500},{"$f":"IF($BM$2605=0,0,$BN$2605/$BM$2605)","v":50},91,{"$f":"$BP$2605+$BO$2605-1","v":140},{"$f":"BM2605*B2605","v":2950},{"$f":"BR2605*BQ2605","v":413000}]
[null,1,2,"a","a","a","a","a","a","a","a","A","A","A","A","A","A","A","A","A","A","A","A",null,null,null,null,null,null,null,null,null,null,null,null,null,null,null,null,null,null,null,null,null,null,null,null,null,null,null,null,"Frentes anteriores",null,null,{"$f":"COUNTIF(D2607:AC2611,\"A\")/BJ2605*BK2605","v":50}]
["TERM",{"$f":"IF((OR($BT$5<$BP$2615-5,AND($BC$2617=\"OK\",COUNTIF($D$2617:$AY$2621,\"B\")=0))),0,1)","v":1},"Junquillo",null,null,null,null,null,null,null,null,null,null,null,null,null,null,null,null,null,null,null,null,null,null,null,null,null,null,null,null,null,null,null,null,null,null,null,null,null,null,null,null,null,null,null,null,null,null,null,null,null,null,null,null,"CARP. ACCESORIOS","ml",{"$f":"VLOOKUP(C2615,'Act. Proyecto'!$I$3:$Q$881,4,FALSE)","v":45.422083333333333},{"$f":"VLOOKUP(C2615,'Act. Proyecto'!$I$3:$Q$881,5,FALSE)","v":137},{"$f":"IFERROR(BF2615*BG2615,0)","v":6222.8254166666666},{"$f":"VLOOKUP(C2615,'Act. Proyecto'!$I$3:$Q$881,7,FALSE)","v":"Depto"},{"$f":"VLOOKUP(C2615,'Act. Proyecto'!$I$3:$Q$881,8,FALSE)","v":20},{"$f":"VLOOKUP(C2615,'Act. Proyecto'!$I$3:$Q$881,9,FALSE)","v":10},{"$f":"IFERROR(BJ2615/BK2615,0)","v":2},{"$f":"IFERROR(BL2615*BH2615,0)","v":12445.650833333333},{"$f":"$AZ$2617*$BH$2615","v":510271.68416666664},{"$f":"IF($BM$2615=0,0,$BN$2615/$BM$2615)","v":41},91,{"$f":"$BP$2615+$BO$2615-1","v":131},{"$f":"BM2615*B2615","v":12445.650833333333},{"$f":"BR2615*BQ2615","v":1630380.2591666665}]
[null,{"$f":"$B$2615","v":1},null,"F1.1","F1.2","F2.1","F2.2","F3.1","F3.2","F4.1","F4.2","F5.1","F5.2","F6.1","F6.2","F7.1","F7.2","F8.1","F8.2","F9.1","F9.2","F10.1","F10.2","F11.1","F11.2","F12.1","F12.2","F13.1","F13.2","F14.1","F14.2","F15.1","F15.2","F16.1","F16.2","F17.1","F17.2","F18.1","F18.2","F19.1","F19.2","F20.1","F20.2","F21.1","F21.2","F22.1","F22.2","F23.1","F23.2","F24.1","F24.2","N° Unid Prod","N° Frentes","Pos","%"]
[null,1,null,null,null,null,null,null,null,null,null,null,null,null,null,null,null,null,null,null,null,null,null,null,null,null,null,null,null,null,null,null,null,null,null,null,null,null,null,null,null,null,null,null,null,null,null,null,null,null,null,"Saldo",{"$f":"+BB2618/BJ2615*BK2615-BC2620-BC2621","v":79},"Sem",{"$f":"IF(AZ2617=BB2618,\"OK\",IF(BC2621=0,\"NA\",BA2622/BC2621))","v":26.333333333333332}]
["TERM",{"$f":"IF((OR($BT$5<$BP$2625-5,AND($BC$2627=\"OK\",COUNTIF($D$2627:$AY$2631,\"B\")=0))),0,1)","v":1},"Segunda mano puerta DEPTO Y NICHO",null,null,null,null,null,null,null,null,null,null,null,null,null,null,null,null,null,null,null,null,null,null,null,null,null,null,null,null,null,null,null,null,null,null,null,null,null,null,null,null,null,null,null,null,null,null,null,null,null,null,null,null,"PINTOR MADERA","m2",{"$f":"VLOOKUP(C2625,'Act. Proyecto'!$I$3:$Q$881,4,FALSE)","v":19.15958333333333},{"$f":"VLOOKUP(C2625,'Act. Proyecto'!$I$3:$Q$881,5,FALSE)","v":263},{"$f":"IFERROR(BF2625*BG2625,0)","v":5038.9704166666661},{"$f":"VLOOKUP(C2625,'Act. Proyecto'!$I$3:$Q$881,7,FALSE)","v":"Depto"},{"$f":"VLOOKUP(C2625,'Act. Proyecto'!$I$3:$Q$881,8,FALSE)","v":20},{"$f":"VLOOKUP(C2625,'Act. Proyecto'!$I$3:$Q$881,9,FALSE)","v":10},{"$f":"IFERROR(BJ2625/BK2625,0)","v":2},{"$f":"IFERROR(BL2625*BH2625,0)","v":10077.940833333332},{"$f":"$AZ$2627*$BH$2625","v":382961.75166666665},{"$f":"IF($BM$2625=0,0,$BN$2625/$BM$2625)","v":38},92,{"$f":"$BP$2625+$BO$2625-1","v":129},{"$f":"BM2625*B2625","v":10077.940833333332},{"$f":"BR2625*BQ2625","v":1300054.3674999999}]
[null,1,2,"A","A","a","a","A","A","A","A","A","A","A","A","A","A","B","B",null,null,null,null,null,null,null,null,null,null,null,null,null,null,null,null,null,null,null,null,null,null,null,null,null,null,null,null,null,null,null,null,"Frentes anteriores",null,null,{"$f":"COUNTIF(D2627:AC2631,\"A\")/BJ2625*BK2625","v":35}]
[null,1,1,null,null,null,null,"A","A","A","A","A","A","A","A","B","B","B","B",null,null,null,null,null,null,null,null,null,null,null,null,null,null,null,null,null,null,null,null,null,null,null,null,null,null,null,null,null,null,null,null,"Frentes semana actual",null,null,{"$f":"COUNTIF(D2627:AC2631,\"B\")/BJ2625*BK2625","v":3}]
[null,{"$f":"$B$2635","v":1},null,"F1.1","F1.2","F2.1","F2.2","F3.1","F3.2","F4.1","F4.2","F5.1","F5.2","F6.1","F6.2","F7.1","F7.2","F8.1","F8.2","F9.1","F9.2","F10.1","F10.2","F11.1","F11.2","F12.1","F12.2","F13.1","F13.2","F14.1","F14.2","F15.1","F15.2","F16.1","F16.2","F17.1","F17.2","F18.1","F18.2","F19.1","F19.2","F20.1","F20.2","F21.1","F21.2","F22.1","F22.2","F23.1","F23.2","F24.1","F24.2","N° Unid Prod","N° Frentes","Pos","%"]
[null,1,1,"J","J","V","V","A","A","A","A","A","A","A","A","B","B","B","B",null,null,null,null,null,null,null,null,null,null,null,null,null,null,null,null,null,null,null,null,null,null,null,null,null,null,null,null,null,null,null,null,"Frentes semana actual",null,null,{"$f":"COUNTIF(D2637:AC2641,\"B\")/BJ2635*BK2635","v":5}]
[null,{"$f":"$B$2645","v":1},null,"F1.1","F1.2","F2.1","F2.2","F3.1","F3.2","F4.1","F4.2","F5.1","F5.2","F6.1","F6.2","F7.1","F7.2","F8.1","F8.2","F9.1","F9.2","F10.1","F10.2","F11.1","F11.2","F12.1","F12.2","F13.1","F13.2","F14.1","F14.2","F15.1","F15.2","F16.1","F16.2","F17.1","F17.2","F18.1","F18.2","F19.1","F19.2","F20.1","F20.2","F21.1","F21.2","F22.1","F22.2","F23.1","F23.2","F24.1","F24.2","N° Unid Prod","N° Frentes","Pos","%"]
[null,1,3,"A","A","A","A","A","A","A","A","A","A","A","A","A","A","B","B","J","J","V","V",null,null,null,null,null,null,null,null,null,null,null,null,null,null,null,null,null,null,null,null,null,null,null,null,null,null,null,null,"Proyección avance actual",null,null,{"$f":"IF(AZ2647=BB2648,\"OK\",IF(BC2651=0,\"NA\",(BB2648/BJ2645*BK2645+BQ2645)/('Control de Avance'!$BT$3+BC2652*5)))","v":0.81107491856677527}]
[null,1,1,"J","J","V","V","A","A","A","A","A","A","A","A","B","B","B","B",null,null,null,null,null,null,null,null,null,null,null,null,null,null,null,null,null,null,null,null,null,null,null,null,null,null,null,null,null,null,null,null,"Frentes semana actual",null,null,{"$f":"COUNTIF(D2647:AC2651,\"B\")/BJ2645*BK2645","v":5}]
[null,{"$f":"$B$2655","v":1},null,"F1.1","F1.2","F2.1","F2.2","F3.1","F3.2","F4.1","F4.2","F5.1","F5.2","F6.1","F6.2","F7.1","F7.2","F8.1","F8.2","F9.1","F9.2","F10.1","F10.2","F11.1","F11.2","F12.1","F12.2","F13.1","F13.2","F14.1","F14.2","F15.1","F15.2","F16.1","F16.2","F17.1","F17.2","F18.1","F18.2","F19.1","F19.2","F20.1","F20.2","F21.1","F21.2","F22.1","F22.2","F23.1","F23.2","F24.1","F24.2","N° Unid Prod","N° Frentes","Pos","%"]
[null,1,1,"J","J","V","V","A","A","A","A","A","A","A","A","B","B","B","B",null,null,null,null,null,null,null,null,null,null,null,null,null,null,null,null,null,null,null,null,null,null,null,null,null,null,null,null,null,null,null,null,"Frentes semana actual",null,null,{"$f":"COUNTIF(D2657:AC2661,\"B\")/BJ2655*BK2655","v":5}]
[null,1,null,null,null,null,null,null,null,null,null,null,null,null,null,null,null,null,null,null,null,null,null,null,null,null,null,null,null,null,null,null,null,null,null,null,null,null,null,null,null,null,null,null,null,null,null,null,null,null,null,"Saldo",{"$f":"+BB2658/BJ2655*BK2655-BC2660-BC2661","v":82},"Sem",{"$f":"IF(AZ2657=BB2658,\"OK\",IF(BC2661=0,\"NA\",BA2662/BC2661))","v":16.399999999999999}]
[null,1,5,"A","A","A","A","a","a","a","a","A","A","A","A","L","L","M","M",null,null,null,null,null,null,null,null,null,null,null,null,null,null,null,null,null,null,null,null,null,null,null,null,null,null,null,null,null,null,null,null,{"$f":"COUNTIF(D2667:AY2671,\"A\")+COUNTIF(D2667:AY2671,\"B\")","v":60},{"$f":"+AZ2667/BJ2665*BK2665","v":30},{"$f":"+BA2667+BO2665","v":60},{"$f":"IF(AZ2667=BB2668,\"OK\",BB2667/'Control de Avance'!$BT$3)","v":0.26666666666666666}]
[null,1,null,null,null,null,null,null,null,null,null,null,null,null,null,null,null,null,null,null,null,null,null,null,null,null,null,null,null,null,null,null,null,null,null,null,null,null,null,null,null,null,null,null,null,null,null,null,null,null,null,"Saldo",{"$f":"+BB2668/BJ2665*BK2665-BC2670-BC2671","v":90},"Sem",{"$f":"IF(AZ2667=BB2668,\"OK\",IF(BC2671=0,\"NA\",BA2672/BC2671))","v":22.5}]
["TERM",{"$f":"IF((OR($BT$5<$BP$2675-5,AND($BC$2677=\"OK\",COUNTIF($D$2677:$AY$2681,\"B\")=0))),0,1)","v":1},"Segunda mano de pintura puertas de acceso",null,null,null,null,null,null,null,null,null,null,null,null,null,null,null,null,null,null,null,null,null,null,null,null,null,null,null,null,null,null,null,null,null,null,null,null,null,null,null,null,null,null,null,null,null,null,null,null,null,null,null,null,"PINTOR TERMINACIONES",".",{"$f":"VLOOKUP(C2675,'Act. Proyecto'!$I$3:$Q$881,4,FALSE)","v":0},{"$f":"VLOOKUP(C2675,'Act. Proyecto'!$I$3:$Q$881,5,FALSE)","v":264},{"$f":"IFERROR(BF2675*BG2675,0)","v":0},{"$f":"VLOOKUP(C2675,'Act. Proyecto'!$I$3:$Q$881,7,FALSE)","v":"Depto"},{"$f":"VLOOKUP(C2675,'Act. Proyecto'!$I$3:$Q$881,8,FALSE)","v":20},{"$f":"VLOOKUP(C2675,'Act. Proyecto'!$I$3:$Q$881,9,FALSE)","v":10},{"$f":"IFERROR(BJ2675/BK2675,0)","v":2},{"$f":"IFERROR(BL2675*BH2675,0)","v":0},{"$f":"$AZ$2677*$BH$2675","v":0},{"$f":"IF($BM$2675=0,0,$BN$2675/$BM$2675)","v":0},92,{"$f":"$BP$2675+$BO$2675-1","v":91},{"$f":"BM2675*B2675","v":0},{"$f":"BR2675*BQ2675","v":0}]
[null,1,5,null,null,null,null,null,null,null,null,null,null,null,null,null,null,null,null,null,null,null,null,null,null,null,null,null,null,null,null,null,null,null,null,null,null,null,null,null,null,null,null,null,null,null,null,null,null,null,null,{"$f":"COUNTIF(D2677:AY2681,\"A\")+COUNTIF(D2677:AY2681,\"B\")","v":0},{"$f":"+AZ2677/BJ2675*BK2675","v":0},{"$f":"+BA2677+BO2675","v":0},{"$f":"IF(AZ2677=BB2678,\"OK\",BB2677/'Control de Avance'!$BT$3)","v":0}]
[null,1,null,null,null,null,null,null,null,null,null,null,null,null,null,null,null,null,null,null,null,null,null,null,null,null,null,null,null,null,null,null,null,null,null,null,null,null,null,null,null,null,null,null,null,null,null,null,null,null,null,"Saldo",{"$f":"+BB2678/BJ2675*BK2675-BC2680-BC2681","v":120},"Sem",{"$f":"IF(AZ2677=BB2678,\"OK\",IF(BC2681=0,\"NA\",BA2682/BC2681))","v":"NA"}]
[null,1,5,"A","A","A","A","a","a","a","a","A","A","A","A","L","L","M","M",null,null,null,null,null,null,null,null,null,null,null,null,null,null,null,null,null,null,null,null,null,null,null,null,null,null,null,null,null,null,null,null,{"$f":"COUNTIF(D2687:AY2691,\"A\")+COUNTIF(D2687:AY2691,\"B\")","v":60},{"$f":"+AZ2687/BJ2685*BK2685","v":30},{"$f":"+BA2687+BO2685","v":60},{"$f":"IF(AZ2687=BB2688,\"OK\",BB2687/'Control de Avance'!$BT$3)","v":0.26666666666666666}]
[null,1,null,null,null,null,null,null,null,null,null,null,null,null,null,null,null,null,null,null,null,null,null,null,null,null,null,null,null,null,null,null,null,null,null,null,null,null,null,null,null,null,null,null,null,null,null,null,null,null,null,"Saldo",{"$f":"+BB2688/BJ2685*BK2685-BC2690-BC2691","v":90},"Sem",{"$f":"IF(AZ2687=BB2688,\"OK\",IF(BC2691=0,\"NA\",BA2692/BC2691))","v":22.5}]
[null,1]
[null,1,4,"A","A","A","A","A","A","A","A","CJ","CJ","CJ","CJ",null,null,null,null,null,null,null,null,null,null,null,null,null,null,null,null,null,null,null,null,null,null,null,null,null,null,null,null,null,null,null,null,null,null,null,null,"N° Total Und Prod:",null,{"$f":"VLOOKUP('Dibujo Edificios'!$A$124,'Otras Tablas'!$G$2:$H$31,2,FALSE)","v":240}]
[null,1,null,null,null,null,null,null,null,null,null,null,null,null,null,null,null,null,null,null,null,null,null,null,null,null,null,null,null,null,null,null,null,null,null,null,null,null,null,null,null,null,null,null,null,null,null,null,null,null,null,"Saldo",{"$f":"+BB2698/BJ2695*BK2695-BC2700-BC2701","v":100},"Sem",{"$f":"IF(AZ2697=BB2698,\"OK\",IF(BC2701=0,\"NA\",BA2702/BC2701))","v":"NA"}]
[null,1,5,"A","A","A","A","A","A","A","A","A","A","A","A",null,null,null,null,null,null,null,null,null,null,null,null,null,null,null,null,null,null,null,null,null,null,null,null,null,null,null,null,null,null,null,null,null,null,null,null,{"$f":"COUNTIF(D2707:AY2711,\"A\")+COUNTIF(D2707:AY2711,\"B\")","v":56},{"$f":"+AZ2707/BJ2705*BK2705","v":28},{"$f":"+BA2707+BO2705","v":56},{"$f":"IF(AZ2707=BB2708,\"OK\",BB2707/'Control de Avance'!$BT$3)","v":0.24888888888888888}]
[null,1,4,"A","A","A","A","A","A","A","A","A","A","A","A",null,null,null,null,null,null,null,null,null,null,null,null,null,null,null,null,null,null,null,null,null,null,null,null,null,null,null,null,null,null,null,null,null,null,null,null,"N° Total Und Prod:",null,{"$f":"VLOOKUP('Dibujo Edificios'!$A$124,'Otras Tablas'!$G$2:$H$31,2,FALSE)","v":240}]
[null,1]
[null,1,4,null,null,null,null,null,null,null,null,null,null,null,null,null,null,null,null,null,null,null,null,null,null,null,null,null,null,null,null,null,null,null,null,null,null,null,null,null,null,null,null,null,null,null,null,null,null,null,null,"N° Total Und Prod:",null,{"$f":"VLOOKUP('Dibujo Edificios'!$A$124,'Otras Tablas'!$G$2:$H$31,2,FALSE)","v":240}]
[null,1]
[]
[null,1,3,"A","A","A","A","A","A","A","A",null,null,null,null,null,null,null,null,null,null,null,null,null,null,null,null,null,null,null,null,null,null,null,null,null,null,null,null,null,null,null,null,null,null,null,null,null,null,null,null,"Proyección avance actual",null,null,{"$f":"IF(AZ2727=BB2728,\"OK\",IF(BC2731=0,\"NA\",(BB2728/BJ2725*BK2725+BQ2725)/('Control de Avance'!$BT$3+BC2732*5)))","v":0.67517730496453898}]
[null,1]
[null,1,4,"A","A","A","A","D","D","D","D",null,null,null,null,null,null,null,null,null,null,null,null,null,null,null,null,null,null,null,null,null,null,null,null,null,null,null,null,null,null,null,null,null,null,null,null,null,null,null,null,"N° Total Und Prod:",null,{"$f":"VLOOKUP('Dibujo Edificios'!$A$124,'Otras Tablas'!$G$2:$H$31,2,FALSE)","v":240}]
[null,1,3,"A","A","A","A","D","D","D","D",null,null,null,null,null,null,null,null,null,null,null,null,null,null,null,null,null,null,null,null,null,null,null,null,null,null,null,null,null,null,null,null,null,null,null,null,null,null,null,null,"Proyección avance actual",null,null,{"$f":"IF(AZ2737=BB2738,\"OK\",IF(BC2741=0,\"NA\",(BB2738/BJ2735*BK2735+BQ2735)/('Control de Avance'!$BT$3+BC2742*5)))","v":"NA"}]
[]
[null,1,3,null,null,null,null,null,null,null,null,null,null,null,null,null,null,null,null,null,null,null,null,null,null,null,null,null,null,null,null,null,null,null,null,null,null,null,null,null,null,null,null,null,null,null,null,null,null,null,null,"Proyección avance actual",null,null,{"$f":"IF(AZ2747=BB2748,\"OK\",IF(BC2751=0,\"NA\",(BB2748/BJ2745*BK2745+BQ2745)/('Control de Avance'!$BT$3+BC2752*5)))","v":"NA"}]
[]
["TERM",{"$f":"IF((OR($BT$5<$BP$2755-5,AND($BC$2757=\"OK\",COUNTIF($D$2757:$AY$2761,\"B\")=0))),0,1)","v":1},"Segunda entrega inmobiliaria",null,null,null,null,null,null,null,null,null,null,null,null,null,null,null,null,null,null,null,null,null,null,null,null,null,null,null,null,null,null,null,null,null,null,null,null,null,null,null,null,null,null,null,null,null,null,null,null,null,null,null,null,"INMOBILIARIA",".",{"$f":"VLOOKUP(C2755,'Act. Proyecto'!$I$3:$Q$881,4,FALSE)","v":1},{"$f":"VLOOKUP(C2755,'Act. Proyecto'!$I$3:$Q$881,5,FALSE)","v":1},{"$f":"IFERROR(BF2755*BG2755,0)","v":1},{"$f":"VLOOKUP(C2755,'Act. Proyecto'!$I$3:$Q$881,7,FALSE)","v":"Depto"},{"$f":"VLOOKUP(C2755,'Act. Proyecto'!$I$3:$Q$881,8,FALSE)","v":20},{"$f":"VLOOKUP(C2755,'Act. Proyecto'!$I$3:$Q$881,9,FALSE)","v":10},{"$f":"IFERROR(BJ2755/BK2755,0)","v":2},{"$f":"IFERROR(BL2755*BH2755,0)","v":2},{"$f":"$AZ$2757*$BH$2755","v":0},{"$f":"IF($BM$2755=0,0,$BN$2755/$BM$2755)","v":0},107,{"$f":"$BP$2755+$BO$2755-1","v":106},{"$f":"BM2755*B2755","v":2},{"$f":"BR2755*BQ2755","v":212}]
[null,1,3,null,null,null,null,null,null,null,null,null,null,null,null,null,null,null,null,null,null,null,null,null,null,null,null,null,null,null,null,null,null,null,null,null,null,null,null,null,null,null,null,null,null,null,null,null,null,null,null,"Proyección avance actual",null,null,{"$f":"IF(AZ2757=BB2758,\"OK\",IF(BC2761=0,\"NA\",(BB2758/BJ2755*BK2755+BQ2755)/('Control de Avance'!$BT$3+BC2762*5)))","v":"NA"}]
[]
[null,1,3,null,null,null,null,null,null,null,null,null,null,null,null,null,null,null,null,null,null,null,null,null,null,null,null,null,null,null,null,null,null,null,null,null,null,null,null,null,null,null,null,null,null,null,null,null,null,null,null,"Proyección avance actual",null,null,{"$f":"IF(AZ2767=BB2768,\"OK\",IF(BC2771=0,\"NA\",(BB2768/BJ2765*BK2765+BQ2765)/('Control de Avance'!$BT$3+BC2772*5)))","v":"NA"}]
[null,1,2,null,null,null,null,null,null,null,null,null,null,null,null,null,null,null,null,null,null,null,null,null,null,null,null,null,null,null,null,null,null,null,null,null,null,null,null,null,null,null,null,null,null,null,null,null,null,null,null,"Frentes anteriores",null,null,{"$f":"COUNTIF(D2767:AC2771,\"A\")/BJ2765*BK2765","v":0}]
["ZCT",{"$f":"IF((OR($BT$5<$BP$2775-5,AND($BC$2777=\"OK\",COUNTIF($D$2777:$AY$2781,\"B\")=0))),0,1)","v":1},"Sobre losa techumbre acceso",null,null,null,null,null,null,null,null,null,null,null,null,null,null,null,null,null,null,null,null,null,null,null,null,null,null,null,null,null,null,null,null,null,null,null,null,null,null,null,null,null,null,null,null,null,null,null,null,null,null,null,null,"ALBAÑIL TERMINACIONES","cu",{"$f":"VLOOKUP(C2775,'Act. Proyecto'!$I$3:$Q$881,4,FALSE)","v":1},{"$f":"VLOOKUP(C2775,'Act. Proyecto'!$I$3:$Q$881,5,FALSE)","v":5000},{"$f":"IFERROR(BF2775*BG2775,0)","v":5000},{"$f":"VLOOKUP(C2775,'Act. Proyecto'!$I$3:$Q$881,7,FALSE)","v":"Edif"},{"$f":"VLOOKUP(C2775,'Act. Proyecto'!$I$3:$Q$881,8,FALSE)","v":1},{"$f":"VLOOKUP(C2775,'Act. Proyecto'!$I$3:$Q$881,9,FALSE)","v":10},{"$f":"IFERROR(BJ2775/BK2775,0)","v":0.1},{"$f":"IFERROR(BL2775*BH2775,0)","v":500},{"$f":"$AZ$2777*$BH$2775","v":30000},{"$f":"IF($BM$2775=0,0,$BN$2775/$BM$2775)","v":60},46,{"$f":"$BP$2775+$BO$2775-1","v":105},{"$f":"BM2775*B2775","v":500},{"$f":"BR2775*BQ2775","v":52500}]
[null,1,2,"X","X","X","X","X","X","X","X","X","X","X","X","X",null,null,null,null,null,null,null,null,null,null,null,null,null,null,null,null,null,null,null,null,null,null,null,null,null,null,null,null,null,null,null,null,null,null,null,"Frentes anteriores",null,null,{"$f":"COUNTIF(D2777:AC2781,\"A\")/BJ2775*BK2775","v":60}]
[null,1,null,null,null,null,null,null,null,null,null,null,null,null,null,null,null,null,null,null,null,null,null,null,null,null,null,null,null,null,null,null,null,null,null,null,null,null,null,null,null,null,null,null,null,null,null,null,null,null,null,"Saldo",{"$f":"+BB2778/BJ2775*BK2775-BC2780-BC2781","v":60},"Sem",{"$f":"IF(AZ2777=BB2778,\"OK\",IF(BC2781=0,\"NA\",BA2782/BC2781))","v":"NA"}]
["ZCT",{"$f":"IF((OR($BT$5<$BP$2785-5,AND($BC$2787=\"OK\",COUNTIF($D$2787:$AY$2791,\"B\")=0))),0,1)","v":1},"Remate de bajada de aguas lluvias techumbre acceso",null,null,null,null,null,null,null,null,null,null,null,null,null,null,null,null,null,null,null,null,null,null,null,null,null,null,null,null,null,null,null,null,null,null,null,null,null,null,null,null,null,null,null,null,null,null,null,null,null,null,null,null,"ALBAÑIL TERMINACIONES","cu",{"$f":"VLOOKUP(C2785,'Act. Proyecto'!$I$3:$Q$881,4,FALSE)","v":1},{"$f":"VLOOKUP(C2785,'Act. Proyecto'!$I$3:$Q$881,5,FALSE)","v":610},{"$f":"IFERROR(BF2785*BG2785,0)","v":610},{"$f":"VLOOKUP(C2785,'Act. Proyecto'!$I$3:$Q$881,7,FALSE)","v":"Edif"},{"$f":"VLOOKUP(C2785,'Act. Proyecto'!$I$3:$Q$881,8,FALSE)","v":1},{"$f":"VLOOKUP(C2785,'Act. Proyecto'!$I$3:$Q$881,9,FALSE)","v":10},{"$f":"IFERROR(BJ2785/BK2785,0)","v":0.1},{"$f":"IFERROR(BL2785*BH2785,0)","v":61},{"$f":"$AZ$2787*$BH$2785","v":0},{"$f":"IF($BM$2785=0,0,$BN$2785/$BM$2785)","v":0},46,{"$f":"$BP$2785+$BO$2785-1","v":45},{"$f":"BM2785*B2785","v":61},{"$f":"BR2785*BQ2785","v":2745}]
[null,1,2,"X","X","X","X","X","X","X","X","X","X","X","X","X",null,null,null,null,null,null,null,null,null,null,null,null,null,null,null,null,null,null,null,null,null,null,null,null,null,null,null,null,null,null,null,null,null,null,null,"Frentes anteriores",null,null,{"$f":"COUNTIF(D2787:AC2791,\"A\")/BJ2785*BK2785","v":0}]
["ZC1",{"$f":"IF((OR($BT$5<$BP$2795-5,AND($BC$2797=\"OK\",COUNTIF($D$2797:$AY$2801,\"B\")=0))),0,1)","v":1},"Destaje ventana acceso edificio",null,null,null,null,null,null,null,null,null,null,null,null,null,null,null,null,null,null,null,null,null,null,null,null,null,null,null,null,null,null,null,null,null,null,null,null,null,null,null,null,null,null,null,null,null,null,null,null,null,null,null,null,"ALUMINIO","cu",{"$f":"VLOOKUP(C2795,'Act. Proyecto'!$I$3:$Q$881,4,FALSE)","v":1},{"$f":"VLOOKUP(C2795,'Act. Proyecto'!$I$3:$Q$881,5,FALSE)","v":14350},{"$f":"IFERROR(BF2795*BG2795,0)","v":14350},{"$f":"VLOOKUP(C2795,'Act. Proyecto'!$I$3:$Q$881,7,FALSE)","v":"Edif"},{"$f":"VLOOKUP(C2795,'Act. Proyecto'!$I$3:$Q$881,8,FALSE)","v":1},{"$f":"VLOOKUP(C2795,'Act. Proyecto'!$I$3:$Q$881,9,FALSE)","v":10},{"$f":"IFERROR(BJ2795/BK2795,0)","v":0.1},{"$f":"IFERROR(BL2795*BH2795,0)","v":1435},{"$f":"$AZ$2797*$BH$2795","v":71750},{"$f":"IF($BM$2795=0,0,$BN$2795/$BM$2795)","v":50},53,{"$f":"$BP$2795+$BO$2795-1","v":102},{"$f":"BM2795*B2795","v":1435},{"$f":"BR2795*BQ2795","v":146370}]
[null,1,2,"X","X","X","X","X","X","X","X","X","X","X","X","X",null,null,null,null,null,null,null,null,null,null,null,null,null,null,null,null,null,null,null,null,null,null,null,null,null,null,null,null,null,null,null,null,null,null,null,"Frentes anteriores",null,null,{"$f":"COUNTIF(D2797:AC2801,\"A\")/BJ2795*BK2795","v":50}]
[null,1,1,"A","A","A","A","A",null,null,null,null,null,null,null,null,null,null,null,null,null,null,null,null,null,null,null,null,null,null,null,null,null,null,null,null,null,null,null,null,null,null,null,null,null,null,null,null,null,null,null,"Frentes semana actual",null,null,{"$f":"COUNTIF(D2797:AC2801,\"B\")/BJ2795*BK2795","v":0}]
[null,1,5,"X","X","X","X","X","X","X","X","X","X","X","X","X",null,null,null,null,null,null,null,null,null,null,null,null,null,null,null,null,null,null,null,null,null,null,null,null,null,null,null,null,null,null,null,null,null,null,null,{"$f":"COUNTIF(D2807:P2811,\"A\")+COUNTIF(D2807:P2811,\"B\")","v":5},{"$f":"+AZ2807/BJ2805*BK2805","v":50},{"$f":"+BA2807+BO2805","v":100},{"$f":"IF(AZ2807=BB2808,\"OK\",BB2807/'Control de Avance'!$BT$3)","v":0.44444444444444442}]
[null,1,2,"X","X","X","X","X","X","X","X","X","X","X","X","X",null,null,null,null,null,null,null,null,null,null,null,null,null,null,null,null,null,null,null,null,null,null,null,null,null,null,null,null,null,null,null,null,null,null,null,"Frentes anteriores",null,null,{"$f":"COUNTIF(D2807:AC2811,\"A\")/BJ2805*BK2805","v":50}]
["ZC1",{"$f":"IF((OR($BT$5<$BP$2815-5,AND($BC$2817=\"OK\",COUNTIF($D$2817:$AY$2821,\"B\")=0))),0,1)","v":1},"Instalar acceso de aluminio de edificio",null,null,null,null,null,null,null,null,null,null,null,null,null,null,null,null,null,null,null,null,null,null,null,null,null,null,null,null,null,null,null,null,null,null,null,null,null,null,null,null,null,null,null,null,null,null,null,null,null,null,null,null,"ALUMINIO","cu",{"$f":"VLOOKUP(C2815,'Act. Proyecto'!$I$3:$Q$881,4,FALSE)","v":1},{"$f":"VLOOKUP(C2815,'Act. Proyecto'!$I$3:$Q$881,5,FALSE)","v":35800},{"$f":"IFERROR(BF2815*BG2815,0)","v":35800},{"$f":"VLOOKUP(C2815,'Act. Proyecto'!$I$3:$Q$881,7,FALSE)","v":"Edif"},{"$f":"VLOOKUP(C2815,'Act. Proyecto'!$I$3:$Q$881,8,FALSE)","v":1},{"$f":"VLOOKUP(C2815,'Act. Proyecto'!$I$3:$Q$881,9,FALSE)","v":10},{"$f":"IFERROR(BJ2815/BK2815,0)","v":0.1},{"$f":"IFERROR(BL2815*BH2815,0)","v":3580},{"$f":"$AZ$2817*$BH$2815","v":179000},{"$f":"IF($BM$2815=0,0,$BN$2815/$BM$2815)","v":50},73,{"$f":"$BP$2815+$BO$2815-1","v":122},{"$f":"BM2815*B2815","v":3580},{"$f":"BR2815*BQ2815","v":436760}]
[null,{"$f":"$B$2815","v":1},null,"F1-2","F3-4","F5-6","F7-8","F9-10","F11","F12-13","F14-15","F16","F17-18","F19-20","F21-22","F23-24",null,null,null,null,null,null,null,null,null,null,null,null,null,null,null,null,null,null,null,null,null,null,null,null,null,null,null,null,null,null,null,null,null,null,null,"N° Unid Prod","N° Frentes","Pos","%"]
[null,1,1,"A","A","A","A","A",null,null,null,null,null,null,null,null,null,null,null,null,null,null,null,null,null,null,null,null,null,null,null,null,null,null,null,null,null,null,null,null,null,null,null,null,null,null,null,null,null,null,null,"Frentes semana actual",null,null,{"$f":"COUNTIF(D2817:AC2821,\"B\")/BJ2815*BK2815","v":0}]
[null,{"$f":"$B$2825","v":1},null,"F1-2","F3-4","F5-6","F7-8","F9-10","F11","F12-13","F14-15","F16","F17-18","F19-20","F21-22","F23-24",null,null,null,null,null,null,null,null,null,null,null,null,null,null,null,null,null,null,null,null,null,null,null,null,null,null,null,null,null,null,null,null,null,null,null,"N° Unid Prod","N° Frentes","Pos","%"]
[null,1,1,"A","A","A","CL","CV",null,null,null,null,null,null,null,null,null,null,null,null,null,null,null,null,null,null,null,null,null,null,null,null,null,null,null,null,null,null,null,null,null,null,null,null,null,null,null,null,null,null,null,"Frentes semana actual",null,null,{"$f":"COUNTIF(D2827:AC2831,\"B\")/BJ2825*BK2825","v":0}]
[]
[null,{"$f":"$B$2835","v":1},null,"F1-2","F3-4","F5-6","F7-8","F9-10","F11","F12-13","F14-15","F16","F17-18","F19-20","F21-22","F23-24",null,null,null,null,null,null,null,null,null,null,null,null,null,null,null,null,null,null,null,null,null,null,null,null,null,null,null,null,null,null,null,null,null,null,null,"N° Unid Prod","N° Frentes","Pos","%"]
[null,1,1,"D","D","D",null,null,null,null,null,null,null,null,null,null,null,null,null,null,null,null,null,null,null,null,null,null,null,null,null,null,null,null,null,null,null,null,null,null,null,null,null,null,null,null,null,null,null,null,null,"Frentes semana actual",null,null,{"$f":"COUNTIF(D2837:AC2841,\"B\")/BJ2835*BK2835","v":0}]
[null,{"$f":"$B$2845","v":1},null,"F1-2","F3-4","F5-6","F7-8","F9-10","F11","F12-13","F14-15","F16","F17-18","F19-20","F21-22","F23-24",null,null,null,null,null,null,null,null,null,null,null,null,null,null,null,null,null,null,null,null,null,null,null,null,null,null,null,null,null,null,null,null,null,null,null,"N° Unid Prod","N° Frentes","Pos","%"]
[null,1,5,"X","X","X","X","X","X","X","X","X","X","X","X","X",null,null,null,null,null,null,null,null,null,null,null,null,null,null,null,null,null,null,null,null,null,null,null,null,null,null,null,null,null,null,null,null,null,null,null,{"$f":"COUNTIF(D2847:P2851,\"A\")+COUNTIF(D2847:P2851,\"B\")","v":0},{"$f":"+AZ2847/BJ2845*BK2845","v":0},{"$f":"+BA2847+BO2845","v":0},{"$f":"IF(AZ2847=BB2848,\"OK\",BB2847/'Control de Avance'!$BT$3)","v":0}]
[null,1,null,null,null,null,null,null,null,null,null,null,null,null,null,null,null,null,null,null,null,null,null,null,null,null,null,null,null,null,null,null,null,null,null,null,null,null,null,null,null,null,null,null,null,null,null,null,null,null,null,"Saldo",{"$f":"+BB2848/BJ2845*BK2845-BC2850-BC2851","v":120},"Sem",{"$f":"IF(AZ2847=BB2848,\"OK\",IF(BC2851=0,\"NA\",BA2852/BC2851))","v":"NA"}]
[null,1,5,"X","X","X","X","X","X","X","X","X","X","X","X","X",null,null,null,null,null,null,null,null,null,null,null,null,null,null,null,null,null,null,null,null,null,null,null,null,null,null,null,null,null,null,null,null,null,null,null,{"$f":"COUNTIF(D2857:P2861,\"A\")+COUNTIF(D2857:P2861,\"B\")","v":0},{"$f":"+AZ2857/BJ2855*BK2855","v":0},{"$f":"+BA2857+BO2855","v":0},{"$f":"IF(AZ2857=BB2858,\"OK\",BB2857/'Control de Avance'!$BT$3)","v":0}]
[null,1,1,"D","D","D",null,null,null,null,null,null,null,null,null,null,null,null,null,null,null,null,null,null,null,null,null,null,null,null,null,null,null,null,null,null,null,null,null,null,null,null,null,null,null,null,null,null,null,null,null,"Frentes semana actual",null,null,{"$f":"COUNTIF(D2857:AC2861,\"B\")/BJ2855*BK2855","v":0}]
[null,1,null,null,null,null,null,null,null,null,null,null,null,null,null,null,null,null,null,null,null,null,null,null,null,null,null,null,null,null,null,null,null,null,null,null,null,null,null,null,null,null,null,null,null,null,null,null,null,null,null,"Saldo",{"$f":"+BB2858/BJ2855*BK2855-BC2860-BC2861","v":120},"Sem",{"$f":"IF(AZ2857=BB2858,\"OK\",IF(BC2861=0,\"NA\",BA2862/BC2861))","v":"NA"}]
[null,0,5,"X","X","X","X","X","X","X","X","X","X","X","X","X",null,null,null,null,null,null,null,null,null,null,null,null,null,null,null,null,null,null,null,null,null,null,null,null,null,null,null,null,null,null,null,null,null,null,null,{"$f":"COUNTIF(D2867:P2871,\"A\")+COUNTIF(D2867:P2871,\"B\")","v":0},{"$f":"+AZ2867/BJ2865*BK2865","v":0},{"$f":"+BA2867+BO2865","v":0},{"$f":"IF(AZ2867=BB2868,\"OK\",BB2867/'Control de Avance'!$BT$3)","v":0}]
[null,0,null,null,null,null,null,null,null,null,null,null,null,null,null,null,null,null,null,null,null,null,null,null,null,null,null,null,null,null,null,null,null,null,null,null,null,null,null,null,null,null,null,null,null,null,null,null,null,null,null,"Saldo",{"$f":"+BB2868/BJ2865*BK2865-BC2870-BC2871","v":120},"Sem",{"$f":"IF(AZ2867=BB2868,\"OK\",IF(BC2871=0,\"NA\",BA2872/BC2871))","v":"NA"}]
[null,1,5,"X","X","X","X","X","X","X","X","X","X","X",null,"X",null,null,null,null,null,null,null,null,null,null,null,null,null,null,null,null,null,null,null,null,null,null,null,null,null,null,null,null,null,null,null,null,null,null,null,{"$f":"COUNTIF(D2877:P2881,\"A\")+COUNTIF(D2877:P2881,\"B\")","v":5},{"$f":"+AZ2877/BJ2875*BK2875","v":50},{"$f":"+BA2877+BO2875","v":100},{"$f":"IF(AZ2877=BB2878,\"OK\",BB2877/'Control de Avance'!$BT$3)","v":0.44444444444444442}]
[null,1,4,"X","X","X","X","X","X","X","X","X","X","X","X","X",null,null,null,null,null,null,null,null,null,null,null,null,null,null,null,null,null,null,null,null,null,null,null,null,null,null,null,null,null,null,null,null,null,null,null,"N° Total Und Prod:",null,{"$f":"VLOOKUP('Dibujo Edificios'!$A$154,'Otras Tablas'!$G$2:$H$31,2,FALSE)","v":12}]
[null,1]
[null,1,5,"X","X","X","X","X","X","X","X","X","X","X","X","X",null,null,null,null,null,null,null,null,null,null,null,null,null,null,null,null,null,null,null,null,null,null,null,null,null,null,null,null,null,null,null,null,null,null,null,{"$f":"COUNTIF(D2887:P2891,\"A\")+COUNTIF(D2887:P2891,\"B\")","v":5},{"$f":"+AZ2887/BJ2885*BK2885","v":50},{"$f":"+BA2887+BO2885","v":100},{"$f":"IF(AZ2887=BB2888,\"OK\",BB2887/'Control de Avance'!$BT$3)","v":0.44444444444444442}]
[null,1,null,null,null,null,null,null,null,null,null,null,null,null,null,null,null,null,null,null,null,null,null,null,null,null,null,null,null,null,null,null,null,null,null,null,null,null,null,null,null,null,null,null,null,null,null,null,null,null,null,"Saldo",{"$f":"+BB2888/BJ2885*BK2885-BC2890-BC2891","v":70},"Sem",{"$f":"IF(AZ2887=BB2888,\"OK\",IF(BC2891=0,\"NA\",BA2892/BC2891))","v":"NA"}]
[null,1]
[null,1,4,"X","X","X","X","X","X","X","X","X","X","X","X","X",null,null,null,null,null,null,null,null,null,null,null,null,null,null,null,null,null,null,null,null,null,null,null,null,null,null,null,null,null,null,null,null,null,null,null,"N° Total Und Prod:",null,{"$f":"VLOOKUP('Dibujo Edificios'!$A$144,'Otras Tablas'!$G$2:$H$31,2,FALSE)","v":12}]
[null,1]
[null,1,4,"X","X","X","X","X","X","X","X","X","X","X","X","X",null,null,null,null,null,null,null,null,null,null,null,null,null,null,null,null,null,null,null,null,null,null,null,null,null,null,null,null,null,null,null,null,null,null,null,"N° Total Und Prod:",null,{"$f":"VLOOKUP('Dibujo Edificios'!$A$144,'Otras Tablas'!$G$2:$H$31,2,FALSE)","v":12}]
[null,1,3,"X","X","X","X","X","X","X","X","X","X","X","X","X",null,null,null,null,null,null,null,null,null,null,null,null,null,null,null,null,null,null,null,null,null,null,null,null,null,null,null,null,null,null,null,null,null,null,null,"Proyección avance actual",null,null,{"$f":"IF(AZ2907=BB2908,\"OK\",IF(BC2911=0,\"NA\",(BB2908/BJ2905*BK2905+BQ2905)/('Control de Avance'!$BT$3+BC2912*5)))","v":"NA"}]
[]
[null,1,4,"X","X","X","X","X","X","X","X","X","X","X","X","X",null,null,null,null,null,null,null,null,null,null,null,null,null,null,null,null,null,null,null,null,null,null,null,null,null,null,null,null,null,null,null,null,null,null,null,"N° Total Und Prod:",null,{"$f":"VLOOKUP('Dibujo Edificios'!$A$144,'Otras Tablas'!$G$2:$H$31,2,FALSE)","v":12}]
[null,1]
[]
[null,1,3,"X","X","X","X","X","X","X","X","X","X","X","X","X",null,null,null,null,null,null,null,null,null,null,null,null,null,null,null,null,null,null,null,null,null,null,null,null,null,null,null,null,null,null,null,null,null,null,null,"Proyección avance actual",null,null,{"$f":"IF(AZ2927=BB2928,\"OK\",IF(BC2931=0,\"NA\",(BB2928/BJ2925*BK2925+BQ2925)/('Control de Avance'!$BT$3+BC2932*5)))","v":"NA"}]
[]
[null,1,3,"X","X","X","X","X","X","X","X","X","X","X","X","X",null,null,null,null,null,null,null,null,null,null,null,null,null,null,null,null,null,null,null,null,null,null,null,null,null,null,null,null,null,null,null,null,null,null,null,"Proyección avance actual",null,null,{"$f":"IF(AZ2937=BB2938,\"OK\",IF(BC2941=0,\"NA\",(BB2938/BJ2935*BK2935+BQ2935)/('Control de Avance'!$BT$3+BC2942*5)))","v":"NA"}]
[null,1,1,"A","a","A","A","A","C","C","C","C",null,null,null,null,null,null,null,null,null,null,null,null,null,null,null,null,null,null,null,null,null,null,null,null,null,null,null,null,null,null,null,null,null,null,null,null,null,null,null,"Frentes semana actual",null,null,{"$f":"COUNTIF(D2937:AC2941,\"B\")/BJ2935*BK2935","v":0}]
[]
[null,1,3,"X","X","X","X","X","X","X","X","X","X","X","X","X",null,null,null,null,null,null,null,null,null,null,null,null,null,null,null,null,null,null,null,null,null,null,null,null,null,null,null,null,null,null,null,null,null,null,null,"Proyección avance actual",null,null,{"$f":"IF(AZ2947=BB2948,\"OK\",IF(BC2951=0,\"NA\",(BB2948/BJ2945*BK2945+BQ2945)/('Control de Avance'!$BT$3+BC2952*5)))","v":"NA"}]
[]
["ZC1",{"$f":"IF((OR($BT$5<$BP$2955-5,AND($BC$2957=\"OK\",COUNTIF($D$2957:$AY$2961,\"B\")=0))),0,1)","v":1},"Tabique sala de basura 1er piso",null,null,null,null,null,null,null,null,null,null,null,null,null,null,null,null,null,null,null,null,null,null,null,null,null,null,null,null,null,null,null,null,null,null,null,null,null,null,null,null,null,null,null,null,null,null,null,null,null,null,null,null,"CARP. TABIQUE Y VOLCAPOL","m2",{"$f":"VLOOKUP(C2955,'Act. Proyecto'!$I$3:$Q$881,4,FALSE)","v":1.5},{"$f":"VLOOKUP(C2955,'Act. Proyecto'!$I$3:$Q$881,5,FALSE)","v":2330},{"$f":"IFERROR(BF2955*BG2955,0)","v":3495},{"$f":"VLOOKUP(C2955,'Act. Proyecto'!$I$3:$Q$881,7,FALSE)","v":"Edif"},{"$f":"VLOOKUP(C2955,'Act. Proyecto'!$I$3:$Q$881,8,FALSE)","v":1},{"$f":"VLOOKUP(C2955,'Act. Proyecto'!$I$3:$Q$881,9,FALSE)","v":10},{"$f":"IFERROR(BJ2955/BK2955,0)","v":0.1},{"$f":"IFERROR(BL2955*BH2955,0)","v":349.5},{"$f":"$AZ$2957*$BH$2955","v":31455},{"$f":"IF($BM$2955=0,0,$BN$2955/$BM$2955)","v":90},67,{"$f":"$BP$2955+$BO$2955-1","v":156},{"$f":"BM2955*B2955","v":349.5},{"$f":"BR2955*BQ2955","v":54522}]
[null,1,2,"X","X","X","X","X","X","X","X","X","X","X","X","X",null,null,null,null,null,null,null,null,null,null,null,null,null,null,null,null,null,null,null,null,null,null,null,null,null,null,null,null,null,null,null,null,null,null,null,"Frentes anteriores",null,null,{"$f":"COUNTIF(D2957:AC2961,\"A\")/BJ2955*BK2955","v":90}]
["ZC1",{"$f":"IF((OR($BT$5<$BP$2965-5,AND($BC$2967=\"OK\",COUNTIF($D$2967:$AY$2971,\"B\")=0))),0,1)","v":1},"Instalaciones eléctricas sala de basura",null,null,null,null,null,null,null,null,null,null,null,null,null,null,null,null,null,null,null,null,null,null,null,null,null,null,null,null,null,null,null,null,null,null,null,null,null,null,null,null,null,null,null,null,null,null,null,null,null,null,null,null,"ELÉCTRICO T","centro",{"$f":"VLOOKUP(C2965,'Act. Proyecto'!$I$3:$Q$881,4,FALSE)","v":0},{"$f":"VLOOKUP(C2965,'Act. Proyecto'!$I$3:$Q$881,5,FALSE)","v":803},{"$f":"IFERROR(BF2965*BG2965,0)","v":0},{"$f":"VLOOKUP(C2965,'Act. Proyecto'!$I$3:$Q$881,7,FALSE)","v":"Edif"},{"$f":"VLOOKUP(C2965,'Act. Proyecto'!$I$3:$Q$881,8,FALSE)","v":1},{"$f":"VLOOKUP(C2965,'Act. Proyecto'!$I$3:$Q$881,9,FALSE)","v":10},{"$f":"IFERROR(BJ2965/BK2965,0)","v":0.1},{"$f":"IFERROR(BL2965*BH2965,0)","v":0},{"$f":"$AZ$2967*$BH$2965","v":0},{"$f":"IF($BM$2965=0,0,$BN$2965/$BM$2965)","v":0},67,{"$f":"$BP$2965+$BO$2965-1","v":66},{"$f":"BM2965*B2965","v":0},{"$f":"BR2965*BQ2965","v":0}]
[null,1,5,"X","X","X","X","X","X","X","X","X","X","X","X","X",null,null,null,null,null,null,null,null,null,null,null,null,null,null,null,null,null,null,null,null,null,null,null,null,null,null,null,null,null,null,null,null,null,null,null,{"$f":"COUNTIF(D2967:P2971,\"A\")+COUNTIF(D2967:P2971,\"B\")","v":5},{"$f":"+AZ2967/BJ2965*BK2965","v":50},{"$f":"+BA2967+BO2965","v":50},{"$f":"IF(AZ2967=BB2968,\"OK\",BB2967/'Control de Avance'!$BT$3)","v":0.22222222222222221}]
[null,1,2,"X","X","X","X","X","X","X","X","X","X","X","X","X",null,null,null,null,null,null,null,null,null,null,null,null,null,null,null,null,null,null,null,null,null,null,null,null,null,null,null,null,null,null,null,null,null,null,null,"Frentes anteriores",null,null,{"$f":"COUNTIF(D2967:AC2971,\"A\")/BJ2965*BK2965","v":50}]
["ZC1",{"$f":"IF((OR($BT$5<$BP$2975-5,AND($BC$2977=\"OK\",COUNTIF($D$2977:$AY$2981,\"B\")=0))),0,1)","v":1},"Alambrado sala de basura",null,null,null,null,null,null,null,null,null,null,null,null,null,null,null,null,null,null,null,null,null,null,null,null,null,null,null,null,null,null,null,null,null,null,null,null,null,null,null,null,null,null,null,null,null,null,null,null,null,null,null,null,"ELÉCTRICO T","centro",{"$f":"VLOOKUP(C2975,'Act. Proyecto'!$I$3:$Q$881,4,FALSE)","v":0},{"$f":"VLOOKUP(C2975,'Act. Proyecto'!$I$3:$Q$881,5,FALSE)","v":202},{"$f":"IFERROR(BF2975*BG2975,0)","v":0},{"$f":"VLOOKUP(C2975,'Act. Proyecto'!$I$3:$Q$881,7,FALSE)","v":"Edif"},{"$f":"VLOOKUP(C2975,'Act. Proyecto'!$I$3:$Q$881,8,FALSE)","v":1},{"$f":"VLOOKUP(C2975,'Act. Proyecto'!$I$3:$Q$881,9,FALSE)","v":10},{"$f":"IFERROR(BJ2975/BK2975,0)","v":0.1},{"$f":"IFERROR(BL2975*BH2975,0)","v":0},{"$f":"$AZ$2977*$BH$2975","v":0},{"$f":"IF($BM$2975=0,0,$BN$2975/$BM$2975)","v":0},67,{"$f":"$BP$2975+$BO$2975-1","v":66},{"$f":"BM2975*B2975","v":0},{"$f":"BR2975*BQ2975","v":0}]
[null,1,2,"X","X","X","X","X","X","X","X","X","X","X","X","X",null,null,null,null,null,null,null,null,null,null,null,null,null,null,null,null,null,null,null,null,null,null,null,null,null,null,null,null,null,null,null,null,null,null,null,"Frentes anteriores",null,null,{"$f":"COUNTIF(D2977:AC2981,\"A\")/BJ2975*BK2975","v":50}]
["ZC1",{"$f":"IF((OR($BT$5<$BP$2985-5,AND($BC$2987=\"OK\",COUNTIF($D$2987:$AY$2991,\"B\")=0))),0,1)","v":1},"Instalaciones agua sala de basura",null,null,null,null,null,null,null,null,null,null,null,null,null,null,null,null,null,null,null,null,null,null,null,null,null,null,null,null,null,null,null,null,null,null,null,null,null,null,null,null,null,null,null,null,null,null,null,null,null,null,null,null,"GASFITER T","dh",{"$f":"VLOOKUP(C2985,'Act. Proyecto'!$I$3:$Q$881,4,FALSE)","v":0},{"$f":"VLOOKUP(C2985,'Act. Proyecto'!$I$3:$Q$881,5,FALSE)","v":1},{"$f":"IFERROR(BF2985*BG2985,0)","v":0},{"$f":"VLOOKUP(C2985,'Act. Proyecto'!$I$3:$Q$881,7,FALSE)","v":"Edif"},{"$f":"VLOOKUP(C2985,'Act. Proyecto'!$I$3:$Q$881,8,FALSE)","v":1},{"$f":"VLOOKUP(C2985,'Act. Proyecto'!$I$3:$Q$881,9,FALSE)","v":10},{"$f":"IFERROR(BJ2985/BK2985,0)","v":0.1},{"$f":"IFERROR(BL2985*BH2985,0)","v":0},{"$f":"$AZ$2987*$BH$2985","v":0},{"$f":"IF($BM$2985=0,0,$BN$2985/$BM$2985)","v":0},67,{"$f":"$BP$2985+$BO$2985-1","v":66},{"$f":"BM2985*B2985","v":0},{"$f":"BR2985*BQ2985","v":0}]
[null,{"$f":"$B$2985","v":1},null,"F1-2","F3-4","F5-6","F7-8","F9-10","F11","F12-13","F14-15","F16","F17-18","F19-20","F21-22","F23-24",null,null,null,null,null,null,null,null,null,null,null,null,null,null,null,null,null,null,null,null,null,null,null,null,null,null,null,null,null,null,null,null,null,null,null,"N° Unid Prod","N° Frentes","Pos","%"]
[null,1,1,"A","a","A","A","A","B","B","B","B","C",null,null,null,null,null,null,null,null,null,null,null,null,null,null,null,null,null,null,null,null,null,null,null,null,null,null,null,null,null,null,null,null,null,null,null,null,null,null,"Frentes semana actual",null,null,{"$f":"COUNTIF(D2987:AC2991,\"B\")/BJ2985*BK2985","v":40}]
[]
[null,1,2,"X","X","X","X","X","X","X","X","X","X","X","X","X",null,null,null,null,null,null,null,null,null,null,null,null,null,null,null,null,null,null,null,null,null,null,null,null,null,null,null,null,null,null,null,null,null,null,null,"Frentes anteriores",null,null,{"$f":"COUNTIF(D2997:AC3001,\"A\")/BJ2995*BK2995","v":0}]
[null,1,1,"J","V",null,null,null,null,null,null,null,null,null,null,null,null,null,null,null,null,null,null,null,null,null,null,null,null,null,null,null,null,null,null,null,null,null,null,null,null,null,null,null,null,null,null,null,null,null,null,"Frentes semana actual",null,null,{"$f":"COUNTIF(D2997:AC3001,\"B\")/BJ2995*BK2995","v":0}]
[null,{"$f":"$B$3005","v":1},null,"F1-2","F3-4","F5-6","F7-8","F9-10","F11","F12-13","F14-15","F16","F17-18","F19-20","F21-22","F23-24",null,null,null,null,null,null,null,null,null,null,null,null,null,null,null,null,null,null,null,null,null,null,null,null,null,null,null,null,null,null,null,null,null,null,null,"N° Unid Prod","N° Frentes","Pos","%"]
[null,1,1,"C","D","D",null,null,null,null,null,null,null,null,null,null,null,null,null,null,null,null,null,null,null,null,null,null,null,null,null,null,null,null,null,null,null,null,null,null,null,null,null,null,null,null,null,null,null,null,null,"Frentes semana actual",null,null,{"$f":"COUNTIF(D3007:AC3011,\"B\")/BJ3005*BK3005","v":0}]
[null,{"$f":"$B$3015","v":1},null,"F1-2","F3-4","F5-6","F7-8","F9-10","F11","F12-13","F14-15","F16","F17-18","F19-20","F21-22","F23-24",null,null,null,null,null,null,null,null,null,null,null,null,null,null,null,null,null,null,null,null,null,null,null,null,null,null,null,null,null,null,null,null,null,null,null,"N° Unid Prod","N° Frentes","Pos","%"]
[null,1,5,"X","x","X","X","X","X","X","X","X","X","X","X","X",null,null,null,null,null,null,null,null,null,null,null,null,null,null,null,null,null,null,null,null,null,null,null,null,null,null,null,null,null,null,null,null,null,null,null,{"$f":"COUNTIF(D3017:P3021,\"A\")+COUNTIF(D3017:P3021,\"B\")","v":2},{"$f":"+AZ3017/BJ3015*BK3015","v":20},{"$f":"+BA3017+BO3015","v":40},{"$f":"IF(AZ3017=BB3018,\"OK\",BB3017/'Control de Avance'!$BT$3)","v":0.17777777777777778}]
[null,1,1,"A","A","CL",null,null,null,null,null,null,null,null,null,null,null,null,null,null,null,null,null,null,null,null,null,null,null,null,null,null,null,null,null,null,null,null,null,null,null,null,null,null,null,null,null,null,null,null,null,"Frentes semana actual",null,null,{"$f":"COUNTIF(D3017:AC3021,\"B\")/BJ3015*BK3015","v":0}]
[null,{"$f":"$B$3025","v":1},null,"F1-2","F3-4","F5-6","F7-8","F9-10","F11","F12-13","F14-15","F16","F17-18","F19-20","F21-22","F23-24",null,null,null,null,null,null,null,null,null,null,null,null,null,null,null,null,null,null,null,null,null,null,null,null,null,null,null,null,null,null,null,null,null,null,null,"N° Unid Prod","N° Frentes","Pos","%"]
[null,1,1,"A","A","A",null,null,null,null,null,null,null,null,null,null,null,null,null,null,null,null,null,null,null,null,null,null,null,null,null,null,null,null,null,null,null,null,null,null,null,null,null,null,null,null,null,null,null,null,null,"Frentes semana actual",null,null,{"$f":"COUNTIF(D3027:AC3031,\"B\")/BJ3025*BK3025","v":0}]
[null,1,null,null,null,null,null,null,null,null,null,null,null,null,null,null,null,null,null,null,null,null,null,null,null,null,null,null,null,null,null,null,null,null,null,null,null,null,null,null,null,null,null,null,null,null,null,null,null,null,null,"Saldo",{"$f":"+BB3028/BJ3025*BK3025-BC3030-BC3031","v":90},"Sem",{"$f":"IF(AZ3027=BB3028,\"OK\",IF(BC3031=0,\"NA\",BA3032/BC3031))","v":"NA"}]
[null,1,5,"X","X","X","X","X","X","X","X","X","X","X","X","X",null,null,null,null,null,null,null,null,null,null,null,null,null,null,null,null,null,null,null,null,null,null,null,null,null,null,null,null,null,null,null,null,null,null,null,{"$f":"COUNTIF(D3037:P3041,\"A\")+COUNTIF(D3037:P3041,\"B\")","v":3},{"$f":"+AZ3037/BJ3035*BK3035","v":30},{"$f":"+BA3037+BO3035","v":60},{"$f":"IF(AZ3037=BB3038,\"OK\",BB3037/'Control de Avance'!$BT$3)","v":0.26666666666666666}]
[null,1,null,null,null,null,null,null,null,null,null,null,null,null,null,null,null,null,null,null,null,null,null,null,null,null,null,null,null,null,null,null,null,null,null,null,null,null,null,null,null,null,null,null,null,null,null,null,null,null,null,"Saldo",{"$f":"+BB3038/BJ3035*BK3035-BC3040-BC3041","v":90},"Sem",{"$f":"IF(AZ3037=BB3038,\"OK\",IF(BC3041=0,\"NA\",BA3042/BC3041))","v":"NA"}]
[null,1,5,"X","X","X","X","X","X","X","X","X","X","X","X","X",null,null,null,null,null,null,null,null,null,null,null,null,null,null,null,null,null,null,null,null,null,null,null,null,null,null,null,null,null,null,null,null,null,null,null,{"$f":"COUNTIF(D3047:P3051,\"A\")+COUNTIF(D3047:P3051,\"B\")","v":5},{"$f":"+AZ3047/BJ3045*BK3045","v":50},{"$f":"+BA3047+BO3045","v":100},{"$f":"IF(AZ3047=BB3048,\"OK\",BB3047/'Control de Avance'!$BT$3)","v":0.44444444444444442}]
[null,1,2,"X","X","X","X","X","X","X","X","X","X","X","X","X",null,null,null,null,null,null,null,null,null,null,null,null,null,null,null,null,null,null,null,null,null,null,null,null,null,null,null,null,null,null,null,null,null,null,null,"Frentes anteriores",null,null,{"$f":"COUNTIF(D3047:AC3051,\"A\")/BJ3045*BK3045","v":30}]
[null,1,null,null,null,null,null,null,null,null,null,null,null,null,null,null,null,null,null,null,null,null,null,null,null,null,null,null,null,null,null,null,null,null,null,null,null,null,null,null,null,null,null,null,null,null,null,null,null,null,null,"Saldo",{"$f":"+BB3048/BJ3045*BK3045-BC3050-BC3051","v":70},"Sem",{"$f":"IF(AZ3047=BB3048,\"OK\",IF(BC3051=0,\"NA\",BA3052/BC3051))","v":3.5}]
[null,1,5,"X","X","X","X","X","X","X","X","X","X","X","X","X",null,null,null,null,null,null,null,null,null,null,null,null,null,null,null,null,null,null,null,null,null,null,null,null,null,null,null,null,null,null,null,null,null,null,null,{"$f":"COUNTIF(D3057:P3061,\"A\")+COUNTIF(D3057:P3061,\"B\")","v":5},{"$f":"+AZ3057/BJ3055*BK3055","v":50},{"$f":"+BA3057+BO3055","v":100},{"$f":"IF(AZ3057=BB3058,\"OK\",BB3057/'Control de Avance'!$BT$3)","v":0.44444444444444442}]
[null,1,null,null,null,null,null,null,null,null,null,null,null,null,null,null,null,null,null,null,null,null,null,null,null,null,null,null,null,null,null,null,null,null,null,null,null,null,null,null,null,null,null,null,null,null,null,null,null,null,null,"Saldo",{"$f":"+BB3058/BJ3055*BK3055-BC3060-BC3061","v":70},"Sem",{"$f":"IF(AZ3057=BB3058,\"OK\",IF(BC3061=0,\"NA\",BA3062/BC3061))","v":3.5}]
[null,1]
[null,1,4,"X","X","X","X","X","X","X","X","X","X","X","X","X",null,null,null,null,null,null,null,null,null,null,null,null,null,null,null,null,null,null,null,null,null,null,null,null,null,null,null,null,null,null,null,null,null,null,null,"N° Total Und Prod:",null,{"$f":"VLOOKUP('Dibujo Edificios'!$A$144,'Otras Tablas'!$G$2:$H$31,2,FALSE)","v":12}]
[null,1]
[null,1,5,"X","X","X","X","X","X","X","X","X","X","X","X","X",null,null,null,null,null,null,null,null,null,null,null,null,null,null,null,null,null,null,null,null,null,null,null,null,null,null,null,null,null,null,null,null,null,null,null,{"$f":"COUNTIF(D3077:P3081,\"A\")+COUNTIF(D3077:P3081,\"B\")","v":5},{"$f":"+AZ3077/BJ3075*BK3075","v":50},{"$f":"+BA3077+BO3075","v":100},{"$f":"IF(AZ3077=BB3078,\"OK\",BB3077/'Control de Avance'!$BT$3)","v":0.44444444444444442}]
[null,1,4,"X","X","X","X","X","X","X","X","X","X","X","X","X",null,null,null,null,null,null,null,null,null,null,null,null,null,null,null,null,null,null,null,null,null,null,null,null,null,null,null,null,null,null,null,null,null,null,null,"N° Total Und Prod:",null,{"$f":"VLOOKUP('Dibujo Edificios'!$A$144,'Otras Tablas'!$G$2:$H$31,2,FALSE)","v":12}]
[null,1]
[null,1,4,"X","X","X","X","X","X","X","X","X","X","X","X","X",null,null,null,null,null,null,null,null,null,null,null,null,null,null,null,null,null,null,null,null,null,null,null,null,null,null,null,null,null,null,null,null,null,null,null,"N° Total Und Prod:",null,{"$f":"VLOOKUP('Dibujo Edificios'!$A$144,'Otras Tablas'!$G$2:$H$31,2,FALSE)","v":12}]
[null,1]
[]
[null,1,3,"X","X","X","X","X","X","X","X","X","X","X","X","X",null,null,null,null,null,null,null,null,null,null,null,null,null,null,null,null,null,null,null,null,null,null,null,null,null,null,null,null,null,null,null,null,null,null,null,"Proyección avance actual",null,null,{"$f":"IF(AZ3097=BB3098,\"OK\",IF(BC3101=0,\"NA\",(BB3098/BJ3095*BK3095+BQ3095)/('Control de Avance'!$BT$3+BC3102*5)))","v":"NA"}]
[null,1]
[null,1,4,"X","X","X","X","X","X","X","X","X","X","X","X","X",null,null,null,null,null,null,null,null,null,null,null,null,null,null,null,null,null,null,null,null,null,null,null,null,null,null,null,null,null,null,null,null,null,null,null,"N° Total Und Prod:",null,{"$f":"VLOOKUP('Dibujo Edificios'!$A$144,'Otras Tablas'!$G$2:$H$31,2,FALSE)","v":12}]
[null,1,3,"X","X","X","X","X","X","X","X","X","X","X","X","X",null,null,null,null,null,null,null,null,null,null,null,null,null,null,null,null,null,null,null,null,null,null,null,null,null,null,null,null,null,null,null,null,null,null,null,"Proyección avance actual",null,null,{"$f":"IF(AZ3107=BB3108,\"OK\",IF(BC3111=0,\"NA\",(BB3108/BJ3105*BK3105+BQ3105)/('Control de Avance'!$BT$3+BC3112*5)))","v":"NA"}]
[]
[null,1,3,"X","X","X","X","X","X","X","X","X","X","X","X","X",null,null,null,null,null,null,null,null,null,null,null,null,null,null,null,null,null,null,null,null,null,null,null,null,null,null,null,null,null,null,null,null,null,null,null,"Proyección avance actual",null,null,{"$f":"IF(AZ3117=BB3118,\"OK\",IF(BC3121=0,\"NA\",(BB3118/BJ3115*BK3115+BQ3115)/('Control de Avance'!$BT$3+BC3122*5)))","v":"NA"}]
[]
[null,{"$f":"$B$3125","v":1},null,"F1-2","F3-4","F5-6","F7-8","F9-10","F11","F12-13","F14-15","F16","F17-18","F19-20","F21-22","F23-24",null,null,null,null,null,null,null,null,null,null,null,null,null,null,null,null,null,null,null,null,null,null,null,null,null,null,null,null,null,null,null,null,null,null,null,"N° Unid Prod","N° Frentes","Pos","%"]
[null,1,3,"X","X","X","X","X","X","X","X","X","X","X","X","X",null,null,null,null,null,null,null,null,null,null,null,null,null,null,null,null,null,null,null,null,null,null,null,null,null,null,null,null,null,null,null,null,null,null,null,"Proyección avance actual",null,null,{"$f":"IF(AZ3127=BB3128,\"OK\",IF(BC3131=0,\"NA\",(BB3128/BJ3125*BK3125+BQ3125)/('Control de Avance'!$BT$3+BC3132*5)))","v":"NA"}]
[]
[null,1,3,"X","X","X","X","X","X","X","X","X","X","X","X","X",null,null,null,null,null,null,null,null,null,null,null,null,null,null,null,null,null,null,null,null,null,null,null,null,null,null,null,null,null,null,null,null,null,null,null,"Proyección avance actual",null,null,{"$f":"IF(AZ3137=BB3138,\"OK\",IF(BC3141=0,\"NA\",(BB3138/BJ3135*BK3135+BQ3135)/('Control de Avance'!$BT$3+BC3142*5)))","v":"NA"}]
[null,1,2,"X","X","X","X","X","X","X","X","X","X","X","X","X",null,null,null,null,null,null,null,null,null,null,null,null,null,null,null,null,null,null,null,null,null,null,null,null,null,null,null,null,null,null,null,null,null,null,null,"Frentes anteriores",null,null,{"$f":"COUNTIF(D3137:AC3141,\"A\")/BJ3135*BK3135","v":0}]
["ZC1",{"$f":"IF((OR($BT$5<$BP$3145-5,AND($BC$3147=\"OK\",COUNTIF($D$3147:$AY$3151,\"B\")=0))),0,1)","v":1},"Instalación de tapas artefactos sala de basura",null,null,null,null,null,null,null,null,null,null,null,null,null,null,null,null,null,null,null,null,null,null,null,null,null,null,null,null,null,null,null,null,null,null,null,null,null,null,null,null,null,null,null,null,null,null,null,null,null,null,null,null,"ELÉCTRICO T","centro",{"$f":"VLOOKUP(C3145,'Act. Proyecto'!$I$3:$Q$881,4,FALSE)","v":0},{"$f":"VLOOKUP(C3145,'Act. Proyecto'!$I$3:$Q$881,5,FALSE)","v":53},{"$f":"IFERROR(BF3145*BG3145,0)","v":0},{"$f":"VLOOKUP(C3145,'Act. Proyecto'!$I$3:$Q$881,7,FALSE)","v":"Edif"},{"$f":"VLOOKUP(C3145,'Act. Proyecto'!$I$3:$Q$881,8,FALSE)","v":1},{"$f":"VLOOKUP(C3145,'Act. Proyecto'!$I$3:$Q$881,9,FALSE)","v":10},{"$f":"IFERROR(BJ3145/BK3145,0)","v":0.1},{"$f":"IFERROR(BL3145*BH3145,0)","v":0},{"$f":"$AZ$3147*$BH$3145","v":0},{"$f":"IF($BM$3145=0,0,$BN$3145/$BM$3145)","v":0},72,{"$f":"$BP$3145+$BO$3145-1","v":71},{"$f":"BM3145*B3145","v":0},{"$f":"BR3145*BQ3145","v":0}]
[null,1,2,"X","X","X","X","X","X","X","X","X","X","X","X","X",null,null,null,null,null,null,null,null,null,null,null,null,null,null,null,null,null,null,null,null,null,null,null,null,null,null,null,null,null,null,null,null,null,null,null,"Frentes anteriores",null,null,{"$f":"COUNTIF(D3147:AC3151,\"A\")/BJ3145*BK3145","v":0}]
[null,1]
["ZC1",{"$f":"IF((OR($BT$5<$BP$3155-5,AND($BC$3157=\"OK\",COUNTIF($D$3157:$AY$3161,\"B\")=0))),0,1)","v":0},"Pintura epóxica de piso sala de basura",null,null,null,null,null,null,null,null,null,null,null,null,null,null,null,null,null,null,null,null,null,null,null,null,null,null,null,null,null,null,null,null,null,null,null,null,null,null,null,null,null,null,null,null,null,null,null,null,null,null,null,null,"PINTOR TERMINACIONES","m2",{"$f":"VLOOKUP(C3155,'Act. Proyecto'!$I$3:$Q$881,4,FALSE)","v":5.5600000000000005},{"$f":"VLOOKUP(C3155,'Act. Proyecto'!$I$3:$Q$881,5,FALSE)","v":560},{"$f":"IFERROR(BF3155*BG3155,0)","v":3113.6000000000004},{"$f":"VLOOKUP(C3155,'Act. Proyecto'!$I$3:$Q$881,7,FALSE)","v":"Edif"},{"$f":"VLOOKUP(C3155,'Act. Proyecto'!$I$3:$Q$881,8,FALSE)","v":1},{"$f":"VLOOKUP(C3155,'Act. Proyecto'!$I$3:$Q$881,9,FALSE)","v":10},{"$f":"IFERROR(BJ3155/BK3155,0)","v":0.1},{"$f":"IFERROR(BL3155*BH3155,0)","v":311.36000000000007},{"$f":"$AZ$3157*$BH$3155","v":0},{"$f":"IF($BM$3155=0,0,$BN$3155/$BM$3155)","v":0},180,{"$f":"$BP$3155+$BO$3155-1","v":179},{"$f":"BM3155*B3155","v":0},{"$f":"BR3155*BQ3155","v":0}]
[null,0,2,"X","X","X","X","X","X","X","X","X","X","X","X","X",null,null,null,null,null,null,null,null,null,null,null,null,null,null,null,null,null,null,null,null,null,null,null,null,null,null,null,null,null,null,null,null,null,null,null,"Frentes anteriores",null,null,{"$f":"COUNTIF(D3157:AC3161,\"A\")/BJ3155*BK3155","v":0}]
["ZC1",{"$f":"IF((OR($BT$5<$BP$3165-5,AND($BC$3167=\"OK\",COUNTIF($D$3167:$AY$3171,\"B\")=0))),0,1)","v":0},"Rejilla pileta, Soporte, manguera, pitón",null,null,null,null,null,null,null,null,null,null,null,null,null,null,null,null,null,null,null,null,null,null,null,null,null,null,null,null,null,null,null,null,null,null,null,null,null,null,null,null,null,null,null,null,null,null,null,null,null,null,null,null,"CARP. ACCESORIOS","cu",{"$f":"VLOOKUP(C3165,'Act. Proyecto'!$I$3:$Q$881,4,FALSE)","v":4},{"$f":"VLOOKUP(C3165,'Act. Proyecto'!$I$3:$Q$881,5,FALSE)","v":540},{"$f":"IFERROR(BF3165*BG3165,0)","v":2160},{"$f":"VLOOKUP(C3165,'Act. Proyecto'!$I$3:$Q$881,7,FALSE)","v":"Edif"},{"$f":"VLOOKUP(C3165,'Act. Proyecto'!$I$3:$Q$881,8,FALSE)","v":1},{"$f":"VLOOKUP(C3165,'Act. Proyecto'!$I$3:$Q$881,9,FALSE)","v":10},{"$f":"IFERROR(BJ3165/BK3165,0)","v":0.1},{"$f":"IFERROR(BL3165*BH3165,0)","v":216},{"$f":"$AZ$3167*$BH$3165","v":0},{"$f":"IF($BM$3165=0,0,$BN$3165/$BM$3165)","v":0},180,{"$f":"$BP$3165+$BO$3165-1","v":179},{"$f":"BM3165*B3165","v":0},{"$f":"BR3165*BQ3165","v":0}]
[null,0,2,"X","X","X","X","X","X","X","X","X","X","X","X","X",null,null,null,null,null,null,null,null,null,null,null,null,null,null,null,null,null,null,null,null,null,null,null,null,null,null,null,null,null,null,null,null,null,null,null,"Frentes anteriores",null,null,{"$f":"COUNTIF(D3167:AC3171,\"A\")/BJ3165*BK3165","v":0}]
[null,0,1,null,null,null,null,null,null,null,null,null,null,null,null,null,null,null,null,null,null,null,null,null,null,null,null,null,null,null,null,null,null,null,null,null,null,null,null,null,null,null,null,null,null,null,null,null,null,null,null,"Frentes semana actual",null,null,{"$f":"COUNTIF(D3167:AC3171,\"B\")/BJ3165*BK3165","v":0}]
[null,{"$f":"$B$3175","v":0},null,"F1-2","F3-4","F5-6","F7-8","F9-10","F11","F12-13","F14-15","F16","F17-18","F19-20","F21-22","F23-24",null,null,null,null,null,null,null,null,null,null,null,null,null,null,null,null,null,null,null,null,null,null,null,null,null,null,null,null,null,null,null,null,null,null,null,"N° Unid Prod","N° Frentes","Pos","%"]
[null,0,3,"X","X","X","X","X","X","X","X","X","X","X","X","X",null,null,null,null,null,null,null,null,null,null,null,null,null,null,null,null,null,null,null,null,null,null,null,null,null,null,null,null,null,null,null,null,null,null,null,"Proyección avance actual",null,null,{"$f":"IF(AZ3177=BB3178,\"OK\",IF(BC3181=0,\"NA\",(BB3178/BJ3175*BK3175+BQ3175)/('Control de Avance'!$BT$3+BC3182*5)))","v":"NA"}]
["ZC1",{"$f":"IF((OR($BT$5<$BP$3185-5,AND($BC$3187=\"OK\",COUNTIF($D$3187:$AY$3191,\"B\")=0))),0,1)","v":0},"Carros de basura",null,null,null,null,null,null,null,null,null,null,null,null,null,null,null,null,null,null,null,null,null,null,null,null,null,null,null,null,null,null,null,null,null,null,null,null,null,null,null,null,null,null,null,null,null,null,null,null,null,null,null,null,"CARP. ACCESORIOS","cu",{"$f":"VLOOKUP(C3185,'Act. Proyecto'!$I$3:$Q$881,4,FALSE)","v":4},{"$f":"VLOOKUP(C3185,'Act. Proyecto'!$I$3:$Q$881,5,FALSE)","v":540},{"$f":"IFERROR(BF3185*BG3185,0)","v":2160},{"$f":"VLOOKUP(C3185,'Act. Proyecto'!$I$3:$Q$881,7,FALSE)","v":"Edif"},{"$f":"VLOOKUP(C3185,'Act. Proyecto'!$I$3:$Q$881,8,FALSE)","v":1},{"$f":"VLOOKUP(C3185,'Act. Proyecto'!$I$3:$Q$881,9,FALSE)","v":10},{"$f":"IFERROR(BJ3185/BK3185,0)","v":0.1},{"$f":"IFERROR(BL3185*BH3185,0)","v":216},{"$f":"$AZ$3187*$BH$3185","v":0},{"$f":"IF($BM$3185=0,0,$BN$3185/$BM$3185)","v":0},180,{"$f":"$BP$3185+$BO$3185-1","v":179},{"$f":"BM3185*B3185","v":0},{"$f":"BR3185*BQ3185","v":0}]
[null,{"$f":"$B$3185","v":0},null,"F1-2","F3-4","F5-6","F7-8","F9-10","F11","F12-13","F14-15","F16","F17-18","F19-20","F21-22","F23-24",null,null,null,null,null,null,null,null,null,null,null,null,null,null,null,null,null,null,null,null,null,null,null,null,null,null,null,null,null,null,null,null,null,null,null,"N° Unid Prod","N° Frentes","Pos","%"]
[null,0,1,null,null,null,null,null,null,null,null,null,null,null,null,null,null,null,null,null,null,null,null,null,null,null,null,null,null,null,null,null,null,null,null,null,null,null,null,null,null,null,null,null,null,null,null,null,null,null,null,"Frentes semana actual",null,null,{"$f":"COUNTIF(D3187:AC3191,\"B\")/BJ3185*BK3185","v":0}]
[null,{"$f":"$B$3195","v":0},null,"F1-2","F3-4","F5-6","F7-8","F9-10","F11","F12-13","F14-15","F16","F17-18","F19-20","F21-22","F23-24",null,null,null,null,null,null,null,null,null,null,null,null,null,null,null,null,null,null,null,null,null,null,null,null,null,null,null,null,null,null,null,null,null,null,null,"N° Unid Prod","N° Frentes","Pos","%"]
[null,0,1,null,null,null,null,null,null,null,null,null,null,null,null,null,null,null,null,null,null,null,null,null,null,null,null,null,null,null,null,null,null,null,null,null,null,null,null,null,null,null,null,null,null,null,null,null,null,null,null,"Frentes semana actual",null,null,{"$f":"COUNTIF(D3197:AC3201,\"B\")/BJ3195*BK3195","v":0}]
[null,0,null,null,null,null,null,null,null,null,null,null,null,null,null,null,null,null,null,null,null,null,null,null,null,null,null,null,null,null,null,null,null,null,null,null,null,null,null,null,null,null,null,null,null,null,null,null,null,null,null,"Saldo",{"$f":"+BB3198/BJ3195*BK3195-BC3200-BC3201","v":120},"Sem",{"$f":"IF(AZ3197=BB3198,\"OK\",IF(BC3201=0,\"NA\",BA3202/BC3201))","v":"NA"}]
[null,{"$f":"$B$3205","v":1},null,"F1-2","F3-4","F5-6","F7-8","F9-10","F11","F12-13","F14-15","F16","F17-18","F19-20","F21-22","F23-24",null,null,null,null,null,null,null,null,null,null,null,null,null,null,null,null,null,null,null,null,null,null,null,null,null,null,null,null,null,null,null,null,null,null,null,"N° Unid Prod","N° Frentes","Pos","%"]
[null,1,1,"A","A","A","A","A","A","A","A","A",null,null,null,null,null,null,null,null,null,null,null,null,null,null,null,null,null,null,null,null,null,null,null,null,null,null,null,null,null,null,null,null,null,null,null,null,null,null,null,"Frentes semana actual",null,null,{"$f":"COUNTIF(D3207:AC3211,\"B\")/BJ3205*BK3205","v":0}]
[null,{"$f":"$B$3215","v":{"$error":"#N/A"}},null,"F1-2","F3-4","F5-6","F7-8","F9-10","F11","F12-13","F14-15","F16","F17-18","F19-20","F21-22","F23-24",null,null,null,null,null,null,null,null,null,null,null,null,null,null,null,null,null,null,null,null,null,null,null,null,null,null,null,null,null,null,null,null,null,null,null,"N° Unid Prod","N° Frentes","Pos","%"]
[null,{"$error":"#N/A"},5,"X","X","X","X","X","X","X","X","X","X","X","X","X",null,null,null,null,null,null,null,null,null,null,null,null,null,null,null,null,null,null,null,null,null,null,null,null,null,null,null,null,null,null,null,null,null,null,null,{"$f":"COUNTIF(D3217:P3221,\"A\")+COUNTIF(D3217:P3221,\"B\")","v":9},{"$f":"+AZ3217/BJ3215*BK3215","v":{"$error":"#N/A"}},{"$f":"+BA3217+BO3215","v":{"$error":"#N/A"}},{"$f":"IF(AZ3217=BB3218,\"OK\",BB3217/'Control de Avance'!$BT$3)","v":{"$error":"#N/A"}}]
[null,{"$error":"#N/A"},null,null,null,null,null,null,null,null,null,null,null,null,null,null,null,null,null,null,null,null,null,null,null,null,null,null,null,null,null,null,null,null,null,null,null,null,null,null,null,null,null,null,null,null,null,null,null,null,null,"Saldo",{"$f":"+BB3218/BJ3215*BK3215-BC3220-BC3221","v":{"$error":"#N/A"}},"Sem",{"$f":"IF(AZ3217=BB3218,\"OK\",IF(BC3221=0,\"NA\",BA3222/BC3221))","v":{"$error":"#N/A"}}]
[null,0,5,"X","X","X","X","X","X","X","X","X","X","X","X","X",null,null,null,null,null,null,null,null,null,null,null,null,null,null,null,null,null,null,null,null,null,null,null,null,null,null,null,null,null,null,null,null,null,null,null,{"$f":"COUNTIF(D3227:P3231,\"A\")+COUNTIF(D3227:P3231,\"B\")","v":12},{"$f":"+AZ3227/BJ3225*BK3225","v":120},{"$f":"+BA3227+BO3225","v":240},{"$f":"IF(AZ3227=BB3228,\"OK\",BB3227/'Control de Avance'!$BT$3)","v":"OK"}]
[null,0,null,null,null,null,null,null,null,null,null,null,null,null,null,null,null,null,null,null,null,null,null,null,null,null,null,null,null,null,null,null,null,null,null,null,null,null,null,null,null,null,null,null,null,null,null,null,null,null,null,"Saldo",{"$f":"+BB3228/BJ3225*BK3225-BC3230-BC3231","v":0},"Sem",{"$f":"IF(AZ3227=BB3228,\"OK\",IF(BC3231=0,\"NA\",BA3232/BC3231))","v":"OK"}]
[null,0]
[null,0,5,"X","X","X","X","X","X","X","X","X","X","X","X","X",null,null,null,null,null,null,null,null,null,null,null,null,null,null,null,null,null,null,null,null,null,null,null,null,null,null,null,null,null,null,null,null,null,null,null,{"$f":"COUNTIF(D3237:P3241,\"A\")+COUNTIF(D3237:P3241,\"B\")","v":12},{"$f":"+AZ3237/BJ3235*BK3235","v":120},{"$f":"+BA3237+BO3235","v":240},{"$f":"IF(AZ3237=BB3238,\"OK\",BB3237/'Control de Avance'!$BT$3)","v":"OK"}]
[null,0,null,null,null,null,null,null,null,null,null,null,null,null,null,null,null,null,null,null,null,null,null,null,null,null,null,null,null,null,null,null,null,null,null,null,null,null,null,null,null,null,null,null,null,null,null,null,null,null,null,"Saldo",{"$f":"+BB3238/BJ3235*BK3235-BC3240-BC3241","v":0},"Sem",{"$f":"IF(AZ3237=BB3238,\"OK\",IF(BC3241=0,\"NA\",BA3242/BC3241))","v":"OK"}]
[null,1,5,"A","A","A","a","A","A","a","A","a","A","A","A","J",null,null,null,null,null,null,null,null,null,null,null,null,null,null,null,null,null,null,null,null,null,null,null,null,null,null,null,null,null,null,null,null,null,null,null,{"$f":"COUNTIF(D3247:P3251,\"A\")+COUNTIF(D3247:P3251,\"B\")","v":60},{"$f":"+AZ3247/BJ3245*BK3245","v":120},{"$f":"+BA3247+BO3245","v":240},{"$f":"IF(AZ3247=BB3248,\"OK\",BB3247/'Control de Avance'!$BT$3)","v":1.0666666666666667}]
[null,1,4,"A","A","A","a","A","A","a","A","a","A","A","A","J",null,null,null,null,null,null,null,null,null,null,null,null,null,null,null,null,null,null,null,null,null,null,null,null,null,null,null,null,null,null,null,null,null,null,null,"N° Total Und Prod:",null,{"$f":"VLOOKUP('Dibujo Edificios'!$A$164,'Otras Tablas'!$G$2:$H$31,2,FALSE)","v":48}]
[null,1]
[null,0,4,"X","X","X","X","X","X","X","X","X","X","X","X","X",null,null,null,null,null,null,null,null,null,null,null,null,null,null,null,null,null,null,null,null,null,null,null,null,null,null,null,null,null,null,null,null,null,null,null,"N° Total Und Prod:",null,{"$f":"VLOOKUP('Dibujo Edificios'!$A$154,'Otras Tablas'!$G$2:$H$31,2,FALSE)","v":12}]
[null,0,null,null,null,null,null,null,null,null,null,null,null,null,null,null,null,null,null,null,null,null,null,null,null,null,null,null,null,null,null,null,null,null,null,null,null,null,null,null,null,null,null,null,null,null,null,null,null,null,null,"Saldo",{"$f":"+BB3258/BJ3255*BK3255-BC3260-BC3261","v":0},"Sem",{"$f":"IF(AZ3257=BB3258,\"OK\",IF(BC3261=0,\"NA\",BA3262/BC3261))","v":"OK"}]
[null,0]
[null,0,4,"X","X","X","X","X","X","X","X","X","X","X","X","X",null,null,null,null,null,null,null,null,null,null,null,null,null,null,null,null,null,null,null,null,null,null,null,null,null,null,null,null,null,null,null,null,null,null,null,"N° Total Und Prod:",null,{"$f":"VLOOKUP('Dibujo Edificios'!$A$154,'Otras Tablas'!$G$2:$H$31,2,FALSE)","v":12}]
[null,0]
[null,1,4,"A","A","A","A","A","A","A","A","A","C","V",null,null,null,null,null,null,null,null,null,null,null,null,null,null,null,null,null,null,null,null,null,null,null,null,null,null,null,null,null,null,null,null,null,null,null,null,null,"N° Total Und Prod:",null,{"$f":"VLOOKUP('Dibujo Edificios'!$A$164,'Otras Tablas'!$G$2:$H$31,2,FALSE)","v":48}]
[null,1,3,"A","A","A","A","A","A","A","A","A","C","V",null,null,null,null,null,null,null,null,null,null,null,null,null,null,null,null,null,null,null,null,null,null,null,null,null,null,null,null,null,null,null,null,null,null,null,null,null,"Proyección avance actual",null,null,{"$f":"IF(AZ3277=BB3278,\"OK\",IF(BC3281=0,\"NA\",(BB3278/BJ3275*BK3275+BQ3275)/('Control de Avance'!$BT$3+BC3282*5)))","v":"NA"}]
[]
[null,1,3,"A","A","A","A","A","A","A","A","A","D","D",null,null,null,null,null,null,null,null,null,null,null,null,null,null,null,null,null,null,null,null,null,null,null,null,null,null,null,null,null,null,null,null,null,null,null,null,null,"Proyección avance actual",null,null,{"$f":"IF(AZ3287=BB3288,\"OK\",IF(BC3291=0,\"NA\",(BB3288/BJ3285*BK3285+BQ3285)/('Control de Avance'!$BT$3+BC3292*5)))","v":"NA"}]
[null,1]
[]
[null,1,3,"A","A","A","A","A","A","A","A","A","D","D",null,null,null,null,null,null,null,null,null,null,null,null,null,null,null,null,null,null,null,null,null,null,null,null,null,null,null,null,null,null,null,null,null,null,null,null,null,"Proyección avance actual",null,null,{"$f":"IF(AZ3297=BB3298,\"OK\",IF(BC3301=0,\"NA\",(BB3298/BJ3295*BK3295+BQ3295)/('Control de Avance'!$BT$3+BC3302*5)))","v":{"$error":"#VALUE!"}}]
[]
[null,1,3,"X","X","X","X","X","X","X","X","X","X","X","X","X",null,null,null,null,null,null,null,null,null,null,null,null,null,null,null,null,null,null,null,null,null,null,null,null,null,null,null,null,null,null,null,null,null,null,null,"Proyección avance actual",null,null,{"$f":"IF(AZ3307=BB3308,\"OK\",IF(BC3311=0,\"NA\",(BB3308/BJ3305*BK3305+BQ3305)/('Control de Avance'!$BT$3+BC3312*5)))","v":"NA"}]
[null,1,2,"X","X","X","X","X","X","X","X","X","X","X","X","X",null,null,null,null,null,null,null,null,null,null,null,null,null,null,null,null,null,null,null,null,null,null,null,null,null,null,null,null,null,null,null,null,null,null,null,"Frentes anteriores",null,null,{"$f":"COUNTIF(D3307:AC3311,\"A\")/BJ3305*BK3305","v":90}]
[null,{"$f":"$B$3315","v":1},null,"F1-2","F3-4","F5-6","F7-8","F9-10","F11-12","F13-14","F15","F16","F17-18","F19-20","F21-22","F23-24",null,null,null,null,null,null,null,null,null,null,null,null,null,null,null,null,null,null,null,null,null,null,null,null,null,null,null,null,null,null,null,null,null,null,null,"N° Unid Prod","N° Frentes","Pos","%"]
[null,1,3,"X","X","X","X","X","X","X","X","X","X","X","X","X",null,null,null,null,null,null,null,null,null,null,null,null,null,null,null,null,null,null,null,null,null,null,null,null,null,null,null,null,null,null,null,null,null,null,null,"Proyección avance actual",null,null,{"$f":"IF(AZ3317=BB3318,\"OK\",IF(BC3321=0,\"NA\",(BB3318/BJ3315*BK3315+BQ3315)/('Control de Avance'!$BT$3+BC3322*5)))","v":"NA"}]
[]
["ZC1",{"$f":"IF((OR($BT$5<$BP$3325-5,AND($BC$3327=\"OK\",COUNTIF($D$3327:$AY$3331,\"B\")=0))),0,1)","v":1},"Escalón nicho eléctrico",null,null,null,null,null,null,null,null,null,null,null,null,null,null,null,null,null,null,null,null,null,null,null,null,null,null,null,null,null,null,null,null,null,null,null,null,null,null,null,null,null,null,null,null,null,null,null,null,null,null,null,null,"ALBAÑIL TERMINACIONES","cu",{"$f":"VLOOKUP(C3325,'Act. Proyecto'!$I$3:$Q$881,4,FALSE)","v":1},{"$f":"VLOOKUP(C3325,'Act. Proyecto'!$I$3:$Q$881,5,FALSE)","v":3680},{"$f":"IFERROR(BF3325*BG3325,0)","v":3680},{"$f":"VLOOKUP(C3325,'Act. Proyecto'!$I$3:$Q$881,7,FALSE)","v":"Edif"},{"$f":"VLOOKUP(C3325,'Act. Proyecto'!$I$3:$Q$881,8,FALSE)","v":1},{"$f":"VLOOKUP(C3325,'Act. Proyecto'!$I$3:$Q$881,9,FALSE)","v":10},{"$f":"IFERROR(BJ3325/BK3325,0)","v":0.1},{"$f":"IFERROR(BL3325*BH3325,0)","v":368},{"$f":"$AZ$3327*$BH$3325","v":11040},{"$f":"IF($BM$3325=0,0,$BN$3325/$BM$3325)","v":30},63,{"$f":"$BP$3325+$BO$3325-1","v":92},{"$f":"BM3325*B3325","v":368},{"$f":"BR3325*BQ3325","v":33856}]
[null,1,2,"X","X","X","X","X","X","X","X","X","X","X","X","X",null,null,null,null,null,null,null,null,null,null,null,null,null,null,null,null,null,null,null,null,null,null,null,null,null,null,null,null,null,null,null,null,null,null,null,"Frentes anteriores",null,null,{"$f":"COUNTIF(D3327:AC3331,\"A\")/BJ3325*BK3325","v":30}]
["ZCT",{"$f":"IF((OR($BT$5<$BP$3335-5,AND($BC$3337=\"OK\",COUNTIF($D$3337:$AY$3341,\"B\")=0))),0,1)","v":1},"Retape shafts caja escala (HDP, ducto basura, red seca)",null,null,null,null,null,null,null,null,null,null,null,null,null,null,null,null,null,null,null,null,null,null,null,null,null,null,null,null,null,null,null,null,null,null,null,null,null,null,null,null,null,null,null,null,null,null,null,null,null,null,null,null,"ALBAÑIL TERMINACIONES","cu",{"$f":"VLOOKUP(C3335,'Act. Proyecto'!$I$3:$Q$881,4,FALSE)","v":3},{"$f":"VLOOKUP(C3335,'Act. Proyecto'!$I$3:$Q$881,5,FALSE)","v":610},{"$f":"IFERROR(BF3335*BG3335,0)","v":1830},{"$f":"VLOOKUP(C3335,'Act. Proyecto'!$I$3:$Q$881,7,FALSE)","v":"Piso"},{"$f":"VLOOKUP(C3335,'Act. Proyecto'!$I$3:$Q$881,8,FALSE)","v":5},{"$f":"VLOOKUP(C3335,'Act. Proyecto'!$I$3:$Q$881,9,FALSE)","v":10},{"$f":"IFERROR(BJ3335/BK3335,0)","v":0.5},{"$f":"IFERROR(BL3335*BH3335,0)","v":915},{"$f":"$AZ$3337*$BH$3335","v":109800},{"$f":"IF($BM$3335=0,0,$BN$3335/$BM$3335)","v":120},51,{"$f":"$BP$3335+$BO$3335-1","v":170},{"$f":"BM3335*B3335","v":915},{"$f":"BR3335*BQ3335","v":155550}]
[null,1,4,"A","a","A","A","A","a","a","a","A","A","A","A","V",null,null,null,null,null,null,null,null,null,null,null,null,null,null,null,null,null,null,null,null,null,null,null,null,null,null,null,null,null,null,null,null,null,null,null,"N° Total Und Prod:",null,{"$f":"VLOOKUP('Dibujo Edificios'!$A$164,'Otras Tablas'!$G$2:$H$31,2,FALSE)","v":48}]
[null,1,2,"A","a","A","A","A","a","a","a","A","A","A","A","V",null,null,null,null,null,null,null,null,null,null,null,null,null,null,null,null,null,null,null,null,null,null,null,null,null,null,null,null,null,null,null,null,null,null,null,"Frentes anteriores",null,null,{"$f":"COUNTIF(D3337:AC3341,\"A\")/BJ3335*BK3335","v":120}]
["ZCT",1,"Tabique sala de medidores",null,null,null,null,null,null,null,null,null,null,null,null,null,null,null,null,null,null,null,null,null,null,null,null,null,null,null,null,null,null,null,null,null,null,null,null,null,null,null,null,null,null,null,null,null,null,null,null,null,null,null,null,"CARP. TABIQUE Y VOLCAPOL","m2",null,null,{"$f":"IFERROR(BF3345*BG3345,0)","v":0},null,null,null,{"$f":"IFERROR(BJ3345/BK3345,0)","v":0},{"$f":"IFERROR(BL3345*BH3345,0)","v":0},{"$f":"$AZ$3347*$BH$3345","v":0},{"$f":"IF($BM$3345=0,0,$BN$3345/$BM$3345)","v":0},52,{"$f":"$BP$3345+$BO$3345-1","v":51},{"$f":"BM3345*B3345","v":0},{"$f":"BR3345*BQ3345","v":0}]
[null,1,2,"A","A","a","A","A","A","A","A","A",null,null,null,null,null,null,null,null,null,null,null,null,null,null,null,null,null,null,null,null,null,null,null,null,null,null,null,null,null,null,null,null,null,null,null,null,null,null,null,"Frentes anteriores",null,null,{"$f":"COUNTIF(D3347:AC3351,\"A\")/BJ3345*BK3345","v":{"$error":"#DIV/0!"}}]
["ZCT",{"$f":"IF((OR($BT$5<$BP$3355-5,AND($BC$3357=\"OK\",COUNTIF($D$3357:$AY$3361,\"B\")=0))),0,1)","v":1},"Instalaciones eléctricas en tabique ZC",null,null,null,null,null,null,null,null,null,null,null,null,null,null,null,null,null,null,null,null,null,null,null,null,null,null,null,null,null,null,null,null,null,null,null,null,null,null,null,null,null,null,null,null,null,null,null,null,null,null,null,null,"ELÉCTRICO T","centro",{"$f":"VLOOKUP(C3355,'Act. Proyecto'!$I$3:$Q$881,4,FALSE)","v":6.4},{"$f":"VLOOKUP(C3355,'Act. Proyecto'!$I$3:$Q$881,5,FALSE)","v":741},{"$f":"IFERROR(BF3355*BG3355,0)","v":4742.4000000000005},{"$f":"VLOOKUP(C3355,'Act. Proyecto'!$I$3:$Q$881,7,FALSE)","v":"Piso"},{"$f":"VLOOKUP(C3355,'Act. Proyecto'!$I$3:$Q$881,8,FALSE)","v":5},{"$f":"VLOOKUP(C3355,'Act. Proyecto'!$I$3:$Q$881,9,FALSE)","v":10},{"$f":"IFERROR(BJ3355/BK3355,0)","v":0.5},{"$f":"IFERROR(BL3355*BH3355,0)","v":2371.2000000000003},{"$f":"$AZ$3357*$BH$3355","v":189696.00000000003},{"$f":"IF($BM$3355=0,0,$BN$3355/$BM$3355)","v":80},52,{"$f":"$BP$3355+$BO$3355-1","v":131},{"$f":"BM3355*B3355","v":2371.2000000000003},{"$f":"BR3355*BQ3355","v":310627.20000000001}]
[null,{"$f":"$B$3355","v":1},null,"F1-2","F3-4","F5-6","F7-8","F9-10","F11-12","F13-14","F15","F16","F17-18","F19-20","F21-22","F23-24",null,null,null,null,null,null,null,null,null,null,null,null,null,null,null,null,null,null,null,null,null,null,null,null,null,null,null,null,null,null,null,null,null,null,null,"N° Unid Prod","N° Frentes","Pos","%"]
[null,1,1,"a","a","A","A","A","D","D","D","D","D","D",null,null,null,null,null,null,null,null,null,null,null,null,null,null,null,null,null,null,null,null,null,null,null,null,null,null,null,null,null,null,null,null,null,null,null,null,null,"Frentes semana actual",null,null,{"$f":"COUNTIF(D3357:AC3361,\"B\")/BJ3355*BK3355","v":0}]
["ZCT",{"$f":"IF((OR($BT$5<$BP$3365-5,AND($BC$3367=\"OK\",COUNTIF($D$3367:$AY$3371,\"B\")=0))),0,1)","v":1},"Tabique shaft ducto basura",null,null,null,null,null,null,null,null,null,null,null,null,null,null,null,null,null,null,null,null,null,null,null,null,null,null,null,null,null,null,null,null,null,null,null,null,null,null,null,null,null,null,null,null,null,null,null,null,null,null,null,null,"CARP. TABIQUE Y VOLCAPOL","m2",{"$f":"VLOOKUP(C3365,'Act. Proyecto'!$I$3:$Q$881,4,FALSE)","v":3.87},{"$f":"VLOOKUP(C3365,'Act. Proyecto'!$I$3:$Q$881,5,FALSE)","v":1240},{"$f":"IFERROR(BF3365*BG3365,0)","v":4798.8},{"$f":"VLOOKUP(C3365,'Act. Proyecto'!$I$3:$Q$881,7,FALSE)","v":"Piso"},{"$f":"VLOOKUP(C3365,'Act. Proyecto'!$I$3:$Q$881,8,FALSE)","v":5},{"$f":"VLOOKUP(C3365,'Act. Proyecto'!$I$3:$Q$881,9,FALSE)","v":10},{"$f":"IFERROR(BJ3365/BK3365,0)","v":0.5},{"$f":"IFERROR(BL3365*BH3365,0)","v":2399.4},{"$f":"$AZ$3367*$BH$3365","v":215946},{"$f":"IF($BM$3365=0,0,$BN$3365/$BM$3365)","v":90},52,{"$f":"$BP$3365+$BO$3365-1","v":141},{"$f":"BM3365*B3365","v":2399.4},{"$f":"BR3365*BQ3365","v":338315.4}]
[null,1,2,"A","a","A","A","A","A","A","A","A","D","D",null,null,null,null,null,null,null,null,null,null,null,null,null,null,null,null,null,null,null,null,null,null,null,null,null,null,null,null,null,null,null,null,null,null,null,null,null,"Frentes anteriores",null,null,{"$f":"COUNTIF(D3367:AC3371,\"A\")/BJ3365*BK3365","v":90}]
[null,1,1,"a","a","A","A","A","A","A","A","A","D","D",null,null,null,null,null,null,null,null,null,null,null,null,null,null,null,null,null,null,null,null,null,null,null,null,null,null,null,null,null,null,null,null,null,null,null,null,null,"Frentes semana actual",null,null,{"$f":"COUNTIF(D3367:AC3371,\"B\")/BJ3365*BK3365","v":0}]
[null,{"$f":"$B$3375","v":1},null,"F1-2","F3-4","F5-6","F7-8","F9-10","F11-12","F13-14","F15","F16","F17-18","F19-20","F21-22","F23-24",null,null,null,null,null,null,null,null,null,null,null,null,null,null,null,null,null,null,null,null,null,null,null,null,null,null,null,null,null,null,null,null,null,null,null,"N° Unid Prod","N° Frentes","Pos","%"]
[null,1,1,"X","X","X","X","X","X","X","X","X","X","X","X","X",null,null,null,null,null,null,null,null,null,null,null,null,null,null,null,null,null,null,null,null,null,null,null,null,null,null,null,null,null,null,null,null,null,null,null,"Frentes semana actual",null,null,{"$f":"COUNTIF(D3377:AC3381,\"B\")/BJ3375*BK3375","v":0}]
[null,{"$f":"$B$3385","v":1},null,"F1-2","F3-4","F5-6","F7-8","F9-10","F11-12","F13-14","F15","F16","F17-18","F19-20","F21-22","F23-24",null,null,null,null,null,null,null,null,null,null,null,null,null,null,null,null,null,null,null,null,null,null,null,null,null,null,null,null,null,null,null,null,null,null,null,"N° Unid Prod","N° Frentes","Pos","%"]
[null,1,5,"X","X","X","X","X","X","X","X","X","X","X","X","X",null,null,null,null,null,null,null,null,null,null,null,null,null,null,null,null,null,null,null,null,null,null,null,null,null,null,null,null,null,null,null,null,null,null,null,{"$f":"COUNTIF(D3387:P3391,\"A\")+COUNTIF(D3387:P3391,\"B\")","v":15},{"$f":"+AZ3387/BJ3385*BK3385","v":30},{"$f":"+BA3387+BO3385","v":60},{"$f":"IF(AZ3387=BB3388,\"OK\",BB3387/'Control de Avance'!$BT$3)","v":0.26666666666666666}]
[null,1,1,"X","X","X","X","X","X","X","X","X","X","X","X","X",null,null,null,null,null,null,null,null,null,null,null,null,null,null,null,null,null,null,null,null,null,null,null,null,null,null,null,null,null,null,null,null,null,null,null,"Frentes semana actual",null,null,{"$f":"COUNTIF(D3387:AC3391,\"B\")/BJ3385*BK3385","v":30}]
[null,{"$f":"$B$3395","v":1},null,"F1-2","F3-4","F5-6","F7-8","F9-10","F11","F12-13","F14-15","F16","F17-18","F19-20","F21-22","F23-24",null,null,null,null,null,null,null,null,null,null,null,null,null,null,null,null,null,null,null,null,null,null,null,null,null,null,null,null,null,null,null,null,null,null,null,"N° Unid Prod","N° Frentes","Pos","%"]
[null,1,1,"A","a","a","A","a","A","A","A","A","L","W",null,null,null,null,null,null,null,null,null,null,null,null,null,null,null,null,null,null,null,null,null,null,null,null,null,null,null,null,null,null,null,null,null,null,null,null,null,"Frentes semana actual",null,null,{"$f":"COUNTIF(D3397:AC3401,\"B\")/BJ3395*BK3395","v":0}]
[null,1,null,null,null,null,null,null,null,null,null,null,null,null,null,null,null,null,null,null,null,null,null,null,null,null,null,null,null,null,null,null,null,null,null,null,null,null,null,null,null,null,null,null,null,null,null,null,null,null,null,"Saldo",{"$f":"+BB3398/BJ3395*BK3395-BC3400-BC3401","v":6},"Sem",{"$f":"IF(AZ3397=BB3398,\"OK\",IF(BC3401=0,\"NA\",BA3402/BC3401))","v":"NA"}]
[null,1,5,"a","a","A","A","a","A",null,null,null,null,null,null,null,null,null,null,null,null,null,null,null,null,null,null,null,null,null,null,null,null,null,null,null,null,null,null,null,null,null,null,null,null,null,null,null,null,null,null,{"$f":"COUNTIF(D3407:P3411,\"A\")+COUNTIF(D3407:P3411,\"B\")","v":27},{"$f":"+AZ3407/BJ3405*BK3405","v":54},{"$f":"+BA3407+BO3405","v":108},{"$f":"IF(AZ3407=BB3408,\"OK\",BB3407/'Control de Avance'!$BT$3)","v":0.48}]
[null,1,null,null,null,null,null,null,null,null,null,null,null,null,null,null,null,null,null,null,null,null,null,null,null,null,null,null,null,null,null,null,null,null,null,null,null,null,null,null,null,null,null,null,null,null,null,null,null,null,null,"Saldo",{"$f":"+BB3408/BJ3405*BK3405-BC3410-BC3411","v":42},"Sem",{"$f":"IF(AZ3407=BB3408,\"OK\",IF(BC3411=0,\"NA\",BA3412/BC3411))","v":"NA"}]
[null,1,5,"X","X","X","X","X","X","X","X","X","X","X","X","X",null,null,null,null,null,null,null,null,null,null,null,null,null,null,null,null,null,null,null,null,null,null,null,null,null,null,null,null,null,null,null,null,null,null,null,{"$f":"COUNTIF(D3417:P3421,\"A\")+COUNTIF(D3417:P3421,\"B\")","v":3},{"$f":"+AZ3417/BJ3415*BK3415","v":30},{"$f":"+BA3417+BO3415","v":60},{"$f":"IF(AZ3417=BB3418,\"OK\",BB3417/'Control de Avance'!$BT$3)","v":0.26666666666666666}]
[null,1,4,"X","X","X","X","X","X","X","X","X","X","X","X","X",null,null,null,null,null,null,null,null,null,null,null,null,null,null,null,null,null,null,null,null,null,null,null,null,null,null,null,null,null,null,null,null,null,null,null,"N° Total Und Prod:",null,{"$f":"VLOOKUP('Dibujo Edificios'!$A$154,'Otras Tablas'!$G$2:$H$31,2,FALSE)","v":12}]
[null,1,null,null,null,null,null,null,null,null,null,null,null,null,null,null,null,null,null,null,null,null,null,null,null,null,null,null,null,null,null,null,null,null,null,null,null,null,null,null,null,null,null,null,null,null,null,null,null,null,null,"Saldo",{"$f":"+BB3418/BJ3415*BK3415-BC3420-BC3421","v":90},"Sem",{"$f":"IF(AZ3417=BB3418,\"OK\",IF(BC3421=0,\"NA\",BA3422/BC3421))","v":"NA"}]
[null,1,5,"X","X","X","X","X","X","X","X","X","X","X","X","X",null,null,null,null,null,null,null,null,null,null,null,null,null,null,null,null,null,null,null,null,null,null,null,null,null,null,null,null,null,null,null,null,null,null,null,{"$f":"COUNTIF(D3427:P3431,\"A\")+COUNTIF(D3427:P3431,\"B\")","v":15},{"$f":"+AZ3427/BJ3425*BK3425","v":37.5},{"$f":"+BA3427+BO3425","v":75},{"$f":"IF(AZ3427=BB3428,\"OK\",BB3427/'Control de Avance'!$BT$3)","v":0.33333333333333331}]
[null,1,null,null,null,null,null,null,null,null,null,null,null,null,null,null,null,null,null,null,null,null,null,null,null,null,null,null,null,null,null,null,null,null,null,null,null,null,null,null,null,null,null,null,null,null,null,null,null,null,null,"Saldo",{"$f":"+BB3428/BJ3425*BK3425-BC3430-BC3431","v":82.5},"Sem",{"$f":"IF(AZ3427=BB3428,\"OK\",IF(BC3431=0,\"NA\",BA3432/BC3431))","v":"NA"}]
[null,1]
[null,1,4,"a","a","a","A","A",null,null,null,null,null,null,null,null,null,null,null,null,null,null,null,null,null,null,null,null,null,null,null,null,null,null,null,null,null,null,null,null,null,null,null,null,null,null,null,null,null,null,null,"N° Total Und Prod:",null,{"$f":"VLOOKUP('Dibujo Edificios'!$A$164,'Otras Tablas'!$G$2:$H$31,2,FALSE)","v":48}]
[null,1]
["ZCT",{"$f":"IF((OR($BT$5<$BP$3445-5,AND($BC$3447=\"OK\",COUNTIF($D$3447:$AY$3451,\"B\")=0))),0,1)","v":1},"Marco y puerta cuarto técnico sala de medidores ",null,null,null,null,null,null,null,null,null,null,null,null,null,null,null,null,null,null,null,null,null,null,null,null,null,null,null,null,null,null,null,null,null,null,null,null,null,null,null,null,null,null,null,null,null,null,null,null,null,null,null,null,"CARP. TERMINACIONES","cu",{"$f":"VLOOKUP(C3445,'Act. Proyecto'!$I$3:$Q$881,4,FALSE)","v":2},{"$f":"VLOOKUP(C3445,'Act. Proyecto'!$I$3:$Q$881,5,FALSE)","v":3075},{"$f":"IFERROR(BF3445*BG3445,0)","v":6150},{"$f":"VLOOKUP(C3445,'Act. Proyecto'!$I$3:$Q$881,7,FALSE)","v":"Piso"},{"$f":"VLOOKUP(C3445,'Act. Proyecto'!$I$3:$Q$881,8,FALSE)","v":5},{"$f":"VLOOKUP(C3445,'Act. Proyecto'!$I$3:$Q$881,9,FALSE)","v":10},{"$f":"IFERROR(BJ3445/BK3445,0)","v":0.5},{"$f":"IFERROR(BL3445*BH3445,0)","v":3075},{"$f":"$AZ$3447*$BH$3445","v":135300},{"$f":"IF($BM$3445=0,0,$BN$3445/$BM$3445)","v":44},61,{"$f":"$BP$3445+$BO$3445-1","v":104},{"$f":"BM3445*B3445","v":3075},{"$f":"BR3445*BQ3445","v":319800}]
[null,1,4,"A","A","a","A","a","D","D","D","D",null,null,null,null,null,null,null,null,null,null,null,null,null,null,null,null,null,null,null,null,null,null,null,null,null,null,null,null,null,null,null,null,null,null,null,null,null,null,null,"N° Total Und Prod:",null,{"$f":"VLOOKUP('Dibujo Edificios'!$A$164,'Otras Tablas'!$G$2:$H$31,2,FALSE)","v":48}]
[null,1]
[null,1,4,"A","a","a","A","A",null,null,null,null,null,null,null,null,null,null,null,null,null,null,null,null,null,null,null,null,null,null,null,null,null,null,null,null,null,null,null,null,null,null,null,null,null,null,null,null,null,null,null,"N° Total Und Prod:",null,{"$f":"VLOOKUP('Dibujo Edificios'!$A$164,'Otras Tablas'!$G$2:$H$31,2,FALSE)","v":48}]
[null,1]
[]
[null,1,3,"A","A","A","A","A",null,null,null,null,null,null,null,null,null,null,null,null,null,null,null,null,null,null,null,null,null,null,null,null,null,null,null,null,null,null,null,null,null,null,null,null,null,null,null,null,null,null,null,"Proyección avance actual",null,null,{"$f":"IF(AZ3467=BB3468,\"OK\",IF(BC3471=0,\"NA\",(BB3468/BJ3465*BK3465+BQ3465)/('Control de Avance'!$BT$3+BC3472*5)))","v":"NA"}]
[]
[null,1,4,"D","D","D","D",null,null,null,null,null,null,null,null,null,null,null,null,null,null,null,null,null,null,null,null,null,null,null,null,null,null,null,null,null,null,null,null,null,null,null,null,null,null,null,null,null,null,null,null,"N° Total Und Prod:",null,{"$f":"VLOOKUP('Dibujo Edificios'!$A$164,'Otras Tablas'!$G$2:$H$31,2,FALSE)","v":48}]
[null,1,3,"D","D","D","D",null,null,null,null,null,null,null,null,null,null,null,null,null,null,null,null,null,null,null,null,null,null,null,null,null,null,null,null,null,null,null,null,null,null,null,null,null,null,null,null,null,null,null,null,"Proyección avance actual",null,null,{"$f":"IF(AZ3477=BB3478,\"OK\",IF(BC3481=0,\"NA\",(BB3478/BJ3475*BK3475+BQ3475)/('Control de Avance'!$BT$3+BC3482*5)))","v":"NA"}]
[]
[null,1,3,"A","A","A","A","A",null,null,null,null,null,null,null,null,null,null,null,null,null,null,null,null,null,null,null,null,null,null,null,null,null,null,null,null,null,null,null,null,null,null,null,null,null,null,null,null,null,null,null,"Proyección avance actual",null,null,{"$f":"IF(AZ3487=BB3488,\"OK\",IF(BC3491=0,\"NA\",(BB3488/BJ3485*BK3485+BQ3485)/('Control de Avance'!$BT$3+BC3492*5)))","v":"NA"}]
[]
["ZCT",{"$f":"IF((OR($BT$5<$BP$3495-5,AND($BC$3497=\"OK\",COUNTIF($D$3497:$AY$3501,\"B\")=0))),0,1)","v":1},"Instalación de medidores de gas",null,null,null,null,null,null,null,null,null,null,null,null,null,null,null,null,null,null,null,null,null,null,null,null,null,null,null,null,null,null,null,null,null,null,null,null,null,null,null,null,null,null,null,null,null,null,null,null,null,null,null,null,"GAS T","dh",{"$f":"VLOOKUP(C3495,'Act. Proyecto'!$I$3:$Q$881,4,FALSE)","v":1},{"$f":"VLOOKUP(C3495,'Act. Proyecto'!$I$3:$Q$881,5,FALSE)","v":1},{"$f":"IFERROR(BF3495*BG3495,0)","v":1},{"$f":"VLOOKUP(C3495,'Act. Proyecto'!$I$3:$Q$881,7,FALSE)","v":"Piso"},{"$f":"VLOOKUP(C3495,'Act. Proyecto'!$I$3:$Q$881,8,FALSE)","v":5},{"$f":"VLOOKUP(C3495,'Act. Proyecto'!$I$3:$Q$881,9,FALSE)","v":10},{"$f":"IFERROR(BJ3495/BK3495,0)","v":0.5},{"$f":"IFERROR(BL3495*BH3495,0)","v":0.5},{"$f":"$AZ$3497*$BH$3495","v":0},{"$f":"IF($BM$3495=0,0,$BN$3495/$BM$3495)","v":0},80,{"$f":"$BP$3495+$BO$3495-1","v":79},{"$f":"BM3495*B3495","v":0.5},{"$f":"BR3495*BQ3495","v":39.5}]
[null,1,1,"C","C","C",null,null,null,null,null,null,null,null,null,null,null,null,null,null,null,null,null,null,null,null,null,null,null,null,null,null,null,null,null,null,null,null,null,null,null,null,null,null,null,null,null,null,null,null,null,"Frentes semana actual",null,null,{"$f":"COUNTIF(D3497:AC3501,\"B\")/BJ3495*BK3495","v":0}]
[]
[null,1,3,"CJ","C","C",null,null,null,null,null,null,null,null,null,null,null,null,null,null,null,null,null,null,null,null,null,null,null,null,null,null,null,null,null,null,null,null,null,null,null,null,null,null,null,null,null,null,null,null,null,"Proyección avance actual",null,null,{"$f":"IF(AZ3507=BB3508,\"OK\",IF(BC3511=0,\"NA\",(BB3508/BJ3505*BK3505+BQ3505)/('Control de Avance'!$BT$3+BC3512*5)))","v":"NA"}]
[null,1,2,"CJ","C","C",null,null,null,null,null,null,null,null,null,null,null,null,null,null,null,null,null,null,null,null,null,null,null,null,null,null,null,null,null,null,null,null,null,null,null,null,null,null,null,null,null,null,null,null,null,"Frentes anteriores",null,null,{"$f":"COUNTIF(D3507:AC3511,\"A\")/BJ3505*BK3505","v":0}]
["ZCT",{"$f":"IF((OR($BT$5<$BP$3515-5,AND($BC$3517=\"OK\",COUNTIF($D$3517:$AY$3521,\"B\")=0))),0,1)","v":1},"Burlete de puerta de nicho de gas",null,null,null,null,null,null,null,null,null,null,null,null,null,null,null,null,null,null,null,null,null,null,null,null,null,null,null,null,null,null,null,null,null,null,null,null,null,null,null,null,null,null,null,null,null,null,null,null,null,null,null,null,"SOLDADOR","ml",{"$f":"VLOOKUP(C3515,'Act. Proyecto'!$I$3:$Q$881,4,FALSE)","v":5.76},{"$f":"VLOOKUP(C3515,'Act. Proyecto'!$I$3:$Q$881,5,FALSE)","v":140},{"$f":"IFERROR(BF3515*BG3515,0)","v":806.4},{"$f":"VLOOKUP(C3515,'Act. Proyecto'!$I$3:$Q$881,7,FALSE)","v":"Piso"},{"$f":"VLOOKUP(C3515,'Act. Proyecto'!$I$3:$Q$881,8,FALSE)","v":4},{"$f":"VLOOKUP(C3515,'Act. Proyecto'!$I$3:$Q$881,9,FALSE)","v":10},{"$f":"IFERROR(BJ3515/BK3515,0)","v":0.4},{"$f":"IFERROR(BL3515*BH3515,0)","v":322.56},{"$f":"$AZ$3517*$BH$3515","v":0},{"$f":"IF($BM$3515=0,0,$BN$3515/$BM$3515)","v":0},81,{"$f":"$BP$3515+$BO$3515-1","v":80},{"$f":"BM3515*B3515","v":322.56},{"$f":"BR3515*BQ3515","v":25804.799999999999}]
[null,1,2,null,null,null,null,null,null,null,null,null,null,null,null,null,null,null,null,null,null,null,null,null,null,null,null,null,null,null,null,null,null,null,null,null,null,null,null,null,null,null,null,null,null,null,null,null,null,null,null,"Frentes anteriores",null,null,{"$f":"COUNTIF(D3517:AC3521,\"A\")/BJ3515*BK3515","v":0}]
["ZC1",{"$f":"IF((OR($BT$5<$BP$3525-5,AND($BC$3527=\"OK\",COUNTIF($D$3527:$AY$3531,\"B\")=0))),0,1)","v":1},"Medidores eléctricos (bandeja y tuberías)",null,null,null,null,null,null,null,null,null,null,null,null,null,null,null,null,null,null,null,null,null,null,null,null,null,null,null,null,null,null,null,null,null,null,null,null,null,null,null,null,null,null,null,null,null,null,null,null,null,null,null,null,"ELÉCTRICO T","dh",{"$f":"VLOOKUP(C3525,'Act. Proyecto'!$I$3:$Q$881,4,FALSE)","v":0},{"$f":"VLOOKUP(C3525,'Act. Proyecto'!$I$3:$Q$881,5,FALSE)","v":1},{"$f":"IFERROR(BF3525*BG3525,0)","v":0},{"$f":"VLOOKUP(C3525,'Act. Proyecto'!$I$3:$Q$881,7,FALSE)","v":"Edif"},{"$f":"VLOOKUP(C3525,'Act. Proyecto'!$I$3:$Q$881,8,FALSE)","v":1},{"$f":"VLOOKUP(C3525,'Act. Proyecto'!$I$3:$Q$881,9,FALSE)","v":10},{"$f":"IFERROR(BJ3525/BK3525,0)","v":0.1},{"$f":"IFERROR(BL3525*BH3525,0)","v":0},{"$f":"$AZ$3527*$BH$3525","v":0},{"$f":"IF($BM$3525=0,0,$BN$3525/$BM$3525)","v":0},82,{"$f":"$BP$3525+$BO$3525-1","v":81},{"$f":"BM3525*B3525","v":0},{"$f":"BR3525*BQ3525","v":0}]
[null,1,4,"X","X","X","X","X","X","X","X","X","X","X","X","X",null,null,null,null,null,null,null,null,null,null,null,null,null,null,null,null,null,null,null,null,null,null,null,null,null,null,null,null,null,null,null,null,null,null,null,"N° Total Und Prod:",null,{"$f":"VLOOKUP('Dibujo Edificios'!$A$144,'Otras Tablas'!$G$2:$H$31,2,FALSE)","v":12}]
[null,1,2,"X","X","X","X","X","X","X","X","X","X","X","X","X",null,null,null,null,null,null,null,null,null,null,null,null,null,null,null,null,null,null,null,null,null,null,null,null,null,null,null,null,null,null,null,null,null,null,null,"Frentes anteriores",null,null,{"$f":"COUNTIF(D3527:AC3531,\"A\")/BJ3525*BK3525","v":0}]
["ZC1",{"$f":"IF((OR($BT$5<$BP$3535-5,AND($BC$3537=\"OK\",COUNTIF($D$3537:$AY$3541,\"B\")=0))),0,1)","v":1},"Alambrado nicho eléctrico",null,null,null,null,null,null,null,null,null,null,null,null,null,null,null,null,null,null,null,null,null,null,null,null,null,null,null,null,null,null,null,null,null,null,null,null,null,null,null,null,null,null,null,null,null,null,null,null,null,null,null,null,"ELÉCTRICO T","centro",{"$f":"VLOOKUP(C3535,'Act. Proyecto'!$I$3:$Q$881,4,FALSE)","v":0},{"$f":"VLOOKUP(C3535,'Act. Proyecto'!$I$3:$Q$881,5,FALSE)","v":202},{"$f":"IFERROR(BF3535*BG3535,0)","v":0},{"$f":"VLOOKUP(C3535,'Act. Proyecto'!$I$3:$Q$881,7,FALSE)","v":"Edif"},{"$f":"VLOOKUP(C3535,'Act. Proyecto'!$I$3:$Q$881,8,FALSE)","v":1},{"$f":"VLOOKUP(C3535,'Act. Proyecto'!$I$3:$Q$881,9,FALSE)","v":10},{"$f":"IFERROR(BJ3535/BK3535,0)","v":0.1},{"$f":"IFERROR(BL3535*BH3535,0)","v":0},{"$f":"$AZ$3537*$BH$3535","v":0},{"$f":"IF($BM$3535=0,0,$BN$3535/$BM$3535)","v":0},83,{"$f":"$BP$3535+$BO$3535-1","v":82},{"$f":"BM3535*B3535","v":0},{"$f":"BR3535*BQ3535","v":0}]
[null,1,2,"X","X","X","X","X","X","X","X","X","X","X","X","X",null,null,null,null,null,null,null,null,null,null,null,null,null,null,null,null,null,null,null,null,null,null,null,null,null,null,null,null,null,null,null,null,null,null,null,"Frentes anteriores",null,null,{"$f":"COUNTIF(D3537:AC3541,\"A\")/BJ3535*BK3535","v":0}]
[null,1,1,null,null,null,null,null,null,null,null,null,null,null,null,null,null,null,null,null,null,null,null,null,null,null,null,null,null,null,null,null,null,null,null,null,null,null,null,null,null,null,null,null,null,null,null,null,null,null,null,"Frentes semana actual",null,null,{"$f":"COUNTIF(D3537:AC3541,\"B\")/BJ3535*BK3535","v":0}]
[null,{"$f":"$B$3545","v":1},null,"F1-2","F3-4","F5-6","F7-8","F9-10","F11","F12-13","F14-15","F16","F17-18","F19-20","F21-22","F23-24",null,null,null,null,null,null,null,null,null,null,null,null,null,null,null,null,null,null,null,null,null,null,null,null,null,null,null,null,null,null,null,null,null,null,null,"N° Unid Prod","N° Frentes","Pos","%"]
[null,1,1,null,null,null,null,null,null,null,null,null,null,null,null,null,null,null,null,null,null,null,null,null,null,null,null,null,null,null,null,null,null,null,null,null,null,null,null,null,null,null,null,null,null,null,null,null,null,null,null,"Frentes semana actual",null,null,{"$f":"COUNTIF(D3547:AC3551,\"B\")/BJ3545*BK3545","v":0}]
[]
[null,{"$f":"$B$3555","v":1},null,"F1-2","F3-4","F5-6","F7-8","F9-10","F11","F12-13","F14-15","F16","F17-18","F19-20","F21-22","F23-24",null,null,null,null,null,null,null,null,null,null,null,null,null,null,null,null,null,null,null,null,null,null,null,null,null,null,null,null,null,null,null,null,null,null,null,"N° Unid Prod","N° Frentes","Pos","%"]
[null,1,1,null,null,null,null,null,null,null,null,null,null,null,null,null,null,null,null,null,null,null,null,null,null,null,null,null,null,null,null,null,null,null,null,null,null,null,null,null,null,null,null,null,null,null,null,null,null,null,null,"Frentes semana actual",null,null,{"$f":"COUNTIF(D3557:AC3561,\"B\")/BJ3555*BK3555","v":0}]
[null,{"$f":"$B$3565","v":1},null,"F1-2","F3-4","F5-6","F7-8","F9-10","F11","F12-13","F14-15","F16","F17-18","F19-20","F21-22","F23-24",null,null,null,null,null,null,null,null,null,null,null,null,null,null,null,null,null,null,null,null,null,null,null,null,null,null,null,null,null,null,null,null,null,null,null,"N° Unid Prod","N° Frentes","Pos","%"]
[null,1,1,null,null,null,null,null,null,null,null,null,null,null,null,null,null,null,null,null,null,null,null,null,null,null,null,null,null,null,null,null,null,null,null,null,null,null,null,null,null,null,null,null,null,null,null,null,null,null,null,"Frentes semana actual",null,null,{"$f":"COUNTIF(D3567:AC3571,\"B\")/BJ3565*BK3565","v":0}]
[null,1,null,null,null,null,null,null,null,null,null,null,null,null,null,null,null,null,null,null,null,null,null,null,null,null,null,null,null,null,null,null,null,null,null,null,null,null,null,null,null,null,null,null,null,null,null,null,null,null,null,"Saldo",{"$f":"+BB3568/BJ3565*BK3565-BC3570-BC3571","v":120},"Sem",{"$f":"IF(AZ3567=BB3568,\"OK\",IF(BC3571=0,\"NA\",BA3572/BC3571))","v":"NA"}]
[null,1,5,null,null,null,null,null,null,null,null,null,null,null,null,null,null,null,null,null,null,null,null,null,null,null,null,null,null,null,null,null,null,null,null,null,null,null,null,null,null,null,null,null,null,null,null,null,null,null,null,{"$f":"COUNTIF(D3577:P3581,\"A\")+COUNTIF(D3577:P3581,\"B\")","v":0},{"$f":"+AZ3577/BJ3575*BK3575","v":0},{"$f":"+BA3577+BO3575","v":0},{"$f":"IF(AZ3577=BB3578,\"OK\",BB3577/'Control de Avance'!$BT$3)","v":0}]
[null,1,1,null,null,null,null,null,null,null,null,null,null,null,null,null,null,null,null,null,null,null,null,null,null,null,null,null,null,null,null,null,null,null,null,null,null,null,null,null,null,null,null,null,null,null,null,null,null,null,null,"Frentes semana actual",null,null,{"$f":"COUNTIF(D3577:AC3581,\"B\")/BJ3575*BK3575","v":0}]
[null,{"$f":"$B$3585","v":1},null,"F1-2","F3-4","F5-6","F7-8","F9-10","F11","F12-13","F14-15","F16","F17-18","F19-20","F21-22","F23-24",null,null,null,null,null,null,null,null,null,null,null,null,null,null,null,null,null,null,null,null,null,null,null,null,null,null,null,null,null,null,null,null,null,null,null,"N° Unid Prod","N° Frentes","Pos","%"]
[null,1,5,"M","J",null,null,null,null,null,null,null,null,null,null,null,null,null,null,null,null,null,null,null,null,null,null,null,null,null,null,null,null,null,null,null,null,null,null,null,null,null,null,null,null,null,null,null,null,null,null,{"$f":"COUNTIF(D3587:P3591,\"A\")+COUNTIF(D3587:P3591,\"B\")","v":0},{"$f":"+AZ3587/BJ3585*BK3585","v":0},{"$f":"+BA3587+BO3585","v":0},{"$f":"IF(AZ3587=BB3588,\"OK\",BB3587/'Control de Avance'!$BT$3)","v":0}]
[null,1,null,null,null,null,null,null,null,null,null,null,null,null,null,null,null,null,null,null,null,null,null,null,null,null,null,null,null,null,null,null,null,null,null,null,null,null,null,null,null,null,null,null,null,null,null,null,null,null,null,"Saldo",{"$f":"+BB3588/BJ3585*BK3585-BC3590-BC3591","v":96},"Sem",{"$f":"IF(AZ3587=BB3588,\"OK\",IF(BC3591=0,\"NA\",BA3592/BC3591))","v":"NA"}]
[null,1,5,"A","B","B","V",null,null,null,null,null,null,null,null,null,null,null,null,null,null,null,null,null,null,null,null,null,null,null,null,null,null,null,null,null,null,null,null,null,null,null,null,null,null,null,null,null,null,null,null,{"$f":"COUNTIF(D3597:P3601,\"A\")+COUNTIF(D3597:P3601,\"B\")","v":13},{"$f":"+AZ3597/BJ3595*BK3595","v":26},{"$f":"+BA3597+BO3595","v":52},{"$f":"IF(AZ3597=BB3598,\"OK\",BB3597/'Control de Avance'!$BT$3)","v":0.2311111111111111}]
[null,1,null,null,null,null,null,null,null,null,null,null,null,null,null,null,null,null,null,null,null,null,null,null,null,null,null,null,null,null,null,null,null,null,null,null,null,null,null,null,null,null,null,null,null,null,null,null,null,null,null,"Saldo",{"$f":"+BB3598/BJ3595*BK3595-BC3600-BC3601","v":70},"Sem",{"$f":"IF(AZ3597=BB3598,\"OK\",IF(BC3601=0,\"NA\",BA3602/BC3601))","v":3.8888888888888888}]
[null,1]
[null,1,5,null,null,null,null,null,null,null,null,null,null,null,null,null,null,null,null,null,null,null,null,null,null,null,null,null,null,null,null,null,null,null,null,null,null,null,null,null,null,null,null,null,null,null,null,null,null,null,null,{"$f":"COUNTIF(D3607:P3611,\"A\")+COUNTIF(D3607:P3611,\"B\")","v":0},{"$f":"+AZ3607/BJ3605*BK3605","v":0},{"$f":"+BA3607+BO3605","v":0},{"$f":"IF(AZ3607=BB3608,\"OK\",BB3607/'Control de Avance'!$BT$3)","v":0}]
[null,1,null,null,null,null,null,null,null,null,null,null,null,null,null,null,null,null,null,null,null,null,null,null,null,null,null,null,null,null,null,null,null,null,null,null,null,null,null,null,null,null,null,null,null,null,null,null,null,null,null,"Saldo",{"$f":"+BB3608/BJ3605*BK3605-BC3610-BC3611","v":96},"Sem",{"$f":"IF(AZ3607=BB3608,\"OK\",IF(BC3611=0,\"NA\",BA3612/BC3611))","v":"NA"}]
[null,1,5,"A","A","B",null,null,null,null,null,null,null,null,null,null,null,null,null,null,null,null,null,null,null,null,null,null,null,null,null,null,null,null,null,null,null,null,null,null,null,null,null,null,null,null,null,null,null,null,null,{"$f":"COUNTIF(D3617:P3621,\"A\")+COUNTIF(D3617:P3621,\"B\")","v":15},{"$f":"+AZ3617/BJ3615*BK3615","v":{"$error":"#VALUE!"}},{"$f":"+BA3617+BO3615","v":{"$error":"#VALUE!"}},{"$f":"IF(AZ3617=BB3618,\"OK\",BB3617/'Control de Avance'!$BT$3)","v":{"$error":"#VALUE!"}}]
[null,1,4,"A","A","B",null,null,null,null,null,null,null,null,null,null,null,null,null,null,null,null,null,null,null,null,null,null,null,null,null,null,null,null,null,null,null,null,null,null,null,null,null,null,null,null,null,null,null,null,null,"N° Total Und Prod:",null,{"$f":"VLOOKUP('Dibujo Edificios'!$A$164,'Otras Tablas'!$G$2:$H$31,2,FALSE)","v":48}]
[null,1]
[null,1,4,"a","a","a","a","a","a","a","A","A","A","A","A","A",null,null,null,null,null,null,null,null,null,null,null,null,null,null,null,null,null,null,null,null,null,null,null,null,null,null,null,null,null,null,null,null,null,null,null,"N° Total Und Prod:",null,{"$f":"VLOOKUP('Dibujo Edificios'!$A$164,'Otras Tablas'!$G$2:$H$31,2,FALSE)","v":48}]
[null,1,2,"a","a","a","a","a","a","a","A","A","A","A","A","A",null,null,null,null,null,null,null,null,null,null,null,null,null,null,null,null,null,null,null,null,null,null,null,null,null,null,null,null,null,null,null,null,null,null,null,"Frentes anteriores",null,null,{"$f":"COUNTIF(D3627:AC3631,\"A\")/BJ3625*BK3625","v":130}]
[null,1]
[null,1,4,"X","X","X","X","X","X","X","X","X","X","X","X","X",null,null,null,null,null,null,null,null,null,null,null,null,null,null,null,null,null,null,null,null,null,null,null,null,null,null,null,null,null,null,null,null,null,null,null,"N° Total Und Prod:",null,{"$f":"VLOOKUP('Dibujo Edificios'!$A$154,'Otras Tablas'!$G$2:$H$31,2,FALSE)","v":12}]
[null,1]
[null,1,4,"X","X","X","X","X","X","X","X","X","X","X","X","X",null,null,null,null,null,null,null,null,null,null,null,null,null,null,null,null,null,null,null,null,null,null,null,null,null,null,null,null,null,null,null,null,null,null,null,"N° Total Und Prod:",null,{"$f":"VLOOKUP('Dibujo Edificios'!$A$154,'Otras Tablas'!$G$2:$H$31,2,FALSE)","v":12}]
[null,1,3,"X","X","X","X","X","X","X","X","X","X","X","X","X",null,null,null,null,null,null,null,null,null,null,null,null,null,null,null,null,null,null,null,null,null,null,null,null,null,null,null,null,null,null,null,null,null,null,null,"Proyección avance actual",null,null,{"$f":"IF(AZ3647=BB3648,\"OK\",IF(BC3651=0,\"NA\",(BB3648/BJ3645*BK3645+BQ3645)/('Control de Avance'!$BT$3+BC3652*5)))","v":"NA"}]
[]
[null,1,5,"X","X","X","X","X","X","X","X","X","X","X","X","X",null,null,null,null,null,null,null,null,null,null,null,null,null,null,null,null,null,null,null,null,null,null,null,null,null,null,null,null,null,null,null,null,null,null,null,{"$f":"COUNTIF(D3657:P3661,\"A\")+COUNTIF(D3657:P3661,\"B\")","v":11},{"$f":"+AZ3657/BJ3655*BK3655","v":110},{"$f":"+BA3657+BO3655","v":220},{"$f":"IF(AZ3657=BB3658,\"OK\",BB3657/'Control de Avance'!$BT$3)","v":0.97777777777777775}]
[null,1]
[]
[null,1,3,"X","X","X","X","X","X","X","X","X","X","X","X","X",null,null,null,null,null,null,null,null,null,null,null,null,null,null,null,null,null,null,null,null,null,null,null,null,null,null,null,null,null,null,null,null,null,null,null,"Proyección avance actual",null,null,{"$f":"IF(AZ3667=BB3668,\"OK\",IF(BC3671=0,\"NA\",(BB3668/BJ3665*BK3665+BQ3665)/('Control de Avance'!$BT$3+BC3672*5)))","v":"NA"}]
[]
[null,1,3,"X","X","X","X","X","X","X","X","X","X","X","X","X",null,null,null,null,null,null,null,null,null,null,null,null,null,null,null,null,null,null,null,null,null,null,null,null,null,null,null,null,null,null,null,null,null,null,null,"Proyección avance actual",null,null,{"$f":"IF(AZ3677=BB3678,\"OK\",IF(BC3681=0,\"NA\",(BB3678/BJ3675*BK3675+BQ3675)/('Control de Avance'!$BT$3+BC3682*5)))","v":"NA"}]
[null,1,2,"X","X","X","X","X","X","X","X","X","X","X","X","X",null,null,null,null,null,null,null,null,null,null,null,null,null,null,null,null,null,null,null,null,null,null,null,null,null,null,null,null,null,null,null,null,null,null,null,"Frentes anteriores",null,null,{"$f":"COUNTIF(D3677:AC3681,\"A\")/BJ3675*BK3675","v":110}]
[null,{"$f":"$B$3685","v":1},null,"F1-2","F3-4","F5-6","F7-8","F9-10","F11-12","F13-14","F15","F16","F17-18","F19-20","F21-22","F23-24",null,null,null,null,null,null,null,null,null,null,null,null,null,null,null,null,null,null,null,null,null,null,null,null,null,null,null,null,null,null,null,null,null,null,null,"N° Unid Prod","N° Frentes","Pos","%"]
[null,1,3,"a","A","a","A","a","A","A","A","A","A","A","W",null,null,null,null,null,null,null,null,null,null,null,null,null,null,null,null,null,null,null,null,null,null,null,null,null,null,null,null,null,null,null,null,null,null,null,null,"Proyección avance actual",null,null,{"$f":"IF(AZ3687=BB3688,\"OK\",IF(BC3691=0,\"NA\",(BB3688/BJ3685*BK3685+BQ3685)/('Control de Avance'!$BT$3+BC3692*5)))","v":"NA"}]
[]
["ZCT",{"$f":"IF((OR($BT$5<$BP$3695-5,AND($BC$3697=\"OK\",COUNTIF($D$3697:$AY$3701,\"B\")=0))),0,1)","v":1},"Rasgos ventana caja escala",null,null,null,null,null,null,null,null,null,null,null,null,null,null,null,null,null,null,null,null,null,null,null,null,null,null,null,null,null,null,null,null,null,null,null,null,null,null,null,null,null,null,null,null,null,null,null,null,null,null,null,null,"RASGOS","ml",{"$f":"VLOOKUP(C3695,'Act. Proyecto'!$I$3:$Q$881,4,FALSE)","v":25.279999999999998},{"$f":"VLOOKUP(C3695,'Act. Proyecto'!$I$3:$Q$881,5,FALSE)","v":1090},{"$f":"IFERROR(BF3695*BG3695,0)","v":27555.199999999997},{"$f":"VLOOKUP(C3695,'Act. Proyecto'!$I$3:$Q$881,7,FALSE)","v":"Edif"},{"$f":"VLOOKUP(C3695,'Act. Proyecto'!$I$3:$Q$881,8,FALSE)","v":1},{"$f":"VLOOKUP(C3695,'Act. Proyecto'!$I$3:$Q$881,9,FALSE)","v":10},{"$f":"IFERROR(BJ3695/BK3695,0)","v":0.1},{"$f":"IFERROR(BL3695*BH3695,0)","v":2755.52},{"$f":"$AZ$3697*$BH$3695","v":1653311.9999999998},{"$f":"IF($BM$3695=0,0,$BN$3695/$BM$3695)","v":599.99999999999989},50,{"$f":"$BP$3695+$BO$3695-1","v":648.99999999999989},{"$f":"BM3695*B3695","v":2755.52},{"$f":"BR3695*BQ3695","v":1788332.4799999997}]
[null,1,2,"A","A","A","A","A","A","a","a","A","A","A","A",null,null,null,null,null,null,null,null,null,null,null,null,null,null,null,null,null,null,null,null,null,null,null,null,null,null,null,null,null,null,null,null,null,null,null,null,"Frentes anteriores",null,null,{"$f":"COUNTIF(D3697:AC3701,\"A\")/BJ3695*BK3695","v":600}]
["ZCT",{"$f":"IF((OR($BT$5<$BP$3705-5,AND($BC$3707=\"OK\",COUNTIF($D$3707:$AY$3711,\"B\")=0))),0,1)","v":1},"Impermeabilización de rasgo caja escala (Cave 1)",null,null,null,null,null,null,null,null,null,null,null,null,null,null,null,null,null,null,null,null,null,null,null,null,null,null,null,null,null,null,null,null,null,null,null,null,null,null,null,null,null,null,null,null,null,null,null,null,null,null,null,null,"ALBAÑIL TERMINACIONES","ml",{"$f":"VLOOKUP(C3705,'Act. Proyecto'!$I$3:$Q$881,4,FALSE)","v":5.056},{"$f":"VLOOKUP(C3705,'Act. Proyecto'!$I$3:$Q$881,5,FALSE)","v":100},{"$f":"IFERROR(BF3705*BG3705,0)","v":505.6},{"$f":"VLOOKUP(C3705,'Act. Proyecto'!$I$3:$Q$881,7,FALSE)","v":"Piso"},{"$f":"VLOOKUP(C3705,'Act. Proyecto'!$I$3:$Q$881,8,FALSE)","v":5},{"$f":"VLOOKUP(C3705,'Act. Proyecto'!$I$3:$Q$881,9,FALSE)","v":10},{"$f":"IFERROR(BJ3705/BK3705,0)","v":0.5},{"$f":"IFERROR(BL3705*BH3705,0)","v":252.8},{"$f":"$AZ$3707*$BH$3705","v":25280},{"$f":"IF($BM$3705=0,0,$BN$3705/$BM$3705)","v":100},51,{"$f":"$BP$3705+$BO$3705-1","v":150},{"$f":"BM3705*B3705","v":252.8},{"$f":"BR3705*BQ3705","v":37920}]
[null,1,2,"A","A","A","a","a","a","A","A","A","A",null,null,null,null,null,null,null,null,null,null,null,null,null,null,null,null,null,null,null,null,null,null,null,null,null,null,null,null,null,null,null,null,null,null,null,null,null,null,"Frentes anteriores",null,null,{"$f":"COUNTIF(D3707:AC3711,\"A\")/BJ3705*BK3705","v":100}]
[null,1]
["ZCT",{"$f":"IF((OR($BT$5<$BP$3715-5,AND($BC$3717=\"OK\",COUNTIF($D$3717:$AY$3721,\"B\")=0))),0,1)","v":1},"Limones caja escala",null,null,null,null,null,null,null,null,null,null,null,null,null,null,null,null,null,null,null,null,null,null,null,null,null,null,null,null,null,null,null,null,null,null,null,null,null,null,null,null,null,null,null,null,null,null,null,null,null,null,null,null,"ALBAÑIL TERMINACIONES","ml",{"$f":"VLOOKUP(C3715,'Act. Proyecto'!$I$3:$Q$881,4,FALSE)","v":19.659999999999997},{"$f":"VLOOKUP(C3715,'Act. Proyecto'!$I$3:$Q$881,5,FALSE)","v":1000},{"$f":"IFERROR(BF3715*BG3715,0)","v":19659.999999999996},{"$f":"VLOOKUP(C3715,'Act. Proyecto'!$I$3:$Q$881,7,FALSE)","v":"Edif"},{"$f":"VLOOKUP(C3715,'Act. Proyecto'!$I$3:$Q$881,8,FALSE)","v":1},{"$f":"VLOOKUP(C3715,'Act. Proyecto'!$I$3:$Q$881,9,FALSE)","v":10},{"$f":"IFERROR(BJ3715/BK3715,0)","v":0.1},{"$f":"IFERROR(BL3715*BH3715,0)","v":1965.9999999999998},{"$f":"$AZ$3717*$BH$3715","v":196599.99999999997},{"$f":"IF($BM$3715=0,0,$BN$3715/$BM$3715)","v":100},51,{"$f":"$BP$3715+$BO$3715-1","v":150},{"$f":"BM3715*B3715","v":1965.9999999999998},{"$f":"BR3715*BQ3715","v":294899.99999999994}]
[null,1,2,"X","X","X","X","X","X","X","X","X","X","X","X","X",null,null,null,null,null,null,null,null,null,null,null,null,null,null,null,null,null,null,null,null,null,null,null,null,null,null,null,null,null,null,null,null,null,null,null,"Frentes anteriores",null,null,{"$f":"COUNTIF(D3717:AC3721,\"A\")/BJ3715*BK3715","v":100}]
["ZCT",{"$f":"IF((OR($BT$5<$BP$3725-5,AND($BC$3727=\"OK\",COUNTIF($D$3727:$AY$3731,\"B\")=0))),0,1)","v":1},"Garganta caja escala",null,null,null,null,null,null,null,null,null,null,null,null,null,null,null,null,null,null,null,null,null,null,null,null,null,null,null,null,null,null,null,null,null,null,null,null,null,null,null,null,null,null,null,null,null,null,null,null,null,null,null,null,"ALBAÑIL TERMINACIONES","cu",{"$f":"VLOOKUP(C3725,'Act. Proyecto'!$I$3:$Q$881,4,FALSE)","v":4},{"$f":"VLOOKUP(C3725,'Act. Proyecto'!$I$3:$Q$881,5,FALSE)","v":720},{"$f":"IFERROR(BF3725*BG3725,0)","v":2880},{"$f":"VLOOKUP(C3725,'Act. Proyecto'!$I$3:$Q$881,7,FALSE)","v":"Edif"},{"$f":"VLOOKUP(C3725,'Act. Proyecto'!$I$3:$Q$881,8,FALSE)","v":1},{"$f":"VLOOKUP(C3725,'Act. Proyecto'!$I$3:$Q$881,9,FALSE)","v":10},{"$f":"IFERROR(BJ3725/BK3725,0)","v":0.1},{"$f":"IFERROR(BL3725*BH3725,0)","v":288},{"$f":"$AZ$3727*$BH$3725","v":28800},{"$f":"IF($BM$3725=0,0,$BN$3725/$BM$3725)","v":100},51,{"$f":"$BP$3725+$BO$3725-1","v":150},{"$f":"BM3725*B3725","v":288},{"$f":"BR3725*BQ3725","v":43200}]
[null,{"$f":"$B$3725","v":1},null,"F1-2","F3-4","F5-6","F7-8","F9-10","F11-12","F13-14","F15","F16","F17-18","F19-20","F21-22","F23-24",null,null,null,null,null,null,null,null,null,null,null,null,null,null,null,null,null,null,null,null,null,null,null,null,null,null,null,null,null,null,null,null,null,null,null,"N° Unid Prod","N° Frentes","Pos","%"]
[null,1,1,"A","A","a","a","a","a","a","a","A","A",null,null,null,null,null,null,null,null,null,null,null,null,null,null,null,null,null,null,null,null,null,null,null,null,null,null,null,null,null,null,null,null,null,null,null,null,null,null,"Frentes semana actual",null,null,{"$f":"COUNTIF(D3727:AC3731,\"B\")/BJ3725*BK3725","v":0}]
[null,1,null,"F1-2","F3-4","F5-6","F7-8","F9-10","F11-12","F13-14","F15","F16","F17-18","F19-20","F21-22","F23-24",null,null,null,null,null,null,null,null,null,null,null,null,null,null,null,null,null,null,null,null,null,null,null,null,null,null,null,null,null,null,null,null,null,null,null,"N° Unid Prod","N° Frentes","Pos","%"]
[null,1,2,"X","X","X","X","X","X","X","X","X","X","X","X","X",null,null,null,null,null,null,null,null,null,null,null,null,null,null,null,null,null,null,null,null,null,null,null,null,null,null,null,null,null,null,null,null,null,null,null,"Frentes anteriores",null,null,{"$f":"COUNTIF(D3737:AC3741,\"A\")/BJ3735*BK3735","v":18}]
[null,1,1,"A","A","a","a","a","a","a","a","A",null,null,null,null,null,null,null,null,null,null,null,null,null,null,null,null,null,null,null,null,null,null,null,null,null,null,null,null,null,null,null,null,null,null,null,null,null,null,null,"Frentes semana actual",null,null,{"$f":"COUNTIF(D3737:AC3741,\"B\")/BJ3735*BK3735","v":0}]
[null,1,null,"F1-2","F3-4","F5-6","F7-8","F9-10","F11-12","F13-14","F15","F16","F17-18","F19-20","F21-22","F23-24",null,null,null,null,null,null,null,null,null,null,null,null,null,null,null,null,null,null,null,null,null,null,null,null,null,null,null,null,null,null,null,null,null,null,null,"N° Unid Prod","N° Frentes","Pos","%"]
[null,1,1,"A","A","a","a","a","a","a","a","A",null,null,null,null,null,null,null,null,null,null,null,null,null,null,null,null,null,null,null,null,null,null,null,null,null,null,null,null,null,null,null,null,null,null,null,null,null,null,null,"Frentes semana actual",null,null,{"$f":"COUNTIF(D3747:AC3751,\"B\")/BJ3745*BK3745","v":0}]
[null,{"$f":"$B$3755","v":1},null,"F1-2","F3-4","F5-6","F7-8","F9-10","F11-12","F13-14","F15","F16","F17-18","F19-20","F21-22","F23-24",null,null,null,null,null,null,null,null,null,null,null,null,null,null,null,null,null,null,null,null,null,null,null,null,null,null,null,null,null,null,null,null,null,null,null,"N° Unid Prod","N° Frentes","Pos","%"]
[null,1,5,"a","a","a","A","B","B","L",null,null,null,null,null,null,null,null,null,null,null,null,null,null,null,null,null,null,null,null,null,null,null,null,null,null,null,null,null,null,null,null,null,null,null,null,null,null,null,null,null,{"$f":"COUNTIF(D3757:P3761,\"A\")+COUNTIF(D3757:P3761,\"B\")","v":30},{"$f":"+AZ3757/BJ3755*BK3755","v":60},{"$f":"+BA3757+BO3755","v":120},{"$f":"IF(AZ3757=BB3758,\"OK\",BB3757/'Control de Avance'!$BT$3)","v":0.53333333333333333}]
[null,1,null,null,null,null,null,null,null,null,null,null,null,null,null,null,null,null,null,null,null,null,null,null,null,null,null,null,null,null,null,null,null,null,null,null,null,null,null,null,null,null,null,null,null,null,null,null,null,null,null,"Saldo",{"$f":"+BB3758/BJ3755*BK3755-BC3760-BC3761","v":36},"Sem",{"$f":"IF(AZ3757=BB3758,\"OK\",IF(BC3761=0,\"NA\",BA3762/BC3761))","v":1.8}]
[null,{"$f":"$B$3765","v":1},null,"F1-2","F3-4","F5-6","F7-8","F9-10","F11-12","F13-14","F15","F16","F17-18","F19-20","F21-22","F23-24",null,null,null,null,null,null,null,null,null,null,null,null,null,null,null,null,null,null,null,null,null,null,null,null,null,null,null,null,null,null,null,null,null,null,null,"N° Unid Prod","N° Frentes","Pos","%"]
[null,1,1,"A","A","A","B","B","L",null,null,null,null,null,null,null,null,null,null,null,null,null,null,null,null,null,null,null,null,null,null,null,null,null,null,null,null,null,null,null,null,null,null,null,null,null,null,null,null,null,null,"Frentes semana actual",null,null,{"$f":"COUNTIF(D3767:AC3771,\"B\")/BJ3765*BK3765","v":20}]
[null,1,null,null,null,null,null,null,null,null,null,null,null,null,null,null,null,null,null,null,null,null,null,null,null,null,null,null,null,null,null,null,null,null,null,null,null,null,null,null,null,null,null,null,null,null,null,null,null,null,null,"Saldo",{"$f":"+BB3768/BJ3765*BK3765-BC3770-BC3771","v":46},"Sem",{"$f":"IF(AZ3767=BB3768,\"OK\",IF(BC3771=0,\"NA\",BA3772/BC3771))","v":2.2999999999999998}]
[null,1,5,"X","X","X","X","X","X","X","X","X","X","X","X","X",null,null,null,null,null,null,null,null,null,null,null,null,null,null,null,null,null,null,null,null,null,null,null,null,null,null,null,null,null,null,null,null,null,null,null,{"$f":"COUNTIF(D3777:P3781,\"A\")+COUNTIF(D3777:P3781,\"B\")","v":0},{"$f":"+AZ3777/BJ3775*BK3775","v":0},{"$f":"+BA3777+BO3775","v":0},{"$f":"IF(AZ3777=BB3778,\"OK\",BB3777/'Control de Avance'!$BT$3)","v":0}]
[null,1,null,null,null,null,null,null,null,null,null,null,null,null,null,null,null,null,null,null,null,null,null,null,null,null,null,null,null,null,null,null,null,null,null,null,null,null,null,null,null,null,null,null,null,null,null,null,null,null,null,"Saldo",{"$f":"+BB3778/BJ3775*BK3775-BC3780-BC3781","v":120},"Sem",{"$f":"IF(AZ3777=BB3778,\"OK\",IF(BC3781=0,\"NA\",BA3782/BC3781))","v":"NA"}]
[null,1,5,"A","a","a",null,null,null,null,null,null,null,null,null,null,null,null,null,null,null,null,null,null,null,null,null,null,null,null,null,null,null,null,null,null,null,null,null,null,null,null,null,null,null,null,null,null,null,null,null,{"$f":"COUNTIF(D3787:P3791,\"A\")+COUNTIF(D3787:P3791,\"B\")","v":15},{"$f":"+AZ3787/BJ3785*BK3785","v":30},{"$f":"+BA3787+BO3785","v":30},{"$f":"IF(AZ3787=BB3788,\"OK\",BB3787/'Control de Avance'!$BT$3)","v":0.13333333333333333}]
[null,1,4,"A","a","a",null,null,null,null,null,null,null,null,null,null,null,null,null,null,null,null,null,null,null,null,null,null,null,null,null,null,null,null,null,null,null,null,null,null,null,null,null,null,null,null,null,null,null,null,null,"N° Total Und Prod:",null,{"$f":"VLOOKUP('Dibujo Edificios'!$A$164,'Otras Tablas'!$G$2:$H$31,2,FALSE)","v":48}]
[null,1]
[null,1,5,"X","X","X","X","X","X","X","X","X","X","X","X","X",null,null,null,null,null,null,null,null,null,null,null,null,null,null,null,null,null,null,null,null,null,null,null,null,null,null,null,null,null,null,null,null,null,null,null,{"$f":"COUNTIF(D3797:P3801,\"A\")+COUNTIF(D3797:P3801,\"B\")","v":2},{"$f":"+AZ3797/BJ3795*BK3795","v":20},{"$f":"+BA3797+BO3795","v":40},{"$f":"IF(AZ3797=BB3798,\"OK\",BB3797/'Control de Avance'!$BT$3)","v":0.17777777777777778}]
[null,1,null,null,null,null,null,null,null,null,null,null,null,null,null,null,null,null,null,null,null,null,null,null,null,null,null,null,null,null,null,null,null,null,null,null,null,null,null,null,null,null,null,null,null,null,null,null,null,null,null,"Saldo",{"$f":"+BB3798/BJ3795*BK3795-BC3800-BC3801","v":100},"Sem",{"$f":"IF(AZ3797=BB3798,\"OK\",IF(BC3801=0,\"NA\",BA3802/BC3801))","v":"NA"}]
[null,1]
[null,1,4,"X","X","X","X","X","X","X","X","X","X","X","X","X",null,null,null,null,null,null,null,null,null,null,null,null,null,null,null,null,null,null,null,null,null,null,null,null,null,null,null,null,null,null,null,null,null,null,null,"N° Total Und Prod:",null,{"$f":"VLOOKUP('Dibujo Edificios'!$A$154,'Otras Tablas'!$G$2:$H$31,2,FALSE)","v":12}]
[null,1]
[null,1,4,"A","A","A","A",null,null,null,null,null,null,null,null,null,null,null,null,null,null,null,null,null,null,null,null,null,null,null,null,null,null,null,null,null,null,null,null,null,null,null,null,null,null,null,null,null,null,null,null,"N° Total Und Prod:",null,{"$f":"VLOOKUP('Dibujo Edificios'!$A$164,'Otras Tablas'!$G$2:$H$31,2,FALSE)","v":48}]
[null,1,2,"A","A","A","A",null,null,null,null,null,null,null,null,null,null,null,null,null,null,null,null,null,null,null,null,null,null,null,null,null,null,null,null,null,null,null,null,null,null,null,null,null,null,null,null,null,null,null,null,"Frentes anteriores",null,null,{"$f":"COUNTIF(D3817:AC3821,\"A\")/BJ3815*BK3815","v":40}]
[null,1]
[null,1,4,"A","A","A","A","A",null,null,null,null,null,null,null,null,null,null,null,null,null,null,null,null,null,null,null,null,null,null,null,null,null,null,null,null,null,null,null,null,null,null,null,null,null,null,null,null,null,null,null,"N° Total Und Prod:",null,{"$f":"VLOOKUP('Dibujo Edificios'!$A$164,'Otras Tablas'!$G$2:$H$31,2,FALSE)","v":48}]
[null,1]
[]
[null,1,3,"A","A","A","A","A",null,null,null,null,null,null,null,null,null,null,null,null,null,null,null,null,null,null,null,null,null,null,null,null,null,null,null,null,null,null,null,null,null,null,null,null,null,null,null,null,null,null,null,"Proyección avance actual",null,null,{"$f":"IF(AZ3837=BB3838,\"OK\",IF(BC3841=0,\"NA\",(BB3838/BJ3835*BK3835+BQ3835)/('Control de Avance'!$BT$3+BC3842*5)))","v":"NA"}]
[null,1,null,null,null,null,null,null,null,null,null,null,null,null,null,null,null,null,null,null,null,null,null,null,null,null,null,null,null,null,null,null,null,null,null,null,null,null,null,null,null,null,null,null,null,null,null,null,null,null,null,"Saldo",{"$f":"+BB3838/BJ3835*BK3835-BC3840-BC3841","v":52},"Sem",{"$f":"IF(AZ3837=BB3838,\"OK\",IF(BC3841=0,\"NA\",BA3842/BC3841))","v":"NA"}]
[null,1,4,"A","A","A","A","C",null,null,null,null,null,null,null,null,null,null,null,null,null,null,null,null,null,null,null,null,null,null,null,null,null,null,null,null,null,null,null,null,null,null,null,null,null,null,null,null,null,null,null,"N° Total Und Prod:",null,{"$f":"VLOOKUP('Dibujo Edificios'!$A$164,'Otras Tablas'!$G$2:$H$31,2,FALSE)","v":48}]
[null,1,3,"A","A","A","A","C",null,null,null,null,null,null,null,null,null,null,null,null,null,null,null,null,null,null,null,null,null,null,null,null,null,null,null,null,null,null,null,null,null,null,null,null,null,null,null,null,null,null,null,"Proyección avance actual",null,null,{"$f":"IF(AZ3847=BB3848,\"OK\",IF(BC3851=0,\"NA\",(BB3848/BJ3845*BK3845+BQ3845)/('Control de Avance'!$BT$3+BC3852*5)))","v":"NA"}]
[]
[null,1,3,"A","A","B","M",null,null,null,null,null,null,null,null,null,null,null,null,null,null,null,null,null,null,null,null,null,null,null,null,null,null,null,null,null,null,null,null,null,null,null,null,null,null,null,null,null,null,null,null,"Proyección avance actual",null,null,{"$f":"IF(AZ3857=BB3858,\"OK\",IF(BC3861=0,\"NA\",(BB3858/BJ3855*BK3855+BQ3855)/('Control de Avance'!$BT$3+BC3862*5)))","v":0.79457364341085268}]
[]
["ZCT",{"$f":"IF((OR($BT$5<$BP$3865-5,AND($BC$3867=\"OK\",COUNTIF($D$3867:$AY$3871,\"B\")=0))),0,1)","v":1},"Instalación de artefactos en ZC",null,null,null,null,null,null,null,null,null,null,null,null,null,null,null,null,null,null,null,null,null,null,null,null,null,null,null,null,null,null,null,null,null,null,null,null,null,null,null,null,null,null,null,null,null,null,null,null,null,null,null,null,"ELÉCTRICO T","centro",{"$f":"VLOOKUP(C3865,'Act. Proyecto'!$I$3:$Q$881,4,FALSE)","v":14.6},{"$f":"VLOOKUP(C3865,'Act. Proyecto'!$I$3:$Q$881,5,FALSE)","v":256},{"$f":"IFERROR(BF3865*BG3865,0)","v":3737.6},{"$f":"VLOOKUP(C3865,'Act. Proyecto'!$I$3:$Q$881,7,FALSE)","v":"Piso"},{"$f":"VLOOKUP(C3865,'Act. Proyecto'!$I$3:$Q$881,8,FALSE)","v":5},{"$f":"VLOOKUP(C3865,'Act. Proyecto'!$I$3:$Q$881,9,FALSE)","v":10},{"$f":"IFERROR(BJ3865/BK3865,0)","v":0.5},{"$f":"IFERROR(BL3865*BH3865,0)","v":1868.8},{"$f":"$AZ$3867*$BH$3865","v":74752},{"$f":"IF($BM$3865=0,0,$BN$3865/$BM$3865)","v":40},81,{"$f":"$BP$3865+$BO$3865-1","v":120},{"$f":"BM3865*B3865","v":1868.8},{"$f":"BR3865*BQ3865","v":224256}]
[null,1,3,"A","A","A","A","C",null,null,null,null,null,null,null,null,null,null,null,null,null,null,null,null,null,null,null,null,null,null,null,null,null,null,null,null,null,null,null,null,null,null,null,null,null,null,null,null,null,null,null,"Proyección avance actual",null,null,{"$f":"IF(AZ3867=BB3868,\"OK\",IF(BC3871=0,\"NA\",(BB3868/BJ3865*BK3865+BQ3865)/('Control de Avance'!$BT$3+BC3872*5)))","v":"NA"}]
[]
[null,1,3,"X","X","X","X","X","X","X","X","X","X","X","X","X",null,null,null,null,null,null,null,null,null,null,null,null,null,null,null,null,null,null,null,null,null,null,null,null,null,null,null,null,null,null,null,null,null,null,null,"Proyección avance actual",null,null,{"$f":"IF(AZ3877=BB3878,\"OK\",IF(BC3881=0,\"NA\",(BB3878/BJ3875*BK3875+BQ3875)/('Control de Avance'!$BT$3+BC3882*5)))","v":"NA"}]
[null,1,2,"X","X","X","X","X","X","X","X","X","X","X","X","X",null,null,null,null,null,null,null,null,null,null,null,null,null,null,null,null,null,null,null,null,null,null,null,null,null,null,null,null,null,null,null,null,null,null,null,"Frentes anteriores",null,null,{"$f":"COUNTIF(D3877:AC3881,\"A\")/BJ3875*BK3875","v":0}]
["ZCT",{"$f":"IF((OR($BT$5<$BP$3885-5,AND($BC$3887=\"OK\",COUNTIF($D$3887:$AY$3891,\"B\")=0))),0,1)","v":1},"Preparar fotocelda y luminarias exterior de edificio",null,null,null,null,null,null,null,null,null,null,null,null,null,null,null,null,null,null,null,null,null,null,null,null,null,null,null,null,null,null,null,null,null,null,null,null,null,null,null,null,null,null,null,null,null,null,null,null,null,null,null,null,"ELÉCTRICO T","centro",{"$f":"VLOOKUP(C3885,'Act. Proyecto'!$I$3:$Q$881,4,FALSE)","v":3.692307692307693},{"$f":"VLOOKUP(C3885,'Act. Proyecto'!$I$3:$Q$881,5,FALSE)","v":310},{"$f":"IFERROR(BF3885*BG3885,0)","v":1144.6153846153848},{"$f":"VLOOKUP(C3885,'Act. Proyecto'!$I$3:$Q$881,7,FALSE)","v":"Edif"},{"$f":"VLOOKUP(C3885,'Act. Proyecto'!$I$3:$Q$881,8,FALSE)","v":1},{"$f":"VLOOKUP(C3885,'Act. Proyecto'!$I$3:$Q$881,9,FALSE)","v":10},{"$f":"IFERROR(BJ3885/BK3885,0)","v":0.1},{"$f":"IFERROR(BL3885*BH3885,0)","v":114.46153846153848},{"$f":"$AZ$3887*$BH$3885","v":0},{"$f":"IF($BM$3885=0,0,$BN$3885/$BM$3885)","v":0},76,{"$f":"$BP$3885+$BO$3885-1","v":75},{"$f":"BM3885*B3885","v":114.46153846153848},{"$f":"BR3885*BQ3885","v":8584.6153846153866}]
[null,1,2,"X","X","X","X","X","X","X","X","X","X","X","X","X",null,null,null,null,null,null,null,null,null,null,null,null,null,null,null,null,null,null,null,null,null,null,null,null,null,null,null,null,null,null,null,null,null,null,null,"Frentes anteriores",null,null,{"$f":"COUNTIF(D3887:AC3891,\"A\")/BJ3885*BK3885","v":0}]
["ZCT",{"$f":"IF((OR($BT$5<$BP$3895-5,AND($BC$3897=\"OK\",COUNTIF($D$3897:$AY$3901,\"B\")=0))),0,1)","v":1},"Instalación de fotocelda y tortugas exterior de edificio",null,null,null,null,null,null,null,null,null,null,null,null,null,null,null,null,null,null,null,null,null,null,null,null,null,null,null,null,null,null,null,null,null,null,null,null,null,null,null,null,null,null,null,null,null,null,null,null,null,null,null,null,"ELÉCTRICO T","centro",{"$f":"VLOOKUP(C3895,'Act. Proyecto'!$I$3:$Q$881,4,FALSE)","v":3.692307692307693},{"$f":"VLOOKUP(C3895,'Act. Proyecto'!$I$3:$Q$881,5,FALSE)","v":256},{"$f":"IFERROR(BF3895*BG3895,0)","v":945.2307692307694},{"$f":"VLOOKUP(C3895,'Act. Proyecto'!$I$3:$Q$881,7,FALSE)","v":"Edif"},{"$f":"VLOOKUP(C3895,'Act. Proyecto'!$I$3:$Q$881,8,FALSE)","v":1},{"$f":"VLOOKUP(C3895,'Act. Proyecto'!$I$3:$Q$881,9,FALSE)","v":10},{"$f":"IFERROR(BJ3895/BK3895,0)","v":0.1},{"$f":"IFERROR(BL3895*BH3895,0)","v":94.523076923076943},{"$f":"$AZ$3897*$BH$3895","v":0},{"$f":"IF($BM$3895=0,0,$BN$3895/$BM$3895)","v":0},76,{"$f":"$BP$3895+$BO$3895-1","v":75},{"$f":"BM3895*B3895","v":94.523076923076943},{"$f":"BR3895*BQ3895","v":7089.2307692307704}]
[null,1,4,"X","X","X","X","X","X","X","X","X","X","X","X","X",null,null,null,null,null,null,null,null,null,null,null,null,null,null,null,null,null,null,null,null,null,null,null,null,null,null,null,null,null,null,null,null,null,null,null,"N° Total Und Prod:",null,{"$f":"VLOOKUP('Dibujo Edificios'!$A$154,'Otras Tablas'!$G$2:$H$31,2,FALSE)","v":12}]
[null,1,2,"X","X","X","X","X","X","X","X","X","X","X","X","X",null,null,null,null,null,null,null,null,null,null,null,null,null,null,null,null,null,null,null,null,null,null,null,null,null,null,null,null,null,null,null,null,null,null,null,"Frentes anteriores",null,null,{"$f":"COUNTIF(D3897:AC3901,\"A\")/BJ3895*BK3895","v":0}]
["ZCT",{"$f":"IF((OR($BT$5<$BP$3905-5,AND($BC$3907=\"OK\",COUNTIF($D$3907:$AY$3911,\"B\")=0))),0,1)","v":1},"Instalación de tapas ciegas en ZC",null,null,null,null,null,null,null,null,null,null,null,null,null,null,null,null,null,null,null,null,null,null,null,null,null,null,null,null,null,null,null,null,null,null,null,null,null,null,null,null,null,null,null,null,null,null,null,null,null,null,null,null,"ELÉCTRICO T","centro",{"$f":"VLOOKUP(C3905,'Act. Proyecto'!$I$3:$Q$881,4,FALSE)","v":0},{"$f":"VLOOKUP(C3905,'Act. Proyecto'!$I$3:$Q$881,5,FALSE)","v":53},{"$f":"IFERROR(BF3905*BG3905,0)","v":0},{"$f":"VLOOKUP(C3905,'Act. Proyecto'!$I$3:$Q$881,7,FALSE)","v":"Piso"},{"$f":"VLOOKUP(C3905,'Act. Proyecto'!$I$3:$Q$881,8,FALSE)","v":5},{"$f":"VLOOKUP(C3905,'Act. Proyecto'!$I$3:$Q$881,9,FALSE)","v":10},{"$f":"IFERROR(BJ3905/BK3905,0)","v":0.5},{"$f":"IFERROR(BL3905*BH3905,0)","v":0},{"$f":"$AZ$3907*$BH$3905","v":0},{"$f":"IF($BM$3905=0,0,$BN$3905/$BM$3905)","v":0},81,{"$f":"$BP$3905+$BO$3905-1","v":80},{"$f":"BM3905*B3905","v":0},{"$f":"BR3905*BQ3905","v":0}]
[null,1,2,null,null,null,null,null,null,null,null,null,null,null,null,null,null,null,null,null,null,null,null,null,null,null,null,null,null,null,null,null,null,null,null,null,null,null,null,null,null,null,null,null,null,null,null,null,null,null,null,"Frentes anteriores",null,null,{"$f":"COUNTIF(D3907:AC3911,\"A\")/BJ3905*BK3905","v":0}]
[null,1,1,null,null,null,null,null,null,null,null,null,null,null,null,null,null,null,null,null,null,null,null,null,null,null,null,null,null,null,null,null,null,null,null,null,null,null,null,null,null,null,null,null,null,null,null,null,null,null,null,"Frentes semana actual",null,null,{"$f":"COUNTIF(D3907:AC3911,\"B\")/BJ3905*BK3905","v":0}]
[null,{"$f":"$B$3915","v":1},null,"F1-2","F3-4","F5-6","F7-8","F9-10","F11-12","F13-14","F15","F16","F17-18","F19-20","F21-22","F23-24",null,null,null,null,null,null,null,null,null,null,null,null,null,null,null,null,null,null,null,null,null,null,null,null,null,null,null,null,null,null,null,null,null,null,null,"N° Unid Prod","N° Frentes","Pos","%"]
[null,1,1,"B","B","B",null,null,null,null,null,null,null,null,null,null,null,null,null,null,null,null,null,null,null,null,null,null,null,null,null,null,null,null,null,null,null,null,null,null,null,null,null,null,null,null,null,null,null,null,null,"Frentes semana actual",null,null,{"$f":"COUNTIF(D3917:AC3921,\"B\")/BJ3915*BK3915","v":70}]
["ZCT",{"$f":"IF((OR($BT$5<$BP$3925-5,AND($BC$3927=\"OK\",COUNTIF($D$3927:$AY$3931,\"B\")=0))),0,1)","v":1},"Instalación de tapas de artefactos en ZC",null,null,null,null,null,null,null,null,null,null,null,null,null,null,null,null,null,null,null,null,null,null,null,null,null,null,null,null,null,null,null,null,null,null,null,null,null,null,null,null,null,null,null,null,null,null,null,null,null,null,null,null,"ELÉCTRICO T","centro",{"$f":"VLOOKUP(C3925,'Act. Proyecto'!$I$3:$Q$881,4,FALSE)","v":14.6},{"$f":"VLOOKUP(C3925,'Act. Proyecto'!$I$3:$Q$881,5,FALSE)","v":59},{"$f":"IFERROR(BF3925*BG3925,0)","v":861.4},{"$f":"VLOOKUP(C3925,'Act. Proyecto'!$I$3:$Q$881,7,FALSE)","v":"Piso"},{"$f":"VLOOKUP(C3925,'Act. Proyecto'!$I$3:$Q$881,8,FALSE)","v":5},{"$f":"VLOOKUP(C3925,'Act. Proyecto'!$I$3:$Q$881,9,FALSE)","v":10},{"$f":"IFERROR(BJ3925/BK3925,0)","v":0.5},{"$f":"IFERROR(BL3925*BH3925,0)","v":430.7},{"$f":"$AZ$3927*$BH$3925","v":0},{"$f":"IF($BM$3925=0,0,$BN$3925/$BM$3925)","v":0},84,{"$f":"$BP$3925+$BO$3925-1","v":83},{"$f":"BM3925*B3925","v":430.7},{"$f":"BR3925*BQ3925","v":35748.1}]
[null,{"$f":"$B$3925","v":1},null,"F1-2","F3-4","F5-6","F7-8","F9-10","F11-12","F13-14","F15","F16","F17-18","F19-20","F21-22","F23-24",null,null,null,null,null,null,null,null,null,null,null,null,null,null,null,null,null,null,null,null,null,null,null,null,null,null,null,null,null,null,null,null,null,null,null,"N° Unid Prod","N° Frentes","Pos","%"]
[null,1,1,null,null,null,null,null,null,null,null,null,null,null,null,null,null,null,null,null,null,null,null,null,null,null,null,null,null,null,null,null,null,null,null,null,null,null,null,null,null,null,null,null,null,null,null,null,null,null,null,"Frentes semana actual",null,null,{"$f":"COUNTIF(D3927:AC3931,\"B\")/BJ3925*BK3925","v":0}]
[null,{"$f":"$B$3935","v":1},null,"F1-2","F3-4","F5-6","F7-8","F9-10","F11-12","F13-14","F15","F16","F17-18","F19-20","F21-22","F23-24",null,null,null,null,null,null,null,null,null,null,null,null,null,null,null,null,null,null,null,null,null,null,null,null,null,null,null,null,null,null,null,null,null,null,null,"N° Unid Prod","N° Frentes","Pos","%"]
[null,1,1,null,null,null,null,null,null,null,null,null,null,null,null,null,null,null,null,null,null,null,null,null,null,null,null,null,null,null,null,null,null,null,null,null,null,null,null,null,null,null,null,null,null,null,null,null,null,null,null,"Frentes semana actual",null,null,{"$f":"COUNTIF(D3937:AC3941,\"B\")/BJ3935*BK3935","v":0}]
[null,1,null,null,null,null,null,null,null,null,null,null,null,null,null,null,null,null,null,null,null,null,null,null,null,null,null,null,null,null,null,null,null,null,null,null,null,null,null,null,null,null,null,null,null,null,null,null,null,null,null,"Saldo",{"$f":"+BB3938/BJ3935*BK3935-BC3940-BC3941","v":96},"Sem",{"$f":"IF(AZ3937=BB3938,\"OK\",IF(BC3941=0,\"NA\",BA3942/BC3941))","v":"NA"}]
[null,1,5,null,null,null,null,null,null,null,null,null,null,null,null,null,null,null,null,null,null,null,null,null,null,null,null,null,null,null,null,null,null,null,null,null,null,null,null,null,null,null,null,null,null,null,null,null,null,null,null,{"$f":"COUNTIF(D3947:P3951,\"A\")+COUNTIF(D3947:P3951,\"B\")","v":0},{"$f":"+AZ3947/BJ3945*BK3945","v":0},{"$f":"+BA3947+BO3945","v":0},{"$f":"IF(AZ3947=BB3948,\"OK\",BB3947/'Control de Avance'!$BT$3)","v":0}]
[null,1,null,null,null,null,null,null,null,null,null,null,null,null,null,null,null,null,null,null,null,null,null,null,null,null,null,null,null,null,null,null,null,null,null,null,null,null,null,null,null,null,null,null,null,null,null,null,null,null,null,"Saldo",{"$f":"+BB3948/BJ3945*BK3945-BC3950-BC3951","v":96},"Sem",{"$f":"IF(AZ3947=BB3948,\"OK\",IF(BC3951=0,\"NA\",BA3952/BC3951))","v":"NA"}]
[null,{"$f":"$B$3955","v":1},null,"F1-2","F3-4","F5-6","F7-8","F9-10","F11-12","F13-14","F15","F16","F17-18","F19-20","F21-22","F23-24",null,null,null,null,null,null,null,null,null,null,null,null,null,null,null,null,null,null,null,null,null,null,null,null,null,null,null,null,null,null,null,null,null,null,null,"N° Unid Prod","N° Frentes","Pos","%"]
[null,1,5,null,null,null,null,null,null,null,null,null,null,null,null,null,null,null,null,null,null,null,null,null,null,null,null,null,null,null,null,null,null,null,null,null,null,null,null,null,null,null,null,null,null,null,null,null,null,null,null,{"$f":"COUNTIF(D3957:P3961,\"A\")+COUNTIF(D3957:P3961,\"B\")","v":0},{"$f":"+AZ3957/BJ3955*BK3955","v":0},{"$f":"+BA3957+BO3955","v":0},{"$f":"IF(AZ3957=BB3958,\"OK\",BB3957/'Control de Avance'!$BT$3)","v":0}]
[null,1,null,null,null,null,null,null,null,null,null,null,null,null,null,null,null,null,null,null,null,null,null,null,null,null,null,null,null,null,null,null,null,null,null,null,null,null,null,null,null,null,null,null,null,null,null,null,null,null,null,"Saldo",{"$f":"+BB3958/BJ3955*BK3955-BC3960-BC3961","v":96},"Sem",{"$f":"IF(AZ3957=BB3958,\"OK\",IF(BC3961=0,\"NA\",BA3962/BC3961))","v":"NA"}]
[null,1,5,"X","X","X","X","X","X","X","X","X","X","X","X","X",null,null,null,null,null,null,null,null,null,null,null,null,null,null,null,null,null,null,null,null,null,null,null,null,null,null,null,null,null,null,null,null,null,null,null,{"$f":"COUNTIF(D3967:P3971,\"A\")+COUNTIF(D3967:P3971,\"B\")","v":2},{"$f":"+AZ3967/BJ3965*BK3965","v":20},{"$f":"+BA3967+BO3965","v":40},{"$f":"IF(AZ3967=BB3968,\"OK\",BB3967/'Control de Avance'!$BT$3)","v":0.17777777777777778}]
[null,1,null,null,null,null,null,null,null,null,null,null,null,null,null,null,null,null,null,null,null,null,null,null,null,null,null,null,null,null,null,null,null,null,null,null,null,null,null,null,null,null,null,null,null,null,null,null,null,null,null,"Saldo",{"$f":"+BB3968/BJ3965*BK3965-BC3970-BC3971","v":100},"Sem",{"$f":"IF(AZ3967=BB3968,\"OK\",IF(BC3971=0,\"NA\",BA3972/BC3971))","v":"NA"}]
[null,1]
[null,1,4,"X","X","X","X","X","X","X","X","X","X","X","X","X",null,null,null,null,null,null,null,null,null,null,null,null,null,null,null,null,null,null,null,null,null,null,null,null,null,null,null,null,null,null,null,null,null,null,null,"N° Total Und Prod:",null,{"$f":"VLOOKUP('Dibujo Edificios'!$A$154,'Otras Tablas'!$G$2:$H$31,2,FALSE)","v":12}]
[null,1,null,null,null,null,null,null,null,null,null,null,null,null,null,null,null,null,null,null,null,null,null,null,null,null,null,null,null,null,null,null,null,null,null,null,null,null,null,null,null,null,null,null,null,null,null,null,null,null,null,"Saldo",{"$f":"+BB3978/BJ3975*BK3975-BC3980-BC3981","v":100},"Sem",{"$f":"IF(AZ3977=BB3978,\"OK\",IF(BC3981=0,\"NA\",BA3982/BC3981))","v":"NA"}]
[null,1,5,"X","X","X","X","X","X","X","X","X","X","X","X","X",null,null,null,null,null,null,null,null,null,null,null,null,null,null,null,null,null,null,null,null,null,null,null,null,null,null,null,null,null,null,null,null,null,null,null,{"$f":"COUNTIF(D3987:P3991,\"A\")+COUNTIF(D3987:P3991,\"B\")","v":2},{"$f":"+AZ3987/BJ3985*BK3985","v":20},{"$f":"+BA3987+BO3985","v":40},{"$f":"IF(AZ3987=BB3988,\"OK\",BB3987/'Control de Avance'!$BT$3)","v":0.17777777777777778}]
[null,1,4,"X","X","X","X","X","X","X","X","X","X","X","X","X",null,null,null,null,null,null,null,null,null,null,null,null,null,null,null,null,null,null,null,null,null,null,null,null,null,null,null,null,null,null,null,null,null,null,null,"N° Total Und Prod:",null,{"$f":"VLOOKUP('Dibujo Edificios'!$A$154,'Otras Tablas'!$G$2:$H$31,2,FALSE)","v":12}]
[null,1]
[null,1,4,"A","A",null,null,null,null,null,null,null,null,null,null,null,null,null,null,null,null,null,null,null,null,null,null,null,null,null,null,null,null,null,null,null,null,null,null,null,null,null,null,null,null,null,null,null,null,null,null,"N° Total Und Prod:",null,{"$f":"VLOOKUP('Dibujo Edificios'!$A$164,'Otras Tablas'!$G$2:$H$31,2,FALSE)","v":48}]
[null,1]
["ZCT",{"$f":"IF((OR($BT$5<$BP$4005-5,AND($BC$4007=\"OK\",COUNTIF($D$4007:$AY$4011,\"B\")=0))),0,1)","v":1},"Aseo caja de escala",null,null,null,null,null,null,null,null,null,null,null,null,null,null,null,null,null,null,null,null,null,null,null,null,null,null,null,null,null,null,null,null,null,null,null,null,null,null,null,null,null,null,null,null,null,null,null,null,null,null,null,null,"ASEO","piso",{"$f":"VLOOKUP(C4005,'Act. Proyecto'!$I$3:$Q$881,4,FALSE)","v":1},{"$f":"VLOOKUP(C4005,'Act. Proyecto'!$I$3:$Q$881,5,FALSE)","v":2200},{"$f":"IFERROR(BF4005*BG4005,0)","v":2200},{"$f":"VLOOKUP(C4005,'Act. Proyecto'!$I$3:$Q$881,7,FALSE)","v":"Piso"},{"$f":"VLOOKUP(C4005,'Act. Proyecto'!$I$3:$Q$881,8,FALSE)","v":5},{"$f":"VLOOKUP(C4005,'Act. Proyecto'!$I$3:$Q$881,9,FALSE)","v":10},{"$f":"IFERROR(BJ4005/BK4005,0)","v":0.5},{"$f":"IFERROR(BL4005*BH4005,0)","v":1100},{"$f":"$AZ$4007*$BH$4005","v":17600},{"$f":"IF($BM$4005=0,0,$BN$4005/$BM$4005)","v":16},95,{"$f":"$BP$4005+$BO$4005-1","v":110},{"$f":"BM4005*B4005","v":1100},{"$f":"BR4005*BQ4005","v":121000}]
[null,1,4,"A","A",null,null,null,null,null,null,null,null,null,null,null,null,null,null,null,null,null,null,null,null,null,null,null,null,null,null,null,null,null,null,null,null,null,null,null,null,null,null,null,null,null,null,null,null,null,null,"N° Total Und Prod:",null,{"$f":"VLOOKUP('Dibujo Edificios'!$A$164,'Otras Tablas'!$G$2:$H$31,2,FALSE)","v":48}]
[null,1]
[null,1,4,"A","A",null,null,null,null,null,null,null,null,null,null,null,null,null,null,null,null,null,null,null,null,null,null,null,null,null,null,null,null,null,null,null,null,null,null,null,null,null,null,null,null,null,null,null,null,null,null,"N° Total Und Prod:",null,{"$f":"VLOOKUP('Dibujo Edificios'!$A$164,'Otras Tablas'!$G$2:$H$31,2,FALSE)","v":48}]
[null,1,3,"A","A",null,null,null,null,null,null,null,null,null,null,null,null,null,null,null,null,null,null,null,null,null,null,null,null,null,null,null,null,null,null,null,null,null,null,null,null,null,null,null,null,null,null,null,null,null,null,"Proyección avance actual",null,null,{"$f":"IF(AZ4017=BB4018,\"OK\",IF(BC4021=0,\"NA\",(BB4018/BJ4015*BK4015+BQ4015)/('Control de Avance'!$BT$3+BC4022*5)))","v":"NA"}]
[]
[]
[]
[]
[]
[]
[]
[]
["FACH",null,"Remate fachada ZC (1er al último piso)",null,null,null,null,null,null,null,null,null,null,null,null,null,null,null,null,null,null,null,null,null,null,null,null,null,null,null,null,null,null,null,null,null,null,null,null,null,null,null,null,null,null,null,null,null,null,null,null,null,null,null,null,"FACHADA","m2",{"$f":"VLOOKUP(C4055,'Act. Proyecto'!$I$3:$Q$881,4,FALSE)","v":115.4157692307692},{"$f":"VLOOKUP(C4055,'Act. Proyecto'!$I$3:$Q$881,5,FALSE)","v":820},{"$f":"IFERROR(BF4055*BG4055,0)","v":94640.930769230748},{"$f":"VLOOKUP(C4055,'Act. Proyecto'!$I$3:$Q$881,7,FALSE)","v":"Edif"},{"$f":"VLOOKUP(C4055,'Act. Proyecto'!$I$3:$Q$881,8,FALSE)","v":1},{"$f":"VLOOKUP(C4055,'Act. Proyecto'!$I$3:$Q$881,9,FALSE)","v":10},{"$f":"IFERROR(BJ4055/BK4055,0)","v":0.1},{"$f":"IFERROR(BL4055*BH4055,0)","v":9464.0930769230745},null,null,73]
[]
[]
["FACH",null,"Remate rebalse losa en coronación",null,null,null,null,null,null,null,null,null,null,null,null,null,null,null,null,null,null,null,null,null,null,null,null,null,null,null,null,null,null,null,null,null,null,null,null,null,null,null,null,null,null,null,null,null,null,null,null,null,null,null,null,"FACHADA","ml",{"$f":"VLOOKUP(C4065,'Act. Proyecto'!$I$3:$Q$881,4,FALSE)","v":33.707500000000003},{"$f":"VLOOKUP(C4065,'Act. Proyecto'!$I$3:$Q$881,5,FALSE)","v":535},{"$f":"IFERROR(BF4065*BG4065,0)","v":18033.512500000001},{"$f":"VLOOKUP(C4065,'Act. Proyecto'!$I$3:$Q$881,7,FALSE)","v":"Frente"},{"$f":"VLOOKUP(C4065,'Act. Proyecto'!$I$3:$Q$881,8,FALSE)","v":"VAR"},{"$f":"VLOOKUP(C4065,'Act. Proyecto'!$I$3:$Q$881,9,FALSE)","v":10},{"$f":"IFERROR(BJ4065/BK4065,0)","v":0},{"$f":"IFERROR(BL4065*BH4065,0)","v":0},null,null,73]
[]
["FACH",null,"Remate coronación acceso y acceso edificio",null,null,null,null,null,null,null,null,null,null,null,null,null,null,null,null,null,null,null,null,null,null,null,null,null,null,null,null,null,null,null,null,null,null,null,null,null,null,null,null,null,null,null,null,null,null,null,null,null,null,null,null,"FACHADA","cu",{"$f":"VLOOKUP(C4075,'Act. Proyecto'!$I$3:$Q$881,4,FALSE)","v":0},{"$f":"VLOOKUP(C4075,'Act. Proyecto'!$I$3:$Q$881,5,FALSE)","v":5280},{"$f":"IFERROR(BF4075*BG4075,0)","v":0},{"$f":"VLOOKUP(C4075,'Act. Proyecto'!$I$3:$Q$881,7,FALSE)","v":"Edif"},{"$f":"VLOOKUP(C4075,'Act. Proyecto'!$I$3:$Q$881,8,FALSE)","v":1},{"$f":"VLOOKUP(C4075,'Act. Proyecto'!$I$3:$Q$881,9,FALSE)","v":10},{"$f":"IFERROR(BJ4075/BK4075,0)","v":0.1},{"$f":"IFERROR(BL4075*BH4075,0)","v":0},null,null,73]
[]
[]
["FACH",null,"Tubería vertical de gas ",null,null,null,null,null,null,null,null,null,null,null,null,null,null,null,null,null,null,null,null,null,null,null,null,null,null,null,null,null,null,null,null,null,null,null,null,null,null,null,null,null,null,null,null,null,null,null,null,null,null,null,null,"GAS T","dh",{"$f":"VLOOKUP(C4085,'Act. Proyecto'!$I$3:$Q$881,4,FALSE)","v":5.5555555555555552E-2},{"$f":"VLOOKUP(C4085,'Act. Proyecto'!$I$3:$Q$881,5,FALSE)","v":1},{"$f":"IFERROR(BF4085*BG4085,0)","v":5.5555555555555552E-2},{"$f":"VLOOKUP(C4085,'Act. Proyecto'!$I$3:$Q$881,7,FALSE)","v":"Piso"},{"$f":"VLOOKUP(C4085,'Act. Proyecto'!$I$3:$Q$881,8,FALSE)","v":1},{"$f":"VLOOKUP(C4085,'Act. Proyecto'!$I$3:$Q$881,9,FALSE)","v":10},{"$f":"IFERROR(BJ4085/BK4085,0)","v":0.1},{"$f":"IFERROR(BL4085*BH4085,0)","v":5.5555555555555558E-3},null,null,73]
[]
["FACH",null,"Celosías exteriores",null,null,null,null,null,null,null,null,null,null,null,null,null,null,null,null,null,null,null,null,null,null,null,null,null,null,null,null,null,null,null,null,null,null,null,null,null,null,null,null,null,null,null,null,null,null,null,null,null,null,null,null,"FACHADA","cu",{"$f":"VLOOKUP(C4095,'Act. Proyecto'!$I$3:$Q$881,4,FALSE)","v":4.7},{"$f":"VLOOKUP(C4095,'Act. Proyecto'!$I$3:$Q$881,5,FALSE)","v":265},{"$f":"IFERROR(BF4095*BG4095,0)","v":1245.5},{"$f":"VLOOKUP(C4095,'Act. Proyecto'!$I$3:$Q$881,7,FALSE)","v":"Depto"},{"$f":"VLOOKUP(C4095,'Act. Proyecto'!$I$3:$Q$881,8,FALSE)","v":20},{"$f":"VLOOKUP(C4095,'Act. Proyecto'!$I$3:$Q$881,9,FALSE)","v":10},{"$f":"IFERROR(BJ4095/BK4095,0)","v":2},{"$f":"IFERROR(BL4095*BH4095,0)","v":2491},null,null,73]
[]
[]
[]
[]
[]
[]
[]
[]
[]
[]
[]
[]
[]
[]
[]
[]
[]
[]
[]
[]
[]
[]
[]
[]
[]
[]
[]
[]
[]
[]
[]
[]
[]
[]
[]
[]
["TEXT",null,"Excavación drenes",null,null,null,null,null,null,null,null,null,null,null,null,null,null,null,null,null,null,null,null,null,null,null,null,null,null,null,null,null,null,null,null,null,null,null,null,null,null,null,null,null,null,null,null,null,null,null,null,null,null,null,null,"EXTERIORES","m3",{"$f":"VLOOKUP(C4235,'Act. Proyecto'!$I$3:$Q$881,4,FALSE)","v":0},{"$f":"VLOOKUP(C4235,'Act. Proyecto'!$I$3:$Q$881,5,FALSE)","v":0},{"$f":"IFERROR(BF4235*BG4235,0)","v":0},{"$f":"VLOOKUP(C4235,'Act. Proyecto'!$I$3:$Q$881,7,FALSE)","v":"Proy"},{"$f":"VLOOKUP(C4235,'Act. Proyecto'!$I$3:$Q$881,8,FALSE)","v":1},{"$f":"VLOOKUP(C4235,'Act. Proyecto'!$I$3:$Q$881,9,FALSE)","v":30},{"$f":"IFERROR(BJ4235/BK4235,0)","v":3.3333333333333333E-2},{"$f":"IFERROR(BL4235*BH4235,0)","v":0},null,null,143]
[]
[]
[]
[]
["TEXT",null,"Bolones drenes",null,null,null,null,null,null,null,null,null,null,null,null,null,null,null,null,null,null,null,null,null,null,null,null,null,null,null,null,null,null,null,null,null,null,null,null,null,null,null,null,null,null,null,null,null,null,null,null,null,null,null,null,"EXTERIORES","m3",{"$f":"VLOOKUP(C4255,'Act. Proyecto'!$I$3:$Q$881,4,FALSE)","v":0},{"$f":"VLOOKUP(C4255,'Act. Proyecto'!$I$3:$Q$881,5,FALSE)","v":1120},{"$f":"IFERROR(BF4255*BG4255,0)","v":0},{"$f":"VLOOKUP(C4255,'Act. Proyecto'!$I$3:$Q$881,7,FALSE)","v":"Proy"},{"$f":"VLOOKUP(C4255,'Act. Proyecto'!$I$3:$Q$881,8,FALSE)","v":1},{"$f":"VLOOKUP(C4255,'Act. Proyecto'!$I$3:$Q$881,9,FALSE)","v":30},{"$f":"IFERROR(BJ4255/BK4255,0)","v":3.3333333333333333E-2},{"$f":"IFERROR(BL4255*BH4255,0)","v":0},null,null,143]
[]
["TEXT",null,"Receptáculo bajada de aguas lluvias",null,null,null,null,null,null,null,null,null,null,null,null,null,null,null,null,null,null,null,null,null,null,null,null,null,null,null,null,null,null,null,null,null,null,null,null,null,null,null,null,null,null,null,null,null,null,null,null,null,null,null,null,"EXTERIORES","cu",{"$f":"VLOOKUP(C4265,'Act. Proyecto'!$I$3:$Q$881,4,FALSE)","v":2},{"$f":"VLOOKUP(C4265,'Act. Proyecto'!$I$3:$Q$881,5,FALSE)","v":3570},{"$f":"IFERROR(BF4265*BG4265,0)","v":7140},{"$f":"VLOOKUP(C4265,'Act. Proyecto'!$I$3:$Q$881,7,FALSE)","v":"Frente"},{"$f":"VLOOKUP(C4265,'Act. Proyecto'!$I$3:$Q$881,8,FALSE)","v":"VAR"},{"$f":"VLOOKUP(C4265,'Act. Proyecto'!$I$3:$Q$881,9,FALSE)","v":30},{"$f":"IFERROR(BJ4265/BK4265,0)","v":0},{"$f":"IFERROR(BL4265*BH4265,0)","v":0},null,null,143]
[]
[]
["TEXT",null,"Solerilla para sumideros ",null,null,null,null,null,null,null,null,null,null,null,null,null,null,null,null,null,null,null,null,null,null,null,null,null,null,null,null,null,null,null,null,null,null,null,null,null,null,null,null,null,null,null,null,null,null,null,null,null,null,null,null,"EXTERIORES","ml",{"$f":"VLOOKUP(C4275,'Act. Proyecto'!$I$3:$Q$881,4,FALSE)","v":96},{"$f":"VLOOKUP(C4275,'Act. Proyecto'!$I$3:$Q$881,5,FALSE)","v":1680},{"$f":"IFERROR(BF4275*BG4275,0)","v":161280},{"$f":"VLOOKUP(C4275,'Act. Proyecto'!$I$3:$Q$881,7,FALSE)","v":"Proy"},{"$f":"VLOOKUP(C4275,'Act. Proyecto'!$I$3:$Q$881,8,FALSE)","v":1},{"$f":"VLOOKUP(C4275,'Act. Proyecto'!$I$3:$Q$881,9,FALSE)","v":30},{"$f":"IFERROR(BJ4275/BK4275,0)","v":3.3333333333333333E-2},{"$f":"IFERROR(BL4275*BH4275,0)","v":5376},null,null,143]
[]
[]
[]
[]
[]
[]
[]
[]
[]
[]
[]
[]
[]
[]
[]
[]
[]
[]
[]
[]
[]
[]
[]
[]
[]
[]
[]
[]
[]
[]
[]
[]
[]
[]
[]
[]
[]
[]
["TEXT",null,"Tubería Gas exterior",null,null,null,null,null,null,null,null,null,null,null,null,null,null,null,null,null,null,null,null,null,null,null,null,null,null,null,null,null,null,null,null,null,null,null,null,null,null,null,null,null,null,null,null,null,null,null,null,null,null,null,null,"GAS EXT","dh",{"$f":"VLOOKUP(C4425,'Act. Proyecto'!$I$3:$Q$881,4,FALSE)","v":0},{"$f":"VLOOKUP(C4425,'Act. Proyecto'!$I$3:$Q$881,5,FALSE)","v":1},{"$f":"IFERROR(BF4425*BG4425,0)","v":0},{"$f":"VLOOKUP(C4425,'Act. Proyecto'!$I$3:$Q$881,7,FALSE)","v":"Proy"},{"$f":"VLOOKUP(C4425,'Act. Proyecto'!$I$3:$Q$881,8,FALSE)","v":1},{"$f":"VLOOKUP(C4425,'Act. Proyecto'!$I$3:$Q$881,9,FALSE)","v":30},{"$f":"IFERROR(BJ4425/BK4425,0)","v":3.3333333333333333E-2},{"$f":"IFERROR(BL4425*BH4425,0)","v":0},null,null,145]
[]
[]
["TEXT",null,"Compactación excavación de gas",null,null,null,null,null,null,null,null,null,null,null,null,null,null,null,null,null,null,null,null,null,null,null,null,null,null,null,null,null,null,null,null,null,null,null,null,null,null,null,null,null,null,null,null,null,null,null,null,null,null,null,null,"GAS EXT","dh",{"$f":"VLOOKUP(C4435,'Act. Proyecto'!$I$3:$Q$881,4,FALSE)","v":0},{"$f":"VLOOKUP(C4435,'Act. Proyecto'!$I$3:$Q$881,5,FALSE)","v":1},{"$f":"IFERROR(BF4435*BG4435,0)","v":0},{"$f":"VLOOKUP(C4435,'Act. Proyecto'!$I$3:$Q$881,7,FALSE)","v":"Proy"},{"$f":"VLOOKUP(C4435,'Act. Proyecto'!$I$3:$Q$881,8,FALSE)","v":1},{"$f":"VLOOKUP(C4435,'Act. Proyecto'!$I$3:$Q$881,9,FALSE)","v":30},{"$f":"IFERROR(BJ4435/BK4435,0)","v":3.3333333333333333E-2},{"$f":"IFERROR(BL4435*BH4435,0)","v":0},null,null,145]
[]
["TEXT",null,"Excavación estanques de Gas",null,null,null,null,null,null,null,null,null,null,null,null,null,null,null,null,null,null,null,null,null,null,null,null,null,null,null,null,null,null,null,null,null,null,null,null,null,null,null,null,null,null,null,null,null,null,null,null,null,null,null,null,"GAS EXT","dh",{"$f":"VLOOKUP(C4445,'Act. Proyecto'!$I$3:$Q$881,4,FALSE)","v":0},{"$f":"VLOOKUP(C4445,'Act. Proyecto'!$I$3:$Q$881,5,FALSE)","v":1},{"$f":"IFERROR(BF4445*BG4445,0)","v":0},{"$f":"VLOOKUP(C4445,'Act. Proyecto'!$I$3:$Q$881,7,FALSE)","v":"Proy"},{"$f":"VLOOKUP(C4445,'Act. Proyecto'!$I$3:$Q$881,8,FALSE)","v":1},{"$f":"VLOOKUP(C4445,'Act. Proyecto'!$I$3:$Q$881,9,FALSE)","v":30},{"$f":"IFERROR(BJ4445/BK4445,0)","v":3.3333333333333333E-2},{"$f":"IFERROR(BL4445*BH4445,0)","v":0},null,null,145]
[]
[]
[]
[]
["TEXT",null,"Instalación Estanques de Gas",null,null,null,null,null,null,null,null,null,null,null,null,null,null,null,null,null,null,null,null,null,null,null,null,null,null,null,null,null,null,null,null,null,null,null,null,null,null,null,null,null,null,null,null,null,null,null,null,null,null,null,null,"GAS EXT","dh",{"$f":"VLOOKUP(C4465,'Act. Proyecto'!$I$3:$Q$881,4,FALSE)","v":0},{"$f":"VLOOKUP(C4465,'Act. Proyecto'!$I$3:$Q$881,5,FALSE)","v":1},{"$f":"IFERROR(BF4465*BG4465,0)","v":0},{"$f":"VLOOKUP(C4465,'Act. Proyecto'!$I$3:$Q$881,7,FALSE)","v":"Proy"},{"$f":"VLOOKUP(C4465,'Act. Proyecto'!$I$3:$Q$881,8,FALSE)","v":1},{"$f":"VLOOKUP(C4465,'Act. Proyecto'!$I$3:$Q$881,9,FALSE)","v":30},{"$f":"IFERROR(BJ4465/BK4465,0)","v":3.3333333333333333E-2},{"$f":"IFERROR(BL4465*BH4465,0)","v":0},null,null,145]
[]
[]
[]
[]
[]
[]
[]
[]
[]
[]
[]
[]
[]
[]
[]
[]
[]
[]
[]
[]
[]
[]
[]
[]
[]
["TEXT",null,"Nivelación zona entre edificios y veredas",null,null,null,null,null,null,null,null,null,null,null,null,null,null,null,null,null,null,null,null,null,null,null,null,null,null,null,null,null,null,null,null,null,null,null,null,null,null,null,null,null,null,null,null,null,null,null,null,null,null,null,null,"EXTERIORES","m2",{"$f":"VLOOKUP(C4565,'Act. Proyecto'!$I$3:$Q$881,4,FALSE)","v":0},{"$f":"VLOOKUP(C4565,'Act. Proyecto'!$I$3:$Q$881,5,FALSE)","v":147},{"$f":"IFERROR(BF4565*BG4565,0)","v":0},{"$f":"VLOOKUP(C4565,'Act. Proyecto'!$I$3:$Q$881,7,FALSE)","v":"Proy"},{"$f":"VLOOKUP(C4565,'Act. Proyecto'!$I$3:$Q$881,8,FALSE)","v":1},{"$f":"VLOOKUP(C4565,'Act. Proyecto'!$I$3:$Q$881,9,FALSE)","v":30},{"$f":"IFERROR(BJ4565/BK4565,0)","v":3.3333333333333333E-2},{"$f":"IFERROR(BL4565*BH4565,0)","v":0},null,null,160]
[]
[]
[]
[]
[]
[]
[]
[]
[]
[]
["TEXT",null,"Accesos a edificios (1,8 m de ancho)",null,null,null,null,null,null,null,null,null,null,null,null,null,null,null,null,null,null,null,null,null,null,null,null,null,null,null,null,null,null,null,null,null,null,null,null,null,null,null,null,null,null,null,null,null,null,null,null,null,null,null,null,"EXTERIORES","ml",{"$f":"VLOOKUP(C4605,'Act. Proyecto'!$I$3:$Q$881,4,FALSE)","v":0},{"$f":"VLOOKUP(C4605,'Act. Proyecto'!$I$3:$Q$881,5,FALSE)","v":5640},{"$f":"IFERROR(BF4605*BG4605,0)","v":0},{"$f":"VLOOKUP(C4605,'Act. Proyecto'!$I$3:$Q$881,7,FALSE)","v":"Proy"},{"$f":"VLOOKUP(C4605,'Act. Proyecto'!$I$3:$Q$881,8,FALSE)","v":1},{"$f":"VLOOKUP(C4605,'Act. Proyecto'!$I$3:$Q$881,9,FALSE)","v":30},{"$f":"IFERROR(BJ4605/BK4605,0)","v":3.3333333333333333E-2},{"$f":"IFERROR(BL4605*BH4605,0)","v":0},null,null,160]
[]
[]
[]
[]
["TEXT",null,"Nivelación de terreno (áreas verdes)",null,null,null,null,null,null,null,null,null,null,null,null,null,null,null,null,null,null,null,null,null,null,null,null,null,null,null,null,null,null,null,null,null,null,null,null,null,null,null,null,null,null,null,null,null,null,null,null,null,null,null,null,"EXTERIORES","m2",{"$f":"VLOOKUP(C4625,'Act. Proyecto'!$I$3:$Q$881,4,FALSE)","v":0},{"$f":"VLOOKUP(C4625,'Act. Proyecto'!$I$3:$Q$881,5,FALSE)","v":137},{"$f":"IFERROR(BF4625*BG4625,0)","v":0},{"$f":"VLOOKUP(C4625,'Act. Proyecto'!$I$3:$Q$881,7,FALSE)","v":"Proy"},{"$f":"VLOOKUP(C4625,'Act. Proyecto'!$I$3:$Q$881,8,FALSE)","v":1},{"$f":"VLOOKUP(C4625,'Act. Proyecto'!$I$3:$Q$881,9,FALSE)","v":30},{"$f":"IFERROR(BJ4625/BK4625,0)","v":3.3333333333333333E-2},{"$f":"IFERROR(BL4625*BH4625,0)","v":0},null,null,175]
[]
["TEXT",null,"Definir niveles y planos para calles",null,null,null,null,null,null,null,null,null,null,null,null,null,null,null,null,null,null,null,null,null,null,null,null,null,null,null,null,null,null,null,null,null,null,null,null,null,null,null,null,null,null,null,null,null,null,null,null,null,null,null,null,"ADMINISTRACIÓN","gl",{"$f":"VLOOKUP(C4635,'Act. Proyecto'!$I$3:$Q$881,4,FALSE)","v":0},{"$f":"VLOOKUP(C4635,'Act. Proyecto'!$I$3:$Q$881,5,FALSE)","v":1},{"$f":"IFERROR(BF4635*BG4635,0)","v":0},{"$f":"VLOOKUP(C4635,'Act. Proyecto'!$I$3:$Q$881,7,FALSE)","v":"Proy"},{"$f":"VLOOKUP(C4635,'Act. Proyecto'!$I$3:$Q$881,8,FALSE)","v":1},{"$f":"VLOOKUP(C4635,'Act. Proyecto'!$I$3:$Q$881,9,FALSE)","v":30},{"$f":"IFERROR(BJ4635/BK4635,0)","v":3.3333333333333333E-2},{"$f":"IFERROR(BL4635*BH4635,0)","v":0},null,null,175]
[]
[]
["TEXT",null,"Escarpe y compactación en zona de estacionamiento y calles",null,null,null,null,null,null,null,null,null,null,null,null,null,null,null,null,null,null,null,null,null,null,null,null,null,null,null,null,null,null,null,null,null,null,null,null,null,null,null,null,null,null,null,null,null,null,null,null,null,null,null,null,"EXTERIORES","m2",{"$f":"VLOOKUP(C4645,'Act. Proyecto'!$I$3:$Q$881,4,FALSE)","v":0},{"$f":"VLOOKUP(C4645,'Act. Proyecto'!$I$3:$Q$881,5,FALSE)","v":210},{"$f":"IFERROR(BF4645*BG4645,0)","v":0},{"$f":"VLOOKUP(C4645,'Act. Proyecto'!$I$3:$Q$881,7,FALSE)","v":"Proy"},{"$f":"VLOOKUP(C4645,'Act. Proyecto'!$I$3:$Q$881,8,FALSE)","v":1},{"$f":"VLOOKUP(C4645,'Act. Proyecto'!$I$3:$Q$881,9,FALSE)","v":30},{"$f":"IFERROR(BJ4645/BK4645,0)","v":3.3333333333333333E-2},{"$f":"IFERROR(BL4645*BH4645,0)","v":0},null,null,175]
[]
[]
[]
[]
[]
[]
[]
[]
[]
[]
[]
[]
[]
[]
[]
[]
[]
[]
[]
[]
[]
[]
[]
[]
[]
[]
[]
[]
[]
[]
[]
[]
[]
[]
[]
[]
[]
[]
["TEXT",null,"Segunda mano anticorrosivo paños de reja",null,null,null,null,null,null,null,null,null,null,null,null,null,null,null,null,null,null,null,null,null,null,null,null,null,null,null,null,null,null,null,null,null,null,null,null,null,null,null,null,null,null,null,null,null,null,null,null,null,null,null,null,"SOLDADOR","m2",{"$f":"VLOOKUP(C4795,'Act. Proyecto'!$I$3:$Q$881,4,FALSE)","v":12},{"$f":"VLOOKUP(C4795,'Act. Proyecto'!$I$3:$Q$881,5,FALSE)","v":215},{"$f":"IFERROR(BF4795*BG4795,0)","v":2580},{"$f":"VLOOKUP(C4795,'Act. Proyecto'!$I$3:$Q$881,7,FALSE)","v":"Proy"},{"$f":"VLOOKUP(C4795,'Act. Proyecto'!$I$3:$Q$881,8,FALSE)","v":1},{"$f":"VLOOKUP(C4795,'Act. Proyecto'!$I$3:$Q$881,9,FALSE)","v":30},{"$f":"IFERROR(BJ4795/BK4795,0)","v":3.3333333333333333E-2},{"$f":"IFERROR(BL4795*BH4795,0)","v":86},null,null,165]
[]
[]
["TEXT",null,"Instalar Reja perimetral",null,null,null,null,null,null,null,null,null,null,null,null,null,null,null,null,null,null,null,null,null,null,null,null,null,null,null,null,null,null,null,null,null,null,null,null,null,null,null,null,null,null,null,null,null,null,null,null,null,null,null,null,"SOLDADOR","ml",{"$f":"VLOOKUP(C4805,'Act. Proyecto'!$I$3:$Q$881,4,FALSE)","v":0},{"$f":"VLOOKUP(C4805,'Act. Proyecto'!$I$3:$Q$881,5,FALSE)","v":1080},{"$f":"IFERROR(BF4805*BG4805,0)","v":0},{"$f":"VLOOKUP(C4805,'Act. Proyecto'!$I$3:$Q$881,7,FALSE)","v":"Proy"},{"$f":"VLOOKUP(C4805,'Act. Proyecto'!$I$3:$Q$881,8,FALSE)","v":1},{"$f":"VLOOKUP(C4805,'Act. Proyecto'!$I$3:$Q$881,9,FALSE)","v":30},{"$f":"IFERROR(BJ4805/BK4805,0)","v":3.3333333333333333E-2},{"$f":"IFERROR(BL4805*BH4805,0)","v":0},null,null,165]
[]
["TEXT",null,"Primera mano esmalte reja perimetral",null,null,null,null,null,null,null,null,null,null,null,null,null,null,null,null,null,null,null,null,null,null,null,null,null,null,null,null,null,null,null,null,null,null,null,null,null,null,null,null,null,null,null,null,null,null,null,null,null,null,null,null,"SOLDADOR","m2",{"$f":"VLOOKUP(C4815,'Act. Proyecto'!$I$3:$Q$881,4,FALSE)","v":0},{"$f":"VLOOKUP(C4815,'Act. Proyecto'!$I$3:$Q$881,5,FALSE)","v":215},{"$f":"IFERROR(BF4815*BG4815,0)","v":0},{"$f":"VLOOKUP(C4815,'Act. Proyecto'!$I$3:$Q$881,7,FALSE)","v":"Proy"},{"$f":"VLOOKUP(C4815,'Act. Proyecto'!$I$3:$Q$881,8,FALSE)","v":1},{"$f":"VLOOKUP(C4815,'Act. Proyecto'!$I$3:$Q$881,9,FALSE)","v":30},{"$f":"IFERROR(BJ4815/BK4815,0)","v":3.3333333333333333E-2},{"$f":"IFERROR(BL4815*BH4815,0)","v":0},null,null,165]
[]
[]
[]
[]
["TEXT",null,"Fabricar portón vehicular",null,null,null,null,null,null,null,null,null,null,null,null,null,null,null,null,null,null,null,null,null,null,null,null,null,null,null,null,null,null,null,null,null,null,null,null,null,null,null,null,null,null,null,null,null,null,null,null,null,null,null,null,"SOLDADOR","cu",{"$f":"VLOOKUP(C4835,'Act. Proyecto'!$I$3:$Q$881,4,FALSE)","v":1},{"$f":"VLOOKUP(C4835,'Act. Proyecto'!$I$3:$Q$881,5,FALSE)","v":64500},{"$f":"IFERROR(BF4835*BG4835,0)","v":64500},{"$f":"VLOOKUP(C4835,'Act. Proyecto'!$I$3:$Q$881,7,FALSE)","v":"Proy"},{"$f":"VLOOKUP(C4835,'Act. Proyecto'!$I$3:$Q$881,8,FALSE)","v":1},{"$f":"VLOOKUP(C4835,'Act. Proyecto'!$I$3:$Q$881,9,FALSE)","v":30},{"$f":"IFERROR(BJ4835/BK4835,0)","v":3.3333333333333333E-2},{"$f":"IFERROR(BL4835*BH4835,0)","v":2150},null,null,175]
[]
[]
[]
[]
[]
[]
[]
[]
[]
[]
[]
[]
[]
[]
["TEXT",null,"Instalar portón vehicular",null,null,null,null,null,null,null,null,null,null,null,null,null,null,null,null,null,null,null,null,null,null,null,null,null,null,null,null,null,null,null,null,null,null,null,null,null,null,null,null,null,null,null,null,null,null,null,null,null,null,null,null,"SOLDADOR","cu",{"$f":"VLOOKUP(C4865,'Act. Proyecto'!$I$3:$Q$881,4,FALSE)","v":1},{"$f":"VLOOKUP(C4865,'Act. Proyecto'!$I$3:$Q$881,5,FALSE)","v":0},{"$f":"IFERROR(BF4865*BG4865,0)","v":0},{"$f":"VLOOKUP(C4865,'Act. Proyecto'!$I$3:$Q$881,7,FALSE)","v":"Proy"},{"$f":"VLOOKUP(C4865,'Act. Proyecto'!$I$3:$Q$881,8,FALSE)","v":1},{"$f":"VLOOKUP(C4865,'Act. Proyecto'!$I$3:$Q$881,9,FALSE)","v":30},{"$f":"IFERROR(BJ4865/BK4865,0)","v":3.3333333333333333E-2},{"$f":"IFERROR(BL4865*BH4865,0)","v":0},null,null,175]
[]
[]
[]
[]
[]
[]
[]
[]
[]
["TEXT",null,"Primera mano esmalte portón vehicular",null,null,null,null,null,null,null,null,null,null,null,null,null,null,null,null,null,null,null,null,null,null,null,null,null,null,null,null,null,null,null,null,null,null,null,null,null,null,null,null,null,null,null,null,null,null,null,null,null,null,null,null,"SOLDADOR","m2",{"$f":"VLOOKUP(C4875,'Act. Proyecto'!$I$3:$Q$881,4,FALSE)","v":11},{"$f":"VLOOKUP(C4875,'Act. Proyecto'!$I$3:$Q$881,5,FALSE)","v":215},{"$f":"IFERROR(BF4875*BG4875,0)","v":2365},{"$f":"VLOOKUP(C4875,'Act. Proyecto'!$I$3:$Q$881,7,FALSE)","v":"Proy"},{"$f":"VLOOKUP(C4875,'Act. Proyecto'!$I$3:$Q$881,8,FALSE)","v":1},{"$f":"VLOOKUP(C4875,'Act. Proyecto'!$I$3:$Q$881,9,FALSE)","v":30},{"$f":"IFERROR(BJ4875/BK4875,0)","v":3.3333333333333333E-2},{"$f":"IFERROR(BL4875*BH4875,0)","v":78.833333333333329},null,null,175]
[]
[]
[]
[]
[]
[]
[]
[]
[]
["TEXT",null,"Segunda mano esmalte portón vehicular",null,null,null,null,null,null,null,null,null,null,null,null,null,null,null,null,null,null,null,null,null,null,null,null,null,null,null,null,null,null,null,null,null,null,null,null,null,null,null,null,null,null,null,null,null,null,null,null,null,null,null,null,"SOLDADOR","m2",{"$f":"VLOOKUP(C4885,'Act. Proyecto'!$I$3:$Q$881,4,FALSE)","v":11},{"$f":"VLOOKUP(C4885,'Act. Proyecto'!$I$3:$Q$881,5,FALSE)","v":215},{"$f":"IFERROR(BF4885*BG4885,0)","v":2365},{"$f":"VLOOKUP(C4885,'Act. Proyecto'!$I$3:$Q$881,7,FALSE)","v":"Proy"},{"$f":"VLOOKUP(C4885,'Act. Proyecto'!$I$3:$Q$881,8,FALSE)","v":1},{"$f":"VLOOKUP(C4885,'Act. Proyecto'!$I$3:$Q$881,9,FALSE)","v":30},{"$f":"IFERROR(BJ4885/BK4885,0)","v":3.3333333333333333E-2},{"$f":"IFERROR(BL4885*BH4885,0)","v":78.833333333333329},null,null,175]
[]
[]
[]
[]
[]
[]
[]
[]
[]
["TEXT",null,"Polines de juegos infantiles",null,null,null,null,null,null,null,null,null,null,null,null,null,null,null,null,null,null,null,null,null,null,null,null,null,null,null,null,null,null,null,null,null,null,null,null,null,null,null,null,null,null,null,null,null,null,null,null,null,null,null,null,"EXTERIORES","ml",{"$f":"VLOOKUP(C4895,'Act. Proyecto'!$I$3:$Q$881,4,FALSE)","v":20},{"$f":"VLOOKUP(C4895,'Act. Proyecto'!$I$3:$Q$881,5,FALSE)","v":680},{"$f":"IFERROR(BF4895*BG4895,0)","v":13600},{"$f":"VLOOKUP(C4895,'Act. Proyecto'!$I$3:$Q$881,7,FALSE)","v":"Proy"},{"$f":"VLOOKUP(C4895,'Act. Proyecto'!$I$3:$Q$881,8,FALSE)","v":1},{"$f":"VLOOKUP(C4895,'Act. Proyecto'!$I$3:$Q$881,9,FALSE)","v":30},{"$f":"IFERROR(BJ4895/BK4895,0)","v":3.3333333333333333E-2},{"$f":"IFERROR(BL4895*BH4895,0)","v":453.33333333333331},null,null,175]
[]
[]
[]
[]
[]
[]
[]
[]
[]
["TEXT",null,"Armado e instalación de juegos infantiles",null,null,null,null,null,null,null,null,null,null,null,null,null,null,null,null,null,null,null,null,null,null,null,null,null,null,null,null,null,null,null,null,null,null,null,null,null,null,null,null,null,null,null,null,null,null,null,null,null,null,null,null,"EXTERIORES","cu",{"$f":"VLOOKUP(C4905,'Act. Proyecto'!$I$3:$Q$881,4,FALSE)","v":3},{"$f":"VLOOKUP(C4905,'Act. Proyecto'!$I$3:$Q$881,5,FALSE)","v":20500},{"$f":"IFERROR(BF4905*BG4905,0)","v":61500},{"$f":"VLOOKUP(C4905,'Act. Proyecto'!$I$3:$Q$881,7,FALSE)","v":"Proy"},{"$f":"VLOOKUP(C4905,'Act. Proyecto'!$I$3:$Q$881,8,FALSE)","v":1},{"$f":"VLOOKUP(C4905,'Act. Proyecto'!$I$3:$Q$881,9,FALSE)","v":30},{"$f":"IFERROR(BJ4905/BK4905,0)","v":3.3333333333333333E-2},{"$f":"IFERROR(BL4905*BH4905,0)","v":2050},null,null,175]
[]
[]
[]
[]
[]
[]
[]
[]
[]
["TEXT",null,"Armado e instalación de infraestructura deportiva",null,null,null,null,null,null,null,null,null,null,null,null,null,null,null,null,null,null,null,null,null,null,null,null,null,null,null,null,null,null,null,null,null,null,null,null,null,null,null,null,null,null,null,null,null,null,null,null,null,null,null,null,"EXTERIORES","cu",{"$f":"VLOOKUP(C4915,'Act. Proyecto'!$I$3:$Q$881,4,FALSE)","v":1},{"$f":"VLOOKUP(C4915,'Act. Proyecto'!$I$3:$Q$881,5,FALSE)","v":10250},{"$f":"IFERROR(BF4915*BG4915,0)","v":10250},{"$f":"VLOOKUP(C4915,'Act. Proyecto'!$I$3:$Q$881,7,FALSE)","v":"Proy"},{"$f":"VLOOKUP(C4915,'Act. Proyecto'!$I$3:$Q$881,8,FALSE)","v":1},{"$f":"VLOOKUP(C4915,'Act. Proyecto'!$I$3:$Q$881,9,FALSE)","v":30},{"$f":"IFERROR(BJ4915/BK4915,0)","v":3.3333333333333333E-2},{"$f":"IFERROR(BL4915*BH4915,0)","v":341.66666666666669},null,null,175]
[]
[]
[]
[]
[]
[]
[]
[]
[]
["TEXT",null,"Preparar terreno para pasto",null,null,null,null,null,null,null,null,null,null,null,null,null,null,null,null,null,null,null,null,null,null,null,null,null,null,null,null,null,null,null,null,null,null,null,null,null,null,null,null,null,null,null,null,null,null,null,null,null,null,null,null,"EXTERIORES","m2",{"$f":"VLOOKUP(C4925,'Act. Proyecto'!$I$3:$Q$881,4,FALSE)","v":0},{"$f":"VLOOKUP(C4925,'Act. Proyecto'!$I$3:$Q$881,5,FALSE)","v":226},{"$f":"IFERROR(BF4925*BG4925,0)","v":0},{"$f":"VLOOKUP(C4925,'Act. Proyecto'!$I$3:$Q$881,7,FALSE)","v":"Proy"},{"$f":"VLOOKUP(C4925,'Act. Proyecto'!$I$3:$Q$881,8,FALSE)","v":1},{"$f":"VLOOKUP(C4925,'Act. Proyecto'!$I$3:$Q$881,9,FALSE)","v":30},{"$f":"IFERROR(BJ4925/BK4925,0)","v":3.3333333333333333E-2},{"$f":"IFERROR(BL4925*BH4925,0)","v":0},null,null,180]
[]
[]
[]
[]
[]
[]
[]
[]
[]
["TEXT",null,"Zanja para riego",null,null,null,null,null,null,null,null,null,null,null,null,null,null,null,null,null,null,null,null,null,null,null,null,null,null,null,null,null,null,null,null,null,null,null,null,null,null,null,null,null,null,null,null,null,null,null,null,null,null,null,null,"EXTERIORES","ml",{"$f":"VLOOKUP(C4935,'Act. Proyecto'!$I$3:$Q$881,4,FALSE)","v":1},{"$f":"VLOOKUP(C4935,'Act. Proyecto'!$I$3:$Q$881,5,FALSE)","v":840},{"$f":"IFERROR(BF4935*BG4935,0)","v":840},{"$f":"VLOOKUP(C4935,'Act. Proyecto'!$I$3:$Q$881,7,FALSE)","v":"Proy"},{"$f":"VLOOKUP(C4935,'Act. Proyecto'!$I$3:$Q$881,8,FALSE)","v":1},{"$f":"VLOOKUP(C4935,'Act. Proyecto'!$I$3:$Q$881,9,FALSE)","v":30},{"$f":"IFERROR(BJ4935/BK4935,0)","v":3.3333333333333333E-2},{"$f":"IFERROR(BL4935*BH4935,0)","v":28},null,null,180]
[]
[]
[]
[]
[]
[]
[]
[]
[]
["TEXT",null,"Tuberia para riego",null,null,null,null,null,null,null,null,null,null,null,null,null,null,null,null,null,null,null,null,null,null,null,null,null,null,null,null,null,null,null,null,null,null,null,null,null,null,null,null,null,null,null,null,null,null,null,null,null,null,null,null,"EXTERIORES","ml",{"$f":"VLOOKUP(C4945,'Act. Proyecto'!$I$3:$Q$881,4,FALSE)","v":1},{"$f":"VLOOKUP(C4945,'Act. Proyecto'!$I$3:$Q$881,5,FALSE)","v":840},{"$f":"IFERROR(BF4945*BG4945,0)","v":840},{"$f":"VLOOKUP(C4945,'Act. Proyecto'!$I$3:$Q$881,7,FALSE)","v":"Proy"},{"$f":"VLOOKUP(C4945,'Act. Proyecto'!$I$3:$Q$881,8,FALSE)","v":1},{"$f":"VLOOKUP(C4945,'Act. Proyecto'!$I$3:$Q$881,9,FALSE)","v":30},{"$f":"IFERROR(BJ4945/BK4945,0)","v":3.3333333333333333E-2},{"$f":"IFERROR(BL4945*BH4945,0)","v":28},null,null,180]
[]
[]
[]
[]
[]
[]
[]
[]
[]
["TEXT",null,"Instalar pasto",null,null,null,null,null,null,null,null,null,null,null,null,null,null,null,null,null,null,null,null,null,null,null,null,null,null,null,null,null,null,null,null,null,null,null,null,null,null,null,null,null,null,null,null,null,null,null,null,null,null,null,null,"EXTERIORES","m2",{"$f":"VLOOKUP(C4955,'Act. Proyecto'!$I$3:$Q$881,4,FALSE)","v":0},{"$f":"VLOOKUP(C4955,'Act. Proyecto'!$I$3:$Q$881,5,FALSE)","v":226},{"$f":"IFERROR(BF4955*BG4955,0)","v":0},{"$f":"VLOOKUP(C4955,'Act. Proyecto'!$I$3:$Q$881,7,FALSE)","v":"Proy"},{"$f":"VLOOKUP(C4955,'Act. Proyecto'!$I$3:$Q$881,8,FALSE)","v":1},{"$f":"VLOOKUP(C4955,'Act. Proyecto'!$I$3:$Q$881,9,FALSE)","v":30},{"$f":"IFERROR(BJ4955/BK4955,0)","v":3.3333333333333333E-2},{"$f":"IFERROR(BL4955*BH4955,0)","v":0},null,null,181]
[]
[]
[]
[]
[]
[]
[]
[]
[]
["TEXT",null,"Instalación de árboles",null,null,null,null,null,null,null,null,null,null,null,null,null,null,null,null,null,null,null,null,null,null,null,null,null,null,null,null,null,null,null,null,null,null,null,null,null,null,null,null,null,null,null,null,null,null,null,null,null,null,null,null,"EXTERIORES","uni",{"$f":"VLOOKUP(C4965,'Act. Proyecto'!$I$3:$Q$881,4,FALSE)","v":0},{"$f":"VLOOKUP(C4965,'Act. Proyecto'!$I$3:$Q$881,5,FALSE)","v":1260},{"$f":"IFERROR(BF4965*BG4965,0)","v":0},{"$f":"VLOOKUP(C4965,'Act. Proyecto'!$I$3:$Q$881,7,FALSE)","v":"Proy"},{"$f":"VLOOKUP(C4965,'Act. Proyecto'!$I$3:$Q$881,8,FALSE)","v":1},{"$f":"VLOOKUP(C4965,'Act. Proyecto'!$I$3:$Q$881,9,FALSE)","v":30},{"$f":"IFERROR(BJ4965/BK4965,0)","v":3.3333333333333333E-2},{"$f":"IFERROR(BL4965*BH4965,0)","v":0},null,null,181]
[]
[]
[]
[]
[]
[]
[]
[]
[]
["TEXT",null,"PERGOLA",null,null,null,null,null,null,null,null,null,null,null,null,null,null,null,null,null,null,null,null,null,null,null,null,null,null,null,null,null,null,null,null,null,null,null,null,null,null,null,null,null,null,null,null,null,null,null,null,null,null,null,null,"EXTERIORES",".",{"$f":"VLOOKUP(C4975,'Act. Proyecto'!$I$3:$Q$881,4,FALSE)","v":0},{"$f":"VLOOKUP(C4975,'Act. Proyecto'!$I$3:$Q$881,5,FALSE)","v":1},{"$f":"IFERROR(BF4975*BG4975,0)","v":0},{"$f":"VLOOKUP(C4975,'Act. Proyecto'!$I$3:$Q$881,7,FALSE)","v":"."},{"$f":"VLOOKUP(C4975,'Act. Proyecto'!$I$3:$Q$881,8,FALSE)","v":"."},{"$f":"VLOOKUP(C4975,'Act. Proyecto'!$I$3:$Q$881,9,FALSE)","v":"."},{"$f":"IFERROR(BJ4975/BK4975,0)","v":0},{"$f":"IFERROR(BL4975*BH4975,0)","v":0},null,null,175]
[]
[]
[]
[]
[]
[]
[]
[]
[]
["TEXT",null,"Nivelación y aplicación de estabilizado",null,null,null,null,null,null,null,null,null,null,null,null,null,null,null,null,null,null,null,null,null,null,null,null,null,null,null,null,null,null,null,null,null,null,null,null,null,null,null,null,null,null,null,null,null,null,null,null,null,null,null,null,"EXTERIORES","cu",{"$f":"VLOOKUP(C4985,'Act. Proyecto'!$I$3:$Q$881,4,FALSE)","v":29.83},{"$f":"VLOOKUP(C4985,'Act. Proyecto'!$I$3:$Q$881,5,FALSE)","v":1695},{"$f":"IFERROR(BF4985*BG4985,0)","v":50561.85},{"$f":"VLOOKUP(C4985,'Act. Proyecto'!$I$3:$Q$881,7,FALSE)","v":"Proy"},{"$f":"VLOOKUP(C4985,'Act. Proyecto'!$I$3:$Q$881,8,FALSE)","v":"."},{"$f":"VLOOKUP(C4985,'Act. Proyecto'!$I$3:$Q$881,9,FALSE)","v":30},{"$f":"IFERROR(BJ4985/BK4985,0)","v":0},{"$f":"IFERROR(BL4985*BH4985,0)","v":0},null,null,175]
[]
[]
[]
[]
[]
[]
[]
[]
[]
["TEXT",null,"Traslado e instalación de rollizos",null,null,null,null,null,null,null,null,null,null,null,null,null,null,null,null,null,null,null,null,null,null,null,null,null,null,null,null,null,null,null,null,null,null,null,null,null,null,null,null,null,null,null,null,null,null,null,null,null,null,null,null,"EXTERIORES","cu",{"$f":"VLOOKUP(C4995,'Act. Proyecto'!$I$3:$Q$881,4,FALSE)","v":13},{"$f":"VLOOKUP(C4995,'Act. Proyecto'!$I$3:$Q$881,5,FALSE)","v":5613},{"$f":"IFERROR(BF4995*BG4995,0)","v":72969},{"$f":"VLOOKUP(C4995,'Act. Proyecto'!$I$3:$Q$881,7,FALSE)","v":"Proy"},{"$f":"VLOOKUP(C4995,'Act. Proyecto'!$I$3:$Q$881,8,FALSE)","v":"."},{"$f":"VLOOKUP(C4995,'Act. Proyecto'!$I$3:$Q$881,9,FALSE)","v":30},{"$f":"IFERROR(BJ4995/BK4995,0)","v":0},{"$f":"IFERROR(BL4995*BH4995,0)","v":0},null,null,175]
[]
[]
[]
[]
[]
[]
[]
[]
[]
["TEXT",null,"Cama de arena e instalación de ladrillos",null,null,null,null,null,null,null,null,null,null,null,null,null,null,null,null,null,null,null,null,null,null,null,null,null,null,null,null,null,null,null,null,null,null,null,null,null,null,null,null,null,null,null,null,null,null,null,null,null,null,null,null,"EXTERIORES","cu",{"$f":"VLOOKUP(C5005,'Act. Proyecto'!$I$3:$Q$881,4,FALSE)","v":16.8},{"$f":"VLOOKUP(C5005,'Act. Proyecto'!$I$3:$Q$881,5,FALSE)","v":1356},{"$f":"IFERROR(BF5005*BG5005,0)","v":22780.799999999999},{"$f":"VLOOKUP(C5005,'Act. Proyecto'!$I$3:$Q$881,7,FALSE)","v":"Proy"},{"$f":"VLOOKUP(C5005,'Act. Proyecto'!$I$3:$Q$881,8,FALSE)","v":"."},{"$f":"VLOOKUP(C5005,'Act. Proyecto'!$I$3:$Q$881,9,FALSE)","v":30},{"$f":"IFERROR(BJ5005/BK5005,0)","v":0},{"$f":"IFERROR(BL5005*BH5005,0)","v":0},null,null,175]
[]
[]
[]
[]
[]
[]
[]
[]
[]
["TEXT",null,"Hormigón de radier y membrana de curado",null,null,null,null,null,null,null,null,null,null,null,null,null,null,null,null,null,null,null,null,null,null,null,null,null,null,null,null,null,null,null,null,null,null,null,null,null,null,null,null,null,null,null,null,null,null,null,null,null,null,null,null,"EXTERIORES","cu",{"$f":"VLOOKUP(C5015,'Act. Proyecto'!$I$3:$Q$881,4,FALSE)","v":29.83},{"$f":"VLOOKUP(C5015,'Act. Proyecto'!$I$3:$Q$881,5,FALSE)","v":2800},{"$f":"IFERROR(BF5015*BG5015,0)","v":83524},{"$f":"VLOOKUP(C5015,'Act. Proyecto'!$I$3:$Q$881,7,FALSE)","v":"Proy"},{"$f":"VLOOKUP(C5015,'Act. Proyecto'!$I$3:$Q$881,8,FALSE)","v":"."},{"$f":"VLOOKUP(C5015,'Act. Proyecto'!$I$3:$Q$881,9,FALSE)","v":30},{"$f":"IFERROR(BJ5015/BK5015,0)","v":0},{"$f":"IFERROR(BL5015*BH5015,0)","v":0},null,null,175]
[]
[]
[]
[]
[]
[]
[]
[]
[]
["TEXT",null,"COLECTOR DE ALL",null,null,null,null,null,null,null,null,null,null,null,null,null,null,null,null,null,null,null,null,null,null,null,null,null,null,null,null,null,null,null,null,null,null,null,null,null,null,null,null,null,null,null,null,null,null,null,null,null,null,null,null,"EXTERIORES",".",{"$f":"VLOOKUP(C5025,'Act. Proyecto'!$I$3:$Q$881,4,FALSE)","v":0},{"$f":"VLOOKUP(C5025,'Act. Proyecto'!$I$3:$Q$881,5,FALSE)","v":1},{"$f":"IFERROR(BF5025*BG5025,0)","v":0},{"$f":"VLOOKUP(C5025,'Act. Proyecto'!$I$3:$Q$881,7,FALSE)","v":"."},{"$f":"VLOOKUP(C5025,'Act. Proyecto'!$I$3:$Q$881,8,FALSE)","v":"."},{"$f":"VLOOKUP(C5025,'Act. Proyecto'!$I$3:$Q$881,9,FALSE)","v":"."},{"$f":"IFERROR(BJ5025/BK5025,0)","v":0},{"$f":"IFERROR(BL5025*BH5025,0)","v":0},null,null,40]
[]
[]
[]
[]
[]
[]
[]
[]
[]
["TEXT",null,"Sumidero Vain",null,null,null,null,null,null,null,null,null,null,null,null,null,null,null,null,null,null,null,null,null,null,null,null,null,null,null,null,null,null,null,null,null,null,null,null,null,null,null,null,null,null,null,null,null,null,null,null,null,null,null,null,"EXTERIORES","cu",{"$f":"VLOOKUP(C5035,'Act. Proyecto'!$I$3:$Q$881,4,FALSE)","v":1},{"$f":"VLOOKUP(C5035,'Act. Proyecto'!$I$3:$Q$881,5,FALSE)","v":16000},{"$f":"IFERROR(BF5035*BG5035,0)","v":16000},{"$f":"VLOOKUP(C5035,'Act. Proyecto'!$I$3:$Q$881,7,FALSE)","v":"Proy"},{"$f":"VLOOKUP(C5035,'Act. Proyecto'!$I$3:$Q$881,8,FALSE)","v":"."},{"$f":"VLOOKUP(C5035,'Act. Proyecto'!$I$3:$Q$881,9,FALSE)","v":30},{"$f":"IFERROR(BJ5035/BK5035,0)","v":0},{"$f":"IFERROR(BL5035*BH5035,0)","v":0},null,null,40]
[]
[]
[]
[]
[]
[]
[]
[]
[]
["TEXT",null,"Sumidero S2",null,null,null,null,null,null,null,null,null,null,null,null,null,null,null,null,null,null,null,null,null,null,null,null,null,null,null,null,null,null,null,null,null,null,null,null,null,null,null,null,null,null,null,null,null,null,null,null,null,null,null,null,"EXTERIORES","cu",{"$f":"VLOOKUP(C5045,'Act. Proyecto'!$I$3:$Q$881,4,FALSE)","v":1},{"$f":"VLOOKUP(C5045,'Act. Proyecto'!$I$3:$Q$881,5,FALSE)","v":57750},{"$f":"IFERROR(BF5045*BG5045,0)","v":57750},{"$f":"VLOOKUP(C5045,'Act. Proyecto'!$I$3:$Q$881,7,FALSE)","v":"Proy"},{"$f":"VLOOKUP(C5045,'Act. Proyecto'!$I$3:$Q$881,8,FALSE)","v":"."},{"$f":"VLOOKUP(C5045,'Act. Proyecto'!$I$3:$Q$881,9,FALSE)","v":30},{"$f":"IFERROR(BJ5045/BK5045,0)","v":0},{"$f":"IFERROR(BL5045*BH5045,0)","v":0},null,null,40]
[]
[]
[]
[]
[]
[]
[]
[]
[]
["TEXT",null,"Trazado y excavación para instalacion de colector 110",null,null,null,null,null,null,null,null,null,null,null,null,null,null,null,null,null,null,null,null,null,null,null,null,null,null,null,null,null,null,null,null,null,null,null,null,null,null,null,null,null,null,null,null,null,null,null,null,null,null,null,null,"EXTERIORES","ml",{"$f":"VLOOKUP(C5055,'Act. Proyecto'!$I$3:$Q$881,4,FALSE)","v":1},{"$f":"VLOOKUP(C5055,'Act. Proyecto'!$I$3:$Q$881,5,FALSE)","v":525},{"$f":"IFERROR(BF5055*BG5055,0)","v":525},{"$f":"VLOOKUP(C5055,'Act. Proyecto'!$I$3:$Q$881,7,FALSE)","v":"Proy"},{"$f":"VLOOKUP(C5055,'Act. Proyecto'!$I$3:$Q$881,8,FALSE)","v":"."},{"$f":"VLOOKUP(C5055,'Act. Proyecto'!$I$3:$Q$881,9,FALSE)","v":30},{"$f":"IFERROR(BJ5055/BK5055,0)","v":0},{"$f":"IFERROR(BL5055*BH5055,0)","v":0},null,null,40]
[]
[]
[]
[]
[]
[]
[]
[]
[]
["TEXT",null,"Instalación de tubos ALL 110 + relleno",null,null,null,null,null,null,null,null,null,null,null,null,null,null,null,null,null,null,null,null,null,null,null,null,null,null,null,null,null,null,null,null,null,null,null,null,null,null,null,null,null,null,null,null,null,null,null,null,null,null,null,null,"EXTERIORES","ml",{"$f":"VLOOKUP(C5065,'Act. Proyecto'!$I$3:$Q$881,4,FALSE)","v":1},{"$f":"VLOOKUP(C5065,'Act. Proyecto'!$I$3:$Q$881,5,FALSE)","v":787.5},{"$f":"IFERROR(BF5065*BG5065,0)","v":787.5},{"$f":"VLOOKUP(C5065,'Act. Proyecto'!$I$3:$Q$881,7,FALSE)","v":"Proy"},{"$f":"VLOOKUP(C5065,'Act. Proyecto'!$I$3:$Q$881,8,FALSE)","v":"."},{"$f":"VLOOKUP(C5065,'Act. Proyecto'!$I$3:$Q$881,9,FALSE)","v":30},{"$f":"IFERROR(BJ5065/BK5065,0)","v":0},{"$f":"IFERROR(BL5065*BH5065,0)","v":0},null,null,40]
[]
[]
[]
[]
[]
[]
[]
[]
[]
["TEXT",null,"Trazado y excavación para instalacion de colector 200",null,null,null,null,null,null,null,null,null,null,null,null,null,null,null,null,null,null,null,null,null,null,null,null,null,null,null,null,null,null,null,null,null,null,null,null,null,null,null,null,null,null,null,null,null,null,null,null,null,null,null,null,"EXTERIORES","ml",{"$f":"VLOOKUP(C5075,'Act. Proyecto'!$I$3:$Q$881,4,FALSE)","v":1},{"$f":"VLOOKUP(C5075,'Act. Proyecto'!$I$3:$Q$881,5,FALSE)","v":525},{"$f":"IFERROR(BF5075*BG5075,0)","v":525},{"$f":"VLOOKUP(C5075,'Act. Proyecto'!$I$3:$Q$881,7,FALSE)","v":"Proy"},{"$f":"VLOOKUP(C5075,'Act. Proyecto'!$I$3:$Q$881,8,FALSE)","v":"."},{"$f":"VLOOKUP(C5075,'Act. Proyecto'!$I$3:$Q$881,9,FALSE)","v":30},{"$f":"IFERROR(BJ5075/BK5075,0)","v":0},{"$f":"IFERROR(BL5075*BH5075,0)","v":0},null,null,40]
[]
[]
[]
[]
[]
[]
[]
[]
[]
["TEXT",null,"Instalación de tubos ALL 200 + relleno",null,null,null,null,null,null,null,null,null,null,null,null,null,null,null,null,null,null,null,null,null,null,null,null,null,null,null,null,null,null,null,null,null,null,null,null,null,null,null,null,null,null,null,null,null,null,null,null,null,null,null,null,"EXTERIORES","ml",{"$f":"VLOOKUP(C5085,'Act. Proyecto'!$I$3:$Q$881,4,FALSE)","v":1},{"$f":"VLOOKUP(C5085,'Act. Proyecto'!$I$3:$Q$881,5,FALSE)","v":1050},{"$f":"IFERROR(BF5085*BG5085,0)","v":1050},{"$f":"VLOOKUP(C5085,'Act. Proyecto'!$I$3:$Q$881,7,FALSE)","v":"Proy"},{"$f":"VLOOKUP(C5085,'Act. Proyecto'!$I$3:$Q$881,8,FALSE)","v":"."},{"$f":"VLOOKUP(C5085,'Act. Proyecto'!$I$3:$Q$881,9,FALSE)","v":30},{"$f":"IFERROR(BJ5085/BK5085,0)","v":0},{"$f":"IFERROR(BL5085*BH5085,0)","v":0},null,null,40]
[]
[]
[]
[]
[]
[]
[]
[]
[]
["TEXT",null,"Trazado y excavación para instalacion de colector 315",null,null,null,null,null,null,null,null,null,null,null,null,null,null,null,null,null,null,null,null,null,null,null,null,null,null,null,null,null,null,null,null,null,null,null,null,null,null,null,null,null,null,null,null,null,null,null,null,null,null,null,null,"EXTERIORES","ml",{"$f":"VLOOKUP(C5095,'Act. Proyecto'!$I$3:$Q$881,4,FALSE)","v":1},{"$f":"VLOOKUP(C5095,'Act. Proyecto'!$I$3:$Q$881,5,FALSE)","v":525},{"$f":"IFERROR(BF5095*BG5095,0)","v":525},{"$f":"VLOOKUP(C5095,'Act. Proyecto'!$I$3:$Q$881,7,FALSE)","v":"Proy"},{"$f":"VLOOKUP(C5095,'Act. Proyecto'!$I$3:$Q$881,8,FALSE)","v":"."},{"$f":"VLOOKUP(C5095,'Act. Proyecto'!$I$3:$Q$881,9,FALSE)","v":30},{"$f":"IFERROR(BJ5095/BK5095,0)","v":0},{"$f":"IFERROR(BL5095*BH5095,0)","v":0},null,null,40]
[]
[]
[]
[]
[]
[]
[]
[]
[]
["TEXT",null,"Instalación de tubos ALL 315 + relleno",null,null,null,null,null,null,null,null,null,null,null,null,null,null,null,null,null,null,null,null,null,null,null,null,null,null,null,null,null,null,null,null,null,null,null,null,null,null,null,null,null,null,null,null,null,null,null,null,null,null,null,null,"EXTERIORES","ml",{"$f":"VLOOKUP(C5105,'Act. Proyecto'!$I$3:$Q$881,4,FALSE)","v":1},{"$f":"VLOOKUP(C5105,'Act. Proyecto'!$I$3:$Q$881,5,FALSE)","v":1050},{"$f":"IFERROR(BF5105*BG5105,0)","v":1050},{"$f":"VLOOKUP(C5105,'Act. Proyecto'!$I$3:$Q$881,7,FALSE)","v":"Proy"},{"$f":"VLOOKUP(C5105,'Act. Proyecto'!$I$3:$Q$881,8,FALSE)","v":"."},{"$f":"VLOOKUP(C5105,'Act. Proyecto'!$I$3:$Q$881,9,FALSE)","v":30},{"$f":"IFERROR(BJ5105/BK5105,0)","v":0},{"$f":"IFERROR(BL5105*BH5105,0)","v":0},null,null,40]

{"sheet":"Prog. Semanal TER","index":8,"n_rows":706,"n_cols":271,"rows_kept":706,"cut":false,"hidden":false,"merged":[]}
[]
[]
[null,null,null,null,null,null,null,null,null,null,null,"FRENTES PROGRAMADOS SEMANA ACTUAL",null,{"$f":"IFERROR($D$6/SUBTOTAL(1,$T$9:$T$501),0)","v":5.8815446807164102},null,null,null,null,null,null,null,null,null,null,null,null,null,null,null,null,null,null,null,null,null,null,null,null,null,null,null,null,null,null,null,null,null,null,null,null,null,null,null,null,null,null,null,null,null,null,null,null,null,null,null,null,null,null,null,null,null,null,null,null,null,null,null,null,null,null,null,null,null,null,null,null,null,null,null,null,null,null,null,null,null,null,null,null,null,null,null,null,null,null,null,null,null,null,null,null,null,null,null,null,null,null,null,null,null,null,null,null,null,null,null,null,null,null,null,null,null,null,null,5,null,null,null,null,null,5,null,null,null,null,null,5,null,null,null,null,null,5,null,null,null,null,null,5,null,null,null,null,null,5,null,null,null,null,null,5,null,null,null,null,null,5,null,null,null,null,null,5,null,null,null,null,null,5,null,null,null,null,null,5,null,null,null,null,null,5,null,null,null,null,null,5,null,null,null,null,5,null,null,null,null,null,5,null,null,null,null,null,5,null,null,null,null,null,5,null,null,null,null,null,5,null,null,null,null,null,5,null,null,null,null,null,5,null,null,null,null,null,5,null,null,null,null,null,null,null,"DIAS SIGUIENTE",null,5]
[null,null,null,null,null,null,null,null,null,null,null,"FRENTES LOGRADOS SEMANA ACTUAL",null,{"$f":"IFERROR($E$6/SUBTOTAL(1,$T$9:$T$501),0)","v":4.2296127527529901},null,null,null,null,null,null,null,null,null,null,null,null,null,null,null,null,null,null,null,null,null,null,null,null,null,null,null,null,null,null,null,null,null,null,null,null,null,null,null,null,null,null,null,null,null,null,null,null,null,null,null,null,null,null,null,null,null,null,null,null,null,null,null,null,null,null,null,null,null,null,null,null,null,null,null,null,null,null,null,null,null,null,null,null,null,null,null,null,null,null,null,null,null,null,null,null,null,null,null,null,null,null,null,null,null,null,null,null,null,null,null,null,null,null,null,null,null,null,null,3,null,null,null,null,null,3,null,null,null,null,null,3,null,null,null,null,null,3,null,null,null,null,null,3,null,null,null,null,null,3,null,null,null,null,null,3,null,null,null,null,null,3,null,null,null,null,null,3,null,null,null,null,null,3,null,null,null,null,null,3,null,null,null,null,null,3,null,null,null,null,null,3,null,null,null,null,3,null,null,null,null,null,3,null,null,null,null,null,3,null,null,null,null,null,3,null,null,null,null,null,3,null,null,null,null,null,3,null,null,null,null,null,3,null,null,null,null,null,3,null,null,null,null,null,null,null,"DIAS ACTUAL",null,5]
[null,null,null,null,null,null,null,null,null,null,null,"FRENTES PROGRAMADOS PRÓXIMA SEMANA",null,{"$f":"IFERROR($F$6/SUBTOTAL(1,$T$9:$T$501),0)","v":5.6730191127143863},null,null,null,null,null,null,null,null,null,null,null,null,null,null,null,null,null,null,null,null,null,null,null,null,null,null,null,null,null,null,null,null,null,null,null,null,null,null,null,null,null,null,null,null,null,null,null,null,null,null,null,null,null,null,null,null,null,null,null,null,null,null,null,null,null,null,null,null,null,null,null,null,null,null,null,null,null,null,null,null,null,null,null,null,null,null,null,null,null,null,null,null,null,null,null,null,null,null,null,null,null,null,null,null,null,null,null,null,null,null,null,null,null,null,null,null,null,null,null,null,null,null,null,null,null,null,null,null,null,null,null,null,null,null,null,null,null,null,null,null,null,null,null,null,null,null,null,null,null,null,null,null,null,null,null,null,null,null,null,null,null,null,null,null,null,null,null,null,null,null,null,null,null,null,null,null,null,null,null,null,null,null,null,null,null,null,null,null,null,null,null,null,null,null,null,null,null,null,null,null,null,null,null,null,null,null,null,null,null,null,null,null,null,null,null,null,null,null,null,null,null,null,null,null,null,null,null,null,null,null,null,null,null,null,null,null,null,null,null,null,null,null,null,null,null,null,"SEMANA ACTUAL"]
[null,null,null,{"$f":"SUBTOTAL(9,D8:D631)","v":185868.57499999998},{"$f":"SUBTOTAL(9,E8:E631)","v":133664.2222125},{"$f":"SUBTOTAL(9,F8:F631)","v":179278.75000000003},null,null,null,null,null,null,null,null,null,null,null,null,null,null,"Abril dos",null,null,null,null,null,"L","M","W","J","V",null,"L","M","W","J","V",null,"L","M","W","V",null,"L","M","W","J","V",null,"L","M","W","J","V",null,"L","M","W","V",null,"L","M","W","J","V",null,"L","M","W","J","V",null,"L","M","W","J","V",null,"M","W","J","V",null,"L","M","W","J","V",null,"L","M","W","J","V",null,"L","M","W","J","V",null,"L","M","W","J","V",null,"L","M","W","J","V",null,"L","M","W","J","V",null,"L","M","W","J","V",null,"M","J","V",null,"L","M","W","J","V",null,"L","M","W","J","V",null,"L","M","W","J","V",null,"L","M","W","J","V",null,"L","M","W","J","V",null,"L","M","W","J","V",null,"L","M","W","J","V",null,"L","M","W","J","V",null,"L","M","W","J","V",null,"L","M","W","J","V",null,"L","M","W","J","V",null,"L","M","W","J","V",null,"L","M","W","J","V",null,"L","M","W","V",null,"L","M","W","J","V",null,"L","M","W","J","V",null,"L","M","W","J","V",null,"L","M","W","J","V",null,"L","M","W","J","V",null,"L","M","W","J","V",null,"L","M","W","J","V",null,"L","M","W","J","V",null,"L","M","W","J","V",null,"L","M","W","J","V"]
["Inidice actividad","Actividad programada (actual y proxima)","Actividad Programa Actual","Monto Programado Semana Actual$","Monto logrado Semana Actual$","Monto Programado Proxima Semana $","Tren",null,null,null,null,"Estatus","Actividad","Cuadrilla","Und","Cantidad","P.Unit","P.Unit Produccion","Und Producion","Valor Frente","2017-03-27",{"$f":"+U7+1","v":"2017-03-28"},{"$f":"+V7+1","v":"2017-03-29"},{"$f":"+W7+1","v":"2017-03-30"},{"$f":"+X7+1","v":"2017-03-31"},"Obra ",{"$f":"+Y7+3","v":"2017-04-03"},{"$f":"+AA7+1","v":"2017-04-04"},{"$f":"+AB7+1","v":"2017-04-05"},{"$f":"+AC7+1","v":"2017-04-06"},{"$f":"+AD7+1","v":"2017-04-07"},"Obra ","2020-08-17",{"$f":"AG7+1","v":"2020-08-18"},{"$f":"AH7+1","v":"2020-08-19"},{"$f":"AI7+1","v":"2020-08-20"},{"$f":"+AJ7+1","v":"2020-08-21"},"Obra ","2020-08-24","2020-08-25","2020-08-26",{"$f":"+AO7+1","v":"2020-08-27"},"Obra ","2020-08-31","2020-09-01","2020-09-02","2020-09-03",{"$f":"+AU7+1","v":"2020-09-04"},"Obra ","2020-09-07","2020-09-08","2020-09-09","2020-09-10",{"$f":"+BA7+1","v":"2020-09-11"},"Obra ","2020-09-14","2020-09-15","2020-09-16",{"$f":"+BF7+1","v":"2020-09-17"},"Obra ","2020-09-20","2020-09-21","2020-09-22","2020-09-23",{"$f":"+BL7+1","v":"2020-09-24"},"Obra ","2020-09-27","2020-09-28","2020-09-29","2020-09-30",{"$f":"+BR7+1","v":"2020-10-01"},"Obra ","2020-10-05","2020-10-06","2020-10-07","2020-10-08",{"$f":"+BX7+1","v":"2020-10-09"},"Obra ","2020-10-13","2020-10-14","2020-10-15",{"$f":"+CC7+1","v":"2020-10-16"},"Obra ","2020-10-19","2020-10-20","2020-10-21","2020-10-22",{"$f":"+CI7+1","v":"2020-10-23"},"Obra ","2020-10-26","2020-10-27","2020-10-28","2020-10-29",{"$f":"+CO7+1","v":"2020-10-30"},"Obra ","2020-11-02","2020-11-03","2020-11-04","2020-11-05",{"$f":"+CU7+1","v":"2020-11-06"},"Obra ","2020-11-09","2020-11-10","2020-11-11","2020-11-12",{"$f":"+DA7+1","v":"2020-11-13"},"Obra ","2020-11-16","2020-11-17","2020-11-18","2020-11-19",{"$f":"+DG7+1","v":"2020-11-20"},"Obra ","2020-11-23","2020-11-24","2020-11-25","2020-11-26",{"$f":"+DM7+1","v":"2020-11-27"},"Obra ","2020-11-30","2020-12-01","2020-12-02","2020-12-03",{"$f":"+DS7+1","v":"2020-12-04"},"Obra ","2020-12-09","2020-12-10",{"$f":"+DW7+1","v":"2020-12-11"},"Obra ","2020-12-14","2020-12-15","2020-12-16","2020-12-17",{"$f":"+EC7+1","v":"2020-12-18"},"Obra ","2020-12-21","2020-12-22","2020-12-23","2020-12-24",{"$f":"+EI7+1","v":"2020-12-25"},"Obra ","2020-12-28","2020-12-29","2020-12-30","2020-12-31",{"$f":"+EO7+1","v":"2021-01-01"},"Obra ","2021-01-04","2021-01-05","2021-01-06","2021-01-07",{"$f":"+EU7+1","v":"2021-01-08"},"Obra ","2021-01-11","2021-01-12","2021-01-13","2021-01-14",{"$f":"+FA7+1","v":"2021-01-15"},"Obra ","2021-02-01","2021-02-02","2021-02-03","2021-02-04",{"$f":"+FG7+1","v":"2021-02-05"},"Obra ","2021-02-08","2021-02-09","2021-02-10","2021-02-11",{"$f":"+FM7+1","v":"2021-02-12"},"Obra ","2021-02-15","2021-02-16","2021-02-17","2021-02-18",{"$f":"+FS7+1","v":"2021-02-19"},"Obra ","2021-02-22","2021-02-23","2021-02-24","2021-02-25",{"$f":"+FY7+1","v":"2021-02-26"},"Obra ","2021-03-01","2021-03-02","2021-03-03","2021-03-04",{"$f":"+GE7+1","v":"2021-03-05"},"Obra ","2021-03-08","2021-03-09","2021-03-10","2021-03-11",{"$f":"+GK7+1","v":"2021-03-12"},"Obra ","2021-03-15","2021-03-16","2021-03-17","2021-03-18",{"$f":"+GQ7+1","v":"2021-03-19"},"Obra ","2021-03-22","2021-03-23","2021-03-24","2021-03-25",{"$f":"+GW7+1","v":"2021-03-26"},"Obra ","2021-03-29","2021-03-30","2021-03-31",{"$f":"+HB7+1","v":"2021-04-01"},"Obra ","2021-04-04","2021-04-05","2021-04-06","2021-04-07",{"$f":"+HH7+1","v":"2021-04-08"},"Obra ","2021-04-11","2021-04-12","2021-04-13","2021-04-14",{"$f":"+HN7+1","v":"2021-04-15"},"Obra ","2021-04-18","2021-04-19","2021-04-20","2021-04-21",{"$f":"+HT7+1","v":"2021-04-22"},"Obra ","2021-04-25","2021-04-26","2021-04-27","2021-04-28",{"$f":"+HZ7+1","v":"2021-04-29"},"Obra ","2021-05-02","2021-05-03","2021-05-04","2021-05-05",{"$f":"+IF7+1","v":"2021-05-06"},"Obra ","2021-05-09","2021-05-10","2021-05-11","2021-05-12",{"$f":"+IL7+1","v":"2021-05-13"},"Obra ","2021-05-16","2021-05-17","2021-05-18","2021-05-19",{"$f":"+IR7+1","v":"2021-05-20"},"Obra ","2021-05-24","2021-05-25","2021-05-26","2021-05-27","2021-05-28","Obra ","2021-05-31","2021-06-01","2021-06-02","2021-06-03","2021-05-28","Obra ","2021-06-07","2021-06-08","2021-06-09","2021-06-10","2021-06-11"]
[1,null,null,null,null,null,"OG1",null,null,null,null,"T","TREN OBRA GRUESA 1ER PISO",".",".",0,".",".",".",null,"L","M","W","J","V"]
[2,null,null,{"$f":"C9*$R9","v":0},{"$f":"D9*$JF$9","v":0},{"$f":"(B9-C9)*R9","v":0},"OG1",null,null,null,null,{"$f":"SUMIF('Control de Avance'!$C$15:$C$9589,'Prog. Semanal TER'!M9,'Control de Avance'!$B$15:$B$9589)","v":0},"Descarga y conteo fierro 1eros pisos (incluye viga 0)",{"$f":"VLOOKUP(M9,'Act. Proyecto'!$I$3:$Q$881,2,FALSE)","v":"ENFIERRADOR"},{"$f":"VLOOKUP(M9,'Act. Proyecto'!$I$3:$Q$881,3,FALSE)","v":"kg"},{"$f":"VLOOKUP(M9,'Act. Proyecto'!$I$3:$Q$881,4,FALSE)","v":2229.9403931105198},{"$f":"VLOOKUP(M9,'Act. Proyecto'!$I$3:$Q$881,5,FALSE)","v":3},{"$f":"IFERROR(P9*Q9,0)","v":6689.8211793315595},{"$f":"VLOOKUP(M9,'Act. Proyecto'!$I$3:$Q$881,7,FALSE)","v":"Frente"},{"$f":"SUMIF('Resumen Frentes Semanal'!$K$6:$K$64,'Prog. Semanal TER'!N9,'Resumen Frentes Semanal'!$M$6:$M$64)","v":210632},null,null,null,null,null,0,null,null,null,null,null,0.5]
[4,null,null,0,{"$f":"D10*$JF$10","v":0},0,"OG1",null,null,null,null,{"$f":"SUMIF('Control de Avance'!$C$15:$C$9589,'Prog. Semanal TER'!M10,'Control de Avance'!$B$15:$B$9589)","v":0},"Separar Fierro muro 1ER PISO",{"$f":"VLOOKUP(M10,'Act. Proyecto'!$I$3:$Q$881,2,FALSE)","v":"ENFIERRADOR"},{"$f":"VLOOKUP(M10,'Act. Proyecto'!$I$3:$Q$881,3,FALSE)","v":"kg"},{"$f":"VLOOKUP(M10,'Act. Proyecto'!$I$3:$Q$881,4,FALSE)","v":2229.9403931105198},{"$f":"VLOOKUP(M10,'Act. Proyecto'!$I$3:$Q$881,5,FALSE)","v":10},{"$f":"IFERROR(P10*Q10,0)","v":22299.403931105197},{"$f":"VLOOKUP(M10,'Act. Proyecto'!$I$3:$Q$881,7,FALSE)","v":"Frente"},{"$f":"SUMIF('Resumen Frentes Semanal'!$K$6:$K$64,'Prog. Semanal TER'!N10,'Resumen Frentes Semanal'!$M$6:$M$64)","v":210632},null,null,null,null,null,0]
[5,null,null,0,{"$f":"D11*$JF$11","v":0},0,"OG1",null,null,null,null,{"$f":"SUMIF('Control de Avance'!$C$15:$C$9589,'Prog. Semanal TER'!M11,'Control de Avance'!$B$15:$B$9589)","v":0},"Fabricación fierro primer piso(nivel cero y primer piso)",{"$f":"VLOOKUP(M11,'Act. Proyecto'!$I$3:$Q$881,2,FALSE)","v":"ENFIERRADOR"},{"$f":"VLOOKUP(M11,'Act. Proyecto'!$I$3:$Q$881,3,FALSE)","v":"kg"},{"$f":"VLOOKUP(M11,'Act. Proyecto'!$I$3:$Q$881,4,FALSE)","v":1941.677217445327},{"$f":"VLOOKUP(M11,'Act. Proyecto'!$I$3:$Q$881,5,FALSE)","v":70},135917.4052211729,{"$f":"VLOOKUP(M11,'Act. Proyecto'!$I$3:$Q$881,7,FALSE)","v":"Frente"},{"$f":"SUMIF('Resumen Frentes Semanal'!$K$6:$K$64,'Prog. Semanal TER'!N11,'Resumen Frentes Semanal'!$M$6:$M$64)","v":210632},null,null,null,null,null,0]
[6,null,null,0,{"$f":"D12*$JF$12","v":0},0,"OG1",null,null,null,null,{"$f":"SUMIF('Control de Avance'!$C$15:$C$9589,'Prog. Semanal TER'!M12,'Control de Avance'!$B$15:$B$9589)","v":0},"Trazo excavación",{"$f":"VLOOKUP(M12,'Act. Proyecto'!$I$3:$Q$881,2,FALSE)","v":"TRAZO"},{"$f":"VLOOKUP(M12,'Act. Proyecto'!$I$3:$Q$881,3,FALSE)","v":"un"},{"$f":"VLOOKUP(M12,'Act. Proyecto'!$I$3:$Q$881,4,FALSE)","v":2},{"$f":"VLOOKUP(M12,'Act. Proyecto'!$I$3:$Q$881,5,FALSE)","v":0},0,{"$f":"VLOOKUP(M12,'Act. Proyecto'!$I$3:$Q$881,7,FALSE)","v":"Frente"},{"$f":"SUMIF('Resumen Frentes Semanal'!$K$6:$K$64,'Prog. Semanal TER'!N12,'Resumen Frentes Semanal'!$M$6:$M$64)","v":0},null,null,null,null,null,0]
[7,null,null,0,{"$f":"D13*$JF$13","v":0},0,"OG1",null,null,null,null,{"$f":"SUMIF('Control de Avance'!$C$15:$C$9589,'Prog. Semanal TER'!M13,'Control de Avance'!$B$15:$B$9589)","v":0},"Excavación fundaciones",{"$f":"VLOOKUP(M13,'Act. Proyecto'!$I$3:$Q$881,2,FALSE)","v":"OP. RETRO"},{"$f":"VLOOKUP(M13,'Act. Proyecto'!$I$3:$Q$881,3,FALSE)","v":"m3"},{"$f":"VLOOKUP(M13,'Act. Proyecto'!$I$3:$Q$881,4,FALSE)","v":1},{"$f":"VLOOKUP(M13,'Act. Proyecto'!$I$3:$Q$881,5,FALSE)","v":1},1,{"$f":"VLOOKUP(M13,'Act. Proyecto'!$I$3:$Q$881,7,FALSE)","v":"Depto"},{"$f":"SUMIF('Resumen Frentes Semanal'!$K$6:$K$64,'Prog. Semanal TER'!N13,'Resumen Frentes Semanal'!$M$6:$M$64)","v":0},null,null,null,null,null,0.5]
[8,null,null,0,{"$f":"D14*$JF$14","v":0},0,"OG1",null,null,null,null,{"$f":"SUMIF('Control de Avance'!$C$15:$C$9589,'Prog. Semanal TER'!M14,'Control de Avance'!$B$15:$B$9589)","v":0},"Perfilado de excavación",{"$f":"VLOOKUP(M14,'Act. Proyecto'!$I$3:$Q$881,2,FALSE)","v":"HORMIGÓN"},{"$f":"VLOOKUP(M14,'Act. Proyecto'!$I$3:$Q$881,3,FALSE)","v":"depto"},{"$f":"VLOOKUP(M14,'Act. Proyecto'!$I$3:$Q$881,4,FALSE)","v":2},{"$f":"VLOOKUP(M14,'Act. Proyecto'!$I$3:$Q$881,5,FALSE)","v":12400},24800,{"$f":"VLOOKUP(M14,'Act. Proyecto'!$I$3:$Q$881,7,FALSE)","v":"Frente"},{"$f":"SUMIF('Resumen Frentes Semanal'!$K$6:$K$64,'Prog. Semanal TER'!N14,'Resumen Frentes Semanal'!$M$6:$M$64)","v":204000},null,null,null,null,null,0]
[8,null,null,0,{"$f":"D15*$JF$15","v":0},0,"OG1",null,null,null,null,{"$f":"SUMIF('Control de Avance'!$C$15:$C$9589,'Prog. Semanal TER'!M15,'Control de Avance'!$B$15:$B$9589)","v":0},"Instalación de malla tierra",{"$f":"VLOOKUP(M15,'Act. Proyecto'!$I$3:$Q$881,2,FALSE)","v":"ELÉCTRICO OG"},{"$f":"VLOOKUP(M15,'Act. Proyecto'!$I$3:$Q$881,3,FALSE)","v":"puntos"},{"$f":"VLOOKUP(M15,'Act. Proyecto'!$I$3:$Q$881,4,FALSE)","v":4},{"$f":"VLOOKUP(M15,'Act. Proyecto'!$I$3:$Q$881,5,FALSE)","v":4025},16100,{"$f":"VLOOKUP(M15,'Act. Proyecto'!$I$3:$Q$881,7,FALSE)","v":"Edif"},{"$f":"SUMIF('Resumen Frentes Semanal'!$K$6:$K$64,'Prog. Semanal TER'!N15,'Resumen Frentes Semanal'!$M$6:$M$64)","v":123000},null,null,null,null,null,1]
[9,null,null,0,{"$f":"D16*$JF$16","v":0},0,"OG1",null,null,null,null,{"$f":"SUMIF('Control de Avance'!$C$15:$C$9589,'Prog. Semanal TER'!M16,'Control de Avance'!$B$15:$B$9589)","v":0},"Fabricar calugas de hormigón",{"$f":"VLOOKUP(M16,'Act. Proyecto'!$I$3:$Q$881,2,FALSE)","v":"HORMIGÓN"},{"$f":"VLOOKUP(M16,'Act. Proyecto'!$I$3:$Q$881,3,FALSE)","v":"depto"},{"$f":"VLOOKUP(M16,'Act. Proyecto'!$I$3:$Q$881,4,FALSE)","v":2},{"$f":"VLOOKUP(M16,'Act. Proyecto'!$I$3:$Q$881,5,FALSE)","v":2580},5160,{"$f":"VLOOKUP(M16,'Act. Proyecto'!$I$3:$Q$881,7,FALSE)","v":"Frente"},{"$f":"SUMIF('Resumen Frentes Semanal'!$K$6:$K$64,'Prog. Semanal TER'!N16,'Resumen Frentes Semanal'!$M$6:$M$64)","v":204000},null,null,null,null,null,0]
[10,null,null,0,{"$f":"D17*$JF$17","v":0},0,"OG1",null,null,null,null,{"$f":"SUMIF('Control de Avance'!$C$15:$C$9589,'Prog. Semanal TER'!M17,'Control de Avance'!$B$15:$B$9589)","v":0},"Emplantillado",{"$f":"VLOOKUP(M17,'Act. Proyecto'!$I$3:$Q$881,2,FALSE)","v":"HORMIGÓN"},{"$f":"VLOOKUP(M17,'Act. Proyecto'!$I$3:$Q$881,3,FALSE)","v":"m3"},{"$f":"VLOOKUP(M17,'Act. Proyecto'!$I$3:$Q$881,4,FALSE)","v":1.288359375},{"$f":"VLOOKUP(M17,'Act. Proyecto'!$I$3:$Q$881,5,FALSE)","v":2800},3607.40625,{"$f":"VLOOKUP(M17,'Act. Proyecto'!$I$3:$Q$881,7,FALSE)","v":"Depto"},{"$f":"SUMIF('Resumen Frentes Semanal'!$K$6:$K$64,'Prog. Semanal TER'!N17,'Resumen Frentes Semanal'!$M$6:$M$64)","v":204000},null,null,null,null,null,1]
[10,null,null,0,{"$f":"D18*$JF$18","v":0},0,"OG1",null,null,null,null,{"$f":"SUMIF('Control de Avance'!$C$15:$C$9589,'Prog. Semanal TER'!M18,'Control de Avance'!$B$15:$B$9589)","v":0},"Grua emplantillado 1eros Frentes",{"$f":"VLOOKUP(M18,'Act. Proyecto'!$I$3:$Q$881,2,FALSE)","v":"SOBRECIMIENTO Y CORONACIÓN"},{"$f":"VLOOKUP(M18,'Act. Proyecto'!$I$3:$Q$881,3,FALSE)","v":"m3"},{"$f":"VLOOKUP(M18,'Act. Proyecto'!$I$3:$Q$881,4,FALSE)","v":1.288359375},{"$f":"VLOOKUP(M18,'Act. Proyecto'!$I$3:$Q$881,5,FALSE)","v":764},984.30656249999993,{"$f":"VLOOKUP(M18,'Act. Proyecto'!$I$3:$Q$881,7,FALSE)","v":"Depto"},{"$f":"SUMIF('Resumen Frentes Semanal'!$K$6:$K$64,'Prog. Semanal TER'!N18,'Resumen Frentes Semanal'!$M$6:$M$64)","v":95000},null,null,null,null,null,0]
[12,null,null,0,{"$f":"D19*$JF$19","v":0},0,"OG1",null,null,null,null,{"$f":"SUMIF('Control de Avance'!$C$15:$C$9589,'Prog. Semanal TER'!M19,'Control de Avance'!$B$15:$B$9589)","v":0},"Encintado",{"$f":"VLOOKUP(M19,'Act. Proyecto'!$I$3:$Q$881,2,FALSE)","v":"TRAZO"},{"$f":"VLOOKUP(M19,'Act. Proyecto'!$I$3:$Q$881,3,FALSE)","v":"depto"},{"$f":"VLOOKUP(M19,'Act. Proyecto'!$I$3:$Q$881,4,FALSE)","v":2},{"$f":"VLOOKUP(M19,'Act. Proyecto'!$I$3:$Q$881,5,FALSE)","v":0},0,{"$f":"VLOOKUP(M19,'Act. Proyecto'!$I$3:$Q$881,7,FALSE)","v":"Frente"},{"$f":"SUMIF('Resumen Frentes Semanal'!$K$6:$K$64,'Prog. Semanal TER'!N19,'Resumen Frentes Semanal'!$M$6:$M$64)","v":0},null,null,null,null,null,0]
[13,null,null,0,{"$f":"D20*$JF$20","v":0},0,"OG1",null,null,null,null,{"$f":"SUMIF('Control de Avance'!$C$15:$C$9589,'Prog. Semanal TER'!M20,'Control de Avance'!$B$15:$B$9589)","v":0},"Instalar fierro primer piso",{"$f":"VLOOKUP(M20,'Act. Proyecto'!$I$3:$Q$881,2,FALSE)","v":"ENFIERRADOR"},{"$f":"VLOOKUP(M20,'Act. Proyecto'!$I$3:$Q$881,3,FALSE)","v":"kg"},{"$f":"VLOOKUP(M20,'Act. Proyecto'!$I$3:$Q$881,4,FALSE)","v":1941.677217445327},{"$f":"VLOOKUP(M20,'Act. Proyecto'!$I$3:$Q$881,5,FALSE)","v":23},44658.576001242523,{"$f":"VLOOKUP(M20,'Act. Proyecto'!$I$3:$Q$881,7,FALSE)","v":"Frente"},{"$f":"SUMIF('Resumen Frentes Semanal'!$K$6:$K$64,'Prog. Semanal TER'!N20,'Resumen Frentes Semanal'!$M$6:$M$64)","v":210632},null,null,null,null,null,0]
[13,null,null,0,{"$f":"D21*$JF$21","v":0},0,"OG1",null,null,null,null,{"$f":"SUMIF('Control de Avance'!$C$15:$C$9589,'Prog. Semanal TER'!M21,'Control de Avance'!$B$15:$B$9589)","v":0},"Grua Fierro 1er piso 1eros Frentes",{"$f":"VLOOKUP(M21,'Act. Proyecto'!$I$3:$Q$881,2,FALSE)","v":"SOBRECIMIENTO Y CORONACIÓN"},{"$f":"VLOOKUP(M21,'Act. Proyecto'!$I$3:$Q$881,3,FALSE)","v":"kg"},{"$f":"VLOOKUP(M21,'Act. Proyecto'!$I$3:$Q$881,4,FALSE)","v":1941.677217445327},{"$f":"VLOOKUP(M21,'Act. Proyecto'!$I$3:$Q$881,5,FALSE)","v":5},9708.3860872266341,{"$f":"VLOOKUP(M21,'Act. Proyecto'!$I$3:$Q$881,7,FALSE)","v":"Frente"},{"$f":"SUMIF('Resumen Frentes Semanal'!$K$6:$K$64,'Prog. Semanal TER'!N21,'Resumen Frentes Semanal'!$M$6:$M$64)","v":95000},null,null,null,null,null,0]
[13,null,null,0,{"$f":"D22*$JF$22","v":0},0,"OG1",null,null,null,null,{"$f":"SUMIF('Control de Avance'!$C$15:$C$9589,'Prog. Semanal TER'!M22,'Control de Avance'!$B$15:$B$9589)","v":0},"Instalación de tuberías generales en fundación",{"$f":"VLOOKUP(M22,'Act. Proyecto'!$I$3:$Q$881,2,FALSE)","v":"ELÉCTRICO OG"},{"$f":"VLOOKUP(M22,'Act. Proyecto'!$I$3:$Q$881,3,FALSE)","v":"ml"},{"$f":"VLOOKUP(M22,'Act. Proyecto'!$I$3:$Q$881,4,FALSE)","v":124},{"$f":"VLOOKUP(M22,'Act. Proyecto'!$I$3:$Q$881,5,FALSE)","v":153},18972,{"$f":"VLOOKUP(M22,'Act. Proyecto'!$I$3:$Q$881,7,FALSE)","v":"Edif"},{"$f":"SUMIF('Resumen Frentes Semanal'!$K$6:$K$64,'Prog. Semanal TER'!N22,'Resumen Frentes Semanal'!$M$6:$M$64)","v":123000},null,null,null,null,null,0]
[13,null,null,0,{"$f":"D23*$JF$23","v":0},0,"OG1",null,null,null,null,{"$f":"SUMIF('Control de Avance'!$C$15:$C$9589,'Prog. Semanal TER'!M23,'Control de Avance'!$B$15:$B$9589)","v":0},"Prefabricación elementos eléctricos",{"$f":"VLOOKUP(M23,'Act. Proyecto'!$I$3:$Q$881,2,FALSE)","v":"ELÉCTRICO OG"},{"$f":"VLOOKUP(M23,'Act. Proyecto'!$I$3:$Q$881,3,FALSE)","v":"uni"},{"$f":"VLOOKUP(M23,'Act. Proyecto'!$I$3:$Q$881,4,FALSE)","v":128.65},{"$f":"VLOOKUP(M23,'Act. Proyecto'!$I$3:$Q$881,5,FALSE)","v":112.8},14511.720000000001,{"$f":"VLOOKUP(M23,'Act. Proyecto'!$I$3:$Q$881,7,FALSE)","v":"Frente"},{"$f":"SUMIF('Resumen Frentes Semanal'!$K$6:$K$64,'Prog. Semanal TER'!N23,'Resumen Frentes Semanal'!$M$6:$M$64)","v":123000},null,null,null,null,null,0]
[14,null,null,0,{"$f":"D24*$JF$24","v":0},0,"OG1",null,null,null,null,{"$f":"SUMIF('Control de Avance'!$C$15:$C$9589,'Prog. Semanal TER'!M24,'Control de Avance'!$B$15:$B$9589)","v":0},"Hormigón fundación",{"$f":"VLOOKUP(M24,'Act. Proyecto'!$I$3:$Q$881,2,FALSE)","v":"HORMIGÓN"},{"$f":"VLOOKUP(M24,'Act. Proyecto'!$I$3:$Q$881,3,FALSE)","v":"m3"},{"$f":"VLOOKUP(M24,'Act. Proyecto'!$I$3:$Q$881,4,FALSE)","v":15.460312499999999},{"$f":"VLOOKUP(M24,'Act. Proyecto'!$I$3:$Q$881,5,FALSE)","v":2850},44061.890625,{"$f":"VLOOKUP(M24,'Act. Proyecto'!$I$3:$Q$881,7,FALSE)","v":"Depto"},{"$f":"SUMIF('Resumen Frentes Semanal'!$K$6:$K$64,'Prog. Semanal TER'!N24,'Resumen Frentes Semanal'!$M$6:$M$64)","v":204000},null,null,null,null,null,0]
[14,null,null,0,{"$f":"D25*$JF$25","v":0},0,"OG1",null,null,null,null,{"$f":"SUMIF('Control de Avance'!$C$15:$C$9589,'Prog. Semanal TER'!M25,'Control de Avance'!$B$15:$B$9589)","v":0},"Grua Fundación 1eros Frentes",{"$f":"VLOOKUP(M25,'Act. Proyecto'!$I$3:$Q$881,2,FALSE)","v":"SOBRECIMIENTO Y CORONACIÓN"},{"$f":"VLOOKUP(M25,'Act. Proyecto'!$I$3:$Q$881,3,FALSE)","v":"m3"},{"$f":"VLOOKUP(M25,'Act. Proyecto'!$I$3:$Q$881,4,FALSE)","v":15.460312499999999},{"$f":"VLOOKUP(M25,'Act. Proyecto'!$I$3:$Q$881,5,FALSE)","v":780},12059.043749999999,{"$f":"VLOOKUP(M25,'Act. Proyecto'!$I$3:$Q$881,7,FALSE)","v":"Depto"},{"$f":"SUMIF('Resumen Frentes Semanal'!$K$6:$K$64,'Prog. Semanal TER'!N25,'Resumen Frentes Semanal'!$M$6:$M$64)","v":95000},null,null,null,null,null,0]
[15,null,null,0,{"$f":"D26*$JF$26","v":0},0,"OG1",null,null,null,null,{"$f":"SUMIF('Control de Avance'!$C$15:$C$9589,'Prog. Semanal TER'!M26,'Control de Avance'!$B$15:$B$9589)","v":0},"Emplantillado para viga escala",{"$f":"VLOOKUP(M26,'Act. Proyecto'!$I$3:$Q$881,2,FALSE)","v":"HORMIGÓN"},{"$f":"VLOOKUP(M26,'Act. Proyecto'!$I$3:$Q$881,3,FALSE)","v":"edif"},{"$f":"VLOOKUP(M26,'Act. Proyecto'!$I$3:$Q$881,4,FALSE)","v":0},{"$f":"VLOOKUP(M26,'Act. Proyecto'!$I$3:$Q$881,5,FALSE)","v":540},0,{"$f":"VLOOKUP(M26,'Act. Proyecto'!$I$3:$Q$881,7,FALSE)","v":"Edif"},{"$f":"SUMIF('Resumen Frentes Semanal'!$K$6:$K$64,'Prog. Semanal TER'!N26,'Resumen Frentes Semanal'!$M$6:$M$64)","v":204000},null,null,null,null,null,0]
[16,null,null,0,{"$f":"D27*$JF$27","v":0},0,"OG1",null,null,null,null,{"$f":"SUMIF('Control de Avance'!$C$15:$C$9589,'Prog. Semanal TER'!M27,'Control de Avance'!$B$15:$B$9589)","v":0},"Vigas primer piso ",{"$f":"VLOOKUP(M27,'Act. Proyecto'!$I$3:$Q$881,2,FALSE)","v":"ENFIERRADOR"},{"$f":"VLOOKUP(M27,'Act. Proyecto'!$I$3:$Q$881,3,FALSE)","v":"kg"},{"$f":"VLOOKUP(M27,'Act. Proyecto'!$I$3:$Q$881,4,FALSE)","v":288.2631756651927},{"$f":"VLOOKUP(M27,'Act. Proyecto'!$I$3:$Q$881,5,FALSE)","v":93},26808.475336862921,{"$f":"VLOOKUP(M27,'Act. Proyecto'!$I$3:$Q$881,7,FALSE)","v":"Frente"},{"$f":"SUMIF('Resumen Frentes Semanal'!$K$6:$K$64,'Prog. Semanal TER'!N27,'Resumen Frentes Semanal'!$M$6:$M$64)","v":210632},null,null,null,null,null,0]
[14,null,null,0,{"$f":"D28*$JF$28","v":0},0,"OG1",null,null,null,null,{"$f":"SUMIF('Control de Avance'!$C$15:$C$9589,'Prog. Semanal TER'!M28,'Control de Avance'!$B$15:$B$9589)","v":0},"Instalación canalización iluminación exterior",{"$f":"VLOOKUP(M28,'Act. Proyecto'!$I$3:$Q$881,2,FALSE)","v":"ELÉCTRICO OG"},{"$f":"VLOOKUP(M28,'Act. Proyecto'!$I$3:$Q$881,3,FALSE)","v":"centro"},{"$f":"VLOOKUP(M28,'Act. Proyecto'!$I$3:$Q$881,4,FALSE)","v":2.5},{"$f":"VLOOKUP(M28,'Act. Proyecto'!$I$3:$Q$881,5,FALSE)","v":522},1305,{"$f":"VLOOKUP(M28,'Act. Proyecto'!$I$3:$Q$881,7,FALSE)","v":"Frente"},{"$f":"SUMIF('Resumen Frentes Semanal'!$K$6:$K$64,'Prog. Semanal TER'!N28,'Resumen Frentes Semanal'!$M$6:$M$64)","v":123000},null,null,null,null,null,0]
[17,null,null,0,{"$f":"D29*$JF$29","v":0},0,"OG1",null,null,null,null,{"$f":"SUMIF('Control de Avance'!$C$15:$C$9589,'Prog. Semanal TER'!M29,'Control de Avance'!$B$15:$B$9589)","v":0},"Trazo Sobrecimiento",{"$f":"VLOOKUP(M29,'Act. Proyecto'!$I$3:$Q$881,2,FALSE)","v":"TRAZO"},{"$f":"VLOOKUP(M29,'Act. Proyecto'!$I$3:$Q$881,3,FALSE)","v":"un"},{"$f":"VLOOKUP(M29,'Act. Proyecto'!$I$3:$Q$881,4,FALSE)","v":2},{"$f":"VLOOKUP(M29,'Act. Proyecto'!$I$3:$Q$881,5,FALSE)","v":0},0,{"$f":"VLOOKUP(M29,'Act. Proyecto'!$I$3:$Q$881,7,FALSE)","v":"Frente"},{"$f":"SUMIF('Resumen Frentes Semanal'!$K$6:$K$64,'Prog. Semanal TER'!N29,'Resumen Frentes Semanal'!$M$6:$M$64)","v":0},null,null,null,null,null,0]
[18,null,null,0,{"$f":"D30*$JF$30","v":0},0,"OG1",null,null,null,null,{"$f":"SUMIF('Control de Avance'!$C$15:$C$9589,'Prog. Semanal TER'!M30,'Control de Avance'!$B$15:$B$9589)","v":0},"Moldaje sobrecimiento muro",{"$f":"VLOOKUP(M30,'Act. Proyecto'!$I$3:$Q$881,2,FALSE)","v":"SOBRECIMIENTO Y CORONACIÓN"},{"$f":"VLOOKUP(M30,'Act. Proyecto'!$I$3:$Q$881,3,FALSE)","v":"m2"},{"$f":"VLOOKUP(M30,'Act. Proyecto'!$I$3:$Q$881,4,FALSE)","v":35.099375000000009},{"$f":"VLOOKUP(M30,'Act. Proyecto'!$I$3:$Q$881,5,FALSE)","v":1070},37556.33125000001,{"$f":"VLOOKUP(M30,'Act. Proyecto'!$I$3:$Q$881,7,FALSE)","v":"Depto"},{"$f":"SUMIF('Resumen Frentes Semanal'!$K$6:$K$64,'Prog. Semanal TER'!N30,'Resumen Frentes Semanal'!$M$6:$M$64)","v":95000},null,null,null,null,null,0]
[21,null,null,0,{"$f":"D31*$JF$31","v":0},0,"OG1",null,null,null,null,{"$f":"SUMIF('Control de Avance'!$C$15:$C$9589,'Prog. Semanal TER'!M31,'Control de Avance'!$B$15:$B$9589)","v":0},"Hormigón sobrecimiento muro",{"$f":"VLOOKUP(M31,'Act. Proyecto'!$I$3:$Q$881,2,FALSE)","v":"HORMIGÓN"},{"$f":"VLOOKUP(M31,'Act. Proyecto'!$I$3:$Q$881,3,FALSE)","v":"m3"},{"$f":"VLOOKUP(M31,'Act. Proyecto'!$I$3:$Q$881,4,FALSE)","v":2.4308333333333336},{"$f":"VLOOKUP(M31,'Act. Proyecto'!$I$3:$Q$881,5,FALSE)","v":5380},13077.883333333335,{"$f":"VLOOKUP(M31,'Act. Proyecto'!$I$3:$Q$881,7,FALSE)","v":"Depto"},{"$f":"SUMIF('Resumen Frentes Semanal'!$K$6:$K$64,'Prog. Semanal TER'!N31,'Resumen Frentes Semanal'!$M$6:$M$64)","v":204000},null,null,null,null,null,0]
[21,null,null,0,{"$f":"D32*$JF$32","v":0},0,"OG1",null,null,null,null,{"$f":"SUMIF('Control de Avance'!$C$15:$C$9589,'Prog. Semanal TER'!M32,'Control de Avance'!$B$15:$B$9589)","v":0},"Grua Sobrecimiento 1eros Frentes",{"$f":"VLOOKUP(M32,'Act. Proyecto'!$I$3:$Q$881,2,FALSE)","v":"SOBRECIMIENTO Y CORONACIÓN"},{"$f":"VLOOKUP(M32,'Act. Proyecto'!$I$3:$Q$881,3,FALSE)","v":"m3"},{"$f":"VLOOKUP(M32,'Act. Proyecto'!$I$3:$Q$881,4,FALSE)","v":2.4308333333333336},{"$f":"VLOOKUP(M32,'Act. Proyecto'!$I$3:$Q$881,5,FALSE)","v":1155},2807.6125000000002,{"$f":"VLOOKUP(M32,'Act. Proyecto'!$I$3:$Q$881,7,FALSE)","v":"Depto"},{"$f":"SUMIF('Resumen Frentes Semanal'!$K$6:$K$64,'Prog. Semanal TER'!N32,'Resumen Frentes Semanal'!$M$6:$M$64)","v":95000},null,null,null,null,null,0]
[24,null,null,0,{"$f":"D33*$JF$33","v":0},0,"OG1",null,null,null,null,{"$f":"SUMIF('Control de Avance'!$C$15:$C$9589,'Prog. Semanal TER'!M33,'Control de Avance'!$B$15:$B$9589)","v":0},"Descimbre sobrecimiento muro",{"$f":"VLOOKUP(M33,'Act. Proyecto'!$I$3:$Q$881,2,FALSE)","v":"SOBRECIMIENTO Y CORONACIÓN"},{"$f":"VLOOKUP(M33,'Act. Proyecto'!$I$3:$Q$881,3,FALSE)","v":"m2"},{"$f":"VLOOKUP(M33,'Act. Proyecto'!$I$3:$Q$881,4,FALSE)","v":35.099375000000009},{"$f":"VLOOKUP(M33,'Act. Proyecto'!$I$3:$Q$881,5,FALSE)","v":375},13162.265625000004,{"$f":"VLOOKUP(M33,'Act. Proyecto'!$I$3:$Q$881,7,FALSE)","v":"Depto"},{"$f":"SUMIF('Resumen Frentes Semanal'!$K$6:$K$64,'Prog. Semanal TER'!N33,'Resumen Frentes Semanal'!$M$6:$M$64)","v":95000},null,null,null,null,null,0]
[25,null,null,0,{"$f":"D34*$JF$34","v":0},0,"OG1",null,null,null,null,{"$f":"SUMIF('Control de Avance'!$C$15:$C$9589,'Prog. Semanal TER'!M34,'Control de Avance'!$B$15:$B$9589)","v":0},"Impermeabilización sobrecimiento",{"$f":"VLOOKUP(M34,'Act. Proyecto'!$I$3:$Q$881,2,FALSE)","v":"SOBRECIMIENTO Y CORONACIÓN"},{"$f":"VLOOKUP(M34,'Act. Proyecto'!$I$3:$Q$881,3,FALSE)","v":"depto"},{"$f":"VLOOKUP(M34,'Act. Proyecto'!$I$3:$Q$881,4,FALSE)","v":2},{"$f":"VLOOKUP(M34,'Act. Proyecto'!$I$3:$Q$881,5,FALSE)","v":3740},7480,{"$f":"VLOOKUP(M34,'Act. Proyecto'!$I$3:$Q$881,7,FALSE)","v":"Frente"},{"$f":"SUMIF('Resumen Frentes Semanal'!$K$6:$K$64,'Prog. Semanal TER'!N34,'Resumen Frentes Semanal'!$M$6:$M$64)","v":95000},null,null,null,null,null,0]
[26,null,null,0,{"$f":"D35*$JF$35","v":0},0,"OG1",null,null,null,null,{"$f":"SUMIF('Control de Avance'!$C$15:$C$9589,'Prog. Semanal TER'!M35,'Control de Avance'!$B$15:$B$9589)","v":0},"Alcantarillado primer piso",{"$f":"VLOOKUP(M35,'Act. Proyecto'!$I$3:$Q$881,2,FALSE)","v":"GASFITER OG"},{"$f":"VLOOKUP(M35,'Act. Proyecto'!$I$3:$Q$881,3,FALSE)","v":"dh"},{"$f":"VLOOKUP(M35,'Act. Proyecto'!$I$3:$Q$881,4,FALSE)","v":0.90023437499999992},{"$f":"VLOOKUP(M35,'Act. Proyecto'!$I$3:$Q$881,5,FALSE)","v":1},0.90023437499999992,{"$f":"VLOOKUP(M35,'Act. Proyecto'!$I$3:$Q$881,7,FALSE)","v":"Depto"},{"$f":"SUMIF('Resumen Frentes Semanal'!$K$6:$K$64,'Prog. Semanal TER'!N35,'Resumen Frentes Semanal'!$M$6:$M$64)","v":0},null,null,null,null,null,0]
[27,null,null,0,{"$f":"D36*$JF$36","v":0},0,"OG1",null,null,null,null,{"$f":"SUMIF('Control de Avance'!$C$15:$C$9589,'Prog. Semanal TER'!M36,'Control de Avance'!$B$15:$B$9589)","v":0},"1era capa de relleno (incluye moldaje y relleno terraza)",{"$f":"VLOOKUP(M36,'Act. Proyecto'!$I$3:$Q$881,2,FALSE)","v":"SOBRECIMIENTO Y CORONACIÓN"},{"$f":"VLOOKUP(M36,'Act. Proyecto'!$I$3:$Q$881,3,FALSE)","v":"depto"},{"$f":"VLOOKUP(M36,'Act. Proyecto'!$I$3:$Q$881,4,FALSE)","v":1},{"$f":"VLOOKUP(M36,'Act. Proyecto'!$I$3:$Q$881,5,FALSE)","v":20500},20500,{"$f":"VLOOKUP(M36,'Act. Proyecto'!$I$3:$Q$881,7,FALSE)","v":"Depto"},{"$f":"SUMIF('Resumen Frentes Semanal'!$K$6:$K$64,'Prog. Semanal TER'!N36,'Resumen Frentes Semanal'!$M$6:$M$64)","v":95000},null,null,null,null,null,0]
[28,null,null,0,{"$f":"D37*$JF$37","v":0},0,"OG1",null,null,null,null,{"$f":"SUMIF('Control de Avance'!$C$15:$C$9589,'Prog. Semanal TER'!M37,'Control de Avance'!$B$15:$B$9589)","v":0},"2da capa de relleno (incluye moldaje y relleno terraza)",{"$f":"VLOOKUP(M37,'Act. Proyecto'!$I$3:$Q$881,2,FALSE)","v":"SOBRECIMIENTO Y CORONACIÓN"},{"$f":"VLOOKUP(M37,'Act. Proyecto'!$I$3:$Q$881,3,FALSE)","v":"depto"},{"$f":"VLOOKUP(M37,'Act. Proyecto'!$I$3:$Q$881,4,FALSE)","v":1},{"$f":"VLOOKUP(M37,'Act. Proyecto'!$I$3:$Q$881,5,FALSE)","v":20500},20500,{"$f":"VLOOKUP(M37,'Act. Proyecto'!$I$3:$Q$881,7,FALSE)","v":"Depto"},{"$f":"SUMIF('Resumen Frentes Semanal'!$K$6:$K$64,'Prog. Semanal TER'!N37,'Resumen Frentes Semanal'!$M$6:$M$64)","v":95000},null,null,null,null,null,0]
[29,null,null,0,{"$f":"D38*$JF$38","v":0},0,"OG1",null,null,null,null,{"$f":"SUMIF('Control de Avance'!$C$15:$C$9589,'Prog. Semanal TER'!M38,'Control de Avance'!$B$15:$B$9589)","v":0},"Capa final relleno (incluye moldaje y relleno terraza)",{"$f":"VLOOKUP(M38,'Act. Proyecto'!$I$3:$Q$881,2,FALSE)","v":"SOBRECIMIENTO Y CORONACIÓN"},{"$f":"VLOOKUP(M38,'Act. Proyecto'!$I$3:$Q$881,3,FALSE)","v":"depto"},{"$f":"VLOOKUP(M38,'Act. Proyecto'!$I$3:$Q$881,4,FALSE)","v":1},{"$f":"VLOOKUP(M38,'Act. Proyecto'!$I$3:$Q$881,5,FALSE)","v":20500},20500,{"$f":"VLOOKUP(M38,'Act. Proyecto'!$I$3:$Q$881,7,FALSE)","v":"Depto"},{"$f":"SUMIF('Resumen Frentes Semanal'!$K$6:$K$64,'Prog. Semanal TER'!N38,'Resumen Frentes Semanal'!$M$6:$M$64)","v":95000},null,null,null,null,null,0]
[30,null,null,0,{"$f":"D39*$JF$39","v":0},0,"OG1",null,null,null,null,{"$f":"SUMIF('Control de Avance'!$C$15:$C$9589,'Prog. Semanal TER'!M39,'Control de Avance'!$B$15:$B$9589)","v":0},"Alcantarillado sala de basura",{"$f":"VLOOKUP(M39,'Act. Proyecto'!$I$3:$Q$881,2,FALSE)","v":"GASFITER OG"},{"$f":"VLOOKUP(M39,'Act. Proyecto'!$I$3:$Q$881,3,FALSE)","v":"cu"},{"$f":"VLOOKUP(M39,'Act. Proyecto'!$I$3:$Q$881,4,FALSE)","v":0},{"$f":"VLOOKUP(M39,'Act. Proyecto'!$I$3:$Q$881,5,FALSE)","v":1},0,{"$f":"VLOOKUP(M39,'Act. Proyecto'!$I$3:$Q$881,7,FALSE)","v":"Edif"},{"$f":"SUMIF('Resumen Frentes Semanal'!$K$6:$K$64,'Prog. Semanal TER'!N39,'Resumen Frentes Semanal'!$M$6:$M$64)","v":0},null,null,null,null,null,0]
[31,null,null,0,{"$f":"D40*$JF$40","v":0},0,"OG1",null,null,null,null,{"$f":"SUMIF('Control de Avance'!$C$15:$C$9589,'Prog. Semanal TER'!M40,'Control de Avance'!$B$15:$B$9589)","v":0},"Relleno pasillo Nivel 0",{"$f":"VLOOKUP(M40,'Act. Proyecto'!$I$3:$Q$881,2,FALSE)","v":"SOBRECIMIENTO Y CORONACIÓN"},{"$f":"VLOOKUP(M40,'Act. Proyecto'!$I$3:$Q$881,3,FALSE)","v":"zc"},{"$f":"VLOOKUP(M40,'Act. Proyecto'!$I$3:$Q$881,4,FALSE)","v":1},{"$f":"VLOOKUP(M40,'Act. Proyecto'!$I$3:$Q$881,5,FALSE)","v":38300},38300,{"$f":"VLOOKUP(M40,'Act. Proyecto'!$I$3:$Q$881,7,FALSE)","v":"Edif"},{"$f":"SUMIF('Resumen Frentes Semanal'!$K$6:$K$64,'Prog. Semanal TER'!N40,'Resumen Frentes Semanal'!$M$6:$M$64)","v":95000},null,null,null,null,null,0]
[32,null,null,0,{"$f":"D41*$JF$41","v":0},0,"OG1",null,null,null,null,{"$f":"SUMIF('Control de Avance'!$C$15:$C$9589,'Prog. Semanal TER'!M41,'Control de Avance'!$B$15:$B$9589)","v":0},"Relleno costado edificios",{"$f":"VLOOKUP(M41,'Act. Proyecto'!$I$3:$Q$881,2,FALSE)","v":"SOBRECIMIENTO Y CORONACIÓN"},{"$f":"VLOOKUP(M41,'Act. Proyecto'!$I$3:$Q$881,3,FALSE)","v":"depto"},{"$f":"VLOOKUP(M41,'Act. Proyecto'!$I$3:$Q$881,4,FALSE)","v":2},{"$f":"VLOOKUP(M41,'Act. Proyecto'!$I$3:$Q$881,5,FALSE)","v":840},1680,{"$f":"VLOOKUP(M41,'Act. Proyecto'!$I$3:$Q$881,7,FALSE)","v":"Frente"},{"$f":"SUMIF('Resumen Frentes Semanal'!$K$6:$K$64,'Prog. Semanal TER'!N41,'Resumen Frentes Semanal'!$M$6:$M$64)","v":95000},null,null,null,null,null,0]
[33,null,null,0,{"$f":"D42*$JF$42","v":0},0,"OG1",null,null,null,null,{"$f":"SUMIF('Control de Avance'!$C$15:$C$9589,'Prog. Semanal TER'!M42,'Control de Avance'!$B$15:$B$9589)","v":0},"Instalaciones agua radier",{"$f":"VLOOKUP(M42,'Act. Proyecto'!$I$3:$Q$881,2,FALSE)","v":"GASFITER OG"},{"$f":"VLOOKUP(M42,'Act. Proyecto'!$I$3:$Q$881,3,FALSE)","v":"dh"},{"$f":"VLOOKUP(M42,'Act. Proyecto'!$I$3:$Q$881,4,FALSE)","v":0.85819444444444426},{"$f":"VLOOKUP(M42,'Act. Proyecto'!$I$3:$Q$881,5,FALSE)","v":1},0.85819444444444426,{"$f":"VLOOKUP(M42,'Act. Proyecto'!$I$3:$Q$881,7,FALSE)","v":"Frente"},{"$f":"SUMIF('Resumen Frentes Semanal'!$K$6:$K$64,'Prog. Semanal TER'!N42,'Resumen Frentes Semanal'!$M$6:$M$64)","v":0},null,null,null,null,null,0]
[34,null,null,0,{"$f":"D43*$JF$43","v":0},0,"OG1",null,null,null,null,{"$f":"SUMIF('Control de Avance'!$C$15:$C$9589,'Prog. Semanal TER'!M43,'Control de Avance'!$B$15:$B$9589)","v":0},"Canalizaciones eléctricas en radier",{"$f":"VLOOKUP(M43,'Act. Proyecto'!$I$3:$Q$881,2,FALSE)","v":"ELÉCTRICO OG"},{"$f":"VLOOKUP(M43,'Act. Proyecto'!$I$3:$Q$881,3,FALSE)","v":"centro"},{"$f":"VLOOKUP(M43,'Act. Proyecto'!$I$3:$Q$881,4,FALSE)","v":7.916666666666667},{"$f":"VLOOKUP(M43,'Act. Proyecto'!$I$3:$Q$881,5,FALSE)","v":668},5288.3333333333339,{"$f":"VLOOKUP(M43,'Act. Proyecto'!$I$3:$Q$881,7,FALSE)","v":"Frente"},{"$f":"SUMIF('Resumen Frentes Semanal'!$K$6:$K$64,'Prog. Semanal TER'!N43,'Resumen Frentes Semanal'!$M$6:$M$64)","v":123000},null,null,null,null,null,0]
[35,null,null,0,{"$f":"D44*$JF$44","v":0},0,"OG1",null,null,null,null,{"$f":"SUMIF('Control de Avance'!$C$15:$C$9589,'Prog. Semanal TER'!M44,'Control de Avance'!$B$15:$B$9589)","v":0},"Instalaciones gas radier",{"$f":"VLOOKUP(M44,'Act. Proyecto'!$I$3:$Q$881,2,FALSE)","v":"GAS OG"},{"$f":"VLOOKUP(M44,'Act. Proyecto'!$I$3:$Q$881,3,FALSE)","v":"dh"},{"$f":"VLOOKUP(M44,'Act. Proyecto'!$I$3:$Q$881,4,FALSE)","v":0.44},{"$f":"VLOOKUP(M44,'Act. Proyecto'!$I$3:$Q$881,5,FALSE)","v":1},0.44,{"$f":"VLOOKUP(M44,'Act. Proyecto'!$I$3:$Q$881,7,FALSE)","v":"Frente"},{"$f":"SUMIF('Resumen Frentes Semanal'!$K$6:$K$64,'Prog. Semanal TER'!N44,'Resumen Frentes Semanal'!$M$6:$M$64)","v":0.44},null,null,null,null,null,0]
[36,null,null,0,{"$f":"D45*$JF$45","v":0},0,"OG1",null,null,null,null,{"$f":"SUMIF('Control de Avance'!$C$15:$C$9589,'Prog. Semanal TER'!M45,'Control de Avance'!$B$15:$B$9589)","v":0},"Red Seca horizontal",{"$f":"VLOOKUP(M45,'Act. Proyecto'!$I$3:$Q$881,2,FALSE)","v":"GASFITER OG"},{"$f":"VLOOKUP(M45,'Act. Proyecto'!$I$3:$Q$881,3,FALSE)","v":"dh"},{"$f":"VLOOKUP(M45,'Act. Proyecto'!$I$3:$Q$881,4,FALSE)","v":0},{"$f":"VLOOKUP(M45,'Act. Proyecto'!$I$3:$Q$881,5,FALSE)","v":1},0,{"$f":"VLOOKUP(M45,'Act. Proyecto'!$I$3:$Q$881,7,FALSE)","v":"Edif"},{"$f":"SUMIF('Resumen Frentes Semanal'!$K$6:$K$64,'Prog. Semanal TER'!N45,'Resumen Frentes Semanal'!$M$6:$M$64)","v":0},null,null,null,null,null,0]
[37,null,null,0,{"$f":"D46*$JF$46","v":0},0,"OG1",null,null,null,null,{"$f":"SUMIF('Control de Avance'!$C$15:$C$9589,'Prog. Semanal TER'!M46,'Control de Avance'!$B$15:$B$9589)","v":0},"Tuberías de agua radier zona comun",{"$f":"VLOOKUP(M46,'Act. Proyecto'!$I$3:$Q$881,2,FALSE)","v":"GASFITER OG"},{"$f":"VLOOKUP(M46,'Act. Proyecto'!$I$3:$Q$881,3,FALSE)","v":"dh"},{"$f":"VLOOKUP(M46,'Act. Proyecto'!$I$3:$Q$881,4,FALSE)","v":0.41749999999999993},{"$f":"VLOOKUP(M46,'Act. Proyecto'!$I$3:$Q$881,5,FALSE)","v":1},0.41749999999999993,{"$f":"VLOOKUP(M46,'Act. Proyecto'!$I$3:$Q$881,7,FALSE)","v":"Edif"},{"$f":"SUMIF('Resumen Frentes Semanal'!$K$6:$K$64,'Prog. Semanal TER'!N46,'Resumen Frentes Semanal'!$M$6:$M$64)","v":0},null,null,null,null,null,0]
[38,null,null,0,{"$f":"D47*$JF$47","v":0},0,"OGT",null,null,null,null,{"$f":"SUMIF('Control de Avance'!$C$15:$C$9589,'Prog. Semanal TER'!M47,'Control de Avance'!$B$15:$B$9589)","v":0},"Tuberías eléctricas radier zona comun",{"$f":"VLOOKUP(M47,'Act. Proyecto'!$I$3:$Q$881,2,FALSE)","v":"ELÉCTRICO OG"},{"$f":"VLOOKUP(M47,'Act. Proyecto'!$I$3:$Q$881,3,FALSE)","v":"centro"},{"$f":"VLOOKUP(M47,'Act. Proyecto'!$I$3:$Q$881,4,FALSE)","v":9},{"$f":"VLOOKUP(M47,'Act. Proyecto'!$I$3:$Q$881,5,FALSE)","v":702.6},6323.4000000000005,{"$f":"VLOOKUP(M47,'Act. Proyecto'!$I$3:$Q$881,7,FALSE)","v":"Edif"},{"$f":"SUMIF('Resumen Frentes Semanal'!$K$6:$K$64,'Prog. Semanal TER'!N47,'Resumen Frentes Semanal'!$M$6:$M$64)","v":123000},null,null,null,null,null,0]
[39,null,null,0,{"$f":"D48*$JF$48","v":0},0,"OGT",null,null,null,null,{"$f":"SUMIF('Control de Avance'!$C$15:$C$9589,'Prog. Semanal TER'!M48,'Control de Avance'!$B$15:$B$9589)","v":0},"Tuberías Gas radier zona comun",{"$f":"VLOOKUP(M48,'Act. Proyecto'!$I$3:$Q$881,2,FALSE)","v":"GAS OG"},{"$f":"VLOOKUP(M48,'Act. Proyecto'!$I$3:$Q$881,3,FALSE)","v":"dh"},{"$f":"VLOOKUP(M48,'Act. Proyecto'!$I$3:$Q$881,4,FALSE)","v":0.11},{"$f":"VLOOKUP(M48,'Act. Proyecto'!$I$3:$Q$881,5,FALSE)","v":1117},122.87,{"$f":"VLOOKUP(M48,'Act. Proyecto'!$I$3:$Q$881,7,FALSE)","v":"Edif"},{"$f":"SUMIF('Resumen Frentes Semanal'!$K$6:$K$64,'Prog. Semanal TER'!N48,'Resumen Frentes Semanal'!$M$6:$M$64)","v":0.44},null,null,null,null,null,0]
[40,null,null,0,{"$f":"D49*$JF$49","v":0},0,"OGT",null,null,null,null,{"$f":"SUMIF('Control de Avance'!$C$15:$C$9589,'Prog. Semanal TER'!M49,'Control de Avance'!$B$15:$B$9589)","v":0},"Hormigón radier Depto",{"$f":"VLOOKUP(M49,'Act. Proyecto'!$I$3:$Q$881,2,FALSE)","v":"HORMIGÓN"},{"$f":"VLOOKUP(M49,'Act. Proyecto'!$I$3:$Q$881,3,FALSE)","v":"m3"},{"$f":"VLOOKUP(M49,'Act. Proyecto'!$I$3:$Q$881,4,FALSE)","v":7.6158333333333328},{"$f":"VLOOKUP(M49,'Act. Proyecto'!$I$3:$Q$881,5,FALSE)","v":4860},37012.949999999997,{"$f":"VLOOKUP(M49,'Act. Proyecto'!$I$3:$Q$881,7,FALSE)","v":"Frente"},{"$f":"SUMIF('Resumen Frentes Semanal'!$K$6:$K$64,'Prog. Semanal TER'!N49,'Resumen Frentes Semanal'!$M$6:$M$64)","v":204000},null,null,null,null,null,0]
[40,null,null,0,{"$f":"D50*$JF$50","v":0},0,"OGT",null,null,null,null,{"$f":"SUMIF('Control de Avance'!$C$15:$C$9589,'Prog. Semanal TER'!M50,'Control de Avance'!$B$15:$B$9589)","v":0},"Grua Radier",{"$f":"VLOOKUP(M50,'Act. Proyecto'!$I$3:$Q$881,2,FALSE)","v":"SOBRECIMIENTO Y CORONACIÓN"},{"$f":"VLOOKUP(M50,'Act. Proyecto'!$I$3:$Q$881,3,FALSE)","v":"m3"},{"$f":"VLOOKUP(M50,'Act. Proyecto'!$I$3:$Q$881,4,FALSE)","v":7.6158333333333328},{"$f":"VLOOKUP(M50,'Act. Proyecto'!$I$3:$Q$881,5,FALSE)","v":1043},7943.3141666666661,{"$f":"VLOOKUP(M50,'Act. Proyecto'!$I$3:$Q$881,7,FALSE)","v":"Frente"},{"$f":"SUMIF('Resumen Frentes Semanal'!$K$6:$K$64,'Prog. Semanal TER'!N50,'Resumen Frentes Semanal'!$M$6:$M$64)","v":95000},null,null,null,null,null,0]
[43,null,null,0,{"$f":"D51*$JF$51","v":0},"a","OGT",null,null,null,null,{"$f":"SUMIF('Control de Avance'!$C$15:$C$9589,'Prog. Semanal TER'!M51,'Control de Avance'!$B$15:$B$9589)","v":0},"Alisado radier",{"$f":"VLOOKUP(M51,'Act. Proyecto'!$I$3:$Q$881,2,FALSE)","v":"HORMIGÓN"},{"$f":"VLOOKUP(M51,'Act. Proyecto'!$I$3:$Q$881,3,FALSE)","v":"un"},"b",{"$f":"VLOOKUP(M51,'Act. Proyecto'!$I$3:$Q$881,5,FALSE)","v":10050},0,{"$f":"VLOOKUP(M51,'Act. Proyecto'!$I$3:$Q$881,7,FALSE)","v":"Frente"},{"$f":"SUMIF('Resumen Frentes Semanal'!$K$6:$K$64,'Prog. Semanal TER'!N51,'Resumen Frentes Semanal'!$M$6:$M$64)","v":204000},null,null,null,null,null,0]
[44,null,null,0,{"$f":"D52*$JF$52","v":0},0,"OGT",null,null,null,null,{"$f":"SUMIF('Control de Avance'!$C$15:$C$9589,'Prog. Semanal TER'!M52,'Control de Avance'!$B$15:$B$9589)","v":0},"Alisado radier pasillo 1er piso",{"$f":"VLOOKUP(M52,'Act. Proyecto'!$I$3:$Q$881,2,FALSE)","v":"HORMIGÓN"},{"$f":"VLOOKUP(M52,'Act. Proyecto'!$I$3:$Q$881,3,FALSE)","v":"Edif"},{"$f":"VLOOKUP(M52,'Act. Proyecto'!$I$3:$Q$881,4,FALSE)","v":1},{"$f":"VLOOKUP(M52,'Act. Proyecto'!$I$3:$Q$881,5,FALSE)","v":2150},2150,{"$f":"VLOOKUP(M52,'Act. Proyecto'!$I$3:$Q$881,7,FALSE)","v":"Edif"},{"$f":"SUMIF('Resumen Frentes Semanal'!$K$6:$K$64,'Prog. Semanal TER'!N52,'Resumen Frentes Semanal'!$M$6:$M$64)","v":204000},null,null,null,null,null,0]
[45,null,null,0,{"$f":"D53*$JF$53","v":0},0,"OGT",null,null,null,null,{"$f":"SUMIF('Control de Avance'!$C$15:$C$9589,'Prog. Semanal TER'!M53,'Control de Avance'!$B$15:$B$9589)","v":0},"Hormigón radier Sala Basura (ZC1= -30)",{"$f":"VLOOKUP(M53,'Act. Proyecto'!$I$3:$Q$881,2,FALSE)","v":"HORMIGÓN"},{"$f":"VLOOKUP(M53,'Act. Proyecto'!$I$3:$Q$881,3,FALSE)","v":"m3"},{"$f":"VLOOKUP(M53,'Act. Proyecto'!$I$3:$Q$881,4,FALSE)","v":0.42280000000000001},{"$f":"VLOOKUP(M53,'Act. Proyecto'!$I$3:$Q$881,5,FALSE)","v":4860},2054.808,{"$f":"VLOOKUP(M53,'Act. Proyecto'!$I$3:$Q$881,7,FALSE)","v":"Edif"},{"$f":"SUMIF('Resumen Frentes Semanal'!$K$6:$K$64,'Prog. Semanal TER'!N53,'Resumen Frentes Semanal'!$M$6:$M$64)","v":204000},null,null,null,null,null,0]
[47,null,null,0,{"$f":"D54*$JF$54","v":0},0,"OGT",null,null,null,null,{"$f":"SUMIF('Control de Avance'!$C$15:$C$9589,'Prog. Semanal TER'!M54,'Control de Avance'!$B$15:$B$9589)","v":0},"Hormigón radier ZC + Pasillo + cuarto Técnico",{"$f":"VLOOKUP(M54,'Act. Proyecto'!$I$3:$Q$881,2,FALSE)","v":"HORMIGÓN"},{"$f":"VLOOKUP(M54,'Act. Proyecto'!$I$3:$Q$881,3,FALSE)","v":"m3"},{"$f":"VLOOKUP(M54,'Act. Proyecto'!$I$3:$Q$881,4,FALSE)","v":1.1718000000000002},{"$f":"VLOOKUP(M54,'Act. Proyecto'!$I$3:$Q$881,5,FALSE)","v":4860},5694.9480000000012,{"$f":"VLOOKUP(M54,'Act. Proyecto'!$I$3:$Q$881,7,FALSE)","v":"Edif"},{"$f":"SUMIF('Resumen Frentes Semanal'!$K$6:$K$64,'Prog. Semanal TER'!N54,'Resumen Frentes Semanal'!$M$6:$M$64)","v":204000},null,null,null,null,null,0]
[48,null,null,0,{"$f":"D55*$JF$55","v":0},0,"OGT",null,null,null,null,{"$f":"SUMIF('Control de Avance'!$C$15:$C$9589,'Prog. Semanal TER'!M55,'Control de Avance'!$B$15:$B$9589)","v":0},"Hormigón radier Nicho eléctrico (ZC1= -60)",{"$f":"VLOOKUP(M55,'Act. Proyecto'!$I$3:$Q$881,2,FALSE)","v":"HORMIGÓN"},{"$f":"VLOOKUP(M55,'Act. Proyecto'!$I$3:$Q$881,3,FALSE)","v":"m3"},{"$f":"VLOOKUP(M55,'Act. Proyecto'!$I$3:$Q$881,4,FALSE)","v":8.2600000000000007E-2},{"$f":"VLOOKUP(M55,'Act. Proyecto'!$I$3:$Q$881,5,FALSE)","v":4860},401.43600000000004,{"$f":"VLOOKUP(M55,'Act. Proyecto'!$I$3:$Q$881,7,FALSE)","v":"Edif"},{"$f":"SUMIF('Resumen Frentes Semanal'!$K$6:$K$64,'Prog. Semanal TER'!N55,'Resumen Frentes Semanal'!$M$6:$M$64)","v":204000},null,null,null,null,null,0]
[49,null,null,0,{"$f":"D56*$JF$56","v":0},0,"OGT",null,null,null,null,{"$f":"SUMIF('Control de Avance'!$C$15:$C$9589,'Prog. Semanal TER'!M56,'Control de Avance'!$B$15:$B$9589)","v":0},"Grada Nicho eléctrico",{"$f":"VLOOKUP(M56,'Act. Proyecto'!$I$3:$Q$881,2,FALSE)","v":"HORMIGÓN"},{"$f":"VLOOKUP(M56,'Act. Proyecto'!$I$3:$Q$881,3,FALSE)","v":"m3"},{"$f":"VLOOKUP(M56,'Act. Proyecto'!$I$3:$Q$881,4,FALSE)","v":3.6400000000000002E-2},{"$f":"VLOOKUP(M56,'Act. Proyecto'!$I$3:$Q$881,5,FALSE)","v":4860},176.904,{"$f":"VLOOKUP(M56,'Act. Proyecto'!$I$3:$Q$881,7,FALSE)","v":"Edif"},{"$f":"SUMIF('Resumen Frentes Semanal'!$K$6:$K$64,'Prog. Semanal TER'!N56,'Resumen Frentes Semanal'!$M$6:$M$64)","v":204000},null,null,null,null,null,0]
[52,null,null,0,{"$f":"D57*$JF$57","v":0},0,"OGT",null,null,null,null,{"$f":"SUMIF('Control de Avance'!$C$15:$C$9589,'Prog. Semanal TER'!M57,'Control de Avance'!$B$15:$B$9589)","v":0},"TREN OBRA GRUESA TIPO",{"$f":"VLOOKUP(M57,'Act. Proyecto'!$I$3:$Q$881,2,FALSE)","v":"."},{"$f":"VLOOKUP(M57,'Act. Proyecto'!$I$3:$Q$881,3,FALSE)","v":"."},{"$f":"VLOOKUP(M57,'Act. Proyecto'!$I$3:$Q$881,4,FALSE)","v":0},{"$f":"VLOOKUP(M57,'Act. Proyecto'!$I$3:$Q$881,5,FALSE)","v":"."},0,{"$f":"VLOOKUP(M57,'Act. Proyecto'!$I$3:$Q$881,7,FALSE)","v":"."},{"$f":"SUMIF('Resumen Frentes Semanal'!$K$6:$K$64,'Prog. Semanal TER'!N57,'Resumen Frentes Semanal'!$M$6:$M$64)","v":0},null,null,null,null,null,0]
[53,null,null,0,{"$f":"D58*$JF$58","v":0},0,"OGT",null,null,null,null,{"$f":"SUMIF('Control de Avance'!$C$15:$C$9589,'Prog. Semanal TER'!M58,'Control de Avance'!$B$15:$B$9589)","v":0},"Descarga y conteo fierro muro tipo",{"$f":"VLOOKUP(M58,'Act. Proyecto'!$I$3:$Q$881,2,FALSE)","v":"ENFIERRADOR"},{"$f":"VLOOKUP(M58,'Act. Proyecto'!$I$3:$Q$881,3,FALSE)","v":"kg"},{"$f":"VLOOKUP(M58,'Act. Proyecto'!$I$3:$Q$881,4,FALSE)","v":1215.6476189105908},{"$f":"VLOOKUP(M58,'Act. Proyecto'!$I$3:$Q$881,5,FALSE)","v":3},3646.9428567317727,{"$f":"VLOOKUP(M58,'Act. Proyecto'!$I$3:$Q$881,7,FALSE)","v":"Frente"},{"$f":"SUMIF('Resumen Frentes Semanal'!$K$6:$K$64,'Prog. Semanal TER'!N58,'Resumen Frentes Semanal'!$M$6:$M$64)","v":210632},null,null,null,null,null,0]
[53,null,null,0,{"$f":"D59*$JF$59","v":0},0,"OGT",null,null,null,null,{"$f":"SUMIF('Control de Avance'!$C$15:$C$9589,'Prog. Semanal TER'!M59,'Control de Avance'!$B$15:$B$9589)","v":0},"Separar fierro muro tipo",{"$f":"VLOOKUP(M59,'Act. Proyecto'!$I$3:$Q$881,2,FALSE)","v":"ENFIERRADOR"},{"$f":"VLOOKUP(M59,'Act. Proyecto'!$I$3:$Q$881,3,FALSE)","v":"kg"},{"$f":"VLOOKUP(M59,'Act. Proyecto'!$I$3:$Q$881,4,FALSE)","v":1215.6476189105908},{"$f":"VLOOKUP(M59,'Act. Proyecto'!$I$3:$Q$881,5,FALSE)","v":10},12156.476189105908,{"$f":"VLOOKUP(M59,'Act. Proyecto'!$I$3:$Q$881,7,FALSE)","v":"Frente"},{"$f":"SUMIF('Resumen Frentes Semanal'!$K$6:$K$64,'Prog. Semanal TER'!N59,'Resumen Frentes Semanal'!$M$6:$M$64)","v":210632},null,null,null,null,null,0]
[54,null,null,0,{"$f":"D60*$JF$60","v":0},0,"OGT",null,null,null,null,{"$f":"SUMIF('Control de Avance'!$C$15:$C$9589,'Prog. Semanal TER'!M60,'Control de Avance'!$B$15:$B$9589)","v":0},"Fierro muro tipo",{"$f":"VLOOKUP(M60,'Act. Proyecto'!$I$3:$Q$881,2,FALSE)","v":"ENFIERRADOR"},{"$f":"VLOOKUP(M60,'Act. Proyecto'!$I$3:$Q$881,3,FALSE)","v":"kg"},{"$f":"VLOOKUP(M60,'Act. Proyecto'!$I$3:$Q$881,4,FALSE)","v":1215.6476189105908},{"$f":"VLOOKUP(M60,'Act. Proyecto'!$I$3:$Q$881,5,FALSE)","v":93},113055.22855868495,{"$f":"VLOOKUP(M60,'Act. Proyecto'!$I$3:$Q$881,7,FALSE)","v":"Frente"},{"$f":"SUMIF('Resumen Frentes Semanal'!$K$6:$K$64,'Prog. Semanal TER'!N60,'Resumen Frentes Semanal'!$M$6:$M$64)","v":210632},null,null,null,null,null,0]
[55,null,null,0,{"$f":"D61*$JF$61","v":0},0,"OGT","a","a",null,null,{"$f":"SUMIF('Control de Avance'!$C$15:$C$9589,'Prog. Semanal TER'!M61,'Control de Avance'!$B$15:$B$9589)","v":0},"Instalaciones sanitarias en elevación",{"$f":"VLOOKUP(M61,'Act. Proyecto'!$I$3:$Q$881,2,FALSE)","v":"GASFITER OG"},{"$f":"VLOOKUP(M61,'Act. Proyecto'!$I$3:$Q$881,3,FALSE)","v":"dh"},{"$f":"VLOOKUP(M61,'Act. Proyecto'!$I$3:$Q$881,4,FALSE)","v":0.14160208333333335},{"$f":"VLOOKUP(M61,'Act. Proyecto'!$I$3:$Q$881,5,FALSE)","v":1},0.14160208333333335,{"$f":"VLOOKUP(M61,'Act. Proyecto'!$I$3:$Q$881,7,FALSE)","v":"Frente"},{"$f":"SUMIF('Resumen Frentes Semanal'!$K$6:$K$64,'Prog. Semanal TER'!N61,'Resumen Frentes Semanal'!$M$6:$M$64)","v":0},null,null,null,null,null,0,null,"b","b"]
[56,null,null,0,{"$f":"D62*$JF$62","v":0},0,"OGT",null,null,null,null,{"$f":"SUMIF('Control de Avance'!$C$15:$C$9589,'Prog. Semanal TER'!M62,'Control de Avance'!$B$15:$B$9589)","v":0},"Instalaciones eléctricas en elevación",{"$f":"VLOOKUP(M62,'Act. Proyecto'!$I$3:$Q$881,2,FALSE)","v":"ELÉCTRICO OG"},{"$f":"VLOOKUP(M62,'Act. Proyecto'!$I$3:$Q$881,3,FALSE)","v":"centro"},{"$f":"VLOOKUP(M62,'Act. Proyecto'!$I$3:$Q$881,4,FALSE)","v":35.25},{"$f":"VLOOKUP(M62,'Act. Proyecto'!$I$3:$Q$881,5,FALSE)","v":668},23547,{"$f":"VLOOKUP(M62,'Act. Proyecto'!$I$3:$Q$881,7,FALSE)","v":"Frente"},{"$f":"SUMIF('Resumen Frentes Semanal'!$K$6:$K$64,'Prog. Semanal TER'!N62,'Resumen Frentes Semanal'!$M$6:$M$64)","v":123000},null,null,null,null,null,0]
[56,null,null,0,{"$f":"D63*$JF$63","v":0},0,"OGT",null,null,null,null,{"$f":"SUMIF('Control de Avance'!$C$15:$C$9589,'Prog. Semanal TER'!M63,'Control de Avance'!$B$15:$B$9589)","v":0},"Instalaciones eléctricas en ZC",{"$f":"VLOOKUP(M63,'Act. Proyecto'!$I$3:$Q$881,2,FALSE)","v":"ELÉCTRICO OG"},{"$f":"VLOOKUP(M63,'Act. Proyecto'!$I$3:$Q$881,3,FALSE)","v":"centro"},{"$f":"VLOOKUP(M63,'Act. Proyecto'!$I$3:$Q$881,4,FALSE)","v":10.722899999999999},{"$f":"VLOOKUP(M63,'Act. Proyecto'!$I$3:$Q$881,5,FALSE)","v":1299.9000000000001},13938.69771,{"$f":"VLOOKUP(M63,'Act. Proyecto'!$I$3:$Q$881,7,FALSE)","v":"Piso"},{"$f":"SUMIF('Resumen Frentes Semanal'!$K$6:$K$64,'Prog. Semanal TER'!N63,'Resumen Frentes Semanal'!$M$6:$M$64)","v":123000},null,null,null,null,null,0]
[57,null,null,0,{"$f":"D64*$JF$64","v":0},0,"OGT",null,null,null,null,{"$f":"SUMIF('Control de Avance'!$C$15:$C$9589,'Prog. Semanal TER'!M64,'Control de Avance'!$B$15:$B$9589)","v":0},"Trazo muro",{"$f":"VLOOKUP(M64,'Act. Proyecto'!$I$3:$Q$881,2,FALSE)","v":"TRAZO"},{"$f":"VLOOKUP(M64,'Act. Proyecto'!$I$3:$Q$881,3,FALSE)","v":"depto"},{"$f":"VLOOKUP(M64,'Act. Proyecto'!$I$3:$Q$881,4,FALSE)","v":2},{"$f":"VLOOKUP(M64,'Act. Proyecto'!$I$3:$Q$881,5,FALSE)","v":0},0,{"$f":"VLOOKUP(M64,'Act. Proyecto'!$I$3:$Q$881,7,FALSE)","v":"Frente"},{"$f":"SUMIF('Resumen Frentes Semanal'!$K$6:$K$64,'Prog. Semanal TER'!N64,'Resumen Frentes Semanal'!$M$6:$M$64)","v":0},null,null,null,null,null,0]
[58,null,null,0,{"$f":"D65*$JF$65","v":0},0,"OGT",null,null,null,null,{"$f":"SUMIF('Control de Avance'!$C$15:$C$9589,'Prog. Semanal TER'!M65,'Control de Avance'!$B$15:$B$9589)","v":0},"Dilatación de muros",{"$f":"VLOOKUP(M65,'Act. Proyecto'!$I$3:$Q$881,2,FALSE)","v":"HORMIGÓN"},{"$f":"VLOOKUP(M65,'Act. Proyecto'!$I$3:$Q$881,3,FALSE)","v":"m2"},{"$f":"VLOOKUP(M65,'Act. Proyecto'!$I$3:$Q$881,4,FALSE)","v":3.8623166666666662},{"$f":"VLOOKUP(M65,'Act. Proyecto'!$I$3:$Q$881,5,FALSE)","v":260},1004.2023333333332,{"$f":"VLOOKUP(M65,'Act. Proyecto'!$I$3:$Q$881,7,FALSE)","v":"Frente"},{"$f":"SUMIF('Resumen Frentes Semanal'!$K$6:$K$64,'Prog. Semanal TER'!N65,'Resumen Frentes Semanal'!$M$6:$M$64)","v":204000},null,null,null,null,null,0]
[59,null,null,0,{"$f":"D66*$JF$66","v":0},0,"OGT",null,null,null,null,{"$f":"SUMIF('Control de Avance'!$C$15:$C$9589,'Prog. Semanal TER'!M66,'Control de Avance'!$B$15:$B$9589)","v":0},"Separador plástico fierro muro",{"$f":"VLOOKUP(M66,'Act. Proyecto'!$I$3:$Q$881,2,FALSE)","v":"HORMIGÓN"},{"$f":"VLOOKUP(M66,'Act. Proyecto'!$I$3:$Q$881,3,FALSE)","v":"depto"},{"$f":"VLOOKUP(M66,'Act. Proyecto'!$I$3:$Q$881,4,FALSE)","v":2},{"$f":"VLOOKUP(M66,'Act. Proyecto'!$I$3:$Q$881,5,FALSE)","v":1510},3020,{"$f":"VLOOKUP(M66,'Act. Proyecto'!$I$3:$Q$881,7,FALSE)","v":"Frente"},{"$f":"SUMIF('Resumen Frentes Semanal'!$K$6:$K$64,'Prog. Semanal TER'!N66,'Resumen Frentes Semanal'!$M$6:$M$64)","v":204000},null,null,null,null,null,0]
[60,null,null,0,{"$f":"D67*$JF$67","v":0},0,"OGT",null,null,null,null,{"$f":"SUMIF('Control de Avance'!$C$15:$C$9589,'Prog. Semanal TER'!M67,'Control de Avance'!$B$15:$B$9589)","v":0},"Op. Grúa Frente Muro hormigondo (Incluye vigas)",{"$f":"VLOOKUP(M67,'Act. Proyecto'!$I$3:$Q$881,2,FALSE)","v":"GRÚA"},{"$f":"VLOOKUP(M67,'Act. Proyecto'!$I$3:$Q$881,3,FALSE)","v":"depto"},{"$f":"VLOOKUP(M67,'Act. Proyecto'!$I$3:$Q$881,4,FALSE)","v":2},{"$f":"VLOOKUP(M67,'Act. Proyecto'!$I$3:$Q$881,5,FALSE)","v":18439.845000000001},36879.69,{"$f":"VLOOKUP(M67,'Act. Proyecto'!$I$3:$Q$881,7,FALSE)","v":"Frente"},{"$f":"SUMIF('Resumen Frentes Semanal'!$K$6:$K$64,'Prog. Semanal TER'!N67,'Resumen Frentes Semanal'!$M$6:$M$64)","v":36879},null,null,null,null,null,0]
[60,null,null,0,{"$f":"D68*$JF$68","v":0},0,"OGT",null,null,null,null,{"$f":"SUMIF('Control de Avance'!$C$15:$C$9589,'Prog. Semanal TER'!M68,'Control de Avance'!$B$15:$B$9589)","v":0},"Moldaje muro tipo (incluye pasadas con troncocónicos y calafateo primer piso)",{"$f":"VLOOKUP(M68,'Act. Proyecto'!$I$3:$Q$881,2,FALSE)","v":"MOLDAJE MURO"},{"$f":"VLOOKUP(M68,'Act. Proyecto'!$I$3:$Q$881,3,FALSE)","v":"m2"},{"$f":"VLOOKUP(M68,'Act. Proyecto'!$I$3:$Q$881,4,FALSE)","v":219.77673076923077},{"$f":"VLOOKUP(M68,'Act. Proyecto'!$I$3:$Q$881,5,FALSE)","v":923},202853.92249999999,{"$f":"VLOOKUP(M68,'Act. Proyecto'!$I$3:$Q$881,7,FALSE)","v":"Frente"},{"$f":"SUMIF('Resumen Frentes Semanal'!$K$6:$K$64,'Prog. Semanal TER'!N68,'Resumen Frentes Semanal'!$M$6:$M$64)","v":321000},null,null,null,null,null,0]
[63,null,null,0,{"$f":"D69*$JF$69","v":0},0,"OGT",null,null,null,null,{"$f":"SUMIF('Control de Avance'!$C$15:$C$9589,'Prog. Semanal TER'!M69,'Control de Avance'!$B$15:$B$9589)","v":0},"Hormigón muro tipo (incluye mantener 100% moldaje limpio)",{"$f":"VLOOKUP(M69,'Act. Proyecto'!$I$3:$Q$881,2,FALSE)","v":"HORMIGÓN"},{"$f":"VLOOKUP(M69,'Act. Proyecto'!$I$3:$Q$881,3,FALSE)","v":"m3"},{"$f":"VLOOKUP(M69,'Act. Proyecto'!$I$3:$Q$881,4,FALSE)","v":15.85375},{"$f":"VLOOKUP(M69,'Act. Proyecto'!$I$3:$Q$881,5,FALSE)","v":5380},85293.175000000003,{"$f":"VLOOKUP(M69,'Act. Proyecto'!$I$3:$Q$881,7,FALSE)","v":"Frente"},{"$f":"SUMIF('Resumen Frentes Semanal'!$K$6:$K$64,'Prog. Semanal TER'!N69,'Resumen Frentes Semanal'!$M$6:$M$64)","v":204000},null,null,null,null,null,0]
[66,null,null,0,{"$f":"D70*$JF$70","v":0},0,"OGT",null,null,null,null,{"$f":"SUMIF('Control de Avance'!$C$15:$C$9589,'Prog. Semanal TER'!M70,'Control de Avance'!$B$15:$B$9589)","v":0},"Descimbre muro tipo y desbaste exterior",{"$f":"VLOOKUP(M70,'Act. Proyecto'!$I$3:$Q$881,2,FALSE)","v":"MOLDAJE MURO"},{"$f":"VLOOKUP(M70,'Act. Proyecto'!$I$3:$Q$881,3,FALSE)","v":"m2"},{"$f":"VLOOKUP(M70,'Act. Proyecto'!$I$3:$Q$881,4,FALSE)","v":219.77673076923077},{"$f":"VLOOKUP(M70,'Act. Proyecto'!$I$3:$Q$881,5,FALSE)","v":370},81317.390384615384,{"$f":"VLOOKUP(M70,'Act. Proyecto'!$I$3:$Q$881,7,FALSE)","v":"Frente"},{"$f":"SUMIF('Resumen Frentes Semanal'!$K$6:$K$64,'Prog. Semanal TER'!N70,'Resumen Frentes Semanal'!$M$6:$M$64)","v":321000},null,null,null,null,null,0]
[69,null,null,0,{"$f":"D71*$JF$71","v":0},0,"OGT",null,null,null,null,{"$f":"SUMIF('Control de Avance'!$C$15:$C$9589,'Prog. Semanal TER'!M71,'Control de Avance'!$B$15:$B$9589)","v":0},"Despejar cajas en muro",{"$f":"VLOOKUP(M71,'Act. Proyecto'!$I$3:$Q$881,2,FALSE)","v":"ELÉCTRICO OG"},{"$f":"VLOOKUP(M71,'Act. Proyecto'!$I$3:$Q$881,3,FALSE)","v":"centro"},"b",{"$f":"VLOOKUP(M71,'Act. Proyecto'!$I$3:$Q$881,5,FALSE)","v":179},0,{"$f":"VLOOKUP(M71,'Act. Proyecto'!$I$3:$Q$881,7,FALSE)","v":"Frente"},{"$f":"SUMIF('Resumen Frentes Semanal'!$K$6:$K$64,'Prog. Semanal TER'!N71,'Resumen Frentes Semanal'!$M$6:$M$64)","v":123000},null,null,null,null,null,0]
[70,null,null,{"$f":"C72*$R72","v":0},{"$f":"D72*$JF$72","v":0},{"$f":"(B72-C72)*R72","v":0},"OGT",null,null,null,null,{"$f":"SUMIF('Control de Avance'!$C$15:$C$9589,'Prog. Semanal TER'!M72,'Control de Avance'!$B$15:$B$9589)","v":0},"Niveles de losa",{"$f":"VLOOKUP(M72,'Act. Proyecto'!$I$3:$Q$881,2,FALSE)","v":"TRAZO"},{"$f":"VLOOKUP(M72,'Act. Proyecto'!$I$3:$Q$881,3,FALSE)","v":"depto"},{"$f":"VLOOKUP(M72,'Act. Proyecto'!$I$3:$Q$881,4,FALSE)","v":2},{"$f":"VLOOKUP(M72,'Act. Proyecto'!$I$3:$Q$881,5,FALSE)","v":0},0,{"$f":"VLOOKUP(M72,'Act. Proyecto'!$I$3:$Q$881,7,FALSE)","v":"Frente"},{"$f":"SUMIF('Resumen Frentes Semanal'!$K$6:$K$64,'Prog. Semanal TER'!N72,'Resumen Frentes Semanal'!$M$6:$M$64)","v":0},null,null,null,null,null,0]
[71,null,null,0,{"$f":"D73*$JF$73","v":0},0,"OGT",null,null,null,null,{"$f":"SUMIF('Control de Avance'!$C$15:$C$9589,'Prog. Semanal TER'!M73,'Control de Avance'!$B$15:$B$9589)","v":0},"Moldaje losa",{"$f":"VLOOKUP(M73,'Act. Proyecto'!$I$3:$Q$881,2,FALSE)","v":"MOLDAJE LOSA"},{"$f":"VLOOKUP(M73,'Act. Proyecto'!$I$3:$Q$881,3,FALSE)","v":"m2"},{"$f":"VLOOKUP(M73,'Act. Proyecto'!$I$3:$Q$881,4,FALSE)","v":113.62475000000001},{"$f":"VLOOKUP(M73,'Act. Proyecto'!$I$3:$Q$881,5,FALSE)","v":1120},127259.72,{"$f":"VLOOKUP(M73,'Act. Proyecto'!$I$3:$Q$881,7,FALSE)","v":"Frente"},{"$f":"SUMIF('Resumen Frentes Semanal'!$K$6:$K$64,'Prog. Semanal TER'!N73,'Resumen Frentes Semanal'!$M$6:$M$64)","v":188000},null,null,null,null,null,0]
[74,null,null,0,{"$f":"D74*$JF$74","v":0},0,"OGT",null,null,null,null,{"$f":"SUMIF('Control de Avance'!$C$15:$C$9589,'Prog. Semanal TER'!M74,'Control de Avance'!$B$15:$B$9589)","v":0},"Trazo losa",{"$f":"VLOOKUP(M74,'Act. Proyecto'!$I$3:$Q$881,2,FALSE)","v":"TRAZO"},{"$f":"VLOOKUP(M74,'Act. Proyecto'!$I$3:$Q$881,3,FALSE)","v":"Frente"},{"$f":"VLOOKUP(M74,'Act. Proyecto'!$I$3:$Q$881,4,FALSE)","v":2},{"$f":"VLOOKUP(M74,'Act. Proyecto'!$I$3:$Q$881,5,FALSE)","v":0},{"$f":"IFERROR(P74*Q74,0)","v":0},{"$f":"VLOOKUP(M74,'Act. Proyecto'!$I$3:$Q$881,7,FALSE)","v":"Frente"},{"$f":"SUMIF('Resumen Frentes Semanal'!$K$6:$K$64,'Prog. Semanal TER'!N74,'Resumen Frentes Semanal'!$M$6:$M$64)","v":0},null,null,null,null,null,0]
[88,null,null,0,{"$f":"D75*$JF$75","v":0},0,"OGT",null,null,null,null,{"$f":"SUMIF('Control de Avance'!$C$15:$C$9589,'Prog. Semanal TER'!M75,'Control de Avance'!$B$15:$B$9589)","v":0},"Tratamiento en muro para recibir losa",{"$f":"VLOOKUP(M75,'Act. Proyecto'!$I$3:$Q$881,2,FALSE)","v":"HORMIGÓN"},{"$f":"VLOOKUP(M75,'Act. Proyecto'!$I$3:$Q$881,3,FALSE)","v":"ml"},{"$f":"VLOOKUP(M75,'Act. Proyecto'!$I$3:$Q$881,4,FALSE)","v":10.345833333333333},{"$f":"VLOOKUP(M75,'Act. Proyecto'!$I$3:$Q$881,5,FALSE)","v":208.8},2160.21,{"$f":"VLOOKUP(M75,'Act. Proyecto'!$I$3:$Q$881,7,FALSE)","v":"Frente"},{"$f":"SUMIF('Resumen Frentes Semanal'!$K$6:$K$64,'Prog. Semanal TER'!N75,'Resumen Frentes Semanal'!$M$6:$M$64)","v":204000},null,null,null,null,null,0]
[76,null,null,0,{"$f":"D76*$JF$76","v":0},0,"OGT",null,null,null,null,{"$f":"SUMIF('Control de Avance'!$C$15:$C$9589,'Prog. Semanal TER'!M76,'Control de Avance'!$B$15:$B$9589)","v":0},"Descarga y conteo fierro losa",{"$f":"VLOOKUP(M76,'Act. Proyecto'!$I$3:$Q$881,2,FALSE)","v":"ENFIERRADOR"},{"$f":"VLOOKUP(M76,'Act. Proyecto'!$I$3:$Q$881,3,FALSE)","v":"kg"},{"$f":"VLOOKUP(M76,'Act. Proyecto'!$I$3:$Q$881,4,FALSE)","v":975.07834328326157},{"$f":"VLOOKUP(M76,'Act. Proyecto'!$I$3:$Q$881,5,FALSE)","v":3},2925.235029849785,{"$f":"VLOOKUP(M76,'Act. Proyecto'!$I$3:$Q$881,7,FALSE)","v":"Frente"},{"$f":"SUMIF('Resumen Frentes Semanal'!$K$6:$K$64,'Prog. Semanal TER'!N76,'Resumen Frentes Semanal'!$M$6:$M$64)","v":210632},null,null,null,null,null,0]
[76,null,null,0,{"$f":"D77*$JF$77","v":0},0,"OGT",null,null,null,null,{"$f":"SUMIF('Control de Avance'!$C$15:$C$9589,'Prog. Semanal TER'!M77,'Control de Avance'!$B$15:$B$9589)","v":0},"Separar fierro losa ",{"$f":"VLOOKUP(M77,'Act. Proyecto'!$I$3:$Q$881,2,FALSE)","v":"ENFIERRADOR"},{"$f":"VLOOKUP(M77,'Act. Proyecto'!$I$3:$Q$881,3,FALSE)","v":"kg"},{"$f":"VLOOKUP(M77,'Act. Proyecto'!$I$3:$Q$881,4,FALSE)","v":975.07834328326157},{"$f":"VLOOKUP(M77,'Act. Proyecto'!$I$3:$Q$881,5,FALSE)","v":10},9750.7834328326153,{"$f":"VLOOKUP(M77,'Act. Proyecto'!$I$3:$Q$881,7,FALSE)","v":"Frente"},{"$f":"SUMIF('Resumen Frentes Semanal'!$K$6:$K$64,'Prog. Semanal TER'!N77,'Resumen Frentes Semanal'!$M$6:$M$64)","v":210632},null,null,null,null,null,0]
[77,null,null,0,{"$f":"D78*$JF$78","v":0},0,"OGT",null,null,null,null,{"$f":"SUMIF('Control de Avance'!$C$15:$C$9589,'Prog. Semanal TER'!M78,'Control de Avance'!$B$15:$B$9589)","v":0},"Refuerzo losa 1ra malla",{"$f":"VLOOKUP(M78,'Act. Proyecto'!$I$3:$Q$881,2,FALSE)","v":"ENFIERRADOR"},{"$f":"VLOOKUP(M78,'Act. Proyecto'!$I$3:$Q$881,3,FALSE)","v":"kg"},{"$f":"VLOOKUP(M78,'Act. Proyecto'!$I$3:$Q$881,4,FALSE)","v":487.53917164163079},{"$f":"VLOOKUP(M78,'Act. Proyecto'!$I$3:$Q$881,5,FALSE)","v":93},45341.142962671664,{"$f":"VLOOKUP(M78,'Act. Proyecto'!$I$3:$Q$881,7,FALSE)","v":"Frente"},{"$f":"SUMIF('Resumen Frentes Semanal'!$K$6:$K$64,'Prog. Semanal TER'!N78,'Resumen Frentes Semanal'!$M$6:$M$64)","v":210632},null,null,null,null,null,0]
[78,null,null,0,{"$f":"D79*$JF$79","v":0},0,"OGT",null,null,null,null,{"$f":"SUMIF('Control de Avance'!$C$15:$C$9589,'Prog. Semanal TER'!M79,'Control de Avance'!$B$15:$B$9589)","v":0},"Separador plástico fierro losa",{"$f":"VLOOKUP(M79,'Act. Proyecto'!$I$3:$Q$881,2,FALSE)","v":"HORMIGÓN"},{"$f":"VLOOKUP(M79,'Act. Proyecto'!$I$3:$Q$881,3,FALSE)","v":"depto"},{"$f":"VLOOKUP(M79,'Act. Proyecto'!$I$3:$Q$881,4,FALSE)","v":2},{"$f":"VLOOKUP(M79,'Act. Proyecto'!$I$3:$Q$881,5,FALSE)","v":1510},3020,{"$f":"VLOOKUP(M79,'Act. Proyecto'!$I$3:$Q$881,7,FALSE)","v":"Frente"},{"$f":"SUMIF('Resumen Frentes Semanal'!$K$6:$K$64,'Prog. Semanal TER'!N79,'Resumen Frentes Semanal'!$M$6:$M$64)","v":204000},null,null,null,null,null,0]
[79,null,null,0,{"$f":"D80*$JF$80","v":0},0,"OGT",null,null,null,null,{"$f":"SUMIF('Control de Avance'!$C$15:$C$9589,'Prog. Semanal TER'!M80,'Control de Avance'!$B$15:$B$9589)","v":0},"Instalaciones eléctricas en losa",{"$f":"VLOOKUP(M80,'Act. Proyecto'!$I$3:$Q$881,2,FALSE)","v":"ELÉCTRICO OG"},{"$f":"VLOOKUP(M80,'Act. Proyecto'!$I$3:$Q$881,3,FALSE)","v":"centro"},{"$f":"VLOOKUP(M80,'Act. Proyecto'!$I$3:$Q$881,4,FALSE)","v":42.625999999999998},{"$f":"VLOOKUP(M80,'Act. Proyecto'!$I$3:$Q$881,5,FALSE)","v":1008.3},42979.795799999993,{"$f":"VLOOKUP(M80,'Act. Proyecto'!$I$3:$Q$881,7,FALSE)","v":"Frente"},{"$f":"SUMIF('Resumen Frentes Semanal'!$K$6:$K$64,'Prog. Semanal TER'!N80,'Resumen Frentes Semanal'!$M$6:$M$64)","v":123000},null,null,null,null,null,0]
[79,null,null,0,{"$f":"D81*$JF$81","v":0},"a","a",null,null,"b",null,{"$f":"SUMIF('Control de Avance'!$C$15:$C$9589,'Prog. Semanal TER'!M81,'Control de Avance'!$B$15:$B$9589)","v":0},"Instalaciones eléctricas en losa tapa",{"$f":"VLOOKUP(M81,'Act. Proyecto'!$I$3:$Q$881,2,FALSE)","v":"ELÉCTRICO OG"},null,{"$f":"VLOOKUP(M81,'Act. Proyecto'!$I$3:$Q$881,4,FALSE)","v":21.583333333333332},{"$f":"VLOOKUP(M81,'Act. Proyecto'!$I$3:$Q$881,5,FALSE)","v":1687.101719606427},36413.278781505382,{"$f":"VLOOKUP(M81,'Act. Proyecto'!$I$3:$Q$881,7,FALSE)","v":"Frente"},{"$f":"SUMIF('Resumen Frentes Semanal'!$K$6:$K$64,'Prog. Semanal TER'!N81,'Resumen Frentes Semanal'!$M$6:$M$64)","v":123000},null,null,null,null,null,0]
[80,null,null,0,{"$f":"D82*$JF$82","v":0},0,"OGT",null,null,null,null,{"$f":"SUMIF('Control de Avance'!$C$15:$C$9589,'Prog. Semanal TER'!M82,'Control de Avance'!$B$15:$B$9589)","v":0},"Instalaciones de gasfiter en losa",{"$f":"VLOOKUP(M82,'Act. Proyecto'!$I$3:$Q$881,2,FALSE)","v":"GASFITER OG"},{"$f":"VLOOKUP(M82,'Act. Proyecto'!$I$3:$Q$881,3,FALSE)","v":"dh"},{"$f":"VLOOKUP(M82,'Act. Proyecto'!$I$3:$Q$881,4,FALSE)","v":0.85819444444444426},{"$f":"VLOOKUP(M82,'Act. Proyecto'!$I$3:$Q$881,5,FALSE)","v":1},0.85819444444444426,{"$f":"VLOOKUP(M82,'Act. Proyecto'!$I$3:$Q$881,7,FALSE)","v":"Frente"},{"$f":"SUMIF('Resumen Frentes Semanal'!$K$6:$K$64,'Prog. Semanal TER'!N82,'Resumen Frentes Semanal'!$M$6:$M$64)","v":0},null,null,null,null,null,0]
[81,null,null,0,{"$f":"D83*$JF$83","v":0},0,"OGT",null,null,null,null,{"$f":"SUMIF('Control de Avance'!$C$15:$C$9589,'Prog. Semanal TER'!M83,'Control de Avance'!$B$15:$B$9589)","v":0},"Instalaciones de gas en losa",{"$f":"VLOOKUP(M83,'Act. Proyecto'!$I$3:$Q$881,2,FALSE)","v":"GAS OG"},{"$f":"VLOOKUP(M83,'Act. Proyecto'!$I$3:$Q$881,3,FALSE)","v":"dh"},{"$f":"VLOOKUP(M83,'Act. Proyecto'!$I$3:$Q$881,4,FALSE)","v":0.44},{"$f":"VLOOKUP(M83,'Act. Proyecto'!$I$3:$Q$881,5,FALSE)","v":1},0.44,{"$f":"VLOOKUP(M83,'Act. Proyecto'!$I$3:$Q$881,7,FALSE)","v":"Frente"},{"$f":"SUMIF('Resumen Frentes Semanal'!$K$6:$K$64,'Prog. Semanal TER'!N83,'Resumen Frentes Semanal'!$M$6:$M$64)","v":0.44},null,null,null,null,null,0]
[82,null,null,0,{"$f":"D84*$JF$84","v":0},0,"OGT",null,null,null,null,{"$f":"SUMIF('Control de Avance'!$C$15:$C$9589,'Prog. Semanal TER'!M84,'Control de Avance'!$B$15:$B$9589)","v":0},"Refuerzo losa 2da malla",{"$f":"VLOOKUP(M84,'Act. Proyecto'!$I$3:$Q$881,2,FALSE)","v":"ENFIERRADOR"},{"$f":"VLOOKUP(M84,'Act. Proyecto'!$I$3:$Q$881,3,FALSE)","v":"kg"},{"$f":"VLOOKUP(M84,'Act. Proyecto'!$I$3:$Q$881,4,FALSE)","v":487.53917164163079},{"$f":"VLOOKUP(M84,'Act. Proyecto'!$I$3:$Q$881,5,FALSE)","v":93},45341.142962671664,{"$f":"VLOOKUP(M84,'Act. Proyecto'!$I$3:$Q$881,7,FALSE)","v":"Frente"},{"$f":"SUMIF('Resumen Frentes Semanal'!$K$6:$K$64,'Prog. Semanal TER'!N84,'Resumen Frentes Semanal'!$M$6:$M$64)","v":210632},null,null,null,null,null,0]
[83,null,null,0,{"$f":"D85*$JF$85","v":0},0,"OGT",null,null,null,null,{"$f":"SUMIF('Control de Avance'!$C$15:$C$9589,'Prog. Semanal TER'!M85,'Control de Avance'!$B$15:$B$9589)","v":0},"Limpieza de losa",{"$f":"VLOOKUP(M85,'Act. Proyecto'!$I$3:$Q$881,2,FALSE)","v":"HORMIGÓN"},{"$f":"VLOOKUP(M85,'Act. Proyecto'!$I$3:$Q$881,3,FALSE)","v":"depto"},{"$f":"VLOOKUP(M85,'Act. Proyecto'!$I$3:$Q$881,4,FALSE)","v":2},{"$f":"VLOOKUP(M85,'Act. Proyecto'!$I$3:$Q$881,5,FALSE)","v":1510},3020,{"$f":"VLOOKUP(M85,'Act. Proyecto'!$I$3:$Q$881,7,FALSE)","v":"Frente"},{"$f":"SUMIF('Resumen Frentes Semanal'!$K$6:$K$64,'Prog. Semanal TER'!N85,'Resumen Frentes Semanal'!$M$6:$M$64)","v":204000},null,null,null,null,null,0]
[84,null,null,0,{"$f":"D86*$JF$86","v":0},0,"OGT",null,null,null,null,{"$f":"SUMIF('Control de Avance'!$C$15:$C$9589,'Prog. Semanal TER'!M86,'Control de Avance'!$B$15:$B$9589)","v":0},"Hormigón losa (incluye limpieza losa y lagrimas en muro)",{"$f":"VLOOKUP(M86,'Act. Proyecto'!$I$3:$Q$881,2,FALSE)","v":"HORMIGÓN"},{"$f":"VLOOKUP(M86,'Act. Proyecto'!$I$3:$Q$881,3,FALSE)","v":"m3"},{"$f":"VLOOKUP(M86,'Act. Proyecto'!$I$3:$Q$881,4,FALSE)","v":16.83549},{"$f":"VLOOKUP(M86,'Act. Proyecto'!$I$3:$Q$881,5,FALSE)","v":4840},81483.771600000007,{"$f":"VLOOKUP(M86,'Act. Proyecto'!$I$3:$Q$881,7,FALSE)","v":"Frente"},{"$f":"SUMIF('Resumen Frentes Semanal'!$K$6:$K$64,'Prog. Semanal TER'!N86,'Resumen Frentes Semanal'!$M$6:$M$64)","v":204000},null,null,null,null,null,0]
[87,null,null,0,{"$f":"D87*$JF$87","v":0},0,"OGT",null,null,null,null,{"$f":"SUMIF('Control de Avance'!$C$15:$C$9589,'Prog. Semanal TER'!M87,'Control de Avance'!$B$15:$B$9589)","v":0},"Alisado losa (incluye retiro de pasadas metalicas)",{"$f":"VLOOKUP(M87,'Act. Proyecto'!$I$3:$Q$881,2,FALSE)","v":"HORMIGÓN"},{"$f":"VLOOKUP(M87,'Act. Proyecto'!$I$3:$Q$881,3,FALSE)","v":"depto"},{"$f":"VLOOKUP(M87,'Act. Proyecto'!$I$3:$Q$881,4,FALSE)","v":2},{"$f":"VLOOKUP(M87,'Act. Proyecto'!$I$3:$Q$881,5,FALSE)","v":10550},21100,{"$f":"VLOOKUP(M87,'Act. Proyecto'!$I$3:$Q$881,7,FALSE)","v":"Frente"},{"$f":"SUMIF('Resumen Frentes Semanal'!$K$6:$K$64,'Prog. Semanal TER'!N87,'Resumen Frentes Semanal'!$M$6:$M$64)","v":204000},null,null,null,null,null,0]
[88,null,null,0,{"$f":"D88*$JF$88","v":0},0,"OGT",null,null,null,null,{"$f":"SUMIF('Control de Avance'!$C$15:$C$9589,'Prog. Semanal TER'!M88,'Control de Avance'!$B$15:$B$9589)","v":0},"Tratamiento en losa para recibir muro",{"$f":"VLOOKUP(M88,'Act. Proyecto'!$I$3:$Q$881,2,FALSE)","v":"HORMIGÓN"},{"$f":"VLOOKUP(M88,'Act. Proyecto'!$I$3:$Q$881,3,FALSE)","v":"ml"},{"$f":"VLOOKUP(M88,'Act. Proyecto'!$I$3:$Q$881,4,FALSE)","v":17.239999999999998},{"$f":"VLOOKUP(M88,'Act. Proyecto'!$I$3:$Q$881,5,FALSE)","v":87},1499.8799999999999,{"$f":"VLOOKUP(M88,'Act. Proyecto'!$I$3:$Q$881,7,FALSE)","v":"Frente"},{"$f":"SUMIF('Resumen Frentes Semanal'!$K$6:$K$64,'Prog. Semanal TER'!N88,'Resumen Frentes Semanal'!$M$6:$M$64)","v":204000},null,null,null,null,null,0]
[89,null,null,0,{"$f":"D89*$JF$89","v":0},0,"OGT",null,null,null,null,{"$f":"SUMIF('Control de Avance'!$C$15:$C$9589,'Prog. Semanal TER'!M89,'Control de Avance'!$B$15:$B$9589)","v":0},"Descimbre y reapuntalado de losa, desbaste interior y aseo",{"$f":"VLOOKUP(M89,'Act. Proyecto'!$I$3:$Q$881,2,FALSE)","v":"MOLDAJE LOSA"},{"$f":"VLOOKUP(M89,'Act. Proyecto'!$I$3:$Q$881,3,FALSE)","v":"m2"},{"$f":"VLOOKUP(M89,'Act. Proyecto'!$I$3:$Q$881,4,FALSE)","v":113.62475000000001},{"$f":"VLOOKUP(M89,'Act. Proyecto'!$I$3:$Q$881,5,FALSE)","v":415},47154.271250000005,{"$f":"VLOOKUP(M89,'Act. Proyecto'!$I$3:$Q$881,7,FALSE)","v":"Frente"},{"$f":"SUMIF('Resumen Frentes Semanal'!$K$6:$K$64,'Prog. Semanal TER'!N89,'Resumen Frentes Semanal'!$M$6:$M$64)","v":188000},null,null,null,null,null,0]
[90,null,null,0,{"$f":"D90*$JF$90","v":0},0,"OGT",null,null,null,null,{"$f":"SUMIF('Control de Avance'!$C$15:$C$9589,'Prog. Semanal TER'!M90,'Control de Avance'!$B$15:$B$9589)","v":0},"Limpieza obra gruesa",{"$f":"VLOOKUP(M90,'Act. Proyecto'!$I$3:$Q$881,2,FALSE)","v":"MOLDAJE LOSA"},{"$f":"VLOOKUP(M90,'Act. Proyecto'!$I$3:$Q$881,3,FALSE)","v":"depto"},{"$f":"VLOOKUP(M90,'Act. Proyecto'!$I$3:$Q$881,4,FALSE)","v":2},{"$f":"VLOOKUP(M90,'Act. Proyecto'!$I$3:$Q$881,5,FALSE)","v":1070},2140,{"$f":"VLOOKUP(M90,'Act. Proyecto'!$I$3:$Q$881,7,FALSE)","v":"Frente"},{"$f":"SUMIF('Resumen Frentes Semanal'!$K$6:$K$64,'Prog. Semanal TER'!N90,'Resumen Frentes Semanal'!$M$6:$M$64)","v":188000},null,null,null,null,null,0]
[91,null,null,0,{"$f":"D91*$JF$91","v":0},0,"TECH",null,null,null,null,{"$f":"SUMIF('Control de Avance'!$C$15:$C$9589,'Prog. Semanal TER'!M91,'Control de Avance'!$B$15:$B$9589)","v":0},"Descubrir cajas eléctricas en losa",{"$f":"VLOOKUP(M91,'Act. Proyecto'!$I$3:$Q$881,2,FALSE)","v":"ELÉCTRICO OG"},{"$f":"VLOOKUP(M91,'Act. Proyecto'!$I$3:$Q$881,3,FALSE)","v":"centro"},{"$f":"VLOOKUP(M91,'Act. Proyecto'!$I$3:$Q$881,4,FALSE)","v":42.64},{"$f":"VLOOKUP(M91,'Act. Proyecto'!$I$3:$Q$881,5,FALSE)","v":169},7206.16,{"$f":"VLOOKUP(M91,'Act. Proyecto'!$I$3:$Q$881,7,FALSE)","v":"Frente"},{"$f":"SUMIF('Resumen Frentes Semanal'!$K$6:$K$64,'Prog. Semanal TER'!N91,'Resumen Frentes Semanal'!$M$6:$M$64)","v":123000},null,null,null,null,null,0]
[92,null,null,0,{"$f":"D92*$JF$92","v":0},0,"TECH",null,null,null,null,{"$f":"SUMIF('Control de Avance'!$C$15:$C$9589,'Prog. Semanal TER'!M92,'Control de Avance'!$B$15:$B$9589)","v":0},"Copa interior",{"$f":"VLOOKUP(M92,'Act. Proyecto'!$I$3:$Q$881,2,FALSE)","v":"MOLDAJE LOSA"},{"$f":"VLOOKUP(M92,'Act. Proyecto'!$I$3:$Q$881,3,FALSE)","v":"m2"},{"$f":"VLOOKUP(M92,'Act. Proyecto'!$I$3:$Q$881,4,FALSE)","v":163.94716071428573},{"$f":"VLOOKUP(M92,'Act. Proyecto'!$I$3:$Q$881,5,FALSE)","v":85},13935.508660714288,{"$f":"VLOOKUP(M92,'Act. Proyecto'!$I$3:$Q$881,7,FALSE)","v":"Frente"},{"$f":"SUMIF('Resumen Frentes Semanal'!$K$6:$K$64,'Prog. Semanal TER'!N92,'Resumen Frentes Semanal'!$M$6:$M$64)","v":188000},null,null,null,null,null,0]
[93,null,null,0,{"$f":"D93*$JF$93","v":0},0,"TECH",null,null,null,null,{"$f":"SUMIF('Control de Avance'!$C$15:$C$9589,'Prog. Semanal TER'!M93,'Control de Avance'!$B$15:$B$9589)","v":0},"Trazo de escala y zonas comunes",{"$f":"VLOOKUP(M93,'Act. Proyecto'!$I$3:$Q$881,2,FALSE)","v":"TRAZO"},{"$f":"VLOOKUP(M93,'Act. Proyecto'!$I$3:$Q$881,3,FALSE)","v":"Piso"},{"$f":"VLOOKUP(M93,'Act. Proyecto'!$I$3:$Q$881,4,FALSE)","v":0},{"$f":"VLOOKUP(M93,'Act. Proyecto'!$I$3:$Q$881,5,FALSE)","v":8000},0,{"$f":"VLOOKUP(M93,'Act. Proyecto'!$I$3:$Q$881,7,FALSE)","v":"Piso"},{"$f":"SUMIF('Resumen Frentes Semanal'!$K$6:$K$64,'Prog. Semanal TER'!N93,'Resumen Frentes Semanal'!$M$6:$M$64)","v":0},null,null,null,null,null,0]
[94,null,null,0,{"$f":"D94*$JF$94","v":0},0,"TECH",null,null,null,null,{"$f":"SUMIF('Control de Avance'!$C$15:$C$9589,'Prog. Semanal TER'!M94,'Control de Avance'!$B$15:$B$9589)","v":0},"Moldaje escala",{"$f":"VLOOKUP(M94,'Act. Proyecto'!$I$3:$Q$881,2,FALSE)","v":"MOLDAJE LOSA"},{"$f":"VLOOKUP(M94,'Act. Proyecto'!$I$3:$Q$881,3,FALSE)","v":"m2"},{"$f":"VLOOKUP(M94,'Act. Proyecto'!$I$3:$Q$881,4,FALSE)","v":0},{"$f":"VLOOKUP(M94,'Act. Proyecto'!$I$3:$Q$881,5,FALSE)","v":0},0,{"$f":"VLOOKUP(M94,'Act. Proyecto'!$I$3:$Q$881,7,FALSE)","v":"Piso"},{"$f":"SUMIF('Resumen Frentes Semanal'!$K$6:$K$64,'Prog. Semanal TER'!N94,'Resumen Frentes Semanal'!$M$6:$M$64)","v":188000},null,null,null,null,null,0]
[95,null,null,0,{"$f":"D95*$JF$95","v":0},0,"TECH",null,null,null,null,{"$f":"SUMIF('Control de Avance'!$C$15:$C$9589,'Prog. Semanal TER'!M95,'Control de Avance'!$B$15:$B$9589)","v":0},"Inyección fierro escala",{"$f":"VLOOKUP(M95,'Act. Proyecto'!$I$3:$Q$881,2,FALSE)","v":"MOLDAJE LOSA"},{"$f":"VLOOKUP(M95,'Act. Proyecto'!$I$3:$Q$881,3,FALSE)","v":"piso"},{"$f":"VLOOKUP(M95,'Act. Proyecto'!$I$3:$Q$881,4,FALSE)","v":1},{"$f":"VLOOKUP(M95,'Act. Proyecto'!$I$3:$Q$881,5,FALSE)","v":3180},3180,{"$f":"VLOOKUP(M95,'Act. Proyecto'!$I$3:$Q$881,7,FALSE)","v":"Piso"},{"$f":"SUMIF('Resumen Frentes Semanal'!$K$6:$K$64,'Prog. Semanal TER'!N95,'Resumen Frentes Semanal'!$M$6:$M$64)","v":188000},null,null,null,null,null,0]
[96,null,null,0,{"$f":"D96*$JF$96","v":0},0,"TECH",null,null,null,null,{"$f":"SUMIF('Control de Avance'!$C$15:$C$9589,'Prog. Semanal TER'!M96,'Control de Avance'!$B$15:$B$9589)","v":0},"Fierro escala",{"$f":"VLOOKUP(M96,'Act. Proyecto'!$I$3:$Q$881,2,FALSE)","v":"ENFIERRADOR"},{"$f":"VLOOKUP(M96,'Act. Proyecto'!$I$3:$Q$881,3,FALSE)","v":"kg"},{"$f":"VLOOKUP(M96,'Act. Proyecto'!$I$3:$Q$881,4,FALSE)","v":101.98001021591169},{"$f":"VLOOKUP(M96,'Act. Proyecto'!$I$3:$Q$881,5,FALSE)","v":93},9484.1409500797872,{"$f":"VLOOKUP(M96,'Act. Proyecto'!$I$3:$Q$881,7,FALSE)","v":"Piso"},{"$f":"SUMIF('Resumen Frentes Semanal'!$K$6:$K$64,'Prog. Semanal TER'!N96,'Resumen Frentes Semanal'!$M$6:$M$64)","v":210632},null,null,null,null,null,0]
[97,null,null,0,{"$f":"D97*$JF$97","v":0},0,"TECH",null,null,null,null,{"$f":"SUMIF('Control de Avance'!$C$15:$C$9589,'Prog. Semanal TER'!M97,'Control de Avance'!$B$15:$B$9589)","v":0},"Moldaje contrahuella escala",{"$f":"VLOOKUP(M97,'Act. Proyecto'!$I$3:$Q$881,2,FALSE)","v":"MOLDAJE LOSA"},{"$f":"VLOOKUP(M97,'Act. Proyecto'!$I$3:$Q$881,3,FALSE)","v":"m2"},{"$f":"VLOOKUP(M97,'Act. Proyecto'!$I$3:$Q$881,4,FALSE)","v":0},{"$f":"VLOOKUP(M97,'Act. Proyecto'!$I$3:$Q$881,5,FALSE)","v":0},0,{"$f":"VLOOKUP(M97,'Act. Proyecto'!$I$3:$Q$881,7,FALSE)","v":"Piso"},{"$f":"SUMIF('Resumen Frentes Semanal'!$K$6:$K$64,'Prog. Semanal TER'!N97,'Resumen Frentes Semanal'!$M$6:$M$64)","v":188000},null,null,null,null,null,0]
[98,null,null,0,{"$f":"D98*$JF$98","v":0},0,"TECH",null,null,null,null,{"$f":"SUMIF('Control de Avance'!$C$15:$C$9589,'Prog. Semanal TER'!M98,'Control de Avance'!$B$15:$B$9589)","v":0},"Hormigón escala",{"$f":"VLOOKUP(M98,'Act. Proyecto'!$I$3:$Q$881,2,FALSE)","v":"HORMIGÓN"},{"$f":"VLOOKUP(M98,'Act. Proyecto'!$I$3:$Q$881,3,FALSE)","v":"m3"},{"$f":"VLOOKUP(M98,'Act. Proyecto'!$I$3:$Q$881,4,FALSE)","v":0},{"$f":"VLOOKUP(M98,'Act. Proyecto'!$I$3:$Q$881,5,FALSE)","v":4300},0,{"$f":"VLOOKUP(M98,'Act. Proyecto'!$I$3:$Q$881,7,FALSE)","v":"Piso"},{"$f":"SUMIF('Resumen Frentes Semanal'!$K$6:$K$64,'Prog. Semanal TER'!N98,'Resumen Frentes Semanal'!$M$6:$M$64)","v":204000},null,null,null,null,null,0]
[99,null,null,0,{"$f":"D99*$JF$99","v":0},0,"TECH",null,null,null,null,{"$f":"SUMIF('Control de Avance'!$C$15:$C$9589,'Prog. Semanal TER'!M99,'Control de Avance'!$B$15:$B$9589)","v":0},"Alisado de escala",{"$f":"VLOOKUP(M99,'Act. Proyecto'!$I$3:$Q$881,2,FALSE)","v":"HORMIGÓN"},{"$f":"VLOOKUP(M99,'Act. Proyecto'!$I$3:$Q$881,3,FALSE)","v":"Piso"},{"$f":"VLOOKUP(M99,'Act. Proyecto'!$I$3:$Q$881,4,FALSE)","v":1},{"$f":"VLOOKUP(M99,'Act. Proyecto'!$I$3:$Q$881,5,FALSE)","v":4400},4400,{"$f":"VLOOKUP(M99,'Act. Proyecto'!$I$3:$Q$881,7,FALSE)","v":"Piso"},{"$f":"SUMIF('Resumen Frentes Semanal'!$K$6:$K$64,'Prog. Semanal TER'!N99,'Resumen Frentes Semanal'!$M$6:$M$64)","v":204000},null,null,null,null,null,0]
[99,null,null,0,{"$f":"D100*$JF$100","v":0},0,"TECH",null,null,null,null,{"$f":"SUMIF('Control de Avance'!$C$15:$C$9589,'Prog. Semanal TER'!M100,'Control de Avance'!$B$15:$B$9589)","v":0},"Descimbre escala",{"$f":"VLOOKUP(M100,'Act. Proyecto'!$I$3:$Q$881,2,FALSE)","v":"MOLDAJE LOSA"},{"$f":"VLOOKUP(M100,'Act. Proyecto'!$I$3:$Q$881,3,FALSE)","v":"Piso"},{"$f":"VLOOKUP(M100,'Act. Proyecto'!$I$3:$Q$881,4,FALSE)","v":0},{"$f":"VLOOKUP(M100,'Act. Proyecto'!$I$3:$Q$881,5,FALSE)","v":0},0,{"$f":"VLOOKUP(M100,'Act. Proyecto'!$I$3:$Q$881,7,FALSE)","v":"Piso"},{"$f":"SUMIF('Resumen Frentes Semanal'!$K$6:$K$64,'Prog. Semanal TER'!N100,'Resumen Frentes Semanal'!$M$6:$M$64)","v":188000},null,null,null,null,null,0]
[100,null,null,0,{"$f":"D101*$JF$101","v":0},0,"TECH",null,null,null,null,{"$f":"SUMIF('Control de Avance'!$C$15:$C$9589,'Prog. Semanal TER'!M101,'Control de Avance'!$B$15:$B$9589)","v":0},"Fierro viga descanso escala",{"$f":"VLOOKUP(M101,'Act. Proyecto'!$I$3:$Q$881,2,FALSE)","v":"ENFIERRADOR"},{"$f":"VLOOKUP(M101,'Act. Proyecto'!$I$3:$Q$881,3,FALSE)","v":"kg"},{"$f":"VLOOKUP(M101,'Act. Proyecto'!$I$3:$Q$881,4,FALSE)","v":14.100000000000001},{"$f":"VLOOKUP(M101,'Act. Proyecto'!$I$3:$Q$881,5,FALSE)","v":93},1311.3000000000002,{"$f":"VLOOKUP(M101,'Act. Proyecto'!$I$3:$Q$881,7,FALSE)","v":"Piso"},{"$f":"SUMIF('Resumen Frentes Semanal'!$K$6:$K$64,'Prog. Semanal TER'!N101,'Resumen Frentes Semanal'!$M$6:$M$64)","v":210632},null,null,null,null,null,0,null,"b","b"]
[101,null,null,0,{"$f":"D102*$JF$102","v":0},0,"TECH",null,null,null,null,{"$f":"SUMIF('Control de Avance'!$C$15:$C$9589,'Prog. Semanal TER'!M102,'Control de Avance'!$B$15:$B$9589)","v":0},"Moldaje viga descanso escala",{"$f":"VLOOKUP(M102,'Act. Proyecto'!$I$3:$Q$881,2,FALSE)","v":"MOLDAJE MURO"},{"$f":"VLOOKUP(M102,'Act. Proyecto'!$I$3:$Q$881,3,FALSE)","v":"m2"},{"$f":"VLOOKUP(M102,'Act. Proyecto'!$I$3:$Q$881,4,FALSE)","v":4.8499999999999996},{"$f":"VLOOKUP(M102,'Act. Proyecto'!$I$3:$Q$881,5,FALSE)","v":1050},5092.5,{"$f":"VLOOKUP(M102,'Act. Proyecto'!$I$3:$Q$881,7,FALSE)","v":"Piso"},{"$f":"SUMIF('Resumen Frentes Semanal'!$K$6:$K$64,'Prog. Semanal TER'!N102,'Resumen Frentes Semanal'!$M$6:$M$64)","v":321000},null,null,null,null,null,0]
[102,null,null,0,{"$f":"D103*$JF$103","v":0},0,"TECH",null,null,null,null,{"$f":"SUMIF('Control de Avance'!$C$15:$C$9589,'Prog. Semanal TER'!M103,'Control de Avance'!$B$15:$B$9589)","v":0},"Hormigón viga descanso escala",{"$f":"VLOOKUP(M103,'Act. Proyecto'!$I$3:$Q$881,2,FALSE)","v":"HORMIGÓN"},{"$f":"VLOOKUP(M103,'Act. Proyecto'!$I$3:$Q$881,3,FALSE)","v":"m3"},{"$f":"VLOOKUP(M103,'Act. Proyecto'!$I$3:$Q$881,4,FALSE)","v":0.36},{"$f":"VLOOKUP(M103,'Act. Proyecto'!$I$3:$Q$881,5,FALSE)","v":5380},1936.8,{"$f":"VLOOKUP(M103,'Act. Proyecto'!$I$3:$Q$881,7,FALSE)","v":"Piso"},{"$f":"SUMIF('Resumen Frentes Semanal'!$K$6:$K$64,'Prog. Semanal TER'!N103,'Resumen Frentes Semanal'!$M$6:$M$64)","v":204000},null,null,null,null,null,0]
[103,null,null,0,{"$f":"D104*$JF$104","v":0},0,"TECH",null,null,null,null,{"$f":"SUMIF('Control de Avance'!$C$15:$C$9589,'Prog. Semanal TER'!M104,'Control de Avance'!$B$15:$B$9589)","v":0},"Descimbre viga descanso escala",{"$f":"VLOOKUP(M104,'Act. Proyecto'!$I$3:$Q$881,2,FALSE)","v":"MOLDAJE MURO"},{"$f":"VLOOKUP(M104,'Act. Proyecto'!$I$3:$Q$881,3,FALSE)","v":"m2"},{"$f":"VLOOKUP(M104,'Act. Proyecto'!$I$3:$Q$881,4,FALSE)","v":4.8499999999999996},{"$f":"VLOOKUP(M104,'Act. Proyecto'!$I$3:$Q$881,5,FALSE)","v":370},1794.4999999999998,{"$f":"VLOOKUP(M104,'Act. Proyecto'!$I$3:$Q$881,7,FALSE)","v":"Piso"},{"$f":"SUMIF('Resumen Frentes Semanal'!$K$6:$K$64,'Prog. Semanal TER'!N104,'Resumen Frentes Semanal'!$M$6:$M$64)","v":321000},null,null,null,null,null,0]
[103,null,null,0,{"$f":"D105*$JF$105","v":0},0,"TECH",null,null,null,null,{"$f":"SUMIF('Control de Avance'!$C$15:$C$9589,'Prog. Semanal TER'!M105,'Control de Avance'!$B$15:$B$9589)","v":0},"Moldaje viga acceso edificio",{"$f":"VLOOKUP(M105,'Act. Proyecto'!$I$3:$Q$881,2,FALSE)","v":"MOLDAJE MURO"},{"$f":"VLOOKUP(M105,'Act. Proyecto'!$I$3:$Q$881,3,FALSE)","v":"m2"},{"$f":"VLOOKUP(M105,'Act. Proyecto'!$I$3:$Q$881,4,FALSE)","v":4.0999999999999996},{"$f":"VLOOKUP(M105,'Act. Proyecto'!$I$3:$Q$881,5,FALSE)","v":1050},4305,{"$f":"VLOOKUP(M105,'Act. Proyecto'!$I$3:$Q$881,7,FALSE)","v":"Edif"},{"$f":"SUMIF('Resumen Frentes Semanal'!$K$6:$K$64,'Prog. Semanal TER'!N105,'Resumen Frentes Semanal'!$M$6:$M$64)","v":321000},null,null,null,null,null,0]
[103,null,null,0,{"$f":"D106*$JF$106","v":0},0,"TECH",null,null,null,null,{"$f":"SUMIF('Control de Avance'!$C$15:$C$9589,'Prog. Semanal TER'!M106,'Control de Avance'!$B$15:$B$9589)","v":0},"Hormigón viga acceso edificio",{"$f":"VLOOKUP(M106,'Act. Proyecto'!$I$3:$Q$881,2,FALSE)","v":"HORMIGÓN"},{"$f":"VLOOKUP(M106,'Act. Proyecto'!$I$3:$Q$881,3,FALSE)","v":"m3"},{"$f":"VLOOKUP(M106,'Act. Proyecto'!$I$3:$Q$881,4,FALSE)","v":0.22499999999999998},{"$f":"VLOOKUP(M106,'Act. Proyecto'!$I$3:$Q$881,5,FALSE)","v":5380},1210.4999999999998,{"$f":"VLOOKUP(M106,'Act. Proyecto'!$I$3:$Q$881,7,FALSE)","v":"Edif"},{"$f":"SUMIF('Resumen Frentes Semanal'!$K$6:$K$64,'Prog. Semanal TER'!N106,'Resumen Frentes Semanal'!$M$6:$M$64)","v":204000},null,null,null,null,null,0]
[103,null,null,0,{"$f":"D107*$JF$107","v":0},0,"TECH",null,null,null,null,{"$f":"SUMIF('Control de Avance'!$C$15:$C$9589,'Prog. Semanal TER'!M107,'Control de Avance'!$B$15:$B$9589)","v":0},"Descimbre viga acceso edificio",{"$f":"VLOOKUP(M107,'Act. Proyecto'!$I$3:$Q$881,2,FALSE)","v":"MOLDAJE MURO"},{"$f":"VLOOKUP(M107,'Act. Proyecto'!$I$3:$Q$881,3,FALSE)","v":"m2"},{"$f":"VLOOKUP(M107,'Act. Proyecto'!$I$3:$Q$881,4,FALSE)","v":4.0999999999999996},{"$f":"VLOOKUP(M107,'Act. Proyecto'!$I$3:$Q$881,5,FALSE)","v":370},1516.9999999999998,{"$f":"VLOOKUP(M107,'Act. Proyecto'!$I$3:$Q$881,7,FALSE)","v":"Edif"},{"$f":"SUMIF('Resumen Frentes Semanal'!$K$6:$K$64,'Prog. Semanal TER'!N107,'Resumen Frentes Semanal'!$M$6:$M$64)","v":321000},null,null,null,null,null,0]
[104,null,null,0,{"$f":"D108*$JF$108","v":0},0,"TECH",null,null,null,null,{"$f":"SUMIF('Control de Avance'!$C$15:$C$9589,'Prog. Semanal TER'!M108,'Control de Avance'!$B$15:$B$9589)","v":0},"Ayudante albañil remate exterior",{"$f":"VLOOKUP(M108,'Act. Proyecto'!$I$3:$Q$881,2,FALSE)","v":"MOLDAJE MURO"},{"$f":"VLOOKUP(M108,'Act. Proyecto'!$I$3:$Q$881,3,FALSE)","v":"depto"},{"$f":"VLOOKUP(M108,'Act. Proyecto'!$I$3:$Q$881,4,FALSE)","v":2},{"$f":"VLOOKUP(M108,'Act. Proyecto'!$I$3:$Q$881,5,FALSE)","v":2250},4500,{"$f":"VLOOKUP(M108,'Act. Proyecto'!$I$3:$Q$881,7,FALSE)","v":"Frente"},{"$f":"SUMIF('Resumen Frentes Semanal'!$K$6:$K$64,'Prog. Semanal TER'!N108,'Resumen Frentes Semanal'!$M$6:$M$64)","v":321000},null,null,null,null,null,0]
[105,null,null,0,{"$f":"D109*$JF$109","v":0},0,"TECH",null,null,null,null,{"$f":"SUMIF('Control de Avance'!$C$15:$C$9589,'Prog. Semanal TER'!M109,'Control de Avance'!$B$15:$B$9589)","v":0},"Remate exterior",{"$f":"VLOOKUP(M109,'Act. Proyecto'!$I$3:$Q$881,2,FALSE)","v":"MOLDAJE MURO"},{"$f":"VLOOKUP(M109,'Act. Proyecto'!$I$3:$Q$881,3,FALSE)","v":"ml"},{"$f":"VLOOKUP(M109,'Act. Proyecto'!$I$3:$Q$881,4,FALSE)","v":33.707500000000003},{"$f":"VLOOKUP(M109,'Act. Proyecto'!$I$3:$Q$881,5,FALSE)","v":450},15168.375000000002,{"$f":"VLOOKUP(M109,'Act. Proyecto'!$I$3:$Q$881,7,FALSE)","v":"Frente"},{"$f":"SUMIF('Resumen Frentes Semanal'!$K$6:$K$64,'Prog. Semanal TER'!N109,'Resumen Frentes Semanal'!$M$6:$M$64)","v":321000},null,null,null,null,null,0]
[107,null,null,0,{"$f":"D110*$JF$110","v":0},0,"TECH",null,null,null,null,{"$f":"SUMIF('Control de Avance'!$C$15:$C$9589,'Prog. Semanal TER'!M110,'Control de Avance'!$B$15:$B$9589)","v":0},"Remate troncocónicos",{"$f":"VLOOKUP(M110,'Act. Proyecto'!$I$3:$Q$881,2,FALSE)","v":"MOLDAJE MURO"},{"$f":"VLOOKUP(M110,'Act. Proyecto'!$I$3:$Q$881,3,FALSE)","v":"depto"},{"$f":"VLOOKUP(M110,'Act. Proyecto'!$I$3:$Q$881,4,FALSE)","v":2},{"$f":"VLOOKUP(M110,'Act. Proyecto'!$I$3:$Q$881,5,FALSE)","v":3580},7160,{"$f":"VLOOKUP(M110,'Act. Proyecto'!$I$3:$Q$881,7,FALSE)","v":"Frente"},{"$f":"SUMIF('Resumen Frentes Semanal'!$K$6:$K$64,'Prog. Semanal TER'!N110,'Resumen Frentes Semanal'!$M$6:$M$64)","v":321000},null,null,null,null,null,0]
[108,null,null,0,{"$f":"D111*$JF$111","v":0},0,"TECH",null,null,null,null,{"$f":"SUMIF('Control de Avance'!$C$15:$C$9589,'Prog. Semanal TER'!M111,'Control de Avance'!$B$15:$B$9589)","v":0},"TREN TECHUMBRE",{"$f":"VLOOKUP(M111,'Act. Proyecto'!$I$3:$Q$881,2,FALSE)","v":"."},{"$f":"VLOOKUP(M111,'Act. Proyecto'!$I$3:$Q$881,3,FALSE)","v":"."},{"$f":"VLOOKUP(M111,'Act. Proyecto'!$I$3:$Q$881,4,FALSE)","v":0},{"$f":"VLOOKUP(M111,'Act. Proyecto'!$I$3:$Q$881,5,FALSE)","v":"."},0,{"$f":"VLOOKUP(M111,'Act. Proyecto'!$I$3:$Q$881,7,FALSE)","v":"."},{"$f":"SUMIF('Resumen Frentes Semanal'!$K$6:$K$64,'Prog. Semanal TER'!N111,'Resumen Frentes Semanal'!$M$6:$M$64)","v":0},null,null,null,null,null,"a","a","b","b"]
[110,null,null,0,{"$f":"D112*$JF$112","v":0},0,"TECH",null,null,null,null,{"$f":"SUMIF('Control de Avance'!$C$15:$C$9589,'Prog. Semanal TER'!M112,'Control de Avance'!$B$15:$B$9589)","v":0},"Fierro Coronación y shaft",{"$f":"VLOOKUP(M112,'Act. Proyecto'!$I$3:$Q$881,2,FALSE)","v":"ENFIERRADOR"},{"$f":"VLOOKUP(M112,'Act. Proyecto'!$I$3:$Q$881,3,FALSE)","v":"kg"},{"$f":"VLOOKUP(M112,'Act. Proyecto'!$I$3:$Q$881,4,FALSE)","v":84.429042881790366},{"$f":"VLOOKUP(M112,'Act. Proyecto'!$I$3:$Q$881,5,FALSE)","v":93},7851.9009880065041,{"$f":"VLOOKUP(M112,'Act. Proyecto'!$I$3:$Q$881,7,FALSE)","v":"Frente"},{"$f":"SUMIF('Resumen Frentes Semanal'!$K$6:$K$64,'Prog. Semanal TER'!N112,'Resumen Frentes Semanal'!$M$6:$M$64)","v":210632},null,null,null,null,null,0]
[111,null,null,0,{"$f":"D113*$JF$113","v":0},0,"TECH",null,null,null,null,{"$f":"SUMIF('Control de Avance'!$C$15:$C$9589,'Prog. Semanal TER'!M113,'Control de Avance'!$B$15:$B$9589)","v":0},"Trazo Muros Coronación, canales y shaft",{"$f":"VLOOKUP(M113,'Act. Proyecto'!$I$3:$Q$881,2,FALSE)","v":"TRAZO"},{"$f":"VLOOKUP(M113,'Act. Proyecto'!$I$3:$Q$881,3,FALSE)","v":"gl"},{"$f":"VLOOKUP(M113,'Act. Proyecto'!$I$3:$Q$881,4,FALSE)","v":2},{"$f":"VLOOKUP(M113,'Act. Proyecto'!$I$3:$Q$881,5,FALSE)","v":0},0,{"$f":"VLOOKUP(M113,'Act. Proyecto'!$I$3:$Q$881,7,FALSE)","v":"Frente"},{"$f":"SUMIF('Resumen Frentes Semanal'!$K$6:$K$64,'Prog. Semanal TER'!N113,'Resumen Frentes Semanal'!$M$6:$M$64)","v":0},null,null,null,null,null,0]
[112,null,null,0,{"$f":"D114*$JF$114","v":0},0,"TECH",null,null,null,null,{"$f":"SUMIF('Control de Avance'!$C$15:$C$9589,'Prog. Semanal TER'!M114,'Control de Avance'!$B$15:$B$9589)","v":1},"Armar ducto de hojalatería VC incluye perforaciones",{"$f":"VLOOKUP(M114,'Act. Proyecto'!$I$3:$Q$881,2,FALSE)","v":"TECHUMBRE Y MEMBRANA"},{"$f":"VLOOKUP(M114,'Act. Proyecto'!$I$3:$Q$881,3,FALSE)","v":"ml"},{"$f":"VLOOKUP(M114,'Act. Proyecto'!$I$3:$Q$881,4,FALSE)","v":12.75},{"$f":"VLOOKUP(M114,'Act. Proyecto'!$I$3:$Q$881,5,FALSE)","v":1281.5},16339.125,{"$f":"VLOOKUP(M114,'Act. Proyecto'!$I$3:$Q$881,7,FALSE)","v":"Frente"},{"$f":"SUMIF('Resumen Frentes Semanal'!$K$6:$K$64,'Prog. Semanal TER'!N114,'Resumen Frentes Semanal'!$M$6:$M$64)","v":69656},null,null,null,null,null,0]
[113,null,null,0,{"$f":"D115*$JF$115","v":0},0,"TECH",null,null,null,null,{"$f":"SUMIF('Control de Avance'!$C$15:$C$9589,'Prog. Semanal TER'!M115,'Control de Avance'!$B$15:$B$9589)","v":1},"Instalar ducto de hojalatería VC",{"$f":"VLOOKUP(M115,'Act. Proyecto'!$I$3:$Q$881,2,FALSE)","v":"TECHUMBRE Y MEMBRANA"},{"$f":"VLOOKUP(M115,'Act. Proyecto'!$I$3:$Q$881,3,FALSE)","v":"ml"},{"$f":"VLOOKUP(M115,'Act. Proyecto'!$I$3:$Q$881,4,FALSE)","v":12.75},{"$f":"VLOOKUP(M115,'Act. Proyecto'!$I$3:$Q$881,5,FALSE)","v":1281.5},16339.125,{"$f":"VLOOKUP(M115,'Act. Proyecto'!$I$3:$Q$881,7,FALSE)","v":"Frente"},{"$f":"SUMIF('Resumen Frentes Semanal'!$K$6:$K$64,'Prog. Semanal TER'!N115,'Resumen Frentes Semanal'!$M$6:$M$64)","v":69656},null,null,null,null,null,0]
[117,null,null,0,{"$f":"D116*$JF$116","v":0},0,"TECH",null,null,null,null,{"$f":"SUMIF('Control de Avance'!$C$15:$C$9589,'Prog. Semanal TER'!M116,'Control de Avance'!$B$15:$B$9589)","v":1},"Subir material de techumbre",{"$f":"VLOOKUP(M116,'Act. Proyecto'!$I$3:$Q$881,2,FALSE)","v":"LIMPIEZA Y TRASLADO"},{"$f":"VLOOKUP(M116,'Act. Proyecto'!$I$3:$Q$881,3,FALSE)","v":"depto"},{"$f":"VLOOKUP(M116,'Act. Proyecto'!$I$3:$Q$881,4,FALSE)","v":2.4230769230769229},{"$f":"VLOOKUP(M116,'Act. Proyecto'!$I$3:$Q$881,5,FALSE)","v":2330},5645.7692307692305,{"$f":"VLOOKUP(M116,'Act. Proyecto'!$I$3:$Q$881,7,FALSE)","v":"Frente"},{"$f":"SUMIF('Resumen Frentes Semanal'!$K$6:$K$64,'Prog. Semanal TER'!N116,'Resumen Frentes Semanal'!$M$6:$M$64)","v":43500},null,null,null,null,null,0,null,null,null,null,null,null,null,null,null,null,null,null,null,null,null,null,null,null,null,null,null,null,null,null,null,null,null,null,null,null,null,null,null,null,null,"5F1",null,"F3-4","F5-6",4.7600000000000003E-2,null,"5F2","5F3-4","5F5-6",null,1,null,null,null,null,null,null,null,null,null,null,null,null,null,null,null,null,null,null,null,null,null,null,null,null,null,null,null,null,null,null,null,null,null,null,null,null,null,null,"5F7-8-9-10","5F11",0.8,null,null,null,null,null,null,null,null,null,null,null,null,null,null,null,null,null,null,null,null,null,null,null,null,null,null,null,null,null,null,null,null,"5F11-12",0,"5F11-12",null,null,null,null,1,null,null,null,null,null,null,null,null,null,null,"5F13-14-15",0,null,null,null,null,null,null,"5F13-14-15",null,null,null,null,1,"5F13-14",null,null,null,null,1,null,null,null,"5F15-16","5F17-18",0.5,null,null,null,null,null,null,null,null,null,null,"5F17-18",1,null,null,null,null,null,null,null,null,null,null,null,"5F19-20",null,null,null,null,0,null,null,"5F19-20",null,null,0,"5F19-20",null,null,null,null,1,null,null,null,null,null,null,null,null,"5F21-22",null,null,1,null,"5F23-24",null,null,null,1]
[118,null,null,0,{"$f":"D117*$JF$117","v":0},0,"TECH",null,null,null,null,{"$f":"SUMIF('Control de Avance'!$C$15:$C$9589,'Prog. Semanal TER'!M117,'Control de Avance'!$B$15:$B$9589)","v":0},"Moldaje Coronación",{"$f":"VLOOKUP(M117,'Act. Proyecto'!$I$3:$Q$881,2,FALSE)","v":"SOBRECIMIENTO Y CORONACIÓN"},{"$f":"VLOOKUP(M117,'Act. Proyecto'!$I$3:$Q$881,3,FALSE)","v":"m2"},{"$f":"VLOOKUP(M117,'Act. Proyecto'!$I$3:$Q$881,4,FALSE)","v":46.405555555555559},{"$f":"VLOOKUP(M117,'Act. Proyecto'!$I$3:$Q$881,5,FALSE)","v":1730},80281.611111111109,{"$f":"VLOOKUP(M117,'Act. Proyecto'!$I$3:$Q$881,7,FALSE)","v":"Frente"},{"$f":"SUMIF('Resumen Frentes Semanal'!$K$6:$K$64,'Prog. Semanal TER'!N117,'Resumen Frentes Semanal'!$M$6:$M$64)","v":95000},null,null,null,null,null,0]
[119,null,null,0,{"$f":"D118*$JF$118","v":0},0,"TECH",null,null,null,null,{"$f":"SUMIF('Control de Avance'!$C$15:$C$9589,'Prog. Semanal TER'!M118,'Control de Avance'!$B$15:$B$9589)","v":0},"Hormigón Coronación",{"$f":"VLOOKUP(M118,'Act. Proyecto'!$I$3:$Q$881,2,FALSE)","v":"HORMIGÓN"},{"$f":"VLOOKUP(M118,'Act. Proyecto'!$I$3:$Q$881,3,FALSE)","v":"m3"},{"$f":"VLOOKUP(M118,'Act. Proyecto'!$I$3:$Q$881,4,FALSE)","v":3.4804166666666672},{"$f":"VLOOKUP(M118,'Act. Proyecto'!$I$3:$Q$881,5,FALSE)","v":5380},18724.64166666667,{"$f":"VLOOKUP(M118,'Act. Proyecto'!$I$3:$Q$881,7,FALSE)","v":"Frente"},{"$f":"SUMIF('Resumen Frentes Semanal'!$K$6:$K$64,'Prog. Semanal TER'!N118,'Resumen Frentes Semanal'!$M$6:$M$64)","v":204000},null,null,null,null,null,0]
[120,null,null,0,{"$f":"D119*$JF$119","v":0},0,"TECH",null,null,null,null,{"$f":"SUMIF('Control de Avance'!$C$15:$C$9589,'Prog. Semanal TER'!M119,'Control de Avance'!$B$15:$B$9589)","v":0},"Descimbre Coronación",{"$f":"VLOOKUP(M119,'Act. Proyecto'!$I$3:$Q$881,2,FALSE)","v":"SOBRECIMIENTO Y CORONACIÓN"},{"$f":"VLOOKUP(M119,'Act. Proyecto'!$I$3:$Q$881,3,FALSE)","v":"m2"},{"$f":"VLOOKUP(M119,'Act. Proyecto'!$I$3:$Q$881,4,FALSE)","v":46.405555555555559},{"$f":"VLOOKUP(M119,'Act. Proyecto'!$I$3:$Q$881,5,FALSE)","v":440},20418.444444444445,{"$f":"VLOOKUP(M119,'Act. Proyecto'!$I$3:$Q$881,7,FALSE)","v":"Frente"},{"$f":"SUMIF('Resumen Frentes Semanal'!$K$6:$K$64,'Prog. Semanal TER'!N119,'Resumen Frentes Semanal'!$M$6:$M$64)","v":95000},null,null,null,null,null,0]
[121,null,null,0,{"$f":"D120*$JF$120","v":0},0,"RYT",null,null,null,null,{"$f":"SUMIF('Control de Avance'!$C$15:$C$9589,'Prog. Semanal TER'!M120,'Control de Avance'!$B$15:$B$9589)","v":1},"Canal de techumbre con solerillas",{"$f":"VLOOKUP(M120,'Act. Proyecto'!$I$3:$Q$881,2,FALSE)","v":"ADMINISTRACIÓN"},{"$f":"VLOOKUP(M120,'Act. Proyecto'!$I$3:$Q$881,3,FALSE)","v":"ml"},{"$f":"VLOOKUP(M120,'Act. Proyecto'!$I$3:$Q$881,4,FALSE)","v":31.0625},{"$f":"VLOOKUP(M120,'Act. Proyecto'!$I$3:$Q$881,5,FALSE)","v":395},12269.6875,{"$f":"VLOOKUP(M120,'Act. Proyecto'!$I$3:$Q$881,7,FALSE)","v":"Frente"},{"$f":"SUMIF('Resumen Frentes Semanal'!$K$6:$K$64,'Prog. Semanal TER'!N120,'Resumen Frentes Semanal'!$M$6:$M$64)","v":0},null,null,null,null,null,0,null,null,null,null,null,null,null,null,null,null,null,null,null,null,null,null,null,null,null,null,null,null,null,null,null,null,null,null,null,null,null,null,null,null,null,"5F1","5F2","5F3","5F4",0]
[123,null,null,0,{"$f":"D121*$JF$121","v":0},0,"RYT",null,null,null,null,{"$f":"SUMIF('Control de Avance'!$C$15:$C$9589,'Prog. Semanal TER'!M121,'Control de Avance'!$B$15:$B$9589)","v":1},"Pendiente canales bajadas de aguas lluvias",{"$f":"VLOOKUP(M121,'Act. Proyecto'!$I$3:$Q$881,2,FALSE)","v":"ADMINISTRACIÓN"},{"$f":"VLOOKUP(M121,'Act. Proyecto'!$I$3:$Q$881,3,FALSE)","v":"depto"},{"$f":"VLOOKUP(M121,'Act. Proyecto'!$I$3:$Q$881,4,FALSE)","v":2},{"$f":"VLOOKUP(M121,'Act. Proyecto'!$I$3:$Q$881,5,FALSE)","v":2760},5520,{"$f":"VLOOKUP(M121,'Act. Proyecto'!$I$3:$Q$881,7,FALSE)","v":"Frente"},{"$f":"SUMIF('Resumen Frentes Semanal'!$K$6:$K$64,'Prog. Semanal TER'!N121,'Resumen Frentes Semanal'!$M$6:$M$64)","v":0},null,null,null,null,null,0,null,null,null,null,null,null,null,null,null,null,null,null,null,null,null,null,null,null,null,null,null,null,null,null,null,null,null,null,null,null,null,null,null,null,null,null,"5F1","5F2","5F3",0]
[123,null,null,0,{"$f":"D122*$JF$122","v":0},0,"RYT",null,null,null,null,{"$f":"SUMIF('Control de Avance'!$C$15:$C$9589,'Prog. Semanal TER'!M122,'Control de Avance'!$B$15:$B$9589)","v":1},"Solerillas de borde en shaft baño, cocina y basura",{"$f":"VLOOKUP(M122,'Act. Proyecto'!$I$3:$Q$881,2,FALSE)","v":"ADMINISTRACIÓN"},{"$f":"VLOOKUP(M122,'Act. Proyecto'!$I$3:$Q$881,3,FALSE)","v":"ml"},{"$f":"VLOOKUP(M122,'Act. Proyecto'!$I$3:$Q$881,4,FALSE)","v":8.2237500000000008},{"$f":"VLOOKUP(M122,'Act. Proyecto'!$I$3:$Q$881,5,FALSE)","v":395},3248.3812500000004,{"$f":"VLOOKUP(M122,'Act. Proyecto'!$I$3:$Q$881,7,FALSE)","v":"Frente"},{"$f":"SUMIF('Resumen Frentes Semanal'!$K$6:$K$64,'Prog. Semanal TER'!N122,'Resumen Frentes Semanal'!$M$6:$M$64)","v":0},null,null,null,null,null,0,null,null,null,null,null,null,null,null,null,null,null,null,null,null,null,null,null,null,null,null,null,null,null,null,null,null,null,null,null,null,null,null,null,null,null,null,"5F1","5F2",null,1,"5F3-4","5F5-6",null,null,null,0.5,null,null,null,null,null,1]
[125,null,null,0,{"$f":"D123*$JF$123","v":0},0,"RYT",null,null,null,null,{"$f":"SUMIF('Control de Avance'!$C$15:$C$9589,'Prog. Semanal TER'!M123,'Control de Avance'!$B$15:$B$9589)","v":0},"Remate muros de coronación techumbre (incluye retape de pasadas shaft y BALL)",{"$f":"VLOOKUP(M123,'Act. Proyecto'!$I$3:$Q$881,2,FALSE)","v":"ALBAÑIL TERMINACIONES"},{"$f":"VLOOKUP(M123,'Act. Proyecto'!$I$3:$Q$881,3,FALSE)","v":"depto"},{"$f":"VLOOKUP(M123,'Act. Proyecto'!$I$3:$Q$881,4,FALSE)","v":2},{"$f":"VLOOKUP(M123,'Act. Proyecto'!$I$3:$Q$881,5,FALSE)","v":5500},11000,{"$f":"VLOOKUP(M123,'Act. Proyecto'!$I$3:$Q$881,7,FALSE)","v":"Frente"},{"$f":"SUMIF('Resumen Frentes Semanal'!$K$6:$K$64,'Prog. Semanal TER'!N123,'Resumen Frentes Semanal'!$M$6:$M$64)","v":52341},null,null,null,null,null,0,null,null,null,null,null,null,null,null,null,null,null,null,null,null,null,null,null,null,null,null,null,null,null,null,null,null,null,null,null,null,null,null,null,null,null,null,null,null,null,null,null,null,null,null,null,null,null,null,null,null,null,null,null,null,null,null,null,null,null,null,null,null,null,null,null,null,null,null,null,null,null,null,null,null,null,null,null,null,null,null,null,null,null,null,null,null,null,null,"5F7-8","5F9-10",null,null,1,null,null,null,null,null,null,null,null,null,null,null,null,null,null,null,null,null,null,null,null,null,null,null,null,"5F11-12",null,null,1,null,null,null,null,null,null,null,null,null,null,null,null,null,null,"5F13-14-15",null,null,0,null,null,null,null,null,null,"5F13-14",null,null,null,null,1,"5F15-16",null,null,null,null,0,null,null,null,null,"5F15",1,null,null,null,null,"5F16",0,null,"5F16",null,null,null,1,null,null,null,null,"5F17-18",1,null,null,null,null,null,null,null,null,"5F19-20-21-22",null,1,null,null,null,null,null,null,null,null,null,null,null,null,null,null,null,null,null,null,null,null,null,null,null,null,null,null,null,null,"5F23-24",1]
[129,null,null,0,{"$f":"D124*$JF$124","v":0},0,"RYT",null,null,null,null,{"$f":"SUMIF('Control de Avance'!$C$15:$C$9589,'Prog. Semanal TER'!M124,'Control de Avance'!$B$15:$B$9589)","v":0},"Fabricar e instalar gatera",{"$f":"VLOOKUP(M124,'Act. Proyecto'!$I$3:$Q$881,2,FALSE)","v":"SOLDADOR"},{"$f":"VLOOKUP(M124,'Act. Proyecto'!$I$3:$Q$881,3,FALSE)","v":"un"},{"$f":"VLOOKUP(M124,'Act. Proyecto'!$I$3:$Q$881,4,FALSE)","v":1},{"$f":"VLOOKUP(M124,'Act. Proyecto'!$I$3:$Q$881,5,FALSE)","v":8600},8600,{"$f":"VLOOKUP(M124,'Act. Proyecto'!$I$3:$Q$881,7,FALSE)","v":"Edif"},{"$f":"SUMIF('Resumen Frentes Semanal'!$K$6:$K$64,'Prog. Semanal TER'!N124,'Resumen Frentes Semanal'!$M$6:$M$64)","v":63049},null,null,null,null,null,0,null,null,null,null,null,null,null,null,null,null,null,null,null,null,null,null,null,null,null,null,null,null,null,null,null,null,null,null,null,null,null,null,null,null,null,null,null,null,null,0,null,null,null,null,null,0,"F3-4",null,null,null,null,1,null,null,null,null,null,null,null,null,null,null,null,null,null,null,null,null,null,null,null,null,null,null,null,null,null,null,null,null,null,"F7-8",null,null,null,null,1,null,null,null,null,null,null,null,null,null,null,null,null,null,null,null,null,null,null,null,null,null,null,null,null,null,null,null,null,null,null,null,"F13-14",null,1,null,null,null,null,null,null,null,null,null,null,null,null,null,null,null,null,null,null,null,null,null,null,null,null,null,null,null,null,null,null,null,null,null,null,null,null,null,null,null,null,null,null,null,null,null,null,null,null,null,null,null,null,null,null,null,null,null,null,null,null,"F17-18",null,null,null,0,"F17-18",null,null,null,null,1,null,null,null,null,null,null,null,null,null,null,null,null,null,null,null,null,null,null,null,null,null,null,null,null,null,null,null,null,null,null,null,"F23-24",null,null,null,1]
[126,2,1,155962.77179487181,{"$f":"D125*$JF$125","v":155962.77179487181},{"$f":"(B125-C125)*R125","v":155962.77179487181},"RYT",null,null,null,null,{"$f":"SUMIF('Control de Avance'!$C$15:$C$9589,'Prog. Semanal TER'!M125,'Control de Avance'!$B$15:$B$9589)","v":1},"Techumbre",{"$f":"VLOOKUP(M125,'Act. Proyecto'!$I$3:$Q$881,2,FALSE)","v":"TECHUMBRE Y MEMBRANA"},{"$f":"VLOOKUP(M125,'Act. Proyecto'!$I$3:$Q$881,3,FALSE)","v":"m2"},{"$f":"VLOOKUP(M125,'Act. Proyecto'!$I$3:$Q$881,4,FALSE)","v":116.39012820512821},{"$f":"VLOOKUP(M125,'Act. Proyecto'!$I$3:$Q$881,5,FALSE)","v":1340},155962.77179487181,{"$f":"VLOOKUP(M125,'Act. Proyecto'!$I$3:$Q$881,7,FALSE)","v":"Frente"},{"$f":"SUMIF('Resumen Frentes Semanal'!$K$6:$K$64,'Prog. Semanal TER'!N125,'Resumen Frentes Semanal'!$M$6:$M$64)","v":69656},null,null,null,null,null,0,null,null,null,null,null,null,null,null,null,null,null,null,null,null,null,null,null,null,null,null,null,null,null,null,null,null,null,null,null,null,null,null,null,null,null,"5F1/4","5F1/4","5F1/4","5F1/4",1,"5F2.1","5F2.2",null,null,null,1,"5F3.1","5F3.2",null,"5F4.1","5F4.2",1,"5F5.1","5F5.2",null,null,1,"5F6.1","5F6.2",null,null,null,1,null,null,null,null,null,null,null,null,null,null,null,null,null,null,null,null,null,null,null,null,null,null,"5F7",1,"5F8",null,null,null,null,1,null,null,null,null,null,null,null,null,null,null,null,null,null,null,null,null,null,null,"5F9",null,null,1,null,null,"5F10",null,null,1,"5F11",null,null,null,null,1,null,null,null,null,null,null,null,null,null,null,null,0,"5F12",null,null,"5F13",null,0.5,null,null,null,null,null,1,"5F13",null,null,null,null,1,"5F14",null,null,null,null,1,null,null,null,null,null,null,null,null,"5F15/2","5F15/2",null,1,"5F16/2","5F16/2",null,null,null,1,null,null,null,null,null,"5F17/2","5F17/2","5F18/2","5F18/2",null,1,null,null,null,null,null,null,null,null,"5F19/2","5F19/2",null,0,"5F19",null,null,null,null,1,"5F20",null,null,null,null,1,null,null,null,null,null,null,"5F21/2","5F21/2",null,null,null,1,"5F22/3","5F22/3","5F22/3",null,null,0,"5F22/2","5F22/2",null,null,null,1,"5F23/2","5F23/2"]
[126,2,1,{"$f":"C126*$R126","v":12717},{"$f":"D126*$JF$126","v":12717},{"$f":"(B126-C126)*R126","v":12717},null,null,null,null,null,1,"Canal de techumbre",{"$f":"VLOOKUP(M126,'Act. Proyecto'!$I$3:$Q$881,2,FALSE)","v":"TECHUMBRE Y MEMBRANA"},{"$f":"VLOOKUP(M126,'Act. Proyecto'!$I$3:$Q$881,3,FALSE)","v":"ml"},{"$f":"VLOOKUP(M126,'Act. Proyecto'!$I$3:$Q$881,4,FALSE)","v":15.7},{"$f":"VLOOKUP(M126,'Act. Proyecto'!$I$3:$Q$881,5,FALSE)","v":810},{"$f":"IFERROR(P126*Q126,0)","v":12717},{"$f":"VLOOKUP(M126,'Act. Proyecto'!$I$3:$Q$881,7,FALSE)","v":"Frente"},{"$f":"SUMIF('Resumen Frentes Semanal'!$K$6:$K$64,'Prog. Semanal TER'!N126,'Resumen Frentes Semanal'!$M$6:$M$64)","v":69656},null,null,null,null,null,null,null,null,null,null,null,null,null,null,null,null,null,null,null,null,null,null,null,null,null,null,null,null,null,null,null,null,null,null,null,null,null,null,null,null,null,null,null,null,null,null,null,null,null,null,null,null,null,null,null,null,null,null,"5F1-2","5F3-4","5F5",null,1,"5F6.1","5F6.2",null,null,null,1,null,null,null,null,null,null,null,null,null,null,null,null,null,null,null,null,null,null,null,null,null,null,null,null,"5F7","5F8",null,null,"5F9",0.66669999999999996,null,null,null,null,null,null,null,null,null,null,null,null,null,null,null,null,null,null,"5F9",null,null,0,"5F9",null,"5F10",null,null,1,"5F11",null,null,null,null,1,null,null,null,null,null,null,null,null,null,null,null,0,"5F12",null,null,"5F13",null,0.5,null,null,null,null,null,1,"5F13",null,null,null,null,1,"5F14",null,null,null,null,1,null,null,null,null,null,null,null,null,"5F15/2","5F15/2",null,1,"5F16/2","5F16/2",null,null,null,1,null,null,null,null,null,"5F17/2","5F17/2","5F18/2","5F18/2",null,1,null,null,null,null,null,null,null,null,null,"5F19/2","5F19/2",0,null,"5F19",null,null,null,1,"5F20",null,null,null,null,1,null,null,null,null,null,null,"5F21/2","5F21/2",null,null,null,1,null,null,"5F22/3","5F22/3","5F22/3",0,null,"5F22/2","5F22/2",null,null,1,null,"5F23/2","5F23/2"]
[127,2,1,18622.420512820514,{"$f":"D127*$JF$127","v":18622.420512820514},18622.420512820514,"TERM",null,null,null,null,{"$f":"SUMIF('Control de Avance'!$C$15:$C$9589,'Prog. Semanal TER'!M127,'Control de Avance'!$B$15:$B$9589)","v":1},"Huinchas de membrana en uniones + imprimación",{"$f":"VLOOKUP(M127,'Act. Proyecto'!$I$3:$Q$881,2,FALSE)","v":"TECHUMBRE Y MEMBRANA"},{"$f":"VLOOKUP(M127,'Act. Proyecto'!$I$3:$Q$881,3,FALSE)","v":"m2"},{"$f":"VLOOKUP(M127,'Act. Proyecto'!$I$3:$Q$881,4,FALSE)","v":116.39012820512821},{"$f":"VLOOKUP(M127,'Act. Proyecto'!$I$3:$Q$881,5,FALSE)","v":160},18622.420512820514,{"$f":"VLOOKUP(M127,'Act. Proyecto'!$I$3:$Q$881,7,FALSE)","v":"Frente"},{"$f":"SUMIF('Resumen Frentes Semanal'!$K$6:$K$64,'Prog. Semanal TER'!N127,'Resumen Frentes Semanal'!$M$6:$M$64)","v":69656},null,null,null,null,null,0,null,null,null,null,null,null,null,null,null,null,null,null,null,null,null,null,null,null,null,null,null,null,null,null,null,null,null,null,null,null,null,null,null,null,null,null,null,null,"5F1",1,null,"5F2",null,null,null,1,null,"5F3.1","5F3.2",null,null,1,"5F4.1","5F4.2","5F5.1","5F5.2",1,null,"5F6.1","5F6.2",null,null,1,null,null,null,null,null,null,null,null,null,null,null,null,null,null,null,null,null,null,null,null,null,null,null,null,null,"5F7","5F8",null,null,1,null,null,null,null,null,null,null,null,null,null,null,null,null,null,null,null,null,null,null,"5F9",null,0,"5F9",null,null,"5F10",null,1,null,"5F11",null,null,null,1,null,null,null,null,null,null,null,null,null,null,null,0,null,"5F12",null,null,"5F13",0.5,null,null,null,null,null,1,null,"5F13",null,null,null,1,null,"5F14",null,null,null,1,null,null,null,null,null,null,null,null,null,null,"5F15",1,null,"5F16",null,null,null,1,null,null,null,null,null,null,null,null,null,null,0,"5F17",null,"5F18",null,null,1,null,null,null,null,null,null,null,null,"5F19",null,null,1,null,"5F20",null,null,null,1,null,null,null,null,null,null,null,null,"5F21",null,null,0,null,null,null,null,null,null,"5F21/2","5F21/2",null,null,null,1,null,null,"5F22/2","5F22/2"]
[127,1,0.5,1025,{"$f":"D128*$JF$128","v":1025},1025,"TERM",null,null,null,null,{"$f":"SUMIF('Control de Avance'!$C$15:$C$9589,'Prog. Semanal TER'!M128,'Control de Avance'!$B$15:$B$9589)","v":1},"Instalación manta gorro eólico 8\"",{"$f":"VLOOKUP(M128,'Act. Proyecto'!$I$3:$Q$881,2,FALSE)","v":"TECHUMBRE Y MEMBRANA"},{"$f":"VLOOKUP(M128,'Act. Proyecto'!$I$3:$Q$881,3,FALSE)","v":"uni"},{"$f":"VLOOKUP(M128,'Act. Proyecto'!$I$3:$Q$881,4,FALSE)","v":2},{"$f":"VLOOKUP(M128,'Act. Proyecto'!$I$3:$Q$881,5,FALSE)","v":1025},2050,{"$f":"VLOOKUP(M128,'Act. Proyecto'!$I$3:$Q$881,7,FALSE)","v":"Edif"},null,null,null,null,null,null,0,null,null,null,null,null,null,null,null,null,null,null,null,null,null,null,null,null,null,null,null,null,null,null,null,null,null,null,null,null,null,null,null,null,null,null,null,null,null,null,null,"F1","F2",null,null,null,1,null,null,"F3-4",null,null,1,null,null,null,"F5",1,null,"F6",null,null,null,1,null,null,null,null,null,null,null,null,null,null,null,null,null,null,null,null,null,null,null,null,null,null,null,null,null,"F7",null,"F8",null,0.5,"F8",null,null,null,null,1,null,null,null,null,null,null,null,null,null,null,null,null,null,"F9",null,0,"F9",null,null,"F10",null,1,null,null,"F11",null,null,1,null,null,null,null,null,null,null,null,null,null,null,0,null,null,"F12",null,"5F13",0.83330000000000004,null,null,null,null,null,1,null,null,"F13",null,null,1,null,null,"F14",null,null,1,null,null,null,null,null,null,null,null,null,null,"F15",1,null,"F16",null,null,null,1,null,null,null,null,null,null,null,null,null,null,0,"F17",null,null,"F18",null,1,null,null,null,null,null,null,null,null,"F19",null,null,1,null,"F20",null,null,null,1,null,null,null,null,null,null,null,null,"F21",null,null,0,null,null,null,null,null,null,"F21/2","F21/2",null,null,null,1,null,null,"F22/2","F22/2"]
[127,2,1,1026,{"$f":"D129*$JF$129","v":1026},1026,"RYT",null,null,null,null,{"$f":"SUMIF('Control de Avance'!$C$15:$C$9589,'Prog. Semanal TER'!M129,'Control de Avance'!$B$15:$B$9589)","v":1},"Instalación manta gorro chino 6\"",{"$f":"VLOOKUP(M129,'Act. Proyecto'!$I$3:$Q$881,2,FALSE)","v":"TECHUMBRE Y MEMBRANA"},{"$f":"VLOOKUP(M129,'Act. Proyecto'!$I$3:$Q$881,3,FALSE)","v":"uni"},{"$f":"VLOOKUP(M129,'Act. Proyecto'!$I$3:$Q$881,4,FALSE)","v":2},{"$f":"VLOOKUP(M129,'Act. Proyecto'!$I$3:$Q$881,5,FALSE)","v":513},1026,{"$f":"VLOOKUP(M129,'Act. Proyecto'!$I$3:$Q$881,7,FALSE)","v":"Frente"},{"$f":"SUMIF('Resumen Frentes Semanal'!$K$6:$K$64,'Prog. Semanal TER'!N129,'Resumen Frentes Semanal'!$M$6:$M$64)","v":69656},null,null,null,null,null,0,null,null,null,null,null,null,null,null,null,null,null,null,null,null,null,null,null,null,null,null,null,null,null,null,null,null,null,null,null,null,null,null,null,null,null,null,null,null,null,null,"5F1","5F2",null,null,null,1,null,"5F3.1","5F3.2",null,null,1,"5F4.1","5F4.2","5F5.1","5F5.2",1,null,"5F6.1","5F6.2",null,null,1,null,null,null,null,null,null,null,null,null,null,null,null,null,null,null,null,null,null,null,null,null,null,null,null,null,"5F7",null,"5F8",null,0.5,"5F8",null,null,null,null,1,null,null,null,null,null,null,null,null,null,null,null,null,null,null,"5F9",0,"5F9",null,null,"5F10",null,1,null,null,"5F11",null,null,1,null,null,null,null,null,null,null,null,null,null,null,0,null,null,"5F12",null,"5F13",0.5,null,null,null,null,null,1,null,null,"5F13",null,null,1,null,null,"5F14",null,null,1,null,null,null,null,null,null,null,null,null,null,"5F15",1,null,"5F16",null,null,null,1,null,null,null,null,null,null,null,null,null,null,0,"5F17",null,null,"5F18",null,1,null,null,null,null,null,null,null,null,"5F19",null,null,1,null,"5F20",null,null,null,1,null,null,null,null,null,null,null,null,"5F21",null,null,0,null,null,null,null,null,null,"5F21/2","5F21/2",null,null,null,1,null,null,"5F22/2","5F22/2"]
[128,2,1,109698.3,{"$f":"D130*$JF$130","v":109698.3},109698.3,"RYT",null,null,null,null,{"$f":"SUMIF('Control de Avance'!$C$15:$C$9589,'Prog. Semanal TER'!M130,'Control de Avance'!$B$15:$B$9589)","v":1},"Techo Membrana asfáltica",{"$f":"VLOOKUP(M130,'Act. Proyecto'!$I$3:$Q$881,2,FALSE)","v":"TECHUMBRE Y MEMBRANA"},{"$f":"VLOOKUP(M130,'Act. Proyecto'!$I$3:$Q$881,3,FALSE)","v":"m2"},{"$f":"VLOOKUP(M130,'Act. Proyecto'!$I$3:$Q$881,4,FALSE)","v":135.43},{"$f":"VLOOKUP(M130,'Act. Proyecto'!$I$3:$Q$881,5,FALSE)","v":810},109698.3,{"$f":"VLOOKUP(M130,'Act. Proyecto'!$I$3:$Q$881,7,FALSE)","v":"Frente"},{"$f":"SUMIF('Resumen Frentes Semanal'!$K$6:$K$64,'Prog. Semanal TER'!N130,'Resumen Frentes Semanal'!$M$6:$M$64)","v":69656},null,null,null,null,null,0,null,null,null,null,null,null,null,null,null,null,null,null,null,null,null,null,null,null,null,null,null,null,null,null,null,null,null,null,null,null,null,null,null,null,null,null,null,null,"5F1.1",0,"5F1","5F2",null,null,null,1,null,null,"5F3.1","5F3.2",null,1,null,"5F4.1","5F4.2","5F5.1",0.66669999999999996,"5F5.1","5F5.2","5F6.1","5F6.2",null,1,null,null,null,null,null,null,null,null,null,null,null,null,null,null,null,null,null,null,null,null,null,null,null,null,null,null,"5F7",null,"5F8.1",0.66669999999999996,null,"5F8",null,null,null,1,null,null,null,null,null,null,null,null,null,null,null,null,null,null,null,null,null,"5F9",null,null,null,1,null,null,null,"5F10",null,1,"5F11",null,null,null,null,1,null,null,null,null,null,0,null,null,null,"5F12",null,1,null,null,null,null,null,1,null,null,null,"5F13/2","5F13/2",1,null,null,null,"5F14/2","5F14/2",1,null,null,null,null,null,null,null,null,null,null,"5F15",1,null,null,"5F16/2","5F16/2",null,0,"5F16/2","5F16/2",null,null,1,null,null,null,null,null,0,"5F17/2","5F17/2",null,"5F18/2","5F18/2",0.5,"5F18/2","5F18/2",null,null,null,0,null,"5F18/2","5F18/2","5F19",null,1,null,"5F20/2","5F20/2",null,null,1,null,null,null,null,null,null,null,null,"5F21/2","5F21/2",null,0,null,null,null,null,null,null,null,"5F21/2","5F21/2",null,null,1,null,null,null,"5F22/2","5F22/2"]
[127,1,0.5,1025,{"$f":"D131*$JF$131","v":1025},1025,"RYT",null,null,null,null,{"$f":"SUMIF('Control de Avance'!$C$15:$C$9589,'Prog. Semanal TER'!M131,'Control de Avance'!$B$15:$B$9589)","v":1},"Instalación gorro eólico 8\"",{"$f":"VLOOKUP(M131,'Act. Proyecto'!$I$3:$Q$881,2,FALSE)","v":"TECHUMBRE Y MEMBRANA"},{"$f":"VLOOKUP(M131,'Act. Proyecto'!$I$3:$Q$881,3,FALSE)","v":"uni"},{"$f":"VLOOKUP(M131,'Act. Proyecto'!$I$3:$Q$881,4,FALSE)","v":2},{"$f":"VLOOKUP(M131,'Act. Proyecto'!$I$3:$Q$881,5,FALSE)","v":1025},2050,{"$f":"VLOOKUP(M131,'Act. Proyecto'!$I$3:$Q$881,7,FALSE)","v":"Edif"},{"$f":"SUMIF('Resumen Frentes Semanal'!$K$6:$K$64,'Prog. Semanal TER'!N131,'Resumen Frentes Semanal'!$M$6:$M$64)","v":69656},null,null,null,null,null,0,null,null,null,null,null,null,null,null,null,null,null,null,null,null,null,null,null,null,null,null,null,null,null,null,null,null,null,null,null,null,null,null,null,null,null,null,null,null,null,null,null,null,"F1","F2",null,1,null,null,null,null,"F3-4",1,null,null,null,"5F5.1",0,null,null,null,"F5","F6",1,null,null,null,null,null,null,null,null,null,null,null,null,null,null,null,null,null,null,null,null,null,null,null,null,null,null,null,"F7","F8",0.5,null,"F8",null,null,null,1,null,null,null,null,null,null,null,null,null,null,null,null,null,null,null,null,null,null,"F9",null,null,1,null,null,null,"F10",null,1,null,"F11",null,null,null,1,null,null,null,null,null,0,null,null,"F12",null,"5F13",0.83330000000000004,null,null,null,null,null,1,null,null,"F13",null,null,1,null,null,null,null,"F14",1,null,null,null,null,null,null,null,null,null,null,"F15",1,null,null,null,"F16",null,0,null,"F16",null,null,1,null,null,null,null,null,0,null,"F17",null,null,"F17",0.5,null,"F17",null,null,null,0,null,null,"F18","F19",null,1,null,null,"F20",null,null,1,null,null,null,null,null,null,null,null,null,"F21",null,0,null,null,null,null,null,null,null,"F21/2","F21/2",null,null,1,null,null,null,"F22/2","F22/2"]
[127,2,1,1026,{"$f":"D132*$JF$132","v":1026},1026,"RYT",null,null,null,null,{"$f":"SUMIF('Control de Avance'!$C$15:$C$9589,'Prog. Semanal TER'!M132,'Control de Avance'!$B$15:$B$9589)","v":1},"Instalación gorro chino 6\"",{"$f":"VLOOKUP(M132,'Act. Proyecto'!$I$3:$Q$881,2,FALSE)","v":"TECHUMBRE Y MEMBRANA"},{"$f":"VLOOKUP(M132,'Act. Proyecto'!$I$3:$Q$881,3,FALSE)","v":"uni"},{"$f":"VLOOKUP(M132,'Act. Proyecto'!$I$3:$Q$881,4,FALSE)","v":2},{"$f":"VLOOKUP(M132,'Act. Proyecto'!$I$3:$Q$881,5,FALSE)","v":513},1026,{"$f":"VLOOKUP(M132,'Act. Proyecto'!$I$3:$Q$881,7,FALSE)","v":"Frente"},{"$f":"SUMIF('Resumen Frentes Semanal'!$K$6:$K$64,'Prog. Semanal TER'!N132,'Resumen Frentes Semanal'!$M$6:$M$64)","v":69656},null,null,null,null,null,0,null,null,null,null,null,null,null,null,null,null,null,null,null,null,null,null,null,null,null,null,null,null,null,null,null,null,null,null,null,null,null,null,null,null,null,null,null,null,null,null,null,null,"5F1","5F2",null,1,null,null,null,null,"F3",0,"5F3","5F4.1","5F4.2","5F5.1",0.8,null,"5F5.1","5F5.2","5F6.1","5F6.2",1,null,null,null,null,null,null,null,null,null,null,null,null,null,null,null,null,null,null,null,null,null,null,null,null,null,null,null,"5F7","5F8",0.5,null,"5F8",null,null,null,1,null,null,null,null,null,null,null,null,null,null,null,null,null,null,null,null,null,null,"5F9",null,null,1,null,null,null,"5F10",null,1,null,"5F11",null,null,null,1,null,null,null,null,null,0,null,null,"5F12",null,"5F13",0.5,null,null,null,null,null,1,null,null,"5F13",null,null,1,null,null,null,null,"5F14",1,null,null,null,null,null,null,null,null,null,null,"5F15",1,null,null,null,"5F16",null,0,null,"5F16",null,null,1,null,null,null,null,null,0,null,"5F17",null,null,"5F18",0.5,null,"5F18",null,null,null,0,null,null,"5F18","5F19",null,1,null,null,"5F20",null,null,1,null,null,null,null,null,null,null,null,null,"5F21",null,0,null,null,null,null,null,null,null,"5F21/2","5F21/2",null,null,1,null,null,null,"5F22/2","5F22/2"]
[130,null,null,0,{"$f":"D133*$JF$133","v":0},0,"RYT",null,null,null,null,{"$f":"SUMIF('Control de Avance'!$C$15:$C$9589,'Prog. Semanal TER'!M133,'Control de Avance'!$B$15:$B$9589)","v":1},"Instalación mantas sobre shaft ducto convectivo",{"$f":"VLOOKUP(M133,'Act. Proyecto'!$I$3:$Q$881,2,FALSE)","v":"TECHUMBRE Y MEMBRANA"},{"$f":"VLOOKUP(M133,'Act. Proyecto'!$I$3:$Q$881,3,FALSE)","v":"uni"},{"$f":"VLOOKUP(M133,'Act. Proyecto'!$I$3:$Q$881,4,FALSE)","v":1.0833333333333333},{"$f":"VLOOKUP(M133,'Act. Proyecto'!$I$3:$Q$881,5,FALSE)","v":1230},1332.5,{"$f":"VLOOKUP(M133,'Act. Proyecto'!$I$3:$Q$881,7,FALSE)","v":"Frente"},{"$f":"SUMIF('Resumen Frentes Semanal'!$K$6:$K$64,'Prog. Semanal TER'!N133,'Resumen Frentes Semanal'!$M$6:$M$64)","v":69656},null,null,null,null,null,0]
[133,null,null,0,{"$f":"D134*$JF$134","v":0},0,"RYT",null,null,null,null,{"$f":"SUMIF('Control de Avance'!$C$15:$C$9589,'Prog. Semanal TER'!M134,'Control de Avance'!$B$15:$B$9589)","v":1},"Forrar chimenea solar c/mica acrílica",{"$f":"VLOOKUP(M134,'Act. Proyecto'!$I$3:$Q$881,2,FALSE)","v":"TECHUMBRE Y MEMBRANA"},{"$f":"VLOOKUP(M134,'Act. Proyecto'!$I$3:$Q$881,3,FALSE)","v":"cu"},{"$f":"VLOOKUP(M134,'Act. Proyecto'!$I$3:$Q$881,4,FALSE)","v":1.0833333333333333},{"$f":"VLOOKUP(M134,'Act. Proyecto'!$I$3:$Q$881,5,FALSE)","v":8650},9370.8333333333321,{"$f":"VLOOKUP(M134,'Act. Proyecto'!$I$3:$Q$881,7,FALSE)","v":"Frente"},{"$f":"SUMIF('Resumen Frentes Semanal'!$K$6:$K$64,'Prog. Semanal TER'!N134,'Resumen Frentes Semanal'!$M$6:$M$64)","v":69656},null,null,null,null,null,0]
[134,4,4,6480,{"$f":"D135*$JF$135","v":6480},0,"RYT",null,null,null,null,{"$f":"SUMIF('Control de Avance'!$C$15:$C$9589,'Prog. Semanal TER'!M135,'Control de Avance'!$B$15:$B$9589)","v":1},"Tapar abertura de andamios colgantes",{"$f":"VLOOKUP(M135,'Act. Proyecto'!$I$3:$Q$881,2,FALSE)","v":"TECHUMBRE Y MEMBRANA"},{"$f":"VLOOKUP(M135,'Act. Proyecto'!$I$3:$Q$881,3,FALSE)","v":"cu"},{"$f":"VLOOKUP(M135,'Act. Proyecto'!$I$3:$Q$881,4,FALSE)","v":1},{"$f":"VLOOKUP(M135,'Act. Proyecto'!$I$3:$Q$881,5,FALSE)","v":1620},1620,{"$f":"VLOOKUP(M135,'Act. Proyecto'!$I$3:$Q$881,7,FALSE)","v":"Frente"},{"$f":"SUMIF('Resumen Frentes Semanal'!$K$6:$K$64,'Prog. Semanal TER'!N135,'Resumen Frentes Semanal'!$M$6:$M$64)","v":69656},null,null,null,null,null,0,null,null,null,null,null,null,null,null,null,null,null,null,null,null,null,null,null,null,null,null,null,null,null,null,null,null,null,null,null,null,null,null,null,null,null,null,null,null,null,null,null,null,null,null,null,null,null,null,null,null,null,null,null,null,null,null,null,null,null,null,null,null,null,null,null,null,null,null,null,null,null,null,null,null,null,null,null,null,null,null,null,null,null,null,null,null,null,null,null,null,null,null,null,null,null,null,null,null,null,null,null,null,null,null,null,null,null,null,null,null,null,null,null,null,null,null,null,null,null,null,null,null,null,null,null,null,null,null,null,null,null,null,null,null,null,null,null,null,null,null,null,null,null,null,null,null,null,null,null,null,null,null,null,null,null,null,null,null,null,null,null,null,null,null,null,null,null,null,null,null,null,null,null,null,null,null,null,null,null,null,null,null,null,null,null,null,null,null,null,null,null,null,null,null,null,null,null,null,null,null,null,null,null,null,null,null,null,null,null,null,null,null,null,null,null,null,null,null,null,null,null,null,null,null,null,null,null,null,null,null,null,null,null,null,"5F1-2","5F5-6",null,null,null,1]
[134,null,null,0,{"$f":"D136*$JF$136","v":0},0,"RYT",null,null,null,null,{"$f":"SUMIF('Control de Avance'!$C$15:$C$9589,'Prog. Semanal TER'!M136,'Control de Avance'!$B$15:$B$9589)","v":1},"Remate de ductos de telecomunicaciones, \"cacho paragüas\"",{"$f":"VLOOKUP(M136,'Act. Proyecto'!$I$3:$Q$881,2,FALSE)","v":"ADMINISTRACIÓN"},{"$f":"VLOOKUP(M136,'Act. Proyecto'!$I$3:$Q$881,3,FALSE)","v":"cu"},{"$f":"VLOOKUP(M136,'Act. Proyecto'!$I$3:$Q$881,4,FALSE)","v":3},{"$f":"VLOOKUP(M136,'Act. Proyecto'!$I$3:$Q$881,5,FALSE)","v":0},0,{"$f":"VLOOKUP(M136,'Act. Proyecto'!$I$3:$Q$881,7,FALSE)","v":"Edif"},{"$f":"SUMIF('Resumen Frentes Semanal'!$K$6:$K$64,'Prog. Semanal TER'!N136,'Resumen Frentes Semanal'!$M$6:$M$64)","v":0},null,null,null,null,null,0]
[134,2,1,{"$f":"C137*$R137","v":54281},{"$f":"D137*$JF$137","v":54281},{"$f":"(B137-C137)*R137","v":54281},"RYT",null,null,null,null,{"$f":"SUMIF('Control de Avance'!$C$15:$C$9589,'Prog. Semanal TER'!M137,'Control de Avance'!$B$15:$B$9589)","v":0},"Fabricación y pintado de parrilla telecom",{"$f":"VLOOKUP(M137,'Act. Proyecto'!$I$3:$Q$881,2,FALSE)","v":"SOLDADOR"},{"$f":"VLOOKUP(M137,'Act. Proyecto'!$I$3:$Q$881,3,FALSE)","v":"cu"},{"$f":"VLOOKUP(M137,'Act. Proyecto'!$I$3:$Q$881,4,FALSE)","v":1},{"$f":"VLOOKUP(M137,'Act. Proyecto'!$I$3:$Q$881,5,FALSE)","v":54281},54281,{"$f":"VLOOKUP(M137,'Act. Proyecto'!$I$3:$Q$881,7,FALSE)","v":"Edif"},{"$f":"SUMIF('Resumen Frentes Semanal'!$K$6:$K$64,'Prog. Semanal TER'!N137,'Resumen Frentes Semanal'!$M$6:$M$64)","v":63049},null,null,null,null,null,0,null,null,null,null,null,null,null,null,null,null,null,null,null,null,null,null,null,null,null,null,null,null,null,null,null,null,null,null,null,null,null,null,null,null,null,null,null,null,null,null,null,null,null,null,null,null,null,null,null,null,null,null,null,null,null,null,null,null,null,null,null,null,null,null,null,null,null,null,null,null,null,null,null,null,null,null,null,null,null,null,null,null,null,null,null,null,null,null,null,null,null,null,null,null,null,"F1-2","F3-4",null,0,null,null,null,null,null,null,null,null,null,null,null,null,null,null,null,null,"F1-2","F3-4","F5-6",null,null,1,null,null,null,null,null,null,null,null,null,null,null,null,null,null,null,null,null,null,null,null,null,null,null,null,null,null,null,null,null,null,null,null,null,null,null,null,null,null,null,null,null,null,"F1-2-3-4",null,null,null,null,1,null,null,null,"F5-6","F7-8",0.5,null,null,null,null,null,null,null,null,null,null,null,null,null,null,null,"F7-8",1,null,"F9-10","F11-12",null,null,1,null,null,null,null,null,null,null,null,null,null,null,null,null,null,null,null,null,null,null,null,null,null,null,null,null,null,null,null,null,null,null,null,null,"F17-18","F19-20",1,null,null,null,null,"F21-22",1,"F23-24"]
[134,null,null,0,{"$f":"D138*$JF$138","v":0},0,"RYT",null,null,null,null,{"$f":"SUMIF('Control de Avance'!$C$15:$C$9589,'Prog. Semanal TER'!M138,'Control de Avance'!$B$15:$B$9589)","v":1},"Instalación de pararrayos",{"$f":"VLOOKUP(M138,'Act. Proyecto'!$I$3:$Q$881,2,FALSE)","v":"ADMINISTRACIÓN"},{"$f":"VLOOKUP(M138,'Act. Proyecto'!$I$3:$Q$881,3,FALSE)","v":"cu"},{"$f":"VLOOKUP(M138,'Act. Proyecto'!$I$3:$Q$881,4,FALSE)","v":1},{"$f":"VLOOKUP(M138,'Act. Proyecto'!$I$3:$Q$881,5,FALSE)","v":0},0,{"$f":"VLOOKUP(M138,'Act. Proyecto'!$I$3:$Q$881,7,FALSE)","v":"Edif"},{"$f":"SUMIF('Resumen Frentes Semanal'!$K$6:$K$64,'Prog. Semanal TER'!N138,'Resumen Frentes Semanal'!$M$6:$M$64)","v":0},null,null,null,null,null,0]
[135,null,null,0,{"$f":"D139*$JF$139","v":0},0,"TERM",null,null,null,null,{"$f":"SUMIF('Control de Avance'!$C$15:$C$9589,'Prog. Semanal TER'!M139,'Control de Avance'!$B$15:$B$9589)","v":1},"Instalación forro hojalatería corona",{"$f":"VLOOKUP(M139,'Act. Proyecto'!$I$3:$Q$881,2,FALSE)","v":"TECHUMBRE Y MEMBRANA"},{"$f":"VLOOKUP(M139,'Act. Proyecto'!$I$3:$Q$881,3,FALSE)","v":"ml"},{"$f":"VLOOKUP(M139,'Act. Proyecto'!$I$3:$Q$881,4,FALSE)","v":36.171296296296298},{"$f":"VLOOKUP(M139,'Act. Proyecto'!$I$3:$Q$881,5,FALSE)","v":750},{"$f":"IFERROR(P139*Q139,0)","v":27128.472222222223},{"$f":"VLOOKUP(M139,'Act. Proyecto'!$I$3:$Q$881,7,FALSE)","v":"Frente"},{"$f":"SUMIF('Resumen Frentes Semanal'!$K$6:$K$64,'Prog. Semanal TER'!N139,'Resumen Frentes Semanal'!$M$6:$M$64)","v":69656},null,null,null,null,null,0]
[136,null,null,0,{"$f":"D140*$JF$140","v":0},0,"TERM",null,null,null,null,{"$f":"SUMIF('Control de Avance'!$C$15:$C$9589,'Prog. Semanal TER'!M140,'Control de Avance'!$B$15:$B$9589)","v":0},"TREN RASGO Y TRASLADO MATERIALES",{"$f":"VLOOKUP(M140,'Act. Proyecto'!$I$3:$Q$881,2,FALSE)","v":"."},{"$f":"VLOOKUP(M140,'Act. Proyecto'!$I$3:$Q$881,3,FALSE)","v":"."},{"$f":"VLOOKUP(M140,'Act. Proyecto'!$I$3:$Q$881,4,FALSE)","v":0},{"$f":"VLOOKUP(M140,'Act. Proyecto'!$I$3:$Q$881,5,FALSE)","v":"."},0,{"$f":"VLOOKUP(M140,'Act. Proyecto'!$I$3:$Q$881,7,FALSE)","v":"."},{"$f":"SUMIF('Resumen Frentes Semanal'!$K$6:$K$64,'Prog. Semanal TER'!N140,'Resumen Frentes Semanal'!$M$6:$M$64)","v":0},null,null,null,null,null,0]
[134,5,0,{"$f":"C141*$R141","v":0},{"$f":"D141*$JF$141","v":0},{"$f":"(B141-C141)*R141","v":76875},"RYT",null,null,null,null,0,"Subir e instalar parrilla telecom","SOLDADOR",{"$f":"VLOOKUP(M141,'Act. Proyecto'!$I$3:$Q$881,3,FALSE)","v":"cu"},{"$f":"VLOOKUP(M141,'Act. Proyecto'!$I$3:$Q$881,4,FALSE)","v":1},{"$f":"VLOOKUP(M141,'Act. Proyecto'!$I$3:$Q$881,5,FALSE)","v":15375},15375,{"$f":"VLOOKUP(M141,'Act. Proyecto'!$I$3:$Q$881,7,FALSE)","v":"Edif"},{"$f":"SUMIF('Resumen Frentes Semanal'!$K$6:$K$64,'Prog. Semanal TER'!N141,'Resumen Frentes Semanal'!$M$6:$M$64)","v":63049},"F1-2","F3-4","F5-6",null,null,1,null,null,null,null,null,null,null,null,null,null,null,null,null,null,null,null,null,null,null,null,null,null,null,null,null,null,null,null,null,null,null,null,null,null,null,null,null,null,null,null,null,null,null,null,null,null,null,null,null,null,null,null,null,null,null,null,null,null,null,null,null,null,null,null,null,null,null,null,null,null,null,null,null,null,null,null,null,null,null,null,null,null,null,null,null,null,null,null,null,null,null,null,null,null,null,null,null,null,null,null,null,null,null,null,null,null,null,null,null,null,null,null,null,null,null,"F1-2","F3-4","F5-6",null,null,0.33329999999999999,null,null,null,null,null,null,null,null,null,null,null,null,null,null,null,null,null,null,null,null,null,null,null,null,null,null,null,null,null,null,null,null,null,null,null,null,null,null,null,null,null,null,null,null,null,null,null,null,null,null,null,null,null,null,null,null,null,null,null,null,null,null,null,null,null,null,null,null,null,null,null,null,null,null,null,null,null,null,null,null,null,null,null,null,null,null,null,null,null,null,null,null,null,null,null,null,null,null,null,null,null,null,null,null,null,null,null,null,null,null,null,null,null,null,null,null,null,null,null,null,null,null,null,"F1-2-3-4-5-6-7-8-9-10"]
[137,10,10,71553.000000000015,{"$f":"D142*$JF$142","v":71553.000000000015},0,"TERM",null,null,null,null,{"$f":"SUMIF('Control de Avance'!$C$15:$C$9589,'Prog. Semanal TER'!M142,'Control de Avance'!$B$15:$B$9589)","v":1},"Fabricar baranda terraza  tipo",{"$f":"VLOOKUP(M142,'Act. Proyecto'!$I$3:$Q$881,2,FALSE)","v":"SOLDADOR"},{"$f":"VLOOKUP(M142,'Act. Proyecto'!$I$3:$Q$881,3,FALSE)","v":"ml"},{"$f":"VLOOKUP(M142,'Act. Proyecto'!$I$3:$Q$881,4,FALSE)","v":3.9100000000000006},{"$f":"VLOOKUP(M142,'Act. Proyecto'!$I$3:$Q$881,5,FALSE)","v":1830},7155.3000000000011,{"$f":"VLOOKUP(M142,'Act. Proyecto'!$I$3:$Q$881,7,FALSE)","v":"Depto"},{"$f":"SUMIF('Resumen Frentes Semanal'!$K$6:$K$64,'Prog. Semanal TER'!N142,'Resumen Frentes Semanal'!$M$6:$M$64)","v":63049},null,null,null,null,null,0,null,null,null,null,null,null,"1F1-2","2F1-2","3F1-2",null,null,1,null,"4F1-2","5F1-2",null,1,"5-4F3-4","3-2F3-4","1F3-4",null,null,1,"5F5-6","4F5-6",null,null,null,1,null,"3F5-6","2F5-6",null,0,null,null,null,null,null,null,null,null,null,null,null,null,null,null,null,null,null,null,"3F5-6","2F5-6",null,null,1,null,null,null,null,null,null,null,null,null,null,null,null,null,null,null,null,null,0,"5F7-8","4F7-8","3F7-8","2F7-8",null,0.25,"4-3-2F7-8",null,null,null,null,1,null,null,null,null,null,null,"5F9","5F10","4F9","4F10",null,1,null,null,null,null,null,null,null,null,null,null,"1F7-8","3F9-10","2F9-10","1F9-10",null,1,null,null,null,null,null,null,null,null,null,null,null,null,"5-4F11-12","3F11-12",null,null,null,1,"2F11-12","1F11","1F12.1",null,null,1,null,"1F3-4","5F13-14",null,null,1,"4-3-2-1F13-14",null,null,null,null,1,null,null,"5-4-3-2-1F15",null,null,0,"5-4-3-2-1F15",null,null,null,null,1,null,null,"5-4-3F16",null,null,1,"2-1F16",null,null,null,null,1,"5-4-3-2-1F17-18",null,null,null,null,1,null,null,null,null,null,null,null,null,null,null,null,"1F1",null,null,"5-4-3F19-20",null,1,null,null,null,null,null,null,"2-1F19-20",null,"5-4-3-2-1F21-22",null,null,0,null,"2-1F19-20",null,null,null,1,null,null,null,null,"5-4F21-22",1,null,null,"3-2F21-22",null,null,1,null,null,"1F21","1F22",null,0.5,"1F22",null,"5-4F23-24",null,null,1]
[153,10,10,16308.609999999999,{"$f":"D143*$JF$143","v":16308.609999999999},0,"TERM",null,null,null,null,{"$f":"SUMIF('Control de Avance'!$C$15:$C$9589,'Prog. Semanal TER'!M143,'Control de Avance'!$B$15:$B$9589)","v":1},"Primera mano anticorrosivo baranda terraza tipo",{"$f":"VLOOKUP(M143,'Act. Proyecto'!$I$3:$Q$881,2,FALSE)","v":"SOLDADOR"},{"$f":"VLOOKUP(M143,'Act. Proyecto'!$I$3:$Q$881,3,FALSE)","v":"m2"},{"$f":"VLOOKUP(M143,'Act. Proyecto'!$I$3:$Q$881,4,FALSE)","v":7.585399999999999},{"$f":"VLOOKUP(M143,'Act. Proyecto'!$I$3:$Q$881,5,FALSE)","v":215},1630.8609999999999,{"$f":"VLOOKUP(M143,'Act. Proyecto'!$I$3:$Q$881,7,FALSE)","v":"Depto"},{"$f":"SUMIF('Resumen Frentes Semanal'!$K$6:$K$64,'Prog. Semanal TER'!N143,'Resumen Frentes Semanal'!$M$6:$M$64)","v":63049},null,null,null,null,null,0,null,null,null,null,null,null,null,null,null,"1-2-3F1-2",null,0,"1-2-3F1-2",null,"4-5F1-2",null,0.6,"4-5F1-2",null,"5-4-3-2-1F3-4",null,null,1,null,"5F5-6","4F5-6",null,null,1,null,null,"3F5-6","2F5-6",0,null,null,null,null,null,null,null,null,null,null,null,null,null,null,null,null,null,null,"3F5-6","2F5-6",null,null,0,null,null,null,null,null,null,null,null,"3F5","3F6",null,1,null,null,"2F5","2F6",null,1,null,null,null,"5-4F7-8","3-2F7-8",0,null,"5F7-8","4F7-8","3F7-8","2F7-8",1,null,null,null,null,null,null,null,null,null,null,null,null,"5F9-10","4F9-10",null,1,null,null,null,null,null,null,null,null,"1F7-8","3-2-1F9-10",null,1,null,null,null,null,null,null,null,null,null,null,null,null,"5-4F11-12","3F11-12",null,null,null,1,"2F11-12","1F11","1F12.1",null,null,1,null,"1F3-4","5F13-14",null,null,1,null,"4-3-2-1F13-14",null,null,null,1,null,null,null,"5-4-3-2-1F15",null,0,null,"5-4-3-2-1F15",null,null,null,1,null,null,"5-4-3F16",null,null,1,"2-1F16",null,null,null,null,1,null,"5-4-3-2F17-18",null,null,null,0,"5-4-3-2-1F17-18",null,null,null,1,null,null,null,null,null,null,"1F1",null,null,null,null,1,null,null,null,null,null,null,null,null,null,null,null,null,"5-4F19-20",null,null,"3-2-1F19-20",null,1,null,null,null,null,null,null,null,null,"5-4-3-2F21-22",null,null,1,null,null,"1F21","1F22",null,0.5,"1F22",null,"5-4F23-24",null,null,1]
[156,10,10,16308.609999999999,{"$f":"D144*$JF$144","v":16308.609999999999},0,"TERM",null,null,null,null,{"$f":"SUMIF('Control de Avance'!$C$15:$C$9589,'Prog. Semanal TER'!M144,'Control de Avance'!$B$15:$B$9589)","v":1},"Segunda mano anticorrosivo baranda terraza tipo",{"$f":"VLOOKUP(M144,'Act. Proyecto'!$I$3:$Q$881,2,FALSE)","v":"SOLDADOR"},{"$f":"VLOOKUP(M144,'Act. Proyecto'!$I$3:$Q$881,3,FALSE)","v":"m2"},{"$f":"VLOOKUP(M144,'Act. Proyecto'!$I$3:$Q$881,4,FALSE)","v":7.585399999999999},{"$f":"VLOOKUP(M144,'Act. Proyecto'!$I$3:$Q$881,5,FALSE)","v":215},1630.8609999999999,{"$f":"VLOOKUP(M144,'Act. Proyecto'!$I$3:$Q$881,7,FALSE)","v":"Depto"},{"$f":"SUMIF('Resumen Frentes Semanal'!$K$6:$K$64,'Prog. Semanal TER'!N144,'Resumen Frentes Semanal'!$M$6:$M$64)","v":63049},null,null,null,null,null,0,null,null,null,null,null,null,null,null,null,"1-2-3F1-2",null,0,"1-2-3F1-2",null,"4-5F1-2",null,0.6,"4-5F1-2",null,"5-4-3-2-1F3-4",null,null,1,null,"5F5-6","4F5-6",null,null,1,null,null,"3F5-6","2F5-6",0,null,null,null,null,null,null,null,null,null,null,null,null,null,null,null,null,null,null,null,"3F5-6","2F5-6",null,0,null,null,null,null,null,null,null,null,"3F5","3F6",null,1,null,null,"2F5","2F6",null,1,null,null,null,"5-4F7-8","3-2F7-8",0,null,"5F7-8","4F7-8","3F7-8","2F7-8",1,null,null,null,null,null,null,null,null,null,null,null,null,"5F9-10","4F9-10",null,1,null,null,null,null,null,null,null,null,"1F7-8","3-2-1F9-10",null,1,null,null,null,null,null,null,null,null,null,null,null,null,"5-4F11-12","3F11-12",null,null,null,1,"2F11-12","1F11","1F12.1",null,null,1,null,"1F3-4","5F13-14",null,null,1,null,"4-3-2-1F13-14",null,null,null,1,null,null,null,"5-4-3-2-1F15",null,0,null,"5-4-3-2-1F15",null,null,null,1,null,null,"5-4-3F16",null,null,1,"2-1F16",null,null,null,null,1,null,"5-4-3-2F17-18",null,null,null,0,"5-4-3-2-1F17-18",null,null,null,1,null,null,null,null,null,null,"1F1",null,null,null,null,1,null,null,null,null,null,null,null,null,null,null,null,null,"5-4F19-20",null,null,"3-2-1F19-20",null,1,null,null,null,null,null,null,null,null,"5-4-3-2F21-22",null,null,1,null,null,"1F21","1F22",null,0.5,"1F22",null,"5-4F23-24",null,null,1]
[159,10,10,16308.609999999999,{"$f":"D145*$JF$145","v":16308.609999999999},0,"TERM",null,null,null,null,{"$f":"SUMIF('Control de Avance'!$C$15:$C$9589,'Prog. Semanal TER'!M145,'Control de Avance'!$B$15:$B$9589)","v":1},"Primera mano esmalte baranda terraza tipo",{"$f":"VLOOKUP(M145,'Act. Proyecto'!$I$3:$Q$881,2,FALSE)","v":"SOLDADOR"},{"$f":"VLOOKUP(M145,'Act. Proyecto'!$I$3:$Q$881,3,FALSE)","v":"m2"},{"$f":"VLOOKUP(M145,'Act. Proyecto'!$I$3:$Q$881,4,FALSE)","v":7.585399999999999},{"$f":"VLOOKUP(M145,'Act. Proyecto'!$I$3:$Q$881,5,FALSE)","v":215},1630.8609999999999,{"$f":"VLOOKUP(M145,'Act. Proyecto'!$I$3:$Q$881,7,FALSE)","v":"Depto"},{"$f":"SUMIF('Resumen Frentes Semanal'!$K$6:$K$64,'Prog. Semanal TER'!N145,'Resumen Frentes Semanal'!$M$6:$M$64)","v":63049},null,null,null,null,null,0,null,null,null,null,null,null,null,null,null,null,"1-2-3F1-2",0,null,"1-2-3F1-2",null,"4-5F1-2",0,null,null,null,null,null,null,null,null,null,null,null,null,null,null,null,null,null,null,"3F1","3F2","2F1","2F2",1,null,null,null,null,null,0,"5-4F3-4","3F3","3F3.1",null,null,1,"5F5-6","4F5-6","3F5.1","3F6",0.81820000000000004,"3F5.2","3F6","2F5-6",null,null,0,null,null,"3F5","3F6",null,1,null,null,"2F5","2F6",null,1,null,null,null,"5-4F7-8","3-2F7-8",0,null,"5F7-8","4F7-8","3F7-8","2F7-8",1,null,null,null,null,null,null,null,null,null,null,null,null,"5F9-10","4F9-10",null,1,null,null,null,null,null,null,null,null,"1F7-8","3-2-1F9-10",null,1,null,null,null,null,null,null,null,null,null,null,null,null,"5-4F11-12","3F11-12",null,null,null,1,"2F11-12","1F11","1F12.1",null,null,1,null,"1F3-4","5F13-14",null,null,1,null,"4-3-2-1F13-14",null,null,null,1,null,null,null,"5-4-3-2-1F15",null,0,null,"5-4-3-2-1F15",null,null,null,1,null,null,"5-4-3F16",null,null,1,"2-1F16",null,null,null,null,1,null,"5-4-3-2F17-18",null,null,null,0,"5-4-3-2-1F17-18",null,null,null,1,null,null,null,null,null,null,"1F1",null,null,null,null,1,null,null,null,null,null,null,null,null,null,null,null,null,"5-4F19-20",null,null,"3-2-1F19-20",null,1,null,null,null,null,null,null,null,null,"5-4-3-2F21-22",null,null,1,null,null,"1F21","1F22",null,0.5,"1F22",null,"5-4F23-24",null,null,1]
[169,18,10,61973.500000000015,{"$f":"D146*$JF$146","v":12394.700000000004},49578.80000000001,"TERM",null,null,null,null,{"$f":"SUMIF('Control de Avance'!$C$15:$C$9589,'Prog. Semanal TER'!M146,'Control de Avance'!$B$15:$B$9589)","v":1},"Traslado e instalación baranda terraza tipo",{"$f":"VLOOKUP(M146,'Act. Proyecto'!$I$3:$Q$881,2,FALSE)","v":"SOLDADOR"},{"$f":"VLOOKUP(M146,'Act. Proyecto'!$I$3:$Q$881,3,FALSE)","v":"ml"},{"$f":"VLOOKUP(M146,'Act. Proyecto'!$I$3:$Q$881,4,FALSE)","v":3.9100000000000006},{"$f":"VLOOKUP(M146,'Act. Proyecto'!$I$3:$Q$881,5,FALSE)","v":1585},6197.3500000000013,{"$f":"VLOOKUP(M146,'Act. Proyecto'!$I$3:$Q$881,7,FALSE)","v":"Depto"},{"$f":"SUMIF('Resumen Frentes Semanal'!$K$6:$K$64,'Prog. Semanal TER'!N146,'Resumen Frentes Semanal'!$M$6:$M$64)","v":63049},null,null,null,null,null,0,null,null,null,null,null,null,null,null,null,null,null,null,null,null,null,null,null,null,null,null,null,null,null,null,null,null,null,null,null,null,null,null,null,null,"5F1","5F2","4F1-2","3F1-2","2F1-2",1,null,null,null,null,null,0,null,"5-4-3-2F3-4",null,null,null,1,null,null,"5-4F5-6","3F5",0.2,"5-4F5-6","3F5.1",null,"2F5-6",null,0.69230000000000003,null,null,"3F6.2","2F5","2F6",0,null,null,"3F6.2","2F5","2F6",1,null,null,null,null,null,null,null,null,null,"5-4F7-8","3-2F7-8",0.5,"3-2F7-8",null,null,null,null,1,null,null,null,null,null,null,null,"5F9-10","4F9-10",1,null,null,null,null,null,null,null,null,"1F5-6","1F7","1F8.1",1,"3-2F9-10","1F9","1F8.1",null,null,1,null,null,null,null,null,null,null,null,"5-4-3F11-12",null,null,0,null,"5-4-3-2F11-12",null,null,null,1,null,null,"1F3-4","5F13-14",null,1,null,null,"4-3-2F13-14",null,null,1,"1F13-14",null,null,null,null,1,null,null,"5-4F15","3F15",null,0.66669999999999996,"3-2-1F15",null,null,"5F16","4-3F16",0.66669999999999996,null,"4-3-2-1F16",null,null,null,1,null,null,"5-4-3-2F17-18",null,null,0,null,"5-4-3-2-1F17-18",null,null,1,null,null,null,null,null,null,null,"1F1-2",null,null,null,1,null,null,null,null,null,null,null,null,null,null,null,null,"5-4F19-20",null,null,null,"3-2-1F19-20",1,null,null,null,null,null,null,null,null,null,"5-4-3-2F21-22",null,1,null,null,null,"1F21","1F22",0.5,null,"1F22",null,"5-4F23-24",null,0.2,"5-4F23-24"]
[176,18,10,2700,{"$f":"D147*$JF$147","v":540},2160,"TERM",null,null,null,null,{"$f":"SUMIF('Control de Avance'!$C$15:$C$9589,'Prog. Semanal TER'!M147,'Control de Avance'!$B$15:$B$9589)","v":1},"Protección film baranda terraza",{"$f":"VLOOKUP(M147,'Act. Proyecto'!$I$3:$Q$881,2,FALSE)","v":"SOLDADOR"},{"$f":"VLOOKUP(M147,'Act. Proyecto'!$I$3:$Q$881,3,FALSE)","v":"un"},{"$f":"VLOOKUP(M147,'Act. Proyecto'!$I$3:$Q$881,4,FALSE)","v":1},{"$f":"VLOOKUP(M147,'Act. Proyecto'!$I$3:$Q$881,5,FALSE)","v":270},270,{"$f":"VLOOKUP(M147,'Act. Proyecto'!$I$3:$Q$881,7,FALSE)","v":"Depto"},{"$f":"SUMIF('Resumen Frentes Semanal'!$K$6:$K$64,'Prog. Semanal TER'!N147,'Resumen Frentes Semanal'!$M$6:$M$64)","v":63049},null,null,null,null,null,0,null,null,null,null,null,null,null,null,null,null,null,null,null,null,null,null,null,null,null,null,null,null,null,null,null,null,null,null,null,null,null,null,null,null,"5F1","5F2","4F1-2","3F1-2","2F1-2",1,null,null,null,null,null,0,null,"5-4-3-2F3-4",null,null,null,1,null,null,"5-4F5-6","3F5",0,"5-4-3F5-6",null,null,"2F5-6",null,0,"5-4F5-6","3F5","3F6","2F5","2F6",0,null,null,"5-4-3F5-6","2F5","2F6",1,null,null,null,null,null,null,null,null,null,"5-4F7-8","3-2F7-8",0.5,"3-2F7-8",null,null,null,null,1,null,null,null,null,null,null,null,"5F9-10","4F9-10",1,null,null,null,null,null,null,null,null,"1F5-6","1F7","1F8.1",1,"3-2F9-10","1F9","1F8.1",null,null,1,null,null,null,null,null,null,null,null,"5-4-3F11-12",null,null,0,null,"5-4-3-2F11-12",null,null,null,1,null,null,"1F3-4","5F13-14",null,1,null,null,"4-3-2F13-14",null,null,1,"1F13-14",null,null,null,null,1,null,null,"5-4F15","3F15",null,0.66669999999999996,"3-2-1F15",null,null,"5F16","4-3F16",0.66669999999999996,null,"4-3-2-1F16",null,null,null,1,null,null,"5-4-3-2F17-18",null,null,0,null,"5-4-3-2-1F17-18",null,null,1,null,null,null,null,null,null,null,"1F1-2",null,null,null,1,null,null,null,null,null,null,null,null,null,null,null,null,"5-4F19-20",null,null,null,"3-2-1F19-20",1,null,null,null,null,null,null,null,null,null,"5-4-3-2F21-22",null,1,null,null,null,"1F21","1F22",0.5,null,"1F22",null,"5-4F23-24",null,0.2,"5-4F23-24"]
[165,null,null,0,{"$f":"D148*$JF$148","v":0},0,"TERM",null,null,null,null,{"$f":"SUMIF('Control de Avance'!$C$15:$C$9589,'Prog. Semanal TER'!M148,'Control de Avance'!$B$15:$B$9589)","v":1},"Traslado material Volcapol",{"$f":"VLOOKUP(M148,'Act. Proyecto'!$I$3:$Q$881,2,FALSE)","v":"LIMPIEZA Y TRASLADO"},{"$f":"VLOOKUP(M148,'Act. Proyecto'!$I$3:$Q$881,3,FALSE)","v":"depto"},{"$f":"VLOOKUP(M148,'Act. Proyecto'!$I$3:$Q$881,4,FALSE)","v":1},{"$f":"VLOOKUP(M148,'Act. Proyecto'!$I$3:$Q$881,5,FALSE)","v":1380},1380,{"$f":"VLOOKUP(M148,'Act. Proyecto'!$I$3:$Q$881,7,FALSE)","v":"Depto"},{"$f":"SUMIF('Resumen Frentes Semanal'!$K$6:$K$64,'Prog. Semanal TER'!N148,'Resumen Frentes Semanal'!$M$6:$M$64)","v":43500},null,null,null,null,null,0,null,null,null,null,null,null,null,null,null,null,null,null,null,null,"2F1-2","3F1-2",0,null,"2F1-2","3F1-2","3F3-4","3F5-6",0,null,null,"2F1-2","2F3-4","2F5-6",0.33329999999999999,"2F3-4","2F5-6","3F1-2","3F3-4",1,"3F5-6","4F1-2","4F3-4","4F5-6","5F1-2",0.6,null,"3F5-6","4F5-6","5F3-4","5F5-6",1,"1F5",null,null,null,null,1,null,null,null,null,null,null,null,null,null,null,null,null,null,null,null,"2F7-8",0,"2F7-8","2F9-10","3F7-8","3F9-10","2F11-12",0.6,"3F9-10","2F11-12","4F7-8","4F9-10","5F7-8",0.8,"5F9-10","4F11","4F12","5F11","5F7",0.83330000000000004,"5F12","3F11-12",null,null,null,0.33329999999999999,"3F11-12",null,"5F7-8",null,null,1,null,null,null,null,null,"2F13-14","2F15-16","3F13-14","3F15-16",0.5,"1F5","1F7-8","1F9-10",null,null,0.6,"1F9",null,"3F13-14",null,"3F15-16",0.2,"1F3-4","3F13-14","4F13-14","4F15-16","5F13-14",0.8,"4F13-14","5F17-18","4-3F17-18","3F15-16",null,0.2,"5-4-3F15","5-4F17-18","3-2F17-18",null,null,0.63639999999999997,"3F17-18","2F17-18","1F10","1F13","1F14.1",0.69230000000000003,"2-1F17-18","1F15",null,null,null,1,null,null,null,"5-4-3F16",null,0,null,"5-4-3-2-1F16",null,null,null,1,"2F19-20","2F21-22","2F23-24","3F19-20","3F21-22",0,"2F19-20","2F21-22",null,null,null,0.5,"2F23-24","3F23-24","4F23-24","5F23-24",null,0.75,"2F21-22","2F23-24","1F19-20","1F21-22",0.5,"2F21-22","2F23-24","1F23-24","1F1-2",null,0.25,"2F21-22","2F23-24","3F19-20","4F19-20","5F19-20",0.4,"3F19-20","4F19-20","5F19-20","3F21-22","5F21-22",0.2,"4F19-20","3F19-20","3F21-22","5F19-20","4F21-22",0.6,"3F19-20","3F21-22","1F23-24",null,null,0.33329999999999999,"3F21-22",null,null,null,null,1]
[166,null,null,0,{"$f":"D149*$JF$149","v":0},0,"TERM",null,null,null,null,{"$f":"SUMIF('Control de Avance'!$C$15:$C$9589,'Prog. Semanal TER'!M149,'Control de Avance'!$B$15:$B$9589)","v":1},"Traslado material tabiques",{"$f":"VLOOKUP(M149,'Act. Proyecto'!$I$3:$Q$881,2,FALSE)","v":"LIMPIEZA Y TRASLADO"},{"$f":"VLOOKUP(M149,'Act. Proyecto'!$I$3:$Q$881,3,FALSE)","v":"depto"},{"$f":"VLOOKUP(M149,'Act. Proyecto'!$I$3:$Q$881,4,FALSE)","v":1},{"$f":"VLOOKUP(M149,'Act. Proyecto'!$I$3:$Q$881,5,FALSE)","v":3895},3895,{"$f":"VLOOKUP(M149,'Act. Proyecto'!$I$3:$Q$881,7,FALSE)","v":"Depto"},{"$f":"SUMIF('Resumen Frentes Semanal'!$K$6:$K$64,'Prog. Semanal TER'!N149,'Resumen Frentes Semanal'!$M$6:$M$64)","v":43500},null,null,null,null,null,0,null,null,null,null,null,null,null,null,null,null,null,null,null,null,"2F1-2","3F1-2",0,null,"2F1-2","3F1-2","3F3-4","3F5-6",0,null,null,"2F1-2","2F3-4","2F5-6",0.33329999999999999,"2F3-4","2F5-6","3F1-2","3F3-4",1,"3F5-6","4F1-2-3-4","2F6","4F5-6","5F1-2",0.63639999999999997,null,"3F5-6","4F5-6","5F3-4","5F5-6",1,"1F5",null,null,null,null,1,null,null,null,null,null,null,null,null,null,null,null,null,null,null,null,"2F7-8",0,"2F7-8","2F9-10","3F7-8","3F9-10","2F11-12",0.6,"3F9-10","2F11","4F7-8","4F9-10","5F7-8",0.77780000000000005,"5F9-10","4F11","4F12","5F11","5F7",0.83330000000000004,"5F12","3F11-12",null,null,null,0.33329999999999999,null,"3F11-12","5F7-8",null,null,0,"3F11-12","5F7-8",null,0.5,"5F7","5F8","2F13-14","2F15-16","3F13-14",0.625,"5F8","1F7-8","1F9-10","1F5",null,0.66669999999999996,"1F9",null,"3F13-14",null,"3F15-16",0.2,"1F3-4","3F13-14","4F13-14","4F15-16","5F13-14",0.8,"4F13-14","5-4-3F17-18","3F15-16",null,null,0.2,null,null,"5-4-3-2F15","5-4-3-2F17-18",null,0,"1F10","1F13","1F14.1","3F17-18","5-4F17-18",0.52939999999999998,"5F16","1F15",null,null,null,1,"4-3F16","2-1F16","5-4-3F15","1F15",null,0.375,null,null,"4-3F16","2-1F17-18",null,1,"2F19-20","2F21-22","2F23-24","3F19-20","3F21-22",0,"2F19-20","2F21-22",null,null,null,0,"2F23-24","3F23-24","4F23-24","5F23-24",null,0.75,"2F21-22","2F23-24","2-1F19-20","1F21-22",0.6,"2F21-22","2F23-24","1F23-24","1F1",null,0.1429,"1F2","2F23-24","3F19-20","4F19-20","5F19-20",0.33329999999999999,"3F19-20","4F19-20","5F19-20","3F21-22","5F21-22",0.2,"4F19-20","3F19-20","3F21-22","5F19-20","4F21-22",0.6,"3F19-20","3F21-22","2F21-22","1F23-24",null,0.25,"3F21-22","2F21-22",null,null,null,1]
[168,null,null,0,{"$f":"D150*$JF$150","v":0},0,"TERM",null,null,null,null,{"$f":"SUMIF('Control de Avance'!$C$15:$C$9589,'Prog. Semanal TER'!M150,'Control de Avance'!$B$15:$B$9589)","v":1},"Traslado de cerámica y pegamento",{"$f":"VLOOKUP(M150,'Act. Proyecto'!$I$3:$Q$881,2,FALSE)","v":"LIMPIEZA Y TRASLADO"},{"$f":"VLOOKUP(M150,'Act. Proyecto'!$I$3:$Q$881,3,FALSE)","v":"depto"},{"$f":"VLOOKUP(M150,'Act. Proyecto'!$I$3:$Q$881,4,FALSE)","v":1},{"$f":"VLOOKUP(M150,'Act. Proyecto'!$I$3:$Q$881,5,FALSE)","v":2860},2860,{"$f":"VLOOKUP(M150,'Act. Proyecto'!$I$3:$Q$881,7,FALSE)","v":"Depto"},{"$f":"SUMIF('Resumen Frentes Semanal'!$K$6:$K$64,'Prog. Semanal TER'!N150,'Resumen Frentes Semanal'!$M$6:$M$64)","v":43500},null,null,null,null,null,0,null,null,null,null,null,null,null,null,null,null,null,null,null,null,"2F1-2","3F1-2",0,"2F1-2","2F3-4","2F5-6","3F1-2","3F3-4",0.4,"2F5-6","3F1-2","3F3-4","3F5-6",null,0.75,null,null,null,null,0,"3F5-6","4F1-2","4F3-4","4F5-6","5F1-2",0.4,"4F1-2","4F3-4","5F1-2","5F3-4","5F5-6",1,null,null,null,null,null,null,null,null,null,null,null,null,null,null,null,null,null,null,null,null,null,"2F7-8",0,"2F7-8","2F9-10","3F7-8","3F9-10","2F11-12",0.6,"3F9-10","2F11-12","4F7-8","4F9-10","5F7-8",0.6,"4-5F9-10","4F11","4F12","5F11","5F7",0.5,"3F11-12","4F11-12","5F11-12","5F7-8",null,0.25,"5F7-8","4F11-12","5F11-12",null,null,1,null,null,null,null,null,"2F13-14","2F15-16","3F13-14","3F15-16",0,null,"1F7-8","1F9-10",null,null,0.5,"1F9","2F13-14","3F13-14",null,"2F15-16",0.71430000000000005,"1F3-4","3F13-14-15-16","4F13-14","4F15-16","5F13-14",0.16669999999999999,"5-4-3F15","5-4-3F17-18","5-4-3F13-14",null,null,0,null,null,null,null,"5-4-3-2F13-14",1,null,null,"5-4-3F15","2F15","5-4F17-18",0.375,"5F17-18","1F15","4F17-18","3F17-18",null,0.42859999999999998,null,"5F15","4F17-18","3-2F17-18","2F16",0.25,"5-4-3-1F16","1F13-14","1F10","4-3F17-18","2-1F17-18",0.73329999999999995,"2-1F17-18","2F19-20","2F21-22","2F23-24","3F19-20",0.66669999999999996,"1F17-18","2F21-22",null,null,null,0.5,"2F23-24","3F23-24","4F23-24","5F23-24",null,0.5,"2F21-22","1F19-20","1F21-22","1F23-24",0.25,"2F21-22","1F21-22","2F23-24","1F1-2",null,0.75,"1F1-2","2F23-24",null,"4F19-20","5F19-20",0.25,"1F1-2","4F19-20","5F19-20","3F21-22","5-4F21-22",0.16669999999999999,"5F19-20","4F19-20","5F21-22","4F21-22","3F19-20",1,"3F21-22","5F23-24","4F23-24","1F23-24",null,0.75,"2F23-24",null,null,null,null,1]
[143,12,10,262764.9375,{"$f":"D151*$JF$151","v":210211.95},52552.987499999996,"TERM",null,null,null,null,{"$f":"SUMIF('Control de Avance'!$C$15:$C$9589,'Prog. Semanal TER'!M151,'Control de Avance'!$B$15:$B$9589)","v":1},"Remate rasgos",{"$f":"VLOOKUP(M151,'Act. Proyecto'!$I$3:$Q$881,2,FALSE)","v":"RASGOS"},{"$f":"VLOOKUP(M151,'Act. Proyecto'!$I$3:$Q$881,3,FALSE)","v":"ml"},{"$f":"VLOOKUP(M151,'Act. Proyecto'!$I$3:$Q$881,4,FALSE)","v":24.106874999999999},{"$f":"VLOOKUP(M151,'Act. Proyecto'!$I$3:$Q$881,5,FALSE)","v":1090},{"$f":"IFERROR(P151*Q151,0)","v":26276.493749999998},{"$f":"VLOOKUP(M151,'Act. Proyecto'!$I$3:$Q$881,7,FALSE)","v":"Depto"},{"$f":"SUMIF('Resumen Frentes Semanal'!$K$6:$K$64,'Prog. Semanal TER'!N151,'Resumen Frentes Semanal'!$M$6:$M$64)","v":63249},null,null,null,null,null,0,null,null,null,null,null,null,null,null,null,null,null,null,"1F1","1F2","1F3","1F4",1,null,null,null,null,null,null,"1F5","1F6","2F1","2F2","2F3",0.8,"3F1","3F2","4F1","4F2",0.75,"4F2","2F3","2F4","3F3","3F4",0.8,"5F1","5F2","3F4","4F3","4F4",0.8,"4F4","5F3","5F4","5F5","5F6",0.8,"5F6","4F5","4F6","3F5",1,"3F6",null,null,null,null,1,null,null,null,null,null,null,null,null,null,null,null,null,null,null,null,null,null,null,null,null,null,null,null,null,null,null,null,null,null,null,null,null,null,null,null,null,"2F5","2F6",null,1,"5F7","5F8","4F7","4F8","3F7",1,"3F8","2F7","2F8","1F7","1F8",0.8,"1F8","5F9","5F10","4F9","4F10",0.8,"4F10","3F9","3F10","2F9","2F10",1,"1F9","1F10","5F11","5F12","4F11",0.8,"4F11","4F12","3F11","3F12","2F11",1,"2F12",null,null,"5F13","5F14",0.33329999999999999,null,null,null,null,null,null,"5F13","5F14","4F13","4F14","3F13",1,"3F14","2F13","2F14","1F13","1F14",1,"5F15","4F15","3F15","2F15","1F15",1,"5F16","4F16","3F16","2F16","1F16",0.8,"1F16","5F17","5F18","4F17","4F18",0.8,"4F18","3F17","3F18","2F17",1,"2F18","1F17","1F18.1",null,null,1,"1F18.2","5F19","5F20","4F19","4F20",0.88890000000000002,"3F19","3F20","2F19","2F20","1F19",0.8,"1F19","1F20","5F21","5F22","4F21",0.8,"4F21",null,null,null,null,1,"4F22","3F21","3F22","2F21","2F22",0.8,"2F22","1F21","1F22","5F23",null,0.75,null,"5F23","5F24","4F23","4F24",0.75,"4F24","3F23","3F24","2F23","2F24",0.8,"2F24"]
[144,12,10,33149.166666666664,{"$f":"D152*$JF$152","v":26519.333333333332},6629.833333333333,"TERM",null,null,null,null,{"$f":"SUMIF('Control de Avance'!$C$15:$C$9589,'Prog. Semanal TER'!M152,'Control de Avance'!$B$15:$B$9589)","v":1},"Chambrana",{"$f":"VLOOKUP(M152,'Act. Proyecto'!$I$3:$Q$881,2,FALSE)","v":"RASGOS"},{"$f":"VLOOKUP(M152,'Act. Proyecto'!$I$3:$Q$881,3,FALSE)","v":"ml"},{"$f":"VLOOKUP(M152,'Act. Proyecto'!$I$3:$Q$881,4,FALSE)","v":16.574583333333333},{"$f":"VLOOKUP(M152,'Act. Proyecto'!$I$3:$Q$881,5,FALSE)","v":200},3314.9166666666665,{"$f":"VLOOKUP(M152,'Act. Proyecto'!$I$3:$Q$881,7,FALSE)","v":"Depto"},{"$f":"SUMIF('Resumen Frentes Semanal'!$K$6:$K$64,'Prog. Semanal TER'!N152,'Resumen Frentes Semanal'!$M$6:$M$64)","v":63249},null,null,null,null,null,0,null,null,null,null,null,null,null,null,null,null,null,null,"1F1","1F2","1F3","1F4",1,null,null,null,null,null,null,"1F5","1F6","2F1","2F2","2F3",0.8,"3F1","3F2","4F1","4F2",0.75,"4F2","2F3","2F4","3F3","3F4",0.8,"5F1","5F2","3F4","4F3","4F4",0.8,"4F4","5F3","5F4","5F5","5F6",0.8,"5F6","4F5","4F6","3F5",1,"3F6",null,null,null,null,1,null,null,null,null,null,null,null,null,null,null,null,null,null,null,null,null,null,null,null,null,null,null,null,null,null,null,null,null,null,null,null,null,null,null,null,null,"2F5","2F6",null,1,"5F7","5F8","4F7","4F8","3F7",1,"3F8","2F7","2F8","1F7","1F8",0.8,"1F8","5F9","5F10","4F9","4F10",0.8,"4F10","3F9","3F10","2F9","2F10",1,"1F9","1F10","5F11","5F12","4F11",0.8,"4F11","4F12","3F11","3F12","2F11",1,"2F12",null,null,"5F13","5F14",0.33329999999999999,null,null,null,null,null,null,"5F13","5F14","4F13","4F14","3F13",1,"3F14","2F13","2F14","1F13","1F14",1,"5F15","4F15","3F15","2F15","1F15",1,"5F16","4F16","3F16","2F16","1F16",0.8,"1F16","5F17","5F18","4F17","4F18",0.8,"4F18","3F17","3F18","2F17",1,"2F18","1F17","1F18.1",null,null,1,"1F18.2","5F19","5F20","4F19","4F20",0.88890000000000002,"3F19","3F20","2F19","2F20","1F19",0.8,"1F19","1F20","5F21","5F22","4F21",0.8,"4F21",null,null,null,null,1,"4F22","3F21","3F22","2F21","2F22",0.8,"2F22","1F21","1F22","5F23",null,0.75,null,"5F23","5F24","4F23","4F24",0.75,"4F24","3F23","3F24","2F23","2F24",0.8,"2F24"]
[145,null,null,0,{"$f":"D153*$JF$153","v":0},0,"TERM",null,null,null,null,{"$f":"SUMIF('Control de Avance'!$C$15:$C$9589,'Prog. Semanal TER'!M153,'Control de Avance'!$B$15:$B$9589)","v":0},"Retape agujas interior",{"$f":"VLOOKUP(M153,'Act. Proyecto'!$I$3:$Q$881,2,FALSE)","v":"MOLDAJE MURO"},{"$f":"VLOOKUP(M153,'Act. Proyecto'!$I$3:$Q$881,3,FALSE)","v":"depto"},{"$f":"VLOOKUP(M153,'Act. Proyecto'!$I$3:$Q$881,4,FALSE)","v":1},{"$f":"VLOOKUP(M153,'Act. Proyecto'!$I$3:$Q$881,5,FALSE)","v":3580},3580,{"$f":"VLOOKUP(M153,'Act. Proyecto'!$I$3:$Q$881,7,FALSE)","v":"Depto"},{"$f":"SUMIF('Resumen Frentes Semanal'!$K$6:$K$64,'Prog. Semanal TER'!N153,'Resumen Frentes Semanal'!$M$6:$M$64)","v":321000},null,null,null,null,null,0]
[146,12,10,4800,{"$f":"D154*$JF$154","v":3840},960,"TERM",null,null,null,null,{"$f":"SUMIF('Control de Avance'!$C$15:$C$9589,'Prog. Semanal TER'!M154,'Control de Avance'!$B$15:$B$9589)","v":1},"Rinconeo terraza y faja",{"$f":"VLOOKUP(M154,'Act. Proyecto'!$I$3:$Q$881,2,FALSE)","v":"RASGOS"},{"$f":"VLOOKUP(M154,'Act. Proyecto'!$I$3:$Q$881,3,FALSE)","v":"depto"},{"$f":"VLOOKUP(M154,'Act. Proyecto'!$I$3:$Q$881,4,FALSE)","v":1},{"$f":"VLOOKUP(M154,'Act. Proyecto'!$I$3:$Q$881,5,FALSE)","v":480},480,{"$f":"VLOOKUP(M154,'Act. Proyecto'!$I$3:$Q$881,7,FALSE)","v":"Depto"},{"$f":"SUMIF('Resumen Frentes Semanal'!$K$6:$K$64,'Prog. Semanal TER'!N154,'Resumen Frentes Semanal'!$M$6:$M$64)","v":63249},null,null,null,null,null,0,null,null,null,null,null,null,null,null,null,null,null,null,"1F1","1F2","1F3","1F4",0,null,null,null,null,null,null,"1F5","1F6","2F1","2F2","2F3",0.8,"3F1","3F2","4F1","4F2",0.75,"4F2","2F3","2F4","3F3","3F4",0.8,"5F1","5F2","3F4","4F3","4F4",0.8,"4F4","5F3","5F4","5F5","5F6",0.8,"5F6","4F5","4F6","3F5",1,"3F6",null,null,null,null,1,null,null,null,null,null,null,null,null,null,null,null,null,null,null,null,null,null,null,null,null,null,null,null,null,null,null,null,null,null,null,null,null,null,null,null,null,"2F5","2F6",null,1,"5F7","5F8","4F7","4F8","3F7",1,"3F8","2F7","2F8","1F7","1F8",0.8,"1F8","5F9","5F10","4F9","4F10",0.8,"4F10","3F9","3F10","2F9","2F10",1,"1F9","1F10","5F11","5F12","4F11",0.8,"4F11","4F12","3F11","3F12","2F11",1,"2F12",null,null,"5F13","5F14",0.33329999999999999,null,null,null,null,null,null,"5F13","5F14","4F13","4F14","3F13",1,"3F14","2F13","2F14","1F13","1F14",1,"5F15","4F15","3F15","2F15","1F15",1,"5F16","4F16","3F16","2F16","1F16",0.8,"1F16","5F17","5F18","4F17","4F18",0.8,"4F18","3F17","3F18","2F17",1,"2F18","1F17","1F18.1",null,null,1,"1F18.2","5F19","5F20","4F19","4F20",0.88890000000000002,"3F19","3F20","2F19","2F20","1F19",0.8,"1F19","1F20","5F21","5F22","4F21",0.8,"4F21",null,null,null,null,1,"4F22","3F21","3F22","2F21","2F22",0.8,"2F22","1F21","1F22","5F23",null,0.75,null,"5F23","5F24","4F23","4F24",0.75,"4F24","3F23","3F24","2F23","2F24",0.8,"2F24"]
[143,8,8,16400,{"$f":"D155*$JF$155","v":16400},0,"TERM",null,null,null,null,{"$f":"SUMIF('Control de Avance'!$C$15:$C$9589,'Prog. Semanal TER'!M155,'Control de Avance'!$B$15:$B$9589)","v":1},"Ayudante albañil rasgo",{"$f":"VLOOKUP(M155,'Act. Proyecto'!$I$3:$Q$881,2,FALSE)","v":"LIMPIEZA Y TRASLADO"},{"$f":"VLOOKUP(M155,'Act. Proyecto'!$I$3:$Q$881,3,FALSE)","v":"depto"},{"$f":"VLOOKUP(M155,'Act. Proyecto'!$I$3:$Q$881,4,FALSE)","v":1},{"$f":"VLOOKUP(M155,'Act. Proyecto'!$I$3:$Q$881,5,FALSE)","v":2050},2050,{"$f":"VLOOKUP(M155,'Act. Proyecto'!$I$3:$Q$881,7,FALSE)","v":"Depto"},{"$f":"SUMIF('Resumen Frentes Semanal'!$K$6:$K$64,'Prog. Semanal TER'!N155,'Resumen Frentes Semanal'!$M$6:$M$64)","v":43500},null,null,null,null,null,0,null,null,null,null,null,null,null,null,null,null,null,null,"1F1-2","1F3","1F4","1F5",1,null,null,null,null,"1F5",1,"1F6","2F1","2F2","2F3","2F4",1,null,"3F1-2",null,"4F1-2",1,null,"5F1-2","3F3-4","2F3-4",null,1,"4F3-4","5F3-4","2F5-6","3F5-6","4F5-6",1,"5F5-6",null,null,null,null,1,null,null,null,null,null,null,null,null,null,null,null,null,null,null,null,null,null,null,null,null,null,null,null,null,null,null,null,null,null,null,null,null,null,null,null,null,null,null,null,null,null,null,null,null,null,null,null,"2F5-6",null,null,1,"5F7-8","4F7-8",null,"3F7-8",null,1,"2F7-8","1F7-8",null,null,"5F9-10",0.66669999999999996,"5F9-10",null,"4F9-10",null,"3F9-10",1,null,null,"2F9-10",null,"1F9-10",1,null,"5F11-12",null,"4F11-12",null,1,null,"3F11-12",null,"2F11-12",null,1,null,null,"5F13-14","4F13-14","3F13-14",1,null,null,null,null,null,null,"5F13-14","4F13-14","3F13-14","2F13-14",null,1,null,"1F13-14",null,null,"5-4F15",1,null,"3-2-1F15","5-4-3-2-1F16",null,null,1,null,null,null,null,"5-4-3-2F17-18",1,null,null,null,null,null,null,null,null,null,null,null,null,null,null,null,"1F17-18",1,"5-4-3F19-20",null,null,null,null,1,null,null,null,null,"2-1F19-20",0,"2-1F19-20",null,"5-4-3-2-1F21-22",null,null,1,null,null,null,null,null,null,null,null,null,null,null,null,null,"5-4F23-24",null,null,null,1,null,null,null,null,null,null,"3F23-24",null,"2F23-24",null,null,1]
[151,null,null,0,{"$f":"D156*$JF$156","v":0},0,"TERM",null,null,null,null,{"$f":"SUMIF('Control de Avance'!$C$15:$C$9589,'Prog. Semanal TER'!M156,'Control de Avance'!$B$15:$B$9589)","v":1},"Sacar chicote de agua BAÑO, "," ",{"$f":"VLOOKUP(M156,'Act. Proyecto'!$I$3:$Q$881,3,FALSE)","v":"dh"},{"$f":"VLOOKUP(M156,'Act. Proyecto'!$I$3:$Q$881,4,FALSE)","v":0.11111111111111115},{"$f":"VLOOKUP(M156,'Act. Proyecto'!$I$3:$Q$881,5,FALSE)","v":1},0.11111111111111115,{"$f":"VLOOKUP(M156,'Act. Proyecto'!$I$3:$Q$881,7,FALSE)","v":"Depto"},{"$f":"SUMIF('Resumen Frentes Semanal'!$K$6:$K$64,'Prog. Semanal TER'!N156,'Resumen Frentes Semanal'!$M$6:$M$64)","v":0},null,null,null,null,null,0]
[152,40,20,19.315277777777776,{"$f":"D157*$JF$157","v":0},19.315277777777776,"TERM",null,null,null,null,{"$f":"SUMIF('Control de Avance'!$C$15:$C$9589,'Prog. Semanal TER'!M157,'Control de Avance'!$B$15:$B$9589)","v":1},"Alcantarillado superior descargas para shaft y vigones",{"$f":"VLOOKUP(M157,'Act. Proyecto'!$I$3:$Q$881,2,FALSE)","v":"GASFITER T"},{"$f":"VLOOKUP(M157,'Act. Proyecto'!$I$3:$Q$881,3,FALSE)","v":"dh"},{"$f":"VLOOKUP(M157,'Act. Proyecto'!$I$3:$Q$881,4,FALSE)","v":0.96576388888888887},{"$f":"VLOOKUP(M157,'Act. Proyecto'!$I$3:$Q$881,5,FALSE)","v":1},0.96576388888888887,{"$f":"VLOOKUP(M157,'Act. Proyecto'!$I$3:$Q$881,7,FALSE)","v":"Depto"},{"$f":"SUMIF('Resumen Frentes Semanal'!$K$6:$K$64,'Prog. Semanal TER'!N157,'Resumen Frentes Semanal'!$M$6:$M$64)","v":7},null,null,null,null,null,0,null,null,null,null,null,null,null,null,null,null,null,null,null,null,null,null,null,null,null,null,null,null,null,null,null,null,null,null,null,null,null,null,null,null,null,null,null,null,null,null,null,null,null,null,null,null,null,null,null,null,null,null,null,null,null,null,null,null,null,null,null,null,null,null,null,null,null,null,null,null,null,null,null,null,null,null,null,null,null,null,null,null,null,null,null,null,null,null,null,null,null,null,null,null,null,null,null,null,null,null,null,null,null,"F7-8",null,null,null,"F9-10",1,"F11-12",null,null,null,null,1,null,null,null,null,null,null,"F11-12",null,null,null,"F13-14",0.5,"F13-14",null,null,null,"F15",0,"F13-14",null,null,null,"F15",0,null,null,null,null,null,null,null,null,null,null,null,null,null,null,null,null,null,null,"F13-14",null,null,null,null,1,"F15",null,null,null,null,0,"F15","F16",null,null,null,1,null,null,null,null,"F17-18",0,"F17-18",null,null,null,0,"F17-18",null,null,null,null,1,null,null,"F19-20",null,null,0,"F19-20",null,null,null,"F21-22",0.5,null,null,null,null,null,0,"F19-20",null,"F21-22",null,null,0,"F19-20",null,"F21-22",null,null,1,null,null,null,null,null,null,null,null,null,null,null,null,null,null,null,"F23-24",null,0,null,null,null,null,"F23-24"]
[177,null,null,0,{"$f":"D158*$JF$158","v":0},0,"TERM",null,null,null,null,{"$f":"SUMIF('Control de Avance'!$C$15:$C$9589,'Prog. Semanal TER'!M158,'Control de Avance'!$B$15:$B$9589)","v":0},"TERMINACIONES",{"$f":"VLOOKUP(M158,'Act. Proyecto'!$I$3:$Q$881,2,FALSE)","v":"."},{"$f":"VLOOKUP(M158,'Act. Proyecto'!$I$3:$Q$881,3,FALSE)","v":"."},{"$f":"VLOOKUP(M158,'Act. Proyecto'!$I$3:$Q$881,4,FALSE)","v":0},{"$f":"VLOOKUP(M158,'Act. Proyecto'!$I$3:$Q$881,5,FALSE)","v":"."},0,{"$f":"VLOOKUP(M158,'Act. Proyecto'!$I$3:$Q$881,7,FALSE)","v":"."},{"$f":"SUMIF('Resumen Frentes Semanal'!$K$6:$K$64,'Prog. Semanal TER'!N158,'Resumen Frentes Semanal'!$M$6:$M$64)","v":0},null,null,null,null,null,0]
[178,null,null,0,{"$f":"D159*$JF$159","v":0},0,"TERM",null,null,null,null,{"$f":"SUMIF('Control de Avance'!$C$15:$C$9589,'Prog. Semanal TER'!M159,'Control de Avance'!$B$15:$B$9589)","v":1},"Perforación de vidrio cocina",{"$f":"VLOOKUP(M159,'Act. Proyecto'!$I$3:$Q$881,2,FALSE)","v":"FABRICANTE ALUMINIO"},{"$f":"VLOOKUP(M159,'Act. Proyecto'!$I$3:$Q$881,3,FALSE)","v":"un"},{"$f":"VLOOKUP(M159,'Act. Proyecto'!$I$3:$Q$881,4,FALSE)","v":1},{"$f":"VLOOKUP(M159,'Act. Proyecto'!$I$3:$Q$881,5,FALSE)","v":1190},1190,{"$f":"VLOOKUP(M159,'Act. Proyecto'!$I$3:$Q$881,7,FALSE)","v":"Depto"},{"$f":"SUMIF('Resumen Frentes Semanal'!$K$6:$K$64,'Prog. Semanal TER'!N159,'Resumen Frentes Semanal'!$M$6:$M$64)","v":0},null,null,null,null,null,0]
[178,null,null,0,{"$f":"D160*$JF$160","v":0},0,"TERM",null,null,null,null,{"$f":"SUMIF('Control de Avance'!$C$15:$C$9589,'Prog. Semanal TER'!M160,'Control de Avance'!$B$15:$B$9589)","v":1},"Fabricación de ventanas (incluye film)",{"$f":"VLOOKUP(M160,'Act. Proyecto'!$I$3:$Q$881,2,FALSE)","v":"FABRICANTE ALUMINIO"},{"$f":"VLOOKUP(M160,'Act. Proyecto'!$I$3:$Q$881,3,FALSE)","v":"un"},{"$f":"VLOOKUP(M160,'Act. Proyecto'!$I$3:$Q$881,4,FALSE)","v":4.6875},{"$f":"VLOOKUP(M160,'Act. Proyecto'!$I$3:$Q$881,5,FALSE)","v":2400},11250,{"$f":"VLOOKUP(M160,'Act. Proyecto'!$I$3:$Q$881,7,FALSE)","v":"Depto"},{"$f":"SUMIF('Resumen Frentes Semanal'!$K$6:$K$64,'Prog. Semanal TER'!N160,'Resumen Frentes Semanal'!$M$6:$M$64)","v":0},null,null,null,null,null,0]
[180,60,40,92800,{"$f":"D161*$JF$161","v":46400},46400,"TERM",null,null,null,null,{"$f":"SUMIF('Control de Avance'!$C$15:$C$9589,'Prog. Semanal TER'!M161,'Control de Avance'!$B$15:$B$9589)","v":1},"Retape de alcantarillado y gasfiter (incluye chicote de gas)",{"$f":"VLOOKUP(M161,'Act. Proyecto'!$I$3:$Q$881,2,FALSE)","v":"ALBAÑIL TERMINACIONES"},{"$f":"VLOOKUP(M161,'Act. Proyecto'!$I$3:$Q$881,3,FALSE)","v":"baño"},{"$f":"VLOOKUP(M161,'Act. Proyecto'!$I$3:$Q$881,4,FALSE)","v":1},{"$f":"VLOOKUP(M161,'Act. Proyecto'!$I$3:$Q$881,5,FALSE)","v":2320},2320,{"$f":"VLOOKUP(M161,'Act. Proyecto'!$I$3:$Q$881,7,FALSE)","v":"Depto"},{"$f":"SUMIF('Resumen Frentes Semanal'!$K$6:$K$64,'Prog. Semanal TER'!N161,'Resumen Frentes Semanal'!$M$6:$M$64)","v":52341},null,null,null,null,null,0,null,null,null,null,null,null,null,null,null,null,null,null,null,null,null,null,null,null,null,null,null,null,null,null,null,null,null,null,null,null,null,null,null,null,null,null,null,null,null,null,"2F1-2","3F1-2","4F1-2","5F1-2","2F3-4",0,null,null,"5-4F1-2","3F1-2","2F1-2",1,"F3-4",null,null,null,0,null,"5F3-4","4F3-4","3F3-4","2F3-4",1,null,null,"1F1-2","1F3-4","5-4-3-2F5-6",0.66669999999999996,null,null,null,null,null,null,null,null,null,null,null,null,null,null,null,null,null,0,"1F1-2-3-4-5-6",null,"5F7-8",null,null,0.25,"1F1-2-3-4-5-6",null,"4-3-2-1F7-8",null,"5-4-3-2-1F9-10",0.25,null,null,null,null,null,null,"4-3-2-1F7-8",null,null,0,null,null,null,null,"4-3-2F7-8",1,"5F9-10",null,null,null,"5F11-12",1,null,null,null,null,null,null,"1F3-4","4-3-2-1F9-10",null,null,null,1,null,null,null,null,"4-3-2-1F11-12",1,null,null,"F13-14",null,null,0,"5F13-14","4-3-2-1F13-14",null,null,null,1,null,null,null,"F15-16",null,0,null,null,null,null,null,0,null,null,"F15",null,null,1,null,null,null,"F16",null,1,null,null,null,null,null,null,null,null,"F17-18",null,1,null,null,null,null,null,null,"1F1-2",null,null,null,null,1,null,null,null,null,"F19-20",1,null,null,null,null,null,null,null,null,null,null,null,null,null,null,null,null,null,null,null,null,null,null,null,null,null,null,null,null,null,null,"F21-22",null,null,null,"F23-24",0.5,null,null,null,null,"F23-24"]
[180,null,null,0,{"$f":"D162*$JF$162","v":0},0,"TERM",null,null,null,null,{"$f":"SUMIF('Control de Avance'!$C$15:$C$9589,'Prog. Semanal TER'!M162,'Control de Avance'!$B$15:$B$9589)","v":1},"Poyo descarga lavadora y lavadero",{"$f":"VLOOKUP(M162,'Act. Proyecto'!$I$3:$Q$881,2,FALSE)","v":"ADMINISTRACIÓN"},{"$f":"VLOOKUP(M162,'Act. Proyecto'!$I$3:$Q$881,3,FALSE)","v":"cu"},{"$f":"VLOOKUP(M162,'Act. Proyecto'!$I$3:$Q$881,4,FALSE)","v":1},{"$f":"VLOOKUP(M162,'Act. Proyecto'!$I$3:$Q$881,5,FALSE)","v":1500},1500,{"$f":"VLOOKUP(M162,'Act. Proyecto'!$I$3:$Q$881,7,FALSE)","v":"Depto"},{"$f":"SUMIF('Resumen Frentes Semanal'!$K$6:$K$64,'Prog. Semanal TER'!N162,'Resumen Frentes Semanal'!$M$6:$M$64)","v":0},null,null,null,null,null,0]
[181,16,12,40812,{"$f":"D163*$JF$163","v":40812},13604,"TERM",null,null,null,null,{"$f":"SUMIF('Control de Avance'!$C$15:$C$9589,'Prog. Semanal TER'!M163,'Control de Avance'!$B$15:$B$9589)","v":1},"Paso de barco ",{"$f":"VLOOKUP(M163,'Act. Proyecto'!$I$3:$Q$881,2,FALSE)","v":"ALBAÑIL TERMINACIONES"},{"$f":"VLOOKUP(M163,'Act. Proyecto'!$I$3:$Q$881,3,FALSE)","v":"ml"},{"$f":"VLOOKUP(M163,'Act. Proyecto'!$I$3:$Q$881,4,FALSE)","v":1.9},{"$f":"VLOOKUP(M163,'Act. Proyecto'!$I$3:$Q$881,5,FALSE)","v":1790},3401,{"$f":"VLOOKUP(M163,'Act. Proyecto'!$I$3:$Q$881,7,FALSE)","v":"Depto"},{"$f":"SUMIF('Resumen Frentes Semanal'!$K$6:$K$64,'Prog. Semanal TER'!N163,'Resumen Frentes Semanal'!$M$6:$M$64)","v":52341},null,null,null,null,null,0,null,null,null,null,null,null,null,null,null,null,null,null,"1F1","1F2","1F3","1F4",0,null,null,null,null,null,null,null,null,null,null,null,null,null,null,null,null,null,"2F1","2F2","3F1","3F2","4F1-2",1,null,"5F1","5F2","2F3","2F4",1,null,null,"4F3","4F4","3F3-4",1,"5F3-4","5F5-6","4F5-6",null,1,"3F5-6",null,null,null,null,1,null,null,null,null,null,null,null,null,null,null,null,null,null,null,null,null,null,null,null,null,null,null,null,0,null,null,null,null,null,0,null,null,null,null,null,null,null,"2F5-6",null,1,"1F5","1F6.1","1F6.2",null,null,0.75,"5F7-8","1F6.2","4F7-8","3F7-8","2F7-8",1,"1F3-4","1F7-8",null,null,null,0.5,"1F3-4","5F9-10","4F9-10",null,null,1,null,null,"3F9-10","2F9-10","1F9-10",1,null,null,null,"5F11-12","4F11-12",1,"3F11-12","2F11-12",null,null,null,1,null,null,null,null,null,0,null,null,"5F13-14","4F13-14","3F13",1,null,null,"3F14","2F13-14","1F13-14",1,null,null,null,"5-4F15","3F15",1,"2-1F15",null,null,"5-4-3F16","2F16",0.83330000000000004,null,"2F16","1F16",null,"5F17-18",1,null,"4F17-18",null,"3F17-18",1,"2F17","1F1-2",null,null,null,1,null,"2F18","1F17-18",null,"5F19-20",1,"4F19-20",null,null,"3F19-20",null,1,"2F19-20",null,null,"1F19-20",null,1,null,"5F21-22","4F21",null,null,1,null,null,null,"4F21","3F21-22",1,null,null,"2F21-22","1F21-22",null,1,null,null,null,null,null,null,null,null,"5F23-24","4F23-24","3F23-24",1,null,null,null,"2F23-24"]
[182,28,12,28928.25,{"$f":"D164*$JF$164","v":0},38571,"TERM",null,null,null,null,{"$f":"SUMIF('Control de Avance'!$C$15:$C$9589,'Prog. Semanal TER'!M164,'Control de Avance'!$B$15:$B$9589)","v":1},"Impermeabilización de rasgo (Bautop Seal)",{"$f":"VLOOKUP(M164,'Act. Proyecto'!$I$3:$Q$881,2,FALSE)","v":"ALBAÑIL TERMINACIONES"},{"$f":"VLOOKUP(M164,'Act. Proyecto'!$I$3:$Q$881,3,FALSE)","v":"ml"},{"$f":"VLOOKUP(M164,'Act. Proyecto'!$I$3:$Q$881,4,FALSE)","v":24.106874999999999},{"$f":"VLOOKUP(M164,'Act. Proyecto'!$I$3:$Q$881,5,FALSE)","v":100},2410.6875,{"$f":"VLOOKUP(M164,'Act. Proyecto'!$I$3:$Q$881,7,FALSE)","v":"Depto"},{"$f":"SUMIF('Resumen Frentes Semanal'!$K$6:$K$64,'Prog. Semanal TER'!N164,'Resumen Frentes Semanal'!$M$6:$M$64)","v":52341},null,null,null,null,null,0,null,null,null,null,null,null,null,null,null,null,null,null,null,null,null,null,null,null,null,null,null,null,null,null,null,null,null,null,null,null,null,null,null,null,"2F1","2F2","3F1","3F2",null,1,"4F1-2","5F1","5F2","2F3","2F4",1,null,"3F3","3F4","4F3","4F4",1,"5F3-4","5F5-6","4F5","4F6",1,"3F5-6",null,null,null,null,1,null,null,null,null,null,null,null,null,null,null,null,null,null,null,null,null,null,null,null,null,null,null,null,null,null,null,null,null,null,null,null,null,null,null,null,null,null,null,"2F5-6",0,"2-1F5-6",null,null,"5F7-8",null,1,null,null,null,null,"4-3F7-8",1,"1F3-4",null,"1-2F7-8",null,null,0.66669999999999996,"1F3-4",null,null,null,null,1,"5-4F9-10",null,null,"3-2-1F9-10",null,1,null,null,null,"5F11-12","4F11-12",1,"3F11","3F12","2F11","2F12",null,1,null,null,null,null,null,0,null,null,"5F13-14","4F13-14","3F13",1,null,null,"3F14","2F13-14","1F13-14",1,null,null,null,"5-4F15","3F15",1,"2-1F15",null,null,"5-4-3F16","2F16",0.83330000000000004,null,"2F16","1F16",null,"5F17-18",1,null,"4F17-18",null,"3F17-18",1,"2F17",null,null,null,null,1,"1F1-2","2F18","1F17-18",null,"5F19-20",1,"4F19-20",null,null,"3F19-20",null,1,"2F19-20",null,null,"1F19-20",null,1,null,"5F21-22","4F21",null,null,1,null,null,null,null,"3F21-22",0,"3F21-22",null,"2F21-22","1F21-22",null,1,"1F21-22",null,null,null,null,1,null,null,"5F23-24","4F23-24","3F23-24",0,"5F23-24","4F23-24","3F23-24","2F23-24"]
[115,null,null,0,{"$f":"D165*$JF$165","v":0},0,"TERM",null,null,null,null,{"$f":"SUMIF('Control de Avance'!$C$15:$C$9589,'Prog. Semanal TER'!M165,'Control de Avance'!$B$15:$B$9589)","v":1},"Preparar tubo PVC con alfombra VC",{"$f":"VLOOKUP(M165,'Act. Proyecto'!$I$3:$Q$881,2,FALSE)","v":"LIMPIEZA Y TRASLADO"},{"$f":"VLOOKUP(M165,'Act. Proyecto'!$I$3:$Q$881,3,FALSE)","v":"ml"},{"$f":"VLOOKUP(M165,'Act. Proyecto'!$I$3:$Q$881,4,FALSE)","v":3.9375},{"$f":"VLOOKUP(M165,'Act. Proyecto'!$I$3:$Q$881,5,FALSE)","v":800},3150,{"$f":"VLOOKUP(M165,'Act. Proyecto'!$I$3:$Q$881,7,FALSE)","v":"Depto"},{"$f":"SUMIF('Resumen Frentes Semanal'!$K$6:$K$64,'Prog. Semanal TER'!N165,'Resumen Frentes Semanal'!$M$6:$M$64)","v":43500},null,null,null,null,null,0]
[116,12,8,30371.666666666664,{"$f":"D166*$JF$166","v":30371.666666666664},15185.833333333332,"TERM",null,null,null,null,{"$f":"SUMIF('Control de Avance'!$C$15:$C$9589,'Prog. Semanal TER'!M166,'Control de Avance'!$B$15:$B$9589)","v":1},"Instalar tubo PVC con alfombra VC",{"$f":"VLOOKUP(M166,'Act. Proyecto'!$I$3:$Q$881,2,FALSE)","v":"CARP. TABIQUE Y VOLCAPOL"},{"$f":"VLOOKUP(M166,'Act. Proyecto'!$I$3:$Q$881,3,FALSE)","v":"ml"},{"$f":"VLOOKUP(M166,'Act. Proyecto'!$I$3:$Q$881,4,FALSE)","v":4.7455729166666663},{"$f":"VLOOKUP(M166,'Act. Proyecto'!$I$3:$Q$881,5,FALSE)","v":800},3796.458333333333,{"$f":"VLOOKUP(M166,'Act. Proyecto'!$I$3:$Q$881,7,FALSE)","v":"Depto"},{"$f":"SUMIF('Resumen Frentes Semanal'!$K$6:$K$64,'Prog. Semanal TER'!N166,'Resumen Frentes Semanal'!$M$6:$M$64)","v":167800},null,null,null,null,null,0,null,null,null,null,null,null,null,null,null,null,null,null,null,null,null,null,null,null,null,null,null,null,null,null,null,null,null,null,null,null,null,null,null,null,null,null,null,null,null,null,"4F1-2","5F1-2","3F1-2","2F1-2","5F3-4",0.4,"3F1","3F2","2F1","2F2","5F3",0.4,"2F1-2",null,"2F3","2F4",0,"2F1","2F2",null,null,null,0,null,null,null,null,null,null,null,null,null,null,null,null,null,null,null,null,null,null,null,null,null,null,null,null,null,null,null,null,null,null,"2F2","2F1.1",null,null,null,1,"2F2","5-4F3-4","3-2F3-4",1,null,"5F5-6","4F5-6","3F5-6","2F5-6",1,null,null,null,null,null,null,"5F7-8","4F7-8","2F5-6","1F5-6",null,1,null,"1F3-4","3F7-8",null,null,1,"2-1F7-8",null,null,null,null,1,"5F9-10","4F9-10",null,null,"3F9-10",1,"2F9-10",null,"1F9-10",null,null,1,null,null,"5-4F11-12","2F11-12","3F11-12",1,null,null,"5F13-14","4F13-14","3F13-14",1,"2-1F13-14",null,null,null,null,1,"5-4F15","3-2-1F15",null,null,null,0.4,null,null,null,"3-2F15","1F15",0.66669999999999996,"1F15",null,null,"5-4F16",null,0,"1F15",null,"5-4F16",null,0,"1F15","5-4-3-2-1F16",null,"5-4-3-2-1F17-18",null,1,"1F1-2",null,null,"5-4F19-20",null,0,"1F1-2",null,null,null,null,1,null,null,null,null,null,null,null,null,null,"5F19-20",null,0,null,"1F17","5-4F19-20",null,null,1,"3-2-1F19-20",null,null,null,null,1,null,null,null,null,"5-4F21-22",0,null,null,"5-4F21-22",null,null,1,null,null,null,null,"3F21-22"]
[147,14,8,70426.000000000015,{"$f":"D167*$JF$167","v":70426.000000000015},52819.500000000015,"TERM",null,null,null,null,{"$f":"SUMIF('Control de Avance'!$C$15:$C$9589,'Prog. Semanal TER'!M167,'Control de Avance'!$B$15:$B$9589)","v":1},"Piernas de yeso + pilar para closet",{"$f":"VLOOKUP(M167,'Act. Proyecto'!$I$3:$Q$881,2,FALSE)","v":"YESERO"},{"$f":"VLOOKUP(M167,'Act. Proyecto'!$I$3:$Q$881,3,FALSE)","v":"ml"},{"$f":"VLOOKUP(M167,'Act. Proyecto'!$I$3:$Q$881,4,FALSE)","v":11.004062500000002},{"$f":"VLOOKUP(M167,'Act. Proyecto'!$I$3:$Q$881,5,FALSE)","v":800},8803.2500000000018,{"$f":"VLOOKUP(M167,'Act. Proyecto'!$I$3:$Q$881,7,FALSE)","v":"Depto"},{"$f":"SUMIF('Resumen Frentes Semanal'!$K$6:$K$64,'Prog. Semanal TER'!N167,'Resumen Frentes Semanal'!$M$6:$M$64)","v":118000},null,null,null,null,null,0,null,null,null,null,null,null,null,null,null,null,null,null,null,null,null,null,null,null,null,null,null,null,null,null,null,null,null,null,null,null,null,null,null,null,"2F1","2F2","3F1","3F2","4F1-2",1,"5F1","5F2","2F3","2F4","3F3",1,"3F4","4F3","4F4","5F3","5F4",1,"5F5","5F6","4F5","4F6",1,null,null,null,"3F5","3F6",1,"2F5","2F6","1F5","1F6.1",null,1,null,null,null,null,null,null,null,null,null,null,null,null,null,null,null,null,null,null,null,null,null,null,null,null,null,null,null,null,null,null,null,null,null,null,null,null,null,null,null,null,null,null,null,null,null,0,"1F6.2","5F7-8","4F7-8","3F7-8",null,0.92310000000000003,"1F3-4","1F6.2",null,null,"2F7-8",1,"1F7","1F8","5F9","5F10","4F9-10",1,null,null,"3F9-10",null,"2F9-10",1,"1F9","1F10","5F11","5F12",null,1,"4F11","4F12","3F11","3F12","2F11",1,"2F12","5F13","5F14","4F13","4F14",1,"3F13","3F14","2F13","2F14","1F13-14",1,"4F15","3F15","2F15","1F5","4F16",1,null,"5F15","3F16","2F16","1F16",1,null,null,null,null,null,null,"4F17","4F18","5F16","3F17",0,"1F1-2","4F17","4F18","3F17","3F18.1",1,"5F16","3F18.2","5F17-18","2F17-18","1F17",1,"4F19","4F20","3F19","3F20","2F19",1,null,"2F20","1F19","1F20","5F19-20",1,null,null,null,null,null,null,null,null,null,null,null,0,"4F21","4F22","3F21","3F22",null,1,null,"2F21","2F22","1F21","1F22",1,null,null,"5F21","5F22","4F23-24",1,null,null,"3F23","3F24","2F23"]
[148,13,9,6435,{"$f":"D168*$JF$168","v":3575.2860000000001},2860,"TERM",null,null,null,null,{"$f":"SUMIF('Control de Avance'!$C$15:$C$9589,'Prog. Semanal TER'!M168,'Control de Avance'!$B$15:$B$9589)","v":1},"Cuadre cajas",{"$f":"VLOOKUP(M168,'Act. Proyecto'!$I$3:$Q$881,2,FALSE)","v":"YESERO"},{"$f":"VLOOKUP(M168,'Act. Proyecto'!$I$3:$Q$881,3,FALSE)","v":"cu"},{"$f":"VLOOKUP(M168,'Act. Proyecto'!$I$3:$Q$881,4,FALSE)","v":5.5},{"$f":"VLOOKUP(M168,'Act. Proyecto'!$I$3:$Q$881,5,FALSE)","v":130},715,{"$f":"VLOOKUP(M168,'Act. Proyecto'!$I$3:$Q$881,7,FALSE)","v":"Depto"},{"$f":"SUMIF('Resumen Frentes Semanal'!$K$6:$K$64,'Prog. Semanal TER'!N168,'Resumen Frentes Semanal'!$M$6:$M$64)","v":118000},null,null,null,null,null,0,null,null,null,null,null,null,null,null,null,null,null,null,null,null,null,null,null,null,null,null,null,null,null,null,null,null,null,null,null,null,null,null,null,null,null,null,null,null,null,null,null,null,null,null,null,null,null,null,null,null,"5F1",0,"5F1","5F2.1","4F1","4F2",0.42859999999999998,"4F1","4F2","5F2.2","3F2",null,0.71430000000000005,"3F1","3F2",null,null,null,0,null,null,null,null,null,null,null,null,null,null,null,null,null,null,null,null,null,null,null,null,null,null,null,null,null,null,"3F1","3F2.1","2F1",0.6,"3F2.2","2F1-2","5F3.1",1,"5F3.2","5F4","4F3-4","3F3","3F4",1,"2F3","2F4","5F5","5F6","4F5",0.8,"4F5","4F6","3F5","3F6.1",null,1,null,"3F6.2","2F5","2F6","1F5-6",1,"1F3","1F4","5F7","5F8","4F7-8",0.66669999999999996,"1F3","1F4","3F7","3F8","2F7",1,"2F8","1F7","1F8","5F9","5F10",1,"4F9","4F10","3F9","3F10","2F9",1,"2F10","1F9","1F10","5F11","5F12",1,"4F11","4F12","3F11","3F12",null,0.75,"2F11","3F12","2F12","5F13","5F14",0.8,"5F14","4F13","4F14","3F13-14","2F13.1",1,null,null,"2F13.2","2F14","1F13-14",1,null,null,"5F15","4F15",0,null,"5F15","4F15","3F15","2F15",0,"5F15","4F15","3F15","2F15","1F15.1",1,"1F15.2","5F16","4F16","3F16","2F16.1",1,"2F16.2","1F16","5F17-18","4F17","1F1",0.81820000000000004,null,null,"1F1","1F2.1","1F2.2",0.75,"1F2.2","4F18",null,"3F17","3F18.1",1,"3F18.2","2F17-18","1F17","5F19.1",null,1,"5F19.2","5F20","4F19.1","4F20","3F19-20",1,"4F19.1","2F19","2F20","1F19","1F20",0.55559999999999998,"1F19","1F20"]
[149,14,8,88954.166666666657,{"$f":"D169*$JF$169","v":88954.166666666657},66715.625,"TERM",null,null,null,null,{"$f":"SUMIF('Control de Avance'!$C$15:$C$9589,'Prog. Semanal TER'!M169,'Control de Avance'!$B$15:$B$9589)","v":1},"Fajas  yeso",{"$f":"VLOOKUP(M169,'Act. Proyecto'!$I$3:$Q$881,2,FALSE)","v":"YESERO"},{"$f":"VLOOKUP(M169,'Act. Proyecto'!$I$3:$Q$881,3,FALSE)","v":"ml"},{"$f":"VLOOKUP(M169,'Act. Proyecto'!$I$3:$Q$881,4,FALSE)","v":60.104166666666664},{"$f":"VLOOKUP(M169,'Act. Proyecto'!$I$3:$Q$881,5,FALSE)","v":185},11119.270833333332,{"$f":"VLOOKUP(M169,'Act. Proyecto'!$I$3:$Q$881,7,FALSE)","v":"Depto"},{"$f":"SUMIF('Resumen Frentes Semanal'!$K$6:$K$64,'Prog. Semanal TER'!N169,'Resumen Frentes Semanal'!$M$6:$M$64)","v":118000},null,null,null,null,null,0,null,null,null,null,null,null,null,null,null,null,null,null,null,null,null,null,null,null,null,null,null,null,null,null,null,null,null,null,null,null,null,null,null,null,"2F1","2F2","3F1","3F2","4F1-2",1,"5F1","5F2","2F3","2F4","3F3",1,"3F4","4F3","4F4","5F3","5F4",1,"5F5","5F6","4F5","4F6",1,null,null,null,"3F5","3F6",1,"2F5","2F6","1F5","1F6.1",null,1,null,null,null,null,null,null,null,null,null,null,null,null,null,null,null,null,null,null,null,null,null,null,null,null,null,null,null,null,null,null,null,null,null,null,null,null,null,null,null,null,null,null,null,null,null,0,"1F6.2","5F7-8","4F7-8","3F7-8",null,0.92310000000000003,"1F3-4","1F6.2",null,null,"2F7-8",1,"1F7","1F8","5F9","5F10","4F9-10",1,null,null,"3F9-10",null,"2F9-10",1,"1F9","1F10","5F11","5F12",null,1,"4F11","4F12","3F11","3F12","2F11",1,"2F12","5F13","5F14","4F13","4F14",1,"3F13","3F14","2F13","2F14","1F13-14",1,"4F15","3F15","2F15","1F5","4F16",1,null,"5F15","3F16","2F16","1F16",1,null,null,null,null,null,null,"4F17","4F18","5F16","3F17",0,"1F1-2","4F17","4F18","3F17","3F18.1",1,"5F16","3F18.2","5F17-18","2F17-18","1F17",1,"4F19","4F20","3F19","3F20","2F19",1,null,"2F20","1F19","1F20","5F19-20",1,null,null,null,null,null,null,null,null,null,null,null,0,"4F21","4F22","3F21","3F22",null,1,null,"2F21","2F22","1F21","1F22",1,null,null,"5F21","5F22","4F23-24",1,null,null,"3F23","3F24","2F23"]
[150,13,9,8328.9656249999989,{"$f":"D170*$JF$170","v":4627.5733012499995},3701.7624999999994,"TERM",null,null,null,null,{"$f":"SUMIF('Control de Avance'!$C$15:$C$9589,'Prog. Semanal TER'!M170,'Control de Avance'!$B$15:$B$9589)","v":1},"Alineamiento para guardapolvo acceso",{"$f":"VLOOKUP(M170,'Act. Proyecto'!$I$3:$Q$881,2,FALSE)","v":"YESERO"},{"$f":"VLOOKUP(M170,'Act. Proyecto'!$I$3:$Q$881,3,FALSE)","v":"ml"},{"$f":"VLOOKUP(M170,'Act. Proyecto'!$I$3:$Q$881,4,FALSE)","v":4.3043749999999994},{"$f":"VLOOKUP(M170,'Act. Proyecto'!$I$3:$Q$881,5,FALSE)","v":215},925.44062499999984,{"$f":"VLOOKUP(M170,'Act. Proyecto'!$I$3:$Q$881,7,FALSE)","v":"Depto"},{"$f":"SUMIF('Resumen Frentes Semanal'!$K$6:$K$64,'Prog. Semanal TER'!N170,'Resumen Frentes Semanal'!$M$6:$M$64)","v":118000},null,null,null,null,null,0,null,null,null,null,null,null,null,null,null,null,null,null,null,null,null,null,null,null,null,null,null,null,null,null,null,null,null,null,null,null,null,null,null,null,null,null,null,null,null,null,null,null,null,null,null,null,null,null,null,null,"5F1",0,"5F1","5F2.1","4F1","4F2",0.42859999999999998,"4F1","4F2","5F2.2","3F2",null,0.71430000000000005,"3F1","3F2",null,null,null,0,null,null,null,null,null,null,null,null,null,null,null,null,null,null,null,null,null,null,null,null,null,null,null,null,null,null,"3F1","3F2.1","2F1",0.6,"3F2.2","2F1-2","5F3.1",1,"5F3.2","5F4","4F3-4","3F3","3F4",1,"2F3","2F4","5F5","5F6","4F5",0.8,"4F5","4F6","3F5","3F6.1",null,1,null,"3F6.2","2F5","2F6","1F5-6",1,"1F3","1F4","5F7","5F8","4F7-8",0.66669999999999996,"1F3","1F4","3F7","3F8","2F7",1,"2F8","1F7","1F8","5F9","5F10",1,"4F9","4F10","3F9","3F10","2F9",1,"2F10","1F9","1F10","5F11","5F12",1,"4F11","4F12","3F11","3F12",null,0.75,"2F11","3F12","2F12","5F13","5F14",0.8,"5F14","4F13","4F14","3F13-14","2F13.1",1,null,null,"2F13.2","2F14","1F13-14",1,null,null,"5F15","4F15",0,null,"5F15","4F15","3F15","2F15",0,"5F15","4F15","3F15","2F15","1F15.1",1,"1F15.2","5F16","4F16","3F16","2F16.1",1,"2F16.2","1F16","5F17-18","4F17","1F1",0.81820000000000004,null,null,"1F1","1F2.1","1F2.2",0.75,"1F2.2","4F18",null,"3F17","3F18.1",1,"3F18.2","2F17-18","1F17","5F19.1",null,1,"5F19.2","5F20","4F19.1","4F20","3F19-20",1,"4F19.1","2F19","2F20","1F19","1F20",0.55559999999999998,"1F19","1F20"]
[162,13,7,15050,{"$f":"D171*$JF$171","v":2150.645},12900,"TERM",null,null,null,null,{"$f":"SUMIF('Control de Avance'!$C$15:$C$9589,'Prog. Semanal TER'!M171,'Control de Avance'!$B$15:$B$9589)","v":1},"Limpieza para trazo",{"$f":"VLOOKUP(M171,'Act. Proyecto'!$I$3:$Q$881,2,FALSE)","v":"LIMPIEZA Y TRASLADO"},{"$f":"VLOOKUP(M171,'Act. Proyecto'!$I$3:$Q$881,3,FALSE)","v":"depto"},{"$f":"VLOOKUP(M171,'Act. Proyecto'!$I$3:$Q$881,4,FALSE)","v":1},{"$f":"VLOOKUP(M171,'Act. Proyecto'!$I$3:$Q$881,5,FALSE)","v":2150},2150,{"$f":"VLOOKUP(M171,'Act. Proyecto'!$I$3:$Q$881,7,FALSE)","v":"Depto"},{"$f":"SUMIF('Resumen Frentes Semanal'!$K$6:$K$64,'Prog. Semanal TER'!N171,'Resumen Frentes Semanal'!$M$6:$M$64)","v":43500},null,null,null,null,null,0,null,null,null,null,null,null,null,null,null,null,null,null,null,null,null,null,null,null,null,null,null,null,null,null,null,null,null,null,null,null,null,null,null,null,null,null,null,null,null,null,"4F1-2","5F1.1","5F2","3F1.2","2F1-2",0.41670000000000001,"5F1.2","5F2","3F1","3F2","2F1",0.77780000000000005,"2F1","2F2","2F3","2F4",0,"2F1","2F2",null,"2F3-4","3F3-4",0.83330000000000004,null,null,null,null,null,null,null,null,null,"4F3-4","5F3-4",1,null,null,null,null,null,null,null,null,null,null,null,null,null,null,null,null,null,null,"2F2","5F3","5F4",null,"4F3.1",1,"4F3.1","4F4","3F3",1,"3F4","2F3","2F4","5F5","5F6",1,"4F5","4F6","3F5","3F6","2F5.1",1,"2F5.2","2F6","1F5-F6","5F7","5F8.1",1,"5F8.2","1F3","1F4","4F7-8","3F7.1",1,"3F7.2","3F8","2F7","2F8","1F7",1,"1F8","5F9","5F10","4F9",null,1,"4F10","3F9","3F10","2F9","2F10",0.8,"2F10","1F9","1F10","5F11","5F12",0.8,"5F12","4F11","4F12","3F11.1",null,0.85709999999999997,"3F11","3F12.1","3F12.2","2F11","2F12",0.875,"3F12.2","5F13","5F14","4F13","4F14",1,"3F13","3F14","2F13","2F14","1F13",0.8,"1F13","1F14","5F15","4F15","3F15",0.6,"4F15","3F15","2F15.1","1F15",0.71430000000000005,"2F15.2","1F15","5F16","4-3F16","2F16.1",1,"2F16.2","1F16","5F17","5F18","4F17",0.77780000000000005,"1F1","1F2.1",null,null,null,1,"1F2.2","4F17","4F18","3F17","3F18.1",1,"3F18.2","2F17","2F18","1F17",null,0.42859999999999998,null,"2F18","1F17","5F19-20","4F19",1,null,"4F20","3F19","3F20",null,1,"2F19","2F20","1F19","1F20.1",null,1,null,"1F20.2","5F21","5F22","4F21",0.1429,null,null,"5F21","5F22","4F21"]
[163,11,5,31750,{"$f":"D172*$JF$172","v":6350},38100,"TERM",null,null,null,null,{"$f":"SUMIF('Control de Avance'!$C$15:$C$9589,'Prog. Semanal TER'!M172,'Control de Avance'!$B$15:$B$9589)","v":1},"Trazado tabiques y vanos",{"$f":"VLOOKUP(M172,'Act. Proyecto'!$I$3:$Q$881,2,FALSE)","v":"CARP. TABIQUE Y VOLCAPOL"},{"$f":"VLOOKUP(M172,'Act. Proyecto'!$I$3:$Q$881,3,FALSE)","v":"depto"},{"$f":"VLOOKUP(M172,'Act. Proyecto'!$I$3:$Q$881,4,FALSE)","v":1},{"$f":"VLOOKUP(M172,'Act. Proyecto'!$I$3:$Q$881,5,FALSE)","v":6350},6350,{"$f":"VLOOKUP(M172,'Act. Proyecto'!$I$3:$Q$881,7,FALSE)","v":"Depto"},{"$f":"SUMIF('Resumen Frentes Semanal'!$K$6:$K$64,'Prog. Semanal TER'!N172,'Resumen Frentes Semanal'!$M$6:$M$64)","v":167800},null,null,null,null,null,0,null,null,null,null,null,null,null,null,null,null,null,null,null,null,null,null,null,null,null,null,null,null,null,null,null,null,null,null,null,null,null,null,null,null,null,null,null,null,null,null,null,null,"5F1.1","4F2","4F1",1,"5F1.2","5F2","3F1","3F2","2F1",0.77780000000000005,"2F1","2F2","2F3","2F4",0,"2F1","2F2",null,"2F3-4","3F3-4",0.83330000000000004,null,null,null,null,null,null,null,null,null,null,null,null,null,null,null,null,null,null,null,null,null,null,null,null,null,null,null,null,null,null,"2F2","5F3","5F4",null,"4F3.1",1,"4F3.1","4F4","3F3",1,"3F4","2F3","2F4","5F5","5F6",1,"4F5-6","3F5","3F6","2F5.1","2F5.2",0.9,"2F5.2","2F6","1F5-F6","5F7","5F8.1",1,"5F8.2","1F3","1F4","4F7-8","3F7.1",1,"3F7.2","3F8","2F7","2F8","1F7",1,"1F8","5F9","5F10","4F9","4F10.1",0.88890000000000002,"4F10","3F9","3F10","2F9","2F10",0.8,"2F10","1F9","1F10","5F11","5F12",0.8,"5F12","4F11","4F12","3F11.1",null,0.85709999999999997,"3F11","3F12.1","3F12.2","2F11","2F12",0.875,"3F12.2","5F13","5F14","4F13","4F14",1,"3F13","3F14","2F13","2F14","1F13",0.8,"1F13","1F14","5F15","4F15","3F15",0.6,"4F15","3F15","2F15.1","1F15",0.71430000000000005,"2F15.2","1F15","5F16","4-3F16","2F16.1",1,"2F16.2","1F16","5F17","5F18","4F17",0.77780000000000005,"1F1","1F2.1","1F2.2",null,null,0.75,"1F2.2","4F17","4F18","3F17","3F18.1",1,"3F18.2","2F17","2F18","1F17",null,0.42859999999999998,null,"2F18","1F17","5F19-20","4F19",1,null,"4F20","3F19","3F20",null,1,"2F19","2F20","1F19","1F20.1",null,1,null,"1F20.2",null,"5F21","5F22",0.2,null,null,"5F21","5F22","4F21"]
[163,10,4,3291.166666666667,{"$f":"D173*$JF$173","v":0},4936.75,"TERM",null,null,null,null,{"$f":"SUMIF('Control de Avance'!$C$15:$C$9589,'Prog. Semanal TER'!M173,'Control de Avance'!$B$15:$B$9589)","v":0},"Fabricación de elementos eléctricos",{"$f":"VLOOKUP(M173,'Act. Proyecto'!$I$3:$Q$881,2,FALSE)","v":"ELÉCTRICO T"},{"$f":"VLOOKUP(M173,'Act. Proyecto'!$I$3:$Q$881,3,FALSE)","v":"centro"},{"$f":"VLOOKUP(M173,'Act. Proyecto'!$I$3:$Q$881,4,FALSE)","v":13.270833333333334},{"$f":"VLOOKUP(M173,'Act. Proyecto'!$I$3:$Q$881,5,FALSE)","v":62},822.79166666666674,{"$f":"VLOOKUP(M173,'Act. Proyecto'!$I$3:$Q$881,7,FALSE)","v":"Depto"},{"$f":"SUMIF('Resumen Frentes Semanal'!$K$6:$K$64,'Prog. Semanal TER'!N173,'Resumen Frentes Semanal'!$M$6:$M$64)","v":82000},null,null,null,null,null,0,null,null,null,null,null,null,null,null,null,null,null,null,null,null,null,null,null,null,null,null,null,null,null,null,null,null,null,null,null,null,null,null,null,null,null,null,null,null,null,null,null,"4F1","4F2","5F1.1",null,1,"5F1.2","5F2","3F1","3F2","2F1",1,"2F2","2F3","2F4","3F3",0,null,null,null,null,null,0,null,null,null,null,null,null,null,null,null,null,null,null,null,null,null,null,null,null,null,null,null,null,null,null,null,null,null,null,null,null,"2F2","5F3",null,"5F4","4F3.1",1,"4F3.2","4F4","3F3",1,"3F4","2F3","2F4","5F5","5F6",1,"4F5-6","3F5","3F6","2F5.1","2F5.2",0.9,"2F6","1F5","1F6","1F3","1F4",1,"5F8.2","1F3","1F4","4F7-8","3F7.1",1,"3F7.2","3F8","2F7","2F8","1F7",1,"1F8","5F9","5F10","4F9","4F10.1",0.88890000000000002,"4F10","3F9","3F10","2F9","2F10",0.8,"2F10","1F9","1F10","5F11","5F12",0.8,"5F12","4F11","4F12","3F11","3F12",0.6,"3F11","3F12","2F11","2F12",null,1,null,"5F13","5F14","4F13","4F14",1,"3F13","3F14","2F13","2F14","1F13",1,"1F14","5F15","4F15","3F15","2F15",0.4,"4F15","3F15","2F15","1F15",0.75,null,"1F15","5F16","4F16","3-2F16",1,null,"1F16","5F17-18","4F17.1","4F17.2",0.875,"1F1","1F2",null,null,null,1,null,"4F17.2","4F18","3F17","3F18",1,null,"2F17","2F18","1F17",null,0.66669999999999996,null,"1F17",null,"5F19-20","4F19",1,null,"4F20","3F19-20","2F19.1",null,1,"2F19.2","2F20","1F19","1F20",null,1,null,null,null,"5F21","5F22",0,null,null,"5F21","5F22","4F21"]
[183,11,5,210920.64298437498,{"$f":"D174*$JF$174","v":42184.128596875002},253104.77158124995,"TERM",null,null,null,null,{"$f":"SUMIF('Control de Avance'!$C$15:$C$9589,'Prog. Semanal TER'!M174,'Control de Avance'!$B$15:$B$9589)","v":1},"Estructurar tabiques, 1era y 2da cara",{"$f":"VLOOKUP(M174,'Act. Proyecto'!$I$3:$Q$881,2,FALSE)","v":"CARP. TABIQUE Y VOLCAPOL"},{"$f":"VLOOKUP(M174,'Act. Proyecto'!$I$3:$Q$881,3,FALSE)","v":"m2"},{"$f":"VLOOKUP(M174,'Act. Proyecto'!$I$3:$Q$881,4,FALSE)","v":37.166633124999997},{"$f":"VLOOKUP(M174,'Act. Proyecto'!$I$3:$Q$881,5,FALSE)","v":1135},42184.128596874994,{"$f":"VLOOKUP(M174,'Act. Proyecto'!$I$3:$Q$881,7,FALSE)","v":"Depto"},{"$f":"SUMIF('Resumen Frentes Semanal'!$K$6:$K$64,'Prog. Semanal TER'!N174,'Resumen Frentes Semanal'!$M$6:$M$64)","v":167800},null,null,null,null,null,0,null,null,null,null,null,null,null,null,null,null,null,null,null,null,null,null,null,null,null,null,null,null,null,null,null,null,null,null,null,null,null,null,null,null,null,null,null,null,null,null,null,null,"5F1.1","5F2","4F1",1,"5F1.2","5F2","3F1","3F2","2F1",0.77780000000000005,"2F1","2F2","2F3","2F4",0,"2F1","2F2",null,"3F3.2",null,0.6,null,null,null,null,null,null,null,null,null,null,null,null,null,null,null,null,null,null,null,null,null,null,null,null,null,null,null,null,null,null,"2F2","5F3","5F4",null,"4F3.1",1,"4F3.1","4F4","3F3",1,"3F4","2F3","2F4","5F5","5F6",1,"4F5-6","3F5","3F6","2F5.1","2F5.2",0.9,"2F5.2","2F6","1F5-F6","5F7","5F8.1",1,"5F8.2","1F3","1F4","4F7-8","3F7.1",1,"3F7.2","3F8","2F7","2F8","1F7",1,"1F8","5F9","5F10","4F9","4F10.1",0.88890000000000002,"4F10","3F9","3F10","2F9","2F10",0.8,"2F10","1F9","1F10","5F11","5F12",0.8,"5F12","4F11","4F12","3F11.1",null,0.85709999999999997,"3F11","3F12.1","3F12.2","2F11","2F12",0.875,"3F12.2","5F13","5F14","4F13","4F14",1,"3F13","3F14","2F13","2F14","1F13",0.8,"1F13","1F14","5F15","4F15","3F15",0.6,"4F15","3F15","2F15.1","1F15",0.71430000000000005,"2F15.2","1F15","5F16","4-3F16","2F16.1",1,"2F16.2","1F16","5F17","5F18","4F17",0.77780000000000005,"1F1","1F2.1","1F2.2",null,null,0.75,"1F2.2","4F17","4F18","3F17","3F18.1",1,"3F18.2","2F17","2F18","1F17",null,0.42859999999999998,null,"2F18","1F17","5F19-20","4F19",1,null,"4F20","3F19","3F20",null,1,"2F19","2F20","1F19","1F20.1",null,1,null,"1F20.2",null,"5F21","5F22",0.2,null,null,"5F21","5F22","4F21"]
[186,10,4,39334.75,{"$f":"D175*$JF$175","v":0},59002.125,"TERM",null,null,null,null,{"$f":"SUMIF('Control de Avance'!$C$15:$C$9589,'Prog. Semanal TER'!M175,'Control de Avance'!$B$15:$B$9589)","v":1},"Instalaciones eléctricas en tabique",{"$f":"VLOOKUP(M175,'Act. Proyecto'!$I$3:$Q$881,2,FALSE)","v":"ELÉCTRICO T"},{"$f":"VLOOKUP(M175,'Act. Proyecto'!$I$3:$Q$881,3,FALSE)","v":"centro"},{"$f":"VLOOKUP(M175,'Act. Proyecto'!$I$3:$Q$881,4,FALSE)","v":13.270833333333334},{"$f":"VLOOKUP(M175,'Act. Proyecto'!$I$3:$Q$881,5,FALSE)","v":741},9833.6875,{"$f":"VLOOKUP(M175,'Act. Proyecto'!$I$3:$Q$881,7,FALSE)","v":"Depto"},{"$f":"SUMIF('Resumen Frentes Semanal'!$K$6:$K$64,'Prog. Semanal TER'!N175,'Resumen Frentes Semanal'!$M$6:$M$64)","v":82000},null,null,null,null,null,0,null,null,null,null,null,null,null,null,null,null,null,null,null,null,null,null,null,null,null,null,null,null,null,null,null,null,null,null,null,null,null,null,null,null,null,null,null,null,null,null,null,null,"4F1","4F2","5F1.1",1,"5F1.2","5F2","3F1","3F2","2F1",1,"2F2","2F3","2F4","3F3",0,null,null,null,null,null,0,null,null,null,null,null,null,null,null,null,null,null,null,null,null,null,null,null,null,null,null,null,null,null,null,null,null,null,null,null,null,"2F2","5F3",null,"5F4","4F3.1",1,"4F3.2","4F4","3F3",1,"3F4","2F3","2F4","5F5","5F6",1,"4F5-6","3F5","3F6","2F5.1","2F5.2",0.9,"2F6","1F5","1F6","1F3","1F4",1,"5F8.2","1F3","1F4","4F7-8","3F7.1",1,"3F7.2","3F8","2F7","2F8","1F7",1,"1F8","5F9","5F10","4F9","4F10.1",0.88890000000000002,"4F10","3F9","3F10","2F9","2F10",0.8,"2F10","1F9","1F10","5F11","5F12",0.8,"5F12","4F11","4F12","3F11","3F12",0.6,"3F11","3F12","2F11","2F12",null,1,null,"5F13","5F14","4F13","4F14",1,"3F13","3F14","2F13","2F14","1F13",1,"1F14","5F15","4F15","3F15","2F15",0.4,"4F15","3F15","2F15","1F15",0.75,null,"1F15","5F16","4F16","3-2F16",1,null,"1F16","5F17-18","4F17.1","4F17.2",0.875,"1F1","1F2",null,null,null,1,null,"4F17.2","4F18","3F17","3F18",1,null,"2F17","2F18","1F17",null,0.66669999999999996,null,"1F17",null,"5F19-20","4F19",1,null,"4F20","3F19-20","2F19.1",null,1,"2F19.2","2F20","1F19","1F20",null,1,null,null,null,"5F21","5F22",0,null,null,"5F21","5F22","4F21"]
[187,13,7,2.2453472222222217,{"$f":"D176*$JF$176","v":0.32086011805555548},1.9245833333333331,"TERM",null,null,null,null,{"$f":"SUMIF('Control de Avance'!$C$15:$C$9589,'Prog. Semanal TER'!M176,'Control de Avance'!$B$15:$B$9589)","v":1},"Instalaciones agua en tabique",{"$f":"VLOOKUP(M176,'Act. Proyecto'!$I$3:$Q$881,2,FALSE)","v":"GASFITER T"},{"$f":"VLOOKUP(M176,'Act. Proyecto'!$I$3:$Q$881,3,FALSE)","v":"dh"},{"$f":"VLOOKUP(M176,'Act. Proyecto'!$I$3:$Q$881,4,FALSE)","v":0.32076388888888885},{"$f":"VLOOKUP(M176,'Act. Proyecto'!$I$3:$Q$881,5,FALSE)","v":1},0.32076388888888885,{"$f":"VLOOKUP(M176,'Act. Proyecto'!$I$3:$Q$881,7,FALSE)","v":"Depto"},{"$f":"SUMIF('Resumen Frentes Semanal'!$K$6:$K$64,'Prog. Semanal TER'!N176,'Resumen Frentes Semanal'!$M$6:$M$64)","v":7},null,null,null,null,null,0,null,null,null,null,null,null,null,null,null,null,null,null,null,null,null,null,null,null,null,null,null,null,null,null,null,null,null,null,null,null,null,null,null,null,null,null,null,null,null,null,null,null,null,null,null,null,null,null,null,null,null,null,null,null,null,null,null,null,null,null,null,null,null,null,null,null,null,null,null,null,null,null,null,null,null,null,null,null,null,null,null,null,null,null,null,null,null,null,null,null,null,null,null,null,null,null,null,null,null,null,null,null,null,null,null,null,null,null,null,null,null,null,null,null,null,null,null,null,null,null,null,null,null,null,null,null,null,"3F7.2","3F8","2F7","2F8","1F7",1,"1F8","5F9","5F10","4F9","4F10",0.8,null,null,null,null,null,null,null,null,null,null,null,null,"5F12","4F11","4F12","3F11.1",null,0.85709999999999997,"3F11","3F12","2F11","2F12",null,0.75,"3F12.2","5F13","5F14","4F13","4F14",1,"3F13","3F14","2F13","2F14","1F13",0.8,"1F13","1F14","5F15","4F15","3F15",0.6,"4F15","3F15","2F15.1","1F15",0.71430000000000005,"2F15.2","1F15","5F16","4F16","3F16",1,"2F16","1F16","5F17","5F18","4F17",0.8,"1F1","1F2",null,null,null,1,"1F2.2","4F17","4F18","3F17","3F18",0.77780000000000005,"3F18.2","2F17","2F18","1F17",null,0.71430000000000005,null,"1F17","1F18","5F19-20","4F19.1",0.22220000000000001,null,"4F20","3F19","3F20",null,1,"2F19","2F20","1F19","1F20",null,1,null,"1F20.2","5F21","5F22","4F21",0.1429,null,null,"5F21","5F22","4F21"]
[188,11,5,41909.666666666672,{"$f":"D177*$JF$177","v":8381.9333333333343},50291.600000000006,"TERM",null,null,null,null,{"$f":"SUMIF('Control de Avance'!$C$15:$C$9589,'Prog. Semanal TER'!M177,'Control de Avance'!$B$15:$B$9589)","v":1},"Vigón Tipo",{"$f":"VLOOKUP(M177,'Act. Proyecto'!$I$3:$Q$881,2,FALSE)","v":"CARP. TABIQUE Y VOLCAPOL"},{"$f":"VLOOKUP(M177,'Act. Proyecto'!$I$3:$Q$881,3,FALSE)","v":"ml"},{"$f":"VLOOKUP(M177,'Act. Proyecto'!$I$3:$Q$881,4,FALSE)","v":7.1033333333333335},{"$f":"VLOOKUP(M177,'Act. Proyecto'!$I$3:$Q$881,5,FALSE)","v":1180},8381.9333333333343,{"$f":"VLOOKUP(M177,'Act. Proyecto'!$I$3:$Q$881,7,FALSE)","v":"Depto"},{"$f":"SUMIF('Resumen Frentes Semanal'!$K$6:$K$64,'Prog. Semanal TER'!N177,'Resumen Frentes Semanal'!$M$6:$M$64)","v":167800},null,null,null,null,null,0,null,null,null,null,null,null,null,null,null,null,null,null,null,null,null,null,null,null,null,null,null,null,null,null,null,null,null,null,null,null,null,null,null,null,null,null,null,null,null,null,null,null,"5F1","5F2","4F1",0,"5F1","5F2","4F1","4F2","3F1-2",1,"5-4-3F1-2",null,"2F3","2F4",0.75,"2F1","2F2",null,null,null,0,null,null,null,null,null,null,null,null,null,null,null,null,null,null,null,null,null,null,null,null,null,null,null,null,null,null,null,null,null,null,"5-4F1-2","3F1","5F3-4",null,"4F3.1",0.66669999999999996,"2F1-2","5-4F3-4","3F3-4",1,"3F4","2F3","2F4","5F5","5F6",1,"4F5-6","3F5","3F6","2F5.1","2F5.2",0.9,"2F5.2","2F6","1F5-F6","5F7","5F8.1",1,"5F8.2","1F3","1F4","4F7-8","3F7.1",1,"3F7.2","3F8","2F7","2F8","1F7",1,"1F8","5F9","5F10","4F9","4F10.1",0.88890000000000002,"4F10","3F9","3F10","2F9","2F10",0.8,"2F10","1F9","1F10","5F11","5F12",0.8,"5F12","4F11","4F12","3F11.1",null,0.85709999999999997,"3F11","3F12.1","3F12.2","2F11","2F12",0.875,"3F12.2","5F13","5F14","4F13","4F14",1,"3F13","3F14","2F13","2F14","1F13",0.8,"1F13","1F14","5F15","4F15","3F15",0.6,"4F15","3F15","2F15.1","1F15",0.71430000000000005,"2F15.2","1F15","5F16","4-3F16","2F16.1",1,"2F16.2","1F16","5F17","5F18","4F17",0.77780000000000005,"1F1","1F2.1","1F2.2",null,null,0.75,"1F2.2","4F17","4F18","3F17","3F18.1",1,"3F18.2","2F17","2F18","1F17",null,0.42859999999999998,null,"2F18","1F17","5F19-20","4F19",1,null,"4F20","3F19","3F20",null,1,"2F19","2F20","1F19","1F20.1",null,1,null,"1F20.2",null,"5F21","5F22",0.2,null,null,"5F21","5F22","4F21"]
[191,11,5,13570,{"$f":"D178*$JF$178","v":2714},16284,"TERM",null,null,null,null,{"$f":"SUMIF('Control de Avance'!$C$15:$C$9589,'Prog. Semanal TER'!M178,'Control de Avance'!$B$15:$B$9589)","v":1},"Shaft descarga baño",{"$f":"VLOOKUP(M178,'Act. Proyecto'!$I$3:$Q$881,2,FALSE)","v":"CARP. TABIQUE Y VOLCAPOL"},{"$f":"VLOOKUP(M178,'Act. Proyecto'!$I$3:$Q$881,3,FALSE)","v":"ml"},{"$f":"VLOOKUP(M178,'Act. Proyecto'!$I$3:$Q$881,4,FALSE)","v":2.2999999999999998},{"$f":"VLOOKUP(M178,'Act. Proyecto'!$I$3:$Q$881,5,FALSE)","v":1180},2714,{"$f":"VLOOKUP(M178,'Act. Proyecto'!$I$3:$Q$881,7,FALSE)","v":"Depto"},{"$f":"SUMIF('Resumen Frentes Semanal'!$K$6:$K$64,'Prog. Semanal TER'!N178,'Resumen Frentes Semanal'!$M$6:$M$64)","v":167800},null,null,null,null,null,0,null,null,null,null,null,null,null,null,null,null,null,null,null,null,null,null,null,null,null,null,null,null,null,null,null,null,null,null,null,null,null,null,null,null,null,null,null,null,null,null,null,null,"5F1","5F2","4F1",0,"5F1","5F2","4F1","4F2","3F1-2",1,"5-4-3F1-2",null,"2F3","2F4",0.75,"2F1","2F2",null,"3F3.2",null,0.6,null,null,null,null,null,null,null,null,null,null,null,null,null,null,null,null,null,null,null,null,null,null,null,null,null,null,null,null,null,null,"2F1","5F3","5F4",null,"4F3.1",0.28570000000000001,"5F3-4","4F3-4","3F3",1,"3F4","2F3","2F4","5F5","5F6",1,"4F5-6","3F5","3F6","2F5.1","2F5.2",0.9,"2F5.2","2F6","1F5-F6","5F7","5F8.1",1,"5F8.2","1F3","1F4","4F7-8","3F7.1",1,"3F7.2","3F8","2F7","2F8","1F7",1,"1F8","5F9","5F10","4F9","4F10.1",0.88890000000000002,"4F10","3F9","3F10","2F9","2F10",0.8,"2F10","1F9","1F10","5F11","5F12",0.8,"5F12","4F11","4F12","3F11.1",null,0.85709999999999997,"3F11","3F12.1","3F12.2","2F11","2F12",0.875,"3F12.2","5F13","5F14","4F13","4F14",1,"3F13","3F14","2F13","2F14","1F13",0.8,"1F13","1F14","5F15","4F15","3F15",0.6,"4F15","3F15","2F15.1","1F15",0.71430000000000005,"2F15.2","1F15","5F16","4-3F16","2F16.1",1,"2F16.2","1F16","5F17","5F18","4F17",0.77780000000000005,"1F1","1F2.1","1F2.2",null,null,0.75,"1F2.2","4F17","4F18","3F17","3F18.1",1,"3F18.2","2F17","2F18","1F17",null,0.42859999999999998,null,"2F18","1F17","5F19-20","4F19",1,null,"4F20","3F19","3F20",null,1,"2F19","2F20","1F19","1F20.1",null,1,null,"1F20.2",null,"5F21","5F22",0.2,null,null,"5F21","5F22","4F21"]
[192,20,10,16668.75,{"$f":"D179*$JF$179","v":0},16668.75,"TERM",null,null,null,null,{"$f":"SUMIF('Control de Avance'!$C$15:$C$9589,'Prog. Semanal TER'!M179,'Control de Avance'!$B$15:$B$9589)","v":1},"Soporte tina",{"$f":"VLOOKUP(M179,'Act. Proyecto'!$I$3:$Q$881,2,FALSE)","v":"CARP. TABIQUE Y VOLCAPOL"},{"$f":"VLOOKUP(M179,'Act. Proyecto'!$I$3:$Q$881,3,FALSE)","v":"un"},{"$f":"VLOOKUP(M179,'Act. Proyecto'!$I$3:$Q$881,4,FALSE)","v":1.3125},{"$f":"VLOOKUP(M179,'Act. Proyecto'!$I$3:$Q$881,5,FALSE)","v":1270},1666.875,{"$f":"VLOOKUP(M179,'Act. Proyecto'!$I$3:$Q$881,7,FALSE)","v":"Depto"},{"$f":"SUMIF('Resumen Frentes Semanal'!$K$6:$K$64,'Prog. Semanal TER'!N179,'Resumen Frentes Semanal'!$M$6:$M$64)","v":167800},null,null,null,null,null,0,null,null,null,null,null,null,null,null,null,null,null,null,null,null,null,null,null,null,null,null,null,null,null,null,null,null,null,null,null,null,null,null,null,null,null,null,null,null,null,null,null,null,null,null,null,null,null,null,null,null,"4F1",0,null,null,null,null,null,null,null,null,null,null,0,null,null,null,null,null,null,null,null,null,null,null,null,null,null,null,null,null,null,null,null,null,null,null,null,null,null,null,null,null,null,null,null,null,null,null,null,null,null,null,null,"5F1-2","4F1-2","3F1-2","2F1-2",null,1,"5F3-4","4F3-4","3F3-4","2F3-4",null,1,null,null,null,null,null,null,null,null,null,null,"5-4-3-2-1F5-6",0,"5F5-6","4-3-2-1F5-6",null,null,null,1,null,null,null,null,null,null,"1F3-4",null,null,null,null,1,null,null,null,null,null,0,"5F7-8",null,null,null,null,1,"4F7-8","3F7-8","2F7-8","1F7-8","5-4-3F9-10",1,null,null,"2-1F9-10",null,null,1,null,null,null,null,null,0,null,null,null,null,null,null,null,null,null,null,null,null,"5-4F11-12",null,"3-2F11-12",null,0,"5-4F11-12",null,"3-2F11-12",null,null,0,null,null,"5-4F11-12","3-2F11-12",null,1,null,null,null,null,"5-4-3-2-1F13-14",0,"5-4-3-2-1F13-14",null,null,null,null,0,"5-4-3-2-1F13-14",null,null,null,null,1,"F15",null,"1F1-2","F16",null,1,null,null,null,null,"5-4-3-2-1F16",0,"5-4-3-2-1F16",null,null,null,null,0,null,"5-4-3-2-1F16"]
[193,11,5,13570,{"$f":"D180*$JF$180","v":2714},16284,"TERM",null,null,null,null,{"$f":"SUMIF('Control de Avance'!$C$15:$C$9589,'Prog. Semanal TER'!M180,'Control de Avance'!$B$15:$B$9589)","v":1},"Shaft cocina",{"$f":"VLOOKUP(M180,'Act. Proyecto'!$I$3:$Q$881,2,FALSE)","v":"CARP. TABIQUE Y VOLCAPOL"},{"$f":"VLOOKUP(M180,'Act. Proyecto'!$I$3:$Q$881,3,FALSE)","v":"ml"},{"$f":"VLOOKUP(M180,'Act. Proyecto'!$I$3:$Q$881,4,FALSE)","v":2.2999999999999998},{"$f":"VLOOKUP(M180,'Act. Proyecto'!$I$3:$Q$881,5,FALSE)","v":1180},2714,{"$f":"VLOOKUP(M180,'Act. Proyecto'!$I$3:$Q$881,7,FALSE)","v":"Depto"},{"$f":"SUMIF('Resumen Frentes Semanal'!$K$6:$K$64,'Prog. Semanal TER'!N180,'Resumen Frentes Semanal'!$M$6:$M$64)","v":167800},null,null,null,null,null,0,null,null,null,null,null,null,null,null,null,null,null,null,null,null,null,null,null,null,null,null,null,null,null,null,null,null,null,null,null,null,null,null,null,null,null,null,null,null,null,null,null,null,null,null,null,null,"5F1","5F2","4F1","4F2","3F1-2",1,"5-4-3F1-2",null,null,null,1,"2F1",null,null,"3F3.2",null,1,null,null,null,null,null,null,null,null,null,null,null,null,null,null,null,null,null,null,null,null,null,null,null,null,null,null,null,null,null,null,"2F1","5F3","5F4",null,"4F3.1",0.28570000000000001,"5F3-4","4F3-4","3F3",1,"3F4","2F3","2F4","5F5","5F6",1,"4F5-6","3F5","3F6","2F5.1","2F5.2",0.9,"2F5.2","2F6","1F5-F6","5F7","5F8.1",1,"5F8.2","1F3","1F4","4F7-8","3F7.1",1,"3F7.2","3F8","2F7","2F8","1F7",1,"1F8","5F9","5F10","4F9","4F10.1",0.88890000000000002,"4F10","3F9","3F10","2F9","2F10",0.8,"2F10","1F9","1F10","5F11","5F12",0.8,"5F12","4F11","4F12","3F11.1",null,0.85709999999999997,"3F11","3F12.1","3F12.2","2F11","2F12",0.875,"3F12.2","5F13","5F14","4F13","4F14",1,"3F13","3F14","2F13","2F14","1F13",0.8,"1F13","1F14","5F15","4F15","3F15",0.6,"4F15","3F15","2F15.1","1F15",0.71430000000000005,"2F15.2","1F15","5F16","4-3F16","2F16.1",1,"2F16.2","1F16","5F17","5F18","4F17",0.77780000000000005,"1F1","1F2.1","1F2.2",null,null,0.75,"1F2.2","4F17","4F18","3F17","3F18.1",1,"3F18.2","2F17","2F18","1F17",null,0.42859999999999998,null,"2F18","1F17","5F19-20","4F19",1,null,"4F20","3F19","3F20",null,1,"2F19","2F20","1F19","1F20.1",null,1,null,"1F20.2",null,"5F21","5F22",0.2,null,null,"5F21","5F22","4F21"]
[194,11,5,{"$f":"C181*$R181","v":10000},{"$f":"D181*$JF$181","v":2000},{"$f":"(B181-C181)*R181","v":12000},"TERM",null,null,null,null,1,"Dintel de puerta de acceso",{"$f":"VLOOKUP(M181,'Act. Proyecto'!$I$3:$Q$881,2,FALSE)","v":"CARP. TABIQUE Y VOLCAPOL"},{"$f":"VLOOKUP(M181,'Act. Proyecto'!$I$3:$Q$881,3,FALSE)","v":"depto"},{"$f":"VLOOKUP(M181,'Act. Proyecto'!$I$3:$Q$881,4,FALSE)","v":1},{"$f":"VLOOKUP(M181,'Act. Proyecto'!$I$3:$Q$881,5,FALSE)","v":2000},2000,{"$f":"VLOOKUP(M181,'Act. Proyecto'!$I$3:$Q$881,7,FALSE)","v":"Depto"},{"$f":"SUMIF('Resumen Frentes Semanal'!$K$6:$K$64,'Prog. Semanal TER'!N181,'Resumen Frentes Semanal'!$M$6:$M$64)","v":167800},null,null,null,null,null,null,null,null,null,null,null,null,null,null,null,null,null,null,null,null,null,null,null,null,null,null,null,null,null,null,null,null,null,null,null,null,null,null,null,null,null,null,null,null,null,null,null,null,null,null,null,null,"5F1","5F2","4F1","4F2","3F1-2",1,"2F1-2",null,"2F3","2F4",0,"2F1","2F2",null,null,null,0,null,null,null,null,null,null,null,null,null,null,null,null,null,null,null,null,null,null,null,null,null,null,null,null,null,null,null,null,null,null,"2F2","5F3-4","5-4F1-2","3F1","4F3.1",0.88239999999999996,"3-2F1-2","4F3","3F3.1",1,"3F4","2F3","2F4","5F5","5F6",1,"4F5-6","3F5","3F6","2F5.1","2F5.2",0.9,"2F5.2","2F6","1F5-F6","5F7","5F8.1",1,"5F8.2","1F3","1F4","4F7-8","3F7.1",1,"3F7.2","3F8","2F7","2F8","1F7",1,"1F8","5F9","5F10","4F9","4F10.1",0.88890000000000002,"4F10","3F9","3F10","2F9","2F10",0.8,"2F10","1F9","1F10","5F11","5F12",0.8,"5F12","4F11","4F12","3F11.1",null,0.85709999999999997,"3F11","3F12.1","3F12.2","2F11","2F12",0.875,"3F12.2","5F13","5F14","4F13","4F14",1,"3F13","3F14","2F13","2F14","1F13",0.8,"1F13","1F14","5F15","4F15","3F15",0.6,"4F15","3F15","2F15.1","1F15",0.71430000000000005,"2F15.2","1F15","5F16","4-3F16","2F16.1",1,"2F16.2","1F16","5F17","5F18","4F17",0.77780000000000005,"1F1","1F2.1","1F2.2",null,null,0.75,"1F2.2","4F17","4F18","3F17","3F18.1",1,"3F18.2","2F17","2F18","1F17",null,0.42859999999999998,null,"2F18","1F17","5F19-20","4F19",1,null,"4F20","3F19","3F20",null,1,"2F19","2F20","1F19","1F20.1",null,1,null,"1F20.2",null,"5F21","5F22",0.2,null,null,"5F21","5F22","4F21"]
[198,16,12,18960,{"$f":"D182*$JF$182","v":12640.632},6320,"TERM",null,null,null,null,{"$f":"SUMIF('Control de Avance'!$C$15:$C$9589,'Prog. Semanal TER'!M182,'Control de Avance'!$B$15:$B$9589)","v":1},"Traslado de ventanas",{"$f":"VLOOKUP(M182,'Act. Proyecto'!$I$3:$Q$881,2,FALSE)","v":"LIMPIEZA Y TRASLADO"},{"$f":"VLOOKUP(M182,'Act. Proyecto'!$I$3:$Q$881,3,FALSE)","v":"depto"},{"$f":"VLOOKUP(M182,'Act. Proyecto'!$I$3:$Q$881,4,FALSE)","v":1},{"$f":"VLOOKUP(M182,'Act. Proyecto'!$I$3:$Q$881,5,FALSE)","v":1580},1580,{"$f":"VLOOKUP(M182,'Act. Proyecto'!$I$3:$Q$881,7,FALSE)","v":"Depto"},{"$f":"SUMIF('Resumen Frentes Semanal'!$K$6:$K$64,'Prog. Semanal TER'!N182,'Resumen Frentes Semanal'!$M$6:$M$64)","v":43500},null,null,null,null,null,0,null,null,null,null,null,null,null,null,null,null,null,null,null,null,null,null,null,null,null,null,null,null,null,null,null,null,null,null,null,null,null,null,null,null,null,null,"2F1-2","3F1-2","4F1-2",0.66669999999999996,"5-4F1-2","5F3-4","4F3-4","3F3-4","2F3-4",0.33329999999999999,"5F3-4","4F3-4","3F3-4","2F3-4","5F5-6",0.8,null,null,"5F5-6",null,1,"4F5-6","3F5",null,null,null,1,null,null,null,null,null,null,null,null,null,null,null,null,null,null,null,null,null,null,null,null,null,null,null,null,null,null,null,"3F6","2F5-6",0,null,null,null,"3F5-6","2F5-6",1,null,null,null,null,"1F5-6",null,null,"5F7-8",null,1,null,null,null,"4F7-8","3-2F7-8",0.33329999999999999,"1F3-4",null,null,null,null,1,"3F7-8","1F3","1F4","2F7-8",null,1,"1F7-8","5F9-10","4F9-10",null,null,1,"3F9-10",null,"2F9-10","1F9-10",null,1,"5F11-12",null,"4F11-12","3F11-12",null,1,null,"2F11-12",null,null,"5F13-14",0.5,null,null,null,null,null,null,"5F13-14","4F13-14","3F13-14",null,"2F13-14",1,"1F13-14",null,null,null,"5-4-3F15",1,"2-1F15",null,null,null,"5-4-3-2F16",1,null,null,null,null,null,null,"5F17-18","4F17-18",null,"3F17-18",0.66669999999999996,null,null,null,"1F1-2","3-2-1F17-18",1,null,null,null,null,"5-4F19-20",0,null,null,null,null,"5-4F19-20",0,"5-4-3F19-20",null,null,null,null,1,null,null,null,"2-1F19-20","5-4F21-22",1,null,null,null,null,"3-2F21-22",0,null,null,"3F12-22","2F21-22",null,0.5,null,null,null,null,null,null,"2F21-22",null,null,"1F21-22","5F23-24",0.66669999999999996,null,null,null,null,"5F23-24"]
[126,20,12,0,{"$f":"D183*$JF$183","v":0},null,"RYT",null,null,null,null,0,"Arranques D2-3","CARP. TABIQUE Y VOLCAPOL",null,null,null,null,null,null,null,null,null,null,null,null,null,null,null,null,null,null,null,null,null,null,null,null,null,null,null,null,null,null,null,null,null,null,null,null,null,null,null,null,null,null,null,null,null,null,null,null,null,null,null,null,null,null,null,null,null,null,null,null,null,null,null,null,null,null,null,null,null,null,null,null,null,null,null,null,null,null,null,null,null,null,null,null,null,null,null,null,null,null,null,null,null,null,null,null,null,null,null,null,null,null,null,null,null,null,null,null,null,null,null,null,null,null,null,null,null,null,null,null,null,null,null,null,null,null,null,null,null,null,null,null,null,null,null,null,null,null,null,null,null,null,null,null,null,"4F9-10","3F9-10","2F9-10",null,"1F9-10",1,"5F11-12","4F11-12","3F11-12",null,null,0.66669999999999996,"3F11-12","2F11-12",null,null,null,1,null,null,null,null,"5F13-14",0,"5F13-14","4F13-14","3F13-14",null,null,1,"2F13-14","1F13-14",null,null,null,1,"5-4F15","3-2-1F15",null,null,null,1,"5-4F16","3-2-1F16",null,null,"5F17-18",0.71430000000000005,"5F17-18","4F17-18",null,"3F17-18",0.66669999999999996,"3F17-18","2F17",null,null,null,1,"1F1-2","2F18","1F17-18",null,null,0.4,"2F18",null,null,null,null,0,"2F18","1F17","1F18.1","5F19-20","4F19",1,"4F20","3F19-20","2F19-20",null,null,1,"1F19","1F20","5F21","5F22","4F21",0.4,"5F21-22","4F21-22",null,null,null,1,null,null,null,null,"3F21-22",1,"2-1F21-22",null,null,null,"4F23-24",0,"2-1F21-22"]
[199,22,10,78241.666666666657,{"$f":"D184*$JF$184","v":0},93890,"TERM",null,null,null,null,{"$f":"SUMIF('Control de Avance'!$C$15:$C$9589,'Prog. Semanal TER'!M184,'Control de Avance'!$B$15:$B$9589)","v":1},"Instalación marcos ventanas dpto",{"$f":"VLOOKUP(M184,'Act. Proyecto'!$I$3:$Q$881,2,FALSE)","v":"ALUMINIO"},{"$f":"VLOOKUP(M184,'Act. Proyecto'!$I$3:$Q$881,3,FALSE)","v":"un"},{"$f":"VLOOKUP(M184,'Act. Proyecto'!$I$3:$Q$881,4,FALSE)","v":4.770833333333333},{"$f":"VLOOKUP(M184,'Act. Proyecto'!$I$3:$Q$881,5,FALSE)","v":1640},7824.1666666666661,{"$f":"VLOOKUP(M184,'Act. Proyecto'!$I$3:$Q$881,7,FALSE)","v":"Depto"},{"$f":"SUMIF('Resumen Frentes Semanal'!$K$6:$K$64,'Prog. Semanal TER'!N184,'Resumen Frentes Semanal'!$M$6:$M$64)","v":29624},null,null,null,null,null,0,null,null,null,null,null,null,null,null,null,null,null,null,null,null,null,null,null,null,null,null,null,null,null,null,null,null,null,null,null,null,null,null,null,null,null,null,null,null,null,null,"4F1","4F2","5F1","5F2","3F1-2",1,"2F1","2F2","2F3","2F4","3F3-4",1,"4F3","4F4","5F3-4","5F5",1,"5F6","4F5-6",null,"3F5-6","2F5",0.83330000000000004,null,null,null,null,null,null,null,null,null,null,null,null,null,null,null,null,null,null,null,null,null,null,null,null,null,null,null,null,null,null,null,null,null,null,null,null,null,null,null,null,"2F5","2F6","1F5","1F6.1","5F7",1,null,null,null,null,null,null,"1F6.2","1F3","5F8","4F7-8",null,0.77780000000000005,"3F7","1F3","1F4","3F8","2F7-8",1,"1F7","1F8","5F9-10","4F9","4F10",0.83330000000000004,"4F10","3F9","3F10","2F9-10",null,1,"1F9","1F10","5F11-12","4F11",null,1,"4F12","3F11","3F12","2F11-12",null,1,null,null,null,null,null,null,"5F13","5F14","4F13","4F14","3F13",1,"3F14","2F13-14","1F13-14",null,null,1,"5-4F15","3F15","2F15","1F15",null,1,"5-4F16","3F16","2F16","1F16",null,1,"5F17","5F18","4F17","4F18",0.75,"4F18","3F17","3F18","2F17",null,1,"1F1","1F2","2F18","1F17","1F18",0.4,null,null,"2F18",null,null,0,"2F18","1F17","1F18.1","5F19-20","4F19",0.90910000000000002,null,"4F20","3F19","3F20","2F19-20",1,null,null,null,"1F19-20","5F21-22",0.5,"5F21","5F22","4F21","4F22",null,0,null,"5F21","5F22","4F21","4F22",1,"3F21","3F22","2F21","2F22","1F21",0,"3F21","3F22","2F21","2F22","1F21-22"]
[200,22,10,6904.625,{"$f":"D185*$JF$185","v":0},8285.5499999999993,"TERM",null,null,null,null,{"$f":"SUMIF('Control de Avance'!$C$15:$C$9589,'Prog. Semanal TER'!M185,'Control de Avance'!$B$15:$B$9589)","v":1},"Sello entre ventana y chambrana \"U\"",{"$f":"VLOOKUP(M185,'Act. Proyecto'!$I$3:$Q$881,2,FALSE)","v":"ALUMINIO"},{"$f":"VLOOKUP(M185,'Act. Proyecto'!$I$3:$Q$881,3,FALSE)","v":"ml"},{"$f":"VLOOKUP(M185,'Act. Proyecto'!$I$3:$Q$881,4,FALSE)","v":5.3112500000000002},{"$f":"VLOOKUP(M185,'Act. Proyecto'!$I$3:$Q$881,5,FALSE)","v":130},690.46249999999998,{"$f":"VLOOKUP(M185,'Act. Proyecto'!$I$3:$Q$881,7,FALSE)","v":"Depto"},{"$f":"SUMIF('Resumen Frentes Semanal'!$K$6:$K$64,'Prog. Semanal TER'!N185,'Resumen Frentes Semanal'!$M$6:$M$64)","v":29624},null,null,null,null,null,0,null,null,null,null,null,null,null,null,null,null,null,null,null,null,null,null,null,null,null,null,null,null,null,null,null,null,null,null,null,null,null,null,null,null,null,null,null,null,null,null,"4F1","4F2","5F1","5F2","3F1-2",1,"2F1","2F2","2F3","2F4","3F3-4",1,"4F3","4F4","5F3-4","5F5",1,"5F6","4F5-6",null,"3F5-6","2F5",0.83330000000000004,null,null,null,null,null,null,null,null,null,null,null,null,null,null,null,null,null,null,null,null,null,null,null,null,null,null,null,null,null,null,null,null,null,null,null,null,null,null,null,null,"2F5","2F6","1F5","1F6.1","5F7",1,null,null,null,null,null,null,"1F6.2","1F3","5F8","4F7-8",null,0.77780000000000005,"3F7","1F3","1F4","3F8","2F7-8",1,"1F7","1F8","5F9-10","4F9","4F10",0.83330000000000004,"4F10","3F9","3F10","2F9-10",null,1,"1F9","1F10","5F11-12","4F11",null,1,"4F12","3F11","3F12","2F11-12",null,1,null,null,null,null,null,null,"5F13","5F14","4F13","4F14","3F13",1,"3F14","2F13-14","1F13-14",null,null,1,"5-4F15","3F15","2F15","1F15",null,1,"5-4F16","3F16","2F16","1F16",null,1,"5F17","5F18","4F17","4F18",0.75,"4F18","3F17","3F18","2F17",null,1,"1F1","1F2","2F18","1F17","1F18",0.4,null,null,"2F18",null,null,0,"2F18","1F17","1F18.1","5F19-20","4F19",0.90910000000000002,null,"4F20","3F19","3F20","2F19-20",1,null,null,null,"1F19-20","5F21-22",0.5,"5F21","5F22","4F21","4F22",null,0,null,"5F21","5F22","4F21","4F22",1,"3F21","3F22","2F21","2F22","1F21",0,"3F21","3F22","2F21","2F22","1F21-22"]
[206,22,10,26953.125,{"$f":"D186*$JF$186","v":0},32343.75,"TERM",null,null,null,null,{"$f":"SUMIF('Control de Avance'!$C$15:$C$9589,'Prog. Semanal TER'!M186,'Control de Avance'!$B$15:$B$9589)","v":1},"Instalación hojas de aluminio",{"$f":"VLOOKUP(M186,'Act. Proyecto'!$I$3:$Q$881,2,FALSE)","v":"ALUMINIO"},{"$f":"VLOOKUP(M186,'Act. Proyecto'!$I$3:$Q$881,3,FALSE)","v":"un"},{"$f":"VLOOKUP(M186,'Act. Proyecto'!$I$3:$Q$881,4,FALSE)","v":4.6875},{"$f":"VLOOKUP(M186,'Act. Proyecto'!$I$3:$Q$881,5,FALSE)","v":575},2695.3125,{"$f":"VLOOKUP(M186,'Act. Proyecto'!$I$3:$Q$881,7,FALSE)","v":"Depto"},{"$f":"SUMIF('Resumen Frentes Semanal'!$K$6:$K$64,'Prog. Semanal TER'!N186,'Resumen Frentes Semanal'!$M$6:$M$64)","v":29624},null,null,null,null,null,0,null,null,null,null,null,null,null,null,null,null,null,null,null,null,null,null,null,null,null,null,null,null,null,null,null,null,null,null,null,null,null,null,null,null,null,null,null,null,null,null,"4F1","4F2","5F1","5F2","3F1-2",1,"2F1","2F2","2F3","2F4","3F3-4",1,"4F3","4F4","5F3-4","5F5",1,"5F6","4F5-6",null,"3F5-6","2F5",0.83330000000000004,null,null,null,null,null,null,null,null,null,null,null,null,null,null,null,null,null,null,null,null,null,null,null,null,null,null,null,null,null,null,null,null,null,null,null,null,null,null,null,null,"2F5","2F6","1F5","1F6.1","5F7",1,null,null,null,null,null,null,"1F6.2","1F3","5F8","4F7-8",null,0.77780000000000005,"3F7","1F3","1F4","3F8","2F7-8",1,"1F7","1F8","5F9-10","4F9","4F10",0.83330000000000004,"4F10","3F9","3F10","2F9-10",null,1,"1F9","1F10","5F11-12","4F11",null,1,"4F12","3F11","3F12","2F11-12",null,1,null,null,null,null,null,null,"5F13","5F14","4F13","4F14","3F13",1,"3F14","2F13-14","1F13-14",null,null,1,"5-4F15","3F15","2F15","1F15",null,1,"5-4F16","3F16","2F16","1F16",null,1,"5F17","5F18","4F17","4F18",0.75,"4F18","3F17","3F18","2F17",null,1,"1F1","1F2","2F18","1F17","1F18",0.4,null,null,"2F18",null,null,0,"2F18","1F17","1F18.1","5F19-20","4F19",0.90910000000000002,null,"4F20","3F19","3F20","2F19-20",1,null,null,null,"1F19-20","5F21-22",0.5,"5F21","5F22","4F21","4F22",null,0,null,"5F21","5F22","4F21","4F22",1,"3F21","3F22","2F21","2F22","1F21",0,"3F21","3F22","2F21","2F22","1F21-22"]
[208,13,7,15050,{"$f":"D187*$JF$187","v":2150.645},12900,"TERM",null,null,null,null,{"$f":"SUMIF('Control de Avance'!$C$15:$C$9589,'Prog. Semanal TER'!M187,'Control de Avance'!$B$15:$B$9589)","v":1},"Limpieza después de tabique",{"$f":"VLOOKUP(M187,'Act. Proyecto'!$I$3:$Q$881,2,FALSE)","v":"LIMPIEZA Y TRASLADO"},{"$f":"VLOOKUP(M187,'Act. Proyecto'!$I$3:$Q$881,3,FALSE)","v":"depto"},{"$f":"VLOOKUP(M187,'Act. Proyecto'!$I$3:$Q$881,4,FALSE)","v":1},{"$f":"VLOOKUP(M187,'Act. Proyecto'!$I$3:$Q$881,5,FALSE)","v":2150},2150,{"$f":"VLOOKUP(M187,'Act. Proyecto'!$I$3:$Q$881,7,FALSE)","v":"Depto"},{"$f":"SUMIF('Resumen Frentes Semanal'!$K$6:$K$64,'Prog. Semanal TER'!N187,'Resumen Frentes Semanal'!$M$6:$M$64)","v":43500},null,null,null,null,null,0,null,null,null,null,null,null,null,null,null,null,null,null,null,null,null,null,null,null,null,null,null,null,null,null,null,null,null,null,null,null,null,null,null,null,null,null,null,null,null,null,null,null,null,null,"5F1-2",0,"5F1","5F2","4F1","4F2","3F1-2",1,"5F1-2","4F1-2","3F1-2","2F1-2",0,null,null,null,null,null,null,null,null,null,null,null,null,null,null,null,null,null,null,null,null,null,null,null,null,null,null,null,null,null,null,null,null,null,null,null,null,null,null,null,null,null,null,"5F3-4","4F3-4","3F3",1,"3F4","2F3","2F4","5F5","5F6",1,"4F5","4F6","3F5","3F6","2F5.1",1,"2F5.2","2F6","1F5-F6","5F7","5F8.1",1,"5F8.2","1F3","1F4","4F7-8","3F7.1",1,"3F7.2","3F8","2F7","2F8","1F7",1,"1F8","5F9","5F10","4F9",null,1,"4F10","3F9","3F10","2F9","2F10",0.8,"2F10","1F9","1F10","5F11","5F12",0.8,"5F12","4F11","4F12","3F11.1",null,0.85709999999999997,"3F11","3F12.1","3F12.2","2F11","2F12",0.875,"3F12.2","5F13","5F14","4F13","4F14",1,"3F13","3F14","2F13","2F14","1F13",0.8,"1F13","1F14","5F15","4F15","3F15",0.6,"4F15","3F15","2F15.1","1F15",0.71430000000000005,"2F15.2","1F15","5F16","4-3F16","2F16.1",1,"2F16.2","1F16","5F17","5F18","4F17",0.77780000000000005,"1F1","1F2.1",null,null,null,1,"1F2.2","4F17","4F18","3F17","3F18.1",1,"3F18.2","2F17","2F18","1F17",null,0.42859999999999998,null,"2F18","1F17","5F19-20","4F19",1,null,"4F20","3F19","3F20",null,1,"2F19","2F20","1F19","1F20.1",null,1,null,"1F20.2","5F21","5F22","4F21",0.1429,null,null,"5F21","5F22","4F21"]
[209,null,null,0,{"$f":"D188*$JF$188","v":0},0,"TERM",null,null,null,null,{"$f":"SUMIF('Control de Avance'!$C$15:$C$9589,'Prog. Semanal TER'!M188,'Control de Avance'!$B$15:$B$9589)","v":1},"Traslado yeso, masilla",{"$f":"VLOOKUP(M188,'Act. Proyecto'!$I$3:$Q$881,2,FALSE)","v":"LIMPIEZA Y TRASLADO"},{"$f":"VLOOKUP(M188,'Act. Proyecto'!$I$3:$Q$881,3,FALSE)","v":"depto"},{"$f":"VLOOKUP(M188,'Act. Proyecto'!$I$3:$Q$881,4,FALSE)","v":1},{"$f":"VLOOKUP(M188,'Act. Proyecto'!$I$3:$Q$881,5,FALSE)","v":1420},1420,{"$f":"VLOOKUP(M188,'Act. Proyecto'!$I$3:$Q$881,7,FALSE)","v":"Depto"},{"$f":"SUMIF('Resumen Frentes Semanal'!$K$6:$K$64,'Prog. Semanal TER'!N188,'Resumen Frentes Semanal'!$M$6:$M$64)","v":43500},null,null,null,null,null,0,null,null,null,null,null,null,null,null,null,null,null,null,null,null,"2F1-2","3F1-2",0,null,"2F1-2","3F1-2","3F3-4","3F5-6",0,"2F1-2","2F3-4","2F5-6","3F1-2","3F3-4",0.2,"2F3-4","2F5-6","3F1-2","3F3-4",1,"3F5-6","4F1-2","4F3-4","4F5-6","5F1-2",0.4,"5F1-2","5F3-4","4F5-6","5F5-6","3F5-6",0.8,"3F5","3F6","1F5.1","1F6.1",null,1,"1F5.2","1F6.2",null,null,1,null,null,null,null,null,null,null,null,null,null,null,null,null,null,null,null,null,null,null,null,null,null,null,null,null,null,null,null,null,null,null,null,null,null,null,null,null,null,null,null,null,null,null,null,null,null,"5F7-8","4F7-8","3F7-8","2F7-8",null,1,"1F7-8","5F9-10","4F9-10","3-2F9-10","5-4-3-2-1F11-12",1,"1F9","2F13-14","3F13-14","2F15-16","3F15-16",0.55559999999999998,"1F3-4",null,null,null,null,1,null,null,null,null,null,null,"5-4-3-1F13-14",null,"5-4-3-2F17-18",null,null,1,"5-4-3F15",null,null,null,null,1,"1F17-18","2-1F15",null,null,null,1,null,null,null,null,null,1,"5-4-3-1F16",null,null,null,null,1,"2F19-20","2F21-22","2F23-24","3F19-20",null,0.75,"2F23-24","3F21-22","3F23-24","1F19-20","4F19-20",0.4,"1F21-22","1F23-24","2F23-24","3F21-22","3F23-24",0.6,null,"5F23-24","4F23-24","3F23-24",1,"1F1-2","4F21-22","5F21-22","5F19-20",null,0.25,"1F1-2","5F19-20",null,null,null,0,"1F1-2","5F19-20","5F21-22","4F21-22",null,0.75,"5F19-20","3F21-22",null,null,null,1]
[210,16,10,173950,{"$f":"D189*$JF$189","v":69580},104370,"TERM",null,null,null,null,{"$f":"SUMIF('Control de Avance'!$C$15:$C$9589,'Prog. Semanal TER'!M189,'Control de Avance'!$B$15:$B$9589)","v":1},"Aislación térmica muros",{"$f":"VLOOKUP(M189,'Act. Proyecto'!$I$3:$Q$881,2,FALSE)","v":"CARP. TABIQUE Y VOLCAPOL"},{"$f":"VLOOKUP(M189,'Act. Proyecto'!$I$3:$Q$881,3,FALSE)","v":"m2"},{"$f":"VLOOKUP(M189,'Act. Proyecto'!$I$3:$Q$881,4,FALSE)","v":35.5},{"$f":"VLOOKUP(M189,'Act. Proyecto'!$I$3:$Q$881,5,FALSE)","v":490},17395,{"$f":"VLOOKUP(M189,'Act. Proyecto'!$I$3:$Q$881,7,FALSE)","v":"Depto"},{"$f":"SUMIF('Resumen Frentes Semanal'!$K$6:$K$64,'Prog. Semanal TER'!N189,'Resumen Frentes Semanal'!$M$6:$M$64)","v":167800},null,null,null,null,null,0,null,null,null,null,null,null,null,null,null,null,null,null,null,null,null,null,null,null,null,null,null,null,null,null,null,null,null,null,null,null,null,null,null,null,null,null,null,null,null,null,null,null,null,null,null,null,null,null,null,"5F1","5F2.1",1,"5F2.2","4F1-2","3F1-2","2F1-2",0.69230000000000003,"2F1","2F2",null,null,null,0,null,null,null,null,null,null,null,null,null,null,null,null,null,null,null,null,null,null,null,null,null,null,null,null,null,null,null,null,null,null,"3F1","3F2","2F1","2F2","5F3",1,"5F4","4F3","4F4",1,"3F3","3F4","2F3","2F4","5F5",1,"5F6","4F5","4F6","3F5","3F6",1,"2F5","2F6","1F5","1F6","5F7",1,"5F8.1","5F8.2","1F3","1F4","4F7-8",1,"3F7","3F8","2F7","2F8","1F7",1,"1F8","5F9","5F10","4F9","4F10.1",0.88890000000000002,"4F10","3F9","3F10","2F9","2F10",0.8,"2F10","1F9","1F10","5F11","5F12",0.8,"5F12","4F11","4F12","3F11.1",null,0.85709999999999997,"3F11","3F12.1","3F12.2","2F11","2F12",0.875,"3F12.2","5F13","5F14","4F13","4F14",0.77780000000000005,"4F14","3F13","3F14","2F13","2F14",0.8,"2F14","1F13","1F14","5F15","4F14",0.6,"5F15","4F15","3F15","2F15",0,"5F15","4F15.1","2F15","1F15","5F16",0.33329999999999999,"4F15.2","3-2F15","1F15","5F16",null,0.77780000000000005,"5F16","4F16","3F16","2F16","1F16",1,"1F1","1F2","5F17","5F18","4F17",1,"4F18","3F17","3F18","2F17","2F18",0.8,"2F18","1F17","5F19","5F20",null,1,null,"4F19","4F20","3F19",null,1,"3F20","2F19","2F20","1F19",null,0.25,"2F19","2F20","1F19","1F20","5F21",0.4,"1F20",null,null,"5F21","5F22"]
[219,16,14,201948.78543046358,{"$f":"D190*$JF$190","v":201948.78543046358},28849.826490066225,"TERM",null,null,null,null,{"$f":"SUMIF('Control de Avance'!$C$15:$C$9589,'Prog. Semanal TER'!M190,'Control de Avance'!$B$15:$B$9589)","v":1},"Alambrar canalizaciones y Enlauchar",{"$f":"VLOOKUP(M190,'Act. Proyecto'!$I$3:$Q$881,2,FALSE)","v":"ELÉCTRICO T"},{"$f":"VLOOKUP(M190,'Act. Proyecto'!$I$3:$Q$881,3,FALSE)","v":"centro"},{"$f":"VLOOKUP(M190,'Act. Proyecto'!$I$3:$Q$881,4,FALSE)","v":77.900000000000006},{"$f":"VLOOKUP(M190,'Act. Proyecto'!$I$3:$Q$881,5,FALSE)","v":185.17218543046357},14424.913245033113,{"$f":"VLOOKUP(M190,'Act. Proyecto'!$I$3:$Q$881,7,FALSE)","v":"Depto"},{"$f":"SUMIF('Resumen Frentes Semanal'!$K$6:$K$64,'Prog. Semanal TER'!N190,'Resumen Frentes Semanal'!$M$6:$M$64)","v":82000},null,null,null,null,null,0,null,null,null,null,null,null,null,null,null,null,null,null,null,null,null,null,null,null,null,null,null,null,null,null,null,null,null,null,null,null,null,null,null,null,null,null,null,null,null,null,null,null,null,null,null,null,null,null,null,null,null,null,null,null,null,null,null,null,null,null,null,null,null,null,null,null,null,null,null,null,null,null,null,null,null,null,null,null,null,null,null,null,null,null,null,null,null,null,null,null,null,null,null,null,null,null,null,null,null,null,null,null,null,null,null,null,null,null,null,null,null,null,null,null,null,null,null,null,null,null,null,null,null,null,null,null,null,null,null,null,null,null,null,null,null,null,null,null,null,null,null,null,null,null,null,null,null,null,null,null,null,null,null,null,null,null,null,null,null,null,null,null,null,null,null,null,null,null,null,null,null,null,null,null,null,null,null,null,null,null,null,null,null,null,null,null,null,null,null,null,null,null,"4F17","4F18","5F19-20","4F19-20","3F19",1,null,null,"3F20","2F19-20",null,1,null,null,null,null,"1F19-20",1,"5F21","5F22","4F21","4F22",null,1,null,null,null,"3F21","3F22.1",1,null,null,null,null,null,null,null,null,"3F22.2","2F21","2F22",1,"1F21","1F22","5F23-24","4F23-24","3F23",1,"3F24"]
[220,40,20,1.25,{"$f":"D191*$JF$191","v":0},1.25,"TERM",null,null,null,null,{"$f":"SUMIF('Control de Avance'!$C$15:$C$9589,'Prog. Semanal TER'!M191,'Control de Avance'!$B$15:$B$9589)","v":1},"Sacar chicote de gas en cocina,calefont y estufa",{"$f":"VLOOKUP(M191,'Act. Proyecto'!$I$3:$Q$881,2,FALSE)","v":"GAS T"},{"$f":"VLOOKUP(M191,'Act. Proyecto'!$I$3:$Q$881,3,FALSE)","v":"dh"},{"$f":"VLOOKUP(M191,'Act. Proyecto'!$I$3:$Q$881,4,FALSE)","v":6.25E-2},{"$f":"VLOOKUP(M191,'Act. Proyecto'!$I$3:$Q$881,5,FALSE)","v":1},6.25E-2,{"$f":"VLOOKUP(M191,'Act. Proyecto'!$I$3:$Q$881,7,FALSE)","v":"Depto"},{"$f":"SUMIF('Resumen Frentes Semanal'!$K$6:$K$64,'Prog. Semanal TER'!N191,'Resumen Frentes Semanal'!$M$6:$M$64)","v":0.38500000000000001},null,null,null,null,null,0,null,null,null,null,null,null,null,null,null,null,null,null,null,null,null,null,null,null,null,null,null,null,null,null,null,null,null,null,null,null,null,null,null,null,null,null,null,null,null,null,null,null,null,null,null,null,null,null,null,null,null,null,null,null,null,null,null,null,null,null,null,null,null,null,null,null,null,null,null,null,null,null,null,null,null,null,null,null,null,null,null,null,null,null,null,null,null,null,null,null,null,null,null,null,null,null,null,null,null,null,null,null,null,null,"3F1-2",null,"2F1-2",null,1,"5F3-4",null,null,null,null,1,"4F3-4",null,null,"3F3-4","2F3-4",1,"5F5-6",null,"4F5-6",null,null,1,"3F5-6",null,"2F5-6","1F5-6","1F3-4",1,"5F7-8",null,"4F7-8",null,"3F7-8",0.33329999999999999,null,null,"4F7-8",null,"3F7-8",0,null,null,null,null,null,0,"4F7-8",null,"3F7-8",null,"2F7-8",0.33329999999999999,"3F7-8",null,"2F7-8",null,"1F7-8",0,null,null,"3F7-8","2F7-8","1F7-8",1,"5F9-10",null,"4F9-10",null,"3F9-10",1,"2F9-10",null,"1F9-10",null,null,1,"5F11-12","4F11-12","3F11-12","2F11-12",1,"5F13-14","4F13-14","3F13-14",null,"2F13-14",0.75,"2F13-14",null,null,"1F13-14","5-4F15",1,"3-2F15","1F15","5F15","4F15","3F15",0.33329999999999999,"1F15","5F16","4F16","3F16","2F16",1,"1F1-2","1F16","5F17","5F18","4F17",0.5,"5F17","5F18","4F17","4F18","3F17-18",0.66669999999999996,null,null,null,null,null,null,"3F17-18",null,"2F17-18",null,"1F17-18",1,"5F19-20","4F19-20","3F10-20","2F10-20","1F19-20",0,"5F19-20","4F19-20","3F19-20","2F19-20","1F19-20"]
[221,13,9,299049.31875000003,{"$f":"D192*$JF$192","v":166151.80149750001},132910.80833333335,"TERM",null,null,null,null,{"$f":"SUMIF('Control de Avance'!$C$15:$C$9589,'Prog. Semanal TER'!M192,'Control de Avance'!$B$15:$B$9589)","v":1},"Huinchas tabique y volcapol",{"$f":"VLOOKUP(M192,'Act. Proyecto'!$I$3:$Q$881,2,FALSE)","v":"YESERO"},{"$f":"VLOOKUP(M192,'Act. Proyecto'!$I$3:$Q$881,3,FALSE)","v":"ml"},{"$f":"VLOOKUP(M192,'Act. Proyecto'!$I$3:$Q$881,4,FALSE)","v":237.34072916666668},{"$f":"VLOOKUP(M192,'Act. Proyecto'!$I$3:$Q$881,5,FALSE)","v":140},33227.702083333337,{"$f":"VLOOKUP(M192,'Act. Proyecto'!$I$3:$Q$881,7,FALSE)","v":"Depto"},{"$f":"SUMIF('Resumen Frentes Semanal'!$K$6:$K$64,'Prog. Semanal TER'!N192,'Resumen Frentes Semanal'!$M$6:$M$64)","v":118000},null,null,null,null,null,0,null,null,null,null,null,null,null,null,null,null,null,null,null,null,null,null,null,null,null,null,null,null,null,null,null,null,null,null,null,null,null,null,null,null,null,null,null,null,null,null,null,null,null,null,null,null,null,null,null,null,"5F1",0,"5F1","5F2.1","4F1","4F2",0.42859999999999998,"4F1","4F2","5F2.2","3F2",null,0.71430000000000005,"3F1","3F2",null,null,null,0,null,null,null,null,null,null,null,null,null,null,null,null,null,null,null,null,null,null,null,null,null,null,null,null,null,null,"3F1","3F2.1","2F1",0.6,"3F2.2","2F1-2","5F3.1",1,"5F3.2","5F4","4F3-4","3F3","3F4",1,"2F3","2F4","5F5","5F6","4F5",0.8,"4F5","4F6","3F5","3F6.1",null,1,null,"3F6.2","2F5","2F6","1F5-6",1,"1F3","1F4","5F7","5F8","4F7-8",0.66669999999999996,"1F3","1F4","3F7","3F8","2F7",1,"2F8","1F7","1F8","5F9","5F10",1,"4F9","4F10","3F9","3F10","2F9",1,"2F10","1F9","1F10","5F11","5F12",1,"4F11","4F12","3F11","3F12",null,0.75,"2F11","3F12","2F12","5F13","5F14",0.8,"5F14","4F13","4F14","3F13-14","2F13.1",1,null,null,"2F13.2","2F14","1F13-14",1,null,null,"5F15","4F15",0,null,"5F15","4F15","3F15","2F15",0,"5F15","4F15","3F15","2F15","1F15.1",1,"1F15.2","5F16","4F16","3F16","2F16.1",1,"2F16.2","1F16","5F17-18","4F17","1F1",0.81820000000000004,null,null,"1F1","1F2.1","1F2.2",0.75,"1F2.2","4F18",null,"3F17","3F18.1",1,"3F18.2","2F17-18","1F17","5F19.1",null,1,"5F19.2","5F20","4F19.1","4F20","3F19-20",1,"4F19.1","2F19","2F20","1F19","1F20",0.55559999999999998,"1F19","1F20"]
[233,14,6,0.34666666666666673,{"$f":"D193*$JF$193","v":0.34666666666666673},0.46222222222222231,"TERM",null,null,null,null,{"$f":"SUMIF('Control de Avance'!$C$15:$C$9589,'Prog. Semanal TER'!M193,'Control de Avance'!$B$15:$B$9589)","v":1},"Fabricar muebles de cocina",{"$f":"VLOOKUP(M193,'Act. Proyecto'!$I$3:$Q$881,2,FALSE)","v":"MUEBLISTA"},{"$f":"VLOOKUP(M193,'Act. Proyecto'!$I$3:$Q$881,3,FALSE)","v":"dh"},{"$f":"VLOOKUP(M193,'Act. Proyecto'!$I$3:$Q$881,4,FALSE)","v":5.7777777777777789E-2},{"$f":"VLOOKUP(M193,'Act. Proyecto'!$I$3:$Q$881,5,FALSE)","v":1},5.7777777777777789E-2,{"$f":"VLOOKUP(M193,'Act. Proyecto'!$I$3:$Q$881,7,FALSE)","v":"Depto"},{"$f":"SUMIF('Resumen Frentes Semanal'!$K$6:$K$64,'Prog. Semanal TER'!N193,'Resumen Frentes Semanal'!$M$6:$M$64)","v":0.71},null,null,null,null,null,0,null,null,null,null,null,null,null,null,null,null,null,null,null,null,null,null,null,null,null,null,null,null,null,null,null,null,null,null,null,null,null,null,null,null,null,null,null,null,null,null,null,null,null,null,null,null,null,null,null,null,null,null,null,null,null,null,null,null,null,null,null,null,null,null,null,null,null,null,null,null,null,null,null,null,null,null,null,null,null,null,null,null,null,null,null,null,null,null,null,null,null,null,null,null,null,null,null,null,null,null,null,null,null,null,null,null,null,null,null,null,null,null,null,null,null,null,null,null,null,null,null,null,null,null,null,null,null,null,null,null,null,null,null,null,null,null,null,null,null,"5F1","5F2","4F1","4F2","3F1-2",1,null,null,null,null,null,null,null,null,null,null,null,null,null,null,null,null,null,null,null,null,null,null,null,null,"5-4F5-6","3F5","3F6","2F5","2F6",1,"1F5-6","5F7","5F8","4F7","4F8",1,"3F7","3F8","2F7","2F8",0,null,null,"3F7","3F8","2F7",0.66669999999999996,null,"2F7","2F8","1F7","1F8",0,null,null,"2F7","2F8","1F7",0,"2F7","2F8","1F7","1F8","5F9",0,"2F7-8","1F7-8","5F9","5F10","4-3F9-10",1,null,"2F9","2F10","1F9","1F10",1,null,null,"5F11","5F12",null,1,"4F11","4F12","3F11","3F12","2F11",0.4,null,null,"1F1-2",null,"3F11",1,null,null,"3F11-12","2F11","2F12"]
[236,20,12,25800,{"$f":"D194*$JF$194","v":8599.14},17200,"TERM",null,null,null,null,{"$f":"SUMIF('Control de Avance'!$C$15:$C$9589,'Prog. Semanal TER'!M194,'Control de Avance'!$B$15:$B$9589)","v":1},"Limpieza después de yeso",{"$f":"VLOOKUP(M194,'Act. Proyecto'!$I$3:$Q$881,2,FALSE)","v":"LIMPIEZA Y TRASLADO"},{"$f":"VLOOKUP(M194,'Act. Proyecto'!$I$3:$Q$881,3,FALSE)","v":"depto"},{"$f":"VLOOKUP(M194,'Act. Proyecto'!$I$3:$Q$881,4,FALSE)","v":1},{"$f":"VLOOKUP(M194,'Act. Proyecto'!$I$3:$Q$881,5,FALSE)","v":2150},2150,{"$f":"VLOOKUP(M194,'Act. Proyecto'!$I$3:$Q$881,7,FALSE)","v":"Depto"},{"$f":"SUMIF('Resumen Frentes Semanal'!$K$6:$K$64,'Prog. Semanal TER'!N194,'Resumen Frentes Semanal'!$M$6:$M$64)","v":43500},null,null,null,null,null,0,null,null,null,null,null,null,null,null,null,null,null,null,null,null,null,null,null,null,null,null,null,null,null,null,null,null,null,null,null,null,null,null,null,null,null,null,null,null,null,null,null,null,null,null,null,0,null,null,null,"4F1","4F2",0,null,"5F1","5F2","4F1",0,"5F1-2","4F1",null,null,null,1,"4F2","3F1-2",null,null,null,1,null,null,null,null,null,null,null,null,null,null,null,null,null,null,null,null,null,null,null,null,null,null,null,null,null,null,null,null,null,null,"2F1-2",null,null,1,null,null,null,"5F3-4","4-3F3-4",1,null,null,null,null,"2F3-4",1,null,"5F5-6",null,"4F5-6","3F5",1,null,"3F6","2F5-6",null,"1F5-6",1,null,null,null,"5F7-8","4F7-8",1,null,null,"1F3-4",null,"3F7-8",1,"2F7-8","1F7-8",null,null,null,1,null,"5F9-10","4F9-10",null,"3F9-10",1,null,"2F9-10",null,"1F9-10","5F11-12",1,null,null,"4F11-12",null,"3F11",1,null,null,"3F12","2F11-12","5F13-14",0.6,null,"5F13-14",null,"4F13-14","3F13-14",0.66669999999999996,null,null,null,null,"3F13-14",1,null,null,"2F13-14","1F13-14",0.5,"1F13-14",null,null,"5F15","4F15",0.5,null,null,"5F15","4F15","3F15",1,null,"2F15","1F15","5F16","4F16",1,null,"3F16","2F16","1F16","1F1-2",0.6,null,"1F1-2","5F17-18",null,null,1,null,"4F17-18",null,null,null,1,null,null,"3F17-18","2F17-18",null,1,"1F17",null,"5F19-20",null,"4F19-20",1,null,"3F10-20","2F19-20",null,"1F19-20",0.33329999999999999,"2F19-20",null,"1F19-20"]
[237,null,null,0,{"$f":"D195*$JF$195","v":0},0,"TERM",null,null,null,null,{"$f":"SUMIF('Control de Avance'!$C$15:$C$9589,'Prog. Semanal TER'!M195,'Control de Avance'!$B$15:$B$9589)","v":1},"Impermeabilización de nicho de tinas",{"$f":"VLOOKUP(M195,'Act. Proyecto'!$I$3:$Q$881,2,FALSE)","v":"ALBAÑIL TERMINACIONES"},{"$f":"VLOOKUP(M195,'Act. Proyecto'!$I$3:$Q$881,3,FALSE)","v":"m2"},{"$f":"VLOOKUP(M195,'Act. Proyecto'!$I$3:$Q$881,4,FALSE)","v":3.2312500000000002},{"$f":"VLOOKUP(M195,'Act. Proyecto'!$I$3:$Q$881,5,FALSE)","v":420},1357.125,{"$f":"VLOOKUP(M195,'Act. Proyecto'!$I$3:$Q$881,7,FALSE)","v":"Depto"},{"$f":"SUMIF('Resumen Frentes Semanal'!$K$6:$K$64,'Prog. Semanal TER'!N195,'Resumen Frentes Semanal'!$M$6:$M$64)","v":52341},null,null,null,null,null,0,null,null,null,null,null,null,null,null,null,null,null,null,null,null,null,null,null,null,null,null,null,null,null,null,null,null,null,null,null,null,null,null,null,null,null,null,null,null,null,null,null,null,null,null,null,null,null,null,null,null,null,0,null,null,"5F1","5F2",0,null,"5F1","5F2","4F1","4F2",1,null,null,"3F1","3F2","2F1",0,null,null,null,null,null,null,null,null,null,null,null,null,null,null,null,null,null,null,null,null,null,null,null,null,null,null,null,null,null,null,"5-4-3-2F1-2",null,null,1,null,null,null,"5F3-4","4F3-4",1,null,"3-2F3-4",null,null,null,1,null,null,null,null,null,null,null,null,null,"5-4-3-2-1F5-6",null,1,null,null,null,null,null,null,null,null,null,null,null,null,"5-4F7-8","3-2F7-8","1F7","1F8","5F9",1,null,null,null,null,null,null,"5F10","4F9-10","3F9-10",null,null,1,null,null,null,null,"2-1F9-10",1,"5-4-3-2F11-12",null,null,null,null,1,null,null,null,null,"5F13-14",1,null,null,"4F13-14","3F13-14",null,1,"2-1F13-14",null,null,null,1,null,null,null,null,null,null,null,null,null,null,null,1,null,null,null,null,null,null,null,null,null,null,"5-4-3-2-1F15",0,null,null,null,null,"5-4-3-2-1F15",0,null,null,"5-4-3-2-1F15",null,"5-4-3-2-1F16",1,"1F1-2",null,null,null,null,1]
[238,16,8,20055,{"$f":"D196*$JF$196","v":15041.25},20055,"TERM",null,null,null,null,{"$f":"SUMIF('Control de Avance'!$C$15:$C$9589,'Prog. Semanal TER'!M196,'Control de Avance'!$B$15:$B$9589)","v":1},"Preparación para tinas (traslado, pintura, mezcla)",{"$f":"VLOOKUP(M196,'Act. Proyecto'!$I$3:$Q$881,2,FALSE)","v":"LIMPIEZA Y TRASLADO"},{"$f":"VLOOKUP(M196,'Act. Proyecto'!$I$3:$Q$881,3,FALSE)","v":"uni"},{"$f":"VLOOKUP(M196,'Act. Proyecto'!$I$3:$Q$881,4,FALSE)","v":1.3125},{"$f":"VLOOKUP(M196,'Act. Proyecto'!$I$3:$Q$881,5,FALSE)","v":1910},2506.875,{"$f":"VLOOKUP(M196,'Act. Proyecto'!$I$3:$Q$881,7,FALSE)","v":"Depto"},{"$f":"SUMIF('Resumen Frentes Semanal'!$K$6:$K$64,'Prog. Semanal TER'!N196,'Resumen Frentes Semanal'!$M$6:$M$64)","v":43500},null,null,null,null,null,0,null,null,null,null,null,null,null,null,null,null,null,null,null,null,null,null,null,null,null,null,null,null,null,null,null,null,null,null,null,null,null,null,null,null,null,null,null,null,null,null,null,null,null,null,null,null,null,null,null,null,null,0,null,null,"5-4-3-2F1-2",null,0,null,null,null,null,null,null,null,null,null,null,null,null,null,null,null,null,"5-4-3F1-2",0,null,null,null,null,null,null,null,null,null,null,null,null,null,null,null,null,null,null,null,null,null,null,null,null,"5F1-2","4F1-2","3F1-2",1,"2F1-2",null,null,null,null,1,null,"5-4F3-4","3-2F3-4",null,null,0.5,"3-2F3-4",null,null,"5F5-6","4F5-6",0.75,null,null,null,null,null,null,null,null,null,"4F5-6","3F5-6",0,null,null,null,"4F5-6","3F5-6",0.5,"3F5-6","1F3-4","2F5",null,null,0.4,"3-2-1F5-6",null,null,"5F7-8","4F7-8",0.6,"5F7-8","4F7-8","3F7-8",null,null,0.66669999999999996,null,null,"3F7-8","2F7-8","1F7-8",0.66669999999999996,null,"1F7-8","5F9-10",null,null,0.5,"5F9-10",null,"4F9-10","3F9-10",null,0.33329999999999999,null,"4F9-10","3F9-10","2F9-10",null,0.66669999999999996,null,"2F9-10","1F9-10",null,0,"2F9-10",null,"1F9-10",null,"5F11-12",0.33329999999999999,"1F9-10","5F11-12",null,"4F11-12",null,0,"1F9-10",null,null,"5-4F11-12",null,1,"3F11-12",null,"2F11-12",null,"5F13-14",0.66669999999999996,null,"5F13-14",null,"4F13-14","3F13-14",0,null,"5F13-14",null,"4F13-14","3F13-14",1,null,"1F1-2","2F13-14","1F13-14",null,0.66669999999999996,null,null,null,"1F13-14",null,0,"1F13-14","5F15","4F15",null,null,0.75,"4F15","3F15","2F15","1F15"]
[243,16,8,0.58333333333333337,{"$f":"D197*$JF$197","v":0.4375},0.58333333333333337,"TERM",null,null,null,null,{"$f":"SUMIF('Control de Avance'!$C$15:$C$9589,'Prog. Semanal TER'!M197,'Control de Avance'!$B$15:$B$9589)","v":1},"Instalación Tina ",{"$f":"VLOOKUP(M197,'Act. Proyecto'!$I$3:$Q$881,2,FALSE)","v":"GASFITER T"},{"$f":"VLOOKUP(M197,'Act. Proyecto'!$I$3:$Q$881,3,FALSE)","v":"dh"},{"$f":"VLOOKUP(M197,'Act. Proyecto'!$I$3:$Q$881,4,FALSE)","v":7.2916666666666671E-2},{"$f":"VLOOKUP(M197,'Act. Proyecto'!$I$3:$Q$881,5,FALSE)","v":1},7.2916666666666671E-2,{"$f":"VLOOKUP(M197,'Act. Proyecto'!$I$3:$Q$881,7,FALSE)","v":"Depto"},{"$f":"SUMIF('Resumen Frentes Semanal'!$K$6:$K$64,'Prog. Semanal TER'!N197,'Resumen Frentes Semanal'!$M$6:$M$64)","v":7},null,null,null,null,null,0,null,null,null,null,null,null,null,null,null,null,null,null,null,null,null,null,null,null,null,null,null,null,null,null,null,null,null,null,null,null,null,null,null,null,null,null,null,null,null,null,null,null,null,null,null,null,null,null,null,null,null,null,null,null,null,null,null,null,null,null,null,null,null,null,null,null,null,null,null,null,null,null,null,null,null,null,null,null,null,null,null,null,null,null,null,null,null,null,null,null,null,null,null,null,null,null,null,null,null,null,null,null,null,null,"5F1-2","4F1-2","3F1-2","2F1-2",1,null,null,null,"5-4F3-4","3-2F3-4",0.5,"3-2F3-4",null,null,"5F5-6",null,1,null,null,null,null,null,null,null,null,null,"4F5-6","3F5-6",0,null,null,"5F5-6","4F5-6","3F5-6",0.66669999999999996,"3-2F5-6","1F3-4",null,null,null,1,"1F5-6",null,null,"5F7-8","4F7-8",0.33329999999999999,"5F7-8","4F7-8","3F7-8",null,null,0.33329999999999999,null,"4F7-8","3F7-8",null,null,1,"2F7-8","1F7-8","5F9-10",null,null,0.66669999999999996,"5F9-10",null,"4F9-10","3F9-10",null,0.33329999999999999,null,"4F9-10","3F9-10","2F9-10",null,0.66669999999999996,null,"2F9-10","1F9-10",null,0,"2F9-10",null,"1F9-10",null,"5F11-12",0.33329999999999999,"1F9-10","5F11-12",null,"4F11-12",null,0.33329999999999999,null,null,null,"5-4F11-12",null,1,"3F11-12",null,"2F11-12",null,"5F13-14",0.66669999999999996,null,"5F13-14",null,"4F13-14","3F13-14",0,null,"5F13-14",null,"4F13-14","3F13-14",0.66669999999999996,"3F13-14","1F1-2","2F13-14","1F13-14",null,0.5,null,"2F13-14",null,"1F13-14",null,0.5,"1F13-14","5F15","4F15",null,null,0.75,"4F15","3F15","2F15","1F15"]
[244,8,0,0,{"$f":"D198*$JF$198","v":0},16000,"TERM",null,null,null,null,{"$f":"SUMIF('Control de Avance'!$C$15:$C$9589,'Prog. Semanal TER'!M198,'Control de Avance'!$B$15:$B$9589)","v":1},"Traslado marcos y puertas y guardapolvos",{"$f":"VLOOKUP(M198,'Act. Proyecto'!$I$3:$Q$881,2,FALSE)","v":"LIMPIEZA Y TRASLADO"},{"$f":"VLOOKUP(M198,'Act. Proyecto'!$I$3:$Q$881,3,FALSE)","v":"un"},{"$f":"VLOOKUP(M198,'Act. Proyecto'!$I$3:$Q$881,4,FALSE)","v":1},{"$f":"VLOOKUP(M198,'Act. Proyecto'!$I$3:$Q$881,5,FALSE)","v":2000},2000,{"$f":"VLOOKUP(M198,'Act. Proyecto'!$I$3:$Q$881,7,FALSE)","v":"Depto"},{"$f":"SUMIF('Resumen Frentes Semanal'!$K$6:$K$64,'Prog. Semanal TER'!N198,'Resumen Frentes Semanal'!$M$6:$M$64)","v":43500},null,null,null,null,null,0,null,null,null,null,null,null,null,null,null,null,null,null,null,null,null,null,null,null,null,null,null,null,null,null,null,null,null,null,null,null,null,null,null,null,null,null,null,null,null,null,null,null,null,null,null,null,null,null,null,null,null,null,null,"5F1-2","4F1-2","3F1-2",0,null,null,null,null,null,null,null,null,null,null,null,null,null,null,null,null,null,null,null,null,null,null,null,null,null,null,null,null,null,null,"5F1-2","4F1-2","3F1-2","2F1-2",null,1,"5F3-4","4F3-4","3F3-4","2F3-4",null,1,null,null,null,null,null,null,null,null,null,null,null,null,"5-4-3-2-1F5-6",null,null,1,null,null,null,null,null,null,null,null,null,null,null,null,null,"1F3-4",null,"5-4F7-8","3-2-1F7-8",0.5,"3-2-1F7-8","5-4F9-10",null,null,null,1,null,"3-2-1F9-10",null,null,null,1,null,null,null,null,null,null,null,"5F11-12","4F11-12","3F11-12","2F11-12",0.5,null,null,"3F11-12",null,"2F11-12",1,null,null,null,null,null,null,null,null,"5-4F13-14",null,"3-2F13-14",1,null,null,"1F13-14",null,"5-4F15",0.5,null,null,null,"5-4-3-2-1F15",1,null,null,null,null,null,null,null,null,null,null,null,null,"5-4-3F16",null,null,null,null,1,"1F1-2",null,"2-1F16",null,"5F7-8",0.66669999999999996,null,null,"5F17-18","4F17-18",null,1,null,null,null,"3-2-1F17-18",null,1,null,null,null,"5F19-20",null,1,"4-3F19-20",null,null,null,"2F19-20",1,null,null,null,null,null,null,null,null,"2F19-10",null,"1F19-20"]
[245,18,10,184500,{"$f":"D199*$JF$199","v":73800},147600,"TERM",null,null,null,null,{"$f":"SUMIF('Control de Avance'!$C$15:$C$9589,'Prog. Semanal TER'!M199,'Control de Avance'!$B$15:$B$9589)","v":1},"Marcos y puertas sin imposta",{"$f":"VLOOKUP(M199,'Act. Proyecto'!$I$3:$Q$881,2,FALSE)","v":"CARP. TERMINACIONES"},{"$f":"VLOOKUP(M199,'Act. Proyecto'!$I$3:$Q$881,3,FALSE)","v":"cu"},{"$f":"VLOOKUP(M199,'Act. Proyecto'!$I$3:$Q$881,4,FALSE)","v":6},{"$f":"VLOOKUP(M199,'Act. Proyecto'!$I$3:$Q$881,5,FALSE)","v":3075},18450,{"$f":"VLOOKUP(M199,'Act. Proyecto'!$I$3:$Q$881,7,FALSE)","v":"Depto"},{"$f":"SUMIF('Resumen Frentes Semanal'!$K$6:$K$64,'Prog. Semanal TER'!N199,'Resumen Frentes Semanal'!$M$6:$M$64)","v":108390},null,null,null,null,null,0,null,null,null,null,null,null,null,null,null,null,null,null,null,null,null,null,null,null,null,null,null,null,null,null,null,null,null,null,null,null,null,null,null,null,null,null,null,null,null,null,null,null,null,null,null,null,null,null,null,null,null,null,null,null,null,null,null,null,null,null,null,null,null,null,null,null,null,null,null,null,null,null,null,null,null,null,null,null,null,null,null,null,null,null,null,null,null,null,null,null,null,null,null,"5F1","5F2","4F1","4F2","3F1",1,"3F2","2F1","2F2",1,"5F3","5F4","4F3","4F4","3F3",0.8,"3F3","3F4","2F3","2F4","5F5",1,"5F6","4F5","4F6","3F5","3F6",0.2,"4F5","4F6","3F5-6","2F5.1","2F5.2",0.9,"2F5.2","2F6","1F5-6","5F7",null,1,"5F8","1F3","1F4","4F7-8","3F7-8",1,null,"2F7","2F8","1F7","1F8",1,"5F9","5F10","4F9","4F10","3F9-10",1,"2F9","2F10","1F9","1F10","5F11",1,"5F12","4F11",null,null,null,1,null,"4F12","3F11","3F12","2F11",1,"2F12","5F13","5F14","4F13-14","3F13.1",1,"3F13.2","3F14",null,null,"2F13-14",1,null,null,"1F13","1F14",0,"1F13","1F14","5F15","4F15","3F15",0.4,null,"5F15","4F15","3F15","2F15",1,null,"1F15","5F16","4F16","3F16",0.25,"5F16","4F16","3F16","1F1","1F2",0.6,"2F16","1F16","1F1","1F2","5F17-18",0.66669999999999996,"1F1","1F2","4F17","4F18","3F17",0.8,"3F17","3F18","2F17","2F18",null,1,null,"1F17","5F19","5F20","4F19",0.75,"4F19","4F20","3F19","3F20","2F19",0.4,"3F19","3F20","2F19","2F20"]
[250,null,null,0,{"$f":"D200*$JF$200","v":0},0,"TERM",null,null,null,null,{"$f":"SUMIF('Control de Avance'!$C$15:$C$9589,'Prog. Semanal TER'!M200,'Control de Avance'!$B$15:$B$9589)","v":1},"Marco acceso con imposta",{"$f":"VLOOKUP(M200,'Act. Proyecto'!$I$3:$Q$881,2,FALSE)","v":"CARP. TERMINACIONES"},{"$f":"VLOOKUP(M200,'Act. Proyecto'!$I$3:$Q$881,3,FALSE)","v":"cu"},{"$f":"VLOOKUP(M200,'Act. Proyecto'!$I$3:$Q$881,4,FALSE)","v":0},{"$f":"VLOOKUP(M200,'Act. Proyecto'!$I$3:$Q$881,5,FALSE)","v":4540},0,{"$f":"VLOOKUP(M200,'Act. Proyecto'!$I$3:$Q$881,7,FALSE)","v":"Depto"},{"$f":"SUMIF('Resumen Frentes Semanal'!$K$6:$K$64,'Prog. Semanal TER'!N200,'Resumen Frentes Semanal'!$M$6:$M$64)","v":108390},null,null,null,null,null,0]
[250,16,8,21230.21,{"$f":"D201*$JF$201","v":0},21230.21,"TERM",null,null,null,null,{"$f":"SUMIF('Control de Avance'!$C$15:$C$9589,'Prog. Semanal TER'!M201,'Control de Avance'!$B$15:$B$9589)","v":1},"Pilastra",{"$f":"VLOOKUP(M201,'Act. Proyecto'!$I$3:$Q$881,2,FALSE)","v":"CARP. TERMINACIONES"},{"$f":"VLOOKUP(M201,'Act. Proyecto'!$I$3:$Q$881,3,FALSE)","v":"ml"},{"$f":"VLOOKUP(M201,'Act. Proyecto'!$I$3:$Q$881,4,FALSE)","v":16.181562499999998},{"$f":"VLOOKUP(M201,'Act. Proyecto'!$I$3:$Q$881,5,FALSE)","v":164},2653.7762499999999,{"$f":"VLOOKUP(M201,'Act. Proyecto'!$I$3:$Q$881,7,FALSE)","v":"Depto"},{"$f":"SUMIF('Resumen Frentes Semanal'!$K$6:$K$64,'Prog. Semanal TER'!N201,'Resumen Frentes Semanal'!$M$6:$M$64)","v":108390},null,null,null,null,null,0,null,null,null,null,null,null,null,null,null,null,null,null,null,null,null,null,null,null,null,null,null,null,null,null,null,null,null,null,null,null,null,null,null,null,null,null,null,null,null,null,null,null,null,null,null,null,null,null,null,null,null,null,null,null,null,null,null,null,null,null,null,null,null,null,null,null,null,null,null,null,null,null,null,null,null,null,null,null,null,null,null,null,null,null,null,null,null,null,null,null,null,null,null,null,null,"5F1","5F2","4F1",1,"4F2","3F1","3F2",1,"2F1","5F4","5F3","5F4","4F3",0.8,"4F3","4F4","3F3","3F4","2F3",0.8,"2F3","2F4","5F5","5F6","4F5",0.6,"5F6","4F5","4F6","3F5","3F6",1,"2F5","2F6","1F5","1F6","5F7",0.8,"5F7","1F3","1F4","5F8","4F7",0.6,"5F8","4F7-8","3F7","3F8","2F7",1,"2F8","1F7","1F8","5F9-10","4F9",1,"4F9","4F10","3F9","3F10","2F9",1,"2F10","1F9","1F10",null,null,1,null,null,"5F11","5F12","4F11",0.66669999999999996,null,"4F11","4F12","3F11-12",null,1,"2F11","2F12","5F13","5F14","4F13",0.8,"4F13","4F14","3F13-14","2F13",0,"4F13","4F14","3F13","3F14","2F13",0.8,"2F13","2F14","1F13","1F14","5F15",1,"4F15","3F15","2F15","1F15","5F16",0.8,null,"5F16","4F16","3F16","1F1",0.75,null,"2F16","1F16","5F17","1F1",0.75,"1F1","1F2","4F17","4F18","4F17",0.4,"5F18","4F17","4F18","3F17-18",null,1,null,"2F17","2F18","1F17","5F19-20",1,null,"4F19","4F20","3F19","3F20",0,null,"4F19","4F20","3F19","3F20"]
[251,18,10,10250,{"$f":"D202*$JF$202","v":4100},8200,"TERM",null,null,null,null,{"$f":"SUMIF('Control de Avance'!$C$15:$C$9589,'Prog. Semanal TER'!M202,'Control de Avance'!$B$15:$B$9589)","v":1},"Cerradura acceso (incluye armado de llaveros)",{"$f":"VLOOKUP(M202,'Act. Proyecto'!$I$3:$Q$881,2,FALSE)","v":"CARP. TERMINACIONES"},{"$f":"VLOOKUP(M202,'Act. Proyecto'!$I$3:$Q$881,3,FALSE)","v":"cu"},{"$f":"VLOOKUP(M202,'Act. Proyecto'!$I$3:$Q$881,4,FALSE)","v":1},{"$f":"VLOOKUP(M202,'Act. Proyecto'!$I$3:$Q$881,5,FALSE)","v":1025},1025,{"$f":"VLOOKUP(M202,'Act. Proyecto'!$I$3:$Q$881,7,FALSE)","v":"Depto"},{"$f":"SUMIF('Resumen Frentes Semanal'!$K$6:$K$64,'Prog. Semanal TER'!N202,'Resumen Frentes Semanal'!$M$6:$M$64)","v":108390},null,null,null,null,null,0,null,null,null,null,null,null,null,null,null,null,null,null,null,null,null,null,null,null,null,null,null,null,null,null,null,null,null,null,null,null,null,null,null,null,null,null,null,null,null,null,null,null,null,null,null,null,null,null,null,null,null,null,null,null,null,null,null,null,null,null,null,null,null,null,null,null,null,null,null,null,null,null,null,null,null,null,null,null,null,null,null,null,null,null,null,null,null,null,null,null,null,null,null,"5F1","5F2","4F1","4F2","3F1",1,"3F2","2F1","2F2",1,"5F3","5F4","4F3","4F4","3F3",0.8,"3F3","3F4","2F3","2F4","5F5",1,"5F6","4F5","4F6","3F5","3F6",0.2,"4F5","4F6","3F5-6","2F5.1","2F5.2",0.9,"2F5.2","2F6","1F5-6","5F7",null,1,"5F8","1F3","1F4","4F7-8","3F7-8",1,null,"2F7","2F8","1F7","1F8",1,"5F9","5F10","4F9","4F10","3F9-10",1,"2F9","2F10","1F9","1F10","5F11",1,"5F12","4F11",null,null,null,1,null,"4F12","3F11","3F12","2F11",1,"2F12","5F13","5F14","4F13-14","3F13.1",1,"3F13.2","3F14",null,null,"2F13-14",1,null,null,"1F13","1F14",0,"1F13","1F14","5F15","4F15","3F15",0.4,null,"5F15","4F15","3F15","2F15",1,null,"1F15","5F16","4F16","3F16",0.25,"5F16","4F16","3F16","1F1","1F2",0.6,"2F16","1F16","1F1","1F2","5F17-18",0.66669999999999996,"1F1","1F2","4F17","4F18","4F17",0.8,"3F17","3F18","2F17","2F18",null,1,null,"1F17","5F19","5F20","4F19",0.75,"4F19","4F20","3F19","3F20","2F19",0.4,"3F19","3F20","2F19","2F20"]
[253,10,0,{"$f":"C203*$R203","v":0},{"$f":"D203*$JF$203","v":0},22522.5,"TERM",null,null,null,null,{"$f":"SUMIF('Control de Avance'!$C$15:$C$9589,'Prog. Semanal TER'!M203,'Control de Avance'!$B$15:$B$9589)","v":1},"Faldón tina",{"$f":"VLOOKUP(M203,'Act. Proyecto'!$I$3:$Q$881,2,FALSE)","v":"CARP. TABIQUE Y VOLCAPOL"},{"$f":"VLOOKUP(M203,'Act. Proyecto'!$I$3:$Q$881,3,FALSE)","v":"m2"},{"$f":"VLOOKUP(M203,'Act. Proyecto'!$I$3:$Q$881,4,FALSE)","v":0.78749999999999998},{"$f":"VLOOKUP(M203,'Act. Proyecto'!$I$3:$Q$881,5,FALSE)","v":2860},2252.25,{"$f":"VLOOKUP(M203,'Act. Proyecto'!$I$3:$Q$881,7,FALSE)","v":"Depto"},{"$f":"SUMIF('Resumen Frentes Semanal'!$K$6:$K$64,'Prog. Semanal TER'!N203,'Resumen Frentes Semanal'!$M$6:$M$64)","v":167800},null,null,null,null,null,0,null,null,null,null,null,null,null,null,null,null,null,null,null,null,null,null,null,null,null,null,null,null,null,null,null,null,null,null,null,null,null,null,null,null,null,null,null,null,null,null,null,null,null,null,null,null,null,null,null,null,null,null,null,null,null,null,null,null,null,null,null,null,null,null,null,null,null,null,null,null,null,null,null,null,null,null,null,null,null,null,null,null,null,null,null,null,null,null,null,null,null,null,null,null,null,null,null,null,null,null,null,null,null,null,null,null,"5-4-3-2F1-2",null,1,null,null,null,null,"5-4-3-2F3-4",0,"5-4-3-2F3-4",null,null,null,null,1,null,null,null,null,null,null,null,null,null,null,null,null,null,null,null,null,"5-4-3F5-6",0,"5-4F5-6",null,"3-2F5-6","1F3-4",null,0.6,null,null,null,null,"3-2-1F5-6",1,null,null,null,null,"F7-8",0,"5F7-8","4F7-8","3F7-8","2F7-8","1F7-8",0.6,"2F7-8","1F7-8","5F9-10",null,null,1,null,null,null,null,"5-4-3F9-10",0,null,"5F9-10","4-3F9-10",null,null,0,null,null,null,"2-1F9-10",0,null,null,null,"4-3F9-10",null,1,"2-1F9-10",null,null,null,null,0,"2-1F9-10",null,null,null,"5-4F11-12",0.5,"5-4F11-12",null,"3-2F11-12",null,null,1,null,null,null,null,"5F13-14",0,null,null,"5F13-14",null,"4-3F13-14",0,null,null,null,null,null,0,"5-4-3-2-1F13-14",null,null,null,null,1,null,null,null,null,null,null,null,"5-4-3-2-1F15"]
[254,16,8,{"$f":"C204*$R204","v":0.58333333333333337},{"$f":"D204*$JF$204","v":0.4375},{"$f":"(B204-C204)*R204","v":0.58333333333333337},"TERM",null,null,null,null,{"$f":"SUMIF('Control de Avance'!$C$15:$C$9589,'Prog. Semanal TER'!M204,'Control de Avance'!$B$15:$B$9589)","v":1},"Pruebas de agua tina",{"$f":"VLOOKUP(M204,'Act. Proyecto'!$I$3:$Q$881,2,FALSE)","v":"GASFITER T"},{"$f":"VLOOKUP(M204,'Act. Proyecto'!$I$3:$Q$881,3,FALSE)","v":"dh"},{"$f":"VLOOKUP(M204,'Act. Proyecto'!$I$3:$Q$881,4,FALSE)","v":7.2916666666666671E-2},{"$f":"VLOOKUP(M204,'Act. Proyecto'!$I$3:$Q$881,5,FALSE)","v":1},7.2916666666666671E-2,{"$f":"VLOOKUP(M204,'Act. Proyecto'!$I$3:$Q$881,7,FALSE)","v":"Depto"},{"$f":"SUMIF('Resumen Frentes Semanal'!$K$6:$K$64,'Prog. Semanal TER'!N204,'Resumen Frentes Semanal'!$M$6:$M$64)","v":7},null,null,null,null,null,0,null,null,null,null,null,null,null,null,null,null,null,null,null,null,null,null,null,null,null,null,null,null,null,null,null,null,null,null,null,null,null,null,null,null,null,null,null,null,null,null,null,null,null,null,null,null,null,null,null,null,null,null,null,null,null,null,null,null,null,null,null,null,null,null,null,null,null,null,null,null,null,null,null,null,null,null,null,null,null,null,null,null,null,null,null,null,null,null,null,null,null,null,null,null,null,null,null,null,null,null,null,null,null,null,null,null,"5-4F1-2","3-2F1-2",0.5,"3-2F1-2",null,null,null,"5-4F3-4",1,"3-2F3-4",null,null,"5F5-6",null,1,null,null,null,null,null,null,null,null,null,"4F5-6","3F5-6",0,null,null,"5F5-6","4F5-6","3F5-6",0.66669999999999996,"3-2F5-6","1F3-4",null,null,null,1,"1F5-6",null,null,"5F7-8","4F7-8",0.33329999999999999,"5F7-8","4F7-8","3F7-8",null,null,0.33329999999999999,null,"4F7-8","3F7-8",null,null,1,"2F7-8","1F7-8","5F9-10",null,null,0.66669999999999996,"5F9-10",null,"4F9-10","3F9-10",null,0.33329999999999999,null,"4F9-10","3F9-10","2F9-10",null,0.66669999999999996,null,"2F9-10","1F9-10",null,0,"2F9-10",null,"1F9-10",null,"5F11-12",0.33329999999999999,"1F9-10","5F11-12",null,"4F11-12",null,0.33329999999999999,null,null,null,"5-4F11-12",null,1,"3F11-12",null,"2F11-12",null,"5F13-14",0.66669999999999996,null,"5F13-14",null,"4F13-14","3F13-14",0,null,"5F13-14",null,"4F13-14","3F13-14",0.66669999999999996,"3F13-14","1F1-2","2F13-14","1F13-14",null,0.5,null,"2F13-14",null,"1F13-14",null,0.5,"1F13-14","5F15","4F15",null,null,0.75,"4F15","3F15","2F15","1F15"]
[251,18,10,2950,{"$f":"D205*$JF$205","v":1180},2360,"TERM",null,null,null,null,1,"Tope puertas (puerta de acceso)","CARP. TERMINACIONES",{"$f":"VLOOKUP(M205,'Act. Proyecto'!$I$3:$Q$881,3,FALSE)","v":"cu"},{"$f":"VLOOKUP(M205,'Act. Proyecto'!$I$3:$Q$881,4,FALSE)","v":1},{"$f":"VLOOKUP(M205,'Act. Proyecto'!$I$3:$Q$881,5,FALSE)","v":295},{"$f":"IFERROR(P205*Q205,0)","v":295},{"$f":"VLOOKUP(M205,'Act. Proyecto'!$I$3:$Q$881,7,FALSE)","v":"Depto"},97506,"5F1","5F2","4F1","4F2","3F1",1,"3F2","2F1","2F2",null,null,null,null,null,null,null,null,null,null,null,null,null,null,null,null,null,null,null,null,null,null,null,null,null,null,null,null,null,null,null,null,null,null,null,null,null,null,null,null,null,null,null,null,null,null,null,null,null,null,null,null,null,null,null,null,null,null,null,null,null,null,null,null,null,null,null,null,null,null,null,null,null,null,null,null,null,null,null,null,null,null,null,null,null,null,null,null,null,null,"5F1","5F2","4F1","4F2","3F1",1,"3F2","2F1","2F2",1,"5F3","5F4","4F3","4F4","3F3",0.8,"3F3","3F4","2F3","2F4","5F5",1,"5F6","4F5","4F6","3F5","3F6",0.2,"4F5","4F6","3F5-6","2F5.1","2F5.2",0.9,"2F5.2","2F6","1F5-6","5F7",null,1,"5F8","1F3","1F4","4F7-8","3F7-8",1,null,"2F7","2F8","1F7","1F8",1,"5F9","5F10","4F9","4F10","3F9-10",1,"2F9","2F10","1F9","1F10","5F11",1,"5F12","4F11",null,null,null,1,null,"4F12","3F11","3F12","2F11",1,"2F12","5F13","5F14","4F13-14","3F13.1",1,"3F13.2","3F14",null,null,"2F13-14",1,null,null,"1F13","1F14",0,"1F13","1F14","5F15","4F15","3F15",0.4,null,"5F15","4F15","3F15","2F15",1,null,"1F15","5F16","4F16","3F16",0.25,"5F16","4F16","3F16","1F1","1F2",0.6,"2F16","1F16","1F1","1F2","5F17-18",0.66669999999999996,"1F1","1F2","4F17","4F18","4F17",0.8,"3F17","3F18","2F17","2F18",null,1,null,"1F17","5F19","5F20","4F19",0.75,"4F19","4F20","3F19","3F20","2F19",0.4,"3F19","3F20","2F19","2F20"]
[255,16,8,102472.22,{"$f":"D206*$JF$206","v":0},102472.22,"TERM",null,null,null,null,{"$f":"SUMIF('Control de Avance'!$C$15:$C$9589,'Prog. Semanal TER'!M206,'Control de Avance'!$B$15:$B$9589)","v":1},"Guardapolvo",{"$f":"VLOOKUP(M206,'Act. Proyecto'!$I$3:$Q$881,2,FALSE)","v":"CARP. TERMINACIONES"},{"$f":"VLOOKUP(M206,'Act. Proyecto'!$I$3:$Q$881,3,FALSE)","v":"ml"},{"$f":"VLOOKUP(M206,'Act. Proyecto'!$I$3:$Q$881,4,FALSE)","v":45.422083333333333},{"$f":"VLOOKUP(M206,'Act. Proyecto'!$I$3:$Q$881,5,FALSE)","v":282},12809.0275,{"$f":"VLOOKUP(M206,'Act. Proyecto'!$I$3:$Q$881,7,FALSE)","v":"Depto"},{"$f":"SUMIF('Resumen Frentes Semanal'!$K$6:$K$64,'Prog. Semanal TER'!N206,'Resumen Frentes Semanal'!$M$6:$M$64)","v":108390},null,null,null,null,null,0,null,null,null,null,null,null,null,null,null,null,null,null,null,null,null,null,null,null,null,null,null,null,null,null,null,null,null,null,null,null,null,null,null,null,null,null,null,null,null,null,null,null,null,null,null,null,null,null,null,null,null,null,null,null,null,null,null,null,null,null,null,null,null,null,null,null,null,null,null,null,null,null,null,null,null,null,null,null,null,null,null,null,null,null,null,null,null,null,null,null,null,null,null,null,null,"5F1","5F2","4F1",1,"4F2","3F1","3F2",1,"2F1","5F4","5F3","5F4","4F3",0.8,"4F3","4F4","3F3","3F4","2F3",0.8,"2F3","2F4","5F5","5F6","4F5",0.6,"5F6","4F5","4F6","3F5","3F6",1,"2F5","2F6","1F5","1F6","5F7",0.8,"5F7","1F3","1F4","5F8","4F7",0.6,"5F8","4F7-8","3F7","3F8","2F7",1,"2F8","1F7","1F8","5F9-10","4F9",1,"4F9","4F10","3F9","3F10","2F9",1,"2F10","1F9","1F10",null,null,1,null,null,"5F11","5F12","4F11",0.66669999999999996,null,"4F11","4F12","3F11-12",null,1,"2F11","2F12","5F13","5F14","4F13",0.8,"4F13","4F14","3F13-14","2F13",0,"4F13","4F14","3F13","3F14","2F13",0.8,"2F13","2F14","1F13","1F14","5F15",1,"4F15","3F15","2F15","1F15","5F16",0.8,null,"5F16","4F16","3F16","1F1",0.75,null,"2F16","1F16","5F17","1F1",0.75,"1F1","1F2","4F17","4F18","4F17",0.4,"5F18","4F17","4F18","3F17-18",null,1,null,"2F17","2F18","1F17","5F19-20",1,null,"4F19","4F20","3F19","3F20",0,null,"4F19","4F20","3F19","3F20"]
[255,null,null,0,{"$f":"D207*$JF$207","v":0},0,"TERM",null,null,null,null,{"$f":"SUMIF('Control de Avance'!$C$15:$C$9589,'Prog. Semanal TER'!M207,'Control de Avance'!$B$15:$B$9589)","v":1},"Corte de guardapolvo para closet",{"$f":"VLOOKUP(M207,'Act. Proyecto'!$I$3:$Q$881,2,FALSE)","v":"CARP. TERMINACIONES"},{"$f":"VLOOKUP(M207,'Act. Proyecto'!$I$3:$Q$881,3,FALSE)","v":"ml"},{"$f":"VLOOKUP(M207,'Act. Proyecto'!$I$3:$Q$881,4,FALSE)","v":1},{"$f":"VLOOKUP(M207,'Act. Proyecto'!$I$3:$Q$881,5,FALSE)","v":1},{"$f":"IFERROR(P207*Q207,0)","v":1},{"$f":"VLOOKUP(M207,'Act. Proyecto'!$I$3:$Q$881,7,FALSE)","v":"Depto"},{"$f":"SUMIF('Resumen Frentes Semanal'!$K$6:$K$64,'Prog. Semanal TER'!N207,'Resumen Frentes Semanal'!$M$6:$M$64)","v":108390},null,null,null,null,null,0]
[255,16,8,13775,{"$f":"D208*$JF$208","v":0},13775,"TERM",null,null,null,null,{"$f":"SUMIF('Control de Avance'!$C$15:$C$9589,'Prog. Semanal TER'!M208,'Control de Avance'!$B$15:$B$9589)","v":1},"Guardapolvo sin cantería sobre vano de ventana",{"$f":"VLOOKUP(M208,'Act. Proyecto'!$I$3:$Q$881,2,FALSE)","v":"CARP. TERMINACIONES"},{"$f":"VLOOKUP(M208,'Act. Proyecto'!$I$3:$Q$881,3,FALSE)","v":"cu"},{"$f":"VLOOKUP(M208,'Act. Proyecto'!$I$3:$Q$881,4,FALSE)","v":5.9375},{"$f":"VLOOKUP(M208,'Act. Proyecto'!$I$3:$Q$881,5,FALSE)","v":290},1721.875,{"$f":"VLOOKUP(M208,'Act. Proyecto'!$I$3:$Q$881,7,FALSE)","v":"Depto"},{"$f":"SUMIF('Resumen Frentes Semanal'!$K$6:$K$64,'Prog. Semanal TER'!N208,'Resumen Frentes Semanal'!$M$6:$M$64)","v":108390},null,null,null,null,null,0,null,null,null,null,null,null,null,null,null,null,null,null,null,null,null,null,null,null,null,null,null,null,null,null,null,null,null,null,null,null,null,null,null,null,null,null,null,null,null,null,null,null,null,null,null,null,null,null,null,null,null,null,null,null,null,null,null,null,null,null,null,null,null,null,null,null,null,null,null,null,null,null,null,null,null,null,null,null,null,null,null,null,null,null,null,null,null,null,null,null,null,null,null,null,null,"5F1","5F2","4F1",1,"4F2","3F1","3F2",1,"2F1","5F4","5F3","5F4","4F3",0.8,"4F3","4F4","3F3","3F4","2F3",0.8,"2F3","2F4","5F5","5F6","4F5",0.6,"5F6","4F5","4F6","3F5","3F6",1,"2F5","2F6","1F5","1F6","5F7",0.8,"5F7","1F3","1F4","5F8","4F7",0.6,"5F8","4F7-8","3F7","3F8","2F7",1,"2F8","1F7","1F8","5F9-10","4F9",1,"4F9","4F10","3F9","3F10","2F9",1,"2F10","1F9","1F10",null,null,1,null,null,"5F11","5F12","4F11",0.66669999999999996,null,"4F11","4F12","3F11-12",null,1,"2F11","2F12","5F13","5F14","4F13",0.8,"4F13","4F14","3F13","3F14",0,"4F13","4F14","3F13","3F14","2F13",0.8,"2F13","2F14","1F13","1F14","5F15",1,"4F15","3F15","2F15","1F15","5F16",0.8,null,"5F16","4F16","3F16","1F1",0.75,null,"2F16","1F16","5F17","1F1",0.75,"1F1","1F2","4F17","4F18","4F17",0.4,"5F18","4F17","4F18","3F17-18",null,1,null,"2F17","2F18","1F17","5F19-20",1,null,"4F19","4F20","3F19","3F20",0,null,"4F19","4F20","3F19","3F20"]
[261,18,10,3000,{"$f":"D209*$JF$209","v":600},2400,"TERM",null,null,null,null,1,"Trazo de cornisa en cocina",{"$f":"VLOOKUP(M209,'Act. Proyecto'!$I$3:$Q$881,2,FALSE)","v":"CARP. TERMINACIONES"},{"$f":"VLOOKUP(M209,'Act. Proyecto'!$I$3:$Q$881,3,FALSE)","v":"cu"},{"$f":"VLOOKUP(M209,'Act. Proyecto'!$I$3:$Q$881,4,FALSE)","v":1},{"$f":"VLOOKUP(M209,'Act. Proyecto'!$I$3:$Q$881,5,FALSE)","v":300},{"$f":"IFERROR(P209*Q209,0)","v":300},{"$f":"VLOOKUP(M209,'Act. Proyecto'!$I$3:$Q$881,7,FALSE)","v":"Depto"},109390,"2F3","2F4","5F5","5F6","4F5",0.6,"5F6","4F5","4F6","3F5",null,null,null,null,null,null,null,null,null,null,null,null,null,null,null,null,null,null,null,null,null,null,null,null,null,null,null,null,null,null,null,null,null,null,null,null,null,null,null,null,null,null,null,null,null,null,null,null,null,null,null,null,null,null,null,null,null,null,null,null,null,null,null,null,null,null,null,null,null,null,null,null,null,null,null,null,null,null,null,null,null,null,null,null,null,null,null,null,null,null,null,null,null,null,null,null,null,null,null,null,null,null,null,null,null,null,null,null,null,null,null,null,null,null,null,null,null,"2F3","2F4","5F5","5F6","4F5",0.6,"5F6","4F5","4F6","3F5","3F6",1,"2F5","2F6","1F5","1F6","1F3",0.2,"1F3","1F4","5F7","5F8","4F7",0.4,"2F6","1F5","1F6","5F7","5F8",0.6,"5F7","5F8","4F7","4F8","3F7",1,"3F8","2-1F7-8","5F9-10","4F9-10","3F9",0.7,"4-3F9-10","2F9","1F9-10","5F11-12","4F11",0.5,"2F10","1F9-10","5F11-12","5F11-12","3F11",1,"3F12","2F11","2F12","5F13-14","4F13",0.83330000000000004,"4F13","4F14","3F13","3F14",0.75,null,null,null,"3F14","2F13",0.5,"2F13","2F14","1F13","1F14","5F15",0.8,"5F15","4F15","3F15","2F15","1F15",1,"5F16","4F16","3F16","2F16","1F16",1,null,null,null,"5F17","5F18",1,"1F1","1F2","4F17","4F18","4F17",0.8,null,"3F17","3F18","2F17",null,1,null,"2F18","1F17","5F19-20","4F19",0.4,"5F19","5F20","4F19","4F20","3F19",0.2,"5F20","4F19","4F20","3F19"]
[261,18,10,147635.44791666669,{"$f":"D210*$JF$210","v":29527.089583333338},118108.35833333335,"TERM",null,null,null,null,{"$f":"SUMIF('Control de Avance'!$C$15:$C$9589,'Prog. Semanal TER'!M210,'Control de Avance'!$B$15:$B$9589)","v":1},"Cornisa dpto",{"$f":"VLOOKUP(M210,'Act. Proyecto'!$I$3:$Q$881,2,FALSE)","v":"CARP. TERMINACIONES"},{"$f":"VLOOKUP(M210,'Act. Proyecto'!$I$3:$Q$881,3,FALSE)","v":"ml"},{"$f":"VLOOKUP(M210,'Act. Proyecto'!$I$3:$Q$881,4,FALSE)","v":72.017291666666679},{"$f":"VLOOKUP(M210,'Act. Proyecto'!$I$3:$Q$881,5,FALSE)","v":205},14763.544791666669,{"$f":"VLOOKUP(M210,'Act. Proyecto'!$I$3:$Q$881,7,FALSE)","v":"Depto"},{"$f":"SUMIF('Resumen Frentes Semanal'!$K$6:$K$64,'Prog. Semanal TER'!N210,'Resumen Frentes Semanal'!$M$6:$M$64)","v":108390},null,null,null,null,null,0,null,null,null,null,null,null,null,null,null,null,null,null,null,null,null,null,null,null,null,null,null,null,null,null,null,null,null,null,null,null,null,null,null,null,null,null,null,null,null,null,null,null,null,null,null,null,null,null,null,null,null,null,null,null,null,null,null,null,null,null,null,null,null,null,null,null,null,null,null,null,null,null,null,null,null,null,null,null,null,null,null,null,null,null,null,null,null,null,null,null,null,null,null,null,null,"5F1","5F2","4F1",1,"4F2","3F1","3F2",1,"2F1","5F4","5F3","5F4","4F3",0.8,"4F3","4F4","3F3","3F4","2F3",0.8,"2F3","2F4","5F5","5F6","4F5",0,"2F3","2F4","5F5","5F6","4F5",0.6,"5F6","4F5","4F6","3F5","3F6",1,"2F5","2F6","1F5","1F6","1F3",0.2,"1F3","1F4","5F7","5F8","4F7",0.4,"2F6","1F5","1F6","5F7","5F8",0.6,"5F7","5F8","4F7","4F8","3F7",1,"3F8","2-1F7-8","5F9-10","4F9-10","3F9",0.7,"4-3F9-10","2F9","1F9-10","5F11-12","4F11",0.5,"2F10","1F9-10","5F11-12","5F11-12","3F11",1,"3F12","2F11","2F12","5F13-14","4F13",0.83330000000000004,"4F13","4F14","3F13","3F14",0.75,null,null,null,"3F14","2F13",0.5,"2F13","2F14","1F13","1F14","5F15",0.8,"5F15","4F15","3F15","2F15","1F15",1,"5F16","4F16","3F16","2F16","1F16",1,null,null,null,"5F17","5F18",1,"1F1","1F2","4F17","4F18","4F17",0.8,null,"3F17","3F18","2F17",null,1,null,"2F18","1F17","5F19-20","4F19",0.4,"5F19","5F20","4F19","4F20","3F19",0.2,"5F20","4F19","4F20","3F19"]
[262,18,10,6779.21875,{"$f":"D211*$JF$211","v":1355.84375},5423.375,"TERM",null,null,null,null,{"$f":"SUMIF('Control de Avance'!$C$15:$C$9589,'Prog. Semanal TER'!M211,'Control de Avance'!$B$15:$B$9589)","v":1},"Cortagotera terraza",{"$f":"VLOOKUP(M211,'Act. Proyecto'!$I$3:$Q$881,2,FALSE)","v":"CARP. TERMINACIONES"},{"$f":"VLOOKUP(M211,'Act. Proyecto'!$I$3:$Q$881,3,FALSE)","v":"ml"},{"$f":"VLOOKUP(M211,'Act. Proyecto'!$I$3:$Q$881,4,FALSE)","v":3.1531250000000002},{"$f":"VLOOKUP(M211,'Act. Proyecto'!$I$3:$Q$881,5,FALSE)","v":215},677.921875,{"$f":"VLOOKUP(M211,'Act. Proyecto'!$I$3:$Q$881,7,FALSE)","v":"Depto"},{"$f":"SUMIF('Resumen Frentes Semanal'!$K$6:$K$64,'Prog. Semanal TER'!N211,'Resumen Frentes Semanal'!$M$6:$M$64)","v":108390},null,null,null,null,null,0,null,null,null,null,null,null,null,null,null,null,null,null,null,null,null,null,null,null,null,null,null,null,null,null,null,null,null,null,null,null,null,null,null,null,null,null,null,null,null,null,null,null,null,null,null,null,null,null,null,null,null,null,null,null,null,null,null,null,null,null,null,null,null,null,null,null,null,null,null,null,null,null,null,null,null,null,null,null,null,null,null,null,null,null,null,null,null,null,null,null,null,null,null,null,null,"5F1","5F2","4F1",1,"4F2","3F1","3F2",1,"2F1","5F4","5F3","5F4","4F3",0.8,"4F3","4F4","3F3","3F4","2F3",0.8,"2F3","2F4","5F5","5F6","4F5",0,"2F3","2F4","5F5","5F6","4F5",0.6,"5F6","4F5","4F6","3F5","3F6",1,"2F5","2F6","1F5","1F6","1F3",0,"1F3","1F4","5F7","5F8","4F7",0.4,"2F6","1F5","1F6","5F7","5F8",0.6,"5F7","5F8","4F7","4F8","3F7",1,"3F8","2-1F7-8","5F9-10","4F9-10","3F9",0.7,"4-3F9-10","2F9","1F9-10","5F11-12","4F11",0.5,"2F10","1F9-10","5F11-12","5F11-12","3F11",1,"3F12","2F11","2F12","5F13-14","4F13",0.83330000000000004,"4F13","4F14","3F13","3F14",0.75,null,null,null,"3F14","2F13",0.5,"2F13","2F14","1F13","1F14","5F15",0.8,"5F15","4F15","3F15","2F15","1F15",1,"5F16","4F16","3F16","2F16","1F16",1,null,null,null,"5F17","5F18",1,"1F1","1F2","4F17","4F18","4F17",0.8,null,"3F17","3F18","2F17",null,1,null,"2F18","1F17","5F19-20","4F19",0.4,"5F19","5F20","4F19","4F20","3F19",0.2,"5F20","4F19","4F20","3F19"]
[266,null,null,0,{"$f":"D212*$JF$212","v":0},0,"TERM",null,null,null,null,{"$f":"SUMIF('Control de Avance'!$C$15:$C$9589,'Prog. Semanal TER'!M212,'Control de Avance'!$B$15:$B$9589)","v":1},"Remate sobre cornisa + Salida lavadora + VC",{"$f":"VLOOKUP(M212,'Act. Proyecto'!$I$3:$Q$881,2,FALSE)","v":"YESERO"},{"$f":"VLOOKUP(M212,'Act. Proyecto'!$I$3:$Q$881,3,FALSE)","v":"cu"},{"$f":"VLOOKUP(M212,'Act. Proyecto'!$I$3:$Q$881,4,FALSE)","v":1},{"$f":"VLOOKUP(M212,'Act. Proyecto'!$I$3:$Q$881,5,FALSE)","v":4770},4770,{"$f":"VLOOKUP(M212,'Act. Proyecto'!$I$3:$Q$881,7,FALSE)","v":"Depto"},{"$f":"SUMIF('Resumen Frentes Semanal'!$K$6:$K$64,'Prog. Semanal TER'!N212,'Resumen Frentes Semanal'!$M$6:$M$64)","v":118000},null,null,null,null,null,0,null,null,null,null,null,null,null,null,null,null,null,null,null,null,null,null,null,null,null,null,null,null,null,null,null,null,null,null,null,null,null,null,null,null,null,null,null,null,null,null,null,null,null,null,null,null,null,null,null,null,null,null,null,null,null,null,null,null,null,null,null,null,null,null,null,null,null,null,null,null,null,null,null,null,null,null,null,null,null,null,null,null,null,null,null,null,null,null,null,null,null,null,null,null,null,null,null,null,null,null,null,null,null,null,null,null,null,null,null,null,null,null,null,null,0,null,"5-4-3-2F1-2",null,null,"5-4-3F1-2",1,null,null,null,null,null,null,null,null,null,null,null,0,null,null,null,null,null,null,null,null,null,"2F3-4","1F3",1,null,null,null,null,null,null,null,null,null,null,null,null,null,null,null,null,null,null,null,null,null,null,null,null,null,null,null,null,null,null,null,null,null,null,null,null,null,null,null,null,null,null,null,null,null,null,null,null,null,null,null,null,null,null,null,null,null,null,null,null,null,null,null,null,null,null,null,null,null,null,null,null,null,null,null,null,0]
[284,16,6,9095.625,{"$f":"D213*$JF$213","v":3031.5718124999999},15159.375,"TERM",null,null,null,null,{"$f":"SUMIF('Control de Avance'!$C$15:$C$9589,'Prog. Semanal TER'!M213,'Control de Avance'!$B$15:$B$9589)","v":1},"Sello tina y doble sello blanco acético",{"$f":"VLOOKUP(M213,'Act. Proyecto'!$I$3:$Q$881,2,FALSE)","v":"CERÁMICA"},{"$f":"VLOOKUP(M213,'Act. Proyecto'!$I$3:$Q$881,3,FALSE)","v":"cu"},{"$f":"VLOOKUP(M213,'Act. Proyecto'!$I$3:$Q$881,4,FALSE)","v":1.3125},{"$f":"VLOOKUP(M213,'Act. Proyecto'!$I$3:$Q$881,5,FALSE)","v":1155},1515.9375,{"$f":"VLOOKUP(M213,'Act. Proyecto'!$I$3:$Q$881,7,FALSE)","v":"Depto"},{"$f":"SUMIF('Resumen Frentes Semanal'!$K$6:$K$64,'Prog. Semanal TER'!N213,'Resumen Frentes Semanal'!$M$6:$M$64)","v":121500},null,null,null,null,null,0,null,null,null,null,null,null,null,null,null,null,null,null,null,null,null,null,null,null,null,null,null,null,null,null,null,null,null,null,null,null,null,null,null,null,null,null,null,null,null,null,null,null,null,null,null,null,null,null,null,null,null,null,null,null,null,null,null,null,null,null,null,null,null,null,null,null,null,null,null,null,null,null,null,null,null,null,null,null,null,null,null,null,null,null,null,null,null,null,null,null,null,null,null,null,null,null,null,null,null,null,null,null,null,null,null,null,null,null,null,null,null,null,null,null,0,"5-4F1-2",null,null,null,"3F1",0.8,"4F1.1","3F1","3F2","2F2","5F3-4",0.45450000000000002,"3F2.1","2F1.1","5F3","5F4","4F3",0.5,"3F2.2","2F2.2","5F4","4F3-4","3F3-3F4.1",1,"3F4.2","2F3-4","1F3","1F4.1","1F4.2",1,"5F5","5F6","4F5","4F6","3F5.1",1,"3F5.2","2F5","2F6.1","3F6","1F5-6",0.4,"3F6","2F6.2","1F5-6","5F7","5F8.1",0.7,"5F7","5F8","4F7","4F8","3F7",0.8,"3F7","3F8","2F7","2F8","1F7",0.8,"1F7","1F8","5F9","5F10","4F9",0.4,null,null,null,"4F9",0,null,"4F9",null,"3F9",null,0.5,"3F9","4F10","3F10.1",null,"1F9.1",0.83330000000000004,"3F10.2","2F9-10","1F9","1F10.1","5F11",0.8,"1F10.2","5F11","5F12.1","4F11","4F12",0.5,"5F12.2","4F11","4F12","3F11.1","3F12",0.625,"3F11","3F12","2F11.1","2F12","5F13",0.55559999999999998,"2F11.2","2F12","1F1","1F2.1",null,0.66669999999999996,"1F2","2F11.2","5F13-14","4F13","4F14",0.2727,null,null,"5F13","5F14","4F13",0.33329999999999999,"5F14","4F13","4F14","3F13","3F14"]
[267,16,6,115020,{"$f":"D214*$JF$214","v":38336.165999999997},191700,"TERM",null,null,null,null,{"$f":"SUMIF('Control de Avance'!$C$15:$C$9589,'Prog. Semanal TER'!M214,'Control de Avance'!$B$15:$B$9589)","v":0},"Cerámica de piso 36x36 cm beige B C (S/MB) T",{"$f":"VLOOKUP(M214,'Act. Proyecto'!$I$3:$Q$881,2,FALSE)","v":"CERÁMICA"},{"$f":"VLOOKUP(M214,'Act. Proyecto'!$I$3:$Q$881,3,FALSE)","v":"m2"},{"$f":"VLOOKUP(M214,'Act. Proyecto'!$I$3:$Q$881,4,FALSE)","v":10.65},{"$f":"VLOOKUP(M214,'Act. Proyecto'!$I$3:$Q$881,5,FALSE)","v":1800},19170,{"$f":"VLOOKUP(M214,'Act. Proyecto'!$I$3:$Q$881,7,FALSE)","v":"Depto"},{"$f":"SUMIF('Resumen Frentes Semanal'!$K$6:$K$64,'Prog. Semanal TER'!N214,'Resumen Frentes Semanal'!$M$6:$M$64)","v":121500},null,null,null,null,null,0,null,null,null,null,null,null,null,null,null,null,null,null,null,null,null,null,null,null,null,null,null,null,null,null,null,null,null,null,null,null,null,null,null,null,null,null,null,null,null,null,null,null,null,null,null,null,null,null,null,null,null,null,null,null,null,null,null,null,null,null,null,null,null,null,null,null,null,null,null,null,null,null,null,null,null,null,null,null,null,null,null,null,null,null,null,null,null,null,null,null,null,null,null,null,null,null,null,null,null,null,null,null,null,null,null,null,null,null,null,null,null,null,null,null,0,"5F1","5F2","4F1.1","4F2","3F1",0.77780000000000005,"4F1.1","3F1","3F2","2F2","5F3-4",0.45450000000000002,"3F2.1","2F1.1","5F3","5F4","4F3",0.5,"3F2.2","2F2.2","5F4","4F3-4","3F3-3F4.1",1,"3F4.2","2F3-4","1F3","1F4.1","1F4.2",1,"5F5","5F6","4F5","4F6","3F5.1",1,"3F5.2","2F5","2F6.1","3F6","1F5-6",0.4,"3F6","2F6.2","1F5-6","5F7","5F8.1",0.7,"5F7","5F8","4F7","4F8","3F7",0.8,"3F7","3F8","2F7","2F8","1F7",0.8,"1F7","1F8","5F9","5F10","4F9",0.4,null,null,null,"4F9",0,null,"4F9",null,"3F9",null,0.5,"3F9","4F10","3F10.1",null,"1F9.1",0.83330000000000004,"3F10.2","2F9-10","1F9","1F10.1","5F11",0.8,"1F10.2","5F11","5F12.1","4F11","4F12",0.5,"5F12.2","4F11","4F12","3F11.1","3F12",0.625,"3F11","3F12","2F11.1","2F12","5F13",0.55559999999999998,"2F11.2","2F12","1F1","1F2.1",null,0.66669999999999996,"1F2","2F11.2","5F13-14","4F13","4F14",0.2727,null,null,"5F13","5F14","4F13",0.33329999999999999,"5F14","4F13","4F14","3F13","3F14"]
[279,16,6,60385.5,{"$f":"D215*$JF$215","v":20126.487150000001},100642.5,"TERM",null,null,null,null,{"$f":"SUMIF('Control de Avance'!$C$15:$C$9589,'Prog. Semanal TER'!M215,'Control de Avance'!$B$15:$B$9589)","v":0},"Cerámica 36x36 beige    nicho de tina",{"$f":"VLOOKUP(M215,'Act. Proyecto'!$I$3:$Q$881,2,FALSE)","v":"CERÁMICA"},{"$f":"VLOOKUP(M215,'Act. Proyecto'!$I$3:$Q$881,3,FALSE)","v":"m2"},{"$f":"VLOOKUP(M215,'Act. Proyecto'!$I$3:$Q$881,4,FALSE)","v":5.5912500000000005},{"$f":"VLOOKUP(M215,'Act. Proyecto'!$I$3:$Q$881,5,FALSE)","v":1800},10064.25,{"$f":"VLOOKUP(M215,'Act. Proyecto'!$I$3:$Q$881,7,FALSE)","v":"Depto"},{"$f":"SUMIF('Resumen Frentes Semanal'!$K$6:$K$64,'Prog. Semanal TER'!N215,'Resumen Frentes Semanal'!$M$6:$M$64)","v":121500},null,null,null,null,null,0,null,null,null,null,null,null,null,null,null,null,null,null,null,null,null,null,null,null,null,null,null,null,null,null,null,null,null,null,null,null,null,null,null,null,null,null,null,null,null,null,null,null,null,null,null,null,null,null,null,null,null,null,null,null,null,null,null,null,null,null,null,null,null,null,null,null,null,null,null,null,null,null,null,null,null,null,null,null,null,null,null,null,null,null,null,null,null,null,null,null,null,null,null,null,null,null,null,null,null,null,null,null,null,null,null,null,null,null,null,null,null,null,null,null,0,"5F1","5F2","4F1.1","4F2","3F1",0.77780000000000005,"4F1.1","3F1","3F2","2F2","5F3-4",0.45450000000000002,"3F2.1","2F1.1","5F3","5F4","4F3",0.5,"3F2.2","2F2.2","5F4","4F3-4","3F3-3F4.1",1,"3F4.2","2F3-4","1F3","1F4.1","1F4.2",1,"5F5","5F6","4F5","4F6","3F5.1",1,"3F5.2","2F5","2F6.1","3F6","1F5-6",0.4,"3F6","2F6.2","1F5-6","5F7","5F8.1",0.7,"5F7","5F8","4F7","4F8","3F7",0.8,"3F7","3F8","2F7","2F8","1F7",0.8,"1F7","1F8","5F9","5F10","4F9",0.4,null,null,null,"4F9",0,null,"4F9",null,"3F9",null,0.5,"3F9","4F10","3F10.1",null,"1F9.1",0.83330000000000004,"3F10.2","2F9-10","1F9","1F10.1","5F11",0.8,"1F10.2","5F11","5F12.1","4F11","4F12",0.5,"5F12.2","4F11","4F12","3F11.1","3F12",0.625,"3F11","3F12","2F11.1","2F12","5F13",0.55559999999999998,"2F11.2","2F12","1F1","1F2.1",null,0.66669999999999996,"1F2","2F11.2","5F13-14","4F13","4F14",0.2727,null,null,"5F13","5F14","4F13",0.33329999999999999,"5F14","4F13","4F14","3F13","3F14"]
[273,16,6,52816.5,{"$f":"D216*$JF$216","v":17603.739450000001},88027.5,"TERM",null,null,null,null,{"$f":"SUMIF('Control de Avance'!$C$15:$C$9589,'Prog. Semanal TER'!M216,'Control de Avance'!$B$15:$B$9589)","v":0},"Guardapolvos cerámico 36x36 cm beige B (S/DA) C (M/L) T",{"$f":"VLOOKUP(M216,'Act. Proyecto'!$I$3:$Q$881,2,FALSE)","v":"CERÁMICA"},{"$f":"VLOOKUP(M216,'Act. Proyecto'!$I$3:$Q$881,3,FALSE)","v":"ml"},{"$f":"VLOOKUP(M216,'Act. Proyecto'!$I$3:$Q$881,4,FALSE)","v":16.004999999999999},{"$f":"VLOOKUP(M216,'Act. Proyecto'!$I$3:$Q$881,5,FALSE)","v":550},8802.75,{"$f":"VLOOKUP(M216,'Act. Proyecto'!$I$3:$Q$881,7,FALSE)","v":"Depto"},{"$f":"SUMIF('Resumen Frentes Semanal'!$K$6:$K$64,'Prog. Semanal TER'!N216,'Resumen Frentes Semanal'!$M$6:$M$64)","v":121500},null,null,null,null,null,0,null,null,null,null,null,null,null,null,null,null,null,null,null,null,null,null,null,null,null,null,null,null,null,null,null,null,null,null,null,null,null,null,null,null,null,null,null,null,null,null,null,null,null,null,null,null,null,null,null,null,null,null,null,null,null,null,null,null,null,null,null,null,null,null,null,null,null,null,null,null,null,null,null,null,null,null,null,null,null,null,null,null,null,null,null,null,null,null,null,null,null,null,null,null,null,null,null,null,null,null,null,null,null,null,null,null,null,null,null,null,null,null,null,null,0,"5F1","5F2","4F1.1","4F2","3F1",0.77780000000000005,"4F1.1","3F1","3F2","2F2","5F3-4",0.45450000000000002,"3F2.1","2F1.1","5F3","5F4","4F3",0.5,"3F2.2","2F2.2","5F4","4F3-4","3F3-3F4.1",1,"3F4.2","2F3-4","1F3","1F4.1","1F4.2",1,"5F5","5F6","4F5","4F6","3F5.1",1,"3F5.2","2F5","2F6.1","3F6","1F5-6",0.4,"3F6","2F6.2","1F5-6","5F7","5F8.1",0.7,"5F7","5F8","4F7","4F8","3F7",0.8,"3F7","3F8","2F7","2F8","1F7",0.8,"1F7","1F8","5F9","5F10","4F9",0.4,null,null,null,"4F9",0,null,"4F9",null,"3F9",null,0.5,"3F9","4F10","3F10.1",null,"1F9.1",0.83330000000000004,"3F10.2","2F9-10","1F9","1F10.1","5F11",0.8,"1F10.2","5F11","5F12.1","4F11","4F12",0.5,"5F12.2","4F11","4F12","3F11.1","3F12",0.625,"3F11","3F12","2F11.1","2F12","5F13",0.55559999999999998,"2F11.2","2F12","1F1","1F2.1",null,0.66669999999999996,"1F2","2F11.2","5F13-14","4F13","4F14",0.2727,null,null,"5F13","5F14","4F13",0.33329999999999999,"5F14","4F13","4F14","3F13","3F14"]
[267,26,10,45262.5,{"$f":"D217*$JF$217","v":0},72420,"TERM",null,null,null,null,{"$f":"SUMIF('Control de Avance'!$C$15:$C$9589,'Prog. Semanal TER'!M217,'Control de Avance'!$B$15:$B$9589)","v":1},"Frague cerámica de piso tono beige",{"$f":"VLOOKUP(M217,'Act. Proyecto'!$I$3:$Q$881,2,FALSE)","v":"CERÁMICA"},{"$f":"VLOOKUP(M217,'Act. Proyecto'!$I$3:$Q$881,3,FALSE)","v":"m2"},{"$f":"VLOOKUP(M217,'Act. Proyecto'!$I$3:$Q$881,4,FALSE)","v":10.65},{"$f":"VLOOKUP(M217,'Act. Proyecto'!$I$3:$Q$881,5,FALSE)","v":425},4526.25,{"$f":"VLOOKUP(M217,'Act. Proyecto'!$I$3:$Q$881,7,FALSE)","v":"Depto"},{"$f":"SUMIF('Resumen Frentes Semanal'!$K$6:$K$64,'Prog. Semanal TER'!N217,'Resumen Frentes Semanal'!$M$6:$M$64)","v":121500},null,null,null,null,null,0,null,null,null,null,null,null,null,null,null,null,null,null,null,null,null,null,null,null,null,null,null,null,null,null,null,null,null,null,null,null,null,null,null,null,null,null,null,null,null,null,null,null,null,null,null,null,null,null,null,null,null,null,null,null,null,null,null,null,null,null,null,null,null,null,null,null,null,null,null,null,null,null,null,null,null,null,null,null,null,null,null,null,null,null,null,null,null,null,null,null,null,null,null,null,null,null,null,null,null,null,null,null,null,null,null,null,null,null,null,null,null,null,null,null,0,null,null,"5F1","5F2","4F1",0,"5F1-2","4F1-2",null,null,"3F1",0.8,"3F1","3F2","2F1","2F2","5F3",0.8,null,"5F3","5F4","4F3","4F4",0.5,null,"4F3","4F4","3F3-4","2F3",1,"2F4","1F3","1F4","5F5-6","4F5-6",1,null,"3F5","3F6","2F5.1","2F6",0.42859999999999998,"2F5.2","2F6","3F6","1F5","1F6",1,null,"5F7","5F8","4F7","4F8",0,"5F7-8","4F7-8","3F7","3F8","2F7",0.71430000000000005,"3F8","2F7-8","1F7-8","5F9","5F10",0.42859999999999998,"1F7",null,"1F8","5F9",0.66669999999999996,"1F8","5F10","4F9","4F10","3F9",0.4,"4F9","4F10","3F9","3F10","2F9",0.2,"4F10","3F9","3F10","2F9","2F10",1,"1F9","1F10","5F11","5F12","4F11",0.4,"5F11","5F12","4F11","4F12","3F11",0.4,"4F11","4F12","3F11","3F12","2F11",0,"4F11","4F12","3F11-12","1F1.1",null,1,"1F1.1","1F2","3F11.1","2F12","2F11",0.375,"3F11","3F12","2F11","2F12","5F13",0,"3F11-12","2F11-12","5F13-14","4F13","4F14"]
[285,26,10,27397.125,{"$f":"D218*$JF$218","v":0},43835.4,"TERM",null,null,null,null,{"$f":"SUMIF('Control de Avance'!$C$15:$C$9589,'Prog. Semanal TER'!M218,'Control de Avance'!$B$15:$B$9589)","v":1},"Frague cerámica de muro en baño tono beige",{"$f":"VLOOKUP(M218,'Act. Proyecto'!$I$3:$Q$881,2,FALSE)","v":"CERÁMICA"},{"$f":"VLOOKUP(M218,'Act. Proyecto'!$I$3:$Q$881,3,FALSE)","v":"m2"},{"$f":"VLOOKUP(M218,'Act. Proyecto'!$I$3:$Q$881,4,FALSE)","v":5.5912500000000005},{"$f":"VLOOKUP(M218,'Act. Proyecto'!$I$3:$Q$881,5,FALSE)","v":490},2739.7125000000001,{"$f":"VLOOKUP(M218,'Act. Proyecto'!$I$3:$Q$881,7,FALSE)","v":"Depto"},{"$f":"SUMIF('Resumen Frentes Semanal'!$K$6:$K$64,'Prog. Semanal TER'!N218,'Resumen Frentes Semanal'!$M$6:$M$64)","v":121500},null,null,null,null,null,0,null,null,null,null,null,null,null,null,null,null,null,null,null,null,null,null,null,null,null,null,null,null,null,null,null,null,null,null,null,null,null,null,null,null,null,null,null,null,null,null,null,null,null,null,null,null,null,null,null,null,null,null,null,null,null,null,null,null,null,null,null,null,null,null,null,null,null,null,null,null,null,null,null,null,null,null,null,null,null,null,null,null,null,null,null,null,null,null,null,null,null,null,null,null,null,null,null,null,null,null,null,null,null,null,null,null,null,null,null,null,null,null,null,null,0,null,null,"5F1","5F2","4F1",0,"5F1-2","4F1-2",null,null,"3F1",0.8,"3F1","3F2","2F1","2F2","5F3",0.8,null,"5F3","5F4","4F3","4F4",0.5,null,"4F3","4F4","3F3-4","2F3",1,"2F4","1F3","1F4","5F5-6","4F5-6",1,null,"3F5","3F6","2F5.1","2F6",0.42859999999999998,"2F5.2","2F6","3F6","1F5","1F6",1,null,"5F7","5F8","4F7","4F8",0,"5F7-8","4F7-8","3F7","3F8","2F7",0.71430000000000005,"3F8","2F7-8","1F7-8","5F9","5F10",0.42859999999999998,"1F7",null,"1F8","5F9",0.66669999999999996,"1F8","5F10","4F9","4F10","3F9",0.4,"4F9","4F10","3F9","3F10","2F9",0.2,"4F10","3F9","3F10","2F9","2F10",1,"1F9","1F10","5F11","5F12","4F11",0.4,"5F11","5F12","4F11","4F12","3F11",0.4,"4F11","4F12","3F11","3F12","2F11",0,"4F11","4F12","3F11-12","1F1.1",null,1,"1F1.1","1F2","3F11.1","2F12","2F11",0.375,"3F11","3F12","2F11","2F12","5F13",0,"3F11-12","2F11-12","5F13-14","4F13","4F14"]
[278,26,10,12964.05,{"$f":"D219*$JF$219","v":0},20742.48,"TERM",null,null,null,null,{"$f":"SUMIF('Control de Avance'!$C$15:$C$9589,'Prog. Semanal TER'!M219,'Control de Avance'!$B$15:$B$9589)","v":1},"Frague guardapolvos  tono beige",{"$f":"VLOOKUP(M219,'Act. Proyecto'!$I$3:$Q$881,2,FALSE)","v":"CERÁMICA"},{"$f":"VLOOKUP(M219,'Act. Proyecto'!$I$3:$Q$881,3,FALSE)","v":"ml"},{"$f":"VLOOKUP(M219,'Act. Proyecto'!$I$3:$Q$881,4,FALSE)","v":16.004999999999999},{"$f":"VLOOKUP(M219,'Act. Proyecto'!$I$3:$Q$881,5,FALSE)","v":81},1296.405,{"$f":"VLOOKUP(M219,'Act. Proyecto'!$I$3:$Q$881,7,FALSE)","v":"Depto"},{"$f":"SUMIF('Resumen Frentes Semanal'!$K$6:$K$64,'Prog. Semanal TER'!N219,'Resumen Frentes Semanal'!$M$6:$M$64)","v":121500},null,null,null,null,null,0,null,null,null,null,null,null,null,null,null,null,null,null,null,null,null,null,null,null,null,null,null,null,null,null,null,null,null,null,null,null,null,null,null,null,null,null,null,null,null,null,null,null,null,null,null,null,null,null,null,null,null,null,null,null,null,null,null,null,null,null,null,null,null,null,null,null,null,null,null,null,null,null,null,null,null,null,null,null,null,null,null,null,null,null,null,null,null,null,null,null,null,null,null,null,null,null,null,null,null,null,null,null,null,null,null,null,null,null,null,null,null,null,null,null,0,null,null,"5F1","5F2","4F1",0,"5F1-2","4F1-2",null,null,"3F1",0.8,"3F1","3F2","2F1","2F2","5F3",0.8,null,"5F3","5F4","4F3","4F4",0.5,null,"4F3","4F4","3F3-4","2F3",1,"2F4","1F3","1F4","5F5-6","4F5-6",1,null,"3F5","3F6","2F5.1","2F6",0.42859999999999998,"2F5.2","2F6","3F6","1F5","1F6",1,null,"5F7","5F8","4F7","4F8",0,"5F7-8","4F7-8","3F7","3F8","2F7",0.71430000000000005,"3F8","2F7-8","1F7-8","5F9","5F10",0.42859999999999998,"1F7",null,"1F8","5F9",0.66669999999999996,"1F8","5F10","4F9","4F10","3F9",0.4,"4F9","4F10","3F9","3F10","2F9",0.2,"4F10","3F9","3F10","2F9","2F10",1,"1F9","1F10","5F11","5F12","4F11",0.4,"5F11","5F12","4F11","4F12","3F11",0.4,"4F11","4F12","3F11","3F12","2F11",0,"4F11","4F12","3F11-12","1F1.1",null,1,"1F1.1","1F2","3F11.1","2F12","2F11",0.375,"3F11","3F12","2F11","2F12","5F13",0,"3F11-12","2F11-12","5F13-14","4F13","4F14"]
[299,16,8,146300.79999999999,{"$f":"D220*$JF$220","v":146300.79999999999},{"$f":"(B220-C220)*R220","v":146300.79999999999},"TERM",null,null,null,null,{"$f":"SUMIF('Control de Avance'!$C$15:$C$9589,'Prog. Semanal TER'!M220,'Control de Avance'!$B$15:$B$9589)","v":1},"Pasta dpto",{"$f":"VLOOKUP(M220,'Act. Proyecto'!$I$3:$Q$881,2,FALSE)","v":"PASTA Y LOSALÍN"},{"$f":"VLOOKUP(M220,'Act. Proyecto'!$I$3:$Q$881,3,FALSE)","v":"m2"},{"$f":"VLOOKUP(M220,'Act. Proyecto'!$I$3:$Q$881,4,FALSE)","v":52.4},{"$f":"VLOOKUP(M220,'Act. Proyecto'!$I$3:$Q$881,5,FALSE)","v":349},18287.599999999999,{"$f":"VLOOKUP(M220,'Act. Proyecto'!$I$3:$Q$881,7,FALSE)","v":"Depto"},{"$f":"SUMIF('Resumen Frentes Semanal'!$K$6:$K$64,'Prog. Semanal TER'!N220,'Resumen Frentes Semanal'!$M$6:$M$64)","v":66564},null,null,null,null,null,0,null,null,null,null,null,null,null,null,null,null,null,null,null,null,null,null,null,null,null,null,null,null,null,null,null,null,null,null,null,null,null,null,null,null,null,null,null,null,null,null,null,null,null,null,null,null,null,null,null,null,null,null,null,null,null,null,null,null,null,null,null,null,null,null,null,null,null,null,null,null,null,null,null,null,null,null,null,null,null,null,null,null,null,null,null,null,null,null,null,null,null,null,null,null,null,null,null,null,null,null,null,null,null,null,null,null,null,null,null,null,null,null,null,null,0,null,null,null,null,null,0,"5F1-2","4F1-2","3F1-2",null,null,1,"2F1-2","5F3.1","5F3.2","5F4",null,0.625,"5F3.2","5F4","4F3-4","3F3.1","3F3.2",0.88890000000000002,"3F4-3F3.1","2F3","2F4","1F3","1F4",0.81820000000000004,"1F4","5F5","5F6","4F5","4F6",0.8,"4F6","3F5","3F6","2F5","2F6",0.6,"2F5","2F6","1F5","1F6","5F7",0.8,"5F7","5F8",null,"4F7-8","3F7.1",1,null,null,"3F7.2","3F8","2F7",0.2,"3F8","2F7","2F8","1F7","1F8",0.6,null,null,"1F7","1F8.1",1,"1F8.2",null,"5F9","5F10","4F9",0.1429,"5F9","5F10","4F9.1","4F9.2","4F10",0.625,"4F9.2","4F10","3F9","3F10","2F9",0.55559999999999998,"3F10","2F9","2F10","1F9","1F10",0.6,"1F9","1F10","5F11","5F12",null,0,"1F9","1F10","5F11-12","4F11","4F12",1,"3F11.1","3F12","2F11","2F12",null,0.1429,"1F1","1F2","3F11.2","3F12.1","3F12.2",0.71430000000000005,"3F12.2","2F11","2F12","5F13","3F11.1",1,null,"5F14","4F13","4F14","3F13"]
[299,16,8,{"$f":"C221*$R221","v":25440},{"$f":"D221*$JF$221","v":25440},{"$f":"(B221-C221)*R221","v":25440},"TERM",null,null,null,null,{"$f":"SUMIF('Control de Avance'!$C$15:$C$9589,'Prog. Semanal TER'!M221,'Control de Avance'!$B$15:$B$9589)","v":0},"Remate sobre cornisa + Reparación de muros por burbujas",{"$f":"VLOOKUP(M221,'Act. Proyecto'!$I$3:$Q$881,2,FALSE)","v":"PASTA Y LOSALÍN"},{"$f":"VLOOKUP(M221,'Act. Proyecto'!$I$3:$Q$881,3,FALSE)","v":"cu"},{"$f":"VLOOKUP(M221,'Act. Proyecto'!$I$3:$Q$881,4,FALSE)","v":1},{"$f":"VLOOKUP(M221,'Act. Proyecto'!$I$3:$Q$881,5,FALSE)","v":3180},{"$f":"IFERROR(P221*Q221,0)","v":3180},{"$f":"VLOOKUP(M221,'Act. Proyecto'!$I$3:$Q$881,7,FALSE)","v":"Depto"},{"$f":"SUMIF('Resumen Frentes Semanal'!$K$6:$K$64,'Prog. Semanal TER'!N221,'Resumen Frentes Semanal'!$M$6:$M$64)","v":66564},null,null,null,null,null,null,null,null,null,null,null,null,null,null,null,null,null,null,null,null,null,null,null,null,null,null,null,null,null,null,null,null,null,null,null,null,null,null,null,null,null,null,null,null,null,null,null,null,null,null,null,null,null,null,null,null,null,null,null,null,null,null,null,null,null,null,null,null,null,null,null,null,null,null,null,null,null,null,null,null,null,null,null,null,null,null,null,null,null,null,null,null,null,null,null,null,null,null,null,null,null,null,null,null,null,null,null,null,null,null,null,null,null,null,null,null,null,null,null,null,null,null,null,null,null,null,null,null,null,null,null,null,null,null,null,null,null,null,null,null,null,null,null,null,null,null,null,null,null,null,null,"1F4","5F5","5F6","4F5","4F6",0.8,"4F6","3F5","3F6","2F5","2F6",0.6,"2F5","2F6","1F5","1F6","5F7",0.8,"5F7","5F8",null,"4F7-8","3F7.1",1,null,null,"3F7.2","3F8","2F7",0.2,"3F8","2F7","2F8","1F7","1F8",0.6,null,null,"1F7","1F8.1",1,"1F8.2",null,"5F9","5F10","4F9",0.1429,"5F9","5F10","4F9.1","4F9.2","4F10",0.625,"4F9.2","4F10","3F9","3F10","2F9",0.55559999999999998,"3F10","2F9","2F10","1F9","1F10",0.6,"1F9","1F10","5F11","5F12",null,0,"1F9","1F10","5F11-12","4F11","4F12",1,"3F11.1","3F12","2F11","2F12",null,0.1429,"1F1","1F2","3F11.2","3F12.1","3F12.2",0.71430000000000005,"3F12.2","2F11","2F12","5F13","3F11.1",1,null,"5F14","4F13","4F14","3F13"]
[338,8,0,0,{"$f":"D222*$JF$222","v":0},3392,"TERM",null,null,null,null,{"$f":"SUMIF('Control de Avance'!$C$15:$C$9589,'Prog. Semanal TER'!M222,'Control de Avance'!$B$15:$B$9589)","v":1},"Instalación de tapas ciegas en losa",{"$f":"VLOOKUP(M222,'Act. Proyecto'!$I$3:$Q$881,2,FALSE)","v":"ELÉCTRICO T"},{"$f":"VLOOKUP(M222,'Act. Proyecto'!$I$3:$Q$881,3,FALSE)","v":"centro"},{"$f":"VLOOKUP(M222,'Act. Proyecto'!$I$3:$Q$881,4,FALSE)","v":8},{"$f":"VLOOKUP(M222,'Act. Proyecto'!$I$3:$Q$881,5,FALSE)","v":53},424,{"$f":"VLOOKUP(M222,'Act. Proyecto'!$I$3:$Q$881,7,FALSE)","v":"Depto"},{"$f":"SUMIF('Resumen Frentes Semanal'!$K$6:$K$64,'Prog. Semanal TER'!N222,'Resumen Frentes Semanal'!$M$6:$M$64)","v":82000},null,null,null,null,null,0,null,null,null,null,null,null,null,null,null,null,null,null,null,null,null,null,null,null,null,null,null,null,null,null,null,null,null,null,null,null,null,null,null,null,null,null,null,null,null,null,null,null,null,null,null,null,null,null,null,null,null,null,null,null,null,null,null,null,null,null,null,null,null,null,null,null,null,null,null,null,null,null,null,null,null,null,null,null,null,null,null,null,null,null,null,null,null,null,null,null,null,null,null,null,null,null,null,null,null,null,null,null,null,null,null,null,null,null,null,null,null,null,null,null,null,null,null,null,null,null,null,null,null,null,null,null,null,"5-4-3-2F1-2",null,null,null,"5-4-3-2F3-4",0,"5-4F1-2",null,null,null,null,0,null,null,"5F1","5F2","4F1",1,"4F2","3F1","3F2","2F1","2F2",0.8,"2F2","5F3","5F4","4F3","4F4",1,"3F3","3F4","2F3-4","1F3","1F4",0.83330000000000004,"1F4","5F5","5F6","4F5","4F6",0.2,"5F5-6","4F5-6","3F5-6","2F5-6","1F5",1,"1F6","5F7","5F8","4F7","4F8",1,"3F7","3F8","2F7-8","1F7-8",1,"5F9","5F10","4F9","4F10","3F9",1,null,null,null,null,null,null,"3F10","2F9","2F10","1F9","1F10",1,null,null,null,"5F11","5F12",1,"4F11",null,null,null,null,1,"4F12","3F11","3F12",null,null,0.33329999999999999,"3F11","3F12","2F11","2F12",null,1,null,"5F13-14","4F13-14","1F1","1F2",1,null,null,null,null,null,null,null,null,null,"3F13-14","2F13-14"]
[304,16,4,8600,{"$f":"D223*$JF$223","v":0},25800,"TERM",null,null,null,null,{"$f":"SUMIF('Control de Avance'!$C$15:$C$9589,'Prog. Semanal TER'!M223,'Control de Avance'!$B$15:$B$9589)","v":1},"Limpieza después de ceramica",{"$f":"VLOOKUP(M223,'Act. Proyecto'!$I$3:$Q$881,2,FALSE)","v":"LIMPIEZA Y TRASLADO"},{"$f":"VLOOKUP(M223,'Act. Proyecto'!$I$3:$Q$881,3,FALSE)","v":"depto"},{"$f":"VLOOKUP(M223,'Act. Proyecto'!$I$3:$Q$881,4,FALSE)","v":1},{"$f":"VLOOKUP(M223,'Act. Proyecto'!$I$3:$Q$881,5,FALSE)","v":2150},2150,{"$f":"VLOOKUP(M223,'Act. Proyecto'!$I$3:$Q$881,7,FALSE)","v":"Depto"},{"$f":"SUMIF('Resumen Frentes Semanal'!$K$6:$K$64,'Prog. Semanal TER'!N223,'Resumen Frentes Semanal'!$M$6:$M$64)","v":43500},null,null,null,null,null,0,null,null,null,null,null,null,null,null,null,null,null,null,null,null,null,null,null,null,null,null,null,null,null,null,null,null,null,null,null,null,null,null,null,null,null,null,null,null,null,null,null,null,null,null,null,null,null,null,null,null,null,null,null,null,null,null,null,null,null,null,null,null,null,null,null,null,null,null,null,null,null,null,null,null,null,null,null,null,null,null,null,null,null,null,null,null,null,null,null,null,null,null,null,null,null,null,null,null,null,null,null,null,null,null,null,null,null,null,null,null,null,null,null,null,null,null,null,"5F1-2",null,"4F1-2",0.5,null,"4F1-2","3F1-2",null,"2F1-2",1,null,null,null,null,null,null,null,null,null,"5F3-4","4F3-4",1,null,null,"3F3-4","2F3-4","1F3",1,null,null,"1F4","5F5-6","4F5-6",0.6,null,null,"4F5-6","3F5","2F5",1,null,"3F6","2F6","1F5-6","5F7-8",0.66669999999999996,null,null,null,"5F7-8","4F7-8",0.5,null,null,null,null,"4-3F7-8",1,null,null,null,"2F7-8","1F7-8",1,null,null,null,null,null,null,null,"5F9-10",null,"4F9-10",0.5,null,"4F9-10",null,"3F9-10",null,0.5,null,null,null,"3F9-10","2F9-10",1,null,null,"1F9-10","5F11","5F12",0.75,null,null,"5F12","4F11","4F12",0.66669999999999996,null,null,"4F11-12",null,"3F11-12",0.5,null,null,null,"3F11-12",null,1,"2F11-12","1F1-2",null,null,null,1,null,null,null,"5F13-14",null,0,null,"5F13-14","4F13-14",null,"3F13-14"]
[305,14,8,101656.71999999999,{"$f":"D224*$JF$224","v":101656.71999999999},{"$f":"(B224-C224)*R224","v":76242.539999999994},"TERM",null,null,null,null,{"$f":"SUMIF('Control de Avance'!$C$15:$C$9589,'Prog. Semanal TER'!M224,'Control de Avance'!$B$15:$B$9589)","v":1},"Losalin depto",{"$f":"VLOOKUP(M224,'Act. Proyecto'!$I$3:$Q$881,2,FALSE)","v":"PASTA Y LOSALÍN"},{"$f":"VLOOKUP(M224,'Act. Proyecto'!$I$3:$Q$881,3,FALSE)","v":"m2"},{"$f":"VLOOKUP(M224,'Act. Proyecto'!$I$3:$Q$881,4,FALSE)","v":36.409999999999997},{"$f":"VLOOKUP(M224,'Act. Proyecto'!$I$3:$Q$881,5,FALSE)","v":349},12707.089999999998,{"$f":"VLOOKUP(M224,'Act. Proyecto'!$I$3:$Q$881,7,FALSE)","v":"Depto"},{"$f":"SUMIF('Resumen Frentes Semanal'!$K$6:$K$64,'Prog. Semanal TER'!N224,'Resumen Frentes Semanal'!$M$6:$M$64)","v":66564},null,null,null,null,null,0,null,null,null,null,null,null,null,null,null,null,null,null,null,null,null,null,null,null,null,null,null,null,null,null,null,null,null,null,null,null,null,null,null,null,null,null,null,null,null,null,null,null,null,null,null,null,null,null,null,null,null,null,null,null,null,null,null,null,null,null,null,null,null,null,null,null,null,null,null,null,null,null,null,null,null,null,null,null,null,null,null,null,null,null,null,null,null,null,null,null,null,null,null,null,null,null,null,null,null,null,null,null,null,null,null,null,null,null,null,null,null,null,null,null,0,null,null,null,null,null,0,null,null,"5F1-2","4F1-2","3F1",1,"3F2",null,"2F1-2","5F3-4",null,0,"3F2","2F1","2F2","5F3","5F4",1,"4F3","4F4","3F3-4","2F3","2F4",1,"1F3","1F4","5F5","5F6","4F5",1,null,"4F6","3F5","3F6","2F5",0.5,"3F6","2F5","2F6","1F5","1F6",0.8,"1F6","5F7","5F8","4F7-8",null,1,null,null,null,"3F7","3F8",0,"3F7","3F8","2F7","2F8","1F7",0.6,null,null,"2F8","1F7",0,"2F8","1F7","1F8","5F9","5F10",0.6,null,"5F9-10","4F9.1","4F9.2","4F10",0.625,null,null,"4F9.2","4F10","3F9-10",0.42859999999999998,"3F9","3F10","2F9","2F10","1F9",0.4,"2F9-10",null,null,"1F9-10","5F11",0.4,null,null,"1F9","1F10","5F11-12",1,"4F11-12","3F11","3F12","2F11",null,0.4,null,"1F1","1F2","3F11",null,1,null,"3F12","2F11","2F12","5F13",1,null,null,"5F14","4F13","4F14"]
[309,20,10,287402.5,{"$f":"D225*$JF$225","v":114961},287402.5,"TERM",null,null,null,null,{"$f":"SUMIF('Control de Avance'!$C$15:$C$9589,'Prog. Semanal TER'!M225,'Control de Avance'!$B$15:$B$9589)","v":1},"Primera mano Baños y Cocina",{"$f":"VLOOKUP(M225,'Act. Proyecto'!$I$3:$Q$881,2,FALSE)","v":"PINTURA BAÑO Y COCINA"},{"$f":"VLOOKUP(M225,'Act. Proyecto'!$I$3:$Q$881,3,FALSE)","v":"m2"},{"$f":"VLOOKUP(M225,'Act. Proyecto'!$I$3:$Q$881,4,FALSE)","v":41.057499999999997},{"$f":"VLOOKUP(M225,'Act. Proyecto'!$I$3:$Q$881,5,FALSE)","v":700},28740.25,{"$f":"VLOOKUP(M225,'Act. Proyecto'!$I$3:$Q$881,7,FALSE)","v":"Depto"},{"$f":"SUMIF('Resumen Frentes Semanal'!$K$6:$K$64,'Prog. Semanal TER'!N225,'Resumen Frentes Semanal'!$M$6:$M$64)","v":95192},null,null,null,null,null,0,null,null,null,null,null,null,null,null,null,null,null,null,null,null,null,null,null,null,null,null,null,null,null,null,null,null,null,null,null,null,null,null,null,null,null,null,null,null,null,null,null,null,null,null,null,null,null,null,null,null,null,null,null,null,null,null,null,null,null,null,null,null,null,null,null,null,null,null,null,null,null,null,null,null,null,null,null,null,null,null,null,null,null,null,null,null,null,null,null,null,null,null,null,null,null,null,null,null,null,null,null,null,null,null,null,null,null,null,null,null,null,null,null,null,null,null,null,null,null,null,null,null,null,null,null,null,null,"5F1","5F2","4F1","4F2","3F1",0.4,"4F1","4F2","3F1","3F2","2F1",1,"2F2","5F3","5F4","4F3","4F4",0.8,"4F4","3F3","3F4","2F3","2F4",0.4,"3F4","2F3","2F4","1F3","1F4",1,"5F5","5F6","4F5-6","3F5.1","3F5.2",0.9,"3F5.2","3F6","2F5-6","1F5.1","1F6",0.8,"1F5.2","1F6","5F7-8","4F7.1","4F8",0.8,null,"4F7.2-8","3F7","3F8","2F7.1",0.375,"3F7","3F8","2F7","2F8",0,"3F7","3F8","2F7","2F8","1F7",0.4,"2F7","2F8","1F7","1F8","5F9",0,"2F7","2F8","1F7","1F8","5F9",0.8,"5F9","5F10","4F9","4F10","3F9",0.4,"4F9","4F10","3F9","3F10","2F9.1",1,"2F9.2","2F10","1F9","1F10.1","5F11",1,"1F10.2","5F12","4F11-12","3F11.1",null,0.875,null,"1F1","1F2","3F11","3F12",0,"1F1","1F2","3F11","3F12","2F11",0.4,"3F11","3F12","2F11","2F12","5F13"]
[309,20,10,{"$f":"C226*$R226","v":15900},{"$f":"D226*$JF$226","v":6360},{"$f":"(B226-C226)*R226","v":15900},"TERM",null,null,null,null,{"$f":"SUMIF('Control de Avance'!$C$15:$C$9589,'Prog. Semanal TER'!M226,'Control de Avance'!$B$15:$B$9589)","v":0},"Salida lavadora + VC + Repraciones por burbujas",{"$f":"VLOOKUP(M226,'Act. Proyecto'!$I$3:$Q$881,2,FALSE)","v":"PINTURA BAÑO Y COCINA"},{"$f":"VLOOKUP(M226,'Act. Proyecto'!$I$3:$Q$881,3,FALSE)","v":"cu"},{"$f":"VLOOKUP(M226,'Act. Proyecto'!$I$3:$Q$881,4,FALSE)","v":1},{"$f":"VLOOKUP(M226,'Act. Proyecto'!$I$3:$Q$881,5,FALSE)","v":1590},{"$f":"IFERROR(P226*Q226,0)","v":1590},{"$f":"VLOOKUP(M226,'Act. Proyecto'!$I$3:$Q$881,7,FALSE)","v":"Depto"},{"$f":"SUMIF('Resumen Frentes Semanal'!$K$6:$K$64,'Prog. Semanal TER'!N226,'Resumen Frentes Semanal'!$M$6:$M$64)","v":95192},null,null,null,null,null,null,null,null,null,null,null,null,null,null,null,null,null,null,null,null,null,null,null,null,null,null,null,null,null,null,null,null,null,null,null,null,null,null,null,null,null,null,null,null,null,null,null,null,null,null,null,null,null,null,null,null,null,null,null,null,null,null,null,null,null,null,null,null,null,null,null,null,null,null,null,null,null,null,null,null,null,null,null,null,null,null,null,null,null,null,null,null,null,null,null,null,null,null,null,null,null,null,null,null,null,null,null,null,null,null,null,null,null,null,null,null,null,null,null,null,null,null,null,null,null,null,null,null,null,null,null,null,null,null,null,null,null,null,null,null,null,null,null,null,null,null,null,null,null,null,null,"4F4","3F3","3F4","2F3","2F4",0.4,"3F4","2F3","2F4","1F3","1F4",1,"5F5","5F6","4F5-6","3F5.1","3F5.2",0.9,"3F5.2","3F6","2F5-6","1F5.1","1F6",0.8,"1F5.2","1F6","5F7-8","4F7.1","4F8",0.8,null,"4F7.2-8","3F7","3F8","2F7.1",0.375,"3F7","3F8","2F7","2F8",0,"3F7","3F8","2F7","2F8","1F7",0.4,"2F7","2F8","1F7","1F8","5F9",0,"2F7","2F8","1F7","1F8","5F9",0.8,"5F9","5F10","4F9","4F10","3F9",0.4,"4F9","4F10","3F9","3F10","2F9.1",1,"2F9.2","2F10","1F9","1F10.1","5F11",1,"1F10.2","5F12","4F11-12","3F11.1",null,0.875,null,"1F1","1F2","3F11","3F12",0,"1F1","1F2","3F11","3F12","2F11",0.4,"3F11","3F12","2F11","2F12","5F13"]
[327,10,4,8600,{"$f":"D227*$JF$227","v":8600},12900,"TERM",null,null,null,null,{"$f":"SUMIF('Control de Avance'!$C$15:$C$9589,'Prog. Semanal TER'!M227,'Control de Avance'!$B$15:$B$9589)","v":1},"Limpieza para retape piso",{"$f":"VLOOKUP(M227,'Act. Proyecto'!$I$3:$Q$881,2,FALSE)","v":"ALBAÑIL TERMINACIONES"},{"$f":"VLOOKUP(M227,'Act. Proyecto'!$I$3:$Q$881,3,FALSE)","v":"depto"},{"$f":"VLOOKUP(M227,'Act. Proyecto'!$I$3:$Q$881,4,FALSE)","v":1},{"$f":"VLOOKUP(M227,'Act. Proyecto'!$I$3:$Q$881,5,FALSE)","v":2150},2150,{"$f":"VLOOKUP(M227,'Act. Proyecto'!$I$3:$Q$881,7,FALSE)","v":"Depto"},{"$f":"SUMIF('Resumen Frentes Semanal'!$K$6:$K$64,'Prog. Semanal TER'!N227,'Resumen Frentes Semanal'!$M$6:$M$64)","v":52341},null,null,null,null,null,0,null,null,null,null,null,null,null,null,null,null,null,null,null,null,null,null,null,null,null,null,null,null,null,null,null,null,null,null,null,null,null,null,null,null,null,null,null,null,null,null,null,null,null,null,null,null,null,null,null,null,null,null,null,null,null,null,null,null,null,null,null,null,null,null,null,null,null,null,null,null,null,null,null,null,null,null,null,null,null,null,null,null,null,null,null,null,null,null,null,null,null,null,null,null,null,null,null,null,null,null,null,null,null,null,null,null,null,null,null,null,null,null,null,null,null,null,null,null,null,null,null,null,null,null,null,null,null,"5F1-2","4F1-2","3F1-2","2F1",null,1,"2F2","5F3","5F4","4F3","4F4-3F3.1",1,"3-2F1-2","5F3-4",null,null,null,1,"5-4F1-2","4F3-4","3F3","3F4","2F3",1,"4F1","4F2","1F4","5F5","5F6",0,"4F1-2","4F4","2F4","1F3-4","5-4-3F5-6",1,null,null,"2F5-6","1F5-6","5F7-8",1,"4F7","4F8","3F7","3F8","2F7",0.8,null,"2F7","2F8","1F7","1F8",0.75,"1F8","5F9","5F10","1F3-4",0.4,null,null,null,"1F8","5F9",0,null,null,"1F8","5F9","5F10",0,"1F8","5F9",null,null,"5F10",1,null,null,"4F9","4F10","3F9",0.66669999999999996,null,"3F9","3F10","2F9","2F10",1,null,null,null,"1F9","1F10",1,null,"5F11","5F12","4F11",null,1,"4F12","3F11","1F1","1F2","3F12",1,null,null,null,"3F11","3F12",1,null,null,"2F11","2F12","5F13"]
[328,10,4,28760,{"$f":"D228*$JF$228","v":28760},43140,"TERM",null,null,null,null,{"$f":"SUMIF('Control de Avance'!$C$15:$C$9589,'Prog. Semanal TER'!M228,'Control de Avance'!$B$15:$B$9589)","v":1},"Retape de piso",{"$f":"VLOOKUP(M228,'Act. Proyecto'!$I$3:$Q$881,2,FALSE)","v":"ALBAÑIL TERMINACIONES"},{"$f":"VLOOKUP(M228,'Act. Proyecto'!$I$3:$Q$881,3,FALSE)","v":"depto"},{"$f":"VLOOKUP(M228,'Act. Proyecto'!$I$3:$Q$881,4,FALSE)","v":1},{"$f":"VLOOKUP(M228,'Act. Proyecto'!$I$3:$Q$881,5,FALSE)","v":7190},7190,{"$f":"VLOOKUP(M228,'Act. Proyecto'!$I$3:$Q$881,7,FALSE)","v":"Depto"},{"$f":"SUMIF('Resumen Frentes Semanal'!$K$6:$K$64,'Prog. Semanal TER'!N228,'Resumen Frentes Semanal'!$M$6:$M$64)","v":52341},null,null,null,null,null,0,null,null,null,null,null,null,null,null,null,null,null,null,null,null,null,null,null,null,null,null,null,null,null,null,null,null,null,null,null,null,null,null,null,null,null,null,null,null,null,null,null,null,null,null,null,null,null,null,null,null,null,null,null,null,null,null,null,null,null,null,null,null,null,null,null,null,null,null,null,null,null,null,null,null,null,null,null,null,null,null,null,null,null,null,null,null,null,null,null,null,null,null,null,null,null,null,null,null,null,null,null,null,null,null,null,null,null,null,null,null,null,null,null,null,null,null,null,null,null,null,null,null,null,null,null,null,null,"5F1-2","4F1-2","3F1-2","2F1",null,1,"2F2","5F3","5F4","4F3","4F4-3F3.1",1,"3-2F1-2","5F3-4",null,null,null,1,"5-4F1-2","4F3-4","3F3","3F4","2F3",1,"4F1","4F2","4F4","5F5","5F6",0.6,null,null,"2F4","1F3-4","5-4-3F5-6",1,null,null,"2F5-6","1F5-6","5F7-8",1,"4F7","4F8","3F7","3F8","2F7",0.8,null,"2F7","2F8","1F7","1F8",0.75,"1F8","5F9","5F10","1F3-4",0.4,null,null,null,"1F8","5F9",0,null,null,"1F8","5F9","5F10",0,"1F8","5F9",null,null,"5F10",1,null,null,"4F9","4F10","3F9",0.66669999999999996,null,"3F9","3F10","2F9","2F10",1,null,null,null,"1F9","1F10",1,null,"5F11","5F12","4F11",null,1,"4F12","3F11","1F1","1F2","3F12",1,null,null,null,"3F11","3F12",1,null,null,"2F11","2F12","5F13"]
[338,8,0,0,{"$f":"D229*$JF$229","v":0},51181.666666666664,"TERM",null,null,null,null,{"$f":"SUMIF('Control de Avance'!$C$15:$C$9589,'Prog. Semanal TER'!M229,'Control de Avance'!$B$15:$B$9589)","v":1},"Acolchado e instalación de conectores",{"$f":"VLOOKUP(M229,'Act. Proyecto'!$I$3:$Q$881,2,FALSE)","v":"ELÉCTRICO T"},{"$f":"VLOOKUP(M229,'Act. Proyecto'!$I$3:$Q$881,3,FALSE)","v":"centro"},{"$f":"VLOOKUP(M229,'Act. Proyecto'!$I$3:$Q$881,4,FALSE)","v":31.208333333333332},{"$f":"VLOOKUP(M229,'Act. Proyecto'!$I$3:$Q$881,5,FALSE)","v":205},6397.708333333333,{"$f":"VLOOKUP(M229,'Act. Proyecto'!$I$3:$Q$881,7,FALSE)","v":"Depto"},{"$f":"SUMIF('Resumen Frentes Semanal'!$K$6:$K$64,'Prog. Semanal TER'!N229,'Resumen Frentes Semanal'!$M$6:$M$64)","v":82000},null,null,null,null,null,0,null,null,null,null,null,null,null,null,null,null,null,null,null,null,null,null,null,null,null,null,null,null,null,null,null,null,null,null,null,null,null,null,null,null,null,null,null,null,null,null,null,null,null,null,null,null,null,null,null,null,null,null,null,null,null,null,null,null,null,null,null,null,null,null,null,null,null,null,null,null,null,null,null,null,null,null,null,null,null,null,null,null,null,null,null,null,null,null,null,null,null,null,null,null,null,null,null,null,null,null,null,null,null,null,null,null,null,null,null,null,null,null,null,null,null,null,null,null,null,null,null,null,null,null,null,null,null,null,null,null,null,null,null,null,null,null,null,null,null,null,null,"5F1","5F2","4F1",1,"4F2","3F1","3F2","2F1","2F2",0.8,"2F2","5F3","5F4","4F3","4F4",1,"3F3","3F4","2F3-4","1F3","1F4",0.83330000000000004,"1F4","5F5","5F6","4F5","4F6.1",1,"4F6.2","3F5","3F6","2F5-6","1F5",1,"1F6","5F7","5F8","4F7","4F8",1,"3F7","3F8","2F7-8","1F7-8",1,"5F9","5F10","4F9","4F10","3F9",1,null,null,null,null,null,null,"3F10","2F9","2F10","1F9","1F10",1,null,null,null,"5F11","5F12",1,"4F11",null,null,null,null,1,"4F12","3F11","3F12",null,null,0.33329999999999999,"3F11","3F12","2F11","2F12",null,1,null,"5F13-14","4F13-14","1F1","1F2",1,null,null,null,null,null,null,null,null,null,"3F13-14","2F13-14"]
[332,14,10,81602.47083333334,{"$f":"D230*$JF$230","v":81602.47083333334},32640.988333333335,"TERM",null,null,null,null,{"$f":"SUMIF('Control de Avance'!$C$15:$C$9589,'Prog. Semanal TER'!M230,'Control de Avance'!$B$15:$B$9589)","v":1},"Lijado, encolado (incluye remate imperfecciones)",{"$f":"VLOOKUP(M230,'Act. Proyecto'!$I$3:$Q$881,2,FALSE)","v":"CERÁMICA"},{"$f":"VLOOKUP(M230,'Act. Proyecto'!$I$3:$Q$881,3,FALSE)","v":"m2"},{"$f":"VLOOKUP(M230,'Act. Proyecto'!$I$3:$Q$881,4,FALSE)","v":99.515208333333334},{"$f":"VLOOKUP(M230,'Act. Proyecto'!$I$3:$Q$881,5,FALSE)","v":82},8160.2470833333336,{"$f":"VLOOKUP(M230,'Act. Proyecto'!$I$3:$Q$881,7,FALSE)","v":"Depto"},{"$f":"SUMIF('Resumen Frentes Semanal'!$K$6:$K$64,'Prog. Semanal TER'!N230,'Resumen Frentes Semanal'!$M$6:$M$64)","v":121500},null,null,null,null,null,0,null,null,null,null,null,null,null,null,null,null,null,null,null,null,null,null,null,null,null,null,null,null,null,null,null,null,null,null,null,null,null,null,null,null,null,null,null,null,null,null,null,null,null,null,null,null,null,null,null,null,null,null,null,null,null,null,null,null,null,null,null,null,null,null,null,null,null,null,null,null,null,null,null,null,null,null,null,null,null,null,null,null,null,null,null,null,null,null,null,null,null,null,null,null,null,null,null,null,null,null,null,null,null,null,null,null,null,null,null,null,null,null,null,null,0,null,null,"5F1","5F2","4F1",0,null,null,"5F1-2","4F1-2","3F2",0.8,"3F1","3F2","2F1","2F2","5F3",0.2,null,"3F2","2F1","2F2","5F3-4",1,null,"4F3","4F4","3F3","3F4",1,"2F3","2F4","1F3","1F4","5F5",0.8,null,"5F5-6","4F5-6",null,null,1,"3F5","3F6","2F5","2F6","1F5",0.4,"2F5","2F6","1F5","1F6","5F7",0.8,null,null,null,null,null,null,"5F7-8","4F7-8","3F7-8","2F7-8",null,0.5,"3F7","3F8","2F7","2F8",0,"3F7","3F8","2F7","2F8","1F7",0,"3F7","3F8","2F7","2F8","1F7",0.8,"1F7","1F8","5F9","5F10","4F9-10",1,null,null,"3F9","3F10","2F9",0.66669999999999996,null,"2F9","2F10","1F9","1F10",0.5,null,null,null,"1F9","1F10",1,null,"5F11","5F12","4F11-12",null,1,null,null,"3F11.1","3F12","1F1",0.2,"1F1.1","1F2","3F11.1","3F12","2F11-12",1,null,null,null,"5F13","5F14"]
[338,10,4,37206.808524405184,{"$f":"D231*$JF$231","v":37206.808524405184},55810.212786607779,"TERM",null,null,null,null,{"$f":"SUMIF('Control de Avance'!$C$15:$C$9589,'Prog. Semanal TER'!M231,'Control de Avance'!$B$15:$B$9589)","v":1},"Preparar artefactos eléctricos",{"$f":"VLOOKUP(M231,'Act. Proyecto'!$I$3:$Q$881,2,FALSE)","v":"ELÉCTRICO T"},{"$f":"VLOOKUP(M231,'Act. Proyecto'!$I$3:$Q$881,3,FALSE)","v":"centro"},{"$f":"VLOOKUP(M231,'Act. Proyecto'!$I$3:$Q$881,4,FALSE)","v":31.208333333333332},{"$f":"VLOOKUP(M231,'Act. Proyecto'!$I$3:$Q$881,5,FALSE)","v":298.05187068949414},9301.7021311012959,{"$f":"VLOOKUP(M231,'Act. Proyecto'!$I$3:$Q$881,7,FALSE)","v":"Depto"},{"$f":"SUMIF('Resumen Frentes Semanal'!$K$6:$K$64,'Prog. Semanal TER'!N231,'Resumen Frentes Semanal'!$M$6:$M$64)","v":82000},null,null,null,null,null,0,null,null,null,null,null,null,null,null,null,null,null,null,null,null,null,null,null,null,null,null,null,null,null,null,null,null,null,null,null,null,null,null,null,null,null,null,null,null,null,null,null,null,null,null,null,null,null,null,null,null,null,null,null,null,null,null,null,null,null,null,null,null,null,null,null,null,null,null,null,null,null,null,null,null,null,null,null,null,null,null,null,null,null,null,null,null,null,null,null,null,null,null,null,null,null,null,null,null,null,null,null,null,null,null,null,null,null,null,null,null,null,null,null,null,null,null,null,null,null,null,null,null,null,null,null,null,null,null,null,null,null,null,null,null,null,null,null,null,null,null,null,"5F1","5F2","4F1",1,"4F2","3F1","3F2","2F1","2F2",0.8,"2F2","5F3","5F4","4F3","4F4",1,"3F3","3F4","2F3-4","1F3","1F4",0.83330000000000004,"1F4","5F5","5F6","4F5","4F6.1",1,"4F6.2","3F5","3F6","2F5-6","1F5",1,"1F6","5F7","5F8","4F7","4F8",1,null,null,null,null,0,null,null,null,"3F7","3F8",1,null,null,null,null,"2F7",0,null,null,"2F7","2F8","1F7-8",1,null,null,"5F9","5F10","4F9",1,null,null,"4F10","3F9-10","2F9.1",1,"5F11","2F9.2","2F10","1F10","1F9.1",1,"1F9.2","5F12","4F11","4F12",null,1,null,null,null,"3F11","3F12",0,null,"1F1","1F2",null,null,1,null,null,"3F11","3F12","2F11"]
[333,13,7,83210.505000000005,{"$f":"D232*$JF$232","v":83210.505000000005},71323.290000000008,"TERM",null,null,null,null,{"$f":"SUMIF('Control de Avance'!$C$15:$C$9589,'Prog. Semanal TER'!M232,'Control de Avance'!$B$15:$B$9589)","v":1},"Primera mano marcos y puertas DEPTO",{"$f":"VLOOKUP(M232,'Act. Proyecto'!$I$3:$Q$881,2,FALSE)","v":"PINTOR MADERA"},{"$f":"VLOOKUP(M232,'Act. Proyecto'!$I$3:$Q$881,3,FALSE)","v":"m2"},{"$f":"VLOOKUP(M232,'Act. Proyecto'!$I$3:$Q$881,4,FALSE)","v":26.416033333333335},{"$f":"VLOOKUP(M232,'Act. Proyecto'!$I$3:$Q$881,5,FALSE)","v":450},11887.215,{"$f":"VLOOKUP(M232,'Act. Proyecto'!$I$3:$Q$881,7,FALSE)","v":"Depto"},{"$f":"SUMIF('Resumen Frentes Semanal'!$K$6:$K$64,'Prog. Semanal TER'!N232,'Resumen Frentes Semanal'!$M$6:$M$64)","v":82000},null,null,null,null,null,0,null,null,null,null,null,null,null,null,null,null,null,null,null,null,null,null,null,null,null,null,null,null,null,null,null,null,null,null,null,null,null,null,null,null,null,null,null,null,null,null,null,null,null,null,null,null,null,null,null,null,null,null,null,null,null,null,null,null,null,null,null,null,null,null,null,null,null,null,null,null,null,null,null,null,null,null,null,null,null,null,null,null,null,null,null,null,null,null,null,null,null,null,null,null,null,null,null,null,null,null,null,null,null,null,null,null,null,null,null,null,null,null,null,null,null,null,null,null,null,null,null,null,null,null,null,null,null,null,null,null,null,null,null,null,null,null,null,null,null,"5F1","5F2","4F1","4F2","3F1",1,"3F2","2F1","2F2","5F3","5F4",1,"4F3","4F4","3F3-4","2F3.1","2F3.2",0.9,"2F4","2F3.2","1F3","1F4","5F5.1",1,"5F5.2","5F6","4F5-6","3F5","3F6.1",1,"3F6.2","2F5","2F6","1F5","1F6",1,null,"5F7","5F8","4F7","4F8",0.5,"4F7","4F8","3F7","3F8",0.75,null,null,null,null,null,0,null,null,null,"3F8","2F7",0.5,null,null,"2F7","2F8","1F7",0.33329999999999999,"2F8","1F7","1F8","5F9.1","5F10",0.77780000000000005,"5F9.2","5F10","4F9","4F10","3F9",0.55559999999999998,"4F10","3F9","3F10","2F9","2F10",0.8,"2F10","1F9","1F10","5F11",null,0.75,"5F11","5F12","4F11.1","1F1","1F2",0.55559999999999998,"4F11.2","4F12","1F1","1F2",null,1,null,null,"3F11","3F12","2F11"]
[334,13,7,5663.5468749999991,{"$f":"D233*$JF$233","v":5663.5468749999991},4854.4687499999991,"TERM",null,null,null,null,{"$f":"SUMIF('Control de Avance'!$C$15:$C$9589,'Prog. Semanal TER'!M233,'Control de Avance'!$B$15:$B$9589)","v":1},"Primera mano pintura pilastra",{"$f":"VLOOKUP(M233,'Act. Proyecto'!$I$3:$Q$881,2,FALSE)","v":"PINTOR MADERA"},{"$f":"VLOOKUP(M233,'Act. Proyecto'!$I$3:$Q$881,3,FALSE)","v":"ml"},{"$f":"VLOOKUP(M233,'Act. Proyecto'!$I$3:$Q$881,4,FALSE)","v":16.181562499999998},{"$f":"VLOOKUP(M233,'Act. Proyecto'!$I$3:$Q$881,5,FALSE)","v":50},809.07812499999989,{"$f":"VLOOKUP(M233,'Act. Proyecto'!$I$3:$Q$881,7,FALSE)","v":"Depto"},{"$f":"SUMIF('Resumen Frentes Semanal'!$K$6:$K$64,'Prog. Semanal TER'!N233,'Resumen Frentes Semanal'!$M$6:$M$64)","v":82000},null,null,null,null,null,0,null,null,null,null,null,null,null,null,null,null,null,null,null,null,null,null,null,null,null,null,null,null,null,null,null,null,null,null,null,null,null,null,null,null,null,null,null,null,null,null,null,null,null,null,null,null,null,null,null,null,null,null,null,null,null,null,null,null,null,null,null,null,null,null,null,null,null,null,null,null,null,null,null,null,null,null,null,null,null,null,null,null,null,null,null,null,null,null,null,null,null,null,null,null,null,null,null,null,null,null,null,null,null,null,null,null,null,null,null,null,null,null,null,null,null,null,null,null,null,null,null,null,null,null,null,null,null,null,null,null,null,null,null,null,null,null,null,null,null,"5F1","5F2","4F1","4F2","3F1",1,"3F2","2F1","2F2","5F3","5F4",1,"4F3","4F4","3F3-4","2F3.1","2F3.2",0.9,"2F4","2F3.2","1F3","1F4","5F5.1",1,"5F5.2","5F6","4F5-6","3F5","3F6.1",1,"3F6.2","2F5","2F6","1F5","1F6",1,null,"5F7","5F8","4F7","4F8",0.5,"4F7","4F8","3F7","3F8",0.75,null,null,null,null,null,0,null,null,null,"3F8","2F7",0.5,null,null,"2F7","2F8","1F7",0.33329999999999999,"2F8","1F7","1F8","5F9.1","5F10",0.77780000000000005,"5F9.2","5F10","4F9","4F10","3F9",0.55559999999999998,"4F10","3F9","3F10","2F9","2F10",0.8,"2F10","1F9","1F10","5F11",null,0.75,"5F11","5F12","4F11.1","1F1","1F2",0.55559999999999998,"4F11.2","4F12","1F1","1F2",null,1,null,null,"3F11","3F12","2F11"]
[334,null,null,0,{"$f":"D234*$JF$234","v":0},0,"TERM",null,null,null,null,{"$f":"SUMIF('Control de Avance'!$C$15:$C$9589,'Prog. Semanal TER'!M234,'Control de Avance'!$B$15:$B$9589)","v":1},"Vidrio en media puerta de logia",{"$f":"VLOOKUP(M234,'Act. Proyecto'!$I$3:$Q$881,2,FALSE)","v":"ALUMINIO"},{"$f":"VLOOKUP(M234,'Act. Proyecto'!$I$3:$Q$881,3,FALSE)","v":"uni"},1,{"$f":"VLOOKUP(M234,'Act. Proyecto'!$I$3:$Q$881,5,FALSE)","v":1600},1600,{"$f":"VLOOKUP(M234,'Act. Proyecto'!$I$3:$Q$881,7,FALSE)","v":"Depto"},{"$f":"SUMIF('Resumen Frentes Semanal'!$K$6:$K$64,'Prog. Semanal TER'!N234,'Resumen Frentes Semanal'!$M$6:$M$64)","v":29624},null,null,null,null,null,0,null,null,null,null,null,null,null,null,null,null,null,null,null,null,null,null,null,null,null,null,null,null,null,null,null,null,null,null,null,null,null,null,null,null,null,null,null,null,null,null,null,null,null,null,null,null,null,null,null,null,null,null,null,null,null,null,null,null,null,null,null,null,null,null,null,null,null,null,null,null,null,null,null,null,null,null,null,null,null,null,null,null,null,null,null,null,null,null,null,null,null,null,null,null,null,null,null,null,null,null,null,null,null,null,null,null,null,null,null,null,null,null,null,null,null,null,null,null,null,null,null,null,null,null,null,null,null,null,null,null,null,null,null,null,null,null,null,null,null,null,null,null,null,null,null,null,null,null,null,null,null,null,null,null,null,null,null,null,null,null,null,null,null,null,null,null,null,null,null,null,null,null,null,null,0,null,null,null,null,null,null,"5-4-3-2F1-2",null,"5F3-4",null,1,null,"4-3-2-1F3-4","5F5-6",null,null,0.8,"5F5-6",null,null,null,null,0,null,null,null,null,null,null,null,null,null,null,null,null,null,null,null,"4-3F5-6",null,0,null,null,null,null,"4-3-2-1F5-6",0]
[336,13,7,46883.256875000014,{"$f":"D235*$JF$235","v":46883.256875000014},40185.648750000008,"TERM",null,null,null,null,{"$f":"SUMIF('Control de Avance'!$C$15:$C$9589,'Prog. Semanal TER'!M235,'Control de Avance'!$B$15:$B$9589)","v":1},"Pintura de cornisas",{"$f":"VLOOKUP(M235,'Act. Proyecto'!$I$3:$Q$881,2,FALSE)","v":"PINTOR MADERA"},{"$f":"VLOOKUP(M235,'Act. Proyecto'!$I$3:$Q$881,3,FALSE)","v":"ml"},{"$f":"VLOOKUP(M235,'Act. Proyecto'!$I$3:$Q$881,4,FALSE)","v":72.017291666666679},{"$f":"VLOOKUP(M235,'Act. Proyecto'!$I$3:$Q$881,5,FALSE)","v":93},6697.6081250000016,{"$f":"VLOOKUP(M235,'Act. Proyecto'!$I$3:$Q$881,7,FALSE)","v":"Depto"},{"$f":"SUMIF('Resumen Frentes Semanal'!$K$6:$K$64,'Prog. Semanal TER'!N235,'Resumen Frentes Semanal'!$M$6:$M$64)","v":82000},null,null,null,null,null,0,null,null,null,null,null,null,null,null,null,null,null,null,null,null,null,null,null,null,null,null,null,null,null,null,null,null,null,null,null,null,null,null,null,null,null,null,null,null,null,null,null,null,null,null,null,null,null,null,null,null,null,null,null,null,null,null,null,null,null,null,null,null,null,null,null,null,null,null,null,null,null,null,null,null,null,null,null,null,null,null,null,null,null,null,null,null,null,null,null,null,null,null,null,null,null,null,null,null,null,null,null,null,null,null,null,null,null,null,null,null,null,null,null,null,null,null,null,null,null,null,null,null,null,null,null,null,null,null,null,null,null,null,null,null,null,null,null,null,null,"5F1","5F2","4F1","4F2","3F1",1,"3F2","2F1","2F2","5F3","5F4",1,"4F3","4F4","3F3-4","2F3.1","2F3.2",0.9,"2F4","2F3.2","1F3","1F4","5F5.1",1,"5F5.2","5F6","4F5-6","3F5","3F6.1",1,"3F6.2","2F5","2F6","1F5","1F6",1,null,"5F7","5F8","4F7","4F8",0.5,"4F7","4F8","3F7","3F8",0.75,null,null,null,null,null,0,null,null,null,"3F8","2F7",0.5,null,null,"2F7","2F8","1F7",0.33329999999999999,"2F8","1F7","1F8","5F9.1","5F10",0.77780000000000005,"5F9.2","5F10","4F9","4F10","3F9",0.55559999999999998,"4F10","3F9","3F10","2F9","2F10",0.8,"2F10","1F9","1F10","5F11",null,0.75,"5F11","5F12","4F11.1","1F1","1F2",0.55559999999999998,"4F11.2","4F12","1F1","1F2",null,1,null,null,"3F11","3F12","2F11"]
[337,13,7,42605.914166666669,{"$f":"D236*$JF$236","v":42605.914166666669},36519.355000000003,"TERM",null,null,null,null,{"$f":"SUMIF('Control de Avance'!$C$15:$C$9589,'Prog. Semanal TER'!M236,'Control de Avance'!$B$15:$B$9589)","v":1},"Primera mano guardapolvos (incluye remate paso barco)",{"$f":"VLOOKUP(M236,'Act. Proyecto'!$I$3:$Q$881,2,FALSE)","v":"PINTOR MADERA"},{"$f":"VLOOKUP(M236,'Act. Proyecto'!$I$3:$Q$881,3,FALSE)","v":"ml"},{"$f":"VLOOKUP(M236,'Act. Proyecto'!$I$3:$Q$881,4,FALSE)","v":45.422083333333333},{"$f":"VLOOKUP(M236,'Act. Proyecto'!$I$3:$Q$881,5,FALSE)","v":134},6086.5591666666669,{"$f":"VLOOKUP(M236,'Act. Proyecto'!$I$3:$Q$881,7,FALSE)","v":"Depto"},{"$f":"SUMIF('Resumen Frentes Semanal'!$K$6:$K$64,'Prog. Semanal TER'!N236,'Resumen Frentes Semanal'!$M$6:$M$64)","v":82000},null,null,null,null,null,0,null,null,null,null,null,null,null,null,null,null,null,null,null,null,null,null,null,null,null,null,null,null,null,null,null,null,null,null,null,null,null,null,null,null,null,null,null,null,null,null,null,null,null,null,null,null,null,null,null,null,null,null,null,null,null,null,null,null,null,null,null,null,null,null,null,null,null,null,null,null,null,null,null,null,null,null,null,null,null,null,null,null,null,null,null,null,null,null,null,null,null,null,null,null,null,null,null,null,null,null,null,null,null,null,null,null,null,null,null,null,null,null,null,null,null,null,null,null,null,null,null,null,null,null,null,null,null,null,null,null,null,null,null,null,null,null,null,null,null,"5F1","5F2","4F1","4F2","3F1",1,"3F2","2F1","2F2","5F3","5F4",1,"4F3","4F4","3F3-4","2F3.1","2F3.2",0.9,"2F4","2F3.2","1F3","1F4","5F5.1",1,"5F5.2","5F6","4F5-6","3F5","3F6.1",1,"3F6.2","2F5","2F6","1F5","1F6",1,null,"5F7","5F8","4F7","4F8",0.5,"4F7","4F8","3F7","3F8",0.75,null,null,null,null,null,0,null,null,null,"3F8","2F7",0.5,null,null,"2F7","2F8","1F7",0.33329999999999999,"2F8","1F7","1F8","5F9.1","5F10",0.77780000000000005,"5F9.2","5F10","4F9","4F10","3F9",0.55559999999999998,"4F10","3F9","3F10","2F9","2F10",0.8,"2F10","1F9","1F10","5F11",null,0.75,"5F11","5F12","4F11.1","1F1","1F2",0.55559999999999998,"4F11.2","4F12","1F1","1F2",null,1,null,null,"3F11","3F12","2F11"]
[337,13,7,5569.375,{"$f":"D237*$JF$237","v":5569.375},4773.75,"TERM",null,null,null,null,{"$f":"SUMIF('Control de Avance'!$C$15:$C$9589,'Prog. Semanal TER'!M237,'Control de Avance'!$B$15:$B$9589)","v":1},"Primera mano guardapolvo sin cantería sobre vano de ventana",{"$f":"VLOOKUP(M237,'Act. Proyecto'!$I$3:$Q$881,2,FALSE)","v":"PINTOR MADERA"},{"$f":"VLOOKUP(M237,'Act. Proyecto'!$I$3:$Q$881,3,FALSE)","v":"ml"},{"$f":"VLOOKUP(M237,'Act. Proyecto'!$I$3:$Q$881,4,FALSE)","v":5.9375},{"$f":"VLOOKUP(M237,'Act. Proyecto'!$I$3:$Q$881,5,FALSE)","v":134},795.625,{"$f":"VLOOKUP(M237,'Act. Proyecto'!$I$3:$Q$881,7,FALSE)","v":"Depto"},{"$f":"SUMIF('Resumen Frentes Semanal'!$K$6:$K$64,'Prog. Semanal TER'!N237,'Resumen Frentes Semanal'!$M$6:$M$64)","v":82000},null,null,null,null,null,0,null,null,null,null,null,null,null,null,null,null,null,null,null,null,null,null,null,null,null,null,null,null,null,null,null,null,null,null,null,null,null,null,null,null,null,null,null,null,null,null,null,null,null,null,null,null,null,null,null,null,null,null,null,null,null,null,null,null,null,null,null,null,null,null,null,null,null,null,null,null,null,null,null,null,null,null,null,null,null,null,null,null,null,null,null,null,null,null,null,null,null,null,null,null,null,null,null,null,null,null,null,null,null,null,null,null,null,null,null,null,null,null,null,null,null,null,null,null,null,null,null,null,null,null,null,null,null,null,null,null,null,null,null,null,null,null,null,null,null,"5F1","5F2","4F1","4F2","3F1",1,"3F2","2F1","2F2","5F3","5F4",1,"4F3","4F4","3F3-4","2F3.1","2F3.2",0.9,"2F4","2F3.2","1F3","1F4","5F5.1",1,"5F5.2","5F6","4F5-6","3F5","3F6.1",1,"3F6.2","2F5","2F6","1F5","1F6",1,null,"5F7","5F8","4F7","4F8",0.5,"4F7","4F8","3F7","3F8",0.75,null,null,null,null,null,0,null,null,null,"3F8","2F7",0.5,null,null,"2F7","2F8","1F7",0.33329999999999999,"2F8","1F7","1F8","5F9.1","5F10",0.77780000000000005,"5F9.2","5F10","4F9","4F10","3F9",0.55559999999999998,"4F10","3F9","3F10","2F9","2F10",0.8,"2F10","1F9","1F10","5F11",null,0.75,"5F11","5F12","4F11.1","1F1","1F2",0.55559999999999998,"4F11.2","4F12","1F1","1F2",null,1,null,null,"3F11","3F12","2F11"]
[338,10,4,50167.406504568185,{"$f":"D238*$JF$238","v":50167.406504568185},75251.109756852282,"TERM",null,null,null,null,{"$f":"SUMIF('Control de Avance'!$C$15:$C$9589,'Prog. Semanal TER'!M238,'Control de Avance'!$B$15:$B$9589)","v":1},"Instalación de artefactos eléctricos",{"$f":"VLOOKUP(M238,'Act. Proyecto'!$I$3:$Q$881,2,FALSE)","v":"ELÉCTRICO T"},{"$f":"VLOOKUP(M238,'Act. Proyecto'!$I$3:$Q$881,3,FALSE)","v":"centro"},{"$f":"VLOOKUP(M238,'Act. Proyecto'!$I$3:$Q$881,4,FALSE)","v":31.208333333333332},{"$f":"VLOOKUP(M238,'Act. Proyecto'!$I$3:$Q$881,5,FALSE)","v":401.87508548385733},12541.851626142046,{"$f":"VLOOKUP(M238,'Act. Proyecto'!$I$3:$Q$881,7,FALSE)","v":"Depto"},{"$f":"SUMIF('Resumen Frentes Semanal'!$K$6:$K$64,'Prog. Semanal TER'!N238,'Resumen Frentes Semanal'!$M$6:$M$64)","v":82000},null,null,null,null,null,0,null,null,null,null,null,null,null,null,null,null,null,null,null,null,null,null,null,null,null,null,null,null,null,null,null,null,null,null,null,null,null,null,null,null,null,null,null,null,null,null,null,null,null,null,null,null,null,null,null,null,null,null,null,null,null,null,null,null,null,null,null,null,null,null,null,null,null,null,null,null,null,null,null,null,null,null,null,null,null,null,null,null,null,null,null,null,null,null,null,null,null,null,null,null,null,null,null,null,null,null,null,null,null,null,null,null,null,null,null,null,null,null,null,null,null,null,null,null,null,null,null,null,null,null,null,null,null,null,null,null,null,null,null,null,null,null,null,null,null,null,null,"5F1","5F2","4F1",1,"4F2","3F1","3F2","2F1","2F2",0.8,"2F2","5F3","5F4","4F3","4F4",1,"3F3","3F4","2F3-4","1F3","1F4",0.83330000000000004,"1F4","5F5","5F6","4F5","4F6.1",1,"4F6.2","3F5","3F6","2F5-6","1F5",1,"1F6","5F7","5F8","4F7","4F8",1,null,null,null,null,0,null,null,null,"3F7","3F8",1,null,null,null,null,"2F7",0,null,null,"2F7","2F8","1F7-8",1,null,null,"5F9","5F10","4F9",1,null,null,"4F10","3F9-10","2F9.1",1,"5F11","2F9.2","2F10","1F10","1F9.1",1,"1F9.2","5F12","4F11","4F12",null,1,null,null,null,"3F11","3F12",0,null,"1F1","1F2",null,null,1,null,null,"3F11","3F12","2F11"]
[339,16,6,0.37503333333333333,{"$f":"D239*$JF$239","v":6.2518056666666655E-2},0.62505555555555548,"TERM",null,null,null,null,{"$f":"SUMIF('Control de Avance'!$C$15:$C$9589,'Prog. Semanal TER'!M239,'Control de Avance'!$B$15:$B$9589)","v":1},"Levantar bastón de gas en cocina y calefont ",{"$f":"VLOOKUP(M239,'Act. Proyecto'!$I$3:$Q$881,2,FALSE)","v":"GAS T"},{"$f":"VLOOKUP(M239,'Act. Proyecto'!$I$3:$Q$881,3,FALSE)","v":"dh"},{"$f":"VLOOKUP(M239,'Act. Proyecto'!$I$3:$Q$881,4,FALSE)","v":6.250555555555555E-2},{"$f":"VLOOKUP(M239,'Act. Proyecto'!$I$3:$Q$881,5,FALSE)","v":1},6.250555555555555E-2,{"$f":"VLOOKUP(M239,'Act. Proyecto'!$I$3:$Q$881,7,FALSE)","v":"Depto"},{"$f":"SUMIF('Resumen Frentes Semanal'!$K$6:$K$64,'Prog. Semanal TER'!N239,'Resumen Frentes Semanal'!$M$6:$M$64)","v":0.38500000000000001},null,null,null,null,null,0,null,null,null,null,null,null,null,null,null,null,null,null,null,null,null,null,null,null,null,null,null,null,null,null,null,null,null,null,null,null,null,null,null,null,null,null,null,null,null,null,null,null,null,null,null,null,null,null,null,null,null,null,null,null,null,null,null,null,null,null,null,null,null,null,null,null,null,null,null,null,null,null,null,null,null,null,null,null,null,null,null,null,null,null,null,null,null,null,null,null,null,null,null,null,null,null,null,null,null,null,null,null,null,null,null,null,null,null,null,null,null,null,null,null,null,null,null,null,null,null,null,null,null,null,null,null,null,null,null,null,null,null,null,null,null,null,null,null,null,null,null,null,null,null,null,null,"5F3-4",null,null,null,1,"4F3","4F4","3F3","3F4","2F3",0.8,"2F3","2F4","1F3","1F4","5F5",0.8,"5F5","5F6","4F5","4F6","3F5",0.8,"3F5","3F6","2F5","2F6","1F5-6",1,"5F7","5F8","4F7","4F8","3F7",0,"5F7-8","4F7","4F8","3F7",0.8,null,null,"3F7","3F8","2F7",0.66669999999999996,null,"2F7","2F8","1F7","1F8",0,null,null,"2F7","2F8","1F7",1,"1F8","5F9","5F10","4F9",null,0.75,null,"4F9","4F10","3F9","3F10",1,null,null,"2F9","2F10","1F9",0.66669999999999996,"1F9","1F10","5F11","5F12",null,1,"4F11","4F12","3F11","3F12","2F11",0.4,null,"1F1.1","1F1.2","1F2","3F11",0.16669999999999999,"4F11","4F12","3F11","3F12","2F11"]
[340,20,8,41000,{"$f":"D240*$JF$240","v":0},61500,"TERM",null,null,null,null,{"$f":"SUMIF('Control de Avance'!$C$15:$C$9589,'Prog. Semanal TER'!M240,'Control de Avance'!$B$15:$B$9589)","v":1},"Cerraduras interiores",{"$f":"VLOOKUP(M240,'Act. Proyecto'!$I$3:$Q$881,2,FALSE)","v":"CARP. ACCESORIOS"},{"$f":"VLOOKUP(M240,'Act. Proyecto'!$I$3:$Q$881,3,FALSE)","v":"un"},{"$f":"VLOOKUP(M240,'Act. Proyecto'!$I$3:$Q$881,4,FALSE)","v":5},{"$f":"VLOOKUP(M240,'Act. Proyecto'!$I$3:$Q$881,5,FALSE)","v":1025},5125,{"$f":"VLOOKUP(M240,'Act. Proyecto'!$I$3:$Q$881,7,FALSE)","v":"Depto"},{"$f":"SUMIF('Resumen Frentes Semanal'!$K$6:$K$64,'Prog. Semanal TER'!N240,'Resumen Frentes Semanal'!$M$6:$M$64)","v":78800},null,null,null,null,null,0,null,null,null,null,null,null,null,null,null,null,null,null,null,null,null,null,null,null,null,null,null,null,null,null,null,null,null,null,null,null,null,null,null,null,null,null,null,null,null,null,null,null,null,null,null,null,null,null,null,null,null,null,null,null,null,null,null,null,null,null,null,null,null,null,null,null,null,null,null,null,null,null,null,null,null,null,null,null,null,null,null,null,null,null,null,null,null,null,null,null,null,null,null,null,null,null,null,null,0,null,null,null,null,null,null,null,null,null,null,null,null,null,null,null,null,null,null,null,null,null,null,null,null,null,null,null,null,null,null,null,null,null,null,null,null,null,null,null,null,null,null,null,null,null,null,null,null,null,null,null,null,null,null,null,null,null,null,null,null,null,null,null,null,"5F1","5F2","4F1","4F2","3F1-2",1,"2F1-2","5F3-4","4F3",null,null,0.8,"4F3-4","3F3-4","2F3-4",null,null,1,"1F3-4",null,"5F5-6","4F5.1",1,"4F5.2-6",null,"3F5-6","2F5-6",null,0,null,"4F5.2-6","3F5-6","2F5-6","1F5",1,null,"1F6",null,null,null,1,"5F7-8",null,"4F7-8","3F7-8","2F7-8",1,"1F7-8",null,"5F9-10",null,"4F9-10",0.66669999999999996,"4F9-10",null,null,null,null,1,null,null,"3F9-10",null,null,1,"2F9-10",null,"1F9-10",null,"5F11-12",1,null,null,"4F11-12",null,"1F1-2",0,"1F1-2","4F11-12",null,"3F11-12"]
[339,4,4,7245,{"$f":"D241*$JF$241","v":7245},0,"TERM",null,null,null,null,{"$f":"SUMIF('Control de Avance'!$C$15:$C$9589,'Prog. Semanal TER'!M241,'Control de Avance'!$B$15:$B$9589)","v":1},"Traslado de artefactos sanitarios ",{"$f":"VLOOKUP(M241,'Act. Proyecto'!$I$3:$Q$881,2,FALSE)","v":"LIMPIEZA Y TRASLADO"},{"$f":"VLOOKUP(M241,'Act. Proyecto'!$I$3:$Q$881,3,FALSE)","v":"baño"},{"$f":"VLOOKUP(M241,'Act. Proyecto'!$I$3:$Q$881,4,FALSE)","v":1.3125},{"$f":"VLOOKUP(M241,'Act. Proyecto'!$I$3:$Q$881,5,FALSE)","v":1380},1811.25,{"$f":"VLOOKUP(M241,'Act. Proyecto'!$I$3:$Q$881,7,FALSE)","v":"Depto"},{"$f":"SUMIF('Resumen Frentes Semanal'!$K$6:$K$64,'Prog. Semanal TER'!N241,'Resumen Frentes Semanal'!$M$6:$M$64)","v":43500},null,null,null,null,null,0,null,null,null,null,null,null,null,null,null,null,null,null,null,null,null,null,null,null,null,null,null,null,null,null,null,null,null,null,null,null,null,null,null,null,null,null,null,null,null,null,null,null,null,null,null,null,null,null,null,null,null,null,null,null,null,null,null,null,null,null,null,null,null,null,null,null,null,null,null,null,null,null,null,null,null,null,null,null,null,null,null,null,null,null,null,null,null,null,null,null,null,null,null,null,null,null,null,null,null,null,null,null,null,null,null,null,null,null,null,null,null,"5-4-3-2F1-2","5-4-3-2F3-4",null,1,null,null,null,"5-4-3-2-1F5-6",null,1,null,null,null,null,"1F3-4",1,null,null,null,null,null,null,null,null,null,null,null,null,"5-4F1-2","3F1-2","2F1-2",null,null,0,null,null,null,null,null,1,null,null,null,null,null,null,null,null,null,null,null,null,null,null,null,null,null,null,null,null,null,null,null,null,"5-4F7-8",null,null,"3-2-1F7-8",null,1,null,null,null,null,null,null,null,null,null,"5-4-3-2-1F9-10",0,null,null,null,"5-4F9-10","3-2-1F9-10",1,null,null,null,null,null,null,null,null,null,null,null,null,null,null,null,null,"5-4-3-2F11-12",1,null,null,null,"5-4-3-2-1F13-14",null,1,null,null,null,null,null,null,null,null,null,null,null,null,null,"1F1-2",null,null,null,1]
[344,12,6,1.645,{"$f":"D242*$JF$242","v":1.0967214999999999},1.645,"TERM",null,null,null,null,{"$f":"SUMIF('Control de Avance'!$C$15:$C$9589,'Prog. Semanal TER'!M242,'Control de Avance'!$B$15:$B$9589)","v":1},"Instalación de artefactos sanitarios",{"$f":"VLOOKUP(M242,'Act. Proyecto'!$I$3:$Q$881,2,FALSE)","v":"GASFITER T"},{"$f":"VLOOKUP(M242,'Act. Proyecto'!$I$3:$Q$881,3,FALSE)","v":"dh"},{"$f":"VLOOKUP(M242,'Act. Proyecto'!$I$3:$Q$881,4,FALSE)","v":0.27416666666666667},{"$f":"VLOOKUP(M242,'Act. Proyecto'!$I$3:$Q$881,5,FALSE)","v":1},0.27416666666666667,{"$f":"VLOOKUP(M242,'Act. Proyecto'!$I$3:$Q$881,7,FALSE)","v":"Depto"},{"$f":"SUMIF('Resumen Frentes Semanal'!$K$6:$K$64,'Prog. Semanal TER'!N242,'Resumen Frentes Semanal'!$M$6:$M$64)","v":7},null,null,null,null,null,0,null,null,null,null,null,null,null,null,null,null,null,null,null,null,null,null,null,null,null,null,null,null,null,null,null,null,null,null,null,null,null,null,null,null,null,null,null,null,null,null,null,null,null,null,null,null,null,null,null,null,null,null,null,null,null,null,null,null,null,null,null,null,null,null,null,null,null,null,null,null,null,null,null,null,null,null,null,null,null,null,null,null,null,null,null,null,null,null,null,null,null,null,null,null,null,null,null,null,null,null,null,null,null,null,null,null,null,null,null,null,null,null,null,null,null,null,null,null,null,null,null,null,null,null,null,null,null,null,null,null,null,null,null,null,null,null,null,null,null,"5-4F1-2","3F1-2","2F1-2",null,null,0.75,"2F1-2",null,"5F3-4","4F3-4",null,0.33329999999999999,"5F3-4","4F3-4","3F3-4",null,null,0.66669999999999996,"3F3-4","2F3-4","1F3-4",null,null,1,null,null,"5F5-6","4F5-6","3F5",0.8,"3F5","3F6","2F5","2F6","1F5-6",1,"5F7","5F8","4F7","4F8","3F7",0.4,"4F7","4F8","3F7","3F8",0.5,null,null,"3F7","3F8","2F7",0,"3F7","3F8","2F7","2F8","1F7",0,"3F7","3F8","2F7","2F8","1F7",0.4,"2F7","2F8","1F7","1F8","5F9",0.4,"1F7","1F8","5F9","5F10","4F9",0.4,"5F9","5F10","4F9","4F10","3F9",0.8,"3F9-10","2F9-10","1F9-10",null,null,0,"3-2-1F9-10","5F11-12","4F11-12","1F1-2",null,0.83330000000000004,null,null,"1F1-2",null,"3F11",0.66669999999999996,null,null,"3F11","3F12","2F11"]
[347,12,6,0.5,{"$f":"D243*$JF$243","v":0.33334999999999998},0.5,"TERM",null,null,null,null,{"$f":"SUMIF('Control de Avance'!$C$15:$C$9589,'Prog. Semanal TER'!M243,'Control de Avance'!$B$15:$B$9589)","v":1},"Instalación de Lavaplato ",{"$f":"VLOOKUP(M243,'Act. Proyecto'!$I$3:$Q$881,2,FALSE)","v":"GASFITER T"},{"$f":"VLOOKUP(M243,'Act. Proyecto'!$I$3:$Q$881,3,FALSE)","v":"dh"},{"$f":"VLOOKUP(M243,'Act. Proyecto'!$I$3:$Q$881,4,FALSE)","v":8.3333333333333329E-2},{"$f":"VLOOKUP(M243,'Act. Proyecto'!$I$3:$Q$881,5,FALSE)","v":1},8.3333333333333329E-2,{"$f":"VLOOKUP(M243,'Act. Proyecto'!$I$3:$Q$881,7,FALSE)","v":"Depto"},{"$f":"SUMIF('Resumen Frentes Semanal'!$K$6:$K$64,'Prog. Semanal TER'!N243,'Resumen Frentes Semanal'!$M$6:$M$64)","v":7},null,null,null,null,null,0,null,null,null,null,null,null,null,null,null,null,null,null,null,null,null,null,null,null,null,null,null,null,null,null,null,null,null,null,null,null,null,null,null,null,null,null,null,null,null,null,null,null,null,null,null,null,null,null,null,null,null,null,null,null,null,null,null,null,null,null,null,null,null,null,null,null,null,null,null,null,null,null,null,null,null,null,null,null,null,null,null,null,null,null,null,null,null,null,null,null,null,null,null,null,null,null,null,null,null,null,null,null,null,null,null,null,null,null,null,null,null,null,null,null,null,null,null,null,null,null,null,null,null,null,null,null,null,null,null,null,null,null,null,null,null,null,null,null,null,null,null,"5F1-2","4F1-2","3F1-2",0.66669999999999996,"3F1-2","2F1-2","5F3-4","4F3-4",null,0,"3F1-2","2F1-2","5F3-4","4F3-4","3F3-4",0.8,"3F3-4","2F3-4","1F3-4",null,null,1,null,null,"5F5-6","4F5-6","3F5",0,"5-4F5-6","3F5-6","2F5","2F6","1F5-6",1,"5F7","5F8","4F7","4F8","3F7",0.4,"4F7","4F8","3F7","3F8",0.5,null,null,"3F7","3F8","2F7",0,"3F7","3F8","2F7","2F8","1F7",0,"3F7","3F8","2F7","2F8","1F7",0.4,"2F7","2F8","1F7","1F8","5F9",1,"2F7-8","1F7-8","5F9","5F10","4F9",0.57140000000000002,"5F9","5F10","4F9","4F10","3F9-10",1,null,"2F9-10","1F9-10",null,null,0.5,"1F9-10","5F11-12","4F11-12","1F1-2",null,0.75,null,null,"1F1-2",null,"3F11",0.66669999999999996,null,null,"3F11","3F12","2F11"]
[347,20,14,14,{"$f":"D244*$JF$244","v":11.9994},6,"TERM",null,null,null,null,{"$f":"SUMIF('Control de Avance'!$C$15:$C$9589,'Prog. Semanal TER'!M244,'Control de Avance'!$B$15:$B$9589)","v":1},"Instalación de lavadero",{"$f":"VLOOKUP(M244,'Act. Proyecto'!$I$3:$Q$881,2,FALSE)","v":"GASFITER T"},{"$f":"VLOOKUP(M244,'Act. Proyecto'!$I$3:$Q$881,3,FALSE)","v":"dh"},{"$f":"VLOOKUP(M244,'Act. Proyecto'!$I$3:$Q$881,4,FALSE)","v":1},{"$f":"VLOOKUP(M244,'Act. Proyecto'!$I$3:$Q$881,5,FALSE)","v":1},1,{"$f":"VLOOKUP(M244,'Act. Proyecto'!$I$3:$Q$881,7,FALSE)","v":"Depto"},{"$f":"SUMIF('Resumen Frentes Semanal'!$K$6:$K$64,'Prog. Semanal TER'!N244,'Resumen Frentes Semanal'!$M$6:$M$64)","v":7},null,null,null,null,null,0,null,null,null,null,null,null,null,null,null,null,null,null,null,null,null,null,null,null,null,null,null,null,null,null,null,null,null,null,null,null,null,null,null,null,null,null,null,null,null,null,null,null,null,null,null,null,null,null,null,null,null,null,null,null,null,null,null,null,null,null,null,null,null,null,null,null,null,null,null,null,null,null,null,null,null,null,null,null,null,null,null,null,null,null,null,null,null,null,null,null,null,null,null,null,null,null,null,null,null,null,null,null,null,null,null,null,null,null,null,null,null,null,null,null,null,null,null,null,null,null,null,null,null,null,null,null,null,null,null,null,null,null,null,null,null,null,null,null,null,"5-4F1-2","3-2F1-2",null,null,null,0,"5-4F1-2","3-2F1-2",null,null,null,0,"5-4F1-2","3-2F1-2","5F3-4","4F3-4","3F3-4",0.71430000000000005,"4-3F3-4","2F3-4","1F3-4",null,null,0.75,"1F3-4",null,"5F5-6","4F5-6","3F5",0.85709999999999997,null,"3F5","2F5","2F6","1F5-6",0.6,"1F5-6","5F7-8","4F7","4F8","3F7",0.28570000000000001,"5F7-8","4F7-8","3F7","3F8",0.66669999999999996,null,null,"3F7","3F8","2F7",0,"3F7","3F8","2F7","2F8","1F7",0,"3F7","3F8","2F7","2F8","1F7",0.4,"2F7","2F8","1F7","1F8","5F9",0,"2F7-8","1F7-8","5F9","5F10","4F9",0.57140000000000002,"5F9","5F10","4F9","4F10","3F9-10",1,null,"2F9-10","1F9-10",null,null,0,"2-1F9-10","5F11-12","4F11-12","1F1-2",null,0.4,"5-4F11-12",null,"1F1-2",null,"3F11",0.85709999999999997,null,null,"3F11","3F12","2F11"]
[283,20,20,22400,{"$f":"D245*$JF$245","v":0},0,"TERM",null,null,null,null,{"$f":"SUMIF('Control de Avance'!$C$15:$C$9589,'Prog. Semanal TER'!M245,'Control de Avance'!$B$15:$B$9589)","v":1},"Cerámica solamente sobre lavaplato",{"$f":"VLOOKUP(M245,'Act. Proyecto'!$I$3:$Q$881,2,FALSE)","v":"CERÁMICA"},{"$f":"VLOOKUP(M245,'Act. Proyecto'!$I$3:$Q$881,3,FALSE)","v":"depto"},{"$f":"VLOOKUP(M245,'Act. Proyecto'!$I$3:$Q$881,4,FALSE)","v":1},{"$f":"VLOOKUP(M245,'Act. Proyecto'!$I$3:$Q$881,5,FALSE)","v":1120},1120,{"$f":"VLOOKUP(M245,'Act. Proyecto'!$I$3:$Q$881,7,FALSE)","v":"Depto"},{"$f":"SUMIF('Resumen Frentes Semanal'!$K$6:$K$64,'Prog. Semanal TER'!N245,'Resumen Frentes Semanal'!$M$6:$M$64)","v":121500},null,null,null,null,null,0,null,null,null,null,null,null,null,null,null,null,null,null,null,null,null,null,null,null,null,null,null,null,null,null,null,null,null,null,null,null,null,null,null,null,null,null,null,null,null,null,null,null,null,null,null,null,null,null,null,null,null,null,null,null,null,null,null,null,null,null,null,null,null,null,null,null,null,null,null,null,null,null,null,null,null,null,null,null,null,null,null,null,null,null,null,null,null,null,null,null,null,null,null,null,null,null,null,null,null,null,null,null,null,null,null,null,null,null,null,null,null,null,null,null,null,null,null,null,null,null,null,null,null,null,null,null,0,null,null,null,null,null,null,null,null,null,null,null,null,null,null,null,null,null,null,null,null,null,null,null,null,null,null,null,null,null,null,"5-4-3-2F1-2",null,"5-4-3-2-1F3-4",null,null,1,"5-4-3-2F3-4",null,null,null,null,0,null,null,null,null,"5-4-3-2-1F5-6",0,"5-4-3-2-1F5-6",null,null,"5-4-3-2-1F7-8",null,0,"5-4-3-2-1F5-6",null,null,null,0,null,null,null,null,null,null,null,null,null,null,null,null,null,null,null,null,"5-4-3-2-1F5-6",0,null,null,null,null,null,null,null,null,null,null,null,null,"F3-4",null,null,null,null,0,null,"F3-4","F5-6",null,null,0,"F3-4",null,"F5-6",null,null,1,"F7-8",null,null,null,null,0]
[355,16,4,1480,{"$f":"D246*$JF$246","v":740},4440,"TERM",null,null,null,null,{"$f":"SUMIF('Control de Avance'!$C$15:$C$9589,'Prog. Semanal TER'!M246,'Control de Avance'!$B$15:$B$9589)","v":1},"Traslado de calefont",{"$f":"VLOOKUP(M246,'Act. Proyecto'!$I$3:$Q$881,2,FALSE)","v":"LIMPIEZA Y TRASLADO"},{"$f":"VLOOKUP(M246,'Act. Proyecto'!$I$3:$Q$881,3,FALSE)","v":"und"},{"$f":"VLOOKUP(M246,'Act. Proyecto'!$I$3:$Q$881,4,FALSE)","v":1},{"$f":"VLOOKUP(M246,'Act. Proyecto'!$I$3:$Q$881,5,FALSE)","v":370},370,{"$f":"VLOOKUP(M246,'Act. Proyecto'!$I$3:$Q$881,7,FALSE)","v":"Depto"},{"$f":"SUMIF('Resumen Frentes Semanal'!$K$6:$K$64,'Prog. Semanal TER'!N246,'Resumen Frentes Semanal'!$M$6:$M$64)","v":43500},null,null,null,null,null,0,null,null,null,null,null,null,null,null,null,null,null,null,null,null,null,null,null,null,null,null,null,null,null,null,null,null,null,null,null,null,null,null,null,null,null,null,null,null,null,null,null,null,null,null,null,null,null,null,null,null,null,null,null,null,null,null,null,null,null,null,null,null,null,null,null,null,null,null,null,null,null,null,null,null,null,null,null,null,null,null,null,null,null,null,null,null,null,null,null,null,null,null,null,null,null,null,null,null,null,null,null,null,null,null,null,null,null,null,null,null,null,null,null,null,null,null,null,null,null,null,null,null,null,null,null,null,null,null,null,null,null,null,null,null,null,null,null,null,null,"5-4F1-2","3-2F1-2",null,null,null,1,null,"5F3-4","4F3-4","3F3-4",null,0.66669999999999996,null,"2F3-4",null,null,null,0,"3F3-4","2F3-4","1F3-4",null,null,1,"5F5","5F6","4F5","4F6","3F5",0.8,"3F5","3F6","2F5","2F6","1F5-6",1,"5F7","5F8","4F7","4F8","3F7",0,"5F7-8","4F7","4F8","3F7",0.8,null,null,"3F7","3F8","2F7",0.66669999999999996,null,"2F7","2F8","1F7","1F8",0,null,null,"2F7","2F8","1F7",0.66669999999999996,"1F7-8","5F9","5F10","4F9","4F10",0.66669999999999996,null,"4F9","4F10","3F9","3F10",1,null,null,"2F9","2F10","1F9",0.66669999999999996,"1F9","1F10.1","5F11-12","4F11",null,1,null,"4F12","3F11","3F12","2F11",0,null,null,"1F1.1","1F9.1","3F11",0.5,"1F2","4F11-12","3F11","3F12","2F11"]
[356,20,6,0.30002666666666661,{"$f":"D247*$JF$247","v":5.0014445333333317E-2},0.70006222222222214,"TERM",null,null,null,null,{"$f":"SUMIF('Control de Avance'!$C$15:$C$9589,'Prog. Semanal TER'!M247,'Control de Avance'!$B$15:$B$9589)","v":1},"Instalación Calefont",{"$f":"VLOOKUP(M247,'Act. Proyecto'!$I$3:$Q$881,2,FALSE)","v":"GAS T"},{"$f":"VLOOKUP(M247,'Act. Proyecto'!$I$3:$Q$881,3,FALSE)","v":"dh"},{"$f":"VLOOKUP(M247,'Act. Proyecto'!$I$3:$Q$881,4,FALSE)","v":5.0004444444444435E-2},{"$f":"VLOOKUP(M247,'Act. Proyecto'!$I$3:$Q$881,5,FALSE)","v":1},5.0004444444444435E-2,{"$f":"VLOOKUP(M247,'Act. Proyecto'!$I$3:$Q$881,7,FALSE)","v":"Depto"},{"$f":"SUMIF('Resumen Frentes Semanal'!$K$6:$K$64,'Prog. Semanal TER'!N247,'Resumen Frentes Semanal'!$M$6:$M$64)","v":0.38500000000000001},null,null,null,null,null,0,null,null,null,null,null,null,null,null,null,null,null,null,null,null,null,null,null,null,null,null,null,null,null,null,null,null,null,null,null,null,null,null,null,null,null,null,null,null,null,null,null,null,null,null,null,null,null,null,null,null,null,null,null,null,null,null,null,null,null,null,null,null,null,null,null,null,null,null,null,null,null,null,null,null,null,null,null,null,null,null,null,null,null,null,null,null,null,null,null,null,null,null,null,null,null,null,null,null,null,null,null,null,null,null,null,null,null,null,null,null,null,null,null,null,null,null,null,null,null,null,null,null,null,null,null,null,null,null,null,null,null,null,null,null,null,null,null,null,null,"5-4F1-2","3-2F1-2",null,null,null,1,null,"5F3-4",null,null,null,1,"4F3","4F4","3F3","3F4","2F3",0.8,"2F3","2F4","1F3","1F4","5F5",0.8,"5F5","5F6","4F5","4F6","3F5",0.8,"3F5","3F6","2F5","2F6","1F5-6",1,"5F7","5F8","4F7","4F8","3F7",0,"5F7-8","4F7","4F8","3F7",0.8,null,null,"3F7","3F8","2F7",0.66669999999999996,null,"2F7","2F8","1F7","1F8",0,null,null,"2F7","2F8","1F7",1,"1F8","5F9","5F10","4F9",null,0.75,null,"4F9","4F10","3F9","3F10",1,null,null,"2F9","2F10","1F9",0.66669999999999996,"1F9","1F10","5F11","5F12",null,1,"4F11","4F12","3F11","3F12","2F11",0.4,null,"1F1.1","1F1.2","1F2","3F11",0.16669999999999999,"1F1-2","4F11-12","3F11","3F12","2F11"]
[357,12,6,0.5,{"$f":"D248*$JF$248","v":0.33334999999999998},0.5,"TERM",null,null,null,null,{"$f":"SUMIF('Control de Avance'!$C$15:$C$9589,'Prog. Semanal TER'!M248,'Control de Avance'!$B$15:$B$9589)","v":1},"Conexión de calefont",{"$f":"VLOOKUP(M248,'Act. Proyecto'!$I$3:$Q$881,2,FALSE)","v":"GASFITER T"},{"$f":"VLOOKUP(M248,'Act. Proyecto'!$I$3:$Q$881,3,FALSE)","v":"dh"},{"$f":"VLOOKUP(M248,'Act. Proyecto'!$I$3:$Q$881,4,FALSE)","v":8.3333333333333329E-2},{"$f":"VLOOKUP(M248,'Act. Proyecto'!$I$3:$Q$881,5,FALSE)","v":1},8.3333333333333329E-2,{"$f":"VLOOKUP(M248,'Act. Proyecto'!$I$3:$Q$881,7,FALSE)","v":"Depto"},{"$f":"SUMIF('Resumen Frentes Semanal'!$K$6:$K$64,'Prog. Semanal TER'!N248,'Resumen Frentes Semanal'!$M$6:$M$64)","v":7},null,null,null,null,null,0,null,null,null,null,null,null,null,null,null,null,null,null,null,null,null,null,null,null,null,null,null,null,null,null,null,null,null,null,null,null,null,null,null,null,null,null,null,null,null,null,null,null,null,null,null,null,null,null,null,null,null,null,null,null,null,null,null,null,null,null,null,null,null,null,null,null,null,null,null,null,null,null,null,null,null,null,null,null,null,null,null,null,null,null,null,null,null,null,null,null,null,null,null,null,null,null,null,null,null,null,null,null,null,null,null,null,null,null,null,null,null,null,null,null,null,null,null,null,null,null,null,null,null,null,null,null,null,null,null,null,null,null,null,null,null,null,null,null,null,"5-4F1-2","3-2F1-2",null,null,null,0,"5-4F1-2","3-2F1-2",null,null,null,0,"5-4F1-2","3-2F1-2","5F3-4",null,null,1,"4F3-4","3F3-4","2F3-4","1F3","1F4",1,"5F5","5F6","4F5","4F6","3F5",0.8,null,"3F5","2F5","2F6","1F5-6",1,"5F7","5F8","4F7","4F8","3F7",0,"5F7-8","4F7","4F8","3F7",0.6,null,null,"3F7","3F8","2F7",0.66669999999999996,null,"2F7","2F8","1F7","1F8",0,null,null,"2F7","2F8","1F7",0,"2F7","2F8","1F7","1F8","5F9",0,"5F9-10","4F9","4F10","3F9","3F10",0.33329999999999999,"4F9","4F10","3F9","3F10","2F9",0.4,"3F9-10","2F9-10","1F9-10","5F11-12",null,0.75,null,"5F11-12","4F11-12",null,"3F11-12",0.33329999999999999,null,null,"1F1-2",null,"3F11",0.66669999999999996,null,null,"3F11","3F12","2F11"]
[357,20,10,24661.161250000005,{"$f":"D249*$JF$249","v":9864.4645000000019},24661.161250000005,"TERM",null,null,null,null,{"$f":"SUMIF('Control de Avance'!$C$15:$C$9589,'Prog. Semanal TER'!M249,'Control de Avance'!$B$15:$B$9589)","v":1},"Mano adicional planchas verdes",{"$f":"VLOOKUP(M249,'Act. Proyecto'!$I$3:$Q$881,2,FALSE)","v":"PINTURA BAÑO Y COCINA"},{"$f":"VLOOKUP(M249,'Act. Proyecto'!$I$3:$Q$881,3,FALSE)","v":"m2"},{"$f":"VLOOKUP(M249,'Act. Proyecto'!$I$3:$Q$881,4,FALSE)","v":23.942875000000004},{"$f":"VLOOKUP(M249,'Act. Proyecto'!$I$3:$Q$881,5,FALSE)","v":103},2466.1161250000005,{"$f":"VLOOKUP(M249,'Act. Proyecto'!$I$3:$Q$881,7,FALSE)","v":"Depto"},{"$f":"SUMIF('Resumen Frentes Semanal'!$K$6:$K$64,'Prog. Semanal TER'!N249,'Resumen Frentes Semanal'!$M$6:$M$64)","v":95192},null,null,null,null,null,0,null,null,null,null,null,null,null,null,null,null,null,null,null,null,null,null,null,null,null,null,null,null,null,null,null,null,null,null,null,null,null,null,null,null,null,null,null,null,null,null,null,null,null,null,null,null,null,null,null,null,null,null,null,null,null,null,null,null,null,null,null,null,null,null,null,null,null,null,null,null,null,null,null,null,null,null,null,null,null,null,null,null,null,null,null,null,null,null,null,null,null,null,null,null,null,null,null,null,null,null,null,null,null,null,null,null,null,null,null,null,null,null,null,null,null,null,null,null,null,null,null,null,null,null,null,null,null,"5F1","5F2","4F1","4F2","3F1",0.4,"4F1","4F2","3F1","3F2","2F1",1,"2F2","5F3","5F4","4F3","4F4",0.8,"4F4","3F3","3F4","2F3","2F4",0.4,"3F4","2F3","2F4","1F3","1F4",1,"5F5","5F6","4F5-6","3F5.1","3F5.2",0.9,"3F5.2","3F6","2F5-6","1F5.1","1F6",0.8,"1F5.2","1F6","5F7-8","4F7.1","4F8",0.8,null,"4F7.2-8","3F7","3F8","2F7.1",0.375,"3F7","3F8","2F7","2F8",0,"3F7","3F8","2F7","2F8","1F7",0.4,"2F7","2F8","1F7","1F8","5F9",0,"2F7","2F8","1F7","1F8","5F9",0.8,"5F9","5F10","4F9","4F10","3F9",0.4,"4F9","4F10","3F9","3F10","2F9.1",1,"2F9.2","2F10","1F9","1F10.1","5F11",1,"1F10.2","5F12","4F11-12","3F11.1",null,0.875,null,"1F1","1F2","3F11","3F12",0,"1F1","1F2","3F11","3F12","2F11",0.4,"3F11","3F12","2F11","2F12","5F13"]
[351,22,10,143701.25,{"$f":"D250*$JF$250","v":114961},172441.5,"TERM",null,null,null,null,{"$f":"SUMIF('Control de Avance'!$C$15:$C$9589,'Prog. Semanal TER'!M250,'Control de Avance'!$B$15:$B$9589)","v":1},"Segunda mano baños y cocinas",{"$f":"VLOOKUP(M250,'Act. Proyecto'!$I$3:$Q$881,2,FALSE)","v":"PINTURA BAÑO Y COCINA"},{"$f":"VLOOKUP(M250,'Act. Proyecto'!$I$3:$Q$881,3,FALSE)","v":"m2"},{"$f":"VLOOKUP(M250,'Act. Proyecto'!$I$3:$Q$881,4,FALSE)","v":41.057499999999997},{"$f":"VLOOKUP(M250,'Act. Proyecto'!$I$3:$Q$881,5,FALSE)","v":350},14370.125,{"$f":"VLOOKUP(M250,'Act. Proyecto'!$I$3:$Q$881,7,FALSE)","v":"Depto"},{"$f":"SUMIF('Resumen Frentes Semanal'!$K$6:$K$64,'Prog. Semanal TER'!N250,'Resumen Frentes Semanal'!$M$6:$M$64)","v":95192},null,null,null,null,null,0,null,null,null,null,null,null,null,null,null,null,null,null,null,null,null,null,null,null,null,null,null,null,null,null,null,null,null,null,null,null,null,null,null,null,null,null,null,null,null,null,null,null,null,null,null,null,null,null,null,null,null,null,null,null,null,null,null,null,null,null,null,null,null,null,null,null,null,null,null,null,null,null,null,null,null,null,null,null,null,null,null,null,null,null,null,null,null,null,null,null,null,null,null,null,null,null,null,null,null,null,null,null,null,null,null,null,null,null,null,null,null,null,null,null,null,null,null,null,null,null,null,null,null,null,null,null,null,null,null,null,null,null,null,null,null,null,null,null,null,null,null,null,null,null,0,"5F1","5F2","4F1","4F2","3F1",1,"3F2","2F1","2F2","5F3","5F4",1,"4F3","4F4","3F3","3F4","2F3",1,"2F4","1F3","1F4","5F5","5F6.1",1,"5F6.2","4F5","4F6","3F5","3F6",1,"2F5","2F6","1F5","1F6","5F7",0.8,null,"5F7","5F8","4F7",0,null,null,null,"5F7","5F8",0,"5F7","5F8","4F7","4F8","3F7",0,"5F7","5F8","4F7","4F8","3F7",0.4,"4F7","4F8","3F7","3F8","2F7",0.8,"2F7","2F8","1F7","1F8","5F9",0.4,"1F7","1F8","5F9","5F10","4F9.1",1,"4F9.2","4F10","3F9-10","2F9-10",null,1,"1F9","1F10","5F11","5F12","4F11",0,"1F9","1F10","5F11","5F12","1F2",0.8,"1F1-2","4F11","4F12","3F11","3F12"]
[358,16,6,8662.5,{"$f":"D251*$JF$251","v":5775.2887499999997},14437.5,"TERM",null,null,null,null,{"$f":"SUMIF('Control de Avance'!$C$15:$C$9589,'Prog. Semanal TER'!M251,'Control de Avance'!$B$15:$B$9589)","v":1},"Aseo después de segundas manos baños",{"$f":"VLOOKUP(M251,'Act. Proyecto'!$I$3:$Q$881,2,FALSE)","v":"ASEO"},{"$f":"VLOOKUP(M251,'Act. Proyecto'!$I$3:$Q$881,3,FALSE)","v":"baño"},{"$f":"VLOOKUP(M251,'Act. Proyecto'!$I$3:$Q$881,4,FALSE)","v":1.3125},{"$f":"VLOOKUP(M251,'Act. Proyecto'!$I$3:$Q$881,5,FALSE)","v":1100},1443.75,{"$f":"VLOOKUP(M251,'Act. Proyecto'!$I$3:$Q$881,7,FALSE)","v":"Depto"},{"$f":"SUMIF('Resumen Frentes Semanal'!$K$6:$K$64,'Prog. Semanal TER'!N251,'Resumen Frentes Semanal'!$M$6:$M$64)","v":27000},null,null,null,null,null,0,null,null,null,null,null,null,null,null,null,null,null,null,null,null,null,null,null,null,null,null,null,null,null,null,null,null,null,null,null,null,null,null,null,null,null,null,null,null,null,null,null,null,null,null,null,null,null,null,null,null,null,null,null,null,null,null,null,null,null,null,null,null,null,null,null,null,null,null,null,null,null,null,null,null,null,null,null,null,null,null,null,null,null,null,null,null,null,null,null,null,null,null,null,null,null,null,null,null,null,null,null,null,null,null,null,null,null,null,null,null,null,null,null,null,null,null,null,null,null,null,null,null,null,null,null,null,null,null,null,null,null,null,null,null,null,null,null,null,null,null,null,null,null,null,null,null,null,null,null,null,null,null,null,null,null,null,null,null,null,null,null,null,null,"5F1-2","4F1-2","3F1-2","2F1-2","5F3-4",1,"4F3-4","3F3-4","2F3-4","1F3-4","5-4F5-6",1,null,null,"3F5-6","2F5-6","1F5-6",0,"3F5-6","2F5-6","1F5","1F6",0.33329999999999999,"3F5","3F6","5F1.2","5F2.2","1F5",0.75,"2F5","2F6","1F5-6","5F7-8","4F7-8",0.875,"2F6",null,null,null,null,1,"3F7","3F8","2F7","2F8","1F7",0,"3F7","3F8","2F7",null,null,0,"3F7","3F8","2F7-8","1F7-8","5F9",0,null,"5F5-6","4F5-6","3-2F5-6",null,1,null,null,"1F3-4",null,null,1,null,null,"1F5","1F6","5F7",0.66669999999999996,"5F7","5F8","4F7","4F8","3F7"]
[359,16,6,15000,{"$f":"D252*$JF$252","v":10000.5},25000,"TERM",null,null,null,null,{"$f":"SUMIF('Control de Avance'!$C$15:$C$9589,'Prog. Semanal TER'!M252,'Control de Avance'!$B$15:$B$9589)","v":1},"Aseo después de segundas manos cocina",{"$f":"VLOOKUP(M252,'Act. Proyecto'!$I$3:$Q$881,2,FALSE)","v":"ASEO"},{"$f":"VLOOKUP(M252,'Act. Proyecto'!$I$3:$Q$881,3,FALSE)","v":"depto"},{"$f":"VLOOKUP(M252,'Act. Proyecto'!$I$3:$Q$881,4,FALSE)","v":1},{"$f":"VLOOKUP(M252,'Act. Proyecto'!$I$3:$Q$881,5,FALSE)","v":2500},2500,{"$f":"VLOOKUP(M252,'Act. Proyecto'!$I$3:$Q$881,7,FALSE)","v":"Depto"},{"$f":"SUMIF('Resumen Frentes Semanal'!$K$6:$K$64,'Prog. Semanal TER'!N252,'Resumen Frentes Semanal'!$M$6:$M$64)","v":27000},null,null,null,null,null,0,null,null,null,null,null,null,null,null,null,null,null,null,null,null,null,null,null,null,null,null,null,null,null,null,null,null,null,null,null,null,null,null,null,null,null,null,null,null,null,null,null,null,null,null,null,null,null,null,null,null,null,null,null,null,null,null,null,null,null,null,null,null,null,null,null,null,null,null,null,null,null,null,null,null,null,null,null,null,null,null,null,null,null,null,null,null,null,null,null,null,null,null,null,null,null,null,null,null,null,null,null,null,null,null,null,null,null,null,null,null,null,null,null,null,null,null,null,null,null,null,null,null,null,null,null,null,null,null,null,null,null,null,null,null,null,null,null,null,null,null,null,null,null,null,null,null,null,null,null,null,null,null,null,null,null,null,null,null,null,null,null,null,null,"5F1-2","4F1-2","3F1-2","2F1-2","5F3-4",1,"4F3-4","3F3-4","2F3-4","1F3-4","5-4F5-6",1,null,null,"3F5-6","2F5-6","1F5-6",0,"3F5-6","2F5-6","1F5","1F6",0.33329999999999999,"3F5","3F6","5F1.2","5F2.2","1F5",0.75,"2F5","2F6","1F5-6","5F7-8","4F7-8",0.875,"2F6",null,null,null,null,1,"3F7","3F8","2F7","2F8","1F7",0,"3F7","3F8","2F7",null,null,0,"3F7","3F8","2F7-8","1F7-8","5F9",0,null,"5F5-6","4F5-6","3-2F5-6",null,1,null,null,"1F3-4",null,null,1,null,null,"1F5","1F6","5F7",0.66669999999999996,"5F7","5F8","4F7","4F8","3F7"]
[360,20,10,47000,{"$f":"D253*$JF$253","v":37600},47000,"TERM",null,null,null,null,{"$f":"SUMIF('Control de Avance'!$C$15:$C$9589,'Prog. Semanal TER'!M253,'Control de Avance'!$B$15:$B$9589)","v":1},"Aseo aluminio",{"$f":"VLOOKUP(M253,'Act. Proyecto'!$I$3:$Q$881,2,FALSE)","v":"ASEO"},{"$f":"VLOOKUP(M253,'Act. Proyecto'!$I$3:$Q$881,3,FALSE)","v":"depto"},{"$f":"VLOOKUP(M253,'Act. Proyecto'!$I$3:$Q$881,4,FALSE)","v":1},{"$f":"VLOOKUP(M253,'Act. Proyecto'!$I$3:$Q$881,5,FALSE)","v":4700},4700,{"$f":"VLOOKUP(M253,'Act. Proyecto'!$I$3:$Q$881,7,FALSE)","v":"Depto"},{"$f":"SUMIF('Resumen Frentes Semanal'!$K$6:$K$64,'Prog. Semanal TER'!N253,'Resumen Frentes Semanal'!$M$6:$M$64)","v":27000},null,null,null,null,null,0,null,null,null,null,null,null,null,null,null,null,null,null,null,null,null,null,null,null,null,null,null,null,null,null,null,null,null,null,null,null,null,null,null,null,null,null,null,null,null,null,null,null,null,null,null,null,null,null,null,null,null,null,null,null,null,null,null,null,null,null,null,null,null,null,null,null,null,null,null,null,null,null,null,null,null,null,null,null,null,null,null,null,null,null,null,null,null,null,null,null,null,null,null,null,null,null,null,null,null,null,null,null,null,null,null,null,null,null,null,null,null,null,null,null,null,null,null,null,null,null,null,null,null,null,null,null,null,null,null,null,null,null,null,null,null,null,null,null,null,null,null,null,null,null,null,null,null,null,null,null,null,null,null,null,null,null,null,null,null,null,null,null,null,null,null,null,null,null,null,null,null,null,null,null,null,null,null,null,null,null,null,"5F1.B","5F2.B",null,null,0,"5F1.2","5F2.2",null,null,null,1,null,null,null,null,null,null,"5F1","4F1","3F1","5F2","4F2",0.2,"5F2","4F1","4F2.1","3F1","3F2",0.55559999999999998,"5F1","4F2.2","3F1-2","2F1","2F2.1",1,"2F2.2","5F3","5F4","4F3-4","3-2F3-4",1,null,"5F5-6","4F5-6","3-2F5-6",null,0.5,"3-2F5-6",null,"1F3-4",null,null,1,null,"1F1-2","1F5","1F6","5F7",0.8,"5F7","5F8","4F7","4F8","3F7"]
[361,40,0,0,{"$f":"D254*$JF$254","v":0},4.3749999999999991,"TERM",null,null,null,null,{"$f":"SUMIF('Control de Avance'!$C$15:$C$9589,'Prog. Semanal TER'!M254,'Control de Avance'!$B$15:$B$9589)","v":1},"Instalación combinación de tina y porta challa",{"$f":"VLOOKUP(M254,'Act. Proyecto'!$I$3:$Q$881,2,FALSE)","v":"GASFITER T"},{"$f":"VLOOKUP(M254,'Act. Proyecto'!$I$3:$Q$881,3,FALSE)","v":"dh"},{"$f":"VLOOKUP(M254,'Act. Proyecto'!$I$3:$Q$881,4,FALSE)","v":0.10937499999999999},{"$f":"VLOOKUP(M254,'Act. Proyecto'!$I$3:$Q$881,5,FALSE)","v":1},0.10937499999999999,{"$f":"VLOOKUP(M254,'Act. Proyecto'!$I$3:$Q$881,7,FALSE)","v":"Depto"},{"$f":"SUMIF('Resumen Frentes Semanal'!$K$6:$K$64,'Prog. Semanal TER'!N254,'Resumen Frentes Semanal'!$M$6:$M$64)","v":7},null,null,null,null,null,0,null,null,null,null,null,null,null,null,null,null,null,null,null,null,null,null,null,null,null,null,null,null,null,null,null,null,null,null,null,null,null,null,null,null,null,null,null,null,null,null,null,null,null,null,null,null,null,null,null,null,null,null,null,null,null,null,null,null,null,null,null,null,null,null,null,null,null,null,null,null,null,null,null,null,null,null,null,null,null,null,null,null,null,null,null,null,null,null,null,null,null,null,null,null,null,null,null,null,null,null,null,null,null,null,null,null,null,null,null,null,null,null,null,null,null,null,null,null,null,null,null,null,null,null,null,null,null,null,null,null,null,null,null,null,null,null,null,null,null,null,null,null,null,null,null,null,null,null,null,null,null,null,null,null,null,null,null,null,null,null,null,null,null,null,null,"5F1","5F2","4F1-2",1,"3F1","3F2","2F1","2F2","5F3-4",1,"4F3","4F4","3F3","3F4","2F3",0,"4F3-4","3F3-4","2-1F3-4","5-4-3-2F5-6",1,null,null,null,null,null,null,null,null,null,null,null,null,"1F5-6","5F7-8","4F7-8","3F7-8","2F7-8",0.2,"5F7","5F8","4F7","4F8","3F7",0.8,"3F7-8","2F7-8","1F7-8","5F9","5F10",0,"3F7-8","2F7-8","1F7-8","5F9","5F10",0,"3F7-8","2F7-8","1F7-8","5F9-10",null,0,"3F7-8",null,"2F7-8",null,"1F7-8",0,null,null,null,null,null,null,"F7-8-9-10"]
[364,null,null,0,{"$f":"D255*$JF$255","v":0},0,"TERM",null,null,null,null,{"$f":"SUMIF('Control de Avance'!$C$15:$C$9589,'Prog. Semanal TER'!M255,'Control de Avance'!$B$15:$B$9589)","v":1},"Instalación KIT de calefont",{"$f":"VLOOKUP(M255,'Act. Proyecto'!$I$3:$Q$881,2,FALSE)","v":"CARP. ACCESORIOS"},{"$f":"VLOOKUP(M255,'Act. Proyecto'!$I$3:$Q$881,3,FALSE)","v":"un"},{"$f":"VLOOKUP(M255,'Act. Proyecto'!$I$3:$Q$881,4,FALSE)","v":1},{"$f":"VLOOKUP(M255,'Act. Proyecto'!$I$3:$Q$881,5,FALSE)","v":1200},1200,{"$f":"VLOOKUP(M255,'Act. Proyecto'!$I$3:$Q$881,7,FALSE)","v":"Depto"},{"$f":"SUMIF('Resumen Frentes Semanal'!$K$6:$K$64,'Prog. Semanal TER'!N255,'Resumen Frentes Semanal'!$M$6:$M$64)","v":78800},null,null,null,null,null,0,null,null,null,null,null,null,null,null,null,null,null,null,null,null,null,null,null,null,null,null,null,null,null,null,null,null,null,null,null,null,null,null,null,null,null,null,null,null,null,null,null,null,null,null,null,null,null,null,null,null,null,null,null,null,null,null,null,null,null,null,null,null,null,null,null,null,null,null,null,null,null,null,null,null,null,null,null,null,null,null,null,null,null,null,null,null,null,null,null,null,null,null,null,null,null,null,null,null,null,null,null,null,null,null,null,null,null,null,null,null,null,null,null,null,null,null,null,null,null,null,null,null,null,null,null,null,null,null,null,null,null,null,null,null,null,null,null,null,null,null,null,null,null,null,null,null,null,null,null,null,null,null,null,null,null,null,null,null,null,null,null,null,null,null,null,null,null,null,null,null,null,null,null,null,null,null,null,null,null,null,null,null,null,null,null,null,null,null,null,"5-4-3-2F1-2",null,1,null,null,null,null,"F3-4",1,null,null,null,"F5-6",null,1,null,null,null,null,null,null,null,null,null,null,null,null,null,"5F7-8","4F7-8","3F7-8","2-1F7-8",1,null,"5-4-3-2-1F9-10",null,null,null,1,"5-4-3-2F11-12-13-14",null,null,null,null,0]
[365,12,8,12390,{"$f":"D256*$JF$256","v":0},6195,"TERM",null,null,null,null,{"$f":"SUMIF('Control de Avance'!$C$15:$C$9589,'Prog. Semanal TER'!M256,'Control de Avance'!$B$15:$B$9589)","v":1},"Accesorios de baño",{"$f":"VLOOKUP(M256,'Act. Proyecto'!$I$3:$Q$881,2,FALSE)","v":"CARP. ACCESORIOS"},{"$f":"VLOOKUP(M256,'Act. Proyecto'!$I$3:$Q$881,3,FALSE)","v":"un"},{"$f":"VLOOKUP(M256,'Act. Proyecto'!$I$3:$Q$881,4,FALSE)","v":5.25},{"$f":"VLOOKUP(M256,'Act. Proyecto'!$I$3:$Q$881,5,FALSE)","v":295},1548.75,{"$f":"VLOOKUP(M256,'Act. Proyecto'!$I$3:$Q$881,7,FALSE)","v":"Depto"},{"$f":"SUMIF('Resumen Frentes Semanal'!$K$6:$K$64,'Prog. Semanal TER'!N256,'Resumen Frentes Semanal'!$M$6:$M$64)","v":78800},null,null,null,null,null,0,null,null,null,null,null,null,null,null,null,null,null,null,null,null,null,null,null,null,null,null,null,null,null,null,null,null,null,null,null,null,null,null,null,null,null,null,null,null,null,null,null,null,null,null,null,null,null,null,null,null,null,null,null,null,null,null,null,null,null,null,null,null,null,null,null,null,null,null,null,null,null,null,null,null,null,null,null,null,null,null,null,null,null,null,null,null,null,null,null,null,null,null,null,null,null,null,null,null,null,null,null,null,null,null,null,null,null,null,null,null,null,null,null,null,null,null,null,null,null,null,null,null,null,null,null,null,null,null,null,null,null,null,null,null,null,null,null,null,null,null,null,null,null,null,null,null,null,null,null,null,null,null,null,null,null,null,null,null,null,null,null,null,null,"5F1","5F2","4F1","4F2","3F1",0,null,null,null,null,"5F1",0,"5F1","5F2","4F1","4F2","3F1",0,"5F1","5F2","4F1","4F2",0,"5F1","5F2","4F1","4F2","3F1",0.4,"4F1","4F2","3F1","3F2","2F1",0,null,null,"4-3-2F1-2",null,null,1,null,null,"F3-4","F5-6",null,1,null,null,null,null,null,null,null,"5F7-8","4F7-8","3F7-8","2F7-8",1,null,null,null,null,null,null,null,"1F7-8",null,null,null,0,null,"5F9-10",null,"4F9-10",null,0,null,null,null,"1F1-2"]
[367,18,8,272020.19333333336,{"$f":"D257*$JF$257","v":272020.19333333336},340025.2416666667,"TERM",null,null,null,null,{"$f":"SUMIF('Control de Avance'!$C$15:$C$9589,'Prog. Semanal TER'!M257,'Control de Avance'!$B$15:$B$9589)","v":1},"Papel Mural Duplex Tono Beige",{"$f":"VLOOKUP(M257,'Act. Proyecto'!$I$3:$Q$881,2,FALSE)","v":"EMPAPELADOR"},{"$f":"VLOOKUP(M257,'Act. Proyecto'!$I$3:$Q$881,3,FALSE)","v":"m2"},{"$f":"VLOOKUP(M257,'Act. Proyecto'!$I$3:$Q$881,4,FALSE)","v":95.51270833333335},{"$f":"VLOOKUP(M257,'Act. Proyecto'!$I$3:$Q$881,5,FALSE)","v":356},34002.52416666667,{"$f":"VLOOKUP(M257,'Act. Proyecto'!$I$3:$Q$881,7,FALSE)","v":"Depto"},{"$f":"SUMIF('Resumen Frentes Semanal'!$K$6:$K$64,'Prog. Semanal TER'!N257,'Resumen Frentes Semanal'!$M$6:$M$64)","v":68005},null,null,null,null,null,0,null,null,null,null,null,null,null,null,null,null,null,null,null,null,null,null,null,null,null,null,null,null,null,null,null,null,null,null,null,null,null,null,null,null,null,null,null,null,null,null,null,null,null,null,null,null,null,null,null,null,null,null,null,null,null,null,null,null,null,null,null,null,null,null,null,null,null,null,null,null,null,null,null,null,null,null,null,null,null,null,null,null,null,null,null,null,null,null,null,null,null,null,null,null,null,null,null,null,null,null,null,null,null,null,null,null,null,null,null,null,null,null,null,null,null,null,null,null,null,null,null,null,null,null,null,null,null,null,null,null,null,null,null,null,null,null,null,null,null,null,null,null,null,null,null,null,null,null,null,"5F1",1,"5F2","4F1","4F2","3F1",null,1,"3F2","2F1","2F2","5F3",null,0.75,"5F3","5F4","4F3","4F4",null,0.75,"4F4","3F3.1","3F3.2","2F3","2F4",0.375,"3F3.2","3F4","2F3","2F4","1F3.1",0.625,"2F4","1F3","1F4","5F5",0.5,"1F4","5F5","5F6","4F5","4F6",0.6,"4F5","4F6","3F5","3F6.1","3F6.2",0.875,"3F6.2","1F5.1",null,"2F5","2F6",1,"1F5.2","1F6","5F7.1","5F7.2","4F7",0.71430000000000005,"5F8","4F7","4F8","3F7","3F8",1,"2F7","2F8.1","2F8.2","1F7-8","5F9",0.8,"5F9","5F10","4F9","4F10",null,1,"3F9","3F10","2F9","2F10","1F1-2",0.66669999999999996,null,"1F9","1F10","1F1","1F2",1,"5F11","5F12","4F11","4F12","3F11"]
[369,40,20,39185.833333333336,{"$f":"D258*$JF$258","v":39185.833333333336},39185.833333333336,"TERM",null,null,null,null,{"$f":"SUMIF('Control de Avance'!$C$15:$C$9589,'Prog. Semanal TER'!M258,'Control de Avance'!$B$15:$B$9589)","v":1},"Instalar tapas de artefactos, tablero y tapas ciegas con papel",{"$f":"VLOOKUP(M258,'Act. Proyecto'!$I$3:$Q$881,2,FALSE)","v":"ELÉCTRICO T"},{"$f":"VLOOKUP(M258,'Act. Proyecto'!$I$3:$Q$881,3,FALSE)","v":"centro"},{"$f":"VLOOKUP(M258,'Act. Proyecto'!$I$3:$Q$881,4,FALSE)","v":33.208333333333336},{"$f":"VLOOKUP(M258,'Act. Proyecto'!$I$3:$Q$881,5,FALSE)","v":59},1959.2916666666667,{"$f":"VLOOKUP(M258,'Act. Proyecto'!$I$3:$Q$881,7,FALSE)","v":"Depto"},{"$f":"SUMIF('Resumen Frentes Semanal'!$K$6:$K$64,'Prog. Semanal TER'!N258,'Resumen Frentes Semanal'!$M$6:$M$64)","v":82000},null,null,null,null,null,0,null,null,null,null,null,null,null,null,null,null,null,null,null,null,null,null,null,null,null,null,null,null,null,null,null,null,null,null,null,null,null,null,null,null,null,null,null,null,null,null,null,null,null,null,null,null,null,null,null,null,null,null,null,null,null,null,null,null,null,null,null,null,null,null,null,null,null,null,null,null,null,null,null,null,null,null,null,null,null,null,null,null,null,null,null,null,null,null,null,null,null,null,null,null,null,null,null,null,null,null,null,null,null,null,null,null,null,null,null,null,null,null,null,null,null,null,null,null,null,null,null,null,null,null,null,null,null,null,null,null,null,null,null,null,null,null,null,null,null,null,null,null,null,null,null,null,null,null,null,null,null,null,null,null,null,null,null,null,null,null,null,null,null,null,null,"5F1","5F2","4F1",0,"5F1","5F2","4F1","4F2","3F1",1,"3F2","2F1","2F2","5F3","5F4",1,"4F3","4F4","3F3","3F4",1,"2F3","2F4","1F3","1F4","5F6",0.8,"5F5","5F6","4F5","3F6","3F5",1,"3F6","2F5","2F6","1F5","1F6",0,null,null,null,null,null,0,null,null,null,null,null,0,null,null,null,null,null,null,"3F6","2-1F5-6","F7-8",null,null,0.33329999999999999,null,null,null,null,"F7-8",0,"F7-8",null,null,null,null,1,null,null,"F9-10"]
[370,8,6,12308.749999999998,{"$f":"D259*$JF$259","v":12308.749999999998},4102.9166666666661,"TERM",null,null,null,null,{"$f":"SUMIF('Control de Avance'!$C$15:$C$9589,'Prog. Semanal TER'!M259,'Control de Avance'!$B$15:$B$9589)","v":1},"Instalación quincallería y cuadre de ventana",{"$f":"VLOOKUP(M259,'Act. Proyecto'!$I$3:$Q$881,2,FALSE)","v":"ALUMINIO"},{"$f":"VLOOKUP(M259,'Act. Proyecto'!$I$3:$Q$881,3,FALSE)","v":"depto"},{"$f":"VLOOKUP(M259,'Act. Proyecto'!$I$3:$Q$881,4,FALSE)","v":4.770833333333333},{"$f":"VLOOKUP(M259,'Act. Proyecto'!$I$3:$Q$881,5,FALSE)","v":430},2051.458333333333,{"$f":"VLOOKUP(M259,'Act. Proyecto'!$I$3:$Q$881,7,FALSE)","v":"Depto"},{"$f":"SUMIF('Resumen Frentes Semanal'!$K$6:$K$64,'Prog. Semanal TER'!N259,'Resumen Frentes Semanal'!$M$6:$M$64)","v":29624},null,null,null,null,null,0,null,null,null,null,null,null,null,null,null,null,null,null,null,null,null,null,null,null,null,null,null,null,null,null,null,null,null,null,null,null,null,null,null,null,null,null,null,null,null,null,null,null,null,null,null,null,null,null,null,null,null,null,null,null,null,null,null,null,null,null,null,null,null,null,null,null,null,null,null,null,null,null,null,null,null,null,null,null,null,null,null,null,null,null,null,null,null,null,null,null,null,null,null,null,null,null,null,null,null,null,null,null,null,null,null,null,null,null,null,null,null,null,null,null,null,null,null,null,null,null,null,null,null,null,null,null,null,null,null,null,null,null,null,null,null,null,null,null,null,null,null,null,null,null,null,null,null,null,null,null,null,null,null,null,null,null,null,null,null,null,null,null,null,null,null,null,null,null,null,null,null,null,null,null,null,null,null,null,null,null,null,null,null,null,null,null,"5F1",null,null,null,null,1,null,null,null,null,null,null,null,null,null,"5-4F1-2","3F1",0,"5F1","5F2","4F1","4F2","3F1",0.8,null,null,"3F1","3F2","2F1",0.66669999999999996,"2F1-2",null,null,"5F3-4","4F3",1,"4F4","3F3","3F4","2F3-4",null,1,"1F3-4","5F5-6","4F5-6","3F5-6","2-1F5-6",0.66669999999999996,"2F5-6","1F5",null,null,null,1,"1F6"]
[371,8,6,9303.125,{"$f":"D260*$JF$260","v":9303.125},3101.0416666666665,"TERM",null,null,null,null,{"$f":"SUMIF('Control de Avance'!$C$15:$C$9589,'Prog. Semanal TER'!M260,'Control de Avance'!$B$15:$B$9589)","v":1},"Accesorios finales aluminios",{"$f":"VLOOKUP(M260,'Act. Proyecto'!$I$3:$Q$881,2,FALSE)","v":"ALUMINIO"},{"$f":"VLOOKUP(M260,'Act. Proyecto'!$I$3:$Q$881,3,FALSE)","v":"depto"},{"$f":"VLOOKUP(M260,'Act. Proyecto'!$I$3:$Q$881,4,FALSE)","v":4.770833333333333},{"$f":"VLOOKUP(M260,'Act. Proyecto'!$I$3:$Q$881,5,FALSE)","v":325},1550.5208333333333,{"$f":"VLOOKUP(M260,'Act. Proyecto'!$I$3:$Q$881,7,FALSE)","v":"Depto"},{"$f":"SUMIF('Resumen Frentes Semanal'!$K$6:$K$64,'Prog. Semanal TER'!N260,'Resumen Frentes Semanal'!$M$6:$M$64)","v":29624},null,null,null,null,null,0,null,null,null,null,null,null,null,null,null,null,null,null,null,null,null,null,null,null,null,null,null,null,null,null,null,null,null,null,null,null,null,null,null,null,null,null,null,null,null,null,null,null,null,null,null,null,null,null,null,null,null,null,null,null,null,null,null,null,null,null,null,null,null,null,null,null,null,null,null,null,null,null,null,null,null,null,null,null,null,null,null,null,null,null,null,null,null,null,null,null,null,null,null,null,null,null,null,null,null,null,null,null,null,null,null,null,null,null,null,null,null,null,null,null,null,null,null,null,null,null,null,null,null,null,null,null,null,null,null,null,null,null,null,null,null,null,null,null,null,null,null,null,null,null,null,null,null,null,null,null,null,null,null,null,null,null,null,null,null,null,null,null,null,null,null,null,null,null,null,null,null,null,null,null,null,null,null,null,null,null,null,null,null,null,null,null,"5F1",null,null,null,null,1,null,null,null,null,null,null,null,null,null,"5-4F1-2","3F1",0,"5F1","5F2","4F1","4F2","3F1",0.8,null,null,"3F1","3F2","2F1",0.66669999999999996,"2F1-2",null,null,"5F3-4","4F3",1,"4F4","3F3","3F4","2F3-4",null,1,"1F3-4","5F5-6","4F5-6","3F5-6","2-1F5-6",0.66669999999999996,"2F5-6","1F5",null,null,null,1,"1F6"]
[372,null,null,0,{"$f":"D261*$JF$261","v":0},0,"TERM",null,null,null,null,{"$f":"SUMIF('Control de Avance'!$C$15:$C$9589,'Prog. Semanal TER'!M261,'Control de Avance'!$B$15:$B$9589)","v":0},"Sello interior ventanas almendra acético",{"$f":"VLOOKUP(M261,'Act. Proyecto'!$I$3:$Q$881,2,FALSE)","v":{"$error":"#N/A"}},{"$f":"VLOOKUP(M261,'Act. Proyecto'!$I$3:$Q$881,3,FALSE)","v":{"$error":"#N/A"}},{"$f":"VLOOKUP(M261,'Act. Proyecto'!$I$3:$Q$881,4,FALSE)","v":{"$error":"#N/A"}},{"$f":"VLOOKUP(M261,'Act. Proyecto'!$I$3:$Q$881,5,FALSE)","v":{"$error":"#N/A"}},0,{"$f":"VLOOKUP(M261,'Act. Proyecto'!$I$3:$Q$881,7,FALSE)","v":{"$error":"#N/A"}},{"$f":"SUMIF('Resumen Frentes Semanal'!$K$6:$K$64,'Prog. Semanal TER'!N261,'Resumen Frentes Semanal'!$M$6:$M$64)","v":0},null,null,null,null,null,0]
[372,23,15,68587.5,{"$f":"D262*$JF$262","v":50295.213749999995},36580,"TERM",null,null,null,null,{"$f":"SUMIF('Control de Avance'!$C$15:$C$9589,'Prog. Semanal TER'!M262,'Control de Avance'!$B$15:$B$9589)","v":0},"Sello ventanas contra papel",{"$f":"VLOOKUP(M262,'Act. Proyecto'!$I$3:$Q$881,2,FALSE)","v":"PINTOR TERMINACIONES"},{"$f":"VLOOKUP(M262,'Act. Proyecto'!$I$3:$Q$881,3,FALSE)","v":"un"},{"$f":"VLOOKUP(M262,'Act. Proyecto'!$I$3:$Q$881,4,FALSE)","v":3.6875},{"$f":"VLOOKUP(M262,'Act. Proyecto'!$I$3:$Q$881,5,FALSE)","v":1240},4572.5,{"$f":"VLOOKUP(M262,'Act. Proyecto'!$I$3:$Q$881,7,FALSE)","v":"Depto"},{"$f":"SUMIF('Resumen Frentes Semanal'!$K$6:$K$64,'Prog. Semanal TER'!N262,'Resumen Frentes Semanal'!$M$6:$M$64)","v":31602},null,null,null,null,null,0,null,null,null,null,null,null,null,null,null,null,null,null,null,null,null,null,null,null,null,null,null,null,null,null,null,null,null,null,null,null,null,null,null,null,null,null,null,null,null,null,null,null,null,null,null,null,null,null,null,null,null,null,null,null,null,null,null,null,null,null,null,null,null,null,null,null,null,null,null,null,null,null,null,null,null,null,null,null,null,null,null,null,null,null,null,null,null,null,null,null,null,null,null,null,null,null,null,null,null,null,null,null,null,null,null,null,null,null,null,null,null,null,null,null,null,null,null,null,null,null,null,null,null,null,null,null,null,null,null,null,null,null,null,null,null,null,null,null,null,null,null,null,null,null,null,null,null,null,null,null,null,null,null,null,null,null,null,null,null,null,null,null,null,null,null,null,null,null,null,null,null,null,null,null,null,null,null,null,null,null,null,null,null,null,null,null,null,null,null,null,null,null,null,null,null,null,null,null,null,null,null,null,null,null,null,null,null,null,null,null,"5F1-2","4F1-2","3F1-2","2F1",null,1,"2F2",null,"5F3","5F4","4F3",0.25,"5F3-4","4F3-4","3F3-4","2F3",null,1,"2F4","1F3","1F4","5F5-6","4F5.1",1,"4F5.2","4F6","3F5-6","2F5-6","1F5-6",0.73329999999999995,"1F5","1F6",null,null,"1F1-2"]
[375,12,8,7817.5,{"$f":"D263*$JF$263","v":0},3908.75,"TERM",null,null,null,null,{"$f":"SUMIF('Control de Avance'!$C$15:$C$9589,'Prog. Semanal TER'!M263,'Control de Avance'!$B$15:$B$9589)","v":1},"Celosías y tapa registro interiores B (F+VC+REG) C (I+S+REG) LC (VC) LC (S) ",{"$f":"VLOOKUP(M263,'Act. Proyecto'!$I$3:$Q$881,2,FALSE)","v":"CARP. ACCESORIOS"},{"$f":"VLOOKUP(M263,'Act. Proyecto'!$I$3:$Q$881,3,FALSE)","v":"un"},{"$f":"VLOOKUP(M263,'Act. Proyecto'!$I$3:$Q$881,4,FALSE)","v":3.3125},{"$f":"VLOOKUP(M263,'Act. Proyecto'!$I$3:$Q$881,5,FALSE)","v":295},977.1875,{"$f":"VLOOKUP(M263,'Act. Proyecto'!$I$3:$Q$881,7,FALSE)","v":"Depto"},{"$f":"SUMIF('Resumen Frentes Semanal'!$K$6:$K$64,'Prog. Semanal TER'!N263,'Resumen Frentes Semanal'!$M$6:$M$64)","v":78800},null,null,null,null,null,0,null,null,null,null,null,null,null,null,null,null,null,null,null,null,null,null,null,null,null,null,null,null,null,null,null,null,null,null,null,null,null,null,null,null,null,null,null,null,null,null,null,null,null,null,null,null,null,null,null,null,null,null,null,null,null,null,null,null,null,null,null,null,null,null,null,null,null,null,null,null,null,null,null,null,null,null,null,null,null,null,null,null,null,null,null,null,null,null,null,null,null,null,null,null,null,null,null,null,null,null,null,null,null,null,null,null,null,null,null,null,null,null,null,null,null,null,null,null,null,null,null,null,null,null,null,null,null,null,null,null,null,null,null,null,null,null,null,null,null,null,null,null,null,null,null,null,null,null,null,null,null,null,null,null,null,null,null,null,null,null,null,null,null,null,null,"5F1","5F2","4F1",0,null,null,null,null,"5F1",0,"5F1","5F2","4F1","4F2","3F1",0,"5F1","5F2","4F1","4F2",0,"5F1","5F2","4F1","4F2","3F1",0.4,"4F1","4F2","3F1","3F2","2F1",0,null,null,null,null,null,null,"4F1","4F2","3-2F1-2","F3-4","F5-6",1,null,null,null,null,null,null,null,"5F7-8","4F7-8","3F7-8","2F7-8",1,null,null,null,null,null,null,null,"1F7-8",null,null,null,1,null,"5F9-10",null,"4F9-10",null,0,null,null,null,"1F1-2"]
[369,0,0,{"$f":"C264*$R264","v":0},{"$f":"D264*$JF$264","v":0},0,"TERM",null,null,null,null,1,"Armado e instalación de TDA",{"$f":"VLOOKUP(M264,'Act. Proyecto'!$I$3:$Q$881,2,FALSE)","v":"ELÉCTRICO T"},{"$f":"VLOOKUP(M264,'Act. Proyecto'!$I$3:$Q$881,3,FALSE)","v":"centro"},{"$f":"VLOOKUP(M264,'Act. Proyecto'!$I$3:$Q$881,4,FALSE)","v":1},{"$f":"VLOOKUP(M264,'Act. Proyecto'!$I$3:$Q$881,5,FALSE)","v":2500},{"$f":"IFERROR(P264*Q264,0)","v":2500},{"$f":"VLOOKUP(M264,'Act. Proyecto'!$I$3:$Q$881,7,FALSE)","v":"Depto"},{"$f":"SUMIF('Resumen Frentes Semanal'!$K$6:$K$64,'Prog. Semanal TER'!N264,'Resumen Frentes Semanal'!$M$6:$M$64)","v":82000},"4F3","4F4","3F3","3F4",1,"2F3","2F4","1F3","1F4","5F3",null,null,null,null,null,null,null,null,null,null,null,null,null,null,null,null,null,null,null,null,null,null,null,null,null,null,null,null,null,null,null,null,null,null,null,null,null,null,null,null,null,null,null,null,null,null,null,null,null,null,null,null,null,null,null,null,null,null,null,null,null,null,null,null,null,null,null,null,null,null,null,null,null,null,null,null,null,null,null,null,null,null,null,null,null,null,null,null,null,null,null,null,null,null,null,null,null,null,null,null,null,null,null,null,null,null,null,null,null,null,null,null,null,null,null,null,null,null,null,null,null,null,null,null,null,null,null,null,null,null,null,null,null,null,null,null,null,null,null,null,null,null,null,null,null,null,null,null,null,null,null,null,null,null,null,null,null,null,null,null,null,null,null,null,null,null,null,null,null,null,null,null,null,null,null,null,null,"5-4-3-2F1-2","F3-4","F5-6","F7-8",1,null,null,null,null,null,null,null,null,null,null,null,null,null,null,null,null,null,null,null,null,"5F9","5F10","4F9",1,null,null,"4F10","3F9-10","2F9-10",1,null,null,null,null,"1F10",0,null,null,null,null,null,null,"1F9","1F10","5F11","5F12",null,1,null,null,null,null,null,0]
[378,null,null,0,{"$f":"D265*$JF$265","v":0},0,"TERM",null,null,null,null,{"$f":"SUMIF('Control de Avance'!$C$15:$C$9589,'Prog. Semanal TER'!M265,'Control de Avance'!$B$15:$B$9589)","v":1},"Alambrar citófono",{"$f":"VLOOKUP(M265,'Act. Proyecto'!$I$3:$Q$881,2,FALSE)","v":"ADMINISTRACIÓN"},{"$f":"VLOOKUP(M265,'Act. Proyecto'!$I$3:$Q$881,3,FALSE)","v":"centro"},{"$f":"VLOOKUP(M265,'Act. Proyecto'!$I$3:$Q$881,4,FALSE)","v":1},{"$f":"VLOOKUP(M265,'Act. Proyecto'!$I$3:$Q$881,5,FALSE)","v":1},1,{"$f":"VLOOKUP(M265,'Act. Proyecto'!$I$3:$Q$881,7,FALSE)","v":"Depto"},{"$f":"SUMIF('Resumen Frentes Semanal'!$K$6:$K$64,'Prog. Semanal TER'!N265,'Resumen Frentes Semanal'!$M$6:$M$64)","v":0},null,null,null,null,null,0]
[379,null,null,0,{"$f":"D266*$JF$266","v":0},0,"TERM",null,null,null,null,{"$f":"SUMIF('Control de Avance'!$C$15:$C$9589,'Prog. Semanal TER'!M266,'Control de Avance'!$B$15:$B$9589)","v":1},"Instalación de citofonos",{"$f":"VLOOKUP(M266,'Act. Proyecto'!$I$3:$Q$881,2,FALSE)","v":"CARP. ACCESORIOS"},{"$f":"VLOOKUP(M266,'Act. Proyecto'!$I$3:$Q$881,3,FALSE)","v":"dh"},{"$f":"VLOOKUP(M266,'Act. Proyecto'!$I$3:$Q$881,4,FALSE)","v":0},{"$f":"VLOOKUP(M266,'Act. Proyecto'!$I$3:$Q$881,5,FALSE)","v":1},0,{"$f":"VLOOKUP(M266,'Act. Proyecto'!$I$3:$Q$881,7,FALSE)","v":"Depto"},{"$f":"SUMIF('Resumen Frentes Semanal'!$K$6:$K$64,'Prog. Semanal TER'!N266,'Resumen Frentes Semanal'!$M$6:$M$64)","v":78800},null,null,null,null,null,0]
[380,6,6,8325,{"$f":"D267*$JF$267","v":5550.2774999999992},0,"TERM",null,null,null,null,{"$f":"SUMIF('Control de Avance'!$C$15:$C$9589,'Prog. Semanal TER'!M267,'Control de Avance'!$B$15:$B$9589)","v":1},"Instalación extractores",{"$f":"VLOOKUP(M267,'Act. Proyecto'!$I$3:$Q$881,2,FALSE)","v":"ELÉCTRICO T"},{"$f":"VLOOKUP(M267,'Act. Proyecto'!$I$3:$Q$881,3,FALSE)","v":"un"},{"$f":"VLOOKUP(M267,'Act. Proyecto'!$I$3:$Q$881,4,FALSE)","v":2.3125},{"$f":"VLOOKUP(M267,'Act. Proyecto'!$I$3:$Q$881,5,FALSE)","v":600},1387.5,{"$f":"VLOOKUP(M267,'Act. Proyecto'!$I$3:$Q$881,7,FALSE)","v":"Depto"},{"$f":"SUMIF('Resumen Frentes Semanal'!$K$6:$K$64,'Prog. Semanal TER'!N267,'Resumen Frentes Semanal'!$M$6:$M$64)","v":82000},null,null,null,null,null,0,null,null,null,null,null,null,null,null,null,null,null,null,null,null,null,null,null,null,null,null,null,null,null,null,null,null,null,null,null,null,null,null,null,null,null,null,null,null,null,null,null,null,null,null,null,null,null,null,null,null,null,null,null,null,null,null,null,null,null,null,null,null,null,null,null,null,null,null,null,null,null,null,null,null,null,null,null,null,null,null,null,null,null,null,null,null,null,null,null,null,null,null,null,null,null,null,null,null,null,null,null,null,null,null,null,null,null,null,null,null,null,null,null,null,null,null,null,null,null,null,null,null,null,null,null,null,null,null,null,null,null,null,null,null,null,null,null,null,null,null,null,null,null,null,null,null,null,null,null,null,null,null,null,null,null,null,null,null,null,null,null,null,null,null,null,"5F1","5F2","4F1",0,null,null,null,null,null,null,null,null,null,null,null,null,null,null,null,null,null,"5-4F1-2","3-2F1-2","5-4F3-4","3-2F3-4","1F3-4",1,"5-4F5-6","3-2F5-6","1F5-6","5F7-8","4F7-8",1,"3F7","3F8","2F7","2F8","1F7",0.8,"1F7","1F8","5F9","5F10","4F9",1,null,null,null,"4F10","3F9",1,null,"3F10","2F9","2F10","1F10",0.25,null,null,"2F9","2F10",null,1,"1F9","1F10","5F11","5F12",null,0.5,null,"5F11-12",null,"4F11",null,0.66669999999999996]
[381,6,6,3552,{"$f":"D268*$JF$268","v":2368.1183999999998},0,"TERM",null,null,null,null,{"$f":"SUMIF('Control de Avance'!$C$15:$C$9589,'Prog. Semanal TER'!M268,'Control de Avance'!$B$15:$B$9589)","v":1},"Conexión extractores",{"$f":"VLOOKUP(M268,'Act. Proyecto'!$I$3:$Q$881,2,FALSE)","v":"ELÉCTRICO T"},{"$f":"VLOOKUP(M268,'Act. Proyecto'!$I$3:$Q$881,3,FALSE)","v":"centro"},{"$f":"VLOOKUP(M268,'Act. Proyecto'!$I$3:$Q$881,4,FALSE)","v":2.3125},{"$f":"VLOOKUP(M268,'Act. Proyecto'!$I$3:$Q$881,5,FALSE)","v":256},592,{"$f":"VLOOKUP(M268,'Act. Proyecto'!$I$3:$Q$881,7,FALSE)","v":"Depto"},{"$f":"SUMIF('Resumen Frentes Semanal'!$K$6:$K$64,'Prog. Semanal TER'!N268,'Resumen Frentes Semanal'!$M$6:$M$64)","v":82000},null,null,null,null,null,0,null,null,null,null,null,null,null,null,null,null,null,null,null,null,null,null,null,null,null,null,null,null,null,null,null,null,null,null,null,null,null,null,null,null,null,null,null,null,null,null,null,null,null,null,null,null,null,null,null,null,null,null,null,null,null,null,null,null,null,null,null,null,null,null,null,null,null,null,null,null,null,null,null,null,null,null,null,null,null,null,null,null,null,null,null,null,null,null,null,null,null,null,null,null,null,null,null,null,null,null,null,null,null,null,null,null,null,null,null,null,null,null,null,null,null,null,null,null,null,null,null,null,null,null,null,null,null,null,null,null,null,null,null,null,null,null,null,null,null,null,null,null,null,null,null,null,null,null,null,null,null,null,null,null,null,null,null,null,null,null,null,null,null,null,null,null,null,null,null,null,null,null,null,null,null,null,null,null,null,null,0,"5F1","5F2","4F1","4F2",0,"5-4F1-2","3-2F1-2","5-4F3-4","3-2F3-4","1F3-4",1,"5-4F5-6","3-2F5-6","1F5-6","5F7-8","4F7-8",1,"3F7","3F8","2F7","2F8","1F7",0.8,"1F7","1F8","5F9","5F10","4F9",1,null,null,null,"4F10","3F9",1,null,"3F10","2F9","2F10","1F10",0.25,null,null,"2F9","2F10",null,1,"1F9","1F10","5F11","5F12",null,0.5,null,"5F11-12",null,"4F11",null,0.66669999999999996]
[382,20,10,37875,{"$f":"D269*$JF$269","v":37875},37875,"TERM",null,null,null,null,{"$f":"SUMIF('Control de Avance'!$C$15:$C$9589,'Prog. Semanal TER'!M269,'Control de Avance'!$B$15:$B$9589)","v":1},"Segunda mano esmalte baranda terraza",{"$f":"VLOOKUP(M269,'Act. Proyecto'!$I$3:$Q$881,2,FALSE)","v":"PINTOR TERMINACIONES"},{"$f":"VLOOKUP(M269,'Act. Proyecto'!$I$3:$Q$881,3,FALSE)","v":"m2"},{"$f":"VLOOKUP(M269,'Act. Proyecto'!$I$3:$Q$881,4,FALSE)","v":7.5750000000000002},{"$f":"VLOOKUP(M269,'Act. Proyecto'!$I$3:$Q$881,5,FALSE)","v":500},3787.5,{"$f":"VLOOKUP(M269,'Act. Proyecto'!$I$3:$Q$881,7,FALSE)","v":"Depto"},{"$f":"SUMIF('Resumen Frentes Semanal'!$K$6:$K$64,'Prog. Semanal TER'!N269,'Resumen Frentes Semanal'!$M$6:$M$64)","v":31602},null,null,null,null,null,0,null,null,null,null,null,null,null,null,null,null,null,null,null,null,null,null,null,null,null,null,null,null,null,null,null,null,null,null,null,null,null,null,null,null,null,null,null,null,null,null,null,null,null,null,null,null,null,null,null,null,null,null,null,null,null,null,null,null,null,null,null,null,null,null,null,null,null,null,null,null,null,null,null,null,null,null,null,null,null,null,null,null,null,null,null,null,null,null,null,null,null,null,null,null,null,null,null,null,null,null,null,null,null,null,null,null,null,null,null,null,null,null,null,null,null,null,null,null,null,null,null,null,null,null,null,null,null,null,null,null,null,null,null,null,null,null,null,null,null,null,null,null,null,null,null,null,null,null,null,null,null,null,null,null,null,null,null,null,null,null,null,null,null,null,null,null,null,null,null,null,null,null,null,null,null,null,null,null,null,null,null,null,null,null,null,null,null,null,null,null,null,null,null,null,null,null,null,null,null,null,null,null,null,null,null,null,null,null,null,null,"5F1-2","4F1-2","3F1-2",null,null,1,"2F1-2",null,"5F3","5F4","4F3",0.8,"4F3","4F4","3F3","3F4",null,1,"2F3","2F4","1F3","1F4",null,0.5,"5F5","5F6","4F5","4F6","3F5",1,"3F6","2F5-6",null,null,"1F1-2"]
[382,20,10,22031.25,{"$f":"D270*$JF$270","v":22031.25},22031.25,"TERM",null,null,null,null,{"$f":"SUMIF('Control de Avance'!$C$15:$C$9589,'Prog. Semanal TER'!M270,'Control de Avance'!$B$15:$B$9589)","v":1},"Segunda mano permanit baranda terraza",{"$f":"VLOOKUP(M270,'Act. Proyecto'!$I$3:$Q$881,2,FALSE)","v":"PINTOR TERMINACIONES"},{"$f":"VLOOKUP(M270,'Act. Proyecto'!$I$3:$Q$881,3,FALSE)","v":"m2"},{"$f":"VLOOKUP(M270,'Act. Proyecto'!$I$3:$Q$881,4,FALSE)","v":4.40625},{"$f":"VLOOKUP(M270,'Act. Proyecto'!$I$3:$Q$881,5,FALSE)","v":500},2203.125,{"$f":"VLOOKUP(M270,'Act. Proyecto'!$I$3:$Q$881,7,FALSE)","v":"Depto"},{"$f":"SUMIF('Resumen Frentes Semanal'!$K$6:$K$64,'Prog. Semanal TER'!N270,'Resumen Frentes Semanal'!$M$6:$M$64)","v":31602},null,null,null,null,null,0,null,null,null,null,null,null,null,null,null,null,null,null,null,null,null,null,null,null,null,null,null,null,null,null,null,null,null,null,null,null,null,null,null,null,null,null,null,null,null,null,null,null,null,null,null,null,null,null,null,null,null,null,null,null,null,null,null,null,null,null,null,null,null,null,null,null,null,null,null,null,null,null,null,null,null,null,null,null,null,null,null,null,null,null,null,null,null,null,null,null,null,null,null,null,null,null,null,null,null,null,null,null,null,null,null,null,null,null,null,null,null,null,null,null,null,null,null,null,null,null,null,null,null,null,null,null,null,null,null,null,null,null,null,null,null,null,null,null,null,null,null,null,null,null,null,null,null,null,null,null,null,null,null,null,null,null,null,null,null,null,null,null,null,null,null,null,null,null,null,null,null,null,null,null,null,null,null,null,null,null,null,null,null,null,null,null,null,null,null,null,null,null,null,null,null,null,null,null,null,null,null,null,null,null,null,null,null,null,null,null,"5F1-2","4F1-2","3F1-2",null,null,1,"2F1-2",null,"5F3","5F4","4F3",0.8,"4F3","4F4","3F3","3F4",null,1,"2F3","2F4","1F3","1F4",null,0.5,"5F5","5F6","4F5","4F6","3F5",1,"3F6","2F5-6",null,null,"1F1-2"]
[385,16,6,{"$f":"C271*$R271","v":6600},{"$f":"D271*$JF$271","v":4400.2199999999993},{"$f":"(B271-C271)*R271","v":11000},"TERM",null,null,null,null,{"$f":"SUMIF('Control de Avance'!$C$15:$C$9589,'Prog. Semanal TER'!M271,'Control de Avance'!$B$15:$B$9589)","v":1},"Aseo terraza",{"$f":"VLOOKUP(M271,'Act. Proyecto'!$I$3:$Q$881,2,FALSE)","v":"ASEO"},{"$f":"VLOOKUP(M271,'Act. Proyecto'!$I$3:$Q$881,3,FALSE)","v":"cu"},{"$f":"VLOOKUP(M271,'Act. Proyecto'!$I$3:$Q$881,4,FALSE)","v":1},{"$f":"VLOOKUP(M271,'Act. Proyecto'!$I$3:$Q$881,5,FALSE)","v":1100},1100,{"$f":"VLOOKUP(M271,'Act. Proyecto'!$I$3:$Q$881,7,FALSE)","v":"Depto"},{"$f":"SUMIF('Resumen Frentes Semanal'!$K$6:$K$64,'Prog. Semanal TER'!N271,'Resumen Frentes Semanal'!$M$6:$M$64)","v":27000},null,null,null,null,null,0,null,null,null,null,null,null,null,null,null,null,null,null,null,null,null,null,null,null,null,null,null,null,null,null,null,null,null,null,null,null,null,null,null,null,null,null,null,null,null,null,null,null,null,null,null,null,null,null,null,null,null,null,null,null,null,null,null,null,null,null,null,null,null,null,null,null,null,null,null,null,null,null,null,null,null,null,null,null,null,null,null,null,null,null,null,null,null,null,null,null,null,null,null,null,null,null,null,null,null,null,null,null,null,null,null,null,null,null,null,null,null,null,null,null,null,null,null,null,null,null,null,null,null,null,null,null,null,null,null,null,null,null,null,null,null,null,null,null,null,null,null,null,null,null,null,null,null,null,null,null,null,null,null,null,null,null,null,null,null,null,null,null,null,null,null,null,null,null,null,null,null,null,null,null,null,null,null,null,null,null,null,null,null,null,null,null,"5F1.2","5F2.2",null,null,null,1,null,null,null,null,null,null,"5F1","4F1","3F1","5F2","4F2",0.2,"5F2","4F1","4F2.1","3F1","3F2",0.55559999999999998,"5F1","4F2.2","3F1-2","2F1","2F2.1",1,"2F2.2","5F3","5F4","4F3-4","3-2F3-4",1,null,"5F5-6","4F5-6","3-2F5-6",null,1,null,null,"1F3-4",null,null,1,null,null,"1F5","1F6","5F7",0.66669999999999996,"5F7","5F8","4F7","4F8","3F7"]
[386,12,2,1640,{"$f":"D272*$JF$272","v":0},8200,"TERM",null,null,null,null,{"$f":"SUMIF('Control de Avance'!$C$15:$C$9589,'Prog. Semanal TER'!M272,'Control de Avance'!$B$15:$B$9589)","v":1},"Traslado alfombra",{"$f":"VLOOKUP(M272,'Act. Proyecto'!$I$3:$Q$881,2,FALSE)","v":"LIMPIEZA Y TRASLADO"},{"$f":"VLOOKUP(M272,'Act. Proyecto'!$I$3:$Q$881,3,FALSE)","v":"depto"},{"$f":"VLOOKUP(M272,'Act. Proyecto'!$I$3:$Q$881,4,FALSE)","v":1},{"$f":"VLOOKUP(M272,'Act. Proyecto'!$I$3:$Q$881,5,FALSE)","v":820},820,{"$f":"VLOOKUP(M272,'Act. Proyecto'!$I$3:$Q$881,7,FALSE)","v":"Depto"},{"$f":"SUMIF('Resumen Frentes Semanal'!$K$6:$K$64,'Prog. Semanal TER'!N272,'Resumen Frentes Semanal'!$M$6:$M$64)","v":43500},null,null,null,null,null,0,null,null,null,null,null,null,null,null,null,null,null,null,null,null,null,null,null,null,null,null,null,null,null,null,null,null,null,null,null,null,null,null,null,null,null,null,null,null,null,null,null,null,null,null,null,null,null,null,null,null,null,null,null,null,null,null,null,null,null,null,null,null,null,null,null,null,null,null,null,null,null,null,null,null,null,null,null,null,null,null,null,null,null,null,null,null,null,null,null,null,null,null,null,null,null,null,null,null,null,null,null,null,null,null,null,null,null,null,null,null,null,null,null,null,null,null,null,null,null,null,null,null,null,null,null,null,null,null,null,null,null,null,null,null,null,null,null,null,null,null,null,null,null,null,null,null,null,null,null,null,null,null,null,null,null,null,null,null,null,null,null,null,null,null,"5F1","5F2","4F1","4F2",1,"3F1","3F2","2F1","2F2","5F3",1,"5F4","4F3","4F4","3F3","3F4",1,"3F4.2","2F3-4","1F3","1F4",1,null,null,"5F5","5F6","4F5",0.33329999999999999,"5F6","4F5","4F6","3F5","3F6",0.8,null,null,null,"3F6","2F5",1,null,"2F6","1F5-6","5F7-8","4F7",1,null,null,"4F7-8","3F7-8","2F7-8",1,null,null,null,null,"1F7-8",1,null,"5F9-10",null,"4F9",null,0.66669999999999996,"4F9","4F10","3F9-10","2F9-10",null,1,null,null,null,null,"5F11",0,"1F1","1F2","1F9","1F10","5F11"]
[387,18,8,153888.33333333331,{"$f":"D273*$JF$273","v":0},192360.41666666663,"TERM",null,null,null,null,{"$f":"SUMIF('Control de Avance'!$C$15:$C$9589,'Prog. Semanal TER'!M273,'Control de Avance'!$B$15:$B$9589)","v":1},"Alfombra 400 gr/m2 Beige / Depto Completo",{"$f":"VLOOKUP(M273,'Act. Proyecto'!$I$3:$Q$881,2,FALSE)","v":"CARP. ACCESORIOS"},{"$f":"VLOOKUP(M273,'Act. Proyecto'!$I$3:$Q$881,3,FALSE)","v":"m2"},{"$f":"VLOOKUP(M273,'Act. Proyecto'!$I$3:$Q$881,4,FALSE)","v":38.47208333333333},{"$f":"VLOOKUP(M273,'Act. Proyecto'!$I$3:$Q$881,5,FALSE)","v":500},{"$f":"IFERROR(P273*Q273,0)","v":19236.041666666664},{"$f":"VLOOKUP(M273,'Act. Proyecto'!$I$3:$Q$881,7,FALSE)","v":"Depto"},{"$f":"SUMIF('Resumen Frentes Semanal'!$K$6:$K$64,'Prog. Semanal TER'!N273,'Resumen Frentes Semanal'!$M$6:$M$64)","v":78800},null,null,null,null,null,0,null,null,null,null,null,null,null,null,null,null,null,null,null,null,null,null,null,null,null,null,null,null,null,null,null,null,null,null,null,null,null,null,null,null,null,null,null,null,null,null,null,null,null,null,null,null,null,null,null,null,null,null,null,null,null,null,null,null,null,null,null,null,null,null,null,null,null,null,null,null,null,null,null,null,null,null,null,null,null,null,null,null,null,null,null,null,null,null,null,null,null,null,null,null,null,null,null,null,null,null,null,null,null,null,null,null,null,null,null,null,null,null,null,null,null,null,null,null,null,null,null,null,null,null,null,null,null,null,null,null,null,null,null,null,null,null,null,null,null,null,null,null,null,null,null,null,null,null,null,null,null,null,null,null,null,null,null,null,null,null,null,null,null,null,"5F1","5F2","4F1","4F2",1,"3F1","3F2","2F1","2F2","5F3",0.8,"5F3","5F4","4F3","4F4","3F3",1,"3F4","2F3","2F4","1F3.1",0.85709999999999997,"1F3","1F4","5F5","5F6","4F5",0.4,"5F5","5F6","4F5","4F6","3F5",1,null,null,null,"3F6","2F5.1",1,"2F5.2","2F6","1F5","1F6","5F7.1",1,"5F7.2","5F8","4F7","4F8","3F7.1",1,"3F7.2","3F8","2F7","2F8","1F7",0.77780000000000005,"1F7","1F8","5F9","5F10",null,1,"4F9","4F10","3F9","3F10","2F9",1,null,"2F10","1F9","1F10","5F11",0,"1F1","1F2","1F9","1F10","5F11"]
[391,null,null,0,{"$f":"D274*$JF$274","v":0},0,"TERM",null,null,null,null,{"$f":"SUMIF('Control de Avance'!$C$15:$C$9589,'Prog. Semanal TER'!M274,'Control de Avance'!$B$15:$B$9589)","v":1},"Piso flotante Liso Beige / FALSO",{"$f":"VLOOKUP(M274,'Act. Proyecto'!$I$3:$Q$881,2,FALSE)","v":"CARP. ACCESORIOS"},{"$f":"VLOOKUP(M274,'Act. Proyecto'!$I$3:$Q$881,3,FALSE)","v":"m2"},{"$f":"VLOOKUP(M274,'Act. Proyecto'!$I$3:$Q$881,4,FALSE)","v":0},{"$f":"VLOOKUP(M274,'Act. Proyecto'!$I$3:$Q$881,5,FALSE)","v":840},0,{"$f":"VLOOKUP(M274,'Act. Proyecto'!$I$3:$Q$881,7,FALSE)","v":"Depto"},{"$f":"SUMIF('Resumen Frentes Semanal'!$K$6:$K$64,'Prog. Semanal TER'!N274,'Resumen Frentes Semanal'!$M$6:$M$64)","v":78800},null,null,null,null,null,0]
[233,14,6,0.34666666666666673,{"$f":"D275*$JF$275","v":0.34666666666666673},0.46222222222222231,"TERM",null,null,null,null,1,"Instalar muebles de cocina",{"$f":"VLOOKUP(M275,'Act. Proyecto'!$I$3:$Q$881,2,FALSE)","v":"MUEBLISTA"},{"$f":"VLOOKUP(M275,'Act. Proyecto'!$I$3:$Q$881,3,FALSE)","v":"dh"},{"$f":"VLOOKUP(M275,'Act. Proyecto'!$I$3:$Q$881,4,FALSE)","v":5.7777777777777789E-2},{"$f":"VLOOKUP(M275,'Act. Proyecto'!$I$3:$Q$881,5,FALSE)","v":1},5.7777777777777789E-2,{"$f":"VLOOKUP(M275,'Act. Proyecto'!$I$3:$Q$881,7,FALSE)","v":"Depto"},{"$f":"SUMIF('Resumen Frentes Semanal'!$K$6:$K$64,'Prog. Semanal TER'!N275,'Resumen Frentes Semanal'!$M$6:$M$64)","v":0.71},null,null,"3F7","3F8","2F7",0.66669999999999996,null,"2F7","2F8","1F7","1F8",null,null,null,null,null,null,null,null,null,null,null,null,null,null,null,null,null,null,null,null,null,null,null,null,null,null,null,null,null,null,null,null,null,null,null,null,null,null,null,null,null,null,null,null,null,null,null,null,null,null,null,null,null,null,null,null,null,null,null,null,null,null,null,null,null,null,null,null,null,null,null,null,null,null,null,null,null,null,null,null,null,null,null,null,null,null,null,null,null,null,null,null,null,null,null,null,null,null,null,null,null,null,null,null,null,null,null,null,null,null,null,null,null,null,null,null,null,null,null,null,null,null,null,null,null,null,null,null,null,null,null,null,null,null,null,null,null,null,null,null,null,null,null,null,null,null,null,null,null,null,null,null,null,null,null,null,null,null,null,null,null,null,null,null,null,null,null,null,null,null,null,null,null,null,null,null,null,null,null,null,null,null,null,"3F7","3F8","2F7",0.66669999999999996,null,"2F7","2F8","1F7","1F8",0,null,null,"2F7","2F8","1F7",0,"2F7","2F8","1F7","1F8","5F9",0,"2F7-8","1F7-8","5F9","5F10","4-3F9-10",1,null,"2F9","2F10","1F9","1F10",0.5,"1F9","1F10","5F11","5F12",null,1,"4F11","4F12","3F11","3F12","2F11",0.4,null,null,"1F1-2",null,"3F11",1,null,null,"3F11-12","2F11","2F12"]
[394,18,8,2.3888888888888884,{"$f":"D276*$JF$276","v":0},2.9861111111111107,"TERM",null,null,null,null,{"$f":"SUMIF('Control de Avance'!$C$15:$C$9589,'Prog. Semanal TER'!M276,'Control de Avance'!$B$15:$B$9589)","v":1},"Closet",{"$f":"VLOOKUP(M276,'Act. Proyecto'!$I$3:$Q$881,2,FALSE)","v":"MUEBLISTA"},{"$f":"VLOOKUP(M276,'Act. Proyecto'!$I$3:$Q$881,3,FALSE)","v":"dh"},{"$f":"VLOOKUP(M276,'Act. Proyecto'!$I$3:$Q$881,4,FALSE)","v":0.29861111111111105},{"$f":"VLOOKUP(M276,'Act. Proyecto'!$I$3:$Q$881,5,FALSE)","v":1},0.29861111111111105,{"$f":"VLOOKUP(M276,'Act. Proyecto'!$I$3:$Q$881,7,FALSE)","v":"Depto"},{"$f":"SUMIF('Resumen Frentes Semanal'!$K$6:$K$64,'Prog. Semanal TER'!N276,'Resumen Frentes Semanal'!$M$6:$M$64)","v":0.71},null,null,null,null,null,0,null,null,null,null,null,null,null,null,null,null,null,null,null,null,null,null,null,null,null,null,null,null,null,null,null,null,null,null,null,null,null,null,null,null,null,null,null,null,null,null,null,null,null,null,null,null,null,null,null,null,null,null,null,null,null,null,null,null,null,null,null,null,null,null,null,null,null,null,null,null,null,null,null,null,null,null,null,null,null,null,null,null,null,null,null,null,null,null,null,null,null,null,null,null,null,null,null,null,null,null,null,null,null,null,null,null,null,null,null,null,null,null,null,null,null,null,null,null,null,null,null,null,null,null,null,null,null,null,null,null,null,null,null,null,null,null,null,null,null,null,null,null,null,null,null,null,null,null,null,null,null,null,null,null,null,null,null,null,null,null,null,null,null,null,null,null,"5F1-2",null,0,null,null,"5F1","5F2","4F1-2",0.25,"5F2","4F1","4F2","3F1","3F2",0.4,"4F2","3F1-2","2F1-2","5F3-4",0.42859999999999998,"2F1-2","5F3-4","4F3","4F4","3F3",0.28570000000000001,"5F3","5F4","4F3","3F4","2F3",0.2,"5F3","5F4","4F3-4","3F3-4","2-1F3-4",1,"5F5","4F5","3F5-6",null,null,0.5,"5F6","4F6","3F5-6","2F5-6","1F5-6",0.75,"1F5","1F6","5F7","5F8","4F7-8",1,"3F7","3F8","2F7-8","1F7-8",null,1,null,null,null,null,null,1,null,null,null,"5F9-10","4F9-10",0,"5F9","5F10","1F1","1F2","4F9"]
[395,23,15,31996.124999999996,{"$f":"D277*$JF$277","v":23462.758462499994},17064.599999999999,"TERM",null,null,null,null,{"$f":"SUMIF('Control de Avance'!$C$15:$C$9589,'Prog. Semanal TER'!M277,'Control de Avance'!$B$15:$B$9589)","v":1},"Sellos en baño y cocina",{"$f":"VLOOKUP(M277,'Act. Proyecto'!$I$3:$Q$881,2,FALSE)","v":"PINTOR TERMINACIONES"},{"$f":"VLOOKUP(M277,'Act. Proyecto'!$I$3:$Q$881,3,FALSE)","v":"ml"},{"$f":"VLOOKUP(M277,'Act. Proyecto'!$I$3:$Q$881,4,FALSE)","v":17.775624999999998},{"$f":"VLOOKUP(M277,'Act. Proyecto'!$I$3:$Q$881,5,FALSE)","v":120},2133.0749999999998,{"$f":"VLOOKUP(M277,'Act. Proyecto'!$I$3:$Q$881,7,FALSE)","v":"Depto"},{"$f":"SUMIF('Resumen Frentes Semanal'!$K$6:$K$64,'Prog. Semanal TER'!N277,'Resumen Frentes Semanal'!$M$6:$M$64)","v":31602},null,null,null,null,null,0,null,null,null,null,null,null,null,null,null,null,null,null,null,null,null,null,null,null,null,null,null,null,null,null,null,null,null,null,null,null,null,null,null,null,null,null,null,null,null,null,null,null,null,null,null,null,null,null,null,null,null,null,null,null,null,null,null,null,null,null,null,null,null,null,null,null,null,null,null,null,null,null,null,null,null,null,null,null,null,null,null,null,null,null,null,null,null,null,null,null,null,null,null,null,null,null,null,null,null,null,null,null,null,null,null,null,null,null,null,null,null,null,null,null,null,null,null,null,null,null,null,null,null,null,null,null,null,null,null,null,null,null,null,null,null,null,null,null,null,null,null,null,null,null,null,null,null,null,null,null,null,null,null,null,null,null,null,null,null,null,null,null,null,null,null,null,null,null,null,null,null,null,null,null,null,null,null,null,null,null,null,null,null,null,null,null,null,null,null,null,null,null,null,null,null,null,null,null,null,null,null,null,null,null,null,null,null,null,null,null,"5F1-2","4F1-2","3F1-2","2F1","2F2",1,null,null,"5F3","5F4","4F3",0,"5F3-4","4F3-4","3F3-4","2F3",null,1,"2F4","1F3","1F4","5F5-6","4F5.1",1,"4F5.2","4F6","3F5-6","2F5-6","1F5-6",0.73329999999999995,"1F5","1F6",null,null,"1F1-2"]
[404,60,40,0,{"$f":"D278*$JF$278","v":0},0,"TERM",null,null,null,null,{"$f":"SUMIF('Control de Avance'!$C$15:$C$9589,'Prog. Semanal TER'!M278,'Control de Avance'!$B$15:$B$9589)","v":1},"Detalle de closet",{"$f":"VLOOKUP(M278,'Act. Proyecto'!$I$3:$Q$881,2,FALSE)","v":"MUEBLISTA"},{"$f":"VLOOKUP(M278,'Act. Proyecto'!$I$3:$Q$881,3,FALSE)","v":"dh"},{"$f":"VLOOKUP(M278,'Act. Proyecto'!$I$3:$Q$881,4,FALSE)","v":0},{"$f":"VLOOKUP(M278,'Act. Proyecto'!$I$3:$Q$881,5,FALSE)","v":1},0,{"$f":"VLOOKUP(M278,'Act. Proyecto'!$I$3:$Q$881,7,FALSE)","v":"Depto"},{"$f":"SUMIF('Resumen Frentes Semanal'!$K$6:$K$64,'Prog. Semanal TER'!N278,'Resumen Frentes Semanal'!$M$6:$M$64)","v":0.71},null,null,null,null,null,0,null,null,null,null,null,null,null,null,null,null,null,null,null,null,null,null,null,null,null,null,null,null,null,null,null,null,null,null,null,null,null,null,null,null,null,null,null,null,null,null,null,null,null,null,null,null,null,null,null,null,null,null,null,null,null,null,null,null,null,null,null,null,null,null,null,null,null,null,null,null,null,null,null,null,null,null,null,null,null,null,null,null,null,null,null,null,null,null,null,null,null,null,null,null,null,null,null,null,null,null,null,null,null,null,null,null,null,null,null,null,null,null,null,null,null,null,null,null,null,null,null,null,null,null,null,null,null,null,null,null,null,null,null,null,null,null,null,null,null,null,null,null,null,null,null,null,null,null,null,null,null,null,null,null,null,null,null,null,null,null,null,null,null,null,null,null,null,null,null,null,null,null,null,null,null,null,null,null,null,null,null,null,null,null,null,null,null,null,null,null,null,null,null,null,null,null,null,null,null,null,null,null,null,null,"F1-2",null,null,null,null,1,null,null,null,null,null,null,"F3-4",null,"F5-6",null,null,0,"F3-4","F5-6",null,null,null,0,"F3-4",null,null,null,null,1,"F5-6","F7-8",null,null,null,0.5,"F7-8"]
[387,18,8,{"$f":"C279*$R279","v":15388.833333333332},{"$f":"D279*$JF$279","v":0},19236.041666666664,"TERM",null,null,null,null,1,"Corte de alfombra",{"$f":"VLOOKUP(M279,'Act. Proyecto'!$I$3:$Q$881,2,FALSE)","v":"CARP. ACCESORIOS"},{"$f":"VLOOKUP(M279,'Act. Proyecto'!$I$3:$Q$881,3,FALSE)","v":"m2"},{"$f":"VLOOKUP(M279,'Act. Proyecto'!$I$3:$Q$881,4,FALSE)","v":38.47208333333333},{"$f":"VLOOKUP(M279,'Act. Proyecto'!$I$3:$Q$881,5,FALSE)","v":50},{"$f":"IFERROR(P279*Q279,0)","v":1923.6041666666665},{"$f":"VLOOKUP(M279,'Act. Proyecto'!$I$3:$Q$881,7,FALSE)","v":"Depto"},51000,"3F1","3F2","2F1","2F2","5F3",0.8,"5F3","5F4","4F3","4F4","3F3",null,null,null,null,null,null,null,null,null,null,null,null,null,null,null,null,null,null,null,null,null,null,null,null,null,null,null,null,null,null,null,null,null,null,null,null,null,null,null,null,null,null,null,null,null,null,null,null,null,null,null,null,null,null,null,null,null,null,null,null,null,null,null,null,null,null,null,null,null,null,null,null,null,null,null,null,null,null,null,null,null,null,null,null,null,null,null,null,null,null,null,null,null,null,null,null,null,null,null,null,null,null,null,null,null,null,null,null,null,null,null,null,null,null,null,null,null,null,null,null,null,null,null,null,null,null,null,null,null,null,null,null,null,null,null,null,null,null,null,null,null,null,null,null,null,null,null,null,null,null,null,null,null,null,null,null,null,null,null,null,null,null,null,null,"3F1","3F2","2F1","2F2","5F3",0.8,"5F3","5F4","4F3","4F4","3F3",1,"3F4","2F3","2F4","1F3.1",0.85709999999999997,"1F3","1F4","5F5","5F6","4F5",0.4,"5F5","5F6","4F5","4F6","3F5",1,null,null,null,"3F6","2F5.1",1,"2F5.2","2F6","1F5","1F6","5F7.1",1,"5F7.2","5F8","4F7","4F8","3F7.1",1,"3F7.2","3F8","2F7","2F8","1F7",0.77780000000000005,"1F7","1F8","5F9","5F10",null,1,"4F9","4F10","3F9","3F10","2F9",1,null,"2F10","1F9","1F10","5F11",0,"1F1","1F2","1F9","1F10","5F11"]
[405,28,12,34287.300000000003,{"$f":"D280*$JF$280","v":0},45716.400000000009,"TERM",null,null,null,null,{"$f":"SUMIF('Control de Avance'!$C$15:$C$9589,'Prog. Semanal TER'!M280,'Control de Avance'!$B$15:$B$9589)","v":1},"Cubrejunta Plastica Alfombra / D+B+C+ACC ",{"$f":"VLOOKUP(M280,'Act. Proyecto'!$I$3:$Q$881,2,FALSE)","v":"CARP. ACCESORIOS"},{"$f":"VLOOKUP(M280,'Act. Proyecto'!$I$3:$Q$881,3,FALSE)","v":"ml"},{"$f":"VLOOKUP(M280,'Act. Proyecto'!$I$3:$Q$881,4,FALSE)","v":5.2912500000000007},{"$f":"VLOOKUP(M280,'Act. Proyecto'!$I$3:$Q$881,5,FALSE)","v":540},2857.2750000000005,{"$f":"VLOOKUP(M280,'Act. Proyecto'!$I$3:$Q$881,7,FALSE)","v":"Depto"},{"$f":"SUMIF('Resumen Frentes Semanal'!$K$6:$K$64,'Prog. Semanal TER'!N280,'Resumen Frentes Semanal'!$M$6:$M$64)","v":78800},null,null,null,null,null,0,null,null,null,null,null,null,null,null,null,null,null,null,null,null,null,null,null,null,null,null,null,null,null,null,null,null,null,null,null,null,null,null,null,null,null,null,null,null,null,null,null,null,null,null,null,null,null,null,null,null,null,null,null,null,null,null,null,null,null,null,null,null,null,null,null,null,null,null,null,null,null,null,null,null,null,null,null,null,null,null,null,null,null,null,null,null,null,null,null,null,null,null,null,null,null,null,null,null,null,null,null,null,null,null,null,null,null,null,null,null,null,null,null,null,null,null,null,null,null,null,null,null,null,null,null,null,null,null,null,null,null,null,null,null,null,null,null,null,null,null,null,null,null,null,null,null,null,null,null,null,null,null,null,null,null,null,null,null,null,null,null,null,null,null,null,null,null,null,null,null,null,null,null,"5F1",0,"5F1","5F2","4F1","4F2","3F1",0,"5F1","5F2","4F1","4F2",0,"5F1","5F2","4F1-2","3F1","3F2.1",1,"3F2.2","2F1","2F2","5F3-4","4F3",0,null,null,null,null,null,null,null,"3F2.2","2F1","2F2","5F3-4",0,"3F1-2","2F1-2","5-4F3-4","3-2-1F3-4","5-4-3F5-6",1,"2-1F5-6","5F7-8","4F7-8","3F7-8","2F7-8",0.66669999999999996,null,null,"3F7-8","2F7-8",null,1,null,"1F7-8",null,null,null,0,"1F7-8","5F9-10",null,"4F9-10",null,0,null,"1F7-8","5F9-10","4F9-10","3F9-10"]
[409,20,8,11800,{"$f":"D281*$JF$281","v":0},17700,"TERM",null,null,null,null,{"$f":"SUMIF('Control de Avance'!$C$15:$C$9589,'Prog. Semanal TER'!M281,'Control de Avance'!$B$15:$B$9589)","v":1},"Tope puertas (puertas interiores)",{"$f":"VLOOKUP(M281,'Act. Proyecto'!$I$3:$Q$881,2,FALSE)","v":"CARP. ACCESORIOS"},{"$f":"VLOOKUP(M281,'Act. Proyecto'!$I$3:$Q$881,3,FALSE)","v":"cu"},{"$f":"VLOOKUP(M281,'Act. Proyecto'!$I$3:$Q$881,4,FALSE)","v":5},{"$f":"VLOOKUP(M281,'Act. Proyecto'!$I$3:$Q$881,5,FALSE)","v":295},1475,{"$f":"VLOOKUP(M281,'Act. Proyecto'!$I$3:$Q$881,7,FALSE)","v":"Depto"},{"$f":"SUMIF('Resumen Frentes Semanal'!$K$6:$K$64,'Prog. Semanal TER'!N281,'Resumen Frentes Semanal'!$M$6:$M$64)","v":78800},null,null,null,null,null,0,null,null,null,null,null,null,null,null,null,null,null,null,null,null,null,null,null,null,null,null,null,null,null,null,null,null,null,null,null,null,null,null,null,null,null,null,null,null,null,null,null,null,null,null,null,null,null,null,null,null,null,null,null,null,null,null,null,null,null,null,null,null,null,null,null,null,null,null,null,null,null,null,null,null,null,null,null,null,null,null,null,null,null,null,null,null,null,null,null,null,null,null,null,null,null,null,null,null,null,null,null,null,null,null,null,null,null,null,null,null,null,null,null,null,null,null,null,null,null,null,null,null,null,null,null,null,null,null,null,null,null,null,null,null,null,null,null,null,null,null,null,null,null,null,null,null,null,null,null,null,null,null,null,null,null,null,null,null,null,null,null,null,null,"5F1","5F2","4F1","4F2","3F1-2",1,"2F1-2","5F3-4","4F3",null,null,0.8,"4F3","4F4","3F3","3F4","2F3-4",1,"1F3-4",null,"5F5-6","4F5.A",1,"4F5.2-6",null,"3F5-6","2F5-6",null,0,null,"4F5.2-6","3F5-6","2F5-6","1F5",1,null,"1F6",null,null,null,1,"5F7-8",null,"4F7-8","3F7-8","2F7-8",1,"1F7-8",null,"5F9-10",null,"4F9-10",0.66669999999999996,"4F9-10",null,null,null,null,1,null,null,"3F9-10",null,null,1,"2F9-10",null,"1F9-10",null,"5F11-12",1,null,null,"4F11-12",null,"1F1-2",0,"1F1-2","4F11-12",null,"3F11-12"]
[410,20,6,37336.952499999999,{"$f":"D282*$JF$282","v":37336.952499999999},87119.555833333332,"TERM",null,null,null,null,{"$f":"SUMIF('Control de Avance'!$C$15:$C$9589,'Prog. Semanal TER'!M282,'Control de Avance'!$B$15:$B$9589)","v":1},"Junquillo",{"$f":"VLOOKUP(M282,'Act. Proyecto'!$I$3:$Q$881,2,FALSE)","v":"CARP. ACCESORIOS"},{"$f":"VLOOKUP(M282,'Act. Proyecto'!$I$3:$Q$881,3,FALSE)","v":"ml"},{"$f":"VLOOKUP(M282,'Act. Proyecto'!$I$3:$Q$881,4,FALSE)","v":45.422083333333333},{"$f":"VLOOKUP(M282,'Act. Proyecto'!$I$3:$Q$881,5,FALSE)","v":137},6222.8254166666666,{"$f":"VLOOKUP(M282,'Act. Proyecto'!$I$3:$Q$881,7,FALSE)","v":"Depto"},{"$f":"SUMIF('Resumen Frentes Semanal'!$K$6:$K$64,'Prog. Semanal TER'!N282,'Resumen Frentes Semanal'!$M$6:$M$64)","v":78800},null,null,null,null,null,0,null,null,null,null,null,null,null,null,null,null,null,null,null,null,null,null,null,null,null,null,null,null,null,null,null,null,null,null,null,null,null,null,null,null,null,null,null,null,null,null,null,null,null,null,null,null,null,null,null,null,null,null,null,null,null,null,null,null,null,null,null,null,null,null,null,null,null,null,null,null,null,null,null,null,null,null,null,null,null,null,null,null,null,null,null,null,null,null,null,null,null,null,null,null,null,null,null,null,null,null,null,null,null,null,null,null,null,null,null,null,null,null,null,null,null,null,null,null,null,null,null,null,null,null,null,null,null,null,null,null,null,null,null,null,null,null,null,null,null,null,null,null,null,null,null,null,null,null,null,null,null,null,null,null,null,null,null,null,null,null,null,null,null,null,null,null,null,null,null,null,"5F1-2","4F1-2","3F1",null,1,"3F2","2F1","2F2","5F3",null,0.75,null,"5F3-4","4F3-4","3F3-4",0.33329999999999999,"5F3-4","4F3-4",null,null,"2F3-4",0.66669999999999996,null,"5F3-4",null,null,null,1,null,null,"1F3-4","5F5-6","4F5",1,"4F6","3F5-6","2F5-6",null,"1F5-6",1,null,null,null,null,"5-4F7-8",1,null,null,null,"3F7-8","2F7",0.66669999999999996,null,"2F7-8",null,"1F7-8",null,1,null,null,null,null,null,null,"5F9-10",null,null,"4F9",null,1,"4F10","1F1","1F2","3F9-10","2F9-10"]
[411,null,null,0,{"$f":"D283*$JF$283","v":0},0,"TERM",null,null,null,null,{"$f":"SUMIF('Control de Avance'!$C$15:$C$9589,'Prog. Semanal TER'!M283,'Control de Avance'!$B$15:$B$9589)","v":1},"Segunda mano puerta DEPTO Y NICHO",{"$f":"VLOOKUP(M283,'Act. Proyecto'!$I$3:$Q$881,2,FALSE)","v":"PINTOR MADERA"},{"$f":"VLOOKUP(M283,'Act. Proyecto'!$I$3:$Q$881,3,FALSE)","v":"m2"},{"$f":"VLOOKUP(M283,'Act. Proyecto'!$I$3:$Q$881,4,FALSE)","v":19.15958333333333},{"$f":"VLOOKUP(M283,'Act. Proyecto'!$I$3:$Q$881,5,FALSE)","v":263},5038.9704166666661,{"$f":"VLOOKUP(M283,'Act. Proyecto'!$I$3:$Q$881,7,FALSE)","v":"Depto"},{"$f":"SUMIF('Resumen Frentes Semanal'!$K$6:$K$64,'Prog. Semanal TER'!N283,'Resumen Frentes Semanal'!$M$6:$M$64)","v":82000},null,null,null,null,null,0,null,null,null,null,null,null,null,null,null,null,null,null,null,null,null,null,null,null,null,null,null,null,null,null,null,null,null,null,null,null,null,null,null,null,null,null,null,null,null,null,null,null,null,null,null,null,null,null,null,null,null,null,null,null,null,null,null,null,null,null,null,null,null,null,null,null,null,null,null,null,null,null,null,null,null,null,null,null,null,null,null,null,null,null,null,null,null,null,null,null,null,null,null,null,null,null,null,null,null,null,null,null,null,null,null,null,null,null,null,null,null,null,null,null,null,null,null,null,null,null,null,null,null,null,null,null,null,null,null,null,null,null,null,null,null,null,null,null,null,null,null,null,null,null,1]
[411,22,10,{"$f":"C284*$R284","v":68681.686666666676},{"$f":"D284*$JF$284","v":41209.012000000002},{"$f":"(B284-C284)*R284","v":82418.024000000005},"TERM",null,null,null,null,1,"Segunda mano en marcos de puertas dpto",{"$f":"VLOOKUP(M284,'Act. Proyecto'!$I$3:$Q$881,2,FALSE)","v":"PINTOR MADERA"},{"$f":"VLOOKUP(M284,'Act. Proyecto'!$I$3:$Q$881,3,FALSE)","v":"m2"},{"$f":"VLOOKUP(M284,'Act. Proyecto'!$I$3:$Q$881,4,FALSE)","v":26.416033333333335},{"$f":"VLOOKUP(M284,'Act. Proyecto'!$I$3:$Q$881,5,FALSE)","v":260},{"$f":"IFERROR(P284*Q284,0)","v":6868.1686666666674},{"$f":"VLOOKUP(M284,'Act. Proyecto'!$I$3:$Q$881,7,FALSE)","v":"Depto"},54871,null,null,null,null,null,null,null,null,null,null,null,null,null,null,null,null,null,null,null,null,null,null,null,null,null,null,null,null,null,null,null,null,null,null,null,null,null,null,null,null,null,null,null,null,null,null,null,null,null,null,null,null,null,null,null,null,null,null,null,null,null,null,null,null,null,null,null,null,null,null,null,null,null,null,null,null,null,null,null,null,null,null,null,null,null,null,null,null,null,null,null,null,null,null,null,null,null,null,null,null,null,null,null,null,null,null,null,null,null,null,null,null,null,null,null,null,null,null,null,null,null,null,null,null,null,null,null,null,null,null,null,null,null,null,null,null,null,null,null,null,null,null,null,null,null,null,null,null,null,null,null,null,null,null,null,null,null,null,null,null,null,null,null,null,null,null,null,null,null,null,null,null,null,null,null,null,null,null,"5F1","5F2",1,"4F1-2",null,"3F1","3F2","2F1",1,"2F2","5F3","5F4","4F3",0.25,null,null,null,null,null,0,null,null,null,"5F3","5F4",1,"4F3","4F4","3F3-4","2F3-4","1F3-4",1,"5F5","5F6","4F5","4F6","3F5",0,"5F5","5F6","4F5-6","3F5-6","2F5",1,"2F6","1F5","1F6","5F7.1","5F8",0.77780000000000005,"5F7.2","5F8","4F7","4F8",null,0,"5F7.2","5F8","4F7-8","3F7-8","2F7",1,"2F8","1F7","1F8","5F9","5F10",0.6,"5F9","5F10","4F9-10","1F1","1F2"]
[411,22,10,7281.7031249999991,{"$f":"D285*$JF$285","v":4369.0218749999995},8738.0437499999989,"TERM",null,null,null,null,{"$f":"SUMIF('Control de Avance'!$C$15:$C$9589,'Prog. Semanal TER'!M285,'Control de Avance'!$B$15:$B$9589)","v":1},"Segunda mano pintura pilastra",{"$f":"VLOOKUP(M285,'Act. Proyecto'!$I$3:$Q$881,2,FALSE)","v":"PINTOR MADERA"},{"$f":"VLOOKUP(M285,'Act. Proyecto'!$I$3:$Q$881,3,FALSE)","v":"ml"},{"$f":"VLOOKUP(M285,'Act. Proyecto'!$I$3:$Q$881,4,FALSE)","v":16.181562499999998},{"$f":"VLOOKUP(M285,'Act. Proyecto'!$I$3:$Q$881,5,FALSE)","v":45},728.17031249999991,{"$f":"VLOOKUP(M285,'Act. Proyecto'!$I$3:$Q$881,7,FALSE)","v":"Depto"},{"$f":"SUMIF('Resumen Frentes Semanal'!$K$6:$K$64,'Prog. Semanal TER'!N285,'Resumen Frentes Semanal'!$M$6:$M$64)","v":82000},null,null,null,null,null,0,null,null,null,null,null,null,null,null,null,null,null,null,null,null,null,null,null,null,null,null,null,null,null,null,null,null,null,null,null,null,null,null,null,null,null,null,null,null,null,null,null,null,null,null,null,null,null,null,null,null,null,null,null,null,null,null,null,null,null,null,null,null,null,null,null,null,null,null,null,null,null,null,null,null,null,null,null,null,null,null,null,null,null,null,null,null,null,null,null,null,null,null,null,null,null,null,null,null,null,null,null,null,null,null,null,null,null,null,null,null,null,null,null,null,null,null,null,null,null,null,null,null,null,null,null,null,null,null,null,null,null,null,null,null,null,null,null,null,null,null,null,null,null,null,1,null,null,null,null,null,null,null,null,null,null,null,null,null,null,null,null,null,null,null,null,null,null,null,null,null,null,null,"5F1","5F2",1,"4F1-2",null,"3F1","3F2","2F1",1,"2F2","5F3","5F4","4F3",0.25,null,null,null,null,null,0,null,null,null,"5F3","5F4",1,"4F3","4F4","3F3-4","2F3-4","1F3-4",1,"5F5","5F6","4F5","4F6","3F5",0,"5F5","5F6","4F5-6","3F5-6","2F5",1,"2F6","1F5","1F6","5F7.1","5F8",0.77780000000000005,"5F7.2","5F8","4F7","4F8",null,0,"5F7.2","5F8","4F7-8","3F7-8","2F7",1,"2F8","1F7","1F8","5F9","5F10",0.6,"5F9","5F10","4F9-10","1F1","1F2"]
[412,22,10,59957.15,{"$f":"D286*$JF$286","v":35974.29},71948.58,"TERM",null,null,null,null,{"$f":"SUMIF('Control de Avance'!$C$15:$C$9589,'Prog. Semanal TER'!M286,'Control de Avance'!$B$15:$B$9589)","v":1},"Segunda mano guardapolvo",{"$f":"VLOOKUP(M286,'Act. Proyecto'!$I$3:$Q$881,2,FALSE)","v":"PINTOR MADERA"},{"$f":"VLOOKUP(M286,'Act. Proyecto'!$I$3:$Q$881,3,FALSE)","v":"ml"},{"$f":"VLOOKUP(M286,'Act. Proyecto'!$I$3:$Q$881,4,FALSE)","v":45.422083333333333},{"$f":"VLOOKUP(M286,'Act. Proyecto'!$I$3:$Q$881,5,FALSE)","v":132},5995.7150000000001,{"$f":"VLOOKUP(M286,'Act. Proyecto'!$I$3:$Q$881,7,FALSE)","v":"Depto"},{"$f":"SUMIF('Resumen Frentes Semanal'!$K$6:$K$64,'Prog. Semanal TER'!N286,'Resumen Frentes Semanal'!$M$6:$M$64)","v":82000},null,null,null,null,null,0,null,null,null,null,null,null,null,null,null,null,null,null,null,null,null,null,null,null,null,null,null,null,null,null,null,null,null,null,null,null,null,null,null,null,null,null,null,null,null,null,null,null,null,null,null,null,null,null,null,null,null,null,null,null,null,null,null,null,null,null,null,null,null,null,null,null,null,null,null,null,null,null,null,null,null,null,null,null,null,null,null,null,null,null,null,null,null,null,null,null,null,null,null,null,null,null,null,null,null,null,null,null,null,null,null,null,null,null,null,null,null,null,null,null,null,null,null,null,null,null,null,null,null,null,null,null,null,null,null,null,null,null,null,null,null,null,null,null,null,null,null,null,null,null,1,null,null,null,null,null,null,null,null,null,null,null,null,null,null,null,null,null,null,null,null,null,null,null,null,null,null,null,"5F1","5F2",1,"4F1-2",null,"3F1","3F2","2F1",1,"2F2","5F3","5F4","4F3",0.25,null,null,null,null,null,0,null,null,null,"5F3","5F4",1,"4F3","4F4","3F3-4","2F3-4","1F3-4",1,"5F5","5F6","4F5","4F6","3F5",0,"5F5","5F6","4F5-6","3F5-6","2F5",1,"2F6","1F5","1F6","5F7.1","5F8",0.77780000000000005,"5F7.2","5F8","4F7","4F8",null,0,"5F7.2","5F8","4F7-8","3F7-8","2F7",1,"2F8","1F7","1F8","5F9","5F10",0.6,"5F9","5F10","4F9-10","1F1","1F2"]
[412,22,10,7837.5,{"$f":"D287*$JF$287","v":4702.5},9405,"TERM",null,null,null,null,{"$f":"SUMIF('Control de Avance'!$C$15:$C$9589,'Prog. Semanal TER'!M287,'Control de Avance'!$B$15:$B$9589)","v":1},"Segunda mano guardapolvo sin cantería sobre vano de ventana",{"$f":"VLOOKUP(M287,'Act. Proyecto'!$I$3:$Q$881,2,FALSE)","v":"PINTOR MADERA"},{"$f":"VLOOKUP(M287,'Act. Proyecto'!$I$3:$Q$881,3,FALSE)","v":"ml"},{"$f":"VLOOKUP(M287,'Act. Proyecto'!$I$3:$Q$881,4,FALSE)","v":5.9375},{"$f":"VLOOKUP(M287,'Act. Proyecto'!$I$3:$Q$881,5,FALSE)","v":132},783.75,{"$f":"VLOOKUP(M287,'Act. Proyecto'!$I$3:$Q$881,7,FALSE)","v":"Depto"},{"$f":"SUMIF('Resumen Frentes Semanal'!$K$6:$K$64,'Prog. Semanal TER'!N287,'Resumen Frentes Semanal'!$M$6:$M$64)","v":82000},null,null,null,null,null,0,null,null,null,null,null,null,null,null,null,null,null,null,null,null,null,null,null,null,null,null,null,null,null,null,null,null,null,null,null,null,null,null,null,null,null,null,null,null,null,null,null,null,null,null,null,null,null,null,null,null,null,null,null,null,null,null,null,null,null,null,null,null,null,null,null,null,null,null,null,null,null,null,null,null,null,null,null,null,null,null,null,null,null,null,null,null,null,null,null,null,null,null,null,null,null,null,null,null,null,null,null,null,null,null,null,null,null,null,null,null,null,null,null,null,null,null,null,null,null,null,null,null,null,null,null,null,null,null,null,null,null,null,null,null,null,null,null,null,null,null,null,null,null,null,1,null,null,null,null,null,null,null,null,null,null,null,null,null,null,null,null,null,null,null,null,null,null,null,null,null,null,null,"5F1","5F2",1,"4F1-2",null,"3F1","3F2","2F1",1,"2F2","5F3","5F4","4F3",0.25,null,null,null,null,null,0,null,null,null,"5F3","5F4",1,"4F3","4F4","3F3-4","2F3-4","1F3-4",1,"5F5","5F6","4F5","4F6","3F5",0,"5F5","5F6","4F5-6","3F5-6","2F5",1,"2F6","1F5","1F6","5F7.1","5F8",0.77780000000000005,"5F7.2","5F8","4F7","4F8",null,0,"5F7.2","5F8","4F7-8","3F7-8","2F7",1,"2F8","1F7","1F8","5F9","5F10",0.6,"5F9","5F10","4F9-10","1F1","1F2"]
[413,16,6,6600,{"$f":"D288*$JF$288","v":4400.2199999999993},11000,"TERM",null,null,null,null,{"$f":"SUMIF('Control de Avance'!$C$15:$C$9589,'Prog. Semanal TER'!M288,'Control de Avance'!$B$15:$B$9589)","v":1},"Aseo closets",{"$f":"VLOOKUP(M288,'Act. Proyecto'!$I$3:$Q$881,2,FALSE)","v":"ASEO"},{"$f":"VLOOKUP(M288,'Act. Proyecto'!$I$3:$Q$881,3,FALSE)","v":"depto"},{"$f":"VLOOKUP(M288,'Act. Proyecto'!$I$3:$Q$881,4,FALSE)","v":1},{"$f":"VLOOKUP(M288,'Act. Proyecto'!$I$3:$Q$881,5,FALSE)","v":1100},1100,{"$f":"VLOOKUP(M288,'Act. Proyecto'!$I$3:$Q$881,7,FALSE)","v":"Depto"},{"$f":"SUMIF('Resumen Frentes Semanal'!$K$6:$K$64,'Prog. Semanal TER'!N288,'Resumen Frentes Semanal'!$M$6:$M$64)","v":27000},null,null,null,null,null,0,null,null,null,null,null,null,null,null,null,null,null,null,null,null,null,null,null,null,null,null,null,null,null,null,null,null,null,null,null,null,null,null,null,null,null,null,null,null,null,null,null,null,null,null,null,null,null,null,null,null,null,null,null,null,null,null,null,null,null,null,null,null,null,null,null,null,null,null,null,null,null,null,null,null,null,null,null,null,null,null,null,null,null,null,null,null,null,null,null,null,null,null,null,null,null,null,null,null,null,null,null,null,null,null,null,null,null,null,null,null,null,null,null,null,null,null,null,null,null,null,null,null,null,null,null,null,null,null,null,null,null,null,null,null,null,null,null,null,null,null,null,null,null,null,null,null,null,null,null,null,null,null,null,null,null,null,null,null,null,null,null,null,null,null,null,null,null,"5F1-2",0,null,null,null,"5F1-2","4F1-2",0,null,"5F1-2","4F1-2","3F1-2","2F1-2",0,"5F1","5F2","4F1","4F2",0,"5F1.2","5F2.2","5F1.1-5F2.1","4F1-2","3F1-2",0.15379999999999999,"5F1.1","5F2.1","4F1","4F2","3F1",0,"5F1.1","5F2.1","4F1","4F2","3F1",0,"5F2","4F1","4F2.1","3F1","3F2",0.55559999999999998,"5F1","4F2.2","3F1-2","2F1","2F2.1",1,"2F2.2","5F3","5F4","4F3-4","3-2F3-4",1,null,"5F5-6","4F5-6","3-2F5-6",null,1,null,null,"1F3-4",null,null,1,null,null,"1F5","1F6","5F7",0.66669999999999996,"5F7","5F8","4F7","4F8","3F7"]
[414,null,null,0,{"$f":"D289*$JF$289","v":0},0,"TERM",null,null,null,null,{"$f":"SUMIF('Control de Avance'!$C$15:$C$9589,'Prog. Semanal TER'!M289,'Control de Avance'!$B$15:$B$9589)","v":1},"Segunda mano de pintura puertas de acceso",{"$f":"VLOOKUP(M289,'Act. Proyecto'!$I$3:$Q$881,2,FALSE)","v":"PINTOR TERMINACIONES"},{"$f":"VLOOKUP(M289,'Act. Proyecto'!$I$3:$Q$881,3,FALSE)","v":"."},{"$f":"VLOOKUP(M289,'Act. Proyecto'!$I$3:$Q$881,4,FALSE)","v":0},{"$f":"VLOOKUP(M289,'Act. Proyecto'!$I$3:$Q$881,5,FALSE)","v":264},0,{"$f":"VLOOKUP(M289,'Act. Proyecto'!$I$3:$Q$881,7,FALSE)","v":"Depto"},{"$f":"SUMIF('Resumen Frentes Semanal'!$K$6:$K$64,'Prog. Semanal TER'!N289,'Resumen Frentes Semanal'!$M$6:$M$64)","v":31602},null,null,null,null,null,0]
[415,16,6,16500,{"$f":"D290*$JF$290","v":11000.55},27500,"TERM",null,null,null,null,{"$f":"SUMIF('Control de Avance'!$C$15:$C$9589,'Prog. Semanal TER'!M290,'Control de Avance'!$B$15:$B$9589)","v":1},"Aseo final después de alfombra (o piso flotante)",{"$f":"VLOOKUP(M290,'Act. Proyecto'!$I$3:$Q$881,2,FALSE)","v":"ASEO"},{"$f":"VLOOKUP(M290,'Act. Proyecto'!$I$3:$Q$881,3,FALSE)","v":"depto"},{"$f":"VLOOKUP(M290,'Act. Proyecto'!$I$3:$Q$881,4,FALSE)","v":1},{"$f":"VLOOKUP(M290,'Act. Proyecto'!$I$3:$Q$881,5,FALSE)","v":2750},2750,{"$f":"VLOOKUP(M290,'Act. Proyecto'!$I$3:$Q$881,7,FALSE)","v":"Depto"},{"$f":"SUMIF('Resumen Frentes Semanal'!$K$6:$K$64,'Prog. Semanal TER'!N290,'Resumen Frentes Semanal'!$M$6:$M$64)","v":27000},null,null,null,null,null,0,null,null,null,null,null,null,null,null,null,null,null,null,null,null,null,null,null,null,null,null,null,null,null,null,null,null,null,null,null,null,null,null,null,null,null,null,null,null,null,null,null,null,null,null,null,null,null,null,null,null,null,null,null,null,null,null,null,null,null,null,null,null,null,null,null,null,null,null,null,null,null,null,null,null,null,null,null,null,null,null,null,null,null,null,null,null,null,null,null,null,null,null,null,null,null,null,null,null,null,null,null,null,null,null,null,null,null,null,null,null,null,null,null,null,null,null,null,null,null,null,null,null,null,null,null,null,null,null,null,null,null,null,null,null,null,null,null,null,null,null,null,null,null,null,null,null,null,null,null,null,null,null,null,null,null,null,null,null,null,null,null,null,null,null,null,null,null,null,null,null,null,null,null,null,null,null,null,null,null,null,null,"5F1","5F2","4F1","4F2",0,"5F1.2","5F2.2","5F1.1-5F2.1","4F1-2","3F1-2",0.15379999999999999,"5F1.1","5F2.1","4F1","4F2","3F1",0,"5F1.1","5F2.1","4F1","4F2","3F1",0,"5F2","4F1","4F2.1","3F1","3F2",0.55559999999999998,"5F1","4F2.2","3F1-2","2F1","2F2.1",1,"2F2.2","5F3","5F4","4F3-4","3-2F3-4",1,null,"5F5-6","4F5-6","3-2F5-6",null,1,null,null,"1F3-4",null,null,1,null,null,"1F5","1F6","5F7",0.66669999999999996,"5F7","5F8","4F7","4F8","3F7"]
[417,20,0,0,{"$f":"D291*$JF$291","v":0},26154.906931964055,"TERM",null,null,null,null,{"$f":"SUMIF('Control de Avance'!$C$15:$C$9589,'Prog. Semanal TER'!M291,'Control de Avance'!$B$15:$B$9589)","v":1},"Revisión eléctrico",{"$f":"VLOOKUP(M291,'Act. Proyecto'!$I$3:$Q$881,2,FALSE)","v":"ELÉCTRICO T"},{"$f":"VLOOKUP(M291,'Act. Proyecto'!$I$3:$Q$881,3,FALSE)","v":"centro"},{"$f":"VLOOKUP(M291,'Act. Proyecto'!$I$3:$Q$881,4,FALSE)","v":31.208333333333332},{"$f":"VLOOKUP(M291,'Act. Proyecto'!$I$3:$Q$881,5,FALSE)","v":41.903722721437738},1307.7453465982028,{"$f":"VLOOKUP(M291,'Act. Proyecto'!$I$3:$Q$881,7,FALSE)","v":"Depto"},{"$f":"SUMIF('Resumen Frentes Semanal'!$K$6:$K$64,'Prog. Semanal TER'!N291,'Resumen Frentes Semanal'!$M$6:$M$64)","v":82000},null,null,null,null,null,0,null,null,null,null,null,null,null,null,null,null,null,null,null,null,null,null,null,null,null,null,null,null,null,null,null,null,null,null,null,null,null,null,null,null,null,null,null,null,null,null,null,null,null,null,null,null,null,null,null,null,null,null,null,null,null,null,null,null,null,null,null,null,null,null,null,null,null,null,null,null,null,null,null,null,null,null,null,null,null,null,null,null,null,null,null,null,null,null,null,null,null,null,null,null,null,null,null,null,null,null,null,null,null,null,null,null,null,null,null,null,null,null,null,null,null,null,null,null,null,null,null,null,null,null,null,null,null,null,null,null,null,null,null,null,null,null,null,null,null,null,null,null,null,null,null,null,null,null,null,null,null,null,null,null,null,null,null,null,null,null,null,null,null,null,null,null,null,null,null,null,null,null,null,null,null,null,null,null,null,null,null,null,null,null,null,null,null,null,null,null,null,null,null,null,null,null,null,null,null,null,null,null,null,null,null,null,null,null,null,null,null,null,null,null,"5-4-3-2F1-2",1,"F3-4",null,null,null,"F5-6",0.5,null,null,null,null,null,null,null,null,null,null,null,null,null,null,null,null,null,0,"F5-6"]
[418,12,12,4961.25,{"$f":"D292*$JF$292","v":4961.25},0,"TERM",null,null,null,null,{"$f":"SUMIF('Control de Avance'!$C$15:$C$9589,'Prog. Semanal TER'!M292,'Control de Avance'!$B$15:$B$9589)","v":1},"Instalación tapas WC, cuello cisne y cuello ducha",{"$f":"VLOOKUP(M292,'Act. Proyecto'!$I$3:$Q$881,2,FALSE)","v":"CARP. ACCESORIOS"},{"$f":"VLOOKUP(M292,'Act. Proyecto'!$I$3:$Q$881,3,FALSE)","v":"un"},{"$f":"VLOOKUP(M292,'Act. Proyecto'!$I$3:$Q$881,4,FALSE)","v":3.9375},{"$f":"VLOOKUP(M292,'Act. Proyecto'!$I$3:$Q$881,5,FALSE)","v":105},413.4375,{"$f":"VLOOKUP(M292,'Act. Proyecto'!$I$3:$Q$881,7,FALSE)","v":"Depto"},{"$f":"SUMIF('Resumen Frentes Semanal'!$K$6:$K$64,'Prog. Semanal TER'!N292,'Resumen Frentes Semanal'!$M$6:$M$64)","v":78800},null,null,null,null,null,0,null,null,null,null,null,null,null,null,null,null,null,null,null,null,null,null,null,null,null,null,null,null,null,null,null,null,null,null,null,null,null,null,null,null,null,null,null,null,null,null,null,null,null,null,null,null,null,null,null,null,null,null,null,null,null,null,null,null,null,null,null,null,null,null,null,null,null,null,null,null,null,null,null,null,null,null,null,null,null,null,null,null,null,null,null,null,null,null,null,null,null,null,null,null,null,null,null,null,null,null,null,null,null,null,null,null,null,null,null,null,null,null,null,null,null,null,null,null,null,null,null,null,null,null,null,null,null,null,null,null,null,null,null,null,null,null,null,null,null,null,null,null,null,null,null,null,null,null,null,null,null,null,null,null,null,null,null,null,null,null,null,null,null,null,null,null,null,null,null,null,null,null,null,null,null,null,null,null,null,null,null,null,null,null,null,null,"5F1","5F2",null,null,null,1,null,null,null,null,null,null,null,null,null,null,null,null,null,null,null,null,null,null,null,null,null,"4-3-2F1-2",null,0,"4-3-2F1-2",null,null,"5-4-3-2-1F3-4-5-6",null,0,"5-4-3-2-1F3-4-5-6",null,null,null,null,1,null,null,null,null,null,null,null,null,null,"3-2-1F5-6",null,1]
[419,null,null,0,{"$f":"D293*$JF$293","v":0},0,"TERM",null,null,null,null,{"$f":"SUMIF('Control de Avance'!$C$15:$C$9589,'Prog. Semanal TER'!M293,'Control de Avance'!$B$15:$B$9589)","v":1},"Numero dpto",{"$f":"VLOOKUP(M293,'Act. Proyecto'!$I$3:$Q$881,2,FALSE)","v":"CARP. ACCESORIOS"},{"$f":"VLOOKUP(M293,'Act. Proyecto'!$I$3:$Q$881,3,FALSE)","v":"un"},{"$f":"VLOOKUP(M293,'Act. Proyecto'!$I$3:$Q$881,4,FALSE)","v":1},{"$f":"VLOOKUP(M293,'Act. Proyecto'!$I$3:$Q$881,5,FALSE)","v":137},137,{"$f":"VLOOKUP(M293,'Act. Proyecto'!$I$3:$Q$881,7,FALSE)","v":"Depto"},{"$f":"SUMIF('Resumen Frentes Semanal'!$K$6:$K$64,'Prog. Semanal TER'!N293,'Resumen Frentes Semanal'!$M$6:$M$64)","v":78800},null,null,null,null,null,0,null,null,null,null,null,null,null,null,null,null,null,null,null,null,null,null,null,null,null,null,null,null,null,null,null,null,null,null,null,null,null,null,null,null,null,null,null,null,null,null,null,null,null,null,null,null,null,null,null,null,null,null,null,null,null,null,null,null,null,null,null,null,null,null,null,null,null,null,null,null,null,null,null,null,null,null,null,null,null,null,null,null,null,null,null,null,null,null,null,null,null,null,null,null,null,null,null,null,null,null,null,null,null,null,null,null,null,null,null,null,null,null,null,null,null,null,null,null,null,null,null,null,null,null,null,null,null,null,null,null,null,null,null,null,null,null,null,null,null,null,null,null,null,null,null,null,null,null,null,null,null,null,null,null,null,null,null,null,null,null,null,null,null,null,null,null,null,null,null,null,null,null,null,null,null,null,null,null,null,null,null,null,null,null,null,null,null,null,null,null,null,null,null,null,null,null,null,null,null,null,null,null,null,null,null,null,null,null,null,null,null,null,null,null,null,null,null,null,null,null,null,null,null,null,null,null,null,null,null,"5-4-3-2F1-2",null,"5-4-3-2-1F3-4",null,0]
[420,null,null,0,{"$f":"D294*$JF$294","v":0},0,"TERM",null,null,null,null,{"$f":"SUMIF('Control de Avance'!$C$15:$C$9589,'Prog. Semanal TER'!M294,'Control de Avance'!$B$15:$B$9589)","v":1},"Sacar detalles para entrega inmobiliaria",{"$f":"VLOOKUP(M294,'Act. Proyecto'!$I$3:$Q$881,2,FALSE)","v":"INMOBILIARIA"},{"$f":"VLOOKUP(M294,'Act. Proyecto'!$I$3:$Q$881,3,FALSE)","v":"."},{"$f":"VLOOKUP(M294,'Act. Proyecto'!$I$3:$Q$881,4,FALSE)","v":1},{"$f":"VLOOKUP(M294,'Act. Proyecto'!$I$3:$Q$881,5,FALSE)","v":1},1,{"$f":"VLOOKUP(M294,'Act. Proyecto'!$I$3:$Q$881,7,FALSE)","v":"Depto"},{"$f":"SUMIF('Resumen Frentes Semanal'!$K$6:$K$64,'Prog. Semanal TER'!N294,'Resumen Frentes Semanal'!$M$6:$M$64)","v":0},null,null,null,null,null,0]
[421,null,null,0,{"$f":"D295*$JF$295","v":0},0,"TERM",null,null,null,null,{"$f":"SUMIF('Control de Avance'!$C$15:$C$9589,'Prog. Semanal TER'!M295,'Control de Avance'!$B$15:$B$9589)","v":1},"Primera entrega inmobiliaria",{"$f":"VLOOKUP(M295,'Act. Proyecto'!$I$3:$Q$881,2,FALSE)","v":"INMOBILIARIA"},{"$f":"VLOOKUP(M295,'Act. Proyecto'!$I$3:$Q$881,3,FALSE)","v":"."},{"$f":"VLOOKUP(M295,'Act. Proyecto'!$I$3:$Q$881,4,FALSE)","v":1},{"$f":"VLOOKUP(M295,'Act. Proyecto'!$I$3:$Q$881,5,FALSE)","v":1},1,{"$f":"VLOOKUP(M295,'Act. Proyecto'!$I$3:$Q$881,7,FALSE)","v":"Depto"},{"$f":"SUMIF('Resumen Frentes Semanal'!$K$6:$K$64,'Prog. Semanal TER'!N295,'Resumen Frentes Semanal'!$M$6:$M$64)","v":0},null,null,null,null,null,0]
[422,null,null,0,{"$f":"D296*$JF$296","v":0},0,"TERM",null,null,null,null,{"$f":"SUMIF('Control de Avance'!$C$15:$C$9589,'Prog. Semanal TER'!M296,'Control de Avance'!$B$15:$B$9589)","v":1},"Sacar detalles de 1ra entrega inmobiliaria",{"$f":"VLOOKUP(M296,'Act. Proyecto'!$I$3:$Q$881,2,FALSE)","v":"PINTOR TERMINACIONES"},{"$f":"VLOOKUP(M296,'Act. Proyecto'!$I$3:$Q$881,3,FALSE)","v":"."},{"$f":"VLOOKUP(M296,'Act. Proyecto'!$I$3:$Q$881,4,FALSE)","v":1},{"$f":"VLOOKUP(M296,'Act. Proyecto'!$I$3:$Q$881,5,FALSE)","v":1},1,{"$f":"VLOOKUP(M296,'Act. Proyecto'!$I$3:$Q$881,7,FALSE)","v":"Depto"},{"$f":"SUMIF('Resumen Frentes Semanal'!$K$6:$K$64,'Prog. Semanal TER'!N296,'Resumen Frentes Semanal'!$M$6:$M$64)","v":31602},null,null,null,null,null,0]
[423,null,null,0,{"$f":"D297*$JF$297","v":0},0,"TERM",null,null,null,null,{"$f":"SUMIF('Control de Avance'!$C$15:$C$9589,'Prog. Semanal TER'!M297,'Control de Avance'!$B$15:$B$9589)","v":1},"Segunda entrega inmobiliaria",{"$f":"VLOOKUP(M297,'Act. Proyecto'!$I$3:$Q$881,2,FALSE)","v":"INMOBILIARIA"},{"$f":"VLOOKUP(M297,'Act. Proyecto'!$I$3:$Q$881,3,FALSE)","v":"."},{"$f":"VLOOKUP(M297,'Act. Proyecto'!$I$3:$Q$881,4,FALSE)","v":1},{"$f":"VLOOKUP(M297,'Act. Proyecto'!$I$3:$Q$881,5,FALSE)","v":1},1,{"$f":"VLOOKUP(M297,'Act. Proyecto'!$I$3:$Q$881,7,FALSE)","v":"Depto"},{"$f":"SUMIF('Resumen Frentes Semanal'!$K$6:$K$64,'Prog. Semanal TER'!N297,'Resumen Frentes Semanal'!$M$6:$M$64)","v":0},null,null,null,null,null,0]
[424,null,null,0,{"$f":"D298*$JF$298","v":0},0,"TERM",null,null,null,null,{"$f":"SUMIF('Control de Avance'!$C$15:$C$9589,'Prog. Semanal TER'!M298,'Control de Avance'!$B$15:$B$9589)","v":1},"Revisión de luz y agua departamentos con inmobiliaria",{"$f":"VLOOKUP(M298,'Act. Proyecto'!$I$3:$Q$881,2,FALSE)","v":"ADMINISTRACIÓN"},{"$f":"VLOOKUP(M298,'Act. Proyecto'!$I$3:$Q$881,3,FALSE)","v":"."},{"$f":"VLOOKUP(M298,'Act. Proyecto'!$I$3:$Q$881,4,FALSE)","v":1},{"$f":"VLOOKUP(M298,'Act. Proyecto'!$I$3:$Q$881,5,FALSE)","v":1},1,{"$f":"VLOOKUP(M298,'Act. Proyecto'!$I$3:$Q$881,7,FALSE)","v":"Depto"},{"$f":"SUMIF('Resumen Frentes Semanal'!$K$6:$K$64,'Prog. Semanal TER'!N298,'Resumen Frentes Semanal'!$M$6:$M$64)","v":0},null,null,null,null,null,0]
[425,null,null,0,{"$f":"D299*$JF$299","v":0},0,"TERM",null,null,null,null,{"$f":"SUMIF('Control de Avance'!$C$15:$C$9589,'Prog. Semanal TER'!M299,'Control de Avance'!$B$15:$B$9589)","v":0},"TREN 1ER PISO ZONA COMUN",{"$f":"VLOOKUP(M299,'Act. Proyecto'!$I$3:$Q$881,2,FALSE)","v":"."},{"$f":"VLOOKUP(M299,'Act. Proyecto'!$I$3:$Q$881,3,FALSE)","v":"."},{"$f":"VLOOKUP(M299,'Act. Proyecto'!$I$3:$Q$881,4,FALSE)","v":0},{"$f":"VLOOKUP(M299,'Act. Proyecto'!$I$3:$Q$881,5,FALSE)","v":"."},0,{"$f":"VLOOKUP(M299,'Act. Proyecto'!$I$3:$Q$881,7,FALSE)","v":"."},{"$f":"SUMIF('Resumen Frentes Semanal'!$K$6:$K$64,'Prog. Semanal TER'!N299,'Resumen Frentes Semanal'!$M$6:$M$64)","v":0},null,null,null,null,null,0]
[527,3,0,0,{"$f":"D300*$JF$300","v":0},15000,"TERM",null,null,null,null,{"$f":"SUMIF('Control de Avance'!$C$15:$C$9589,'Prog. Semanal TER'!M300,'Control de Avance'!$B$15:$B$9589)","v":1},"Sobre losa techumbre acceso",{"$f":"VLOOKUP(M300,'Act. Proyecto'!$I$3:$Q$881,2,FALSE)","v":"ALBAÑIL TERMINACIONES"},{"$f":"VLOOKUP(M300,'Act. Proyecto'!$I$3:$Q$881,3,FALSE)","v":"cu"},{"$f":"VLOOKUP(M300,'Act. Proyecto'!$I$3:$Q$881,4,FALSE)","v":1},{"$f":"VLOOKUP(M300,'Act. Proyecto'!$I$3:$Q$881,5,FALSE)","v":5000},5000,{"$f":"VLOOKUP(M300,'Act. Proyecto'!$I$3:$Q$881,7,FALSE)","v":"Edif"},{"$f":"SUMIF('Resumen Frentes Semanal'!$K$6:$K$64,'Prog. Semanal TER'!N300,'Resumen Frentes Semanal'!$M$6:$M$64)","v":52341},null,null,null,null,null,0,null,null,null,null,null,null,null,null,null,null,null,null,null,null,null,null,null,null,null,null,null,null,null,null,null,null,null,null,null,null,null,null,null,null,null,null,"F1-2",null,null,0,null,null,"F1-2","F3-4",null,0,"F1-2-3-4",null,null,null,null,0,null,"F1-2","F3-4",null,0,null,null,"F1-2","F3-4","F5-6",0,"F1-2","F3-4","F5-6",null,null,0,null,null,null,null,null,null,null,null,null,null,null,null,null,null,null,null,null,0,null,null,null,null,null,null,null,"F1-2","F3-4","F5-6",null,0,null,"F1-2",null,1,null,"F3-4",null,null,null,0,null,null,null,null,"F3-4",0,null,null,null,null,null,0,null,null,null,null,null,0,null,null,"F3-4",null,null,0,null,null,null,"F3-4","F5-6",0,"F3-4","F5-6","F7-8","F9-10",null,0.75,null,null,"F9-10-11-12",null,null,1,null,"F13-14",null,null,null,0,null,null,null,null,null,0,null,"F13-14-15-15",null,null,null,0,"F13-14-15-15-16-16",null,null,null,null,0,"F13-14-15-15",null,null,null,null,0,"F13-14-15-15",null,null,null,0,"F13-14-15-15-16-16",null,null,null,null,0,null,null,null,null,"F13-14-15-15-16-16",0,null,null,"F13-14-15-15-16-16",null,null,0,"F13-14-15-15-16-16",null,null,null,null,0,null,null,null,null,null,null,null,null,null,null,"F11-12-13-14",0,null,null,null,null,null,null,null,null,null,null,null,null,null,null,null,null,null,null,"F11-12-13-14-15-15"]
[528,3,0,0,{"$f":"D301*$JF$301","v":0},1830,"TERM",null,null,null,null,{"$f":"SUMIF('Control de Avance'!$C$15:$C$9589,'Prog. Semanal TER'!M301,'Control de Avance'!$B$15:$B$9589)","v":1},"Remate de bajada de aguas lluvias techumbre acceso",{"$f":"VLOOKUP(M301,'Act. Proyecto'!$I$3:$Q$881,2,FALSE)","v":"ALBAÑIL TERMINACIONES"},{"$f":"VLOOKUP(M301,'Act. Proyecto'!$I$3:$Q$881,3,FALSE)","v":"cu"},{"$f":"VLOOKUP(M301,'Act. Proyecto'!$I$3:$Q$881,4,FALSE)","v":1},{"$f":"VLOOKUP(M301,'Act. Proyecto'!$I$3:$Q$881,5,FALSE)","v":610},610,{"$f":"VLOOKUP(M301,'Act. Proyecto'!$I$3:$Q$881,7,FALSE)","v":"Edif"},{"$f":"SUMIF('Resumen Frentes Semanal'!$K$6:$K$64,'Prog. Semanal TER'!N301,'Resumen Frentes Semanal'!$M$6:$M$64)","v":52341},null,null,null,null,null,0,null,null,null,null,null,null,null,null,null,null,null,null,null,null,null,null,null,null,null,null,null,null,null,null,null,null,null,null,null,null,null,null,null,null,null,null,null,null,null,null,null,null,"F1-2","F3-4",null,0,null,null,null,null,null,null,null,"F1-2","F3-4",null,0,null,null,"F1-2","F3-4","F5-6",0,"F1-2","F3-4","F5-6",null,null,0,null,null,null,null,null,null,null,null,null,null,null,null,null,null,null,null,null,null,null,null,null,null,null,null,null,null,null,null,null,null,null,null,null,null,null,null,null,null,null,null,null,null,null,null,null,null,null,null,null,null,null,null,null,null,null,null,null,null,null,null,null,null,null,null,null,null,null,null,null,null,null,null,null,null,null,null,null,null,null,null,null,null,null,null,null,null,null,null,null,null,null,null,null,null,null,null,null,null,null,null,null,null,null,null,null,null,null,null,null,null,null,null,null,null,null,null,null,null,null,null,null,null,null,null,null,null,null,"F13-14-15-15-16-16",0,null,null,"F13-14-15-15-16-16",null,null,0,"F13-14-15-15-16-16",null,null,null,null,0,null,null,null,null,null,null,null,null,null,null,null,null,null,null,null,null,null,null,null,null,null,null,null,null,null,null,null,null,null,null,"F11-12-13-14-15-15"]
[426,null,null,0,{"$f":"D302*$JF$302","v":0},0,"TERM",null,null,null,null,{"$f":"SUMIF('Control de Avance'!$C$15:$C$9589,'Prog. Semanal TER'!M302,'Control de Avance'!$B$15:$B$9589)","v":1},"Destaje ventana acceso edificio",{"$f":"VLOOKUP(M302,'Act. Proyecto'!$I$3:$Q$881,2,FALSE)","v":"ALUMINIO"},{"$f":"VLOOKUP(M302,'Act. Proyecto'!$I$3:$Q$881,3,FALSE)","v":"cu"},{"$f":"VLOOKUP(M302,'Act. Proyecto'!$I$3:$Q$881,4,FALSE)","v":1},{"$f":"VLOOKUP(M302,'Act. Proyecto'!$I$3:$Q$881,5,FALSE)","v":14350},14350,{"$f":"VLOOKUP(M302,'Act. Proyecto'!$I$3:$Q$881,7,FALSE)","v":"Edif"},{"$f":"SUMIF('Resumen Frentes Semanal'!$K$6:$K$64,'Prog. Semanal TER'!N302,'Resumen Frentes Semanal'!$M$6:$M$64)","v":29624},null,null,null,null,null,0]
[427,null,null,0,{"$f":"D303*$JF$303","v":0},0,"TERM",null,null,null,null,{"$f":"SUMIF('Control de Avance'!$C$15:$C$9589,'Prog. Semanal TER'!M303,'Control de Avance'!$B$15:$B$9589)","v":1},"Armado ventana acceso edificio",{"$f":"VLOOKUP(M303,'Act. Proyecto'!$I$3:$Q$881,2,FALSE)","v":"ALUMINIO"},{"$f":"VLOOKUP(M303,'Act. Proyecto'!$I$3:$Q$881,3,FALSE)","v":"cu"},{"$f":"VLOOKUP(M303,'Act. Proyecto'!$I$3:$Q$881,4,FALSE)","v":1},{"$f":"VLOOKUP(M303,'Act. Proyecto'!$I$3:$Q$881,5,FALSE)","v":21500},21500,{"$f":"VLOOKUP(M303,'Act. Proyecto'!$I$3:$Q$881,7,FALSE)","v":"Edif"},{"$f":"SUMIF('Resumen Frentes Semanal'!$K$6:$K$64,'Prog. Semanal TER'!N303,'Resumen Frentes Semanal'!$M$6:$M$64)","v":29624},null,null,null,null,null,0]
[430,null,null,0,{"$f":"D304*$JF$304","v":0},0,"TERM",null,null,null,null,{"$f":"SUMIF('Control de Avance'!$C$15:$C$9589,'Prog. Semanal TER'!M304,'Control de Avance'!$B$15:$B$9589)","v":1},"Instalar acceso de aluminio de edificio",{"$f":"VLOOKUP(M304,'Act. Proyecto'!$I$3:$Q$881,2,FALSE)","v":"ALUMINIO"},{"$f":"VLOOKUP(M304,'Act. Proyecto'!$I$3:$Q$881,3,FALSE)","v":"cu"},{"$f":"VLOOKUP(M304,'Act. Proyecto'!$I$3:$Q$881,4,FALSE)","v":1},{"$f":"VLOOKUP(M304,'Act. Proyecto'!$I$3:$Q$881,5,FALSE)","v":35800},35800,{"$f":"VLOOKUP(M304,'Act. Proyecto'!$I$3:$Q$881,7,FALSE)","v":"Edif"},{"$f":"SUMIF('Resumen Frentes Semanal'!$K$6:$K$64,'Prog. Semanal TER'!N304,'Resumen Frentes Semanal'!$M$6:$M$64)","v":29624},null,null,null,null,null,0]
[529,1,1,12200,{"$f":"D305*$JF$305","v":0},0,"TERM",null,null,null,null,{"$f":"SUMIF('Control de Avance'!$C$15:$C$9589,'Prog. Semanal TER'!M305,'Control de Avance'!$B$15:$B$9589)","v":1},"Instalar ventana por acceso a torre",{"$f":"VLOOKUP(M305,'Act. Proyecto'!$I$3:$Q$881,2,FALSE)","v":"ALUMINIO"},{"$f":"VLOOKUP(M305,'Act. Proyecto'!$I$3:$Q$881,3,FALSE)","v":"cu"},{"$f":"VLOOKUP(M305,'Act. Proyecto'!$I$3:$Q$881,4,FALSE)","v":4},{"$f":"VLOOKUP(M305,'Act. Proyecto'!$I$3:$Q$881,5,FALSE)","v":3050},12200,{"$f":"VLOOKUP(M305,'Act. Proyecto'!$I$3:$Q$881,7,FALSE)","v":"Edif"},{"$f":"SUMIF('Resumen Frentes Semanal'!$K$6:$K$64,'Prog. Semanal TER'!N305,'Resumen Frentes Semanal'!$M$6:$M$64)","v":29624},null,null,null,null,null,0,null,null,null,null,null,null,null,null,null,null,null,null,null,null,null,null,null,null,null,null,null,null,null,null,null,null,null,null,null,null,null,null,null,null,null,null,null,null,null,null,null,null,null,null,null,null,null,null,null,null,null,null,null,null,null,null,null,null,null,null,null,null,null,null,null,null,null,null,null,null,null,null,null,null,null,null,null,null,null,null,null,null,null,null,null,null,null,null,null,null,null,null,null,null,null,null,null,null,null,null,null,null,null,null,null,null,null,null,null,null,null,null,null,null,null,null,null,null,null,null,null,null,null,null,null,null,null,null,null,null,null,null,null,null,null,null,null,null,null,null,null,null,null,null,null,null,null,null,null,null,null,null,null,null,null,null,null,null,null,null,null,null,null,null,null,null,null,null,null,null,null,null,null,null,null,null,null,null,null,null,null,null,null,null,null,null,null,null,null,null,null,null,null,null,null,null,null,null,null,null,null,null,null,null,null,null,null,null,null,null,null,null,null,null,null,null,null,null,null,null,null,null,null,null,null,null,null,null,null,null,"F7-8",null,null,0,"F7-8",null,null,null,null,0]
[439,2,0,0,{"$f":"D306*$JF$306","v":0},14400,"TERM",null,null,null,null,{"$f":"SUMIF('Control de Avance'!$C$15:$C$9589,'Prog. Semanal TER'!M306,'Control de Avance'!$B$15:$B$9589)","v":0},"Instalar ventana caja escala",{"$f":"VLOOKUP(M306,'Act. Proyecto'!$I$3:$Q$881,2,FALSE)","v":"ALUMINIO"},{"$f":"VLOOKUP(M306,'Act. Proyecto'!$I$3:$Q$881,3,FALSE)","v":"cu"},{"$f":"VLOOKUP(M306,'Act. Proyecto'!$I$3:$Q$881,4,FALSE)","v":3},{"$f":"VLOOKUP(M306,'Act. Proyecto'!$I$3:$Q$881,5,FALSE)","v":2400},7200,{"$f":"VLOOKUP(M306,'Act. Proyecto'!$I$3:$Q$881,7,FALSE)","v":"Edif"},{"$f":"SUMIF('Resumen Frentes Semanal'!$K$6:$K$64,'Prog. Semanal TER'!N306,'Resumen Frentes Semanal'!$M$6:$M$64)","v":29624},null,null,null,null,null,0,null,null,null,null,null,null,null,null,null,null,null,null,null,null,null,null,null,null,null,null,null,null,null,null,null,null,null,null,null,null,null,null,null,null,null,null,null,null,null,null,null,null,null,null,null,null,null,null,null,null,null,null,null,null,null,null,null,null,null,null,null,null,null,null,null,null,null,null,null,null,null,null,null,null,null,null,null,null,null,null,null,null,null,null,null,null,null,null,null,null,null,null,null,null,null,null,null,null,null,null,null,null,null,null,null,null,null,null,null,null,null,null,null,null,null,null,null,null,null,null,null,null,null,null,null,null,null,null,null,null,null,null,null,null,null,null,null,null,null,null,null,null,null,null,null,null,null,null,null,null,null,null,null,null,null,null,null,null,null,null,null,null,null,null,null,null,null,null,null,null,null,null,null,null,null,null,null,null,null,null,null,null,null,null,null,null,null,null,null,null,null,null,null,null,null,null,null,null,null,null,null,null,null,null,null,null,null,null,null,null,null,null,null,null,null,null,"F11-12-13-14",null,null,null,null,0,null,null,null,null,null,null,"F11-12-13-14",null,null,null,null,1,null,null,null,null,null,null,null,null,null,null,"F15-15-16-16"]
[436,3,0,0,{"$f":"D307*$JF$307","v":0},15479.099999999999,"TERM",null,null,null,null,{"$f":"SUMIF('Control de Avance'!$C$15:$C$9589,'Prog. Semanal TER'!M307,'Control de Avance'!$B$15:$B$9589)","v":1},"Membrana acceso edificio",{"$f":"VLOOKUP(M307,'Act. Proyecto'!$I$3:$Q$881,2,FALSE)","v":"TECHUMBRE Y MEMBRANA"},{"$f":"VLOOKUP(M307,'Act. Proyecto'!$I$3:$Q$881,3,FALSE)","v":"m2"},{"$f":"VLOOKUP(M307,'Act. Proyecto'!$I$3:$Q$881,4,FALSE)","v":6.37},{"$f":"VLOOKUP(M307,'Act. Proyecto'!$I$3:$Q$881,5,FALSE)","v":810},5159.7,{"$f":"VLOOKUP(M307,'Act. Proyecto'!$I$3:$Q$881,7,FALSE)","v":"Edif"},{"$f":"SUMIF('Resumen Frentes Semanal'!$K$6:$K$64,'Prog. Semanal TER'!N307,'Resumen Frentes Semanal'!$M$6:$M$64)","v":69656},null,null,null,null,null,0,null,null,null,null,null,null,null,null,null,null,null,null,null,null,null,null,null,null,null,null,null,null,null,null,null,null,null,null,null,null,null,null,null,null,null,null,null,null,null,null,null,null,null,null,null,null,null,null,null,null,null,null,null,null,null,null,null,null,null,null,null,null,null,null,null,null,null,null,null,null,null,null,null,null,null,null,null,null,null,null,null,null,null,null,null,null,null,null,null,null,null,null,null,null,null,null,null,null,null,null,null,null,null,null,null,null,null,null,null,null,null,null,null,null,null,null,null,null,null,null,null,null,null,null,null,null,null,null,null,null,null,null,null,null,null,null,null,null,null,null,null,null,null,null,null,null,null,null,null,null,null,null,null,null,null,null,null,null,null,null,null,null,null,null,null,null,null,null,null,null,null,null,null,null,null,null,null,null,null,null,null,null,null,null,null,null,null,null,null,null,null,null,null,null,null,null,null,null,null,null,null,null,null,null,null,null,null,null,null,null,null,null,null,null,null,null,"F1-2-3-4-5-6-7-8-9-10",null,null,null,null,0,null,null,null,null,null,0,null,null,null,null,null,null,null,null,null,null,null,null,"F1-2-3-4-5-6"]
[437,null,null,0,{"$f":"D308*$JF$308","v":0},0,"TERM",null,null,null,null,{"$f":"SUMIF('Control de Avance'!$C$15:$C$9589,'Prog. Semanal TER'!M308,'Control de Avance'!$B$15:$B$9589)","v":1},"Instalar B.A.LL. en acceso a edificio",{"$f":"VLOOKUP(M308,'Act. Proyecto'!$I$3:$Q$881,2,FALSE)","v":"FACHADA"},{"$f":"VLOOKUP(M308,'Act. Proyecto'!$I$3:$Q$881,3,FALSE)","v":"ml"},{"$f":"VLOOKUP(M308,'Act. Proyecto'!$I$3:$Q$881,4,FALSE)","v":3.8300000000000005},{"$f":"VLOOKUP(M308,'Act. Proyecto'!$I$3:$Q$881,5,FALSE)","v":685},2623.55,{"$f":"VLOOKUP(M308,'Act. Proyecto'!$I$3:$Q$881,7,FALSE)","v":"Edif"},{"$f":"SUMIF('Resumen Frentes Semanal'!$K$6:$K$64,'Prog. Semanal TER'!N308,'Resumen Frentes Semanal'!$M$6:$M$64)","v":172000},null,null,null,null,null,0]
[438,3,0,0,{"$f":"D309*$JF$309","v":0},2250,"TERM",null,null,null,null,{"$f":"SUMIF('Control de Avance'!$C$15:$C$9589,'Prog. Semanal TER'!M309,'Control de Avance'!$B$15:$B$9589)","v":1},"Hojalatería acceso edificio c/rajado de muro",{"$f":"VLOOKUP(M309,'Act. Proyecto'!$I$3:$Q$881,2,FALSE)","v":"TECHUMBRE Y MEMBRANA"},{"$f":"VLOOKUP(M309,'Act. Proyecto'!$I$3:$Q$881,3,FALSE)","v":"ml"},{"$f":"VLOOKUP(M309,'Act. Proyecto'!$I$3:$Q$881,4,FALSE)","v":1},{"$f":"VLOOKUP(M309,'Act. Proyecto'!$I$3:$Q$881,5,FALSE)","v":750},750,{"$f":"VLOOKUP(M309,'Act. Proyecto'!$I$3:$Q$881,7,FALSE)","v":"Edif"},{"$f":"SUMIF('Resumen Frentes Semanal'!$K$6:$K$64,'Prog. Semanal TER'!N309,'Resumen Frentes Semanal'!$M$6:$M$64)","v":69656},null,null,null,null,null,0,null,null,null,null,null,null,null,null,null,null,null,null,null,null,null,null,null,null,null,null,null,null,null,null,null,null,null,null,null,null,null,null,null,null,null,null,null,null,null,null,null,null,null,null,null,null,null,null,null,null,null,null,null,null,null,null,null,null,null,null,null,null,null,null,null,null,null,null,null,null,null,null,null,null,null,null,null,null,null,null,null,null,null,null,null,null,null,null,null,null,null,null,null,null,null,null,null,null,null,null,null,null,null,null,null,null,null,null,null,null,null,null,null,null,null,null,null,null,null,null,null,null,null,null,null,null,null,null,null,null,null,null,null,null,null,null,null,null,null,null,null,null,null,null,null,null,null,null,null,null,null,null,null,null,null,null,null,null,null,null,null,null,null,null,null,null,null,null,null,null,null,null,null,null,null,null,null,null,null,null,null,null,null,null,null,null,null,null,null,null,null,null,null,null,null,null,null,null,null,null,null,null,null,null,null,null,null,null,null,null,null,null,null,null,null,null,null,null,"F1-2-3-4-5-6",null,null,0,null,null,null,null,null,0,null,null,null,null,null,null,null,null,null,null,null,null,"F1-2-3-4-5-6"]
[469,null,null,0,{"$f":"D310*$JF$310","v":0},0,"TERM",null,null,null,null,{"$f":"SUMIF('Control de Avance'!$C$15:$C$9589,'Prog. Semanal TER'!M310,'Control de Avance'!$B$15:$B$9589)","v":0},"Instalación letras edificios",{"$f":"VLOOKUP(M310,'Act. Proyecto'!$I$3:$Q$881,2,FALSE)","v":"CARP. ACCESORIOS"},{"$f":"VLOOKUP(M310,'Act. Proyecto'!$I$3:$Q$881,3,FALSE)","v":"cu"},{"$f":"VLOOKUP(M310,'Act. Proyecto'!$I$3:$Q$881,4,FALSE)","v":1},{"$f":"VLOOKUP(M310,'Act. Proyecto'!$I$3:$Q$881,5,FALSE)","v":325},325,{"$f":"VLOOKUP(M310,'Act. Proyecto'!$I$3:$Q$881,7,FALSE)","v":"Edif"},{"$f":"SUMIF('Resumen Frentes Semanal'!$K$6:$K$64,'Prog. Semanal TER'!N310,'Resumen Frentes Semanal'!$M$6:$M$64)","v":78800},null,null,null,null,null,0]
[440,null,null,0,{"$f":"D311*$JF$311","v":0},0,"TERM",null,null,null,null,{"$f":"SUMIF('Control de Avance'!$C$15:$C$9589,'Prog. Semanal TER'!M311,'Control de Avance'!$B$15:$B$9589)","v":0},"TREN SALA DE BASURA 1ER PISO",{"$f":"VLOOKUP(M311,'Act. Proyecto'!$I$3:$Q$881,2,FALSE)","v":"."},{"$f":"VLOOKUP(M311,'Act. Proyecto'!$I$3:$Q$881,3,FALSE)","v":"."},{"$f":"VLOOKUP(M311,'Act. Proyecto'!$I$3:$Q$881,4,FALSE)","v":0},{"$f":"VLOOKUP(M311,'Act. Proyecto'!$I$3:$Q$881,5,FALSE)","v":"."},0,{"$f":"VLOOKUP(M311,'Act. Proyecto'!$I$3:$Q$881,7,FALSE)","v":"."},{"$f":"SUMIF('Resumen Frentes Semanal'!$K$6:$K$64,'Prog. Semanal TER'!N311,'Resumen Frentes Semanal'!$M$6:$M$64)","v":0},null,null,null,null,null,0]
[479,null,null,0,{"$f":"D312*$JF$312","v":0},0,"TERM",null,null,null,null,{"$f":"SUMIF('Control de Avance'!$C$15:$C$9589,'Prog. Semanal TER'!M312,'Control de Avance'!$B$15:$B$9589)","v":1},"Fabricación de riel y bandeja ducto de basura",{"$f":"VLOOKUP(M312,'Act. Proyecto'!$I$3:$Q$881,2,FALSE)","v":"SOLDADOR"},{"$f":"VLOOKUP(M312,'Act. Proyecto'!$I$3:$Q$881,3,FALSE)","v":"cu"},{"$f":"VLOOKUP(M312,'Act. Proyecto'!$I$3:$Q$881,4,FALSE)","v":1},{"$f":"VLOOKUP(M312,'Act. Proyecto'!$I$3:$Q$881,5,FALSE)","v":2000},2000,{"$f":"VLOOKUP(M312,'Act. Proyecto'!$I$3:$Q$881,7,FALSE)","v":"Edif"},{"$f":"SUMIF('Resumen Frentes Semanal'!$K$6:$K$64,'Prog. Semanal TER'!N312,'Resumen Frentes Semanal'!$M$6:$M$64)","v":63049},null,null,null,null,null,0,null,null,null,null,null,null,null,null,null,null,null,null,null,null,null,null,null,null,null,null,null,null,null,null,null,null,null,null,null,null,null,null,null,null,null,null,null,null,null,null,null,null,null,null,null,null,null,null,null,null,null,null,null,null,null,null,null,null,null,null,null,null,null,null,null,null,null,null,null,null,null,null,null,null,null,null,null,null,null,null,null,null,null,null,null,null,null,null,null,null,null,null,null,null,null,null,null,null,null,null,null,null,null,null,null,null,null,null,null,null,null,null,null,null,null,null,null,"F1-2",null,null,0,null,null,null,null,null,null,null,null,null,null,null,null,null,null,null,null,null,null,null,null,null,null,null,null,null,null,null,null,null,null,null,null,null,null,null,null,null,null,null,null,null,null,null,null,null,null,null,null,null,null,null,null,null,null,null,null,null,null,null,null,null,null,null,null,null,null,null,null,null,null,null,null,null,null,null,null,null,null,null,null,null,null,null,null,null,null,null,null,null,null,null,null,null,null,null,null,null,"F1-2-3-4-5-6-7-8-9-10",null,null,0,"F1-2-3-4-5-6-7-8-9-10",null,null,null,null,1]
[479,null,null,0,{"$f":"D313*$JF$313","v":0},0,"TERM",null,null,null,null,{"$f":"SUMIF('Control de Avance'!$C$15:$C$9589,'Prog. Semanal TER'!M313,'Control de Avance'!$B$15:$B$9589)","v":1},"Instalación riel ducto de basura",{"$f":"VLOOKUP(M313,'Act. Proyecto'!$I$3:$Q$881,2,FALSE)","v":"SOLDADOR"},{"$f":"VLOOKUP(M313,'Act. Proyecto'!$I$3:$Q$881,3,FALSE)","v":"cu"},{"$f":"VLOOKUP(M313,'Act. Proyecto'!$I$3:$Q$881,4,FALSE)","v":1},{"$f":"VLOOKUP(M313,'Act. Proyecto'!$I$3:$Q$881,5,FALSE)","v":1450},1450,{"$f":"VLOOKUP(M313,'Act. Proyecto'!$I$3:$Q$881,7,FALSE)","v":"Edif"},{"$f":"SUMIF('Resumen Frentes Semanal'!$K$6:$K$64,'Prog. Semanal TER'!N313,'Resumen Frentes Semanal'!$M$6:$M$64)","v":63049},null,null,null,null,null,0,null,null,null,null,null,null,null,null,null,null,null,null,null,null,null,null,null,null,null,null,null,null,null,null,null,null,null,null,null,null,null,null,null,null,null,null,null,null,null,null,null,null,null,null,null,null,null,null,null,null,null,null,null,null,null,null,null,null,null,null,null,null,null,null,null,null,null,null,null,null,null,null,null,null,null,null,null,null,null,null,null,null,null,null,null,null,null,null,null,null,null,null,null,null,null,null,null,null,null,null,null,null,null,null,null,null,null,null,null,null,null,null,null,null,null,null,null,"F1-2",null,null,0,null,null,null,null,null,null,null,null,null,null,null,null,null,null,null,null,null,null,null,null,null,null,null,null,null,null,null,null,null,null,null,null,null,null,null,null,null,null,null,null,null,null,null,null,null,null,null,null,null,null,null,null,null,null,null,null,null,null,null,null,null,null,null,null,null,null,null,null,null,null,null,null,null,null,null,null,null,null,null,null,null,null,null,null,null,null,null,null,null,null,null,null,null,null,null,null,null,"F1-2-3-4-5-6-7-8-9-10",null,null,0,"F1-2-3-4-5-6-7-8-9-10",null,null,null,null,1]
[441,null,null,0,{"$f":"D314*$JF$314","v":0},0,"TERM",null,null,null,null,{"$f":"SUMIF('Control de Avance'!$C$15:$C$9589,'Prog. Semanal TER'!M314,'Control de Avance'!$B$15:$B$9589)","v":1},"Bepolita sala de basura 1er piso",{"$f":"VLOOKUP(M314,'Act. Proyecto'!$I$3:$Q$881,2,FALSE)","v":"SOLDADOR"},{"$f":"VLOOKUP(M314,'Act. Proyecto'!$I$3:$Q$881,3,FALSE)","v":"m2"},{"$f":"VLOOKUP(M314,'Act. Proyecto'!$I$3:$Q$881,4,FALSE)","v":5.25},{"$f":"VLOOKUP(M314,'Act. Proyecto'!$I$3:$Q$881,5,FALSE)","v":2320},12180,{"$f":"VLOOKUP(M314,'Act. Proyecto'!$I$3:$Q$881,7,FALSE)","v":"Edif"},{"$f":"SUMIF('Resumen Frentes Semanal'!$K$6:$K$64,'Prog. Semanal TER'!N314,'Resumen Frentes Semanal'!$M$6:$M$64)","v":63049},null,null,null,null,null,0,null,null,null,null,null,null,null,null,null,null,null,null,null,null,null,null,null,null,null,null,null,null,null,null,null,null,null,null,null,null,null,null,null,null,null,null,null,null,null,null,null,null,null,null,null,null,null,null,null,null,null,null,null,null,"F1-2",null,0,null,"F1-2",null,null,null,0,null,null,null,"F1-2","F3-4",0,null,null,null,null,null,null,null,null,null,null,null,0,null,"F1-2","F3-4",null,null,1,null,null,null,null,"F5-6",0,"F5-6","F7-8","F9-10",null,null,1,null,null,null,null,null,null,null,null,null,null,null,null,null,null,null,null,null,null,null,null,null,null,null,null,null,null,null,null,null,null,null,null,null,null,null,null,null,null,null,null,null,null,null,null,null,null,null,null,null,null,null,null,null,null,null,null,null,null,"F11-12",null,null,null,null,0,null,null,"F11-12",null,null,1,null,null,null,"F13-14-15-15-16-16",null,0,"F13-14","F15-15-16-16",null,"F17-18",null,0.5,null,null,"F15-15","F16-16",0.5,"F16-16",null,null,null,null,0,"F16-16",null,null,null,null,1]
[442,null,null,0,{"$f":"D315*$JF$315","v":0},0,"TERM",null,null,null,null,{"$f":"SUMIF('Control de Avance'!$C$15:$C$9589,'Prog. Semanal TER'!M315,'Control de Avance'!$B$15:$B$9589)","v":1},"Remate bepolita sala de basura",{"$f":"VLOOKUP(M315,'Act. Proyecto'!$I$3:$Q$881,2,FALSE)","v":"ALBAÑIL TERMINACIONES"},{"$f":"VLOOKUP(M315,'Act. Proyecto'!$I$3:$Q$881,3,FALSE)","v":"m2"},{"$f":"VLOOKUP(M315,'Act. Proyecto'!$I$3:$Q$881,4,FALSE)","v":12.915384615384616},{"$f":"VLOOKUP(M315,'Act. Proyecto'!$I$3:$Q$881,5,FALSE)","v":2540},32805.076923076922,{"$f":"VLOOKUP(M315,'Act. Proyecto'!$I$3:$Q$881,7,FALSE)","v":"Edif"},{"$f":"SUMIF('Resumen Frentes Semanal'!$K$6:$K$64,'Prog. Semanal TER'!N315,'Resumen Frentes Semanal'!$M$6:$M$64)","v":52341},null,null,null,null,null,0,null,null,null,null,null,null,null,null,null,null,null,null,null,null,null,null,null,null,null,null,null,null,null,null,null,null,null,null,null,null,null,null,null,null,null,null,null,null,null,null,null,null,null,null,null,null,null,null,null,null,null,null,null,null,null,null,null,null,null,null,null,null,null,null,null,null,null,null,null,null,null,null,null,null,null,null,null,null,null,null,null,null,null,null,null,null,0,null,null,"F1-2","F3-4",null,1,null,null,"F5-6",null,null,1,null,null,null,0,null,null,null,null,null,null,null,null,null,null,null,null,null,null,null,"F7-8",null,1,null,null,"F9-10",null,null,1,null,null,null,null,null,null,null,null,null,null,null,null,null,null,null,null,null,null,null,null,null,null,null,null,null,null,null,null,null,null,null,null,null,null,null,null,null,null,null,"F11-12",null,1,null,null,null,null,"F13-14",1,null,null,"F15-15",null,"F16-16",0,null,null,null,"F15-15",0,"F15-15",null,null,"F16-16",null,0,null,"F15-15",null,null,"F16-16",1,null,null,"F17-18",null,null,1]
[445,null,null,0,{"$f":"D316*$JF$316","v":0},0,"TERM",null,null,null,null,{"$f":"SUMIF('Control de Avance'!$C$15:$C$9589,'Prog. Semanal TER'!M316,'Control de Avance'!$B$15:$B$9589)","v":1},"Techumbre sala de basura",{"$f":"VLOOKUP(M316,'Act. Proyecto'!$I$3:$Q$881,2,FALSE)","v":"TECHUMBRE Y MEMBRANA"},{"$f":"VLOOKUP(M316,'Act. Proyecto'!$I$3:$Q$881,3,FALSE)","v":"m2"},{"$f":"VLOOKUP(M316,'Act. Proyecto'!$I$3:$Q$881,4,FALSE)","v":7.1749999999999989},{"$f":"VLOOKUP(M316,'Act. Proyecto'!$I$3:$Q$881,5,FALSE)","v":4725},33901.874999999993,{"$f":"VLOOKUP(M316,'Act. Proyecto'!$I$3:$Q$881,7,FALSE)","v":"Edif"},{"$f":"SUMIF('Resumen Frentes Semanal'!$K$6:$K$64,'Prog. Semanal TER'!N316,'Resumen Frentes Semanal'!$M$6:$M$64)","v":69656},null,null,null,null,null,0,null,null,null,null,null,null,null,null,null,null,null,null,null,null,null,null,null,null,null,null,null,null,null,null,null,null,null,null,null,null,null,null,null,null,null,null,null,null,null,null,null,null,null,null,null,null,null,null,null,null,null,null,null,null,null,null,null,null,null,null,null,null,null,null,null,null,null,null,null,null,null,null,null,null,null,null,null,null,null,null,null,null,null,null,null,null,0,null,null,null,null,null,null,null,"F1-2-3-4",null,null,null,1,null,null,null,null,null,null,null,null,null,null,null,null,null,null,null,null,null,null,null,"F5-6-7-8",null,0,"F5-6",null,"F7-8",null,null,0,null,null,"F5-6",null,null,0,null,null,null,null,null,0,null,null,null,"F5-6","F7-8",0,null,null,null,null,null,0,"F5-6",null,null,null,"F7-8",0,null,null,"F5-6-7-8","F9-10",null,1,null,null,null,null,null,null,null,null,null,null,null,null,null,null,null,null,null,null,null,null,null,null,null,null,null,null,null,"F11-12",0,null,null,null,null,"F11-12",0,null,null,"F11-12-13-14",null,null,0,null,null,null,"F11-12","F13-14",0,"F11-12","F13-14","F15-15",null,null,0,null,null,null,null,null,null,"F11-12",null,"F13-14","F15-15",null,1]
[448,4,0,0,{"$f":"D317*$JF$317","v":0},19400,"TERM",null,null,null,null,{"$f":"SUMIF('Control de Avance'!$C$15:$C$9589,'Prog. Semanal TER'!M317,'Control de Avance'!$B$15:$B$9589)","v":1},"Membrana sala de basura",{"$f":"VLOOKUP(M317,'Act. Proyecto'!$I$3:$Q$881,2,FALSE)","v":"TECHUMBRE Y MEMBRANA"},{"$f":"VLOOKUP(M317,'Act. Proyecto'!$I$3:$Q$881,3,FALSE)","v":"m2"},{"$f":"VLOOKUP(M317,'Act. Proyecto'!$I$3:$Q$881,4,FALSE)","v":5},{"$f":"VLOOKUP(M317,'Act. Proyecto'!$I$3:$Q$881,5,FALSE)","v":970},4850,{"$f":"VLOOKUP(M317,'Act. Proyecto'!$I$3:$Q$881,7,FALSE)","v":"Edif"},{"$f":"SUMIF('Resumen Frentes Semanal'!$K$6:$K$64,'Prog. Semanal TER'!N317,'Resumen Frentes Semanal'!$M$6:$M$64)","v":69656},null,null,null,null,null,0,null,null,null,null,null,null,null,null,null,null,null,null,null,null,null,null,null,null,null,null,null,null,null,null,null,null,null,null,null,null,null,null,null,null,null,null,null,null,null,null,null,null,null,null,null,null,null,null,null,null,null,null,null,null,null,null,null,null,null,null,null,null,null,null,null,null,null,null,null,null,null,null,null,null,null,null,null,null,null,null,null,null,null,null,null,null,null,null,null,null,null,null,null,null,"F1-2-3-4",null,null,null,1,null,null,null,null,null,null,null,null,null,null,null,null,null,null,null,null,null,null,null,null,null,null,null,null,null,null,null,null,null,null,null,null,null,null,null,null,null,null,null,null,null,null,null,null,null,null,null,null,null,null,null,null,null,null,null,null,null,null,null,null,"F5-6-7-8","F9-10",null,1,null,null,null,null,null,null,null,null,null,null,null,null,null,null,null,null,null,null,null,null,null,null,null,null,null,null,null,null,0,null,null,null,null,null,null,null,null,"F11-12-13-14",null,null,0,null,null,null,null,null,null,"F11-12","F13-14","F15-15",null,null,0,null,null,null,null,null,null,null,null,null,null,null,null,null,null,null,null,null,null,null,null,null,null,null,null,"F11-12-13-14-15-15-16-16"]
[449,null,null,0,{"$f":"D318*$JF$318","v":0},0,"TERM",null,null,null,null,{"$f":"SUMIF('Control de Avance'!$C$15:$C$9589,'Prog. Semanal TER'!M318,'Control de Avance'!$B$15:$B$9589)","v":1},"Falso cielo sala de basura",{"$f":"VLOOKUP(M318,'Act. Proyecto'!$I$3:$Q$881,2,FALSE)","v":"CARP. TABIQUE Y VOLCAPOL"},{"$f":"VLOOKUP(M318,'Act. Proyecto'!$I$3:$Q$881,3,FALSE)","v":"m2"},{"$f":"VLOOKUP(M318,'Act. Proyecto'!$I$3:$Q$881,4,FALSE)","v":6.04},{"$f":"VLOOKUP(M318,'Act. Proyecto'!$I$3:$Q$881,5,FALSE)","v":1180},7127.2,{"$f":"VLOOKUP(M318,'Act. Proyecto'!$I$3:$Q$881,7,FALSE)","v":"Edif"},{"$f":"SUMIF('Resumen Frentes Semanal'!$K$6:$K$64,'Prog. Semanal TER'!N318,'Resumen Frentes Semanal'!$M$6:$M$64)","v":167800},null,null,null,null,null,0,null,null,null,null,null,null,null,null,null,null,null,null,null,null,null,null,null,null,null,null,null,null,null,null,null,null,null,null,null,null,null,null,null,null,null,null,null,null,null,null,null,null,null,null,null,null,null,null,null,null,null,null,null,null,null,null,null,null,"F1-2",null,null,null,0,null,null,null,null,null,null,null,null,null,null,null,null,null,null,null,null,null,null,null,null,null,null,null,null,null,null,null,null,null,null,null,null,null,null,null,null,null,null,null,null,null,null,null,null,null,null,null,null,null,null,null,null,null,null,"F1-2","F3-4","F5-6",0,null,null,null,"F1-2",null,0,"F1-2",null,null,null,"F3-4",0,null,null,"F1-2","F3-4","F5-6",0,"F1-2","F3-4",null,null,null,0,null,null,null,null,null,null,null,null,null,null,null,null,null,null,"F1-2-3-4","F5-6-7-8",null,1,null,null,null,null,null,null,null,null,null,null,null,null,null,null,null,null,null,null,null,null,null,null,null,null,null,null,null,"F11-12-13-14",0,null,null,null,null,null,null,null,null,null,null,null,null,null,null,null,null,null,null,"F11-12","F13-14","F15-15","F16-16","F17-18",0]
[450,3,0,0,{"$f":"D319*$JF$319","v":0},2250,"TERM",null,null,null,null,{"$f":"SUMIF('Control de Avance'!$C$15:$C$9589,'Prog. Semanal TER'!M319,'Control de Avance'!$B$15:$B$9589)","v":1},"Hojalatería sala de basura c/rajado de muro",{"$f":"VLOOKUP(M319,'Act. Proyecto'!$I$3:$Q$881,2,FALSE)","v":"TECHUMBRE Y MEMBRANA"},{"$f":"VLOOKUP(M319,'Act. Proyecto'!$I$3:$Q$881,3,FALSE)","v":"ml"},{"$f":"VLOOKUP(M319,'Act. Proyecto'!$I$3:$Q$881,4,FALSE)","v":1},{"$f":"VLOOKUP(M319,'Act. Proyecto'!$I$3:$Q$881,5,FALSE)","v":750},750,{"$f":"VLOOKUP(M319,'Act. Proyecto'!$I$3:$Q$881,7,FALSE)","v":"Edif"},{"$f":"SUMIF('Resumen Frentes Semanal'!$K$6:$K$64,'Prog. Semanal TER'!N319,'Resumen Frentes Semanal'!$M$6:$M$64)","v":69656},null,null,null,null,null,0,null,null,null,null,null,null,null,null,null,null,null,null,null,null,null,null,null,null,null,null,null,null,null,null,null,null,null,null,null,null,null,null,null,null,null,null,null,null,null,null,null,null,null,null,null,null,null,null,null,null,null,null,null,null,null,null,null,null,null,null,null,null,null,null,null,null,null,null,null,null,null,null,null,null,null,null,null,null,null,null,null,null,null,null,null,null,null,null,null,null,null,null,null,null,null,null,null,null,null,null,null,null,null,null,null,null,null,null,null,null,null,null,null,null,null,null,null,null,null,null,null,null,null,null,null,null,null,null,null,null,null,null,null,null,null,null,null,null,null,null,null,null,null,null,null,null,null,null,null,null,null,null,null,null,null,null,null,null,null,null,null,null,null,null,null,null,null,null,null,null,null,null,null,null,null,null,null,null,null,null,null,null,null,null,null,null,null,null,null,null,null,null,null,null,null,null,null,null,null,null,null,null,null,null,null,null,null,null,null,null,null,null,null,null,null,null,null,null,"F1-2-3-4-5-6",null,null,0,null,null,null,null,null,0,null,null,null,null,null,null,null,null,null,null,null,null,"F1-2-3-4-5-6"]
[444,6.2,3.2,11184,{"$f":"D320*$JF$320","v":0},10485,"TERM",null,null,null,null,{"$f":"SUMIF('Control de Avance'!$C$15:$C$9589,'Prog. Semanal TER'!M320,'Control de Avance'!$B$15:$B$9589)","v":1},"Tabique sala de basura 1er piso",{"$f":"VLOOKUP(M320,'Act. Proyecto'!$I$3:$Q$881,2,FALSE)","v":"CARP. TABIQUE Y VOLCAPOL"},{"$f":"VLOOKUP(M320,'Act. Proyecto'!$I$3:$Q$881,3,FALSE)","v":"m2"},{"$f":"VLOOKUP(M320,'Act. Proyecto'!$I$3:$Q$881,4,FALSE)","v":1.5},{"$f":"VLOOKUP(M320,'Act. Proyecto'!$I$3:$Q$881,5,FALSE)","v":2330},3495,{"$f":"VLOOKUP(M320,'Act. Proyecto'!$I$3:$Q$881,7,FALSE)","v":"Edif"},{"$f":"SUMIF('Resumen Frentes Semanal'!$K$6:$K$64,'Prog. Semanal TER'!N320,'Resumen Frentes Semanal'!$M$6:$M$64)","v":167800},null,null,null,null,null,0,null,null,null,null,null,null,null,null,null,null,null,null,null,null,null,null,null,null,null,null,null,null,null,null,null,null,null,null,null,null,null,null,null,null,null,null,null,null,null,null,null,null,null,null,null,null,null,null,null,null,null,null,null,"F1-2",null,null,0,"F1-2",null,null,null,null,0,null,null,null,null,null,null,null,null,null,null,null,null,null,null,null,null,null,null,null,null,null,null,null,null,null,null,null,null,null,null,null,null,null,null,null,null,null,null,null,null,null,null,null,null,null,null,null,null,null,null,null,null,null,null,"F1-2","F3-4","F5-6",0,null,null,null,"F1-2",null,0,"F1-2",null,null,null,"F3-4",0,null,null,"F1-2","F3-4","F5-6",0,"F1-2","F3-4",null,null,null,0,null,null,null,null,"F1-2",1,null,null,"F3-4",null,"F5-6",0,null,null,null,null,"F3-4",0,null,null,"F1-2",null,"F3-4",1,"F5-6",null,null,null,null,0,null,null,"F5-6","F7-8","F9-10",0,"F5-6","F7-8",null,null,0.5,"F7-8-9-10",null,null,null,null,0,null,"F7-8",null,"F9-10",null,0,null,null,"F7-8-9-10",null,null,1,null,null,null,"F11-12",null,0,"F11-12","F13-14","F15-15",null,null,0,null,null,"F15",null,null,0,"F11-12","F13-14","F15-15","F16-16",null,1,"F16-16",null,"F17-18",null,"F19-20",0,"F16-16","F17-18-19-20",null,null,"5F21-22",0,"F16-16-17-18-19-20"]
[446,null,null,0,{"$f":"D321*$JF$321","v":0},0,"TERM",null,null,null,null,{"$f":"SUMIF('Control de Avance'!$C$15:$C$9589,'Prog. Semanal TER'!M321,'Control de Avance'!$B$15:$B$9589)","v":1},"Instalaciones eléctricas sala de basura",{"$f":"VLOOKUP(M321,'Act. Proyecto'!$I$3:$Q$881,2,FALSE)","v":"ADMINISTRACIÓN"},{"$f":"VLOOKUP(M321,'Act. Proyecto'!$I$3:$Q$881,3,FALSE)","v":"centro"},{"$f":"VLOOKUP(M321,'Act. Proyecto'!$I$3:$Q$881,4,FALSE)","v":0},{"$f":"VLOOKUP(M321,'Act. Proyecto'!$I$3:$Q$881,5,FALSE)","v":803},0,{"$f":"VLOOKUP(M321,'Act. Proyecto'!$I$3:$Q$881,7,FALSE)","v":"Edif"},{"$f":"SUMIF('Resumen Frentes Semanal'!$K$6:$K$64,'Prog. Semanal TER'!N321,'Resumen Frentes Semanal'!$M$6:$M$64)","v":0},null,null,null,null,null,0,null,null,null,null,null,null,null,null,null,null,null,null,null,null,null,null,null,null,null,null,null,null,null,null,null,null,null,null,null,null,null,null,null,null,null,null,null,null,null,null,null,null,null,null,null,null,null,null,null,null,null,null,null,null,null,null,null,null,null,null,null,null,null,null,null,null,null,null,null,null,null,null,null,null,null,null,null,null,null,null,null,null,null,null,null,null,null,null,null,null,null,null,null,null,null,null,null,null,null,null,null,null,null,null,null,null,null,null,null,null,null,null,null,null,null,null,null,"F1-2","F3-4","F5-6",0,null,null,null,null,null,0,"F1-2",null,null,null,null,0,null,null,"F1-2","F3-4","F5-6",0,"F1-2","F3-4",null,null,null,0]
[446,null,null,0,{"$f":"D322*$JF$322","v":0},0,"TERM",null,null,null,null,{"$f":"SUMIF('Control de Avance'!$C$15:$C$9589,'Prog. Semanal TER'!M322,'Control de Avance'!$B$15:$B$9589)","v":1},"Alambrado sala de basura",{"$f":"VLOOKUP(M322,'Act. Proyecto'!$I$3:$Q$881,2,FALSE)","v":"ADMINISTRACIÓN"},{"$f":"VLOOKUP(M322,'Act. Proyecto'!$I$3:$Q$881,3,FALSE)","v":"centro"},{"$f":"VLOOKUP(M322,'Act. Proyecto'!$I$3:$Q$881,4,FALSE)","v":0},{"$f":"VLOOKUP(M322,'Act. Proyecto'!$I$3:$Q$881,5,FALSE)","v":202},0,{"$f":"VLOOKUP(M322,'Act. Proyecto'!$I$3:$Q$881,7,FALSE)","v":"Edif"},{"$f":"SUMIF('Resumen Frentes Semanal'!$K$6:$K$64,'Prog. Semanal TER'!N322,'Resumen Frentes Semanal'!$M$6:$M$64)","v":0},null,null,null,null,null,0,null,null,null,null,null,null,null,null,null,null,null,null,null,null,null,null,null,null,null,null,null,null,null,null,null,null,null,null,null,null,null,null,null,null,null,null,null,null,null,null,null,null,null,null,null,null,null,null,null,null,null,null,null,null,null,null,null,null,null,null,null,null,null,null,null,null,null,null,null,null,null,null,null,null,null,null,null,null,null,null,null,null,null,null,null,null,null,null,null,null,null,null,null,null,null,null,null,null,null,null,null,null,null,null,null,null,null,null,null,null,null,null,null,null,null,null,null,"F1-2","F3-4","F5-6",0,null,null,null,null,null,0,"F1-2",null,null,null,null,0,null,null,"F1-2","F3-4","F5-6",0,"F1-2","F3-4",null,null,null,0]
[447,6,3,0,{"$f":"D323*$JF$323","v":0},0,"TERM",null,null,null,null,{"$f":"SUMIF('Control de Avance'!$C$15:$C$9589,'Prog. Semanal TER'!M323,'Control de Avance'!$B$15:$B$9589)","v":1},"Instalaciones agua sala de basura",{"$f":"VLOOKUP(M323,'Act. Proyecto'!$I$3:$Q$881,2,FALSE)","v":"GASFITER T"},{"$f":"VLOOKUP(M323,'Act. Proyecto'!$I$3:$Q$881,3,FALSE)","v":"dh"},{"$f":"VLOOKUP(M323,'Act. Proyecto'!$I$3:$Q$881,4,FALSE)","v":0},{"$f":"VLOOKUP(M323,'Act. Proyecto'!$I$3:$Q$881,5,FALSE)","v":1},0,{"$f":"VLOOKUP(M323,'Act. Proyecto'!$I$3:$Q$881,7,FALSE)","v":"Edif"},{"$f":"SUMIF('Resumen Frentes Semanal'!$K$6:$K$64,'Prog. Semanal TER'!N323,'Resumen Frentes Semanal'!$M$6:$M$64)","v":7},null,null,null,null,null,0,null,null,null,null,null,null,null,null,null,null,null,null,null,null,null,null,null,null,null,null,null,null,null,null,null,null,null,null,null,null,null,null,null,null,null,null,null,null,null,null,null,null,null,null,null,null,null,null,null,null,null,null,null,null,null,null,null,null,null,null,null,null,null,null,null,null,null,null,null,null,null,null,null,null,null,null,null,null,null,null,null,null,null,null,null,null,null,null,null,null,null,null,null,null,null,null,null,null,null,null,null,null,null,null,null,null,null,null,null,null,null,null,null,null,null,null,null,null,null,null,null,null,null,null,null,null,null,null,null,null,null,null,null,null,null,null,null,null,null,null,null,null,null,null,null,null,null,null,null,null,null,null,null,null,null,null,null,null,null,null,null,null,null,null,null,null,null,null,null,"F1-2",null,"F3-4",null,"F5-6",0.66669999999999996,null,null,"F5-6","F7-8","F9-10",0,"F5-6","F7-8","F9-10",null,0,"F5-6","F7-8","F9-10",null,null,0,"F5-6","F7-8","F9-10",null,null,0,null,null,"F7-8-9-10","F11-12",null,0,"F7-8-9-10",null,null,"F11-12",null,0,"F7-8-9-10-11-12","5-4-3-2F13-14",null,null,null,0,"F11-12","F13-14","F15",null,null,0,"F7-8","F9-10","F11-12",null,null,0.66669999999999996,"F11-12","F13-14","F15-15","F16-16","F17-18",0.4,null,null,null,"F11-12-13-14-15-15",null,1,"F16-16-17-18-19-20"]
[451,2,0,0,{"$f":"D324*$JF$324","v":0},0,"TERM",null,null,null,null,{"$f":"SUMIF('Control de Avance'!$C$15:$C$9589,'Prog. Semanal TER'!M324,'Control de Avance'!$B$15:$B$9589)","v":1},"Pileta de radier sala de basura",{"$f":"VLOOKUP(M324,'Act. Proyecto'!$I$3:$Q$881,2,FALSE)","v":"GASFITER T"},{"$f":"VLOOKUP(M324,'Act. Proyecto'!$I$3:$Q$881,3,FALSE)","v":"dh"},{"$f":"VLOOKUP(M324,'Act. Proyecto'!$I$3:$Q$881,4,FALSE)","v":0},{"$f":"VLOOKUP(M324,'Act. Proyecto'!$I$3:$Q$881,5,FALSE)","v":1},0,{"$f":"VLOOKUP(M324,'Act. Proyecto'!$I$3:$Q$881,7,FALSE)","v":"Edif"},{"$f":"SUMIF('Resumen Frentes Semanal'!$K$6:$K$64,'Prog. Semanal TER'!N324,'Resumen Frentes Semanal'!$M$6:$M$64)","v":7},null,null,null,null,null,0,null,null,null,null,null,null,null,null,null,null,null,null,null,null,null,null,null,null,null,null,null,null,null,null,null,null,null,null,null,null,null,null,null,null,null,null,null,null,null,null,null,null,null,null,null,null,null,null,null,null,null,null,null,null,null,null,null,null,null,null,null,null,null,null,null,null,null,null,null,null,null,null,null,null,null,null,null,null,null,null,null,null,null,null,null,null,null,null,null,null,null,null,null,null,null,null,null,null,null,null,null,null,null,null,null,null,null,null,null,null,null,null,null,null,null,null,null,null,null,null,null,null,null,null,null,null,null,null,null,null,null,null,null,null,null,null,null,null,null,null,null,null,null,null,null,null,null,null,null,null,null,null,null,null,null,null,null,null,null,null,null,null,null,null,null,null,null,null,null,null,null,null,null,null,null,null,null,null,null,null,null,null,null,null,null,null,null,null,null,null,null,null,null,null,null,null,null,null,null,null,null,null,null,null,null,null,null,null,null,null,null,null,"F1-2",null,null,0,null,null,null,null,null,null,null,null,null,null,null,null,null,null,null,null,null,null,null,null,null,null,null,null,null,null,null,"F1-2","F3-4"]
[452,3,0,0,{"$f":"D325*$JF$325","v":0},9867.0000000000018,"TERM",null,null,null,null,{"$f":"SUMIF('Control de Avance'!$C$15:$C$9589,'Prog. Semanal TER'!M325,'Control de Avance'!$B$15:$B$9589)","v":1},"Instalación de cornisas sala de basura ",{"$f":"VLOOKUP(M325,'Act. Proyecto'!$I$3:$Q$881,2,FALSE)","v":"CARP. TERMINACIONES"},{"$f":"VLOOKUP(M325,'Act. Proyecto'!$I$3:$Q$881,3,FALSE)","v":"ml"},{"$f":"VLOOKUP(M325,'Act. Proyecto'!$I$3:$Q$881,4,FALSE)","v":10.120000000000001},{"$f":"VLOOKUP(M325,'Act. Proyecto'!$I$3:$Q$881,5,FALSE)","v":325},3289.0000000000005,{"$f":"VLOOKUP(M325,'Act. Proyecto'!$I$3:$Q$881,7,FALSE)","v":"Edif"},{"$f":"SUMIF('Resumen Frentes Semanal'!$K$6:$K$64,'Prog. Semanal TER'!N325,'Resumen Frentes Semanal'!$M$6:$M$64)","v":108390},null,null,null,null,null,0,null,null,null,null,null,null,null,null,null,null,null,null,null,null,null,null,null,null,null,null,null,null,null,null,null,null,null,null,null,null,null,null,null,null,null,null,null,null,null,null,null,null,null,null,null,null,null,null,null,null,null,null,null,null,null,null,null,null,null,null,null,null,null,null,null,null,null,null,null,null,null,null,null,null,null,null,null,null,null,null,null,null,null,null,null,null,null,null,null,null,null,null,null,null,null,null,null,null,null,null,null,null,null,null,null,null,null,null,null,null,null,null,null,null,null,null,null,null,null,null,null,null,null,null,null,null,null,null,null,null,null,null,null,null,null,null,null,null,null,null,null,null,null,null,null,null,null,null,null,null,null,null,null,null,null,null,null,null,null,null,null,null,null,null,null,null,null,null,null,null,null,null,null,null,null,null,null,null,null,null,null,null,null,null,null,null,null,null,null,null,null,null,null,null,null,null,null,null,null,null,null,null,null,null,null,null,null,null,null,null,null,"F1-2-3-4-5-6",null,null,null,0,null,null,null,null,null,null,null,null,null,null,null,null,null,null,null,null,null,null,null,null,null,null,null,null,null,null,"F1-2-3-4-5-6"]
[453,null,null,0,{"$f":"D326*$JF$326","v":0},0,"TERM",null,null,null,null,{"$f":"SUMIF('Control de Avance'!$C$15:$C$9589,'Prog. Semanal TER'!M326,'Control de Avance'!$B$15:$B$9589)","v":1},"Instalación de puertas salas de basura + rejilla protección+cerradura",{"$f":"VLOOKUP(M326,'Act. Proyecto'!$I$3:$Q$881,2,FALSE)","v":"CARP. TERMINACIONES"},{"$f":"VLOOKUP(M326,'Act. Proyecto'!$I$3:$Q$881,3,FALSE)","v":"cu"},{"$f":"VLOOKUP(M326,'Act. Proyecto'!$I$3:$Q$881,4,FALSE)","v":1},{"$f":"VLOOKUP(M326,'Act. Proyecto'!$I$3:$Q$881,5,FALSE)","v":6455},6455,{"$f":"VLOOKUP(M326,'Act. Proyecto'!$I$3:$Q$881,7,FALSE)","v":"Edif"},{"$f":"SUMIF('Resumen Frentes Semanal'!$K$6:$K$64,'Prog. Semanal TER'!N326,'Resumen Frentes Semanal'!$M$6:$M$64)","v":108390},null,null,null,null,null,0,null,null,null,null,null,null,null,null,null,null,null,null,null,null,null,null,null,null,null,null,null,null,null,null,null,null,null,null,null,null,null,null,null,null,null,null,null,null,null,null,null,null,null,null,null,null,null,null,null,null,null,null,null,null,null,null,null,null,null,null,null,null,null,null,null,null,null,null,null,null,null,null,null,null,null,null,null,null,null,null,null,null,null,null,null,null,null,null,null,null,null,null,null,null,null,null,null,null,null,null,null,null,null,null,null,null,null,null,null,null,null,null,null,null,0,null,null,null,null,null,null,null,null,null,null,null,null,null,null,null,null,null,null,null,null,null,null,null,null,null,null,null,null,null,null,null,null,null,null,null,null,null,null,null,null,"F1-2",0,null,null,null,null,null,null,null,null,null,null,null,null,null,null,null,null,null,null,null,null,null,"1F1-2-3-4-5-6",null,0,null,null,null,"1F1-2-3-4-5-6",0,null,null,"1F1-2-3-4-5-6",null,null,0,"F1-2","F3-4-5-6-7-8",null,null,null,0.25,"F3-4",null,null,null,"1F5-6-7-8-9-10",0.625,null,null,null,null,null,null,null,null,"F5-6",null,null,0,null,null,"F5-6","F7-8",null,0,null,"F5-6","F7-8","F9-10",null,0,"F5-6-7-8-9-10-11-12-13-14-15-15",null,null,null,null,0]
[454,null,null,0,{"$f":"D327*$JF$327","v":0},0,"TERM",null,null,null,null,{"$f":"SUMIF('Control de Avance'!$C$15:$C$9589,'Prog. Semanal TER'!M327,'Control de Avance'!$B$15:$B$9589)","v":1},"Fabricación repisa sala de basura (Incluye pintura)",{"$f":"VLOOKUP(M327,'Act. Proyecto'!$I$3:$Q$881,2,FALSE)","v":"SOLDADOR"},{"$f":"VLOOKUP(M327,'Act. Proyecto'!$I$3:$Q$881,3,FALSE)","v":"cu"},{"$f":"VLOOKUP(M327,'Act. Proyecto'!$I$3:$Q$881,4,FALSE)","v":1},{"$f":"VLOOKUP(M327,'Act. Proyecto'!$I$3:$Q$881,5,FALSE)","v":8080},8080,{"$f":"VLOOKUP(M327,'Act. Proyecto'!$I$3:$Q$881,7,FALSE)","v":"Edif"},{"$f":"SUMIF('Resumen Frentes Semanal'!$K$6:$K$64,'Prog. Semanal TER'!N327,'Resumen Frentes Semanal'!$M$6:$M$64)","v":63049},null,null,null,null,null,0,null,null,null,null,null,null,null,null,null,null,null,null,null,null,null,null,null,null,null,null,null,null,null,null,null,null,null,null,null,null,null,null,null,null,null,null,null,null,null,null,null,null,null,null,null,null,null,null,null,null,null,null,null,null,null,null,null,null,null,null,null,null,null,null,null,null,null,null,null,null,null,null,null,null,null,null,null,null,null,null,null,null,null,null,null,null,null,null,null,null,null,null,null,null,null,null,null,null,null,null,null,null,null,null,null,null,null,null,null,null,null,null,null,null,null,null,null,null,null,null,null,null,null,null,null,null,null,null,null,null,null,null,null,null,null,null,null,null,null,null,null,null,null,null,null,null,null,null,null,null,null,null,null,null,null,null,null,null,null,null,null,null,null,null,null,null,null,null,null,null,null,null,null,null,null,null,null,null,null,null,null,null,null,null,null,null,null,null,null,null,null,null,null,null,null,null,null,null,null,null,null,null,null,null,null,null,null,null,null,null,null,null,null,null,null,null,null,null,null,"F1-2-3-4-5-6",null,1]
[455,null,null,0,{"$f":"D328*$JF$328","v":0},0,"TERM",null,null,null,null,{"$f":"SUMIF('Control de Avance'!$C$15:$C$9589,'Prog. Semanal TER'!M328,'Control de Avance'!$B$15:$B$9589)","v":1},"Instalación repisa metálica",{"$f":"VLOOKUP(M328,'Act. Proyecto'!$I$3:$Q$881,2,FALSE)","v":"SOLDADOR"},{"$f":"VLOOKUP(M328,'Act. Proyecto'!$I$3:$Q$881,3,FALSE)","v":"cu"},{"$f":"VLOOKUP(M328,'Act. Proyecto'!$I$3:$Q$881,4,FALSE)","v":1},{"$f":"VLOOKUP(M328,'Act. Proyecto'!$I$3:$Q$881,5,FALSE)","v":1400},1400,{"$f":"VLOOKUP(M328,'Act. Proyecto'!$I$3:$Q$881,7,FALSE)","v":"Edif"},{"$f":"SUMIF('Resumen Frentes Semanal'!$K$6:$K$64,'Prog. Semanal TER'!N328,'Resumen Frentes Semanal'!$M$6:$M$64)","v":63049},null,null,null,null,null,0,null,null,null,null,null,null,null,null,null,null,null,null,null,null,null,null,null,null,null,null,null,null,null,null,null,null,null,null,null,null,null,null,null,null,null,null,null,null,null,null,null,null,null,null,null,null,null,null,null,null,null,null,null,null,null,null,null,null,null,null,null,null,null,null,null,null,null,null,null,null,null,null,null,null,null,null,null,null,null,null,null,null,null,null,null,null,null,null,null,null,null,null,null,null,null,null,null,null,null,null,null,null,null,null,null,null,null,null,null,null,null,null,null,null,null,null,null,null,null,null,null,null,null,null,null,null,null,null,null,null,null,null,null,null,null,null,null,null,null,null,null,null,null,null,null,null,null,null,null,null,null,null,null,null,null,null,null,null,null,null,null,null,null,null,null,null,null,null,null,null,null,null,null,null,null,null,null,null,null,null,null,null,null,null,null,null,null,null,null,null,null,null,null,null,null,null,null,null,null,null,null,null,null,null,null,null,null,null,null,null,null,null,null,null,null,null,null,null,null,"F1-2-3-4-5-6",null,1]
[443,3,1,6150,{"$f":"D329*$JF$329","v":6150},12300,"TERM",null,null,null,null,{"$f":"SUMIF('Control de Avance'!$C$15:$C$9589,'Prog. Semanal TER'!M329,'Control de Avance'!$B$15:$B$9589)","v":1},"Rampa sala de basura",{"$f":"VLOOKUP(M329,'Act. Proyecto'!$I$3:$Q$881,2,FALSE)","v":"ALBAÑIL TERMINACIONES"},{"$f":"VLOOKUP(M329,'Act. Proyecto'!$I$3:$Q$881,3,FALSE)","v":"cu"},{"$f":"VLOOKUP(M329,'Act. Proyecto'!$I$3:$Q$881,4,FALSE)","v":1},{"$f":"VLOOKUP(M329,'Act. Proyecto'!$I$3:$Q$881,5,FALSE)","v":6150},6150,{"$f":"VLOOKUP(M329,'Act. Proyecto'!$I$3:$Q$881,7,FALSE)","v":"Edif"},{"$f":"SUMIF('Resumen Frentes Semanal'!$K$6:$K$64,'Prog. Semanal TER'!N329,'Resumen Frentes Semanal'!$M$6:$M$64)","v":52341},null,null,null,null,null,0,null,null,null,null,null,null,null,null,null,null,null,null,null,null,null,null,null,null,null,null,null,null,null,null,null,null,null,null,null,null,null,null,null,null,null,null,null,null,"F1-2",0,null,null,null,null,null,null,null,null,null,null,null,null,null,null,null,null,null,null,null,null,null,null,null,null,null,null,null,null,null,null,null,null,null,null,null,null,null,null,null,null,null,null,null,null,null,null,null,null,null,null,null,null,null,null,null,null,null,null,null,null,null,null,null,null,null,null,null,null,null,null,null,null,null,null,null,null,null,null,null,null,null,null,null,null,null,null,null,null,null,null,null,null,null,null,null,null,null,null,null,null,null,null,null,null,null,null,null,null,null,null,null,null,null,null,null,null,null,null,null,null,null,null,null,null,null,null,null,null,null,null,null,null,null,null,null,null,null,"F1-2","F3-4","F5-6",0.33329999999999999,null,null,"F3-4",null,0,null,"F3-4","F5-6",null,null,0,null,null,"F3-4",null,null,0,null,null,null,null,"F3-4",0,"F3-4","F5-6",null,null,null,0,null,null,"F3-4","F5-6",null,0,null,"F3-4",null,null,"F5-6",0,"F3-4","F5-6",null,null,null,0,"F3-4-5-6",null,null,null,null,1,null,null,null,null,"F7-8",1,null,null,"F9-10","F11-12"]
[456,3,1,6703.5000000000009,{"$f":"D330*$JF$330","v":6703.5000000000009},13407.000000000002,"TERM",null,null,null,null,{"$f":"SUMIF('Control de Avance'!$C$15:$C$9589,'Prog. Semanal TER'!M330,'Control de Avance'!$B$15:$B$9589)","v":1},"Media caña perimetro de piso",{"$f":"VLOOKUP(M330,'Act. Proyecto'!$I$3:$Q$881,2,FALSE)","v":"ALBAÑIL TERMINACIONES"},{"$f":"VLOOKUP(M330,'Act. Proyecto'!$I$3:$Q$881,3,FALSE)","v":"ml"},{"$f":"VLOOKUP(M330,'Act. Proyecto'!$I$3:$Q$881,4,FALSE)","v":10.900000000000002},{"$f":"VLOOKUP(M330,'Act. Proyecto'!$I$3:$Q$881,5,FALSE)","v":615},6703.5000000000009,{"$f":"VLOOKUP(M330,'Act. Proyecto'!$I$3:$Q$881,7,FALSE)","v":"Edif"},{"$f":"SUMIF('Resumen Frentes Semanal'!$K$6:$K$64,'Prog. Semanal TER'!N330,'Resumen Frentes Semanal'!$M$6:$M$64)","v":52341},null,null,null,null,null,0,null,null,null,null,null,null,null,null,null,null,null,null,null,null,null,null,null,null,null,null,null,null,null,null,null,null,null,null,null,null,null,null,null,null,null,null,null,null,null,null,null,null,null,null,null,null,null,null,null,null,null,null,null,null,null,null,null,null,null,null,null,null,null,null,null,null,null,null,null,null,null,null,null,null,null,null,null,null,null,null,null,null,null,null,null,null,null,null,null,null,null,null,null,null,null,null,null,null,null,null,null,null,null,null,null,null,null,null,null,null,null,null,null,null,null,null,null,null,null,null,null,null,null,null,null,null,null,null,null,null,null,null,null,null,null,null,null,null,null,null,null,null,null,null,null,null,null,null,null,null,null,null,null,null,null,null,null,null,null,null,null,null,null,null,null,null,null,null,null,null,null,null,null,null,null,null,null,"F1-2","F3-4","F5-6",0.33329999999999999,null,null,"F3-4",null,0,null,"F3-4","F5-6",null,null,0,null,null,"F3-4",null,null,0,null,null,null,null,"F3-4",0,"F3-4","F5-6",null,null,null,0,null,null,"F3-4","F5-6",null,0,"F1-2","F3-4",null,null,"F5-6",0,"F1-2-3-4","F5-6",null,null,null,0.66669999999999996,"F5-6",null,null,null,null,1,null,null,null,null,"F7-8",1,null,null,"F9-10","F11-12"]
[456,3,1,1830,{"$f":"D331*$JF$331","v":1830},3660,"ZC1",null,null,null,null,{"$f":"SUMIF('Control de Avance'!$C$15:$C$9589,'Prog. Semanal TER'!M331,'Control de Avance'!$B$15:$B$9589)","v":1},"Afinado de rampa sala basura",{"$f":"VLOOKUP(M331,'Act. Proyecto'!$I$3:$Q$881,2,FALSE)","v":"ALBAÑIL TERMINACIONES"},{"$f":"VLOOKUP(M331,'Act. Proyecto'!$I$3:$Q$881,3,FALSE)","v":"cu"},{"$f":"VLOOKUP(M331,'Act. Proyecto'!$I$3:$Q$881,4,FALSE)","v":1},{"$f":"VLOOKUP(M331,'Act. Proyecto'!$I$3:$Q$881,5,FALSE)","v":1830},1830,{"$f":"VLOOKUP(M331,'Act. Proyecto'!$I$3:$Q$881,7,FALSE)","v":"Edif"},{"$f":"SUMIF('Resumen Frentes Semanal'!$K$6:$K$64,'Prog. Semanal TER'!N331,'Resumen Frentes Semanal'!$M$6:$M$64)","v":52341},null,null,null,null,null,0,null,null,null,null,null,null,null,null,null,null,null,null,null,null,null,null,null,null,null,null,null,null,null,null,null,null,null,null,null,null,null,null,null,null,null,null,null,null,null,null,null,null,null,null,null,null,null,null,null,null,null,null,null,null,null,null,null,null,null,null,null,null,null,null,null,null,null,null,null,null,null,null,null,null,null,null,null,null,null,null,null,null,null,null,null,null,null,null,null,null,null,null,null,null,null,null,null,null,null,null,null,null,null,null,null,null,null,null,null,null,null,null,null,null,null,null,null,null,null,null,null,null,null,null,null,null,null,null,null,null,null,null,null,null,null,null,null,null,null,null,null,null,null,null,null,null,null,null,null,null,null,null,null,null,null,null,null,null,null,null,null,null,null,null,null,null,null,null,null,null,null,null,null,null,null,null,null,"F1-2","F3-4","F5-6",0.33329999999999999,null,null,"F3-4",null,0,null,"F3-4","F5-6",null,null,0,null,null,"F3-4",null,null,0,null,null,null,null,"F3-4",0,"F3-4","F5-6",null,null,null,0,null,null,"F3-4","F5-6",null,0,null,"F3-4",null,null,"F5-6",0,"F3-4","F5-6",null,null,null,0.5,"F5-6",null,null,null,null,1,null,null,null,null,"F7-8",1,null,null,"F9-10","F11-12"]
[457,3,1,2782.9999999999995,{"$f":"D332*$JF$332","v":2782.9999999999995},5565.9999999999991,"ZC1",null,null,null,null,{"$f":"SUMIF('Control de Avance'!$C$15:$C$9589,'Prog. Semanal TER'!M332,'Control de Avance'!$B$15:$B$9589)","v":1},"Afinado de piso sala basura",{"$f":"VLOOKUP(M332,'Act. Proyecto'!$I$3:$Q$881,2,FALSE)","v":"ALBAÑIL TERMINACIONES"},{"$f":"VLOOKUP(M332,'Act. Proyecto'!$I$3:$Q$881,3,FALSE)","v":"m2"},{"$f":"VLOOKUP(M332,'Act. Proyecto'!$I$3:$Q$881,4,FALSE)","v":6.0499999999999989},{"$f":"VLOOKUP(M332,'Act. Proyecto'!$I$3:$Q$881,5,FALSE)","v":460},2782.9999999999995,{"$f":"VLOOKUP(M332,'Act. Proyecto'!$I$3:$Q$881,7,FALSE)","v":"Edif"},{"$f":"SUMIF('Resumen Frentes Semanal'!$K$6:$K$64,'Prog. Semanal TER'!N332,'Resumen Frentes Semanal'!$M$6:$M$64)","v":52341},null,null,null,null,null,0,null,null,null,null,null,null,null,null,null,null,null,null,null,null,null,null,null,null,null,null,null,null,null,null,null,null,null,null,null,null,null,null,null,null,null,null,null,null,null,null,null,null,null,null,null,null,null,null,null,null,null,null,null,null,null,null,null,null,null,null,null,null,null,null,null,null,null,null,null,null,null,null,null,null,null,null,null,null,null,null,null,null,null,null,null,null,null,null,null,null,null,null,null,null,null,null,null,null,null,null,null,null,null,null,null,null,null,null,null,null,null,null,null,null,null,null,null,null,null,null,null,null,null,null,null,null,null,null,null,null,null,null,null,null,null,null,null,null,null,null,null,null,null,null,null,null,null,null,null,null,null,null,null,null,null,null,null,null,null,null,null,null,null,null,null,null,null,null,null,null,null,null,null,null,null,null,null,"F1-2",null,null,1,null,null,"F3-4",null,0,null,"F3-4","F5-6",null,null,0,null,null,"F3-4",null,null,0,null,null,null,null,"F3-4",0,"F3-4","F5-6",null,null,null,0,null,null,"F3-4","F5-6",null,0,null,"F3-4",null,null,"F5-6",0,"F3-4","F5-6",null,null,null,0.5,"F5-6",null,null,null,null,1,null,null,null,null,"F7-8",1,null,null,"F9-10","F11-12"]
[460,null,null,0,{"$f":"D333*$JF$333","v":0},0,"ZC1",null,null,null,null,{"$f":"SUMIF('Control de Avance'!$C$15:$C$9589,'Prog. Semanal TER'!M333,'Control de Avance'!$B$15:$B$9589)","v":1},"Goma stoperol rampa",{"$f":"VLOOKUP(M333,'Act. Proyecto'!$I$3:$Q$881,2,FALSE)","v":"CARP. ACCESORIOS"},{"$f":"VLOOKUP(M333,'Act. Proyecto'!$I$3:$Q$881,3,FALSE)","v":"cu"},{"$f":"VLOOKUP(M333,'Act. Proyecto'!$I$3:$Q$881,4,FALSE)","v":1},{"$f":"VLOOKUP(M333,'Act. Proyecto'!$I$3:$Q$881,5,FALSE)","v":2700},2700,{"$f":"VLOOKUP(M333,'Act. Proyecto'!$I$3:$Q$881,7,FALSE)","v":"Edif"},{"$f":"SUMIF('Resumen Frentes Semanal'!$K$6:$K$64,'Prog. Semanal TER'!N333,'Resumen Frentes Semanal'!$M$6:$M$64)","v":78800},null,null,null,null,null,0,null,null,null,null,null,null,null,null,null,null,null,null,null,null,null,null,null,null,null,null,null,null,null,null,null,null,null,null,null,null,null,null,null,null,null,null,null,null,null,null,null,null,null,null,null,null,null,null,null,null,null,null,null,null,null,null,null,null,null,null,null,null,null,null,null,null,null,null,null,null,null,null,null,null,null,null,null,null,null,null,null,null,null,null,null,null,null,null,null,null,null,null,null,null,null,null,null,null,null,null,null,null,null,null,null,null,null,null,null,null,null,null,null,null,null,null,null,null,null,null,null,null,null,null,null,null,null,null,null,null,null,null,null,null,null,null,null,null,null,null,null,null,null,null,null,null,null,null,null,null,null,null,null,null,null,null,null,null,null,null,null,null,null,null,null,null,null,null,null,null,null,null,null,null,null,null,null,null,null,null,null,null,null,null,null,null,null,null,null,null,null,null,null,null,null,null,null,null,null,null,null,null,null,null,null,null,null,null,null,null,null,null,null,null,null,null,null,null,null,null,"F1-2",0]
[460,null,null,0,{"$f":"D334*$JF$334","v":0},0,"ZC1",null,null,null,null,{"$f":"SUMIF('Control de Avance'!$C$15:$C$9589,'Prog. Semanal TER'!M334,'Control de Avance'!$B$15:$B$9589)","v":1},"Peinazo de hojalatería puerta de basura (Incluye Burlete)",{"$f":"VLOOKUP(M334,'Act. Proyecto'!$I$3:$Q$881,2,FALSE)","v":"CARP. ACCESORIOS"},{"$f":"VLOOKUP(M334,'Act. Proyecto'!$I$3:$Q$881,3,FALSE)","v":"cu"},{"$f":"VLOOKUP(M334,'Act. Proyecto'!$I$3:$Q$881,4,FALSE)","v":1},{"$f":"VLOOKUP(M334,'Act. Proyecto'!$I$3:$Q$881,5,FALSE)","v":1025},1025,{"$f":"VLOOKUP(M334,'Act. Proyecto'!$I$3:$Q$881,7,FALSE)","v":"Edif"},{"$f":"SUMIF('Resumen Frentes Semanal'!$K$6:$K$64,'Prog. Semanal TER'!N334,'Resumen Frentes Semanal'!$M$6:$M$64)","v":78800},null,null,null,null,null,0]
[460,2,0,0,{"$f":"D335*$JF$335","v":0},0,"ZC1",null,null,null,null,{"$f":"SUMIF('Control de Avance'!$C$15:$C$9589,'Prog. Semanal TER'!M335,'Control de Avance'!$B$15:$B$9589)","v":1},"Instalación de lavamanos en Sala de basura",{"$f":"VLOOKUP(M335,'Act. Proyecto'!$I$3:$Q$881,2,FALSE)","v":"GASFITER T"},{"$f":"VLOOKUP(M335,'Act. Proyecto'!$I$3:$Q$881,3,FALSE)","v":"dh"},{"$f":"VLOOKUP(M335,'Act. Proyecto'!$I$3:$Q$881,4,FALSE)","v":0},{"$f":"VLOOKUP(M335,'Act. Proyecto'!$I$3:$Q$881,5,FALSE)","v":0},0,{"$f":"VLOOKUP(M335,'Act. Proyecto'!$I$3:$Q$881,7,FALSE)","v":"Edif"},{"$f":"SUMIF('Resumen Frentes Semanal'!$K$6:$K$64,'Prog. Semanal TER'!N335,'Resumen Frentes Semanal'!$M$6:$M$64)","v":7},null,null,null,null,null,0,null,null,null,null,null,null,null,null,null,null,null,null,null,null,null,null,null,null,null,null,null,null,null,null,null,null,null,null,null,null,null,null,null,null,null,null,null,null,null,null,null,null,null,null,null,null,null,null,null,null,null,null,null,null,null,null,null,null,null,null,null,null,null,null,null,null,null,null,null,null,null,null,null,null,null,null,null,null,null,null,null,null,null,null,null,null,null,null,null,null,null,null,null,null,null,null,null,null,null,null,null,null,null,null,null,null,null,null,null,null,null,null,null,null,null,null,null,null,null,null,null,null,null,null,null,null,null,null,null,null,null,null,null,null,null,null,null,null,null,null,null,null,null,null,null,null,null,null,null,null,null,null,null,null,null,null,null,null,null,null,null,null,null,null,null,null,null,null,null,null,null,null,null,null,null,null,null,null,null,null,null,null,null,null,null,null,null,null,null,null,null,null,null,null,null,null,null,null,null,null,null,null,null,null,null,null,null,null,null,null,null,null,null,null,"F1-2",0,null,null,null,null,null,null,null,null,null,null,null,null,null,null,null,null,null,null,null,null,null,null,null,null,null,null,null,"F1-2","F3-4"]
[461,3,1,13381.550000000001,{"$f":"D336*$JF$336","v":0},26763.100000000002,"ZC1",null,null,null,null,{"$f":"SUMIF('Control de Avance'!$C$15:$C$9589,'Prog. Semanal TER'!M336,'Control de Avance'!$B$15:$B$9589)","v":1},"Primera mano pasta y látex sala de basura",{"$f":"VLOOKUP(M336,'Act. Proyecto'!$I$3:$Q$881,2,FALSE)","v":"PINTOR TERMINACIONES"},{"$f":"VLOOKUP(M336,'Act. Proyecto'!$I$3:$Q$881,3,FALSE)","v":"m2"},{"$f":"VLOOKUP(M336,'Act. Proyecto'!$I$3:$Q$881,4,FALSE)","v":22.490000000000002},{"$f":"VLOOKUP(M336,'Act. Proyecto'!$I$3:$Q$881,5,FALSE)","v":595},13381.550000000001,{"$f":"VLOOKUP(M336,'Act. Proyecto'!$I$3:$Q$881,7,FALSE)","v":"Edif"},{"$f":"SUMIF('Resumen Frentes Semanal'!$K$6:$K$64,'Prog. Semanal TER'!N336,'Resumen Frentes Semanal'!$M$6:$M$64)","v":31602},null,null,null,null,null,0,null,null,null,null,null,null,null,null,null,null,null,null,null,null,null,null,null,null,null,null,null,null,null,null,null,null,null,null,null,null,null,null,null,null,null,null,null,null,null,null,null,null,null,null,null,null,null,null,null,null,null,null,null,null,null,null,null,null,null,null,null,null,null,null,null,null,null,null,null,null,null,null,null,null,null,null,null,null,null,null,null,null,null,null,null,null,null,null,null,null,null,null,null,null,null,null,null,null,null,null,null,null,null,null,null,null,null,null,null,null,null,null,null,null,null,null,null,null,null,null,null,null,null,null,null,null,null,null,null,null,null,null,null,null,null,null,null,null,null,null,null,null,null,null,null,null,null,null,null,null,null,null,null,null,null,null,null,null,null,null,null,null,null,null,null,null,null,null,null,null,null,null,null,null,null,null,null,null,null,null,null,null,null,null,null,null,null,null,null,null,null,null,null,null,null,null,null,null,null,null,null,null,null,null,null,null,null,null,null,null,null,null,null,null,null,null,null,null,"F1-2",null,null,0,null,null,null,null,null,null,null,null,null,null,null,null,"F1-2",null,null,null,null,0,null,null,"F1-2","F3-4"]
[446,null,null,0,{"$f":"D337*$JF$337","v":0},0,"ZC1",null,null,null,null,{"$f":"SUMIF('Control de Avance'!$C$15:$C$9589,'Prog. Semanal TER'!M337,'Control de Avance'!$B$15:$B$9589)","v":1},"Preparación e instalación de artefactos eléctricos sala de basura",{"$f":"VLOOKUP(M337,'Act. Proyecto'!$I$3:$Q$881,2,FALSE)","v":"ADMINISTRACIÓN"},{"$f":"VLOOKUP(M337,'Act. Proyecto'!$I$3:$Q$881,3,FALSE)","v":"centro"},{"$f":"VLOOKUP(M337,'Act. Proyecto'!$I$3:$Q$881,4,FALSE)","v":0},{"$f":"VLOOKUP(M337,'Act. Proyecto'!$I$3:$Q$881,5,FALSE)","v":566},0,{"$f":"VLOOKUP(M337,'Act. Proyecto'!$I$3:$Q$881,7,FALSE)","v":"Edif"},{"$f":"SUMIF('Resumen Frentes Semanal'!$K$6:$K$64,'Prog. Semanal TER'!N337,'Resumen Frentes Semanal'!$M$6:$M$64)","v":0},null,null,null,null,null,0]
[461,3,1,{"$f":"C338*$R338","v":8883.5500000000011},{"$f":"D338*$JF$338","v":0},{"$f":"(B338-C338)*R338","v":17767.100000000002},"ZC1",null,null,null,null,{"$f":"SUMIF('Control de Avance'!$C$15:$C$9589,'Prog. Semanal TER'!M338,'Control de Avance'!$B$15:$B$9589)","v":1},"Segunda mano óleo sala de basura",{"$f":"VLOOKUP(M338,'Act. Proyecto'!$I$3:$Q$881,2,FALSE)","v":"PINTOR TERMINACIONES"},{"$f":"VLOOKUP(M338,'Act. Proyecto'!$I$3:$Q$881,3,FALSE)","v":"m2"},{"$f":"VLOOKUP(M338,'Act. Proyecto'!$I$3:$Q$881,4,FALSE)","v":22.490000000000002},{"$f":"VLOOKUP(M338,'Act. Proyecto'!$I$3:$Q$881,5,FALSE)","v":395},8883.5500000000011,{"$f":"VLOOKUP(M338,'Act. Proyecto'!$I$3:$Q$881,7,FALSE)","v":"Edif"},{"$f":"SUMIF('Resumen Frentes Semanal'!$K$6:$K$64,'Prog. Semanal TER'!N338,'Resumen Frentes Semanal'!$M$6:$M$64)","v":31602},null,null,null,null,null,0,null,null,null,null,null,null,null,null,null,null,null,null,null,null,null,null,null,null,null,null,null,null,null,null,null,null,null,null,null,null,null,null,null,null,null,null,null,null,null,null,null,null,null,null,null,null,null,null,null,null,null,null,null,null,null,null,null,null,null,null,null,null,null,null,null,null,null,null,null,null,null,null,null,null,null,null,null,null,null,null,null,null,null,null,null,null,null,null,null,null,null,null,null,null,null,null,null,null,null,null,null,null,null,null,null,null,null,null,null,null,null,null,null,null,null,null,null,null,null,null,null,null,null,null,null,null,null,null,null,null,null,null,null,null,null,null,null,null,null,null,null,null,null,null,null,null,null,null,null,null,null,null,null,null,null,null,null,null,null,null,null,null,null,null,null,null,null,null,null,null,null,null,null,null,null,null,null,null,null,null,null,null,null,null,null,null,null,null,null,null,null,null,null,null,null,null,null,null,null,null,null,null,null,null,null,null,null,null,null,null,null,null,null,null,null,null,null,null,"F1-2",null,null,0,null,null,null,null,null,null,null,null,null,null,null,null,"F1-2",null,null,null,null,0,null,null,"F1-2","F3-4"]
[446,null,null,0,{"$f":"D339*$JF$339","v":0},0,"ZC1",null,null,null,null,{"$f":"SUMIF('Control de Avance'!$C$15:$C$9589,'Prog. Semanal TER'!M339,'Control de Avance'!$B$15:$B$9589)","v":1},"Instalación de tapas artefactos sala de basura",{"$f":"VLOOKUP(M339,'Act. Proyecto'!$I$3:$Q$881,2,FALSE)","v":"ADMINISTRACIÓN"},{"$f":"VLOOKUP(M339,'Act. Proyecto'!$I$3:$Q$881,3,FALSE)","v":"centro"},{"$f":"VLOOKUP(M339,'Act. Proyecto'!$I$3:$Q$881,4,FALSE)","v":0},{"$f":"VLOOKUP(M339,'Act. Proyecto'!$I$3:$Q$881,5,FALSE)","v":53},0,{"$f":"VLOOKUP(M339,'Act. Proyecto'!$I$3:$Q$881,7,FALSE)","v":"Edif"},{"$f":"SUMIF('Resumen Frentes Semanal'!$K$6:$K$64,'Prog. Semanal TER'!N339,'Resumen Frentes Semanal'!$M$6:$M$64)","v":0},null,null,null,null,null,0]
[462,3,1,3113.6000000000004,{"$f":"D340*$JF$340","v":0},6227.2000000000007,"ZC1",null,null,null,null,{"$f":"SUMIF('Control de Avance'!$C$15:$C$9589,'Prog. Semanal TER'!M340,'Control de Avance'!$B$15:$B$9589)","v":0},"Pintura epóxica de piso sala de basura",{"$f":"VLOOKUP(M340,'Act. Proyecto'!$I$3:$Q$881,2,FALSE)","v":"PINTOR TERMINACIONES"},{"$f":"VLOOKUP(M340,'Act. Proyecto'!$I$3:$Q$881,3,FALSE)","v":"m2"},{"$f":"VLOOKUP(M340,'Act. Proyecto'!$I$3:$Q$881,4,FALSE)","v":5.5600000000000005},{"$f":"VLOOKUP(M340,'Act. Proyecto'!$I$3:$Q$881,5,FALSE)","v":560},{"$f":"IFERROR(P340*Q340,0)","v":3113.6000000000004},{"$f":"VLOOKUP(M340,'Act. Proyecto'!$I$3:$Q$881,7,FALSE)","v":"Edif"},{"$f":"SUMIF('Resumen Frentes Semanal'!$K$6:$K$64,'Prog. Semanal TER'!N340,'Resumen Frentes Semanal'!$M$6:$M$64)","v":31602},null,null,null,null,null,0,null,null,null,null,null,null,null,null,null,null,null,null,null,null,null,null,null,null,null,null,null,null,null,null,null,null,null,null,null,null,null,null,null,null,null,null,null,null,null,null,null,null,null,null,null,null,null,null,null,null,null,null,null,null,null,null,null,null,null,null,null,null,null,null,null,null,null,null,null,null,null,null,null,null,null,null,null,null,null,null,null,null,null,null,null,null,null,null,null,null,null,null,null,null,null,null,null,null,null,null,null,null,null,null,null,null,null,null,null,null,null,null,null,null,null,null,null,null,null,null,null,null,null,null,null,null,null,null,null,null,null,null,null,null,null,null,null,null,null,null,null,null,null,null,null,null,null,null,null,null,null,null,null,null,null,null,null,null,null,null,null,null,null,null,null,null,null,null,null,null,null,null,null,null,null,null,null,null,null,null,null,null,null,null,null,null,null,null,null,null,null,null,null,null,null,null,null,null,null,null,null,null,null,null,null,null,null,null,null,null,null,null,null,null,null,null,null,null,"F1-2",null,null,0,null,null,null,null,null,null,null,null,null,null,null,null,null,"F1-2",null,null,null,0,null,null,"F1-2","F3-4"]
[465,null,null,0,{"$f":"D341*$JF$341","v":0},0,"ZC1",null,null,null,null,{"$f":"SUMIF('Control de Avance'!$C$15:$C$9589,'Prog. Semanal TER'!M341,'Control de Avance'!$B$15:$B$9589)","v":0},"Rejilla pileta, Soporte, manguera, pitón",{"$f":"VLOOKUP(M341,'Act. Proyecto'!$I$3:$Q$881,2,FALSE)","v":"CARP. ACCESORIOS"},{"$f":"VLOOKUP(M341,'Act. Proyecto'!$I$3:$Q$881,3,FALSE)","v":"cu"},{"$f":"VLOOKUP(M341,'Act. Proyecto'!$I$3:$Q$881,4,FALSE)","v":4},{"$f":"VLOOKUP(M341,'Act. Proyecto'!$I$3:$Q$881,5,FALSE)","v":540},2160,{"$f":"VLOOKUP(M341,'Act. Proyecto'!$I$3:$Q$881,7,FALSE)","v":"Edif"},{"$f":"SUMIF('Resumen Frentes Semanal'!$K$6:$K$64,'Prog. Semanal TER'!N341,'Resumen Frentes Semanal'!$M$6:$M$64)","v":78800},null,null,null,null,null,0]
[466,null,null,0,{"$f":"D342*$JF$342","v":0},0,"ZC1",null,null,null,null,{"$f":"SUMIF('Control de Avance'!$C$15:$C$9589,'Prog. Semanal TER'!M342,'Control de Avance'!$B$15:$B$9589)","v":0},"Extintor para la sala de basura",{"$f":"VLOOKUP(M342,'Act. Proyecto'!$I$3:$Q$881,2,FALSE)","v":"CARP. ACCESORIOS"},{"$f":"VLOOKUP(M342,'Act. Proyecto'!$I$3:$Q$881,3,FALSE)","v":"cu"},{"$f":"VLOOKUP(M342,'Act. Proyecto'!$I$3:$Q$881,4,FALSE)","v":1},{"$f":"VLOOKUP(M342,'Act. Proyecto'!$I$3:$Q$881,5,FALSE)","v":1080},1080,{"$f":"VLOOKUP(M342,'Act. Proyecto'!$I$3:$Q$881,7,FALSE)","v":"Edif"},{"$f":"SUMIF('Resumen Frentes Semanal'!$K$6:$K$64,'Prog. Semanal TER'!N342,'Resumen Frentes Semanal'!$M$6:$M$64)","v":78800},null,null,null,null,null,0]
[467,null,null,0,{"$f":"D343*$JF$343","v":0},0,"ZC1",null,null,null,null,{"$f":"SUMIF('Control de Avance'!$C$15:$C$9589,'Prog. Semanal TER'!M343,'Control de Avance'!$B$15:$B$9589)","v":0},"Carros de basura",{"$f":"VLOOKUP(M343,'Act. Proyecto'!$I$3:$Q$881,2,FALSE)","v":"CARP. ACCESORIOS"},{"$f":"VLOOKUP(M343,'Act. Proyecto'!$I$3:$Q$881,3,FALSE)","v":"cu"},{"$f":"VLOOKUP(M343,'Act. Proyecto'!$I$3:$Q$881,4,FALSE)","v":4},{"$f":"VLOOKUP(M343,'Act. Proyecto'!$I$3:$Q$881,5,FALSE)","v":540},2160,{"$f":"VLOOKUP(M343,'Act. Proyecto'!$I$3:$Q$881,7,FALSE)","v":"Edif"},{"$f":"SUMIF('Resumen Frentes Semanal'!$K$6:$K$64,'Prog. Semanal TER'!N343,'Resumen Frentes Semanal'!$M$6:$M$64)","v":78800},null,null,null,null,null,0]
[468,null,null,0,{"$f":"D344*$JF$344","v":0},0,"ZC1",null,null,null,null,{"$f":"SUMIF('Control de Avance'!$C$15:$C$9589,'Prog. Semanal TER'!M344,'Control de Avance'!$B$15:$B$9589)","v":0},"Letreros de sala basura",{"$f":"VLOOKUP(M344,'Act. Proyecto'!$I$3:$Q$881,2,FALSE)","v":"CARP. ACCESORIOS"},{"$f":"VLOOKUP(M344,'Act. Proyecto'!$I$3:$Q$881,3,FALSE)","v":"cu"},{"$f":"VLOOKUP(M344,'Act. Proyecto'!$I$3:$Q$881,4,FALSE)","v":12},{"$f":"VLOOKUP(M344,'Act. Proyecto'!$I$3:$Q$881,5,FALSE)","v":120},1440,{"$f":"VLOOKUP(M344,'Act. Proyecto'!$I$3:$Q$881,7,FALSE)","v":"Edif"},{"$f":"SUMIF('Resumen Frentes Semanal'!$K$6:$K$64,'Prog. Semanal TER'!N344,'Resumen Frentes Semanal'!$M$6:$M$64)","v":78800},null,null,null,null,null,0]
[470,null,null,0,{"$f":"D345*$JF$345","v":0},0,"ZC1",null,null,null,null,{"$f":"SUMIF('Control de Avance'!$C$15:$C$9589,'Prog. Semanal TER'!M345,'Control de Avance'!$B$15:$B$9589)","v":0},"TREN SALA DE MEDIDORES",{"$f":"VLOOKUP(M345,'Act. Proyecto'!$I$3:$Q$881,2,FALSE)","v":"."},{"$f":"VLOOKUP(M345,'Act. Proyecto'!$I$3:$Q$881,3,FALSE)","v":"."},{"$f":"VLOOKUP(M345,'Act. Proyecto'!$I$3:$Q$881,4,FALSE)","v":0},{"$f":"VLOOKUP(M345,'Act. Proyecto'!$I$3:$Q$881,5,FALSE)","v":"."},0,{"$f":"VLOOKUP(M345,'Act. Proyecto'!$I$3:$Q$881,7,FALSE)","v":"."},{"$f":"SUMIF('Resumen Frentes Semanal'!$K$6:$K$64,'Prog. Semanal TER'!N345,'Resumen Frentes Semanal'!$M$6:$M$64)","v":0},null,null,null,null,null,0]
[471,null,null,0,{"$f":"D346*$JF$346","v":0},0,"ZC1",null,null,null,null,{"$f":"SUMIF('Control de Avance'!$C$15:$C$9589,'Prog. Semanal TER'!M346,'Control de Avance'!$B$15:$B$9589)","v":1},"Subir matriz de agua y llegada a medidores",{"$f":"VLOOKUP(M346,'Act. Proyecto'!$I$3:$Q$881,2,FALSE)","v":"GASFITER T"},{"$f":"VLOOKUP(M346,'Act. Proyecto'!$I$3:$Q$881,3,FALSE)","v":"dh"},{"$f":"VLOOKUP(M346,'Act. Proyecto'!$I$3:$Q$881,4,FALSE)","v":0.8355555555555555},{"$f":"VLOOKUP(M346,'Act. Proyecto'!$I$3:$Q$881,5,FALSE)","v":1},0.8355555555555555,{"$f":"VLOOKUP(M346,'Act. Proyecto'!$I$3:$Q$881,7,FALSE)","v":"Edif"},{"$f":"SUMIF('Resumen Frentes Semanal'!$K$6:$K$64,'Prog. Semanal TER'!N346,'Resumen Frentes Semanal'!$M$6:$M$64)","v":7},null,null,null,null,null,0,null,null,null,null,null,null,null,null,null,null,null,null,null,null,null,null,null,null,null,null,null,null,null,null,null,null,null,null,null,null,null,null,null,null,null,null,null,null,null,null,null,null,null,null,null,null,null,null,null,null,null,null,null,null,null,null,null,null,null,null,null,null,null,null,null,null,null,null,null,null,null,null,null,null,null,null,null,null,null,null,null,null,null,null,null,null,null,null,null,null,null,null,null,null,null,null,null,null,null,null,null,null,null,null,null,null,null,null,null,null,null,null,null,null,null,null,null,null,null,null,null,null,null,null,null,null,null,null,null,null,null,null,null,null,null,null,null,null,null,null,null,null,null,"F15-16",0,"F15",null,null,null,null,null,null,null,null,null,null,null,null,null,null,null,null,null,null,null,null,null,null,null,null,null,null,null,null,null,null,null,null,null,null,null,null,null,null,null,null,null,null,null,null,null,null,null,null,null,null,null,null,null,null,null,null,null,null,null,null,null,null,null,0,"F1-2",null,"F3-4",null,"F5-6",0]
[510,null,null,0,{"$f":"D347*$JF$347","v":0},0,"ZC1",null,null,null,null,{"$f":"SUMIF('Control de Avance'!$C$15:$C$9589,'Prog. Semanal TER'!M347,'Control de Avance'!$B$15:$B$9589)","v":0},"Red Seca vertical y Red humeda por techumbre",{"$f":"VLOOKUP(M347,'Act. Proyecto'!$I$3:$Q$881,2,FALSE)","v":"GASFITER T"},{"$f":"VLOOKUP(M347,'Act. Proyecto'!$I$3:$Q$881,3,FALSE)","v":"dh"},{"$f":"VLOOKUP(M347,'Act. Proyecto'!$I$3:$Q$881,4,FALSE)","v":0},{"$f":"VLOOKUP(M347,'Act. Proyecto'!$I$3:$Q$881,5,FALSE)","v":1},0,{"$f":"VLOOKUP(M347,'Act. Proyecto'!$I$3:$Q$881,7,FALSE)","v":"Edif"},{"$f":"SUMIF('Resumen Frentes Semanal'!$K$6:$K$64,'Prog. Semanal TER'!N347,'Resumen Frentes Semanal'!$M$6:$M$64)","v":7},null,null,null,null,null,0,null,null,null,null,null,null,null,null,null,null,null,null,null,null,null,null,null,null,null,null,null,null,null,null,null,null,null,null,null,null,null,null,null,null,null,null,null,null,null,null,null,null,null,null,null,null,null,null,null,null,null,null,null,null,null,null,null,null,null,null,null,null,null,null,null,null,null,null,null,null,null,null,null,null,null,null,null,null,null,null,null,null,null,null,null,null,null,null,null,null,null,null,null,null,null,null,null,null,null,null,null,null,null,null,null,null,null,null,null,null,null,null,null,null,null,null,null,null,null,null,null,null,null,null,null,null,null,null,null,null,null,null,null,null,null,null,null,null,null,null,null,null,null,"F15-16",0,"F15",null,null,null,null,0,null,null,null,null,null,null,"F13-14",null,null,null,null,1,null,"F15",null,null,null,0,"F15","F16",null,null,null,0,"F15-16",null,null,null,null,1,null,null,null,null,null,null,null,null,null,null,null,null,null,null,null,null,null,null,null,null,null,null,null,"F17-18","F19-20",null,null,null,0]
[472,1,0,0,{"$f":"D348*$JF$348","v":0},16833.800000000003,"ZC1",null,null,null,null,{"$f":"SUMIF('Control de Avance'!$C$15:$C$9589,'Prog. Semanal TER'!M348,'Control de Avance'!$B$15:$B$9589)","v":0},"Fabricar ducto de basura",{"$f":"VLOOKUP(M348,'Act. Proyecto'!$I$3:$Q$881,2,FALSE)","v":"SOLDADOR"},{"$f":"VLOOKUP(M348,'Act. Proyecto'!$I$3:$Q$881,3,FALSE)","v":"ml"},{"$f":"VLOOKUP(M348,'Act. Proyecto'!$I$3:$Q$881,4,FALSE)","v":11.530000000000001},{"$f":"VLOOKUP(M348,'Act. Proyecto'!$I$3:$Q$881,5,FALSE)","v":1460},16833.800000000003,{"$f":"VLOOKUP(M348,'Act. Proyecto'!$I$3:$Q$881,7,FALSE)","v":"Edif"},{"$f":"SUMIF('Resumen Frentes Semanal'!$K$6:$K$64,'Prog. Semanal TER'!N348,'Resumen Frentes Semanal'!$M$6:$M$64)","v":63049},null,null,null,null,null,0,null,null,null,null,null,null,null,null,null,null,null,null,null,null,null,null,null,null,null,null,null,null,null,null,null,null,null,null,null,null,null,null,null,null,null,null,null,"F1-2",null,1,null,null,null,null,null,0,null,"F3-4","F5-6",null,null,1,null,null,null,null,null,null,null,null,null,null,null,null,null,null,null,null,null,null,null,null,null,null,null,null,null,null,null,null,null,null,null,null,"F7-8",null,1,null,null,null,"F9-10",null,1,null,null,null,null,null,null,null,null,null,null,null,null,null,null,null,null,null,null,null,null,null,null,null,null,null,null,null,0,"F11-12","F13-14",null,null,null,1,null,null,null,null,null,null,null,null,null,null,null,null,null,null,null,null,null,null,null,null,null,null,null,null,null,"F13-14",null,null,null,1,null,null,null,"F15-15",null,1,null,null,null,"F16-16",null,1,null,null,null,null,null,null,null,null,null,null,null,null,null,null,null,null,null,"F17-18",null,null,null,null,1,null,"F19-20",null,null,null,1,null,null,null,null,null,null,null,null,null,null,null,null,null,null,null,null,null,null,null,null,null,null,"F21-22",1,null,null,null,null,null,null,null,null,null,null,null,null,null,null,null,null,null,null,null,null,"F23-24"]
[473,1,0,0,{"$f":"D349*$JF$349","v":0},16833.800000000003,"ZC1",null,null,null,null,{"$f":"SUMIF('Control de Avance'!$C$15:$C$9589,'Prog. Semanal TER'!M349,'Control de Avance'!$B$15:$B$9589)","v":0},"Instalación ducto de basura",{"$f":"VLOOKUP(M349,'Act. Proyecto'!$I$3:$Q$881,2,FALSE)","v":"SOLDADOR"},{"$f":"VLOOKUP(M349,'Act. Proyecto'!$I$3:$Q$881,3,FALSE)","v":"ml"},{"$f":"VLOOKUP(M349,'Act. Proyecto'!$I$3:$Q$881,4,FALSE)","v":11.530000000000001},{"$f":"VLOOKUP(M349,'Act. Proyecto'!$I$3:$Q$881,5,FALSE)","v":1460},16833.800000000003,{"$f":"VLOOKUP(M349,'Act. Proyecto'!$I$3:$Q$881,7,FALSE)","v":"Edif"},{"$f":"SUMIF('Resumen Frentes Semanal'!$K$6:$K$64,'Prog. Semanal TER'!N349,'Resumen Frentes Semanal'!$M$6:$M$64)","v":63049},null,null,null,null,null,0,null,null,null,null,null,null,null,null,null,null,null,null,null,null,null,null,null,null,null,null,null,null,null,null,null,null,null,null,null,null,null,null,null,null,null,null,null,"F1-2",null,1,null,null,null,null,null,0,null,null,"F3-4",null,null,0,null,"F3-4",null,null,1,null,null,"F5-6",null,null,0,null,null,null,null,"F5-6",0,null,null,null,null,"F5-6",1,null,null,null,null,null,null,null,null,null,"F7-8",null,1,null,null,null,"F9-10",null,1,null,null,null,null,null,null,null,null,null,null,null,null,null,null,null,null,null,null,null,null,null,null,null,null,null,null,null,0,"F11-12",null,null,null,null,1,null,null,null,null,null,null,null,null,null,null,null,null,null,null,null,null,null,null,null,null,null,null,null,null,null,"F13-14",null,null,null,1,null,null,null,"F15-15",null,1,null,null,null,"F16-16",null,1,null,null,null,null,null,null,null,null,null,null,null,null,null,null,null,null,null,"F17-18",null,null,null,null,1,null,"F19-20",null,null,null,1,null,null,null,null,null,null,null,null,null,null,null,null,null,null,null,null,null,null,null,null,null,null,"F21-22",1,null,null,null,null,null,null,null,null,null,null,null,null,null,null,null,null,null,null,null,null,"F23-24"]
[474,5,0,0,{"$f":"D350*$JF$350","v":0},28550,"ZC1",null,null,null,null,{"$f":"SUMIF('Control de Avance'!$C$15:$C$9589,'Prog. Semanal TER'!M350,'Control de Avance'!$B$15:$B$9589)","v":1},"Instalar Tolvas de ducto de basura (inlcuye pestillo, burlete y pintura)",{"$f":"VLOOKUP(M350,'Act. Proyecto'!$I$3:$Q$881,2,FALSE)","v":"SOLDADOR"},{"$f":"VLOOKUP(M350,'Act. Proyecto'!$I$3:$Q$881,3,FALSE)","v":"cu"},{"$f":"VLOOKUP(M350,'Act. Proyecto'!$I$3:$Q$881,4,FALSE)","v":1},{"$f":"VLOOKUP(M350,'Act. Proyecto'!$I$3:$Q$881,5,FALSE)","v":5710},5710,{"$f":"VLOOKUP(M350,'Act. Proyecto'!$I$3:$Q$881,7,FALSE)","v":"Piso"},{"$f":"SUMIF('Resumen Frentes Semanal'!$K$6:$K$64,'Prog. Semanal TER'!N350,'Resumen Frentes Semanal'!$M$6:$M$64)","v":63049},null,null,null,null,null,0,null,null,null,null,null,null,null,null,null,null,null,null,null,null,null,null,null,null,null,null,null,null,null,null,null,null,null,null,null,null,null,null,null,null,null,null,null,null,"5-4-3-2-1F1-2",1,null,null,null,null,null,null,null,null,null,null,null,0,null,null,"F3-4",null,1,null,null,"F5-6",null,null,0,null,null,null,null,"F5-6",0,null,null,null,null,"F5-6",1,null,null,null,null,null,null,null,null,null,"F7-8",null,1,null,null,null,"5-4-3-2F9-10","1F9-10",0.8,null,null,null,null,null,null,null,null,null,null,null,null,null,null,null,null,null,null,null,null,null,null,null,null,null,null,null,0,"F11-12",null,null,null,null,1,null,null,null,null,null,null,null,null,null,null,null,null,null,null,null,null,null,null,null,null,null,null,null,null,null,null,"F13-14",null,null,1,null,null,null,"F15-15",null,1,null,null,null,"F16-16",null,1,null,null,null,null,null,null,null,null,null,null,null,null,null,null,null,null,null,null,"F17-18",null,null,null,1,null,null,"F19-20",null,null,1,null,null,null,null,null,null,null,null,null,null,null,null,null,null,null,null,null,null,null,null,null,null,"F21-22",1,null,null,null,null,null,null,null,null,null,null,null,null,null,null,null,null,null,null,null,null,null,"F23-24"]
[480,1,0,0,{"$f":"D351*$JF$351","v":0},540,"ZC1",null,null,null,null,{"$f":"SUMIF('Control de Avance'!$C$15:$C$9589,'Prog. Semanal TER'!M351,'Control de Avance'!$B$15:$B$9589)","v":0},"Abertura para challa",{"$f":"VLOOKUP(M351,'Act. Proyecto'!$I$3:$Q$881,2,FALSE)","v":"SOLDADOR"},{"$f":"VLOOKUP(M351,'Act. Proyecto'!$I$3:$Q$881,3,FALSE)","v":"cu"},{"$f":"VLOOKUP(M351,'Act. Proyecto'!$I$3:$Q$881,4,FALSE)","v":1},{"$f":"VLOOKUP(M351,'Act. Proyecto'!$I$3:$Q$881,5,FALSE)","v":540},540,{"$f":"VLOOKUP(M351,'Act. Proyecto'!$I$3:$Q$881,7,FALSE)","v":"Edif"},{"$f":"SUMIF('Resumen Frentes Semanal'!$K$6:$K$64,'Prog. Semanal TER'!N351,'Resumen Frentes Semanal'!$M$6:$M$64)","v":63049},null,null,null,null,null,0,null,null,null,null,null,null,null,null,null,null,null,null,null,null,null,null,null,null,null,null,null,null,null,null,null,null,null,null,null,null,null,null,null,null,null,null,null,null,null,null,null,null,null,null,null,null,null,null,null,null,null,null,null,null,"F1-2-3-4",null,1,null,null,"F5-6",null,null,0,null,null,null,null,"F5-6",0,null,null,null,null,"F5-6",1,null,null,null,null,null,null,null,null,null,"F7-8",null,1,null,null,null,"F9-10",null,1,null,null,null,null,null,null,null,null,null,null,null,null,null,null,null,null,null,null,null,null,null,null,null,null,null,null,null,0,"F11-12",null,null,null,null,1,null,null,null,null,null,null,null,null,null,null,null,null,null,null,null,null,null,null,null,null,null,null,null,null,null,null,"F13-14",null,null,1,null,null,null,"F15-15",null,1,null,null,null,"F16-16",null,1,null,null,null,null,null,null,null,null,null,null,null,null,null,null,null,null,null,null,"F17-18",null,null,null,1,null,null,"F19-20",null,null,1,null,null,null,null,null,null,null,null,null,null,null,null,null,null,null,null,null,null,null,null,null,null,"F21-22",1,null,null,null,null,null,null,null,null,null,null,null,null,null,null,null,null,null,null,null,null,null,"F23-24"]
[481,null,null,0,{"$f":"D352*$JF$352","v":0},0,"ZC1",null,null,null,null,{"$f":"SUMIF('Control de Avance'!$C$15:$C$9589,'Prog. Semanal TER'!M352,'Control de Avance'!$B$15:$B$9589)","v":0},"Conexión challa ducto de basura",{"$f":"VLOOKUP(M352,'Act. Proyecto'!$I$3:$Q$881,2,FALSE)","v":"GASFITER T"},{"$f":"VLOOKUP(M352,'Act. Proyecto'!$I$3:$Q$881,3,FALSE)","v":"dh"},{"$f":"VLOOKUP(M352,'Act. Proyecto'!$I$3:$Q$881,4,FALSE)","v":0.16666666666666666},{"$f":"VLOOKUP(M352,'Act. Proyecto'!$I$3:$Q$881,5,FALSE)","v":1},0.16666666666666666,{"$f":"VLOOKUP(M352,'Act. Proyecto'!$I$3:$Q$881,7,FALSE)","v":"Edif"},{"$f":"SUMIF('Resumen Frentes Semanal'!$K$6:$K$64,'Prog. Semanal TER'!N352,'Resumen Frentes Semanal'!$M$6:$M$64)","v":7},null,null,null,null,null,0,null,null,null,null,null,null,null,null,null,null,null,null,null,null,null,null,null,null,null,null,null,null,null,null,null,null,null,null,null,null,null,null,null,null,null,null,null,null,null,null,null,null,null,null,null,null,null,null,null,null,null,null,null,null,null,null,null,null,null,null,null,null,null,null,null,null,null,null,null,null,null,null,null,null,null,null,null,null,null,null,null,null,null,null,null,null,null,null,null,null,null,null,null,null,null,null,null,null,null,null,null,null,null,null,null,null,null,null,null,null,null,null,null,null,null,null,null,null,null,null,null,null,null,null,null,null,null,null,null,null,null,null,null,null,null,null,null,null,null,null,null,null,null,null,null,null,null,null,null,null,null,null,null,null,null,null,null,null,null,null,null,null,null,null,null,null,null,null,null,null,null,null,null,null,null,null,null,null,null,null,null,null,null,null,null,null,null,null,null,null,null,null,null,null,null,null,null,null,null,null,null,null,null,null,null,null,null,null,"F1-2",0,"F1-2",null,"F3-4",null,"F5-6",0]
[194,30,15,21300,{"$f":"D353*$JF$353","v":0},21300,"ZC1",null,null,null,null,{"$f":"SUMIF('Control de Avance'!$C$15:$C$9589,'Prog. Semanal TER'!M353,'Control de Avance'!$B$15:$B$9589)","v":1},"Trazo sala de medidores",{"$f":"VLOOKUP(M353,'Act. Proyecto'!$I$3:$Q$881,2,FALSE)","v":"LIMPIEZA Y TRASLADO"},{"$f":"VLOOKUP(M353,'Act. Proyecto'!$I$3:$Q$881,3,FALSE)","v":"un"},{"$f":"VLOOKUP(M353,'Act. Proyecto'!$I$3:$Q$881,4,FALSE)","v":1},{"$f":"VLOOKUP(M353,'Act. Proyecto'!$I$3:$Q$881,5,FALSE)","v":1420},1420,{"$f":"VLOOKUP(M353,'Act. Proyecto'!$I$3:$Q$881,7,FALSE)","v":"Piso"},{"$f":"SUMIF('Resumen Frentes Semanal'!$K$6:$K$64,'Prog. Semanal TER'!N353,'Resumen Frentes Semanal'!$M$6:$M$64)","v":43500},null,null,null,null,null,0,null,null,null,null,null,null,null,null,null,null,null,null,null,null,null,null,null,null,null,null,null,null,null,null,null,null,null,null,null,null,null,null,null,null,null,null,null,null,null,null,null,null,null,null,null,null,null,null,null,null,null,null,null,null,null,null,null,null,null,null,null,null,null,null,null,null,null,null,null,null,null,null,null,null,null,null,null,null,null,null,null,null,null,null,null,null,null,null,null,null,null,null,null,null,null,null,null,null,null,null,null,null,null,null,null,null,null,null,null,null,null,null,null,null,null,null,null,null,null,null,null,"5-4F5-6","3-2F5-6",null,null,null,1,null,null,null,null,null,null,null,null,null,null,null,null,null,null,null,null,null,null,null,null,null,null,null,null,null,null,null,null,null,null,null,null,null,null,null,null,null,null,"1F1-2",null,"1F3-4",1,null,null,null,null,null,null,null,null,"1F5-6","1F7-8","1F9-10",0,"1F5-6","1F7-8","1F9-10",null,0.33329999999999999,"1F7-8-9-10",null,null,null,null,0,"1F7-8-9-10",null,null,null,null,0,null,null,"1F7-8-9-10","5-4-3-2F11-12",null,1,null,null,null,"F11-12",null,0,"1F11-12","5-4-3-2F13-14",null,null,null,0,null,"5-4-3-2F13-14","F15",null,null,0.61539999999999995,"5-4-3-2-1F15-15-16-16",null,null,"1F11-12-13-14",null,1,"F16-16",null,"F17-18",null,"F19-20",0,"F16-16","F17-18-19-20",null,null,null,0,"F16-16-17-18-19-20"]
[196,14,2,793.6,{"$f":"D354*$JF$354","v":0},4761.6000000000004,"ZC1",null,null,null,null,{"$f":"SUMIF('Control de Avance'!$C$15:$C$9589,'Prog. Semanal TER'!M354,'Control de Avance'!$B$15:$B$9589)","v":1},"Fabricación de elementos eléctricos ZC",{"$f":"VLOOKUP(M354,'Act. Proyecto'!$I$3:$Q$881,2,FALSE)","v":"ELÉCTRICO T"},{"$f":"VLOOKUP(M354,'Act. Proyecto'!$I$3:$Q$881,3,FALSE)","v":"centro"},{"$f":"VLOOKUP(M354,'Act. Proyecto'!$I$3:$Q$881,4,FALSE)","v":6.4},{"$f":"VLOOKUP(M354,'Act. Proyecto'!$I$3:$Q$881,5,FALSE)","v":62},396.8,{"$f":"VLOOKUP(M354,'Act. Proyecto'!$I$3:$Q$881,7,FALSE)","v":"Piso"},{"$f":"SUMIF('Resumen Frentes Semanal'!$K$6:$K$64,'Prog. Semanal TER'!N354,'Resumen Frentes Semanal'!$M$6:$M$64)","v":82000},null,null,null,null,null,0,null,null,null,null,null,null,null,null,null,null,null,null,null,null,null,null,null,null,null,null,null,null,null,null,null,null,null,null,null,null,null,null,null,null,null,null,null,null,null,null,null,null,null,null,null,null,null,null,null,null,null,null,null,null,null,null,null,null,null,null,null,null,null,null,null,null,null,null,null,null,null,null,null,null,null,null,null,null,null,null,null,null,null,null,null,null,null,null,null,null,null,null,null,null,null,null,null,"5F1-2",1,null,null,null,null,"4F1-2","3F1-2","2F1-2",null,null,1,null,null,null,"5-4-3-2F3-4",null,1,null,null,null,null,null,0,null,null,null,null,null,null,null,"5-4-3-2F5-6",null,null,null,1,null,null,"5-4-3-2F7-8",null,null,1,null,null,null,null,null,null,null,null,null,null,null,null,null,null,null,"5-4-3-2F9-10",null,1,null,null,null,null,"11F1-2-3-4",0,null,null,"1F1-2",null,"1F3-4",0.5,null,null,null,null,null,0,null,null,"1F5-6","1F7-8","1F9-10",0,"1F5-6","1F7-8",null,null,0,"1F5-6-7-8","1F9-10",null,null,null,0,"1F5-6","1F7-8",null,"1F9-10",null,1,null,null,null,"5-4-3-2F11-12",null,1,null,null,null,null,null,0,"1F11-12",null,null,null,null,0,null,null,null,null,null,0,"5-4-3-2F13-14",null,"5-4-3-2F15-15",null,null,0.5,"5-4-3-2F15-15",null,"5-4-3F16-16",null,null,1,"2-1F16-16",null,null,null,null,0,"2-1F16-16","F17-18-19-20"]
[196,25,10,21613.999999999996,{"$f":"D355*$JF$355","v":21613.999999999996},32420.999999999993,"ZC1",null,null,null,null,{"$f":"SUMIF('Control de Avance'!$C$15:$C$9589,'Prog. Semanal TER'!M355,'Control de Avance'!$B$15:$B$9589)","v":1},"Alambrar canalizaciones y Enlauchar ZC",{"$f":"VLOOKUP(M355,'Act. Proyecto'!$I$3:$Q$881,2,FALSE)","v":"ELÉCTRICO T"},{"$f":"VLOOKUP(M355,'Act. Proyecto'!$I$3:$Q$881,3,FALSE)","v":"centro"},{"$f":"VLOOKUP(M355,'Act. Proyecto'!$I$3:$Q$881,4,FALSE)","v":10.7},{"$f":"VLOOKUP(M355,'Act. Proyecto'!$I$3:$Q$881,5,FALSE)","v":202},2161.3999999999996,{"$f":"VLOOKUP(M355,'Act. Proyecto'!$I$3:$Q$881,7,FALSE)","v":"Piso"},{"$f":"SUMIF('Resumen Frentes Semanal'!$K$6:$K$64,'Prog. Semanal TER'!N355,'Resumen Frentes Semanal'!$M$6:$M$64)","v":82000},null,null,null,null,null,0,null,null,null,null,null,null,null,null,null,null,null,null,null,null,null,null,null,null,null,null,null,null,null,null,null,null,null,null,null,null,null,null,null,null,null,null,null,null,null,null,null,null,null,null,null,null,null,null,null,null,null,null,null,null,null,null,null,null,null,null,null,null,null,null,null,null,null,null,null,null,null,null,null,null,null,null,null,null,null,null,null,null,null,null,null,null,null,null,null,null,null,null,null,null,null,null,null,null,null,null,null,null,null,null,null,null,null,null,null,null,null,null,null,null,null,null,null,null,null,null,null,null,null,null,null,null,null,null,null,null,null,null,null,null,null,null,null,null,null,null,null,null,null,null,null,null,null,null,null,null,null,null,null,null,null,null,null,null,null,null,null,null,null,null,null,null,null,null,null,null,null,null,null,null,null,null,null,null,null,null,null,null,null,null,null,null,null,null,null,null,null,null,null,null,null,null,null,null,null,null,null,null,null,null,null,null,null,null,null,null,null,null,null,null,null,null,null,null,null,null,null,null,null,null,null,null,null,null,null,null,null,null,null,null,"F7-8","F9-10",null,null,null,1,"F11-12-13-14-15-15"]
[428,6,3,15400.8,{"$f":"D356*$JF$356","v":0},15400.8,"ZC1",null,null,null,null,{"$f":"SUMIF('Control de Avance'!$C$15:$C$9589,'Prog. Semanal TER'!M356,'Control de Avance'!$B$15:$B$9589)","v":1},"Tabique nicho eléctrico",{"$f":"VLOOKUP(M356,'Act. Proyecto'!$I$3:$Q$881,2,FALSE)","v":"CARP. TABIQUE Y VOLCAPOL"},{"$f":"VLOOKUP(M356,'Act. Proyecto'!$I$3:$Q$881,3,FALSE)","v":"m2"},{"$f":"VLOOKUP(M356,'Act. Proyecto'!$I$3:$Q$881,4,FALSE)","v":4.1399999999999997},{"$f":"VLOOKUP(M356,'Act. Proyecto'!$I$3:$Q$881,5,FALSE)","v":1240},5133.5999999999995,{"$f":"VLOOKUP(M356,'Act. Proyecto'!$I$3:$Q$881,7,FALSE)","v":"Edif"},{"$f":"SUMIF('Resumen Frentes Semanal'!$K$6:$K$64,'Prog. Semanal TER'!N356,'Resumen Frentes Semanal'!$M$6:$M$64)","v":167800},null,null,null,null,null,0,null,null,null,null,null,null,null,null,null,null,null,null,null,null,null,null,null,null,null,null,null,null,null,null,null,null,null,null,null,null,null,null,null,null,null,null,null,null,null,null,null,null,null,null,null,null,null,null,null,null,null,null,null,"F1-2",null,null,0,"F1-2",null,null,null,null,0,null,null,null,null,null,null,null,null,null,null,null,null,null,null,null,null,null,null,null,null,null,null,null,null,null,null,null,null,null,null,null,null,null,null,null,null,null,null,null,null,null,null,null,null,null,null,null,null,null,null,null,null,null,null,"F1-2","F3-4","F5-6",0,null,null,null,"F1-2",null,0,"F1-2",null,null,null,"F3-4",0,null,null,"F1-2","F3-4","F5-6",0,"F1-2","F3-4",null,null,null,0,null,null,null,null,"F1-2",1,null,null,"F3-4",null,"F5-6",0,null,null,null,null,"F3-4",0,null,null,"F1-2",null,"F3-4",1,"F5-6",null,null,null,null,0,null,null,"F5-6","F7-8","F9-10",0,"F5-6","F7-8",null,null,0.5,"F7-8-9-10",null,null,null,null,0,null,"F7-8",null,"F9-10",null,0,null,null,"F7-8-9-10",null,null,1,null,null,null,"F11-12",null,0,"F11-12","F13-14","F15-15",null,null,0,null,null,"F15",null,null,0,"F11-12","F13-14","F15-15","F16-16",null,1,"F16-16",null,"F17-18",null,"F19-20",0,"F16-16","F17-18-19-20",null,null,null,0,"F16-16-17-18-19-20"]
[429,null,null,0,{"$f":"D357*$JF$357","v":0},0,"ZC1",null,null,null,null,{"$f":"SUMIF('Control de Avance'!$C$15:$C$9589,'Prog. Semanal TER'!M357,'Control de Avance'!$B$15:$B$9589)","v":1},"Instalaciones tabique nicho eléctrico",{"$f":"VLOOKUP(M357,'Act. Proyecto'!$I$3:$Q$881,2,FALSE)","v":"ADMINISTRACIÓN"},{"$f":"VLOOKUP(M357,'Act. Proyecto'!$I$3:$Q$881,3,FALSE)","v":"centro"},{"$f":"VLOOKUP(M357,'Act. Proyecto'!$I$3:$Q$881,4,FALSE)","v":0},{"$f":"VLOOKUP(M357,'Act. Proyecto'!$I$3:$Q$881,5,FALSE)","v":803},0,{"$f":"VLOOKUP(M357,'Act. Proyecto'!$I$3:$Q$881,7,FALSE)","v":"Edif"},{"$f":"SUMIF('Resumen Frentes Semanal'!$K$6:$K$64,'Prog. Semanal TER'!N357,'Resumen Frentes Semanal'!$M$6:$M$64)","v":0},null,null,null,null,null,0,null,null,null,null,null,null,null,null,null,null,null,null,null,null,null,null,null,null,null,null,null,null,null,null,null,null,null,null,null,null,null,null,null,null,null,null,null,null,null,null,null,null,null,null,null,null,null,null,null,null,null,null,null,null,null,null,null,null,null,null,null,null,null,null,null,null,null,null,null,null,null,null,null,null,null,null,null,null,null,null,null,null,null,null,null,null,null,null,null,null,null,null,null,null,null,null,null,null,null,null,null,null,null,null,null,null,null,null,null,null,null,null,null,null,null,null,null,"F1-2","F3-4","F5-6",0,null,null,null,null,null,0,"F1-2",null,null,null,null,0,null,null,"F1-2","F3-4","F5-6",0,"F1-2","F3-4",null,null,null,0]
[443,3,1,3680,{"$f":"D358*$JF$358","v":3680},7360,"ZC1",null,null,null,null,{"$f":"SUMIF('Control de Avance'!$C$15:$C$9589,'Prog. Semanal TER'!M358,'Control de Avance'!$B$15:$B$9589)","v":1},"Escalón nicho eléctrico",{"$f":"VLOOKUP(M358,'Act. Proyecto'!$I$3:$Q$881,2,FALSE)","v":"ALBAÑIL TERMINACIONES"},{"$f":"VLOOKUP(M358,'Act. Proyecto'!$I$3:$Q$881,3,FALSE)","v":"cu"},{"$f":"VLOOKUP(M358,'Act. Proyecto'!$I$3:$Q$881,4,FALSE)","v":1},{"$f":"VLOOKUP(M358,'Act. Proyecto'!$I$3:$Q$881,5,FALSE)","v":3680},3680,{"$f":"VLOOKUP(M358,'Act. Proyecto'!$I$3:$Q$881,7,FALSE)","v":"Edif"},{"$f":"SUMIF('Resumen Frentes Semanal'!$K$6:$K$64,'Prog. Semanal TER'!N358,'Resumen Frentes Semanal'!$M$6:$M$64)","v":52341},null,null,null,null,null,0,null,null,null,null,null,null,null,null,null,null,null,null,null,null,null,null,null,null,null,null,null,null,null,null,null,null,null,null,null,null,null,null,null,null,null,null,null,null,null,null,null,null,null,null,null,null,null,null,null,null,null,null,null,null,null,null,null,null,null,null,null,null,null,null,null,null,null,null,null,null,null,null,null,null,null,null,null,null,null,null,null,null,null,null,null,null,null,null,null,null,null,null,null,null,null,null,null,null,null,null,null,null,null,null,null,null,null,null,null,null,null,null,null,null,null,null,null,null,null,null,0,null,null,null,null,null,null,null,null,null,null,null,null,null,null,"F1-2-3-4-5-6",null,null,1,null,null,null,null,null,null,null,null,null,null,null,null,null,null,null,null,null,null,null,null,null,null,null,null,null,null,null,null,null,null,null,null,null,null,null,null,null,null,"F1-2","F3-4","F5-6",0,null,null,"F3-4",null,0,null,"F3-4","F5-6",null,null,0,null,null,"F3-4",null,null,0,null,null,null,null,"F3-4",0,"F3-4","F5-6",null,null,null,0,null,null,"F3-4","F5-6",null,0,null,"F3-4",null,null,"F5-6",0,"F3-4","F5-6",null,null,null,0,"F1-2-3-4-5-6",null,null,null,null,1,null,null,null,null,"F7-8",1,null,null,"F9-10","F11-12"]
[522,5,0,0,{"$f":"D359*$JF$359","v":0},9150,"ZC1",null,null,null,null,{"$f":"SUMIF('Control de Avance'!$C$15:$C$9589,'Prog. Semanal TER'!M359,'Control de Avance'!$B$15:$B$9589)","v":1},"Retape shafts caja escala (HDP, ducto basura, red seca)",{"$f":"VLOOKUP(M359,'Act. Proyecto'!$I$3:$Q$881,2,FALSE)","v":"ALBAÑIL TERMINACIONES"},{"$f":"VLOOKUP(M359,'Act. Proyecto'!$I$3:$Q$881,3,FALSE)","v":"cu"},{"$f":"VLOOKUP(M359,'Act. Proyecto'!$I$3:$Q$881,4,FALSE)","v":3},{"$f":"VLOOKUP(M359,'Act. Proyecto'!$I$3:$Q$881,5,FALSE)","v":610},1830,{"$f":"VLOOKUP(M359,'Act. Proyecto'!$I$3:$Q$881,7,FALSE)","v":"Piso"},{"$f":"SUMIF('Resumen Frentes Semanal'!$K$6:$K$64,'Prog. Semanal TER'!N359,'Resumen Frentes Semanal'!$M$6:$M$64)","v":52341},null,null,null,null,null,0,null,null,null,null,null,null,null,null,null,null,null,null,null,null,null,null,null,null,null,null,null,null,null,null,null,null,null,null,null,null,null,null,null,null,null,null,null,null,null,null,null,null,null,null,null,null,null,null,null,null,null,null,null,null,null,null,null,null,null,null,null,null,null,null,null,null,"F1-2-3-4",null,0,null,null,null,null,null,null,null,null,null,null,null,null,null,null,null,null,null,null,null,null,null,null,null,null,null,null,null,null,null,null,"F1-2","F3-4","F5-6",1,null,null,"F7-8",null,null,0,null,null,null,null,null,null,null,null,null,null,null,null,null,null,null,null,null,null,"F7-8","F9-10",null,null,null,0.5,"F9-10","F11-12",null,null,null,0.5,"F11-12",null,"4-3-2-1F9-10",null,null,1,"F13-14",null,null,null,null,0,null,null,null,"F13-14",null,0,"F13-14",null,null,null,null,1,null,null,null,"F15-15",null,0,null,"F15-15","F16-16",null,null,0.5,"F16-16",null,null,null,null,1,null,null,null,null,null,null,null,"5-4-3-2-1F17-18",null,null,0,"5-4-3-2-1F17-18",null,null,null,null,0,null,null,null,"F17-18","F19-20",0,null,null,"F17-18",null,"F19-20",0,"F17-18","F19-20",null,null,null,0,null,"F17-18",null,"F19-20",null,0.5,null,"F19-20",null,null,null,0,null,null,"F19-20-21-22",null,null,1,null,null,null,null,null,null,null,null,null,null,"F23-24"]
[195,20,9,49869.63,{"$f":"D360*$JF$360","v":0},60951.77,"ZC1",null,null,null,null,{"$f":"SUMIF('Control de Avance'!$C$15:$C$9589,'Prog. Semanal TER'!M360,'Control de Avance'!$B$15:$B$9589)","v":0},"Tabique cuarto técnico",{"$f":"VLOOKUP(M360,'Act. Proyecto'!$I$3:$Q$881,2,FALSE)","v":"CARP. TABIQUE Y VOLCAPOL"},{"$f":"VLOOKUP(M360,'Act. Proyecto'!$I$3:$Q$881,3,FALSE)","v":"m2"},{"$f":"VLOOKUP(M360,'Act. Proyecto'!$I$3:$Q$881,4,FALSE)","v":4.8819999999999997},{"$f":"VLOOKUP(M360,'Act. Proyecto'!$I$3:$Q$881,5,FALSE)","v":1135},5541.07,{"$f":"VLOOKUP(M360,'Act. Proyecto'!$I$3:$Q$881,7,FALSE)","v":"Piso"},{"$f":"SUMIF('Resumen Frentes Semanal'!$K$6:$K$64,'Prog. Semanal TER'!N360,'Resumen Frentes Semanal'!$M$6:$M$64)","v":167800},null,null,null,null,null,0,null,null,null,null,null,null,null,null,null,null,null,null,null,null,null,null,null,null,null,null,null,null,null,null,null,null,null,null,null,null,null,null,null,null,null,null,null,null,null,null,null,null,null,null,null,null,null,null,null,null,null,null,null,"F1-2",null,null,0,"F1-2",null,null,null,null,0,null,null,null,null,null,null,null,null,null,null,null,null,null,null,null,null,null,null,null,null,null,null,null,null,null,null,null,null,null,null,"5F1-2","4F1-2","3F1-2","2F1-2",null,1,null,null,null,null,null,null,null,null,null,null,null,null,null,"5-4-3-2F3-4",null,1,null,null,"5-4-3-2F5-6",null,null,0,"5-4F5-6",null,"3-2F5-6",null,null,1,null,null,null,null,null,null,null,null,"5-4-3-2F7-8",null,null,1,null,null,null,null,null,null,null,null,null,"5-4-3-2F9-10",null,1,null,null,null,null,null,null,null,null,null,null,null,null,null,null,"1F1-2",null,"1F3-4",1,null,null,null,null,null,null,null,null,null,null,null,null,"1F5-6","1F7-8",null,null,0.5,"1F7-8-9-10",null,null,null,null,0,null,"1F7-8",null,"1F9-10",null,0,null,null,"1F7-8-9-10","5-4-3-2F11-12",null,1,null,null,null,"1F11-12",null,0,"1F11-12","5-4-3-2F13-14","5-4-3-2F15-15",null,null,0,null,"5-4-3-2F13-14",null,null,null,1,"1F11-12","1F13-14","5-4-3-2-1F15-15-16-16",null,null,1,null,null,"5-4-3-2F17-18",null,"5-4-3-2F19-20",0,null,"5-4-3-2F17-18-19-20",null,null,"5F21-22",0,"F17-18-19-20",null,null,"5F21-22"]
[196,14,2,9484.8000000000011,{"$f":"D361*$JF$361","v":0},56908.800000000003,"ZC1",null,null,null,null,{"$f":"SUMIF('Control de Avance'!$C$15:$C$9589,'Prog. Semanal TER'!M361,'Control de Avance'!$B$15:$B$9589)","v":1},"Instalaciones eléctricas en tabique ZC",{"$f":"VLOOKUP(M361,'Act. Proyecto'!$I$3:$Q$881,2,FALSE)","v":"ELÉCTRICO T"},{"$f":"VLOOKUP(M361,'Act. Proyecto'!$I$3:$Q$881,3,FALSE)","v":"centro"},{"$f":"VLOOKUP(M361,'Act. Proyecto'!$I$3:$Q$881,4,FALSE)","v":6.4},{"$f":"VLOOKUP(M361,'Act. Proyecto'!$I$3:$Q$881,5,FALSE)","v":741},4742.4000000000005,{"$f":"VLOOKUP(M361,'Act. Proyecto'!$I$3:$Q$881,7,FALSE)","v":"Piso"},{"$f":"SUMIF('Resumen Frentes Semanal'!$K$6:$K$64,'Prog. Semanal TER'!N361,'Resumen Frentes Semanal'!$M$6:$M$64)","v":82000},null,null,null,null,null,0,null,null,null,null,null,null,null,null,null,null,null,null,null,null,null,null,null,null,null,null,null,null,null,null,null,null,null,null,null,null,null,null,null,null,null,null,null,null,null,null,null,null,null,null,null,null,null,null,null,null,null,null,null,null,null,null,null,null,null,null,null,null,0,null,null,null,null,null,null,null,null,null,null,null,null,null,null,null,null,null,null,null,null,null,null,null,null,null,null,null,null,null,null,null,null,null,null,"5F1-2",1,null,null,null,null,"4F1-2","3F1-2","2F1-2",null,null,1,null,null,null,"5-4-3-2F3-4",null,1,null,null,"5-4-3-2F5-6",null,null,0,"5-4F5-6","3F5-6","2F5-6",null,null,0,null,"5-4-3-2F5-6",null,null,null,1,null,null,"5-4-3-2F7-8",null,null,1,null,null,null,null,null,null,null,null,null,null,null,null,null,null,null,"5-4-3-2F9-10",null,1,null,null,null,null,"1F1-2-3-4",0,null,null,"1F1-2",null,"1F3-4",0.5,null,null,null,null,null,0,null,null,"1F5-6","1F7-8","1F9-10",0,"1F5-6","1F7-8",null,null,0,"1F5-6-7-8","1F9-10",null,null,null,0,"1F5-6","1F7-8",null,"1F9-10",null,1,null,null,null,"5-4-3-2F11-12",null,1,null,null,null,null,null,0,"1F11-12",null,null,null,null,0,null,null,null,null,null,0,"5-4-3-2F13-14",null,"5-4-3-2F15-15",null,null,0.5,"5-4-3-2F15-15",null,"5-4-3F16-16",null,null,1,"2-1F16-16",null,null,null,null,0,"2-1F16-16","F17-18-19-20"]
[482,20,9,43189.200000000004,{"$f":"D362*$JF$362","v":0},52786.8,"ZC1",null,null,null,null,{"$f":"SUMIF('Control de Avance'!$C$15:$C$9589,'Prog. Semanal TER'!M362,'Control de Avance'!$B$15:$B$9589)","v":1},"Tabique shaft ducto basura",{"$f":"VLOOKUP(M362,'Act. Proyecto'!$I$3:$Q$881,2,FALSE)","v":"CARP. TABIQUE Y VOLCAPOL"},{"$f":"VLOOKUP(M362,'Act. Proyecto'!$I$3:$Q$881,3,FALSE)","v":"m2"},{"$f":"VLOOKUP(M362,'Act. Proyecto'!$I$3:$Q$881,4,FALSE)","v":3.87},{"$f":"VLOOKUP(M362,'Act. Proyecto'!$I$3:$Q$881,5,FALSE)","v":1240},4798.8,{"$f":"VLOOKUP(M362,'Act. Proyecto'!$I$3:$Q$881,7,FALSE)","v":"Piso"},{"$f":"SUMIF('Resumen Frentes Semanal'!$K$6:$K$64,'Prog. Semanal TER'!N362,'Resumen Frentes Semanal'!$M$6:$M$64)","v":167800},null,null,null,null,null,0,null,null,null,null,null,null,null,null,null,null,null,null,null,null,null,null,null,null,null,null,null,null,null,null,null,null,null,null,null,null,null,null,null,null,null,null,null,null,null,null,null,null,null,null,null,null,null,null,null,null,null,null,null,"F1-2",null,null,0,"F1-2",null,null,null,null,0,null,null,null,null,null,null,null,null,null,null,null,null,null,null,null,null,null,null,null,null,null,null,null,null,null,null,null,null,null,null,"5F1-2","4F1-2","3F1-2","2F1-2",null,1,null,null,null,null,null,null,null,null,null,null,null,null,null,"5-4-3-2F3-4",null,1,null,null,"5-4-3-2F5-6",null,null,0,"5-4F5-6",null,"3-2F5-6",null,null,1,null,null,null,null,null,null,null,null,"5-4-3-2F7-8",null,null,1,null,null,null,null,null,null,null,null,null,"5-4-3-2F9-10","1F1-2",1,null,null,"1F3-4",null,"1F5-6",0,null,null,null,null,"1F3-4",0,null,null,"1F1-2",null,"1F3-4",1,"1F5-6",null,null,null,null,0,null,null,"1F5-6","1F7-8","1F9-10",0,"1F5-6","1F7-8",null,null,0.5,"1F7-8-9-10",null,null,null,null,0,null,"1F7-8",null,"1F9-10",null,0,null,null,"1F7-8-9-10","5-4-3-2F11-12",null,1,null,null,null,"1F11-12",null,0,"1F11-12","5-4-3-2F13-14","5-4-3-2F15-15",null,null,0,null,"5-4-3-2F13-14",null,null,null,1,"1F11-12","1F13-14","5-4-3-2-1F15-15-16-16",null,null,1,null,null,"5-4-3-2F17-18",null,"5-4-3-2F19-20",0,null,"5-4-3-2F17-18-19-20",null,null,"5F21-22",0,"F17-18-19-20",null,null,"5F21-22"]
[483,12,6,30951.72,{"$f":"D363*$JF$363","v":0},30951.72,"ZC1",null,null,null,null,{"$f":"SUMIF('Control de Avance'!$C$15:$C$9589,'Prog. Semanal TER'!M363,'Control de Avance'!$B$15:$B$9589)","v":1},"Tabique nicho de gas",{"$f":"VLOOKUP(M363,'Act. Proyecto'!$I$3:$Q$881,2,FALSE)","v":"CARP. TABIQUE Y VOLCAPOL"},{"$f":"VLOOKUP(M363,'Act. Proyecto'!$I$3:$Q$881,3,FALSE)","v":"m2"},{"$f":"VLOOKUP(M363,'Act. Proyecto'!$I$3:$Q$881,4,FALSE)","v":2.214},{"$f":"VLOOKUP(M363,'Act. Proyecto'!$I$3:$Q$881,5,FALSE)","v":2330},5158.62,{"$f":"VLOOKUP(M363,'Act. Proyecto'!$I$3:$Q$881,7,FALSE)","v":"Piso"},{"$f":"SUMIF('Resumen Frentes Semanal'!$K$6:$K$64,'Prog. Semanal TER'!N363,'Resumen Frentes Semanal'!$M$6:$M$64)","v":167800},null,null,null,null,null,0,null,null,null,null,null,null,null,null,null,null,null,null,null,null,null,null,null,null,null,null,null,null,null,null,null,null,null,null,null,null,null,null,null,null,null,null,null,null,null,null,null,null,null,null,null,null,null,null,null,null,null,null,null,"F1-2",null,null,0,"F1-2",null,null,null,null,0,null,null,null,null,null,null,null,null,null,null,null,null,null,null,null,null,null,null,null,null,null,null,null,null,null,null,null,null,null,null,"5F1-2","4F1-2","3F1-2","2F1-2",null,1,null,null,null,null,null,null,null,null,null,null,null,null,null,"5-4-3-2F3-4",null,1,null,null,"5-4-3-2F5-6",null,null,0,"5-4F5-6",null,"3-2F5-6",null,null,1,null,null,null,null,null,null,null,null,"5-4-3-2F7-8",null,null,1,null,null,null,null,null,null,null,null,null,"5-4-3-2F9-10",null,1,null,null,null,null,null,null,null,null,null,null,null,null,null,null,null,null,null,null,null,null,null,null,null,null,null,null,null,null,null,null,null,null,null,null,null,null,null,null,null,null,null,null,null,null,null,null,null,null,null,"4-3-2F11-12",null,null,1,null,null,null,null,null,null,null,"4-3-2F13-14",null,null,null,0,null,"4-3-2F13-14",null,null,null,1,null,null,"4-3-2F15-15-16-16",null,null,1,null,null,"4-3-2F17-18",null,"4-3-2F19-20",0,null,"4-3-2F17-18-19-20",null,null,null,0,"4-3-2F17-18-19-20"]
[526,15,15,15375,{"$f":"D364*$JF$364","v":15375},0,"ZC1",null,null,null,null,{"$f":"SUMIF('Control de Avance'!$C$15:$C$9589,'Prog. Semanal TER'!M364,'Control de Avance'!$B$15:$B$9589)","v":1},"Pendiente piso nicho de gas",{"$f":"VLOOKUP(M364,'Act. Proyecto'!$I$3:$Q$881,2,FALSE)","v":"ALBAÑIL TERMINACIONES"},{"$f":"VLOOKUP(M364,'Act. Proyecto'!$I$3:$Q$881,3,FALSE)","v":"cu"},{"$f":"VLOOKUP(M364,'Act. Proyecto'!$I$3:$Q$881,4,FALSE)","v":1},{"$f":"VLOOKUP(M364,'Act. Proyecto'!$I$3:$Q$881,5,FALSE)","v":1025},1025,{"$f":"VLOOKUP(M364,'Act. Proyecto'!$I$3:$Q$881,7,FALSE)","v":"Piso"},{"$f":"SUMIF('Resumen Frentes Semanal'!$K$6:$K$64,'Prog. Semanal TER'!N364,'Resumen Frentes Semanal'!$M$6:$M$64)","v":52341},null,null,null,null,null,0,null,null,null,null,null,null,null,null,null,null,null,null,null,null,null,null,null,null,null,null,null,null,null,null,null,null,null,null,null,null,null,null,null,null,null,null,null,null,null,null,null,null,null,null,null,null,null,null,null,null,null,null,null,null,null,null,null,null,null,null,null,null,null,null,null,null,null,null,null,null,null,null,null,null,null,null,null,null,null,null,null,null,null,null,null,null,null,null,null,null,null,null,null,null,null,null,null,null,null,null,null,null,null,null,null,null,null,null,null,null,null,null,null,null,null,null,null,null,null,null,null,null,null,null,null,null,null,null,null,null,null,null,null,null,null,null,null,null,null,null,null,null,null,null,null,null,null,null,null,null,null,null,null,null,null,null,null,null,null,null,null,null,null,null,null,null,null,null,null,null,null,null,null,null,null,null,null,null,null,null,null,null,null,null,null,null,null,null,null,null,null,null,null,null,null,null,null,null,null,null,null,null,null,null,null,"4-3-2F1-2-3-4-5-6",null,null,null,0,null,null,null,null,null,null,null,null,"4-3-2F1-2-3-4-5-6",null,null,0,null,null,null,null,null,null,null,"4-3-2F1-2-3-4-5-6",null,null,"4-3-2F7-8",0,"4-3-2F1-2-3-4-5-6-7-8-9-10",null,null,null,null,1]
[485,5,0,0,{"$f":"D365*$JF$365","v":0},2312.5,"ZCT",null,null,null,null,{"$f":"SUMIF('Control de Avance'!$C$15:$C$9589,'Prog. Semanal TER'!M365,'Control de Avance'!$B$15:$B$9589)","v":1},"Fajas yeso sala de medidores",{"$f":"VLOOKUP(M365,'Act. Proyecto'!$I$3:$Q$881,2,FALSE)","v":"YESERO"},{"$f":"VLOOKUP(M365,'Act. Proyecto'!$I$3:$Q$881,3,FALSE)","v":"ml"},{"$f":"VLOOKUP(M365,'Act. Proyecto'!$I$3:$Q$881,4,FALSE)","v":2.5},{"$f":"VLOOKUP(M365,'Act. Proyecto'!$I$3:$Q$881,5,FALSE)","v":185},462.5,{"$f":"VLOOKUP(M365,'Act. Proyecto'!$I$3:$Q$881,7,FALSE)","v":"Piso"},{"$f":"SUMIF('Resumen Frentes Semanal'!$K$6:$K$64,'Prog. Semanal TER'!N365,'Resumen Frentes Semanal'!$M$6:$M$64)","v":118000},null,null,null,null,null,0,null,null,null,null,null,null,null,null,null,null,null,null,null,null,null,null,null,null,null,null,null,null,null,null,null,null,null,null,null,null,null,null,null,null,null,null,null,null,null,null,null,null,null,null,null,null,null,null,null,null,null,null,null,null,null,null,null,null,null,null,null,null,null,null,null,null,null,null,null,null,null,null,null,null,null,null,null,null,null,null,null,null,null,null,null,null,null,null,null,null,null,null,null,null,null,null,null,null,null,null,null,null,null,null,null,null,null,null,null,null,null,null,null,null,null,null,null,null,null,null,null,null,null,null,null,null,null,null,null,"F1-2",null,null,0,null,"F1-2",null,"F3-4",null,0.5,"F3-4",null,null,null,"F5-6",0.5,"F5-6",null,"F7-8",null,null,0.5,"F7-8",null,null,null,null,1,null,null,"F9-10",null,"F11-12",1,null,null,null,"F13-14",null,1,null,null,null,null,null,null,null,null,null,null,"F15-15",1,null,null,null,null,null,null,null,null,null,null,null,null,null,"F16-16",null,null,0,null,null,null,null,"F16-16",1,"F17-18",null,null,null,null,1,null,null,"1F1-2-3-4-5-6",null,null,1,null,null,null,null,null,null,null,null,null,null,null,null,null,null,null,null,null,null,null,null,null,null,null,null,null,null,"F19-20"]
[486,null,null,0,{"$f":"D366*$JF$366","v":0},0,"ZCT",null,null,null,null,{"$f":"SUMIF('Control de Avance'!$C$15:$C$9589,'Prog. Semanal TER'!M366,'Control de Avance'!$B$15:$B$9589)","v":1},"Huinchas sala de medidores",{"$f":"VLOOKUP(M366,'Act. Proyecto'!$I$3:$Q$881,2,FALSE)","v":"YESERO"},{"$f":"VLOOKUP(M366,'Act. Proyecto'!$I$3:$Q$881,3,FALSE)","v":"ml"},{"$f":"VLOOKUP(M366,'Act. Proyecto'!$I$3:$Q$881,4,FALSE)","v":53.259999999999991},{"$f":"VLOOKUP(M366,'Act. Proyecto'!$I$3:$Q$881,5,FALSE)","v":140},7456.3999999999987,{"$f":"VLOOKUP(M366,'Act. Proyecto'!$I$3:$Q$881,7,FALSE)","v":"Piso"},{"$f":"SUMIF('Resumen Frentes Semanal'!$K$6:$K$64,'Prog. Semanal TER'!N366,'Resumen Frentes Semanal'!$M$6:$M$64)","v":118000},null,null,null,null,null,0,null,null,null,null,null,null,null,null,null,null,null,null,null,null,null,null,null,null,null,null,null,null,null,null,null,null,null,null,null,null,null,null,null,null,null,null,null,null,null,null,null,null,null,null,null,null,null,null,null,null,null,null,null,null,null,null,null,null,null,null,null,null,null,null,null,null,null,null,null,null,null,null,null,null,null,null,null,null,null,null,null,null,null,null,null,null,null,null,null,null,null,null,null,null,null,null,null,null,null,null,null,null,null,null,null,null,null,null,null,"F1-2",null,null,null,null,0,null,null,null,null,"F1-2",0,"F1-2",null,null,null,null,0,null,null,"F1-2",null,null,1,null,"F1-2",null,"F3-4",null,1,null,null,null,null,"5-4-3-2F5-6",1,null,null,"5-4-3-2F7-8",null,null,1,null,null,null,null,null,null,null,null,"F9-10",null,null,0,"5-4-3-2F9-10",null,null,null,null,1,null,null,null,null,null,null,null,null,"1F1-2-3-4",null,null,0,"1F1-2-3-4",null,null,null,0,null,null,null,null,null,null,null,null,null,null,null,null,null,null,null,null,null,null,null,null,null,null,null,0,null,null,"1F1-2-3-4-5-6","F7-8-9-10",null,0.23080000000000001,null,"F7-8-9-10",null,null,null,0,null,null,"5-4-3-2F11-12",null,null,1,"5-4-3-2F13-14-15-15",null,null,null,null,1]
[535,null,null,0,{"$f":"D367*$JF$367","v":0},0,"ZCT",null,null,null,null,{"$f":"SUMIF('Control de Avance'!$C$15:$C$9589,'Prog. Semanal TER'!M367,'Control de Avance'!$B$15:$B$9589)","v":1},"Huincha nicho eléctrico",{"$f":"VLOOKUP(M367,'Act. Proyecto'!$I$3:$Q$881,2,FALSE)","v":"YESERO"},{"$f":"VLOOKUP(M367,'Act. Proyecto'!$I$3:$Q$881,3,FALSE)","v":"ml"},{"$f":"VLOOKUP(M367,'Act. Proyecto'!$I$3:$Q$881,4,FALSE)","v":9.1999999999999993},{"$f":"VLOOKUP(M367,'Act. Proyecto'!$I$3:$Q$881,5,FALSE)","v":140},1288,{"$f":"VLOOKUP(M367,'Act. Proyecto'!$I$3:$Q$881,7,FALSE)","v":"Edif"},{"$f":"SUMIF('Resumen Frentes Semanal'!$K$6:$K$64,'Prog. Semanal TER'!N367,'Resumen Frentes Semanal'!$M$6:$M$64)","v":118000},null,null,null,null,null,0,null,null,null,null,null,null,null,null,null,null,null,null,null,null,null,null,null,null,null,null,null,null,null,null,null,null,null,null,null,null,null,null,null,null,null,null,null,null,null,null,null,null,null,null,null,null,null,null,null,null,null,null,null,null,null,null,null,null,null,null,null,null,null,null,null,null,null,null,null,null,null,null,null,null,null,null,null,null,null,null,null,null,null,null,null,null,null,null,null,null,null,null,null,null,null,null,null,null,null,null,null,null,null,null,null,null,null,null,null,null,null,null,null,null,null,null,null,null,null,null,null,null,null,null,null,null,null,null,null,"F1-2",null,null,0,null,"F1-2",null,"F3-4",null,0,null,null,"F1-2","F3-4",null,0,null,null,null,null,null,null,null,null,null,null,null,null,null,null,null,null,null,null,null,null,null,null,null,null,null,null,null,null,null,null,null,null,"F1-2-3-4",null,null,0,"F1-2-3-4",null,null,null,0,null,null,null,null,null,null,null,null,null,null,null,null,null,null,null,null,null,null,null,null,null,null,null,null,null,null,"F1-2-3-4-5-6","F7-8-9-10",null,0.6,null,"F7-8-9-10",null,null,null,0]
[487,null,null,0,{"$f":"D368*$JF$368","v":0},0,"ZCT",null,null,null,null,{"$f":"SUMIF('Control de Avance'!$C$15:$C$9589,'Prog. Semanal TER'!M368,'Control de Avance'!$B$15:$B$9589)","v":1},"Fabricar marcos y puertas metálicas nichos de gas ZC1",{"$f":"VLOOKUP(M368,'Act. Proyecto'!$I$3:$Q$881,2,FALSE)","v":"SOLDADOR"},{"$f":"VLOOKUP(M368,'Act. Proyecto'!$I$3:$Q$881,3,FALSE)","v":"cu"},{"$f":"VLOOKUP(M368,'Act. Proyecto'!$I$3:$Q$881,4,FALSE)","v":1},{"$f":"VLOOKUP(M368,'Act. Proyecto'!$I$3:$Q$881,5,FALSE)","v":8610},8610,{"$f":"VLOOKUP(M368,'Act. Proyecto'!$I$3:$Q$881,7,FALSE)","v":"Piso"},{"$f":"SUMIF('Resumen Frentes Semanal'!$K$6:$K$64,'Prog. Semanal TER'!N368,'Resumen Frentes Semanal'!$M$6:$M$64)","v":63049},null,null,null,null,null,0,null,null,null,null,null,null,null,null,null,null,null,null,null,null,null,null,null,null,null,null,null,null,null,null,null,null,null,null,null,null,null,null,null,null,null,null,null,null,null,null,null,null,null,null,null,null,null,null,null,null,null,null,null,"F1-2",null,null,0,null,null,null,null,null,null,null,null,null,null,null,null,null,null,null,null,null,null,null,null,null,null,null,null,null,null,null,null,null,null,null,null,null,null,null,null,null,null,null,null,null,null,null,null,null,null,null,null,null,null,null,null,null,null,null,null,null,0,null,null,"4-3-2F1-2-3-4",null,null,0,null,"4-3-2F1-2-3-4-5-6",null,null,null,0,null,null,null,"4-3-2F1-2-3-4",null,0,null,null,"4-3-2F1-2-3-4",null,null,0,"4-3-2F1-2-3-4",null,null,null,null,0,null,null,null,"4-3-2F1-2",null,0,null,null,"4-3-2F1-2","4-3-2F3-4","4-3-2F5-6",1,null,null,null,null,null,null,null,null,null,null,null,null,null,null,null,null,null,null,null,null,null,null,null,null,null,null,null,null,null,null,null,null,null,"4-3-2F7-8-9-10",0,null,null,null,null,null,null,null,null,null,null,null,null,null,null,null,"4-3-2F7-8","4-3-2F9-10",0,null,null,"4-3-2F7-8",null,null,1,null,null,"4-3-2F9-10",null,null,1]
[488,null,null,{"$f":"C369*$R369","v":0},{"$f":"D369*$JF$369","v":0},{"$f":"(B369-C369)*R369","v":0},"ZCT",null,null,null,null,{"$f":"SUMIF('Control de Avance'!$C$15:$C$9589,'Prog. Semanal TER'!M369,'Control de Avance'!$B$15:$B$9589)","v":1},"Instalar marcos y puertas metálicas nichos de gas ZC1 (incluye cerradura y resorte)",{"$f":"VLOOKUP(M369,'Act. Proyecto'!$I$3:$Q$881,2,FALSE)","v":"SOLDADOR"},{"$f":"VLOOKUP(M369,'Act. Proyecto'!$I$3:$Q$881,3,FALSE)","v":"cu"},{"$f":"VLOOKUP(M369,'Act. Proyecto'!$I$3:$Q$881,4,FALSE)","v":1},{"$f":"VLOOKUP(M369,'Act. Proyecto'!$I$3:$Q$881,5,FALSE)","v":5600},5600,{"$f":"VLOOKUP(M369,'Act. Proyecto'!$I$3:$Q$881,7,FALSE)","v":"Piso"},{"$f":"SUMIF('Resumen Frentes Semanal'!$K$6:$K$64,'Prog. Semanal TER'!N369,'Resumen Frentes Semanal'!$M$6:$M$64)","v":63049},null,null,null,null,null,0,null,null,null,null,null,null,null,null,null,null,null,null,null,null,null,null,null,null,null,null,null,null,null,null,null,null,null,null,null,null,null,null,null,null,null,null,null,null,null,null,null,null,null,null,null,null,null,null,null,null,null,null,null,null,"F1-2",null,0,null,null,null,null,null,null,null,null,null,null,null,null,null,null,null,null,null,null,null,null,null,null,null,null,null,null,null,null,null,null,null,null,null,null,null,null,null,null,null,null,null,null,null,null,null,null,null,null,null,null,null,null,null,null,null,null,null,0,null,null,null,null,null,0,null,null,"4-3-2F1-2-3-4-5-6",null,null,0,null,null,null,null,"4-3-2F1-2-3-4",0,null,null,null,"4-3-2F1-2-3-4",null,0,null,"4-3-2F1-2-3-4",null,null,null,0,null,null,null,"4-3-2F1-2",null,0,null,null,"4-3-2F1-2","4-3-2F3-4","4-3-2F5-6",1,null,null,null,null,null,null,null,null,null,null,null,null,null,null,null,null,null,null,null,null,null,null,null,null,null,null,null,null,null,null,null,null,null,"4-3-2F7-8-9-10",0,null,null,null,null,null,null,null,null,null,null,null,null,null,null,null,"4-3-2F7-8","4-3-2F9-10",0,null,null,"4-3-2F7-8",null,null,1,null,null,"4-3-2F9-10",null,null,1]
[246,null,null,0,{"$f":"D370*$JF$370","v":0},0,"ZCT",null,null,null,null,{"$f":"SUMIF('Control de Avance'!$C$15:$C$9589,'Prog. Semanal TER'!M370,'Control de Avance'!$B$15:$B$9589)","v":1},"Marco y puerta cuarto técnico sala de medidores ",{"$f":"VLOOKUP(M370,'Act. Proyecto'!$I$3:$Q$881,2,FALSE)","v":"CARP. TERMINACIONES"},{"$f":"VLOOKUP(M370,'Act. Proyecto'!$I$3:$Q$881,3,FALSE)","v":"cu"},{"$f":"VLOOKUP(M370,'Act. Proyecto'!$I$3:$Q$881,4,FALSE)","v":2},{"$f":"VLOOKUP(M370,'Act. Proyecto'!$I$3:$Q$881,5,FALSE)","v":3075},6150,{"$f":"VLOOKUP(M370,'Act. Proyecto'!$I$3:$Q$881,7,FALSE)","v":"Piso"},{"$f":"SUMIF('Resumen Frentes Semanal'!$K$6:$K$64,'Prog. Semanal TER'!N370,'Resumen Frentes Semanal'!$M$6:$M$64)","v":108390},null,null,null,null,null,0,null,null,null,null,null,null,null,null,null,null,null,null,null,null,null,null,null,null,null,null,null,null,null,null,null,null,null,null,null,null,null,null,null,null,null,null,null,null,null,null,null,null,null,null,null,null,null,null,null,null,null,null,null,null,null,null,null,null,null,null,null,null,null,null,null,null,null,null,null,null,null,null,null,null,null,null,null,null,null,null,null,null,null,null,null,null,null,null,null,null,null,null,null,null,null,null,null,null,null,null,null,"5-4-3-2F1-2",1,null,null,null,null,null,null,null,null,null,null,"5-4-3-2F3-4",0,null,null,null,null,"5-4-3-2F5-6",0,null,null,"5-4-3-2F3-4",null,null,0,null,null,"5-4-3-2F3-4",null,null,0,null,"5-4-3-2F3-4",null,null,"5-4-3F7-8",1,"5-4-3-2F5-6",null,null,null,null,1,null,null,null,null,null,null,null,null,null,null,null,null,"5-4-3-2F7-8",null,null,null,"5-4-3-2F9-10",0.5,null,null,null,null,"5-4-3-2F9-10",1,null,null,null,null,null,null,null,null,null,null,null,null,null,null,null,null,null,null,null,null,null,null,null,"1F1-2","F3-4-5-6-7-8",null,null,null,6.25E-2,"1F3-4",null,null,null,null,1,null,null,null,null,null,null,null,null,null,"F11-12",null,0,null,null,null,null,null,null,null,null,null,null,null,null,"5-4-3-2-1F11-12",null,null,null,null,0]
[493,1,1,4638,{"$f":"D371*$JF$371","v":4638},0,"ZCT",null,null,null,null,{"$f":"SUMIF('Control de Avance'!$C$15:$C$9589,'Prog. Semanal TER'!M371,'Control de Avance'!$B$15:$B$9589)","v":1},"Primera mano marcos y puertas sala de medidores",{"$f":"VLOOKUP(M371,'Act. Proyecto'!$I$3:$Q$881,2,FALSE)","v":"PINTOR MADERA"},{"$f":"VLOOKUP(M371,'Act. Proyecto'!$I$3:$Q$881,3,FALSE)","v":"m2"},{"$f":"VLOOKUP(M371,'Act. Proyecto'!$I$3:$Q$881,4,FALSE)","v":10.306666666666667},{"$f":"VLOOKUP(M371,'Act. Proyecto'!$I$3:$Q$881,5,FALSE)","v":450},4638,{"$f":"VLOOKUP(M371,'Act. Proyecto'!$I$3:$Q$881,7,FALSE)","v":"Piso"},{"$f":"SUMIF('Resumen Frentes Semanal'!$K$6:$K$64,'Prog. Semanal TER'!N371,'Resumen Frentes Semanal'!$M$6:$M$64)","v":82000},null,null,null,null,null,0,null,null,null,null,null,null,null,null,null,null,null,null,null,null,null,null,null,null,null,null,null,null,null,null,null,null,null,null,null,null,null,null,null,null,null,null,null,null,null,null,null,null,null,null,null,null,null,null,null,null,null,null,null,null,null,null,null,null,null,null,null,null,null,null,null,null,null,null,null,null,null,null,null,null,null,null,null,null,null,null,null,null,null,null,null,null,null,null,null,null,null,null,null,null,null,null,null,null,null,null,null,null,null,null,null,null,null,null,null,null,null,null,null,null,null,null,null,null,null,null,null,null,null,null,null,null,null,null,null,null,null,null,null,null,null,null,null,null,null,null,null,"5F1-2","4F1-2",null,1,"3F1-2","2F1-2","5F3-4",null,null,1,null,"4F3-4",null,"3F3-4","2F3-4",1,null,null,null,"5F5-6","4F5-6",1,null,null,null,null,"3F5-6",1,null,null,"2F5-6",null,null,1,null,null,null,null,null,null,"5F7-8",null,"4F7-8",null,0,null,null,null,null,null,null,null,null,null,null,null,null,null,null,"1F3-4",null,null,1,null,null,null,null,null,null,null,null,null,"5-4F7-8",null,1,null,null,null,"5-4-3-2F9-10",null,1,null,"3-2F7-8","1F9-10",null,null,0.66669999999999996,"1F9-10",null,null,null,null,0,"1F1-2",null,null,null,null,1]
[494,null,null,0,{"$f":"D372*$JF$372","v":0},0,"ZCT",null,null,null,null,{"$f":"SUMIF('Control de Avance'!$C$15:$C$9589,'Prog. Semanal TER'!M372,'Control de Avance'!$B$15:$B$9589)","v":1},"Instalación cerraduras cuarto técnico",{"$f":"VLOOKUP(M372,'Act. Proyecto'!$I$3:$Q$881,2,FALSE)","v":"CARP. ACCESORIOS"},{"$f":"VLOOKUP(M372,'Act. Proyecto'!$I$3:$Q$881,3,FALSE)","v":"un"},{"$f":"VLOOKUP(M372,'Act. Proyecto'!$I$3:$Q$881,4,FALSE)","v":2},{"$f":"VLOOKUP(M372,'Act. Proyecto'!$I$3:$Q$881,5,FALSE)","v":1025},2050,{"$f":"VLOOKUP(M372,'Act. Proyecto'!$I$3:$Q$881,7,FALSE)","v":"Piso"},{"$f":"SUMIF('Resumen Frentes Semanal'!$K$6:$K$64,'Prog. Semanal TER'!N372,'Resumen Frentes Semanal'!$M$6:$M$64)","v":78800},null,null,null,null,null,0,null,null,null,null,null,null,null,null,null,null,null,null,null,null,null,null,null,null,null,null,null,null,null,null,null,null,null,null,null,null,null,null,null,null,null,null,null,null,null,null,null,null,null,null,null,null,null,null,null,null,null,null,null,null,null,null,null,null,null,null,null,null,null,null,null,null,null,null,null,null,null,null,null,null,null,null,null,null,null,null,null,null,null,null,null,null,null,null,null,null,null,null,null,null,null,null,null,null,null,null,null,null,null,null,null,null,null,null,null,null,null,null,null,null,null,null,null,null,null,null,null,null,null,null,null,null,null,null,null,null,null,null,null,null,null,null,null,null,null,null,null,null,null,null,null,null,null,null,null,null,null,null,null,null,null,null,null,null,null,null,null,null,null,null,null,null,null,null,null,null,null,null,null,null,null,null,null,"F1-2-3-4-5-6",null,null,0,"5-4-3-2F1-2-3-4-5-6",null,null,"1F1-2-3-4-5-6",0,null,null,"1F1-2-3-4-5-6",null,null,0,null,null,null,null,null,0,"5-4-3-2F3-4-5-6-7-8-9-10",null,null,null,null,0,null,null,null,null,null,null,null,null,null,"F11-12",null,0,null,null,null,"F1-2-3-4-5-6",null,0,null,null,null,"5-4-3-2F1-2",null,1,"5-4-3-2F3-4-5-6-7-8-9-10",null,null,null,null,1]
[495,21,21,23551.08,{"$f":"D373*$JF$373","v":0},0,"ZCT",null,null,null,null,{"$f":"SUMIF('Control de Avance'!$C$15:$C$9589,'Prog. Semanal TER'!M373,'Control de Avance'!$B$15:$B$9589)","v":1},"Afinado sala de medidores",{"$f":"VLOOKUP(M373,'Act. Proyecto'!$I$3:$Q$881,2,FALSE)","v":"ALBAÑIL TERMINACIONES"},{"$f":"VLOOKUP(M373,'Act. Proyecto'!$I$3:$Q$881,3,FALSE)","v":"m2"},{"$f":"VLOOKUP(M373,'Act. Proyecto'!$I$3:$Q$881,4,FALSE)","v":2.4380000000000002},{"$f":"VLOOKUP(M373,'Act. Proyecto'!$I$3:$Q$881,5,FALSE)","v":460},1121.48,{"$f":"VLOOKUP(M373,'Act. Proyecto'!$I$3:$Q$881,7,FALSE)","v":"Piso"},{"$f":"SUMIF('Resumen Frentes Semanal'!$K$6:$K$64,'Prog. Semanal TER'!N373,'Resumen Frentes Semanal'!$M$6:$M$64)","v":52341},null,null,null,null,null,0,null,null,null,null,null,null,null,null,null,null,null,null,null,null,null,null,null,null,null,null,null,null,null,null,null,null,null,null,null,null,null,null,null,null,null,null,null,null,null,null,null,null,null,null,null,null,null,null,null,null,null,null,null,null,null,null,null,null,null,null,null,null,null,null,null,null,null,null,null,null,null,null,null,null,null,null,null,null,null,null,null,null,null,null,null,null,null,null,null,null,null,null,null,null,null,null,null,null,null,null,null,null,null,null,null,null,null,null,null,null,null,null,null,null,null,null,null,null,null,null,null,null,null,null,null,null,null,null,null,null,null,null,null,null,null,null,null,null,null,null,null,null,null,null,null,null,null,null,null,null,null,null,null,null,null,null,null,null,null,null,null,null,null,null,null,null,null,null,null,null,null,null,null,null,null,null,null,null,null,null,null,null,null,null,null,null,null,null,null,null,null,null,null,null,null,null,null,null,null,null,null,null,null,null,null,"5-4-3-2-1F1-2-3-4-5-6",null,null,null,0,null,null,null,null,null,null,null,null,"F1-2-3-4-5-6",null,null,0,null,null,null,null,null,null,null,"5-4-3-2-1F1-2-3-4-5-6",null,null,"5-4-3-2-1F7-8",0,"5-4-3-2-1F1-2-3-4-5-6",null,null,"4-3-2F7-8-9-10",null,0]
[497,null,null,0,{"$f":"D374*$JF$374","v":0},0,"ZCT",null,null,null,null,{"$f":"SUMIF('Control de Avance'!$C$15:$C$9589,'Prog. Semanal TER'!M374,'Control de Avance'!$B$15:$B$9589)","v":1},"Blanqueado cielos y muros",{"$f":"VLOOKUP(M374,'Act. Proyecto'!$I$3:$Q$881,2,FALSE)","v":"PINTOR TERMINACIONES"},{"$f":"VLOOKUP(M374,'Act. Proyecto'!$I$3:$Q$881,3,FALSE)","v":"m2"},{"$f":"VLOOKUP(M374,'Act. Proyecto'!$I$3:$Q$881,4,FALSE)","v":15.113999999999999},{"$f":"VLOOKUP(M374,'Act. Proyecto'!$I$3:$Q$881,5,FALSE)","v":220},3325.08,{"$f":"VLOOKUP(M374,'Act. Proyecto'!$I$3:$Q$881,7,FALSE)","v":"Piso"},{"$f":"SUMIF('Resumen Frentes Semanal'!$K$6:$K$64,'Prog. Semanal TER'!N374,'Resumen Frentes Semanal'!$M$6:$M$64)","v":31602},null,null,null,null,null,0,null,null,null,null,null,null,null,null,null,null,null,null,null,null,null,null,null,null,null,null,null,null,null,null,null,null,null,null,null,null,null,null,null,null,null,null,null,null,null,null,null,null,null,null,null,null,null,null,null,null,null,null,null,null,null,null,null,null,null,null,null,null,null,null,null,null,null,null,null,null,null,null,null,null,null,null,null,null,null,null,null,null,null,null,null,null,null,null,null,null,null,null,null,null,null,null,null,null,null,null,null,null,null,null,null,null,null,null,null,null,null,null,null,null,null,null,null,null,null,null,null,null,null,null,null,null,null,null,null,null,null,null,null,null,null,null,null,null,null,null,null,null,null,null,null,null,null,null,null,null,null,null,null,null,null,null,null,null,null,null,null,null,null,null,null,null,null,null,null,null,null,null,null,null,null,null,null,null,null,null,null,null,null,null,null,null,null,null,null,null,null,null,null,null,null,null,null,null,null,null,null,null,null,null,null,null,null,null,null,null,"F1-2-3-4",null,"F5-6",null,"F7-8-9-10",1]
[498,null,null,0,{"$f":"D375*$JF$375","v":0},0,"ZCT",null,null,null,null,{"$f":"SUMIF('Control de Avance'!$C$15:$C$9589,'Prog. Semanal TER'!M375,'Control de Avance'!$B$15:$B$9589)","v":1},"Instalación de medidores de gas",{"$f":"VLOOKUP(M375,'Act. Proyecto'!$I$3:$Q$881,2,FALSE)","v":"GAS T"},{"$f":"VLOOKUP(M375,'Act. Proyecto'!$I$3:$Q$881,3,FALSE)","v":"dh"},{"$f":"VLOOKUP(M375,'Act. Proyecto'!$I$3:$Q$881,4,FALSE)","v":1},{"$f":"VLOOKUP(M375,'Act. Proyecto'!$I$3:$Q$881,5,FALSE)","v":1},1,{"$f":"VLOOKUP(M375,'Act. Proyecto'!$I$3:$Q$881,7,FALSE)","v":"Piso"},{"$f":"SUMIF('Resumen Frentes Semanal'!$K$6:$K$64,'Prog. Semanal TER'!N375,'Resumen Frentes Semanal'!$M$6:$M$64)","v":0.38500000000000001},null,null,null,null,null,0,null,null,null,null,null,null,null,null,null,null,null,null,null,null,null,null,null,null,null,null,null,null,null,null,null,null,null,null,null,null,null,null,null,null,null,null,null,null,null,null,null,null,null,null,null,null,null,null,null,null,null,null,null,null,null,null,null,null,null,null,null,null,null,null,null,null,null,null,null,null,null,null,null,null,null,null,null,null,null,null,null,null,null,null,null,null,null,null,null,null,null,null,null,null,null,null,null,null,null,null,null,null,null,null,null,null,null,null,null,null,null,null,null,null,null,null,null,null,null,null,null,null,null,null,null,null,null,null,null,null,null,null,null,null,null,null,null,null,null,null,null,null,null,null,null,null,null,null,null,null,null,null,null,null,null,null,null,null,null,null,null,null,null,null,null,null,null,null,null,null,null,null,null,null,null,null,null,null,null,null,null,null,null,null,null,null,null,null,null,null,null,null,null,null,null,null,null,null,null,null,null,null,null,null,null,null,null,null,null,null,"F1-2",null,null,null,"F3-4",0,null,null,null,null,null,0]
[499,null,null,0,{"$f":"D376*$JF$376","v":0},0,"ZCT",null,null,null,null,{"$f":"SUMIF('Control de Avance'!$C$15:$C$9589,'Prog. Semanal TER'!M376,'Control de Avance'!$B$15:$B$9589)","v":1},"Medidores de agua",{"$f":"VLOOKUP(M376,'Act. Proyecto'!$I$3:$Q$881,2,FALSE)","v":"GASFITER T"},{"$f":"VLOOKUP(M376,'Act. Proyecto'!$I$3:$Q$881,3,FALSE)","v":"dh"},{"$f":"VLOOKUP(M376,'Act. Proyecto'!$I$3:$Q$881,4,FALSE)","v":1.3922222222222225},{"$f":"VLOOKUP(M376,'Act. Proyecto'!$I$3:$Q$881,5,FALSE)","v":1},1.3922222222222225,{"$f":"VLOOKUP(M376,'Act. Proyecto'!$I$3:$Q$881,7,FALSE)","v":"Piso"},{"$f":"SUMIF('Resumen Frentes Semanal'!$K$6:$K$64,'Prog. Semanal TER'!N376,'Resumen Frentes Semanal'!$M$6:$M$64)","v":7},null,null,null,null,null,0,null,null,null,null,null,null,null,null,null,null,null,null,null,null,null,null,null,null,null,null,null,null,null,null,null,null,null,null,null,null,null,null,null,null,null,null,null,null,null,null,null,null,null,null,null,null,null,null,null,null,null,null,null,null,null,null,null,null,null,null,null,null,null,null,null,null,null,null,null,null,null,null,null,null,null,null,null,null,null,null,null,null,null,null,null,null,null,null,null,null,null,null,null,null,null,null,null,null,null,null,null,null,null,null,null,null,null,null,null,null,null,null,null,null,null,null,null,null,null,null,null,null,null,null,null,null,null,null,null,null,null,null,null,null,null,null,null,null,null,null,null,null,null,null,null,null,null,null,null,null,null,null,null,null,null,null,null,null,null,null,null,null,null,null,null,null,null,null,null,null,null,null,null,null,null,null,null,null,null,null,null,null,null,null,null,null,null,null,null,null,null,null,null,null,null,null,null,null,null,null,null,null,null,null,null,null,null,null,"F1-2",0,"F1-2",null,null,null,null,0,null,null,null,null,"F1-2",0,null,null,null,"F1-2",null,0]
[500,0,0,0,{"$f":"D377*$JF$377","v":0},0,"ZCT",null,null,null,null,{"$f":"SUMIF('Control de Avance'!$C$15:$C$9589,'Prog. Semanal TER'!M377,'Control de Avance'!$B$15:$B$9589)","v":1},"Burlete de puerta de nicho de gas",{"$f":"VLOOKUP(M377,'Act. Proyecto'!$I$3:$Q$881,2,FALSE)","v":"SOLDADOR"},{"$f":"VLOOKUP(M377,'Act. Proyecto'!$I$3:$Q$881,3,FALSE)","v":"ml"},{"$f":"VLOOKUP(M377,'Act. Proyecto'!$I$3:$Q$881,4,FALSE)","v":5.76},{"$f":"VLOOKUP(M377,'Act. Proyecto'!$I$3:$Q$881,5,FALSE)","v":140},806.4,{"$f":"VLOOKUP(M377,'Act. Proyecto'!$I$3:$Q$881,7,FALSE)","v":"Piso"},{"$f":"SUMIF('Resumen Frentes Semanal'!$K$6:$K$64,'Prog. Semanal TER'!N377,'Resumen Frentes Semanal'!$M$6:$M$64)","v":63049},null,null,null,null,null,0]
[434,null,null,0,{"$f":"D378*$JF$378","v":0},0,"ZCT",null,null,null,null,{"$f":"SUMIF('Control de Avance'!$C$15:$C$9589,'Prog. Semanal TER'!M378,'Control de Avance'!$B$15:$B$9589)","v":1},"Medidores eléctricos (bandeja y tuberías)",{"$f":"VLOOKUP(M378,'Act. Proyecto'!$I$3:$Q$881,2,FALSE)","v":"ADMINISTRACIÓN"},{"$f":"VLOOKUP(M378,'Act. Proyecto'!$I$3:$Q$881,3,FALSE)","v":"dh"},{"$f":"VLOOKUP(M378,'Act. Proyecto'!$I$3:$Q$881,4,FALSE)","v":0},{"$f":"VLOOKUP(M378,'Act. Proyecto'!$I$3:$Q$881,5,FALSE)","v":1},0,{"$f":"VLOOKUP(M378,'Act. Proyecto'!$I$3:$Q$881,7,FALSE)","v":"Edif"},{"$f":"SUMIF('Resumen Frentes Semanal'!$K$6:$K$64,'Prog. Semanal TER'!N378,'Resumen Frentes Semanal'!$M$6:$M$64)","v":0},null,null,null,null,null,0]
[435,null,null,0,{"$f":"D379*$JF$379","v":0},0,"ZCT",null,null,null,null,{"$f":"SUMIF('Control de Avance'!$C$15:$C$9589,'Prog. Semanal TER'!M379,'Control de Avance'!$B$15:$B$9589)","v":1},"Alambrado nicho eléctrico",{"$f":"VLOOKUP(M379,'Act. Proyecto'!$I$3:$Q$881,2,FALSE)","v":"ADMINISTRACIÓN"},{"$f":"VLOOKUP(M379,'Act. Proyecto'!$I$3:$Q$881,3,FALSE)","v":"centro"},{"$f":"VLOOKUP(M379,'Act. Proyecto'!$I$3:$Q$881,4,FALSE)","v":0},{"$f":"VLOOKUP(M379,'Act. Proyecto'!$I$3:$Q$881,5,FALSE)","v":202},0,{"$f":"VLOOKUP(M379,'Act. Proyecto'!$I$3:$Q$881,7,FALSE)","v":"Edif"},{"$f":"SUMIF('Resumen Frentes Semanal'!$K$6:$K$64,'Prog. Semanal TER'!N379,'Resumen Frentes Semanal'!$M$6:$M$64)","v":0},null,null,null,null,null,0]
[446,null,null,0,{"$f":"D380*$JF$380","v":0},0,"ZCT",null,null,null,null,{"$f":"SUMIF('Control de Avance'!$C$15:$C$9589,'Prog. Semanal TER'!M380,'Control de Avance'!$B$15:$B$9589)","v":1},"Preparación e instalación de artefactos eléctricos nicho eléctrico",{"$f":"VLOOKUP(M380,'Act. Proyecto'!$I$3:$Q$881,2,FALSE)","v":"ADMINISTRACIÓN"},{"$f":"VLOOKUP(M380,'Act. Proyecto'!$I$3:$Q$881,3,FALSE)","v":"centro"},{"$f":"VLOOKUP(M380,'Act. Proyecto'!$I$3:$Q$881,4,FALSE)","v":0},{"$f":"VLOOKUP(M380,'Act. Proyecto'!$I$3:$Q$881,5,FALSE)","v":566},0,{"$f":"VLOOKUP(M380,'Act. Proyecto'!$I$3:$Q$881,7,FALSE)","v":"Edif"},{"$f":"SUMIF('Resumen Frentes Semanal'!$K$6:$K$64,'Prog. Semanal TER'!N380,'Resumen Frentes Semanal'!$M$6:$M$64)","v":0},null,null,null,null,null,0]
[446,null,null,0,{"$f":"D381*$JF$381","v":0},0,"ZCT",null,null,null,null,{"$f":"SUMIF('Control de Avance'!$C$15:$C$9589,'Prog. Semanal TER'!M381,'Control de Avance'!$B$15:$B$9589)","v":1},"Instalación de tapas artefactos nicho eléctrico",{"$f":"VLOOKUP(M381,'Act. Proyecto'!$I$3:$Q$881,2,FALSE)","v":"ADMINISTRACIÓN"},{"$f":"VLOOKUP(M381,'Act. Proyecto'!$I$3:$Q$881,3,FALSE)","v":"centro"},{"$f":"VLOOKUP(M381,'Act. Proyecto'!$I$3:$Q$881,4,FALSE)","v":0},{"$f":"VLOOKUP(M381,'Act. Proyecto'!$I$3:$Q$881,5,FALSE)","v":59},0,{"$f":"VLOOKUP(M381,'Act. Proyecto'!$I$3:$Q$881,7,FALSE)","v":"Edif"},{"$f":"SUMIF('Resumen Frentes Semanal'!$K$6:$K$64,'Prog. Semanal TER'!N381,'Resumen Frentes Semanal'!$M$6:$M$64)","v":0},null,null,null,null,null,0]
[501,null,null,0,{"$f":"D382*$JF$382","v":0},0,"ZCT",null,null,null,null,{"$f":"SUMIF('Control de Avance'!$C$15:$C$9589,'Prog. Semanal TER'!M382,'Control de Avance'!$B$15:$B$9589)","v":1},"Anclaje de gabinete contra incendio",{"$f":"VLOOKUP(M382,'Act. Proyecto'!$I$3:$Q$881,2,FALSE)","v":"SOLDADOR"},{"$f":"VLOOKUP(M382,'Act. Proyecto'!$I$3:$Q$881,3,FALSE)","v":"cu"},{"$f":"VLOOKUP(M382,'Act. Proyecto'!$I$3:$Q$881,4,FALSE)","v":4},{"$f":"VLOOKUP(M382,'Act. Proyecto'!$I$3:$Q$881,5,FALSE)","v":3150},12600,{"$f":"VLOOKUP(M382,'Act. Proyecto'!$I$3:$Q$881,7,FALSE)","v":"Edif"},{"$f":"SUMIF('Resumen Frentes Semanal'!$K$6:$K$64,'Prog. Semanal TER'!N382,'Resumen Frentes Semanal'!$M$6:$M$64)","v":63049},null,null,null,null,null,0]
[501,null,null,0,{"$f":"D383*$JF$383","v":0},0,"ZCT",null,null,null,null,{"$f":"SUMIF('Control de Avance'!$C$15:$C$9589,'Prog. Semanal TER'!M383,'Control de Avance'!$B$15:$B$9589)","v":1},"Closet ecológico",{"$f":"VLOOKUP(M383,'Act. Proyecto'!$I$3:$Q$881,2,FALSE)","v":"CARP. ACCESORIOS"},{"$f":"VLOOKUP(M383,'Act. Proyecto'!$I$3:$Q$881,3,FALSE)","v":"cu"},{"$f":"VLOOKUP(M383,'Act. Proyecto'!$I$3:$Q$881,4,FALSE)","v":1},{"$f":"VLOOKUP(M383,'Act. Proyecto'!$I$3:$Q$881,5,FALSE)","v":3075},3075,{"$f":"VLOOKUP(M383,'Act. Proyecto'!$I$3:$Q$881,7,FALSE)","v":"Piso"},{"$f":"SUMIF('Resumen Frentes Semanal'!$K$6:$K$64,'Prog. Semanal TER'!N383,'Resumen Frentes Semanal'!$M$6:$M$64)","v":78800},null,null,null,null,null,0]
[502,10,0,0,{"$f":"D384*$JF$384","v":0},0.97777777777777797,"ZCT",null,null,null,null,{"$f":"SUMIF('Control de Avance'!$C$15:$C$9589,'Prog. Semanal TER'!M384,'Control de Avance'!$B$15:$B$9589)","v":1},"Instalación gabinete contra incendio",{"$f":"VLOOKUP(M384,'Act. Proyecto'!$I$3:$Q$881,2,FALSE)","v":"GASFITER T"},{"$f":"VLOOKUP(M384,'Act. Proyecto'!$I$3:$Q$881,3,FALSE)","v":"dh"},{"$f":"VLOOKUP(M384,'Act. Proyecto'!$I$3:$Q$881,4,FALSE)","v":9.7777777777777797E-2},{"$f":"VLOOKUP(M384,'Act. Proyecto'!$I$3:$Q$881,5,FALSE)","v":1},9.7777777777777797E-2,{"$f":"VLOOKUP(M384,'Act. Proyecto'!$I$3:$Q$881,7,FALSE)","v":"Piso"},{"$f":"SUMIF('Resumen Frentes Semanal'!$K$6:$K$64,'Prog. Semanal TER'!N384,'Resumen Frentes Semanal'!$M$6:$M$64)","v":7},null,null,null,null,null,0,null,null,null,null,null,null,null,null,null,null,null,null,null,null,null,null,null,null,null,null,null,null,null,null,null,null,null,null,null,null,null,null,null,null,null,null,null,null,null,null,null,null,null,null,null,null,null,null,null,null,null,null,null,null,null,null,null,null,null,null,null,null,null,null,null,null,null,null,null,null,null,null,null,null,null,null,null,null,null,null,null,null,null,null,null,null,null,null,null,null,null,null,null,null,null,null,null,null,null,null,null,null,null,null,null,null,null,null,null,null,null,null,null,null,null,null,null,null,null,null,null,null,null,null,null,null,null,null,null,null,null,null,null,null,null,null,null,null,null,null,null,null,null,null,null,null,null,null,null,null,null,null,null,null,null,null,null,null,null,null,null,null,null,null,null,null,null,null,null,null,null,null,null,null,null,null,null,null,null,null,null,null,null,null,null,null,null,null,null,null,null,null,null,null,null,null,null,null,null,null,null,null,null,null,null,null,null,null,null,null,null,null,null,null,null,null,null,null,null,null,null,null,null,null,null,null,null,null,null,null,null,null,null,null,null,null,null,null,null,null,null,"F1-2",null,"F3-4"]
[504,14,9,24395.879999999997,{"$f":"D385*$JF$385","v":24395.879999999997},13553.266666666666,"ZCT",null,null,null,null,{"$f":"SUMIF('Control de Avance'!$C$15:$C$9589,'Prog. Semanal TER'!M385,'Control de Avance'!$B$15:$B$9589)","v":1},"Segunda mano marcos y puertas salas de medidores",{"$f":"VLOOKUP(M385,'Act. Proyecto'!$I$3:$Q$881,2,FALSE)","v":"PINTOR MADERA"},{"$f":"VLOOKUP(M385,'Act. Proyecto'!$I$3:$Q$881,3,FALSE)","v":"m2"},{"$f":"VLOOKUP(M385,'Act. Proyecto'!$I$3:$Q$881,4,FALSE)","v":10.306666666666667},{"$f":"VLOOKUP(M385,'Act. Proyecto'!$I$3:$Q$881,5,FALSE)","v":263},2710.6533333333332,{"$f":"VLOOKUP(M385,'Act. Proyecto'!$I$3:$Q$881,7,FALSE)","v":"Piso"},{"$f":"SUMIF('Resumen Frentes Semanal'!$K$6:$K$64,'Prog. Semanal TER'!N385,'Resumen Frentes Semanal'!$M$6:$M$64)","v":82000},null,null,null,null,null,0,null,null,null,null,null,null,null,null,null,null,null,null,null,null,null,null,null,null,null,null,null,null,null,null,null,null,null,null,null,null,null,null,null,null,null,null,null,null,null,null,null,null,null,null,null,null,null,null,null,null,null,null,null,null,null,null,null,null,null,null,null,null,null,null,null,null,null,null,null,null,null,null,null,null,null,null,null,null,null,null,null,null,null,null,null,null,null,null,null,null,null,null,null,null,null,null,null,null,null,null,null,null,null,null,null,null,null,null,null,null,null,null,null,null,null,null,null,null,null,null,null,null,null,null,null,null,null,null,null,null,null,null,null,null,null,null,null,null,null,null,null,null,null,null,1,null,null,null,null,null,null,null,null,null,null,null,null,null,null,null,null,null,null,null,null,null,null,null,null,null,null,null,null,null,null,null,null,null,null,null,null,null,null,null,null,null,null,null,null,null,null,null,null,null,null,null,null,null,null,null,null,null,null,null,null,null,null,null,null,null,null,null,null,null,null,null,null,null,null,null,null,null,null,null,null,null,null,null,"5-4-3-2F1-2",null,null,null,null,1,"5-4-3-2-1F3-4",null,"5-4-3-2F5-6",null,null,1,null,null,"1F5-6",null,"5-4-3-2F7-8"]
[505,null,null,0,{"$f":"D386*$JF$386","v":0},0,"ZCT",null,null,null,null,{"$f":"SUMIF('Control de Avance'!$C$15:$C$9589,'Prog. Semanal TER'!M386,'Control de Avance'!$B$15:$B$9589)","v":1},"Cuadre y pintura pierna canto muro acceso de depto. 2da mano",{"$f":"VLOOKUP(M386,'Act. Proyecto'!$I$3:$Q$881,2,FALSE)","v":"PINTOR MADERA"},{"$f":"VLOOKUP(M386,'Act. Proyecto'!$I$3:$Q$881,3,FALSE)","v":"ml"},{"$f":"VLOOKUP(M386,'Act. Proyecto'!$I$3:$Q$881,4,FALSE)","v":4.62},{"$f":"VLOOKUP(M386,'Act. Proyecto'!$I$3:$Q$881,5,FALSE)","v":420},1940.4,{"$f":"VLOOKUP(M386,'Act. Proyecto'!$I$3:$Q$881,7,FALSE)","v":"Piso"},{"$f":"SUMIF('Resumen Frentes Semanal'!$K$6:$K$64,'Prog. Semanal TER'!N386,'Resumen Frentes Semanal'!$M$6:$M$64)","v":82000},null,null,null,null,null,0]
[506,null,null,0,{"$f":"D387*$JF$387","v":0},0,"ZCT",null,null,null,null,{"$f":"SUMIF('Control de Avance'!$C$15:$C$9589,'Prog. Semanal TER'!M387,'Control de Avance'!$B$15:$B$9589)","v":0},"TREN CAJA DE ESCALA",{"$f":"VLOOKUP(M387,'Act. Proyecto'!$I$3:$Q$881,2,FALSE)","v":"."},{"$f":"VLOOKUP(M387,'Act. Proyecto'!$I$3:$Q$881,3,FALSE)","v":"."},{"$f":"VLOOKUP(M387,'Act. Proyecto'!$I$3:$Q$881,4,FALSE)","v":0},{"$f":"VLOOKUP(M387,'Act. Proyecto'!$I$3:$Q$881,5,FALSE)","v":"."},0,{"$f":"VLOOKUP(M387,'Act. Proyecto'!$I$3:$Q$881,7,FALSE)","v":"."},{"$f":"SUMIF('Resumen Frentes Semanal'!$K$6:$K$64,'Prog. Semanal TER'!N387,'Resumen Frentes Semanal'!$M$6:$M$64)","v":0},null,null,null,null,null,0]
[506,null,null,0,{"$f":"D388*$JF$388","v":0},0,"ZCT",null,null,null,null,{"$f":"SUMIF('Control de Avance'!$C$15:$C$9589,'Prog. Semanal TER'!M388,'Control de Avance'!$B$15:$B$9589)","v":0},"Fabricar ventana caja escala",{"$f":"VLOOKUP(M388,'Act. Proyecto'!$I$3:$Q$881,2,FALSE)","v":"FABRICANTE ALUMINIO"},{"$f":"VLOOKUP(M388,'Act. Proyecto'!$I$3:$Q$881,3,FALSE)","v":"cu"},{"$f":"VLOOKUP(M388,'Act. Proyecto'!$I$3:$Q$881,4,FALSE)","v":3},{"$f":"VLOOKUP(M388,'Act. Proyecto'!$I$3:$Q$881,5,FALSE)","v":2400},7200,{"$f":"VLOOKUP(M388,'Act. Proyecto'!$I$3:$Q$881,7,FALSE)","v":"Edif"},{"$f":"SUMIF('Resumen Frentes Semanal'!$K$6:$K$64,'Prog. Semanal TER'!N388,'Resumen Frentes Semanal'!$M$6:$M$64)","v":0},null,null,null,null,null,0]
[506,2,1,{"$f":"C389*$R389","v":1290},{"$f":"D389*$JF$389","v":0},{"$f":"(B389-C389)*R389","v":1290},"ZCT",null,null,null,null,{"$f":"SUMIF('Control de Avance'!$C$15:$C$9589,'Prog. Semanal TER'!M389,'Control de Avance'!$B$15:$B$9589)","v":0},"Quincallería ventana caja escala",{"$f":"VLOOKUP(M389,'Act. Proyecto'!$I$3:$Q$881,2,FALSE)","v":"ALUMINIO"},{"$f":"VLOOKUP(M389,'Act. Proyecto'!$I$3:$Q$881,3,FALSE)","v":"cu"},{"$f":"VLOOKUP(M389,'Act. Proyecto'!$I$3:$Q$881,4,FALSE)","v":3},{"$f":"VLOOKUP(M389,'Act. Proyecto'!$I$3:$Q$881,5,FALSE)","v":430},{"$f":"IFERROR(P389*Q389,0)","v":1290},{"$f":"VLOOKUP(M389,'Act. Proyecto'!$I$3:$Q$881,7,FALSE)","v":"Edif"},{"$f":"SUMIF('Resumen Frentes Semanal'!$K$6:$K$64,'Prog. Semanal TER'!N389,'Resumen Frentes Semanal'!$M$6:$M$64)","v":29624},null,null,null,null,null,0,null,null,null,null,null,null,null,null,null,null,null,null,null,null,null,null,null,null,null,null,null,null,null,null,null,null,null,null,null,null,null,null,null,null,null,null,null,null,null,null,null,null,null,null,null,null,null,null,null,null,null,null,null,null,null,null,null,"F1-2",null,null,null,"F3-4",0,null,null,null,null,null,null,null,null,null,null,null,null,null,null,null,null,null,null,null,null,null,null,null,null,null,null,null,null,null,null,null,null,null,null,null,null,null,null,null,null,"F1-2","F3-4","F5-6",null,null,0.66669999999999996,null,null,null,null,null,null,null,null,"F5-6",null,null,1,null,null,null,null,null,null,null,null,null,null,null,null,null,"F7-8",null,null,null,0,null,"F7-8",null,null,null,0,null,null,null,"F7-8-9-10",null,0,null,null,null,null,null,null,null,null,null,null,"F7-8-9-10",0,null,null,"F7-8",null,null,0,null,null,"F7-8",null,null,0,null,null,null,"F7-8-9-10",null,0,null,null,null,"F7-8-9-10",0,null,null,"F7-8-9-10",null,null,0,null,null,null,"F7-8-9-10",null,0,null,null,"F7-8-9-10-11-12-13-14",null,null,0,null,null,null,"F7-8-9-10",null,0,"F7-8-9-10",null,"F11-12-13-14",null,null,0.5,null,null,null,null,"F1-2",1,null,null,null,null,null,0,"F3-4","F5-6",null,null,null,0.5,null,null,"F5-6",null,null,0,"F5-6"]
[508,null,null,0,{"$f":"D390*$JF$390","v":0},0,"ZCT",null,null,null,null,{"$f":"SUMIF('Control de Avance'!$C$15:$C$9589,'Prog. Semanal TER'!M390,'Control de Avance'!$B$15:$B$9589)","v":1},"Andamio en caja escala",{"$f":"VLOOKUP(M390,'Act. Proyecto'!$I$3:$Q$881,2,FALSE)","v":"FACHADA"},{"$f":"VLOOKUP(M390,'Act. Proyecto'!$I$3:$Q$881,3,FALSE)","v":"cu"},{"$f":"VLOOKUP(M390,'Act. Proyecto'!$I$3:$Q$881,4,FALSE)","v":1},{"$f":"VLOOKUP(M390,'Act. Proyecto'!$I$3:$Q$881,5,FALSE)","v":3590},3590,{"$f":"VLOOKUP(M390,'Act. Proyecto'!$I$3:$Q$881,7,FALSE)","v":"Piso"},{"$f":"SUMIF('Resumen Frentes Semanal'!$K$6:$K$64,'Prog. Semanal TER'!N390,'Resumen Frentes Semanal'!$M$6:$M$64)","v":172000},null,null,null,null,null,0]
[509,null,null,0,{"$f":"D391*$JF$391","v":0},0,"ZCT",null,null,null,null,{"$f":"SUMIF('Control de Avance'!$C$15:$C$9589,'Prog. Semanal TER'!M391,'Control de Avance'!$B$15:$B$9589)","v":1},"Copa caja de escala (inclye picado garganta escala, BALL techo acceso, picados varios)",{"$f":"VLOOKUP(M391,'Act. Proyecto'!$I$3:$Q$881,2,FALSE)","v":"MOLDAJE LOSA"},{"$f":"VLOOKUP(M391,'Act. Proyecto'!$I$3:$Q$881,3,FALSE)","v":"m2"},{"$f":"VLOOKUP(M391,'Act. Proyecto'!$I$3:$Q$881,4,FALSE)","v":43.83},{"$f":"VLOOKUP(M391,'Act. Proyecto'!$I$3:$Q$881,5,FALSE)","v":85},3725.5499999999997,{"$f":"VLOOKUP(M391,'Act. Proyecto'!$I$3:$Q$881,7,FALSE)","v":"Piso"},{"$f":"SUMIF('Resumen Frentes Semanal'!$K$6:$K$64,'Prog. Semanal TER'!N391,'Resumen Frentes Semanal'!$M$6:$M$64)","v":188000},null,null,null,null,null,0]
[501,null,null,{"$f":"C392*$R392","v":0},{"$f":"D392*$JF$392","v":0},{"$f":"(B392-C392)*R392","v":0},"ZCT",null,null,null,null,0,"Confección de tapa de trinchera",{"$f":"VLOOKUP(M392,'Act. Proyecto'!$I$3:$Q$881,2,FALSE)","v":"SOLDADOR"},{"$f":"VLOOKUP(M392,'Act. Proyecto'!$I$3:$Q$881,3,FALSE)","v":"cu"},{"$f":"VLOOKUP(M392,'Act. Proyecto'!$I$3:$Q$881,4,FALSE)","v":1},{"$f":"VLOOKUP(M392,'Act. Proyecto'!$I$3:$Q$881,5,FALSE)","v":5000},null,{"$f":"VLOOKUP(M392,'Act. Proyecto'!$I$3:$Q$881,7,FALSE)","v":"Edif"},{"$f":"SUMIF('Resumen Frentes Semanal'!$K$6:$K$64,'Prog. Semanal TER'!N392,'Resumen Frentes Semanal'!$M$6:$M$64)","v":63049},null,null,null,null,null,null,null,null,null,null,null,null,null,null,null,null,null,null,null,null,null,null,null,null,null,null,null,null,null,null,null,null,null,null,null,null,null,null,null,null,null,null,null,null,null,null,null,null,null,null,null,null,null,null,null,null,null,null,null,null,null,null,null,null,null,null,null,null,null,null,null,null,null,null,null,null,null,null,null,null,null,null,null,null,null,null,null,null,null,null,null,null,null,null,null,null,null,null,null,null,null,null,null,null,null,null,null,null,null,null,null,null,null,null,null,null,null,null,null,null,null,null,null,null,null,null,null,null,null,null,null,null,0,null,null,null,null,null,null,null,null,null,null,null,null,null,null,"F1-2-3-4-5-6",null,null,0,null,null,null,null,null,null,null,null,null,null,null,0,null,null,null,null,null,null,null,null,null,null,null,null,null,null,null,null,null,null,null,null,null,null,null,null,"F1-2-3-4",null,null,null,0,"F1-2",null,null,"F3-4-5-6",null,0,null,null,null,null,null,null,null,null,null,null,null,null,null,null,null,null,null,1,null,null,"F1-2-3-4-5-6",null,null,1,null,null,null,"F7-8-9-10",null,0,"F7-8-9-10",null,null,null,null,0]
[511,2,1,37195,{"$f":"D393*$JF$393","v":0},37195,"ZCT",null,null,null,null,{"$f":"SUMIF('Control de Avance'!$C$15:$C$9589,'Prog. Semanal TER'!M393,'Control de Avance'!$B$15:$B$9589)","v":1},"Fabricar baranda Caja de escala",{"$f":"VLOOKUP(M393,'Act. Proyecto'!$I$3:$Q$881,2,FALSE)","v":"SOLDADOR"},{"$f":"VLOOKUP(M393,'Act. Proyecto'!$I$3:$Q$881,3,FALSE)","v":"ml"},{"$f":"VLOOKUP(M393,'Act. Proyecto'!$I$3:$Q$881,4,FALSE)","v":17.3},{"$f":"VLOOKUP(M393,'Act. Proyecto'!$I$3:$Q$881,5,FALSE)","v":2150},37195,{"$f":"VLOOKUP(M393,'Act. Proyecto'!$I$3:$Q$881,7,FALSE)","v":"Edif"},{"$f":"SUMIF('Resumen Frentes Semanal'!$K$6:$K$64,'Prog. Semanal TER'!N393,'Resumen Frentes Semanal'!$M$6:$M$64)","v":63049},null,null,null,null,null,0,null,null,null,null,null,null,null,null,null,null,null,null,null,null,null,null,null,null,null,null,null,null,null,null,null,null,null,null,null,null,null,null,null,null,null,"5-4F1-2","3-2F1-2","1F1-2",null,1,null,null,null,null,null,0,null,null,"5-4-3-2-1F3-4",null,null,1,null,null,null,null,null,null,null,"F5-6",null,null,0,null,null,null,null,null,null,null,null,null,null,"F5-6",1,null,null,null,null,null,null,null,null,null,null,null,null,null,"F7-8",null,null,null,1,null,null,"F9-10",null,null,1,null,null,null,null,null,null,null,null,null,null,null,null,null,null,null,null,null,null,null,null,null,null,null,null,null,"F11-12",null,1,null,null,null,null,null,null,null,null,"F13-14",null,null,1,null,null,"F15-15",null,null,0,null,null,null,null,"F15-15",0,null,null,null,null,null,null,null,"F15-15",null,null,null,1,null,null,null,null,null,null,null,"F16-16",null,null,null,1,null,null,null,null,null,null,null,null,null,null,null,null,null,"F17-18",null,null,1,null,null,null,null,null,null,null,null,null,null,null,null,null,null,null,"F19-20",null,0,null,null,null,null,null,null,"F19-20",null,null,null,null,1,null,null,null,null,null,null,null,null,null,"F21-22",null,0,null,"F21-22",null,null,null,0,null,"F21-22"]
[512,2,1,37195,{"$f":"D394*$JF$394","v":0},37195,"ZCT",null,null,null,null,{"$f":"SUMIF('Control de Avance'!$C$15:$C$9589,'Prog. Semanal TER'!M394,'Control de Avance'!$B$15:$B$9589)","v":1},"Instalar Baranda Caja de escala",{"$f":"VLOOKUP(M394,'Act. Proyecto'!$I$3:$Q$881,2,FALSE)","v":"SOLDADOR"},{"$f":"VLOOKUP(M394,'Act. Proyecto'!$I$3:$Q$881,3,FALSE)","v":"ml"},{"$f":"VLOOKUP(M394,'Act. Proyecto'!$I$3:$Q$881,4,FALSE)","v":17.3},{"$f":"VLOOKUP(M394,'Act. Proyecto'!$I$3:$Q$881,5,FALSE)","v":2150},37195,{"$f":"VLOOKUP(M394,'Act. Proyecto'!$I$3:$Q$881,7,FALSE)","v":"Edif"},{"$f":"SUMIF('Resumen Frentes Semanal'!$K$6:$K$64,'Prog. Semanal TER'!N394,'Resumen Frentes Semanal'!$M$6:$M$64)","v":63049},null,null,null,null,null,0,null,null,null,null,null,null,null,null,null,null,null,null,null,null,null,null,null,null,null,null,null,null,null,null,null,null,null,null,null,null,null,null,null,null,null,null,"5-4F1-2","3-2F1-2","1F1-2",1,null,null,null,null,null,0,null,null,null,"5-4-3-2-1F3-4",null,1,null,null,null,null,null,null,null,"F5-6",null,null,0,null,null,null,null,null,null,null,null,null,null,"F5-6",1,null,null,null,null,null,null,null,null,null,null,null,null,null,"F7-8",null,null,null,1,null,null,"F9-10",null,null,1,null,null,null,null,null,null,null,null,null,null,null,null,null,null,null,null,null,null,null,null,null,null,null,null,null,"F11-12",null,1,null,null,null,null,null,null,null,null,"F13-14",null,null,1,null,null,"F15-15",null,null,0,null,null,null,null,"F15-15",0,null,null,null,null,null,null,null,"F15-15",null,null,null,1,null,null,null,null,null,null,null,"F16-16",null,null,null,1,null,null,null,null,null,null,null,null,null,null,null,null,null,"F17-18",null,null,1,null,null,null,null,null,null,null,null,null,null,null,null,null,null,null,"F19-20",null,0,null,null,null,null,null,null,"F19-20",null,null,null,null,1,null,null,null,null,null,null,null,null,null,"F21-22",null,0,null,"F21-22",null,null,null,0,null,"F21-22"]
[513,2,1,7215.8300000000008,{"$f":"D395*$JF$395","v":0},7215.8300000000008,"ZCT",null,null,null,null,{"$f":"SUMIF('Control de Avance'!$C$15:$C$9589,'Prog. Semanal TER'!M395,'Control de Avance'!$B$15:$B$9589)","v":1},"Primera mano anticorrosivo baranda escala ",{"$f":"VLOOKUP(M395,'Act. Proyecto'!$I$3:$Q$881,2,FALSE)","v":"SOLDADOR"},{"$f":"VLOOKUP(M395,'Act. Proyecto'!$I$3:$Q$881,3,FALSE)","v":"m2"},{"$f":"VLOOKUP(M395,'Act. Proyecto'!$I$3:$Q$881,4,FALSE)","v":33.562000000000005},{"$f":"VLOOKUP(M395,'Act. Proyecto'!$I$3:$Q$881,5,FALSE)","v":215},7215.8300000000008,{"$f":"VLOOKUP(M395,'Act. Proyecto'!$I$3:$Q$881,7,FALSE)","v":"Edif"},{"$f":"SUMIF('Resumen Frentes Semanal'!$K$6:$K$64,'Prog. Semanal TER'!N395,'Resumen Frentes Semanal'!$M$6:$M$64)","v":63049},null,null,null,null,null,0,null,null,null,null,null,null,null,null,null,null,null,null,null,null,null,null,null,null,null,null,null,null,null,null,null,null,null,null,null,null,null,null,null,null,null,null,"5-4F1-2","3-2F1-2","1F1-2",1,null,null,null,null,null,0,null,null,null,"5-4-3-2-1F3-4",null,0,"F3-4",null,null,null,0,"F3-4",null,null,"F5-6",null,0,null,"F3-4",null,null,null,1,null,null,null,null,null,null,null,null,null,null,"F5-6",1,null,null,null,null,null,null,null,null,"F7-8",null,null,1,null,null,null,"F9-10",null,0,null,"F9-10",null,1,null,null,null,null,null,null,null,null,null,null,null,null,null,null,null,null,null,null,null,null,null,null,"F11-12",1,null,null,null,null,null,null,null,null,null,"F13-14",null,1,null,null,null,"F15-15",null,0,null,null,null,null,"F15-15",0,null,null,null,null,null,null,null,null,"F15-15",null,null,1,null,null,null,null,null,null,null,null,"F16-16",null,null,1,null,null,null,null,null,null,null,null,null,null,null,null,null,null,"F17-18",null,1,null,null,null,null,null,null,null,null,null,null,null,null,null,null,null,null,null,null,null,null,null,null,null,null,null,"F19-20",null,null,null,1,null,null,null,null,null,null,null,null,null,"F21-22",null,0,null,"F21-22",null,null,null,0,null,"F21-22"]
[514,2,1,7215.8300000000008,{"$f":"D396*$JF$396","v":0},7215.8300000000008,"ZCT",null,null,null,null,{"$f":"SUMIF('Control de Avance'!$C$15:$C$9589,'Prog. Semanal TER'!M396,'Control de Avance'!$B$15:$B$9589)","v":1},"Segunda mano anticorrosivo baranda escala ",{"$f":"VLOOKUP(M396,'Act. Proyecto'!$I$3:$Q$881,2,FALSE)","v":"SOLDADOR"},{"$f":"VLOOKUP(M396,'Act. Proyecto'!$I$3:$Q$881,3,FALSE)","v":"m2"},{"$f":"VLOOKUP(M396,'Act. Proyecto'!$I$3:$Q$881,4,FALSE)","v":33.562000000000005},{"$f":"VLOOKUP(M396,'Act. Proyecto'!$I$3:$Q$881,5,FALSE)","v":215},7215.8300000000008,{"$f":"VLOOKUP(M396,'Act. Proyecto'!$I$3:$Q$881,7,FALSE)","v":"Edif"},{"$f":"SUMIF('Resumen Frentes Semanal'!$K$6:$K$64,'Prog. Semanal TER'!N396,'Resumen Frentes Semanal'!$M$6:$M$64)","v":63049},null,null,null,null,null,0,null,null,null,null,null,null,null,null,null,null,null,null,null,null,null,null,null,null,null,null,null,null,null,null,null,null,null,null,null,null,null,null,null,null,null,null,"5-4F1-2","3-2F1-2","1F1-2",1,null,null,null,null,null,0,null,null,null,"5-4-3-2-1F3-4",null,0,"F3-4",null,null,null,0,"F3-4",null,null,"F5-6",null,0,null,"F3-4",null,null,null,1,null,null,null,null,null,null,null,null,null,null,"F5-6",1,null,null,null,null,null,null,null,null,"F7-8",null,null,1,null,null,null,"F9-10",null,0,null,"F9-10",null,1,null,null,null,null,null,null,null,null,null,null,null,null,null,null,null,null,null,null,null,null,null,null,"F11-12",1,null,null,null,null,null,null,null,null,null,"F13-14",null,1,null,null,null,"F15-15",null,0,null,null,null,null,"F15-15",0,null,null,null,null,null,null,null,null,"F15-15",null,null,1,null,null,null,null,null,null,null,null,"F16-16",null,null,1,null,null,null,null,null,null,null,null,null,null,null,null,null,null,"F17-18",null,1,null,null,null,null,null,null,null,null,null,null,null,null,null,null,null,null,null,null,null,null,null,null,null,null,null,"F19-20",null,null,null,1,null,null,null,null,null,null,null,null,null,"F21-22",null,0,null,"F21-22",null,null,null,0,null,"F21-22"]
[515,2,1,7215.8300000000008,{"$f":"D397*$JF$397","v":0},7215.8300000000008,"ZCT",null,null,null,null,{"$f":"SUMIF('Control de Avance'!$C$15:$C$9589,'Prog. Semanal TER'!M397,'Control de Avance'!$B$15:$B$9589)","v":1},"Primera mano esmalte baranda escala ",{"$f":"VLOOKUP(M397,'Act. Proyecto'!$I$3:$Q$881,2,FALSE)","v":"SOLDADOR"},{"$f":"VLOOKUP(M397,'Act. Proyecto'!$I$3:$Q$881,3,FALSE)","v":"m2"},{"$f":"VLOOKUP(M397,'Act. Proyecto'!$I$3:$Q$881,4,FALSE)","v":33.562000000000005},{"$f":"VLOOKUP(M397,'Act. Proyecto'!$I$3:$Q$881,5,FALSE)","v":215},7215.8300000000008,{"$f":"VLOOKUP(M397,'Act. Proyecto'!$I$3:$Q$881,7,FALSE)","v":"Edif"},{"$f":"SUMIF('Resumen Frentes Semanal'!$K$6:$K$64,'Prog. Semanal TER'!N397,'Resumen Frentes Semanal'!$M$6:$M$64)","v":63049},null,null,null,null,null,0,null,null,null,null,null,null,null,null,null,null,null,null,null,null,null,null,null,null,null,null,null,null,null,null,null,null,null,null,null,null,null,null,null,null,null,null,null,null,null,null,null,null,null,null,null,0,null,null,null,null,null,0,"F1-2","F3-4",null,null,0,"F1-2-3-4",null,null,null,"F5-6",0,null,"F1-2","F3-4",null,null,0.5,null,null,"F1-2",null,null,1,null,null,null,null,"F5-6",1,null,null,null,null,null,null,null,null,"F7-8",null,null,1,null,null,null,"F9-10",null,0,null,"F9-10",null,1,null,null,null,null,null,null,null,null,null,null,null,null,null,null,null,null,null,null,null,null,null,null,"F11-12",1,null,null,null,null,null,null,null,null,null,"F13-14",null,1,null,null,null,"F15-15",null,0,null,null,null,null,null,null,null,null,null,null,null,null,null,null,"F15-15",null,null,1,null,null,null,null,null,null,null,null,"F16-16",null,null,1,null,null,null,null,null,null,null,null,null,null,null,null,null,null,"F17-18",null,1,null,null,null,null,null,null,null,null,null,null,null,null,null,null,null,null,null,null,null,null,null,null,null,null,null,"F19-20",null,null,null,1,null,null,null,null,null,null,null,null,null,null,"F21-22",0,null,null,"F21-22",null,null,0,null,null,"F21-22"]
[516,10,5,2970,{"$f":"D398*$JF$398","v":0},2970,"ZCT",null,null,null,null,{"$f":"SUMIF('Control de Avance'!$C$15:$C$9589,'Prog. Semanal TER'!M398,'Control de Avance'!$B$15:$B$9589)","v":1},"Protección film baranda caja escala",{"$f":"VLOOKUP(M398,'Act. Proyecto'!$I$3:$Q$881,2,FALSE)","v":"SOLDADOR"},{"$f":"VLOOKUP(M398,'Act. Proyecto'!$I$3:$Q$881,3,FALSE)","v":"piso"},{"$f":"VLOOKUP(M398,'Act. Proyecto'!$I$3:$Q$881,4,FALSE)","v":2.2000000000000002},{"$f":"VLOOKUP(M398,'Act. Proyecto'!$I$3:$Q$881,5,FALSE)","v":270},594,{"$f":"VLOOKUP(M398,'Act. Proyecto'!$I$3:$Q$881,7,FALSE)","v":"Piso"},{"$f":"SUMIF('Resumen Frentes Semanal'!$K$6:$K$64,'Prog. Semanal TER'!N398,'Resumen Frentes Semanal'!$M$6:$M$64)","v":63049},null,null,null,null,null,0,null,null,null,null,null,null,null,null,null,null,null,null,null,null,null,null,null,null,null,null,null,null,null,null,null,null,null,null,null,null,null,null,null,null,null,null,null,null,null,null,null,null,null,null,null,0,null,null,null,null,null,0,null,"F1-2","F3-4",null,0,null,"F1-2-3-4",null,null,"F5-6",0,null,null,"F1-2-3-4",null,null,0,null,null,null,null,null,null,"F1-2-3-4",null,null,null,null,1,"F5-6",null,null,null,null,0,null,null,null,"F5-6-7-8",null,1,null,null,null,"F9-10",null,0,null,null,"F9-10",1,null,null,null,null,null,null,null,null,null,null,null,null,null,null,null,null,null,null,null,null,null,null,"F11-12",1,null,null,null,null,null,null,null,null,null,"F13-14",null,1,null,null,null,"F15-15",null,0,null,null,null,null,"F15-15",0,null,null,null,null,null,null,null,null,null,"F15-15",null,1,null,null,null,null,null,null,null,null,"F16-16",null,null,1,null,null,null,null,null,null,null,null,null,null,null,null,null,null,"F17-18",null,1,null,null,null,null,null,null,null,null,null,null,null,null,null,null,null,null,null,null,null,null,null,null,null,null,null,"F19-20",null,null,null,1,null,null,null,null,null,null,null,null,null,null,"F21-22",0,null,null,"F21-22",null,null,0,null,null,"F21-22"]
[null,null,null,{"$f":"C399*$R399","v":0},{"$f":"D399*$JF$399","v":0},{"$f":"(B399-C399)*R399","v":0},"ZCT",null,null,null,null,{"$f":"SUMIF('Control de Avance'!$C$15:$C$9589,'Prog. Semanal TER'!M399,'Control de Avance'!$B$15:$B$9589)","v":0},"Reparación escuadras OG",{"$f":"VLOOKUP(M399,'Act. Proyecto'!$I$3:$Q$881,2,FALSE)","v":"SOLDADOR"},{"$f":"VLOOKUP(M399,'Act. Proyecto'!$I$3:$Q$881,3,FALSE)","v":"cu"},{"$f":"VLOOKUP(M399,'Act. Proyecto'!$I$3:$Q$881,4,FALSE)","v":1},{"$f":"VLOOKUP(M399,'Act. Proyecto'!$I$3:$Q$881,5,FALSE)","v":2000},{"$f":"IFERROR(P399*Q399,0)","v":2000},{"$f":"VLOOKUP(M399,'Act. Proyecto'!$I$3:$Q$881,7,FALSE)","v":"Depto"},{"$f":"SUMIF('Resumen Frentes Semanal'!$K$6:$K$64,'Prog. Semanal TER'!N399,'Resumen Frentes Semanal'!$M$6:$M$64)","v":63049},null,null,null,null,null,null,null,null,null,null,null,null,null,null,null,null,null,null,null,null,null,null,null,null,null,null,null,null,null,null,null,null,null,null,null,null,null,null,null,null,null,null,null,null,null,null,null,null,null,null,null,null,"1F1-2","2F1-2","3F1","3F2.1",null,1]
[517,1,0,0,{"$f":"D400*$JF$400","v":0},27555.199999999997,"ZCT",null,null,null,null,{"$f":"SUMIF('Control de Avance'!$C$15:$C$9589,'Prog. Semanal TER'!M400,'Control de Avance'!$B$15:$B$9589)","v":1},"Rasgos ventana caja escala",{"$f":"VLOOKUP(M400,'Act. Proyecto'!$I$3:$Q$881,2,FALSE)","v":"RASGOS"},{"$f":"VLOOKUP(M400,'Act. Proyecto'!$I$3:$Q$881,3,FALSE)","v":"ml"},{"$f":"VLOOKUP(M400,'Act. Proyecto'!$I$3:$Q$881,4,FALSE)","v":25.279999999999998},{"$f":"VLOOKUP(M400,'Act. Proyecto'!$I$3:$Q$881,5,FALSE)","v":1090},27555.199999999997,{"$f":"VLOOKUP(M400,'Act. Proyecto'!$I$3:$Q$881,7,FALSE)","v":"Edif"},{"$f":"SUMIF('Resumen Frentes Semanal'!$K$6:$K$64,'Prog. Semanal TER'!N400,'Resumen Frentes Semanal'!$M$6:$M$64)","v":63249},null,null,null,null,null,0,null,null,null,null,null,null,null,null,null,null,null,null,null,null,null,null,null,null,null,null,null,null,null,null,null,null,null,null,null,null,null,null,null,null,null,null,null,"F1-2/3","F1-2/3",1,null,"4F1-2/3",null,"2-3F3-4",null,0,"F1-2/3",null,"F3-4/3","F3-4/3","F3-4/3",0.25,null,"F3-4/3","F3-4/3","F3-4/3",0,null,null,null,null,null,null,null,null,null,null,null,null,null,null,null,null,null,null,null,null,null,null,null,null,null,null,null,null,null,null,null,null,null,null,null,null,null,null,null,null,null,null,null,null,"F3-4-5-6",1,null,null,null,null,null,null,null,null,null,null,null,null,null,null,null,null,"F7-8",1,null,null,null,null,null,null,null,"F9-10",null,null,null,1,null,null,null,null,null,1,"F11-12",null,null,null,null,1,null,null,null,null,null,null,null,null,null,null,"5-4F13-14",0,null,null,"F13-14",null,null,0,"F13-14",null,null,null,null,1,"F15-15",null,null,null,null,1,"F16-16",null,null,null,null,1,null,null,null,null,null,null,null,null,null,null,null,"F17-18",null,null,null,null,1,"F19-20",null,null,null,null,1,null,null,null,null,null,null,null,null,null,null,null,null,null,"F19-20",null,null,null,0,"F19-20",null,null,null,null,0,null,"F21-22",null,null,null,1,null,null,null,null,null,null,null,"F23-24"]
[517,1,0,{"$f":"C401*$R401","v":0},{"$f":"D401*$JF$401","v":0},{"$f":"(B401-C401)*R401","v":3607.8},"ZCT",null,null,null,null,0,"Chambrana caja escala","RASGOS",{"$f":"VLOOKUP(M401,'Act. Proyecto'!$I$3:$Q$881,3,FALSE)","v":"ml"},{"$f":"VLOOKUP(M401,'Act. Proyecto'!$I$3:$Q$881,4,FALSE)","v":18.039000000000001},{"$f":"VLOOKUP(M401,'Act. Proyecto'!$I$3:$Q$881,5,FALSE)","v":200},{"$f":"IFERROR(P401*Q401,0)","v":3607.8},{"$f":"VLOOKUP(M401,'Act. Proyecto'!$I$3:$Q$881,7,FALSE)","v":"Edif"},null,null,null,null,null,null,null,null,null,null,null,null,null,null,null,null,null,null,null,null,null,null,null,null,null,null,null,null,null,null,null,null,null,null,null,null,null,null,null,null,null,null,null,null,"F1-2/3","F1-2/3",1,null,null,null,null,null,null,"F1-2/3",null,"F3-4/3","F3-4/3","F3-4/3",0.25,null,null,null,null,null,null,null,null,"F3-4","F5-6",0,null,null,null,null,null,null,null,null,null,null,null,null,null,null,null,null,null,null,null,null,null,null,null,null,null,null,null,null,null,null,null,null,null,null,null,null,null,null,"F3-4-5-6",1,null,null,null,null,null,null,null,null,null,null,null,null,null,null,null,null,"F7-8",1,null,null,null,null,null,null,null,"F9-10",null,null,null,1,null,null,null,null,null,null,"F11-12",null,null,null,null,1,null,null,null,null,null,null,null,null,null,null,"5-4F13-14",0,null,null,"F13-14",null,null,0,"F13-14",null,null,null,null,1,"F15-15",null,null,null,null,1,"F16-16",null,null,null,null,1,null,null,null,null,null,null,null,null,null,null,null,"F17-18",null,null,null,null,1,"F19-20",null,null,null,null,1,null,null,null,null,null,null,null,null,null,null,null,null,null,"F19-20",null,null,null,0,"F19-20",null,null,null,null,0,null,"F21-22",null,null,null,1,null,null,null,null,null,null,null,"F23-24"]
[518,10,0,0,{"$f":"D402*$JF$402","v":0},5056,"ZCT",null,null,null,null,{"$f":"SUMIF('Control de Avance'!$C$15:$C$9589,'Prog. Semanal TER'!M402,'Control de Avance'!$B$15:$B$9589)","v":1},"Impermeabilización de rasgo caja escala (Cave 1)",{"$f":"VLOOKUP(M402,'Act. Proyecto'!$I$3:$Q$881,2,FALSE)","v":"ALBAÑIL TERMINACIONES"},{"$f":"VLOOKUP(M402,'Act. Proyecto'!$I$3:$Q$881,3,FALSE)","v":"ml"},{"$f":"VLOOKUP(M402,'Act. Proyecto'!$I$3:$Q$881,4,FALSE)","v":5.056},{"$f":"VLOOKUP(M402,'Act. Proyecto'!$I$3:$Q$881,5,FALSE)","v":100},505.6,{"$f":"VLOOKUP(M402,'Act. Proyecto'!$I$3:$Q$881,7,FALSE)","v":"Piso"},{"$f":"SUMIF('Resumen Frentes Semanal'!$K$6:$K$64,'Prog. Semanal TER'!N402,'Resumen Frentes Semanal'!$M$6:$M$64)","v":52341},null,null,null,null,null,0,null,null,null,null,null,null,null,null,null,null,null,null,null,null,null,null,null,null,null,null,null,null,null,null,null,null,null,null,null,null,null,null,null,null,null,null,null,null,null,null,null,null,null,null,null,null,null,null,null,null,null,null,null,null,null,null,null,null,null,null,"F1-2",null,1,null,null,null,null,null,null,null,null,null,null,null,null,null,null,null,null,null,null,null,null,null,null,null,null,null,null,null,null,null,null,null,null,null,null,null,null,null,null,"F3-4-5-6",0,"F3-4","F5-6",null,null,null,1,"F5-6",null,null,null,null,1,null,null,null,null,null,null,null,null,null,null,null,null,null,null,null,null,"F7-8",1,"F9-10",null,null,null,null,1,null,null,null,null,null,null,null,null,null,null,null,null,null,null,null,null,null,null,null,null,null,"F7-8-9-10",null,1,null,null,"F11-12","F13-14",null,0.5,null,null,"F13-14",null,null,1,null,null,null,"F15-15",null,1,"F16-16",null,null,null,0,null,null,null,null,"F16-16",1,null,null,null,null,null,null,null,null,null,null,null,null,null,null,"F17-18",null,null,0,null,null,null,null,null,null,null,null,null,null,null,null,null,null,null,null,null,null,null,null,null,null,null,null,null,null,null,null,null,null,"F17-18-19-20"]
[521,null,null,0,{"$f":"D403*$JF$403","v":0},0,"ZCT",null,null,null,null,{"$f":"SUMIF('Control de Avance'!$C$15:$C$9589,'Prog. Semanal TER'!M403,'Control de Avance'!$B$15:$B$9589)","v":1},"Limones caja escala",{"$f":"VLOOKUP(M403,'Act. Proyecto'!$I$3:$Q$881,2,FALSE)","v":"ALBAÑIL TERMINACIONES"},{"$f":"VLOOKUP(M403,'Act. Proyecto'!$I$3:$Q$881,3,FALSE)","v":"ml"},{"$f":"VLOOKUP(M403,'Act. Proyecto'!$I$3:$Q$881,4,FALSE)","v":19.659999999999997},{"$f":"VLOOKUP(M403,'Act. Proyecto'!$I$3:$Q$881,5,FALSE)","v":1000},19659.999999999996,{"$f":"VLOOKUP(M403,'Act. Proyecto'!$I$3:$Q$881,7,FALSE)","v":"Edif"},{"$f":"SUMIF('Resumen Frentes Semanal'!$K$6:$K$64,'Prog. Semanal TER'!N403,'Resumen Frentes Semanal'!$M$6:$M$64)","v":52341},null,null,null,null,null,0,null,null,null,null,null,null,null,null,null,null,null,null,null,null,null,null,null,null,null,null,null,null,null,null,null,null,null,null,null,null,null,null,null,null,null,null,null,null,null,null,null,null,null,null,null,null,null,"F1-2",null,null,null,0,null,null,null,"F1-2",1,"F3-4",null,"F5-6",null,null,0.5,null,null,null,null,"F5-6",0,null,null,null,null,null,null,null,null,null,null,null,null,null,null,null,null,null,null,null,null,null,null,null,null,null,null,null,null,"F5-6",0,null,null,null,null,null,null,null,"F1-2","F3-4",0,null,null,"F1-2-3-4",null,null,0,null,null,null,null,"F1-2",0,null,"F1-2",null,null,"F3-4",1,null,null,null,null,null,null,null,"F5-6",null,null,null,1,null,null,null,null,null,null,null,null,"F7-8",null,"F9-10",1,null,null,null,null,null,null,null,null,null,null,null,null,"F11-12","F13-14",null,null,null,1,null,null,null,null,"F15-15",1,null,null,null,null,null,null,null,null,null,null,null,null,null,null,null,"F16-16",1,null,null,null,null,null,null,null,null,null,null,null,null,null,null,"F17-18",null,null,1]
[526,null,null,0,{"$f":"D404*$JF$404","v":0},0,"ZCT",null,null,null,null,{"$f":"SUMIF('Control de Avance'!$C$15:$C$9589,'Prog. Semanal TER'!M404,'Control de Avance'!$B$15:$B$9589)","v":1},"Garganta caja escala",{"$f":"VLOOKUP(M404,'Act. Proyecto'!$I$3:$Q$881,2,FALSE)","v":"ALBAÑIL TERMINACIONES"},{"$f":"VLOOKUP(M404,'Act. Proyecto'!$I$3:$Q$881,3,FALSE)","v":"cu"},{"$f":"VLOOKUP(M404,'Act. Proyecto'!$I$3:$Q$881,4,FALSE)","v":4},{"$f":"VLOOKUP(M404,'Act. Proyecto'!$I$3:$Q$881,5,FALSE)","v":720},2880,{"$f":"VLOOKUP(M404,'Act. Proyecto'!$I$3:$Q$881,7,FALSE)","v":"Edif"},{"$f":"SUMIF('Resumen Frentes Semanal'!$K$6:$K$64,'Prog. Semanal TER'!N404,'Resumen Frentes Semanal'!$M$6:$M$64)","v":52341},null,null,null,null,null,0,null,null,null,null,null,null,null,null,null,null,null,null,null,null,null,null,null,null,null,null,null,null,null,null,null,null,null,null,null,null,null,null,null,null,null,null,null,null,null,null,null,null,null,"F1-2","F3-4",0,null,"F1-2",null,null,null,0,null,null,null,"F1-2",1,"F3-4",null,"F5-6",null,null,0.5,null,null,null,null,"F5-6",0,null,null,null,null,null,null,null,null,null,null,null,null,null,null,null,null,null,null,null,null,null,null,null,null,null,null,null,null,"F5-6",0,null,null,null,null,null,null,null,null,null,null,null,null,null,null,null,null,null,null,null,null,null,null,null,"F1-2",null,null,"F3-4",1,null,null,null,null,null,null,null,"F5-6",null,null,null,1,null,null,null,null,null,null,null,null,"F7-8",null,"F9-10",1,null,null,null,null,null,null,null,null,null,null,null,null,"F11-12","F13-14",null,null,null,1,null,null,null,null,"F15-15",1,null,null,null,null,null,null,null,null,null,null,null,null,null,null,null,"F16-16",1,null,null,null,null,null,null,null,null,null,null,null,null,null,null,"F17-18",null,null,1]
[534,5,0,0,{"$f":"D405*$JF$405","v":0},14433.509999999998,"ZCT",null,null,null,null,{"$f":"SUMIF('Control de Avance'!$C$15:$C$9589,'Prog. Semanal TER'!M405,'Control de Avance'!$B$15:$B$9589)","v":1},"Remate yeso cielo caja de escala",{"$f":"VLOOKUP(M405,'Act. Proyecto'!$I$3:$Q$881,2,FALSE)","v":"YESERO"},{"$f":"VLOOKUP(M405,'Act. Proyecto'!$I$3:$Q$881,3,FALSE)","v":"m2"},{"$f":"VLOOKUP(M405,'Act. Proyecto'!$I$3:$Q$881,4,FALSE)","v":13.061999999999999},{"$f":"VLOOKUP(M405,'Act. Proyecto'!$I$3:$Q$881,5,FALSE)","v":221},2886.7019999999998,{"$f":"VLOOKUP(M405,'Act. Proyecto'!$I$3:$Q$881,7,FALSE)","v":"piso"},{"$f":"SUMIF('Resumen Frentes Semanal'!$K$6:$K$64,'Prog. Semanal TER'!N405,'Resumen Frentes Semanal'!$M$6:$M$64)","v":118000},null,null,null,null,null,0,null,null,null,null,null,null,null,null,null,null,null,null,null,null,null,null,null,null,null,null,null,null,null,null,null,null,null,null,null,null,null,null,null,null,null,null,null,null,null,null,null,null,null,null,null,null,null,null,null,null,null,null,null,null,null,null,null,null,null,null,null,null,null,null,null,null,null,null,0,null,null,null,null,null,null,null,null,null,null,null,null,null,null,null,null,null,null,null,null,null,null,null,null,null,null,null,null,null,null,null,null,null,null,null,null,null,null,null,null,"F1-2",null,null,null,null,0,null,null,null,null,"F1-2",0,"F1-2",null,null,null,null,0,null,null,"F1-2",null,null,0,null,"F1-2",null,"F3-4",null,0.5,"F3-4",null,null,null,"F5-6",0.5,"F5-6",null,"F7-8",null,null,0.5,"F7-8",null,null,null,null,1,null,null,"F9-10",null,"F11-12",1,null,null,null,"F13-14",null,1,null,null,null,null,null,null,null,null,null,null,"F15-15",1,null,null,null,null,null,null,null,null,null,null,null,null,null,"F16-16",null,null,0,null,null,null,null,"F16-16",1,"F17-18",null,null,null,null,1,null,null,"1F1-2-3-4-5-6",null,null,1,null,null,null,null,null,null,null,null,null,null,null,null,null,null,null,null,null,null,null,null,null,null,null,null,null,null,"F19-20"]
[534,5,0,{"$f":"C406*$R406","v":0},{"$f":"D406*$JF$406","v":0},{"$f":"(B406-C406)*R406","v":22817.673846153848},"ZCT",null,null,null,null,{"$f":"SUMIF('Control de Avance'!$C$15:$C$9589,'Prog. Semanal TER'!M406,'Control de Avance'!$B$15:$B$9589)","v":1},"Remate muro caja de escala Agua yeso",{"$f":"VLOOKUP(M406,'Act. Proyecto'!$I$3:$Q$881,2,FALSE)","v":"YESERO"},{"$f":"VLOOKUP(M406,'Act. Proyecto'!$I$3:$Q$881,3,FALSE)","v":"m2"},{"$f":"VLOOKUP(M406,'Act. Proyecto'!$I$3:$Q$881,4,FALSE)","v":17.826307692307694},{"$f":"VLOOKUP(M406,'Act. Proyecto'!$I$3:$Q$881,5,FALSE)","v":256},4563.5347692307696,{"$f":"VLOOKUP(M406,'Act. Proyecto'!$I$3:$Q$881,7,FALSE)","v":"piso"},{"$f":"SUMIF('Resumen Frentes Semanal'!$K$6:$K$64,'Prog. Semanal TER'!N406,'Resumen Frentes Semanal'!$M$6:$M$64)","v":118000},null,null,null,null,null,0,null,null,null,null,null,null,null,null,null,null,null,null,null,null,null,null,null,null,null,null,null,null,null,null,null,null,null,null,null,null,null,null,null,null,null,null,null,null,null,null,null,null,null,null,null,null,null,null,null,null,null,null,null,null,null,null,null,null,null,null,null,null,null,null,null,null,null,null,0,null,null,null,null,null,null,null,null,null,null,null,null,null,null,null,null,null,null,null,null,null,null,null,null,null,null,null,null,null,null,null,null,null,null,null,null,null,null,null,null,"F1-2",null,null,null,null,0,null,null,null,null,"F1-2",0,"F1-2",null,null,null,null,0,null,null,"F1-2",null,null,0,null,"F1-2",null,"F3-4",null,0.5,"F3-4",null,null,null,"F5-6",0.5,"F5-6",null,"F7-8",null,null,0.5,"F7-8",null,null,null,null,1,null,null,"F9-10",null,"F11-12",1,null,null,null,"F13-14",null,1,null,null,null,null,null,null,null,null,null,null,"F15-15",1,null,null,null,null,null,null,null,null,null,null,null,null,null,"F16-16",null,null,0,null,null,null,null,"F16-16",1,"F17-18",null,null,null,null,1,null,null,"1F1-2-3-4-5-6",null,null,1,null,null,null,null,null,null,null,null,null,null,null,null,null,null,null,null,null,null,null,null,null,null,null,null,null,null,"F19-20"]
[536,15,10,16900,{"$f":"D407*$JF$407","v":16900},8450,"ZCT",null,null,null,null,{"$f":"SUMIF('Control de Avance'!$C$15:$C$9589,'Prog. Semanal TER'!M407,'Control de Avance'!$B$15:$B$9589)","v":1},"Traslado ceramica caja de escala",{"$f":"VLOOKUP(M407,'Act. Proyecto'!$I$3:$Q$881,2,FALSE)","v":"LIMPIEZA Y TRASLADO"},{"$f":"VLOOKUP(M407,'Act. Proyecto'!$I$3:$Q$881,3,FALSE)","v":"piso"},{"$f":"VLOOKUP(M407,'Act. Proyecto'!$I$3:$Q$881,4,FALSE)","v":1},{"$f":"VLOOKUP(M407,'Act. Proyecto'!$I$3:$Q$881,5,FALSE)","v":1690},1690,{"$f":"VLOOKUP(M407,'Act. Proyecto'!$I$3:$Q$881,7,FALSE)","v":"Piso"},{"$f":"SUMIF('Resumen Frentes Semanal'!$K$6:$K$64,'Prog. Semanal TER'!N407,'Resumen Frentes Semanal'!$M$6:$M$64)","v":43500},null,null,null,null,null,0,null,null,null,null,null,null,null,null,null,null,null,null,null,null,null,null,null,null,null,null,null,null,null,null,null,null,null,null,null,null,null,null,null,null,null,null,null,null,null,null,null,null,null,null,null,null,null,null,null,null,null,null,null,null,null,null,null,null,null,null,null,null,null,null,null,null,null,null,null,null,null,null,null,null,null,null,null,null,null,null,null,null,null,null,null,null,null,null,null,null,null,null,null,null,null,null,null,null,null,null,null,null,null,null,null,null,null,null,null,null,null,null,null,null,null,null,null,null,null,null,null,null,null,null,null,null,null,null,null,null,null,null,null,null,null,null,null,null,null,"5-4-3-2F1-2",null,null,null,null,1,null,null,null,null,null,null,null,null,null,null,null,null,null,null,null,null,null,null,null,null,null,"5-4-3-2F3-4","5-4-3-2F5-6",1,null,null,null,null,null,null,null,null,null,null,null,null,null,null,null,null,null,null,null,null,null,null,null,null,null,null,null,null,null,null,null,null,null,"5-4-3-2F7-8",1,"1F3-4",null,null,null,null,1,null,null,null,null,null,null,"1F5-6","5-4-3-2F7-8",null,null,null,0.2,null,null,"5-4-3-2F7-8",null,null,1,null,null,null,null,null,null,null,null,"1F7-8","5-4-3-2F9-10","F11-12",1,"F13-14"]
[537,14,10,177768,{"$f":"D408*$JF$408","v":177768},71107.199999999997,"ZCT",null,null,null,null,{"$f":"SUMIF('Control de Avance'!$C$15:$C$9589,'Prog. Semanal TER'!M408,'Control de Avance'!$B$15:$B$9589)","v":1},"Piso caja escala cerámica beige 36 x 36 cm beige",{"$f":"VLOOKUP(M408,'Act. Proyecto'!$I$3:$Q$881,2,FALSE)","v":"CERÁMICA"},{"$f":"VLOOKUP(M408,'Act. Proyecto'!$I$3:$Q$881,3,FALSE)","v":"m2"},{"$f":"VLOOKUP(M408,'Act. Proyecto'!$I$3:$Q$881,4,FALSE)","v":9.8759999999999994},{"$f":"VLOOKUP(M408,'Act. Proyecto'!$I$3:$Q$881,5,FALSE)","v":1800},{"$f":"IFERROR(P408*Q408,0)","v":17776.8},{"$f":"VLOOKUP(M408,'Act. Proyecto'!$I$3:$Q$881,7,FALSE)","v":"Piso"},{"$f":"SUMIF('Resumen Frentes Semanal'!$K$6:$K$64,'Prog. Semanal TER'!N408,'Resumen Frentes Semanal'!$M$6:$M$64)","v":121500},null,null,null,null,null,0,null,null,null,null,null,null,null,null,null,null,null,null,null,null,null,null,null,null,null,null,null,null,null,null,null,null,null,null,null,null,null,null,null,null,null,null,null,null,null,null,null,null,null,null,null,null,null,null,null,null,null,null,null,null,null,null,null,null,null,null,null,null,null,null,null,null,null,null,null,null,null,null,null,null,null,null,null,null,null,null,null,null,null,null,null,null,null,null,null,null,null,null,null,null,null,null,null,null,null,null,null,null,null,null,null,null,null,null,null,null,null,null,null,null,null,null,null,null,null,null,null,null,null,null,null,null,null,null,null,"F1-2",null,null,0,null,null,null,null,null,0,null,"F1-2",null,null,null,0,null,null,"5-4-3-2F1-2",null,null,0,"5-4-3-2F1-2",null,null,null,null,0,null,"5-4-3-2F1-2",null,null,null,1,null,null,null,null,"5-4-3-2F3-4",0,null,null,null,null,"5-4-3-2F3-4",0,null,null,null,null,"5-4-3-2F3-4",0,"5-4-3-2F3-4",null,null,"5-4-3-2F5-6",1,"1F3-4","1F5-6",null,null,null,0,"1F3-4",null,null,null,null,0,null,null,null,null,null,0,"1F3-4",null,null,null,"1F1-2",0.5,"1F1-2",null,null,"1F5-6",null,0,"1F5-6","5-4-3-2F7-8",null,null,null,0,"1F5-6",null,null,"1F1-2",null,0.5,"1F1-2",null,null,"5-4-3-2F7-8",null,0.2,"F7-8-9-10",null,null,null,null,1,"5-4-3-2F11-12"]
[538,null,null,0,{"$f":"D409*$JF$409","v":0},0,"ZCT",null,null,null,null,{"$f":"SUMIF('Control de Avance'!$C$15:$C$9589,'Prog. Semanal TER'!M409,'Control de Avance'!$B$15:$B$9589)","v":1},"Afinado caja escala",{"$f":"VLOOKUP(M409,'Act. Proyecto'!$I$3:$Q$881,2,FALSE)","v":"ALBAÑIL TERMINACIONES"},{"$f":"VLOOKUP(M409,'Act. Proyecto'!$I$3:$Q$881,3,FALSE)","v":"m2"},{"$f":"VLOOKUP(M409,'Act. Proyecto'!$I$3:$Q$881,4,FALSE)","v":0},{"$f":"VLOOKUP(M409,'Act. Proyecto'!$I$3:$Q$881,5,FALSE)","v":460},0,{"$f":"VLOOKUP(M409,'Act. Proyecto'!$I$3:$Q$881,7,FALSE)","v":"Edif"},{"$f":"SUMIF('Resumen Frentes Semanal'!$K$6:$K$64,'Prog. Semanal TER'!N409,'Resumen Frentes Semanal'!$M$6:$M$64)","v":52341},null,null,null,null,null,0,null,null,null,null,null,null,null,null,null,null,null,null,null,null,null,null,null,null,null,null,null,null,null,null,null,null,null,null,null,null,null,null,null,null,null,null,null,null,null,null,null,null,null,null,null,null,null,null,null,null,null,null,null,null,null,null,null,null,null,null,null,null,null,null,null,null,null,null,null,null,null,null,null,null,null,null,null,null,null,null,null,null,null,null,null,null,null,null,null,null,null,null,null,null,null,null,null,null,null,null,null,null,null,null,null,null,null,null,null,null,null,null,null,null,null,null,null,null,null,null,null,null,null,null,null,null,null,null,null,null,null,null,null,null,null,null,null,null,null,null,null,null,null,null,0,null,null,null,null,null,null,null,null,null,null,"F1-2",0]
[540,24,10,41973,{"$f":"D410*$JF$410","v":0},58762.200000000004,"ZCT",null,null,null,null,{"$f":"SUMIF('Control de Avance'!$C$15:$C$9589,'Prog. Semanal TER'!M410,'Control de Avance'!$B$15:$B$9589)","v":0},"Fragüe piso caja escala",{"$f":"VLOOKUP(M410,'Act. Proyecto'!$I$3:$Q$881,2,FALSE)","v":"CERÁMICA"},{"$f":"VLOOKUP(M410,'Act. Proyecto'!$I$3:$Q$881,3,FALSE)","v":"m2"},{"$f":"VLOOKUP(M410,'Act. Proyecto'!$I$3:$Q$881,4,FALSE)","v":9.8759999999999994},{"$f":"VLOOKUP(M410,'Act. Proyecto'!$I$3:$Q$881,5,FALSE)","v":425},4197.3,{"$f":"VLOOKUP(M410,'Act. Proyecto'!$I$3:$Q$881,7,FALSE)","v":"PISO"},{"$f":"SUMIF('Resumen Frentes Semanal'!$K$6:$K$64,'Prog. Semanal TER'!N410,'Resumen Frentes Semanal'!$M$6:$M$64)","v":121500},null,null,null,null,null,0,null,null,null,null,null,null,null,null,null,null,null,null,null,null,null,null,null,null,null,null,null,null,null,null,null,null,null,null,null,null,null,null,null,null,null,null,null,null,null,null,null,null,null,null,null,null,null,null,null,null,null,null,null,null,null,null,null,null,null,null,null,null,null,null,null,null,null,null,null,null,null,null,null,null,null,null,null,null,null,null,null,null,null,null,null,null,null,null,null,null,null,null,null,null,null,null,null,null,null,null,null,null,null,null,null,null,null,null,null,null,null,null,null,null,null,null,null,null,null,null,null,null,null,null,null,null,null,null,null,null,"F1-2",null,0,null,null,null,null,null,0,null,null,"F1-2",null,null,0,null,null,null,"5-4-3-2F1-2",null,0,null,"5-4-3-2F1-2",null,null,null,0,null,null,"5-4-3-2F1-2",null,null,0,"5-4-3-2F1-2",null,null,null,null,1,null,null,null,null,null,null,null,null,null,null,null,null,null,"5-4-3-2F3-4",null,null,0,"5-4-3-2F3-4","5-4-3-2F5-6","1F3-4-5-6",null,null,0.4,null,"1F3-4","5-4-3-2F5-6",null,null,0.8,null,null,null,null,null,0,null,"1F3-4",null,null,null,1,null,"1F1-2",null,null,"1F5-6",0,null,"1F5-6",null,"5-4-3-2F7-8",null,0,null,"1F5-6",null,null,null,1,null,"1F1-2",null,null,"5-4-3-2F7-8",0.2,null,"F7-8-9-10",null,null,null,0,"F7-8-9-10",null,null,null,"5-4-3-2F11-12"]
[541,2,1,58800,{"$f":"D411*$JF$411","v":0},58800,"ZCT",null,null,null,null,{"$f":"SUMIF('Control de Avance'!$C$15:$C$9589,'Prog. Semanal TER'!M411,'Control de Avance'!$B$15:$B$9589)","v":1},"Remate contrahuella gradas de goma ",{"$f":"VLOOKUP(M411,'Act. Proyecto'!$I$3:$Q$881,2,FALSE)","v":"ALBAÑIL TERMINACIONES"},{"$f":"VLOOKUP(M411,'Act. Proyecto'!$I$3:$Q$881,3,FALSE)","v":"cu"},{"$f":"VLOOKUP(M411,'Act. Proyecto'!$I$3:$Q$881,4,FALSE)","v":56},{"$f":"VLOOKUP(M411,'Act. Proyecto'!$I$3:$Q$881,5,FALSE)","v":1050},58800,{"$f":"VLOOKUP(M411,'Act. Proyecto'!$I$3:$Q$881,7,FALSE)","v":"Edif"},{"$f":"SUMIF('Resumen Frentes Semanal'!$K$6:$K$64,'Prog. Semanal TER'!N411,'Resumen Frentes Semanal'!$M$6:$M$64)","v":52341},null,null,null,null,null,0,null,null,null,null,null,null,null,null,null,null,null,null,null,null,null,null,null,null,null,null,null,null,null,null,null,null,null,null,null,null,null,null,null,null,null,null,null,null,null,null,null,null,null,null,null,null,null,null,null,null,null,null,null,null,null,null,null,null,null,null,null,null,null,null,null,null,null,null,null,null,null,null,null,null,null,null,null,null,null,null,null,null,null,null,null,null,null,null,null,null,null,null,null,null,null,null,null,null,null,null,null,null,null,null,null,null,null,null,null,null,null,null,null,null,null,null,null,null,null,null,null,null,null,null,null,null,null,null,null,null,null,null,null,null,null,null,null,null,null,null,null,null,null,null,null,null,null,null,null,null,null,null,null,null,null,null,null,null,null,null,null,null,null,null,null,null,null,null,null,null,null,null,null,null,null,null,null,null,null,null,null,null,null,null,null,null,null,null,null,null,null,null,null,null,null,null,null,null,null,null,null,null,null,null,null,null,null,null,null,null,"F1-2",null,"F3-4",null,"F5-6",0.33329999999999999,"F3-4",null,null,null,null,0,null,null,"F3-4",null,null,0,"F3-4",null,"F5-6",null,null,0.5,"F5-6",null,null,null,null,0,null,null,"F5-6"]
[542,null,null,0,{"$f":"D412*$JF$412","v":0},0,"ZCT",null,null,null,null,{"$f":"SUMIF('Control de Avance'!$C$15:$C$9589,'Prog. Semanal TER'!M412,'Control de Avance'!$B$15:$B$9589)","v":1},"Armado andamios caja de escala",{"$f":"VLOOKUP(M412,'Act. Proyecto'!$I$3:$Q$881,2,FALSE)","v":"FACHADA"},{"$f":"VLOOKUP(M412,'Act. Proyecto'!$I$3:$Q$881,3,FALSE)","v":"cu"},{"$f":"VLOOKUP(M412,'Act. Proyecto'!$I$3:$Q$881,4,FALSE)","v":0},{"$f":"VLOOKUP(M412,'Act. Proyecto'!$I$3:$Q$881,5,FALSE)","v":3590},0,{"$f":"VLOOKUP(M412,'Act. Proyecto'!$I$3:$Q$881,7,FALSE)","v":"Edif"},{"$f":"SUMIF('Resumen Frentes Semanal'!$K$6:$K$64,'Prog. Semanal TER'!N412,'Resumen Frentes Semanal'!$M$6:$M$64)","v":172000},null,null,null,null,null,0]
[543,5,0,0,{"$f":"D413*$JF$413","v":0},26366.949999999997,"ZCT",null,null,null,null,{"$f":"SUMIF('Control de Avance'!$C$15:$C$9589,'Prog. Semanal TER'!M413,'Control de Avance'!$B$15:$B$9589)","v":1},"Pasta caja de escala",{"$f":"VLOOKUP(M413,'Act. Proyecto'!$I$3:$Q$881,2,FALSE)","v":"PASTA Y LOSALÍN"},{"$f":"VLOOKUP(M413,'Act. Proyecto'!$I$3:$Q$881,3,FALSE)","v":"m2"},{"$f":"VLOOKUP(M413,'Act. Proyecto'!$I$3:$Q$881,4,FALSE)","v":15.11},{"$f":"VLOOKUP(M413,'Act. Proyecto'!$I$3:$Q$881,5,FALSE)","v":349},5273.3899999999994,{"$f":"VLOOKUP(M413,'Act. Proyecto'!$I$3:$Q$881,7,FALSE)","v":"Piso"},{"$f":"SUMIF('Resumen Frentes Semanal'!$K$6:$K$64,'Prog. Semanal TER'!N413,'Resumen Frentes Semanal'!$M$6:$M$64)","v":66564},null,null,null,null,null,0,null,null,null,null,null,null,null,null,null,null,null,null,null,null,null,null,null,null,null,null,null,null,null,null,null,null,null,null,null,null,null,null,null,null,null,null,null,null,null,null,null,null,null,null,null,null,null,null,null,null,null,null,null,null,null,null,null,null,null,null,null,null,null,null,null,null,null,null,null,null,null,null,null,null,null,null,null,null,null,null,null,null,null,null,null,null,null,null,null,null,null,null,null,null,null,null,null,null,null,null,null,null,null,null,null,null,null,null,null,null,null,null,null,null,null,null,null,null,null,null,null,null,null,null,null,null,null,null,null,null,"F1-2",null,0,null,null,null,null,null,null,null,null,null,null,null,null,null,null,null,null,null,null,null,null,null,null,null,null,null,null,null,null,null,null,null,null,null,null,null,null,null,null,null,null,null,null,null,null,null,null,null,null,null,"5-4-3-2F1-2",null,null,0,null,"5-4-3-2F1-2",null,null,null,1,null,null,null,null,null,null,null,null,null,null,null,null,null,null,null,null,null,null,"1F1-2","F3-4","F5-6","5-4-3-2F7-8",null,1,null,null,null,null,null,null,null,null,null,null,null,null,null,null,null,null,null,null,null,null,null,null,null,null,"F9-10"]
[544,0,0,0,{"$f":"D414*$JF$414","v":0},0,"ZCT",null,null,null,null,{"$f":"SUMIF('Control de Avance'!$C$15:$C$9589,'Prog. Semanal TER'!M414,'Control de Avance'!$B$15:$B$9589)","v":1},"Instalación de escalerillas en cuarto técnico",{"$f":"VLOOKUP(M414,'Act. Proyecto'!$I$3:$Q$881,2,FALSE)","v":"ELÉCTRICO T"},{"$f":"VLOOKUP(M414,'Act. Proyecto'!$I$3:$Q$881,3,FALSE)","v":"ml"},{"$f":"VLOOKUP(M414,'Act. Proyecto'!$I$3:$Q$881,4,FALSE)","v":2.4200000000000004},{"$f":"VLOOKUP(M414,'Act. Proyecto'!$I$3:$Q$881,5,FALSE)","v":1000},2420.0000000000005,{"$f":"VLOOKUP(M414,'Act. Proyecto'!$I$3:$Q$881,7,FALSE)","v":"Piso"},{"$f":"SUMIF('Resumen Frentes Semanal'!$K$6:$K$64,'Prog. Semanal TER'!N414,'Resumen Frentes Semanal'!$M$6:$M$64)","v":82000},null,null,null,null,null,0,null,null,null,null,null,null,null,null,null,null,null,null,null,null,null,null,null,null,null,null,null,null,null,null,null,null,null,null,null,null,null,null,null,null,null,null,null,null,null,null,null,null,null,null,null,null,null,null,null,null,null,null,null,null,null,null,null,null,null,null,null,null,null,null,null,null,null,null,null,null,null,null,null,null,null,null,null,null,null,null,null,null,null,null,null,null,null,null,null,null,null,null,null,null,null,null,null,null,null,null,null,null,null,null,null,null,null,null,null,null,null,null,null,null,null,null,null,null,null,null,null,null,null,null,null,null,null,null,null,null,null,null,null,null,null,null,null,null,null,null,null,null,null,null,null,null,null,null,null,null,null,"5-4-3-2F1-2","5-4-3-2F3-4","5-4-3-2F5-6-7-8",null,null,1,null,null,null,null,null,null,null,null,null,null,null,null,null,null,null,null,null,null,null,null,null,null,null,null,null,null,null,null,null,null,null,null,null,null,null,null,null,null,null,null,null,null,null,null,null,null,null,null,null,null,null,null,null,null,null,null,null,null,null,null,null,null,null,null,null,null,null,null,null,null,null,null,null,null,null,null,null,null,null,null,null,null,null," "]
[544,null,null,0,{"$f":"D415*$JF$415","v":0},0,"ZCT",null,null,null,null,{"$f":"SUMIF('Control de Avance'!$C$15:$C$9589,'Prog. Semanal TER'!M415,'Control de Avance'!$B$15:$B$9589)","v":1},"Instalación de cajas metálicas de telecomunicaciones",{"$f":"VLOOKUP(M415,'Act. Proyecto'!$I$3:$Q$881,2,FALSE)","v":"ADMINISTRACIÓN"},{"$f":"VLOOKUP(M415,'Act. Proyecto'!$I$3:$Q$881,3,FALSE)","v":"cu"},{"$f":"VLOOKUP(M415,'Act. Proyecto'!$I$3:$Q$881,4,FALSE)","v":0},{"$f":"VLOOKUP(M415,'Act. Proyecto'!$I$3:$Q$881,5,FALSE)","v":0},0,{"$f":"VLOOKUP(M415,'Act. Proyecto'!$I$3:$Q$881,7,FALSE)","v":"Piso"},{"$f":"SUMIF('Resumen Frentes Semanal'!$K$6:$K$64,'Prog. Semanal TER'!N415,'Resumen Frentes Semanal'!$M$6:$M$64)","v":0},null,null,null,null,null,0,null,null,null,null,null,null,null,null,null,null,null,null,null,null,null,null,null,null,null,null,null,null,null,null,null,null,null,null,null,null,null,null,null,null,null,null,null,null,null,null,null,null,null,null,null,null,null,null,null,null,null,null,null,null,null,null,null,null,null,null,null,null,null,null,null,null,null,null,null,null,null,null,null,null,null,null,null,null,null,null,null,null,null,null,null,null,null,null,null,null,null,null,null,null,null,null,null,null,1]
[544,null,null,0,{"$f":"D416*$JF$416","v":0},0,"ZCT",null,null,null,null,{"$f":"SUMIF('Control de Avance'!$C$15:$C$9589,'Prog. Semanal TER'!M416,'Control de Avance'!$B$15:$B$9589)","v":1},"Preparar artefactos eléctricos en ZC",{"$f":"VLOOKUP(M416,'Act. Proyecto'!$I$3:$Q$881,2,FALSE)","v":"ELÉCTRICO T"},{"$f":"VLOOKUP(M416,'Act. Proyecto'!$I$3:$Q$881,3,FALSE)","v":"centro"},{"$f":"VLOOKUP(M416,'Act. Proyecto'!$I$3:$Q$881,4,FALSE)","v":14.6},{"$f":"VLOOKUP(M416,'Act. Proyecto'!$I$3:$Q$881,5,FALSE)","v":310},4526,{"$f":"VLOOKUP(M416,'Act. Proyecto'!$I$3:$Q$881,7,FALSE)","v":"Piso"},{"$f":"SUMIF('Resumen Frentes Semanal'!$K$6:$K$64,'Prog. Semanal TER'!N416,'Resumen Frentes Semanal'!$M$6:$M$64)","v":82000},null,null,null,null,null,0,null,null,null,null,null,null,null,null,null,null,null,null,null,null,null,null,null,null,null,null,null,null,null,null,null,null,null,null,null,null,null,null,null,null,null,null,null,null,null,null,null,null,null,null,null,null,null,null,null,null,null,null,null,null,null,null,null,null,null,null,null,null,null,null,null,null,null,null,null,null,null,null,null,null,null,null,null,null,null,null,null,null,null,null,null,null,null,null,null,null,null,null,null,null,null,null,null,"5F1-2",1,null,null,null,null,null,null,null,null,null,null,null,null,null,null,null,null,null,null,null,null,null,null,null,null,null,null,null,null,null,null,null,null,null,null,null,null,null,null,null,null,null,null,null,null,null,null,null,null,null,null,null,null,null,null,null,null,null,null,null,null,null,null,null,null,null,null,null,null,null,null,null,null,null,null,null,null,null,null,null,null,null,null,null,null,null,null,null,null,null,null,null,null,null,null,null,null,null,null,null,null,null,null,null,null,null,"F1-2","F3-4","5-4-3-2F5-6",null,null,1,null,null,null,"F7-8",null,1,null,null,"F9-10",null,null,0]
[544,10,5,26366.949999999997,{"$f":"D417*$JF$417","v":26366.949999999997},26366.949999999997,"ZCT",null,null,null,null,{"$f":"SUMIF('Control de Avance'!$C$15:$C$9589,'Prog. Semanal TER'!M417,'Control de Avance'!$B$15:$B$9589)","v":1},"Losalin de caja de escala",{"$f":"VLOOKUP(M417,'Act. Proyecto'!$I$3:$Q$881,2,FALSE)","v":"PASTA Y LOSALÍN"},{"$f":"VLOOKUP(M417,'Act. Proyecto'!$I$3:$Q$881,3,FALSE)","v":"m2"},{"$f":"VLOOKUP(M417,'Act. Proyecto'!$I$3:$Q$881,4,FALSE)","v":15.11},{"$f":"VLOOKUP(M417,'Act. Proyecto'!$I$3:$Q$881,5,FALSE)","v":349},5273.3899999999994,{"$f":"VLOOKUP(M417,'Act. Proyecto'!$I$3:$Q$881,7,FALSE)","v":"Piso"},{"$f":"SUMIF('Resumen Frentes Semanal'!$K$6:$K$64,'Prog. Semanal TER'!N417,'Resumen Frentes Semanal'!$M$6:$M$64)","v":66564},null,null,null,null,null,0,null,null,null,null,null,null,null,null,null,null,null,null,null,null,null,null,null,null,null,null,null,null,null,null,null,null,null,null,null,null,null,null,null,null,null,null,null,null,null,null,null,null,null,null,null,null,null,null,null,null,null,null,null,null,null,null,null,null,null,null,null,null,null,null,null,null,null,null,null,null,null,null,null,null,null,null,null,null,null,null,null,null,null,null,null,null,null,null,null,null,null,null,null,null,null,null,null,null,null,null,null,null,null,null,null,null,null,null,null,null,null,null,null,null,null,null,null,null,null,null,null,null,null,null,null,null,null,null,null,null,null,"F1-2",0,null,null,null,null,null,null,null,null,null,null,null,null,null,null,null,null,null,null,null,null,null,null,null,null,null,null,null,null,null,null,null,null,null,null,null,null,null,null,null,null,null,null,null,null,null,null,null,null,null,null,"5-4-3-2F1-2",null,0,null,null,"5-4-3-2F1-2",null,null,1,null,null,null,null,null,null,null,null,null,null,null,null,null,null,null,null,null,null,null,null,null,"F3-4",null,0,"F3-4",null,null,null,"F5-6",0,null,"5-4-3-2F3-4","F5-6",null,null,0.44440000000000002,"F5-6","1F1-2-3-4",null,null,null,0.28570000000000001,"F5-6",null,null,null,null,1,null,"F7-8"]
[544,null,null,0,{"$f":"D418*$JF$418","v":0},0,"ZCT",null,null,null,null,{"$f":"SUMIF('Control de Avance'!$C$15:$C$9589,'Prog. Semanal TER'!M418,'Control de Avance'!$B$15:$B$9589)","v":1},"Instalación de artefactos en ZC",{"$f":"VLOOKUP(M418,'Act. Proyecto'!$I$3:$Q$881,2,FALSE)","v":"ELÉCTRICO T"},{"$f":"VLOOKUP(M418,'Act. Proyecto'!$I$3:$Q$881,3,FALSE)","v":"centro"},{"$f":"VLOOKUP(M418,'Act. Proyecto'!$I$3:$Q$881,4,FALSE)","v":14.6},{"$f":"VLOOKUP(M418,'Act. Proyecto'!$I$3:$Q$881,5,FALSE)","v":256},3737.6,{"$f":"VLOOKUP(M418,'Act. Proyecto'!$I$3:$Q$881,7,FALSE)","v":"Piso"},{"$f":"SUMIF('Resumen Frentes Semanal'!$K$6:$K$64,'Prog. Semanal TER'!N418,'Resumen Frentes Semanal'!$M$6:$M$64)","v":82000},null,null,null,null,null,0,null,null,null,null,null,null,null,null,null,null,null,null,null,null,null,null,null,null,null,null,null,null,null,null,null,null,null,null,null,null,null,null,null,null,null,null,null,null,null,null,null,null,null,null,null,null,null,null,null,null,null,null,null,null,null,null,null,null,null,null,null,null,null,null,null,null,null,null,null,null,null,null,null,null,null,null,null,null,null,null,null,null,null,null,null,null,null,null,null,null,null,null,null,null,null,null,null,"5F1-2",1,null,null,null,null,null,null,null,null,null,null,null,null,null,null,null,null,null,null,null,null,null,null,null,null,null,null,null,null,null,null,null,null,null,null,null,null,null,null,null,null,null,null,null,null,null,null,null,null,null,null,null,null,null,null,null,null,null,null,null,null,null,null,null,null,null,null,null,null,null,null,null,null,null,null,null,null,null,null,null,null,null,null,null,null,null,null,null,null,null,null,null,null,null,null,null,null,null,null,null,null,null,null,null,null,null,"F1-2","F3-4","5-4-3-2F5-6",null,null,1,null,null,null,"F7-8",null,1,null,null,"F9-10",null,null,0]
[544,null,null,0,{"$f":"D419*$JF$419","v":0},0,"ZCT",null,null,null,null,{"$f":"SUMIF('Control de Avance'!$C$15:$C$9589,'Prog. Semanal TER'!M419,'Control de Avance'!$B$15:$B$9589)","v":1},"Alambrado de iluminación exterior",{"$f":"VLOOKUP(M419,'Act. Proyecto'!$I$3:$Q$881,2,FALSE)","v":"ADMINISTRACIÓN"},{"$f":"VLOOKUP(M419,'Act. Proyecto'!$I$3:$Q$881,3,FALSE)","v":"centro"},{"$f":"VLOOKUP(M419,'Act. Proyecto'!$I$3:$Q$881,4,FALSE)","v":0},{"$f":"VLOOKUP(M419,'Act. Proyecto'!$I$3:$Q$881,5,FALSE)","v":202},0,{"$f":"VLOOKUP(M419,'Act. Proyecto'!$I$3:$Q$881,7,FALSE)","v":"Edif"},{"$f":"SUMIF('Resumen Frentes Semanal'!$K$6:$K$64,'Prog. Semanal TER'!N419,'Resumen Frentes Semanal'!$M$6:$M$64)","v":0},null,null,null,null,null,0]
[544,null,null,0,{"$f":"D420*$JF$420","v":0},0,"ZCT",null,null,null,null,{"$f":"SUMIF('Control de Avance'!$C$15:$C$9589,'Prog. Semanal TER'!M420,'Control de Avance'!$B$15:$B$9589)","v":1},"Preparar fotocelda y luminarias exterior de edificio",{"$f":"VLOOKUP(M420,'Act. Proyecto'!$I$3:$Q$881,2,FALSE)","v":"ELÉCTRICO T"},{"$f":"VLOOKUP(M420,'Act. Proyecto'!$I$3:$Q$881,3,FALSE)","v":"centro"},{"$f":"VLOOKUP(M420,'Act. Proyecto'!$I$3:$Q$881,4,FALSE)","v":3.692307692307693},{"$f":"VLOOKUP(M420,'Act. Proyecto'!$I$3:$Q$881,5,FALSE)","v":310},1144.6153846153848,{"$f":"VLOOKUP(M420,'Act. Proyecto'!$I$3:$Q$881,7,FALSE)","v":"Edif"},{"$f":"SUMIF('Resumen Frentes Semanal'!$K$6:$K$64,'Prog. Semanal TER'!N420,'Resumen Frentes Semanal'!$M$6: